{"text_format":"3","workbook":"xls","n_sheets":8,"sheets":["PACC","Datos","Cuenta Presupuestaria","Tabla Dinámica","Data Segmento","Clase Con Fórmulas","Data Clase","Data SubClase"],"not_rendered":{"images":4,"macros":1,"external_links":1,"defined_names":2405},"read":"whole","date_system":"1900","formulas":"cached_only"}

{"sheet":"PACC","index":0,"n_rows":138,"n_cols":18,"rows_kept":138,"merged":[[2,6,3,11],[5,0,5,1]],"flags":["formulas_cached_only"]}
[]
[]
[{"$nulls":6},"Para insertar o eliminar filas, solo tendrá que hacer clic en alguna de las celdas de la fila donde quiere insertar o eliminar y dar clic al botón correspondiente a la acción que requiere."]
[]
["SERVICIO NACIONAL DE SALUD"]
["PLAN DE COMPRAS Y CONTRATACIONES UNIDADES REQUIRENTE",{"$nulls":3},"AÑO:",null,2025]
[]
["ÁREA","SEGMENTO DE BIENES Y SERVICIOS ","Código Segmento","SEGMENTO","FAMILIA DE BIENES Y SERVICIOS","Código Clase","CLASE DE BIENES Y SERVICIOS","Código Subs Clase","CÓDIGO UNSPSC - Sub Clase","CÓDIGO PACC","ARTICULO PACC","CUENTA PRESUPUESTARIA","DESCRIPCIÓN DE LA COMPRA O CONTRATACIÓN","UNIDAD DE MEDIDA","CANTIDAD","PRECIO UNITARIO ESTIMADO","COSTO TOTAL UNITARIO","OBSERVACIÓN"]
["Activo Fijo (DAF)","52000000-Artículos domésticos, suministros y productos electrónicos de consumo","A_52",{"$error":"#NAME?"},"5216 - Electrónica de consumo","B_5216","52161500-Equipos audiovisuales","C_521615","52161505-Televisores",{"$error":"#NAME?"},{"$error":"#NAME?"},0,"COMPRA MENOR","Unidad",2,{"v":30000,"d":"RD$30,000.00"},{"v":60000,"d":"RD$60,000.00"}]
["Activo Fijo (DAF)","56000000-Muebles, mobiliario y decoración","A_56",{"$error":"#NAME?"},"5610 - Muebles de alojamiento","B_5610","56101500-Muebles","C_561015","56101522-Sillas de brazos",{"$error":"#NAME?"},{"$error":"#NAME?"},{"$error":"#NAME?"},"COMPRA MENOR","Unidad",10,{"v":4000,"d":"RD$4,000.00"},{"v":40000,"d":"RD$40,000.00"}]
["Activo Fijo (DAF)","43000000-Difusión de tecnologías de información y telecomunicaciones","A_43",{"$error":"#NAME?"},"4319 - Dispositivos de comunicaciones y accesorios","B_4319","43191500-Dispositivos de comunicación personal","C_431915","43191504-Teléfonos fijos",{"$error":"#NAME?"},{"$error":"#NAME?"},{"$error":"#NAME?"},"COMPRA MENOR","Unidad",4,{"v":5000,"d":"RD$5,000.00"},{"v":20000,"d":"RD$20,000.00"}]
["Administración (ADM)","14000000 - Materiales y productos de papel","A_14",{"$error":"#NAME?"},"1411 - Productos de papel","B_1411","14111500-Papel de imprenta y papel de escribir","C_141115","14111506-Papel para impresión de computadores",{"$error":"#NAME?"},{"$error":"#NAME?"},{"$error":"#NAME?"},"COMPRA MENOR","Resma",1,{"v":500,"d":"RD$500.00"},{"v":500,"d":"RD$500.00"}]
["Administración (ADM)","82000000-Servicios editoriales, de diseño, de artes graficas y bellas artes","A_82",{"$error":"#NAME?"},"8212 -  Servicios de reproducción","B_8212","82121500-Impresión","C_821215","82121507-Impresión de papelería o formularios comerciales",{"$error":"#NAME?"},{"$error":"#NAME?"},{"$error":"#NAME?"},"COMPRA MENOR","Resma",28.5,{"v":1200,"d":"RD$1,200.00"},{"v":34200,"d":"RD$34,200.00"}]
["Administración (ADM)","78000000-Servicios de transporte, almacenaje y correo","A_78",{"$error":"#NAME?"},"7810 - Transporte de correo y carga","B_7810","78101800-Transporte de carga por carretera","C_781018","78101802-Servicios transporte de carga por carretera (en camión) a nivel regional y nacional",{"$error":"#NAME?"},{"$error":"#NAME?"},{"$error":"#NAME?"},"COMPRA MENOR","Unidad",48,{"v":11875,"d":"RD$11,875.00"},{"v":570000,"d":"RD$570,000.00"}]
["Administración (ADM)","90000000-Servicios de viajes, alimentación, alojamiento y entretenimiento","A_90",{"$error":"#NAME?"},"9011 - Instalaciones hoteleras, alojamientos y centros de encuentros","B_9011","90111800-Cuartos de hotel","C_901118","90111801-Habitación sencilla",{"$error":"#NAME?"},{"$error":"#NAME?"},{"$error":"#NAME?"},"COMPRA MENOR","Día",9,{"v":5550,"d":"RD$5,550.00"},{"v":49950,"d":"RD$49,950.00"}]
["Administración (ADM)","72000000-Servicios de edificación, construcción de instalaciones y mantenimiento","A_72",{"$error":"#NAME?"},"7210 - Construcción de edificios, atención, mantenimiento y servicios de reparaciones","B_7210","72103300-Servicios de mantenimiento y reparación de infraestructura","C_721033","72103301-Servicios o reparaciones o mantenimiento de calles o parqueaderos",{"$error":"#NAME?"},{"$error":"#NAME?"},{"$error":"#NAME?"},"COMPRA MENOR","Mes",12,{"v":13223,"d":"RD$13,223.00"},{"v":158676,"d":"RD$158,676.00"}]
["Administración (ADM)","31000000-Componentes y suministros de manufactura","A_31",{"$error":"#NAME?"},"3121 - Pinturas y tapa poros y acabados","B_3121","31211500-Pinturas y tapa poros","C_312115","31211501-Pinturas de esmalte",{"$error":"#NAME?"},{"$error":"#NAME?"},{"$error":"#NAME?"},"COMPRA MENOR","Galón",10,{"v":2000,"d":"RD$2,000.00"},{"v":20000,"d":"RD$20,000.00"}]
["Administración (ADM)","31000000-Componentes y suministros de manufactura","A_31",{"$error":"#NAME?"},"3121 - Pinturas y tapa poros y acabados","B_3121","31211500-Pinturas y tapa poros","C_312115","31211508-Pinturas acrílicas",{"$error":"#NAME?"},{"$error":"#NAME?"},{"$error":"#NAME?"},"COMPRA MENOR","Galón",10,{"v":2500,"d":"RD$2,500.00"},{"v":25000,"d":"RD$25,000.00"}]
["Administración (ADM)","31000000-Componentes y suministros de manufactura","A_31",{"$error":"#NAME?"},"3121 - Pinturas y tapa poros y acabados","B_3121","31211800-Disolventes y diluyentes para pinturas","C_312118","31211803-Diluyentes para pinturas y barnices",{"$error":"#NAME?"},{"$error":"#NAME?"},{"$error":"#NAME?"},"COMPRA MENOR","Galón",10,{"v":1500,"d":"RD$1,500.00"},{"v":15000,"d":"RD$15,000.00"}]
["Administración (ADM)","70000000-Servicios de contratacion agrícola, pesquera, forestal y de fauna","A_70",{"$error":"#NAME?"},"7011 - Horticultura","B_7011","70111700-Parques, jardines y huertos","C_701117","70111712-Servicios de fumigación  de parques o jardines",{"$error":"#NAME?"},{"$error":"#NAME?"},{"$error":"#NAME?"},"COMPRA MENOR","Centímetro Cuadrado",1,{"v":25000,"d":"RD$25,000.00"},{"v":25000,"d":"RD$25,000.00"}]
["Administración (ADM)","72000000-Servicios de edificación, construcción de instalaciones y mantenimiento","A_72",{"$error":"#NAME?"},"7210 - Construcción de edificios, atención, mantenimiento y servicios de reparaciones","B_7210","72101600-Revestimientos de techos, paredes o metalistería","C_721016","72101605-Levantamiento o reparación de techos",{"$error":"#NAME?"},{"$error":"#NAME?"},{"$error":"#NAME?"},"COMPRA MENOR","Metro",50,{"v":2040,"d":"RD$2,040.00"},{"v":102000,"d":"RD$102,000.00"}]
["Administración (ADM)","90000000-Servicios de viajes, alimentación, alojamiento y entretenimiento","A_90",{"$error":"#NAME?"},"9010 - Restaurantes y catering (servicios de comidas y bebidas)","B_9010","90101500-Establecimientos para comer y beber","C_901015","90101503-Establecimientos de comida rápida.",{"$error":"#NAME?"},{"$error":"#NAME?"},{"$error":"#NAME?"},"COMPRA MENOR","Unidad",63,{"v":350,"d":"RD$350.00"},{"v":22050,"d":"RD$22,050.00"}]
["Administración (ADM)","14000000 - Materiales y productos de papel","A_14",{"$error":"#NAME?"},"1411 - Productos de papel","B_1411","14111500-Papel de imprenta y papel de escribir","C_141115","14111506-Papel para impresión de computadores",{"$error":"#NAME?"},{"$error":"#NAME?"},{"$error":"#NAME?"},"COMPRA MENOR","Resma",56,{"v":800,"d":"RD$800.00"},{"v":44800,"d":"RD$44,800.00"}]
["Administración (ADM)","52000000-Artículos domésticos, suministros y productos electrónicos de consumo","A_52",{"$error":"#NAME?"},"5215 - Utensilios de cocina domésticos","B_5215","52151500-Utensilios de cocina desechables domésticos","C_521515","52151502-Platos desechables para uso doméstico",{"$error":"#NAME?"},{"$error":"#NAME?"},{"$error":"#NAME?"},"COMPRA MENOR","Paquete",12,{"v":2500,"d":"RD$2,500.00"},{"v":30000,"d":"RD$30,000.00"}]
["Administración (ADM)","52000000-Artículos domésticos, suministros y productos electrónicos de consumo","A_52",{"$error":"#NAME?"},"5215 - Utensilios de cocina domésticos","B_5215","52151500-Utensilios de cocina desechables domésticos","C_521515","52151501-Utensilios de cocina desechables para uso doméstico",{"$error":"#NAME?"},{"$error":"#NAME?"},{"$error":"#NAME?"},"COMPRA MENOR","Paquete",16,{"v":2500,"d":"RD$2,500.00"},{"v":40000,"d":"RD$40,000.00"}]
["Administración (ADM)","27000000-Herramientas y maquinaria general","A_27",{"$error":"#NAME?"},"2711 - Herramientas de mano","B_2711","27112000-Herramientas manuales de jardinería, agricultura y forestación","C_271120","27112014-Cortadora de pasto",{"$error":"#NAME?"},{"$error":"#NAME?"},{"$error":"#NAME?"},"COMPRA MENOR","Unidad",30,{"v":1000,"d":"RD$1,000.00"},{"v":30000,"d":"RD$30,000.00"}]
["Administración (ADM)","72000000-Servicios de edificación, construcción de instalaciones y mantenimiento","A_72",{"$error":"#NAME?"},"7210 - Construcción de edificios, atención, mantenimiento y servicios de reparaciones","B_7210","72102400-Pintura y colocación de papel pintado","C_721024","72102402-Servicios de pintura de interiores",{"$error":"#NAME?"},{"$error":"#NAME?"},{"$error":"#NAME?"},"COMPRA MENOR","Centímetro Cuadrado",1,{"v":40000,"d":"RD$40,000.00"},{"v":40000,"d":"RD$40,000.00"}]
["Administración (ADM)","72000000-Servicios de edificación, construcción de instalaciones y mantenimiento","A_72",{"$error":"#NAME?"},"7210 - Construcción de edificios, atención, mantenimiento y servicios de reparaciones","B_7210","72102400-Pintura y colocación de papel pintado","C_721024","72102401-Servicios de pintura de exteriores",{"$error":"#NAME?"},{"$error":"#NAME?"},{"$error":"#NAME?"},"COMPRA MENOR","Centímetro Cuadrado",1,{"v":40000,"d":"RD$40,000.00"},{"v":40000,"d":"RD$40,000.00"}]
["Administración (ADM)","47000000-Equipos de limpieza y suministros","A_47",{"$error":"#NAME?"},"4713 - Suministros de limpieza","B_4713","47131500-Trapos y paños de limpieza","C_471315","47131502-Pañitos o toallas para limpiar",{"$error":"#NAME?"},{"$error":"#NAME?"},{"$error":"#NAME?"},"COMPRA MENOR","Unidad",1,{"v":2000,"d":"RD$2,000.00"},{"v":2000,"d":"RD$2,000.00"}]
["Administración (ADM)","47000000-Equipos de limpieza y suministros","A_47",{"$error":"#NAME?"},"4713 - Suministros de limpieza","B_4713","47131600-Escobas, traperos, cepillos y accesorios","C_471316","47131604-Escobas",{"$error":"#NAME?"},{"$error":"#NAME?"},{"$error":"#NAME?"},"COMPRA MENOR","Unidad",10,{"v":300,"d":"RD$300.00"},{"v":3000,"d":"RD$3,000.00"}]
["Administración (ADM)","47000000-Equipos de limpieza y suministros","A_47",{"$error":"#NAME?"},"4713 - Suministros de limpieza","B_4713","47131700-Suministros para aseos","C_471317","47131702-Dispensadores de productos sanitarios",{"$error":"#NAME?"},{"$error":"#NAME?"},{"$error":"#NAME?"},"COMPRA MENOR","Unidad",2,{"v":1500,"d":"RD$1,500.00"},{"v":3000,"d":"RD$3,000.00"}]
["Administración (ADM)","47000000-Equipos de limpieza y suministros","A_47",{"$error":"#NAME?"},"4713 - Suministros de limpieza","B_4713","47131700-Suministros para aseos","C_471317","47131705-Accesorios para urinales o inodoros",{"$error":"#NAME?"},{"$error":"#NAME?"},{"$error":"#NAME?"},"COMPRA MENOR","Unidad",10,{"v":400,"d":"RD$400.00"},{"v":4000,"d":"RD$4,000.00"}]
["Administración (ADM)","47000000-Equipos de limpieza y suministros","A_47",{"$error":"#NAME?"},"4713 - Suministros de limpieza","B_4713","47131800-Soluciones de limpieza y desinfección","C_471318","47131803-Desinfectantes para uso doméstico",{"$error":"#NAME?"},{"$error":"#NAME?"},{"$error":"#NAME?"},"COMPRA MENOR","Galón",11,{"v":400,"d":"RD$400.00"},{"v":4400,"d":"RD$4,400.00"}]
["Administración (ADM)","47000000-Equipos de limpieza y suministros","A_47",{"$error":"#NAME?"},"4713 - Suministros de limpieza","B_4713","47132100-Kits de limpieza","C_471321","47132102-Kits de limpieza para uso general",{"$error":"#NAME?"},{"$error":"#NAME?"},{"$error":"#NAME?"},"COMPRA MENOR","Unidad",12,{"v":400,"d":"RD$400.00"},{"v":4800,"d":"RD$4,800.00"}]
["Administración (ADM)","44000000-Equipos de oficina, accesorios y suministros","A_44",{"$error":"#NAME?"},"4411 - Accesorios de oficina y escritorio","B_4411","44112000-Sistemas de planificación","C_441120","44112004-Planeadores de reuniones",{"$error":"#NAME?"},{"$error":"#NAME?"},{"$error":"#NAME?"},"COMPRA MENOR","Unidad",10,{"v":300,"d":"RD$300.00"},{"v":3000,"d":"RD$3,000.00"}]
["Administración (ADM)","44000000-Equipos de oficina, accesorios y suministros","A_44",{"$error":"#NAME?"},"4410 - Maquinaria, suministros y accesorios de oficina","B_4410","44101800-Máquinas calculadoras y accesorios","C_441018","44101805-Cintas para calculadoras",{"$error":"#NAME?"},{"$error":"#NAME?"},{"$error":"#NAME?"},"COMPRA MENOR","Unidad",6,{"v":150,"d":"RD$150.00"},{"v":900,"d":"RD$900.00"}]
["Administración (ADM)","44000000-Equipos de oficina, accesorios y suministros","A_44",{"$error":"#NAME?"},"4412 - Suministros de oficina","B_4412","44121600-Suministros de escritorio","C_441216","44121615-Grapadoras",{"$error":"#NAME?"},{"$error":"#NAME?"},{"$error":"#NAME?"},"COMPRA MENOR","Unidad",1,{"v":8000,"d":"RD$8,000.00"},{"v":8000,"d":"RD$8,000.00"}]
["Administración (ADM)","44000000-Equipos de oficina, accesorios y suministros","A_44",{"$error":"#NAME?"},"4412 - Suministros de oficina","B_4412","44121700-Instrumentos de escritura","C_441217","44121701-Bolígrafos",{"$error":"#NAME?"},{"$error":"#NAME?"},{"$error":"#NAME?"},"COMPRA MENOR","Caja",1,{"v":9000,"d":"RD$9,000.00"},{"v":9000,"d":"RD$9,000.00"}]
["Administración (ADM)","44000000-Equipos de oficina, accesorios y suministros","A_44",{"$error":"#NAME?"},"4412 - Suministros de oficina","B_4412","44121700-Instrumentos de escritura","C_441217","44121709-Crayolas",{"$error":"#NAME?"},{"$error":"#NAME?"},{"$error":"#NAME?"},"COMPRA MENOR","Caja",1,{"v":3000,"d":"RD$3,000.00"},{"v":3000,"d":"RD$3,000.00"}]
["Administración (ADM)","52000000-Artículos domésticos, suministros y productos electrónicos de consumo","A_52",{"$error":"#NAME?"},"5215 - Utensilios de cocina domésticos","B_5215","52151600-Utensilios de cocina domésticos","C_521516","52151636-Palas o cucharas para alimentos para uso doméstico",{"$error":"#NAME?"},{"$error":"#NAME?"},{"$error":"#NAME?"},"COMPRA MENOR","Paquete",10,{"v":600,"d":"RD$600.00"},{"v":6000,"d":"RD$6,000.00"}]
["Administración (ADM)","52000000-Artículos domésticos, suministros y productos electrónicos de consumo","A_52",{"$error":"#NAME?"},"5215 - Utensilios de cocina domésticos","B_5215","52151600-Utensilios de cocina domésticos","C_521516","52151602-Tazones mezcladores para uso doméstico",{"$error":"#NAME?"},{"$error":"#NAME?"},{"$error":"#NAME?"},"COMPRA MENOR","Unidad",12,{"v":500,"d":"RD$500.00"},{"v":6000,"d":"RD$6,000.00"}]
["Administración (ADM)","52000000-Artículos domésticos, suministros y productos electrónicos de consumo","A_52",{"$error":"#NAME?"},"5215 - Utensilios de cocina domésticos","B_5215","52151600-Utensilios de cocina domésticos","C_521516","52151607-Tazas medidoras para uso doméstico",{"$error":"#NAME?"},{"$error":"#NAME?"},{"$error":"#NAME?"},"COMPRA MENOR","Unidad",12,{"v":150,"d":"RD$150.00"},{"v":1800,"d":"RD$1,800.00"}]
["Administración (ADM)","52000000-Artículos domésticos, suministros y productos electrónicos de consumo","A_52",{"$error":"#NAME?"},"5215 - Utensilios de cocina domésticos","B_5215","52151600-Utensilios de cocina domésticos","C_521516","52151650-Escurridores para uso doméstico",{"$error":"#NAME?"},{"$error":"#NAME?"},{"$error":"#NAME?"},"COMPRA MENOR","Unidad",1,{"v":5000,"d":"RD$5,000.00"},{"v":5000,"d":"RD$5,000.00"}]
["Administración (ADM)","39000000-Componentes, accesorios y suministros de sistemas eléctricos e iluminación","A_39",{"$error":"#NAME?"},"3910 - Lámparas y bombillas y componentes para lámparas","B_3910","39101600-Lámparas y bombillas","C_391016","39101605-Lámparas fluorescentes",{"$error":"#NAME?"},{"$error":"#NAME?"},{"$error":"#NAME?"},"COMPRA MENOR","Unidad",120,{"v":300,"d":"RD$300.00"},{"v":36000,"d":"RD$36,000.00"}]
["Administración (ADM)","39000000-Componentes, accesorios y suministros de sistemas eléctricos e iluminación","A_39",{"$error":"#NAME?"},"3911 - Iluminación, artefactos y accesorios","B_3911","39111800-Accesorios de iluminación","C_391118","39111810-Interruptor de lámpara",{"$error":"#NAME?"},{"$error":"#NAME?"},{"$error":"#NAME?"},"COMPRA MENOR","Unidad",12,{"v":150,"d":"RD$150.00"},{"v":1800,"d":"RD$1,800.00"}]
["Atención Infantil (DAI)","44000000-Equipos de oficina, accesorios y suministros","A_44",{"$error":"#NAME?"},"4412 - Suministros de oficina","B_4412","44122000-Carpetas de archivo, carpetas y separadores","C_441220","44122011-Folders",{"$error":"#NAME?"},{"$error":"#NAME?"},{"$error":"#NAME?"},"COMPRA MENOR","Caja",20,{"v":150,"d":"RD$150.00"},{"v":3000,"d":"RD$3,000.00"}]
["Atención Infantil (DAI)","55000000-Publicaciones impresas, publicaciones electrónicas y accesorios","A_55",{"$error":"#NAME?"},"5510 - Medios impresos","B_5510","55101500-Publicaciones impresas","C_551015","55101520-Hojas o folletos de instrucciones",{"$error":"#NAME?"},{"$error":"#NAME?"},{"$error":"#NAME?"},"COMPRA MENOR","Resma",100,{"v":60,"d":"RD$60.00"},{"v":6000,"d":"RD$6,000.00"}]
["Calidad en la Gestión (DCG)","55000000-Publicaciones impresas, publicaciones electrónicas y accesorios","A_55",{"$error":"#NAME?"},"5510 - Medios impresos","B_5510","55101500-Publicaciones impresas","C_551015","55101520-Hojas o folletos de instrucciones",{"$error":"#NAME?"},{"$error":"#NAME?"},{"$error":"#NAME?"},"COMPRA MENOR","Resma",50,{"v":60,"d":"RD$60.00"},{"v":3000,"d":"RD$3,000.00"}]
["Calidad en la Gestión (DCG)","56000000-Muebles, mobiliario y decoración","A_56",{"$error":"#NAME?"},"5610 - Muebles de alojamiento","B_5610","56101500-Muebles","C_561015","56101519-Mesas",{"$error":"#NAME?"},{"$error":"#NAME?"},{"$error":"#NAME?"},"COMPRA MENOR","Unidad",1,{"v":7000,"d":"RD$7,000.00"},{"v":7000,"d":"RD$7,000.00"}]
["Calidad en la Gestión (DCG)","56000000-Muebles, mobiliario y decoración","A_56",{"$error":"#NAME?"},"5610 - Muebles de alojamiento","B_5610","56101500-Muebles","C_561015","56101522-Sillas de brazos",{"$error":"#NAME?"},{"$error":"#NAME?"},{"$error":"#NAME?"},"COMPRA MENOR","Unidad",4,{"v":3000,"d":"RD$3,000.00"},{"v":12000,"d":"RD$12,000.00"}]
["Atención a Usuarios (DAU)","44000000-Equipos de oficina, accesorios y suministros","A_44",{"$error":"#NAME?"},"4412 - Suministros de oficina","B_4412","44122000-Carpetas de archivo, carpetas y separadores","C_441220","44122011-Folders",{"$error":"#NAME?"},{"$error":"#NAME?"},{"$error":"#NAME?"},"COMPRA MENOR","Caja",1,{"v":5000,"d":"RD$5,000.00"},{"v":5000,"d":"RD$5,000.00"}]
["Atención a Usuarios (DAU)","44000000-Equipos de oficina, accesorios y suministros","A_44",{"$error":"#NAME?"},"4412 - Suministros de oficina","B_4412","44121700-Instrumentos de escritura","C_441217","44121701-Bolígrafos",{"$error":"#NAME?"},{"$error":"#NAME?"},{"$error":"#NAME?"},"COMPRA MENOR","Caja",1,{"v":2000,"d":"RD$2,000.00"},{"v":2000,"d":"RD$2,000.00"}]
["Gestión Clínica (DGC)","55000000-Publicaciones impresas, publicaciones electrónicas y accesorios","A_55",{"$error":"#NAME?"},"5510 - Medios impresos","B_5510","55101500-Publicaciones impresas","C_551015","55101520-Hojas o folletos de instrucciones",{"$error":"#NAME?"},{"$error":"#NAME?"},{"$error":"#NAME?"},"COMPRA MENOR","Unidad",108,{"v":1200,"d":"RD$1,200.00"},{"v":129600,"d":"RD$129,600.00"}]
["Gestión Clínica (DGC)","85000000-Servicios de salud","A_85",{"$error":"#NAME?"},"8516 -Servicios de mantenimiento, renovación y reparación de equipo médico quirúrgico.","B_8516","85161500-Reparación de equipo médico o quirúrgico","C_851615","85161502-Mantenimiento o reparación de equipo médico menor",{"$error":"#NAME?"},{"$error":"#NAME?"},{"$error":"#NAME?"},"COMPRA MENOR","Unidad",2,{"v":41000,"d":"RD$41,000.00"},{"v":82000,"d":"RD$82,000.00"}]
["Gestión Clínica (DGC)","78000000-Servicios de transporte, almacenaje y correo","A_78",{"$error":"#NAME?"},"7818 - Servicios de mantenimiento o reparaciones de transportes","B_7818","78180100-Mantenimiento de vehículos y servicios de reparaciones","C_781801","78180107-Reparación y mantenimiento de automóvil y de camiones ligeros",{"$error":"#NAME?"},{"$error":"#NAME?"},{"$error":"#NAME?"},"COMPRA MENOR","Unidad",4,{"v":16000,"d":"RD$16,000.00"},{"v":64000,"d":"RD$64,000.00"}]
["Gestión Clínica (DGC)","50000000-Alimentos, bebidas y tabaco","A_50",{"$error":"#NAME?"},"5010 - Frutas, verduras y frutos secos","B_5010","50101500-Verduras","C_501015","50101538-Verduras frescas",{"$error":"#NAME?"},{"$error":"#NAME?"},{"$error":"#NAME?"},"COMPRA MENOR","Unidad",12,{"v":1500,"d":"RD$1,500.00"},{"v":18000,"d":"RD$18,000.00"}]
["Gestión Clínica (DGC)","50000000-Alimentos, bebidas y tabaco","A_50",{"$error":"#NAME?"},"5011 - Productos de carne y aves de corral","B_5011","50112000-Carnes procesadas y preparadas","C_501120","50112003-Carnes procesadas y preparadas estable sin refrigerar",{"$error":"#NAME?"},{"$error":"#NAME?"},{"$error":"#NAME?"},"COMPRA MENOR","Unidad",320,{"v":250,"d":"RD$250.00"},{"v":80000,"d":"RD$80,000.00"}]
["Gestión Clínica (DGC)","50000000-Alimentos, bebidas y tabaco","A_50",{"$error":"#NAME?"},"5013 - Productos lácteos y huevos","B_5013","50131600-Huevos y sustitutos","C_501316","50131606-Huevos frescos",{"$error":"#NAME?"},{"$error":"#NAME?"},{"$error":"#NAME?"},"COMPRA MENOR","Unidad",200,{"v":150,"d":"RD$150.00"},{"v":30000,"d":"RD$30,000.00"}]
["Gestión Clínica (DGC)","50000000-Alimentos, bebidas y tabaco","A_50",{"$error":"#NAME?"},"5013 - Productos lácteos y huevos","B_5013","50131700-Productos de leche y mantequilla","C_501317","50131701-Productos de leche o mantequilla frescos",{"$error":"#NAME?"},{"$error":"#NAME?"},{"$error":"#NAME?"},"COMPRA MENOR","Unidad",200,{"v":125,"d":"RD$125.00"},{"v":25000,"d":"RD$25,000.00"}]
["Gestión Clínica (DGC)","50000000-Alimentos, bebidas y tabaco","A_50",{"$error":"#NAME?"},"5013 - Productos lácteos y huevos","B_5013","50131800-Queso","C_501318","50131802-Queso procesado",{"$error":"#NAME?"},{"$error":"#NAME?"},{"$error":"#NAME?"},"COMPRA MENOR","Libra",100,{"v":150,"d":"RD$150.00"},{"v":15000,"d":"RD$15,000.00"}]
["Gestión Clínica (DGC)","50000000-Alimentos, bebidas y tabaco","A_50",{"$error":"#NAME?"},"5015 - Aceites y grasas comestibles","B_5015","50151500-Grasas y aceites vegetales comestibles","C_501515","50151513-Aceites vegetales o  de planta comestibles",{"$error":"#NAME?"},{"$error":"#NAME?"},{"$error":"#NAME?"},"COMPRA MENOR","Galón",40,{"v":1000,"d":"RD$1,000.00"},{"v":40000,"d":"RD$40,000.00"}]
["Gestión Clínica (DGC)","50000000-Alimentos, bebidas y tabaco","A_50",{"$error":"#NAME?"},"5016 - Chocolates, azúcares, edulcorantes y productos de confitería","B_5016","50161500-Chocolates, azúcares, edulcorantes productos","C_501615","50161509-Azucares naturales o productos endulzantes",{"$error":"#NAME?"},{"$error":"#NAME?"},{"$error":"#NAME?"},"COMPRA MENOR","Libra",1200,{"v":40,"d":"RD$40.00"},{"v":48000,"d":"RD$48,000.00"}]
["Gestión Clínica (DGC)","50000000-Alimentos, bebidas y tabaco","A_50",{"$error":"#NAME?"},"5016 - Chocolates, azúcares, edulcorantes y productos de confitería","B_5016","50161500-Chocolates, azúcares, edulcorantes productos","C_501615","50161511-Chocolate o sustituto de chocolate",{"$error":"#NAME?"},{"$error":"#NAME?"},{"$error":"#NAME?"},"COMPRA MENOR","Caja",30,{"v":400,"d":"RD$400.00"},{"v":12000,"d":"RD$12,000.00"}]
["Gestión Clínica (DGC)","50000000-Alimentos, bebidas y tabaco","A_50",{"$error":"#NAME?"},"5017 - Condimentos y conservantes","B_5017","50171500-Hierbas y especias y extractos","C_501715","50171550-Especies o extractos",{"$error":"#NAME?"},{"$error":"#NAME?"},{"$error":"#NAME?"},"COMPRA MENOR","Unidad",12,{"v":1200,"d":"RD$1,200.00"},{"v":14400,"d":"RD$14,400.00"}]
["Gestión Clínica (DGC)","50000000-Alimentos, bebidas y tabaco","A_50",{"$error":"#NAME?"},"5017 - Condimentos y conservantes","B_5017","50171500-Hierbas y especias y extractos","C_501715","50171551-Sal de mesa",{"$error":"#NAME?"},{"$error":"#NAME?"},{"$error":"#NAME?"},"COMPRA MENOR","Unidad",12,{"v":500,"d":"RD$500.00"},{"v":6000,"d":"RD$6,000.00"}]
["Gestión Clínica (DGC)","50000000-Alimentos, bebidas y tabaco","A_50",{"$error":"#NAME?"},"5018 - Productos de panadería","B_5018","50181900-Pan y galletas y pastelitos dulces","C_501819","50181901-Pan fresco",{"$error":"#NAME?"},{"$error":"#NAME?"},{"$error":"#NAME?"},"COMPRA MENOR","Unidad",350,{"v":100,"d":"RD$100.00"},{"v":35000,"d":"RD$35,000.00"}]
["Gestión Clínica (DGC)","50000000-Alimentos, bebidas y tabaco","A_50",{"$error":"#NAME?"},"5020 - Bebidas","B_5020","50201700-Café y té","C_502017","50201706-Café",{"$error":"#NAME?"},{"$error":"#NAME?"},{"$error":"#NAME?"},"COMPRA MENOR","Libra",60,{"v":300,"d":"RD$300.00"},{"v":18000,"d":"RD$18,000.00"}]
["Gestión Clínica (DGC)","50000000-Alimentos, bebidas y tabaco","A_50",{"$error":"#NAME?"},"5020 - Bebidas","B_5020","50202300-Bebidas no alcohólicas","C_502023","50202301-Agua",{"$error":"#NAME?"},{"$error":"#NAME?"},{"$error":"#NAME?"},"COMPRA MENOR","Galón",1300,{"v":50,"d":"RD$50.00"},{"v":65000,"d":"RD$65,000.00"}]
["Gestión Clínica (DGC)","50000000-Alimentos, bebidas y tabaco","A_50",{"$error":"#NAME?"},"5020 - Bebidas","B_5020","50202300-Bebidas no alcohólicas","C_502023","50202305-Jugo fresco",{"$error":"#NAME?"},{"$error":"#NAME?"},{"$error":"#NAME?"},"COMPRA MENOR","Caja",25,{"v":1000,"d":"RD$1,000.00"},{"v":25000,"d":"RD$25,000.00"}]
["Gestión Clínica (DGC)","50000000-Alimentos, bebidas y tabaco","A_50",{"$error":"#NAME?"},"5020 - Bebidas","B_5020","50202300-Bebidas no alcohólicas","C_502023","50202307-Bebida de chocolate o malta u otros",{"$error":"#NAME?"},{"$error":"#NAME?"},{"$error":"#NAME?"},"COMPRA MENOR","Caja",12,{"v":2000,"d":"RD$2,000.00"},{"v":24000,"d":"RD$24,000.00"}]
["Gestión Clínica (DGC)","50000000-Alimentos, bebidas y tabaco","A_50",{"$error":"#NAME?"},"5022 - Productos de Cereales y Legumbres","B_5022","50221000-Legumbres","C_502210","50221001-Granos",{"$error":"#NAME?"},{"$error":"#NAME?"},{"$error":"#NAME?"},"COMPRA MENOR","Unidad",12,{"v":5000,"d":"RD$5,000.00"},{"v":60000,"d":"RD$60,000.00"}]
["Gestión Clínica (DGC)","50000000-Alimentos, bebidas y tabaco","A_50",{"$error":"#NAME?"},"5022 - Productos de Cereales y Legumbres","B_5022","50221100-Cereales","C_502211","50221101-Grano de cereal",{"$error":"#NAME?"},{"$error":"#NAME?"},{"$error":"#NAME?"},"COMPRA MENOR","Unidad",12,{"v":5000,"d":"RD$5,000.00"},{"v":60000,"d":"RD$60,000.00"}]
["Gestión Clínica (DGC)","51000000-Medicamentos y productos farmacéuticos","A_51",{"$error":"#NAME?"},"5110 - Medicamentos antiinfecciosos","B_5110","51101500-Antibióticos","C_511015","51101507-Penicilina",{"$error":"#NAME?"},{"$error":"#NAME?"},{"$error":"#NAME?"},"COMPRA MENOR","Unidad",120,{"v":150,"d":"RD$150.00"},{"v":18000,"d":"RD$18,000.00"}]
["Gestión Clínica (DGC)","51000000-Medicamentos y productos farmacéuticos","A_51",{"$error":"#NAME?"},"5110 - Medicamentos antiinfecciosos","B_5110","51101500-Antibióticos","C_511015","51101508-Sulfonamidas antibióticas",{"$error":"#NAME?"},{"$error":"#NAME?"},{"$error":"#NAME?"},"COMPRA MENOR","Unidad",12,{"v":3000,"d":"RD$3,000.00"},{"v":36000,"d":"RD$36,000.00"}]
["Gestión Clínica (DGC)","51000000-Medicamentos y productos farmacéuticos","A_51",{"$error":"#NAME?"},"5110 - Medicamentos antiinfecciosos","B_5110","51101500-Antibióticos","C_511015","51101511-Amoxicilina",{"$error":"#NAME?"},{"$error":"#NAME?"},{"$error":"#NAME?"},"COMPRA MENOR","Unidad",100,{"v":300,"d":"RD$300.00"},{"v":30000,"d":"RD$30,000.00"}]
["Gestión Clínica (DGC)","51000000-Medicamentos y productos farmacéuticos","A_51",{"$error":"#NAME?"},"5110 - Medicamentos antiinfecciosos","B_5110","51101500-Antibióticos","C_511015","51101518-Ofloxacina",{"$error":"#NAME?"},{"$error":"#NAME?"},{"$error":"#NAME?"},"COMPRA MENOR","Unidad",120,{"v":100,"d":"RD$100.00"},{"v":12000,"d":"RD$12,000.00"}]
["Gestión Clínica (DGC)","51000000-Medicamentos y productos farmacéuticos","A_51",{"$error":"#NAME?"},"5110 - Medicamentos antiinfecciosos","B_5110","51101500-Antibióticos","C_511015","51101524-Bacitracina zinc",{"$error":"#NAME?"},{"$error":"#NAME?"},{"$error":"#NAME?"},"COMPRA MENOR","Unidad",150,{"v":250,"d":"RD$250.00"},{"v":37500,"d":"RD$37,500.00"}]
["Gestión Clínica (DGC)","51000000-Medicamentos y productos farmacéuticos","A_51",{"$error":"#NAME?"},"5110 - Medicamentos antiinfecciosos","B_5110","51101500-Antibióticos","C_511015","51101542-Ciprofloxacina",{"$error":"#NAME?"},{"$error":"#NAME?"},{"$error":"#NAME?"},"COMPRA MENOR","Unidad",200,{"v":250,"d":"RD$250.00"},{"v":50000,"d":"RD$50,000.00"}]
["Gestión Clínica (DGC)","51000000-Medicamentos y productos farmacéuticos","A_51",{"$error":"#NAME?"},"5110 - Medicamentos antiinfecciosos","B_5110","51101500-Antibióticos","C_511015","51101551-Ceftriaxona",{"$error":"#NAME?"},{"$error":"#NAME?"},{"$error":"#NAME?"},"COMPRA MENOR","Unidad",150,{"v":300,"d":"RD$300.00"},{"v":45000,"d":"RD$45,000.00"}]
["Gestión Clínica (DGC)","51000000-Medicamentos y productos farmacéuticos","A_51",{"$error":"#NAME?"},"5110 - Medicamentos antiinfecciosos","B_5110","51101500-Antibióticos","C_511015","51101584-Gentamicina",{"$error":"#NAME?"},{"$error":"#NAME?"},{"$error":"#NAME?"},"COMPRA MENOR","Unidad",1000,{"v":25,"d":"RD$25.00"},{"v":25000,"d":"RD$25,000.00"}]
["Gestión Clínica (DGC)","51000000-Medicamentos y productos farmacéuticos","A_51",{"$error":"#NAME?"},"5112 - Medicamentos cardiovasculares","B_5112","51121500-Agentes antiarritmia","C_511215","51121502-Digoxina",{"$error":"#NAME?"},{"$error":"#NAME?"},{"$error":"#NAME?"},"COMPRA MENOR","Unidad",1000,{"v":30,"d":"RD$30.00"},{"v":30000,"d":"RD$30,000.00"}]
["Gestión Clínica (DGC)","51000000-Medicamentos y productos farmacéuticos","A_51",{"$error":"#NAME?"},"5114 - Medicamentos para el sistema nervioso central","B_5114","51141500-Anticonvulsivos","C_511415","51141507-Fenitoína",{"$error":"#NAME?"},{"$error":"#NAME?"},{"$error":"#NAME?"},"COMPRA MENOR","Unidad",200,{"v":120,"d":"RD$120.00"},{"v":24000,"d":"RD$24,000.00"}]
["Gestión Clínica (DGC)","51000000-Medicamentos y productos farmacéuticos","A_51",{"$error":"#NAME?"},"5114 - Medicamentos para el sistema nervioso central","B_5114","51141900-Tranquilizantes y fármacos ansiolíticos y antimaniacos","C_511419","51141920-Diazepam",{"$error":"#NAME?"},{"$error":"#NAME?"},{"$error":"#NAME?"},"COMPRA MENOR","Unidad",200,{"v":175,"d":"RD$175.00"},{"v":35000,"d":"RD$35,000.00"}]
["Gestión Clínica (DGC)","51000000-Medicamentos y productos farmacéuticos","A_51",{"$error":"#NAME?"},"5114 - Medicamentos para el sistema nervioso central","B_5114","51142000-Analgésicos no narcóticos/antipiréticos","C_511420","51142001-Acetaminofén",{"$error":"#NAME?"},{"$error":"#NAME?"},{"$error":"#NAME?"},"COMPRA MENOR","Unidad",120,{"v":120,"d":"RD$120.00"},{"v":14400,"d":"RD$14,400.00"}]
["Gestión Clínica (DGC)","51000000-Medicamentos y productos farmacéuticos","A_51",{"$error":"#NAME?"},"5114 - Medicamentos para el sistema nervioso central","B_5114","51142000-Analgésicos no narcóticos/antipiréticos","C_511420","51142002-Ácido acetilsalicílico",{"$error":"#NAME?"},{"$error":"#NAME?"},{"$error":"#NAME?"},"COMPRA MENOR","Unidad",1000,{"v":15,"d":"RD$15.00"},{"v":15000,"d":"RD$15,000.00"}]
["Gestión Clínica (DGC)","51000000-Medicamentos y productos farmacéuticos","A_51",{"$error":"#NAME?"},"5114 - Medicamentos para el sistema nervioso central","B_5114","51142000-Analgésicos no narcóticos/antipiréticos","C_511420","51142012-Ácido mefenámico",{"$error":"#NAME?"},{"$error":"#NAME?"},{"$error":"#NAME?"},"COMPRA MENOR","Unidad",500,{"v":60,"d":"RD$60.00"},{"v":30000,"d":"RD$30,000.00"}]
["Gestión Clínica (DGC)","51000000-Medicamentos y productos farmacéuticos","A_51",{"$error":"#NAME?"},"5114 - Medicamentos para el sistema nervioso central","B_5114","51142100-Fármacos antiinflamatorios no esteroideos (nsaid)","C_511421","51142104-Diclofenaco sódico",{"$error":"#NAME?"},{"$error":"#NAME?"},{"$error":"#NAME?"},"COMPRA MENOR","Caja",16,{"v":1800,"d":"RD$1,800.00"},{"v":28800,"d":"RD$28,800.00"}]
["Gestión Clínica (DGC)","51000000-Medicamentos y productos farmacéuticos","A_51",{"$error":"#NAME?"},"5114 - Medicamentos para el sistema nervioso central","B_5114","51142100-Fármacos antiinflamatorios no esteroideos (nsaid)","C_511421","51142106-Ibuprofeno",{"$error":"#NAME?"},{"$error":"#NAME?"},{"$error":"#NAME?"},"COMPRA MENOR","Caja",30,{"v":900,"d":"RD$900.00"},{"v":27000,"d":"RD$27,000.00"}]
["Gestión Clínica (DGC)","51000000-Medicamentos y productos farmacéuticos","A_51",{"$error":"#NAME?"},"5114 - Medicamentos para el sistema nervioso central","B_5114","51142900-Fármacos anestésicos, complementos relacionados y analépticos","C_511429","51142904-Lidocaína",{"$error":"#NAME?"},{"$error":"#NAME?"},{"$error":"#NAME?"},"COMPRA MENOR","Unidad",30,{"v":1100,"d":"RD$1,100.00"},{"v":33000,"d":"RD$33,000.00"}]
["Gestión Clínica (DGC)","51000000-Medicamentos y productos farmacéuticos","A_51",{"$error":"#NAME?"},"5114 - Medicamentos para el sistema nervioso central","B_5114","51142900-Fármacos anestésicos, complementos relacionados y analépticos","C_511429","51142905-Bupivacaína",{"$error":"#NAME?"},{"$error":"#NAME?"},{"$error":"#NAME?"},"COMPRA MENOR","Unidad",35,{"v":995,"d":"RD$995.00"},{"v":34825,"d":"RD$34,825.00"}]
["Gestión Clínica (DGC)","51000000-Medicamentos y productos farmacéuticos","A_51",{"$error":"#NAME?"},"5116 - Medicamentos que afectan al tracto respiratorio","B_5116","51161500-Antiasmáticos","C_511615","51161503-Acetato de pirbuterol",{"$error":"#NAME?"},{"$error":"#NAME?"},{"$error":"#NAME?"},"COMPRA MENOR","Unidad",30,{"v":850,"d":"RD$850.00"},{"v":25500,"d":"RD$25,500.00"}]
["Gestión Clínica (DGC)","51000000-Medicamentos y productos farmacéuticos","A_51",{"$error":"#NAME?"},"5116 - Medicamentos que afectan al tracto respiratorio","B_5116","51161600-Antihistamínicos (bloqueadores h1)","C_511616","51161606-Loratadina",{"$error":"#NAME?"},{"$error":"#NAME?"},{"$error":"#NAME?"},"COMPRA MENOR","Unidad",60,{"v":500,"d":"RD$500.00"},{"v":30000,"d":"RD$30,000.00"}]
["Gestión Clínica (DGC)","51000000-Medicamentos y productos farmacéuticos","A_51",{"$error":"#NAME?"},"5116 - Medicamentos que afectan al tracto respiratorio","B_5116","51161600-Antihistamínicos (bloqueadores h1)","C_511616","51161620-Difenhidramina",{"$error":"#NAME?"},{"$error":"#NAME?"},{"$error":"#NAME?"},"COMPRA MENOR","Unidad",35,{"v":120,"d":"RD$120.00"},{"v":4200,"d":"RD$4,200.00"}]
["Gestión Clínica (DGC)","51000000-Medicamentos y productos farmacéuticos","A_51",{"$error":"#NAME?"},"5116 - Medicamentos que afectan al tracto respiratorio","B_5116","51161700-Medicamentos para alteraciones del tracto respiratorio","C_511617","51161701-Acetilcisteína",{"$error":"#NAME?"},{"$error":"#NAME?"},{"$error":"#NAME?"},"COMPRA MENOR","Unidad",40,{"v":150,"d":"RD$150.00"},{"v":6000,"d":"RD$6,000.00"}]
["Gestión Clínica (DGC)","51000000-Medicamentos y productos farmacéuticos","A_51",{"$error":"#NAME?"},"5116 - Medicamentos que afectan al tracto respiratorio","B_5116","51161800-Productos para tos, resfriados y antialérgicos","C_511618","51161811-Bromhexina",{"$error":"#NAME?"},{"$error":"#NAME?"},{"$error":"#NAME?"},"COMPRA MENOR","Unidad",100,{"v":120,"d":"RD$120.00"},{"v":12000,"d":"RD$12,000.00"}]
["Gestión Clínica (DGC)","51000000-Medicamentos y productos farmacéuticos","A_51",{"$error":"#NAME?"},"5117 - Medicamentos que afectan al sistema gastrointestinal","B_5117","51171500-Antiácidos y antiflatulentos","C_511715","51171508-Carbonato de magnesio",{"$error":"#NAME?"},{"$error":"#NAME?"},{"$error":"#NAME?"},"COMPRA MENOR","Unidad",100,{"v":120,"d":"RD$120.00"},{"v":12000,"d":"RD$12,000.00"}]
["Gestión Clínica (DGC)","51000000-Medicamentos y productos farmacéuticos","A_51",{"$error":"#NAME?"},"5117 - Medicamentos que afectan al sistema gastrointestinal","B_5117","51171800-Agentes antivértigo, antinauseantes y antieméticos","C_511718","51171806-Metoclopramida",{"$error":"#NAME?"},{"$error":"#NAME?"},{"$error":"#NAME?"},"COMPRA MENOR","Unidad",500,{"v":50,"d":"RD$50.00"},{"v":25000,"d":"RD$25,000.00"}]
["Gestión Clínica (DGC)","51000000-Medicamentos y productos farmacéuticos","A_51",{"$error":"#NAME?"},"5117 - Medicamentos que afectan al sistema gastrointestinal","B_5117","51171800-Agentes antivértigo, antinauseantes y antieméticos","C_511718","51171820-Dimenhidrinato",{"$error":"#NAME?"},{"$error":"#NAME?"},{"$error":"#NAME?"},"COMPRA MENOR","Unidad",500,{"v":45,"d":"RD$45.00"},{"v":22500,"d":"RD$22,500.00"}]
["Gestión Clínica (DGC)","51000000-Medicamentos y productos farmacéuticos","A_51",{"$error":"#NAME?"},"5117 - Medicamentos que afectan al sistema gastrointestinal","B_5117","51172100-Antiespasmódicos","C_511721","51172107-Butilbromuro de hioscina",{"$error":"#NAME?"},{"$error":"#NAME?"},{"$error":"#NAME?"},"COMPRA MENOR","Unidad",25,{"v":250,"d":"RD$250.00"},{"v":6250,"d":"RD$6,250.00"}]
["Gestión Clínica (DGC)","51000000-Medicamentos y productos farmacéuticos","A_51",{"$error":"#NAME?"},"5119 - Agentes que afectan el agua y los electrolitos","B_5119","51191500-Diuréticos","C_511915","51191510-Furosemida",{"$error":"#NAME?"},{"$error":"#NAME?"},{"$error":"#NAME?"},"COMPRA MENOR","Unidad",500,{"v":50,"d":"RD$50.00"},{"v":25000,"d":"RD$25,000.00"}]
["Gestión Clínica (DGC)","51000000-Medicamentos y productos farmacéuticos","A_51",{"$error":"#NAME?"},"5119 - Agentes que afectan el agua y los electrolitos","B_5119","51191500-Diuréticos","C_511915","51191515-Hidroclorotiazida",{"$error":"#NAME?"},{"$error":"#NAME?"},{"$error":"#NAME?"},"COMPRA MENOR","Unidad",500,{"v":50,"d":"RD$50.00"},{"v":25000,"d":"RD$25,000.00"}]
["Gestión Clínica (DGC)","15000000 - Materiales combustibles, aditivos para combustibles, lubricantes y anticorrosivos","A_15",{"$error":"#NAME?"},"1510 - Combustibles","B_1510","15101500-Petróleo y destilados","C_151015","15101506-Gasolina",{"$error":"#NAME?"},{"$error":"#NAME?"},{"$error":"#NAME?"},"COMPRA MENOR","Galón",33,{"v":300,"d":"RD$300.00"},{"v":9900,"d":"RD$9,900.00"}]
["Gestión Clínica (DGC)","15000000 - Materiales combustibles, aditivos para combustibles, lubricantes y anticorrosivos","A_15",{"$error":"#NAME?"},"1510 - Combustibles","B_1510","15101500-Petróleo y destilados","C_151015","15101505-Combustible diesel",{"$error":"#NAME?"},{"$error":"#NAME?"},{"$error":"#NAME?"},"COMPRA MENOR","Galón",2570,{"v":270,"d":"RD$270.00"},{"v":693900,"d":"RD$693,900.00"}]
["Gestión Clínica (DGC)","15000000 - Materiales combustibles, aditivos para combustibles, lubricantes y anticorrosivos","A_15",{"$error":"#NAME?"},"1512 - Lubricantes, aceites, grasas y anticorrosivos","B_1512","15121500-Preparados lubricantes","C_151215","15121501-Aceite motor",{"$error":"#NAME?"},{"$error":"#NAME?"},{"$error":"#NAME?"},"COMPRA MENOR","Galón",29,{"v":1000,"d":"RD$1,000.00"},{"v":29000,"d":"RD$29,000.00"}]
["Gestión Clínica (DGC)","15000000 - Materiales combustibles, aditivos para combustibles, lubricantes y anticorrosivos","A_15",{"$error":"#NAME?"},"1511 - Combustibles gaseosos y aditivos","B_1511","15111500-Combustibles gaseosos","C_151115","15111510-Gas licuado de petróleo",{"$error":"#NAME?"},{"$error":"#NAME?"},{"$error":"#NAME?"},"COMPRA MENOR","Galón",2083,{"v":140,"d":"RD$140.00"},{"v":291620,"d":"RD$291,620.00"}]
["Desarrollo Laboratorios e Imágenes (DLI)","41000000-Equipos y suministros de laboratorio, de medición, de observación y de pruebas","A_41",{"$error":"#NAME?"},"4111 - Instrumentos de medida, observación y ensayo","B_4111","41115800-Analizadores, accesorios y suministros clínicos y diagnósticos","C_411158","41115808-Accesorios o suministros para analizadores químico",{"$error":"#NAME?"},{"$error":"#NAME?"},{"$error":"#NAME?"},"COMPRA MENOR","Unidad",12,{"v":22103.65,"d":"RD$22,103.65"},{"v":265243.80000000005,"d":"RD$265,243.80"}]
["Gestión Clínica (DGC)","42000000-Equipo médico, accesorios y suministros","A_42",{"$error":"#NAME?"},"4214 - Suministros y productos de tratamiento y cuidado del enfermo","B_4214","42142600-Jeringas y accesorios","C_421426","42142606-Jeringas de entrega medida para uso médico",{"$error":"#NAME?"},{"$error":"#NAME?"},{"$error":"#NAME?"},"COMPRA MENOR","Unidad",500,{"v":3.5,"d":"RD$3.50"},{"v":1750,"d":"RD$1,750.00"}]
["Gestión Clínica (DGC)","42000000-Equipo médico, accesorios y suministros","A_42",{"$error":"#NAME?"},"4214 - Suministros y productos de tratamiento y cuidado del enfermo","B_4214","42142700-Suministros urológicos","C_421427","42142702-Catéteres urinarios uretrales",{"$error":"#NAME?"},{"$error":"#NAME?"},{"$error":"#NAME?"},"COMPRA MENOR","Unidad",150,{"v":120,"d":"RD$120.00"},{"v":18000,"d":"RD$18,000.00"}]
["Gestión Clínica (DGC)","42000000-Equipo médico, accesorios y suministros","A_42",{"$error":"#NAME?"},"4214 - Suministros y productos de tratamiento y cuidado del enfermo","B_4214","42142700-Suministros urológicos","C_421427","42142704-Bolsas o medidores para drenaje urinario",{"$error":"#NAME?"},{"$error":"#NAME?"},{"$error":"#NAME?"},"COMPRA MENOR","Unidad",138,{"v":120,"d":"RD$120.00"},{"v":16560,"d":"RD$16,560.00"}]
["Gestión Clínica (DGC)","42000000-Equipo médico, accesorios y suministros","A_42",{"$error":"#NAME?"},"4214 - Suministros y productos de tratamiento y cuidado del enfermo","B_4214","42142700-Suministros urológicos","C_421427","42142706-Bandejas o paquetes o kits para procedimientos urológicos",{"$error":"#NAME?"},{"$error":"#NAME?"},{"$error":"#NAME?"},"COMPRA MENOR","Unidad",36,{"v":350,"d":"RD$350.00"},{"v":12600,"d":"RD$12,600.00"}]
["Gestión Clínica (DGC)","42000000-Equipo médico, accesorios y suministros","A_42",{"$error":"#NAME?"},"4218 - Productos de examen y control del paciente","B_4218","42181500-Evaluación diagnóstica y productos de examen de uso general","C_421815","42181501-Depresores de lengua o cuchillos o baja lenguas",{"$error":"#NAME?"},{"$error":"#NAME?"},{"$error":"#NAME?"},"COMPRA MENOR","Unidad",100,{"v":46,"d":"RD$46.00"},{"v":4600,"d":"RD$4,600.00"}]
["Gestión Clínica (DGC)","42000000-Equipo médico, accesorios y suministros","A_42",{"$error":"#NAME?"},"4218 - Productos de examen y control del paciente","B_4218","42181500-Evaluación diagnóstica y productos de examen de uso general","C_421815","42181503-Lubricantes o gelatinas personales o para examen",{"$error":"#NAME?"},{"$error":"#NAME?"},{"$error":"#NAME?"},"COMPRA MENOR","Unidad",70,{"v":250,"d":"RD$250.00"},{"v":17500,"d":"RD$17,500.00"}]
["Gestión Clínica (DGC)","42000000-Equipo médico, accesorios y suministros","A_42",{"$error":"#NAME?"},"4218 - Productos de examen y control del paciente","B_4218","42181500-Evaluación diagnóstica y productos de examen de uso general","C_421815","42181515-Bandejas de procedimiento para exámenes",{"$error":"#NAME?"},{"$error":"#NAME?"},{"$error":"#NAME?"},"COMPRA MENOR","Unidad",100,{"v":320,"d":"RD$320.00"},{"v":32000,"d":"RD$32,000.00"}]
["Gestión Clínica (DGC)","42000000-Equipo médico, accesorios y suministros","A_42",{"$error":"#NAME?"},"4218 - Productos de examen y control del paciente","B_4218","42181600-Unidades de presión sanguínea y productos relacionados","C_421816","42181608-Accesorios para instrumentos de medición de presión de sangre",{"$error":"#NAME?"},{"$error":"#NAME?"},{"$error":"#NAME?"},"COMPRA MENOR","Unidad",3,{"v":4500,"d":"RD$4,500.00"},{"v":13500,"d":"RD$13,500.00"}]
["Gestión Clínica (DGC)","42000000-Equipo médico, accesorios y suministros","A_42",{"$error":"#NAME?"},"4218 - Productos de examen y control del paciente","B_4218","42182100-Estetoscopio y productos relacionados","C_421821","42182103-Estetoscopio acústico para uso médico o accesorios",{"$error":"#NAME?"},{"$error":"#NAME?"},{"$error":"#NAME?"},"COMPRA MENOR","Unidad",12,{"v":1800,"d":"RD$1,800.00"},{"v":21600,"d":"RD$21,600.00"}]
["Gestión Clínica (DGC)","42000000-Equipo médico, accesorios y suministros","A_42",{"$error":"#NAME?"},"4220 - Productos de hacer imágenes diagnósticas médicas y de medicina nuclear","B_4220","42201700-Productos de hacer imágenes de ultrasonido médico y de doppler y de eco","C_422017","42201708-Geles para ultrasonido o doppler o eco para uso médico",{"$error":"#NAME?"},{"$error":"#NAME?"},{"$error":"#NAME?"},"COMPRA MENOR","Unidad",40,{"v":250,"d":"RD$250.00"},{"v":10000,"d":"RD$10,000.00"}]
["Gestión Clínica (DGC)","42000000-Equipo médico, accesorios y suministros","A_42",{"$error":"#NAME?"},"4222 - Productos para administración intravenosa y arterial","B_4222","42221500-Accesorios y catéteres y cánulas intravenosas y arteriales","C_422215","42221504-Catéteres intravenosos periféricos para uso general",{"$error":"#NAME?"},{"$error":"#NAME?"},{"$error":"#NAME?"},"COMPRA MENOR","Unidad",1000,{"v":14,"d":"RD$14.00"},{"v":14000,"d":"RD$14,000.00"}]
["Gestión Clínica (DGC)","42000000-Equipo médico, accesorios y suministros","A_42",{"$error":"#NAME?"},"4228 - Productos para la esterilización médica","B_4228","42281600-Soluciones de desinfectantes y esterilización en frío","C_422816","42281603-Desinfectante o esterilizador de instrumentos",{"$error":"#NAME?"},{"$error":"#NAME?"},{"$error":"#NAME?"},"COMPRA MENOR","Unidad",12,{"v":1400,"d":"RD$1,400.00"},{"v":16800,"d":"RD$16,800.00"}]
["Gestión Clínica (DGC)","42000000-Equipo médico, accesorios y suministros","A_42",{"$error":"#NAME?"},"4228 - Productos para la esterilización médica","B_4228","42281900-Suministros de empaquetar y envoltura de esterilización","C_422819","42281906-Bandas de instrumentos de esterilización",{"$error":"#NAME?"},{"$error":"#NAME?"},{"$error":"#NAME?"},"COMPRA MENOR","Unidad",60,{"v":36,"d":"RD$36.00"},{"v":2160,"d":"RD$2,160.00"}]
["Gestión Clínica (DGC)","41000000-Equipos y suministros de laboratorio, de medición, de observación y de pruebas","A_41",{"$error":"#NAME?"},"4112 - Suministros y accesorios de laboratorio","B_4112","41122400-Instrumentos de laboratorio","C_411224","41122409-Herramientas para laboratorio",{"$error":"#NAME?"},{"$error":"#NAME?"},{"$error":"#NAME?"},"COMPRA MENOR","Unidad",12,{"v":5900,"d":"RD$5,900.00"},{"v":70800,"d":"RD$70,800.00"}]
["Gestión Clínica (DGC)","42000000-Equipo médico, accesorios y suministros","A_42",{"$error":"#NAME?"},"4213 - Telas y vestidos médicos","B_4213","42131500-Vestuario para pacientes","C_421315","42131501-Petos para pacientes",{"$error":"#NAME?"},{"$error":"#NAME?"},{"$error":"#NAME?"},"COMPRA MENOR","Unidad",24,{"v":1500,"d":"RD$1,500.00"},{"v":36000,"d":"RD$36,000.00"}]
["Gestión Clínica (DGC)","42000000-Equipo médico, accesorios y suministros","A_42",{"$error":"#NAME?"},"4213 - Telas y vestidos médicos","B_4213","42131600-Vestuario para el personal sanitario y artículos relacionados","C_421316","42131608-Vestidos para cirugía para personal médico",{"$error":"#NAME?"},{"$error":"#NAME?"},{"$error":"#NAME?"},"COMPRA MENOR","Unidad",70,{"v":525,"d":"RD$525.00"},{"v":36750,"d":"RD$36,750.00"}]
["Gestión Clínica (DGC)","42000000-Equipo médico, accesorios y suministros","A_42",{"$error":"#NAME?"},"4213 - Telas y vestidos médicos","B_4213","42132200-Guantes y accesorios médicos","C_421322","42132201-Cajas o dispensadores de guantes médicos",{"$error":"#NAME?"},{"$error":"#NAME?"},{"$error":"#NAME?"},"COMPRA MENOR","caja",60,{"v":500,"d":"RD$500.00"},{"v":30000,"d":"RD$30,000.00"}]
["Gestión Clínica (DGC)","42000000-Equipo médico, accesorios y suministros","A_42",{"$error":"#NAME?"},"4213 - Telas y vestidos médicos","B_4213","42132200-Guantes y accesorios médicos","C_421322","42132205-Guantes de cirugía",{"$error":"#NAME?"},{"$error":"#NAME?"},{"$error":"#NAME?"},"COMPRA MENOR","Caja",40,{"v":800,"d":"RD$800.00"},{"v":32000,"d":"RD$32,000.00"}]
["Gestión Clínica (DGC)","42000000-Equipo médico, accesorios y suministros","A_42",{"$error":"#NAME?"},"4215 - Equipos y suministros dentales","B_4215","42151500-Suministros y equipos de odontología cosmética","C_421515","42151504-Laca dental",{"$error":"#NAME?"},{"$error":"#NAME?"},{"$error":"#NAME?"},"COMPRA MENOR","Unidad",12,{"v":1000,"d":"RD$1,000.00"},{"v":12000,"d":"RD$12,000.00"}]
["Odontología (ODO)","42000000-Equipo médico, accesorios y suministros","A_42",{"$error":"#NAME?"},"4215 - Equipos y suministros dentales","B_4215","42152500-Suministros dentales generales","C_421525","42152501-Kits o bandejas desechables pre ensambladas de uso odontológico",{"$error":"#NAME?"},{"$error":"#NAME?"},{"$error":"#NAME?"},"COMPRA MENOR","Unidad",36,{"v":1120,"d":"RD$1,120.00"},{"v":40320,"d":"RD$40,320.00"}]
["Odontología (ODO)","42000000-Equipo médico, accesorios y suministros","A_42",{"$error":"#NAME?"},"4215 - Equipos y suministros dentales","B_4215","42152500-Suministros dentales generales","C_421525","42152502-Baberos de uso odontológico",{"$error":"#NAME?"},{"$error":"#NAME?"},{"$error":"#NAME?"},"COMPRA MENOR","Unidad",300,{"v":120,"d":"RD$120.00"},{"v":36000,"d":"RD$36,000.00"}]
["Odontología (ODO)","42000000-Equipo médico, accesorios y suministros","A_42",{"$error":"#NAME?"},"4215 - Equipos y suministros dentales","B_4215","42152500-Suministros dentales generales","C_421525","42152503-Suministros hembra de uso odontológico",{"$error":"#NAME?"},{"$error":"#NAME?"},{"$error":"#NAME?"},"COMPRA MENOR","Unidad",100,{"v":100,"d":"RD$100.00"},{"v":10000,"d":"RD$10,000.00"}]
["Odontología (ODO)","42000000-Equipo médico, accesorios y suministros","A_42",{"$error":"#NAME?"},"4215 - Equipos y suministros dentales","B_4215","42152500-Suministros dentales generales","C_421525","42152504-Recubrimientos de uso odontológico",{"$error":"#NAME?"},{"$error":"#NAME?"},{"$error":"#NAME?"},"COMPRA MENOR","Unidad",120,{"v":145,"d":"RD$145.00"},{"v":17400,"d":"RD$17,400.00"}]
["Odontología (ODO)","42000000-Equipo médico, accesorios y suministros","A_42",{"$error":"#NAME?"},"4215 - Equipos y suministros dentales","B_4215","42152500-Suministros dentales generales","C_421525","42152505-Forros para el apoyacabezas de la silla de examen de uso odontológico",{"$error":"#NAME?"},{"$error":"#NAME?"},{"$error":"#NAME?"},"COMPRA MENOR","Unidad",12,{"v":425,"d":"RD$425.00"},{"v":5100,"d":"RD$5,100.00"}]
["Odontología (ODO)","42000000-Equipo médico, accesorios y suministros","A_42",{"$error":"#NAME?"},"4215 - Equipos y suministros dentales","B_4215","42152500-Suministros dentales generales","C_421525","42152506-Bolitas absorbentes de uso odontológico",{"$error":"#NAME?"},{"$error":"#NAME?"},{"$error":"#NAME?"},"COMPRA MENOR","Unidad",30,{"v":130,"d":"RD$130.00"},{"v":3900,"d":"RD$3,900.00"}]
["Odontología (ODO)","42000000-Equipo médico, accesorios y suministros","A_42",{"$error":"#NAME?"},"4215 - Equipos y suministros dentales","B_4215","42152500-Suministros dentales generales","C_421525","42152508-Jeringas o agujas o jeringas con agujas de uso odontológico",{"$error":"#NAME?"},{"$error":"#NAME?"},{"$error":"#NAME?"},"COMPRA MENOR","Unidad",200,{"v":60,"d":"RD$60.00"},{"v":12000,"d":"RD$12,000.00"}]
["Odontología (ODO)","42000000-Equipo médico, accesorios y suministros","A_42",{"$error":"#NAME?"},"4215 - Equipos y suministros dentales","B_4215","42152500-Suministros dentales generales","C_421525","42152509-Cubiertas desechables para bandejas de uso odontológico",{"$error":"#NAME?"},{"$error":"#NAME?"},{"$error":"#NAME?"},"COMPRA MENOR","Unidad",120,{"v":120,"d":"RD$120.00"},{"v":14400,"d":"RD$14,400.00"}]
["Odontología (ODO)","42000000-Equipo médico, accesorios y suministros","A_42",{"$error":"#NAME?"},"4215 - Equipos y suministros dentales","B_4215","42152500-Suministros dentales generales","C_421525","42152512-Pinzas de uso odontológico",{"$error":"#NAME?"},{"$error":"#NAME?"},{"$error":"#NAME?"},"COMPRA MENOR","Unidad",30,{"v":650,"d":"RD$650.00"},{"v":19500,"d":"RD$19,500.00"}]
["Odontología (ODO)","42000000-Equipo médico, accesorios y suministros","A_42",{"$error":"#NAME?"},"4215 - Equipos y suministros dentales","B_4215","42152500-Suministros dentales generales","C_421525","42152519-Kits de accesorios para jeringas de uso odontológico",{"$error":"#NAME?"},{"$error":"#NAME?"},{"$error":"#NAME?"},"COMPRA MENOR","Unidad",12,{"v":1050,"d":"RD$1,050.00"},{"v":12600,"d":"RD$12,600.00"}]
["Odontología (ODO)","42000000-Equipo médico, accesorios y suministros","A_42",{"$error":"#NAME?"},"4215 - Equipos y suministros dentales","B_4215","42152400-Materiales dentales","C_421524","42152434-Amalgamantes para uso odontológico",{"$error":"#NAME?"},{"$error":"#NAME?"},{"$error":"#NAME?"},"COMPRA MENOR","Unidad",12,{"v":1600,"d":"RD$1,600.00"},{"v":19200,"d":"RD$19,200.00"}]
["Gestión Clínica (DGC)","42000000-Equipo médico, accesorios y suministros","A_42",{"$error":"#NAME?"},"4231 - Productos para el cuidado de heridas","B_4231","42312200-Sutura y productos relacionados","C_423122","42312201-Suturas",{"$error":"#NAME?"},{"$error":"#NAME?"},{"$error":"#NAME?"},"COMPRA MENOR","Unidad",90,{"v":240,"d":"RD$240.00"},{"v":21600,"d":"RD$21,600.00"}]
["Administración (ADM)","52000000-Artículos domésticos, suministros y productos electrónicos de consumo"]

{"sheet":"Datos","index":1,"n_rows":18503,"n_cols":15,"rows_kept":18503,"flags":["formulas_cached_only"]}
[null,"Segmento de Bien o Servicio","Segmento","Familia de Bien o Servicio","Familia","Clase de Bien o Servicio",null,"CÓDIGO UNSPSC - Sub Clase",null," PROCEDIMIENTO DE SELECCIÓN ",null,"OBSERVACIÓN",null,"ÁREA","UNIDAD DE MEDIDA"]
[null,"10000000 - Material vivo vegetal y animal, accesorio y suministros","10","1010 - Animales vivos ","1010","10101500-Animales de granja",null,"10101501-Gatos",null,"LICITACIÓN PÚBLICA INTERNACIONAL",null,"Ejecutado",null,"Activo Fijo (DAF)","Caja"]
[null,"10000000 - Material vivo vegetal y animal, accesorio y suministros","10","1010 - Animales vivos ","1010","10101600-Pájaros y aves de corral",null,"10101502-Perros",null,"LICITACIÓN PÚBLICA NACIONAL",null,"En ejecución",null,"Administración (ADM)","Centimetros"]
[null,"10000000 - Material vivo vegetal y animal, accesorio y suministros","10","1010 - Animales vivos ","1010","10101700-Peces",null,"10101504-Visón",null,"LICITACIÓN RESTRINGIDA",null,"Por ejecutar ",null,"Almacén y Suministros (DAS)","Centímetro Cuadrado"]
[null,"10000000 - Material vivo vegetal y animal, accesorio y suministros","10","1010 - Animales vivos ","1010","10101800-Mariscos e invertebrados acuáticos",null,"10101505-Ratas",null,"SORTEO DE OBRAS",null,"Eliminado",null,"Archivo y Correspondencia (DAC)","Ciento"]
[null,"10000000 - Material vivo vegetal y animal, accesorio y suministros","10","1010 - Animales vivos ","1010","10101900-Insectos",null,"10101506-Caballos",null,"COMPARACIÓN DE PRECIOS",{"$nulls":3},"Asistencia a la Red (DAR)","Decena"]
[null,"10000000 - Material vivo vegetal y animal, accesorio y suministros","10","1010 - Animales vivos ","1010","10102000-Animales salvajes",null,"10101507-Ovejas",null,"COMPRA MENOR",{"$nulls":3},"Atención a Usuarios (DAU)","Decimetro"]
[null,"10000000 - Material vivo vegetal y animal, accesorio y suministros","10","1011 - Productos de casa para el animal doméstico","1011","10111300-Tratamientos para los animales domesticos y accesorios y equipo",null,"10101508-Cabras",null,"COMPRA DIRECTA",{"$nulls":3},"Atención Infantil (DAI)","Día"]
[null,"10000000 - Material vivo vegetal y animal, accesorio y suministros","10","1012 - Pienso para animales","1012","10121500-Pienso para ganado",null,"10101509-Asnos",{"$nulls":5},"Calidad en la Gestión (DCG)","Docena"]
[null,"10000000 - Material vivo vegetal y animal, accesorio y suministros","10","1012 - Pienso para animales","1012","10121600-Alimento para pájaros y aves de corral",null,"10101510-Ratones",{"$nulls":5},"Compras y Contrataciones (DCC)","Galón"]
[null,"10000000 - Material vivo vegetal y animal, accesorio y suministros","10","1012 - Pienso para animales","1012","10121700-Alimento para peces",null,"10101511-Cerdos",{"$nulls":5},"Comunicación Digital (DCD)","Gramo"]
[null,"10000000 - Material vivo vegetal y animal, accesorio y suministros","10","1012 - Pienso para animales","1012","10121800-Alimento para perros y gatos",null,"10101512-Conejos",{"$nulls":5},"Comunicaciones (DCE)","Hora"]
[null,"10000000 - Material vivo vegetal y animal, accesorio y suministros","10","1012 - Pienso para animales","1012","10121900-Alimento para roedores",null,"10101513-Cobayas o conejillos de indias",{"$nulls":5},"Control y Fiscalización (DCF)","Hora Hombre"]
[null,"10000000 - Material vivo vegetal y animal, accesorio y suministros","10","1012 - Pienso para animales","1012","10122000-Alimento para reptiles",null,"10101514-Primates",{"$nulls":5},"Cooperación Internacional (COP)","Kilogramo"]
[null,"10000000 - Material vivo vegetal y animal, accesorio y suministros","10","1012 - Pienso para animales","1012","10122100-Comida para animales variados",null,"10101515-Armadillos",{"$nulls":5},"Coordinación Gabinete (CG)","Kilómetro"]
[null,"10000000 - Material vivo vegetal y animal, accesorio y suministros","10","1013 - Recipientes y hábitat para animales","1013","10131500-Cobertizos para animales",null,"10101516-Ganado vacuno",{"$nulls":5},"Cuidados de Enfermería (ENF)","Kilómetro cuadrado"]
[null,"10000000 - Material vivo vegetal y animal, accesorio y suministros","10","1013 - Recipientes y hábitat para animales","1013","10131600-Recipientes para animales",null,"10101517-Camellos",{"$nulls":5},"Desarrollo Institucional (DDI)","Libra"]
[null,"10000000 - Material vivo vegetal y animal, accesorio y suministros","10","1013 - Recipientes y hábitat para animales","1013","10131700-Hábitat para animales",null,"10101601-Pollos vivos",{"$nulls":5},"Desarrollo Laboratorios e Imágenes (DLI)","Litro"]
[null,"10000000 - Material vivo vegetal y animal, accesorio y suministros","10","1014 - Artículos de talabartería y arreos","1014","10141500-Talabarteria",null,"10101602-Patos vivos",{"$nulls":5},"Desarrollo Servicios de Emergencias Médicas (DSE)","Mes"]
[null,"10000000 - Material vivo vegetal y animal, accesorio y suministros","10","1014 - Artículos de talabartería y arreos","1014","10141600-Arneses",null,"10101603-Pavos vivos",{"$nulls":5},"Dirección Centros Hospitalarios (DCH)","Metro"]
[null,"10000000 - Material vivo vegetal y animal, accesorio y suministros","10","1015 - Semillas, bulbos, plántulas y esquejes","1015","10151500-Semillas y plantulas vegetales",null,"10101604-Gansos vivos",{"$nulls":5},"Dirección Ejecutiva (DE)","(m²) Metro cuadrado"]
[null,"10000000 - Material vivo vegetal y animal, accesorio y suministros","10","1015 - Semillas, bulbos, plántulas y esquejes","1015","10151600-Semillas de cereales",null,"10101605-Faisanes vivos",{"$nulls":5},"Dirección Primer Nivel (DPN)","(m³) Metro cúbico"]
[null,"10000000 - Material vivo vegetal y animal, accesorio y suministros","10","1015 - Semillas, bulbos, plántulas y esquejes","1015","10151700-Semillas y plántulas de hierba y forraje",null,"10101701-Salmón vivos",{"$nulls":5},"Elaboración de Documentos Legales (EDL)","(mg) Miligramo"]
[null,"10000000 - Material vivo vegetal y animal, accesorio y suministros","10","1015 - Semillas, bulbos, plántulas y esquejes","1015","10151800-Semillas y plántulas de especias",null,"10101702-Trucha viva",{"$nulls":5},"Emergencias Médicas (DEM)","(mm) Milímetro"]
[null,"10000000 - Material vivo vegetal y animal, accesorio y suministros","10","1015 - Semillas, bulbos, plántulas y esquejes","1015","10151900-Semillas, bulbos, plántulas y esquejes de flores",null,"10101703-Tilapia viva",{"$nulls":5},"Evaluación Desempeño y Capacitación (EDC)","(mi) Milla"]
[null,"10000000 - Material vivo vegetal y animal, accesorio y suministros","10","1015 - Semillas, bulbos, plántulas y esquejes","1015","10152000-Semillas y esquejes de árboles y arbustos",null,"10101704-Carpa viva",{"$nulls":5},"Financiero (DFI)","Millar"]
[null,"10000000 - Material vivo vegetal y animal, accesorio y suministros","10","1015 - Semillas, bulbos, plántulas y esquejes","1015","10152100-Residuos que no sean de piensos",null,"10101705-Anguilas vivas",{"$nulls":5},"Formulación, Monitoreo y Evaluación de PPP (FME)","(oz) Onza"]
[null,"10000000 - Material vivo vegetal y animal, accesorio y suministros","10","1015 - Semillas, bulbos, plántulas y esquejes","1015","10152200-Semillas de cultivos fibrosos y semilleros",null,"10101801-Camarón vivo",{"$nulls":5},"Gestión Clínica (DGC)","Paquete"]
[null,"10000000 - Material vivo vegetal y animal, accesorio y suministros","10","1016 - Productos de floricultura y silvicultura","1016","10161500-Árboles y arbustos",null,"10101802-Almejas vivas",{"$nulls":5},"Gestión de Emergencias Extrahospitalaria (GEE)","(ft) Pie"]
[null,"10000000 - Material vivo vegetal y animal, accesorio y suministros","10","1016 - Productos de floricultura y silvicultura","1016","10161600-Plantas florales",null,"10101803-Mejillones vivos",{"$nulls":5},"Gestión de Servicios de Laboratorio y Sangre (GLS)","(ft²) Pie cuadrado"]
[null,"10000000 - Material vivo vegetal y animal, accesorio y suministros","10","1016 - Productos de floricultura y silvicultura","1016","10161700-Flores cortadas",null,"10101804-Ostras vivas",{"$nulls":5},"Gestión Servicios de Imágenes (GSI)","(ft³) Pie cúbico"]
[null,"10000000 - Material vivo vegetal y animal, accesorio y suministros","10","1016 - Productos de floricultura y silvicultura","1016","10161800-Plantas sin flor",null,"10101805-Cangrejos vivos",{"$nulls":5},"Identidad Institucional (DII)","(in) Pulgada"]
[null,"10000000 - Material vivo vegetal y animal, accesorio y suministros","10","1016 - Productos de floricultura y silvicultura","1016","10161900-Productos florales secos",null,"10101806-Abulones vivos",{"$nulls":5},"Infraestructura y Equipos (DIE)","(in²) Pulgada cuadrada"]
[null,"10000000 - Material vivo vegetal y animal, accesorio y suministros","10","1017 - Abonos, nutrientes para plantas y herbicidas","1017","10171500-Abonos organicos y nutrientes para plantas",null,"10101807-Pulpo vivo",{"$nulls":5},"Jurídica (DCJ)","Quinientas unidades"]
[null,"10000000 - Material vivo vegetal y animal, accesorio y suministros","10","1017 - Abonos, nutrientes para plantas y herbicidas","1017","10171600-Abonos químicos y nutrientes para plantas",null,"10101808-Calamar vivo",{"$nulls":5},"Laboratorio e Imágenes (LCI)","(q) Quintal"]
[null,"10000000 - Material vivo vegetal y animal, accesorio y suministros","10","1017 - Abonos, nutrientes para plantas y herbicidas","1017","10171700-Herbicidas",null,"10101901-Mariposas",{"$nulls":5},"Litigios (LIT)","Resma"]
[null,"10000000 - Material vivo vegetal y animal, accesorio y suministros","10","1019 - Productos para el control de plagas y malas hierbas ","1019","10191500-Pesticidas o repelentes de plagas",null,"10101902-Escarabajos",{"$nulls":5},"Materno-Infantil (MIA)","Semana"]
[null,"10000000 - Material vivo vegetal y animal, accesorio y suministros","10","1019 - Productos para el control de plagas y malas hierbas ","1019","10191700-Dispositivos para control de plagas",null,"10101903-Abejas",{"$nulls":5},"Materno-Neonatal (DMN)","(t) Tonelada"]
[null,"11000000 - Material mineral, textil y vegetal y animal no comestible","11","1110 - Minerales, minerales metálicos y metales","1110","11101500-Minerales",null,"10101904-Gusanos de seda",{"$nulls":5},"Medicamentos e Insumos (DMI)","Unidad"]
[null,"11000000 - Material mineral, textil y vegetal y animal no comestible","11","1110 - Minerales, minerales metálicos y metales","1110","11101600-Minerales metálicos",null,"10102001-Elefantes",{"$nulls":5},"Monitoreo Calidad de los Servicios de Salud (MCS)","(yd) Yarda"]
[null,"11000000 - Material mineral, textil y vegetal y animal no comestible","11","1110 - Minerales, minerales metálicos y metales","1110","11101700-Metales de base",null,"10102002-Zorros vivos",{"$nulls":5},"Odontología (ODO)"]
[null,"11000000 - Material mineral, textil y vegetal y animal no comestible","11","1110 - Minerales, minerales metálicos y metales","1110","11101800-Metales preciosos",null,"10111301-Juguetes para mascotas",{"$nulls":5},"Oficina de Acceso a la Información (OAI)"]
[null,"11000000 - Material mineral, textil y vegetal y animal no comestible","11","1111 - Tierra y piedra","1111","11111500-Barro y tierra",null,"10111302-Productos para el aseo y cuidado de mascotas",{"$nulls":5},"Oficina Equidad Género (OEG)"]
[null,"11000000 - Material mineral, textil y vegetal y animal no comestible","11","1111 - Tierra y piedra","1111","11111600-Piedra",null,"10111303-Equipo para el manejo de desperdicios de las mascotas",{"$nulls":5},"Operaciones de Emergencias de Centros de Salud (OEC)"]
[null,"11000000 - Material mineral, textil y vegetal y animal no comestible","11","1111 - Tierra y piedra","1111","11111700-Arena",null,"10111304-Tazones o equipo para alimentación de mascotas",{"$nulls":5},"Organización del Trabajo y Compensación (OTC)"]
[null,"11000000 - Material mineral, textil y vegetal y animal no comestible","11","1111 - Tierra y piedra","1111","11111800-Arcillas",null,"10111305-Tratamientos medicados para mascotas",{"$nulls":5},"Pasantía Médica (DPM)"]
[null,"11000000 - Material mineral, textil y vegetal y animal no comestible","11","1112 - Productos no comestibles de planta y silvicultura","1112","11121500-Savia",null,"10111306-Kits para el entrenamiento de mascotas domésticas",{"$nulls":5},"Pasantía Médica (PSM)","Yarda cuadrada"]
[null,"11000000 - Material mineral, textil y vegetal y animal no comestible","11","1112 - Productos no comestibles de planta y silvicultura","1112","11121600-Madera",null,"10111307-Cobijas para mascotas",{"$nulls":5},"Planificación (DPD)"]
[null,"11000000 - Material mineral, textil y vegetal y animal no comestible","11","1112 - Productos no comestibles de planta y silvicultura","1112","11121700-Productos secundarios de la explotación forestal",null,"10121501-Salvado de trigo puro",{"$nulls":5},"Prensa y Relaciones Públicas (PRP)"]
[null,"11000000 - Material mineral, textil y vegetal y animal no comestible","11","1112 - Productos no comestibles de planta y silvicultura","1112","11121800-Fibras de plantas",null,"10121502-Avena para forraje",{"$nulls":5},"Prevención y Gestión de Riesgos y Desastres (GRD)"]
[null,"11000000 - Material mineral, textil y vegetal y animal no comestible","11","1112 - Productos no comestibles de planta y silvicultura","1112","11121900-Productos de perfumería",null,"10121503-Maíz para forraje",{"$nulls":5},"Proyectos Institucionales (DPI)"]
[null,"11000000 - Material mineral, textil y vegetal y animal no comestible","11","1113 - Productos animales no comestibles","1113","11131500-Cuero, pieles o materiales textiles de animales",null,"10121504-Sorgo para forraje",{"$nulls":5},"Reclutamiento y Selección de Personal (RSP)"]
[null,"11000000 - Material mineral, textil y vegetal y animal no comestible","11","1113 - Productos animales no comestibles","1113","11131600-Otros productos de animales",null,"10121505-Heno",{"$nulls":5},"Recursos Humanos (DRH)"]
[null,"11000000 - Material mineral, textil y vegetal y animal no comestible","11","1114 - Chatarra y materiales de desecho","1114","11141600-Desechos no metálicos y chatarra",null,"10121506-Tortas oleaginosas",{"$nulls":5},"Registro, Control y Nómina (RCN)"]
[null,"11000000 - Material mineral, textil y vegetal y animal no comestible","11","1114 - Chatarra y materiales de desecho","1114","11141700-Desperdicios o restos de alimentos y tabaco",null,"10121601-Alimento vivo para aves",{"$nulls":5},"Relaciones Laborales y Seguridad Social (RLS)"]
[null,"11000000 - Material mineral, textil y vegetal y animal no comestible","11","1115 - Fibra, hilos e hilados","1115","11151500-Fibras",null,"10121602-Alpiste",{"$nulls":5},"Salud Mental (DSM)"]
[null,"11000000 - Material mineral, textil y vegetal y animal no comestible","11","1115 - Fibra, hilos e hilados","1115","11151600-Hebras",null,"10121603-Pasa bocas o comida recreacional para aves",{"$nulls":5},"Sección Atención Adolescentes (SAA)"]
[null,"11000000 - Material mineral, textil y vegetal y animal no comestible","11","1115 - Fibra, hilos e hilados","1115","11151700-Hilos",null,"10121604-Alimento avícola",{"$nulls":5},"Seguimiento, Evaluación y Calidad de los Servicios de Salud (GCSS)"]
[null,"11000000 - Material mineral, textil y vegetal y animal no comestible","11","1116 - Tejidos y materiales de cuero","1116","11161500-Tejidos de seda",null,"10121701-Salmuera fresca o congelada",{"$nulls":5},"Seguridad Física (DSF)"]
[null,"11000000 - Material mineral, textil y vegetal y animal no comestible","11","1116 - Tejidos y materiales de cuero","1116","11161600-Tejidos de lana",null,"10121702-Alimento granulado para peces",{"$nulls":5},"Servicios Generales (DSG)"]
[null,"11000000 - Material mineral, textil y vegetal y animal no comestible","11","1116 - Tejidos y materiales de cuero","1116","11161700-Tejidos de algodón",null,"10121703-Alimento en hojuelas para peces",{"$nulls":5},"Sistema de Información (DGI)"]
[null,"11000000 - Material mineral, textil y vegetal y animal no comestible","11","1116 - Tejidos y materiales de cuero","1116","11161800-Tejidos sintéticos",null,"10121801-Comida seca para perros",{"$nulls":5},"Tecnología de la Información (DTI)"]
[null,"11000000 - Material mineral, textil y vegetal y animal no comestible","11","1116 - Tejidos y materiales de cuero","1116","11162000-Tejidos de materiales vegetales no de algodón",null,"10121802-Comida seca para perros"]
[null,"11000000 - Material mineral, textil y vegetal y animal no comestible","11","1116 - Tejidos y materiales de cuero","1116","11162100-Tejidos o telas especiales",null,"10121803-Leche para perros o gatos"]
[null,"11000000 - Material mineral, textil y vegetal y animal no comestible","11","1116 - Tejidos y materiales de cuero","1116","11162200-Telas no tejidas",null,"10121804-Comida seca para gatos"]
[null,"11000000 - Material mineral, textil y vegetal y animal no comestible","11","1116 - Tejidos y materiales de cuero","1116","11162300-Cueros",null,"10121805-Comida húmeda para gatos"]
[null,"12000000 - Material químico incluyendo bioquímicos y materiales de gas","12","1213 - Materiales explosivos","1213","12131500-Explosivos",null,"10121806-Pasa bocas o comida recreacional para gatos o perros"]
[null,"12000000 - Material químico incluyendo bioquímicos y materiales de gas","12","1213 - Materiales explosivos","1213","12131600-Pirotecnia",null,"10121901-Comida granulada para roedores"]
[null,"12000000 - Material químico incluyendo bioquímicos y materiales de gas","12","1213 - Materiales explosivos","1213","12131700-Encendedores",null,"10122001-Comida granulada para reptiles"]
[null,"12000000 - Material químico incluyendo bioquímicos y materiales de gas","12","1213 - Materiales explosivos","1213","12131800-Propulsores",null,"10122002-Comida húmeda para reptiles"]
[null,"12000000 - Material químico incluyendo bioquímicos y materiales de gas","12","1214 - Elementos y gases","1214","12141500-Metales de tierra",null,"10122003-Comida viva para reptiles"]
[null,"12000000 - Material químico incluyendo bioquímicos y materiales de gas","12","1214 - Elementos y gases","1214","12141600-Metales de tierra rara",null,"10122101-Comida para cerdos"]
[null,"12000000 - Material químico incluyendo bioquímicos y materiales de gas","12","1214 - Elementos y gases","1214","12141700-Metales de transición",null,"10122102-Comida para visones"]
[null,"12000000 - Material químico incluyendo bioquímicos y materiales de gas","12","1214 - Elementos y gases","1214","12141800-Metales álcalis",null,"10122103-Comida para monos"]
[null,"12000000 - Material químico incluyendo bioquímicos y materiales de gas","12","1214 - Elementos y gases","1214","12141900-No-metales y gases elementales y puros",null,"10131506-Establos para ganado"]
[null,"12000000 - Material químico incluyendo bioquímicos y materiales de gas","12","1214 - Elementos y gases","1214","12142000-Gases nobles",null,"10131507-Casas para mascotas domesticadas"]
[null,"12000000 - Material químico incluyendo bioquímicos y materiales de gas","12","1214 - Elementos y gases","1214","12142100-Gases naturales y gases mixtos",null,"10131508-Camas para mascotas"]
[null,"12000000 - Material químico incluyendo bioquímicos y materiales de gas","12","1214 - Elementos y gases","1214","12142200-Isótopos",null,"10131601-Jaulas o sus accesorios"]
[null,"12000000 - Material químico incluyendo bioquímicos y materiales de gas","12","1216 - Aditivos","1216","12161500-Indicadores y reactivos",null,"10131602-Perreras"]
[null,"12000000 - Material químico incluyendo bioquímicos y materiales de gas","12","1216 - Aditivos","1216","12161600-Catalizadores",null,"10131603-Equipaje para el transporte de animales"]
[null,"12000000 - Material químico incluyendo bioquímicos y materiales de gas","12","1216 - Aditivos","1216","12161700-Amortiguadores",null,"10131604-Correas para perros"]
[null,"12000000 - Material químico incluyendo bioquímicos y materiales de gas","12","1216 - Aditivos","1216","12161800-Coloides",null,"10131701-Terrarios"]
[null,"12000000 - Material químico incluyendo bioquímicos y materiales de gas","12","1216 - Aditivos","1216","12161900-Surfactantes",null,"10131702-Acuarios"]
[null,"12000000 - Material químico incluyendo bioquímicos y materiales de gas","12","1216 - Aditivos","1216","12162000-Plastificantes",null,"10141501-Sillas de montar"]
[null,"12000000 - Material químico incluyendo bioquímicos y materiales de gas","12","1216 - Aditivos","1216","12162100-Retardadores de llama",null,"10141502-Fustas y látigos"]
[null,"12000000 - Material químico incluyendo bioquímicos y materiales de gas","12","1216 - Aditivos","1216","12162200-Anti-oxidantes",null,"10141503-Herraduras para caballo"]
[null,"12000000 - Material químico incluyendo bioquímicos y materiales de gas","12","1216 - Aditivos","1216","12162300-Agentes de curación",null,"10141504-Herraduras para mula"]
[null,"12000000 - Material químico incluyendo bioquímicos y materiales de gas","12","1216 - Aditivos","1216","12162400-Rompedores de polímero",null,"10141601-Bridas"]
[null,"12000000 - Material químico incluyendo bioquímicos y materiales de gas","12","1216 - Aditivos","1216","12162500-Rompedores de emulsión",null,"10141602-Yugos"]
[null,"12000000 - Material químico incluyendo bioquímicos y materiales de gas","12","1216 - Aditivos","1216","12162600-Estabilizadores de arcilla",null,"10141603-Bocados para caballos"]
[null,"12000000 - Material químico incluyendo bioquímicos y materiales de gas","12","1216 - Aditivos","1216","12162700-Aditivos de pérdida de fluido",null,"10141604-Riendas"]
[null,"12000000 - Material químico incluyendo bioquímicos y materiales de gas","12","1216 - Aditivos","1216","12162800-Reductores de fricción",null,"10141605-Estribos"]
[null,"12000000 - Material químico incluyendo bioquímicos y materiales de gas","12","1216 - Aditivos","1216","12162900-Agentes de control de parafina asfaltenos",null,"10141606-Correas o traíllas"]
[null,"12000000 - Material químico incluyendo bioquímicos y materiales de gas","12","1216 - Aditivos","1216","12163000-Mezclas para quitar barro",null,"10141607-Arneses de cuello para animales"]
[null,"12000000 - Material químico incluyendo bioquímicos y materiales de gas","12","1216 - Aditivos","1216","12163100-Anti lodo (sludger)",null,"10141608-Arneses o sus accesorios"]
[null,"12000000 - Material químico incluyendo bioquímicos y materiales de gas","12","1216 - Aditivos","1216","12163200-Agentes de migración anti gas",null,"10141609-Sujetadores"]
[null,"12000000 - Material químico incluyendo bioquímicos y materiales de gas","12","1216 - Aditivos","1216","12163300-Agentes de expansión",null,"10141610-Bozales"]
[null,"12000000 - Material químico incluyendo bioquímicos y materiales de gas","12","1216 - Aditivos","1216","12163400-Extensores",null,"10141611-Soportes para correas"]
[null,"12000000 - Material químico incluyendo bioquímicos y materiales de gas","12","1216 - Aditivos","1216","12163500-Sellador de pozo petrolífero",null,"10151501-Semillas o plántulas de fríjol"]
[null,"12000000 - Material químico incluyendo bioquímicos y materiales de gas","12","1216 - Aditivos","1216","12163600-Inhibidores de corrosión",null,"10151502-Semillas o plántulas de zanahoria"]
[null,"12000000 - Material químico incluyendo bioquímicos y materiales de gas","12","1216 - Aditivos","1216","12163700-Reguladores de hidrato de gas",null,"10151503-Semillas o plántulas de apio"]
[null,"12000000 - Material químico incluyendo bioquímicos y materiales de gas","12","1216 - Aditivos","1216","12163800-Limpiadores químicos",null,"10151504-Semillas o plántulas de chiles"]
[null,"12000000 - Material químico incluyendo bioquímicos y materiales de gas","12","1216 - Aditivos","1216","12163900-Reguladores de sarro",null,"10151505-Semillas o plántulas de calabacín"]
[null,"12000000 - Material químico incluyendo bioquímicos y materiales de gas","12","1216 - Aditivos","1216","12164000-Bactericidas",null,"10151506-Semillas o plántulas de alverja"]
[null,"12000000 - Material químico incluyendo bioquímicos y materiales de gas","12","1216 - Aditivos","1216","12164100-In situ",null,"10151507-Semillas o plántulas de pepino cohombro"]
[null,"12000000 - Material químico incluyendo bioquímicos y materiales de gas","12","1216 - Aditivos","1216","12164200-Retardadores",null,"10151508-Semillas o plántulas de berenjena"]
[null,"12000000 - Material químico incluyendo bioquímicos y materiales de gas","12","1216 - Aditivos","1216","12164300-Controladores de hierro",null,"10151509-Semillas o plántulas de endivias"]
[null,"12000000 - Material químico incluyendo bioquímicos y materiales de gas","12","1216 - Aditivos","1216","12164400-No emulsificadoras",null,"10151510-Semillas o plántulas de ajo"]
[null,"12000000 - Material químico incluyendo bioquímicos y materiales de gas","12","1216 - Aditivos","1216","12164500-Aditivos de alimentos y fármacos",null,"10151511-Semillas o plántulas de puerro"]
[null,"12000000 - Material químico incluyendo bioquímicos y materiales de gas","12","1217 - Colorantes","1217","12171500-Tintes",null,"10151512-Semillas o plántulas de lechuga"]
[null,"12000000 - Material químico incluyendo bioquímicos y materiales de gas","12","1217 - Colorantes","1217","12171600-Pigmentos",null,"10151513-Semillas o plántulas de maíz"]
[null,"12000000 - Material químico incluyendo bioquímicos y materiales de gas","12","1217 - Colorantes","1217","12171700-Compuestos de colores y dispersiones",null,"10151514-Semillas o plántulas de melón"]
[null,"12000000 - Material químico incluyendo bioquímicos y materiales de gas","12","1218 - Ceras y aceites","1218","12181500-Ceras",null,"10151515-Semillas o plántulas cebolla"]
[null,"12000000 - Material químico incluyendo bioquímicos y materiales de gas","12","1218 - Ceras y aceites","1218","12181600-Aceites",null,"10151516-Semillas o plántulas de soya"]
[null,"12000000 - Material químico incluyendo bioquímicos y materiales de gas","12","1219 - Solventes","1219","12191500-Solventes hidrocarbonatos",null,"10151517-Semillas o plántulas de espinaca"]
[null,"12000000 - Material químico incluyendo bioquímicos y materiales de gas","12","1219 - Solventes","1219","12191600-Solventes oxigenados",null,"10151518-Semillas o plántulas de tomate"]
[null,"12000000 - Material químico incluyendo bioquímicos y materiales de gas","12","1235 - Compuestos y mezclas","1235","12352000-Compuestos aromáticos y alifáticos",null,"10151519-Semillas o plántulas de nabo"]
[null,"12000000 - Material químico incluyendo bioquímicos y materiales de gas","12","1235 - Compuestos y mezclas","1235","12352100-Derivados orgánicos y compuestos sustituidos",null,"10151520-Semillas o plántulas de acelga"]
[null,"12000000 - Material químico incluyendo bioquímicos y materiales de gas","12","1235 - Compuestos y mezclas","1235","12352200-Productos bioquímicos",null,"10151521-Semillas o plántulas de pimiento morrón"]
[null,"12000000 - Material químico incluyendo bioquímicos y materiales de gas","12","1235 - Compuestos y mezclas","1235","12352300-Compuestos inorgánicos",null,"10151522-Semillas o plántulas de remolacha"]
[null,"12000000 - Material químico incluyendo bioquímicos y materiales de gas","12","1235 - Compuestos y mezclas","1235","12352400-Mezclas",null,"10151523-Semillas o plántulas de coliflor"]
[null,"12000000 - Material químico incluyendo bioquímicos y materiales de gas","12","1235 - Compuestos y mezclas","1235","12352500-Fijadores",null,"10151524-Semillas o plántulas de perejil"]
[null,"13000000 - Materiales de resina, colofonia, caucho, espuma, película y elastómericos","13","1310 - Caucho y elastómeros","1310","13101500-Caucho natural",null,"10151525-Semillas o plántulas de brócoli"]
[null,"13000000 - Materiales de resina, colofonia, caucho, espuma, película y elastómericos","13","1310 - Caucho y elastómeros","1310","13101600-Caucho procesado y sintético",null,"10151526-Semillas o plántulas de repollo"]
[null,"13000000 - Materiales de resina, colofonia, caucho, espuma, película y elastómericos","13","1310 - Caucho y elastómeros","1310","13101700-Elastómeros",null,"10151527-Semillas o plántulas de papa"]
[null,"13000000 - Materiales de resina, colofonia, caucho, espuma, película y elastómericos","13","1310 - Caucho y elastómeros","1310","13101900-Plásticos termoformados",null,"10151528-Semillas o plántulas de batata"]
[null,"13000000 - Materiales de resina, colofonia, caucho, espuma, película y elastómericos","13","1310 - Caucho y elastómeros","1310","13102000-Plásticos termoplásticos",null,"10151529-Semillas o plántulas de calabaza"]
[null,"13000000 - Materiales de resina, colofonia, caucho, espuma, película y elastómericos","13","1311 - Resinas y colofonias y otros materiales derivados de resina","1311","13111000-Resinas",null,"10151530-Semillas o plántulas de rábano"]
[null,"13000000 - Materiales de resina, colofonia, caucho, espuma, película y elastómericos","13","1311 - Resinas y colofonias y otros materiales derivados de resina","1311","13111100-Colofonia",null,"10151531-Semillas o plántulas de repollitos de bruselas"]
[null,"13000000 - Materiales de resina, colofonia, caucho, espuma, película y elastómericos","13","1311 - Resinas y colofonias y otros materiales derivados de resina","1311","13111200-Películas",null,"10151532-Semillas o plántulas de ahuyama"]
[null,"13000000 - Materiales de resina, colofonia, caucho, espuma, película y elastómericos","13","1311 - Resinas y colofonias y otros materiales derivados de resina","1311","13111300-Espumas",null,"10151533-Semillas o plántulas de okra"]
[null,"14000000 - Materiales y productos de papel","14","1410 - Materiales de papel","1410","14101500-Materias primas",null,"10151534-Semillas o plántulas de melón cantalupo"]
[null,"14000000 - Materiales y productos de papel","14","1411 - Productos de papel","1411","14111500-Papel de imprenta y papel de escribir",null,"10151535-Semillas o plántulas de maní"]
[null,"14000000 - Materiales y productos de papel","14","1411 - Productos de papel","1411","14111600-Papel fantasía",null,"10151601-Semillas de trigo"]
[null,"14000000 - Materiales y productos de papel","14","1411 - Productos de papel","1411","14111700-Productos de papel para uso personal",null,"10151602-Semillas de canola"]
[null,"14000000 - Materiales y productos de papel","14","1411 - Productos de papel","1411","14111800-Papeles de uso comercial",null,"10151603-Semillas de cebada"]
[null,"14000000 - Materiales y productos de papel","14","1412 - Papel para uso industrial","1412","14121500-Cartón y papel para embalaje",null,"10151604-Semillas de mijo"]
[null,"14000000 - Materiales y productos de papel","14","1412 - Papel para uso industrial","1412","14121600-Papel de seda",null,"10151605-Semillas de avena"]
[null,"14000000 - Materiales y productos de papel","14","1412 - Papel para uso industrial","1412","14121700-Papeles laminados",null,"10151606-Semillas de ajonjolí"]
[null,"14000000 - Materiales y productos de papel","14","1412 - Papel para uso industrial","1412","14121800-Papeles recubiertos",null,"10151607-Semillas de linaza"]
[null,"14000000 - Materiales y productos de papel","14","1412 - Papel para uso industrial","1412","14121900-Papel prensa y de offset",null,"10151608-Semillas de aceite de ricino"]
[null,"14000000 - Materiales y productos de papel","14","1412 - Papel para uso industrial","1412","14122100-Papeles de base sin recubrir",null,"10151609-Semillas de maíz"]
[null,"14000000 - Materiales y productos de papel","14","1412 - Papel para uso industrial","1412","14122200-Papeles especializados de uso industrial",null,"10151610-Semillas de centeno"]
[null,"15000000 - Materiales combustibles, aditivos para combustibles, lubricantes y anticorrosivos","15","1510 - Combustibles","1510","15101500-Petróleo y destilados",null,"10151611-Semillas de sorgo"]
[null,"15000000 - Materiales combustibles, aditivos para combustibles, lubricantes y anticorrosivos","15","1510 - Combustibles","1510","15101600-Combustibles sólidos o gelificados",null,"10151701-Semillas o plántulas de arroz"]
[null,"15000000 - Materiales combustibles, aditivos para combustibles, lubricantes y anticorrosivos","15","1510 - Combustibles","1510","15101700-Gasoil",null,"10151702-Semillas o plántulas de trébol"]
[null,"15000000 - Materiales combustibles, aditivos para combustibles, lubricantes y anticorrosivos","15","1511 - Combustibles gaseosos y aditivos","1511","15111500-Combustibles gaseosos",null,"10151703-Semillas o plántulas de alfalfa"]
[null,"15000000 - Materiales combustibles, aditivos para combustibles, lubricantes y anticorrosivos","15","1511 - Combustibles gaseosos y aditivos","1511","15111700-Aditivos para carburante",null,"10151704-Semillas o plántulas de pasto"]
[null,"15000000 - Materiales combustibles, aditivos para combustibles, lubricantes y anticorrosivos","15","1512 - Lubricantes, aceites, grasas y anticorrosivos","1512","15121500-Preparados lubricantes",null,"10151705-Semillas o plántulas de veza (gachas / guija)"]
[null,"15000000 - Materiales combustibles, aditivos para combustibles, lubricantes y anticorrosivos","15","1512 - Lubricantes, aceites, grasas y anticorrosivos","1512","15121800-Anticorrosivos",null,"10151706-Semillas o plántulas de guar"]
[null,"15000000 - Materiales combustibles, aditivos para combustibles, lubricantes y anticorrosivos","15","1512 - Lubricantes, aceites, grasas y anticorrosivos","1512","15121900-Grasas",null,"10151707-Carrizo semilla o esqueje"]
[null,"20000000 - Maquinaria y accesorios de minería y perforación de pozos","20","2011 - Equipo de perforación y explotación de pozos","2011","20111500-Equipo de exploración y perforación",null,"10151708-Semillas de pasto"]
[null,"20000000 - Maquinaria y accesorios de minería y perforación de pozos","20","2011 - Equipo de perforación y explotación de pozos","2011","20111600-Maquinaria de perforación y explotación",null,"10151709-Semilla o Plántula de Tabaco"]
[null,"20000000 - Maquinaria y accesorios de minería y perforación de pozos","20","2011 - Equipo de perforación y explotación de pozos","2011","20111700-Accesorios de perforación y explotación",null,"10151801-Semillas o plántulas de pimienta"]
[null,"21000000 - Maquinaria y accesorios para agricultura, pesca, silvicultura y fauna","21","2110 - Maquinaria y equipo para agricultura, silvicultura y paisaje","2110","21101500-Maquinaria agrícola para preparación del suelo",null,"10151802-Semillas o plántulas de vainilla"]
[null,"21000000 - Maquinaria y accesorios para agricultura, pesca, silvicultura y fauna","21","2110 - Maquinaria y equipo para agricultura, silvicultura y paisaje","2110","21101600-Maquinaria agrícola para siembra y plantado",null,"10151803-Semillas o plántulas de canela"]
[null,"21000000 - Maquinaria y accesorios para agricultura, pesca, silvicultura y fauna","21","2110 - Maquinaria y equipo para agricultura, silvicultura y paisaje","2110","21101700-Maquinaria agrícola para cosechar",null,"10151804-Semillas o plántulas de clavo de olor"]
[null,"21000000 - Maquinaria y accesorios para agricultura, pesca, silvicultura y fauna","21","2110 - Maquinaria y equipo para agricultura, silvicultura y paisaje","2110","21101800-Aparatos dispersores o aspersores para agricultura",null,"10151805-Semillas o plántulas de cilantro"]
[null,"21000000 - Maquinaria y accesorios para agricultura, pesca, silvicultura y fauna","21","2110 - Maquinaria y equipo para agricultura, silvicultura y paisaje","2110","21101900-Equipo para aves de corral y ganado",null,"10151806-Semillas o plántulas de jengibre"]
[null,"21000000 - Maquinaria y accesorios para agricultura, pesca, silvicultura y fauna","21","2110 - Maquinaria y equipo para agricultura, silvicultura y paisaje","2110","21102000-Maquinaria agrícola para limpieza, selección o clasificación",null,"10151807-Semillas o plántulas de azafrán"]
[null,"21000000 - Maquinaria y accesorios para agricultura, pesca, silvicultura y fauna","21","2110 - Maquinaria y equipo para agricultura, silvicultura y paisaje","2110","21102100-Maquinaria y equipo para transformación agrícola",null,"10151808-Semillas o plántulas de tomillo"]
[null,"21000000 - Maquinaria y accesorios para agricultura, pesca, silvicultura y fauna","21","2110 - Maquinaria y equipo para agricultura, silvicultura y paisaje","2110","21102200-Maquinaria y equipo para silvicultura",null,"10151809-Semillas o plántulas de curry"]
[null,"21000000 - Maquinaria y accesorios para agricultura, pesca, silvicultura y fauna","21","2110 - Maquinaria y equipo para agricultura, silvicultura y paisaje","2110","21102300-Equipo para invernadero",null,"10151810-Semillas o plántulas de mostaza"]
[null,"21000000 - Maquinaria y accesorios para agricultura, pesca, silvicultura y fauna","21","2110 - Maquinaria y equipo para agricultura, silvicultura y paisaje","2110","21102400-Equipo para insectos",null,"10151811-Semillas o plántulas de ginseng"]
[null,"21000000 - Maquinaria y accesorios para agricultura, pesca, silvicultura y fauna","21","2111 - Equipo de pesca y acuicultura","2111","21111500-Equipo de pesca comercial",null,"10151901-Semillas, bulbos, plántulas o esquejes de tulipán"]
[null,"21000000 - Maquinaria y accesorios para agricultura, pesca, silvicultura y fauna","21","2111 - Equipo de pesca y acuicultura","2111","21111600-Equipo para acuicultura",null,"10151902-Semillas, plántulas o esquejes de rosa"]
[null,"22000000-Maquinaria y accesorios para construcción y edificación","22","2210 - Maquinaria y equipo pesado de construcción","2210","22101500-Maquinaria para trabajo de desmonte",null,"10151903-Semillas, bulbos, plántulas o esquejes de narciso"]
[null,"22000000-Maquinaria y accesorios para construcción y edificación","22","2210 - Maquinaria y equipo pesado de construcción","2210","22101600-Equipo de pavimentación",null,"10151904-Semillas de girasol"]
[null,"22000000-Maquinaria y accesorios para construcción y edificación","22","2210 - Maquinaria y equipo pesado de construcción","2210","22101700-Componentes de equipo pesado",null,"10151905-Bulbos o tallos de jacinto"]
[null,"22000000-Maquinaria y accesorios para construcción y edificación","22","2210 - Maquinaria y equipo pesado de construcción","2210","22101800-Grúas de elevación",null,"10151906-Bulbos de lirio"]
[null,"22000000-Maquinaria y accesorios para construcción y edificación","22","2210 - Maquinaria y equipo pesado de construcción","2210","22101900-Maquinaria y accesorios de construcción de edificios",null,"10151907-Semillas o plántulas de veza"]
[null,"22000000-Maquinaria y accesorios para construcción y edificación","22","2210 - Maquinaria y equipo pesado de construcción","2210","22102000-Equipo y maquinaria de demolición de edificios",null,"10152001-Semillas o esquejes de árboles frutales"]
[null,"23000000-Maquinaria y accesorios para manufactura y procesamiento industrial","23","2310 - Maquinaria para la transformación de materias primas","2310","23101500-Maquinaria para trabajar madera, piedra, cerámica y similares",null,"10152002-Semillas o esquejes de coníferas"]
[null,"23000000-Maquinaria y accesorios para manufactura y procesamiento industrial","23","2312 - Maquinaria y accesorios de textiles y tejidos","2312","23121500-Maquinaria y accesorios para transformados textiles",null,"10152003-Semillas o esquejes de árboles de frutos secos"]
[null,"23000000-Maquinaria y accesorios para manufactura y procesamiento industrial","23","2312 - Maquinaria y accesorios de textiles y tejidos","2312","23121600-Maquinaria, equipo y accesorios para trabajo textil",null,"10152101-Extracción de los residuos de semilla de babool"]
[null,"23000000-Maquinaria y accesorios para manufactura y procesamiento industrial","23","2313 - Maquinaria y equipos lapidarios","2313","23131500-Equipo y suministros de trituración, lijado y pulido",null,"10152102-Residuos de semilla de colza"]
[null,"23000000-Maquinaria y accesorios para manufactura y procesamiento industrial","23","2313 - Maquinaria y equipos lapidarios","2313","23131600-Equipo y accesorios de facetaje",null,"10152103-Residuo de semillas de linaza"]
[null,"23000000-Maquinaria y accesorios para manufactura y procesamiento industrial","23","2313 - Maquinaria y equipos lapidarios","2313","23131700-Equipo del cabbing",null,"10152104-Torta de neem"]
[null,"23000000-Maquinaria y accesorios para manufactura y procesamiento industrial","23","2315 - Maquinaria, equipo y suministros de procesos industriales","2315","23151500-Maquinaria, equipo y suministros para la elaboración de caucho y plástico",null,"10152201-Semillas o plántulas de algodón"]
[null,"23000000-Maquinaria y accesorios para manufactura y procesamiento industrial","23","2315 - Maquinaria, equipo y suministros de procesos industriales","2315","23151600-Maquinaria, equipo y suministros para la industria del cemento, cerámica y vidrio",null,"10152202-Semillas o plántulas de lino"]
[null,"23000000-Maquinaria y accesorios para manufactura y procesamiento industrial","23","2315 - Maquinaria, equipo y suministros de procesos industriales","2315","23151700-Maquinaria, equipo y suministros de la industria óptica",null,"10161501-Aceitunos"]
[null,"23000000-Maquinaria y accesorios para manufactura y procesamiento industrial","23","2315 - Maquinaria, equipo y suministros de procesos industriales","2315","23151800-Maquinaria, equipo y suministros de la industria farmacéutica",null,"10161502-Cafetos"]
[null,"23000000-Maquinaria y accesorios para manufactura y procesamiento industrial","23","2315 - Maquinaria, equipo y suministros de procesos industriales","2315","23151900-Maquinaria, equipo y suministros para la elaboración y el procesamiento de papel",null,"10161503-Cacaoteros"]
[null,"23000000-Maquinaria y accesorios para manufactura y procesamiento industrial","23","2315 - Maquinaria, equipo y suministros de procesos industriales","2315","23152000-Manejo del web y maquinaria de control y equipo y suministros",null,"10161504-Manzanos"]
[null,"23000000-Maquinaria y accesorios para manufactura y procesamiento industrial","23","2315 - Maquinaria, equipo y suministros de procesos industriales","2315","23152100-Maquinaria y equipo de separación",null,"10161505-Peros"]
[null,"23000000-Maquinaria y accesorios para manufactura y procesamiento industrial","23","2315 - Maquinaria, equipo y suministros de procesos industriales","2315","23152200-Mesa y estantes para fabricación",null,"10161506-Naranjos"]
[null,"23000000-Maquinaria y accesorios para manufactura y procesamiento industrial","23","2315 - Maquinaria, equipo y suministros de procesos industriales","2315","23152900-Maquinaria empacadora",null,"10161507-Rododendros"]
[null,"23000000-Maquinaria y accesorios para manufactura y procesamiento industrial","23","2315 - Maquinaria, equipo y suministros de procesos industriales","2315","23153000-Dispositivos y sistemas de guía, posicionamiento y sujeción",null,"10161508-Plantas de te"]
[null,"23000000-Maquinaria y accesorios para manufactura y procesamiento industrial","23","2315 - Maquinaria, equipo y suministros de procesos industriales","2315","23153100-Componentes y accesorios de maquinaria industrial",null,"10161509-Coníferas"]
[null,"23000000-Maquinaria y accesorios para manufactura y procesamiento industrial","23","2315 - Maquinaria, equipo y suministros de procesos industriales","2315","23153200-Robótica",null,"10161510-Abetos rojos (píceas)"]
[null,"23000000-Maquinaria y accesorios para manufactura y procesamiento industrial","23","2315 - Maquinaria, equipo y suministros de procesos industriales","2315","23153300-Herramientas de corte",null,"10161511-Pinos"]
[null,"23000000-Maquinaria y accesorios para manufactura y procesamiento industrial","23","2315 - Maquinaria, equipo y suministros de procesos industriales","2315","23153400-Ensambladoras",null,"10161512-Abetos"]
[null,"23000000-Maquinaria y accesorios para manufactura y procesamiento industrial","23","2315 - Maquinaria, equipo y suministros de procesos industriales","2315","23153500-Sistemas de pintura",null,"10161513-Palmeras"]
[null,"23000000-Maquinaria y accesorios para manufactura y procesamiento industrial","23","2316 - Máquinas, equipo y suministros para fundición","2316","23161500-Máquinas y equipo de fundición",null,"10161601-Rosales"]
[null,"23000000-Maquinaria y accesorios para manufactura y procesamiento industrial","23","2316 - Máquinas, equipo y suministros para fundición","2316","23161600-Suministros de fundición",null,"10161602-Poinsettias"]
[null,"23000000-Maquinaria y accesorios para manufactura y procesamiento industrial","23","2317 - Maquinaria, equipo y suministros para talleres","2317","23171500-Maquinaria y suministros para soldadura directa o indirecta",null,"10161603-Orquídeas"]
[null,"23000000-Maquinaria y accesorios para manufactura y procesamiento industrial","23","2317 - Maquinaria, equipo y suministros para talleres","2317","23171600-Máquinas-herramientas",null,"10161604-Azaleas"]
[null,"23000000-Maquinaria y accesorios para manufactura y procesamiento industrial","23","2317 - Maquinaria, equipo y suministros para talleres","2317","23171700-Maquinaria de pliegue y modelado de metales",null,"10161605-Cactos"]
[null,"23000000-Maquinaria y accesorios para manufactura y procesamiento industrial","23","2317 - Maquinaria, equipo y suministros para talleres","2317","23171800-Moldes para fabricación de metal",null,"10161701-Gladiolos cortados"]
[null,"23000000-Maquinaria y accesorios para manufactura y procesamiento industrial","23","2317 - Maquinaria, equipo y suministros para talleres","2317","23171900-Accesorios especiales de útiles",null,"10161702-Azucenas cortadas"]
[null,"23000000-Maquinaria y accesorios para manufactura y procesamiento industrial","23","2317 - Maquinaria, equipo y suministros para talleres","2317","23172000-Accesorios de maquinaria para labrar metal",null,"10161703-Claveles cortados"]
[null,"23000000-Maquinaria y accesorios para manufactura y procesamiento industrial","23","2318 - Equipo industrial para alimentos y bebidas","2318","23181500-Maquinaria para la elaboración de alimentos",null,"10161704-Tulipanes cortados"]
[null,"23000000-Maquinaria y accesorios para manufactura y procesamiento industrial","23","2318 - Equipo industrial para alimentos y bebidas","2318","23181600-Maquinaria para corte de alimentos",null,"10161705-Rosas cortadas"]
[null,"23000000-Maquinaria y accesorios para manufactura y procesamiento industrial","23","2318 - Equipo industrial para alimentos y bebidas","2318","23181700-Maquinaria para cocinar o ahumar alimentos",null,"10161707-Arreglo de flores cortadas"]
[null,"23000000-Maquinaria y accesorios para manufactura y procesamiento industrial","23","2318 - Equipo industrial para alimentos y bebidas","2318","23181800-Maquinaria industrial para elaboración de bebidas",null,"10161801-Helechos"]
[null,"23000000-Maquinaria y accesorios para manufactura y procesamiento industrial","23","2323 - Equipo y maquinaria de procesamiento de madera y aserrado","2323","23231000-Descortezadoras y accesorios",null,"10161802-Hiedras"]
[null,"23000000-Maquinaria y accesorios para manufactura y procesamiento industrial","23","2323 - Equipo y maquinaria de procesamiento de madera y aserrado","2323","23231100-Sierras de cinta y accesorios",null,"10161803-Filodendros"]
[null,"23000000-Maquinaria y accesorios para manufactura y procesamiento industrial","23","2323 - Equipo y maquinaria de procesamiento de madera y aserrado","2323","23231200-Sierras circulares y accesorios",null,"10161804-Líquenes"]
[null,"23000000-Maquinaria y accesorios para manufactura y procesamiento industrial","23","2323 - Equipo y maquinaria de procesamiento de madera y aserrado","2323","23231300-Canteadoras",null,"10161901-Vainas secas"]
[null,"23000000-Maquinaria y accesorios para manufactura y procesamiento industrial","23","2323 - Equipo y maquinaria de procesamiento de madera y aserrado","2323","23231400-Sierras de recorte y accesorios",null,"10161902-Follaje seco"]
[null,"23000000-Maquinaria y accesorios para manufactura y procesamiento industrial","23","2323 - Equipo y maquinaria de procesamiento de madera y aserrado","2323","23231500-Clasificadoras de maderos y accesorios",null,"10161903-Helechos secos"]
[null,"23000000-Maquinaria y accesorios para manufactura y procesamiento industrial","23","2323 - Equipo y maquinaria de procesamiento de madera y aserrado","2323","23231600-Apiladoras de maderos y accesorios",null,"10161904-Flores secas"]
[null,"23000000-Maquinaria y accesorios para manufactura y procesamiento industrial","23","2323 - Equipo y maquinaria de procesamiento de madera y aserrado","2323","23231700-Secaderos de madera y equipo y accesorios",null,"10161905-Ramas y tallos secos"]
[null,"23000000-Maquinaria y accesorios para manufactura y procesamiento industrial","23","2323 - Equipo y maquinaria de procesamiento de madera y aserrado","2323","23231800-Troceadoras de madera y accesorios",null,"10161906-Penachos de gramíneas secos"]
[null,"23000000-Maquinaria y accesorios para manufactura y procesamiento industrial","23","2323 - Equipo y maquinaria de procesamiento de madera y aserrado","2323","23231900-Cepilladoras y accesorios",null,"10161907-Flores secas prensadas"]
[null,"23000000-Maquinaria y accesorios para manufactura y procesamiento industrial","23","2323 - Equipo y maquinaria de procesamiento de madera y aserrado","2323","23232000-Terminadoras de madera y accesorios",null,"10161908-Pétalos secos"]
[null,"23000000-Maquinaria y accesorios para manufactura y procesamiento industrial","23","2323 - Equipo y maquinaria de procesamiento de madera y aserrado","2323","23232100-Sierras retestadoras y accesorios",null,"10171501-Estiércol o guano"]
[null,"23000000-Maquinaria y accesorios para manufactura y procesamiento industrial","23","2323 - Equipo y maquinaria de procesamiento de madera y aserrado","2323","23232200-Empalmadoras por entalladura múltiple y accesorios",null,"10171502-Hormonas para plantas"]
[null,"24000000-Maquinaria, accesorios y suministros para manejo, acondicionamiento y almacenamiento de materiales","24","2410 - Maquinaria y equipo para manejo de materiales","2410","24101500-Camiones industriales",null,"10171503-Harina de pescado"]
[null,"24000000-Maquinaria, accesorios y suministros para manejo, acondicionamiento y almacenamiento de materiales","24","2410 - Maquinaria y equipo para manejo de materiales","2410","24101600-Equipo de izaje y accesorios",null,"10171504-Abono"]
[null,"24000000-Maquinaria, accesorios y suministros para manejo, acondicionamiento y almacenamiento de materiales","24","2410 - Maquinaria y equipo para manejo de materiales","2410","24101700-Transportadores y accesorios",null,"10171601-Fertilizante nitrogenado"]
[null,"24000000-Maquinaria, accesorios y suministros para manejo, acondicionamiento y almacenamiento de materiales","24","2410 - Maquinaria y equipo para manejo de materiales","2410","24101800-Equipo para muelles",null,"10171602-Fertilizante de potasio"]
[null,"24000000-Maquinaria, accesorios y suministros para manejo, acondicionamiento y almacenamiento de materiales","24","2410 - Maquinaria y equipo para manejo de materiales","2410","24101900-Equipo para manejo de canecas",null,"10171603-Fertilizante de fósforo"]
[null,"24000000-Maquinaria, accesorios y suministros para manejo, acondicionamiento y almacenamiento de materiales","24","2410 - Maquinaria y equipo para manejo de materiales","2410","24102000-Disposición en estantes y almacenamiento",null,"10171604-Fertilizante de sulfuro"]
[null,"24000000-Maquinaria, accesorios y suministros para manejo, acondicionamiento y almacenamiento de materiales","24","2410 - Maquinaria y equipo para manejo de materiales","2410","24102100-Equipo y suministros para almacenaje",null,"10171605-Mezclas de nitrógeno – fósforo – potasio – npk"]
[null,"24000000-Maquinaria, accesorios y suministros para manejo, acondicionamiento y almacenamiento de materiales","24","2410 - Maquinaria y equipo para manejo de materiales","2410","24102200-Herramientas para envasado",null,"10171701-Matamalezas"]
[null,"24000000-Maquinaria, accesorios y suministros para manejo, acondicionamiento y almacenamiento de materiales","24","2411 - Recipientes y almacenamiento","2411","24111500-Bolsas",null,"10171702-Fungicidas"]
[null,"24000000-Maquinaria, accesorios y suministros para manejo, acondicionamiento y almacenamiento de materiales","24","2411 - Recipientes y almacenamiento","2411","24111800-Tanques y cilindros y sus accesorios",null,"10191506-Mata – roedores"]
[null,"24000000-Maquinaria, accesorios y suministros para manejo, acondicionamiento y almacenamiento de materiales","24","2411 - Recipientes y almacenamiento","2411","24112000-Arcones y cestas",null,"10191507-Repelentes de aves"]
[null,"24000000-Maquinaria, accesorios y suministros para manejo, acondicionamiento y almacenamiento de materiales","24","2411 - Recipientes y almacenamiento","2411","24112100-Toneles, cubas y bidones",null,"10191508-Protectores contra termitas"]
[null,"24000000-Maquinaria, accesorios y suministros para manejo, acondicionamiento y almacenamiento de materiales","24","2411 - Recipientes y almacenamiento","2411","24112200-Latas y cubos",null,"10191509-Insecticidas"]
[null,"24000000-Maquinaria, accesorios y suministros para manejo, acondicionamiento y almacenamiento de materiales","24","2411 - Recipientes y almacenamiento","2411","24112400-Cofres, armarios y baúles de almacenaje",null,"10191701-Trampas para control animal"]
[null,"24000000-Maquinaria, accesorios y suministros para manejo, acondicionamiento y almacenamiento de materiales","24","2411 - Recipientes y almacenamiento","2411","24112500-Cartón ondulado y otros materiales para distribución",null,"10191703-Trampas para el control de insectos voladores."]
[null,"24000000-Maquinaria, accesorios y suministros para manejo, acondicionamiento y almacenamiento de materiales","24","2411 - Recipientes y almacenamiento","2411","24112600-Contenedores para líquidos",null,"10191704-Matamoscas"]
[null,"24000000-Maquinaria, accesorios y suministros para manejo, acondicionamiento y almacenamiento de materiales","24","2411 - Recipientes y almacenamiento","2411","24112700-Tarimas",null,"10191705-Lazos"]
[null,"24000000-Maquinaria, accesorios y suministros para manejo, acondicionamiento y almacenamiento de materiales","24","2412 - Materiales de envasado","2412","24121500-Cajas, bolsas y sacos para empaquetado",null,"10191706-Cepos"]
[null,"24000000-Maquinaria, accesorios y suministros para manejo, acondicionamiento y almacenamiento de materiales","24","2412 - Materiales de envasado","2412","24121800-Latas para envasado",null,"11101501-Mica"]
[null,"24000000-Maquinaria, accesorios y suministros para manejo, acondicionamiento y almacenamiento de materiales","24","2412 - Materiales de envasado","2412","24122000-Botellas",null,"11101502-Lija o esmeril"]
[null,"24000000-Maquinaria, accesorios y suministros para manejo, acondicionamiento y almacenamiento de materiales","24","2413 - Refrigeración industrial","2413","24131500-Refrigeradores industriales",null,"11101503-Cuarzo"]
[null,"24000000-Maquinaria, accesorios y suministros para manejo, acondicionamiento y almacenamiento de materiales","24","2413 - Refrigeración industrial","2413","24131600-Congeladores industriales",null,"11101504-Pirita"]
[null,"24000000-Maquinaria, accesorios y suministros para manejo, acondicionamiento y almacenamiento de materiales","24","2413 - Refrigeración industrial","2413","24131900-Máquinas de hacer el hielo",null,"11101505-Azufre o sulfuro"]
[null,"24000000-Maquinaria, accesorios y suministros para manejo, acondicionamiento y almacenamiento de materiales","24","2414 - Suministros de embalaje","2414","24141500-Suministros para seguridad y protección",null,"11101506-Tiza"]
[null,"24000000-Maquinaria, accesorios y suministros para manejo, acondicionamiento y almacenamiento de materiales","24","2414 - Suministros de embalaje","2414","24141600-Suministros de acolchados",null,"11101507-Grafito"]
[null,"24000000-Maquinaria, accesorios y suministros para manejo, acondicionamiento y almacenamiento de materiales","24","2414 - Suministros de embalaje","2414","24141700-Tubos y núcleos de embalaje y etiquetas y accesorios",null,"11101508-Dolomita"]
[null,"25000000-Vehículos comerciales, militares y particulares, accesorios y componentes","25","2510 - Vehículos de motor","2510","25101500-Vehículos de pasajeros",null,"11101509-Magnesita"]
[null,"25000000-Vehículos comerciales, militares y particulares, accesorios y componentes","25","2510 - Vehículos de motor","2510","25101600-Vehículos de transporte de productos y materiales",null,"11101510-Asbesto (amianto)"]
[null,"25000000-Vehículos comerciales, militares y particulares, accesorios y componentes","25","2510 - Vehículos de motor","2510","25101700-Vehículos de protección y salvamento",null,"11101511-Calcio"]
[null,"25000000-Vehículos comerciales, militares y particulares, accesorios y componentes","25","2510 - Vehículos de motor","2510","25101800-Bicicletas de motor",null,"11101512-Borato"]
[null,"25000000-Vehículos comerciales, militares y particulares, accesorios y componentes","25","2510 - Vehículos de motor","2510","25101900-Vehículos especializados o de recreo",null,"11101513-Criolita"]
[null,"25000000-Vehículos comerciales, militares y particulares, accesorios y componentes","25","2510 - Vehículos de motor","2510","25102000-Vehículos de guerra",null,"11101514-Feldespato"]
[null,"25000000-Vehículos comerciales, militares y particulares, accesorios y componentes","25","2510 - Vehículos de motor","2510","25102100-Camiones tractores",null,"11101515-Leucita"]
[null,"25000000-Vehículos comerciales, militares y particulares, accesorios y componentes","25","2511 - Transporte marítimo","2511","25111500-Embarcaciones marítimas comerciales",null,"11101516-Nefelita"]
[null,"25000000-Vehículos comerciales, militares y particulares, accesorios y componentes","25","2511 - Transporte marítimo","2511","25111600-Embarcaciones de seguridad y salvamento",null,"11101517-Esteatita"]
[null,"25000000-Vehículos comerciales, militares y particulares, accesorios y componentes","25","2511 - Transporte marítimo","2511","25111700-Embarcaciones militares",null,"11101518-Talco"]
[null,"25000000-Vehículos comerciales, militares y particulares, accesorios y componentes","25","2511 - Transporte marítimo","2511","25111800-Embarcaciones de recreo",null,"11101519-Diamante en bruto"]
[null,"25000000-Vehículos comerciales, militares y particulares, accesorios y componentes","25","2511 - Transporte marítimo","2511","25111900-Sistemas y premontajes de embarcaciones marítimas",null,"11101520-Granates"]
[null,"25000000-Vehículos comerciales, militares y particulares, accesorios y componentes","25","2512 - Maquinaria y equipo para ferrocarril y tranvías","2512","25121500-Locomotoras y vagonetas eléctricas",null,"11101521-Carburo de silicio"]
[null,"25000000-Vehículos comerciales, militares y particulares, accesorios y componentes","25","2512 - Maquinaria y equipo para ferrocarril y tranvías","2512","25121600-Vagones de ferrocarril y tranvía",null,"11101522-Carbón activado"]
[null,"25000000-Vehículos comerciales, militares y particulares, accesorios y componentes","25","2512 - Maquinaria y equipo para ferrocarril y tranvías","2512","25121700-Equipo y sistemas de apoyo ferroviario",null,"11101523-Mulita"]
[null,"25000000-Vehículos comerciales, militares y particulares, accesorios y componentes","25","2513 - Aeronaves","2513","25131500-Aeronave de alas fijas motorizada",null,"11101524-Fluorita"]
[null,"25000000-Vehículos comerciales, militares y particulares, accesorios y componentes","25","2513 - Aeronaves","2513","25131600-Aeronave de alas giratorias civil y comercial",null,"11101525-Kieserita"]
[null,"25000000-Vehículos comerciales, militares y particulares, accesorios y componentes","25","2513 - Aeronaves","2513","25131700-Aeronave de ala fija militar",null,"11101526-Carnalita"]
[null,"25000000-Vehículos comerciales, militares y particulares, accesorios y componentes","25","2513 - Aeronaves","2513","25131800-Avión especial",null,"11101527-Sílice de diatomeas"]
[null,"25000000-Vehículos comerciales, militares y particulares, accesorios y componentes","25","2513 - Aeronaves","2513","25131900-Avión militar de ala giratoria",null,"11101601-Mineral de hierro"]
[null,"25000000-Vehículos comerciales, militares y particulares, accesorios y componentes","25","2513 - Aeronaves","2513","25132000-Avión de recreo",null,"11101602-Mineral de titanio"]
[null,"25000000-Vehículos comerciales, militares y particulares, accesorios y componentes","25","2516 - Bicicletas no motorizadas","2516","25161500-Vehículos a pedal",null,"11101603-Mineral de uranio"]
[null,"25000000-Vehículos comerciales, militares y particulares, accesorios y componentes","25","2517 - Componentes y sistemas de transporte","2517","25171500-Limpiaparabrisas",null,"11101604-Mineral de cobre"]
[null,"25000000-Vehículos comerciales, militares y particulares, accesorios y componentes","25","2517 - Componentes y sistemas de transporte","2517","25171600-Sistemas de descarchado y antiniebla",null,"11101605-Mineral de aluminio"]
[null,"25000000-Vehículos comerciales, militares y particulares, accesorios y componentes","25","2517 - Componentes y sistemas de transporte","2517","25171700-Sistemas de frenado y componentes",null,"11101606-Mineral de níquel"]
[null,"25000000-Vehículos comerciales, militares y particulares, accesorios y componentes","25","2517 - Componentes y sistemas de transporte","2517","25171900-Ruedas y acabados",null,"11101607-Mineral de plata"]
[null,"25000000-Vehículos comerciales, militares y particulares, accesorios y componentes","25","2517 - Componentes y sistemas de transporte","2517","25172000-Componentes de sistema de suspensión",null,"11101608-Mineral de plomo"]
[null,"25000000-Vehículos comerciales, militares y particulares, accesorios y componentes","25","2517 - Componentes y sistemas de transporte","2517","25172100-Componentes y sistemas de seguridad de vehículo",null,"11101609-Mineral de zinc"]
[null,"25000000-Vehículos comerciales, militares y particulares, accesorios y componentes","25","2517 - Componentes y sistemas de transporte","2517","25172200-Puertas para vehículos",null,"11101610-Mineral de estaño"]
[null,"25000000-Vehículos comerciales, militares y particulares, accesorios y componentes","25","2517 - Componentes y sistemas de transporte","2517","25172300-Ventanas y parabrisas para vehículos",null,"11101611-Mineral de manganeso"]
[null,"25000000-Vehículos comerciales, militares y particulares, accesorios y componentes","25","2517 - Componentes y sistemas de transporte","2517","25172400-Depósitos y sistemas de combustible",null,"11101612-Mineral de cromo"]
[null,"25000000-Vehículos comerciales, militares y particulares, accesorios y componentes","25","2517 - Componentes y sistemas de transporte","2517","25172500-Neumáticos y cámaras de neumáticos",null,"11101613-Mineral de tungsteno o wolframio"]
[null,"25000000-Vehículos comerciales, militares y particulares, accesorios y componentes","25","2517 - Componentes y sistemas de transporte","2517","25172600-Acabados y revestimientos exterior para vehículos",null,"11101614-Mineral de molibdeno"]
[null,"25000000-Vehículos comerciales, militares y particulares, accesorios y componentes","25","2517 - Componentes y sistemas de transporte","2517","25172700-Sistemas de control medioambiental",null,"11101615-Mineral de cobalto"]
[null,"25000000-Vehículos comerciales, militares y particulares, accesorios y componentes","25","2517 - Componentes y sistemas de transporte","2517","25172800-Sistemas y componentes hidráulicos",null,"11101616-Mineral de oro"]
[null,"25000000-Vehículos comerciales, militares y particulares, accesorios y componentes","25","2517 - Componentes y sistemas de transporte","2517","25172900-Iluminación exterior para vehículos",null,"11101617-Mineral de tántalo"]
[null,"25000000-Vehículos comerciales, militares y particulares, accesorios y componentes","25","2517 - Componentes y sistemas de transporte","2517","25173000-Iluminación interior para vehículos",null,"11101618-Mineral de platino"]
[null,"25000000-Vehículos comerciales, militares y particulares, accesorios y componentes","25","2517 - Componentes y sistemas de transporte","2517","25173100-Sistemas y componentes de localización y navegación",null,"11101619-Mineral de vermiculita"]
[null,"25000000-Vehículos comerciales, militares y particulares, accesorios y componentes","25","2517 - Componentes y sistemas de transporte","2517","25173300-Sistemas de control principal",null,"11101620-Mineral de torio"]
[null,"25000000-Vehículos comerciales, militares y particulares, accesorios y componentes","25","2517 - Componentes y sistemas de transporte","2517","25173700-Controles de emisión y de escape",null,"11101621-Mineral de cianita"]
[null,"25000000-Vehículos comerciales, militares y particulares, accesorios y componentes","25","2517 - Componentes y sistemas de transporte","2517","25173800-Sistemas de tren de transmisión",null,"11101622-Mineral de antimonio"]
[null,"25000000-Vehículos comerciales, militares y particulares, accesorios y componentes","25","2517 - Componentes y sistemas de transporte","2517","25173900-Componentes eléctricos",null,"11101623-Mineral de zirconio"]
[null,"25000000-Vehículos comerciales, militares y particulares, accesorios y componentes","25","2517 - Componentes y sistemas de transporte","2517","25174000-Sistema de refrigerar de motor",null,"11101701-Escoria o ceniza"]
[null,"25000000-Vehículos comerciales, militares y particulares, accesorios y componentes","25","2517 - Componentes y sistemas de transporte","2517","25174100-Sistemas de tejado",null,"11101702-Grafito natural"]
[null,"25000000-Vehículos comerciales, militares y particulares, accesorios y componentes","25","2517 - Componentes y sistemas de transporte","2517","25174200-Sistema de dirección",null,"11101703-Titanio"]
[null,"25000000-Vehículos comerciales, militares y particulares, accesorios y componentes","25","2517 - Componentes y sistemas de transporte","2517","25174400-Sistemas del interior de vehículos",null,"11101704-Acero"]
[null,"25000000-Vehículos comerciales, militares y particulares, accesorios y componentes","25","2517 - Componentes y sistemas de transporte","2517","25174600-Sistemas de asientos del vehículo",null,"11101705-Aluminio"]
[null,"25000000-Vehículos comerciales, militares y particulares, accesorios y componentes","25","2517 - Componentes y sistemas de transporte","2517","25174700-Componentes de ciclo no motorizado o accesorios",null,"11101706-Níquel"]
[null,"25000000-Vehículos comerciales, militares y particulares, accesorios y componentes","25","2518 - Carrocerías y remolques  ","2518","25181600-Chasis automotriz",null,"11101707-Magnesio"]
[null,"25000000-Vehículos comerciales, militares y particulares, accesorios y componentes","25","2518 - Carrocerías y remolques  ","2518","25181700-Remolques para productos y materiales",null,"11101708-Bismuto"]
[null,"25000000-Vehículos comerciales, militares y particulares, accesorios y componentes","25","2519 - Equipo para servicios de transporte","2519","25191500-Sistemas y equipo de apoyo para transporte aéreo",null,"11101709-Antimonio"]
[null,"25000000-Vehículos comerciales, militares y particulares, accesorios y componentes","25","2519 - Equipo para servicios de transporte","2519","25191600-Sistemas y equipo de apoyo para transporte espacial",null,"11101710-Cadmio"]
[null,"25000000-Vehículos comerciales, militares y particulares, accesorios y componentes","25","2519 - Equipo para servicios de transporte","2519","25191700-Equipo para el mantenimiento de vehículo",null,"11101711-Aleación no ferrosa"]
[null,"25000000-Vehículos comerciales, militares y particulares, accesorios y componentes","25","2520 - Sistemas aeroespaciales y componentes y equipo","2520","25201500-Fuselaje y componentes de avión",null,"11101712-Aleación ferrosa"]
[null,"25000000-Vehículos comerciales, militares y particulares, accesorios y componentes","25","2520 - Sistemas aeroespaciales y componentes y equipo","2520","25201600-Sistemas de situación y navegación aeroespacial y componentes",null,"11101713-Hierro"]
[null,"25000000-Vehículos comerciales, militares y particulares, accesorios y componentes","25","2520 - Sistemas aeroespaciales y componentes y equipo","2520","25201700-Sistemas relacionados con las comunicaciones de vuelo",null,"11101714-Plomo"]
[null,"25000000-Vehículos comerciales, militares y particulares, accesorios y componentes","25","2520 - Sistemas aeroespaciales y componentes y equipo","2520","25201800-Sistemas de control principal del avión",null,"11101715-Cobre"]
[null,"25000000-Vehículos comerciales, militares y particulares, accesorios y componentes","25","2520 - Sistemas aeroespaciales y componentes y equipo","2520","25201900-Sistemas de urgencia del avión",null,"11101716-Estaño"]
[null,"25000000-Vehículos comerciales, militares y particulares, accesorios y componentes","25","2520 - Sistemas aeroespaciales y componentes y equipo","2520","25202000-Sistemas de energía de avión",null,"11101717-Indio"]
[null,"25000000-Vehículos comerciales, militares y particulares, accesorios y componentes","25","2520 - Sistemas aeroespaciales y componentes y equipo","2520","25202100-Instrumentación de vuelo",null,"11101718-Paladio"]
[null,"25000000-Vehículos comerciales, militares y particulares, accesorios y componentes","25","2520 - Sistemas aeroespaciales y componentes y equipo","2520","25202200-Sistemas del aterrizaje y de frenos del avión",null,"11101719-Zinc"]
[null,"25000000-Vehículos comerciales, militares y particulares, accesorios y componentes","25","2520 - Sistemas aeroespaciales y componentes y equipo","2520","25202300-Controles de pasajeros de avión",null,"11101801-Oro"]
[null,"25000000-Vehículos comerciales, militares y particulares, accesorios y componentes","25","2520 - Sistemas aeroespaciales y componentes y equipo","2520","25202400-Sistemas y depósitos de combustible del avión",null,"11101802-Plata"]
[null,"25000000-Vehículos comerciales, militares y particulares, accesorios y componentes","25","2520 - Sistemas aeroespaciales y componentes y equipo","2520","25202500-Equipo de avión",null,"11101803-Platino"]
[null,"25000000-Vehículos comerciales, militares y particulares, accesorios y componentes","25","2520 - Sistemas aeroespaciales y componentes y equipo","2520","25202600-Sistemas y componentes del control ambiental del avión",null,"11111501-Tierra"]
[null,"25000000-Vehículos comerciales, militares y particulares, accesorios y componentes","25","2520 - Sistemas aeroespaciales y componentes y equipo","2520","25202700-Acumuladores del avión",null,"11111502-Material de relleno"]
[null,"26000000-Maquinaria y accesorios para generación y distribución de energía","26","2610 - Fuentes de energía","2610","26101500-Motores",null,"11111503-Capa vegetal"]
[null,"26000000-Maquinaria y accesorios para generación y distribución de energía","26","2610 - Fuentes de energía","2610","26101600-Motores",null,"11111601-Yeso"]
[null,"26000000-Maquinaria y accesorios para generación y distribución de energía","26","2610 - Fuentes de energía","2610","26101700-Accesorios y componentes de motor",null,"11111602-Travertino"]
[null,"26000000-Maquinaria y accesorios para generación y distribución de energía","26","2610 - Fuentes de energía","2610","26101800-Componentes del motor o del generador",null,"11111603-Alabastro"]
[null,"26000000-Maquinaria y accesorios para generación y distribución de energía","26","2610 - Fuentes de energía","2610","26101900-Componentes de motor de combustión interna",null,"11111604-Granito"]
[null,"26000000-Maquinaria y accesorios para generación y distribución de energía","26","2611 - Transmisión de baterías, generadores y energía cinética","2611","26111500-Transmisión de energía cinética",null,"11111605-Mármol"]
[null,"26000000-Maquinaria y accesorios para generación y distribución de energía","26","2611 - Transmisión de baterías, generadores y energía cinética","2611","26111600-Generadores de potencia",null,"11111606-Pizarra"]
[null,"26000000-Maquinaria y accesorios para generación y distribución de energía","26","2611 - Transmisión de baterías, generadores y energía cinética","2611","26111700-Baterías, pilas y accesorios",null,"11111607-Arenisca"]
[null,"26000000-Maquinaria y accesorios para generación y distribución de energía","26","2611 - Transmisión de baterías, generadores y energía cinética","2611","26111800-Componentes de la transmisión",null,"11111608-Caliza"]
[null,"26000000-Maquinaria y accesorios para generación y distribución de energía","26","2611 - Transmisión de baterías, generadores y energía cinética","2611","26111900-Embragues",null,"11111609-Basalto"]
[null,"26000000-Maquinaria y accesorios para generación y distribución de energía","26","2611 - Transmisión de baterías, generadores y energía cinética","2611","26112000-Piezas y accesorios de embragues",null,"11111610-Piedra pómez"]
[null,"26000000-Maquinaria y accesorios para generación y distribución de energía","26","2611 - Transmisión de baterías, generadores y energía cinética","2611","26112100-Sistemas de frenado industriales",null,"11111611-Gravilla"]
[null,"26000000-Maquinaria y accesorios para generación y distribución de energía","26","2612 - Alambres, cables o arneses","2612","26121500-Alambre eléctrico",null,"11111701-Arena de sílice"]
[null,"26000000-Maquinaria y accesorios para generación y distribución de energía","26","2612 - Alambres, cables o arneses","2612","26121600-Cables eléctricos y accesorios",null,"11111801-Terracota"]
[null,"26000000-Maquinaria y accesorios para generación y distribución de energía","26","2612 - Alambres, cables o arneses","2612","26121700-Cableado preformado",null,"11111802-Arcilla refractaria"]
[null,"26000000-Maquinaria y accesorios para generación y distribución de energía","26","2613 - Generación de energía","2613","26131500-Centrales eléctricas",null,"11111803-Caolín u otras arcillas caolínicas"]
[null,"26000000-Maquinaria y accesorios para generación y distribución de energía","26","2613 - Generación de energía","2613","26131600-Equipo de cribado o estructuras de tubo de escape",null,"11111804-Bentonita"]
[null,"26000000-Maquinaria y accesorios para generación y distribución de energía","26","2613 - Generación de energía","2613","26131700-Equipo de detección o vigilancia de producción de energía",null,"11111805-Andalucita"]
[null,"26000000-Maquinaria y accesorios para generación y distribución de energía","26","2613 - Generación de energía","2613","26131800-Equipo de control de producción de energía",null,"11111806-Mullita"]
[null,"27000000-Herramientas y maquinaria general","27","2711 - Herramientas de mano","2711","27111500-Herramientas de corte y engarzado y punzones",null,"11111807-Chamota"]
[null,"27000000-Herramientas y maquinaria general","27","2711 - Herramientas de mano","2711","27111600-Herramientas de perfilar",null,"11111808-Arcilla común"]
[null,"27000000-Herramientas y maquinaria general","27","2711 - Herramientas de mano","2711","27111700-Llaves inglesas y guías",null,"11111809-Arcilla de bola"]
[null,"27000000-Herramientas y maquinaria general","27","2711 - Herramientas de mano","2711","27111800-Herramientas de medida y bocetaje",null,"11111810-Tierra de fuller"]
[null,"27000000-Herramientas y maquinaria general","27","2711 - Herramientas de mano","2711","27111900-Herramientas gruesas y de acabado",null,"11121502-Resina"]
[null,"27000000-Herramientas y maquinaria general","27","2711 - Herramientas de mano","2711","27112000-Herramientas manuales de jardinería, agricultura y forestación",null,"11121503-Laca"]
[null,"27000000-Herramientas y maquinaria general","27","2711 - Herramientas de mano","2711","27112100-Herramientas de sujeción y fijación",null,"11121603-Troncos"]
[null,"27000000-Herramientas y maquinaria general","27","2711 - Herramientas de mano","2711","27112200-Herramientas de albañilería y concreto",null,"11121604-Madera blanda"]
[null,"27000000-Herramientas y maquinaria general","27","2711 - Herramientas de mano","2711","27112300-Herramientas de marcar",null,"11121605-Ratán"]
[null,"27000000-Herramientas y maquinaria general","27","2711 - Herramientas de mano","2711","27112400-Herramientas de inserción y ajuste",null,"11121606-Corcho"]
[null,"27000000-Herramientas y maquinaria general","27","2711 - Herramientas de mano","2711","27112500-Herramientas para apalancar y curvar",null,"11121607-Pulpa de madera"]
[null,"27000000-Herramientas y maquinaria general","27","2711 - Herramientas de mano","2711","27112600-Herramientas para precintar",null,"11121608-Bambú"]
[null,"27000000-Herramientas y maquinaria general","27","2711 - Herramientas de mano","2711","27112700-Herramientas mecánicas",null,"11121609-Contrachapado"]
[null,"27000000-Herramientas y maquinaria general","27","2711 - Herramientas de mano","2711","27112800-Conexiones de herramientas y accesorios",null,"11121610-Maderas duras"]
[null,"27000000-Herramientas y maquinaria general","27","2711 - Herramientas de mano","2711","27112900-Herramientas dispensadoras",null,"11121611-Tablero de partículas"]
[null,"27000000-Herramientas y maquinaria general","27","2711 - Herramientas de mano","2711","27113000-Cepillos",null,"11121612-Médula de madera"]
[null,"27000000-Herramientas y maquinaria general","27","2711 - Herramientas de mano","2711","27113100-Herramientas de arrastre",null,"11121701-Aserrín"]
[null,"27000000-Herramientas y maquinaria general","27","2711 - Herramientas de mano","2711","27113200-Juegos de herramientas",null,"11121702-Astillas de madera"]
[null,"27000000-Herramientas y maquinaria general","27","2712 - Maquinaria y equipo hidráulico","2712","27121500-Prensas hidráulicas",null,"11121703-Musgo de turba"]
[null,"27000000-Herramientas y maquinaria general","27","2712 - Maquinaria y equipo hidráulico","2712","27121600-Pistones y cilindros hidráulicos",null,"11121705-Corteza"]
[null,"27000000-Herramientas y maquinaria general","27","2712 - Maquinaria y equipo hidráulico","2712","27121700-Accesorios de tubería y manga hidráulica",null,"11121706-Composta de madera"]
[null,"27000000-Herramientas y maquinaria general","27","2712 - Maquinaria y equipo hidráulico","2712","27126100-Herramientas hidráulicas",null,"11121707-Viruta de madera"]
[null,"27000000-Herramientas y maquinaria general","27","2713 - Maquinaria y equipo neumático","2713","27131500-Herramientas neumáticas",null,"11121708-Harina de madera"]
[null,"27000000-Herramientas y maquinaria general","27","2713 - Maquinaria y equipo neumático","2713","27131600-Accesorios de aire y conectores",null,"11121709-Bálsamos"]
[null,"27000000-Herramientas y maquinaria general","27","2713 - Maquinaria y equipo neumático","2713","27131700-Cilindros neumáticos y componentes",null,"11121710-Brea de madera"]
[null,"27000000-Herramientas y maquinaria general","27","2714 - Herramientas especializadas de automoción","2714","27141000-Herramientas de carrocería",null,"11121801-Cáñamo"]
[null,"27000000-Herramientas y maquinaria general","27","2714 - Herramientas especializadas de automoción","2714","27141100-Herramientas de suspensión",null,"11121802-Algodón"]
[null,"30000000-Componentes y suministros para estructuras, edificación, construcción y obras civiles","30","3010 - Materiales estructurales: formas básicas","3010","30101500-Ángulos",null,"11121803-Lino"]
[null,"30000000-Componentes y suministros para estructuras, edificación, construcción y obras civiles","30","3010 - Materiales estructurales: formas básicas","3010","30101600-Barras",null,"11121804-Yute"]
[null,"30000000-Componentes y suministros para estructuras, edificación, construcción y obras civiles","30","3010 - Materiales estructurales: formas básicas","3010","30101700-Vigas",null,"11121805-Sisal"]
[null,"30000000-Componentes y suministros para estructuras, edificación, construcción y obras civiles","30","3010 - Materiales estructurales: formas básicas","3010","30101800-Conductos",null,"11121806-Fibra de coco"]
[null,"30000000-Componentes y suministros para estructuras, edificación, construcción y obras civiles","30","3010 - Materiales estructurales: formas básicas","3010","30101900-Bobina",null,"11121807-Fibras de abacá"]
[null,"30000000-Componentes y suministros para estructuras, edificación, construcción y obras civiles","30","3010 - Materiales estructurales: formas básicas","3010","30102000-Hoja",null,"11121808-Ramio"]
[null,"30000000-Componentes y suministros para estructuras, edificación, construcción y obras civiles","30","3010 - Materiales estructurales: formas básicas","3010","30102200-Plancha",null,"11121809-Paja"]
[null,"30000000-Componentes y suministros para estructuras, edificación, construcción y obras civiles","30","3010 - Materiales estructurales: formas básicas","3010","30102300-Perfiles",null,"11121810-Mijo común o ixtle o piasava"]
[null,"30000000-Componentes y suministros para estructuras, edificación, construcción y obras civiles","30","3010 - Materiales estructurales: formas básicas","3010","30102400-Varillas",null,"11121901-Raíz de regaliz"]
[null,"30000000-Componentes y suministros para estructuras, edificación, construcción y obras civiles","30","3010 - Materiales estructurales: formas básicas","3010","30102500-Chapa",null,"11131501-Plumas"]
[null,"30000000-Componentes y suministros para estructuras, edificación, construcción y obras civiles","30","3010 - Materiales estructurales: formas básicas","3010","30102600-Banda",null,"11131502-Pieles"]
[null,"30000000-Componentes y suministros para estructuras, edificación, construcción y obras civiles","30","3010 - Materiales estructurales: formas básicas","3010","30102800-Pilotaje",null,"11131503-Pelo animal"]
[null,"30000000-Componentes y suministros para estructuras, edificación, construcción y obras civiles","30","3010 - Materiales estructurales: formas básicas","3010","30102900-Pilares",null,"11131504-Cueros"]
[null,"30000000-Componentes y suministros para estructuras, edificación, construcción y obras civiles","30","3010 - Materiales estructurales: formas básicas","3010","30103000-Sistema de ejes",null,"11131505-Mohair sin procesar"]
[null,"30000000-Componentes y suministros para estructuras, edificación, construcción y obras civiles","30","3010 - Materiales estructurales: formas básicas","3010","30103100-Rieles",null,"11131506-Lana sin procesar"]
[null,"30000000-Componentes y suministros para estructuras, edificación, construcción y obras civiles","30","3010 - Materiales estructurales: formas básicas","3010","30103200-Enrejado",null,"11131507-Gamuza"]
[null,"30000000-Componentes y suministros para estructuras, edificación, construcción y obras civiles","30","3010 - Materiales estructurales: formas básicas","3010","30103300-Palanquilla",null,"11131508-Cuero de grano completo"]
[null,"30000000-Componentes y suministros para estructuras, edificación, construcción y obras civiles","30","3010 - Materiales estructurales: formas básicas","3010","30103400-Lingotes",null,"11131601-Marfil"]
[null,"30000000-Componentes y suministros para estructuras, edificación, construcción y obras civiles","30","3010 - Materiales estructurales: formas básicas","3010","30103500-Alma de panal",null,"11131602-Semen"]
[null,"30000000-Componentes y suministros para estructuras, edificación, construcción y obras civiles","30","3010 - Materiales estructurales: formas básicas","3010","30103600-Productos estructurales",null,"11131603-Excreciones"]
[null,"30000000-Componentes y suministros para estructuras, edificación, construcción y obras civiles","30","3010 - Materiales estructurales: formas básicas","3010","30103700-Trenza",null,"11131604-Huevas de pescado"]
[null,"30000000-Componentes y suministros para estructuras, edificación, construcción y obras civiles","30","3011 - Hormigón, cemento y yeso","3011","30111500-Concreto y morteros",null,"11131605-Huesos"]
[null,"30000000-Componentes y suministros para estructuras, edificación, construcción y obras civiles","30","3011 - Hormigón, cemento y yeso","3011","30111600-Cemento y cal",null,"11131606-Cuernos de animales"]
[null,"30000000-Componentes y suministros para estructuras, edificación, construcción y obras civiles","30","3011 - Hormigón, cemento y yeso","3011","30111700-Yesos",null,"11131607-Embriones"]
[null,"30000000-Componentes y suministros para estructuras, edificación, construcción y obras civiles","30","3012 - Carreteras y paisaje","3012","30121500-Derivados bituminosos",null,"11131608-Artículos de concha"]
[null,"30000000-Componentes y suministros para estructuras, edificación, construcción y obras civiles","30","3012 - Carreteras y paisaje","3012","30121600-Asfaltos",null,"11141601-Desecho o desperdicio textil"]
[null,"30000000-Componentes y suministros para estructuras, edificación, construcción y obras civiles","30","3013 - Productos de construcción estructurales","3013","30131500-Bloques",null,"11141602-Desecho o desperdicio plástico"]
[null,"30000000-Componentes y suministros para estructuras, edificación, construcción y obras civiles","30","3013 - Productos de construcción estructurales","3013","30131600-Ladrillos",null,"11141603-Desechos de aceite"]
[null,"30000000-Componentes y suministros para estructuras, edificación, construcción y obras civiles","30","3013 - Productos de construcción estructurales","3013","30131700-Azulejos y baldosas",null,"11141604-Desechos de papel"]
[null,"30000000-Componentes y suministros para estructuras, edificación, construcción y obras civiles","30","3014 - Aislamiento","3014","30141500-Aislamiento térmico",null,"11141605-Desecho o desperdicios de vidrio"]
[null,"30000000-Componentes y suministros para estructuras, edificación, construcción y obras civiles","30","3014 - Aislamiento","3014","30141600-Aislamiento especial",null,"11141606-Desecho o desperdicios de madera"]
[null,"30000000-Componentes y suministros para estructuras, edificación, construcción y obras civiles","30","3015 - Materiales para acabado de exteriores","3015","30151500-Material para tejados y techos",null,"11141607-Desecho o desperdicios de caucho"]
[null,"30000000-Componentes y suministros para estructuras, edificación, construcción y obras civiles","30","3015 - Materiales para acabado de exteriores","3015","30151600-Accesorios para tejados",null,"11141608-Desecho o desperdicios peligrosos"]
[null,"30000000-Componentes y suministros para estructuras, edificación, construcción y obras civiles","30","3015 - Materiales para acabado de exteriores","3015","30151700-Canalones de tejado y accesorios",null,"11141609-Composición de cuero"]
[null,"30000000-Componentes y suministros para estructuras, edificación, construcción y obras civiles","30","3015 - Materiales para acabado de exteriores","3015","30151800-Materiales para revestimiento de paredes y exterior",null,"11141610-Desecho o desperdicios de cuero"]
[null,"30000000-Componentes y suministros para estructuras, edificación, construcción y obras civiles","30","3015 - Materiales para acabado de exteriores","3015","30151900-Materiales y productos para acabados",null,"11141701-Desecho o desperdicios de alimentos"]
[null,"30000000-Componentes y suministros para estructuras, edificación, construcción y obras civiles","30","3015 - Materiales para acabado de exteriores","3015","30152000-Cercado",null,"11141702-Desecho o desperdicios de tabaco"]
[null,"30000000-Componentes y suministros para estructuras, edificación, construcción y obras civiles","30","3015 - Materiales para acabado de exteriores","3015","30152100-Superficie",null,"11151501-Fibras de acetato"]
[null,"30000000-Componentes y suministros para estructuras, edificación, construcción y obras civiles","30","3016 - Materiales de acabado de interiores","3016","30161500-Materiales para acabados de paredes",null,"11151502-Fibras de nylon"]
[null,"30000000-Componentes y suministros para estructuras, edificación, construcción y obras civiles","30","3016 - Materiales de acabado de interiores","3016","30161600-Materiales para techos",null,"11151503-Fibras de poliéster"]
[null,"30000000-Componentes y suministros para estructuras, edificación, construcción y obras civiles","30","3016 - Materiales de acabado de interiores","3016","30161700-Suelos",null,"11151504-Fibras de acrílico"]
[null,"30000000-Componentes y suministros para estructuras, edificación, construcción y obras civiles","30","3016 - Materiales de acabado de interiores","3016","30161800-Ebanistería",null,"11151505-Fibras de viscosas"]
[null,"30000000-Componentes y suministros para estructuras, edificación, construcción y obras civiles","30","3016 - Materiales de acabado de interiores","3016","30161900-Moldeado y carpintería mecánica",null,"11151506-Fibras de rayón"]
[null,"30000000-Componentes y suministros para estructuras, edificación, construcción y obras civiles","30","3017 - Puertas y ventanas y vidrio","3017","30171500-Puertas",null,"11151507-Fibras de algodón"]
[null,"30000000-Componentes y suministros para estructuras, edificación, construcción y obras civiles","30","3017 - Puertas y ventanas y vidrio","3017","30171600-Ventanas",null,"11151508-Fibras de lana"]
[null,"30000000-Componentes y suministros para estructuras, edificación, construcción y obras civiles","30","3017 - Puertas y ventanas y vidrio","3017","30171700-Productos de cristal",null,"11151509-Fibras de seda"]
[null,"30000000-Componentes y suministros para estructuras, edificación, construcción y obras civiles","30","3017 - Puertas y ventanas y vidrio","3017","30171800-Claraboyas",null,"11151510-Fibras vegetales"]
[null,"30000000-Componentes y suministros para estructuras, edificación, construcción y obras civiles","30","3017 - Puertas y ventanas y vidrio","3017","30171900-Marcos de ventanas",null,"11151511-Fibras de polipropileno"]
[null,"30000000-Componentes y suministros para estructuras, edificación, construcción y obras civiles","30","3017 - Puertas y ventanas y vidrio","3017","30172000-Puertas",null,"11151512-Fibras de vidrio"]
[null,"30000000-Componentes y suministros para estructuras, edificación, construcción y obras civiles","30","3018 - Instalaciones de baño","3018","30181500-Porcelana sanitaria",null,"11151513-Fibras cerámicas"]
[null,"30000000-Componentes y suministros para estructuras, edificación, construcción y obras civiles","30","3019 - Equipo de apoyo para Construcción y Mantenimiento","3019","30191500-Escaleras y andamios",null,"11151514-Fibras de polímero de aramida"]
[null,"30000000-Componentes y suministros para estructuras, edificación, construcción y obras civiles","30","3019 - Equipo de apoyo para Construcción y Mantenimiento","3019","30191600-Escaleras y accesorios de andamiaje",null,"11151515-Fibras de asbesto"]
[null,"30000000-Componentes y suministros para estructuras, edificación, construcción y obras civiles","30","3020 - Estructuras prefabricadas","3020","30201500-Estructuras agrícolas prefabricadas",null,"11151601-Hebra de algodón"]
[null,"30000000-Componentes y suministros para estructuras, edificación, construcción y obras civiles","30","3020 - Estructuras prefabricadas","3020","30201600-Estructuras residenciales prefabricadas",null,"11151602-Hebra de seda"]
[null,"30000000-Componentes y suministros para estructuras, edificación, construcción y obras civiles","30","3020 - Estructuras prefabricadas","3020","30201700-Estructuras comerciales e industriales prefabricadas",null,"11151603-Hebra de poliéster"]
[null,"30000000-Componentes y suministros para estructuras, edificación, construcción y obras civiles","30","3020 - Estructuras prefabricadas","3020","30201800-Estructuras prefabricadas para ayudas de emergencia",null,"11151604-Hebra de poliamida"]
[null,"30000000-Componentes y suministros para estructuras, edificación, construcción y obras civiles","30","3020 - Estructuras prefabricadas","3020","30201900-Estructuras médicas prefabricadas",null,"11151605-Hebra de bismaleimida"]
[null,"30000000-Componentes y suministros para estructuras, edificación, construcción y obras civiles","30","3022 - Estructuras Permanentes","3022","30221000-Estructuras comerciales y de ocio",null,"11151606-Hebra de fibra de vidrio"]
[null,"30000000-Componentes y suministros para estructuras, edificación, construcción y obras civiles","30","3022 - Estructuras Permanentes","3022","30222000-Estructuras de transporte",null,"11151607-Hebra de grafito"]
[null,"30000000-Componentes y suministros para estructuras, edificación, construcción y obras civiles","30","3022 - Estructuras Permanentes","3022","30222100-Estructuras públicas",null,"11151608-Hebra de nylon"]
[null,"30000000-Componentes y suministros para estructuras, edificación, construcción y obras civiles","30","3022 - Estructuras Permanentes","3022","30222200-Estructuras de servicios",null,"11151609-Hebra de resina impregnada"]
[null,"30000000-Componentes y suministros para estructuras, edificación, construcción y obras civiles","30","3022 - Estructuras Permanentes","3022","30222300-Estructuras de educación e investigación",null,"11151610-Hebra de caucho o látex"]
[null,"30000000-Componentes y suministros para estructuras, edificación, construcción y obras civiles","30","3022 - Estructuras Permanentes","3022","30222400-Estructuras hospitalarias",null,"11151611-Hebra de spandex"]
[null,"30000000-Componentes y suministros para estructuras, edificación, construcción y obras civiles","30","3022 - Estructuras Permanentes","3022","30222500-Estructuras de alojamiento",null,"11151612-Hebra de asbesto"]
[null,"30000000-Componentes y suministros para estructuras, edificación, construcción y obras civiles","30","3022 - Estructuras Permanentes","3022","30222600-Estructuras deportivas y sanitarias",null,"11151701-Hilado de lana"]
[null,"30000000-Componentes y suministros para estructuras, edificación, construcción y obras civiles","30","3022 - Estructuras Permanentes","3022","30222700-Estructuras industriales",null,"11151702-Hilado de algodón"]
[null,"30000000-Componentes y suministros para estructuras, edificación, construcción y obras civiles","30","3022 - Estructuras Permanentes","3022","30222800-Estructuras de agricultura, pesca y ganadería",null,"11151703-Hilado de poliéster"]
[null,"30000000-Componentes y suministros para estructuras, edificación, construcción y obras civiles","30","3022 - Estructuras Permanentes","3022","30222900-Estructuras de defensa",null,"11151704-Hilado de acrílico"]
[null,"30000000-Componentes y suministros para estructuras, edificación, construcción y obras civiles","30","3022 - Estructuras Permanentes","3022","30223000-Estructuras religiosas",null,"11151705-Hilado de seda"]
[null,"31000000-Componentes y suministros de manufactura","31","3111 - Extrusiones","3111","31111500-Extrusiones de perfiles",null,"11151706-Hilado de ramie"]
[null,"31000000-Componentes y suministros de manufactura","31","3111 - Extrusiones","3111","31111600-Extrusiones por percusión",null,"11151708-Hilado de pelo animal"]
[null,"31000000-Componentes y suministros de manufactura","31","3111 - Extrusiones","3111","31111700-Extrusiones en frío",null,"11151709-Hilado de sintético"]
[null,"31000000-Componentes y suministros de manufactura","31","3115 - Cuerda y cadena y cable y alambre y correa","3115","31151500-Cuerdas",null,"11151710-Hilado de yute"]
[null,"31000000-Componentes y suministros de manufactura","31","3115 - Cuerda y cadena y cable y alambre y correa","3115","31151600-Cadenas",null,"11151711-Hilado de fibra de coco"]
[null,"31000000-Componentes y suministros de manufactura","31","3115 - Cuerda y cadena y cable y alambre y correa","3115","31151700-Cable mecánico",null,"11151712-Hilado de papel"]
[null,"31000000-Componentes y suministros de manufactura","31","3115 - Cuerda y cadena y cable y alambre y correa","3115","31151800-Alambre mecánico",null,"11151713-Hilado de cáñamo"]
[null,"31000000-Componentes y suministros de manufactura","31","3115 - Cuerda y cadena y cable y alambre y correa","3115","31151900-Correas",null,"11151714-Hilado de vidrio"]
[null,"31000000-Componentes y suministros de manufactura","31","3115 - Cuerda y cadena y cable y alambre y correa","3115","31152000-Cable de seguridad",null,"11151715-Hilado de lino"]
[null,"31000000-Componentes y suministros de manufactura","31","3116 - Ferretería","3116","31161500-Tornillos",null,"11161501-Textiles de seda de tejido simple"]
[null,"31000000-Componentes y suministros de manufactura","31","3116 - Ferretería","3116","31161600-Pernos",null,"11161502-Textiles de seda de tejido  jacquard"]
[null,"31000000-Componentes y suministros de manufactura","31","3116 - Ferretería","3116","31161700-Tuercas",null,"11161503-Textiles de lana"]
[null,"31000000-Componentes y suministros de manufactura","31","3116 - Ferretería","3116","31161800-Arandelas",null,"11161504-Textiles de tejido de pana"]
[null,"31000000-Componentes y suministros de manufactura","31","3116 - Ferretería","3116","31161900-Muelles",null,"11161601-Tejidos de lana en tafetán"]
[null,"31000000-Componentes y suministros de manufactura","31","3116 - Ferretería","3116","31162000-Clavos",null,"11161602-Tejidos de lana urdidos a la jacquard"]
[null,"31000000-Componentes y suministros de manufactura","31","3116 - Ferretería","3116","31162100-Anclas",null,"11161603-Tejidos de lana de punto"]
[null,"31000000-Componentes y suministros de manufactura","31","3116 - Ferretería","3116","31162200-Remaches",null,"11161604-Tejidos de lana de ligamento de sarga"]
[null,"31000000-Componentes y suministros de manufactura","31","3116 - Ferretería","3116","31162300-Ferretería de montaje",null,"11161701-Textiles de algodón de tejido simple"]
[null,"31000000-Componentes y suministros de manufactura","31","3116 - Ferretería","3116","31162400-Fijadores varios",null,"11161702-Textiles de algodón de tejido de pana"]
[null,"31000000-Componentes y suministros de manufactura","31","3116 - Ferretería","3116","31162500-Soportes y puntales",null,"11161703-Tela de algodón oxford"]
[null,"31000000-Componentes y suministros de manufactura","31","3116 - Ferretería","3116","31162600-Ganchos",null,"11161704-Textiles de algodón tejido"]
[null,"31000000-Componentes y suministros de manufactura","31","3116 - Ferretería","3116","31162700-Roldanas pivotantes y ruedas",null,"11161705-Textiles de terciopelo de algodón"]
[null,"31000000-Componentes y suministros de manufactura","31","3116 - Ferretería","3116","31162800-Ferretería en general",null,"11161801-Textil sintético de tejido sintético"]
[null,"31000000-Componentes y suministros de manufactura","31","3116 - Ferretería","3116","31162900-Mordazas",null,"11161802-Textil sintético de tejido jacquard"]
[null,"31000000-Componentes y suministros de manufactura","31","3116 - Ferretería","3116","31163000-Embragues",null,"11161803-Textil sintético de tejido dobby"]
[null,"31000000-Componentes y suministros de manufactura","31","3116 - Ferretería","3116","31163100-Conectores",null,"11161804-Textil sintético tejido"]
[null,"31000000-Componentes y suministros de manufactura","31","3116 - Ferretería","3116","31163200-Herraje de retención",null,"11161805-Textil sintético de terciopelo"]
[null,"31000000-Componentes y suministros de manufactura","31","3116 - Ferretería","3116","31163300-Espaciadores",null,"11162001-Textil de fibra vegetal tejida distinta de algodón simple"]
[null,"31000000-Componentes y suministros de manufactura","31","3117 - Cojinetes, casquillos, ruedas y engranajes","3117","31171500-Rodamientos",null,"11162002-Textil de fibra vegetal tejida distinta de algodón"]
[null,"31000000-Componentes y suministros de manufactura","31","3117 - Cojinetes, casquillos, ruedas y engranajes","3117","31171600-Cojinetes",null,"11162003-Tela de arpillera o cáñamo o yute"]
[null,"31000000-Componentes y suministros de manufactura","31","3117 - Cojinetes, casquillos, ruedas y engranajes","3117","31171700-Engranajes",null,"11162101-Tela o textil de queso"]
[null,"31000000-Componentes y suministros de manufactura","31","3117 - Cojinetes, casquillos, ruedas y engranajes","3117","31171800-Ruedas industriales",null,"11162102-Tela o textil de bismaleimida"]
[null,"31000000-Componentes y suministros de manufactura","31","3117 - Cojinetes, casquillos, ruedas y engranajes","3117","31171900-Ruedas dentadas",null,"11162104-Tela o textil de grafito"]
[null,"31000000-Componentes y suministros de manufactura","31","3118 - Juntas obturadoras y sellos","3118","31181500-Juntas obturadoras",null,"11162105-Tela o textil de vidrio"]
[null,"31000000-Componentes y suministros de manufactura","31","3118 - Juntas obturadoras y sellos","3118","31181600-Sellos industriales",null,"11162107-Tela de resina impregnada"]
[null,"31000000-Componentes y suministros de manufactura","31","3118 - Juntas obturadoras y sellos","3118","31181700-Embalajes y empaquetaduras",null,"11162108-Tela malla de alambre"]
[null,"31000000-Componentes y suministros de manufactura","31","3119 - Materiales de molduración, pulido y alisado","3119","31191500-Abrasivos y medios de abrasivo",null,"11162109-Encaje"]
[null,"31000000-Componentes y suministros de manufactura","31","3119 - Materiales de molduración, pulido y alisado","3119","31191600-Ruedas abrasivas",null,"11162110-Malla red"]
[null,"31000000-Componentes y suministros de manufactura","31","3120 - Adhesivos y selladores","3120","31201500-Cinta adhesiva",null,"11162111-Malla"]
[null,"31000000-Componentes y suministros de manufactura","31","3120 - Adhesivos y selladores","3120","31201600-Otros adhesivos y selladores",null,"11162112-Telas revestidas"]
[null,"31000000-Componentes y suministros de manufactura","31","3121 - Pinturas y tapa poros y acabados","3121","31211500-Pinturas y tapa poros",null,"11162113-Telas para tapicería"]
[null,"31000000-Componentes y suministros de manufactura","31","3121 - Pinturas y tapa poros y acabados","3121","31211600-Aditivos para pinturas",null,"11162114-Telas o cintas de velcro"]
[null,"31000000-Componentes y suministros de manufactura","31","3121 - Pinturas y tapa poros y acabados","3121","31211700-Acabados en general",null,"11162115-Trenza elástica"]
[null,"31000000-Componentes y suministros de manufactura","31","3121 - Pinturas y tapa poros y acabados","3121","31211800-Disolventes y diluyentes para pinturas",null,"11162116-Tela de fique o estopa"]
[null,"31000000-Componentes y suministros de manufactura","31","3121 - Pinturas y tapa poros y acabados","3121","31211900-Aplicadores de pintura y accesorios para pintar",null,"11162117-Tela de caucho"]
[null,"31000000-Componentes y suministros de manufactura","31","3123 - Materia prima en placas o barras labradas","3123","31231100-Material en barra labrada",null,"11162118-Tela de hilado de papel"]
[null,"31000000-Componentes y suministros de manufactura","31","3123 - Materia prima en placas o barras labradas","3123","31231200-Material en placas labrado",null,"11162119-Tela de calcado"]
[null,"31000000-Componentes y suministros de manufactura","31","3123 - Materia prima en placas o barras labradas","3123","31231300-Tubos y tubería",null,"11162120-Tela de cernido"]
[null,"31000000-Componentes y suministros de manufactura","31","3123 - Materia prima en placas o barras labradas","3123","31231400-Suplementos",null,"11162121-Artículos de pasamanería y ornamentales"]
[null,"31000000-Componentes y suministros de manufactura","31","3124 - Óptica industrial","3124","31241500-Lentes y prismas",null,"11162122-Tela de sujeción"]
[null,"31000000-Componentes y suministros de manufactura","31","3124 - Óptica industrial","3124","31241600-Cristales ópticos",null,"11162123-Tela de cinta"]
[null,"31000000-Componentes y suministros de manufactura","31","3124 - Óptica industrial","3124","31241700-Espejos",null,"11162124-Tela de fieltro"]
[null,"31000000-Componentes y suministros de manufactura","31","3124 - Óptica industrial","3124","31241800-Filtros ópticos",null,"11162125-Tela de correas"]
[null,"31000000-Componentes y suministros de manufactura","31","3124 - Óptica industrial","3124","31241900-Bóvedas ópticas",null,"11162126-Tela acolchada"]
[null,"31000000-Componentes y suministros de manufactura","31","3124 - Óptica industrial","3124","31242000-Ventanas de láser y lentes",null,"11162127-Tela de camuflaje"]
[null,"31000000-Componentes y suministros de manufactura","31","3124 - Óptica industrial","3124","31242100-Accesorios de dispositivos ópticos",null,"11162128-Tela de paracaídas"]
[null,"31000000-Componentes y suministros de manufactura","31","3124 - Óptica industrial","3124","31242200-Componentes ópticos variados",null,"11162129-Tela marquisette"]
[null,"31000000-Componentes y suministros de manufactura","31","3125 - Sistemas de control neumático, hidráulico o eléctrico","3125","31251500-Activadores",null,"11162130-Tela dosel"]
[null,"31000000-Componentes y suministros de manufactura","31","3125 - Sistemas de control neumático, hidráulico o eléctrico","3125","31251600-Componentes de robot",null,"11162131-Tela para ribeteado"]
[null,"31000000-Componentes y suministros de manufactura","31","3126 - Cubiertas, cajas y envolturas","3126","31261500-Cubiertas y cajas",null,"11162201-Telas no tejidas ligadas térmicamente"]
[null,"31000000-Componentes y suministros de manufactura","31","3126 - Cubiertas, cajas y envolturas","3126","31261600-Cascos y envolturas",null,"11162202-Telas no tejidas hidroentrelazadas"]
[null,"31000000-Componentes y suministros de manufactura","31","3126 - Cubiertas, cajas y envolturas","3126","31261700-Cerramientos o alojamientos insonorizantes",null,"11162301-Cuero de gamuza"]
[null,"31000000-Componentes y suministros de manufactura","31","3127 - Piezas hechas a máquina","3127","31271600-Piezas hechas con torno de roscar",null,"11162302-Cuero de cabra"]
[null,"31000000-Componentes y suministros de manufactura","31","3128 - Componentes de placa y estampados","3128","31281500-Componentes estampados",null,"11162303-Cuero de oveja"]
[null,"31000000-Componentes y suministros de manufactura","31","3128 - Componentes de placa y estampados","3128","31281700-Componentes soldados",null,"11162304-Cuero acharolado"]
[null,"31000000-Componentes y suministros de manufactura","31","3128 - Componentes de placa y estampados","3128","31281800-Componentes perforados",null,"11162305-Cuero de vaca"]
[null,"31000000-Componentes y suministros de manufactura","31","3128 - Componentes de placa y estampados","3128","31281900-Componentes formados por estiraje",null,"11162306-Cuero de cerdo"]
[null,"31000000-Componentes y suministros de manufactura","31","3128 - Componentes de placa y estampados","3128","31282000-Componentes hidro formados",null,"11162307-Cuero sintético o de imitación"]
[null,"31000000-Componentes y suministros de manufactura","31","3128 - Componentes de placa y estampados","3128","31282100-Componentes formados con rotación",null,"11162308-Cuero de búfalo"]
[null,"31000000-Componentes y suministros de manufactura","31","3128 - Componentes de placa y estampados","3128","31282200-Componentes formados con rodillo",null,"11162309-Cuero de reptil"]
[null,"31000000-Componentes y suministros de manufactura","31","3128 - Componentes de placa y estampados","3128","31282300-Componentes formados por estiramiento por presión",null,"11162310-Cuero de caballo"]
[null,"31000000-Componentes y suministros de manufactura","31","3128 - Componentes de placa y estampados","3128","31282400-Componentes formados de explosivos",null,"11162311-Cuero de becerro"]
[null,"31000000-Componentes y suministros de manufactura","31","3131 - Conjuntos de tubería fabricada","3131","31311100-Conjuntos de tubería soldada de solvente",null,"11171501-Acero e24-2 o a37-2"]
[null,"31000000-Componentes y suministros de manufactura","31","3131 - Conjuntos de tubería fabricada","3131","31311200-Conjuntos de tubería remachada",null,"11171601-Aleación de acero inoxidable 304"]
[null,"31000000-Componentes y suministros de manufactura","31","3131 - Conjuntos de tubería fabricada","3131","31311300-Conjuntos empernados de tubería",null,"11171602-Aleación de acero inoxidable 304i"]
[null,"31000000-Componentes y suministros de manufactura","31","3131 - Conjuntos de tubería fabricada","3131","31311400-Conjuntos de tuberías soldadas con ultra violeta uv",null,"11171603-Aleación de acero inoxidable 316"]
[null,"31000000-Componentes y suministros de manufactura","31","3131 - Conjuntos de tubería fabricada","3131","31311500-Conjuntos de tubería soldado o soldado con latón",null,"11171701-Acero de alta velocidad z90wdcv6542 o m2"]
[null,"31000000-Componentes y suministros de manufactura","31","3131 - Conjuntos de tubería fabricada","3131","31311600-Conjuntos de tubería soldada sónica",null,"11171702-Acero de alta velocidad z90wdkcv65542 or m35"]
[null,"31000000-Componentes y suministros de manufactura","31","3131 - Conjuntos de tubería fabricada","3131","31311700-Conjuntos de tubería pegada",null,"11171801-Súper aleación inconel 600"]
[null,"31000000-Componentes y suministros de manufactura","31","3132 - Conjuntos fabricados de material en barras","3132","31321100-Conjuntos ligados de material en barras",null,"11171901-Súper aleación ta6v"]
[null,"31000000-Componentes y suministros de manufactura","31","3132 - Conjuntos fabricados de material en barras","3132","31321200-Conjuntos soldados de solvente de material en barras",null,"11172001-Aleación de aluminio 7178"]
[null,"31000000-Componentes y suministros de manufactura","31","3132 - Conjuntos fabricados de material en barras","3132","31321300-Conjuntos remachados de material en barras",null,"11172101-Aleación pigmalión ú 846"]
[null,"31000000-Componentes y suministros de manufactura","31","3132 - Conjuntos fabricados de material en barras","3132","31321400-Conjuntos soldados o soldados en fuerte de material en barras",null,"11181501-Óxido de molibdeno"]
[null,"31000000-Componentes y suministros de manufactura","31","3132 - Conjuntos fabricados de material en barras","3132","31321500-Conjuntos de barras soldadas con ultra violeta uv",null,"11191501-Sólidos de níquel"]
[null,"31000000-Componentes y suministros de manufactura","31","3132 - Conjuntos fabricados de material en barras","3132","31321600-Conjuntos sónicos soldados de material en barras",null,"11191502-Sólidos de acero básico"]
[null,"31000000-Componentes y suministros de manufactura","31","3132 - Conjuntos fabricados de material en barras","3132","31321700-Conjuntos empernados de material en barras",null,"11191503-Sólidos de aleación ferrosa"]
[null,"31000000-Componentes y suministros de manufactura","31","3133 - Conjuntos estructurales fabricados","3133","31331100-Conjuntos estructurales con acabado ligado",null,"11191504-Sólidos de aleación no ferrosa"]
[null,"31000000-Componentes y suministros de manufactura","31","3133 - Conjuntos estructurales fabricados","3133","31331200-Conjuntos estructurales empernados",null,"11191505-Sólidos de súper aleación"]
[null,"31000000-Componentes y suministros de manufactura","31","3133 - Conjuntos estructurales fabricados","3133","31331300-Conjuntos estructurales soldado sónico",null,"11191601-Chatarra de níquel"]
[null,"31000000-Componentes y suministros de manufactura","31","3133 - Conjuntos estructurales fabricados","3133","31331400-Conjuntos estructurales soldados con ultra violeta uv",null,"11191602-Chatarra de acero básico"]
[null,"31000000-Componentes y suministros de manufactura","31","3133 - Conjuntos estructurales fabricados","3133","31331500-Conjuntos estructurales soldado de solvente",null,"11191603-Chatarra de aleación ferrosa"]
[null,"31000000-Componentes y suministros de manufactura","31","3133 - Conjuntos estructurales fabricados","3133","31331600-Conjuntos estructurales soldado o soldado con latón",null,"11191604-Chatarra de aleación no ferrosa"]
[null,"31000000-Componentes y suministros de manufactura","31","3133 - Conjuntos estructurales fabricados","3133","31331700-Conjuntos estructurales remachados",null,"11191605-Chatarra de súper aleación"]
[null,"31000000-Componentes y suministros de manufactura","31","3134 - Conjuntos de placa fabricado","3134","31341100-Conjuntos de placa soldado o soldado con latón",null,"11191606-Destrozos automovilísticos para chatarra o desecho"]
[null,"31000000-Componentes y suministros de manufactura","31","3134 - Conjuntos de placa fabricado","3134","31341200-Conjuntos remachados de placa",null,"11191701-Torneados (virutas) de níquel"]
[null,"31000000-Componentes y suministros de manufactura","31","3134 - Conjuntos de placa fabricado","3134","31341300-Conjuntos de láminas soldadas con ultra violeta uv",null,"11191702-Torneados (virutas) de bronce"]
[null,"31000000-Componentes y suministros de manufactura","31","3134 - Conjuntos de placa fabricado","3134","31341400-Conjuntos de lámina soldada sónica",null,"12131501-Dinamita"]
[null,"31000000-Componentes y suministros de manufactura","31","3134 - Conjuntos de placa fabricado","3134","31341500-Conjuntos de lámina soldada de solvente",null,"12131502-Cartuchos explosivos"]
[null,"31000000-Componentes y suministros de manufactura","31","3134 - Conjuntos de placa fabricado","3134","31341600-Conjuntos de lámina con acabado ligado",null,"12131503-Explosivos propelentes"]
[null,"31000000-Componentes y suministros de manufactura","31","3134 - Conjuntos de placa fabricado","3134","31341700-Conjuntos de lámina empernada",null,"12131504-Cargas explosivas"]
[null,"31000000-Componentes y suministros de manufactura","31","3135 - Conjuntos de tubería fabricada","3135","31351100-Conjuntos de tubos soldados con ultra violeta uv",null,"12131505-Explosivos plásticos"]
[null,"31000000-Componentes y suministros de manufactura","31","3135 - Conjuntos de tubería fabricada","3135","31351200-Conjuntos de tubería soldada o soldada con latón",null,"12131506-Explosivos aluminizados"]
[null,"31000000-Componentes y suministros de manufactura","31","3135 - Conjuntos de tubería fabricada","3135","31351300-Conjuntos de tubería remachada",null,"12131507-Explosivos de nitrato de amonio"]
[null,"31000000-Componentes y suministros de manufactura","31","3135 - Conjuntos de tubería fabricada","3135","31351400-Conjuntos de tubería ligada",null,"12131508-Explosivos de polvo de nitroglicerina"]
[null,"31000000-Componentes y suministros de manufactura","31","3135 - Conjuntos de tubería fabricada","3135","31351500-Conjuntos de tubería empernados",null,"12131601-Fuegos artificiales"]
[null,"31000000-Componentes y suministros de manufactura","31","3135 - Conjuntos de tubería fabricada","3135","31351600-Conjuntos de tubería soldada de solvente",null,"12131602-Señales de niebla"]
[null,"31000000-Componentes y suministros de manufactura","31","3135 - Conjuntos de tubería fabricada","3135","31351700-Conjuntos de tubería soldada sónica",null,"12131603-Cohetes de lluvia"]
[null,"31000000-Componentes y suministros de manufactura","31","3136 - Conjuntos de placa fabricados","3136","31361100-Conjuntos de placa ligados",null,"12131604-Antorchas"]
[null,"31000000-Componentes y suministros de manufactura","31","3136 - Conjuntos de placa fabricados","3136","31361200-Conjuntos de placa empernados",null,"12131605-Materiales pirotécnicos para el teatro o la televisión"]
[null,"31000000-Componentes y suministros de manufactura","31","3136 - Conjuntos de placa fabricados","3136","31361300-Conjuntos de placa soldados de solvente",null,"12131701-Estopines"]
[null,"31000000-Componentes y suministros de manufactura","31","3136 - Conjuntos de placa fabricados","3136","31361400-Conjuntos de placas soldadas o soldadas con latón",null,"12131702-Detonadores"]
[null,"31000000-Componentes y suministros de manufactura","31","3136 - Conjuntos de placa fabricados","3136","31361500-Conjuntos de placas soldadas con ultra violeta uv",null,"12131703-Mechas explosivas"]
[null,"31000000-Componentes y suministros de manufactura","31","3136 - Conjuntos de placa fabricados","3136","31361600-Conjuntos de placas soldadas con sónico",null,"12131704-Iniciadores explosivos"]
[null,"31000000-Componentes y suministros de manufactura","31","3136 - Conjuntos de placa fabricados","3136","31361700-Conjuntos de placas remachadas",null,"12131705-Fulminantes explosivos"]
[null,"31000000-Componentes y suministros de manufactura","31","3137 - Refractarios","3137","31371000-Productos de fibra de cerámica",null,"12131706-Fósforos"]
[null,"31000000-Componentes y suministros de manufactura","31","3137 - Refractarios","3137","31371100-Ladrillos refractarios",null,"12131707-Encendedores"]
[null,"31000000-Componentes y suministros de manufactura","31","3137 - Refractarios","3137","31371200-Compuestos para moldear",null,"12131708-Caja detonadora"]
[null,"31000000-Componentes y suministros de manufactura","31","3137 - Refractarios","3137","31371300-Refractarios formados",null,"12131801-Propelente en polvo"]
[null,"31000000-Componentes y suministros de manufactura","31","3137 - Refractarios","3137","31371400-Losetas refractarias",null,"12131802-Propelente sólido"]
[null,"32000000-Componentes y suministros electrónicos","32","3210 - Circuitos impresos, circuitos integrados y micro ensamblajes","3210","32101500-Conjuntos de circuitos y componentes de radiofrecuencia (rf)",null,"12131803-Propelente de pistola"]
[null,"32000000-Componentes y suministros electrónicos","32","3210 - Circuitos impresos, circuitos integrados y micro ensamblajes","3210","32101600-Circuitos integrados",null,"12131804-Propelente de alta energía"]
[null,"32000000-Componentes y suministros electrónicos","32","3211 - Dispositivo semiconductor discreto","3211","32111500-Diodos",null,"12131805-Propelente en gel"]
[null,"32000000-Componentes y suministros electrónicos","32","3211 - Dispositivo semiconductor discreto","3211","32111600-Transistores",null,"12131806-Propelente híbridos"]
[null,"32000000-Componentes y suministros electrónicos","32","3211 - Dispositivo semiconductor discreto","3211","32111700-Aparatos semiconductores",null,"12141501-Berilio be"]
[null,"32000000-Componentes y suministros electrónicos","32","3212 - Componentes pasivos discretos","3212","32121500-Capacitores",null,"12141502-Magnesio mg"]
[null,"32000000-Componentes y suministros electrónicos","32","3212 - Componentes pasivos discretos","3212","32121600-Resistores",null,"12141503-Calcio ca"]
[null,"32000000-Componentes y suministros electrónicos","32","3212 - Componentes pasivos discretos","3212","32121700-Componentes discretos",null,"12141504-Estroncio sr"]
[null,"32000000-Componentes y suministros electrónicos","32","3213 - Piezas de componentes y hardware electrónicos y accesorios","3213","32131000-Accesorios, materias primas y piezas de componentes electrónicos",null,"12141505-Bario ba"]
[null,"32000000-Componentes y suministros electrónicos","32","3214 - Dispositivos de tubo electrónico y accesorios","3214","32141000-Tubos electrónicos",null,"12141506-Radio ra"]
[null,"32000000-Componentes y suministros electrónicos","32","3214 - Dispositivos de tubo electrónico y accesorios","3214","32141100-Piezas y accesorios de tubos electrónicos",null,"12141601-Cerio ce"]
[null,"39000000-Componentes, accesorios y suministros de sistemas eléctricos e iluminación","39","3910 - Lámparas y bombillas y componentes para lámparas","3910","39101600-Lámparas y bombillas",null,"12141602-Disprosio dy"]
[null,"39000000-Componentes, accesorios y suministros de sistemas eléctricos e iluminación","39","3910 - Lámparas y bombillas y componentes para lámparas","3910","39101700-Bombillas de vidrio",null,"12141603-Erbio er"]
[null,"39000000-Componentes, accesorios y suministros de sistemas eléctricos e iluminación","39","3910 - Lámparas y bombillas y componentes para lámparas","3910","39101800-Componentes y accesorios de lámpara",null,"12141604-Europio eu"]
[null,"39000000-Componentes, accesorios y suministros de sistemas eléctricos e iluminación","39","3911 - Iluminación, artefactos y accesorios","3911","39111500-Iluminación de interiores y artefactos",null,"12141605-Gadolinio gd"]
[null,"39000000-Componentes, accesorios y suministros de sistemas eléctricos e iluminación","39","3911 - Iluminación, artefactos y accesorios","3911","39111600-Iluminación exterior y artefactos",null,"12141606-Holmio ho"]
[null,"39000000-Componentes, accesorios y suministros de sistemas eléctricos e iluminación","39","3911 - Iluminación, artefactos y accesorios","3911","39111700-Alumbrado de emergencia",null,"12141607-Lantano la"]
[null,"39000000-Componentes, accesorios y suministros de sistemas eléctricos e iluminación","39","3911 - Iluminación, artefactos y accesorios","3911","39111800-Accesorios de iluminación",null,"12141608-Lutecio lu"]
[null,"39000000-Componentes, accesorios y suministros de sistemas eléctricos e iluminación","39","3911 - Iluminación, artefactos y accesorios","3911","39111900-Señalización e iluminación de emplazamientos peligrosos",null,"12141609-Neodimio nd"]
[null,"39000000-Componentes, accesorios y suministros de sistemas eléctricos e iluminación","39","3911 - Iluminación, artefactos y accesorios","3911","39112000-Proyectores móviles",null,"12141610-Praseodimio pr"]
[null,"39000000-Componentes, accesorios y suministros de sistemas eléctricos e iluminación","39","3912 - Equipos, suministros y componentes eléctricos","3912","39121000-Equipamiento para distribución y conversión de alimentación",null,"12141611-Promecio pm"]
[null,"39000000-Componentes, accesorios y suministros de sistemas eléctricos e iluminación","39","3912 - Equipos, suministros y componentes eléctricos","3912","39121100-Centros de control y distribución y accesorios",null,"12141612-Samario sm"]
[null,"39000000-Componentes, accesorios y suministros de sistemas eléctricos e iluminación","39","3912 - Equipos, suministros y componentes eléctricos","3912","39121200-Cerramientos de barras colectoras y componentes de gestión de hilos",null,"12141613-Escandio sc"]
[null,"39000000-Componentes, accesorios y suministros de sistemas eléctricos e iluminación","39","3912 - Equipos, suministros y componentes eléctricos","3912","39121300-Cuadros, registros y menaje para electricidad",null,"12141614-Terbio tb"]
[null,"39000000-Componentes, accesorios y suministros de sistemas eléctricos e iluminación","39","3912 - Equipos, suministros y componentes eléctricos","3912","39121400-Lengüetas de conexión, conectadores y terminales",null,"12141615-Tulio tm"]
[null,"39000000-Componentes, accesorios y suministros de sistemas eléctricos e iluminación","39","3912 - Equipos, suministros y componentes eléctricos","3912","39121500-Conmutadores, controles y relés y accesorios",null,"12141616-Iterbio yb"]
[null,"39000000-Componentes, accesorios y suministros de sistemas eléctricos e iluminación","39","3912 - Equipos, suministros y componentes eléctricos","3912","39121600-Dispositivos y accesorios para la protección de circuitos",null,"12141617-Itrio y"]
[null,"39000000-Componentes, accesorios y suministros de sistemas eléctricos e iluminación","39","3912 - Equipos, suministros y componentes eléctricos","3912","39121700-Ferretería eléctrica y suministros",null,"12141701-Actinio ac"]
[null,"40000000-Componentes y equipos para distribución y sistemas de acondicionamiento","40","4010 - Calefacción, ventilación y circulación del aire","4010","40101500-Ventilación",null,"12141702-Aluminio al"]
[null,"40000000-Componentes y equipos para distribución y sistemas de acondicionamiento","40","4010 - Calefacción, ventilación y circulación del aire","4010","40101600-Circulación del aire y piezas y accesorios",null,"12141703-Americio am"]
[null,"40000000-Componentes y equipos para distribución y sistemas de acondicionamiento","40","4010 - Calefacción, ventilación y circulación del aire","4010","40101700-Enfriamiento",null,"12141704-Antimonio sb"]
[null,"40000000-Componentes y equipos para distribución y sistemas de acondicionamiento","40","4010 - Calefacción, ventilación y circulación del aire","4010","40101800-Equipo de calefacción y piezas y accesorios",null,"12141705-Berkelio bk"]
[null,"40000000-Componentes y equipos para distribución y sistemas de acondicionamiento","40","4010 - Calefacción, ventilación y circulación del aire","4010","40101900-Control de humedad",null,"12141706-Bismuto bi"]
[null,"40000000-Componentes y equipos para distribución y sistemas de acondicionamiento","40","4010 - Calefacción, ventilación y circulación del aire","4010","40102000-Calderas",null,"12141707-Cadmio ca"]
[null,"40000000-Componentes y equipos para distribución y sistemas de acondicionamiento","40","4014 - Distribución de fluidos y gas","4014","40141600-Válvulas",null,"12141708-Californio cf"]
[null,"40000000-Componentes y equipos para distribución y sistemas de acondicionamiento","40","4014 - Distribución de fluidos y gas","4014","40141700-Material de ferretería y accesorios",null,"12141709-Cromo cr"]
[null,"40000000-Componentes y equipos para distribución y sistemas de acondicionamiento","40","4014 - Distribución de fluidos y gas","4014","40141900-Conductos",null,"12141710-Cobalto co"]
[null,"40000000-Componentes y equipos para distribución y sistemas de acondicionamiento","40","4014 - Distribución de fluidos y gas","4014","40142000-Mangueras",null,"12141711-Cobre cu"]
[null,"40000000-Componentes y equipos para distribución y sistemas de acondicionamiento","40","4014 - Distribución de fluidos y gas","4014","40142100-Tubería",null,"12141712-Curio cm"]
[null,"40000000-Componentes y equipos para distribución y sistemas de acondicionamiento","40","4014 - Distribución de fluidos y gas","4014","40142200-Reguladores de gas y fluido",null,"12141713-Einstenio es"]
[null,"40000000-Componentes y equipos para distribución y sistemas de acondicionamiento","40","4014 - Distribución de fluidos y gas","4014","40142300-Accesorios de tubería",null,"12141714-Fermio fm"]
[null,"40000000-Componentes y equipos para distribución y sistemas de acondicionamiento","40","4014 - Distribución de fluidos y gas","4014","40142400-Bridas de tubería",null,"12141715-Galio ga"]
[null,"40000000-Componentes y equipos para distribución y sistemas de acondicionamiento","40","4014 - Distribución de fluidos y gas","4014","40142500-Interceptores y coladores",null,"12141716-Germanio ge"]
[null,"40000000-Componentes y equipos para distribución y sistemas de acondicionamiento","40","4014 - Distribución de fluidos y gas","4014","40142600-Accesorios de tubería",null,"12141717-Oro au"]
[null,"40000000-Componentes y equipos para distribución y sistemas de acondicionamiento","40","4015 - Bombas y compresores industriales","4015","40151500-Bombas",null,"12141718-Hafnio hf"]
[null,"40000000-Componentes y equipos para distribución y sistemas de acondicionamiento","40","4015 - Bombas y compresores industriales","4015","40151600-Compresores",null,"12141719-Indio in"]
[null,"40000000-Componentes y equipos para distribución y sistemas de acondicionamiento","40","4015 - Bombas y compresores industriales","4015","40151700-Piezas y accesorios de bomba",null,"12141720-Iridio ir"]
[null,"40000000-Componentes y equipos para distribución y sistemas de acondicionamiento","40","4016 - Filtrado y purificación industrial","4016","40161500-Filtros",null,"12141721-Hierro fe"]
[null,"40000000-Componentes y equipos para distribución y sistemas de acondicionamiento","40","4016 - Filtrado y purificación industrial","4016","40161600-Purificación",null,"12141722-Lawrencio lr"]
[null,"40000000-Componentes y equipos para distribución y sistemas de acondicionamiento","40","4016 - Filtrado y purificación industrial","4016","40161700-Separadores",null,"12141723-Plomo pb"]
[null,"40000000-Componentes y equipos para distribución y sistemas de acondicionamiento","40","4016 - Filtrado y purificación industrial","4016","40161800-Medios de filtrado",null,"12141724-Manganeso mn"]
[null,"41000000-Equipos y suministros de laboratorio, de medición, de observación y de pruebas","41","4110 - Equipo de laboratorio y científico","4110","41101500-Equipo y suministros para la mezcla, la dispersión y la homogeneización en laboratorio",null,"12141725-Mendelevio md"]
[null,"41000000-Equipos y suministros de laboratorio, de medición, de observación y de pruebas","41","4110 - Equipo de laboratorio y científico","4110","41101700-Equipo de perforación, amoladura, corte, trituración y prensado para laboratorio",null,"12141726-Mercurio hg"]
[null,"41000000-Equipos y suministros de laboratorio, de medición, de observación y de pruebas","41","4110 - Equipo de laboratorio y científico","4110","41101800-Equipo de física de electrones y de estado sólido para laboratorio",null,"12141727-Molibdeno mo"]
[null,"41000000-Equipos y suministros de laboratorio, de medición, de observación y de pruebas","41","4110 - Equipo de laboratorio y científico","4110","41101900-Equipo iónico de laboratorio",null,"12141728-Neptunio np"]
[null,"41000000-Equipos y suministros de laboratorio, de medición, de observación y de pruebas","41","4110 - Equipo de laboratorio y científico","4110","41102400-Equipo de calefacción y secadores para laboratorio",null,"12141729-Níquel ni"]
[null,"41000000-Equipos y suministros de laboratorio, de medición, de observación y de pruebas","41","4110 - Equipo de laboratorio y científico","4110","41102500-Equipo entomológico para laboratorio y accesorios",null,"12141730-Niobio nb"]
[null,"41000000-Equipos y suministros de laboratorio, de medición, de observación y de pruebas","41","4110 - Equipo de laboratorio y científico","4110","41102600-Equipo y accesorios para laboratorio animal",null,"12141731-Nobelio no"]
[null,"41000000-Equipos y suministros de laboratorio, de medición, de observación y de pruebas","41","4110 - Equipo de laboratorio y científico","4110","41102700-Equipo de cristalografía",null,"12141732-Osmio os"]
[null,"41000000-Equipos y suministros de laboratorio, de medición, de observación y de pruebas","41","4110 - Equipo de laboratorio y científico","4110","41102900-Equipo de histología",null,"12141733-Paladio pd"]
[null,"41000000-Equipos y suministros de laboratorio, de medición, de observación y de pruebas","41","4110 - Equipo de laboratorio y científico","4110","41103000-Equipo de enfriamiento para laboratorio",null,"12141734-Platino pyt"]
[null,"41000000-Equipos y suministros de laboratorio, de medición, de observación y de pruebas","41","4110 - Equipo de laboratorio y científico","4110","41103200-Equipo de lavado de laboratorio",null,"12141735-Plutonio pu"]
[null,"41000000-Equipos y suministros de laboratorio, de medición, de observación y de pruebas","41","4110 - Equipo de laboratorio y científico","4110","41103300-Equipo de mecánica de fluidos",null,"12141736-Protactinio pa"]
[null,"41000000-Equipos y suministros de laboratorio, de medición, de observación y de pruebas","41","4110 - Equipo de laboratorio y científico","4110","41103400-Equipo de acondicionamiento ambiental para laboratorio",null,"12141737-Renio re"]
[null,"41000000-Equipos y suministros de laboratorio, de medición, de observación y de pruebas","41","4110 - Equipo de laboratorio y científico","4110","41103500-Recintos cerrados de laboratorio y accesorios",null,"12141738-Rodio rh"]
[null,"41000000-Equipos y suministros de laboratorio, de medición, de observación y de pruebas","41","4110 - Equipo de laboratorio y científico","4110","41103700-Cubetas de laboratorio",null,"12141739-Rutenio ru"]
[null,"41000000-Equipos y suministros de laboratorio, de medición, de observación y de pruebas","41","4110 - Equipo de laboratorio y científico","4110","41103800-Equipo y suministros para la mezcla y la agitación por sacudida o varillas en laboratorio",null,"12141740-Plata ag"]
[null,"41000000-Equipos y suministros de laboratorio, de medición, de observación y de pruebas","41","4110 - Equipo de laboratorio y científico","4110","41103900-Centrifugadoras de laboratorio y accesorios",null,"12141741-Tántalo ta"]
[null,"41000000-Equipos y suministros de laboratorio, de medición, de observación y de pruebas","41","4110 - Equipo de laboratorio y científico","4110","41104000-Equipo de toma de muestras",null,"12141742-Tecnecio te"]
[null,"41000000-Equipos y suministros de laboratorio, de medición, de observación y de pruebas","41","4110 - Equipo de laboratorio y científico","4110","41104100-Contenedores de recogida y transporte de especímenes, y suministros",null,"12141743-Talio tl"]
[null,"41000000-Equipos y suministros de laboratorio, de medición, de observación y de pruebas","41","4110 - Equipo de laboratorio y científico","4110","41104200-Equipo y suministros de purificación de agua para laboratorio",null,"12141744-Torio th"]
[null,"41000000-Equipos y suministros de laboratorio, de medición, de observación y de pruebas","41","4110 - Equipo de laboratorio y científico","4110","41104300-Equipo de fermentación",null,"12141745-Estaño sn"]
[null,"41000000-Equipos y suministros de laboratorio, de medición, de observación y de pruebas","41","4110 - Equipo de laboratorio y científico","4110","41104400-Equipo de incubación de laboratorio",null,"12141746-Titanio ti"]
[null,"41000000-Equipos y suministros de laboratorio, de medición, de observación y de pruebas","41","4110 - Equipo de laboratorio y científico","4110","41104500-Estufas de laboratorio y accesorios",null,"12141747-Tungsteno w"]
[null,"41000000-Equipos y suministros de laboratorio, de medición, de observación y de pruebas","41","4110 - Equipo de laboratorio y científico","4110","41104600-Hornos de laboratorio y accesorios",null,"12141748-Uranio u"]
[null,"41000000-Equipos y suministros de laboratorio, de medición, de observación y de pruebas","41","4110 - Equipo de laboratorio y científico","4110","41104700-Secadoras por congelación y liofilizadores de laboratorio, y accesorios",null,"12141749-Vanadio v"]
[null,"41000000-Equipos y suministros de laboratorio, de medición, de observación y de pruebas","41","4110 - Equipo de laboratorio y científico","4110","41104800-Equipo y suministros de laboratorio para el vertido, la destilación, la evaporación y la extracción",null,"12141750-Zinc zn"]
[null,"41000000-Equipos y suministros de laboratorio, de medición, de observación y de pruebas","41","4110 - Equipo de laboratorio y científico","4110","41104900-Equipo y suministros de filtrado para laboratorio",null,"12141751-Zirconio zr"]
[null,"41000000-Equipos y suministros de laboratorio, de medición, de observación y de pruebas","41","4110 - Equipo de laboratorio y científico","4110","41105000-Equipo y suministros de tamizado y cribado para laboratorio",null,"12141752-Bohrio bh"]
[null,"41000000-Equipos y suministros de laboratorio, de medición, de observación y de pruebas","41","4110 - Equipo de laboratorio y científico","4110","41105100-Bombas y conductos de laboratorio",null,"12141753-Dubnio db"]
[null,"41000000-Equipos y suministros de laboratorio, de medición, de observación y de pruebas","41","4110 - Equipo de laboratorio y científico","4110","41105200-Equipo de teñido de portaobjetos de laboratorio y accesorios",null,"12141754-Hassio hs"]
[null,"41000000-Equipos y suministros de laboratorio, de medición, de observación y de pruebas","41","4110 - Equipo de laboratorio y científico","4110","41105300-Sistemas de electroforesis y transferencia para laboratorio y suministros",null,"12141755-Rutherfordio rf"]
[null,"41000000-Equipos y suministros de laboratorio, de medición, de observación y de pruebas","41","4110 - Equipo de laboratorio y científico","4110","41105500-Kits y componentes de extracción, purificación y cuantificación de ácidos nucleicos",null,"12141756-Seaborgio sg"]
[null,"41000000-Equipos y suministros de laboratorio, de medición, de observación y de pruebas","41","4110 - Equipo de laboratorio y científico","4110","41105600-Productos secuenciadores de ácido desoxirribonucleico (adn)",null,"12141757-Ununnilium uum"]
[null,"41000000-Equipos y suministros de laboratorio, de medición, de observación y de pruebas","41","4110 - Equipo de laboratorio y científico","4110","41105700-Matrices génicas",null,"12141758-Unununium uuu"]
[null,"41000000-Equipos y suministros de laboratorio, de medición, de observación y de pruebas","41","4110 - Equipo de laboratorio y científico","4110","41105800-Productos de transcripción y traducción in vitro",null,"12141759-Ununbium uub"]
[null,"41000000-Equipos y suministros de laboratorio, de medición, de observación y de pruebas","41","4110 - Equipo de laboratorio y científico","4110","41105900-Bibliotecas y material relacionado",null,"12141760-Polonio po"]
[null,"41000000-Equipos y suministros de laboratorio, de medición, de observación y de pruebas","41","4110 - Equipo de laboratorio y científico","4110","41106000-Sistemas de etiquetado y detección de ácidos nucleicos",null,"12141801-Cesio cs"]
[null,"41000000-Equipos y suministros de laboratorio, de medición, de observación y de pruebas","41","4110 - Equipo de laboratorio y científico","4110","41106100-Kits de análisis de ácido desoxirribonucleico (adn)",null,"12141802-Francio fm"]
[null,"41000000-Equipos y suministros de laboratorio, de medición, de observación y de pruebas","41","4110 - Equipo de laboratorio y científico","4110","41106200-Medios, kits y equipo de propagación y transformación de microorganismos",null,"12141803-Litio li"]
[null,"41000000-Equipos y suministros de laboratorio, de medición, de observación y de pruebas","41","4110 - Equipo de laboratorio y científico","4110","41106300-Productos de reacción en cadena de la polimerasa (pcr) y reacción en cadena de transcriptasa inversa de la polimerasa (rt pcr)",null,"12141804-Potasio k"]
[null,"41000000-Equipos y suministros de laboratorio, de medición, de observación y de pruebas","41","4110 - Equipo de laboratorio y científico","4110","41106400-Iniciadores, enlaces y adaptadores",null,"12141805-Rubidio rb"]
[null,"41000000-Equipos y suministros de laboratorio, de medición, de observación y de pruebas","41","4110 - Equipo de laboratorio y científico","4110","41106500-Productos de expresión proteínica",null,"12141806-Sodio na"]
[null,"41000000-Equipos y suministros de laboratorio, de medición, de observación y de pruebas","41","4110 - Equipo de laboratorio y científico","4110","41106600-Vectores",null,"12141901-Cloro cl"]
[null,"41000000-Equipos y suministros de laboratorio, de medición, de observación y de pruebas","41","4111 - Instrumentos de medida, observación y ensayo","4111","41111500-Instrumentos de medición del peso",null,"12141902-Hidrógeno h"]
[null,"41000000-Equipos y suministros de laboratorio, de medición, de observación y de pruebas","41","4111 - Instrumentos de medida, observación y ensayo","4111","41111600-Instrumentos de medida de longitud, espesor o distancia",null,"12141903-Nitrógeno n"]
[null,"41000000-Equipos y suministros de laboratorio, de medición, de observación y de pruebas","41","4111 - Instrumentos de medida, observación y ensayo","4111","41111700-Instrumentos y accesorios de visión y observación",null,"12141904-Oxígeno o"]
[null,"41000000-Equipos y suministros de laboratorio, de medición, de observación y de pruebas","41","4111 - Instrumentos de medida, observación y ensayo","4111","41111800-Equipo de examen no destructivo",null,"12141905-Flúor f"]
[null,"41000000-Equipos y suministros de laboratorio, de medición, de observación y de pruebas","41","4111 - Instrumentos de medida, observación y ensayo","4111","41111900-Instrumentos indicadores y de registro",null,"12141906-Arsénico as"]
[null,"41000000-Equipos y suministros de laboratorio, de medición, de observación y de pruebas","41","4111 - Instrumentos de medida, observación y ensayo","4111","41112100-Transductores",null,"12141907-Boro b"]
[null,"41000000-Equipos y suministros de laboratorio, de medición, de observación y de pruebas","41","4111 - Instrumentos de medida, observación y ensayo","4111","41112200-Instrumentos de medida de temperatura y calor",null,"12141908-Carbono c"]
[null,"41000000-Equipos y suministros de laboratorio, de medición, de observación y de pruebas","41","4111 - Instrumentos de medida, observación y ensayo","4111","41112300-Instrumentos de medición de la humedad",null,"12141909-Fósforo p"]
[null,"41000000-Equipos y suministros de laboratorio, de medición, de observación y de pruebas","41","4111 - Instrumentos de medida, observación y ensayo","4111","41112400-Instrumentos de medida y control de la presión",null,"12141910-Selenio se"]
[null,"41000000-Equipos y suministros de laboratorio, de medición, de observación y de pruebas","41","4111 - Instrumentos de medida, observación y ensayo","4111","41112500-Instrumentos de medición y observación del caudal de fluidos",null,"12141911-Silicona si"]
[null,"41000000-Equipos y suministros de laboratorio, de medición, de observación y de pruebas","41","4111 - Instrumentos de medida, observación y ensayo","4111","41112600-Equipo de monitorización y comprobación higiénica",null,"12141912-Azufre s"]
[null,"41000000-Equipos y suministros de laboratorio, de medición, de observación y de pruebas","41","4111 - Instrumentos de medida, observación y ensayo","4111","41112700-Equipo para semillas y piensos",null,"12141913-Telurio te"]
[null,"41000000-Equipos y suministros de laboratorio, de medición, de observación y de pruebas","41","4111 - Instrumentos de medida, observación y ensayo","4111","41112800-Equipo e instrumentos relacionados con el transporte",null,"12141914-Astato at"]
[null,"41000000-Equipos y suministros de laboratorio, de medición, de observación y de pruebas","41","4111 - Instrumentos de medida, observación y ensayo","4111","41112900-Equipo e instrumentos de navegación",null,"12141915-Bromo br"]
[null,"41000000-Equipos y suministros de laboratorio, de medición, de observación y de pruebas","41","4111 - Instrumentos de medida, observación y ensayo","4111","41113000-Instrumentos de suministros evaluación química",null,"12141916-Yodo i"]
[null,"41000000-Equipos y suministros de laboratorio, de medición, de observación y de pruebas","41","4111 - Instrumentos de medida, observación y ensayo","4111","41113100-Analizadores y monitores de gas",null,"12142001-Gas xenón xe"]
[null,"41000000-Equipos y suministros de laboratorio, de medición, de observación y de pruebas","41","4111 - Instrumentos de medida, observación y ensayo","4111","41113300-Analizadores de líquidos, sólidos y elementos",null,"12142002-Gas radón rn"]
[null,"41000000-Equipos y suministros de laboratorio, de medición, de observación y de pruebas","41","4111 - Instrumentos de medida, observación y ensayo","4111","41113400-Instrumentos de evaluación nuclear",null,"12142003-Gas criptón kr"]
[null,"41000000-Equipos y suministros de laboratorio, de medición, de observación y de pruebas","41","4111 - Instrumentos de medida, observación y ensayo","4111","41113600-Equipo de medición y comprobación eléctrica",null,"12142004-Gas argón ar"]
[null,"41000000-Equipos y suministros de laboratorio, de medición, de observación y de pruebas","41","4111 - Instrumentos de medida, observación y ensayo","4111","41113700-Instrumentos de medición y comprobación de comunicación electrónica",null,"12142005-Gas helio he"]
[null,"41000000-Equipos y suministros de laboratorio, de medición, de observación y de pruebas","41","4111 - Instrumentos de medida, observación y ensayo","4111","41113800-Instrumentos geofísicos, geotécnicos e hidrológicos",null,"12142006-Gas neón ne"]
[null,"41000000-Equipos y suministros de laboratorio, de medición, de observación y de pruebas","41","4111 - Instrumentos de medida, observación y ensayo","4111","41113900-Equipo para medición de suelos",null,"12142101-Gases compuestos de hidrógeno"]
[null,"41000000-Equipos y suministros de laboratorio, de medición, de observación y de pruebas","41","4111 - Instrumentos de medida, observación y ensayo","4111","41114000-Equipo de medida de rocas y estratos",null,"12142102-Gases compuestos clorados"]
[null,"41000000-Equipos y suministros de laboratorio, de medición, de observación y de pruebas","41","4111 - Instrumentos de medida, observación y ensayo","4111","41114100-Instrumentos sismológicos",null,"12142103-Amoniaco"]
[null,"41000000-Equipos y suministros de laboratorio, de medición, de observación y de pruebas","41","4111 - Instrumentos de medida, observación y ensayo","4111","41114200-Instrumentos de agrimensión",null,"12142104-Gas dióxido de carbono"]
[null,"41000000-Equipos y suministros de laboratorio, de medición, de observación y de pruebas","41","4111 - Instrumentos de medida, observación y ensayo","4111","41114300-Instrumentos hidrológicos",null,"12142105-Aire industrial"]
[null,"41000000-Equipos y suministros de laboratorio, de medición, de observación y de pruebas","41","4111 - Instrumentos de medida, observación y ensayo","4111","41114400-Instrumentos meteorológicos",null,"12142106-Mezclas de gas inerte"]
[null,"41000000-Equipos y suministros de laboratorio, de medición, de observación y de pruebas","41","4111 - Instrumentos de medida, observación y ensayo","4111","41114500-Instrumentos mecánicos",null,"12142201-Disolvente deuterado"]
[null,"41000000-Equipos y suministros de laboratorio, de medición, de observación y de pruebas","41","4111 - Instrumentos de medida, observación y ensayo","4111","41114600-Instrumentos de verificación de metales, metalurgia y materiales estructurales",null,"12142202-Agua pesada"]
[null,"41000000-Equipos y suministros de laboratorio, de medición, de observación y de pruebas","41","4111 - Instrumentos de medida, observación y ensayo","4111","41114700-Instrumentos para comprobación de papel, madera y tejidos",null,"12142203-Fuentes alfa"]
[null,"41000000-Equipos y suministros de laboratorio, de medición, de observación y de pruebas","41","4111 - Instrumentos de medida, observación y ensayo","4111","41114800-Instrumentos para comprobación de cerámica y vidrio",null,"12142204-Fuentes beta"]
[null,"41000000-Equipos y suministros de laboratorio, de medición, de observación y de pruebas","41","4111 - Instrumentos de medida, observación y ensayo","4111","41115100-Instrumentos para comprobación de carbón y mineral",null,"12142205-Fuentes de cobalto"]
[null,"41000000-Equipos y suministros de laboratorio, de medición, de observación y de pruebas","41","4111 - Instrumentos de medida, observación y ensayo","4111","41115200-Sistemas y componentes de radar y sonar",null,"12142206-Fuentes gamma"]
[null,"41000000-Equipos y suministros de laboratorio, de medición, de observación y de pruebas","41","4111 - Instrumentos de medida, observación y ensayo","4111","41115300-Equipo de generación y medición de luz y ondas",null,"12142207-Fuentes radio – isótopo"]
[null,"41000000-Equipos y suministros de laboratorio, de medición, de observación y de pruebas","41","4111 - Instrumentos de medida, observación y ensayo","4111","41115400-Equipo espectroscópico",null,"12142208-Fuentes de calibración"]
[null,"41000000-Equipos y suministros de laboratorio, de medición, de observación y de pruebas","41","4111 - Instrumentos de medida, observación y ensayo","4111","41115500-Equipo de generación y medición de sonido",null,"12161501-Etiquetas de afinidad"]
[null,"41000000-Equipos y suministros de laboratorio, de medición, de observación y de pruebas","41","4111 - Instrumentos de medida, observación y ensayo","4111","41115600-Instrumentos y accesorios de medición electroquímica",null,"12161502-Agentes de entrecruzamiento"]
[null,"41000000-Equipos y suministros de laboratorio, de medición, de observación y de pruebas","41","4111 - Instrumentos de medida, observación y ensayo","4111","41115700-Instrumentos y accesorios de medición cromatográfica",null,"12161503-Kits de reactivos"]
[null,"41000000-Equipos y suministros de laboratorio, de medición, de observación y de pruebas","41","4111 - Instrumentos de medida, observación y ensayo","4111","41115800-Analizadores, accesorios y suministros clínicos y diagnósticos",null,"12161504-Reactivos sulfhidrilo"]
[null,"41000000-Equipos y suministros de laboratorio, de medición, de observación y de pruebas","41","4111 - Instrumentos de medida, observación y ensayo","4111","41116000-Reactivos de analizadores clínicos y diagnósticos",null,"12161505-Agentes de intercalación"]
[null,"41000000-Equipos y suministros de laboratorio, de medición, de observación y de pruebas","41","4111 - Instrumentos de medida, observación y ensayo","4111","41116100-Kits de ensayos manuales, controles de calidad, calibradores y normativas",null,"12161506-Agentes de desvío"]
[null,"41000000-Equipos y suministros de laboratorio, de medición, de observación y de pruebas","41","4111 - Instrumentos de medida, observación y ensayo","4111","41116200-Suministros y equipo para lugares de tratamiento de pacientes",null,"12161507-Reactivo cupferrón"]
[null,"41000000-Equipos y suministros de laboratorio, de medición, de observación y de pruebas","41","4111 - Instrumentos de medida, observación y ensayo","4111","41116300-Comprobadores de punto de inflamación para laboratorio",null,"12161601-Catalizadores ácidos"]
[null,"41000000-Equipos y suministros de laboratorio, de medición, de observación y de pruebas","41","4111 - Instrumentos de medida, observación y ensayo","4111","41116400-Instrumentos de medición de la aceleración y la vibración",null,"12161602-Catalizadores de combustión"]
[null,"41000000-Equipos y suministros de laboratorio, de medición, de observación y de pruebas","41","4111 - Instrumentos de medida, observación y ensayo","4111","41116500-Piezas y accesorios de instrumentos",null,"12161603-Catalizadores a la medida"]
[null,"41000000-Equipos y suministros de laboratorio, de medición, de observación y de pruebas","41","4112 - Suministros y accesorios de laboratorio","4112","41121500-Equipo y suministros de pipetas y manipulación de líquidos",null,"12161604-Catalizadores de ruptura"]
[null,"41000000-Equipos y suministros de laboratorio, de medición, de observación y de pruebas","41","4112 - Suministros y accesorios de laboratorio","4112","41121600-Puntas de pipeta",null,"12161701-Mezclas de anfólito"]
[null,"41000000-Equipos y suministros de laboratorio, de medición, de observación y de pruebas","41","4112 - Suministros y accesorios de laboratorio","4112","41121700-Tubos de ensayo",null,"12161702-Soluciones reguladoras de bicarbonato"]
[null,"41000000-Equipos y suministros de laboratorio, de medición, de observación y de pruebas","41","4112 - Suministros y accesorios de laboratorio","4112","41121800-Artículos de vidrio o plástico y suministros generales de laboratorio",null,"12161703-Otras soluciones reguladoras"]
[null,"41000000-Equipos y suministros de laboratorio, de medición, de observación y de pruebas","41","4112 - Suministros y accesorios de laboratorio","4112","41122000-Jeringuillas de laboratorio o de muestreo",null,"12161704-Soluciones reguladoras ácidas"]
[null,"41000000-Equipos y suministros de laboratorio, de medición, de observación y de pruebas","41","4112 - Suministros y accesorios de laboratorio","4112","41122100-Suministros de cultivo de tejido y cribado de alta definición",null,"12161705-Soluciones reguladoras básicas"]
[null,"41000000-Equipos y suministros de laboratorio, de medición, de observación y de pruebas","41","4112 - Suministros y accesorios de laboratorio","4112","41122200-Crisoles",null,"12161706-Soluciones reguladoras neutrales"]
[null,"41000000-Equipos y suministros de laboratorio, de medición, de observación y de pruebas","41","4112 - Suministros y accesorios de laboratorio","4112","41122300-Protectores y revestimientos de banco de laboratorio",null,"12161801-Geles"]
[null,"41000000-Equipos y suministros de laboratorio, de medición, de observación y de pruebas","41","4112 - Suministros y accesorios de laboratorio","4112","41122400-Instrumentos de laboratorio",null,"12161802-Suspensiones"]
[null,"41000000-Equipos y suministros de laboratorio, de medición, de observación y de pruebas","41","4112 - Suministros y accesorios de laboratorio","4112","41122500-Corchos, tapones y accesorios de laboratorio",null,"12161803-Aerosoles"]
[null,"41000000-Equipos y suministros de laboratorio, de medición, de observación y de pruebas","41","4112 - Suministros y accesorios de laboratorio","4112","41122600-Portaobjetos de laboratorio y suministros",null,"12161804-Emulsiones"]
[null,"41000000-Equipos y suministros de laboratorio, de medición, de observación y de pruebas","41","4112 - Suministros y accesorios de laboratorio","4112","41122700-Cintas y etiquetas de laboratorio",null,"12161805-Agentes gelificantes naturales"]
[null,"41000000-Equipos y suministros de laboratorio, de medición, de observación y de pruebas","41","4112 - Suministros y accesorios de laboratorio","4112","41122800-Estantes, soportes y bandejas de laboratorio",null,"12161806-Agentes gelificantes sintéticos"]
[null,"41000000-Equipos y suministros de laboratorio, de medición, de observación y de pruebas","41","4112 - Suministros y accesorios de laboratorio","4112","41123000-Desecadores y desecantes de laboratorio",null,"12161807-Estabilizadores de gel"]
[null,"41000000-Equipos y suministros de laboratorio, de medición, de observación y de pruebas","41","4112 - Suministros y accesorios de laboratorio","4112","41123100-Suministros de diálisis para laboratorio",null,"12161808-Agentes de suspensión"]
[null,"41000000-Equipos y suministros de laboratorio, de medición, de observación y de pruebas","41","4112 - Suministros y accesorios de laboratorio","4112","41123200-Especímenes preservados y suministros",null,"12161901-Agentes anti – espuma"]
[null,"41000000-Equipos y suministros de laboratorio, de medición, de observación y de pruebas","41","4112 - Suministros y accesorios de laboratorio","4112","41123300-Contenedores y armarios de almacenamiento general para laboratorio",null,"12161902-Surfactantes detergentes"]
[null,"41000000-Equipos y suministros de laboratorio, de medición, de observación y de pruebas","41","4112 - Suministros y accesorios de laboratorio","4112","41123400-Dispositivos de dosificación",null,"12161903-Agentes de espuma"]
[null,"42000000-Equipo médico, accesorios y suministros","42","4212 - Equipos y suministros veterinarios","4212","42121500-Equipo veterinario",null,"12161904-Agentes de dispersión"]
[null,"42000000-Equipo médico, accesorios y suministros","42","4212 - Equipos y suministros veterinarios","4212","42121600-Productos veterinarios",null,"12161905-Enjuagues"]
[null,"42000000-Equipo médico, accesorios y suministros","42","4212 - Equipos y suministros veterinarios","4212","42121700-Mobiliario clínico veterinario",null,"12161906-Agentes de humectación"]
[null,"42000000-Equipo médico, accesorios y suministros","42","4213 - Telas y vestidos médicos","4213","42131500-Vestuario para pacientes",null,"12161907-Aditivos de inundación de agua"]
[null,"42000000-Equipo médico, accesorios y suministros","42","4213 - Telas y vestidos médicos","4213","42131600-Vestuario para el personal sanitario y artículos relacionados",null,"12162002-Poliméricos"]
[null,"42000000-Equipo médico, accesorios y suministros","42","4213 - Telas y vestidos médicos","4213","42131700-Prendas textiles quirúrgicas",null,"12162003-Aceites agrícolas"]
[null,"42000000-Equipo médico, accesorios y suministros","42","4213 - Telas y vestidos médicos","4213","42132100-Ropa blanca del hospital",null,"12162004-Sulfonamidas"]
[null,"42000000-Equipo médico, accesorios y suministros","42","4213 - Telas y vestidos médicos","4213","42132200-Guantes y accesorios médicos",null,"12162005-Glutaratos"]
[null,"42000000-Equipo médico, accesorios y suministros","42","4214 - Suministros y productos de tratamiento y cuidado del enfermo","4214","42141500-Bolas de algodón y copitos aplicadores",null,"12162101-Retardantes brominados"]
[null,"42000000-Equipo médico, accesorios y suministros","42","4214 - Suministros y productos de tratamiento y cuidado del enfermo","4214","42141600-Palanganas y bacinillas de cama y orinales y equipos de ingreso",null,"12162201-Ácido ascórbico"]
[null,"42000000-Equipo médico, accesorios y suministros","42","4214 - Suministros y productos de tratamiento y cuidado del enfermo","4214","42141700-Productos para la prevención de decúbito",null,"12162202-Beta caroteno"]
[null,"42000000-Equipo médico, accesorios y suministros","42","4214 - Suministros y productos de tratamiento y cuidado del enfermo","4214","42141800-Equipo de electroterapia",null,"12162203-Butilhidroxianisol"]
[null,"42000000-Equipo médico, accesorios y suministros","42","4214 - Suministros y productos de tratamiento y cuidado del enfermo","4214","42141900-Suministros para la administración de enema",null,"12162204-Butilado hidroxitolueno"]
[null,"42000000-Equipo médico, accesorios y suministros","42","4214 - Suministros y productos de tratamiento y cuidado del enfermo","4214","42142000-Instrumentos de grado bajo \"floor grade\"",null,"12162205-Citrato de calcio"]
[null,"42000000-Equipo médico, accesorios y suministros","42","4214 - Suministros y productos de tratamiento y cuidado del enfermo","4214","42142100-Productos de terapia de frío y de calor",null,"12162206-Cantaxantina"]
[null,"42000000-Equipo médico, accesorios y suministros","42","4214 - Suministros y productos de tratamiento y cuidado del enfermo","4214","42142200-Productos de hidroterapia",null,"12162207-Melatonina"]
[null,"42000000-Equipo médico, accesorios y suministros","42","4214 - Suministros y productos de tratamiento y cuidado del enfermo","4214","42142300-Productos de documentación médica",null,"12162208-Ácido nordihidroguaiarético"]
[null,"42000000-Equipo médico, accesorios y suministros","42","4214 - Suministros y productos de tratamiento y cuidado del enfermo","4214","42142400-Productos médicos de vacío o de succión",null,"12162209-Galato de propilo"]
[null,"42000000-Equipo médico, accesorios y suministros","42","4214 - Suministros y productos de tratamiento y cuidado del enfermo","4214","42142500-Agujas de inyección y aspiración y accesorios",null,"12162210-Silibinina"]
[null,"42000000-Equipo médico, accesorios y suministros","42","4214 - Suministros y productos de tratamiento y cuidado del enfermo","4214","42142600-Jeringas y accesorios",null,"12162211-Dióxido de azufre"]
[null,"42000000-Equipo médico, accesorios y suministros","42","4214 - Suministros y productos de tratamiento y cuidado del enfermo","4214","42142700-Suministros urológicos",null,"12162212-Ubicquinona o coenzima q10"]
[null,"42000000-Equipo médico, accesorios y suministros","42","4214 - Suministros y productos de tratamiento y cuidado del enfermo","4214","42142800-Suministros y equipos para terapia vascular y de compresión",null,"12162301-Agentes de curado transmitidos por el agua"]
[null,"42000000-Equipo médico, accesorios y suministros","42","4214 - Suministros y productos de tratamiento y cuidado del enfermo","4214","42142900-Corrección de la visión o gafas cosméticas y productos relacionados",null,"12162302-Aceleradores de cemento"]
[null,"42000000-Equipo médico, accesorios y suministros","42","4214 - Suministros y productos de tratamiento y cuidado del enfermo","4214","42143100-Equipo y suministros de obstetricia y ginecología",null,"12162303-Retardantes de cemento"]
[null,"42000000-Equipo médico, accesorios y suministros","42","4214 - Suministros y productos de tratamiento y cuidado del enfermo","4214","42143200-Equipo y suministros de tratamiento de la fertilidad y la esterilidad",null,"12162401-Rompedores de polímero ácido"]
[null,"42000000-Equipo médico, accesorios y suministros","42","4214 - Suministros y productos de tratamiento y cuidado del enfermo","4214","42143300-Equipo y suministros de quimioterapia",null,"12162402-Rompedores de polímero orgánico"]
[null,"42000000-Equipo médico, accesorios y suministros","42","4214 - Suministros y productos de tratamiento y cuidado del enfermo","4214","42143400-Equipo y suministros de control de hiperhidrosis",null,"12162501-Rompedores de emulsión agua en aceite"]
[null,"42000000-Equipo médico, accesorios y suministros","42","4214 - Suministros y productos de tratamiento y cuidado del enfermo","4214","42143500-Productos y accesorios de otorrinolaringología",null,"12162502-Rompedores de emulsión aceite en agua"]
[null,"42000000-Equipo médico, accesorios y suministros","42","4214 - Suministros y productos de tratamiento y cuidado del enfermo","4214","42143600-Sujeciones y accesorios",null,"12162503-Ayudas de flotación"]
[null,"42000000-Equipo médico, accesorios y suministros","42","4215 - Equipos y suministros dentales","4215","42151500-Suministros y equipos de odontología cosmética",null,"12162601-Estabilizadores de arcilla inorgánica"]
[null,"42000000-Equipo médico, accesorios y suministros","42","4215 - Equipos y suministros dentales","4215","42151600-Instrumentos y dispositivos dentales y de subespecialidad",null,"12162602-Estabilizadores de arcilla orgánica"]
[null,"42000000-Equipo médico, accesorios y suministros","42","4215 - Equipos y suministros dentales","4215","42151700-Muebles para la clínica dental",null,"12162701-Aditivos de pérdida de fluido de polímeros modificados"]
[null,"42000000-Equipo médico, accesorios y suministros","42","4215 - Equipos y suministros dentales","4215","42151800-Rellenos y acabados dentales y suministros para pulir",null,"12162702-Aditivos de pérdida de fluido de polímeros naturales"]
[null,"42000000-Equipo médico, accesorios y suministros","42","4215 - Equipos y suministros dentales","4215","42151900-Equipo y suministros para higiene dental y cuidado preventivo",null,"12162801-Reductores de fricción aniónico"]
[null,"42000000-Equipo médico, accesorios y suministros","42","4215 - Equipos y suministros dentales","4215","42152000-Equipo y suministros para hacer imágenes dentales",null,"12162802-Reductores de fricción catódica"]
[null,"42000000-Equipo médico, accesorios y suministros","42","4215 - Equipos y suministros dentales","4215","42152100-Equipo y suministros dentales para impresión y formar",null,"12162901-Agentes de control de asfaltenos de parafina tipo solvente"]
[null,"42000000-Equipo médico, accesorios y suministros","42","4215 - Equipos y suministros dentales","4215","42152200-Equipo y suministros dentales de laboratorio y de esterilización",null,"12162902-Agentes de control de asfaltenos de parafina modificados cristal"]
[null,"42000000-Equipo médico, accesorios y suministros","42","4215 - Equipos y suministros dentales","4215","42152300-Láseres y equipo de iluminación y fibra óptica para odontología, y suministros",null,"12162903-Agentes de control de asfaltenos de parafina tipo dispersante"]
[null,"42000000-Equipo médico, accesorios y suministros","42","4215 - Equipos y suministros dentales","4215","42152400-Materiales dentales",null,"12163001-Agentes de limpieza de lodo"]
[null,"42000000-Equipo médico, accesorios y suministros","42","4215 - Equipos y suministros dentales","4215","42152500-Suministros dentales generales",null,"12163101-Aditivos anti – lodos"]
[null,"42000000-Equipo médico, accesorios y suministros","42","4215 - Equipos y suministros dentales","4215","42152600-Suministros específicos a la operación dental",null,"12163201-Aditivos de migración anti gas"]
[null,"42000000-Equipo médico, accesorios y suministros","42","4215 - Equipos y suministros dentales","4215","42152700-Equipo y suministros ortodoncia y prostodónticos",null,"12163301-Agentes de expansión de cemento"]
[null,"42000000-Equipo médico, accesorios y suministros","42","4215 - Equipos y suministros dentales","4215","42152800-Equipo y suministro periodontal",null,"12163401-Extensores de cemento"]
[null,"42000000-Equipo médico, accesorios y suministros","42","4216 - Equipo de diálisis y suministros","4216","42161500-Equipo de diálisis peritoneal y de equilibrio y suministros",null,"12163501-Sellantes de cemento"]
[null,"42000000-Equipo médico, accesorios y suministros","42","4216 - Equipo de diálisis y suministros","4216","42161600-Equipo de hemodiálisis extracorpórea y suministros",null,"12163601-Inhibidores de corrosión en la producción de petróleo"]
[null,"42000000-Equipo médico, accesorios y suministros","42","4216 - Equipo de diálisis y suministros","4216","42161700-Equipo de hemofiltración y suministros",null,"12163602-Inhibidores de corrosión en la producción de gas"]
[null,"42000000-Equipo médico, accesorios y suministros","42","4216 - Equipo de diálisis y suministros","4216","42161800-Equipo y suministros de terapia renal sustitutiva continua (crrt)",null,"12163701-Controladores de hidrato de gas"]
[null,"42000000-Equipo médico, accesorios y suministros","42","4217 - Productos para los servicios médicos de urgencias y campo","4217","42171500-Productos de servicio médico de urgencia en la gestión de desastre",null,"12163801-Eliminadores de sulfuro de hidrógeno"]
[null,"42000000-Equipo médico, accesorios y suministros","42","4217 - Productos para los servicios médicos de urgencias y campo","4217","42171600-Productos de sacar, inmovilizar y trasladar de servicios médicos de urgencia",null,"12163802-Eliminadores de oxígeno"]
[null,"42000000-Equipo médico, accesorios y suministros","42","4217 - Productos para los servicios médicos de urgencias y campo","4217","42171700-Mantas de servicios médicos de urgencia",null,"12163901-Inhibidores de incrustaciones"]
[null,"42000000-Equipo médico, accesorios y suministros","42","4217 - Productos para los servicios médicos de urgencias y campo","4217","42171800-Equipo de servicios médicos de urgencia de gestión del vía de aire",null,"12163902-Removedores o convertidores de incrustaciones"]
[null,"42000000-Equipo médico, accesorios y suministros","42","4217 - Productos para los servicios médicos de urgencias y campo","4217","42171900-Cajas o bolsas de almacenaje para servicios médicos de urgencia",null,"12164001-Microbicidas registrados"]
[null,"42000000-Equipo médico, accesorios y suministros","42","4217 - Productos para los servicios médicos de urgencias y campo","4217","42172000-Kits para los servicios médicos de urgencias y campo",null,"12164101-Aditivos in situ"]
[null,"42000000-Equipo médico, accesorios y suministros","42","4217 - Productos para los servicios médicos de urgencias y campo","4217","42172100-Productos de resucitación de servicios médicos de emergencia",null,"12164102-Aditivos ácidos"]
[null,"42000000-Equipo médico, accesorios y suministros","42","4217 - Productos para los servicios médicos de urgencias y campo","4217","42172200-Suministros de servicios médicos de emergencia",null,"12164201-Inhibidores anti – corrosión"]
[null,"42000000-Equipo médico, accesorios y suministros","42","4218 - Productos de examen y control del paciente","4218","42181500-Evaluación diagnóstica y productos de examen de uso general",null,"12164301-Aditivos de control de hierro"]
[null,"42000000-Equipo médico, accesorios y suministros","42","4218 - Productos de examen y control del paciente","4218","42181600-Unidades de presión sanguínea y productos relacionados",null,"12164401-Aditivos no emulsificantes"]
[null,"42000000-Equipo médico, accesorios y suministros","42","4218 - Productos de examen y control del paciente","4218","42181700-Unidades de electrocardiografía (ecg) y productos relacionados",null,"12164501-Preservativos de alimentos"]
[null,"42000000-Equipo médico, accesorios y suministros","42","4218 - Productos de examen y control del paciente","4218","42181800-Oxímetros de pulso",null,"12164502-sabores o extractos"]
[null,"42000000-Equipo médico, accesorios y suministros","42","4218 - Productos de examen y control del paciente","4218","42181900-Unidades de control de cuidado intenso y productos relacionados",null,"12164503-Aditivos de fragancia"]
[null,"42000000-Equipo médico, accesorios y suministros","42","4218 - Productos de examen y control del paciente","4218","42182000-Especulo y scopios y accesorios para uso del reconocimiento diagnóstico médico",null,"12164504-Endulzantes"]
[null,"42000000-Equipo médico, accesorios y suministros","42","4218 - Productos de examen y control del paciente","4218","42182100-Estetoscopio y productos relacionados",null,"12171501-Colorantes fluorescentes"]
[null,"42000000-Equipo médico, accesorios y suministros","42","4218 - Productos de examen y control del paciente","4218","42182200-Termómetros médicos y accesorios",null,"12171502-Colorantes ftaleínicos"]
[null,"42000000-Equipo médico, accesorios y suministros","42","4218 - Productos de examen y control del paciente","4218","42182300-Productos del examen neurológico",null,"12171503-Colorantes rosanilina"]
[null,"42000000-Equipo médico, accesorios y suministros","42","4218 - Productos de examen y control del paciente","4218","42182400-Productos para probar el oír",null,"12171504-Colorantes fdc seguros para alimentos o cosméticos"]
[null,"42000000-Equipo médico, accesorios y suministros","42","4218 - Productos de examen y control del paciente","4218","42182500-Metros de función nasal",null,"12171505-Lacado"]
[null,"42000000-Equipo médico, accesorios y suministros","42","4218 - Productos de examen y control del paciente","4218","42182600-Lámparas o luces de examen médico",null,"12171506-Colorantes naturales"]
[null,"42000000-Equipo médico, accesorios y suministros","42","4218 - Productos de examen y control del paciente","4218","42182700-Dispositivos de medición de talla de examen médico",null,"12171602-Óxidos metálicos inorgánicos"]
[null,"42000000-Equipo médico, accesorios y suministros","42","4218 - Productos de examen y control del paciente","4218","42182800-Básculas médicas de peso",null,"12171603-Negro carbono"]
[null,"42000000-Equipo médico, accesorios y suministros","42","4218 - Productos de examen y control del paciente","4218","42182900-Mesas de examen de especialidad y productos relacionados",null,"12171604-Dióxido de titanio"]
[null,"42000000-Equipo médico, accesorios y suministros","42","4218 - Productos de examen y control del paciente","4218","42183000-Productos de examen diagnóstico oftálmico",null,"12171605-Pigmentos orgánicos"]
[null,"42000000-Equipo médico, accesorios y suministros","42","4218 - Productos de examen y control del paciente","4218","42183100-Medidores de la capacidad gustativa",null,"12171701-Concentrado de color de polímero"]
[null,"42000000-Equipo médico, accesorios y suministros","42","4218 - Productos de examen y control del paciente","4218","42183200-Equipo y suministros de alergología",null,"12171702-Dispersiones de pigmento"]
[null,"42000000-Equipo médico, accesorios y suministros","42","4218 - Productos de examen y control del paciente","4218","42183300-Accesorios de unidades de examen de otorrinolaringología y productos relacionados",null,"12171703-Tintas"]
[null,"42000000-Equipo médico, accesorios y suministros","42","4219 - Productos de facilidad médica","4219","42191500-Manejo de materiales de facilidad médica y equipo de distribución",null,"12181501-Ceras sintéticas"]
[null,"42000000-Equipo médico, accesorios y suministros","42","4219 - Productos de facilidad médica","4219","42191600-Sistemas de construcción de facilidad médica",null,"12181502-Ceras naturales"]
[null,"42000000-Equipo médico, accesorios y suministros","42","4219 - Productos de facilidad médica","4219","42191700-Productos de gas de hospital",null,"12181503-Parafinas"]
[null,"42000000-Equipo médico, accesorios y suministros","42","4219 - Productos de facilidad médica","4219","42191800-Camas de paciente y accesorios",null,"12181504-Petrolatos"]
[null,"42000000-Equipo médico, accesorios y suministros","42","4219 - Productos de facilidad médica","4219","42191900-Armarios clínicos",null,"12181601-Aceites sintéticos"]
[null,"42000000-Equipo médico, accesorios y suministros","42","4219 - Productos de facilidad médica","4219","42192000-Mesas de examen o de procedimiento clínico",null,"12181602-Aceites naturales"]
[null,"42000000-Equipo médico, accesorios y suministros","42","4219 - Productos de facilidad médica","4219","42192100-Asientos y taburetes clínicos y productos relacionados",null,"12191501-Disolventes aromáticos"]
[null,"42000000-Equipo médico, accesorios y suministros","42","4219 - Productos de facilidad médica","4219","42192200-Productos para transporte de paciente",null,"12191502-Disolventes alifáticos"]
[null,"42000000-Equipo médico, accesorios y suministros","42","4219 - Productos de facilidad médica","4219","42192300-Elevadores de paciente",null,"12191503-Fenoles o sus sustitutos y derivados"]
[null,"42000000-Equipo médico, accesorios y suministros","42","4219 - Productos de facilidad médica","4219","42192400-Transporte de equipo médico y traslado de productos",null,"12191504-Alcanos cíclicos"]
[null,"42000000-Equipo médico, accesorios y suministros","42","4219 - Productos de facilidad médica","4219","42192500-Protectores para equipo médico",null,"12191601-Solventes de alcohol"]
[null,"42000000-Equipo médico, accesorios y suministros","42","4219 - Productos de facilidad médica","4219","42192600-Dispositivos de dosificación y medición de medicamentos y suministros",null,"12191602-Solventes activos"]
[null,"42000000-Equipo médico, accesorios y suministros","42","4220 - Productos de hacer imágenes diagnósticas médicas y de medicina nuclear","4220","42201500-Sistemas de tomografía informatizada (tac o ct) médica y productos relacionados",null,"12352001-Alcanos"]
[null,"42000000-Equipo médico, accesorios y suministros","42","4220 - Productos de hacer imágenes diagnósticas médicas y de medicina nuclear","4220","42201600-Productos de resonancia magnética (mri) médica",null,"12352002-Alquenos"]
[null,"42000000-Equipo médico, accesorios y suministros","42","4220 - Productos de hacer imágenes diagnósticas médicas y de medicina nuclear","4220","42201700-Productos de hacer imágenes de ultrasonido médico y de doppler y de eco",null,"12352003-Alquinos"]
[null,"42000000-Equipo médico, accesorios y suministros","42","4220 - Productos de hacer imágenes diagnósticas médicas y de medicina nuclear","4220","42201800-Productos radiográficos de diagnóstico médico",null,"12352005-Compuestos aromáticos o heterocíclicos"]
[null,"42000000-Equipo médico, accesorios y suministros","42","4220 - Productos de hacer imágenes diagnósticas médicas y de medicina nuclear","4220","42201900-Fuentes de iluminación y equipo de visión de película radiográfica médica",null,"12352101-Compuestos halogenados orgánicos"]
[null,"42000000-Equipo médico, accesorios y suministros","42","4220 - Productos de hacer imágenes diagnósticas médicas y de medicina nuclear","4220","42202000-Cámaras médicas gamma de diagnóstico y productos relacionados",null,"12352102-Compuestos orgánicos nitro o nitroso"]
[null,"42000000-Equipo médico, accesorios y suministros","42","4220 - Productos de hacer imágenes diagnósticas médicas y de medicina nuclear","4220","42202100-Productos de braquiterapia",null,"12352103-Compuestos órgano – metálicos"]
[null,"42000000-Equipo médico, accesorios y suministros","42","4220 - Productos de hacer imágenes diagnósticas médicas y de medicina nuclear","4220","42202200-Productos de radiación gamma",null,"12352104-Alcoholes o sus sustitutos"]
[null,"42000000-Equipo médico, accesorios y suministros","42","4220 - Productos de hacer imágenes diagnósticas médicas y de medicina nuclear","4220","42202300-Productos de acelerador lineal de terapia de radiación de intensidad modulada (imrt) médica",null,"12352105-Alcoholes tio (mercaptanos)"]
[null,"42000000-Equipo médico, accesorios y suministros","42","4220 - Productos de hacer imágenes diagnósticas médicas y de medicina nuclear","4220","42202400-Equipo de tomografía por emisión de positrones (pet) médica y productos relacionados",null,"12352106-Ácidos orgánicos o sus sustitutos"]
[null,"42000000-Equipo médico, accesorios y suministros","42","4220 - Productos de hacer imágenes diagnósticas médicas y de medicina nuclear","4220","42202500-Equipo de tomografía informatizada por emisión de fotones simples (spect) médica y productos relacionados",null,"12352107-Sales orgánicas o sus sustitutos"]
[null,"42000000-Equipo médico, accesorios y suministros","42","4220 - Productos de hacer imágenes diagnósticas médicas y de medicina nuclear","4220","42202600-Productos de administración de radioisótopos y radioimunoterapia",null,"12352108-Esteres o sus sustitutos"]
[null,"42000000-Equipo médico, accesorios y suministros","42","4220 - Productos de hacer imágenes diagnósticas médicas y de medicina nuclear","4220","42202700-Productos de radioterapia tele terapia",null,"12352111-Amidas o imidas"]
[null,"42000000-Equipo médico, accesorios y suministros","42","4220 - Productos de hacer imágenes diagnósticas médicas y de medicina nuclear","4220","42202800-Litotriptores y productos relacionados",null,"12352112-Esteres o sus sustitutos"]
[null,"42000000-Equipo médico, accesorios y suministros","42","4220 - Productos de hacer imágenes diagnósticas médicas y de medicina nuclear","4220","42202900-Equipo radiográfico médico de bajo consumo eléctrico",null,"12352113-Tioéteres"]
[null,"42000000-Equipo médico, accesorios y suministros","42","4220 - Productos de hacer imágenes diagnósticas médicas y de medicina nuclear","4220","42203000-Aceleradores médicos lineales y productos relacionados",null,"12352114-Aldehídos o sus sustitutos"]
[null,"42000000-Equipo médico, accesorios y suministros","42","4220 - Productos de hacer imágenes diagnósticas médicas y de medicina nuclear","4220","42203100-Instrumentos radio biológicos",null,"12352115-Cetonas o quinonas o sus sustitutos"]
[null,"42000000-Equipo médico, accesorios y suministros","42","4220 - Productos de hacer imágenes diagnósticas médicas y de medicina nuclear","4220","42203200-Simuladores de radioterapia",null,"12352116-Amines o imines o sus sustitutos"]
[null,"42000000-Equipo médico, accesorios y suministros","42","4220 - Productos de hacer imágenes diagnósticas médicas y de medicina nuclear","4220","42203300-Sistemas médicos estereotáctica",null,"12352117-Cianuros o isocianuros"]
[null,"42000000-Equipo médico, accesorios y suministros","42","4220 - Productos de hacer imágenes diagnósticas médicas y de medicina nuclear","4220","42203400-Productos para hacer imágenes vasculares y para cardiología intervencionista y laboratorios de cateterización cardiaca",null,"12352118-Cianatos o isocianatos o tiocianatos o isotiocianatos"]
[null,"42000000-Equipo médico, accesorios y suministros","42","4220 - Productos de hacer imágenes diagnósticas médicas y de medicina nuclear","4220","42203500-Marcapasos cardiacos o productos relacionados",null,"12352119-Óxidos orgánicos"]
[null,"42000000-Equipo médico, accesorios y suministros","42","4220 - Productos de hacer imágenes diagnósticas médicas y de medicina nuclear","4220","42203600-Productos de archivar y información de toma de imágenes radiológicos médicos",null,"12352120-Peróxidos orgánicos"]
[null,"42000000-Equipo médico, accesorios y suministros","42","4220 - Productos de hacer imágenes diagnósticas médicas y de medicina nuclear","4220","42203700-Suministros y equipo de procesado de toma de imágenes médicos",null,"12352121-Hidróxidos orgánicos"]
[null,"42000000-Equipo médico, accesorios y suministros","42","4220 - Productos de hacer imágenes diagnósticas médicas y de medicina nuclear","4220","42203800-Auxilios de posicionamiento radiológico médico",null,"12352123-Ureidos o purinas o sus derivados"]
[null,"42000000-Equipo médico, accesorios y suministros","42","4220 - Productos de hacer imágenes diagnósticas médicas y de medicina nuclear","4220","42203900-Productos para controlar o detectar radiación médica",null,"12352124-Azo compuestos o sus sustitutos"]
[null,"42000000-Equipo médico, accesorios y suministros","42","4220 - Productos de hacer imágenes diagnósticas médicas y de medicina nuclear","4220","42204000-Productos de protección y resguardo radiológico médico",null,"12352125-Azidas o azinas"]
[null,"42000000-Equipo médico, accesorios y suministros","42","4221 - Ayuda para personas con desafíos físicos para vivir independiente","4221","42211500-Ayuda de ambulación y traslado y posicionar para personas físicamente discapacitadas",null,"12352126-Oximas"]
[null,"42000000-Equipo médico, accesorios y suministros","42","4221 - Ayuda para personas con desafíos físicos para vivir independiente","4221","42211600-Baño y ayudas de baño para personas físicamente discapacitadas",null,"12352127-Hidracinas o hidracidas o sus sustitutos"]
[null,"42000000-Equipo médico, accesorios y suministros","42","4221 - Ayuda para personas con desafíos físicos para vivir independiente","4221","42211700-Ayudas de comunicación para personas físicamente discapacitadas",null,"12352128-Fosfinas"]
[null,"42000000-Equipo médico, accesorios y suministros","42","4221 - Ayuda para personas con desafíos físicos para vivir independiente","4221","42211800-Ayuda para vestirse y asearse para personas físicamente discapacitadas",null,"12352129-Amidinas o imidinas"]
[null,"42000000-Equipo médico, accesorios y suministros","42","4221 - Ayuda para personas con desafíos físicos para vivir independiente","4221","42211800-Ayuda para vestirse y asearse para personas físicamente discapacitadas",null,"12352130-Intermedios de acrilato o metacrilato"]
[null,"42000000-Equipo médico, accesorios y suministros","42","4221 - Ayuda para personas con desafíos físicos para vivir independiente","4221","42211900-Ayuda de preparación de comida y bebida y alimentos para personas físicamente discapacitadas",null,"12352201-Carbohidratos o sus derivados"]
[null,"42000000-Equipo médico, accesorios y suministros","42","4221 - Ayuda para personas con desafíos físicos para vivir independiente","4221","42212000-Cuidado de la casa y ayuda para el cuidado de la casa para personas físicamente discapacitadas",null,"12352202-Proteínas"]
[null,"42000000-Equipo médico, accesorios y suministros","42","4221 - Ayuda para personas con desafíos físicos para vivir independiente","4221","42212100-Aparatos de tiempo libre y recreo para personas físicamente discapacitadas",null,"12352203-Anticuerpos"]
[null,"42000000-Equipo médico, accesorios y suministros","42","4221 - Ayuda para personas con desafíos físicos para vivir independiente","4221","42212200-Auxilio de manejo de medicamentos para personas físicamente discapacitadas",null,"12352204-Enzimas"]
[null,"42000000-Equipo médico, accesorios y suministros","42","4221 - Ayuda para personas con desafíos físicos para vivir independiente","4221","42212300-Ayuda para llegar o agarrar para personas físicamente discapacitadas",null,"12352205-Nutrientes"]
[null,"42000000-Equipo médico, accesorios y suministros","42","4222 - Productos para administración intravenosa y arterial","4222","42221500-Accesorios y catéteres y cánulas intravenosas y arteriales",null,"12352206-Tejidos"]
[null,"42000000-Equipo médico, accesorios y suministros","42","4222 - Productos para administración intravenosa y arterial","4222","42221600-Tubería y juegos de administración arterial o intravenoso y productos relacionados",null,"12352207-Cultivos y fluidos"]
[null,"42000000-Equipo médico, accesorios y suministros","42","4222 - Productos para administración intravenosa y arterial","4222","42221700-Bolsas de infusión y recipientes y productos relacionados intravenosos y arteriales",null,"12352208-Ácido nucleico"]
[null,"42000000-Equipo médico, accesorios y suministros","42","4222 - Productos para administración intravenosa y arterial","4222","42221800-Aparatos para posicionar aguja y catéter intravenoso o arterial",null,"12352209-Aminoácidos o sus derivados"]
[null,"42000000-Equipo médico, accesorios y suministros","42","4222 - Productos para administración intravenosa y arterial","4222","42221900-Productos de regulación y medida del flujo intravenoso o arterial",null,"12352210-Alcaloides"]
[null,"42000000-Equipo médico, accesorios y suministros","42","4222 - Productos para administración intravenosa y arterial","4222","42222000-Bombas de infusión intravenosa, así como sus analizadores, sensores y accesorios",null,"12352211-Grasas o lípidos"]
[null,"42000000-Equipo médico, accesorios y suministros","42","4222 - Productos para administración intravenosa y arterial","4222","42222100-Sistemas de transporte y suspensión de equipo arterial y intravenoso",null,"12352212-Terpenoides"]
[null,"42000000-Equipo médico, accesorios y suministros","42","4222 - Productos para administración intravenosa y arterial","4222","42222200-Sistemas de inyectar y retirar intravenosos sin aguja",null,"12352301-Ácidos inorgánicos"]
[null,"42000000-Equipo médico, accesorios y suministros","42","4222 - Productos para administración intravenosa y arterial","4222","42222300-Productos de transfusión y administración de sangre",null,"12352302-Sales metálicas inorgánicas"]
[null,"42000000-Equipo médico, accesorios y suministros","42","4223 - Nutrición clínica","4223","42231500-Suministros y equipo de alimentación enteral",null,"12352303-Óxidos inorgánicos"]
[null,"42000000-Equipo médico, accesorios y suministros","42","4223 - Nutrición clínica","4223","42231600-Accesorios o dispositivos de acceso de jejunostomía y gastronomía",null,"12352304-Peróxidos inorgánicos"]
[null,"42000000-Equipo médico, accesorios y suministros","42","4223 - Nutrición clínica","4223","42231700-Tubos naso-entéricos",null,"12352305-Hidróxidos inorgánicos"]
[null,"42000000-Equipo médico, accesorios y suministros","42","4223 - Nutrición clínica","4223","42231800-Fórmulas y productos para apoyo nutritivo",null,"12352306-Hídridos inorgánicos"]
[null,"42000000-Equipo médico, accesorios y suministros","42","4223 - Nutrición clínica","4223","42231900-Equipo y suministros de lactancia materna",null,"12352307-Halidos ácidos o sus sustitutos"]
[null,"42000000-Equipo médico, accesorios y suministros","42","4223 - Nutrición clínica","4223","42232000-Trituradores de pastillas, cortapastillas y productos relacionados",null,"12352308-Silicatos"]
[null,"42000000-Equipo médico, accesorios y suministros","42","4224 - Productos medicinales de deportes y prostético y ortopédico","4224","42241500-Suministros de vaciado de escayola y tablillas",null,"12352309-Sílice"]
[null,"42000000-Equipo médico, accesorios y suministros","42","4224 - Productos medicinales de deportes y prostético y ortopédico","4224","42241600-Equipo y piezas y accesorios de vaciado de escayola",null,"12352310-Siliconas"]
[null,"42000000-Equipo médico, accesorios y suministros","42","4224 - Productos medicinales de deportes y prostético y ortopédico","4224","42241700-Productos blandos ortopédicos para la extremidad inferior",null,"12352311-Alúmina y otros compuestos de aluminio"]
[null,"42000000-Equipo médico, accesorios y suministros","42","4224 - Productos medicinales de deportes y prostético y ortopédico","4224","42241800-Productos blando ortopédicos para el torso y extremidad superior",null,"12352312-Permanganato de potasio"]
[null,"42000000-Equipo médico, accesorios y suministros","42","4224 - Productos medicinales de deportes y prostético y ortopédico","4224","42241900-Suministros de tablillas dinámicas y batangas",null,"12352401-Mezclas químicas orgánicas"]
[null,"42000000-Equipo médico, accesorios y suministros","42","4224 - Productos medicinales de deportes y prostético y ortopédico","4224","42242000-Dispositivos, accesorios y suministros protésicos",null,"12352402-Mezclas químicas inorgánicas"]
[null,"42000000-Equipo médico, accesorios y suministros","42","4224 - Productos medicinales de deportes y prostético y ortopédico","4224","42242100-Suministros y accesorios de tracción ortopédica",null,"12352501-Formaldehidos"]
[null,"42000000-Equipo médico, accesorios y suministros","42","4224 - Productos medicinales de deportes y prostético y ortopédico","4224","42242300-Equipo y suministros ortopédicos",null,"12352502-Glutarales"]
[null,"42000000-Equipo médico, accesorios y suministros","42","4225 - Productos de rehabilitación y terapia ocupacional y física","4225","42251500-Productos de terapia y evaluación sensoria y perceptual y dexteridad y cognitiva",null,"12352503-Taninos"]
[null,"42000000-Equipo médico, accesorios y suministros","42","4225 - Productos de rehabilitación y terapia ocupacional y física","4225","42251600-Equipo y dispositivos de ejercicio de rehabilitación",null,"13101501-Caucho látex"]
[null,"42000000-Equipo médico, accesorios y suministros","42","4225 - Productos de rehabilitación y terapia ocupacional y física","4225","42251700-Productos para entrenamiento del modo de andar",null,"13101502-Caucho crepe"]
[null,"42000000-Equipo médico, accesorios y suministros","42","4225 - Productos de rehabilitación y terapia ocupacional y física","4225","42251800-Equipo para hacer dura el trabajo para rehabilitación o terapia",null,"13101503-Caucho hoja ahumada"]
[null,"42000000-Equipo médico, accesorios y suministros","42","4226 - Equipo y suministros post mortem y funerarios","4226","42261500-Suministros y instrumentos para disección de patología",null,"13101504-Caucho espuma natural"]
[null,"42000000-Equipo médico, accesorios y suministros","42","4226 - Equipo y suministros post mortem y funerarios","4226","42261600-Suministros y equipo de autopsia",null,"13101505-Caucho bloque o borona"]
[null,"42000000-Equipo médico, accesorios y suministros","42","4226 - Equipo y suministros post mortem y funerarios","4226","42261700-Muebles de autopsia",null,"13101601-Caucho vulcanizado"]
[null,"42000000-Equipo médico, accesorios y suministros","42","4226 - Equipo y suministros post mortem y funerarios","4226","42261800-Equipo y suministros de transporte y almacenaje del cadáver",null,"13101602-Caucho clorado"]
[null,"42000000-Equipo médico, accesorios y suministros","42","4226 - Equipo y suministros post mortem y funerarios","4226","42261900-Equipo y suministros forenses clínicos",null,"13101603-Caucho clorhidrato"]
[null,"42000000-Equipo médico, accesorios y suministros","42","4226 - Equipo y suministros post mortem y funerarios","4226","42262000-Equipo y suministros de embalsamar",null,"13101604-Caucho ciclizado"]
[null,"42000000-Equipo médico, accesorios y suministros","42","4226 - Equipo y suministros post mortem y funerarios","4226","42262100-Equipo y suministros funerarios",null,"13101605-Caucho isomerizado"]
[null,"42000000-Equipo médico, accesorios y suministros","42","4227 - Productos de resucitación y anestesia y respiratorio","4227","42271500-Productos para el control respiratorio",null,"13101606-Caucho termoplástico"]
[null,"42000000-Equipo médico, accesorios y suministros","42","4227 - Productos de resucitación y anestesia y respiratorio","4227","42271600-Productos de comprobación y tratamiento de las funciones pulmonares",null,"13101607-Compuesto de caucho"]
[null,"42000000-Equipo médico, accesorios y suministros","42","4227 - Productos de resucitación y anestesia y respiratorio","4227","42271700-Sistemas y dispositivos de terapia de entrega de oxígeno",null,"13101701-Butadieno acilonitrilo nbr"]
[null,"42000000-Equipo médico, accesorios y suministros","42","4227 - Productos de resucitación y anestesia y respiratorio","4227","42271800-Productos de terapia aerosol y humedad respiratoria",null,"13101702-Nitrilo altamente saturado nhbr"]
[null,"42000000-Equipo médico, accesorios y suministros","42","4227 - Productos de resucitación y anestesia y respiratorio","4227","42271900-Productos para la gestión de la vía aérea",null,"13101703-Fluorocarbono fcm"]
[null,"42000000-Equipo médico, accesorios y suministros","42","4227 - Productos de resucitación y anestesia y respiratorio","4227","42272000-Suministros de intubación",null,"13101704-Propileno etileno epe"]
[null,"42000000-Equipo médico, accesorios y suministros","42","4227 - Productos de resucitación y anestesia y respiratorio","4227","42272100-Ventiladores de presión mecánica negativa",null,"13101705-Butadieno estireno"]
[null,"42000000-Equipo médico, accesorios y suministros","42","4227 - Productos de resucitación y anestesia y respiratorio","4227","42272200-Ventiladores y accesorios de presión mecánica positiva",null,"13101706-Clorpreno cr"]
[null,"42000000-Equipo médico, accesorios y suministros","42","4227 - Productos de resucitación y anestesia y respiratorio","4227","42272300-Suministros de resucitadores",null,"13101707-Isopreno isobutileno iir / xiir"]
[null,"42000000-Equipo médico, accesorios y suministros","42","4227 - Productos de resucitación y anestesia y respiratorio","4227","42272400-Productos de toracentesis",null,"13101708-Silicona vmq y pmq y pvmq"]
[null,"42000000-Equipo médico, accesorios y suministros","42","4227 - Productos de resucitación y anestesia y respiratorio","4227","42272500-Aparatos de anestesia, y accesorios y suministros",null,"13101709-Fluorosilicona fvmq"]
[null,"42000000-Equipo médico, accesorios y suministros","42","4228 - Productos para la esterilización médica","4228","42281500-Equipo y accesorios de esterilizadores y de autoclave",null,"13101710-Poliacrilato acm"]
[null,"42000000-Equipo médico, accesorios y suministros","42","4228 - Productos para la esterilización médica","4228","42281600-Soluciones de desinfectantes y esterilización en frío",null,"13101711-Etileno acrílico aem"]
[null,"42000000-Equipo médico, accesorios y suministros","42","4228 - Productos para la esterilización médica","4228","42281700-Soluciones y equipo de limpieza pre- esterilización",null,"13101712-Polietileno clorosulfonatado csm"]
[null,"42000000-Equipo médico, accesorios y suministros","42","4228 - Productos para la esterilización médica","4228","42281800-Controles y indicadores de esterilización",null,"13101713-Cloropolietileno cm"]
[null,"42000000-Equipo médico, accesorios y suministros","42","4228 - Productos para la esterilización médica","4228","42281900-Suministros de empaquetar y envoltura de esterilización",null,"13101714-Epicloridrina"]
[null,"42000000-Equipo médico, accesorios y suministros","42","4229 - Productos quirúrgicos","4229","42291500-Instrumentos quirúrgicos y productos relacionados para biopsia de los huesos",null,"13101715-Polisopreno natural nr"]
[null,"42000000-Equipo médico, accesorios y suministros","42","4229 - Productos quirúrgicos","4229","42291600-Instrumentos quirúrgicos de cortar y lazos y productos relacionados",null,"13101716-Polisopreno sintético ir"]
[null,"42000000-Equipo médico, accesorios y suministros","42","4229 - Productos quirúrgicos","4229","42291700-Taladros quirúrgicos de mano y escariadores y instrumentos de punción y accesorios y productos relacionados",null,"13101717-Poliéster uretano au"]
[null,"42000000-Equipo médico, accesorios y suministros","42","4229 - Productos quirúrgicos","4229","42291800-Abrazaderas quirúrgicas y fórceps y ligadores quirúrgicos y instrumentos relacionados",null,"13101718-Poliéster uretano eu"]
[null,"42000000-Equipo médico, accesorios y suministros","42","4229 - Productos quirúrgicos","4229","42291900-Posicionadores y portadores de tubos y instrumentos quirúrgicos",null,"13101719-Polibutadieno br"]
[null,"42000000-Equipo médico, accesorios y suministros","42","4229 - Productos quirúrgicos","4229","42292000-Espejos quirúrgicos",null,"13101720-Poli éter bloque amida peba"]
[null,"42000000-Equipo médico, accesorios y suministros","42","4229 - Productos quirúrgicos","4229","42292100-Insertadores y extractores quirúrgicos y productos relacionados",null,"13101721-Estireno bloque copolímero tes"]
[null,"42000000-Equipo médico, accesorios y suministros","42","4229 - Productos quirúrgicos","4229","42292200-Aproximadores y compresores y depresores quirúrgicos y productos relacionados",null,"13101722-Copoliester"]
[null,"42000000-Equipo médico, accesorios y suministros","42","4229 - Productos quirúrgicos","4229","42292300-Hierros de flexión y herramientas de plegar y tenazas y tensionadores y torceduras quirúrgicos y productos relacionados",null,"13101723-Termoplástico"]
[null,"42000000-Equipo médico, accesorios y suministros","42","4229 - Productos quirúrgicos","4229","42292400-Machos de roscar y impulsores quirúrgicos y productos relacionados",null,"13101724-Poliolefínico"]
[null,"42000000-Equipo médico, accesorios y suministros","42","4229 - Productos quirúrgicos","4229","42292500-Martillos y malletes y impactadores y prensas quirúrgicos y productos relacionados",null,"13101902-Fenólico pf"]
[null,"42000000-Equipo médico, accesorios y suministros","42","4229 - Productos quirúrgicos","4229","42292600-Dilatadores y sondas y ranuras quirúrgicas y productos relacionados",null,"13101903-Poliéster no saturado up"]
[null,"42000000-Equipo médico, accesorios y suministros","42","4229 - Productos quirúrgicos","4229","42292700-Disectores y elevadores y piquetas quirúrgicos y productos relacionados",null,"13101904-Urea uf"]
[null,"42000000-Equipo médico, accesorios y suministros","42","4229 - Productos quirúrgicos","4229","42292800-Instrumentos quirúrgicos de marcar",null,"13101905-Melamina mf"]
[null,"42000000-Equipo médico, accesorios y suministros","42","4229 - Productos quirúrgicos","4229","42292900-Instrumentos quirúrgicos de cerrar la sutura de tejido y productos relacionados",null,"13101906-Poliuretano termoestable pur"]
[null,"42000000-Equipo médico, accesorios y suministros","42","4229 - Productos quirúrgicos","4229","42293000-Dispositivos quirúrgicos de medir y productos relacionados",null,"13102001-Acrilonitrilo butadieno estireno abs"]
[null,"42000000-Equipo médico, accesorios y suministros","42","4229 - Productos quirúrgicos","4229","42293100-Retractores quirúrgicos y productos relacionados",null,"13102002-Aleaciones de acrilonitrilo butadieno estireno abs"]
[null,"42000000-Equipo médico, accesorios y suministros","42","4229 - Productos quirúrgicos","4229","42293200-Instrumentos quirúrgicos de mioma",null,"13102003-Polímero acetal"]
[null,"42000000-Equipo médico, accesorios y suministros","42","4229 - Productos quirúrgicos","4229","42293300-Distractores y esparcidores y separadores quirúrgicos y productos relacionados",null,"13102005-Acrilonitrilo estireno acrílico asa"]
[null,"42000000-Equipo médico, accesorios y suministros","42","4229 - Productos quirúrgicos","4229","42293400-Manipuladores y posicionadores quirúrgicos de implante y productos relacionados",null,"13102006-Aleaciones de acrilonitrilo estireno acrílico asa"]
[null,"42000000-Equipo médico, accesorios y suministros","42","4229 - Productos quirúrgicos","4229","42293500-Cánulas y puntas y estiletes de irrigación y succión quirúrgica y productos relacionados",null,"13102008-Fluoropolímeros ptfe"]
[null,"42000000-Equipo médico, accesorios y suministros","42","4229 - Productos quirúrgicos","4229","42293600-Bougies quirúrgicos y sondas y obturadores y productos relacionados",null,"13102009-Etileno vinil acetato (EVA)"]
[null,"42000000-Equipo médico, accesorios y suministros","42","4229 - Productos quirúrgicos","4229","42293700-Machacadoras y excavadoras y fragmentadoras quirúrgicas y productos relacionados",null,"13102010-Polímero cristal líquido lcp"]
[null,"42000000-Equipo médico, accesorios y suministros","42","4229 - Productos quirúrgicos","4229","42293800-Agarradores y buscadores y excavadores y desmoldadores quirúrgicos y productos relacionados",null,"13102011-Nylons poliamida pa"]
[null,"42000000-Equipo médico, accesorios y suministros","42","4229 - Productos quirúrgicos","4229","42293900-Instrumentos quirúrgicos para empaque de heridas y productos relacionados",null,"13102012-Polibutileno tereftalato (PBT)"]
[null,"42000000-Equipo médico, accesorios y suministros","42","4229 - Productos quirúrgicos","4229","42294000-Espátulas y cucharas y cucharones quirúrgicos y productos relacionados",null,"13102013-Policarbonato pc"]
[null,"42000000-Equipo médico, accesorios y suministros","42","4229 - Productos quirúrgicos","4229","42294100-Dispositivos esqueléticos quirúrgicos de tracción y productos relacionados",null,"13102014-Polietereterquetona peek"]
[null,"42000000-Equipo médico, accesorios y suministros","42","4229 - Productos quirúrgicos","4229","42294200-Juegos de instrumentos y sistemas y bandejas quirúrgicos",null,"13102015-Polieterimida (PEI)"]
[null,"42000000-Equipo médico, accesorios y suministros","42","4229 - Productos quirúrgicos","4229","42294300-Instrumentos de biopsia de invasiva mínima del pecho y suministros y equipo",null,"13102016-Polietersulfona pes"]
[null,"42000000-Equipo médico, accesorios y suministros","42","4229 - Productos quirúrgicos","4229","42294400-Sistemas cardiacos y vasculares",null,"13102017-Polietileno de baja densidad hdpe"]
[null,"42000000-Equipo médico, accesorios y suministros","42","4229 - Productos quirúrgicos","4229","42294500-Instrumentos de especialidad oftálmica y productos relacionados",null,"13102018-Polietileno de alta densidad ldpe"]
[null,"42000000-Equipo médico, accesorios y suministros","42","4229 - Productos quirúrgicos","4229","42294600-Productos de autotransfusión",null,"13102019-Polietileno de media densidad mdpe"]
[null,"42000000-Equipo médico, accesorios y suministros","42","4229 - Productos quirúrgicos","4229","42294700-Equipo de perfusión de corazón abierto y monitores y accesorios y productos relacionados",null,"13102020-Polietileno tereftalato pet"]
[null,"42000000-Equipo médico, accesorios y suministros","42","4229 - Productos quirúrgicos","4229","42294800-Endoscopios y accesorios y productos relacionados",null,"13102021-Polimida pi"]
[null,"42000000-Equipo médico, accesorios y suministros","42","4229 - Productos quirúrgicos","4229","42294900-Instrumentos endoscópicos y suministros accesorios y productos relacionados",null,"13102022-Polipropileno pp"]
[null,"42000000-Equipo médico, accesorios y suministros","42","4229 - Productos quirúrgicos","4229","42295000-Equipo endoscópico y accesorios y productos relacionados",null,"13102023-Poliftalamida (PPA)"]
[null,"42000000-Equipo médico, accesorios y suministros","42","4229 - Productos quirúrgicos","4229","42295100-Equipo quirúrgico y accesorios y productos relacionados",null,"13102024-Óxido de polifenileno ppo"]
[null,"42000000-Equipo médico, accesorios y suministros","42","4229 - Productos quirúrgicos","4229","42295200-Equipo quirúrgico de energía y accesorios y productos relacionados",null,"13102025-Sulfuro de polifenileno pps"]
[null,"42000000-Equipo médico, accesorios y suministros","42","4229 - Productos quirúrgicos","4229","42295300-Suministros y accesorios para cirugía de corazón abierto y productos relacionados",null,"13102026-Poliestireno (icopor) ps"]
[null,"42000000-Equipo médico, accesorios y suministros","42","4229 - Productos quirúrgicos","4229","42295400-Suministros quirúrgicos auxiliares",null,"13102027-Poliestireno de alto impacto hips"]
[null,"42000000-Equipo médico, accesorios y suministros","42","4229 - Productos quirúrgicos","4229","42295500-Implantes quirúrgico y ensanchadores y extensores y alambres quirúrgicos y productos relacionados",null,"13102028-Polisulfona psu"]
[null,"42000000-Equipo médico, accesorios y suministros","42","4230 - Suministros para formación y estudios de medicina","4230","42301500-Ayudas para formación médica",null,"13102029-Poliuretano termoplástico rígido rptu"]
[null,"42000000-Equipo médico, accesorios y suministros","42","4231 - Productos para el cuidado de heridas","4231","42311500-Vendas y vendajes y productos relacionados",null,"13102030-Cloruro de polivinilo pvc"]
[null,"42000000-Equipo médico, accesorios y suministros","42","4231 - Productos para el cuidado de heridas","4231","42311600-Agentes hemoestáticos tópicos exógenos",null,"13102031-Éter de polifenilene ppe"]
[null,"42000000-Equipo médico, accesorios y suministros","42","4231 - Productos para el cuidado de heridas","4231","42311700-Cintas adhesivas médicas y quirúrgicas y productos relacionados para el uso en especialidades",null,"13111001-Epoxi"]
[null,"42000000-Equipo médico, accesorios y suministros","42","4231 - Productos para el cuidado de heridas","4231","42311900-Drenajes médicos de incisión y bolsas de drenaje y depósitos y productos relacionados",null,"13111002-Resina fenólica"]
[null,"42000000-Equipo médico, accesorios y suministros","42","4231 - Productos para el cuidado de heridas","4231","42312000-Cierre de tejidos médicos y productos relacionados",null,"13111003-Resina polester no saturada"]
[null,"42000000-Equipo médico, accesorios y suministros","42","4231 - Productos para el cuidado de heridas","4231","42312100-Suministros de ostomía y productos no quirúrgicos de drenaje de heridas",null,"13111004-Resina estireno butadieno acrilonitrilo"]
[null,"42000000-Equipo médico, accesorios y suministros","42","4231 - Productos para el cuidado de heridas","4231","42312200-Sutura y productos relacionados",null,"13111005-Resina acrílica estireno acrilonitrilo"]
[null,"42000000-Equipo médico, accesorios y suministros","42","4231 - Productos para el cuidado de heridas","4231","42312300-Productos para limpiar la herida y desbridamiento",null,"13111006-Resina aleación acrílica estireno acrilonitrilo"]
[null,"42000000-Equipo médico, accesorios y suministros","42","4231 - Productos para el cuidado de heridas","4231","42312400-Productos para la curación de heridas",null,"13111007-Resina fliuoropolímero"]
[null,"42000000-Equipo médico, accesorios y suministros","42","4231 - Productos para el cuidado de heridas","4231","42312500-Dispositivos de sujeción de heridas, y accesorios y suministros",null,"13111008-Resina acetato vinilo etileno"]
[null,"43000000-Difusión de tecnologías de información y telecomunicaciones","43","4319 - Dispositivos de comunicaciones y accesorios","4319","43191500-Dispositivos de comunicación personal",null,"13111009-Resina polímero cristal líquido"]
[null,"43000000-Difusión de tecnologías de información y telecomunicaciones","43","4319 - Dispositivos de comunicaciones y accesorios","4319","43191600-Partes o accesorios de dispositivos de comunicación personal",null,"13111010-Nylon"]
[null,"43000000-Difusión de tecnologías de información y telecomunicaciones","43","4320 - Componentes para tecnología de la información, difusión o telecomunicaciones","4320","43201400-Tarjetas del sistema",null,"13111011-Tetralftalato polibutileno"]
[null,"43000000-Difusión de tecnologías de información y telecomunicaciones","43","4320 - Componentes para tecnología de la información, difusión o telecomunicaciones","4320","43201500-Módulos o interfaces de procesadores de tablero (board) del sistema",null,"13111012-Resina de policarbonato"]
[null,"43000000-Difusión de tecnologías de información y telecomunicaciones","43","4320 - Componentes para tecnología de la información, difusión o telecomunicaciones","4320","43201600-Componentes del chasis",null,"13111013-Resina polietereterquetona"]
[null,"43000000-Difusión de tecnologías de información y telecomunicaciones","43","4320 - Componentes para tecnología de la información, difusión o telecomunicaciones","4320","43201800-Dispositivos de almacenamiento",null,"13111014-Resina polieterimida"]
[null,"43000000-Difusión de tecnologías de información y telecomunicaciones","43","4320 - Componentes para tecnología de la información, difusión o telecomunicaciones","4320","43201900-Accesorios de dispositivos de almacenamiento",null,"13111015-Resina polietersulfona"]
[null,"43000000-Difusión de tecnologías de información y telecomunicaciones","43","4320 - Componentes para tecnología de la información, difusión o telecomunicaciones","4320","43202000-Dispositivos de almacenamiento extraíbles",null,"13111016-Polietileno"]
[null,"43000000-Difusión de tecnologías de información y telecomunicaciones","43","4320 - Componentes para tecnología de la información, difusión o telecomunicaciones","4320","43202100-Accesorios de dispositivos de almacenamiento extraíbles",null,"13111017-Resina terftalato polietileno"]
[null,"43000000-Difusión de tecnologías de información y telecomunicaciones","43","4320 - Componentes para tecnología de la información, difusión o telecomunicaciones","4320","43202200-Subconjuntos para dispositivos electrónicos",null,"13111018-Resina polimida"]
[null,"43000000-Difusión de tecnologías de información y telecomunicaciones","43","4321 - Equipo informático y accesorios","4321","43211500-Computadores",null,"13111019-Resina polipropileno"]
[null,"43000000-Difusión de tecnologías de información y telecomunicaciones","43","4321 - Equipo informático y accesorios","4321","43211600-Accesorios de computador",null,"13111020-Resina poliftalamida"]
[null,"43000000-Difusión de tecnologías de información y telecomunicaciones","43","4321 - Equipo informático y accesorios","4321","43211700-Dispositivos informáticos de entrada de datos",null,"13111021-Óxido de polietileno"]
[null,"43000000-Difusión de tecnologías de información y telecomunicaciones","43","4321 - Equipo informático y accesorios","4321","43211800-Accesorios de dispositivos de entrada de datos de computador",null,"13111022-Resina sulfuro de polifenilene"]
[null,"43000000-Difusión de tecnologías de información y telecomunicaciones","43","4321 - Equipo informático y accesorios","4321","43211900-Monitores y pantallas de computador",null,"13111023-Resina de poliestireno"]
[null,"43000000-Difusión de tecnologías de información y telecomunicaciones","43","4321 - Equipo informático y accesorios","4321","43212000-Accesorios de pantallas de computador",null,"13111024-Resina de polisulfona"]
[null,"43000000-Difusión de tecnologías de información y telecomunicaciones","43","4321 - Equipo informático y accesorios","4321","43212100-Impresoras de computador",null,"13111025-Resina de cloruro de polivinilo"]
[null,"43000000-Difusión de tecnologías de información y telecomunicaciones","43","4322 - Datos-voz, equipo de red multimedia, plataformas y accesorios","4322","43221500-Sistemas de gestión de llamadas o accesorios",null,"13111026-Resina de acrilonitrilo de estireno"]
[null,"43000000-Difusión de tecnologías de información y telecomunicaciones","43","4322 - Datos-voz, equipo de red multimedia, plataformas y accesorios","4322","43221600-Componentes y equipo de acceso de abonado de línea digital (dsl) y accesorios",null,"13111027-Formaldehído de urea"]
[null,"43000000-Difusión de tecnologías de información y telecomunicaciones","43","4322 - Datos-voz, equipo de red multimedia, plataformas y accesorios","4322","43221700-Equipo fijo de red y componentes",null,"13111028-Alquido"]
[null,"43000000-Difusión de tecnologías de información y telecomunicaciones","43","4322 - Datos-voz, equipo de red multimedia, plataformas y accesorios","4322","43221800-Dispositivos de red óptica",null,"13111029-Formaldehído de melamina"]
[null,"43000000-Difusión de tecnologías de información y telecomunicaciones","43","4322 - Datos-voz, equipo de red multimedia, plataformas y accesorios","4322","43222500-Equipo de seguridad de red",null,"13111030-Poliacetal"]
[null,"43000000-Difusión de tecnologías de información y telecomunicaciones","43","4322 - Datos-voz, equipo de red multimedia, plataformas y accesorios","4322","43222600-Equipo de servicio de red",null,"13111031-Poliamida"]
[null,"43000000-Difusión de tecnologías de información y telecomunicaciones","43","4322 - Datos-voz, equipo de red multimedia, plataformas y accesorios","4322","43222700-Equipo telegráfico",null,"13111032-Grupo alilo"]
[null,"43000000-Difusión de tecnologías de información y telecomunicaciones","43","4322 - Datos-voz, equipo de red multimedia, plataformas y accesorios","4322","43222800-Equipo de telefonía",null,"13111033-Ácido acrílico de etileno"]
[null,"43000000-Difusión de tecnologías de información y telecomunicaciones","43","4322 - Datos-voz, equipo de red multimedia, plataformas y accesorios","4322","43222900-Accesorios de equipo de telefonía",null,"13111034-Compuesto cloruro de polivinilo"]
[null,"43000000-Difusión de tecnologías de información y telecomunicaciones","43","4322 - Datos-voz, equipo de red multimedia, plataformas y accesorios","4322","43223000-Equipo de teletipo",null,"13111035-Solución de vinilo"]
[null,"43000000-Difusión de tecnologías de información y telecomunicaciones","43","4322 - Datos-voz, equipo de red multimedia, plataformas y accesorios","4322","43223100-Componentes y equipo de infraestructura de redes móviles y digitales",null,"13111036-Fenoxi"]
[null,"43000000-Difusión de tecnologías de información y telecomunicaciones","43","4322 - Datos-voz, equipo de red multimedia, plataformas y accesorios","4322","43223200-Plataformas de mensajería por móvil",null,"13111037-Resina compuesta"]
[null,"43000000-Difusión de tecnologías de información y telecomunicaciones","43","4323 - Software","4323","43231500-Software funcional específico de la empresa",null,"13111038-Pirolidina polivinilo"]
[null,"43000000-Difusión de tecnologías de información y telecomunicaciones","43","4323 - Software","4323","43231600-Software de planificación de recursos empresariales (erp) y contabilidad financiera",null,"13111039-Tereftalato de polietileno o glicol modificado"]
[null,"43000000-Difusión de tecnologías de información y telecomunicaciones","43","4323 - Software","4323","43232000-Software de entretenimiento o juegos de computador",null,"13111040-Fijador de hidrocarburo"]
[null,"43000000-Difusión de tecnologías de información y telecomunicaciones","43","4323 - Software","4323","43232100-Software de edición y creación de contenidos",null,"13111041-Mezclas de policarbonato"]
[null,"43000000-Difusión de tecnologías de información y telecomunicaciones","43","4323 - Software","4323","43232200-Software de gestión de contenidos",null,"13111042-Alcohol polivinilo"]
[null,"43000000-Difusión de tecnologías de información y telecomunicaciones","43","4323 - Software","4323","43232300-Software de consultas y gestión de datos",null,"13111043-Butiral polivinilo"]
[null,"43000000-Difusión de tecnologías de información y telecomunicaciones","43","4323 - Software","4323","43232400-Programas de desarrollo",null,"13111044-Compuesto de moldeo de poliéster"]
[null,"43000000-Difusión de tecnologías de información y telecomunicaciones","43","4323 - Software","4323","43232500-Software educativo o de referencia",null,"13111045-Acetato de polivinilo"]
[null,"43000000-Difusión de tecnologías de información y telecomunicaciones","43","4323 - Software","4323","43232600-Software específico para la industria",null,"13111046-Éter de polivinilo"]
[null,"43000000-Difusión de tecnologías de información y telecomunicaciones","43","4323 - Software","4323","43232700-Software de aplicaciones de red",null,"13111047-Polivinilo formal"]
[null,"43000000-Difusión de tecnologías de información y telecomunicaciones","43","4323 - Software","4323","43232800-Software de administración de redes",null,"13111048-Acrílico de estireno"]
[null,"43000000-Difusión de tecnologías de información y telecomunicaciones","43","4323 - Software","4323","43232900-Software para trabajo en redes",null,"13111049-Polímeros de propileno de etileno"]
[null,"43000000-Difusión de tecnologías de información y telecomunicaciones","43","4323 - Software","4323","43233000-Software de entorno operativo",null,"13111050-Óxido de polipropileno"]
[null,"43000000-Difusión de tecnologías de información y telecomunicaciones","43","4323 - Software","4323","43233200-Software de seguridad y protección",null,"13111051-Éter de polipropileno"]
[null,"43000000-Difusión de tecnologías de información y telecomunicaciones","43","4323 - Software","4323","43233400-Software de controladores de dispositivos y utilidades",null,"13111052-Sulfona de polipropileno"]
[null,"43000000-Difusión de tecnologías de información y telecomunicaciones","43","4323 - Software","4323","43233500-Software de intercambio de información",null,"13111053-Polimetilacrilato"]
[null,"44000000-Equipos de oficina, accesorios y suministros","44","4410 - Maquinaria, suministros y accesorios de oficina","4410","44101500-Máquinas de duplicación",null,"13111054-Anhídrido maléico de estireno"]
[null,"44000000-Equipos de oficina, accesorios y suministros","44","4410 - Maquinaria, suministros y accesorios de oficina","4410","44101600-Máquinas para procesamiento de papel y accesorios",null,"13111055-Poliestireno sindiotáctico"]
[null,"44000000-Equipos de oficina, accesorios y suministros","44","4410 - Maquinaria, suministros y accesorios de oficina","4410","44101700-Accesorios para impresoras, fotocopiadoras y aparatos de fax",null,"13111056-Cloruro de polivinilo clorado"]
[null,"44000000-Equipos de oficina, accesorios y suministros","44","4410 - Maquinaria, suministros y accesorios de oficina","4410","44101800-Máquinas calculadoras y accesorios",null,"13111057-Poliéster termoplástico"]
[null,"44000000-Equipos de oficina, accesorios y suministros","44","4410 - Maquinaria, suministros y accesorios de oficina","4410","44101900-Máquinas para endosar y escribir cheques",null,"13111058-Resinas de indeno"]
[null,"44000000-Equipos de oficina, accesorios y suministros","44","4410 - Maquinaria, suministros y accesorios de oficina","4410","44102000-Suministros para plastificado",null,"13111059-Resinas plásticas"]
[null,"44000000-Equipos de oficina, accesorios y suministros","44","4410 - Maquinaria, suministros y accesorios de oficina","4410","44102100-Máquinas de correo",null,"13111060-Resinas de petróleo"]
[null,"44000000-Equipos de oficina, accesorios y suministros","44","4410 - Maquinaria, suministros y accesorios de oficina","4410","44102200-Accesorios para escáneres",null,"13111061-Resinas de poliuretano"]
[null,"44000000-Equipos de oficina, accesorios y suministros","44","4410 - Maquinaria, suministros y accesorios de oficina","4410","44102300-Empaquetadoras",null,"13111062-Resinas de polieter"]
[null,"44000000-Equipos de oficina, accesorios y suministros","44","4410 - Maquinaria, suministros y accesorios de oficina","4410","44102400-Etiquetadoras",null,"13111063-Resinas recicladas"]
[null,"44000000-Equipos de oficina, accesorios y suministros","44","4410 - Maquinaria, suministros y accesorios de oficina","4410","44102500-Máquinas clasificadoras",null,"13111064-Resinas acrílicas"]
[null,"44000000-Equipos de oficina, accesorios y suministros","44","4410 - Maquinaria, suministros y accesorios de oficina","4410","44102600-Máquinas de escribir y accesorios",null,"13111065-Resinas celulosas"]
[null,"44000000-Equipos de oficina, accesorios y suministros","44","4410 - Maquinaria, suministros y accesorios de oficina","4410","44102800-Máquinas encuadernadoras y plastificadoras",null,"13111066-Resinas de polipropileno"]
[null,"44000000-Equipos de oficina, accesorios y suministros","44","4410 - Maquinaria, suministros y accesorios de oficina","4410","44102900-Accesorios de máquinas de oficina",null,"13111101-Rosina de madera"]
[null,"44000000-Equipos de oficina, accesorios y suministros","44","4410 - Maquinaria, suministros y accesorios de oficina","4410","44103000-Fusores y accesorios",null,"13111102-Rosina de goma"]
[null,"44000000-Equipos de oficina, accesorios y suministros","44","4410 - Maquinaria, suministros y accesorios de oficina","4410","44103100-Suministros para impresora, fax y fotocopiadora",null,"13111103-Rosina aceite de pino"]
[null,"44000000-Equipos de oficina, accesorios y suministros","44","4410 - Maquinaria, suministros y accesorios de oficina","4410","44103200-Máquinas y accesorios de registrar la hora para la oficina",null,"13111201-Películas de polietileno"]
[null,"44000000-Equipos de oficina, accesorios y suministros","44","4410 - Maquinaria, suministros y accesorios de oficina","4410","44103500-Suministros de máquinas de encuadernar",null,"13111202-Películas de poliuretano"]
[null,"44000000-Equipos de oficina, accesorios y suministros","44","4410 - Maquinaria, suministros y accesorios de oficina","4410","44103600-Equipo de eliminación de casetes y accesorios",null,"13111203-Películas de acetato"]
[null,"44000000-Equipos de oficina, accesorios y suministros","44","4411 - Accesorios de oficina y escritorio","4411","44111500-Agendas y accesorios",null,"13111204-Películas de acrílico"]
[null,"44000000-Equipos de oficina, accesorios y suministros","44","4411 - Accesorios de oficina y escritorio","4411","44111600-Suministros para el manejo de efectivo",null,"13111205-Películas coextruídas"]
[null,"44000000-Equipos de oficina, accesorios y suministros","44","4411 - Accesorios de oficina y escritorio","4411","44111800-Suministros de dibujo",null,"13111206-Películas de fluoropolímero"]
[null,"44000000-Equipos de oficina, accesorios y suministros","44","4411 - Accesorios de oficina y escritorio","4411","44111900-Tableros",null,"13111207-Películas metalizadas"]
[null,"44000000-Equipos de oficina, accesorios y suministros","44","4411 - Accesorios de oficina y escritorio","4411","44112000-Sistemas de planificación",null,"13111208-Películas de nylon"]
[null,"44000000-Equipos de oficina, accesorios y suministros","44","4412 - Suministros de oficina","4412","44121500-Suministros de correo",null,"13111209-Películas de policarbonato"]
[null,"44000000-Equipos de oficina, accesorios y suministros","44","4412 - Suministros de oficina","4412","44121600-Suministros de escritorio",null,"13111210-Películas de poliéster"]
[null,"44000000-Equipos de oficina, accesorios y suministros","44","4412 - Suministros de oficina","4412","44121700-Instrumentos de escritura",null,"13111211-Películas de polipropileno"]
[null,"44000000-Equipos de oficina, accesorios y suministros","44","4412 - Suministros de oficina","4412","44121800-Medios de corrección",null,"13111212-Polipropileno orientado axialmente"]
[null,"44000000-Equipos de oficina, accesorios y suministros","44","4412 - Suministros de oficina","4412","44121900-Repuestos de tinta y minas de lápices",null,"13111213-Películas de poliamida"]
[null,"44000000-Equipos de oficina, accesorios y suministros","44","4412 - Suministros de oficina","4412","44122000-Carpetas de archivo, carpetas y separadores",null,"13111214-Películas de poliestireno"]
[null,"44000000-Equipos de oficina, accesorios y suministros","44","4412 - Suministros de oficina","4412","44122100-Suministros de sujeción",null,"13111215-Películas de cloruro de polivinilo flexible"]
[null,"45000000-Equipos y suministros para impresión, fotografia y audiovisuales","45","4510 - Equipo de imprenta y publicación","4510","45101500-Maquinaria y equipo de imprenta",null,"13111216-Películas de cloruro de polivinilo rígido"]
[null,"45000000-Equipos y suministros para impresión, fotografia y audiovisuales","45","4510 - Equipo de imprenta y publicación","4510","45101600-Accesorios para máquinas de imprenta",null,"13111217-Películas de alcohol vinilo etileno"]
[null,"45000000-Equipos y suministros para impresión, fotografia y audiovisuales","45","4510 - Equipo de imprenta y publicación","4510","45101700-Accesorios de imprenta",null,"13111218-Películas de cloruro de polivinilo"]
[null,"45000000-Equipos y suministros para impresión, fotografia y audiovisuales","45","4510 - Equipo de imprenta y publicación","4510","45101800-Equipo y accesorios para el cosido y encuadernación de libros",null,"13111219-Películas de alcohol polivinilo"]
[null,"45000000-Equipos y suministros para impresión, fotografia y audiovisuales","45","4510 - Equipo de imprenta y publicación","4510","45101900-Equipo y accesorios de laboratorio de imprenta",null,"13111220-Películas de recubiertas de silicona"]
[null,"45000000-Equipos y suministros para impresión, fotografia y audiovisuales","45","4510 - Equipo de imprenta y publicación","4510","45102000-Máquinas y accesorios de composición",null,"13111301-Espumas de poliolefina"]
[null,"45000000-Equipos y suministros para impresión, fotografia y audiovisuales","45","4511 - Equipos de audio y video para presentación y composición","4511","45111500-Atriles, sistemas de sonido y accesorios",null,"13111302-Espumas de poli éter"]
[null,"45000000-Equipos y suministros para impresión, fotografia y audiovisuales","45","4511 - Equipos de audio y video para presentación y composición","4511","45111600-Proyectores y suministros",null,"13111303-Espumas de silicona"]
[null,"45000000-Equipos y suministros para impresión, fotografia y audiovisuales","45","4511 - Equipos de audio y video para presentación y composición","4511","45111700-Equipo de composición y presentación de sonido, hardware y controladores",null,"13111304-Espumas de terpolímero propileno etileno"]
[null,"45000000-Equipos y suministros para impresión, fotografia y audiovisuales","45","4511 - Equipos de audio y video para presentación y composición","4511","45111800-Equipo de presentación de vídeo y de mezcla de vídeo y sonido, hardware y controladores",null,"13111305-Espumas de neopreno"]
[null,"45000000-Equipos y suministros para impresión, fotografia y audiovisuales","45","4511 - Equipos de audio y video para presentación y composición","4511","45111900-Equipos, hardware y controladores para sistemas de teleconferencia y videoconferencia",null,"13111306-Espumas de cloruro de polivinilo"]
[null,"45000000-Equipos y suministros para impresión, fotografia y audiovisuales","45","4511 - Equipos de audio y video para presentación y composición","4511","45112000-Equipo y suministros de microfilm",null,"13111307-Espumas de caucho"]
[null,"45000000-Equipos y suministros para impresión, fotografia y audiovisuales","45","4512 - Equipo de vídeo, filmación o fotografía","4512","45121500-Cámaras",null,"13111308-Espumas de poliestireno"]
[null,"45000000-Equipos y suministros para impresión, fotografia y audiovisuales","45","4512 - Equipo de vídeo, filmación o fotografía","4512","45121600-Accesorios para cámaras",null,"14101501-Pulpa de papel"]
[null,"45000000-Equipos y suministros para impresión, fotografia y audiovisuales","45","4512 - Equipo de vídeo, filmación o fotografía","4512","45121700-Equipo de procesamiento fotográfico",null,"14111501-Papel cebolla"]
[null,"45000000-Equipos y suministros para impresión, fotografia y audiovisuales","45","4512 - Equipo de vídeo, filmación o fotografía","4512","45121800-Equipo y suministros de producción de microfilmes",null,"14111502-Papel vitela"]
[null,"45000000-Equipos y suministros para impresión, fotografia y audiovisuales","45","4513 - Medios fotográficos y de grabación","4513","45131500-Película para cámara fotográfica",null,"14111503-Papel pergamino"]
[null,"45000000-Equipos y suministros para impresión, fotografia y audiovisuales","45","4513 - Medios fotográficos y de grabación","4513","45131600-Medios cinematográficos",null,"14111504-Papel en formas continuas"]
[null,"45000000-Equipos y suministros para impresión, fotografia y audiovisuales","45","4513 - Medios fotográficos y de grabación","4513","45131700-Almacenamiento para soportes audiovisuales",null,"14111505-Papel mimeógrafo"]
[null,"45000000-Equipos y suministros para impresión, fotografia y audiovisuales","45","4514 - Suministros fotográficos para cine","4514","45141500-Productos químicos para elaboración fotográfica",null,"14111506-Papel para impresión de computadores"]
[null,"45000000-Equipos y suministros para impresión, fotografia y audiovisuales","45","4514 - Suministros fotográficos para cine","4514","45141600-Suministros de cuarto oscuro",null,"14111507-Papel para impresora o fotocopiadora"]
[null,"46000000-Equipos y suministros de defensa, orden publico, proteccion, vigilancia y seguridad","46","4610 - Armas ligeras y munición","4610","46101500-Armas de fuego",null,"14111508-Papel para fax"]
[null,"46000000-Equipos y suministros de defensa, orden publico, proteccion, vigilancia y seguridad","46","4610 - Armas ligeras y munición","4610","46101600-Munición",null,"14111509-Papel membreteado"]
[null,"46000000-Equipos y suministros de defensa, orden publico, proteccion, vigilancia y seguridad","46","4610 - Armas ligeras y munición","4610","46101700-Sistemas de manipulación de munición",null,"14111510-Papel para plotter"]
[null,"46000000-Equipos y suministros de defensa, orden publico, proteccion, vigilancia y seguridad","46","4610 - Armas ligeras y munición","4610","46101800-Accesorios de armas y municiones",null,"14111511-Papel de escritura"]
[null,"46000000-Equipos y suministros de defensa, orden publico, proteccion, vigilancia y seguridad","46","4615 - Orden Público","4615","46151500-Equipo de control de masas",null,"14111512-Papel para gráficos"]
[null,"46000000-Equipos y suministros de defensa, orden publico, proteccion, vigilancia y seguridad","46","4615 - Orden Público","4615","46151600-Equipo de seguridad y control",null,"14111513-Papel de libro"]
[null,"46000000-Equipos y suministros de defensa, orden publico, proteccion, vigilancia y seguridad","46","4615 - Orden Público","4615","46151700-Equipo forense y accesorios y suministros",null,"14111514-Blocs o cuadernos de papel"]
[null,"46000000-Equipos y suministros de defensa, orden publico, proteccion, vigilancia y seguridad","46","4616 - Seguridad y control público","4616","46161500-Control de tráfico",null,"14111515-Papel para sumadora o máquina registradora"]
[null,"46000000-Equipos y suministros de defensa, orden publico, proteccion, vigilancia y seguridad","46","4616 - Seguridad y control público","4616","46161600-Seguridad del agua",null,"14111516-Repuestos de papel para cuaderno"]
[null,"46000000-Equipos y suministros de defensa, orden publico, proteccion, vigilancia y seguridad","46","4617 - Seguridad, vigilancia y detección","4617","46171500-Cerraduras, elementos de seguridad y accesorios",null,"14111518-Tarjetas de índice"]
[null,"46000000-Equipos y suministros de defensa, orden publico, proteccion, vigilancia y seguridad","46","4617 - Seguridad, vigilancia y detección","4617","46171600-Equipo de vigilancia y detección",null,"14111519-Papeles cartulina"]
[null,"46000000-Equipos y suministros de defensa, orden publico, proteccion, vigilancia y seguridad","46","4618 - Seguridad y protección personal","4618","46181500-Ropa de seguridad",null,"14111520-Papel secante"]
[null,"46000000-Equipos y suministros de defensa, orden publico, proteccion, vigilancia y seguridad","46","4618 - Seguridad y protección personal","4618","46181600-Calzado de protección",null,"14111523-Papel calcante"]
[null,"46000000-Equipos y suministros de defensa, orden publico, proteccion, vigilancia y seguridad","46","4618 - Seguridad y protección personal","4618","46181700-Protectores de cara y cabeza",null,"14111524-Papel folio"]
[null,"46000000-Equipos y suministros de defensa, orden publico, proteccion, vigilancia y seguridad","46","4618 - Seguridad y protección personal","4618","46181800-Protección y accesorios para la visión",null,"14111525-Papel multipropósito"]
[null,"46000000-Equipos y suministros de defensa, orden publico, proteccion, vigilancia y seguridad","46","4618 - Seguridad y protección personal","4618","46181900-Protectores auditivos",null,"14111526-Papel libretas o libros de mensajes telefónicos"]
[null,"46000000-Equipos y suministros de defensa, orden publico, proteccion, vigilancia y seguridad","46","4618 - Seguridad y protección personal","4618","46182000-Protección de la respiración",null,"14111527-Papel autocopiante"]
[null,"46000000-Equipos y suministros de defensa, orden publico, proteccion, vigilancia y seguridad","46","4618 - Seguridad y protección personal","4618","46182100-Equipo y suministros antiestáticos",null,"14111528-Papel magnético"]
[null,"46000000-Equipos y suministros de defensa, orden publico, proteccion, vigilancia y seguridad","46","4618 - Seguridad y protección personal","4618","46182200-Equipo de apoyo ergonómico",null,"14111529-Rollos de télex"]
[null,"46000000-Equipos y suministros de defensa, orden publico, proteccion, vigilancia y seguridad","46","4618 - Seguridad y protección personal","4618","46182300-Protección anti caída y equipo de rescate",null,"14111530-Papel de notas autoadhesivas"]
[null,"46000000-Equipos y suministros de defensa, orden publico, proteccion, vigilancia y seguridad","46","4618 - Seguridad y protección personal","4618","46182400-Equipo de limpieza de seguridad y materiales de descontaminación",null,"14111531-Papel libros o cuadernos para bitácoras"]
[null,"46000000-Equipos y suministros de defensa, orden publico, proteccion, vigilancia y seguridad","46","4618 - Seguridad y protección personal","4618","46182500-Armas o dispositivos de seguridad personal",null,"14111532-Papel kits de papeles surtidos"]
[null,"46000000-Equipos y suministros de defensa, orden publico, proteccion, vigilancia y seguridad","46","4619 - Protección contra incendios","4619","46191500-Prevención contra incendios",null,"14111533-Papel cuadernillos o formularios de exámenes"]
[null,"46000000-Equipos y suministros de defensa, orden publico, proteccion, vigilancia y seguridad","46","4619 - Protección contra incendios","4619","46191600-Equipo contra incendios",null,"14111534-Papeles para notación musical o manuscritos"]
[null,"47000000-Equipos de limpieza y suministros","47","4710 - Tratamiento, suministros y eliminación de agua y aguas residuales","4710","47101500-Equipo para el tratamiento y suministro de agua",null,"14111535-Papeles para telégrafo"]
[null,"47000000-Equipos de limpieza y suministros","47","4710 - Tratamiento, suministros y eliminación de agua y aguas residuales","4710","47101600-Consumibles para el tratamiento de agua",null,"14111536-Tarjetas de préstamo de bibliotecas"]
[null,"47000000-Equipos de limpieza y suministros","47","4711 - Equipo industrial de lavandería y limpieza en seco","4711","47111500-Equipo de lavado y secado",null,"14111537-Etiquetas de papel"]
[null,"47000000-Equipos de limpieza y suministros","47","4711 - Equipo industrial de lavandería y limpieza en seco","4711","47111600-Equipo de planchado",null,"14111601-Papel o bolsas o cajas de regalo"]
[null,"47000000-Equipos de limpieza y suministros","47","4711 - Equipo industrial de lavandería y limpieza en seco","4711","47111700-Equipo de limpieza en seco",null,"14111604-Tarjetas de presentación"]
[null,"47000000-Equipos de limpieza y suministros","47","4712 - Equipo de limpieza","4712","47121500-Carritos y accesorios para limpieza",null,"14111605-Tarjetas postales, de saludo o de notas"]
[null,"47000000-Equipos de limpieza y suministros","47","4712 - Equipo de limpieza","4712","47121600-Máquinas y accesorios para pisos",null,"14111606-Papel para artes o artesanías"]
[null,"47000000-Equipos de limpieza y suministros","47","4712 - Equipo de limpieza","4712","47121700-Envases y accesorios para residuos",null,"14111607-Tableros para afiches"]
[null,"47000000-Equipos de limpieza y suministros","47","4712 - Equipo de limpieza","4712","47121800-Equipo de limpieza",null,"14111608-Certificados de regalo"]
[null,"47000000-Equipos de limpieza y suministros","47","4712 - Equipo de limpieza","4712","47121900-Accesorios de equipo de limpieza",null,"14111609-Papel de cubierta"]
[null,"47000000-Equipos de limpieza y suministros","47","4713 - Suministros de limpieza","4713","47131500-Trapos y paños de limpieza",null,"14111610-Papel de construcción"]
[null,"47000000-Equipos de limpieza y suministros","47","4713 - Suministros de limpieza","4713","47131600-Escobas, traperos, cepillos y accesorios",null,"14111611-Tarjetas de invitación o de anuncio"]
[null,"47000000-Equipos de limpieza y suministros","47","4713 - Suministros de limpieza","4713","47131700-Suministros para aseos",null,"14111613-Papel de pancartas"]
[null,"47000000-Equipos de limpieza y suministros","47","4713 - Suministros de limpieza","4713","47131800-Soluciones de limpieza y desinfección",null,"14111614-Papel o tejidos de álbum"]
[null,"47000000-Equipos de limpieza y suministros","47","4713 - Suministros de limpieza","4713","47131900-Absorbentes",null,"14111615-Papeles de afiche"]
[null,"47000000-Equipos de limpieza y suministros","47","4713 - Suministros de limpieza","4713","47132100-Kits de limpieza",null,"14111616-Papeles para forrar"]
[null,"48000000-Maquinaria, equipo y suministros para la industria de servicios","48","4810 - Equipos de servicios de alimentación para instituciones","4810","48101500-Equipo para cocinar o calentar",null,"14111701-Pañuelos faciales"]
[null,"48000000-Maquinaria, equipo y suministros para la industria de servicios","48","4810 - Equipos de servicios de alimentación para instituciones","4810","48101600-Equipos para preparado de alimentos",null,"14111702-Cubiertos de asientos de sanitario"]
[null,"48000000-Maquinaria, equipo y suministros para la industria de servicios","48","4810 - Equipos de servicios de alimentación para instituciones","4810","48101700-Distribuidores automáticos de comida y bebida",null,"14111703-Toallas de papel"]
[null,"48000000-Maquinaria, equipo y suministros para la industria de servicios","48","4810 - Equipos de servicios de alimentación para instituciones","4810","48101800-Menaje y utensilios de cocina",null,"14111704-Papel higiénico"]
[null,"48000000-Maquinaria, equipo y suministros para la industria de servicios","48","4810 - Equipos de servicios de alimentación para instituciones","4810","48101900-Tazas para servicio de mesa",null,"14111705-Servilletas de papel"]
[null,"48000000-Maquinaria, equipo y suministros para la industria de servicios","48","4810 - Equipos de servicios de alimentación para instituciones","4810","48102000-Mobiliario de restaurantes",null,"14111706-Manteles de papel"]
[null,"48000000-Maquinaria, equipo y suministros para la industria de servicios","48","4810 - Equipos de servicios de alimentación para instituciones","4810","48102100-Suministros y equipo de manipulación y almacenamiento",null,"14111801-Boletas o rollos de boletería"]
[null,"48000000-Maquinaria, equipo y suministros para la industria de servicios","48","4811 - Máquinas expendedoras","4811","48111000-Máquinas expendedoras de líquidos",null,"14111802-Recibos o libros de recibos"]
[null,"48000000-Maquinaria, equipo y suministros para la industria de servicios","48","4811 - Máquinas expendedoras","4811","48111100-Máquinas expendedoras de piezas/unidades",null,"14111803-Comprobantes"]
[null,"48000000-Maquinaria, equipo y suministros para la industria de servicios","48","4811 - Máquinas expendedoras","4811","48111200-Máquinas expendedoras de alimentos mandados hacer",null,"14111804-Facturas o libros de facturas"]
[null,"48000000-Maquinaria, equipo y suministros para la industria de servicios","48","4811 - Máquinas expendedoras","4811","48111300-Máquinas expendedoras servicios y boletas",null,"14111805-Cheques o chequeras"]
[null,"48000000-Maquinaria, equipo y suministros para la industria de servicios","48","4811 - Máquinas expendedoras","4811","48111400-Máquinas expendedoras de dinero efectivo",null,"14111806-Formularios o cuestionarios de negocios"]
[null,"48000000-Maquinaria, equipo y suministros para la industria de servicios","48","48130000-Equipo y materiales funerarios.","4813","48131500-Productos de entierro o tumbas",null,"14111807-Libros comerciales para múltiples usos"]
[null,"49000000-Equipos, suministros y accesorios para deportes y recreación","49","4910 - Coleccionables y condecoraciones","4910","49101600-Coleccionables",null,"14111808-Formatos contables o libros de contabilidad"]
[null,"49000000-Equipos, suministros y accesorios para deportes y recreación","49","4910 - Coleccionables y condecoraciones","4910","49101700-Premios",null,"14111809-Formas o libros de conocimientos de embarque"]
[null,"49000000-Equipos, suministros y accesorios para deportes y recreación","49","4912 - Equipos y accesorios para acampada y exterior","4912","49121500-Equipos para camping y exteriores",null,"14111810-Formatos o libros de personal"]
[null,"49000000-Equipos, suministros y accesorios para deportes y recreación","49","4912 - Equipos y accesorios para acampada y exterior","4912","49121600-Muebles de camping",null,"14111811-Formatos o libros de ventas"]
[null,"49000000-Equipos, suministros y accesorios para deportes y recreación","49","4913 - Equipos de pesca y caza","4913","49131500-Aparejos de pesca",null,"14111812-Formatos o libros de inventarios"]
[null,"49000000-Equipos, suministros y accesorios para deportes y recreación","49","4913 - Equipos de pesca y caza","4913","49131600-Productos de cacería",null,"14111813-Formatos o libros de correspondencia"]
[null,"49000000-Equipos, suministros y accesorios para deportes y recreación","49","4914 - Equipos para deportes acuáticos","4914","49141500-Escafandras autónomas y tubos de respiración",null,"14111814-Formatos o libros de impuestos"]
[null,"49000000-Equipos, suministros y accesorios para deportes y recreación","49","4914 - Equipos para deportes acuáticos","4914","49141600-Equipos y accesorios para windsurf y natación",null,"14111815-Tarjetas de identificación"]
[null,"49000000-Equipos, suministros y accesorios para deportes y recreación","49","4916 - Equipos deportivos para campos y canchas","4916","49161500-Equipos para deportes de campo",null,"14111816-Tarjetas de huellas digitales de solicitante"]
[null,"49000000-Equipos, suministros y accesorios para deportes y recreación","49","4916 - Equipos deportivos para campos y canchas","4916","49161600-Equipos para deportes de raqueta y pista",null,"14111817-Formato de verificación de depósito"]
[null,"49000000-Equipos, suministros y accesorios para deportes y recreación","49","4916 - Equipos deportivos para campos y canchas","4916","49161700-Equipos para deportes de pista",null,"14121501-Cartón blanqueado"]
[null,"49000000-Equipos, suministros y accesorios para deportes y recreación","49","4917 - Equipos de gimnasia y boxeo","4917","49171500-Equipos de gimnasia",null,"14121502-Cartón no blanqueado"]
[null,"49000000-Equipos, suministros y accesorios para deportes y recreación","49","4917 - Equipos de gimnasia y boxeo","4917","49171600-Equipos de boxeo",null,"14121503-Cartón"]
[null,"49000000-Equipos, suministros y accesorios para deportes y recreación","49","4918 - Juegos y equipo de tiro y mesa","4918","49181500-Equipos y juegos de mesa",null,"14121504-Papel de empaque"]
[null,"49000000-Equipos, suministros y accesorios para deportes y recreación","49","4918 - Juegos y equipo de tiro y mesa","4918","49181600-Equipo y juegos de tiro al blanco",null,"14121505-Material de fibra"]
[null,"49000000-Equipos, suministros y accesorios para deportes y recreación","49","4920 - Equipo para entrenamiento físico","4920","49201500-Equipo de entrenamiento para aeróbicos",null,"14121601-Papel crepé sin blanquear"]
[null,"49000000-Equipos, suministros y accesorios para deportes y recreación","49","4920 - Equipo para entrenamiento físico","4920","49201600-Equipo de entrenamiento de pesas y resistencia",null,"14121602-Papel crepé semi blanqueado"]
[null,"49000000-Equipos, suministros y accesorios para deportes y recreación","49","4921 - Otros deportes","4921","49211600-Equipo de golf",null,"14121603-Pañuelos de papel resistentes a la humedad"]
[null,"49000000-Equipos, suministros y accesorios para deportes y recreación","49","4921 - Otros deportes","4921","49211700-Equipo de bolos y accesorios y suministros",null,"14121604-Pañuelos de papel libres de ácido"]
[null,"49000000-Equipos, suministros y accesorios para deportes y recreación","49","4921 - Otros deportes","4921","49211800-Equipo de clase de educación física",null,"14121605-Pañuelos de papel kraft"]
[null,"49000000-Equipos, suministros y accesorios para deportes y recreación","49","4922 - Equipo de deporte y accesorios","4922","49221500-Accesorios para deporte",null,"14121701-Papeles adheridos con película"]
[null,"49000000-Equipos, suministros y accesorios para deportes y recreación","49","4924 - Equipo de recreo y parques infantiles y equipo y suministros de natación y de spa","4924","49241500-Equipo de parques infantiles",null,"14121702-Papeles cilindro o papel pesado multi – capas"]
[null,"49000000-Equipos, suministros y accesorios para deportes y recreación","49","4924 - Equipo de recreo y parques infantiles y equipo y suministros de natación y de spa","4924","49241600-Equipo de recreo",null,"14121703-Hojas de papel aluminio laminado"]
[null,"49000000-Equipos, suministros y accesorios para deportes y recreación","49","4924 - Equipo de recreo y parques infantiles y equipo y suministros de natación y de spa","4924","49241700-Equipo y suministros de piscina y spa",null,"14121801-Papeles recubiertos de arcilla"]
[null,"50000000-Alimentos, bebidas y tabaco","50","5010 - Frutas, verduras y frutos secos","5010","50101500-Verduras",null,"14121802-Papeles recubiertos de polietileno"]
[null,"50000000-Alimentos, bebidas y tabaco","50","5010 - Frutas, verduras y frutos secos","5010","50101600-Frutas",null,"14121803-Papeles recubiertos de poliéster"]
[null,"50000000-Alimentos, bebidas y tabaco","50","5010 - Frutas, verduras y frutos secos","5010","50101700-Frutos secos",null,"14121804-Papeles recubiertos de silicona"]
[null,"50000000-Alimentos, bebidas y tabaco","50","5011 - Productos de carne y aves de corral","5011","50111500-Carne y aves de corral",null,"14121805-Papeles recubiertos tratados con látex"]
[null,"50000000-Alimentos, bebidas y tabaco","50","5011 - Productos de carne y aves de corral","5011","50112000-Carnes procesadas y preparadas",null,"14121806-Papel de parafinado"]
[null,"50000000-Alimentos, bebidas y tabaco","50","5012 - Pescados y mariscos","5012","50121500-Pescado",null,"14121807-Papel mantequilla"]
[null,"50000000-Alimentos, bebidas y tabaco","50","5012 - Pescados y mariscos","5012","50121600-Marisco fresco",null,"14121808-Papel para congelador"]
[null,"50000000-Alimentos, bebidas y tabaco","50","5012 - Pescados y mariscos","5012","50121700-Invertebrados acuáticos",null,"14121809-Papel de enmascarar"]
[null,"50000000-Alimentos, bebidas y tabaco","50","5012 - Pescados y mariscos","5012","50121800-Plantas acuáticas",null,"14121810-Papeles carbón"]
[null,"50000000-Alimentos, bebidas y tabaco","50","5013 - Productos lácteos y huevos","5013","50131600-Huevos y sustitutos",null,"14121811-Papeles de copiado sensibilizados"]
[null,"50000000-Alimentos, bebidas y tabaco","50","5013 - Productos lácteos y huevos","5013","50131700-Productos de leche y mantequilla",null,"14121812-Papel de fotografía"]
[null,"50000000-Alimentos, bebidas y tabaco","50","5013 - Productos lácteos y huevos","5013","50131800-Queso",null,"14121901-Papel periódico estándar"]
[null,"50000000-Alimentos, bebidas y tabaco","50","5015 - Aceites y grasas comestibles","5015","50151500-Grasas y aceites vegetales comestibles",null,"14121902-Papel periódico de colores"]
[null,"50000000-Alimentos, bebidas y tabaco","50","5015 - Aceites y grasas comestibles","5015","50151600-Grasas y aceites animales comestibles",null,"14121903-Papel periódico de alto brillo"]
[null,"50000000-Alimentos, bebidas y tabaco","50","5016 - Chocolates, azúcares, edulcorantes y productos de confitería","5016","50161500-Chocolates, azúcares, edulcorantes productos",null,"14121904-Papel offset"]
[null,"50000000-Alimentos, bebidas y tabaco","50","5016 - Chocolates, azúcares, edulcorantes y productos de confitería","5016","50161800-Productos de confitería",null,"14121905-Papeles tímpano"]
[null,"50000000-Alimentos, bebidas y tabaco","50","5017 - Condimentos y conservantes","5017","50171500-Hierbas y especias y extractos",null,"14122101-Papel kraft súper calandrado"]
[null,"50000000-Alimentos, bebidas y tabaco","50","5017 - Condimentos y conservantes","5017","50171700-Vinagres y vinos de cocinar",null,"14122102-Papel kraft terminado o satinado en máquina"]
[null,"50000000-Alimentos, bebidas y tabaco","50","5017 - Condimentos y conservantes","5017","50171800-Salsas y condimentos y productos para untar",null,"14122103-Papel no recubierto no tratado"]
[null,"50000000-Alimentos, bebidas y tabaco","50","5017 - Condimentos y conservantes","5017","50171900-Salmuera y salsa y aceitunas",null,"14122104-Papel crepé no tratado"]
[null,"50000000-Alimentos, bebidas y tabaco","50","5018 - Productos de panadería","5018","50181700-Suministros y mezclas para hornear",null,"14122105-Papel crepé tratado con látex"]
[null,"50000000-Alimentos, bebidas y tabaco","50","5018 - Productos de panadería","5018","50181900-Pan y galletas y pastelitos dulces",null,"14122106-Papel no recubierto tratado con látex"]
[null,"50000000-Alimentos, bebidas y tabaco","50","5018 - Productos de panadería","5018","50182000-Tartas y empanadas y pastas",null,"14122201-Papel para germinación de semillas"]
[null,"50000000-Alimentos, bebidas y tabaco","50","5019 - Alimentos preparados y conservados","5019","50191500-Sopas y estofados",null,"15101502-Kerosene"]
[null,"50000000-Alimentos, bebidas y tabaco","50","5019 - Alimentos preparados y conservados","5019","50192100-Pasabocas y snacks",null,"15101503-Nafta"]
[null,"50000000-Alimentos, bebidas y tabaco","50","5019 - Alimentos preparados y conservados","5019","50192300-Postres y decoraciones de postres",null,"15101504-Combustible de aviación"]
[null,"50000000-Alimentos, bebidas y tabaco","50","5019 - Alimentos preparados y conservados","5019","50192400-Mermeladas y gelatinas y pastas de untar de nuez y dulce y conservas de fruta",null,"15101505-Combustible diesel"]
[null,"50000000-Alimentos, bebidas y tabaco","50","5019 - Alimentos preparados y conservados","5019","50192500-Sándwiches y panecillos con relleno",null,"15101506-Gasolina"]
[null,"50000000-Alimentos, bebidas y tabaco","50","5019 - Alimentos preparados y conservados","5019","50192600-Acompañamientos preparados",null,"15101507-Benceno"]
[null,"50000000-Alimentos, bebidas y tabaco","50","5019 - Alimentos preparados y conservados","5019","50192700-Platos combinados empaquetados",null,"15101508-Petróleo crudo"]
[null,"50000000-Alimentos, bebidas y tabaco","50","5019 - Alimentos preparados y conservados","5019","50192800-Empanadas y quiches y pasteles",null,"15101509-Combustible marítimo"]
[null,"50000000-Alimentos, bebidas y tabaco","50","5019 - Alimentos preparados y conservados","5019","50192900-Pasta o tallarines natural",null,"15101510-Condensado"]
[null,"50000000-Alimentos, bebidas y tabaco","50","5019 - Alimentos preparados y conservados","5019","50193000-Bebidas y comidas infantiles",null,"15101601-Carbón sub – bituminosos o débil"]
[null,"50000000-Alimentos, bebidas y tabaco","50","5019 - Alimentos preparados y conservados","5019","50193100-Materiales y mezclas instantáneas",null,"15101602-Lignito"]
[null,"50000000-Alimentos, bebidas y tabaco","50","5019 - Alimentos preparados y conservados","5019","50193200-Ensaladas preparadas",null,"15101603-Turba"]
[null,"50000000-Alimentos, bebidas y tabaco","50","5020 - Bebidas","5020","50201700-Café y té",null,"15101604-Coque"]
[null,"50000000-Alimentos, bebidas y tabaco","50","5020 - Bebidas","5020","50202200-Bebidas alcohólicas",null,"15101605-Carbón de leña o vegetal"]
[null,"50000000-Alimentos, bebidas y tabaco","50","5020 - Bebidas","5020","50202300-Bebidas no alcohólicas",null,"15101606-Combustibles de alcohol gelatinoso"]
[null,"50000000-Alimentos, bebidas y tabaco","50","5021 - Tabaco y productos de fumar y substitutos","5021","50211500-Tabaco y substitutos",null,"15101607-Hexaminas"]
[null,"50000000-Alimentos, bebidas y tabaco","50","5021 - Tabaco y productos de fumar y substitutos","5021","50211600-Productos, suministros y accesorios para tabaco",null,"15101608-Trioxanos"]
[null,"50000000-Alimentos, bebidas y tabaco","50","5022 - Productos de Cereales y Legumbres","5022","50221000-Legumbres",null,"15101701-Fuel oil de calefacción # 2"]
[null,"50000000-Alimentos, bebidas y tabaco","50","5022 - Productos de Cereales y Legumbres","5022","50221100-Cereales",null,"15101702-Fuel oils pesados residuales # 4 ó # 6"]
[null,"50000000-Alimentos, bebidas y tabaco","50","5022 - Productos de Cereales y Legumbres","5022","50221200-Cereales procesados",null,"15111501-Propano"]
[null,"51000000-Medicamentos y productos farmacéuticos","51","5110 - Medicamentos antiinfecciosos","5110","51101500-Antibióticos",null,"15111502-Metano"]
[null,"51000000-Medicamentos y productos farmacéuticos","51","5110 - Medicamentos antiinfecciosos","5110","51101600-Amebicidas, tricomonacidas y antiprotozoarios",null,"15111503-Propileno"]
[null,"51000000-Medicamentos y productos farmacéuticos","51","5110 - Medicamentos antiinfecciosos","5110","51101700-Antihelmínticos y otros antiparasitarios",null,"15111504-Etileno"]
[null,"51000000-Medicamentos y productos farmacéuticos","51","5110 - Medicamentos antiinfecciosos","5110","51101800-Fungicidas",null,"15111505-Butano"]
[null,"51000000-Medicamentos y productos farmacéuticos","51","5110 - Medicamentos antiinfecciosos","5110","51101900-Medicamentos contra la malaria",null,"15111506-Acetileno"]
[null,"51000000-Medicamentos y productos farmacéuticos","51","5110 - Medicamentos antiinfecciosos","5110","51102000-Medicamentos antituberculosos",null,"15111507-Gas de agua o gas productor"]
[null,"51000000-Medicamentos y productos farmacéuticos","51","5110 - Medicamentos antiinfecciosos","5110","51102100-Leprostáticos",null,"15111508-Gas de carbón"]
[null,"51000000-Medicamentos y productos farmacéuticos","51","5110 - Medicamentos antiinfecciosos","5110","51102200-Antiinfecciosos y analgésicos urinarios",null,"15111509-Gas metilacetileno propadieno mapp"]
[null,"51000000-Medicamentos y productos farmacéuticos","51","5110 - Medicamentos antiinfecciosos","5110","51102300-Medicamentos antivirales",null,"15111510-Gas licuado de petróleo"]
[null,"51000000-Medicamentos y productos farmacéuticos","51","5110 - Medicamentos antiinfecciosos","5110","51102400-Oftálmico",null,"15111701-Espesantes de combustible"]
[null,"51000000-Medicamentos y productos farmacéuticos","51","5110 - Medicamentos antiinfecciosos","5110","51102500-Antihelmínticos veterinarios",null,"15111702-Inhibidores de hielo para sistemas de combustibles"]
[null,"51000000-Medicamentos y productos farmacéuticos","51","5110 - Medicamentos antiinfecciosos","5110","51102600-Antibióticos veterinarios",null,"15121501-Aceite motor"]
[null,"51000000-Medicamentos y productos farmacéuticos","51","5110 - Medicamentos antiinfecciosos","5110","51102700-Antisépticos",null,"15121502-Aceite de corte"]
[null,"51000000-Medicamentos y productos farmacéuticos","51","5111 - Agentes antitumorales","5111","51111500-Agentes alquilante",null,"15121503-Aceite de engranajes"]
[null,"51000000-Medicamentos y productos farmacéuticos","51","5111 - Agentes antitumorales","5111","51111600-Antimetabolitos",null,"15121504-Aceite hidráulico"]
[null,"51000000-Medicamentos y productos farmacéuticos","51","5111 - Agentes antitumorales","5111","51111700-Antibióticos antineoplásicos",null,"15121505-Aceite de transformador o aislador"]
[null,"51000000-Medicamentos y productos farmacéuticos","51","5111 - Agentes antitumorales","5111","51111800-Hormonas y antihormonas",null,"15121508-Aceite de transmisión"]
[null,"51000000-Medicamentos y productos farmacéuticos","51","5111 - Agentes antitumorales","5111","51111900-Productos antitumorales naturales",null,"15121509-Aceite de frenos"]
[null,"51000000-Medicamentos y productos farmacéuticos","51","5112 - Medicamentos cardiovasculares","5112","51121500-Agentes antiarritmia",null,"15121510-Anti – excoriación"]
[null,"51000000-Medicamentos y productos farmacéuticos","51","5112 - Medicamentos cardiovasculares","5112","51121600-Medicamentos antiangina",null,"15121511-Pastas de ensamble"]
[null,"51000000-Medicamentos y productos farmacéuticos","51","5112 - Medicamentos cardiovasculares","5112","51121700-Medicamentos antihipertensivos",null,"15121512-Anti adhesivos"]
[null,"51000000-Medicamentos y productos farmacéuticos","51","5112 - Medicamentos cardiovasculares","5112","51121800-Agentes antihiperlipidémicos/hipocolesterolémicos",null,"15121513-Lubricantes de grafito"]
[null,"51000000-Medicamentos y productos farmacéuticos","51","5112 - Medicamentos cardiovasculares","5112","51121900-Medicamentos usados para insuficiencia cardíaca congestiva",null,"15121514-Lubricantes espray"]
[null,"51000000-Medicamentos y productos farmacéuticos","51","5112 - Medicamentos cardiovasculares","5112","51122100-Vasodilatadores",null,"15121515-Compuestos anti – adherentes o anti – manchas"]
[null,"51000000-Medicamentos y productos farmacéuticos","51","5112 - Medicamentos cardiovasculares","5112","51122200-Fármacos contra la hipotensión",null,"15121516-Eliminador de fugas"]
[null,"51000000-Medicamentos y productos farmacéuticos","51","5112 - Medicamentos cardiovasculares","5112","51122300-Agentes cardiopléjicos",null,"15121517-Jabones lubricantes"]
[null,"51000000-Medicamentos y productos farmacéuticos","51","5113 - Medicamentos hematólicos","5113","51131500-Medicamentos antianémicos",null,"15121518-Fluidos de amortiguación"]
[null,"51000000-Medicamentos y productos farmacéuticos","51","5113 - Medicamentos hematólicos","5113","51131600-Anticoagulantes",null,"15121519-Aceites de lubricación de relojes"]
[null,"51000000-Medicamentos y productos farmacéuticos","51","5113 - Medicamentos hematólicos","5113","51131700-Trombolíticos/inhibidores de agregación de plaquetas",null,"15121520-Lubricantes de propósito general"]
[null,"51000000-Medicamentos y productos farmacéuticos","51","5113 - Medicamentos hematólicos","5113","51131800-Agentes hemostáticos sistémicos y coagulantes",null,"15121521-Aceites para lubricación de bombas"]
[null,"51000000-Medicamentos y productos farmacéuticos","51","5113 - Medicamentos hematólicos","5113","51131900-Sustitutos de plasma sanguíneo y extensores y expansores",null,"15121522-Aceites para lubricación de armas"]
[null,"51000000-Medicamentos y productos farmacéuticos","51","5113 - Medicamentos hematólicos","5113","51132000-Agentes hemorreológicos",null,"15121523-Fluidos para preparación de lentes"]
[null,"51000000-Medicamentos y productos farmacéuticos","51","5114 - Medicamentos para el sistema nervioso central","5114","51141500-Anticonvulsivos",null,"15121524-Aceites de templado"]
[null,"51000000-Medicamentos y productos farmacéuticos","51","5114 - Medicamentos para el sistema nervioso central","5114","51141600-Antidepresivos",null,"15121525-Aceite atemperante"]
[null,"51000000-Medicamentos y productos farmacéuticos","51","5114 - Medicamentos para el sistema nervioso central","5114","51141700-Agentes antipsicóticos",null,"15121526-Lubricantes para equipo de procesamiento de alimentos"]
[null,"51000000-Medicamentos y productos farmacéuticos","51","5114 - Medicamentos para el sistema nervioso central","5114","51141800-Hipnóticos",null,"15121527-Aceite de turbina"]
[null,"51000000-Medicamentos y productos farmacéuticos","51","5114 - Medicamentos para el sistema nervioso central","5114","51141900-Tranquilizantes y fármacos ansiolíticos y antimaniacos",null,"15121801-Repelente de humedad"]
[null,"51000000-Medicamentos y productos farmacéuticos","51","5114 - Medicamentos para el sistema nervioso central","5114","51142000-Analgésicos no narcóticos/antipiréticos",null,"15121802-Lubricante anti – corrosión"]
[null,"51000000-Medicamentos y productos farmacéuticos","51","5114 - Medicamentos para el sistema nervioso central","5114","51142100-Fármacos antiinflamatorios no esteroideos (nsaid)",null,"15121803-Removedor de óxido"]
[null,"51000000-Medicamentos y productos farmacéuticos","51","5114 - Medicamentos para el sistema nervioso central","5114","51142200-Analgésicos narcóticos",null,"15121804-Preparación contra óxido"]
[null,"51000000-Medicamentos y productos farmacéuticos","51","5114 - Medicamentos para el sistema nervioso central","5114","51142300-Antagonistas narcóticos",null,"15121805-Pastas anti – soldado"]
[null,"51000000-Medicamentos y productos farmacéuticos","51","5114 - Medicamentos para el sistema nervioso central","5114","51142400-Medicamentos para dolores de cabeza vasculares y migraña",null,"15121806-Aceites penetrantes"]
[null,"51000000-Medicamentos y productos farmacéuticos","51","5114 - Medicamentos para el sistema nervioso central","5114","51142500-Medicamentos contra el parkinson",null,"15121901-Grasa de silicona"]
[null,"51000000-Medicamentos y productos farmacéuticos","51","5114 - Medicamentos para el sistema nervioso central","5114","51142600-Estimulantes/anoréxicos",null,"15121902-Grasa"]
[null,"51000000-Medicamentos y productos farmacéuticos","51","5114 - Medicamentos para el sistema nervioso central","5114","51142700-Fármacos antiinflamatorios no esteroideos veterinarios (vnsaid)",null,"15121903-Grasa fluoropolímero"]
[null,"51000000-Medicamentos y productos farmacéuticos","51","5114 - Medicamentos para el sistema nervioso central","5114","51142800-Fármacos de tratamiento de la esclerosis lateral amiotrófica (ela)",null,"15121904-Grasa de lana"]
[null,"51000000-Medicamentos y productos farmacéuticos","51","5114 - Medicamentos para el sistema nervioso central","5114","51142900-Fármacos anestésicos, complementos relacionados y analépticos",null,"15131502-Uranio empobrecido"]
[null,"51000000-Medicamentos y productos farmacéuticos","51","5115 - Medicamentos para el sistema nervioso autónomo","5115","51151500-Colinérgicos y inhibidores de la colinesterasa",null,"15131503-Uranio enriquecido"]
[null,"51000000-Medicamentos y productos farmacéuticos","51","5115 - Medicamentos para el sistema nervioso autónomo","5115","51151600-Agentes bloqueadores colinérgicos",null,"15131504-Iridio"]
[null,"51000000-Medicamentos y productos farmacéuticos","51","5115 - Medicamentos para el sistema nervioso autónomo","5115","51151700-Simpatomiméticos (adrenérgicos)",null,"15131505-Plutonio enriquecido"]
[null,"51000000-Medicamentos y productos farmacéuticos","51","5115 - Medicamentos para el sistema nervioso autónomo","5115","51151800-Agentes bloqueadores adrenérgicos",null,"15131506-Plutonio empobrecido"]
[null,"51000000-Medicamentos y productos farmacéuticos","51","5115 - Medicamentos para el sistema nervioso autónomo","5115","51151900-Relajantes músculo-esqueléticos de acción centrada",null,"15131601-Barra de combustible nuclear"]
[null,"51000000-Medicamentos y productos farmacéuticos","51","5115 - Medicamentos para el sistema nervioso autónomo","5115","51152000-Agentes bloqueadores neuromusculares",null,"20101501-Equipo de minería continua"]
[null,"51000000-Medicamentos y productos farmacéuticos","51","5116 - Medicamentos que afectan al tracto respiratorio","5116","51161500-Antiasmáticos",null,"20101502-Cizallas de pared alta"]
[null,"51000000-Medicamentos y productos farmacéuticos","51","5116 - Medicamentos que afectan al tracto respiratorio","5116","51161600-Antihistamínicos (bloqueadores h1)",null,"20101503-Cortadores de carbón"]
[null,"51000000-Medicamentos y productos farmacéuticos","51","5116 - Medicamentos que afectan al tracto respiratorio","5116","51161700-Medicamentos para alteraciones del tracto respiratorio",null,"20101504-Cortadores de roca"]
[null,"51000000-Medicamentos y productos farmacéuticos","51","5116 - Medicamentos que afectan al tracto respiratorio","5116","51161800-Productos para tos, resfriados y antialérgicos",null,"20101601-Pantallas"]
[null,"51000000-Medicamentos y productos farmacéuticos","51","5116 - Medicamentos que afectan al tracto respiratorio","5116","51161900-Descongestionantes nasales",null,"20101602-Alimentadores"]
[null,"51000000-Medicamentos y productos farmacéuticos","51","5117 - Medicamentos que afectan al sistema gastrointestinal","5117","51171500-Antiácidos y antiflatulentos",null,"20101603-Pantalla de hoyo de desagüe"]
[null,"51000000-Medicamentos y productos farmacéuticos","51","5117 - Medicamentos que afectan al sistema gastrointestinal","5117","51171600-Laxantes",null,"20101701-Trituradores de roca"]
[null,"51000000-Medicamentos y productos farmacéuticos","51","5117 - Medicamentos que afectan al sistema gastrointestinal","5117","51171700-Antidiarréicos",null,"20101702-Trituradores de rollo"]
[null,"51000000-Medicamentos y productos farmacéuticos","51","5117 - Medicamentos que afectan al sistema gastrointestinal","5117","51171800-Agentes antivértigo, antinauseantes y antieméticos",null,"20101703-Trituradores de cono"]
[null,"51000000-Medicamentos y productos farmacéuticos","51","5117 - Medicamentos que afectan al sistema gastrointestinal","5117","51171900-Fármacos antiúlcera y otros fármacos gastrointestinales (gi) relacionados",null,"20101704-Trituradores giratorios"]
[null,"51000000-Medicamentos y productos farmacéuticos","51","5117 - Medicamentos que afectan al sistema gastrointestinal","5117","51172000-Medicamentos para enfermedades de la vesícula biliar",null,"20101705-Trituradores de impacto"]
[null,"51000000-Medicamentos y productos farmacéuticos","51","5117 - Medicamentos que afectan al sistema gastrointestinal","5117","51172100-Antiespasmódicos",null,"20101706-Trituradores de mandíbula"]
[null,"51000000-Medicamentos y productos farmacéuticos","51","5118 - Hormonas y antagonistas hormonales","5118","51181500-Agentes antidiabéticos y agentes hiperglicémicos",null,"20101707-Plantas de trituración"]
[null,"51000000-Medicamentos y productos farmacéuticos","51","5118 - Hormonas y antagonistas hormonales","5118","51181600-Medicamentos tiroideas y antitiroideas",null,"20101708-Molino de varilla"]
[null,"51000000-Medicamentos y productos farmacéuticos","51","5118 - Hormonas y antagonistas hormonales","5118","51181700-Corticosteroides",null,"20101709-Molino de bola"]
[null,"51000000-Medicamentos y productos farmacéuticos","51","5118 - Hormonas y antagonistas hormonales","5118","51181800-Estrógenos, progesteronas y anticonceptivos internos",null,"20101710-Maquinaria de pulverización"]
[null,"51000000-Medicamentos y productos farmacéuticos","51","5118 - Hormonas y antagonistas hormonales","5118","51181900-Hormonas gonadotrópicas y estimulantes e inhibidores ováricos",null,"20101711-Rompedores de roca"]
[null,"51000000-Medicamentos y productos farmacéuticos","51","5118 - Hormonas y antagonistas hormonales","5118","51182000-Andrógenos e inhibidores androgénicos",null,"20101712-Moledores de roca"]
[null,"51000000-Medicamentos y productos farmacéuticos","51","5118 - Hormonas y antagonistas hormonales","5118","51182100-Hormonas de la pituitaria posterior",null,"20101713-Moledoras de ciclón o vórtex"]
[null,"51000000-Medicamentos y productos farmacéuticos","51","5118 - Hormonas y antagonistas hormonales","5118","51182200-Medicamentos para la inducción del parto",null,"20101714-Placas de mandíbula"]
[null,"51000000-Medicamentos y productos farmacéuticos","51","5118 - Hormonas y antagonistas hormonales","5118","51182300-Hormonas del crecimiento y sus inhibidores",null,"20101801-Apernador de cable"]
[null,"51000000-Medicamentos y productos farmacéuticos","51","5118 - Hormonas y antagonistas hormonales","5118","51182400-Sales de calcio y reguladores del calcio",null,"20101802-Apernador de tijera"]
[null,"51000000-Medicamentos y productos farmacéuticos","51","5119 - Agentes que afectan el agua y los electrolitos","5119","51191500-Diuréticos",null,"20101803-Apernador de boom"]
[null,"51000000-Medicamentos y productos farmacéuticos","51","5119 - Agentes que afectan el agua y los electrolitos","5119","51191600-Electrolitos",null,"20101804-Equipo para aplicar concreto lanzado o shotcrete"]
[null,"51000000-Medicamentos y productos farmacéuticos","51","5119 - Agentes que afectan el agua y los electrolitos","5119","51191700-Agentes alcalinizadores",null,"20101805-Repuestos o accesorios de sistema mecanizado de soporte en tierra"]
[null,"51000000-Medicamentos y productos farmacéuticos","51","5119 - Agentes que afectan el agua y los electrolitos","5119","51191800-Sales de potasio",null,"20101901-Sistema blockholer o taladro y cargue"]
[null,"51000000-Medicamentos y productos farmacéuticos","51","5119 - Agentes que afectan el agua y los electrolitos","5119","51191900-Suplementos dietéticos y productos de terapia alimenticia",null,"20101902-Sistemas de impacto repetitivo"]
[null,"51000000-Medicamentos y productos farmacéuticos","51","5120 - Medicamentos inmunomoduladores","5120","51201500-Inmunodepresores",null,"20101903-Repuestos o accesorios de sistema secundario de ruptura de roca"]
[null,"51000000-Medicamentos y productos farmacéuticos","51","5120 - Medicamentos inmunomoduladores","5120","51201600-Vacunas, antígenos y toxoides",null,"20102001-Taladros de barreno profundo en el hoyo ith o abajo del hoyo dth"]
[null,"51000000-Medicamentos y productos farmacéuticos","51","5120 - Medicamentos inmunomoduladores","5120","51201700-Vacunas aviares",null,"20102002-Taladros de barreo profundo de martillo superior"]
[null,"51000000-Medicamentos y productos farmacéuticos","51","5120 - Medicamentos inmunomoduladores","5120","51201800-Agentes inmunoestimulantes",null,"20102003-Jumbos neumáticos para perforación de pozos"]
[null,"51000000-Medicamentos y productos farmacéuticos","51","5120 - Medicamentos inmunomoduladores","5120","51201900-Agentes de la esclerosis múltiple (em)",null,"20102004-Jumbos hidráulicos para perforación de pozos"]
[null,"51000000-Medicamentos y productos farmacéuticos","51","5121 - Categorías de medicamentos varios","5121","51211500-Medicamentos antigota",null,"20102005-Jumbos neumáticos de desarrollo horizontal"]
[null,"51000000-Medicamentos y productos farmacéuticos","51","5121 - Categorías de medicamentos varios","5121","51211600-Antídotos y eméticos",null,"20102006-Jumbos hidráulicos de desarrollo horizontal"]
[null,"51000000-Medicamentos y productos farmacéuticos","51","5121 - Categorías de medicamentos varios","5121","51211900-Fármacos anestésicos veterinarios",null,"20102007-Taladros de núcleo"]
[null,"51000000-Medicamentos y productos farmacéuticos","51","5121 - Categorías de medicamentos varios","5121","51212000-Fármacos herbales",null,"20102008-Repuestos o accesorios de sistema de exploración o desarrollo"]
[null,"51000000-Medicamentos y productos farmacéuticos","51","5121 - Categorías de medicamentos varios","5121","51212100-Fármacos dentales",null,"20102101-Taladros de roca neumáticos"]
[null,"51000000-Medicamentos y productos farmacéuticos","51","5121 - Categorías de medicamentos varios","5121","51212200-Fármacos contra las adicciones",null,"20102102-Taladros de roca hidráulicos"]
[null,"51000000-Medicamentos y productos farmacéuticos","51","5121 - Categorías de medicamentos varios","5121","51212300-Radiofármacos y agentes de diagnóstico",null,"20102103-Taladros de roca manuales"]
[null,"51000000-Medicamentos y productos farmacéuticos","51","5121 - Categorías de medicamentos varios","5121","51212400-Fármacos para tratar la disfunción sexual",null,"20102104-Repuestos y accesorios de taladros de roca"]
[null,"51000000-Medicamentos y productos farmacéuticos","51","5124 - Fármacos que afectan a los oídos, los ojos, la nariz y la piel","5124","51241000-Preparados aurales",null,"20102201-Maquinaria para cargar nitrato de amonio y fuel oil - anfo"]
[null,"51000000-Medicamentos y productos farmacéuticos","51","5124 - Fármacos que afectan a los oídos, los ojos, la nariz y la piel","5124","51241100-Agentes oftálmicos",null,"20102202-Maquinaria para cargar emulsión"]
[null,"51000000-Medicamentos y productos farmacéuticos","51","5124 - Fármacos que afectan a los oídos, los ojos, la nariz y la piel","5124","51241200-Agentes dermatológicos",null,"20102203-Repuestos y accesorios para maquinaria de cargue de explosivos"]
[null,"51000000-Medicamentos y productos farmacéuticos","51","5124 - Fármacos que afectan a los oídos, los ojos, la nariz y la piel","5124","51241300-Astringentes",null,"20102301-Transporte de personal"]
[null,"52000000-Artículos domésticos, suministros y productos electrónicos de consumo","52","5210 - Revestimientos de suelos","5210","52101500-Alfombras y felpudos",null,"20102302-Vehículos grúa"]
[null,"52000000-Artículos domésticos, suministros y productos electrónicos de consumo","52","5212 - Ropa de cama, mantelerías, paños de cocina y toallas","5212","52121500-Ropa de cama",null,"20102303-Cama bajas para el transporte de material"]
[null,"52000000-Artículos domésticos, suministros y productos electrónicos de consumo","52","5212 - Ropa de cama, mantelerías, paños de cocina y toallas","5212","52121600-Mantelerías de cocina y mesa y accesorios",null,"20102304-Transportadores de carga a granel"]
[null,"52000000-Artículos domésticos, suministros y productos electrónicos de consumo","52","5212 - Ropa de cama, mantelerías, paños de cocina y toallas","5212","52121700-Toallas",null,"20102305-Vehículos utilitarios"]
[null,"52000000-Artículos domésticos, suministros y productos electrónicos de consumo","52","5213 - Tratamientos de ventanas","5213","52131500-Cortinas y ropaje",null,"20102306-Vehículos de plataforma elevable o elevadores de tijera"]
[null,"52000000-Artículos domésticos, suministros y productos electrónicos de consumo","52","5213 - Tratamientos de ventanas","5213","52131600-Persianas",null,"20102307-Repuestos o accesorios de vehículo de servicio minero subterráneo"]
[null,"52000000-Artículos domésticos, suministros y productos electrónicos de consumo","52","5213 - Tratamientos de ventanas","5213","52131700-Accesorios y ferretería para tratamiento de ventanas",null,"20111504-Equipos para perforar pozos de agua"]
[null,"52000000-Artículos domésticos, suministros y productos electrónicos de consumo","52","5214 - Aparatos electrodomésticos","5214","52141500-Electrodomésticos para cocina",null,"20111505-Equipo para la exploración de uranio"]
[null,"52000000-Artículos domésticos, suministros y productos electrónicos de consumo","52","5214 - Aparatos electrodomésticos","5214","52141600-Lavadoras y suministros de uso doméstico",null,"20111601-Maquinaria de sondeo o de perforación"]
[null,"52000000-Artículos domésticos, suministros y productos electrónicos de consumo","52","5214 - Aparatos electrodomésticos","5214","52141700-Aparatos de baño domésticos",null,"20111602-Maquinaria de ensamble en fondo de pozo"]
[null,"52000000-Artículos domésticos, suministros y productos electrónicos de consumo","52","5214 - Aparatos electrodomésticos","5214","52141800-Otros electrodomésticos",null,"20111603-Martillos perforadores"]
[null,"52000000-Artículos domésticos, suministros y productos electrónicos de consumo","52","5215 - Utensilios de cocina domésticos","5215","52151500-Utensilios de cocina desechables domésticos",null,"20111604-Taladro sobre orugas"]
[null,"52000000-Artículos domésticos, suministros y productos electrónicos de consumo","52","5215 - Utensilios de cocina domésticos","5215","52151600-Utensilios de cocina domésticos",null,"20111606-Vibradores neumáticos"]
[null,"52000000-Artículos domésticos, suministros y productos electrónicos de consumo","52","5215 - Utensilios de cocina domésticos","5215","52151700-Cubertería y cuchillería de uso doméstico",null,"20111607-Maquinaria para hacer túneles"]
[null,"52000000-Artículos domésticos, suministros y productos electrónicos de consumo","52","5215 - Utensilios de cocina domésticos","5215","52151800-Batería de cocina doméstica",null,"20111608-Martillos de poder"]
[null,"52000000-Artículos domésticos, suministros y productos electrónicos de consumo","52","5215 - Utensilios de cocina domésticos","5215","52151900-Utensilios para hornear domésticos",null,"20111609-Taladro de platina"]
[null,"52000000-Artículos domésticos, suministros y productos electrónicos de consumo","52","5215 - Utensilios de cocina domésticos","5215","52152000-Platos, utensilios para servir y recipientes para almacenar",null,"20111610-Maquinaria de inspección de alcantarillas"]
[null,"52000000-Artículos domésticos, suministros y productos electrónicos de consumo","52","5215 - Utensilios de cocina domésticos","5215","52152100-Cristalería de uso doméstico",null,"20111611-Taladros giratorios"]
[null,"52000000-Artículos domésticos, suministros y productos electrónicos de consumo","52","5215 - Utensilios de cocina domésticos","5215","52152200-Lavado de platos y accesorios de almacenamiento de platos",null,"20111612-Taladros de perforación de pozos"]
[null,"52000000-Artículos domésticos, suministros y productos electrónicos de consumo","52","5216 - Electrónica de consumo","5216","52161500-Equipos audiovisuales",null,"20111613-Taladros de barreno profundo"]
[null,"52000000-Artículos domésticos, suministros y productos electrónicos de consumo","52","5216 - Electrónica de consumo","5216","52161600-Accesorios de equipo audiovisual",null,"20111614-Brocas industriales"]
[null,"53000000-Ropa, maletas y productos de aseo personal","53","5310 - Ropa","5310","53101500-Pantalones de deporte, pantalones y pantalones cortos",null,"20111615-Perforadora de avance"]
[null,"53000000-Ropa, maletas y productos de aseo personal","53","5310 - Ropa","5310","53101600-Faldas y blusas",null,"20111616-Torre de perforación"]
[null,"53000000-Ropa, maletas y productos de aseo personal","53","5310 - Ropa","5310","53101700-Suéteres",null,"20111617-Carros de perforación"]
[null,"53000000-Ropa, maletas y productos de aseo personal","53","5310 - Ropa","5310","53101800-Abrigos y chaquetas",null,"20111618-Caña de pecar de fondo de pozo"]
[null,"53000000-Ropa, maletas y productos de aseo personal","53","5310 - Ropa","5310","53101900-Trajes",null,"20111619-Cono de perforación de pozos"]
[null,"53000000-Ropa, maletas y productos de aseo personal","53","5310 - Ropa","5310","53102000-Vestidos, faldas, saris y kimonos",null,"20111701-Instrumentos audiovisuales para inspección de pozos"]
[null,"53000000-Ropa, maletas y productos de aseo personal","53","5310 - Ropa","5310","53102100-Batas y monos",null,"20111702-Tapones o anclajes de tubos"]
[null,"53000000-Ropa, maletas y productos de aseo personal","53","5310 - Ropa","5310","53102200-Ropa folclórica",null,"20111703-Recubrimientos de perforación"]
[null,"53000000-Ropa, maletas y productos de aseo personal","53","5310 - Ropa","5310","53102300-Ropa interior",null,"20111704-Pantallas de perforación"]
[null,"53000000-Ropa, maletas y productos de aseo personal","53","5310 - Ropa","5310","53102400-Medias y calcetines",null,"20111705-Puntos de pozo"]
[null,"53000000-Ropa, maletas y productos de aseo personal","53","5310 - Ropa","5310","53102500-Accesorios de vestir",null,"20111706-Cuñas de perforación"]
[null,"53000000-Ropa, maletas y productos de aseo personal","53","5310 - Ropa","5310","53102600-Ropa de dormir",null,"20111707-Adaptadores de herramientas de perforación"]
[null,"53000000-Ropa, maletas y productos de aseo personal","53","5310 - Ropa","5310","53102700-Uniformes",null,"20111708-Columnas de perforación"]
[null,"53000000-Ropa, maletas y productos de aseo personal","53","5310 - Ropa","5310","53102800-Trajes de baño",null,"20111709-Herramientas o kits de accesorios para perforar pozos"]
[null,"53000000-Ropa, maletas y productos de aseo personal","53","5310 - Ropa","5310","53102900-Prendas de deporte",null,"20121001-Unidades de mezcla acidificante"]
[null,"53000000-Ropa, maletas y productos de aseo personal","53","5310 - Ropa","5310","53103000-Camisetas",null,"20121002-Sensores de densidad acidificante"]
[null,"53000000-Ropa, maletas y productos de aseo personal","53","5310 - Ropa","5310","53103100-Chalecos",null,"20121003-Unidades de bombeo acidificante"]
[null,"53000000-Ropa, maletas y productos de aseo personal","53","5311 - Calzado","5311","53111500-Botas",null,"20121004-Unidades acidificantes"]
[null,"53000000-Ropa, maletas y productos de aseo personal","53","5311 - Calzado","5311","53111600-Zapatos",null,"20121005-Tubería de aire acidificante"]
[null,"53000000-Ropa, maletas y productos de aseo personal","53","5311 - Calzado","5311","53111700-Zapatillas",null,"20121006-Inyectores de bola acidificantes"]
[null,"53000000-Ropa, maletas y productos de aseo personal","53","5311 - Calzado","5311","53111800-Sandalias",null,"20121007-Equipo de ácido líquido a granel"]
[null,"53000000-Ropa, maletas y productos de aseo personal","53","5311 - Calzado","5311","53111900-Calzado deportivo",null,"20121008-Cajas de gota acidificante"]
[null,"53000000-Ropa, maletas y productos de aseo personal","53","5311 - Calzado","5311","53112000-Accesorios para el calzado",null,"20121009-Medidores de acidificación"]
[null,"53000000-Ropa, maletas y productos de aseo personal","53","5311 - Calzado","5311","53112100-Chanclos",null,"20121010-Cajas de unión de acidificación"]
[null,"53000000-Ropa, maletas y productos de aseo personal","53","5312 - Maletas, bolsos de mano, mochilas y estuches","5312","53121500-Maletas",null,"20121011-Sensores de presión de acidificación"]
[null,"53000000-Ropa, maletas y productos de aseo personal","53","5312 - Maletas, bolsos de mano, mochilas y estuches","5312","53121600-Monederos, bolsos de mano y bolsas",null,"20121012-Tubería de proceso acidificante"]
[null,"53000000-Ropa, maletas y productos de aseo personal","53","5312 - Maletas, bolsos de mano, mochilas y estuches","5312","53121700-Carteras",null,"20121013-Uniones estrechas de acidificación"]
[null,"53000000-Ropa, maletas y productos de aseo personal","53","5312 - Maletas, bolsos de mano, mochilas y estuches","5312","53121800-Juegos y accesorios de viaje",null,"20121014-Pivotes de acidificación"]
[null,"53000000-Ropa, maletas y productos de aseo personal","53","5313 - Artículos de tocador","5313","53131500-Dentales",null,"20121015-Hierros de tratamiento de acidificación"]
[null,"53000000-Ropa, maletas y productos de aseo personal","53","5313 - Artículos de tocador","5313","53131600-Baño y cuerpo",null,"20121016-Protectores de árboles de acidificación"]
[null,"53000000-Ropa, maletas y productos de aseo personal","53","5314 - Fuentes y accesorios de costura","5314","53141500-Afianzadores de costura",null,"20121101-Unidades de mezclado"]
[null,"53000000-Ropa, maletas y productos de aseo personal","53","5314 - Fuentes y accesorios de costura","5314","53141600-Suministros de costura variados",null,"20121102-Tapones de puente"]
[null,"54000000-Productos para relojería, joyería y piedras preciosas","54","5410 - Joyería","5410","54101500-Joyería fina",null,"20121103-Equipo de cemento líquido a granel"]
[null,"54000000-Productos para relojería, joyería y piedras preciosas","54","5410 - Joyería","5410","54101600-Bisutería",null,"20121104-Equipo de material de cemento a granel"]
[null,"54000000-Productos para relojería, joyería y piedras preciosas","54","5410 - Joyería","5410","54101700-Herramientas y materiales de joyería",null,"20121105-Sensores de densidad del cemento"]
[null,"54000000-Productos para relojería, joyería y piedras preciosas","54","5411 - Relojes","5411","54111500-Relojes de pulsera o bolsillo",null,"20121106-Unidades de flotación de cemento a granel"]
[null,"54000000-Productos para relojería, joyería y piedras preciosas","54","5411 - Relojes","5411","54111600-Relojes de pared o de mesa",null,"20121107-Herramientas de flotación de cemento"]
[null,"54000000-Productos para relojería, joyería y piedras preciosas","54","5411 - Relojes","5411","54111700-Piezas de relojes de pulsera o de pared o pie o accesorios",null,"20121108-Tapones limpiadores de equipo de flotación de cemento"]
[null,"54000000-Productos para relojería, joyería y piedras preciosas","54","5412 - Gemas","5412","54121500-Piedras preciosas",null,"20121109-Unidades de bombeo de cemento"]
[null,"54000000-Productos para relojería, joyería y piedras preciosas","54","5412 - Gemas","5412","54121600-Piedras semipreciosas",null,"20121110-Retenedores de cemento"]
[null,"54000000-Productos para relojería, joyería y piedras preciosas","54","5412 - Gemas","5412","54121700-Perlas",null,"20121111-Centralizadores"]
[null,"54000000-Productos para relojería, joyería y piedras preciosas","54","5412 - Gemas","5412","54121800-Piedras preciosas o semipreciosas industriales",null,"20121112-Acoples de pestillo expreso"]
[null,"55000000-Publicaciones impresas, publicaciones electrónicas y accesorios","55","5510 - Medios impresos","5510","55101500-Publicaciones impresas",null,"20121113-Collares de flotación"]
[null,"55000000-Publicaciones impresas, publicaciones electrónicas y accesorios","55","5511 - Material electrónico de referencia","5511","55111500-Publicaciones electrónicas y música",null,"20121114-Zapatas de flotación"]
[null,"55000000-Publicaciones impresas, publicaciones electrónicas y accesorios","55","5511 - Material electrónico de referencia","5511","55111600-Material de referencia de software electrónico",null,"20121115-Herramientas para cementación de campos petroleros"]
[null,"55000000-Publicaciones impresas, publicaciones electrónicas y accesorios","55","5512 - Etiquetado y accesorios","5512","55121500-Rótulos",null,"20121116-Tapones recuperables de cementación"]
[null,"55000000-Publicaciones impresas, publicaciones electrónicas y accesorios","55","5512 - Etiquetado y accesorios","5512","55121600-Etiquetas",null,"20121117-Eslingas de seguridad"]
[null,"55000000-Publicaciones impresas, publicaciones electrónicas y accesorios","55","5512 - Etiquetado y accesorios","5512","55121700-Señalización",null,"20121118-Cabezales de cemento bajo el mar"]
[null,"55000000-Publicaciones impresas, publicaciones electrónicas y accesorios","55","5512 - Etiquetado y accesorios","5512","55121800-Documentos de identificación",null,"20121119-Cabezales de cemento en superficie"]
[null,"56000000-Muebles, mobiliario y decoración","56","5610 - Muebles de alojamiento","5610","56101500-Muebles",null,"20121201-Equipo de fractura líquida a granel"]
[null,"56000000-Muebles, mobiliario y decoración","56","5610 - Muebles de alojamiento","5610","56101600-Muebles para el exterior",null,"20121202-Equipo de fractura a granel usando unidades de soporte"]
[null,"56000000-Muebles, mobiliario y decoración","56","5610 - Muebles de alojamiento","5610","56101700-Muebles de oficina",null,"20121203-Unidades de control de fracturación"]
[null,"56000000-Muebles, mobiliario y decoración","56","5610 - Muebles de alojamiento","5610","56101800-Accesorios y muebles de bebé y niño",null,"20121204-Sensores de densidad de fracturación"]
[null,"56000000-Muebles, mobiliario y decoración","56","5610 - Muebles de alojamiento","5610","56101900-Piezas de mobiliario y accesorios",null,"20121205-Unidades múltiples de fracturación"]
[null,"56000000-Muebles, mobiliario y decoración","56","5611 - Muebles comerciales e industriales","5611","56111500-Sitios de trabajo y paquetes para la oficina",null,"20121206-Equipo de transporte de fracturación usando unidades de soporte"]
[null,"56000000-Muebles, mobiliario y decoración","56","5611 - Muebles comerciales e industriales","5611","56111600-Sistemas de paneles",null,"20121207-Unidades de bombeo de fracturación"]
[null,"56000000-Muebles, mobiliario y decoración","56","5611 - Muebles comerciales e industriales","5611","56111700-Casegood y sistemas no modulares",null,"20121208-Unidades de mezclado de lechada fracturación"]
[null,"56000000-Muebles, mobiliario y decoración","56","5611 - Muebles comerciales e industriales","5611","56111800-Muebles independientes",null,"20121209-Unidades de mezcla de gel"]
[null,"56000000-Muebles, mobiliario y decoración","56","5611 - Muebles comerciales e industriales","5611","56111900-Muebles industriales",null,"20121210-Misiles de fracturación"]
[null,"56000000-Muebles, mobiliario y decoración","56","5611 - Muebles comerciales e industriales","5611","56112000-Muebles de apoyo de la computadora",null,"20121211-Monitores de integridad de bombeo"]
[null,"56000000-Muebles, mobiliario y decoración","56","5611 - Muebles comerciales e industriales","5611","56112100-Asientos",null,"20121212-Tapones de servicio de fracturación"]
[null,"56000000-Muebles, mobiliario y decoración","56","5612 - Mobiliario institucional, escolar y educativo y accesorios","5612","56121000-Mobiliario de biblioteca",null,"20121213-Unidades de estimulación de bombeo"]
[null,"56000000-Muebles, mobiliario y decoración","56","5612 - Mobiliario institucional, escolar y educativo y accesorios","5612","56121100-Mobiliario de clase de arte",null,"20121301-Tapones obturadores"]
[null,"56000000-Muebles, mobiliario y decoración","56","5612 - Mobiliario institucional, escolar y educativo y accesorios","5612","56121200-Mobiliario de sala de primeros auxilios",null,"20121302-Flotadores"]
[null,"56000000-Muebles, mobiliario y decoración","56","5612 - Mobiliario institucional, escolar y educativo y accesorios","5612","56121300-Accesorios de instalaciones educativas generales",null,"20121303-Sistemas frac pack"]
[null,"56000000-Muebles, mobiliario y decoración","56","5612 - Mobiliario institucional, escolar y educativo y accesorios","5612","56121400-Mobiliario de cafetería y comedor",null,"20121304-Sistemas paquete de gravilla"]
[null,"56000000-Muebles, mobiliario y decoración","56","5612 - Mobiliario institucional, escolar y educativo y accesorios","5612","56121500-Mobiliario general de aula",null,"20121305-Zapatas guía"]
[null,"56000000-Muebles, mobiliario y decoración","56","5612 - Mobiliario institucional, escolar y educativo y accesorios","5612","56121600-Mobiliario para el tiempo de descanso y ocio creativo para guardería infantil e instalaciones para niños",null,"20121306-Boquillas de acometida"]
[null,"56000000-Muebles, mobiliario y decoración","56","5612 - Mobiliario institucional, escolar y educativo y accesorios","5612","56121700-Módulos de almacenamiento general y de libros para las aulas",null,"20121307-Acoples de conformación"]
[null,"56000000-Muebles, mobiliario y decoración","56","5612 - Mobiliario institucional, escolar y educativo y accesorios","5612","56121800-Mobiliario y accesorios de aulas vocacionales",null,"20121308-Rebosamientos de tuberías de producción"]
[null,"56000000-Muebles, mobiliario y decoración","56","5612 - Mobiliario institucional, escolar y educativo y accesorios","5612","56121900-Mobiliario de demostración",null,"20121309-Obturadores de control de arena"]
[null,"56000000-Muebles, mobiliario y decoración","56","5612 - Mobiliario institucional, escolar y educativo y accesorios","5612","56122000-Muebles de laboratorio",null,"20121310-Equipo de granel líquido para control de arena"]
[null,"60000000-Instrumentos musicales, juegos, juguetes, artes, artesanías y equipo educativo, materiales, accesorios y suministros","60","6010 - Materiales didácticos profesionales y de desarrollo y accesorios y suministros","6010","60101000-Kits de matemáticas",null,"20121311-Equipo que usa unidades de soporte para control de arena a granel"]
[null,"60000000-Instrumentos musicales, juegos, juguetes, artes, artesanías y equipo educativo, materiales, accesorios y suministros","60","6010 - Materiales didácticos profesionales y de desarrollo y accesorios y suministros","6010","60101100-Materiales electrónicos de aprendizaje",null,"20121312-Sensores de densidad de control de arena"]
[null,"60000000-Instrumentos musicales, juegos, juguetes, artes, artesanías y equipo educativo, materiales, accesorios y suministros","60","6010 - Materiales didácticos profesionales y de desarrollo y accesorios y suministros","6010","60101200-Incentivos educativos",null,"20121313-Unidades múltiples de control de arena"]
[null,"60000000-Instrumentos musicales, juegos, juguetes, artes, artesanías y equipo educativo, materiales, accesorios y suministros","60","6010 - Materiales didácticos profesionales y de desarrollo y accesorios y suministros","6010","60101300-Adhesivos educativos y suministros",null,"20121314-Equipo de transporte de arena usando unidades de soporte"]
[null,"60000000-Instrumentos musicales, juegos, juguetes, artes, artesanías y equipo educativo, materiales, accesorios y suministros","60","6010 - Materiales didácticos profesionales y de desarrollo y accesorios y suministros","6010","60101400-Premios de la clase",null,"20121315-Unidades control de bombeo de arena"]
[null,"60000000-Instrumentos musicales, juegos, juguetes, artes, artesanías y equipo educativo, materiales, accesorios y suministros","60","6010 - Materiales didácticos profesionales y de desarrollo y accesorios y suministros","6010","60101600-Diplomas o certificados educativos",null,"20121316-Pantallas de control de arena"]
[null,"60000000-Instrumentos musicales, juegos, juguetes, artes, artesanías y equipo educativo, materiales, accesorios y suministros","60","6010 - Materiales didácticos profesionales y de desarrollo y accesorios y suministros","6010","60101700-Materiales de recursos del profesor",null,"20121317-Unidades de mezclado de lechada control de arena"]
[null,"60000000-Instrumentos musicales, juegos, juguetes, artes, artesanías y equipo educativo, materiales, accesorios y suministros","60","6010 - Materiales didácticos profesionales y de desarrollo y accesorios y suministros","6010","60101800-Recursos educativos de las clases religiosas",null,"20121318-Detectores de arena"]
[null,"60000000-Instrumentos musicales, juegos, juguetes, artes, artesanías y equipo educativo, materiales, accesorios y suministros","60","6010 - Materiales didácticos profesionales y de desarrollo y accesorios y suministros","6010","60101900-Recursos y materiales de destreza alfabética",null,"20121319-Localizadores de ensamble de sello"]
[null,"60000000-Instrumentos musicales, juegos, juguetes, artes, artesanías y equipo educativo, materiales, accesorios y suministros","60","6010 - Materiales didácticos profesionales y de desarrollo y accesorios y suministros","6010","60102000-Materiales de recursos de creación de palabras y accesorios",null,"20121320-Uniones de cizalla"]
[null,"60000000-Instrumentos musicales, juegos, juguetes, artes, artesanías y equipo educativo, materiales, accesorios y suministros","60","6010 - Materiales didácticos profesionales y de desarrollo y accesorios y suministros","6010","60102100-Materiales de recursos de lenguaje",null,"20121321-Herramientas de levantamiento de manga"]
[null,"60000000-Instrumentos musicales, juegos, juguetes, artes, artesanías y equipo educativo, materiales, accesorios y suministros","60","6010 - Materiales didácticos profesionales y de desarrollo y accesorios y suministros","6010","60102200-Materiales de recursos de fonética y accesorios",null,"20121322-Mangas deslizantes"]
[null,"60000000-Instrumentos musicales, juegos, juguetes, artes, artesanías y equipo educativo, materiales, accesorios y suministros","60","6010 - Materiales didácticos profesionales y de desarrollo y accesorios y suministros","6010","60102300-Libros de lectura y recursos",null,"20121323-Cuerdas de velocidad"]
[null,"60000000-Instrumentos musicales, juegos, juguetes, artes, artesanías y equipo educativo, materiales, accesorios y suministros","60","6010 - Materiales didácticos profesionales y de desarrollo y accesorios y suministros","6010","60102400-Recursos de cuenta y temprano aprendizaje de matemáticas y accesorios",null,"20121401-Subs de atrapado de bola"]
[null,"60000000-Instrumentos musicales, juegos, juguetes, artes, artesanías y equipo educativo, materiales, accesorios y suministros","60","6010 - Materiales didácticos profesionales y de desarrollo y accesorios y suministros","6010","60102500-Recursos y materiales de numeración y operaciones matemáticas básicas",null,"20121402-Uniones de voladura"]
[null,"60000000-Instrumentos musicales, juegos, juguetes, artes, artesanías y equipo educativo, materiales, accesorios y suministros","60","6010 - Materiales didácticos profesionales y de desarrollo y accesorios y suministros","6010","60102600-Materiales de recursos del profesor de resolución de problemas, datos, posibilidades y probabilidades",null,"20121403-Boquillas de voladura"]
[null,"60000000-Instrumentos musicales, juegos, juguetes, artes, artesanías y equipo educativo, materiales, accesorios y suministros","60","6010 - Materiales didácticos profesionales y de desarrollo y accesorios y suministros","6010","60102700-Materiales de recursos del profesor de pensamiento lógico, percepción espacial, identificación de coincidencias y patrones",null,"20121404-Tapón calibrador de cierre"]
[null,"60000000-Instrumentos musicales, juegos, juguetes, artes, artesanías y equipo educativo, materiales, accesorios y suministros","60","6010 - Materiales didácticos profesionales y de desarrollo y accesorios y suministros","6010","60102800-Materiales de recursos del profesor de valor de posición y base diez",null,"20121405-Dispositivos de circulación de producción"]
[null,"60000000-Instrumentos musicales, juegos, juguetes, artes, artesanías y equipo educativo, materiales, accesorios y suministros","60","6010 - Materiales didácticos profesionales y de desarrollo y accesorios y suministros","6010","60102900-Materiales de recursos del profesor del dinero y la hora",null,"20121406-Equipo de prueba de culminación"]
[null,"60000000-Instrumentos musicales, juegos, juguetes, artes, artesanías y equipo educativo, materiales, accesorios y suministros","60","6010 - Materiales didácticos profesionales y de desarrollo y accesorios y suministros","6010","60103000-Fracciones, pentominós y materiales de enseñanza de decimales",null,"20121407-Protectores de línea de control"]
[null,"60000000-Instrumentos musicales, juegos, juguetes, artes, artesanías y equipo educativo, materiales, accesorios y suministros","60","6010 - Materiales didácticos profesionales y de desarrollo y accesorios y suministros","6010","60103100-Materiales de recursos del profesor de geometría",null,"20121408-Herramientas de deflexión"]
[null,"60000000-Instrumentos musicales, juegos, juguetes, artes, artesanías y equipo educativo, materiales, accesorios y suministros","60","6010 - Materiales didácticos profesionales y de desarrollo y accesorios y suministros","6010","60103200-Materiales de recursos del profesor de álgebra",null,"20121409-Uniones de expansión de culminación"]
[null,"60000000-Instrumentos musicales, juegos, juguetes, artes, artesanías y equipo educativo, materiales, accesorios y suministros","60","6010 - Materiales didácticos profesionales y de desarrollo y accesorios y suministros","6010","60103300-Materiales de recursos del profesor de precálculo y cálculo",null,"20121410-Acoples de flujo"]
[null,"60000000-Instrumentos musicales, juegos, juguetes, artes, artesanías y equipo educativo, materiales, accesorios y suministros","60","6010 - Materiales didácticos profesionales y de desarrollo y accesorios y suministros","6010","60103400-Recursos de habilidad de lectura de mapas y geografía y accesorios",null,"20121411-Equipo de elevación de gas"]
[null,"60000000-Instrumentos musicales, juegos, juguetes, artes, artesanías y equipo educativo, materiales, accesorios y suministros","60","6010 - Materiales didácticos profesionales y de desarrollo y accesorios y suministros","6010","60103500-Ciencias políticas",null,"20121412-Herramientas de estabilización de colgador"]
[null,"60000000-Instrumentos musicales, juegos, juguetes, artes, artesanías y equipo educativo, materiales, accesorios y suministros","60","6010 - Materiales didácticos profesionales y de desarrollo y accesorios y suministros","6010","60103600-Recursos y actividades multiculturales",null,"20121413-Bombas hidráulicas de culminación"]
[null,"60000000-Instrumentos musicales, juegos, juguetes, artes, artesanías y equipo educativo, materiales, accesorios y suministros","60","6010 - Materiales didácticos profesionales y de desarrollo y accesorios y suministros","6010","60103700-Recursos de lenguas extranjeras",null,"20121414-Herramientas hidráulicas de curado"]
[null,"60000000-Instrumentos musicales, juegos, juguetes, artes, artesanías y equipo educativo, materiales, accesorios y suministros","60","6010 - Materiales didácticos profesionales y de desarrollo y accesorios y suministros","6010","60103800-Recursos de enseñanza de historia",null,"20121415-Sistemas de inyección"]
[null,"60000000-Instrumentos musicales, juegos, juguetes, artes, artesanías y equipo educativo, materiales, accesorios y suministros","60","6010 - Materiales didácticos profesionales y de desarrollo y accesorios y suministros","6010","60103900-Organismos vivos, especímenes conservados y materiales relacionados",null,"20121416-Boquillas de estabilización"]
[null,"60000000-Instrumentos musicales, juegos, juguetes, artes, artesanías y equipo educativo, materiales, accesorios y suministros","60","6010 - Materiales didácticos profesionales y de desarrollo y accesorios y suministros","6010","60104000-Biotecnología, bioquímica, genética, microbiología y materiales relacionados",null,"20121417-Colgadores de línea"]
[null,"60000000-Instrumentos musicales, juegos, juguetes, artes, artesanías y equipo educativo, materiales, accesorios y suministros","60","6010 - Materiales didácticos profesionales y de desarrollo y accesorios y suministros","6010","60104100-Sistemas del cuerpo y materiales relacionados",null,"20121418-Herramientas de halar tapones"]
[null,"60000000-Instrumentos musicales, juegos, juguetes, artes, artesanías y equipo educativo, materiales, accesorios y suministros","60","6010 - Materiales didácticos profesionales y de desarrollo y accesorios y suministros","6010","60104200-Pruebas del agua, conservación y ecología",null,"20121419-Herramientas de correr tapones"]
[null,"60000000-Instrumentos musicales, juegos, juguetes, artes, artesanías y equipo educativo, materiales, accesorios y suministros","60","6010 - Materiales didácticos profesionales y de desarrollo y accesorios y suministros","6010","60104300-Astronomía",null,"20121420-Tapones de producción"]
[null,"60000000-Instrumentos musicales, juegos, juguetes, artes, artesanías y equipo educativo, materiales, accesorios y suministros","60","6010 - Materiales didácticos profesionales y de desarrollo y accesorios y suministros","6010","60104400-Geología y ciencias de la tierra",null,"20121421-Equipos de bombeo a través de la línea de flujo"]
[null,"60000000-Instrumentos musicales, juegos, juguetes, artes, artesanías y equipo educativo, materiales, accesorios y suministros","60","6010 - Materiales didácticos profesionales y de desarrollo y accesorios y suministros","6010","60104500-Química, electroquímica y microquímica",null,"20121422-Uniones de seguridad de culminación"]
[null,"60000000-Instrumentos musicales, juegos, juguetes, artes, artesanías y equipo educativo, materiales, accesorios y suministros","60","6010 - Materiales didácticos profesionales y de desarrollo y accesorios y suministros","6010","60104600-Materiales de física mecánica",null,"20121423-Ensambles de sello de culminación"]
[null,"60000000-Instrumentos musicales, juegos, juguetes, artes, artesanías y equipo educativo, materiales, accesorios y suministros","60","6010 - Materiales didácticos profesionales y de desarrollo y accesorios y suministros","6010","60104700-Materiales de física de energía y electricidad",null,"20121424-Sello hoyo u hoyo pulido"]
[null,"60000000-Instrumentos musicales, juegos, juguetes, artes, artesanías y equipo educativo, materiales, accesorios y suministros","60","6010 - Materiales didácticos profesionales y de desarrollo y accesorios y suministros","6010","60104800-Materiales de física del sonido y las ondas",null,"20121425-Mandriles de bolsillos laterales"]
[null,"60000000-Instrumentos musicales, juegos, juguetes, artes, artesanías y equipo educativo, materiales, accesorios y suministros","60","6010 - Materiales didácticos profesionales y de desarrollo y accesorios y suministros","6010","60104900-Materiales de física de electricidad",null,"20121427-Válvulas de seguridad sub – superficie"]
[null,"60000000-Instrumentos musicales, juegos, juguetes, artes, artesanías y equipo educativo, materiales, accesorios y suministros","60","6010 - Materiales didácticos profesionales y de desarrollo y accesorios y suministros","6010","60105000-Materiales de física nuclear",null,"20121428-Uniones de desplazamiento"]
[null,"60000000-Instrumentos musicales, juegos, juguetes, artes, artesanías y equipo educativo, materiales, accesorios y suministros","60","6010 - Materiales didácticos profesionales y de desarrollo y accesorios y suministros","6010","60105100-Cohetes, materiales de vuelo y suministros",null,"20121429-Anclajes de tubería"]
[null,"60000000-Instrumentos musicales, juegos, juguetes, artes, artesanías y equipo educativo, materiales, accesorios y suministros","60","6010 - Materiales didácticos profesionales y de desarrollo y accesorios y suministros","6010","60105200-Materiales educativos de recursos de aptitudes de vida",null,"20121430-Ensamblajes de flujo paralelo"]
[null,"60000000-Instrumentos musicales, juegos, juguetes, artes, artesanías y equipo educativo, materiales, accesorios y suministros","60","6010 - Materiales didácticos profesionales y de desarrollo y accesorios y suministros","6010","60105300-Materiales educativos de educación de carrera",null,"20121501-Preventor de reventones"]
[null,"60000000-Instrumentos musicales, juegos, juguetes, artes, artesanías y equipo educativo, materiales, accesorios y suministros","60","6010 - Materiales didácticos profesionales y de desarrollo y accesorios y suministros","6010","60105400-Materiales educativos de vida independiente, administración del dinero y economía doméstica",null,"20121502-Controles del preventor de reventones"]
[null,"60000000-Instrumentos musicales, juegos, juguetes, artes, artesanías y equipo educativo, materiales, accesorios y suministros","60","6010 - Materiales didácticos profesionales y de desarrollo y accesorios y suministros","6010","60105500-Materiales educativos de diseño del hogar y de interiores",null,"20121503-Raspadores de revestimiento"]
[null,"60000000-Instrumentos musicales, juegos, juguetes, artes, artesanías y equipo educativo, materiales, accesorios y suministros","60","6010 - Materiales didácticos profesionales y de desarrollo y accesorios y suministros","6010","60105600-Materiales educativos de preparación de alimentos, nutrición y educación sobre la salud",null,"20121504-Collar de perforación"]
[null,"60000000-Instrumentos musicales, juegos, juguetes, artes, artesanías y equipo educativo, materiales, accesorios y suministros","60","6010 - Materiales didácticos profesionales y de desarrollo y accesorios y suministros","6010","60105700-Álbumes de recuerdos y suministros",null,"20121505-Equipo de núcleos"]
[null,"60000000-Instrumentos musicales, juegos, juguetes, artes, artesanías y equipo educativo, materiales, accesorios y suministros","60","6010 - Materiales didácticos profesionales y de desarrollo y accesorios y suministros","6010","60105800-Materiales educativos de diseño textil y de ropa",null,"20121506-Protectores de rosca de tubería de perforación"]
[null,"60000000-Instrumentos musicales, juegos, juguetes, artes, artesanías y equipo educativo, materiales, accesorios y suministros","60","6010 - Materiales didácticos profesionales y de desarrollo y accesorios y suministros","6010","60105900-Materiales educativos sobre las relaciones y el sexo, el embarazo de adolescentes, aptitudes de crianza y desarrollo del niño",null,"20121507-Uniones de herramientas de tubería de perforación"]
[null,"60000000-Instrumentos musicales, juegos, juguetes, artes, artesanías y equipo educativo, materiales, accesorios y suministros","60","6010 - Materiales didácticos profesionales y de desarrollo y accesorios y suministros","6010","60106000-Guías de planes de estudio, proyectos, actividades y lecciones",null,"20121508-Tubo de perforación"]
[null,"60000000-Instrumentos musicales, juegos, juguetes, artes, artesanías y equipo educativo, materiales, accesorios y suministros","60","6010 - Materiales didácticos profesionales y de desarrollo y accesorios y suministros","6010","60106100-Materiales de enseñanza vocacional",null,"20121509-Anillos de calibre"]
[null,"60000000-Instrumentos musicales, juegos, juguetes, artes, artesanías y equipo educativo, materiales, accesorios y suministros","60","6010 - Materiales didácticos profesionales y de desarrollo y accesorios y suministros","6010","60106200-Materiales de enseñanza de tecnología",null,"20121510-Abridores de hoyos"]
[null,"60000000-Instrumentos musicales, juegos, juguetes, artes, artesanías y equipo educativo, materiales, accesorios y suministros","60","6010 - Materiales didácticos profesionales y de desarrollo y accesorios y suministros","6010","60106300-Equipo de enseñanza de ciencia forense y suministros",null,"20121511-Escariadores de hoyos"]
[null,"60000000-Instrumentos musicales, juegos, juguetes, artes, artesanías y equipo educativo, materiales, accesorios y suministros","60","6010 - Materiales didácticos profesionales y de desarrollo y accesorios y suministros","6010","60106400-Equipo de enseñanza de electrónica y suministros",null,"20121512-Tarros de pesca"]
[null,"60000000-Instrumentos musicales, juegos, juguetes, artes, artesanías y equipo educativo, materiales, accesorios y suministros","60","6011 - Decoraciones y suministros del aula","6011","60111000-Pósteres o gráficos del aula",null,"20121513-Amortiguadores de fondo de pozo"]
[null,"60000000-Instrumentos musicales, juegos, juguetes, artes, artesanías y equipo educativo, materiales, accesorios y suministros","60","6011 - Decoraciones y suministros del aula","6011","60111100-Sets de tablón de anuncios",null,"20121514-Subs de perforación"]
[null,"60000000-Instrumentos musicales, juegos, juguetes, artes, artesanías y equipo educativo, materiales, accesorios y suministros","60","6011 - Decoraciones y suministros del aula","6011","60111200-Guardas y remates de tablón de anuncios",null,"20121515-Estabilizadores de fondo de pozo"]
[null,"60000000-Instrumentos musicales, juegos, juguetes, artes, artesanías y equipo educativo, materiales, accesorios y suministros","60","6011 - Decoraciones y suministros del aula","6011","60111300-Letras y números decorativos",null,"20121516-Propulsores"]
[null,"60000000-Instrumentos musicales, juegos, juguetes, artes, artesanías y equipo educativo, materiales, accesorios y suministros","60","6011 - Decoraciones y suministros del aula","6011","60111400-Decoraciones especiales para el aula y accesorios decorativos",null,"20121601-Brocas de cortadora fija"]
[null,"60000000-Instrumentos musicales, juegos, juguetes, artes, artesanías y equipo educativo, materiales, accesorios y suministros","60","6012 - Equipo de arte y manualidades, accesorios y suministros","6012","60121000-Arte",null,"20121602-Brocas de diamante natural"]
[null,"60000000-Instrumentos musicales, juegos, juguetes, artes, artesanías y equipo educativo, materiales, accesorios y suministros","60","6012 - Equipo de arte y manualidades, accesorios y suministros","6012","60121100-Lienzos, películas, tableros y papeles de artista",null,"20121603-Brocas de boquilla"]
[null,"60000000-Instrumentos musicales, juegos, juguetes, artes, artesanías y equipo educativo, materiales, accesorios y suministros","60","6012 - Equipo de arte y manualidades, accesorios y suministros","6012","60121200-Pintura del aula y de bellas artes, medios, aplicadores y accesorios",null,"20121604-Brocas pdc"]
[null,"60000000-Instrumentos musicales, juegos, juguetes, artes, artesanías y equipo educativo, materiales, accesorios y suministros","60","6012 - Equipo de arte y manualidades, accesorios y suministros","6012","60121300-Productos de corte de manualidades y arte",null,"20121605-Brocas cónicas de rodillo de botón de inserción"]
[null,"60000000-Instrumentos musicales, juegos, juguetes, artes, artesanías y equipo educativo, materiales, accesorios y suministros","60","6012 - Equipo de arte y manualidades, accesorios y suministros","6012","60121400-Enmarcado de cuadro",null,"20121606-Brocas de rodillo de diente de acero"]
[null,"60000000-Instrumentos musicales, juegos, juguetes, artes, artesanías y equipo educativo, materiales, accesorios y suministros","60","6012 - Equipo de arte y manualidades, accesorios y suministros","6012","60121500-Utensilios de dibujo, suministros y accesorios",null,"20121607-Brocas de núcleo"]
[null,"60000000-Instrumentos musicales, juegos, juguetes, artes, artesanías y equipo educativo, materiales, accesorios y suministros","60","6012 - Equipo de arte y manualidades, accesorios y suministros","6012","60121600-Materiales de estudio",null,"20121701-Bumper subs"]
[null,"60000000-Instrumentos musicales, juegos, juguetes, artes, artesanías y equipo educativo, materiales, accesorios y suministros","60","6012 - Equipo de arte y manualidades, accesorios y suministros","6012","60121700-Suministros y accesorios de grabados",null,"20121702-Parches de revestimiento"]
[null,"60000000-Instrumentos musicales, juegos, juguetes, artes, artesanías y equipo educativo, materiales, accesorios y suministros","60","6012 - Equipo de arte y manualidades, accesorios y suministros","6012","60121800-Tintas de dibujo e impresión",null,"20121703-Impulsores de tarro"]
[null,"60000000-Instrumentos musicales, juegos, juguetes, artes, artesanías y equipo educativo, materiales, accesorios y suministros","60","6012 - Equipo de arte y manualidades, accesorios y suministros","6012","60121900-Materiales de decoración de telas y arte textil y suministros",null,"20121704-Subs de chatarra"]
[null,"60000000-Instrumentos musicales, juegos, juguetes, artes, artesanías y equipo educativo, materiales, accesorios y suministros","60","6012 - Equipo de arte y manualidades, accesorios y suministros","6012","60122000-Equipo de tejido, pespunteado y cosido y accesorios",null,"20121705-Molinos o zapatas de quemado"]
[null,"60000000-Instrumentos musicales, juegos, juguetes, artes, artesanías y equipo educativo, materiales, accesorios y suministros","60","6012 - Equipo de arte y manualidades, accesorios y suministros","6012","60122100-Velas artesanales",null,"20121706-Rebosamientos"]
[null,"60000000-Instrumentos musicales, juegos, juguetes, artes, artesanías y equipo educativo, materiales, accesorios y suministros","60","6012 - Equipo de arte y manualidades, accesorios y suministros","6012","60122200-Ebanistería",null,"20121707-Lanzas de pesca en campo petrolero"]
[null,"60000000-Instrumentos musicales, juegos, juguetes, artes, artesanías y equipo educativo, materiales, accesorios y suministros","60","6012 - Equipo de arte y manualidades, accesorios y suministros","6012","60122300-Suministros de cestería",null,"20121708-Herramientas de pesca no especificada"]
[null,"60000000-Instrumentos musicales, juegos, juguetes, artes, artesanías y equipo educativo, materiales, accesorios y suministros","60","6012 - Equipo de arte y manualidades, accesorios y suministros","6012","60122400-Suministros de vidrieras de colores",null,"20121801-Herramientas de geo - dirección"]
[null,"60000000-Instrumentos musicales, juegos, juguetes, artes, artesanías y equipo educativo, materiales, accesorios y suministros","60","6012 - Equipo de arte y manualidades, accesorios y suministros","6012","60122500-Manualidades de papel y papel artesanal",null,"20121802-Motores de lodo"]
[null,"60000000-Instrumentos musicales, juegos, juguetes, artes, artesanías y equipo educativo, materiales, accesorios y suministros","60","6012 - Equipo de arte y manualidades, accesorios y suministros","6012","60122600-Mosaicos",null,"20121803-Herramientas dirigibles giratorias"]
[null,"60000000-Instrumentos musicales, juegos, juguetes, artes, artesanías y equipo educativo, materiales, accesorios y suministros","60","6012 - Equipo de arte y manualidades, accesorios y suministros","6012","60122700-Pinturas de esmaltado y accesorios",null,"20121804-Sistemas de control de superficie de perforación direccional"]
[null,"60000000-Instrumentos musicales, juegos, juguetes, artes, artesanías y equipo educativo, materiales, accesorios y suministros","60","6012 - Equipo de arte y manualidades, accesorios y suministros","6012","60122800-Máscaras",null,"20121805-Herramientas de perforación direccional de hoyo derecho"]
[null,"60000000-Instrumentos musicales, juegos, juguetes, artes, artesanías y equipo educativo, materiales, accesorios y suministros","60","6012 - Equipo de arte y manualidades, accesorios y suministros","6012","60122900-Cuentas o accesorios de enhebrado de cuentas",null,"20121901-Herramientas acústicas"]
[null,"60000000-Instrumentos musicales, juegos, juguetes, artes, artesanías y equipo educativo, materiales, accesorios y suministros","60","6012 - Equipo de arte y manualidades, accesorios y suministros","6012","60123000-Artesanía de espuma",null,"20121902-Instrumentos de control de perforación o lodo"]
[null,"60000000-Instrumentos musicales, juegos, juguetes, artes, artesanías y equipo educativo, materiales, accesorios y suministros","60","6012 - Equipo de arte y manualidades, accesorios y suministros","6012","60123100-Artesanía de cañas de felpilla",null,"20121903-Herramientas de medición de desempeño de perforación"]
[null,"60000000-Instrumentos musicales, juegos, juguetes, artes, artesanías y equipo educativo, materiales, accesorios y suministros","60","6012 - Equipo de arte y manualidades, accesorios y suministros","6012","60123200-Materiales de artesanía de cintas",null,"20121904-Equipo de medición de flujo"]
[null,"60000000-Instrumentos musicales, juegos, juguetes, artes, artesanías y equipo educativo, materiales, accesorios y suministros","60","6012 - Equipo de arte y manualidades, accesorios y suministros","6012","60123300-Pompones de artesanía",null,"20121905-Herramientas de resonancia magnética nuclear"]
[null,"60000000-Instrumentos musicales, juegos, juguetes, artes, artesanías y equipo educativo, materiales, accesorios y suministros","60","6012 - Equipo de arte y manualidades, accesorios y suministros","6012","60123400-Materiales de ojos móviles",null,"20121906-Herramientas nucleares"]
[null,"60000000-Instrumentos musicales, juegos, juguetes, artes, artesanías y equipo educativo, materiales, accesorios y suministros","60","6012 - Equipo de arte y manualidades, accesorios y suministros","6012","60123500-Materiales de artesanía de cuero",null,"20121907-Equipos de registro de producción"]
[null,"60000000-Instrumentos musicales, juegos, juguetes, artes, artesanías y equipo educativo, materiales, accesorios y suministros","60","6012 - Equipo de arte y manualidades, accesorios y suministros","6012","60123600-Purpurina",null,"20121908-Herramientas de resistividad"]
[null,"60000000-Instrumentos musicales, juegos, juguetes, artes, artesanías y equipo educativo, materiales, accesorios y suministros","60","6012 - Equipo de arte y manualidades, accesorios y suministros","6012","60123700-Materiales de artesanía de macramé y accesorios",null,"20121909-Sistemas de levantamiento"]
[null,"60000000-Instrumentos musicales, juegos, juguetes, artes, artesanías y equipo educativo, materiales, accesorios y suministros","60","6012 - Equipo de arte y manualidades, accesorios y suministros","6012","60123800-Suministros y accesorios de veteado",null,"20121910-Sistemas de telemetría"]
[null,"60000000-Instrumentos musicales, juegos, juguetes, artes, artesanías y equipo educativo, materiales, accesorios y suministros","60","6012 - Equipo de arte y manualidades, accesorios y suministros","6012","60123900-Lentejuelas y ribetes",null,"20121911-Herramientas ultrasónicas"]
[null,"60000000-Instrumentos musicales, juegos, juguetes, artes, artesanías y equipo educativo, materiales, accesorios y suministros","60","6012 - Equipo de arte y manualidades, accesorios y suministros","6012","60124000-Suministros de artesanía del corcho y accesorios",null,"20121912-Equipo de presión de registro de fondo de pozo"]
[null,"60000000-Instrumentos musicales, juegos, juguetes, artes, artesanías y equipo educativo, materiales, accesorios y suministros","60","6012 - Equipo de arte y manualidades, accesorios y suministros","6012","60124100-Materiales de proyecto multicultural y accesorios",null,"20121913-Equipo de prueba de registro de fondo de pozo"]
[null,"60000000-Instrumentos musicales, juegos, juguetes, artes, artesanías y equipo educativo, materiales, accesorios y suministros","60","6012 - Equipo de arte y manualidades, accesorios y suministros","6012","60124200-Proyectos completos de planes de estudios",null,"20121914-Unidades de registro de pozo"]
[null,"60000000-Instrumentos musicales, juegos, juguetes, artes, artesanías y equipo educativo, materiales, accesorios y suministros","60","6012 - Equipo de arte y manualidades, accesorios y suministros","6012","60124300-Compuestos de modelado y arcilla, equipo de cerámica y accesorios",null,"20122001-Barra de desplazamiento"]
[null,"60000000-Instrumentos musicales, juegos, juguetes, artes, artesanías y equipo educativo, materiales, accesorios y suministros","60","6012 - Equipo de arte y manualidades, accesorios y suministros","6012","60124400-Metales de artesanía",null,"20122002-Mangas de desplazamiento"]
[null,"60000000-Instrumentos musicales, juegos, juguetes, artes, artesanías y equipo educativo, materiales, accesorios y suministros","60","6012 - Equipo de arte y manualidades, accesorios y suministros","6012","60124500-Suministros y accesorios de escultura",null,"20122003-Conejo de desplazamiento"]
[null,"60000000-Instrumentos musicales, juegos, juguetes, artes, artesanías y equipo educativo, materiales, accesorios y suministros","60","6013 - Instrumentos musicales, piezas y accesorios","6013","60131000-Instrumentos de teclado",null,"20122004-Accesorios de prueba"]
[null,"60000000-Instrumentos musicales, juegos, juguetes, artes, artesanías y equipo educativo, materiales, accesorios y suministros","60","6013 - Instrumentos musicales, piezas y accesorios","6013","60131100-Instrumentos de metal",null,"20122005-Boquillas de prueba"]
[null,"60000000-Instrumentos musicales, juegos, juguetes, artes, artesanías y equipo educativo, materiales, accesorios y suministros","60","6013 - Instrumentos musicales, piezas y accesorios","6013","60131200-Instrumentos de viento de madera",null,"20122006-Tapones de prueba"]
[null,"60000000-Instrumentos musicales, juegos, juguetes, artes, artesanías y equipo educativo, materiales, accesorios y suministros","60","6013 - Instrumentos musicales, piezas y accesorios","6013","60131300-Instrumentos de cuerda",null,"20122101-Pistolas de cápsulas"]
[null,"60000000-Instrumentos musicales, juegos, juguetes, artes, artesanías y equipo educativo, materiales, accesorios y suministros","60","6013 - Instrumentos musicales, piezas y accesorios","6013","60131400-Instrumentos de percusión",null,"20122102-Pistolas de revestimiento"]
[null,"60000000-Instrumentos musicales, juegos, juguetes, artes, artesanías y equipo educativo, materiales, accesorios y suministros","60","6013 - Instrumentos musicales, piezas y accesorios","6013","60131500-Piezas y accesorios de instrumentos musicales",null,"20122103-Cabezas de despliegue"]
[null,"60000000-Instrumentos musicales, juegos, juguetes, artes, artesanías y equipo educativo, materiales, accesorios y suministros","60","6013 - Instrumentos musicales, piezas y accesorios","6013","60131600-Sets de instrumentos musicales",null,"20122104-Explosivos de perforación"]
[null,"60000000-Instrumentos musicales, juegos, juguetes, artes, artesanías y equipo educativo, materiales, accesorios y suministros","60","6013 - Instrumentos musicales, piezas y accesorios","6013","60131700-Instrumentos musicales de sonidos alternativos",null,"20122105-Cabezas de disparo"]
[null,"60000000-Instrumentos musicales, juegos, juguetes, artes, artesanías y equipo educativo, materiales, accesorios y suministros","60","6013 - Instrumentos musicales, piezas y accesorios","6013","60131800-Accesorios de música y danza",null,"20122106-Adaptadores de pistola"]
[null,"60000000-Instrumentos musicales, juegos, juguetes, artes, artesanías y equipo educativo, materiales, accesorios y suministros","60","6014 - Juguetes y juegos","6014","60141000-Juguetes",null,"20122107-Pistola de disparo de alta densidad"]
[null,"60000000-Instrumentos musicales, juegos, juguetes, artes, artesanías y equipo educativo, materiales, accesorios y suministros","60","6014 - Juguetes y juegos","6014","60141100-Juegos",null,"20122108-Tapones bull de perforación"]
[null,"60000000-Instrumentos musicales, juegos, juguetes, artes, artesanías y equipo educativo, materiales, accesorios y suministros","60","6014 - Juguetes y juegos","6014","60141200-Equipo de juegos activos y accesorios",null,"20122109-Herramientas de poner tapones"]
[null,"60000000-Instrumentos musicales, juegos, juguetes, artes, artesanías y equipo educativo, materiales, accesorios y suministros","60","6014 - Juguetes y juegos","6014","60141300-Sistemas de construcción y bloques infantiles",null,"20122110-Equipo de posicionamiento de perforación"]
[null,"60000000-Instrumentos musicales, juegos, juguetes, artes, artesanías y equipo educativo, materiales, accesorios y suministros","60","6014 - Juguetes y juegos","6014","60141400-Equipo de representación teatral y accesorios",null,"20122111-Pistolas festoneadas"]
[null,"70000000-Servicios de contratacion agrícola, pesquera, forestal y de fauna","70","7010 - Pesquerías y acuicultura","7010","70101500-Explotaciones pesqueras",null,"20122112-Subs en tándem"]
[null,"70000000-Servicios de contratacion agrícola, pesquera, forestal y de fauna","70","7010 - Pesquerías y acuicultura","7010","70101600-Vigilancia pesquera",null,"20122113-Accesorios de pistola de perforación de tubos completa"]
[null,"70000000-Servicios de contratacion agrícola, pesquera, forestal y de fauna","70","7010 - Pesquerías y acuicultura","7010","70101700-Industria y tecnología pesquera",null,"20122114-Pistola de perforación de tubos completa"]
[null,"70000000-Servicios de contratacion agrícola, pesquera, forestal y de fauna","70","7010 - Pesquerías y acuicultura","7010","70101800-Recursos pesqueros",null,"20122115-Subs ventilación bajo balance"]
[null,"70000000-Servicios de contratacion agrícola, pesquera, forestal y de fauna","70","7010 - Pesquerías y acuicultura","7010","70101900-Acuicultura",null,"20122201-Booms de bengalas"]
[null,"70000000-Servicios de contratacion agrícola, pesquera, forestal y de fauna","70","7011 - Horticultura","7011","70111500-Plantas y árboles ornamentales",null,"20122202-Quemadores de bengalas"]
[null,"70000000-Servicios de contratacion agrícola, pesquera, forestal y de fauna","70","7011 - Horticultura","7011","70111600-Plantas de flor",null,"20122203-Herramientas de prueba de hoyo"]
[null,"70000000-Servicios de contratacion agrícola, pesquera, forestal y de fauna","70","7011 - Horticultura","7011","70111700-Parques, jardines y huertos",null,"20122204-Colector del choke"]
[null,"70000000-Servicios de contratacion agrícola, pesquera, forestal y de fauna","70","7012 - Servicios de ganadería","7012","70121500-Industria lechera",null,"20122205-Colector de desviación"]
[null,"70000000-Servicios de contratacion agrícola, pesquera, forestal y de fauna","70","7012 - Servicios de ganadería","7012","70121600-Industria ganadera",null,"20122206-Canastas de flowhead"]
[null,"70000000-Servicios de contratacion agrícola, pesquera, forestal y de fauna","70","7012 - Servicios de ganadería","7012","70121700-Gestión ganadera",null,"20122207-Pivote de flowhead"]
[null,"70000000-Servicios de contratacion agrícola, pesquera, forestal y de fauna","70","7012 - Servicios de ganadería","7012","70121800-Industria de animales domésticos",null,"20122208-Flowheads"]
[null,"70000000-Servicios de contratacion agrícola, pesquera, forestal y de fauna","70","7012 - Servicios de ganadería","7012","70121900-Servicios de pastos y dehesas",null,"20122209-Herramientas de formación de cierre"]
[null,"70000000-Servicios de contratacion agrícola, pesquera, forestal y de fauna","70","7012 - Servicios de ganadería","7012","70122000-Salud animal",null,"20122210-Bengalas de gas"]
[null,"70000000-Servicios de contratacion agrícola, pesquera, forestal y de fauna","70","7013 - Preparación, gestión y protección del terreno y del suelo","7013","70131500-Protección del terreno y del suelo",null,"20122211-Analizadores de gas de lodos"]
[null,"70000000-Servicios de contratacion agrícola, pesquera, forestal y de fauna","70","7013 - Preparación, gestión y protección del terreno y del suelo","7013","70131600-Preparación del terreno y del suelo",null,"20122212-Muestreadores de petróleo"]
[null,"70000000-Servicios de contratacion agrícola, pesquera, forestal y de fauna","70","7013 - Preparación, gestión y protección del terreno y del suelo","7013","70131700-Gestión del terreno y del suelo",null,"20122213-Separadores de pruebas de pozo"]
[null,"70000000-Servicios de contratacion agrícola, pesquera, forestal y de fauna","70","70140000 Producción, gestión y protección de cultivos","7014","70141500-Producción de cultivos",null,"20122214-Tubería de superficie de pruebas de pozo"]
[null,"70000000-Servicios de contratacion agrícola, pesquera, forestal y de fauna","70","70140000 Producción, gestión y protección de cultivos","7014","70141600-Protección de cultivos",null,"20122215-Tanques de compensación"]
[null,"70000000-Servicios de contratacion agrícola, pesquera, forestal y de fauna","70","70140000 Producción, gestión y protección de cultivos","7014","70141700-Gestión de cultivos",null,"20122216-Herramientas de prueba de fondo de pozo"]
[null,"70000000-Servicios de contratacion agrícola, pesquera, forestal y de fauna","70","70140000 Producción, gestión y protección de cultivos","7014","70141800-Plantación y cultivo de cultivos",null,"20122301-Cabezas de adaptador de cable de recuperación"]
[null,"70000000-Servicios de contratacion agrícola, pesquera, forestal y de fauna","70","70140000 Producción, gestión y protección de cultivos","7014","70141900-Cosecha de cultivos",null,"20122302-Retardo de envío del cable de recuperación"]
[null,"70000000-Servicios de contratacion agrícola, pesquera, forestal y de fauna","70","70140000 Producción, gestión y protección de cultivos","7014","70142000-Elaboración de cultivos posterior a la cosecha",null,"20122303-Guías de campana de cable de recuperación"]
[null,"70000000-Servicios de contratacion agrícola, pesquera, forestal y de fauna","70","7015 - Cultivos forestales","7015","70151500-Gestión de cultivos forestales",null,"20122304-Cajas ciegas de cable de recuperación"]
[null,"70000000-Servicios de contratacion agrícola, pesquera, forestal y de fauna","70","7015 - Cultivos forestales","7015","70151600-Industria forestal",null,"20122305-Equipo de presión de fondo de hoyo de cable de recuperación"]
[null,"70000000-Servicios de contratacion agrícola, pesquera, forestal y de fauna","70","7015 - Cultivos forestales","7015","70151700-Cosecha forestal",null,"20122306-Herramientas de calibración de cable de recuperación"]
[null,"70000000-Servicios de contratacion agrícola, pesquera, forestal y de fauna","70","7015 - Cultivos forestales","7015","70151800-Servicios de conservación forestal",null,"20122307-Volcado de cemento de rescate de equipos cable de recuperación"]
[null,"70000000-Servicios de contratacion agrícola, pesquera, forestal y de fauna","70","7015 - Cultivos forestales","7015","70151900-Recursos forestales",null,"20122308-Cortadores químicos de cable de recuperación"]
[null,"70000000-Servicios de contratacion agrícola, pesquera, forestal y de fauna","70","7016 - Fauna y flora","7016","70161500-Fauna",null,"20122309-Centralizadores de cadena de herramientas de almeja de cable de recuperación"]
[null,"70000000-Servicios de contratacion agrícola, pesquera, forestal y de fauna","70","7016 - Fauna y flora","7016","70161600-Flora",null,"20122310-Centralizadores de cable de acero de almeja de cable de recuperación"]
[null,"70000000-Servicios de contratacion agrícola, pesquera, forestal y de fauna","70","7016 - Fauna y flora","7016","70161700-Ecosistemas",null,"20122311-Localizadores de collar de cable de recuperación"]
[null,"70000000-Servicios de contratacion agrícola, pesquera, forestal y de fauna","70","7017 - Desarrollo y vigilancia de recursos hidráulicos","7017","70171500-Desarrollo",null,"20122312-Colectores de cable de recuperación"]
[null,"70000000-Servicios de contratacion agrícola, pesquera, forestal y de fauna","70","7017 - Desarrollo y vigilancia de recursos hidráulicos","7017","70171600-Vigilancia",null,"20122313-Herramientas de colisión de cable de recuperación"]
[null,"70000000-Servicios de contratacion agrícola, pesquera, forestal y de fauna","70","7017 - Desarrollo y vigilancia de recursos hidráulicos","7017","70171700-Riego",null,"20122314-Cruces de cable de recuperación"]
[null,"70000000-Servicios de contratacion agrícola, pesquera, forestal y de fauna","70","7017 - Desarrollo y vigilancia de recursos hidráulicos","7017","70171800-Servicios de drenaje",null,"20122315-Equipo de medición de profundidad de cable de recuperación"]
[null,"71000000-Servicios de minería, petróleo y gas","71","7110 - Servicios de minería","7110","71101500-Prospección minera",null,"20122316-Frasco dewar de cable de recuperación"]
[null,"71000000-Servicios de minería, petróleo y gas","71","7110 - Servicios de minería","7110","71101600-Servicios mineros de perforación y voladura",null,"20122317-Herramientas del dipmeter de cable de recuperación"]
[null,"71000000-Servicios de minería, petróleo y gas","71","7110 - Servicios de minería","7110","71101700-Extracción",null,"20122318-Herramientas direccionales de cable de recuperación"]
[null,"71000000-Servicios de minería, petróleo y gas","71","7111 - Servicios de perforación y prospección petrolífera y de gas","7111","71112000-Servicios de registrar hoyo encerrado de pozos",null,"20122319-Herramientas de vaya con el diablo de cable de recuperación"]
[null,"71000000-Servicios de minería, petróleo y gas","71","7111 - Servicios de perforación y prospección petrolífera y de gas","7111","71112100-Servicios de registrar pozo de perforación abierta",null,"20122320-Abridores de hoyos de cable de recuperación"]
[null,"71000000-Servicios de minería, petróleo y gas","71","7111 - Servicios de perforación y prospección petrolífera y de gas","7111","71112200-Otros servicios de registración",null,"20122321-Cortadores jet de cable de recuperación"]
[null,"71000000-Servicios de minería, petróleo y gas","71","7111 - Servicios de perforación y prospección petrolífera y de gas","7111","71112300-Servicios sísmicos",null,"20122322-Disparos de desperdicios de cable de recuperación"]
[null,"71000000-Servicios de minería, petróleo y gas","71","7112 - Servicios de mantenimiento y construcción de perforación de pozos","7112","71121000-Servicios de bombear cemento",null,"20122323-Herramientas de kickover de cable de recuperación"]
[null,"71000000-Servicios de minería, petróleo y gas","71","7112 - Servicios de mantenimiento y construcción de perforación de pozos","7112","71121100-Servicios de tubería adujada",null,"20122324-Uniones de nudillos de cable de recuperación"]
[null,"71000000-Servicios de minería, petróleo y gas","71","7112 - Servicios de mantenimiento y construcción de perforación de pozos","7112","71121200-Servicios de extracción de muestras",null,"20122325-Bloques de impresión de cable de recuperación"]
[null,"71000000-Servicios de minería, petróleo y gas","71","7112 - Servicios de mantenimiento y construcción de perforación de pozos","7112","71121300-Servicios de herramientas barrenos hacia abajo",null,"20122326-Mandriles de ubicación de cable de recuperación"]
[null,"71000000-Servicios de minería, petróleo y gas","71","7112 - Servicios de mantenimiento y construcción de perforación de pozos","7112","71121400-Servicios de broca de barrena del campo petrolífero",null,"20122327-Mandriles de bloqueo de cable de recuperación"]
[null,"71000000-Servicios de minería, petróleo y gas","71","7112 - Servicios de mantenimiento y construcción de perforación de pozos","7112","71121500-Servicios de medida de perforación",null,"20122328-Lubricadores de cable de recuperación"]
[null,"71000000-Servicios de minería, petróleo y gas","71","7112 - Servicios de mantenimiento y construcción de perforación de pozos","7112","71121600-Servicios de perforación del pozo petrolero",null,"20122329-Achicadores mecánicos de cable de recuperación"]
[null,"71000000-Servicios de minería, petróleo y gas","71","7112 - Servicios de mantenimiento y construcción de perforación de pozos","7112","71121700-Servicios de pesca en el campo petrolífero",null,"20122330-Plugback mecánico de cable de recuperación"]
[null,"71000000-Servicios de minería, petróleo y gas","71","7112 - Servicios de mantenimiento y construcción de perforación de pozos","7112","71121800-Servicios de elevación por presión de gas",null,"20122331-Otras herramientas de cable de recuperación"]
[null,"71000000-Servicios de minería, petróleo y gas","71","7112 - Servicios de mantenimiento y construcción de perforación de pozos","7112","71121900-Servicios de fluido barreno hacia abajo",null,"20122332-Raspadores de parafina de cable de recuperación"]
[null,"71000000-Servicios de minería, petróleo y gas","71","7112 - Servicios de mantenimiento y construcción de perforación de pozos","7112","71122000-Servicios de perforación de pozo",null,"20122333-Enchufe de línea de cable de recuperación"]
[null,"71000000-Servicios de minería, petróleo y gas","71","7112 - Servicios de mantenimiento y construcción de perforación de pozos","7112","71122100-Servicios de control de arena del campo petrolero",null,"20122334-Tenazas para halar o correr el cable de recuperación"]
[null,"71000000-Servicios de minería, petróleo y gas","71","7112 - Servicios de mantenimiento y construcción de perforación de pozos","7112","71122200-Servicios de película oleosa",null,"20122335-Herramientas para cortar el cable de recuperación"]
[null,"71000000-Servicios de minería, petróleo y gas","71","7112 - Servicios de mantenimiento y construcción de perforación de pozos","7112","71122300-Servicios de pozo submarino",null,"20122336-Roldanas o bloques de piso de la cable de recuperación"]
[null,"71000000-Servicios de minería, petróleo y gas","71","7112 - Servicios de mantenimiento y construcción de perforación de pozos","7112","71122400-Servicios de pruebas del pozo submarino",null,"20122338-Accesorios de herramientas para halar el cable de recuperación"]
[null,"71000000-Servicios de minería, petróleo y gas","71","7112 - Servicios de mantenimiento y construcción de perforación de pozos","7112","71122500-Servicios de control de gas o agua",null,"20122339-Herramientas para halar el cable de recuperación"]
[null,"71000000-Servicios de minería, petróleo y gas","71","7112 - Servicios de mantenimiento y construcción de perforación de pozos","7112","71122600-Servicios de terminación del pozo",null,"20122340-Herramientas para correr el cable de recuperación"]
[null,"71000000-Servicios de minería, petróleo y gas","71","7112 - Servicios de mantenimiento y construcción de perforación de pozos","7112","71122700-Servicios de mantenimiento del pozo",null,"20122341-Unidades de cable de recuperación"]
[null,"71000000-Servicios de minería, petróleo y gas","71","7112 - Servicios de mantenimiento y construcción de perforación de pozos","7112","71122800-Servicios de monitor del pozo petrolero",null,"20122342-Alambre del cable de recuperación"]
[null,"71000000-Servicios de minería, petróleo y gas","71","7112 - Servicios de mantenimiento y construcción de perforación de pozos","7112","71122900-Aparejos del campo petrolífero",null,"20122343-Herramientas sónicas del cable de recuperación"]
[null,"72000000-Servicios de edificación, construcción de instalaciones y mantenimiento","72","7210 - Construcción de edificios, atención, mantenimiento y servicios de reparaciones","7210","72101500-Servicios de apoyo para la construcción",null,"20122344-Barras espaciadoras del cable de recuperación"]
[null,"72000000-Servicios de edificación, construcción de instalaciones y mantenimiento","72","7210 - Construcción de edificios, atención, mantenimiento y servicios de reparaciones","7210","72101600-Revestimientos de techos, paredes o metalistería",null,"20122345-Terminales de prensado del cable de recuperación"]
[null,"72000000-Servicios de edificación, construcción de instalaciones y mantenimiento","72","7210 - Construcción de edificios, atención, mantenimiento y servicios de reparaciones","7210","72101700-Trabajo en hormigón",null,"20122346-Dispositivos de tensión del cable de recuperación"]
[null,"72000000-Servicios de edificación, construcción de instalaciones y mantenimiento","72","7210 - Construcción de edificios, atención, mantenimiento y servicios de reparaciones","7210","72101800-Limpieza exterior",null,"20122347-Tapones de tubos de cable de recuperación"]
[null,"72000000-Servicios de edificación, construcción de instalaciones y mantenimiento","72","7210 - Construcción de edificios, atención, mantenimiento y servicios de reparaciones","7210","72101900-Acabados de interiores",null,"20122348-Herramientas ultrasónicas cable de recuperación"]
[null,"72000000-Servicios de edificación, construcción de instalaciones y mantenimiento","72","7210 - Construcción de edificios, atención, mantenimiento y servicios de reparaciones","7210","72102000-Revestimiento, calafateo; a prueba de intemperie, ignífugo e impermeable",null,"20122349-Agarres del cable de recuperación"]
[null,"72000000-Servicios de edificación, construcción de instalaciones y mantenimiento","72","7210 - Construcción de edificios, atención, mantenimiento y servicios de reparaciones","7210","72102100-Control de plagas",null,"20122350-Tarros del cable de recuperación"]
[null,"72000000-Servicios de edificación, construcción de instalaciones y mantenimiento","72","7210 - Construcción de edificios, atención, mantenimiento y servicios de reparaciones","7210","72102200-Servicios eléctricos",null,"20122351-Raspadores del cable de recuperación"]
[null,"72000000-Servicios de edificación, construcción de instalaciones y mantenimiento","72","7210 - Construcción de edificios, atención, mantenimiento y servicios de reparaciones","7210","72102300-Fontanería, calefacción y aire acondicionado",null,"20122352-Lanza del cable de recuperación"]
[null,"72000000-Servicios de edificación, construcción de instalaciones y mantenimiento","72","7210 - Construcción de edificios, atención, mantenimiento y servicios de reparaciones","7210","72102400-Pintura y colocación de papel pintado",null,"20122353-Tallos del cable de recuperación"]
[null,"72000000-Servicios de edificación, construcción de instalaciones y mantenimiento","72","7210 - Construcción de edificios, atención, mantenimiento y servicios de reparaciones","7210","72102500-Albañilería, mampostería y colocación de azulejos",null,"20122354-Válvulas del cable de recuperación"]
[null,"72000000-Servicios de edificación, construcción de instalaciones y mantenimiento","72","7210 - Construcción de edificios, atención, mantenimiento y servicios de reparaciones","7210","72102600-Carpintería",null,"20122356-Preventores del cable de recuperación"]
[null,"72000000-Servicios de edificación, construcción de instalaciones y mantenimiento","72","7210 - Construcción de edificios, atención, mantenimiento y servicios de reparaciones","7210","72102700-Servicios de revestimiento de suelos",null,"20122357-Aceleradores de tarro del cable de recuperación"]
[null,"72000000-Servicios de edificación, construcción de instalaciones y mantenimiento","72","7210 - Construcción de edificios, atención, mantenimiento y servicios de reparaciones","7210","72102800-Servicios de modernización",null,"20122401-Dispositivo golpeador de cable"]
[null,"72000000-Servicios de edificación, construcción de instalaciones y mantenimiento","72","7210 - Construcción de edificios, atención, mantenimiento y servicios de reparaciones","7210","72102900-Servicios de mantenimiento y reparación de instalaciones",null,"20122402-Evaporadores de producción de campo de petróleo"]
[null,"72000000-Servicios de edificación, construcción de instalaciones y mantenimiento","72","7210 - Construcción de edificios, atención, mantenimiento y servicios de reparaciones","7210","72103000-Servicios de preparación de solares",null,"20122403-Probadores hipot"]
[null,"72000000-Servicios de edificación, construcción de instalaciones y mantenimiento","72","7210 - Construcción de edificios, atención, mantenimiento y servicios de reparaciones","7210","72103300-Servicios de mantenimiento y reparación de infraestructura",null,"20122404-Maquinas de vueltas de campo de petróleo"]
[null,"72000000-Servicios de edificación, construcción de instalaciones y mantenimiento","72","7213 - Construcción general de edificios","7213","72131500-Construcción residencial",null,"20122405-Elevadores finales de motor"]
[null,"72000000-Servicios de edificación, construcción de instalaciones y mantenimiento","72","7213 - Construcción general de edificios","7213","72131600-Construcción comercial o industrial",null,"20122406-Probadores dieléctricos de aceite"]
[null,"72000000-Servicios de edificación, construcción de instalaciones y mantenimiento","72","7213 - Construcción general de edificios","7213","72131700-Construcción de infraestructura",null,"20122407-Unidades de llenado al vacío de aceite"]
[null,"72000000-Servicios de edificación, construcción de instalaciones y mantenimiento","72","72140000-Servicios de construcción pesada","7214","72141200-Servicios de construcción marina",null,"20122408-Enderezadores de eje de producción de campo petrolero"]
[null,"72000000-Servicios de edificación, construcción de instalaciones y mantenimiento","72","72140000-Servicios de construcción pesada","7214","72141600-Servicios de construcción de sistemas de tránsito masivo",null,"20122409-Bobina de producción de campo de petróleo"]
[null,"73000000-Servicios de producción industrial y manufactura","73","7310 - Industrias de plásticos y productos químicos","7310","73101500-Producción petroquímica y de plástico",null,"20122410-Analizadores de vibración"]
[null,"73000000-Servicios de producción industrial y manufactura","73","7310 - Industrias de plásticos y productos químicos","7310","73101600-Producción de químicos y fertilizantes",null,"20122501-Herramientas de arenadora"]
[null,"73000000-Servicios de producción industrial y manufactura","73","7310 - Industrias de plásticos y productos químicos","7310","73101700-Producción farmacéutica",null,"20122502-Unidades de camión grúa de tubería flexible"]
[null,"73000000-Servicios de producción industrial y manufactura","73","7310 - Industrias de plásticos y productos químicos","7310","73101800-Producción bioquímica y de biotecnología",null,"20122503-Unidades de tubería flexible"]
[null,"73000000-Servicios de producción industrial y manufactura","73","7310 - Industrias de plásticos y productos químicos","7310","73101900-Producción de caucho",null,"20122504-Paquetes de manguera de tubería flexible"]
[null,"73000000-Servicios de producción industrial y manufactura","73","7311 - Industrias de la madera y el papel","7311","73111500-Procesamiento de madera",null,"20122505-Sistemas inflables de tubería flexible"]
[null,"73000000-Servicios de producción industrial y manufactura","73","7311 - Industrias de la madera y el papel","7311","73111600-Procesamiento de pulpa y papel",null,"20122506-Cabezales de inyector de tubería flexible"]
[null,"73000000-Servicios de producción industrial y manufactura","73","7312 - Industrias del metal y de minerales","7312","73121500-Procesos de fundición y refinación y formado de metales",null,"20122507-Equipo de elevación de tubería flexible"]
[null,"73000000-Servicios de producción industrial y manufactura","73","7312 - Industrias del metal y de minerales","7312","73121600-Terminación de metales",null,"20122508-Casas de operadores"]
[null,"73000000-Servicios de producción industrial y manufactura","73","7312 - Industrias del metal y de minerales","7312","73121800-Servicios de industria de productos de minerales no metálicos",null,"20122509-Fuentes de poder de tubería flexible"]
[null,"73000000-Servicios de producción industrial y manufactura","73","7313 - Industrias de alimentos y bebidas","7313","73131500-Procesamiento de bebidas",null,"20122510-Rollos de tubería flexible"]
[null,"73000000-Servicios de producción industrial y manufactura","73","7313 - Industrias de alimentos y bebidas","7313","73131600-Procesamiento de carnes y aves y peces y mariscos",null,"20122511-Carretes de embobinar tubería flexible"]
[null,"73000000-Servicios de producción industrial y manufactura","73","7313 - Industrias de alimentos y bebidas","7313","73131700-Procesamiento de frutas y vegetales",null,"20122512-Guías de tubería"]
[null,"73000000-Servicios de producción industrial y manufactura","73","7313 - Industrias de alimentos y bebidas","7313","73131800-Procesamiento de lácteos y huevos",null,"20122513-Enganches de boca de pozo"]
[null,"73000000-Servicios de producción industrial y manufactura","73","7313 - Industrias de alimentos y bebidas","7313","73131900-Procesamiento de granos y azúcar y aceites y grasas",null,"20122514-Estructuras de soporte de boca de pozo"]
[null,"73000000-Servicios de producción industrial y manufactura","73","7314 - Industrias de fibras, textiles y de tejidos","7314","73141500-Producción de fibra",null,"20122515-Tubería flexible de campo petrolero"]
[null,"73000000-Servicios de producción industrial y manufactura","73","7314 - Industrias de fibras, textiles y de tejidos","7314","73141600-Procesamiento de hebras e hilos",null,"20122601-Sensores análogos sísmicos"]
[null,"73000000-Servicios de producción industrial y manufactura","73","7314 - Industrias de fibras, textiles y de tejidos","7314","73141700-Producción de telas y cuero",null,"20122602-Arreglos sísmicos"]
[null,"73000000-Servicios de producción industrial y manufactura","73","7315 - Servicios de apoyo a la fabricación","7315","73151500-Servicios de ensamble",null,"20122603-Aves de cable de serpentina sísmica"]
[null,"73000000-Servicios de producción industrial y manufactura","73","7315 - Servicios de apoyo a la fabricación","7315","73151600-Servicios de empaque",null,"20122604-Tanqueros de taladro sísmico"]
[null,"73000000-Servicios de producción industrial y manufactura","73","7315 - Servicios de apoyo a la fabricación","7315","73151700-Tratamiento de materiales",null,"20122605-Geófonos sísmicos"]
[null,"73000000-Servicios de producción industrial y manufactura","73","7315 - Servicios de apoyo a la fabricación","7315","73151800-Servicios de conversión",null,"20122606-Sistemas de gravedad sísmicos"]
[null,"73000000-Servicios de producción industrial y manufactura","73","7315 - Servicios de apoyo a la fabricación","7315","73151900-Servicios a la industria de impresión",null,"20122607-Sistemas de malacate de cañón sísmico"]
[null,"73000000-Servicios de producción industrial y manufactura","73","7315 - Servicios de apoyo a la fabricación","7315","73152000-Servicios de llenado",null,"20122608-Hidrofonos sísmicos"]
[null,"73000000-Servicios de producción industrial y manufactura","73","7315 - Servicios de apoyo a la fabricación","7315","73152100-Servicios de mantenimiento y reparación de equipo de manufactura",null,"20122609-Fuentes de impulso sísmicos"]
[null,"73000000-Servicios de producción industrial y manufactura","73","7318 - Servicios de labrado y procesado","7318","73181000-Servicios de maquinado",null,"20122610-Cables serpentinas marinos sísmicos"]
[null,"73000000-Servicios de producción industrial y manufactura","73","7318 - Servicios de labrado y procesado","7318","73181100-Servicios de revestimiento",null,"20122611-Cables del fondo del océano sísmico"]
[null,"73000000-Servicios de producción industrial y manufactura","73","7318 - Servicios de labrado y procesado","7318","73181200-Servicios de formado",null,"20122612-Sistemas magnéticos sísmicos"]
[null,"73000000-Servicios de producción industrial y manufactura","73","7318 - Servicios de labrado y procesado","7318","73181300-Servicios de tratamiento de calor",null,"20122613-Equipo de posicionar sísmico"]
[null,"73000000-Servicios de producción industrial y manufactura","73","7318 - Servicios de labrado y procesado","7318","73181900-Servicios de soldadura",null,"20122614-Arietes sísmicos"]
[null,"76000000-Servicios de limpieza, descontaminación y tratamiento de residuos","76","7610 - Servicios de descontaminación","7610","76101500-Desinfección",null,"20122615-Receptores sísmicos"]
[null,"76000000-Servicios de limpieza, descontaminación y tratamiento de residuos","76","7610 - Servicios de descontaminación","7610","76101600-Descontaminación de materiales peligrosos",null,"20122616-Sistemas de refracción sísmicos"]
[null,"76000000-Servicios de limpieza, descontaminación y tratamiento de residuos","76","7611 - Servicios de limpieza y de consejería","7611","76111500-Servicios de limpieza y mantenimiento de edificios generales y de oficinas",null,"20122617-Controladores de fuente sísmicos"]
[null,"76000000-Servicios de limpieza, descontaminación y tratamiento de residuos","76","7611 - Servicios de limpieza y de consejería","7611","76111600-Servicios de limpieza de componentes de edificios",null,"20122618-Dispositivos de bobinar sísmicos"]
[null,"76000000-Servicios de limpieza, descontaminación y tratamiento de residuos","76","7611 - Servicios de limpieza y de consejería","7611","76111700-Limpieza de terrenos para edificar",null,"20122619-Bloques de remolque sísmicos"]
[null,"76000000-Servicios de limpieza, descontaminación y tratamiento de residuos","76","7611 - Servicios de limpieza y de consejería","7611","76111800-Limpieza de vehículos de transporte",null,"20122620-Puntos de remolque sísmicos"]
[null,"76000000-Servicios de limpieza, descontaminación y tratamiento de residuos","76","7612 - Eliminación y tratamiento de desechos","7612","76121500-Recolección y disposición de basuras",null,"20122621-Vibradores sísmicos"]
[null,"76000000-Servicios de limpieza, descontaminación y tratamiento de residuos","76","7612 - Eliminación y tratamiento de desechos","7612","76121600-Disposición de desechos no peligrosos",null,"20122622-Sistemas de grabar sísmicos"]
[null,"76000000-Servicios de limpieza, descontaminación y tratamiento de residuos","76","7612 - Eliminación y tratamiento de desechos","7612","76121700-Tratamiento de desechos líquidos",null,"20122623-Sistemas de procesamiento de datos sísmicos"]
[null,"76000000-Servicios de limpieza, descontaminación y tratamiento de residuos","76","7612 - Eliminación y tratamiento de desechos","7612","76121800-Tratamiento de desechos",null,"20122701-Revestimiento para campo petrolero"]
[null,"76000000-Servicios de limpieza, descontaminación y tratamiento de residuos","76","7612 - Eliminación y tratamiento de desechos","7612","76121900-Disposición de desechos peligrosos",null,"20122702-Acoples para campo petrolero"]
[null,"76000000-Servicios de limpieza, descontaminación y tratamiento de residuos","76","7613 - Limpieza de residuos tóxicos y peligrosos","7613","76131500-Tratamiento de basura nuclear",null,"20122703-Tubería corta para campo petrolero"]
[null,"76000000-Servicios de limpieza, descontaminación y tratamiento de residuos","76","7613 - Limpieza de residuos tóxicos y peligrosos","7613","76131600-Limpieza de derrames tóxicos",null,"20122704-Tubería para campo petrolero"]
[null,"76000000-Servicios de limpieza, descontaminación y tratamiento de residuos","76","7613 - Limpieza de residuos tóxicos y peligrosos","7613","76131700-Limpieza de derrames de petróleo",null,"20122705-Recubrimiento de tubería para campo petrolero"]
[null,"77000000-Servicios medioambientales","77","7710 - Gestión medioambiental","7710","77101500-Evaluación de impacto ambiental",null,"20122706-Revestimiento de conductor"]
[null,"77000000-Servicios medioambientales","77","7710 - Gestión medioambiental","7710","77101600-Planeación ambiental",null,"20122707-Equipo para operar el revestimiento para conductor"]
[null,"77000000-Servicios medioambientales","77","7710 - Gestión medioambiental","7710","77101700-Servicios de asesoría ambiental",null,"20122708-Cruces de la tubería de perforación"]
[null,"77000000-Servicios medioambientales","77","7710 - Gestión medioambiental","7710","77101800-Auditoría ambiental",null,"20122709-Protectores de rosca para campo petrolero"]
[null,"77000000-Servicios medioambientales","77","7710 - Gestión medioambiental","7710","77101900-Servicios de investigación de contaminación",null,"20122801-Agitadores de lodos"]
[null,"77000000-Servicios medioambientales","77","7711 - Protección medioambiental","7711","77111500-Servicios de seguridad ambiental",null,"20122802-Depósitos de lodos"]
[null,"77000000-Servicios medioambientales","77","7711 - Protección medioambiental","7711","77111600-Rehabilitación ambiental",null,"20122803-Equipo de aire para perforaciones"]
[null,"77000000-Servicios medioambientales","77","7712 - Seguimiento, control y rehabilitación de la contaminación","7712","77121500-Contaminación del aire",null,"20122804-Taladros en barcazas"]
[null,"77000000-Servicios medioambientales","77","7712 - Seguimiento, control y rehabilitación de la contaminación","7712","77121600-Contaminación del suelo",null,"20122806-Desviadores de fluido"]
[null,"77000000-Servicios medioambientales","77","7712 - Seguimiento, control y rehabilitación de la contaminación","7712","77121700-Contaminación del agua",null,"20122807-Aparejos de maniobras"]
[null,"77000000-Servicios medioambientales","77","7713 - Servicios de seguimiento, control o rehabilitación de contaminantes","7713","77131500-Contaminación de petróleo",null,"20122808-Equipo para lecho de perforación"]
[null,"77000000-Servicios medioambientales","77","7713 - Servicios de seguimiento, control o rehabilitación de contaminantes","7713","77131600-Contaminación auditiva",null,"20122809-Pivotes de perforación"]
[null,"77000000-Servicios medioambientales","77","7713 - Servicios de seguimiento, control o rehabilitación de contaminantes","7713","77131700-Contaminación de sustancias tóxicas",null,"20122810-Barco – taladro de perforación"]
[null,"78000000-Servicios de transporte, almacenaje y correo","78","7810 - Transporte de correo y carga","7810","78101500-Transporte de carga aérea",null,"20122811-Elevadores de taladro de perforación"]
[null,"78000000-Servicios de transporte, almacenaje y correo","78","7810 - Transporte de correo y carga","7810","78101600-Transporte de carga por ferrocarril",null,"20122812-Estribos del taladro de perforación"]
[null,"78000000-Servicios de transporte, almacenaje y correo","78","7810 - Transporte de correo y carga","7810","78101700-Transporte de carga por mar",null,"20122813-Unidades de reacondicionamiento hidráulico"]
[null,"78000000-Servicios de transporte, almacenaje y correo","78","7810 - Transporte de correo y carga","7810","78101800-Transporte de carga por carretera",null,"20122814-Sistemas de gatos para mover el taladro de perforación"]
[null,"78000000-Servicios de transporte, almacenaje y correo","78","7810 - Transporte de correo y carga","7810","78101900-Transporte de carga intermodal",null,"20122815-Taladro de perforación marina movido con gatos"]
[null,"78000000-Servicios de transporte, almacenaje y correo","78","7810 - Transporte de correo y carga","7810","78102000-Transporte de carga en naves espaciales",null,"20122816-Bujes kelly"]
[null,"78000000-Servicios de transporte, almacenaje y correo","78","7810 - Transporte de correo y carga","7810","78102100-Servicios de oleoductos",null,"20122817-Válvulas kelly"]
[null,"78000000-Servicios de transporte, almacenaje y correo","78","7810 - Transporte de correo y carga","7810","78102200-Servicios postales de paqueteo y courrier",null,"20122818-Escobillas kelly"]
[null,"78000000-Servicios de transporte, almacenaje y correo","78","7811 - Transporte de pasajeros","7811","78111500-Transporte de pasajeros aérea",null,"20122819-Kellys"]
[null,"78000000-Servicios de transporte, almacenaje y correo","78","7811 - Transporte de pasajeros","7811","78111600-Transporte de pasajeros por ferrocarril",null,"20122820-Taladro de perforación en tierra"]
[null,"78000000-Servicios de transporte, almacenaje y correo","78","7811 - Transporte de pasajeros","7811","78111700-Transporte de pasajeros por mar",null,"20122821-Equipo de limpieza de lodo"]
[null,"78000000-Servicios de transporte, almacenaje y correo","78","7811 - Transporte de pasajeros","7811","78111800-Transporte de pasajeros por carretera",null,"20122822-Múltiples para lodo"]
[null,"78000000-Servicios de transporte, almacenaje y correo","78","7811 - Transporte de pasajeros","7811","78111900-Transporte espacial",null,"20122823-Mezcladoras de lodo"]
[null,"78000000-Servicios de transporte, almacenaje y correo","78","7812 - Manejo y embalaje de material","7812","78121500-Empaque",null,"20122824-Equipo para manejo de tubería"]
[null,"78000000-Servicios de transporte, almacenaje y correo","78","7812 - Manejo y embalaje de material","7812","78121600-Servicios de manejo de materiales",null,"20122825-Plataforma de taladro de perforación"]
[null,"78000000-Servicios de transporte, almacenaje y correo","78","7813 - Almacenaje","7813","78131500-Bodegaje de productos agrícolas",null,"20122826-Pivote de energía o transmisión superior"]
[null,"78000000-Servicios de transporte, almacenaje y correo","78","7813 - Almacenaje","7813","78131600-Almacenamiento de bienes generales",null,"20122827-Patines para taladro"]
[null,"78000000-Servicios de transporte, almacenaje y correo","78","7813 - Almacenaje","7813","78131700-Almacenamiento a granel",null,"20122828-Elevadores del taladro de perforación"]
[null,"78000000-Servicios de transporte, almacenaje y correo","78","7813 - Almacenaje","7813","78131800-Bodegaje y almacenamiento especializado",null,"20122829-Mesas giratorias de taladro de perforación"]
[null,"78000000-Servicios de transporte, almacenaje y correo","78","7814 - Operaciones de transporte","7814","78141500-Servicios de organización de transportes",null,"20122830-Plataformas auto – elevadoras para el reacondicionamiento"]
[null,"78000000-Servicios de transporte, almacenaje y correo","78","7814 - Operaciones de transporte","7814","78141600-Inspección",null,"20122831-Taladros de perforación semi – sumergibles"]
[null,"78000000-Servicios de transporte, almacenaje y correo","78","7814 - Operaciones de transporte","7814","78141700-Servicios a la navegación",null,"20122832-Deslizadores del lecho de perforación"]
[null,"78000000-Servicios de transporte, almacenaje y correo","78","7814 - Operaciones de transporte","7814","78141800-Servicios al terminal",null,"20122833-Tenazas de reposición"]
[null,"78000000-Servicios de transporte, almacenaje y correo","78","7818 - Servicios de mantenimiento o reparaciones de transportes","7818","78180100-Mantenimiento de vehículos y servicios de reparaciones",null,"20122834-Llave doble automática"]
[null,"78000000-Servicios de transporte, almacenaje y correo","78","7818 - Servicios de mantenimiento o reparaciones de transportes","7818","78180200-Servicios de chapa y pintura",null,"20122835-Equipo viajero"]
[null,"78000000-Servicios de transporte, almacenaje y correo","78","7818 - Servicios de mantenimiento o reparaciones de transportes","7818","78180300-Asistencia combustible para transporte, almacenaje de vehículos y servicios de apoyo",null,"20122836-Barcos de reacondicionamiento"]
[null,"80000000-Servicios de gestión, servicios profesionales de empresa y servicios administrativos","80","8010 - Servicios de asesoría de gestión","8010","80101500-Servicios de consultoría de negocios y administración corporativa",null,"20122837-Taladros de reacondicionamiento"]
[null,"80000000-Servicios de gestión, servicios profesionales de empresa y servicios administrativos","80","8010 - Servicios de asesoría de gestión","8010","80101600-Gerencia de proyectos",null,"20122838-Separadores de lodo (lutita)"]
[null,"80000000-Servicios de gestión, servicios profesionales de empresa y servicios administrativos","80","8010 - Servicios de asesoría de gestión","8010","80101700-Gerencia industrial",null,"20122839-Desgasificadores de lodo"]
[null,"80000000-Servicios de gestión, servicios profesionales de empresa y servicios administrativos","80","8011 - Servicios de recursos humanos","8011","80111500-Desarrollo de recursos humanos",null,"20122840-Bloques de corona"]
[null,"80000000-Servicios de gestión, servicios profesionales de empresa y servicios administrativos","80","8011 - Servicios de recursos humanos","8011","80111600-Servicios de personal temporal",null,"20122841-Bloques móviles"]
[null,"80000000-Servicios de gestión, servicios profesionales de empresa y servicios administrativos","80","8011 - Servicios de recursos humanos","8011","80111700-Reclutamiento de personal",null,"20122842-Desarenadores de lodo"]
[null,"80000000-Servicios de gestión, servicios profesionales de empresa y servicios administrativos","80","8011 - Servicios de recursos humanos","8011","80111800-Proveedores en tecnologías de la información",null,"20122843-Separadores de granos finos de lodo"]
[null,"80000000-Servicios de gestión, servicios profesionales de empresa y servicios administrativos","80","8012 - Servicios legales","8012","80121500-Servicios de derecho penal",null,"20122901-Conductos de registrar datos de superficie"]
[null,"80000000-Servicios de gestión, servicios profesionales de empresa y servicios administrativos","80","8012 - Servicios legales","8012","80121600-Servicios de derecho comercial",null,"20122902-Sensores de registrar datos de superficie"]
[null,"80000000-Servicios de gestión, servicios profesionales de empresa y servicios administrativos","80","8012 - Servicios legales","8012","80121700-Servicios de responsabilidad civil",null,"20122903-Unidades de registrar datos de superficie"]
[null,"80000000-Servicios de gestión, servicios profesionales de empresa y servicios administrativos","80","8012 - Servicios legales","8012","80121800-Servicios de derecho de familia",null,"20123001-Revestimiento multilateral"]
[null,"80000000-Servicios de gestión, servicios profesionales de empresa y servicios administrativos","80","8013 - Servicios inmobiliarios","8013","80131500-Alquiler y arrendamiento de propiedades o edificaciones",null,"20123002-Uniones multilaterales"]
[null,"80000000-Servicios de gestión, servicios profesionales de empresa y servicios administrativos","80","8013 - Servicios inmobiliarios","8013","80131600-Ventas de propiedades y edificios",null,"20123003-Tapones multilaterales"]
[null,"80000000-Servicios de gestión, servicios profesionales de empresa y servicios administrativos","80","8013 - Servicios inmobiliarios","8013","80131700-Servicios de custodia y título",null,"20131001-Agentes de control de filtración"]
[null,"80000000-Servicios de gestión, servicios profesionales de empresa y servicios administrativos","80","8013 - Servicios inmobiliarios","8013","80131800-Servicios de administración inmobiliaria",null,"20131002-Espaciadores de fluido"]
[null,"80000000-Servicios de gestión, servicios profesionales de empresa y servicios administrativos","80","8014 - Comercialización y distribución","8014","80141500-Investigación de mercados",null,"20131003-Agentes de circulación perdida"]
[null,"80000000-Servicios de gestión, servicios profesionales de empresa y servicios administrativos","80","8014 - Comercialización y distribución","8014","80141600-Actividades de ventas y promoción de negocios",null,"20131004-Lodos con base de petróleo"]
[null,"80000000-Servicios de gestión, servicios profesionales de empresa y servicios administrativos","80","8014 - Comercialización y distribución","8014","80141700-Distribución",null,"20131005-Aumentadores de la rata de penetración"]
[null,"80000000-Servicios de gestión, servicios profesionales de empresa y servicios administrativos","80","8014 - Comercialización y distribución","8014","80141800-Servicios de correo",null,"20131006-Fluidos centradores"]
[null,"80000000-Servicios de gestión, servicios profesionales de empresa y servicios administrativos","80","8014 - Comercialización y distribución","8014","80141900-Exhibiciones y ferias comerciales",null,"20131007-Lodos con base sintética"]
[null,"80000000-Servicios de gestión, servicios profesionales de empresa y servicios administrativos","80","8016 - Servicios de administración de empresas","8016","80161500-Servicios de apoyo gerencial",null,"20131008-Agentes para adelgazar el lodo"]
[null,"80000000-Servicios de gestión, servicios profesionales de empresa y servicios administrativos","80","8016 - Servicios de administración de empresas","8016","80161600-Supervisión de instalaciones de negocios",null,"20131009-Lodos con base en agua"]
[null,"81000000-Servicios basados en ingeniería, investigación y tecnología","81","8110 - Servicios profesionales de ingeniería","8110","81101500-Ingeniería civil",null,"20131010-Agentes para engruesar el lodo"]
[null,"81000000-Servicios basados en ingeniería, investigación y tecnología","81","8110 - Servicios profesionales de ingeniería","8110","81101600-Ingeniería mecánica",null,"20131101-Apuntaladores cerámicos"]
[null,"81000000-Servicios basados en ingeniería, investigación y tecnología","81","8110 - Servicios profesionales de ingeniería","8110","81101700-Ingeniería eléctrica y electrónica",null,"20131102-Arenas de fracturación"]
[null,"81000000-Servicios basados en ingeniería, investigación y tecnología","81","8110 - Servicios profesionales de ingeniería","8110","81101800-Ingeniería química",null,"20131103-Apuntaladores cerámicos cubiertos de resina"]
[null,"81000000-Servicios basados en ingeniería, investigación y tecnología","81","8110 - Servicios profesionales de ingeniería","8110","81101900-Ingeniería de petróleos y gas",null,"20131104-Arenas de fracturación cubiertas de resina"]
[null,"81000000-Servicios basados en ingeniería, investigación y tecnología","81","8110 - Servicios profesionales de ingeniería","8110","81102000-Ingeniería de minas",null,"20131105-Bauxitas sinterizadas cubierta de resina"]
[null,"81000000-Servicios basados en ingeniería, investigación y tecnología","81","8110 - Servicios profesionales de ingeniería","8110","81102100-Ingeniería de océanos",null,"20131106-Bauxitas sinterizadas"]
[null,"81000000-Servicios basados en ingeniería, investigación y tecnología","81","8110 - Servicios profesionales de ingeniería","8110","81102200-Ingeniería de transporte",null,"20131201-Salmueras divalentes"]
[null,"81000000-Servicios basados en ingeniería, investigación y tecnología","81","8110 - Servicios profesionales de ingeniería","8110","81102300-Ingeniería aeronáutica",null,"20131202-Salmueras monovalentes"]
[null,"81000000-Servicios basados en ingeniería, investigación y tecnología","81","8111 - Servicios informáticos","8111","81111500-Ingeniería de software o hardware",null,"20131301-Cemento a granel de pozo petrolero"]
[null,"81000000-Servicios basados en ingeniería, investigación y tecnología","81","8111 - Servicios informáticos","8111","81111600-Programadores de computador",null,"20131302-Pozo petrolero cemento tipo i clase a"]
[null,"81000000-Servicios basados en ingeniería, investigación y tecnología","81","8111 - Servicios informáticos","8111","81111700-Sistemas de manejo de información mis",null,"20131303-Pozo petrolero cemento tipo ii clase b"]
[null,"81000000-Servicios basados en ingeniería, investigación y tecnología","81","8111 - Servicios informáticos","8111","81111800-Servicios de sistemas y administración de componentes de sistemas",null,"20131304-Pozo petrolero cemento clase c"]
[null,"81000000-Servicios basados en ingeniería, investigación y tecnología","81","8111 - Servicios informáticos","8111","81111900-Sistemas de recuperación de información",null,"20131305-Pozo petrolero cemento clase g"]
[null,"81000000-Servicios basados en ingeniería, investigación y tecnología","81","8111 - Servicios informáticos","8111","81112000-Servicios de datos",null,"20131306-Pozo petrolero cemento clase h"]
[null,"81000000-Servicios basados en ingeniería, investigación y tecnología","81","8111 - Servicios informáticos","8111","81112100-Servicios de internet",null,"20131307-Cemento liviano de pozo petrolero"]
[null,"81000000-Servicios basados en ingeniería, investigación y tecnología","81","8111 - Servicios informáticos","8111","81112200-Mantenimiento y soporte de software",null,"20131308-Pozo petrolero cemento estándar fino tipo iii"]
[null,"81000000-Servicios basados en ingeniería, investigación y tecnología","81","8111 - Servicios informáticos","8111","81112500-Servicio de alquiler o arrendamiento de licencias de software informático",null,"20141001-Actuadores de boca de pozo"]
[null,"81000000-Servicios basados en ingeniería, investigación y tecnología","81","8112 - Economía","8112","81121500-Análisis económico",null,"20141002-Bombas de balancín de boca de pozo"]
[null,"81000000-Servicios basados en ingeniería, investigación y tecnología","81","8112 - Economía","8112","81121600-Sistemas y emisiones monetarias",null,"20141003-Líneas de flujo de boca de pozo"]
[null,"81000000-Servicios basados en ingeniería, investigación y tecnología","81","8113 - Estadística","8113","81131500-Metodología y análisis",null,"20141004-Válvulas de compuerta de boca de pozo"]
[null,"81000000-Servicios basados en ingeniería, investigación y tecnología","81","8114 - Tecnologías de fabricación","8114","81141500-Control de calidad",null,"20141005-Reguladores de producción de boca de pozo"]
[null,"81000000-Servicios basados en ingeniería, investigación y tecnología","81","8114 - Tecnologías de fabricación","8114","81141600-Manejo de cadena de suministros",null,"20141006-Accesorios de boca de pozo o flujo debajo de la superficie de boca de pozo"]
[null,"81000000-Servicios basados en ingeniería, investigación y tecnología","81","8114 - Tecnologías de fabricación","8114","81141700-Planeación y control de producción",null,"20141007-Accesorios de boca de pozo o flujo de superficie de boca de pozo"]
[null,"81000000-Servicios basados en ingeniería, investigación y tecnología","81","8114 - Tecnologías de fabricación","8114","81141800-Administración de instalaciones",null,"20141008-Válvulas de seguridad de la superficie de boca de pozo"]
[null,"81000000-Servicios basados en ingeniería, investigación y tecnología","81","8115 - Servicios de pedología","8115","81151500-Meteorología",null,"20141011-Adaptador de cabeza de tubería"]
[null,"81000000-Servicios basados en ingeniería, investigación y tecnología","81","8115 - Servicios de pedología","8115","81151600-Cartografía",null,"20141012-Revestimiento del cabezal de la carcasa"]
[null,"81000000-Servicios basados en ingeniería, investigación y tecnología","81","8115 - Servicios de pedología","8115","81151700-Geología",null,"20141013-Carrete del cabezal de la tubería"]
[null,"81000000-Servicios basados en ingeniería, investigación y tecnología","81","8115 - Servicios de pedología","8115","81151800-Oceanografía e hidrología",null,"20141014-Carrete del cabezal del revestimiento"]
[null,"81000000-Servicios basados en ingeniería, investigación y tecnología","81","8115 - Servicios de pedología","8115","81151900-Geofísica",null,"20141015-Conexiones en t o en cruz de la boca de pozo"]
[null,"82000000-Servicios editoriales, de diseño, de artes graficas y bellas artes","82","8210 - Publicidad","8210","82101500-Publicidad impresa",null,"20141101-Sistemas de inyección de parafina"]
[null,"82000000-Servicios editoriales, de diseño, de artes graficas y bellas artes","82","8210 - Publicidad","8210","82101600-Publicidad difundida",null,"20141201-Equipo de desarenar producción"]
[null,"82000000-Servicios editoriales, de diseño, de artes graficas y bellas artes","82","8210 - Publicidad","8210","82101700-Publicidad aérea",null,"20141301-Bombas de chorro de fondo de pozo"]
[null,"82000000-Servicios editoriales, de diseño, de artes graficas y bellas artes","82","8210 - Publicidad","8210","82101800-Servicios de agencia de publicidad",null,"20141401-Topes de tubería"]
[null,"82000000-Servicios editoriales, de diseño, de artes graficas y bellas artes","82","8210 - Publicidad","8210","82101900-Colocación y cumplimiento de medios",null,"20141501-Bombas eléctricas de fondo de pozo"]
[null,"82000000-Servicios editoriales, de diseño, de artes graficas y bellas artes","82","8211 - Escritura y traducciones","8211","82111500-Escritura técnica",null,"20141601-Bombas neumáticas de exportación"]
[null,"82000000-Servicios editoriales, de diseño, de artes graficas y bellas artes","82","8211 - Escritura y traducciones","8211","82111600-Escritura no técnica",null,"20141701-Plataformas fijas de producción costa afuera"]
[null,"82000000-Servicios editoriales, de diseño, de artes graficas y bellas artes","82","8211 - Escritura y traducciones","8211","82111700-Escritura creativa",null,"20141702-Plataformas flotantes de producción costa afuera"]
[null,"82000000-Servicios editoriales, de diseño, de artes graficas y bellas artes","82","8211 - Escritura y traducciones","8211","82111800-Servicios editoriales y de soporte",null,"20141703-Plataformas flotantes de almacenamiento costa afuera"]
[null,"82000000-Servicios editoriales, de diseño, de artes graficas y bellas artes","82","8211 - Escritura y traducciones","8211","82111900-Servicios de noticias y publicidad",null,"20141704-Plataformas flotantes de brazo de tensión de producción costa afuera"]
[null,"82000000-Servicios editoriales, de diseño, de artes graficas y bellas artes","82","8212 -  Servicios de reproducción","8212","82121500-Impresión",null,"20141705-Plataformas flotantes de brazo de tensión de almacenamiento costa afuera"]
[null,"82000000-Servicios editoriales, de diseño, de artes graficas y bellas artes","82","8212 -  Servicios de reproducción","8212","82121600-Grabado",null,"20141801-Contadores de la turbina de gas de producción del pozo"]
[null,"82000000-Servicios editoriales, de diseño, de artes graficas y bellas artes","82","8212 -  Servicios de reproducción","8212","82121700-Fotocopiado",null,"20141901-Equipo de tratamiento de gas para producción del pozo"]
[null,"82000000-Servicios editoriales, de diseño, de artes graficas y bellas artes","82","8212 -  Servicios de reproducción","8212","82121800-Publicación",null,"20142001-Regeneradores de glicol de pozo petrolero"]
[null,"82000000-Servicios editoriales, de diseño, de artes graficas y bellas artes","82","8212 -  Servicios de reproducción","8212","82121900-Empaste de libros",null,"20142101-Tratadores de calentadores de aceite para pozo"]
[null,"82000000-Servicios editoriales, de diseño, de artes graficas y bellas artes","82","8213 - Servicios fotográficos","8213","82131500-Servicios de procesado de películas",null,"20142201-Calentadores de línea eléctrica"]
[null,"82000000-Servicios editoriales, de diseño, de artes graficas y bellas artes","82","8213 - Servicios fotográficos","8213","82131600-Fotógrafos y cinematógrafos",null,"20142301-Patines de inyección neumática de metanol"]
[null,"82000000-Servicios editoriales, de diseño, de artes graficas y bellas artes","82","8214 - Diseño gráfico","8214","82141500-Servicios de diseño artístico",null,"20142401-Equipo para producción submarina de boca de pozo"]
[null,"82000000-Servicios editoriales, de diseño, de artes graficas y bellas artes","82","8214 - Diseño gráfico","8214","82141600-Servicios de exhibición gráfica",null,"20142402-Tuberías submarinas umbilicales o flexibles"]
[null,"82000000-Servicios editoriales, de diseño, de artes graficas y bellas artes","82","8215 - Artistas e intérpretes profesionales","8215","82151500-Servicios de artes visuales",null,"20142403-Sistema múltiple de distribución de producción submarina"]
[null,"82000000-Servicios editoriales, de diseño, de artes graficas y bellas artes","82","8215 - Artistas e intérpretes profesionales","8215","82151600-Artistas de circo",null,"20142404-Sistema de bombeo y separación anular vertical"]
[null,"82000000-Servicios editoriales, de diseño, de artes graficas y bellas artes","82","8215 - Artistas e intérpretes profesionales","8215","82151700-Profesionales de las artes escénicas",null,"20142405-Cruz de producción y componente submarino"]
[null,"83000000-Servicios públicos y servicios relacionados con el sector público","83","8310 - Servicios públicos","8310","83101500-Servicios de acueducto y alcantarillado",null,"20142501-Centrífugas de petróleo del agua del campo petrolífero"]
[null,"83000000-Servicios públicos y servicios relacionados con el sector público","83","8310 - Servicios públicos","8310","83101600-Servicios de petróleo y gas",null,"20142601-Sistemas inalámbricos de control de producción"]
[null,"83000000-Servicios públicos y servicios relacionados con el sector público","83","8310 - Servicios públicos","8310","83101800-Servicios eléctricos",null,"20142701-Gatos de la varilla de bombeo"]
[null,"83000000-Servicios públicos y servicios relacionados con el sector público","83","8310 - Servicios públicos","8310","83101900-Conservación de energía",null,"20142702-Bombas de barra"]
[null,"83000000-Servicios públicos y servicios relacionados con el sector público","83","8310 - Servicios públicos","8310","83102000-Servicios funerarios",null,"20142703-Bombas de barra mecánica"]
[null,"83000000-Servicios públicos y servicios relacionados con el sector público","83","8311 - Servicios de medios de telecomunicaciones","8311","83111500-Comunicaciones telefónicas locales y de larga distancia",null,"20142801-Separadores de agua petróleo"]
[null,"83000000-Servicios públicos y servicios relacionados con el sector público","83","8311 - Servicios de medios de telecomunicaciones","8311","83111600-Servicios de comunicaciones móviles",null,"20142901-Tanques almacenadores de petróleo"]
[null,"83000000-Servicios públicos y servicios relacionados con el sector público","83","8311 - Servicios de medios de telecomunicaciones","8311","83111700-Servicios de facsímil y telégrafos",null,"20143001-Vástagos de succión de aleación de acero"]
[null,"83000000-Servicios públicos y servicios relacionados con el sector público","83","8311 - Servicios de medios de telecomunicaciones","8311","83111800-Servicios de televisión",null,"20143002-Varillas cortas"]
[null,"83000000-Servicios públicos y servicios relacionados con el sector público","83","8311 - Servicios de medios de telecomunicaciones","8311","83111900-Servicios de radio",null,"21101501-Arados"]
[null,"83000000-Servicios públicos y servicios relacionados con el sector público","83","8311 - Servicios de medios de telecomunicaciones","8311","83112200-Servicios mejorados de telecomunicaciones",null,"21101502-Pulverizadores"]
[null,"83000000-Servicios públicos y servicios relacionados con el sector público","83","8311 - Servicios de medios de telecomunicaciones","8311","83112300-Servicios de telecomunicaciones por fibra",null,"21101503-Cultivadoras"]
[null,"83000000-Servicios públicos y servicios relacionados con el sector público","83","8311 - Servicios de medios de telecomunicaciones","8311","83112400-Servicios de telecomunicaciones de marcado conmutado y circuito de línea dedicada alquilada",null,"21101504-Desmalezadoras"]
[null,"83000000-Servicios públicos y servicios relacionados con el sector público","83","8311 - Servicios de medios de telecomunicaciones","8311","83112500-Capacidades de eje troncal",null,"21101505-Máquinas desyerbadoras"]
[null,"83000000-Servicios públicos y servicios relacionados con el sector público","83","8311 - Servicios de medios de telecomunicaciones","8311","83112600-Acceso de clientes",null,"21101506-Máquinas aplanadoras o niveladoras"]
[null,"83000000-Servicios públicos y servicios relacionados con el sector público","83","8312 - Servicios de información","8312","83121500-Bibliotecas",null,"21101507-Rodillos agrícolas"]
[null,"83000000-Servicios públicos y servicios relacionados con el sector público","83","8312 - Servicios de información","8312","83121600-Centros de información",null,"21101508-Rodillos para prados o terrenos deportivos"]
[null,"83000000-Servicios públicos y servicios relacionados con el sector público","83","8312 - Servicios de información","8312","83121700-Servicios de comunicación masiva",null,"21101509-Máquina para drenaje de zanjas"]
[null,"84000000-Servicios financieros y de seguros","84","8410 - Finanzas de desarrollo","8410","84101500-Asistencia de desarrollo",null,"21101510-Cañerías o tuberías de riego"]
[null,"84000000-Servicios financieros y de seguros","84","8410 - Finanzas de desarrollo","8410","84101600-Financiación de ayudas",null,"21101511-Chorros de riego"]
[null,"84000000-Servicios financieros y de seguros","84","8410 - Finanzas de desarrollo","8410","84101700-Manejo de duda",null,"21101512-Gastos generales de riego"]
[null,"84000000-Servicios financieros y de seguros","84","8411 - Contabilidad y auditorias","8411","84111500-Servicios contables",null,"21101513-Discos"]
[null,"84000000-Servicios financieros y de seguros","84","8411 - Contabilidad y auditorias","8411","84111600-Servicios de auditoría",null,"21101514-Arados de subsuelo"]
[null,"84000000-Servicios financieros y de seguros","84","8411 - Contabilidad y auditorias","8411","84111700-Finanzas corporativas",null,"21101516-Sembradoras"]
[null,"84000000-Servicios financieros y de seguros","84","8411 - Contabilidad y auditorias","8411","84111800-Asuntos y preparación de impuestos",null,"21101601-Plantadoras"]
[null,"84000000-Servicios financieros y de seguros","84","8412 - Banca e inversiones","8412","84121500-Instituciones bancarias",null,"21101602-Transplantadoras"]
[null,"84000000-Servicios financieros y de seguros","84","8412 - Banca e inversiones","8412","84121600-Servicios de transferencia de fondos y canje y cambios",null,"21101603-Sembradoras de grano"]
[null,"84000000-Servicios financieros y de seguros","84","8412 - Banca e inversiones","8412","84121700-Asesoría de inversiones",null,"21101604-Sembradoras de semillas"]
[null,"84000000-Servicios financieros y de seguros","84","8412 - Banca e inversiones","8412","84121800-Servicios de mercados de títulos valores y commodities",null,"21101605-Equipo para tratamiento de semillas"]
[null,"84000000-Servicios financieros y de seguros","84","8412 - Banca e inversiones","8412","84121900-Banca hipotecaria",null,"21101606-Excavadoras de agujeros"]
[null,"84000000-Servicios financieros y de seguros","84","8412 - Banca e inversiones","8412","84122000-Servicios de cajillas de seguridad",null,"21101607-Remolque de sembradora"]
[null,"84000000-Servicios financieros y de seguros","84","8413 - Servicios de seguros y jubilación","8413","84131500-Servicios de seguros para estructuras y propiedades y posesiones",null,"21101701-Cortadoras de pasto"]
[null,"84000000-Servicios financieros y de seguros","84","8413 - Servicios de seguros y jubilación","8413","84131600-Seguros de vida, salud y accidentes",null,"21101702-Máquina segadora de heno"]
[null,"84000000-Servicios financieros y de seguros","84","8413 - Servicios de seguros y jubilación","8413","84131700-Fondos de pensiones",null,"21101703-Cosechadoras"]
[null,"84000000-Servicios financieros y de seguros","84","8413 - Servicios de seguros y jubilación","8413","84131800-Fondos de retiro",null,"21101704-Cosechadoras “trilladoras” o mixtas"]
[null,"84000000-Servicios financieros y de seguros","84","8414 - Agencias de crédito","8414","84141500-Agencias de crédito gubernamental",null,"21101705-Trilladoras"]
[null,"84000000-Servicios financieros y de seguros","84","8414 - Agencias de crédito","8414","84141600-Agencias de crédito personal",null,"21101706-Separadores de cultivos"]
[null,"84000000-Servicios financieros y de seguros","84","8414 - Agencias de crédito","8414","84141700-Agencias de crédito comercial",null,"21101707-Piezas de cosechadora o accesorios"]
[null,"85000000-Servicios de salud","85","8510 - Servicios sanitarios integrales","8510","85101500-Centros de salud",null,"21101708-Piezas de segadora o accesorios"]
[null,"85000000-Servicios de salud","85","8510 - Servicios sanitarios integrales","8510","85101600-Personas de soporte de prestación de servicios de salud",null,"21101801-Rociadores"]
[null,"85000000-Servicios de salud","85","8510 - Servicios sanitarios integrales","8510","85101700-Servicios de administración de salud",null,"21101802-Guarda polvos"]
[null,"85000000-Servicios de salud","85","8511 - Prevención y control de enfermedades","8511","85111500-Prevención y control de enfermedades contagiosas",null,"21101803-Aspersores de agua"]
[null,"85000000-Servicios de salud","85","8511 - Prevención y control de enfermedades","8511","85111600-Prevención y control de enfermedades no contagiosas",null,"21101804-Dispersores o distribuidores de fertilizante"]
[null,"85000000-Servicios de salud","85","8511 - Prevención y control de enfermedades","8511","85111700-Manejo y control de vectores de enfermedad",null,"21101805-Generadores de niebla o neblina"]
[null,"85000000-Servicios de salud","85","8512 -  Práctica médica","8512","85121500-Servicios de prestadores de cuidado primario",null,"21101806-Compostadores"]
[null,"85000000-Servicios de salud","85","8512 -  Práctica médica","8512","85121600-Servicios médicos de doctores especialistas",null,"21101807-Equipo y suministros para polinización"]
[null,"85000000-Servicios de salud","85","8512 -  Práctica médica","8512","85121700-Servicios de prestadores especialistas de servicios de salud",null,"21101808-Equipo para protección contra las heladas"]
[null,"85000000-Servicios de salud","85","8512 -  Práctica médica","8512","85121800-Laboratorios médicos",null,"21101901-Ordeñadoras"]
[null,"85000000-Servicios de salud","85","8512 -  Práctica médica","8512","85121900-Farmacéuticos",null,"21101902-Equipo para cría de ganado"]
[null,"85000000-Servicios de salud","85","8512 -  Práctica médica","8512","85122000-Servicios dentales",null,"21101903-Incubadoras o polleras para aves de corral"]
[null,"85000000-Servicios de salud","85","8512 -  Práctica médica","8512","85122100-Servicios de rehabilitación",null,"21101904-Mezcladoras de forraje"]
[null,"85000000-Servicios de salud","85","8512 -  Práctica médica","8512","85122200-Servicios de evaluación y valoración de salud individual",null,"21101905-Equipo para identificación de ganado"]
[null,"85000000-Servicios de salud","85","85130000-Ciencia médica, investigación y experimentación","8513","85131500-Servicios de medicina experimental",null,"21101906-Equipo de inspección o recolección de huevos"]
[null,"85000000-Servicios de salud","85","85130000-Ciencia médica, investigación y experimentación","8513","85131600-Ética médica",null,"21101907-Máquinas para abrevar animales"]
[null,"85000000-Servicios de salud","85","85130000-Ciencia médica, investigación y experimentación","8513","85131700-Ciencia e investigación médica",null,"21101908-Tanques refrigeradores de leche"]
[null,"85000000-Servicios de salud","85","8515 - Servicios alimentarios y de nutrición","8515","85151500-Tecnología de alimentos",null,"21101909-Equipo para el esquilar o peluquear de animales"]
[null,"85000000-Servicios de salud","85","8515 - Servicios alimentarios y de nutrición","8515","85151600-Asuntos nutricionales",null,"21102001-Máquinas limpiadoras de semillas, grano o legumbres secas"]
[null,"85000000-Servicios de salud","85","8515 - Servicios alimentarios y de nutrición","8515","85151700-Planeación y ayuda de política de alimentos",null,"21102002-Máquinas seleccionadoras de semillas, grano o legumbres secas"]
[null,"85000000-Servicios de salud","85","85160000-Servicios de mantenimiento, renovación y reparación de equipo médico quirúrgico.","8516","85161500-Reparación de equipo médico o quirúrgico",null,"21102003-Clasificadoras de semillas, grano o legumbres secas"]
[null,"86000000-Servicios educativos y de formación","86","8610 - Formación profesional","8610","86101500-Servicios de entrenamiento en agricultura y silvicultura y otros recursos naturales",null,"21102004-Equipo para limpieza y descascarillado de arroz"]
[null,"86000000-Servicios educativos y de formación","86","8610 - Formación profesional","8610","86101600-Servicios de capacitación vocacional científica",null,"21102005-Molino para trituración"]
[null,"86000000-Servicios educativos y de formación","86","8610 - Formación profesional","8610","86101700-Servicios de capacitación vocacional no - científica",null,"21102006-Molinos de martillo"]
[null,"86000000-Servicios educativos y de formación","86","8610 - Formación profesional","8610","86101800-Entrenamiento en servicio y desarrollo de mano de obra",null,"21102101-Máquinas agrícolas de briqueta"]
[null,"86000000-Servicios educativos y de formación","86","8611 - Sistemas educativos alternativos","8611","86111500-Servicios de aprendizaje a distancia",null,"21102201-Descortezadoras"]
[null,"86000000-Servicios educativos y de formación","86","8611 - Sistemas educativos alternativos","8611","86111600-Educación de adultos",null,"21102202-Equipo de explotación forestal"]
[null,"86000000-Servicios educativos y de formación","86","8611 - Sistemas educativos alternativos","8611","86111700-Educación de idiomas",null,"21102203-Equipo de reforestación"]
[null,"86000000-Servicios educativos y de formación","86","8611 - Sistemas educativos alternativos","8611","86111800-Intercambios estudiantiles",null,"21102204-Sierras para silvicultura"]
[null,"86000000-Servicios educativos y de formación","86","8612 - Instituciones educativas","8612","86121500-Escuelas elementales y secundarias",null,"21102205-Deslizadores forestales"]
[null,"86000000-Servicios educativos y de formación","86","8612 - Instituciones educativas","8612","86121600-Colegios menores",null,"21102206-Barrenos para aumento forestal"]
[null,"86000000-Servicios educativos y de formación","86","8612 - Instituciones educativas","8612","86121700-Universidades y politécnicos",null,"21102207-Hipsómetro para silvicultura"]
[null,"86000000-Servicios educativos y de formación","86","8612 - Instituciones educativas","8612","86121800-Escuelas profesionales",null,"21102301-Equipo de riego para invernadero"]
[null,"86000000-Servicios educativos y de formación","86","8613 - Servicios educativos especializados","8613","86131500-Bellas artes",null,"21102302-Materas para invernadero"]
[null,"86000000-Servicios educativos y de formación","86","8613 - Servicios educativos especializados","8613","86131600-Música y drama",null,"21102303-Equipo de ventilación para invernadero"]
[null,"86000000-Servicios educativos y de formación","86","8613 - Servicios educativos especializados","8613","86131700-Conducción de vehículos, buques y aeronaves",null,"21102304-Equipo aislante para invernadero"]
[null,"86000000-Servicios educativos y de formación","86","8613 - Servicios educativos especializados","8613","86131800-Educación militar",null,"21102401-Equipo para apicultura"]
[null,"86000000-Servicios educativos y de formación","86","8613 - Servicios educativos especializados","8613","86131900-Escuelas para gente con discapacidades",null,"21102402-Equipo para gusanos de seda"]
[null,"86000000-Servicios educativos y de formación","86","8614 - Instalaciones educativas","8614","86141500-Servicios de guía educativa",null,"21102403-Equipo para la cría de mariposas"]
[null,"86000000-Servicios educativos y de formación","86","8614 - Instalaciones educativas","8614","86141600-Organizaciones de estudiantes",null,"21102404-Equipo para la cría de escarabajos"]
[null,"86000000-Servicios educativos y de formación","86","8614 - Instalaciones educativas","8614","86141700-Tecnología educacional",null,"21111501-Anzuelos para pesca comercial"]
[null,"90000000-Servicios de viajes, alimentación, alojamiento y entretenimiento","90","9010 - Restaurantes y catering (servicios de comidas y bebidas)","9010","90101500-Establecimientos para comer y beber",null,"21111502-Carretes para pesca comercial"]
[null,"90000000-Servicios de viajes, alimentación, alojamiento y entretenimiento","90","9010 - Restaurantes y catering (servicios de comidas y bebidas)","9010","90101600-Servicios de banquetes y catering",null,"21111503-Aparejos para pesca comercial"]
[null,"90000000-Servicios de viajes, alimentación, alojamiento y entretenimiento","90","9010 - Restaurantes y catering (servicios de comidas y bebidas)","9010","90101700-Servicios de cafetería",null,"21111504-Redes para pesca comercial"]
[null,"90000000-Servicios de viajes, alimentación, alojamiento y entretenimiento","90","9010 - Restaurantes y catering (servicios de comidas y bebidas)","9010","90101800-Servicios de comida para llevar y a domicilio",null,"21111506-Flotadores para pesca comercial"]
[null,"90000000-Servicios de viajes, alimentación, alojamiento y entretenimiento","90","9011 - Instalaciones hoteleras, alojamientos y centros de encuentros","9011","90111500-Hoteles y moteles y pensiones",null,"21111507-Plomos o pesos comerciales"]
[null,"90000000-Servicios de viajes, alimentación, alojamiento y entretenimiento","90","9011 - Instalaciones hoteleras, alojamientos y centros de encuentros","9011","90111600-Facilidades para encuentros",null,"21111508-Transportadores de redes de pesca"]
[null,"90000000-Servicios de viajes, alimentación, alojamiento y entretenimiento","90","9011 - Instalaciones hoteleras, alojamientos y centros de encuentros","9011","90111700-Facilidades para acampar",null,"21111601-Equipo para piscicultura marina"]
[null,"90000000-Servicios de viajes, alimentación, alojamiento y entretenimiento","90","9011 - Instalaciones hoteleras, alojamientos y centros de encuentros","9011","90111800-Cuartos de hotel",null,"21111602-Suministros para piscicultura"]
[null,"90000000-Servicios de viajes, alimentación, alojamiento y entretenimiento","90","9012 - Facilitación de viajes","9012","90121500-Agentes de viajes",null,"22101501-Cargadores frontales"]
[null,"90000000-Servicios de viajes, alimentación, alojamiento y entretenimiento","90","9012 - Facilitación de viajes","9012","90121600-Asistencia en documentos de viajes",null,"22101502-Niveladoras"]
[null,"90000000-Servicios de viajes, alimentación, alojamiento y entretenimiento","90","9012 - Facilitación de viajes","9012","90121700-Guías e intérpretes",null,"22101504-Piloteadoras"]
[null,"90000000-Servicios de viajes, alimentación, alojamiento y entretenimiento","90","9013 - Artes interpretativas","9013","90131500-Actuaciones en vivo",null,"22101505-Aplanadoras"]
[null,"90000000-Servicios de viajes, alimentación, alojamiento y entretenimiento","90","9013 - Artes interpretativas","9013","90131600-Actuaciones grabadas o películas",null,"22101507-Bateadoras"]
[null,"90000000-Servicios de viajes, alimentación, alojamiento y entretenimiento","90","9014 - Deportes comerciales","9014","90141500-Eventos profesionales deportivos",null,"22101508-Máquinas para abrir zanjas"]
[null,"90000000-Servicios de viajes, alimentación, alojamiento y entretenimiento","90","9014 - Deportes comerciales","9014","90141600-Promoción y patrocinio de eventos deportivos",null,"22101509-Retroexcavadoras"]
[null,"90000000-Servicios de viajes, alimentación, alojamiento y entretenimiento","90","9014 - Deportes comerciales","9014","90141700-Deportes aficionados y recreacionales",null,"22101511-Compactadores"]
[null,"90000000-Servicios de viajes, alimentación, alojamiento y entretenimiento","90","9015 - Servicios de entretenimiento","9015","90151500-Atracciones turísticas",null,"22101513-Dragalíneas"]
[null,"90000000-Servicios de viajes, alimentación, alojamiento y entretenimiento","90","9015 - Servicios de entretenimiento","9015","90151600-Shows viajeros",null,"22101514-Dragas"]
[null,"90000000-Servicios de viajes, alimentación, alojamiento y entretenimiento","90","9015 - Servicios de entretenimiento","9015","90151700-Parques de diversiones",null,"22101516-Excavadoras de fosos"]
[null,"90000000-Servicios de viajes, alimentación, alojamiento y entretenimiento","90","9015 - Servicios de entretenimiento","9015","90151800-Carnavales y ferias",null,"22101518-Raspadores elevadores"]
[null,"90000000-Servicios de viajes, alimentación, alojamiento y entretenimiento","90","9015 - Servicios de entretenimiento","9015","90151900-Establecimientos de juegos de azar y de apuestas",null,"22101519-Máquina giratoria con cazoleta de rastrillos abiertas"]
[null,"90000000-Servicios de viajes, alimentación, alojamiento y entretenimiento","90","9015 - Servicios de entretenimiento","9015","90152000-Clubes nocturnos y salones de baile",null,"22101520-Máquina giratoria con rastrillos elevadores"]
[null,"90000000-Servicios de viajes, alimentación, alojamiento y entretenimiento","90","9015 - Servicios de entretenimiento","9015","90152100-Servicios de conserjería",null,"22101521-Rastrilladora arrastrada"]
[null,"91000000-Servicios personales y domésticos","91","9110 - Aspecto personal","9110","91101500-Facilidades de spa y ejercicios y rejuvenecimiento",null,"22101522-Buldóceres de orugas"]
[null,"91000000-Servicios personales y domésticos","91","9110 - Aspecto personal","9110","91101600-Cuidado facial y corporal",null,"22101523-Buldóceres de ruedas"]
[null,"91000000-Servicios personales y domésticos","91","9110 - Aspecto personal","9110","91101700-Cuidado del pelo",null,"22101524-Excavadoras móviles"]
[null,"91000000-Servicios personales y domésticos","91","9110 - Aspecto personal","9110","91101800-Alquiler de ropa",null,"22101525-Excavadoras de ruedas"]
[null,"91000000-Servicios personales y domésticos","91","9110 - Aspecto personal","9110","91101900-Consultores de modas",null,"22101526-Excavadoras de orugas"]
[null,"91000000-Servicios personales y domésticos","91","9111 - Asistencia doméstica y personal","9111","91111500-Servicios de lavandería",null,"22101527-Transportes integrados de carga"]
[null,"91000000-Servicios personales y domésticos","91","9111 - Asistencia doméstica y personal","9111","91111600-Asistencia y cuidado del hogar",null,"22101528-Cargadores de ruedas"]
[null,"91000000-Servicios personales y domésticos","91","9111 - Asistencia doméstica y personal","9111","91111700-Servicios de compra y trueque de consumo",null,"22101529-Cargadores sobre patines con dirección"]
[null,"91000000-Servicios personales y domésticos","91","9111 - Asistencia doméstica y personal","9111","91111800-Cuidado y almacenamiento de ítems personales",null,"22101530-Raspadores abiertos"]
[null,"91000000-Servicios personales y domésticos","91","9111 - Asistencia doméstica y personal","9111","91111900-Servicios de cuidado temporal",null,"22101531-Cañones para quitar nieve"]
[null,"92000000-Servicios de defensa nacional, orden publico, seguridad y vigilancia","92","9210 - Orden público y seguridad","9210","92101500-Servicios de policía",null,"22101532-Cargadores de orugas"]
[null,"92000000-Servicios de defensa nacional, orden publico, seguridad y vigilancia","92","9210 - Orden público y seguridad","9210","92101600-Servicios de bomberos",null,"22101533-Arrancadoras de troncos"]
[null,"92000000-Servicios de defensa nacional, orden publico, seguridad y vigilancia","92","9210 - Orden público y seguridad","9210","92101700-Sistemas de cárceles y prisiones",null,"22101534-Excavadoras de campaña"]
[null,"92000000-Servicios de defensa nacional, orden publico, seguridad y vigilancia","92","9210 - Orden público y seguridad","9210","92101800-Sistemas judiciales",null,"22101602-Equipo de apisonamiento"]
[null,"92000000-Servicios de defensa nacional, orden publico, seguridad y vigilancia","92","9210 - Orden público y seguridad","9210","92101900-Servicios de rescate",null,"22101603-Ensanchadores de carreteras"]
[null,"92000000-Servicios de defensa nacional, orden publico, seguridad y vigilancia","92","9211 - Servicios militares o defensa nacional","9211","92111500-Mantenimiento de la paz y seguridad internacionales",null,"22101604-Placas vibradoras"]
[null,"92000000-Servicios de defensa nacional, orden publico, seguridad y vigilancia","92","9211 - Servicios militares o defensa nacional","9211","92111600-Desarmamiento",null,"22101605-Acabadoras de asfalto"]
[null,"92000000-Servicios de defensa nacional, orden publico, seguridad y vigilancia","92","9211 - Servicios militares o defensa nacional","9211","92111700-Ciencia e investigación militar",null,"22101606-Esparcidoras de gravilla"]
[null,"92000000-Servicios de defensa nacional, orden publico, seguridad y vigilancia","92","9211 - Servicios militares o defensa nacional","9211","92111800-Personal y disciplina militar",null,"22101607-Pavimentadoras"]
[null,"92000000-Servicios de defensa nacional, orden publico, seguridad y vigilancia","92","9211 - Servicios militares o defensa nacional","9211","92111900-Policía militar",null,"22101608-Aplanadoras en frío"]
[null,"92000000-Servicios de defensa nacional, orden publico, seguridad y vigilancia","92","9211 - Servicios militares o defensa nacional","9211","92112000-Zonas militares",null,"22101609-Mezcladoras de material de pavimentación"]
[null,"92000000-Servicios de defensa nacional, orden publico, seguridad y vigilancia","92","9211 - Servicios militares o defensa nacional","9211","92112100-Guerra nuclear",null,"22101610-Distribuidoras de agregados"]
[null,"92000000-Servicios de defensa nacional, orden publico, seguridad y vigilancia","92","9211 - Servicios militares o defensa nacional","9211","92112200-Tácticas militares",null,"22101611-Distribuidoras de material bituminoso"]
[null,"92000000-Servicios de defensa nacional, orden publico, seguridad y vigilancia","92","9211 - Servicios militares o defensa nacional","9211","92112300-Bases militares",null,"22101612-Escarificadoras de carreteras"]
[null,"92000000-Servicios de defensa nacional, orden publico, seguridad y vigilancia","92","9211 - Servicios militares o defensa nacional","9211","92112400-Conflictos e incidentes armados",null,"22101613-Aplanadoras calentadoras de la superficie de la carretera"]
[null,"92000000-Servicios de defensa nacional, orden publico, seguridad y vigilancia","92","9212 - Seguridad y protección personal","9212","92121500-Servicios de guardias",null,"22101614-Revestimientos de pavimento de concreto"]
[null,"92000000-Servicios de defensa nacional, orden publico, seguridad y vigilancia","92","9212 - Seguridad y protección personal","9212","92121600-Servicios de detectives",null,"22101615-Trituradoras de pavimento"]
[null,"92000000-Servicios de defensa nacional, orden publico, seguridad y vigilancia","92","9212 - Seguridad y protección personal","9212","92121700-Servicios de sistemas de seguridad",null,"22101616-Máquinas para hacer andenes"]
[null,"93000000-Servicios políticos y de asuntos cívicos","93","9310 - Sistemas e instituciones políticas","9310","93101500-Cuerpos políticos",null,"22101617-Máquinas de relleno"]
[null,"93000000-Servicios políticos y de asuntos cívicos","93","9310 - Sistemas e instituciones políticas","9310","93101600-Funcionarios políticos",null,"22101618-Equipos de preparación de superficies de rodamiento o mecanismos para su colocación"]
[null,"93000000-Servicios políticos y de asuntos cívicos","93","9310 - Sistemas e instituciones políticas","9310","93101700-Cuerpos y práctica legislativa",null,"22101619-Máquinas pulidoras"]
[null,"93000000-Servicios políticos y de asuntos cívicos","93","9312 - Relaciones internacionales","9312","93121500-Diplomacia",null,"22101620-Máquinas de limpieza o acabado de juntas"]
[null,"93000000-Servicios políticos y de asuntos cívicos","93","9312 - Relaciones internacionales","9312","93121600-Relaciones internacionales y cooperación",null,"22101701-Palas excavadoras"]
[null,"93000000-Servicios políticos y de asuntos cívicos","93","9312 - Relaciones internacionales","9312","93121700-Organizaciones internacionales",null,"22101702-Palas mecánicas para el de movimiento de tierra o sus piezas o accesorios"]
[null,"93000000-Servicios políticos y de asuntos cívicos","93","9313 - Ayuda y asistencia humanitaria","9313","93131500-Programas de refugiados",null,"22101703-Cuchillas o dientes u otros filos cortantes"]
[null,"93000000-Servicios políticos y de asuntos cívicos","93","9313 - Ayuda y asistencia humanitaria","9313","93131600-Planeación y programas de políticas de alimentación y nutrición",null,"22101704-Escarificadores"]
[null,"93000000-Servicios políticos y de asuntos cívicos","93","9313 - Ayuda y asistencia humanitaria","9313","93131700-Programas de salud",null,"22101705-Orugas: eslabones o zapatas o sus piezas"]
[null,"93000000-Servicios políticos y de asuntos cívicos","93","9313 - Ayuda y asistencia humanitaria","9313","93131800-Preparación y alivio de desastres",null,"22101706-Cucharas de pala"]
[null,"93000000-Servicios políticos y de asuntos cívicos","93","9314 - Servicios comunitarios y sociales","9314","93141500-Desarrollo y servicios sociales",null,"22101707-Cables de retención"]
[null,"93000000-Servicios políticos y de asuntos cívicos","93","9314 - Servicios comunitarios y sociales","9314","93141600-Población",null,"22101708-Extractores"]
[null,"93000000-Servicios políticos y de asuntos cívicos","93","9314 - Servicios comunitarios y sociales","9314","93141700-Cultura",null,"22101709-Cucharones bivalvos"]
[null,"93000000-Servicios políticos y de asuntos cívicos","93","9314 - Servicios comunitarios y sociales","9314","93141800-Empleo",null,"22101710-Remolques quitanieves"]
[null,"93000000-Servicios políticos y de asuntos cívicos","93","9314 - Servicios comunitarios y sociales","9314","93141900-Desarrollo rural",null,"22101711-Herramientas de trituración de pavimento o accesorios"]
[null,"93000000-Servicios políticos y de asuntos cívicos","93","9314 - Servicios comunitarios y sociales","9314","93142000-Desarrollo urbano",null,"22101712-Herramientas de piloteadoras o sus piezas o accesorios"]
[null,"93000000-Servicios políticos y de asuntos cívicos","93","9314 - Servicios comunitarios y sociales","9314","93142100-Desarrollo regional",null,"22101713-Brazo de retroexcavadora o secciones del brazo"]
[null,"93000000-Servicios políticos y de asuntos cívicos","93","9315 - Servicios de administración y financiación pública","9315","93151500-Administración pública",null,"22101714-Kits de reparación o piezas de apisonadora"]
[null,"93000000-Servicios políticos y de asuntos cívicos","93","9315 - Servicios de administración y financiación pública","9315","93151600-Finanzas públicas",null,"22101715-Plantas o alimentadoras de dosificación"]
[null,"93000000-Servicios políticos y de asuntos cívicos","93","9315 - Servicios de administración y financiación pública","9315","93151700-Monedas",null,"22101716-Kits de conversión de maquinaria de construcción"]
[null,"93000000-Servicios políticos y de asuntos cívicos","93","9316 - Tributación","9316","93161500-Impuesto de renta",null,"22101717-Vertederas de movimiento de tierra"]
[null,"93000000-Servicios políticos y de asuntos cívicos","93","9316 - Tributación","9316","93161600-Impuestos distintos del impuesto de renta",null,"22101718-Sistemas de control de aplanadora"]
[null,"93000000-Servicios políticos y de asuntos cívicos","93","9316 - Tributación","9316","93161700-Administración tributaria",null,"22101719-Portaherramientas de corredera transversal de aplanadora"]
[null,"93000000-Servicios políticos y de asuntos cívicos","93","9316 - Tributación","9316","93161800-Temas tributarios",null,"22101720-Zapatas perfiladoras de zanjadora"]
[null,"94000000-Organizaciones y clubes","94","9410 - Organizaciones laborales","9410","94101500-Asociaciones de negocios",null,"22101801-Manlift o elevador de personal"]
[null,"94000000-Organizaciones y clubes","94","9410 - Organizaciones laborales","9410","94101600-Asociaciones profesionales",null,"22101802-Elevador de plataforma"]
[null,"94000000-Organizaciones y clubes","94","9410 - Organizaciones laborales","9410","94101700-Asociaciones de personal",null,"22101803-Elevador de boom articulado"]
[null,"94000000-Organizaciones y clubes","94","9410 - Organizaciones laborales","9410","94101800-Sindicatos",null,"22101804-Elevador de boom telescópico"]
[null,"94000000-Organizaciones y clubes","94","9412 - Clubes","9412","94121500-Clubes deportivos",null,"22101901-Mezcladoras o plantas de concreto"]
[null,"94000000-Organizaciones y clubes","94","9412 - Clubes","9412","94121600-Clubes de hobbies",null,"22101902-Mezcladoras de argamasa, pañete o mortero"]
[null,"94000000-Organizaciones y clubes","94","9412 - Clubes","9412","94121700-Clubes de aficionados",null,"22101903-Mezcladoras de grada giratoria"]
[null,"94000000-Organizaciones y clubes","94","9412 - Clubes","9412","94121800-Clubes sociales",null,"22101904-Máquinas de curado"]
[null,"94000000-Organizaciones y clubes","94","9413 - Organizaciones, asociaciones y movimientos cívicos","9413","94131500-Organizaciones no gubernamentales",null,"22101905-Distribuidoras de concreto"]
[null,"94000000-Organizaciones y clubes","94","9413 - Organizaciones, asociaciones y movimientos cívicos","9413","94131600-Organizaciones de caridad",null,"22101906-Equipo de apuntalamiento"]
[null,"94000000-Organizaciones y clubes","94","9413 - Organizaciones, asociaciones y movimientos cívicos","9413","94131700-Asociaciones verdes",null,"22101907-Puntales de zanja"]
[null,"94000000-Organizaciones y clubes","94","9413 - Organizaciones, asociaciones y movimientos cívicos","9413","94131800-Movimientos",null,"22102001-Kits de equipo de demolición"]
[null,"94000000-Organizaciones y clubes","94","9413 - Organizaciones, asociaciones y movimientos cívicos","9413","94131900-Asociaciones protectoras de animales",null,"23101501-Caladoras"]
[null,"94000000-Organizaciones y clubes","94","9413 - Organizaciones, asociaciones y movimientos cívicos","9413","94132000-Asociaciones de defensa y promoción de los derechos humanos",null,"23101502-Taladros"]
[{"$nulls":7},"23101503-Brochadoras"]
[{"$nulls":7},"23101504-Máquinas dobladoras"]
[{"$nulls":7},"23101505-Maquinas abre huecos"]
[{"$nulls":7},"23101506-Esmeriladoras"]
[{"$nulls":7},"23101507-Troqueladoras"]
[{"$nulls":7},"23101508-Cortadoras"]
[{"$nulls":7},"23101509-Lijadoras"]
[{"$nulls":7},"23101510-Pulidoras"]
[{"$nulls":7},"23101511-Máquinas para tornear"]
[{"$nulls":7},"23101512-Sierras mecánicas"]
[{"$nulls":7},"23101513-Fresadoras"]
[{"$nulls":7},"23101514-Cepilladoras"]
[{"$nulls":7},"23101515-Máquinas para grabar"]
[{"$nulls":7},"23101516-Máquina de martillar con la peña de cuentas de vidrio"]
[{"$nulls":7},"23101517-Máquinas de sanblasteado"]
[{"$nulls":7},"23101518-Máquina de picar con chorro de perdigones"]
[{"$nulls":7},"23101519-Robots"]
[{"$nulls":7},"23101520-Máquinas Ram de electro descarga"]
[{"$nulls":7},"23101521-Máquina de descarga de electrodo de cátodo de alambre"]
[{"$nulls":7},"23101522-Rompevirutas"]
[{"$nulls":7},"23111501-Equipo de hidroprocesamiento de destilado"]
[{"$nulls":7},"23111502-Máquina para destilación de crudo"]
[{"$nulls":7},"23111503-Equipo de ruptura catalítica"]
[{"$nulls":7},"23111504-Equipo de hidro - ruptura"]
[{"$nulls":7},"23111505-Maquinaria de isomerización"]
[{"$nulls":7},"23111506-Máquina coquizadora"]
[{"$nulls":7},"23111507-Maquinaria para recuperación de gas"]
[{"$nulls":7},"23111601-Hidrotratador de nafta"]
[{"$nulls":7},"23111602-Hidrotratador de destilado"]
[{"$nulls":7},"23111603-Hidrotratador de alimentación catalítica"]
[{"$nulls":7},"23111604-Hidrotratador de lubricantes"]
[{"$nulls":7},"23111605-Hidrotratador de gasolina"]
[{"$nulls":7},"23111606-Hidrotratador de aceite residual"]
[{"$nulls":7},"23121501-Maquinaria para bordados"]
[{"$nulls":7},"23121502-Maquinaria para afelpado"]
[{"$nulls":7},"23121503-Devanadoras o encarretadoras"]
[{"$nulls":7},"23121504-Máquinas de Torción"]
[{"$nulls":7},"23121505-Máquina para pegar puntadas"]
[{"$nulls":7},"23121506-Tejedoras"]
[{"$nulls":7},"23121507-Urdidoras"]
[{"$nulls":7},"23121508-Máquinas de acabados"]
[{"$nulls":7},"23121509-Husos"]
[{"$nulls":7},"23121510-Máquinas para hacer encaje"]
[{"$nulls":7},"23121601-Máquinas para forrar botones"]
[{"$nulls":7},"23121602-Máquinas para coser botones"]
[{"$nulls":7},"23121603-Máquinas de hacer ojales"]
[{"$nulls":7},"23121604-Máquinas cortadoras de tela"]
[{"$nulls":7},"23121605-Máquinas para rellenar cojines"]
[{"$nulls":7},"23121606-Máquinas plegadoras o rebobinadoras"]
[{"$nulls":7},"23121607-Máquinas blanqueadoras"]
[{"$nulls":7},"23121608-Máquinas para doblar telas o paños"]
[{"$nulls":7},"23121609-Máquinas bobinadoras o desenrolladoras"]
[{"$nulls":7},"23121610-Máquinas para teñir"]
[{"$nulls":7},"23121611-Máquinas cortadoras o festoneadoras"]
[{"$nulls":7},"23121612-Agujas para máquina de cose"]
[{"$nulls":7},"23121613-Máquinas para procesar seda"]
[{"$nulls":7},"23121614-Máquinas de coser"]
[{"$nulls":7},"23121615-Mesas para cortar telas"]
[{"$nulls":7},"23131501-Compuestos abrasivos"]
[{"$nulls":7},"23131502-Ruedas de fieltro"]
[{"$nulls":7},"23131503-Ruedas de esmerilado"]
[{"$nulls":7},"23131504-Compuestos para brillado"]
[{"$nulls":7},"23131505-Cabezas de pulir"]
[{"$nulls":7},"23131506-Ruedas para pulir"]
[{"$nulls":7},"23131507-Tela para lijar"]
[{"$nulls":7},"23131508-Tambores para lijar"]
[{"$nulls":7},"23131509-Cilindros o brilladoras"]
[{"$nulls":7},"23131510-Suministros o medios de cilindro"]
[{"$nulls":7},"23131511-Pivotes de agua"]
[{"$nulls":7},"23131512-Bandejas de agua"]
[{"$nulls":7},"23131513-Bloques para lijar"]
[{"$nulls":7},"23131514-Piedras montadas"]
[{"$nulls":7},"23131515-Rectificadora de piedra de moler"]
[{"$nulls":7},"23131601-Accesorios para hacer facetas o pulir caras"]
[{"$nulls":7},"23131602-Máquinas para hacer facetas o pulir caras"]
[{"$nulls":7},"23131603-Pulidoras para hacer facetas o pulir caras"]
[{"$nulls":7},"23131604-Sierras para hacer facetas o pulir caras"]
[{"$nulls":7},"23131701-Accesorios para hacer cabuchones"]
[{"$nulls":7},"23131702-Cinturones para hacer cabuchones"]
[{"$nulls":7},"23131703-Discos para hacer cabuchones"]
[{"$nulls":7},"23131704-Máquinas para hacer cabuchones"]
[{"$nulls":7},"23141601-Máquinas para descarnar cuero"]
[{"$nulls":7},"23141602-Máquinas para curtir cuero"]
[{"$nulls":7},"23141603-Máquinas para teñir cuero"]
[{"$nulls":7},"23141604-Máquinas para desengrasar cuero"]
[{"$nulls":7},"23141605-Prensadoras de cuero"]
[{"$nulls":7},"23141701-Máquinas cortadoras de cuero"]
[{"$nulls":7},"23141702-Máquinas ribeteadoras de cuero"]
[{"$nulls":7},"23141703-Máquinas clavadoras de cuero"]
[{"$nulls":7},"23141704-Equipo para talabartería"]
[{"$nulls":7},"23151501-Máquinas de moldeo por soplado"]
[{"$nulls":7},"23151502-Máquinas revestidoras"]
[{"$nulls":7},"23151503-Extrusoras"]
[{"$nulls":7},"23151504-Máquinas de moldeo por inyección"]
[{"$nulls":7},"23151506-Prensas de caucho o plástico"]
[{"$nulls":7},"23151507-Máquinas termo modeladoras"]
[{"$nulls":7},"23151508-Máquinas para moldear al vacío"]
[{"$nulls":7},"23151509-Vulcanizadoras"]
[{"$nulls":7},"23151510-Maquinaria para cortar plástico"]
[{"$nulls":7},"23151511-Maquinaria para triturar plástico"]
[{"$nulls":7},"23151512-Molinos de caucho o plástico"]
[{"$nulls":7},"23151513-Moldes de extrusión de caucho o plástico"]
[{"$nulls":7},"23151514-Moldes de inyección para plástico"]
[{"$nulls":7},"23151515-Moldes de termoformar"]
[{"$nulls":7},"23151516-Pasadores del eyector"]
[{"$nulls":7},"23151601-Sopladores o secadores"]
[{"$nulls":7},"23151602-Trituradoras"]
[{"$nulls":7},"23151603-Máquinas de soldadura por fusión o de estirado de vidrio"]
[{"$nulls":7},"23151604-Esmeriladoras p pulidoras"]
[{"$nulls":7},"23151606-Máquinas moldeadoras de cemento o cerámica o vidrio o similar"]
[{"$nulls":7},"23151607-Prensas"]
[{"$nulls":7},"23151608-Tamices"]
[{"$nulls":7},"23151701-Máquinas para pulir lentes"]
[{"$nulls":7},"23151702-Equipo de medición de lentes"]
[{"$nulls":7},"23151703-Equipo de esmerilado de lentes"]
[{"$nulls":7},"23151704-Equipos de ensayo de lentes"]
[{"$nulls":7},"23151705-Equipo para recubrir el vacío óptico"]
[{"$nulls":7},"23151801-Equipo para llenado de ampolletas"]
[{"$nulls":7},"23151802-Colocadores de tapas, insertadores de algodón o aplicadores de sellos de seguridad"]
[{"$nulls":7},"23151803-Máquinas encapsuladoras"]
[{"$nulls":7},"23151804-Reactores, fermentadores o digestores"]
[{"$nulls":7},"23151805-Máquinas dosificadoras de barrena para llenado o cerrado hermético"]
[{"$nulls":7},"23151806-Filtros o ultrafiltros farmacéuticos"]
[{"$nulls":7},"23151807-Secadores por congelación o liofilizadores"]
[{"$nulls":7},"23151808-Granuladores"]
[{"$nulls":7},"23151809-Máquinas farmacéuticas de tamizado"]
[{"$nulls":7},"23151810-Máquinas de procesado o llenado estéril o aséptico"]
[{"$nulls":7},"23151811-Máquinas para hacer ensayos de tabletas o cápsulas"]
[{"$nulls":7},"23151812-Contadores de tabletas"]
[{"$nulls":7},"23151813-Máquinas de hacer tabletas"]
[{"$nulls":7},"23151814-Equipo de producción de vacunas"]
[{"$nulls":7},"23151816-Columnas de cromatografía"]
[{"$nulls":7},"23151817-Medios de cromatografía"]
[{"$nulls":7},"23151818-Dispositivos de prueba de esterilidad"]
[{"$nulls":7},"23151819-Comprobadores de integridad de los filtros"]
[{"$nulls":7},"23151820-Manómetro"]
[{"$nulls":7},"23151821-Adaptador de cartucho filtro"]
[{"$nulls":7},"23151822-Adaptadores o conectores o accesorios para soportes de filtros farmacéuticos"]
[{"$nulls":7},"23151823-Radiofármaco de diagnóstico"]
[{"$nulls":7},"23151901-Cortadores"]
[{"$nulls":7},"23151902-Rajadores"]
[{"$nulls":7},"23151903-Máquinas de lavado o para sacar el agua"]
[{"$nulls":7},"23151904-Rebobinadoras"]
[{"$nulls":7},"23151905-Máquinas para hacer pulpa de madera"]
[{"$nulls":7},"23151906-Calandrias para hacer papel o cartón"]
[{"$nulls":7},"23152001-Tratadores de corona"]
[{"$nulls":7},"23152002-Tratadores por llama"]
[{"$nulls":7},"23152101-Pantallas o piezas o equipo vibratorios de separación"]
[{"$nulls":7},"23152102-Pantallas o piezas o equipo estacionario de separación"]
[{"$nulls":7},"23152103-Pantallas o piezas o equipo de clasificación neumática"]
[{"$nulls":7},"23152104-Equipo o piezas y pantallas de separación centrífuga"]
[{"$nulls":7},"23152201-Mesas rotatorias"]
[{"$nulls":7},"23152202-Bancos de apilado"]
[{"$nulls":7},"23152203-Bancos de pruebas de componentes o motores"]
[{"$nulls":7},"23152204-Resguardo de la máquina"]
[{"$nulls":7},"23152205-Mesas de sierra de banda"]
[{"$nulls":7},"23152206-Protección de barrera"]
[{"$nulls":7},"23152901-Maquinaria de envolver"]
[{"$nulls":7},"23152902-Maquinaria de formar, rellenar o sellar"]
[{"$nulls":7},"23152903-Empacadora al vacío"]
[{"$nulls":7},"23152904-Tolvas para empacar"]
[{"$nulls":7},"23152905-Máquinas para el formado de cartón"]
[{"$nulls":7},"23152906-Maquinas para encintar"]
[{"$nulls":7},"23153001-Plantilla de medición"]
[{"$nulls":7},"23153002-Plantilla de guía"]
[{"$nulls":7},"23153003-Plantilla maestro"]
[{"$nulls":7},"23153004-Plantilla de aguja"]
[{"$nulls":7},"23153005-Plantilla de eje"]
[{"$nulls":7},"23153006-Plantilla de chequeo"]
[{"$nulls":7},"23153007-Plantilla de instalación"]
[{"$nulls":7},"23153008-Plantilla de cámara"]
[{"$nulls":7},"23153009-Plantilla de captación"]
[{"$nulls":7},"23153010-Plantilla de eliminación"]
[{"$nulls":7},"23153011-Plantilla de boquilla"]
[{"$nulls":7},"23153012-Plantilla de deslizamiento"]
[{"$nulls":7},"23153013-Plantilla de centrado"]
[{"$nulls":7},"23153014-Plantilla de inspección"]
[{"$nulls":7},"23153015-Plantilla de alimentador"]
[{"$nulls":7},"23153016-Plantilla de embrague"]
[{"$nulls":7},"23153017-Plantilla de alineación"]
[{"$nulls":7},"23153018-Plantilla de posicionamiento"]
[{"$nulls":7},"23153019-Placa elevadora"]
[{"$nulls":7},"23153020-Guía de cinta"]
[{"$nulls":7},"23153021-Mordaza de alimentación de cinta"]
[{"$nulls":7},"23153022-Alimentador mecánico"]
[{"$nulls":7},"23153023-Arnés del alimentador"]
[{"$nulls":7},"23153024-Mordaza de alimentación"]
[{"$nulls":7},"23153025-Agarrador mecánico"]
[{"$nulls":7},"23153026-Mordaza de soporte"]
[{"$nulls":7},"23153027-Conjunto de mordaza"]
[{"$nulls":7},"23153028-Mordaza estacionaria"]
[{"$nulls":7},"23153029-Bloque de plantilla"]
[{"$nulls":7},"23153030-Guías de desplazamiento lineal"]
[{"$nulls":7},"23153031-Plantillas de medición"]
[{"$nulls":7},"23153032-Plantilla de anillo"]
[{"$nulls":7},"23153033-Placa de garganta"]
[{"$nulls":7},"23153034-Rieles de máquina"]
[{"$nulls":7},"23153035-Placa"]
[{"$nulls":7},"23153036-Placas de cerrojo"]
[{"$nulls":7},"23153037-Conjunto de rodillos de alimentación"]
[{"$nulls":7},"23153101-Tope de paso"]
[{"$nulls":7},"23153102-Limitador de papel"]
[{"$nulls":7},"23153103-Almohadilla de topa"]
[{"$nulls":7},"23153129-Limpiador de la vía de máquina"]
[{"$nulls":7},"23153130-Soportes de máquina o aisladores de vibración"]
[{"$nulls":7},"23153131-Placas o barras o cintas de desgaste"]
[{"$nulls":7},"23153132-Deflectores de polvo"]
[{"$nulls":7},"23153133-Diente de rueda de cadena"]
[{"$nulls":7},"23153134-Rodillos de avance o de arrastre"]
[{"$nulls":7},"23153135-Cubiertas de rodillos de avance"]
[{"$nulls":7},"23153136-Conductores de aserrín"]
[{"$nulls":7},"23153137-Cubiertas guardapolvos de máquina"]
[{"$nulls":7},"23153138-Cabezales de corte o desbastado"]
[{"$nulls":7},"23153139-Camas guía"]
[{"$nulls":7},"23153140-Brazos articulados"]
[{"$nulls":7},"23153201-Robots de pintura"]
[{"$nulls":7},"23153202-Robots para levantar o poner"]
[{"$nulls":7},"23153203-Robots de sellado adhesivo"]
[{"$nulls":7},"23153204-Robots de soldadura"]
[{"$nulls":7},"23153301-Taladradoras"]
[{"$nulls":7},"23153302-Fresadora para escariador"]
[{"$nulls":7},"23153303-Brocas o herramientas de moldeado"]
[{"$nulls":7},"23153305-Machos de roscar o matrices de trefilar"]
[{"$nulls":7},"23153306-Brocha de corte"]
[{"$nulls":7},"23153307-Herramientas de tallar"]
[{"$nulls":7},"23153308-Portaherramientas o monturas de herramienta graduables"]
[{"$nulls":7},"23153309-Insertos graduables para herramientas de corte"]
[{"$nulls":7},"23153310-Desbarbadores rotatorios"]
[{"$nulls":7},"23153311-Servicios de trituración secundaria, regeneración o revestimiento para herramientas de corte"]
[{"$nulls":7},"23153312-Herramientas de avellanado o escariado"]
[{"$nulls":7},"23153313-Cuchillas o conjuntos de cuchillas de maquinaria"]
[{"$nulls":7},"23153401-Sistemas de aplicación de pegante o adhesivo"]
[{"$nulls":7},"23153402-Accesorios de ensamblaje"]
[{"$nulls":7},"23153403-Ensamblaje especializado"]
[{"$nulls":7},"23153404-Sistemas de ensamblaje para vehículos de chasis (vo)"]
[{"$nulls":7},"23153405-Ensamblaje de componentes ilimitados"]
[{"$nulls":7},"23153406-Líneas completas de tren motor"]
[{"$nulls":7},"23153407-Dispositivo de montaje de superficies"]
[{"$nulls":7},"23153408-Prueba de llenado"]
[{"$nulls":7},"23153409-Multihusillo fijo de corredera roscada"]
[{"$nulls":7},"23153410-Patines de carrocería"]
[{"$nulls":7},"23153411-Inflado de montaje de llantas"]
[{"$nulls":7},"23153412-Cizalla de guillotina"]
[{"$nulls":7},"23153413-Aplicación de recepción (pu) de inserción de vidrio"]
[{"$nulls":7},"23153414-Brazos articulados de movimiento giratorio"]
[{"$nulls":7},"23153415-Acoplamiento automático del chasis"]
[{"$nulls":7},"23153416-Componentes flexibles"]
[{"$nulls":7},"23153417-Maquinas diversas para ensamble"]
[{"$nulls":7},"23153501-Sistemas de aplicación de pintura"]
[{"$nulls":7},"23153502-Caseta para reparación de pintura"]
[{"$nulls":7},"23153503-Hornos de sistemas de pintura"]
[{"$nulls":7},"23153504-Ingeniería o disposición de la planta de pintura"]
[{"$nulls":7},"23153505-Sistema de pintura llave en mano"]
[{"$nulls":7},"23153506-Sistema de pintura de fosfato o “e coat”"]
[{"$nulls":7},"23153507-Taller de pintura variado"]
[{"$nulls":7},"23153508-Sistemas diversos de pintura"]
[{"$nulls":7},"23161501-Fuelles de fundición"]
[{"$nulls":7},"23161502-Quemadores de fundición"]
[{"$nulls":7},"23161503-Horno de secado del núcleo"]
[{"$nulls":7},"23161504-Prensas de forja"]
[{"$nulls":7},"23161506-Crisoles de fundición"]
[{"$nulls":7},"23161507-Convertidores para fundición"]
[{"$nulls":7},"23161508-Prensa para forja con matriz abierta"]
[{"$nulls":7},"23161509-Máquinas de estampación de forjado"]
[{"$nulls":7},"23161510-Máquinas fundidoras"]
[{"$nulls":7},"23161511-Cilindros de forjar"]
[{"$nulls":7},"23161512-Máquinas de forja radial"]
[{"$nulls":7},"23161513-Prensas de moldeo en frío"]
[{"$nulls":7},"23161514-Prensas de dimensionamiento o grabado en relieve"]
[{"$nulls":7},"23161515-Máquinas de forja de extremos"]
[{"$nulls":7},"23161601-Fuelles de fundición"]
[{"$nulls":7},"23161602-Arcillas de fundición"]
[{"$nulls":7},"23161603-Frascos de fundición"]
[{"$nulls":7},"23161605-Cucharas de fundición"]
[{"$nulls":7},"23161606-Troqueles de fundición"]
[{"$nulls":7},"23161607-Arena de fundición"]
[{"$nulls":7},"23161608-Palas de fundición"]
[{"$nulls":7},"23171501-Aerosoles antisalpicaduras"]
[{"$nulls":7},"23171502-Varillas de soldadura o soldadura con latón a gas"]
[{"$nulls":7},"23171504-Sopletes"]
[{"$nulls":7},"23171505-Polvo de hierro"]
[{"$nulls":7},"23171506-Fluido de soldadura"]
[{"$nulls":7},"23171507-Soldadores o pistolas para sueldas"]
[{"$nulls":7},"23171508-Máquinas de soldar"]
[{"$nulls":7},"23171509-Soldadura"]
[{"$nulls":7},"23171510-Alambre soldador"]
[{"$nulls":7},"23171511-Herramientas de soldadura"]
[{"$nulls":7},"23171512-Varillas soldadoras"]
[{"$nulls":7},"23171513-Rectificadores de soldadura"]
[{"$nulls":7},"23171514-Generadores para soldadura"]
[{"$nulls":7},"23171515-Electrodos para soldar"]
[{"$nulls":7},"23171517-Sopletes"]
[{"$nulls":7},"23171518-Maquinaria para soldadura de plasma"]
[{"$nulls":7},"23171519-Maquinaria de soldadura de tungsteno a gas inerte (TIG)"]
[{"$nulls":7},"23171520-Maquinaria de soldadura por ultrasonido"]
[{"$nulls":7},"23171521-Maquinaria de soldadura por láser"]
[{"$nulls":7},"23171522-Fundentes para soldar"]
[{"$nulls":7},"23171523-Palos indicadores de temperatura"]
[{"$nulls":7},"23171524-Anillos para soldar en fuerte"]
[{"$nulls":7},"23171525-Aditivos soldantes"]
[{"$nulls":7},"23171526-Aditivos desoldantes"]
[{"$nulls":7},"23171527-Trencilla desoldante"]
[{"$nulls":7},"23171528-Pantallas o cortinas para soldar"]
[{"$nulls":7},"23171529-La soldadura o el kit"]
[{"$nulls":7},"23171530-Estaciones de soldado, desoldado o mixtas"]
[{"$nulls":7},"23171531-Pistola de desoldado"]
[{"$nulls":7},"23171532-Bomba de desoldado"]
[{"$nulls":7},"23171533-Fundentes de soldadura"]
[{"$nulls":7},"23171534-Fundentes de soldadura fuerte"]
[{"$nulls":7},"23171535-Puntas de corte o soldadura"]
[{"$nulls":7},"23171536-Portaelectrodos"]
[{"$nulls":7},"23171537-Limas limpiadoras de punta de soldadura o soldadura fuerte"]
[{"$nulls":7},"23171538-Reacondicionadores de punta de soldadura o accesorios"]
[{"$nulls":7},"23171539-Cuchillas de acondicionamiento de punta de soldadura"]
[{"$nulls":7},"23171540-Maquinaria de soldadura al arco en atmósfera de gas inerte con electrodo consumible (MIG)"]
[{"$nulls":7},"23171541-Aparato de corte o de soldadura fuerte o de soldadura por llama de gas"]
[{"$nulls":7},"23171602-Cortadores de barras o varillas"]
[{"$nulls":7},"23171603-Cortadores de cañerías o tubos"]
[{"$nulls":7},"23171604-Cortadores de alambres o cables"]
[{"$nulls":7},"23171605-Equipo para desbarbar"]
[{"$nulls":7},"23171606-Tornos"]
[{"$nulls":7},"23171607-Herramientas y troqueles para tornos"]
[{"$nulls":7},"23171608-Herramientas de corte con láser"]
[{"$nulls":7},"23171609-Brocas americanas"]
[{"$nulls":7},"23171610-Escariadores"]
[{"$nulls":7},"23171611-Contrataladros"]
[{"$nulls":7},"23171612-Cortadores rotatorios de metales"]
[{"$nulls":7},"23171613-Fresas"]
[{"$nulls":7},"23171614-Limadores de engranajes"]
[{"$nulls":7},"23171615-Cortadores de virutas"]
[{"$nulls":7},"23171616-Equipo de mecanizado por chorro abrasivo"]
[{"$nulls":7},"23171617-Herramientas de escariado"]
[{"$nulls":7},"23171618-Insertos Indexables"]
[{"$nulls":7},"23171619-Herramientas de perforación"]
[{"$nulls":7},"23171620-Mandriles"]
[{"$nulls":7},"23171621-Herramientas de inserción"]
[{"$nulls":7},"23171622-Prensas de taller"]
[{"$nulls":7},"23171623-Terminadoras"]
[{"$nulls":7},"23171701-Máquinas de curvar tangentes"]
[{"$nulls":7},"23171702-Máquinas de curvar laterales"]
[{"$nulls":7},"23171703-Maquinaria de doblado de tubos"]
[{"$nulls":7},"23171704-Mandriles para doblar tuberías"]
[{"$nulls":7},"23171705-Codos de troquel"]
[{"$nulls":7},"23171706-Máquina de moldeado continuo"]
[{"$nulls":7},"23171707-Acabadores de terminales de tubos"]
[{"$nulls":7},"23171708-Aterrajadoras"]
[{"$nulls":7},"23171801-Moldes para estampar y formar"]
[{"$nulls":7},"23171802-Moldes para matrizar"]
[{"$nulls":7},"23171803-Moldes de estiramiento de metal por presión"]
[{"$nulls":7},"23171804-Troqueles de cortar o labrar"]
[{"$nulls":7},"23171805-Troqueles rotativos"]
[{"$nulls":7},"23171806-Troqueles de acero de medida"]
[{"$nulls":7},"23171901-Artefactos de Retención"]
[{"$nulls":7},"23171902-Dispositivos de inspección o medición"]
[{"$nulls":7},"23171903-Artefactos de útiles fabricados"]
[{"$nulls":7},"23171904-Herramientas de fundición"]
[{"$nulls":7},"23171905-Herramientas de Forjar"]
[{"$nulls":7},"23171906-Herramientas de Montaje o Desmontaje"]
[{"$nulls":7},"23172001-Rebabas"]
[{"$nulls":7},"23172002-Relieve de forma"]
[{"$nulls":7},"23172003-Máquina de roscar machos"]
[{"$nulls":7},"23172005-Fábrica de máquina de acabar"]
[{"$nulls":7},"23172006-Estampadores o troqueles para metal"]
[{"$nulls":7},"23172007-Filos de sierra de banda para cortar metal"]
[{"$nulls":7},"23172008-Filos de sierra circular para cortar metal"]
[{"$nulls":7},"23172009-Insertos de carburo"]
[{"$nulls":7},"23172010-Insertos cerámicos"]
[{"$nulls":7},"23172011-Insertos de acero"]
[{"$nulls":7},"23172012-Insertos de diamantes"]
[{"$nulls":7},"23172013-Roscando molinos"]
[{"$nulls":7},"23172014-Roscadoras o fileteadoras"]
[{"$nulls":7},"23172015-Aterrajadoras"]
[{"$nulls":7},"23181501-Maquinaria de llenado"]
[{"$nulls":7},"23181502-Maquinaria de molido"]
[{"$nulls":7},"23181504-Maquinaria de tamizado"]
[{"$nulls":7},"23181505-Maquinaria para deshidratación"]
[{"$nulls":7},"23181506-Maquinaria de lavado"]
[{"$nulls":7},"23181507-Maquinaria de triturado"]
[{"$nulls":7},"23181508-Máquinas blanqueadoras"]
[{"$nulls":7},"23181509-Maquinaria de clasificación"]
[{"$nulls":7},"23181510-Atadoras de carne"]
[{"$nulls":7},"23181511-Conformadora"]
[{"$nulls":7},"23181512-Enfriadora"]
[{"$nulls":7},"23181513-Preespolvoreadora"]
[{"$nulls":7},"23181601-Maquinaria para cortar en cubos"]
[{"$nulls":7},"23181602-Máquina tajadora"]
[{"$nulls":7},"23181603-Máquina picadora"]
[{"$nulls":7},"23181604-Máquina cortadora"]
[{"$nulls":7},"23181605-Máquina ralladora"]
[{"$nulls":7},"23181606-Máquina peladora"]
[{"$nulls":7},"23181701-Máquina para ahumar"]
[{"$nulls":7},"23181702-Maquinaria para asar"]
[{"$nulls":7},"23181703-Maquinaria para cocinar"]
[{"$nulls":7},"23181704-Máquina para cocinar al vapor"]
[{"$nulls":7},"23181801-Equipo y suministros para elaboración de café"]
[{"$nulls":7},"23181802-Maquinaria para elaboración de zumos"]
[{"$nulls":7},"23181803-Máquinas para hacer hielo"]
[{"$nulls":7},"23181804-Máquinas para hacer helados"]
[{"$nulls":7},"23191001-Mezcladora cambiadora"]
[{"$nulls":7},"23191002-Mezcladora de cuchilla helicoidal"]
[{"$nulls":7},"23191003-Mezcladora con doble brazo amasador"]
[{"$nulls":7},"23191004-Mezcladoras intensivas"]
[{"$nulls":7},"23191005-Mezcladoras de rodillo"]
[{"$nulls":7},"23191101-Mezcladora de tornillo sencillo"]
[{"$nulls":7},"23191102-Mezcladora de tornillo doble"]
[{"$nulls":7},"23191201-Rastrillos de mezcladora"]
[{"$nulls":7},"23191202-Cuchillas de mezcladora"]
[{"$nulls":7},"23201001-Columnas de placa"]
[{"$nulls":7},"23201002-Columnas cargadas"]
[{"$nulls":7},"23201003-Contacto de líquido disperso"]
[{"$nulls":7},"23201004-Columna de pared mojada"]
[{"$nulls":7},"23201005-Columnas de burbuja"]
[{"$nulls":7},"23201101-Recipiente absorbente"]
[{"$nulls":7},"23201102-Recipiente absorbente a presión ambiental"]
[{"$nulls":7},"23201201-Secadores atomizadores"]
[{"$nulls":7},"23201202-Secadores de aire"]
[{"$nulls":7},"23211001-Colocadores de chips"]
[{"$nulls":7},"23211002-Maquinaria suministradora de pegamento"]
[{"$nulls":7},"23211101-Sistemas de procesamiento de semiconductores"]
[{"$nulls":7},"23221001-Sistema de descarga de jaulas"]
[{"$nulls":7},"23221002-Lavador de jaulas"]
[{"$nulls":7},"23221101-Aturdidor"]
[{"$nulls":7},"23221201-Cortador de aves"]
[{"$nulls":7},"23231001-Portaherramientas"]
[{"$nulls":7},"23231002-Herramienta de carburo"]
[{"$nulls":7},"23231101-Rueda de sierra de cinta"]
[{"$nulls":7},"23231102-Guía de sierra"]
[{"$nulls":7},"23231201-Espaciador de sierra"]
[{"$nulls":7},"23231202-Eje de sierra"]
[{"$nulls":7},"23231301-Rodillo alimentador"]
[{"$nulls":7},"23231302-Rodillo de sujeción"]
[{"$nulls":7},"23231401-Guía de alineación de la madera"]
[{"$nulls":7},"23231402-Sierra cero"]
[{"$nulls":7},"23231501-Barras portasierra"]
[{"$nulls":7},"23231502-Eslinga de contenedor"]
[{"$nulls":7},"23231601-Soporte de reborde"]
[{"$nulls":7},"23231602-Rodillo de terminación"]
[{"$nulls":7},"23231701-Deflector"]
[{"$nulls":7},"23231801-Fijador de cuchilla"]
[{"$nulls":7},"23231901-Lecho base"]
[{"$nulls":7},"23231902-Placa trasera"]
[{"$nulls":7},"23231903-Guía refrigerada por agua"]
[{"$nulls":7},"23232001-Porta cuchillas"]
[{"$nulls":7},"23232101-Soporte guía ajustable"]
[{"$nulls":7},"23232201-Boquilla de pegamento"]
[{"$nulls":7},"24101501-Carretas"]
[{"$nulls":7},"24101502-Vehículos de transporte a grane"]
[{"$nulls":7},"24101503-Vehículo dolly"]
[{"$nulls":7},"24101504-Carretones de mano o accesorios"]
[{"$nulls":7},"24101505-Camiones de pallets"]
[{"$nulls":7},"24101506-Carretas de empujar"]
[{"$nulls":7},"24101507-Carretillas"]
[{"$nulls":7},"24101508-Plataformas rodantes"]
[{"$nulls":7},"24101509-Vagones"]
[{"$nulls":7},"24101510-Contenedor de basura plástico"]
[{"$nulls":7},"24101511-Trolleys de estante"]
[{"$nulls":7},"24101512-Bugies eléctricos"]
[{"$nulls":7},"24101601-Ascensores"]
[{"$nulls":7},"24101602-Montacargas"]
[{"$nulls":7},"24101603-Elevadores forklift"]
[{"$nulls":7},"24101604-Elevadores"]
[{"$nulls":7},"24101605-Equipo de carga"]
[{"$nulls":7},"24101606-Apiladoras"]
[{"$nulls":7},"24101608-Malacates o güinches"]
[{"$nulls":7},"24101609-Inclinadores"]
[{"$nulls":7},"24101610-Manipuladores"]
[{"$nulls":7},"24101611-Eslingas"]
[{"$nulls":7},"24101612-Gatos"]
[{"$nulls":7},"24101613-Bloques o poleas"]
[{"$nulls":7},"24101614-Sacos de aire para cargar"]
[{"$nulls":7},"24101615-Rampas de carga"]
[{"$nulls":7},"24101616-Dispositivo debajo de gancho"]
[{"$nulls":7},"24101617-Elevador de tijera"]
[{"$nulls":7},"24101618-Instalador de tuberías"]
[{"$nulls":7},"24101619-Puentes grúas"]
[{"$nulls":7},"24101620-Camión grúas"]
[{"$nulls":7},"24101621-Grúas todo terreno"]
[{"$nulls":7},"24101622-Grúas para terrenos difíciles"]
[{"$nulls":7},"24101623-Torre grúas"]
[{"$nulls":7},"24101624-Grúas hidráulicas sobre camión"]
[{"$nulls":7},"24101625-Camión grúas convencionales"]
[{"$nulls":7},"24101626-Escaleras mecánicas o cintas rodantes"]
[{"$nulls":7},"24101627-Troleys de viga"]
[{"$nulls":7},"24101628-Horquillas ajustables"]
[{"$nulls":7},"24101629-Accesorios o suministros de elevador forklift o transportador vertical"]
[{"$nulls":7},"24101630-Grúas de taller"]
[{"$nulls":7},"24101631-Tazas de succión"]
[{"$nulls":7},"24101632-Izajes laterales"]
[{"$nulls":7},"24101633-Tambores de elevación"]
[{"$nulls":7},"24101634-Sacos de cadena"]
[{"$nulls":7},"24101701-Rodillo transportador"]
[{"$nulls":7},"24101702-Transbordadores a bolas"]
[{"$nulls":7},"24101703-Acumuladoras de rocas"]
[{"$nulls":7},"24101704-Alimentadores para banda transportadora"]
[{"$nulls":7},"24101705-Tornillo de banda transportadora"]
[{"$nulls":7},"24101706-Troles o vagonetas y accesorios"]
[{"$nulls":7},"24101707-Banda transportadora sobre rieles"]
[{"$nulls":7},"24101708-Banda transportadora extensible"]
[{"$nulls":7},"24101709-Transportador de rodillos"]
[{"$nulls":7},"24101710-Paradas de paquetes"]
[{"$nulls":7},"24101711-Tornamesas"]
[{"$nulls":7},"24101712-Bandas transportadoras"]
[{"$nulls":7},"24101713-Aparato de cangilones"]
[{"$nulls":7},"24101714-Bandas transportadoras aéreas"]
[{"$nulls":7},"24101715-Sistema de bandas transportadoras"]
[{"$nulls":7},"24101716-Poleas de banda transportadora"]
[{"$nulls":7},"24101717-Rodillos de banda transportadora"]
[{"$nulls":7},"24101718-Sujeciones de la banda transportadora"]
[{"$nulls":7},"24101719-Cepillos de la banda transportadora"]
[{"$nulls":7},"24101721-Cubierta de trolley"]
[{"$nulls":7},"24101722-Banda transportadora de cadena"]
[{"$nulls":7},"24101723-Rodillos o tambores motorizados"]
[{"$nulls":7},"24101724-Bastidores de banda transportadora"]
[{"$nulls":7},"24101725-Articulaciones o eslabones de banda transportadora"]
[{"$nulls":7},"24101726-Revestimiento de la banda transportadora"]
[{"$nulls":7},"24101727-Banda transportadora vibratoria"]
[{"$nulls":7},"24101728-Soportes de la banda transportadora"]
[{"$nulls":7},"24101801-Niveladores para muelles"]
[{"$nulls":7},"24101802-Retenedoras para muelles"]
[{"$nulls":7},"24101803-Rampas para muelles"]
[{"$nulls":7},"24101804-Puertas de cintas"]
[{"$nulls":7},"24101805-Parachoques para muelles"]
[{"$nulls":7},"24101806-Escaleras para muelles"]
[{"$nulls":7},"24101807-Planchas para muelles"]
[{"$nulls":7},"24101808-Cuñas para ruedas"]
[{"$nulls":7},"24101809-Carriles de muelle o accesorios"]
[{"$nulls":7},"24101901-Abridores de canecas"]
[{"$nulls":7},"24101902-Agarradores para canecas"]
[{"$nulls":7},"24101903-Elevadores de canecas"]
[{"$nulls":7},"24101904-Soportes para canecas"]
[{"$nulls":7},"24101905-Cubierta de derrames"]
[{"$nulls":7},"24101906-Recuperadores de canecas"]
[{"$nulls":7},"24101907-Soportes de contención de derrames"]
[{"$nulls":7},"24102001-Sistemas de estanterías para equipo electrónico montado sobre estantes"]
[{"$nulls":7},"24102002-Manipuladores para recipientes"]
[{"$nulls":7},"24102004-Estanterías para almacenaje"]
[{"$nulls":7},"24102005-Sistemas automatizados de almacenaje o recuperación"]
[{"$nulls":7},"24102006-Bancos de trabajo"]
[{"$nulls":7},"24102007-Carretes de almacenamiento de estantes"]
[{"$nulls":7},"24102008-Soportes de carretes portátiles"]
[{"$nulls":7},"24102101-Equipo para manejo de carga"]
[{"$nulls":7},"24102102-Carrusel de bodegaje"]
[{"$nulls":7},"24102103-Encajadoras de bodegaje"]
[{"$nulls":7},"24102104-Despaletizadoras"]
[{"$nulls":7},"24102105-Paletizadoras"]
[{"$nulls":7},"24102106-Equipo de retractilado industrial"]
[{"$nulls":7},"24102107-Maquinaria para encartonar"]
[{"$nulls":7},"24102108-Compactadores de empaque"]
[{"$nulls":7},"24102109-Ganchos para sacos"]
[{"$nulls":7},"24102201-Dispensadores de película elástica"]
[{"$nulls":7},"24102202-Dispensadores de cinta para sellar cajas"]
[{"$nulls":7},"24102203-Herramientas o equipos para sellar bolsas"]
[{"$nulls":7},"24102204-Dispensador de zunchos"]
[{"$nulls":7},"24102208-Infladores de aire"]
[{"$nulls":7},"24111501-Bolsas de lona"]
[{"$nulls":7},"24111502-Bolsas de papel"]
[{"$nulls":7},"24111503-Bolsas plásticas"]
[{"$nulls":7},"24111505-Contendedores de granel intermedios flexibles"]
[{"$nulls":7},"24111506-Redes o bolsas de lavandería"]
[{"$nulls":7},"24111507-Bolsas de herramientas"]
[{"$nulls":7},"24111508-Bolsas de carpa"]
[{"$nulls":7},"24111509-Bolsas de agua"]
[{"$nulls":7},"24111801-Reservorios"]
[{"$nulls":7},"24111802-Tanques o cilindros de aire o gas"]
[{"$nulls":7},"24111803-Tanques de almacenamiento"]
[{"$nulls":7},"24111804-Tanques de calibración"]
[{"$nulls":7},"24111805-Tanques de productos químicos"]
[{"$nulls":7},"24111806-Tanques de inmersión"]
[{"$nulls":7},"24111807-Tanques de expansión"]
[{"$nulls":7},"24111808-Tanques de almacenaje de combustible"]
[{"$nulls":7},"24111809-Tanques de procesamiento"]
[{"$nulls":7},"24111810-Tanques de almacenamiento de agua"]
[{"$nulls":7},"24111811-Bombonas"]
[{"$nulls":7},"24111812-Pileta de contención"]
[{"$nulls":7},"24111813-Tanques de lavado"]
[{"$nulls":7},"24112003-Tolvas no metálicas"]
[{"$nulls":7},"24112004-Tolvas metálicas"]
[{"$nulls":7},"24112005-Canastas metálicas"]
[{"$nulls":7},"24112006-Canastas no metálicas"]
[{"$nulls":7},"24112101-Toneles"]
[{"$nulls":7},"24112102-Barriles"]
[{"$nulls":7},"24112108-Tambores metálicos"]
[{"$nulls":7},"24112109-Tambores no metálicos"]
[{"$nulls":7},"24112110-Contenedores intermedios a granel"]
[{"$nulls":7},"24112111-Estabilizador"]
[{"$nulls":7},"24112112-Tapa de tambor"]
[{"$nulls":7},"24112204-Cubos metálicos"]
[{"$nulls":7},"24112205-Cubos no metálicos"]
[{"$nulls":7},"24112206-Bidones metálicos para líquido inflamable"]
[{"$nulls":7},"24112207-Bidones no metálicos para líquido inflamable"]
[{"$nulls":7},"24112208-Conjunto pulverizador"]
[{"$nulls":7},"24112209-Contenedor de paredes rectas"]
[{"$nulls":7},"24112401-Cofres, cajas o armarios para herramientas"]
[{"$nulls":7},"24112402-Armarios para materiales peligrosos"]
[{"$nulls":7},"24112403-Cinturón para herramientas"]
[{"$nulls":7},"24112404-Caja"]
[{"$nulls":7},"24112405-Armarios"]
[{"$nulls":7},"24112406-Compartimentos de caja o estantería"]
[{"$nulls":7},"24112407-Buzones"]
[{"$nulls":7},"24112408-Cajas antiestática"]
[{"$nulls":7},"24112409-Tapas para cajas"]
[{"$nulls":7},"24112501-Cartones acanalados ranurados"]
[{"$nulls":7},"24112502-Cajas de transporte cortadas con troquel de una sola pieza"]
[{"$nulls":7},"24112503-Cartones acanalados de transporte cortados con troquel con tapas separadas"]
[{"$nulls":7},"24112504-Cajas moldeadas"]
[{"$nulls":7},"24112505-Formas de cartón corrugado"]
[{"$nulls":7},"24112601-Jarras"]
[{"$nulls":7},"24112602-Frascos"]
[{"$nulls":7},"24121502-Sacos o bolsas para empacar"]
[{"$nulls":7},"24121503-Cajas para empacar"]
[{"$nulls":7},"24121504-Empaques cardados"]
[{"$nulls":7},"24121506-Cajas conductivas"]
[{"$nulls":7},"24121507-Cajas instaladas rígidas"]
[{"$nulls":7},"24121508-Cartones de huevos"]
[{"$nulls":7},"24121509-Bandejas para empacar"]
[{"$nulls":7},"24121801-Latas de aerosol"]
[{"$nulls":7},"24121802-Latas de pintura o barniz"]
[{"$nulls":7},"24121803-Latas de bebida"]
[{"$nulls":7},"24121804-Latas de comida"]
[{"$nulls":7},"24121805-Latas de acero"]
[{"$nulls":7},"24121806-Latas de aluminio"]
[{"$nulls":7},"24121807-Recipientes de plástico"]
[{"$nulls":7},"24122001-Botellas para apretar"]
[{"$nulls":7},"24122002-Botellas de plástico"]
[{"$nulls":7},"24122003-Botellas de cristal"]
[{"$nulls":7},"24122004-Tapones o tapas"]
[{"$nulls":7},"24122005-Botellas de aplicador"]
[{"$nulls":7},"24122006-Aplicador"]
[{"$nulls":7},"24131501-Refrigerador y congelador combinado"]
[{"$nulls":7},"24131502-Refrigeradores de nitrógeno líquido"]
[{"$nulls":7},"24131503-Cuartos fríos"]
[{"$nulls":7},"24131504-Contenedores refrigerados"]
[{"$nulls":7},"24131505-Buques refrigerados"]
[{"$nulls":7},"24131506-Tanques refrigerados"]
[{"$nulls":7},"24131601-Congeladores horizontales"]
[{"$nulls":7},"24131602-Congeladores verticales"]
[{"$nulls":7},"24131603-Congeladores a bajas temperaturas"]
[{"$nulls":7},"24131604-Equipo de secado por congelación"]
[{"$nulls":7},"24131605-Cuartos fríos"]
[{"$nulls":7},"24131606-Congeladores de placa"]
[{"$nulls":7},"24131607-Congeladores de golpe de frío"]
[{"$nulls":7},"24131901-Máquinas para hacer cubos de hielo"]
[{"$nulls":7},"24131902-Máquinas para hacer bloques de hielo"]
[{"$nulls":7},"24141501-Película elástica para envoltura"]
[{"$nulls":7},"24141502-Láminas elásticas de embalaje"]
[{"$nulls":7},"24141504-Sellos de seguridad a prueba de manipulación"]
[{"$nulls":7},"24141506-Encerados"]
[{"$nulls":7},"24141507-Película anti-estática para empacar"]
[{"$nulls":7},"24141508-Soporte angular de cartón"]
[{"$nulls":7},"24141509-Cuerda de goma,"]
[{"$nulls":7},"24141510-Protectores de cables"]
[{"$nulls":7},"24141511-Amarres de carga"]
[{"$nulls":7},"24141512-Absorbentes de empaquetado"]
[{"$nulls":7},"24141513-Empaques blíster"]
[{"$nulls":7},"24141514-Películas para empacar"]
[{"$nulls":7},"24141515-Red de protección"]
[{"$nulls":7},"24141601-Empaque de burbujas"]
[{"$nulls":7},"24141602-Materiales de termoformado"]
[{"$nulls":7},"24141603-Amortiguación"]
[{"$nulls":7},"24141604-Relleno"]
[{"$nulls":7},"24141605-Materiales de empaque rellenos de aire"]
[{"$nulls":7},"24141606-Bolitas de poliestireno"]
[{"$nulls":7},"24141607-Separadores de cartón"]
[{"$nulls":7},"24141608-Protecciones externas"]
[{"$nulls":7},"24141701-Tubos o núcleos de papel"]
[{"$nulls":7},"24141702-Tapones de extremidad tubo o núcleo"]
[{"$nulls":7},"24141703-Piezas de papel"]
[{"$nulls":7},"24141704-Instrucciones o insertos impresos"]
[{"$nulls":7},"24141705-Tubos plegables"]
[{"$nulls":7},"24141706-Carrete"]
[{"$nulls":7},"24141707-Carretel"]
[{"$nulls":7},"24141708-Asas de paquetes"]
[{"$nulls":7},"24141709-Tubos o tapones de cápsulas"]
[{"$nulls":7},"25101501-Minibuses"]
[{"$nulls":7},"25101502-Autobuses"]
[{"$nulls":7},"25101503-Carros"]
[{"$nulls":7},"25101504-Station wagons"]
[{"$nulls":7},"25101505-Minivans o vans"]
[{"$nulls":7},"25101506-Limosinas"]
[{"$nulls":7},"25101507-Camiones ligeros o vehículos utilitarios deportivos"]
[{"$nulls":7},"25101508-Carro deportivo"]
[{"$nulls":7},"25101601-Volquetas"]
[{"$nulls":7},"25101602-Remolques"]
[{"$nulls":7},"25101604-Camiones de reparto"]
[{"$nulls":7},"25101609-Camiones de manipulación de sedimento y aguas residuales"]
[{"$nulls":7},"25101610-Carrotanques"]
[{"$nulls":7},"25101611-Camiones de carga"]
[{"$nulls":7},"25101701-Camiones de bomberos y de rescate"]
[{"$nulls":7},"25101702-Carros policiales"]
[{"$nulls":7},"25101703-Ambulancias"]
[{"$nulls":7},"25101801-Motocicletas"]
[{"$nulls":7},"25101802-Scooters"]
[{"$nulls":7},"25101803-Velomotores"]
[{"$nulls":7},"25101901-Tractores agrícolas"]
[{"$nulls":7},"25101902-Casas rodantes"]
[{"$nulls":7},"25101903-Trineos motorizados o motos de nieve"]
[{"$nulls":7},"25101904-Carritos de golf"]
[{"$nulls":7},"25101905-Vehículos todoterreno de ruedas o de tracción"]
[{"$nulls":7},"25101906-Karts"]
[{"$nulls":7},"25101907-Remolques de camping o caravanas"]
[{"$nulls":7},"25101908-Cuatrimoto"]
[{"$nulls":7},"25102001-Tanques"]
[{"$nulls":7},"25102002-Carros de combate acorazados"]
[{"$nulls":7},"25102003-Artillería motorizada"]
[{"$nulls":7},"25102101-Tractores delanteros de cabina baja"]
[{"$nulls":7},"25102102-Tractomulas de nariz alargada con cama"]
[{"$nulls":7},"25102103-Tractomulas de nariz alargada sin cama"]
[{"$nulls":7},"25102104-Tractomulas con cabina encima del motor con cama"]
[{"$nulls":7},"25102105-Tractomulas con cabina encima del motor sin cama"]
[{"$nulls":7},"25102106-Cabezote"]
[{"$nulls":7},"25111501-Barcos pesqueros"]
[{"$nulls":7},"25111502-Botes de pesca"]
[{"$nulls":7},"25111503-Buques de carga o de contenedores"]
[{"$nulls":7},"25111504-Embarcación para dragados"]
[{"$nulls":7},"25111505-Buques cisterna"]
[{"$nulls":7},"25111506-Remolcadores"]
[{"$nulls":7},"25111507-Barcazas"]
[{"$nulls":7},"25111508-Transbordadores de pasajeros o vehículos"]
[{"$nulls":7},"25111509-Buques de cruceros"]
[{"$nulls":7},"25111510-Naves de salvamento"]
[{"$nulls":7},"25111511-Barco de tripulación de gas o petróleo"]
[{"$nulls":7},"25111512-Barco de trabajo de gas o petróleo"]
[{"$nulls":7},"25111513-Barco para sísmica"]
[{"$nulls":7},"25111601-Lanchas o balsas salvavidas"]
[{"$nulls":7},"25111602-Nave para apagar incendios"]
[{"$nulls":7},"25111603-Buques o botes de rescate"]
[{"$nulls":7},"25111701-Submarinos"]
[{"$nulls":7},"25111702-Portaviones"]
[{"$nulls":7},"25111703-Barcos de munición"]
[{"$nulls":7},"25111704-Barcos de asalto anfibio"]
[{"$nulls":7},"25111705-Muelles anfibios de transporte"]
[{"$nulls":7},"25111706-Buques anfibios de comando"]
[{"$nulls":7},"25111707-Buques de comando"]
[{"$nulls":7},"25111708-Buques de guerra"]
[{"$nulls":7},"25111709-Destructores"]
[{"$nulls":7},"25111710-Buques de desembarco"]
[{"$nulls":7},"25111711-Buques de apoyo de combate rápido"]
[{"$nulls":7},"25111712-Fragatas"]
[{"$nulls":7},"25111713-Buques petroleros de escuadra"]
[{"$nulls":7},"25111714-Embarcación de desembarque de uso general"]
[{"$nulls":7},"25111715-Embarcación mecanizada o de uso general"]
[{"$nulls":7},"25111716-Buques buscaminas"]
[{"$nulls":7},"25111717-Buques dragaminas"]
[{"$nulls":7},"25111718-Embarcaciones de patrulla costera"]
[{"$nulls":7},"25111719-Buques nodriza para submarinos"]
[{"$nulls":7},"25111720-Botes para desembarco de tanques"]
[{"$nulls":7},"25111721-Embarcaciones de desembarque aerodeslizadas"]
[{"$nulls":7},"25111801-Embarcaciones a vela de recreo"]
[{"$nulls":7},"25111802-Lanchas de recreo a motor"]
[{"$nulls":7},"25111803-Lanchas de recreo a remo"]
[{"$nulls":7},"25111804-Canoas o kayaks"]
[{"$nulls":7},"25111805-Artefactos a motor de uso personal"]
[{"$nulls":7},"25111806-Balsas"]
[{"$nulls":7},"25111807-Lanchas pequeñas"]
[{"$nulls":7},"25111808-Yates"]
[{"$nulls":7},"25111901-Sistemas de comunicaciones de embarcaciones marítimas"]
[{"$nulls":7},"25111902-Hélices marítimas"]
[{"$nulls":7},"25111903-Velas"]
[{"$nulls":7},"25111904-Remos"]
[{"$nulls":7},"25111905-Sistemas balísticos de la marina"]
[{"$nulls":7},"25111906-Cuñas de ancla"]
[{"$nulls":7},"25111907-Cables de ancla"]
[{"$nulls":7},"25111908-Recuperadores de ancla"]
[{"$nulls":7},"25111909-Rodillos de ancla"]
[{"$nulls":7},"25111910-Rampas de embarcaciones"]
[{"$nulls":7},"25111911-Bicheros"]
[{"$nulls":7},"25111912-Recogedores de botavaras"]
[{"$nulls":7},"25111913-Escotillas de cubierta"]
[{"$nulls":7},"25111914-Argollas de amarre"]
[{"$nulls":7},"25111915-Escaleras de muelle"]
[{"$nulls":7},"25111916-Señales de teñido de emergencia"]
[{"$nulls":7},"25111917-Alabantes"]
[{"$nulls":7},"25111918-Sistemas de recogido de velas"]
[{"$nulls":7},"25111919-Protectores de la quilla"]
[{"$nulls":7},"25111920-Defensas"]
[{"$nulls":7},"25111921-Cuellos de ganso marinos"]
[{"$nulls":7},"25111922-Cabos de amarre"]
[{"$nulls":7},"25111923-Bloqueos de remos"]
[{"$nulls":7},"25111924-Reflectores de radar"]
[{"$nulls":7},"25111925-Timones"]
[{"$nulls":7},"25111926-Refuerzos de velas"]
[{"$nulls":7},"25111927-Botavaras"]
[{"$nulls":7},"25111928-Fundas de velas"]
[{"$nulls":7},"25111929-Sacas"]
[{"$nulls":7},"25111930-Palos de espinaquer"]
[{"$nulls":7},"25111931-Plataformas de popa"]
[{"$nulls":7},"25111932-Cortavientos"]
[{"$nulls":7},"25111933-Relojes de mareas"]
[{"$nulls":7},"25111934-Cañas de timones"]
[{"$nulls":7},"25111935-Berlingas"]
[{"$nulls":7},"25121501-Locomotoras diesel de carga"]
[{"$nulls":7},"25121502-Locomotoras eléctricas de carga"]
[{"$nulls":7},"25121503-Locomotoras diesel de pasajeros"]
[{"$nulls":7},"25121504-Locomotoras eléctricas de pasajeros"]
[{"$nulls":7},"25121601-Vagones de carga"]
[{"$nulls":7},"25121602-Vagones cisterna"]
[{"$nulls":7},"25121603-Vagones de pasajeros"]
[{"$nulls":7},"25121604-Vagones tolva o góndolas"]
[{"$nulls":7},"25121605-Tranvías"]
[{"$nulls":7},"25121701-Sistemas de cambiavías"]
[{"$nulls":7},"25121702-Traviesas"]
[{"$nulls":7},"25121703-Vías férreas"]
[{"$nulls":7},"25121704-Eclisas"]
[{"$nulls":7},"25121705-Enganches de rieles"]
[{"$nulls":7},"25121706-Aparatos de tracción"]
[{"$nulls":7},"25121707-Conjuntos de bogie"]
[{"$nulls":7},"25131501-Aeronave agrícola de ala fija"]
[{"$nulls":7},"25131502-Avión de carga de hélice"]
[{"$nulls":7},"25131503-Hidroaviones"]
[{"$nulls":7},"25131504-Avión de hélice comercial de pasajeros"]
[{"$nulls":7},"25131505-Avión jet de carga"]
[{"$nulls":7},"25131506-Avión jet de pasajeros"]
[{"$nulls":7},"25131507-Avión de hélice privado o de negocios"]
[{"$nulls":7},"25131508-Jet privado o de negocios"]
[{"$nulls":7},"25131601-Helicópteros de pasajeros"]
[{"$nulls":7},"25131602-Helicópteros de carga"]
[{"$nulls":7},"25131603-Helicópteros agrícolas"]
[{"$nulls":7},"25131604-Helicópteros médicos o de rescate"]
[{"$nulls":7},"25131701-Avión bombardero"]
[{"$nulls":7},"25131702-Avión cazabombardero"]
[{"$nulls":7},"25131703-Avión de caza"]
[{"$nulls":7},"25131704-Avión de ataque"]
[{"$nulls":7},"25131705-Aviones no tripulados objetivo o de reconocimiento"]
[{"$nulls":7},"25131706-Hidroaviones militares"]
[{"$nulls":7},"25131707-Aeronave de reconocimiento o vigilancia"]
[{"$nulls":7},"25131708-Avión antisubmarino"]
[{"$nulls":7},"25131709-Avión de transporte militar"]
[{"$nulls":7},"25131801-Dirigibles"]
[{"$nulls":7},"25131902-Helicópteros de transporte militar"]
[{"$nulls":7},"25131903-Helicópteros de ataque"]
[{"$nulls":7},"25131904-Helicópteros de reconocimiento"]
[{"$nulls":7},"25131905-Helicópteros antisubmarinos"]
[{"$nulls":7},"25131906-Aeronave de alas giratorias basculantes"]
[{"$nulls":7},"25132001-Aerodeslizadores"]
[{"$nulls":7},"25132002-Globos aerostáticos"]
[{"$nulls":7},"25132003-Planeadores"]
[{"$nulls":7},"25132004-Parapente"]
[{"$nulls":7},"25132005-Aviones ultralivianos"]
[{"$nulls":7},"25151501-Nave espacial tripulada"]
[{"$nulls":7},"25151502-Estructuras de naves espaciales"]
[{"$nulls":7},"25151701-Satélites de comunicación"]
[{"$nulls":7},"25151702-Satélites meteorológicos"]
[{"$nulls":7},"25151703-Satélites militares"]
[{"$nulls":7},"25151704-Satélites científicos o de investigación"]
[{"$nulls":7},"25151705-Satélites de navegación"]
[{"$nulls":7},"25151706-Satélites geoestacionarios"]
[{"$nulls":7},"25151707-Satélites de órbita cercana a la tierra"]
[{"$nulls":7},"25151708-Satélites de órbita sincronizada con el sol"]
[{"$nulls":7},"25151709-Satélites geo – sincronizados"]
[{"$nulls":7},"25161501-Bicicletas de turismo"]
[{"$nulls":7},"25161502-Monociclos"]
[{"$nulls":7},"25161503-Triciclos"]
[{"$nulls":7},"25161504-Bicicletas tándem"]
[{"$nulls":7},"25161505-Bicicletas de montaña"]
[{"$nulls":7},"25161506-Bicicletas de carreras"]
[{"$nulls":7},"25161507-Bicicletas"]
[{"$nulls":7},"25161508-Bicicletas reclinadas"]
[{"$nulls":7},"25161509-Bicicletas para niños"]
[{"$nulls":7},"25171502-limpiaparabrisas para automóviles"]
[{"$nulls":7},"25171503-Limpiaparabrisas para locomotoras"]
[{"$nulls":7},"25171504-Limpiaparabrisas marítimos"]
[{"$nulls":7},"25171505-Limpiaparabrisas de camión"]
[{"$nulls":7},"25171506-Bomba de lava parabrisas"]
[{"$nulls":7},"25171507-Cuchillas limpiadoras"]
[{"$nulls":7},"25171602-Sistemas de desescarchado y antiniebla para automóviles"]
[{"$nulls":7},"25171603-Sistemas de desescarchado y antiniebla para trenes"]
[{"$nulls":7},"25171702-Sistemas de frenado para automóviles"]
[{"$nulls":7},"25171703-Sistemas de frenado para trenes"]
[{"$nulls":7},"25171704-Chutes de arrastre"]
[{"$nulls":7},"25171705-Rotores"]
[{"$nulls":7},"25171706-Calibrador de frenaje"]
[{"$nulls":7},"25171707-Freno de tambor"]
[{"$nulls":7},"25171708-Freno de disco"]
[{"$nulls":7},"25171709-Freno enfriado con líquido"]
[{"$nulls":7},"25171710-Cilindros principales"]
[{"$nulls":7},"25171711-Cilindros esclavos"]
[{"$nulls":7},"25171712-Zapatas de freno de tambor"]
[{"$nulls":7},"25171713-Almohadillas de discos de freno"]
[{"$nulls":7},"25171714-Tambor de freno"]
[{"$nulls":7},"25171715-Rotores de frenos de disco"]
[{"$nulls":7},"25171716-Líneas de freno"]
[{"$nulls":7},"25171717-Pistones de freno"]
[{"$nulls":7},"25171718-Kits de reparación de frenos"]
[{"$nulls":7},"25171719-Refuerzos de frenado"]
[{"$nulls":7},"25171901-Rines o ruedas para automóviles"]
[{"$nulls":7},"25171902-Ruedas para trenes"]
[{"$nulls":7},"25171903-Rines o ruedas para camiones"]
[{"$nulls":7},"25171905-Válvulas de neumáticos"]
[{"$nulls":7},"25172001-Sistemas de suspensión para automóviles"]
[{"$nulls":7},"25172002-Sistemas de suspensión para camiones"]
[{"$nulls":7},"25172003-Amortiguadores para camiones"]
[{"$nulls":7},"25172004-Amortiguadores para automóviles"]
[{"$nulls":7},"25172005-Sistemas de suspensión para trenes"]
[{"$nulls":7},"25172007-Puntales"]
[{"$nulls":7},"25172009-Buje de automóvil"]
[{"$nulls":7},"25172010-Barra anti -  ladeo"]
[{"$nulls":7},"25172011-Amortiguadores de choque"]
[{"$nulls":7},"25172101-Airbags"]
[{"$nulls":7},"25172104-Cinturones de seguridad"]
[{"$nulls":7},"25172105-Sistemas para evitar choques"]
[{"$nulls":7},"25172106-Sistemas sensores de impacto"]
[{"$nulls":7},"25172108-Apoyacabezas"]
[{"$nulls":7},"25172109-Latas de propulsor de airbags"]
[{"$nulls":7},"25172110-Pito de vehículo"]
[{"$nulls":7},"25172111-Sistema remoto de bloqueo"]
[{"$nulls":7},"25172112-Sistemas de control de la estabilidad del vehículo"]
[{"$nulls":7},"25172113-Sistemas de control de la tracción del vehículo"]
[{"$nulls":7},"25172114-Bloqueadores de ruedas"]
[{"$nulls":7},"25172201-Puertas de automotores desmontables"]
[{"$nulls":7},"25172203-Puertas de automotores"]
[{"$nulls":7},"25172204-Puertas de persiana para camiones"]
[{"$nulls":7},"25172205-Compuertas inferiores o puertas elevadoras"]
[{"$nulls":7},"25172301-Parabrisas para automotores"]
[{"$nulls":7},"25172303-Ventanas para automotores"]
[{"$nulls":7},"25172404-Sistemas de almacenaje de combustible híbrido"]
[{"$nulls":7},"25172405-Sistemas de inyección de combustible"]
[{"$nulls":7},"25172406-Tanques de combustible"]
[{"$nulls":7},"25172407-Elementos respiraderos"]
[{"$nulls":7},"25172408-Tapas de aceite o combustible"]
[{"$nulls":7},"25172502- Cámara de neumático de automóvil"]
[{"$nulls":7},"25172503- Neumáticos para camiones pesados"]
[{"$nulls":7},"25172504-Neumáticos para automoviles o camiones ligeros"]
[{"$nulls":7},"25172505-Cámara de neumáticos o tubos para bicicleta"]
[{"$nulls":7},"25172506-Neumáticos de bicicleta"]
[{"$nulls":7},"25172507-Cordón de neumáticos"]
[{"$nulls":7},"25172508-Labrado de llanta"]
[{"$nulls":7},"25172509-Cámara de neumáticos de camiones pesados"]
[{"$nulls":7},"25172510-Neumático de espuma "]
[{"$nulls":7},"25172511-Kit de reparación de neumáticos  "]
[{"$nulls":7},"25172512-Neumático para motocicleta "]
[{"$nulls":7},"25172601-Acabados para automotores"]
[{"$nulls":7},"25172602-Guardabarros"]
[{"$nulls":7},"25172603-Parachoques para automotores"]
[{"$nulls":7},"25172604-Espejos retrovisores"]
[{"$nulls":7},"25172605-Parrillas de vehículos"]
[{"$nulls":7},"25172606-Capós de vehículos"]
[{"$nulls":7},"25172607-Paneles laterales de vehículos"]
[{"$nulls":7},"25172608-Tableros"]
[{"$nulls":7},"25172702-Sistemas de control medioambiental espacial"]
[{"$nulls":7},"25172703-Sistemas de control medioambiental marítimo"]
[{"$nulls":7},"25172704-Sistema control temperatura vehículo"]
[{"$nulls":7},"25172802-Sistemas hidráulicos para automotores"]
[{"$nulls":7},"25172803-Sistemas hidráulicos marítimos"]
[{"$nulls":7},"25172901-Iluminación exterior para automóviles"]
[{"$nulls":7},"25172903-Iluminación exterior para vagones de tren"]
[{"$nulls":7},"25172904-Iluminación exterior para buques o barcos"]
[{"$nulls":7},"25172905-Sistema para lavar o limpiar la farola delantera"]
[{"$nulls":7},"25172906-Reflectores"]
[{"$nulls":7},"25172907-Luz frontal del vehículo"]
[{"$nulls":7},"25173001-Iluminación interior para automóviles"]
[{"$nulls":7},"25173003-Iluminación interior para vagones de tren"]
[{"$nulls":7},"25173004-Iluminación interior para buques o barcos"]
[{"$nulls":7},"25173005-Ensamblajes de iluminación de las placas"]
[{"$nulls":7},"25173107-Sistemas de posicionamiento global de vehículos"]
[{"$nulls":7},"25173108-Sistemas de navegación vehicular"]
[{"$nulls":7},"25173303-Sistemas de computador"]
[{"$nulls":7},"25173304-Sistemas electrónicos de ignición"]
[{"$nulls":7},"25173701-Convertidores catalíticos"]
[{"$nulls":7},"25173702-Silenciadores de exhosto o resonadores"]
[{"$nulls":7},"25173703-Colector de escape"]
[{"$nulls":7},"25173704-Adaptadores de silenciadores"]
[{"$nulls":7},"25173705-Amortiguadores de chispas"]
[{"$nulls":7},"25173801-Ejes de manejo"]
[{"$nulls":7},"25173802-Ejes no de manejo"]
[{"$nulls":7},"25173803-Carcasas de eje"]
[{"$nulls":7},"25173804-Husillos de giro de eje"]
[{"$nulls":7},"25173805-Diferenciales"]
[{"$nulls":7},"25173806-Juntas de velocidad constante"]
[{"$nulls":7},"25173807-Ejes de cardán"]
[{"$nulls":7},"25173808-Equipo de reparar ejes"]
[{"$nulls":7},"25173809-Buje de eje"]
[{"$nulls":7},"25173810-Juntas de cardán"]
[{"$nulls":7},"25173811-Ejes de tracción"]
[{"$nulls":7},"25173812-Transmisiones manuales"]
[{"$nulls":7},"25173813-Transmisiones automáticas"]
[{"$nulls":7},"25173815-Cables de embrague"]
[{"$nulls":7},"25173816-Componentes hidráulicos de embrague"]
[{"$nulls":7},"25173817-Cadenas de los engranajes conductores"]
[{"$nulls":7},"25173901-Ignición"]
[{"$nulls":7},"25174001-Ventilador"]
[{"$nulls":7},"25174002-Radiadores de motor"]
[{"$nulls":7},"25174003-Tapas de radiador"]
[{"$nulls":7},"25174004-Refrigerante de motor"]
[{"$nulls":7},"25174101-Salida de emergencia de vehículos"]
[{"$nulls":7},"25174102-Techos permanentes convertibles"]
[{"$nulls":7},"25174103-Techos duros desmontables"]
[{"$nulls":7},"25174104-Techos blandos desmontables"]
[{"$nulls":7},"25174105-Sistemas de rejillas de techo"]
[{"$nulls":7},"25174106-Sunroofs o techos corredizos"]
[{"$nulls":7},"25174107-Deflectores de viento"]
[{"$nulls":7},"25174201-Sacos de dirección"]
[{"$nulls":7},"25174202-Suspensión de dirección"]
[{"$nulls":7},"25174203-Junta de bola"]
[{"$nulls":7},"25174204-Sistema de dirección hidráulica"]
[{"$nulls":7},"25174205-Bielas"]
[{"$nulls":7},"25174206-Contramanivela"]
[{"$nulls":7},"25174207-Varillas de dirección"]
[{"$nulls":7},"25174208-Eje de bloqueo"]
[{"$nulls":7},"25174209-Piñones"]
[{"$nulls":7},"25174210-Cable de afinamiento de dirección hidráulica"]
[{"$nulls":7},"25174211-Timones o volantes"]
[{"$nulls":7},"25174212-Ensambles de columna de dirección"]
[{"$nulls":7},"25174213-Ensambles de cilindro de dirección"]
[{"$nulls":7},"25174214-Timones o volantes de madera"]
[{"$nulls":7},"25174215-Timones o volantes de cuero"]
[{"$nulls":7},"25174216-Brazo articulado de dirección"]
[{"$nulls":7},"25174217-Engranaje de dirección de vehículo"]
[{"$nulls":7},"25174218-Cobertor de timones o volantes "]
[{"$nulls":7},"25174401-Biseles"]
[{"$nulls":7},"25174402-Consolas"]
[{"$nulls":7},"25174403-Paneles de puerta"]
[{"$nulls":7},"25174404-Tapizado del techo"]
[{"$nulls":7},"25174405-Grupos de instrumentos"]
[{"$nulls":7},"25174406-Paneles de instrumentos"]
[{"$nulls":7},"25174407-Pedales"]
[{"$nulls":7},"25174408-Puntos para energía o para encendedores"]
[{"$nulls":7},"25174409-Visores de sol"]
[{"$nulls":7},"25174410-Componentes y sistemas de sonido del vehículo"]
[{"$nulls":7},"25174411-Acolchado de caucho de la llave"]
[{"$nulls":7},"25174412-Aplique decorativo del vehículo"]
[{"$nulls":7},"25174413-Escudo o emblema interior del vehículo"]
[{"$nulls":7},"25174414-Tacógrafo"]
[{"$nulls":7},"25174415-Indicador de la presión de aceite del vehículo"]
[{"$nulls":7},"25174416-Encendedor de cigarrillos del vehículo"]
[{"$nulls":7},"25174417-Interruptor de combinación del vehículo"]
[{"$nulls":7},"25174418-Tapetes del vehículo"]
[{"$nulls":7},"25174419- Sistema de audio video del vehículo"]
[{"$nulls":7},"25174420-Cenicero del vehículo"]
[{"$nulls":7},"25174421-Cortina del vehículo"]
[{"$nulls":7},"25174601-Fundas de asientos"]
[{"$nulls":7},"25174602-Cojinería de asientos"]
[{"$nulls":7},"25174603-Marcos de asientos"]
[{"$nulls":7},"25174701-Pedales de bicicleta"]
[{"$nulls":7},"25181601-Chasis para automóviles"]
[{"$nulls":7},"25181602-Chasis para camiones"]
[{"$nulls":7},"25181603-Bastidores de motos"]
[{"$nulls":7},"25181701-Tráiler para contenedores"]
[{"$nulls":7},"25181702-Tráiler cama alta"]
[{"$nulls":7},"25181703-Remolques para ganado"]
[{"$nulls":7},"25181704-Remolques carrotanque sin temperatura controlada"]
[{"$nulls":7},"25181705-Remolques carrotanque con temperatura controlada"]
[{"$nulls":7},"25181706-Remolques contenedor con temperatura controlada"]
[{"$nulls":7},"25181707-Remolques para transporte de automóviles (niñeras)"]
[{"$nulls":7},"25181708-Enganches de remolque"]
[{"$nulls":7},"25181709-Pala cargadora"]
[{"$nulls":7},"25181710-Placas de matrícula de tráiler"]
[{"$nulls":7},"25181711-Remolque de motonieve"]
[{"$nulls":7},"25181712-Remolque de motocicleta"]
[{"$nulls":7},"25181713-Remolque de botes"]
[{"$nulls":7},"25191501-Sistemas de entrenamiento de apoyo terrestre"]
[{"$nulls":7},"25191502-Sistemas de ensayo o mantenimiento de apoyo terrestre"]
[{"$nulls":7},"25191503-Sistemas integrados de información de mantenimiento"]
[{"$nulls":7},"25191504-Simuladores de vuelo para aviones"]
[{"$nulls":7},"25191505-Medios de carga y descarga para aviones"]
[{"$nulls":7},"25191506-Equipo para recargar combustible de aviones"]
[{"$nulls":7},"25191507-Equipo para deshielo de aviones"]
[{"$nulls":7},"25191508-Pasarela telescópica para aviones"]
[{"$nulls":7},"25191509-Tractores remolcadores para aviones"]
[{"$nulls":7},"25191510-Unidades de potencia para pista aérea"]
[{"$nulls":7},"25191511-Equipo de lavabos para aeronaves"]
[{"$nulls":7},"25191512-Escalerillas transportables o rodantes"]
[{"$nulls":7},"25191513-Kit de mantenimiento de vehículo de soporte en tierra"]
[{"$nulls":7},"25191514-Barra de remolque de avión"]
[{"$nulls":7},"25191601-Simuladores de vuelo de naves espaciales"]
[{"$nulls":7},"25191602-Sistemas de suministro de carga para naves espaciales"]
[{"$nulls":7},"25191603-Vehículos de lanzamiento líquido"]
[{"$nulls":7},"25191604-Vehículos de lanzamiento sólido"]
[{"$nulls":7},"25191605-Módulos de servicio para naves espaciales"]
[{"$nulls":7},"25191701-Equipos de balanceo de llantas"]
[{"$nulls":7},"25191702-Equipos de alineación de llantas"]
[{"$nulls":7},"25191703-Máquinas para cambiar llantas"]
[{"$nulls":7},"25191704-Pedestales de vehículo o motor"]
[{"$nulls":7},"25201501-Spoilers de avión"]
[{"$nulls":7},"25201502-Aletas de avión"]
[{"$nulls":7},"25201503-Estabilizadores horizontales de avión"]
[{"$nulls":7},"25201504-Aletas canard de avión"]
[{"$nulls":7},"25201505-Listones de avión"]
[{"$nulls":7},"25201506-Flaps o transmisión de flaps de avión"]
[{"$nulls":7},"25201507-Timones de avión"]
[{"$nulls":7},"25201508-Elevadores de avión"]
[{"$nulls":7},"25201509-Alerones de avión"]
[{"$nulls":7},"25201510-Propulsores de avión"]
[{"$nulls":7},"25201511-Alas de avión"]
[{"$nulls":7},"25201512-Fuselajes de avión"]
[{"$nulls":7},"25201513-Cúpulas protectoras de la antena de avión"]
[{"$nulls":7},"25201514-Rotores de avión"]
[{"$nulls":7},"25201515-Ventilador de elevación de avión"]
[{"$nulls":7},"25201516-Escudetes de avión"]
[{"$nulls":7},"25201517-Muebles de avión"]
[{"$nulls":7},"25201518-Dobladores de avión"]
[{"$nulls":7},"25201519-Nervaduras de avión"]
[{"$nulls":7},"25201520-Largueros de avión"]
[{"$nulls":7},"25201601-Sistemas de control digital del altitud del avión"]
[{"$nulls":7},"25201602-Faros de navegación de avión"]
[{"$nulls":7},"25201603-Sistemas de seguimiento de aire a tierra"]
[{"$nulls":7},"25201604-Sistemas de guía aeronáutica"]
[{"$nulls":7},"25201605-Controles de volante de avión"]
[{"$nulls":7},"25201606-Sistemas de control de la altitud del nave espacial"]
[{"$nulls":7},"25201701-Sistemas de comunicación del avión"]
[{"$nulls":7},"25201702-Registradores de datos de vuelo"]
[{"$nulls":7},"25201703-Contramedidas de avión"]
[{"$nulls":7},"25201704-Sistemas de codificación o de decodificación"]
[{"$nulls":7},"25201705-Sistemas de telemetría de aeronaves"]
[{"$nulls":7},"25201706-Electrónica de interfaz del avión"]
[{"$nulls":7},"25201707-Giroscopio del avión"]
[{"$nulls":7},"25201708-Cámaras de avión"]
[{"$nulls":7},"25201709-Sondas o sensores de avión"]
[{"$nulls":7},"25201710-Guías de onda del avión"]
[{"$nulls":7},"25201801-Sistemas de computadores de vuelo"]
[{"$nulls":7},"25201802-Módulos de comando de naves especiales"]
[{"$nulls":7},"25201901-Sistemas de control o extinción de incendios en aeronaves"]
[{"$nulls":7},"25201902-Sistemas de escape o eyección de aeronaves"]
[{"$nulls":7},"25201903-Sistemas de advertencia del avión"]
[{"$nulls":7},"25201904-Paracaídas"]
[{"$nulls":7},"25202001-Células solares de la nave espacial"]
[{"$nulls":7},"25202002-Formaciones solares de la nave espacial"]
[{"$nulls":7},"25202003-Unidades de la fuente de alimentación de avión"]
[{"$nulls":7},"25202004-Sistemas de grupo electrógeno de pista (apu)"]
[{"$nulls":7},"25202101-Indicadores de la cabina aeroespacial"]
[{"$nulls":7},"25202102-Medidores de la cabina aeroespacial"]
[{"$nulls":7},"25202103-Paneles de despliegue aeroespacial de la cabina"]
[{"$nulls":7},"25202104-Paneles de interruptores aeroespaciales de la cabina"]
[{"$nulls":7},"25202105-Presentación visual de cabeza levantada (hud)"]
[{"$nulls":7},"25202201-Sistemas de frenar del avión"]
[{"$nulls":7},"25202202-Rampas de arrastre de avión"]
[{"$nulls":7},"25202203-Ruedas de avión"]
[{"$nulls":7},"25202204-Montajes del tren de aterrizaje"]
[{"$nulls":7},"25202205-Llantas de avión"]
[{"$nulls":7},"25202206-Controles anti – deslizamiento de avión"]
[{"$nulls":7},"25202301-Cinturones de seguridad del avión"]
[{"$nulls":7},"25202302-Arneses de seguridad del avión"]
[{"$nulls":7},"25202401-Tanques interiores de combustible del avión"]
[{"$nulls":7},"25202402-Depósitos desechables de combustible del avión"]
[{"$nulls":7},"25202403-Tanques de propelente del avión"]
[{"$nulls":7},"25202404-Sistemas híbridos de almacenaje de combustible de avión"]
[{"$nulls":7},"25202405-Sistemas de manejo de combustible del avión"]
[{"$nulls":7},"25202406-Post – impulsores"]
[{"$nulls":7},"25202501-Sistemas hidráulicos de avión"]
[{"$nulls":7},"25202502-Iluminación exterior de avión"]
[{"$nulls":7},"25202503-Iluminación interior de avión"]
[{"$nulls":7},"25202504-Limpiaparabrisas de avión"]
[{"$nulls":7},"25202505-Sistemas de descongelación o sistemas de desempañar a bordo de avión"]
[{"$nulls":7},"25202506-Puertas de avión"]
[{"$nulls":7},"25202507-Ventanas de avión"]
[{"$nulls":7},"25202508-Parabrisas de avión"]
[{"$nulls":7},"25202509-Montajes de choque del avión"]
[{"$nulls":7},"25202510-Conjuntos de anillo colector del avión"]
[{"$nulls":7},"25202601-Controladores ambientales del avión"]
[{"$nulls":7},"25202602-Reguladores ambientales del avión"]
[{"$nulls":7},"25202603-Turbinas para enfriar el avión"]
[{"$nulls":7},"25202604-Ventiladores para enfriar el avión"]
[{"$nulls":7},"25202605-Intercambiadores de calor del avión"]
[{"$nulls":7},"25202606-Separadores del agua del avión"]
[{"$nulls":7},"25202607-Equipo del oxígeno del avión"]
[{"$nulls":7},"25202701-Acumuladores hidráulicos del avión"]
[{"$nulls":7},"25202702-Acumuladores neumáticos del avión"]
[{"$nulls":7},"26101501-Motores hidráulicos"]
[{"$nulls":7},"26101502-Motores neumáticos"]
[{"$nulls":7},"26101503-Motores a gas"]
[{"$nulls":7},"26101504-Motores diesel"]
[{"$nulls":7},"26101505-Motores de vapor"]
[{"$nulls":7},"26101506-Motores de turbina"]
[{"$nulls":7},"26101507-Motores de turbina con hélice"]
[{"$nulls":7},"26101508-Motores térmicos"]
[{"$nulls":7},"26101509-Motores hidroeléctricos"]
[{"$nulls":7},"26101510-Máquinas rotativas"]
[{"$nulls":7},"26101511-Motores de turbina hidráulica"]
[{"$nulls":7},"26101512-Motores turbohélice"]
[{"$nulls":7},"26101513-Kit de reparación de motores"]
[{"$nulls":7},"26101601-Motores de inducción"]
[{"$nulls":7},"26101602-Motores de corriente alterna (CA)"]
[{"$nulls":7},"26101603-Motores de corriente continua (CC)"]
[{"$nulls":7},"26101604-Motores de corriente alterna (CA) o corriente continua (CC)"]
[{"$nulls":7},"26101605-Dinamotores"]
[{"$nulls":7},"26101606-Servomotores"]
[{"$nulls":7},"26101607-Motores de par de torsión"]
[{"$nulls":7},"26101608-Motores de cohetes de propulsante líquido"]
[{"$nulls":7},"26101609-Motores sincrónicos"]
[{"$nulls":7},"26101610-Motores de cohete con propulsión sólida"]
[{"$nulls":7},"26101611-Motores monofásicos"]
[{"$nulls":7},"26101612-Motores multifásicos"]
[{"$nulls":7},"26101613-Motores hidráulicos"]
[{"$nulls":7},"26101614-Motores escalonados"]
[{"$nulls":7},"26101615-Alternadores"]
[{"$nulls":7},"26101616-Motor neumático"]
[{"$nulls":7},"26101701-Quemadores para aeronaves"]
[{"$nulls":7},"26101702-Compresores de motor de avión"]
[{"$nulls":7},"26101703-Difusores de motor de avión"]
[{"$nulls":7},"26101704-Monturas de motor"]
[{"$nulls":7},"26101705-Gatos de tornillo de los ejes motores del avión"]
[{"$nulls":7},"26101706-Unidades de transmisión del avión"]
[{"$nulls":7},"26101707-Ejes compensadores"]
[{"$nulls":7},"26101708-Seguidores de la leva"]
[{"$nulls":7},"26101709-Elevadores de árbol de levas"]
[{"$nulls":7},"26101710-Carburadores"]
[{"$nulls":7},"26101711-Bielas"]
[{"$nulls":7},"26101712-Válvulas de ventilación del cárter"]
[{"$nulls":7},"26101713-Culata de cilindro"]
[{"$nulls":7},"26101715-Tapas de motor"]
[{"$nulls":7},"26101716-Forjas del motor"]
[{"$nulls":7},"26101717-Calentadores de motor"]
[{"$nulls":7},"26101718-Sistemas de ignición de motor"]
[{"$nulls":7},"26101719-Súper cargadores"]
[{"$nulls":7},"26101720-Turbocargador"]
[{"$nulls":7},"26101721-Poleas del motor"]
[{"$nulls":7},"26101723-Lata de vapor de combustible"]
[{"$nulls":7},"26101724-Tapón brillante"]
[{"$nulls":7},"26101725-Medidores de varilla de aceite"]
[{"$nulls":7},"26101726-Coladores de aceite"]
[{"$nulls":7},"26101727-Anillo de pistón"]
[{"$nulls":7},"26101728-Tubos de varilla de empuje"]
[{"$nulls":7},"26101729-Bolas de brazo oscilante"]
[{"$nulls":7},"26101730-Ejes de brazo oscilante"]
[{"$nulls":7},"26101731-Brazos oscilantes"]
[{"$nulls":7},"26101732-Bujía de encendido"]
[{"$nulls":7},"26101733-Chorro de carburador"]
[{"$nulls":7},"26101734-Diafragmas de carburador"]
[{"$nulls":7},"26101735-Batea de aceite"]
[{"$nulls":7},"26101736-Pistones"]
[{"$nulls":7},"26101737-Cadena de distribución"]
[{"$nulls":7},"26101738-Múltiples de entrada"]
[{"$nulls":7},"26101740-Inyectores de combustible"]
[{"$nulls":7},"26101741-Manguitos de motor"]
[{"$nulls":7},"26101742-Distribuidores de inyección de combustible"]
[{"$nulls":7},"26101743-Válvulas de motor"]
[{"$nulls":7},"26101747-Varas de empuje"]
[{"$nulls":7},"26101748-Volante de inercia del motor"]
[{"$nulls":7},"26101749-Cigüeñal"]
[{"$nulls":7},"26101750-Válvula de estrangulación"]
[{"$nulls":7},"26101751-Controles electrónicos de motor"]
[{"$nulls":7},"26101754-Asiento de válvula del motor"]
[{"$nulls":7},"26101755-Guía de válvula"]
[{"$nulls":7},"26101756-Adaptadores del carburador"]
[{"$nulls":7},"26101757-Accesorios de las bujías"]
[{"$nulls":7},"26101758-Ajustadores del balancín"]
[{"$nulls":7},"26101759-Adaptadores del motor de arranque"]
[{"$nulls":7},"26101760-Vástagos del estárter"]
[{"$nulls":7},"26101761-Tapones del árbol de levas"]
[{"$nulls":7},"26101762-Varillaje de los componentes del motor"]
[{"$nulls":7},"26101763-Tapones del anticongelante"]
[{"$nulls":7},"26101764-Revestimiento de los cilindros"]
[{"$nulls":7},"26101765-Amortiguadores de vibración"]
[{"$nulls":7},"26101766-Reguladores"]
[{"$nulls":7},"26101801-Escobillas del motor"]
[{"$nulls":7},"26101802-Armaduras"]
[{"$nulls":7},"26101803-Rotores o estatores"]
[{"$nulls":7},"26101805-Kits de reparación del motor"]
[{"$nulls":7},"26101806-Adaptadores de soporte de motor"]
[{"$nulls":7},"26101807-Bobinas de motor"]
[{"$nulls":7},"26101808-Monturas o soportes de motor"]
[{"$nulls":7},"26101809-Freno de motor"]
[{"$nulls":7},"26101903-Árbol de distribución"]
[{"$nulls":7},"26101904-Boquilla de inyección de combustible"]
[{"$nulls":7},"26101905-Bloque de cilindros"]
[{"$nulls":7},"26111501-Conmutadores"]
[{"$nulls":7},"26111503-Dispositivos de velocidad regulables"]
[{"$nulls":7},"26111504-Correas de la transmisión"]
[{"$nulls":7},"26111505-Cadenas de la transmisión"]
[{"$nulls":7},"26111506-Aparatos de movimiento rectilíneo"]
[{"$nulls":7},"26111508-Despegues de energía"]
[{"$nulls":7},"26111509-Culatas de transmisión"]
[{"$nulls":7},"26111510-Árboles de transmisión"]
[{"$nulls":7},"26111512-Ejes"]
[{"$nulls":7},"26111513-Cadenas transmisoras de potencia"]
[{"$nulls":7},"26111514-Uniones de charnela"]
[{"$nulls":7},"26111515-Servo controlador"]
[{"$nulls":7},"26111516-Transmisión escalonada o transmisión stepper o graduador escalonado"]
[{"$nulls":7},"26111517-Portaengranajes"]
[{"$nulls":7},"26111518-Puntal tensor"]
[{"$nulls":7},"26111519-Convertidores de torque"]
[{"$nulls":7},"26111520-Muñones"]
[{"$nulls":7},"26111521-Cabeza del impulsor"]
[{"$nulls":7},"26111522-Conjunto del impulsor"]
[{"$nulls":7},"26111523-Topes de retención"]
[{"$nulls":7},"26111524-Unidades de engranajes"]
[{"$nulls":7},"26111525-Transmisiones de tambor"]
[{"$nulls":7},"26111526-Motores de engranajes"]
[{"$nulls":7},"26111527-Sistemas de control de movimiento integrados"]
[{"$nulls":7},"26111528-Transmisiones hidrostáticas"]
[{"$nulls":7},"26111529-Transmisiones hidrocinéticas"]
[{"$nulls":7},"26111530-Leva de transmisión"]
[{"$nulls":7},"26111531-Manguitos de la transmisión"]
[{"$nulls":7},"26111532-Soportes o conjuntos del eje"]
[{"$nulls":7},"26111533-Tensores de cadena"]
[{"$nulls":7},"26111534-Cubos de la transmisión"]
[{"$nulls":7},"26111535-Tornillos esféricos o conjuntos de tornillos esféricos"]
[{"$nulls":7},"26111601-Generadores diesel "]
[{"$nulls":7},"26111602-Generadores hidroeléctricos"]
[{"$nulls":7},"26111603-Generadores eólicos"]
[{"$nulls":7},"26111604-Generadores a gas"]
[{"$nulls":7},"26111605-Generadores térmicos"]
[{"$nulls":7},"26111606-Generadores hidráulicos"]
[{"$nulls":7},"26111607-Generadores solares"]
[{"$nulls":7},"26111608-Generadores de vapor"]
[{"$nulls":7},"26111701-Baterías recargables"]
[{"$nulls":7},"26111702-Pilas alcalinas"]
[{"$nulls":7},"26111703-Baterías para vehículos"]
[{"$nulls":7},"26111704-Cargadores de baterías"]
[{"$nulls":7},"26111705-Pilas secas"]
[{"$nulls":7},"26111706-Pilas electrónicas"]
[{"$nulls":7},"26111707-Baterías de plomo-ácido"]
[{"$nulls":7},"26111708-Baterías de ferroníquel"]
[{"$nulls":7},"26111709-Baterías de níquel-cadmio"]
[{"$nulls":7},"26111710-Bloques de pilas específicas para productos"]
[{"$nulls":7},"26111711-Baterías de litio"]
[{"$nulls":7},"26111712-Baterías de níquel- hidrógeno"]
[{"$nulls":7},"26111713-Baterías térmicas"]
[{"$nulls":7},"26111714-Zinc aire"]
[{"$nulls":7},"26111715-Batería de carbono zinc"]
[{"$nulls":7},"26111716-Batería de oxido de mercurio"]
[{"$nulls":7},"26111717-Baterías del manganeso"]
[{"$nulls":7},"26111718-Baterías de óxido de plata"]
[{"$nulls":7},"26111719-Probadores de baterías"]
[{"$nulls":7},"26111720-Soportes de batería"]
[{"$nulls":7},"26111721-Baterías de níquel-hidruro metálico"]
[{"$nulls":7},"26111722-Adaptador de batería o accesorios"]
[{"$nulls":7},"26111723-Puertas, tapas o estantes de baterías"]
[{"$nulls":7},"26111724-Kits de herramientas para baterías"]
[{"$nulls":7},"26111725-Baterías de níquel-cloruro de sodio"]
[{"$nulls":7},"26111726-Agua para batería"]
[{"$nulls":7},"26111801-Correas en v"]
[{"$nulls":7},"26111802-Correas de distribución de engranaje"]
[{"$nulls":7},"26111803-Correas redondas"]
[{"$nulls":7},"26111804-Correas planas"]
[{"$nulls":7},"26111805-Tensores de correa"]
[{"$nulls":7},"26111806-Poleas de transmisión"]
[{"$nulls":7},"26111807-Polea de distribución"]
[{"$nulls":7},"26111808-Trantorque"]
[{"$nulls":7},"26111809-Defensas de correa"]
[{"$nulls":7},"26111810-Bridas de la polea de distribución"]
[{"$nulls":7},"26111901-Embragues de placa"]
[{"$nulls":7},"26111902-Embragues de diafragma"]
[{"$nulls":7},"26111903-Embrague centrífugo"]
[{"$nulls":7},"26111904-Embrague semi centrífugo"]
[{"$nulls":7},"26111905-Embrague de rueda libre"]
[{"$nulls":7},"26111907-Acoplamiento de fluido"]
[{"$nulls":7},"26111908-Embragues de leva"]
[{"$nulls":7},"26111909-Embragues eléctricos"]
[{"$nulls":7},"26111910-Embragues hidráulicos"]
[{"$nulls":7},"26112001-Placa de presión"]
[{"$nulls":7},"26112002-Placa impulsada"]
[{"$nulls":7},"26112003-Placas de embrague"]
[{"$nulls":7},"26112004-Kits de reparación del embrague"]
[{"$nulls":7},"26112101-Sistemas de frenos neumáticos o de aire"]
[{"$nulls":7},"26112102-Sistemas de frenos hidráulicos"]
[{"$nulls":7},"26112103-Sistemas de frenos mecánicos"]
[{"$nulls":7},"26112104-Conjuntos de embrague de frenado"]
[{"$nulls":7},"26112105-Sistemas de frenado eléctrico"]
[{"$nulls":7},"26121501-Alambre calentador"]
[{"$nulls":7},"26121505-Alambre para artefactos"]
[{"$nulls":7},"26121507-Alambre para radio o televisión"]
[{"$nulls":7},"26121508-Alambre para automoción o aviación"]
[{"$nulls":7},"26121509-Alambre para imanes"]
[{"$nulls":7},"26121510-Alambre de trole"]
[{"$nulls":7},"26121514-Alambre subterráneo"]
[{"$nulls":7},"26121515-Alambre de silicio-amianto (sa)"]
[{"$nulls":7},"26121517-Hilo de cobre"]
[{"$nulls":7},"26121519-Alambre de aluminio revestido de cobre"]
[{"$nulls":7},"26121520-Alambre de cobre-acero"]
[{"$nulls":7},"26121521-Alambre de bronce"]
[{"$nulls":7},"26121522-Alambre pelado"]
[{"$nulls":7},"26121523-Alambre forrado pero no aislado"]
[{"$nulls":7},"26121524-Alambre aislado o forrado"]
[{"$nulls":7},"26121532-Alambre para interconexiones"]
[{"$nulls":7},"26121533-Alambre de kaptan"]
[{"$nulls":7},"26121534-Alambre de poliamida"]
[{"$nulls":7},"26121536-Cordón de extensión"]
[{"$nulls":7},"26121538-Conjunto de cable"]
[{"$nulls":7},"26121539-Cables para cableado"]
[{"$nulls":7},"26121540-Cable galvanizado"]
[{"$nulls":7},"26121541-Conductores de bus"]
[{"$nulls":7},"26121601-Cable de calentamiento"]
[{"$nulls":7},"26121602-Cable submarino"]
[{"$nulls":7},"26121603-Cable de mando"]
[{"$nulls":7},"26121604-Cable para señales"]
[{"$nulls":7},"26121605-Cable para automoción o aviación"]
[{"$nulls":7},"26121606-Cable coaxial"]
[{"$nulls":7},"26121607-Cable de fibra óptica"]
[{"$nulls":7},"26121608-Cable aéreo"]
[{"$nulls":7},"26121609-Cable de redes"]
[{"$nulls":7},"26121610-Cable de bronce"]
[{"$nulls":7},"26121611-Cable desnudo"]
[{"$nulls":7},"26121612-Cable forrado pero no aislado"]
[{"$nulls":7},"26121613-Cable aislado o forrado"]
[{"$nulls":7},"26121614-Cable de construcción"]
[{"$nulls":7},"26121615-Cable para ser enterrado de forma directa"]
[{"$nulls":7},"26121616-Cable de telecomunicaciones"]
[{"$nulls":7},"26121617-Cable triaxial"]
[{"$nulls":7},"26121618-Cable de poliqueno reticulado"]
[{"$nulls":7},"26121619-Cable de floropolímero"]
[{"$nulls":7},"26121620-Cable para interconexiones"]
[{"$nulls":7},"26121621-Cable de kaptan"]
[{"$nulls":7},"26121622-Cable de poliamida"]
[{"$nulls":7},"26121623-Cable de radiofrecuencia (rf)"]
[{"$nulls":7},"26121624-Cable plano o de cinta"]
[{"$nulls":7},"26121628-Cables blindados"]
[{"$nulls":7},"26121629-Cable de alimentación"]
[{"$nulls":7},"26121630-Accesorios de cable"]
[{"$nulls":7},"26121631-Cable coaxial exterior de planta"]
[{"$nulls":7},"26121632-Cable de comunicaciones exterior de planta"]
[{"$nulls":7},"26121633-Cable de telecomunicaciones exterior de planta"]
[{"$nulls":7},"26121634-Cable de cobre"]
[{"$nulls":7},"26121635-Rollos de cable"]
[{"$nulls":7},"26121636-Cables de alimentación"]
[{"$nulls":7},"26121637-Cable de fibra óptica de exterior"]
[{"$nulls":7},"26121701-Cableado preformado de panel"]
[{"$nulls":7},"26121702-Cableado preformado troncal"]
[{"$nulls":7},"26121703-Cableado preformado de comunicación"]
[{"$nulls":7},"26121704-Arnés de alambrado especial"]
[{"$nulls":7},"26121705-Conjunto de cable de fibra óptica"]
[{"$nulls":7},"26131501-Centrales eléctricas de diesel"]
[{"$nulls":7},"26131502-Centrales eléctricas geotérmicas"]
[{"$nulls":7},"26131503-Centrales hidroeléctricas"]
[{"$nulls":7},"26131504-Centrales de gas"]
[{"$nulls":7},"26131505-Centrales de energía  marina"]
[{"$nulls":7},"26131506-Centrales de energía a petróleo"]
[{"$nulls":7},"26131507-Centrales de energía solar"]
[{"$nulls":7},"26131508-Centrales termoeléctricas"]
[{"$nulls":7},"26131509-Central de energía eólica"]
[{"$nulls":7},"26131510-Central térmica"]
[{"$nulls":7},"26131601-Pantallas de agua móviles"]
[{"$nulls":7},"26131602-Travesaños corredizos"]
[{"$nulls":7},"26131603-Rejillas de agua"]
[{"$nulls":7},"26131604-Filtros fijos"]
[{"$nulls":7},"26131605-Estructuras de toma"]
[{"$nulls":7},"26131606-Chimenea de acero"]
[{"$nulls":7},"26131607-Chimenea de concreto"]
[{"$nulls":7},"26131608-Chimeneas de ventilación o antorchas"]
[{"$nulls":7},"26131609-Chimeneas de admisión"]
[{"$nulls":7},"26131610-Chimeneas de derivación"]
[{"$nulls":7},"26131611-Secciones de silenciador"]
[{"$nulls":7},"26131612-Conductos de salida de escape"]
[{"$nulls":7},"26131613-Juntas de dilatación de conductos de escape"]
[{"$nulls":7},"26131614-Amortiguadores de cierre de la chimenea"]
[{"$nulls":7},"26131615-Amortiguadores de desviación de escape"]
[{"$nulls":7},"26131616-Amortiguadores de aislamiento de escape"]
[{"$nulls":7},"26131701-Detectores de gases inflamables o peligrosos para generadores"]
[{"$nulls":7},"26131702-Detectores de llama de sistemas de combustión de turbina de gas"]
[{"$nulls":7},"26131801-Paneles de control eléctrico para generadores"]
[{"$nulls":7},"26131802-Paneles de control de compresores"]
[{"$nulls":7},"26131803-Paneles de protección o control de generadores"]
[{"$nulls":7},"26131804-Paneles de control de turbina de gas"]
[{"$nulls":7},"26131805-Centros de control de motor de baja tensión"]
[{"$nulls":7},"26131806-Paneles de corriente alterna (CA) y corriente continua (CC) de baja tensión"]
[{"$nulls":7},"26131807-Paneles de control de turbinas de vapor"]
[{"$nulls":7},"26131808-Conmutadores de control de carga de subestación"]
[{"$nulls":7},"26131809-Conmutadores de tensión pequeña"]
[{"$nulls":7},"26131810-Conmutadores de tensión media"]
[{"$nulls":7},"26131811-Reactores de limitación de intensidad"]
[{"$nulls":7},"26131812-Conmutadores con aislamiento de gas"]
[{"$nulls":7},"26131813-Conmutadores de desconexión de estaciones de maniobra"]
[{"$nulls":7},"26131814-Disipador de sobretensiones de estaciones de maniobra"]
[{"$nulls":7},"26141601-Combustible para conjunto subcrítico"]
[{"$nulls":7},"26141602-Componentes para conjunto subcrítico"]
[{"$nulls":7},"26141603-Moderador para conjunto subcrítico"]
[{"$nulls":7},"26141701-Dosímetros de cámara de ionización"]
[{"$nulls":7},"26141702-Dosímetros"]
[{"$nulls":7},"26141703-Sistemas de dosimetría de patrón secundario"]
[{"$nulls":7},"26141704-Dosímetros fantasma"]
[{"$nulls":7},"26141801-Equipo teledirigido para recintos radiactivos"]
[{"$nulls":7},"26141802-Aparato de visión teledirigido para recintos radiactivos"]
[{"$nulls":7},"26141803-Puertas de blindaje para recintos radiactivos"]
[{"$nulls":7},"26141804-Toma muestras para recintos radiactivos"]
[{"$nulls":7},"26141805-Material de elaboración de muestras para recintos radiactivos"]
[{"$nulls":7},"26141806-Herramientas especiales para recintos radiactivos"]
[{"$nulls":7},"26141807-Ventanas de vidrio de plomo para recintos radiactivos"]
[{"$nulls":7},"26141808-Sistemas de descontaminación para recintos radiactivos"]
[{"$nulls":7},"26141809-Aparatos de penetración para recintos radiactivos"]
[{"$nulls":7},"26141901-Sistemas nucleónicos industriales de medida de polvo en el aire"]
[{"$nulls":7},"26141902-Sistemas nucleónicos industriales de medida de la densidad"]
[{"$nulls":7},"26141904-Indicadores de nivel de líquido nucleónico industrial"]
[{"$nulls":7},"26141905-Sistemas de medida de masa nucleónica industrial por unidad de mineral"]
[{"$nulls":7},"26141906-Sistemas de medida de la humedad industrial nucleónica"]
[{"$nulls":7},"26141907-Sistemas de medida el espesor industrial nucleónico"]
[{"$nulls":7},"26141908-Sistemas de medida del flujo industrial nucleónico"]
[{"$nulls":7},"26141909-Separadores de isótopos"]
[{"$nulls":7},"26141910-Instalaciones de producción de isótopos"]
[{"$nulls":7},"26141911-Medidores de actividad del calibrador de isótopos"]
[{"$nulls":7},"26142001-Fuentes de irradiación gamma"]
[{"$nulls":7},"26142002-Sistemas de imanes"]
[{"$nulls":7},"26142003-Unidades electrónicas nucleares nim"]
[{"$nulls":7},"26142004-Irradiadores de neutrones"]
[{"$nulls":7},"26142005-Cápsulas para ensayos de irradiación"]
[{"$nulls":7},"26142006-Sistema de transferencia de muestras de irradiación"]
[{"$nulls":7},"26142007-Generadores de neutrones"]
[{"$nulls":7},"26142101-Recipientes de irradiación de especímenes para reactores nucleares"]
[{"$nulls":7},"26142106-Sistemas de varilla de mando para reactores nucleares"]
[{"$nulls":7},"26142108-Instrumentación de flujo de neutrones incorporada al núcleo para reactores nucleares"]
[{"$nulls":7},"26142117-Instrumentación de terremotos para reactores nucleares"]
[{"$nulls":7},"26142201-Tubos con revestimiento para combustible nuclear"]
[{"$nulls":7},"26142202-Sistemas de detección de fallo de elementos para reactores nucleares"]
[{"$nulls":7},"26142302-Blindajes de plomo"]
[{"$nulls":7},"26142303-Distintivo de película"]
[{"$nulls":7},"26142304-Equipo radiográfico"]
[{"$nulls":7},"26142306-Recipientes blindados contra la radiación"]
[{"$nulls":7},"26142307-Cámaras de plomo para protección contra la radiación"]
[{"$nulls":7},"26142308-Ladrillos de plomo para protección contra la radiación"]
[{"$nulls":7},"26142310-Cajas selladas con guantes para protección contra la radiación"]
[{"$nulls":7},"26142311-Ventanas para blindaje contra la radiación"]
[{"$nulls":7},"26142312-Plomo para blindaje contra la radiación"]
[{"$nulls":7},"26142401-Compactadores o incineradores para el tratamiento de residuos radiactivos"]
[{"$nulls":7},"26142402-Absorbentes de radiaciones nucleares"]
[{"$nulls":7},"26142403-Evaporadores, concentradores o secadores de energía atómica"]
[{"$nulls":7},"26142404-Sistemas de inter - bloqueo de las puertas"]
[{"$nulls":7},"26142405-Sistemas de dosificación de residuos radiactivos"]
[{"$nulls":7},"26142406-Sistemas de solidificación de residuos radiactivos"]
[{"$nulls":7},"26142407-Sistemas de eliminación de residuos radiactivos"]
[{"$nulls":7},"26142408-Instalaciones para el tratamiento de residuos radiactivos"]
[{"$nulls":7},"27111501-Hojas de cuchillo"]
[{"$nulls":7},"27111502-Navajas de afeitar"]
[{"$nulls":7},"27111503-Cuchillos de diversas aplicaciones"]
[{"$nulls":7},"27111504-Navajas de bolsillo"]
[{"$nulls":7},"27111505-Sets para manicure"]
[{"$nulls":7},"27111506-Cizallas"]
[{"$nulls":7},"27111507-Cortadores de metal"]
[{"$nulls":7},"27111508-Sierras"]
[{"$nulls":7},"27111509-Barrenas"]
[{"$nulls":7},"27111510-Herramientas para desforrar"]
[{"$nulls":7},"27111511-Cortadores de alambres"]
[{"$nulls":7},"27111512-Cortadores de pernos"]
[{"$nulls":7},"27111513-Cortadores de manguera"]
[{"$nulls":7},"27111514-Cortadores de vidrio"]
[{"$nulls":7},"27111515-Taladro de mano"]
[{"$nulls":7},"27111516-Alicates de perforación"]
[{"$nulls":7},"27111517-Dispensadores o juegos de hojas de cuchilla"]
[{"$nulls":7},"27111518-Herramienta para engastar y doblar alambre"]
[{"$nulls":7},"27111519-Tijeras para estaño"]
[{"$nulls":7},"27111520-Rompetuercas"]
[{"$nulls":7},"27111521-Recortadoras de chapa de uña vibratoria"]
[{"$nulls":7},"27111601-Mazas de hierro"]
[{"$nulls":7},"27111602-Martillos"]
[{"$nulls":7},"27111603-Yunques"]
[{"$nulls":7},"27111604-Hachas de mano"]
[{"$nulls":7},"27111605-Picas"]
[{"$nulls":7},"27111607-Herramientas de recalcar"]
[{"$nulls":7},"27111608-Enderezadores manuales de cables"]
[{"$nulls":7},"27111609-Enderezadores eléctricos de cables"]
[{"$nulls":7},"27111701-Destornilladores"]
[{"$nulls":7},"27111702-Llaves para tuercas"]
[{"$nulls":7},"27111703-Juegos de enchufes"]
[{"$nulls":7},"27111704-Enchufes"]
[{"$nulls":7},"27111705-Llaves de tuercas de boca cerrada"]
[{"$nulls":7},"27111706-Llave de tuercas de boca abierta"]
[{"$nulls":7},"27111707-Llaves ajustables"]
[{"$nulls":7},"27111708-Llaves para tubos"]
[{"$nulls":7},"27111709-Extractor de tornillos"]
[{"$nulls":7},"27111710-Llaves allen"]
[{"$nulls":7},"27111711-Trinquetes"]
[{"$nulls":7},"27111712-Extractores"]
[{"$nulls":7},"27111713-Llaves de combinación"]
[{"$nulls":7},"27111714-Llaves de especialidad"]
[{"$nulls":7},"27111715-Llaves de torsión"]
[{"$nulls":7},"27111716-Llave torx"]
[{"$nulls":7},"27111717-Extractores de tubería"]
[{"$nulls":7},"27111718-Extractores de grifo"]
[{"$nulls":7},"27111720-Llave manual en t para grifos"]
[{"$nulls":7},"27111721-Manivelas"]
[{"$nulls":7},"27111722-Troqueleras"]
[{"$nulls":7},"27111723-Llaves de tubo"]
[{"$nulls":7},"27111724-Llaves de gancho"]
[{"$nulls":7},"27111725-Llaves tubulares de desplazamiento"]
[{"$nulls":7},"27111726-Llaves de tuercas"]
[{"$nulls":7},"27111727-Llaves macho con mango en t"]
[{"$nulls":7},"27111801-Cintas métricas"]
[{"$nulls":7},"27111802-Nivel"]
[{"$nulls":7},"27111803-Escuadras"]
[{"$nulls":7},"27111804-Plomadas"]
[{"$nulls":7},"27111806-Calibrador de clavos"]
[{"$nulls":7},"27111807-Bordes rectos"]
[{"$nulls":7},"27111809-Biseles"]
[{"$nulls":7},"27111810-Buscadores de pernos"]
[{"$nulls":7},"27111901-Cortafríos"]
[{"$nulls":7},"27111902-Limas"]
[{"$nulls":7},"27111903-Cepillos de carpintero"]
[{"$nulls":7},"27111904-Raspa"]
[{"$nulls":7},"27111905-Esmeriladoras"]
[{"$nulls":7},"27111906-Cinceles de madera"]
[{"$nulls":7},"27111907-Cepillos de alambre"]
[{"$nulls":7},"27111908-Piedras o herramientas o equipos de afilar"]
[{"$nulls":7},"27111909-Espátulas"]
[{"$nulls":7},"27111910-Buriles"]
[{"$nulls":7},"27111911-Formones"]
[{"$nulls":7},"27112001-Machetes"]
[{"$nulls":7},"27112002-Azadones"]
[{"$nulls":7},"27112003-Rastrillos"]
[{"$nulls":7},"27112004-Palas"]
[{"$nulls":7},"27112005-Hachas"]
[{"$nulls":7},"27112006-Guadañas"]
[{"$nulls":7},"27112007-Tijeras de podar"]
[{"$nulls":7},"27112008-Azadas"]
[{"$nulls":7},"27112009-Raspadores"]
[{"$nulls":7},"27112010-Horquilla de jardín"]
[{"$nulls":7},"27112011-Mangos de herramientas"]
[{"$nulls":7},"27112012-Criba jardinera"]
[{"$nulls":7},"27112013-Excavadora de hoyos para postes"]
[{"$nulls":7},"27112014-Cortadora de pasto"]
[{"$nulls":7},"27112015-Escarificador de prados"]
[{"$nulls":7},"27112016-Tijeras para setos"]
[{"$nulls":7},"27112017-Barras de cavar o barretones"]
[{"$nulls":7},"27112101-Dobladores de tubos"]
[{"$nulls":7},"27112102-Tornillos de banco"]
[{"$nulls":7},"27112103-Pinza de mano"]
[{"$nulls":7},"27112104-Tenazas"]
[{"$nulls":7},"27112105-Pinzas"]
[{"$nulls":7},"27112106-Alicates de guardalínea"]
[{"$nulls":7},"27112107-Alicates boquianchos ajustables"]
[{"$nulls":7},"27112108-Alicates de punta de aguja"]
[{"$nulls":7},"27112109-Herramientas magnéticas"]
[{"$nulls":7},"27112110-Pinzas de anillo de retención"]
[{"$nulls":7},"27112111-Alicates de lagarto"]
[{"$nulls":7},"27112112-Tenazas de ranura y lengüeta"]
[{"$nulls":7},"27112113-Alicates de articulación movible o de ranura"]
[{"$nulls":7},"27112114-Pinzas de corte diagonal"]
[{"$nulls":7},"27112115-Pinzas de cerrado"]
[{"$nulls":7},"27112116-Pinzas de cerca"]
[{"$nulls":7},"27112117-Tenazas de corte final"]
[{"$nulls":7},"27112119-Cambiador de bombilla de luz"]
[{"$nulls":7},"27112120-Grapas c"]
[{"$nulls":7},"27112121-Grapa de ángulo"]
[{"$nulls":7},"27112122-Alicates de hoja metálica"]
[{"$nulls":7},"27112123-Prensa de mesa"]
[{"$nulls":7},"27112124-Tensionadores"]
[{"$nulls":7},"27112125-Alicates de punta redonda"]
[{"$nulls":7},"27112126-Alicates planos"]
[{"$nulls":7},"27112127-Llaves de cinta"]
[{"$nulls":7},"27112128-Alicates de punta curvada"]
[{"$nulls":7},"27112129-Abrazaderas de mango redondo"]
[{"$nulls":7},"27112130-Abrazaderas de tres garras"]
[{"$nulls":7},"27112131-Abrazadera para la apertura de mandíbula"]
[{"$nulls":7},"27112132-Abrazaderas de fijación"]
[{"$nulls":7},"27112133-Abrazaderas con mango en t"]
[{"$nulls":7},"27112134-Alicates de punta larga"]
[{"$nulls":7},"27112201-Palustres"]
[{"$nulls":7},"27112202-Palustres o llanas de madera"]
[{"$nulls":7},"27112203-Bordeadoras"]
[{"$nulls":7},"27112205-Vibradores de concreto"]
[{"$nulls":7},"27112301-Hierro de marcar"]
[{"$nulls":7},"27112302-Punzones o alwznas"]
[{"$nulls":7},"27112303-Punzón de trazar"]
[{"$nulls":7},"27112304-Líneas de marcar con tiza"]
[{"$nulls":7},"27112305-Marcadores o soportes de metal"]
[{"$nulls":7},"27112306-Sellos de metal"]
[{"$nulls":7},"27112401-Pistolas de grapas"]
[{"$nulls":7},"27112402-Ribeteadoras"]
[{"$nulls":7},"27112403-Colocadores de abrazaderas"]
[{"$nulls":7},"27112404-Herramientas para poner anclajes"]
[{"$nulls":7},"27112405-Calentadores de pernos"]
[{"$nulls":7},"27112406-Pistolas de etiquetado"]
[{"$nulls":7},"27112407-Desprendedor de etiqueta de seguridad"]
[{"$nulls":7},"27112501-Herramientas curvatubos"]
[{"$nulls":7},"27112502-Palancas"]
[{"$nulls":7},"27112503-Dobladoras de tubos"]
[{"$nulls":7},"27112504-Cuñas"]
[{"$nulls":7},"27112505-Ganchos para empaquetaduras"]
[{"$nulls":7},"27112506-Manchas de impresión"]
[{"$nulls":7},"27112601-Espátulas para enmasillar"]
[{"$nulls":7},"27112602-Herramientas de calafateado"]
[{"$nulls":7},"27112701-Fuelles eléctricos"]
[{"$nulls":7},"27112702-Pulidoras eléctricas"]
[{"$nulls":7},"27112703-Taladradoras eléctricas"]
[{"$nulls":7},"27112704-Amoladora eléctricas"]
[{"$nulls":7},"27112705-Martillos de demolición"]
[{"$nulls":7},"27112706-Cepillos eléctricos"]
[{"$nulls":7},"27112707-Cuchillas eléctricas"]
[{"$nulls":7},"27112708-Lijadoras eléctricas"]
[{"$nulls":7},"27112709-Sierras eléctricas"]
[{"$nulls":7},"27112710-Pistolas de tornillos eléctricas"]
[{"$nulls":7},"27112711-Pistolas de grapas eléctricas"]
[{"$nulls":7},"27112712-Ribeteadoras eléctricas"]
[{"$nulls":7},"27112713-Aprietatuercas neumático de percusión"]
[{"$nulls":7},"27112714-Pistolas de calafateo eléctricas"]
[{"$nulls":7},"27112715-Martillos cinceladores eléctricos"]
[{"$nulls":7},"27112716-Pistolas de clavos eléctricas"]
[{"$nulls":7},"27112717-Pistolas de calor"]
[{"$nulls":7},"27112718-Grabadores"]
[{"$nulls":7},"27112719-Pistolas para engomar"]
[{"$nulls":7},"27112720-Herramientas de par de torsión"]
[{"$nulls":7},"27112721-Juntador de capas de material"]
[{"$nulls":7},"27112801-Brocas"]
[{"$nulls":7},"27112802-Hojas de sierra"]
[{"$nulls":7},"27112803-Fresadoras con mango"]
[{"$nulls":7},"27112804-Troqueles o punzones de estampar"]
[{"$nulls":7},"27112805-Troqueles de roscado"]
[{"$nulls":7},"27112806-Machos de roscado"]
[{"$nulls":7},"27112807-Cuñas"]
[{"$nulls":7},"27112808-Anillos metálicos"]
[{"$nulls":7},"27112809-Portaherramientas"]
[{"$nulls":7},"27112810-Equipos para reparar roscas"]
[{"$nulls":7},"27112811-Árboles"]
[{"$nulls":7},"27112812-Avellanadores"]
[{"$nulls":7},"27112813-Vara de extensión"]
[{"$nulls":7},"27112814-Brocas de destornillador"]
[{"$nulls":7},"27112815-Brocas para poner tuercas"]
[{"$nulls":7},"27112818-Sombreretes o revestimientos de prensas de tornillo"]
[{"$nulls":7},"27112819-Cuchillas de corte para encuadernación"]
[{"$nulls":7},"27112820-Troqueles de herramienta engarzadora de lengüetas"]
[{"$nulls":7},"27112821-Brocas de buriladora"]
[{"$nulls":7},"27112822-Adaptadores de cubo"]
[{"$nulls":7},"27112823-Cadenas de corte"]
[{"$nulls":7},"27112824-Portabrocas"]
[{"$nulls":7},"27112825-Juegos de plantillas de herramienta"]
[{"$nulls":7},"27112826-Caladora"]
[{"$nulls":7},"27112901-Pistolas de grasa"]
[{"$nulls":7},"27112902-Chimeneas industriales"]
[{"$nulls":7},"27112903-Rociador manual"]
[{"$nulls":7},"27112904-Pistola de resina"]
[{"$nulls":7},"27112905-Lata de aceite"]
[{"$nulls":7},"27112906-Pistolas de calafateado"]
[{"$nulls":7},"27112907-Separadores de difusión"]
[{"$nulls":7},"27112908-Pistola de aceite"]
[{"$nulls":7},"27113001-Cepillos de aruñar"]
[{"$nulls":7},"27113002-Cepillos de tubo"]
[{"$nulls":7},"27113003-Cepillos de aplicar"]
[{"$nulls":7},"27113004-Cepillos de extensor"]
[{"$nulls":7},"27113101-Cinta guía"]
[{"$nulls":7},"27113102-Tirador de fusible"]
[{"$nulls":7},"27113103-Buril"]
[{"$nulls":7},"27113201-Conjuntos generales de herramientas"]
[{"$nulls":7},"27113202-Kit de herramientas para ajustar rodamiento"]
[{"$nulls":7},"27113203-Kit de herramienta para computadores"]
[{"$nulls":7},"27113204-Kits de electricista"]
[{"$nulls":7},"27121501-Suspensiones a presión retornables"]
[{"$nulls":7},"27121502-Bastidores de prensa hidráulica"]
[{"$nulls":7},"27121503-Columnas de prensa hidráulica"]
[{"$nulls":7},"27121601-Pistones de cilindro"]
[{"$nulls":7},"27121602-Cilindros hidráulicos"]
[{"$nulls":7},"27121603-Vástagos de pistón de cilindro hidráulico"]
[{"$nulls":7},"27121604-Kits de reparación de cilindro hidráulico o sus componentes"]
[{"$nulls":7},"27121605-Cuerpos de cilindro hidráulico"]
[{"$nulls":7},"27121606-Soportes de montaje para cilindros hidráulicos"]
[{"$nulls":7},"27121701-Conectores hidráulicos rápidos"]
[{"$nulls":7},"27121702-Injertos o injertos dobles hidráulicos"]
[{"$nulls":7},"27121703-Férulas"]
[{"$nulls":7},"27121704-Uniones hidráulicas"]
[{"$nulls":7},"27121705-Codos hidráulicos o de compresión"]
[{"$nulls":7},"27121706-Tuercas de férula"]
[{"$nulls":7},"27121707-Conectores de pliegue"]
[{"$nulls":7},"27126101-Elevadores de tapas de registro"]
[{"$nulls":7},"27126102-Acumuladores hidráulicos"]
[{"$nulls":7},"27131501-Llaves de impacto neumático"]
[{"$nulls":7},"27131502-Pistola de aire comprimido"]
[{"$nulls":7},"27131504-Martillo neumático"]
[{"$nulls":7},"27131505-Taladro neumático"]
[{"$nulls":7},"27131506-Clavadora de clavos neumática"]
[{"$nulls":7},"27131507-Máquinas de lijado neumáticas"]
[{"$nulls":7},"27131508-Motores neumáticos"]
[{"$nulls":7},"27131509-Acumuladores neumáticos"]
[{"$nulls":7},"27131510-Depósitos de acumulador"]
[{"$nulls":7},"27131511-Rectificadoras neumáticas"]
[{"$nulls":7},"27131512-Destornillador neumático"]
[{"$nulls":7},"27131601-Múltiples de aire"]
[{"$nulls":7},"27131603-Reguladores de aire"]
[{"$nulls":7},"27131604-Lubricadores neumáticos"]
[{"$nulls":7},"27131605-Cortina de aire"]
[{"$nulls":7},"27131608-Conos o almohadillas de vacío"]
[{"$nulls":7},"27131609-Silenciadores neumáticos"]
[{"$nulls":7},"27131610-Kits de reparación del engrasador o el regulador"]
[{"$nulls":7},"27131613-Acoplamiento neumático"]
[{"$nulls":7},"27131614-Adaptadores neumáticos"]
[{"$nulls":7},"27131701-Cilindros neumáticos"]
[{"$nulls":7},"27131702-Accesorios de vástago de cilindro neumático"]
[{"$nulls":7},"27131703-Pistones de cilindro neumático"]
[{"$nulls":7},"27131704-Vástagos de pistón de cilindro neumático"]
[{"$nulls":7},"27131705-Cuerpo de cilindro neumático"]
[{"$nulls":7},"27131706-Capacetes de cilindro neumático"]
[{"$nulls":7},"27131707-Kits de reparación de cilindro neumático o sus componentes"]
[{"$nulls":7},"27131708-Soportes de montaje para cilindros neumáticos"]
[{"$nulls":7},"27131709-Anillos amortiguadores de cilindro neumático"]
[{"$nulls":7},"27141001-Herramientas de recorte o moldeo"]
[{"$nulls":7},"27141101-Extractor del volante"]
[{"$nulls":7},"30101501-Ángulos de aleación ferrosa"]
[{"$nulls":7},"30101502-Ángulos de aleación no ferrosa"]
[{"$nulls":7},"30101503-Ángulos de hierro"]
[{"$nulls":7},"30101504-Ángulos de acero"]
[{"$nulls":7},"30101505-Ángulos de acero inoxidable"]
[{"$nulls":7},"30101506-Ángulos de aluminio"]
[{"$nulls":7},"30101507-Ángulos de magnesio"]
[{"$nulls":7},"30101508-Ángulos de titanio"]
[{"$nulls":7},"30101509-Ángulos de cobre"]
[{"$nulls":7},"30101510-Ángulos de latón"]
[{"$nulls":7},"30101511-Ángulos de bronce"]
[{"$nulls":7},"30101512-Ángulos de zinc"]
[{"$nulls":7},"30101513-Ángulos de estaño"]
[{"$nulls":7},"30101514-Ángulos de plomo"]
[{"$nulls":7},"30101515-Ángulos de plástico"]
[{"$nulls":7},"30101516-Ángulos de caucho"]
[{"$nulls":7},"30101517-Ángulos de metales preciosos"]
[{"$nulls":7},"30101601-Barras de aleación ferrosa"]
[{"$nulls":7},"30101602-Barras de aleación no ferrosa"]
[{"$nulls":7},"30101603-Barras de hierro"]
[{"$nulls":7},"30101604-Barras de acero"]
[{"$nulls":7},"30101605-Barras de acero inoxidable"]
[{"$nulls":7},"30101606-Barras de aluminio"]
[{"$nulls":7},"30101607-Barras de magnesio"]
[{"$nulls":7},"30101608-Barras de titanio"]
[{"$nulls":7},"30101609-Barras de cobre"]
[{"$nulls":7},"30101610-Barras de latón"]
[{"$nulls":7},"30101611-Barras de bronce"]
[{"$nulls":7},"30101612-Barras de cinc"]
[{"$nulls":7},"30101613-Barras de estaño"]
[{"$nulls":7},"30101614-Barras de plomo"]
[{"$nulls":7},"30101615-Barras de plástico"]
[{"$nulls":7},"30101616-Barras de metal precioso"]
[{"$nulls":7},"30101617-Barras de madera"]
[{"$nulls":7},"30101618-Barras de caucho"]
[{"$nulls":7},"30101701-Vigas de aleación ferrosa"]
[{"$nulls":7},"30101702-Vigas de aleación no ferrosa"]
[{"$nulls":7},"30101703-Vigas de hierro"]
[{"$nulls":7},"30101704-Vigas de acero"]
[{"$nulls":7},"30101705-Vigas de acero inoxidable"]
[{"$nulls":7},"30101706-Vigas de aluminio"]
[{"$nulls":7},"30101707-Vigas de magnesio"]
[{"$nulls":7},"30101708-Vigas de titanio"]
[{"$nulls":7},"30101709-Vigas de cobre"]
[{"$nulls":7},"30101710-Vigas de latón"]
[{"$nulls":7},"30101711-Vigas de bronce"]
[{"$nulls":7},"30101712-Vigas de zinc"]
[{"$nulls":7},"30101713-Vigas de estaño"]
[{"$nulls":7},"30101714-Vigas de plomo"]
[{"$nulls":7},"30101715-Vigas de plástico"]
[{"$nulls":7},"30101716-Vigas de caucho"]
[{"$nulls":7},"30101717-Vigas de concreto"]
[{"$nulls":7},"30101718-Vigas de metales preciosos"]
[{"$nulls":7},"30101801-Conductos de aleación ferrosa"]
[{"$nulls":7},"30101802-Conductos de aleación no ferrosa"]
[{"$nulls":7},"30101803-Conductos de hierro"]
[{"$nulls":7},"30101804-Conductos de acero"]
[{"$nulls":7},"30101805-Conductos de acero inoxidable"]
[{"$nulls":7},"30101806-Conductos de aluminio"]
[{"$nulls":7},"30101807-Conductos de magnesio"]
[{"$nulls":7},"30101808-Conductos de titanio"]
[{"$nulls":7},"30101809-Conductos de cobre"]
[{"$nulls":7},"30101810-Conductos de latón"]
[{"$nulls":7},"30101811-Conductos de bronce"]
[{"$nulls":7},"30101812-Conductos de zinc"]
[{"$nulls":7},"30101813-Conductos de estaño"]
[{"$nulls":7},"30101814-Conductos de plomo"]
[{"$nulls":7},"30101815-Conductos de plástico"]
[{"$nulls":7},"30101816-Conductos de caucho"]
[{"$nulls":7},"30101817-Conductos de metales preciosos"]
[{"$nulls":7},"30101901-Bobina de aleación ferrosa"]
[{"$nulls":7},"30101902-Bobina de aleación no ferrosa"]
[{"$nulls":7},"30101903-Bobina de hierro"]
[{"$nulls":7},"30101904-Bobina de acero"]
[{"$nulls":7},"30101905-Bobina de acero inoxidable"]
[{"$nulls":7},"30101906-Bobina de aluminio"]
[{"$nulls":7},"30101907-Bobina de magnesio"]
[{"$nulls":7},"30101908-Bobina de titanio"]
[{"$nulls":7},"30101909-Bobina de cobre"]
[{"$nulls":7},"30101910-Bobina de latón"]
[{"$nulls":7},"30101911-Bobina de bronce"]
[{"$nulls":7},"30101912-Bobina de cinc"]
[{"$nulls":7},"30101913-Bobina de estaño"]
[{"$nulls":7},"30101914-Bobina de plomo"]
[{"$nulls":7},"30101915-Bobina de plástico"]
[{"$nulls":7},"30101916-Bobina de metales preciosos"]
[{"$nulls":7},"30101918-Acero perforado"]
[{"$nulls":7},"30101919-Acero estampado en relieve"]
[{"$nulls":7},"30101920-Aduja de fibra comprimida"]
[{"$nulls":7},"30101921-Aduja de fibra y goma"]
[{"$nulls":7},"30101922-Aduja de grafito"]
[{"$nulls":7},"30101923-Bobina de chapa de aluminio"]
[{"$nulls":7},"30102001-Lámina de aleación ferrosa"]
[{"$nulls":7},"30102002-Lámina de aleación no ferrosa"]
[{"$nulls":7},"30102003-Lámina de hierro"]
[{"$nulls":7},"30102004-Lámina de acero"]
[{"$nulls":7},"30102005-Lámina de acero inoxidable"]
[{"$nulls":7},"30102006-Lámina de aluminio"]
[{"$nulls":7},"30102007-Lámina de magnesio"]
[{"$nulls":7},"30102008-Lámina de titanio"]
[{"$nulls":7},"30102009-Lámina de cobre"]
[{"$nulls":7},"30102010-Lámina de latón"]
[{"$nulls":7},"30102011-Lámina de bronce"]
[{"$nulls":7},"30102012-Lámina de zinc"]
[{"$nulls":7},"30102013-Lámina de estaño"]
[{"$nulls":7},"30102014-Lámina de plomo"]
[{"$nulls":7},"30102015-Lámina de plástico"]
[{"$nulls":7},"30102201-Placa de aleación ferrosa"]
[{"$nulls":7},"30102202-Placa de aleación no ferrosa"]
[{"$nulls":7},"30102203-Placa de hierro"]
[{"$nulls":7},"30102204-Placa de acero"]
[{"$nulls":7},"30102205-Placa de acero inoxidable"]
[{"$nulls":7},"30102206-Placa de aluminio"]
[{"$nulls":7},"30102207-Placa de magnesio"]
[{"$nulls":7},"30102208-Placa de titanio"]
[{"$nulls":7},"30102209-Placa de cobre"]
[{"$nulls":7},"30102210-Placa de latón"]
[{"$nulls":7},"30102211-Placa de bronce"]
[{"$nulls":7},"30102212-Placa de zinc"]
[{"$nulls":7},"30102213-Placa de estaño"]
[{"$nulls":7},"30102214-Placa de plomo"]
[{"$nulls":7},"30102215-Placa de plástico"]
[{"$nulls":7},"30102216-Placa de caucho"]
[{"$nulls":7},"30102217-Placa de concreto"]
[{"$nulls":7},"30102218-Placa de metales preciosos"]
[{"$nulls":7},"30102220-Placa de níquel"]
[{"$nulls":7},"30102301-Perfiles de aleación ferrosa"]
[{"$nulls":7},"30102302-Perfiles de aleación no ferrosa"]
[{"$nulls":7},"30102303-Perfiles de hierro"]
[{"$nulls":7},"30102304-Perfiles de acero"]
[{"$nulls":7},"30102305-Perfiles de acero inoxidable"]
[{"$nulls":7},"30102306-Perfiles de aluminio"]
[{"$nulls":7},"30102307-Perfiles de magnesio"]
[{"$nulls":7},"30102308-Perfiles de titanio"]
[{"$nulls":7},"30102309-Perfiles de cobre"]
[{"$nulls":7},"30102310-Perfiles de latón"]
[{"$nulls":7},"30102311-Perfiles de bronce"]
[{"$nulls":7},"30102312-Perfiles de zinc"]
[{"$nulls":7},"30102313-Perfiles de estaño"]
[{"$nulls":7},"30102314-Perfiles de plomo"]
[{"$nulls":7},"30102315-Perfiles de plástico"]
[{"$nulls":7},"30102316-Perfiles de caucho"]
[{"$nulls":7},"30102401-Varillas de aleación ferrosa"]
[{"$nulls":7},"30102402-Varillas de aleación no ferrosa"]
[{"$nulls":7},"30102403-Varillas de hierro"]
[{"$nulls":7},"30102404-Varillas de acero"]
[{"$nulls":7},"30102405-Varillas de acero inoxidable"]
[{"$nulls":7},"30102406-Varillas de aluminio"]
[{"$nulls":7},"30102407-Varillas de magnesio"]
[{"$nulls":7},"30102408-Varillas de titanio"]
[{"$nulls":7},"30102409-Varillas de cobre"]
[{"$nulls":7},"30102410-Varillas de latón"]
[{"$nulls":7},"30102411-Varillas de bronce"]
[{"$nulls":7},"30102412-Varillas de zinc"]
[{"$nulls":7},"30102413-Varillas de estaño"]
[{"$nulls":7},"30102414-Varillas de plomo"]
[{"$nulls":7},"30102415-Varillas de plástico"]
[{"$nulls":7},"30102416-Varillas de caucho"]
[{"$nulls":7},"30102417-Varillas de níquel"]
[{"$nulls":7},"30102501-Chapa de aleación ferrosa"]
[{"$nulls":7},"30102502-Chapa de aleación no ferrosa"]
[{"$nulls":7},"30102503-Chapa de hierro"]
[{"$nulls":7},"30102504-Chapa de acero"]
[{"$nulls":7},"30102505-Chapa de acero inoxidable"]
[{"$nulls":7},"30102506-Chapa de aluminio"]
[{"$nulls":7},"30102507-Chapa de magnesio"]
[{"$nulls":7},"30102508-Chapa de titanio"]
[{"$nulls":7},"30102509-Chapa de cobre"]
[{"$nulls":7},"30102510-Chapa de latón"]
[{"$nulls":7},"30102511-Chapa de bronce"]
[{"$nulls":7},"30102512-Chapa de cinc"]
[{"$nulls":7},"30102513-Chapa de estaño"]
[{"$nulls":7},"30102514-Chapa de plomo"]
[{"$nulls":7},"30102515-Chapa de plástico"]
[{"$nulls":7},"30102516-Chapa de caucho"]
[{"$nulls":7},"30102517-Chapa blindada"]
[{"$nulls":7},"30102518-Chapa de aleación de berilio"]
[{"$nulls":7},"30102519-Chapa de metal chapado"]
[{"$nulls":7},"30102520-Chapa de níquel"]
[{"$nulls":7},"30102521-Hoja de goma de espuma"]
[{"$nulls":7},"30102522-Hoja de corcho y caucho"]
[{"$nulls":7},"30102523-Hoja de fibra comprimida"]
[{"$nulls":7},"30102524-Hoja de fibra comprimida con metal inserto"]
[{"$nulls":7},"30102525-Hoja de fibra y goma"]
[{"$nulls":7},"30102526-Láminas de asbesto"]
[{"$nulls":7},"30102601-Banda de acero ferroso"]
[{"$nulls":7},"30102602-Banda de acero no ferroso"]
[{"$nulls":7},"30102603-Banda de hierro"]
[{"$nulls":7},"30102604-Banda de acero"]
[{"$nulls":7},"30102605-Banda de acero inoxidable"]
[{"$nulls":7},"30102606-Banda de aluminio"]
[{"$nulls":7},"30102607-Banda de magnesio"]
[{"$nulls":7},"30102608-Banda de titanio"]
[{"$nulls":7},"30102609-Banda de cobre"]
[{"$nulls":7},"30102610-Banda de latón"]
[{"$nulls":7},"30102611-Banda de bronce"]
[{"$nulls":7},"30102612-Banda de cinc"]
[{"$nulls":7},"30102613-Banda de estaño"]
[{"$nulls":7},"30102614-Banda de plomo"]
[{"$nulls":7},"30102615-Banda de plástico"]
[{"$nulls":7},"30102616-Banda de caucho"]
[{"$nulls":7},"30102801-Pilares de aluminio"]
[{"$nulls":7},"30102802-Pilares de concreto"]
[{"$nulls":7},"30102803-Pilares de acero"]
[{"$nulls":7},"30102901-Postes de cemento o concreto"]
[{"$nulls":7},"30102903-Postes de metal"]
[{"$nulls":7},"30102904-Postes de madera"]
[{"$nulls":7},"30102905-Postes de plástico"]
[{"$nulls":7},"30102906-Postes de fibra de vidrio"]
[{"$nulls":7},"30103001-Sistema de ejes de acero"]
[{"$nulls":7},"30103002-Sistema de ejes de acero inoxidable"]
[{"$nulls":7},"30103101-Rieles de acero"]
[{"$nulls":7},"30103102-Rieles de aluminio"]
[{"$nulls":7},"30103103-Rieles de metal"]
[{"$nulls":7},"30103201-Rejilla de acero"]
[{"$nulls":7},"30103202-Rejilla de acero inoxidable"]
[{"$nulls":7},"30103203-Rejilla de aluminio"]
[{"$nulls":7},"30103204-Rejilla de fibra de vidrio"]
[{"$nulls":7},"30103205-Rejilla de hierro"]
[{"$nulls":7},"30103206-Rejilla de plástico"]
[{"$nulls":7},"30103301-Moldura de aluminio"]
[{"$nulls":7},"30103302-Moldura de latón"]
[{"$nulls":7},"30103303-Molduras de bronce"]
[{"$nulls":7},"30103304-Molduras de cobre"]
[{"$nulls":7},"30103305-Molduras de plomo"]
[{"$nulls":7},"30103306-Molduras de cinc"]
[{"$nulls":7},"30103307-Molduras de acero"]
[{"$nulls":7},"30103308-Molduras de titanio"]
[{"$nulls":7},"30103309-Molduras de magnesio"]
[{"$nulls":7},"30103310-Molduras de metal precioso"]
[{"$nulls":7},"30103311-Molduras de metales no ferrosos"]
[{"$nulls":7},"30103312-Molduras de metales ferrosos"]
[{"$nulls":7},"30103313-Molduras no metálicas"]
[{"$nulls":7},"30103401-Lingotes de aluminio"]
[{"$nulls":7},"30103402-Lingotes de latón"]
[{"$nulls":7},"30103403-Lingotes de plomo"]
[{"$nulls":7},"30103404-Lingotes de cinc"]
[{"$nulls":7},"30103405-Lingotes de acero"]
[{"$nulls":7},"30103406-Lingotes de magnesio"]
[{"$nulls":7},"30103407-Lingotes de bronce"]
[{"$nulls":7},"30103408-Lingotes de cobre"]
[{"$nulls":7},"30103409-Lingotes de titanio"]
[{"$nulls":7},"30103410-Lingotes de metal precioso"]
[{"$nulls":7},"30103411-Lingotes de estiramiento por presión de aleación ferrosa"]
[{"$nulls":7},"30103412-Lingotes de estiramiento por presión de aleación no ferrosa"]
[{"$nulls":7},"30103413-Lingotes no metálicos"]
[{"$nulls":7},"30103501-Núcleo de panal de aluminio"]
[{"$nulls":7},"30103502-Núcleo de panal de magnesio"]
[{"$nulls":7},"30103503-Núcleo de panal de espuma"]
[{"$nulls":7},"30103504-Núcleo de panal de plástico"]
[{"$nulls":7},"30103505-Núcleo de panal de madera"]
[{"$nulls":7},"30103506-Núcleo de panal de metal ferroso"]
[{"$nulls":7},"30103507-Núcleo de panal de bronce"]
[{"$nulls":7},"30103508-Núcleo de panal de cobre"]
[{"$nulls":7},"30103509-Núcleo de panal de acero"]
[{"$nulls":7},"30103510-Núcleo de panal de plomo"]
[{"$nulls":7},"30103511-Núcleo de panal de zinc"]
[{"$nulls":7},"30103512-Núcleo de panal de titanio"]
[{"$nulls":7},"30103513-Núcleo de panal de latón"]
[{"$nulls":7},"30103514-Núcleo de panal de metal no ferroso"]
[{"$nulls":7},"30103515-Núcleo de panal de metales preciosos"]
[{"$nulls":7},"30103601-Vigas de madera"]
[{"$nulls":7},"30103602-Vigas compuestas de madera"]
[{"$nulls":7},"30103603-Madera para marcos"]
[{"$nulls":7},"30103604-Revestimiento o láminas de madera"]
[{"$nulls":7},"30103605-Tablones de madera"]
[{"$nulls":7},"30103606-Armazones de madera"]
[{"$nulls":7},"30103607-Viguetas de madera"]
[{"$nulls":7},"30103608-Postes de madera o postes telefónicos"]
[{"$nulls":7},"30103701-Trenza de acero inoxidable"]
[{"$nulls":7},"30111501-Concreto aireado"]
[{"$nulls":7},"30111502-Concreto conductor"]
[{"$nulls":7},"30111503-Concreto aislante"]
[{"$nulls":7},"30111504-Morteros"]
[{"$nulls":7},"30111601-Cemento"]
[{"$nulls":7},"30111602-Cal clorada"]
[{"$nulls":7},"30111603-Cal hidráulica"]
[{"$nulls":7},"30111604-Cal apagada"]
[{"$nulls":7},"30111605-Cal magra"]
[{"$nulls":7},"30111606-Lechada de cemento"]
[{"$nulls":7},"30111607-Cal viva"]
[{"$nulls":7},"30111701-Enlucido de yeso"]
[{"$nulls":7},"30121501-Alquitrán de carbón hulla"]
[{"$nulls":7},"30121503-Creosota"]
[{"$nulls":7},"30121601-Asfalto"]
[{"$nulls":7},"30121602-Brea"]
[{"$nulls":7},"30121603-Gilsonita"]
[{"$nulls":7},"30121604-Residuos de alquitrán o petróleo"]
[{"$nulls":7},"30121605-Marcos de pozo con tapas del registro"]
[{"$nulls":7},"30131501-Bloques de cemento"]
[{"$nulls":7},"30131502-Bloques de concreto"]
[{"$nulls":7},"30131503-Bloques de piedra"]
[{"$nulls":7},"30131504-Bloques de cerámica"]
[{"$nulls":7},"30131601-Ladrillos de cemento"]
[{"$nulls":7},"30131602-Ladrillos de cerámica"]
[{"$nulls":7},"30131603-Ladrillos de concreto"]
[{"$nulls":7},"30131604-Ladrillos de piedra"]
[{"$nulls":7},"30131701-Azulejos o baldosas de cemento"]
[{"$nulls":7},"30131702-Losas o baldosas de piedra"]
[{"$nulls":7},"30131703-Losas o baldosas de concreto"]
[{"$nulls":7},"30131704-Losas o baldosas de cerámica"]
[{"$nulls":7},"30131705-Lápidas"]
[{"$nulls":7},"30141501-Burletes"]
[{"$nulls":7},"30141502-Colchas aislantes"]
[{"$nulls":7},"30141503-Aislamiento de espuma"]
[{"$nulls":7},"30141504-Bloques para aislamiento"]
[{"$nulls":7},"30141505-Revestimiento de aislamiento térmico"]
[{"$nulls":7},"30141506-Aislamiento de ajuste holgado"]
[{"$nulls":7},"30141507-Aislamiento de tabla rígida"]
[{"$nulls":7},"30141508-Aislamiento de fibra"]
[{"$nulls":7},"30141510-Barrido de puerta"]
[{"$nulls":7},"30141511-Película de ventana"]
[{"$nulls":7},"30141512-Kits de aislamiento térmico"]
[{"$nulls":7},"30141513-Ladrillos aislantes térmicos"]
[{"$nulls":7},"30141601-Aislación acústica"]
[{"$nulls":7},"30141602-Revestimiento de aislamiento no térmico"]
[{"$nulls":7},"30141603-Escudos térmicas"]
[{"$nulls":7},"30151501-Techado prearmado"]
[{"$nulls":7},"30151502-Valles de techo"]
[{"$nulls":7},"30151503-Textiles de techado"]
[{"$nulls":7},"30151504-Cartones para techar"]
[{"$nulls":7},"30151505-Membranas para techos"]
[{"$nulls":7},"30151506-Tejas"]
[{"$nulls":7},"30151507-Huelgos"]
[{"$nulls":7},"30151508-Tejas de asfalto"]
[{"$nulls":7},"30151509-Armazones"]
[{"$nulls":7},"30151510-Tejados de pizarra"]
[{"$nulls":7},"30151601-Plafones de tejado"]
[{"$nulls":7},"30151602-Planchas de escurrimiento"]
[{"$nulls":7},"30151603-Parada de grava"]
[{"$nulls":7},"30151604-Brochas para techos"]
[{"$nulls":7},"30151605-Drenajes de tejados"]
[{"$nulls":7},"30151606-Ruedas de trapo para techos"]
[{"$nulls":7},"30151607-Claraboyas de ventilación"]
[{"$nulls":7},"30151608-Sofitos"]
[{"$nulls":7},"30151609-Bordes de tejado"]
[{"$nulls":7},"30151610-Escarificadores de tejado"]
[{"$nulls":7},"30151701-Boquillas de bajantes"]
[{"$nulls":7},"30151702-Dinteles para goteo"]
[{"$nulls":7},"30151703-Canaletas"]
[{"$nulls":7},"30151704-Bloques contra salpicaduras"]
[{"$nulls":7},"30151801-Postigos"]
[{"$nulls":7},"30151802-Recubrimiento"]
[{"$nulls":7},"30151803-Empalmes de revestimiento de paredes"]
[{"$nulls":7},"30151804-Chapas para esquinas"]
[{"$nulls":7},"30151805-Estucado"]
[{"$nulls":7},"30151806-Muros de bloque de vidrio"]
[{"$nulls":7},"30151901-Toldos"]
[{"$nulls":7},"30151902-Marquesinas"]
[{"$nulls":7},"30152001-Cercado de metal"]
[{"$nulls":7},"30152002-Cercado de madera"]
[{"$nulls":7},"30152003-Vallado de fibrocemento"]
[{"$nulls":7},"30152101-Acero de perdigones"]
[{"$nulls":7},"30161501-Fibra prensada"]
[{"$nulls":7},"30161502-Papel de colgadura"]
[{"$nulls":7},"30161503-Drywall"]
[{"$nulls":7},"30161504-Protectores de esquinas"]
[{"$nulls":7},"30161505-Paneles o empanelado"]
[{"$nulls":7},"30161507-Compuestos unión Albarrada"]
[{"$nulls":7},"30161508-Rodillo de papel de colgadura"]
[{"$nulls":7},"30161509-Tabla de yeso"]
[{"$nulls":7},"30161601-Baldosines acústicos para techos"]
[{"$nulls":7},"30161602-Paneles para techos"]
[{"$nulls":7},"30161603-Encofrados"]
[{"$nulls":7},"30161604-Sistemas de cielo raso"]
[{"$nulls":7},"30161701-Alfombrado"]
[{"$nulls":7},"30161702-Pisos de madera"]
[{"$nulls":7},"30161703-Linóleo"]
[{"$nulls":7},"30161705-Pisos de caucho"]
[{"$nulls":7},"30161706-Pisos de baldosa o piedra"]
[{"$nulls":7},"30161707-Pisos de vinilo"]
[{"$nulls":7},"30161708-Alfombras de nudos"]
[{"$nulls":7},"30161709-Alfombras de penachos"]
[{"$nulls":7},"30161710-Pisos laminados"]
[{"$nulls":7},"30161711-Alfombras para exteriores"]
[{"$nulls":7},"30161712-Perfiles laminados para suelos"]
[{"$nulls":7},"30161713-Almohadilla para alfombras"]
[{"$nulls":7},"30161714-Suelo de corcho"]
[{"$nulls":7},"30161715-Enrejados de madera"]
[{"$nulls":7},"30161716-Separadores de azulejos"]
[{"$nulls":7},"30161717-Pisos para accesos"]
[{"$nulls":7},"30161718-Piso de acero antideslizante"]
[{"$nulls":7},"30161719-Fieltro para alfombras"]
[{"$nulls":7},"30161801-Armarios"]
[{"$nulls":7},"30161802-Encimeras"]
[{"$nulls":7},"30161901-Puertas de rejilla"]
[{"$nulls":7},"30161902-Columnas"]
[{"$nulls":7},"30161903-Paneles de madera"]
[{"$nulls":7},"30161904-Cornisas"]
[{"$nulls":7},"30161905-Cercos de puertas"]
[{"$nulls":7},"30161906-Moldes"]
[{"$nulls":7},"30161907-Escaleras"]
[{"$nulls":7},"30161908-Piezas de escaleras"]
[{"$nulls":7},"30171501-Puertas de cristal"]
[{"$nulls":7},"30171502-Puertas de pantalla"]
[{"$nulls":7},"30171503-Puertas rodantes"]
[{"$nulls":7},"30171504-Puertas de madera"]
[{"$nulls":7},"30171505-Puertas de metal"]
[{"$nulls":7},"30171506-Contrapuertas"]
[{"$nulls":7},"30171507-Marcos de puertas o quicios"]
[{"$nulls":7},"30171508-Puertas corrediza empotrable"]
[{"$nulls":7},"30171509-Puertas giratorias"]
[{"$nulls":7},"30171510-Puertas automáticas"]
[{"$nulls":7},"30171511-Puerta de vaivén"]
[{"$nulls":7},"30171512-Abridores de puertas"]
[{"$nulls":7},"30171513-Rodapiés"]
[{"$nulls":7},"30171514-Cerradores de puertas"]
[{"$nulls":7},"30171604-Ventanas de guillotina"]
[{"$nulls":7},"30171605-Ventanas de apertura horizontal"]
[{"$nulls":7},"30171606-Ventanas giratorias"]
[{"$nulls":7},"30171607-Ventanas con hoja de desplazamiento horizontal"]
[{"$nulls":7},"30171608-Ventanas basculantes o de montante"]
[{"$nulls":7},"30171609-Ventanas fijas"]
[{"$nulls":7},"30171610-Miradores"]
[{"$nulls":7},"30171611-Ventana de miradores"]
[{"$nulls":7},"30171612-Ventanas salientes"]
[{"$nulls":7},"30171613-Paredes de vidrio"]
[{"$nulls":7},"30171614-Pantallas de ventana"]
[{"$nulls":7},"30171615-Ventanas francesas o puerta – ventanas"]
[{"$nulls":7},"30171701-Adoquines"]
[{"$nulls":7},"30171703-Vidrio biselado"]
[{"$nulls":7},"30171704-Vidrio con plomo"]
[{"$nulls":7},"30171705-Vidrio laminado"]
[{"$nulls":7},"30171706-Vidrio templado"]
[{"$nulls":7},"30171707-Vidrio de seguridad"]
[{"$nulls":7},"30171708-Vidrio flotado"]
[{"$nulls":7},"30171709-Vidrio con alambre incrustado"]
[{"$nulls":7},"30171801-Claraboyas fijas"]
[{"$nulls":7},"30171802-Claraboyas con ventilación"]
[{"$nulls":7},"30171803-Claraboyas de tubo"]
[{"$nulls":7},"30171901-Marcos para ventanas de guillotina"]
[{"$nulls":7},"30171902-Marcos para ventanas de apertura horizontal"]
[{"$nulls":7},"30171903-Marcos para ventanas giratorias"]
[{"$nulls":7},"30171904-Marcos para ventanas con hojas de desplazamiento horizontal"]
[{"$nulls":7},"30171905-Marcos para ventanas basculantes o de montante"]
[{"$nulls":7},"30171906-Marcos para ventanas fijas"]
[{"$nulls":7},"30172001-Puerta de barra sencilla"]
[{"$nulls":7},"30172002-Puerta de doble barra"]
[{"$nulls":7},"30181501-Tinas o bañeras"]
[{"$nulls":7},"30181502-Bidés"]
[{"$nulls":7},"30181503-Duchas"]
[{"$nulls":7},"30181504-Lavamanos"]
[{"$nulls":7},"30181505-Inodoros o excusados"]
[{"$nulls":7},"30181506-Orinales"]
[{"$nulls":7},"30181507-Cerramientos para bañeras o duchas"]
[{"$nulls":7},"30181508-Divisiones de baños"]
[{"$nulls":7},"30181509-Plato del jabón"]
[{"$nulls":7},"30181510-servilletero"]
[{"$nulls":7},"30181511-Inodoros o excusados"]
[{"$nulls":7},"30181512-Asientos de inodoro"]
[{"$nulls":7},"30181513-Tapas de inodoro"]
[{"$nulls":7},"30181514-Tapa de tanque del inodoro"]
[{"$nulls":7},"30181515-Tanque del inodoro"]
[{"$nulls":7},"30191501-Escaleras"]
[{"$nulls":7},"30191502-Andamios"]
[{"$nulls":7},"30191505-Taburete escalonado"]
[{"$nulls":7},"30191601-Barandas"]
[{"$nulls":7},"30191602-Estabilizadores de andamiaje"]
[{"$nulls":7},"30191603-Piso del andamiaje"]
[{"$nulls":7},"30201501-Silos"]
[{"$nulls":7},"30201502-Invernaderos"]
[{"$nulls":7},"30201601-Casas"]
[{"$nulls":7},"30201602-Casas móviles"]
[{"$nulls":7},"30201603-Cabañas"]
[{"$nulls":7},"30201604-garajes"]
[{"$nulls":7},"30201605-Cenador"]
[{"$nulls":7},"30201606-Cocinas domésticas"]
[{"$nulls":7},"30201701-Oficinas en la fábrica"]
[{"$nulls":7},"30201702-Cabinas de rociado"]
[{"$nulls":7},"30201703-Cobertizos para almacenaje"]
[{"$nulls":7},"30201704-Salas limpias"]
[{"$nulls":7},"30201705-Garitas"]
[{"$nulls":7},"30201706-Aseos portátiles"]
[{"$nulls":7},"30201707-Almacenes"]
[{"$nulls":7},"30201708-Auditorio"]
[{"$nulls":7},"30201710-Cocinas de oficinas"]
[{"$nulls":7},"30201711-Jardín de invierno"]
[{"$nulls":7},"30201712-Cabina telefónica"]
[{"$nulls":7},"30201801-Refugios"]
[{"$nulls":7},"30201802-Tiendas de campaña para emergencias"]
[{"$nulls":7},"30201803-Unidades para contenedores"]
[{"$nulls":7},"30201901-Unidades médicas"]
[{"$nulls":7},"30201902-Unidades de laboratorio"]
[{"$nulls":7},"30201903-Unidades dentales"]
[{"$nulls":7},"30201904-Unidades quirúrgicas"]
[{"$nulls":7},"30221001-Paseos de Tiendas"]
[{"$nulls":7},"30221002-Estructuras de aparcamiento"]
[{"$nulls":7},"30221003-Cafetería"]
[{"$nulls":7},"30221004-Edificios de tiendas"]
[{"$nulls":7},"30221005-Centro comercial"]
[{"$nulls":7},"30221006-Cantina"]
[{"$nulls":7},"30221007-Teatro"]
[{"$nulls":7},"30221009-Mercado"]
[{"$nulls":7},"30221010-Zona de juegos infantiles"]
[{"$nulls":7},"30221011-Zoo"]
[{"$nulls":7},"30221012-Jardines"]
[{"$nulls":7},"30221013-Parques"]
[{"$nulls":7},"30221014-Servicios de recreo al lado del agua"]
[{"$nulls":7},"30222001-Puentes de Acero"]
[{"$nulls":7},"30222002-Dique Seco"]
[{"$nulls":7},"30222003-Estación de autobuses"]
[{"$nulls":7},"30222004-Garaje de autobuses"]
[{"$nulls":7},"30222005-Edificio del área de servicios"]
[{"$nulls":7},"30222006-Estación de tranvías"]
[{"$nulls":7},"30222007-Depósito de trenes"]
[{"$nulls":7},"30222008-Estación de metro"]
[{"$nulls":7},"30222009-Edificio de la estación terminal"]
[{"$nulls":7},"30222010-Depósito terminal"]
[{"$nulls":7},"30222011-Coches de tranvías"]
[{"$nulls":7},"30222012-Edificio del aeropuerto"]
[{"$nulls":7},"30222013-Torre de control del aeropuerto"]
[{"$nulls":7},"30222014-Campo de aterrizaje"]
[{"$nulls":7},"30222015-Pista de rodadura"]
[{"$nulls":7},"30222016-Aparcamiento"]
[{"$nulls":7},"30222017-Muelle de embarque"]
[{"$nulls":7},"30222018-Zona de acople con pasillos móviles"]
[{"$nulls":7},"30222019-Embarcadero"]
[{"$nulls":7},"30222020-Marina"]
[{"$nulls":7},"30222021-Puerto deportivo"]
[{"$nulls":7},"30222022-Rompeolas"]
[{"$nulls":7},"30222023-Malecón"]
[{"$nulls":7},"30222024-Edificio de la terminal del ferry"]
[{"$nulls":7},"30222025-Terminal de carga rodante"]
[{"$nulls":7},"30222026-Faro"]
[{"$nulls":7},"30222027-Puente de carretera"]
[{"$nulls":7},"30222028-Puente de ferrocarril"]
[{"$nulls":7},"30222029-Puente para peatones"]
[{"$nulls":7},"30222030-Viaducto para carretera"]
[{"$nulls":7},"30222031-Viaducto para el tren"]
[{"$nulls":7},"30222032-Paso subterráneo"]
[{"$nulls":7},"30222033-Paso elevado"]
[{"$nulls":7},"30222034-Túnel"]
[{"$nulls":7},"30222035-Acueductos"]
[{"$nulls":7},"30222036-Túnel para carretea"]
[{"$nulls":7},"30222037-Túnel para ferrocarril"]
[{"$nulls":7},"30222038-Túnel para peatones"]
[{"$nulls":7},"30222039-Túnel para canal"]
[{"$nulls":7},"30222040-Túnel para conducir un río"]
[{"$nulls":7},"30222041-Túnel submarino"]
[{"$nulls":7},"30222042-Autopista"]
[{"$nulls":7},"30222043-Cruce de carreteras"]
[{"$nulls":7},"30222044-Anillo de carretera"]
[{"$nulls":7},"30222045-Carretera principal"]
[{"$nulls":7},"30222046-Carretera secundaria"]
[{"$nulls":7},"30222047-Carretera de acceso"]
[{"$nulls":7},"30222048-Carretera bifurcada"]
[{"$nulls":7},"30222049-Doble carril"]
[{"$nulls":7},"30222050-Simple carril"]
[{"$nulls":7},"30222051-Encuentro de carreteras"]
[{"$nulls":7},"30222052-Paso de peatones"]
[{"$nulls":7},"30222053-Paso elevado para peatones"]
[{"$nulls":7},"30222054-Sendero de caminantes"]
[{"$nulls":7},"30222055-Sendero de bicicletas"]
[{"$nulls":7},"30222056-Puente para pasar un oleoducto"]
[{"$nulls":7},"30222057-Oleoducto"]
[{"$nulls":7},"30222058-Estación de bombeo"]
[{"$nulls":7},"30222059-Estaciones de bombeo alcantarillado"]
[{"$nulls":7},"30222060-Sumidero de alcantarilla"]
[{"$nulls":7},"30222061-Terreno de aparcamiento"]
[{"$nulls":7},"30222063-Area de servicios de carretera"]
[{"$nulls":7},"30222101-Oficina de correos"]
[{"$nulls":7},"30222102-Banco"]
[{"$nulls":7},"30222103-Comisaría de policía"]
[{"$nulls":7},"30222104-Palacio de justicia"]
[{"$nulls":7},"30222105-Edificio de la cárcel"]
[{"$nulls":7},"30222106-Estación de bomberos"]
[{"$nulls":7},"30222107-Estación de ambulancias"]
[{"$nulls":7},"30222108-Edificio para albergue de montaña"]
[{"$nulls":7},"30222109-Estación de barcos de socorro"]
[{"$nulls":7},"30222110-Edificio de los guardacostas"]
[{"$nulls":7},"30222111-Estación de servicios de rescate"]
[{"$nulls":7},"30222112-Centro cívico"]
[{"$nulls":7},"30222113-Funerarias o crematorios"]
[{"$nulls":7},"30222114-Galería de arte"]
[{"$nulls":7},"30222115-Monumentos prehistóricos"]
[{"$nulls":7},"30222116-Oficina de admisión"]
[{"$nulls":7},"30222117-Cementerio"]
[{"$nulls":7},"30222118-Matadero Público"]
[{"$nulls":7},"30222201-Estación de radar"]
[{"$nulls":7},"30222202-Subestación"]
[{"$nulls":7},"30222203-Estación de energía nuclear"]
[{"$nulls":7},"30222204-Depósito elevado de agua"]
[{"$nulls":7},"30222205-Aljibes"]
[{"$nulls":7},"30222206-Estación móvil de telefonía"]
[{"$nulls":7},"30222207-Presa"]
[{"$nulls":7},"30222208-Plataformas petroleras o de gas"]
[{"$nulls":7},"30222301-Escuelas"]
[{"$nulls":7},"30222302-Politécnico"]
[{"$nulls":7},"30222303-Centro de formación profesional"]
[{"$nulls":7},"30222304-Sala de conferencias"]
[{"$nulls":7},"30222305-Biblioteca"]
[{"$nulls":7},"30222306-Laboratorio de lenguas"]
[{"$nulls":7},"30222307-Edificio para laboratorios"]
[{"$nulls":7},"30222308-Estaciones meteorológicas"]
[{"$nulls":7},"30222309-Servicios de investigación o medición"]
[{"$nulls":7},"30222401-Clínica"]
[{"$nulls":7},"30222402-Guardería infantil"]
[{"$nulls":7},"30222403-Teatro operativo"]
[{"$nulls":7},"30222404-Unidad de cuidados intensivos"]
[{"$nulls":7},"30222405-Sala de diagnóstico radiológico"]
[{"$nulls":7},"30222406-Sala de radiología"]
[{"$nulls":7},"30222407-Sala de fluoroscopia"]
[{"$nulls":7},"30222408-Sala de patología"]
[{"$nulls":7},"30222409-Sala de cateterismo"]
[{"$nulls":7},"30222501-Casas residenciales"]
[{"$nulls":7},"30222502-Apartamento"]
[{"$nulls":7},"30222503-Orfanato"]
[{"$nulls":7},"30222504-Centro de asistencia de día"]
[{"$nulls":7},"30222505-Residencia de jubilados"]
[{"$nulls":7},"30222506-Residencia de ancianos"]
[{"$nulls":7},"30222507-Hotel"]
[{"$nulls":7},"30222601-Estadio"]
[{"$nulls":7},"30222602-Campo de deportes"]
[{"$nulls":7},"30222603-Pista de carreras"]
[{"$nulls":7},"30222604-Pabellón deportivo"]
[{"$nulls":7},"30222605-Balneario"]
[{"$nulls":7},"30222606-Gimnasio"]
[{"$nulls":7},"30222607-Piscina de natación"]
[{"$nulls":7},"30222608-Servicios de deportes acuáticos"]
[{"$nulls":7},"30222701-Oficinas"]
[{"$nulls":7},"30222702-Instalaciones de almacenamiento en frío"]
[{"$nulls":7},"30222703-Mercancías de almacén"]
[{"$nulls":7},"30222801-Granero"]
[{"$nulls":7},"30222802-Vaquería"]
[{"$nulls":7},"30222803-Canal de riego"]
[{"$nulls":7},"30222901-Casamata militar"]
[{"$nulls":7},"30222902-Refugio militar"]
[{"$nulls":7},"30222903-Barracones"]
[{"$nulls":7},"30222904-Comedor de oficiales"]
[{"$nulls":7},"30223001-Capillas"]
[{"$nulls":7},"30223002-Templos"]
[{"$nulls":7},"30223003-Mezquitas"]
[{"$nulls":7},"31101501-Piezas de aluminio fundidas a presión"]
[{"$nulls":7},"31101502-Piezas de aleación ferrosa fundidas a presión"]
[{"$nulls":7},"31101503-Piezas de hierro fundidas a presión"]
[{"$nulls":7},"31101504-Piezas de aleación no ferrosa fundidas a presión"]
[{"$nulls":7},"31101505-Piezas de acero inoxidable fundidas a presión"]
[{"$nulls":7},"31101506-Piezas de acero fundidas a presión"]
[{"$nulls":7},"31101507-Piezas de magnesio fundidas a presión"]
[{"$nulls":7},"31101508-Piezas de cinc fundidas a presión"]
[{"$nulls":7},"31101509-Piezas de estaño fundidas a presión"]
[{"$nulls":7},"31101510-Piezas de titanio fundidas a presión"]
[{"$nulls":7},"31101511-Piezas de berilio fundidas a presión"]
[{"$nulls":7},"31101512-Piezas de metal precioso fundidas a presión"]
[{"$nulls":7},"31101513-Piezas de cobre fundidas a presión"]
[{"$nulls":7},"31101514-Piezas de plomo fundidas a presión"]
[{"$nulls":7},"31101515-Piezas de latón fundidas a presión"]
[{"$nulls":7},"31101516-Piezas de bronce fundidas a presión"]
[{"$nulls":7},"31101601-Fundición en arena de aleación no ferrosa"]
[{"$nulls":7},"31101602-Fundición en arena de aleación ferrosa"]
[{"$nulls":7},"31101603-Fundición en arena de acero"]
[{"$nulls":7},"31101604-Fundición en arena de acero inoxidable"]
[{"$nulls":7},"31101605-Moldeos en arena de hierro"]
[{"$nulls":7},"31101606-Fundición en arena de aluminio"]
[{"$nulls":7},"31101607-Fundición en arena de magnesio"]
[{"$nulls":7},"31101608-Fundición en arena de titanio"]
[{"$nulls":7},"31101609-Fundición en arena de berilio"]
[{"$nulls":7},"31101610-Fundición en arena de cobre"]
[{"$nulls":7},"31101611-Fundición en arena de latón"]
[{"$nulls":7},"31101612-Fundición en arena de bronce"]
[{"$nulls":7},"31101613-Fundición en arena de zinc"]
[{"$nulls":7},"31101614-Fundición en arena de estaño"]
[{"$nulls":7},"31101615-Fundición en arena de plomo"]
[{"$nulls":7},"31101616-Fundición en arena de metal precioso"]
[{"$nulls":7},"31101701-Objetos de aleación no ferrosa fundidos en molde fijo"]
[{"$nulls":7},"31101702-Objetos de aleación ferrosa fundidos en molde fijo"]
[{"$nulls":7},"31101703-Objetos de acero fundidos en molde fijo"]
[{"$nulls":7},"31101704-Objetos de acero inoxidable fundidos en molde fijo"]
[{"$nulls":7},"31101705-Objetos de hierro fundidos en molde fijo"]
[{"$nulls":7},"31101706-Objetos de aluminio fundidos en molde fijo"]
[{"$nulls":7},"31101707-Objetos de magnesio fundidos en molde fijo"]
[{"$nulls":7},"31101708-Objetos de titanio fundidos en molde fijo"]
[{"$nulls":7},"31101709-Objetos de berilio fundidos en molde fijo"]
[{"$nulls":7},"31101710-Objetos de cobre fundidos en molde fijo"]
[{"$nulls":7},"31101711-Objetos de latón fundidos en molde fijo"]
[{"$nulls":7},"31101712-Objetos de bronce fundidos en molde fijo."]
[{"$nulls":7},"31101713-Objetos de zinc fundidos en molde fijo"]
[{"$nulls":7},"31101714-Objetos de estaño fundidos en molde fijo"]
[{"$nulls":7},"31101715-Objetos de plomo fundidos en molde fijo"]
[{"$nulls":7},"31101716-Objetos de metal precioso fundidos en molde fijo"]
[{"$nulls":7},"31101801-Objetos de aleación no ferrosa fundidos por moldeo en cáscara"]
[{"$nulls":7},"31101802-Objetos de aleación ferrosa fundidos por moldeo en cáscara"]
[{"$nulls":7},"31101803-Objetos de acero fundidos por moldeo en cáscara"]
[{"$nulls":7},"31101804-Objetos de acero inoxidable fundidos por moldeo en cáscara"]
[{"$nulls":7},"31101805-Piezas de hierro fundidas por moldeo en cáscara"]
[{"$nulls":7},"31101806-Objetos de aluminio fundidos por moldeo en cáscara"]
[{"$nulls":7},"31101807-Objetos de magnesio fundidos por moldeo en cáscara"]
[{"$nulls":7},"31101808-Objetos de titanio fundidos por moldeo en cáscara"]
[{"$nulls":7},"31101809-Objetos de berilio fundidos por moldeo en cáscara"]
[{"$nulls":7},"31101810-Objetos de cobre fundidos por moldeo en cáscara"]
[{"$nulls":7},"31101811-Objetos de latón fundidos por moldeo en cáscara"]
[{"$nulls":7},"31101812-Objetos de bronce fundidos por moldeo en cáscara"]
[{"$nulls":7},"31101813-Objetos de zinc fundidos por moldeo en cáscara"]
[{"$nulls":7},"31101814-Objetos de estaño fundidos por moldeo en cáscara"]
[{"$nulls":7},"31101815-Objetos de plomo fundidos por moldeo en cáscara"]
[{"$nulls":7},"31101816-Objetos de metal precioso fundidos por moldeo en cáscara"]
[{"$nulls":7},"31101901-Objetos de aleación no ferrosa fundidos a la cera perdida"]
[{"$nulls":7},"31101902-Objetos de aleación ferrosa fundidos a la cera perdida"]
[{"$nulls":7},"31101903-Objetos de acero fundidos a la cera perdida"]
[{"$nulls":7},"31101904-Objetos de acero inoxidable fundidos a la cera perdida"]
[{"$nulls":7},"31101905-Objetos de hierro fundidos a la cera perdida"]
[{"$nulls":7},"31101906-Objetos de aluminio fundidos a la cera perdida"]
[{"$nulls":7},"31101907-Objetos de magnesio fundidos a la cera perdida"]
[{"$nulls":7},"31101908-Objetos de zinc fundidos a la cera perdida"]
[{"$nulls":7},"31101909-Objetos de estaño fundidos a la cera perdida"]
[{"$nulls":7},"31101910-Objetos de plomo fundidos a la cera perdida"]
[{"$nulls":7},"31101911-Objetos de metal precioso fundidos a la cera perdida"]
[{"$nulls":7},"31101912-Objetos de titanio fundidos a la cera perdida"]
[{"$nulls":7},"31102001-Objetos de fundición centrífuga de aleación no ferrosa"]
[{"$nulls":7},"31102002-Objetos de fundición centrífuga de aleación ferrosa"]
[{"$nulls":7},"31102003-Objetos de fundición centrífuga de acero"]
[{"$nulls":7},"31102004-Objetos de fundición centrífuga de acero inoxidable"]
[{"$nulls":7},"31102005-Objetos de fundición centrífuga de hierro"]
[{"$nulls":7},"31102006-Objetos de fundición centrífuga de aluminio"]
[{"$nulls":7},"31102007-Objetos de fundición centrífuga de magnesio"]
[{"$nulls":7},"31102008-Objetos de fundición centrífuga de titanio"]
[{"$nulls":7},"31102009-Objetos de fundición centrífuga de berilio"]
[{"$nulls":7},"31102010-Objetos de fundición centrífuga de cobre"]
[{"$nulls":7},"31102011-Objetos de fundición centrífuga de latón"]
[{"$nulls":7},"31102012-Objetos de fundición centrífuga de bronce"]
[{"$nulls":7},"31102013-Objetos de fundición centrífuga de zinc"]
[{"$nulls":7},"31102014-Objetos de fundición centrífuga de estaño"]
[{"$nulls":7},"31102015-Objetos de fundición centrífuga de plomo"]
[{"$nulls":7},"31102016-Objetos de fundición centrífuga de metal precioso"]
[{"$nulls":7},"31102101-Objetos de aleación no ferrosa fundidos en molde cerámico"]
[{"$nulls":7},"31102102-Objetos de aleación ferrosa fundidos en molde cerámico"]
[{"$nulls":7},"31102103-Objetos de acero fundidos en molde cerámico"]
[{"$nulls":7},"31102104-Objetos de acero inoxidable fundidos en molde cerámico"]
[{"$nulls":7},"31102105-Objetos de hierro fundidos en molde cerámico"]
[{"$nulls":7},"31102106-Objetos de aluminio fundidos en molde cerámico"]
[{"$nulls":7},"31102107-Objetos de magnesio fundidos en molde cerámico"]
[{"$nulls":7},"31102108-Objetos de titanio fundidos en molde cerámico"]
[{"$nulls":7},"31102109-Objetos de berilio fundidos en molde cerámico"]
[{"$nulls":7},"31102110-Objetos de cobre fundidos en molde cerámico"]
[{"$nulls":7},"31102111-Objetos de latón fundidos en molde cerámico"]
[{"$nulls":7},"31102112-Objetos de bronce fundidos en molde cerámico"]
[{"$nulls":7},"31102113-Objetos de zinc fundidos en molde cerámico"]
[{"$nulls":7},"31102114-Objetos de estaño fundidos en molde cerámico"]
[{"$nulls":7},"31102115-Objetos de plomo fundidos en molde cerámico"]
[{"$nulls":7},"31102116-Objetos de metal precioso fundidos en molde cerámico"]
[{"$nulls":7},"31102201-Objetos de aleación no ferrosa fundidos en molde de grafito"]
[{"$nulls":7},"31102202-Objetos de aleación ferrosa fundidos en molde de grafito"]
[{"$nulls":7},"31102203-Objetos de acero fundidos en molde de grafito"]
[{"$nulls":7},"31102204-Objetos de acero inoxidable fundidos en molde de grafito"]
[{"$nulls":7},"31102205-Objetos de hierro fundidos en molde de grafito"]
[{"$nulls":7},"31102206-Objetos de aluminio fundidos en molde de grafito"]
[{"$nulls":7},"31102207-Objetos de magnesio fundidos en molde de grafito"]
[{"$nulls":7},"31102208-Objetos de titanio fundidos en molde de grafito"]
[{"$nulls":7},"31102209-Objetos de berilio fundidos en molde de grafito"]
[{"$nulls":7},"31102210-Objetos de cobre fundidos en molde de grafito"]
[{"$nulls":7},"31102211-Objetos de latón fundidos en molde de grafito"]
[{"$nulls":7},"31102212-Objetos de bronce fundidos en molde de grafito"]
[{"$nulls":7},"31102213-Objetos de zinc fundidos en molde de grafito"]
[{"$nulls":7},"31102214-Objetos de estaño fundidos en molde de grafito"]
[{"$nulls":7},"31102215-Objetos de plomo fundidos en molde de grafito"]
[{"$nulls":7},"31102216-Objetos de metal precioso fundidos en molde de grafito"]
[{"$nulls":7},"31102301-Objetos de aleación no ferrosa fundidos en molde de yeso"]
[{"$nulls":7},"31102302-Objetos de aleación ferrosa fundidos en molde de yeso"]
[{"$nulls":7},"31102303-Objetos de acero fundidos en molde de yeso"]
[{"$nulls":7},"31102304-Objetos de acero inoxidable fundidos en molde de yeso"]
[{"$nulls":7},"31102305-Objetos de hierro fundidos en molde de yeso"]
[{"$nulls":7},"31102306-Objetos de aluminio fundidos en molde de yeso"]
[{"$nulls":7},"31102307-Objetos de magnesio fundidos en molde de yeso"]
[{"$nulls":7},"31102308-Objetos de titanio fundidos en molde de yeso"]
[{"$nulls":7},"31102309-Objetos de berilio fundidos en molde de yeso"]
[{"$nulls":7},"31102310-Objetos de cobre fundidos en molde de yeso"]
[{"$nulls":7},"31102311-Objetos de latón fundidos en molde de yeso"]
[{"$nulls":7},"31102312-Objetos de bronce fundidos en molde de yeso"]
[{"$nulls":7},"31102313-Objetos de zinc fundidos en molde de yeso"]
[{"$nulls":7},"31102314-Objetos de estaño fundidos en molde de yeso"]
[{"$nulls":7},"31102315-Objetos de plomo fundidos en molde de yeso"]
[{"$nulls":7},"31102316-Objetos de metal precioso fundidos en molde de yeso"]
[{"$nulls":7},"31102401-Objetos de aleación no ferrosa fundidos por proceso en v"]
[{"$nulls":7},"31102402-Objetos de aleación ferrosa fundidos por proceso en v"]
[{"$nulls":7},"31102403-Objetos de acero fundidos por proceso en v"]
[{"$nulls":7},"31102404-Objetos de acero inoxidable fundidos por proceso en v"]
[{"$nulls":7},"31102405-Objetos de hierro fundidos por proceso en v"]
[{"$nulls":7},"31102406-Objetos de aluminio fundidos por proceso en v"]
[{"$nulls":7},"31102407-Objetos de magnesio fundidos por proceso en v"]
[{"$nulls":7},"31102408-Objetos de titanio fundidos por proceso en v"]
[{"$nulls":7},"31102409-Objetos de berilio fundidos por proceso en v"]
[{"$nulls":7},"31102410-Objetos de cobre fundidos por proceso en v"]
[{"$nulls":7},"31102411-Objetos de latón fundidos por proceso en v"]
[{"$nulls":7},"31102412-Objetos de bronce fundidos por proceso en v"]
[{"$nulls":7},"31102413-Objetos de zinc fundidos por proceso en v"]
[{"$nulls":7},"31102414-Objetos de estaño fundidos por proceso en v"]
[{"$nulls":7},"31102415-Objetos de plomo fundidos por proceso en v"]
[{"$nulls":7},"31102416-Objetos de metal precioso fundidos por proceso en v"]
[{"$nulls":7},"31111501-Extrusiones de perfiles de aluminio"]
[{"$nulls":7},"31111502-Extrusiones de perfiles de berilio"]
[{"$nulls":7},"31111503-Extrusiones de perfiles de latón"]
[{"$nulls":7},"31111504-Extrusiones de perfiles de bronce"]
[{"$nulls":7},"31111505-Extrusiones de perfiles de cobre"]
[{"$nulls":7},"31111506-Extrusiones de perfiles de aleación ferrosa"]
[{"$nulls":7},"31111507-Extrusiones de perfiles de plomo"]
[{"$nulls":7},"31111508-Extrusiones de perfiles de magnesio"]
[{"$nulls":7},"31111509-Extrusiones de perfiles de aleación no ferrosa"]
[{"$nulls":7},"31111510-Extrusiones de perfiles de plástico"]
[{"$nulls":7},"31111511-Extrusiones de perfiles de metal precioso"]
[{"$nulls":7},"31111512-Extrusiones de perfiles de caucho"]
[{"$nulls":7},"31111513-Extrusiones de perfiles de acero inoxidable"]
[{"$nulls":7},"31111514-Extrusiones de perfiles de acero"]
[{"$nulls":7},"31111515-Extrusiones de perfiles de estaño"]
[{"$nulls":7},"31111516-Extrusiones de perfiles de titanio"]
[{"$nulls":7},"31111517-Extrusiones de perfiles de zinc"]
[{"$nulls":7},"31111601-Extrusiones por impacto de aluminio"]
[{"$nulls":7},"31111602-Extrusiones por impacto de berilio"]
[{"$nulls":7},"31111603-Extrusiones por impacto de latón"]
[{"$nulls":7},"31111604-Extrusiones por impacto de bronce"]
[{"$nulls":7},"31111605-Extrusiones por impacto de cobre"]
[{"$nulls":7},"31111606-Extrusiones por impacto de aleación ferrosa"]
[{"$nulls":7},"31111607-Extrusiones por impacto de plomo"]
[{"$nulls":7},"31111608-Extrusiones por impacto de magnesio"]
[{"$nulls":7},"31111609-Extrusiones por impacto de aleación no ferrosa"]
[{"$nulls":7},"31111610-Extrusiones por impacto de plástico"]
[{"$nulls":7},"31111611-Extrusiones por impacto de metal precioso"]
[{"$nulls":7},"31111612-Extrusiones por impacto de caucho"]
[{"$nulls":7},"31111613-Extrusiones por impacto de acero inoxidable"]
[{"$nulls":7},"31111614-Extrusiones por impacto de acero"]
[{"$nulls":7},"31111615-Extrusiones por impacto de estaño"]
[{"$nulls":7},"31111616-Extrusiones por impacto de titanio"]
[{"$nulls":7},"31111617-Extrusiones por impacto de zinc"]
[{"$nulls":7},"31111701-Extrusiones en frío de aluminio"]
[{"$nulls":7},"31111702-Extrusiones en frío de berilio"]
[{"$nulls":7},"31111703-Extrusiones en frío de latón"]
[{"$nulls":7},"31111704-Extrusiones en frío de bronce"]
[{"$nulls":7},"31111705-Extrusiones en frío de cobre"]
[{"$nulls":7},"31111706-Extrusiones en frío de aleación ferrosa"]
[{"$nulls":7},"31111707-Extrusiones en frío de plomo"]
[{"$nulls":7},"31111708-Extrusiones en frío de magnesio"]
[{"$nulls":7},"31111709-Extrusiones en frío de aleación no ferrosa"]
[{"$nulls":7},"31111710-Extrusiones en frío de plástico"]
[{"$nulls":7},"31111711-Extrusiones en frío de metal precioso"]
[{"$nulls":7},"31111712-Extrusiones en frío de caucho"]
[{"$nulls":7},"31111713-Extrusiones en frío de acero inoxidable"]
[{"$nulls":7},"31111714-Extrusiones en frío de acero"]
[{"$nulls":7},"31111715-Extrusiones en frío de estaño"]
[{"$nulls":7},"31111716-Extrusiones en frío de titanio"]
[{"$nulls":7},"31111717-Extrusiones en frío de zinc"]
[{"$nulls":7},"31121001-Objetos fundidos maquinados por proceso v de aleaciones no ferrosas"]
[{"$nulls":7},"31121002-Objetos fundidos maquinados por proceso v de aleaciones ferrosas"]
[{"$nulls":7},"31121003-Objetos fundidos maquinados por proceso v de acero"]
[{"$nulls":7},"31121004-Objetos fundidos maquinados por proceso v de acero inoxidable"]
[{"$nulls":7},"31121005-Objetos fundidos maquinados por proceso v de hierro"]
[{"$nulls":7},"31121006-Objetos fundidos maquinados por proceso v de aluminio"]
[{"$nulls":7},"31121007-Objetos fundidos maquinados por proceso v de magnesio"]
[{"$nulls":7},"31121008-Objetos fundidos maquinados por proceso v de titanio"]
[{"$nulls":7},"31121009-Objetos fundidos maquinados por proceso v de berilio"]
[{"$nulls":7},"31121010-Objetos fundidos maquinados por proceso v de cobre"]
[{"$nulls":7},"31121011-Objetos fundidos maquinados por proceso v de latón"]
[{"$nulls":7},"31121012-Objetos fundidos maquinados por proceso v de bronce"]
[{"$nulls":7},"31121013-Objetos fundidos maquinados por proceso v de zinc"]
[{"$nulls":7},"31121014-Objetos fundidos maquinados por proceso v de estaño"]
[{"$nulls":7},"31121015-Objetos fundidos maquinados por proceso v de plomo"]
[{"$nulls":7},"31121016-Objetos fundidos maquinados por proceso v de metal precioso"]
[{"$nulls":7},"31121017-Objetos fundidos maquinados por proceso v de compuestos"]
[{"$nulls":7},"31121018-Objetos fundidos maquinados por proceso v de aleación de níquel"]
[{"$nulls":7},"31121019-Objetos fundidos maquinados por proceso v no metálico"]
[{"$nulls":7},"31121101-Objetos fundidos maquinados con troquel de aleaciones no ferrosas"]
[{"$nulls":7},"31121102-Objetos fundidos maquinados con troquel de aleaciones ferrosas"]
[{"$nulls":7},"31121103-Objetos fundidos maquinados con troquel de acero"]
[{"$nulls":7},"31121104-Objetos fundidos maquinados con troquel de acero inoxidable"]
[{"$nulls":7},"31121105-Objetos fundidos maquinados con troquel de hierro"]
[{"$nulls":7},"31121106-Objetos fundidos maquinados con troquel de aluminio"]
[{"$nulls":7},"31121107-Objetos fundidos maquinados con troquel de magnesio"]
[{"$nulls":7},"31121108-Objetos fundidos maquinados con troquel de titanio"]
[{"$nulls":7},"31121109-Objetos fundidos maquinados con troquel de berilio"]
[{"$nulls":7},"31121110-Objetos fundidos maquinados con troquel de cobre"]
[{"$nulls":7},"31121111-Objetos fundidos maquinados con troquel de latón"]
[{"$nulls":7},"31121112-Objetos fundidos maquinados con troquel de bronce"]
[{"$nulls":7},"31121113-Objetos fundidos maquinados con troquel de zinc"]
[{"$nulls":7},"31121114-Objetos fundidos maquinados con troquel de estaño"]
[{"$nulls":7},"31121115-Objetos fundidos maquinados con troquel de plomo"]
[{"$nulls":7},"31121116-Objetos fundidos maquinados con troquel de metal precioso"]
[{"$nulls":7},"31121117-Objetos fundidos maquinados con troquel de compuestos"]
[{"$nulls":7},"31121118-Objetos fundidos maquinados con troquel de aleación de níquel"]
[{"$nulls":7},"31121119-Objetos fundidos maquinados con troquel no metálico"]
[{"$nulls":7},"31121201-Objetos maquinados de aleación no ferrosa fundidos en arena"]
[{"$nulls":7},"31121202-Objetos maquinados de aleación ferrosa fundidos en arena"]
[{"$nulls":7},"31121203-Objetos maquinados de acero fundidos en arena"]
[{"$nulls":7},"31121204-Objetos maquinados de acero inoxidable fundidos en arena"]
[{"$nulls":7},"31121205-Objetos maquinados de hierro fundidos en arena"]
[{"$nulls":7},"31121206-Objetos maquinados de aluminio fundidos en arena"]
[{"$nulls":7},"31121207-Objetos maquinados de magnesio fundidos en arena"]
[{"$nulls":7},"31121208-Objetos maquinados de titanio fundidos en arena"]
[{"$nulls":7},"31121209-Objetos maquinados de berilio fundidos en arena"]
[{"$nulls":7},"31121210-Objetos maquinados de cobre fundidos en arena"]
[{"$nulls":7},"31121211-Objetos maquinados de latón fundidos en arena"]
[{"$nulls":7},"31121212-Objetos maquinados de bronce fundidos en arena"]
[{"$nulls":7},"31121213-Objetos maquinados de cinc fundidos en arena"]
[{"$nulls":7},"31121214-Objetos maquinados de estaño fundidos en arena"]
[{"$nulls":7},"31121215-Objetos maquinados de plomo fundidos en arena"]
[{"$nulls":7},"31121216-Objetos maquinados de metal precioso fundidos en arena"]
[{"$nulls":7},"31121217-Objetos maquinados de compuestos fundidos en arena"]
[{"$nulls":7},"31121218-Objetos maquinados de aleación de níquel fundidos en arena"]
[{"$nulls":7},"31121219-Objetos maquinados no metálicos fundidos en arena"]
[{"$nulls":7},"31121301-Objetos maquinados en molde permanente de aleación no ferrosa fundidos"]
[{"$nulls":7},"31121302-Objetos maquinados en molde permanente de aleación ferrosa fundidos"]
[{"$nulls":7},"31121303-Objetos maquinados en molde permanente de acero fundidos"]
[{"$nulls":7},"31121304-Objetos maquinados en molde permanente de acero inoxidable fundidos"]
[{"$nulls":7},"31121305-Objetos maquinados en molde permanente de hierro fundidos"]
[{"$nulls":7},"31121306-Objetos maquinados en molde permanente de aluminio fundidos"]
[{"$nulls":7},"31121307-Objetos maquinados en molde permanente de magnesio fundidos"]
[{"$nulls":7},"31121308-Objetos maquinados en molde permanente de titanio fundidos"]
[{"$nulls":7},"31121309-Objetos maquinados en molde permanente de berilio fundidos"]
[{"$nulls":7},"31121310-Objetos maquinados en molde permanente de cobre fundidos"]
[{"$nulls":7},"31121311-Objetos maquinados en molde permanente de latón fundidos"]
[{"$nulls":7},"31121312-Objetos maquinados en molde permanente de bronce fundidos"]
[{"$nulls":7},"31121313-Objetos maquinados en molde permanente de cinc fundidos"]
[{"$nulls":7},"31121314-Objetos maquinados en molde permanente de estaño fundidos"]
[{"$nulls":7},"31121315-Objetos maquinados en molde permanente de plomo fundidos"]
[{"$nulls":7},"31121316-Objetos maquinados en molde permanente de metal precioso fundidos"]
[{"$nulls":7},"31121317-Objetos maquinados en molde permanente de compuestos fundidos"]
[{"$nulls":7},"31121318-Objetos maquinados en molde permanente de aleación de níquel fundidos"]
[{"$nulls":7},"31121319-Objetos maquinados en molde permanente no metálicos fundidos"]
[{"$nulls":7},"31121401-Objetos maquinados de aleación no ferrosa fundidos en molde de yeso"]
[{"$nulls":7},"31121402-Objetos maquinados de aleación ferrosa fundidos en molde de yeso"]
[{"$nulls":7},"31121403-Objetos maquinados de acero fundidos en molde de yeso"]
[{"$nulls":7},"31121404-Objetos maquinados de acero inoxidable fundidos en molde de yeso"]
[{"$nulls":7},"31121405-Objetos maquinados de hierro fundidos en molde de yeso"]
[{"$nulls":7},"31121406-Objetos maquinados de aluminio fundidos en molde de yeso"]
[{"$nulls":7},"31121407-Objetos maquinados de magnesio fundidos en molde de yeso"]
[{"$nulls":7},"31121408-Objetos maquinados de titanio fundidos en molde de yeso"]
[{"$nulls":7},"31121409-Objetos maquinados de berilio fundidos en molde de yeso"]
[{"$nulls":7},"31121410-Objetos maquinados de cobre fundidos en molde de yeso"]
[{"$nulls":7},"31121411-Objetos maquinados de latón fundidos en molde de yeso"]
[{"$nulls":7},"31121412-Objetos maquinados de bronce fundidos en molde de yeso"]
[{"$nulls":7},"31121413-Objetos maquinados de cinc fundidos en molde de yeso"]
[{"$nulls":7},"31121414-Objetos maquinados de estaño fundidos en molde de yeso"]
[{"$nulls":7},"31121415-Objetos maquinados de plomo fundidos en molde de yeso"]
[{"$nulls":7},"31121416-Objetos maquinados de metal precioso fundidos en molde de yeso"]
[{"$nulls":7},"31121417-Objetos maquinados de compuestos fundidos en molde de yeso"]
[{"$nulls":7},"31121418-Objetos maquinados de aleación de níquel fundidos en molde de yeso"]
[{"$nulls":7},"31121419-Objetos maquinados no metálicos fundidos en molde de yeso"]
[{"$nulls":7},"31121501-Objetos maquinados de aleación no ferrosa fundidos en molde en concha"]
[{"$nulls":7},"31121502-Objetos maquinados de aleación ferrosa fundidos en molde en concha"]
[{"$nulls":7},"31121503-Objetos maquinados de acero fundidos en molde en concha"]
[{"$nulls":7},"31121504-Objetos maquinados de acero inoxidable fundidos en molde en concha"]
[{"$nulls":7},"31121505-Objetos maquinados de hierro fundidos en molde en concha"]
[{"$nulls":7},"31121506-Objetos maquinados de aluminio fundidos en molde en concha"]
[{"$nulls":7},"31121507-Objetos maquinados de magnesio fundidos en molde en concha"]
[{"$nulls":7},"31121508-Objetos maquinados de titanio fundidos en molde en concha"]
[{"$nulls":7},"31121509-Objetos maquinados de berilio fundidos en molde en concha"]
[{"$nulls":7},"31121510-Objetos maquinados de cobre fundidos en molde en concha"]
[{"$nulls":7},"31121511-Objetos maquinados de latón fundidos en molde en concha"]
[{"$nulls":7},"31121512-Objetos maquinados de bronce fundidos en molde en concha"]
[{"$nulls":7},"31121513-Objetos maquinados de cinc fundidos en molde en concha"]
[{"$nulls":7},"31121514-Objetos maquinados de estaño fundidos en molde en concha"]
[{"$nulls":7},"31121515-Objetos maquinados de plomo fundidos en molde en concha"]
[{"$nulls":7},"31121516-Objetos maquinados de metal precioso fundidos en molde en concha"]
[{"$nulls":7},"31121517-Objetos maquinados de compuestos fundidos en molde en concha"]
[{"$nulls":7},"31121518-Objetos maquinados de aleación de níquel fundidos en molde en concha"]
[{"$nulls":7},"31121519-Objetos maquinados no metálicos fundidos en molde en concha"]
[{"$nulls":7},"31121601-Objetos maquinados de aleación no ferrosa fundidos a la cera perdida"]
[{"$nulls":7},"31121602-Objetos maquinados de aleación ferrosa fundidos a la cera perdida"]
[{"$nulls":7},"31121603-Objetos maquinados de acero fundidos a la cera perdida"]
[{"$nulls":7},"31121604-Objetos maquinados de acero inoxidable fundidos a la cera perdida"]
[{"$nulls":7},"31121605-Objetos maquinados de hierro fundidos a la cera perdida"]
[{"$nulls":7},"31121606-Objetos maquinados de aluminio fundidos a la cera perdida"]
[{"$nulls":7},"31121607-Objetos maquinados de magnesio fundidos a la cera perdida"]
[{"$nulls":7},"31121608-Objetos maquinados de zinc fundidos a la cera perdida"]
[{"$nulls":7},"31121609-Objetos maquinados de estaño fundidos a la cera perdida"]
[{"$nulls":7},"31121610-Objetos maquinados de plomo fundidos a la cera perdida"]
[{"$nulls":7},"31121611-Objetos maquinados de metales preciosos fundidos a la cera perdida"]
[{"$nulls":7},"31121612-Objetos maquinados de titanio fundidos a la cera perdida"]
[{"$nulls":7},"31121613-Objetos maquinados compuestos fundidos a la cera perdida"]
[{"$nulls":7},"31121614-Objetos maquinados de aleación de níquel fundidos a la cera perdida"]
[{"$nulls":7},"31121615-Objetos maquinados no metálicos fundidos a la cera perdida"]
[{"$nulls":7},"31121701-Objetos maquinados centrifugados de aleación no ferrosa fundidos"]
[{"$nulls":7},"31121702-Objetos maquinados centrifugados de aleación ferrosa fundidos"]
[{"$nulls":7},"31121703-Objetos maquinados centrifugados de acero fundidos"]
[{"$nulls":7},"31121704-Objetos maquinados centrifugados de acero inoxidable fundidos"]
[{"$nulls":7},"31121705-Objetos maquinados centrifugados de hierro fundidos"]
[{"$nulls":7},"31121706-Objetos maquinados centrifugados de aluminio fundidos"]
[{"$nulls":7},"31121707-Objetos maquinados centrifugados de magnesio fundidos"]
[{"$nulls":7},"31121708-Objetos maquinados centrifugados de titanio fundidos"]
[{"$nulls":7},"31121709-Objetos maquinados centrifugados de berilio fundidos"]
[{"$nulls":7},"31121710-Objetos maquinados centrifugados de cobre fundidos"]
[{"$nulls":7},"31121711-Objetos maquinados centrifugados de latón fundidos"]
[{"$nulls":7},"31121712-Objetos maquinados centrifugados de bronce fundidos"]
[{"$nulls":7},"31121713-Objetos maquinados centrifugados de cinc fundidos"]
[{"$nulls":7},"31121714-Objetos maquinados centrifugados de estaño fundidos"]
[{"$nulls":7},"31121715-Objetos maquinados centrifugados de plomo fundidos"]
[{"$nulls":7},"31121716-Objetos maquinados centrifugados de metal precioso fundidos"]
[{"$nulls":7},"31121717-Objetos maquinados centrifugados de compuestos fundidos"]
[{"$nulls":7},"31121718-Objetos maquinados centrifugados de aleación de níquel fundidos"]
[{"$nulls":7},"31121719-Objetos maquinados centrifugados no metálicos fundidos"]
[{"$nulls":7},"31121801-Objetos maquinados de aleación no ferrosa fundidos en molde cerámico"]
[{"$nulls":7},"31121802-Objetos maquinados de aleación ferrosa fundidos en molde cerámico"]
[{"$nulls":7},"31121803-Objetos maquinados de acero fundidos en molde cerámico"]
[{"$nulls":7},"31121804-Objetos maquinados de acero inoxidable fundidos en molde cerámico"]
[{"$nulls":7},"31121805-Objetos maquinados de hierro fundidos en molde cerámico"]
[{"$nulls":7},"31121806-Objetos maquinados de aluminio fundidos en molde cerámico"]
[{"$nulls":7},"31121807-Objetos maquinados de magnesio fundidos en molde cerámico"]
[{"$nulls":7},"31121808-Objetos maquinados de titanio fundidos en molde cerámico"]
[{"$nulls":7},"31121809-Objetos maquinados de berilio fundidos en molde cerámico"]
[{"$nulls":7},"31121810-Objetos maquinados de cobre fundidos en molde cerámico"]
[{"$nulls":7},"31121811-Objetos maquinados de latón fundidos en molde cerámico"]
[{"$nulls":7},"31121812-Objetos maquinados de bronce fundidos en molde cerámico"]
[{"$nulls":7},"31121813-Objetos maquinados de cinc fundidos en molde cerámico"]
[{"$nulls":7},"31121814-Objetos maquinados de estaño fundidos en molde cerámico"]
[{"$nulls":7},"31121815-Objetos maquinados de plomo fundidos en molde cerámico"]
[{"$nulls":7},"31121816-Objetos maquinados de metal precioso fundidos en molde cerámico"]
[{"$nulls":7},"31121817-Objetos maquinados de compuestos fundidos en molde cerámico"]
[{"$nulls":7},"31121818-Objetos maquinados de aleación de níquel fundidos en molde cerámico"]
[{"$nulls":7},"31121819-Objetos maquinados no metálicos fundidos en molde cerámico"]
[{"$nulls":7},"31121901-Objetos maquinados de aleación no ferrosa fundidos en molde de grafito"]
[{"$nulls":7},"31121902-Objetos maquinados de aleación ferrosa fundidos en molde de grafito"]
[{"$nulls":7},"31121903-Objetos maquinados de acero fundidos en molde de grafito"]
[{"$nulls":7},"31121904-Objetos maquinados de acero inoxidable fundidos en molde de grafito"]
[{"$nulls":7},"31121905-Objetos maquinados de hierro fundidos en molde de grafito"]
[{"$nulls":7},"31121906-Objetos maquinados de aluminio fundidos en molde de grafito"]
[{"$nulls":7},"31121907-Objetos maquinados de magnesio fundidos en molde de grafito"]
[{"$nulls":7},"31121908-Objetos maquinados de titanio fundidos en molde de grafito"]
[{"$nulls":7},"31121909-Objetos maquinados de berilio fundidos en molde de grafito"]
[{"$nulls":7},"31121910-Objetos maquinados de cobre fundidos en molde de grafito"]
[{"$nulls":7},"31121911-Objetos maquinados de latón fundidos en molde de grafito"]
[{"$nulls":7},"31121912-Objetos maquinados de bronce fundidos en molde de grafito"]
[{"$nulls":7},"31121913-Objetos maquinados de cinc fundidos en molde de grafito"]
[{"$nulls":7},"31121914-Objetos maquinados de estaño fundidos en molde de grafito"]
[{"$nulls":7},"31121915-Objetos maquinados de plomo fundidos en molde de grafito"]
[{"$nulls":7},"31121916-Objetos maquinados de metal precioso fundidos en molde de grafito"]
[{"$nulls":7},"31121917-Objetos maquinados de compuestos fundidos en molde de grafito"]
[{"$nulls":7},"31121918-Objetos maquinados de aleación de níquel fundidos en molde de grafito"]
[{"$nulls":7},"31121919-Objetos maquinados no metálicos fundidos en molde de grafito"]
[{"$nulls":7},"31131501-Forjaduras en estampa abierta de aleación no ferrosa"]
[{"$nulls":7},"31131502-Forjaduras en estampa abierta de aleación ferrosa"]
[{"$nulls":7},"31131503-Forjaduras en estampa abierta de acero"]
[{"$nulls":7},"31131504-Forjaduras en estampa abierta de acero inoxidable"]
[{"$nulls":7},"31131505-Forjaduras en estampa abierta de hierro"]
[{"$nulls":7},"31131506-Forjaduras en estampa abierta de aluminio"]
[{"$nulls":7},"31131507-Forjaduras en estampa abierta de magnesio"]
[{"$nulls":7},"31131508-Forjaduras en estampa abierta de titanio"]
[{"$nulls":7},"31131509-Forjaduras en estampa abierta de berilio"]
[{"$nulls":7},"31131510-Forjaduras en estampa abierta de cobre"]
[{"$nulls":7},"31131511-Forjaduras en estampa abierta de latón"]
[{"$nulls":7},"31131512-Forjaduras en estampa abierta de bronce"]
[{"$nulls":7},"31131513-Forjaduras en estampa abierta de cinc"]
[{"$nulls":7},"31131514-Forjaduras en estampa abierta de estaño"]
[{"$nulls":7},"31131515-Forjaduras en estampa abierta de plomo"]
[{"$nulls":7},"31131516-Forjaduras en estampa abierta de metal precioso"]
[{"$nulls":7},"31131601-Forjaduras en estampa cerrada de aleación no ferrosa"]
[{"$nulls":7},"31131602-Forjaduras en estampa cerrada de aleación ferrosa"]
[{"$nulls":7},"31131603-Forjaduras en estampa cerrada de acero"]
[{"$nulls":7},"31131604-Forjaduras en estampa cerrada de acero inoxidable"]
[{"$nulls":7},"31131605-Forjaduras en estampa cerrada de hierro"]
[{"$nulls":7},"31131606-Forjaduras en estampa cerrada de aluminio"]
[{"$nulls":7},"31131607-Forjaduras en estampa cerrada de magnesio"]
[{"$nulls":7},"31131608-Forjaduras en estampa cerrada de titanio"]
[{"$nulls":7},"31131609-Forjaduras en estampa cerrada de berilio"]
[{"$nulls":7},"31131610-Forjaduras en estampa cerrada de cobre"]
[{"$nulls":7},"31131611-Forjaduras en estampa cerrada de latón"]
[{"$nulls":7},"31131612-Forjaduras en estampa cerrada de bronce"]
[{"$nulls":7},"31131613-Forjaduras en estampa cerrada de cinc"]
[{"$nulls":7},"31131614-Forjaduras en estampa cerrada de estaño"]
[{"$nulls":7},"31131615-Forjaduras en estampa cerrada de plomo"]
[{"$nulls":7},"31131616-Forjaduras en estampa cerrada de metal precioso"]
[{"$nulls":7},"31131701-Forjaduras en estampa de impresión de aleación no ferrosa"]
[{"$nulls":7},"31131702-Forjaduras en estampa de impresión de aleación ferrosa"]
[{"$nulls":7},"31131703-Forjaduras en estampa de impresión de acero"]
[{"$nulls":7},"31131704-Forjaduras en estampa de impresión de acero inoxidable"]
[{"$nulls":7},"31131705-Forjaduras en estampa de impresión de hierro"]
[{"$nulls":7},"31131706-Forjaduras en estampa de impresión de aluminio"]
[{"$nulls":7},"31131707-Forjaduras en estampa de impresión de magnesio"]
[{"$nulls":7},"31131708-Forjaduras en estampa de impresión de titanio"]
[{"$nulls":7},"31131709-Forjaduras en estampa de impresión de berilio"]
[{"$nulls":7},"31131710-Forjaduras en estampa de impresión de cobre"]
[{"$nulls":7},"31131711-Forjaduras en estampa de impresión de latón"]
[{"$nulls":7},"31131712-Forjaduras en estampa de impresión de bronce"]
[{"$nulls":7},"31131713-Forjaduras en estampa de impresión de cinc"]
[{"$nulls":7},"31131714-Forjaduras en estampa de impresión de estaño"]
[{"$nulls":7},"31131715-Forjaduras en estampa de impresión de plomo"]
[{"$nulls":7},"31131716-Forjaduras en estampa de impresión de metal precioso"]
[{"$nulls":7},"31131801-Piezas de aleación no ferrosa forjadas a martinete"]
[{"$nulls":7},"31131802-Piezas de cinc forjadas a martinete"]
[{"$nulls":7},"31131803-Piezas de aleación ferrosa forjadas a martinete"]
[{"$nulls":7},"31131804-Piezas de estaño forjadas a martinete"]
[{"$nulls":7},"31131805-Piezas de plomo forjadas a martinete"]
[{"$nulls":7},"31131806-Piezas de acero forjadas a martinete"]
[{"$nulls":7},"31131807-Piezas de metal precioso forjadas a martinete"]
[{"$nulls":7},"31131808-Piezas de acero inoxidable forjadas a martinete"]
[{"$nulls":7},"31131809-Piezas de hierro forjadas a martinete"]
[{"$nulls":7},"31131810-Piezas de aluminio forjadas a martinete"]
[{"$nulls":7},"31131811-Piezas de magnesio forjadas a martinete"]
[{"$nulls":7},"31131812-Piezas de titanio forjadas a martinete"]
[{"$nulls":7},"31131813-Piezas de berilio forjadas a martinete"]
[{"$nulls":7},"31131814-Piezas de cobre forjadas a martinete"]
[{"$nulls":7},"31131815-Piezas de latón forjadas a martinete"]
[{"$nulls":7},"31131816-Piezas de bronce forjadas a martinete"]
[{"$nulls":7},"31131817-Forjado por golpe de troquel de acero en frío"]
[{"$nulls":7},"31131818-Forjado por golpe de troquel de semi acabados"]
[{"$nulls":7},"31131901-Forjaduras anulares laminadas de aluminio"]
[{"$nulls":7},"31131902-Forjaduras anulares laminadas de berilio"]
[{"$nulls":7},"31131903-Forjaduras anulares laminadas de latón"]
[{"$nulls":7},"31131904-Forjaduras anulares laminadas de bronce"]
[{"$nulls":7},"31131905-Forjaduras anulares laminadas de cobre"]
[{"$nulls":7},"31131906-Forjaduras anulares laminadas de hierro"]
[{"$nulls":7},"31131907-Forjaduras anulares laminadas de plomo"]
[{"$nulls":7},"31131908-Forjaduras anulares laminadas de magnesio"]
[{"$nulls":7},"31131909-Forjaduras anulares laminadas de metal precioso"]
[{"$nulls":7},"31131910-Forjaduras anulares laminadas de acero inoxidable"]
[{"$nulls":7},"31131911-Forjaduras anulares laminadas de estaño"]
[{"$nulls":7},"31131912-Forjaduras anulares laminadas de titanio"]
[{"$nulls":7},"31131913-Forjaduras anulares laminadas de cinc"]
[{"$nulls":7},"31131914-Forjaduras anulares laminadas de aleación no ferrosa"]
[{"$nulls":7},"31131915-Forjaduras anulares laminadas de aleación ferrosa"]
[{"$nulls":7},"31131916-Forjaduras anulares laminadas de acero"]
[{"$nulls":7},"31132001-Componentes de metal ferroso pulverizado"]
[{"$nulls":7},"31132002-Partes de metal no ferroso pulverizado"]
[{"$nulls":7},"31141501-Molduras por inyección de plástico"]
[{"$nulls":7},"31141502-Molduras por inyección de caucho"]
[{"$nulls":7},"31141503-Molduras por inyección de vidrio"]
[{"$nulls":7},"31141601-Molduras al vacío de plástico"]
[{"$nulls":7},"31141602-Molduras al vacío de caucho"]
[{"$nulls":7},"31141603-Molduras al vacío de vidrio"]
[{"$nulls":7},"31141701-Moldeados plásticos por inyección de aire"]
[{"$nulls":7},"31141702-Moldeados de caucho por inyección de aire"]
[{"$nulls":7},"31141801-Moldeados de inyección de reacción de plástico"]
[{"$nulls":7},"31141802-Moldeados de inyección de reacción de caucho"]
[{"$nulls":7},"31151501-Cuerda de algodón"]
[{"$nulls":7},"31151502-Cuerda de poliéster"]
[{"$nulls":7},"31151503-Cuerda de polipropileno"]
[{"$nulls":7},"31151504-Cuerda de nylon"]
[{"$nulls":7},"31151505-Cable de acero"]
[{"$nulls":7},"31151506-Cuerda de cáñamo"]
[{"$nulls":7},"31151507-Cuerda o pita"]
[{"$nulls":7},"31151508-Cabuya"]
[{"$nulls":7},"31151509-Cuerda de caucho"]
[{"$nulls":7},"31151601-Cadenas de seguridad"]
[{"$nulls":7},"31151603-Cadenas de rodillos"]
[{"$nulls":7},"31151604-Cadenas resistentes de bobina"]
[{"$nulls":7},"31151605-Cadenas de banda"]
[{"$nulls":7},"31151606-Cadena \"jack\""]
[{"$nulls":7},"31151607-Cadenas corrientes"]
[{"$nulls":7},"31151608-Cadenas de bola"]
[{"$nulls":7},"31151609-Eslabones de cadena"]
[{"$nulls":7},"31151702-Cables de control no eléctrico"]
[{"$nulls":7},"31151703-Cables elevadores"]
[{"$nulls":7},"31151704-Cable-vías"]
[{"$nulls":7},"31151705-Cable de acero no eléctrico"]
[{"$nulls":7},"31151706-Cable de cobre no eléctrico"]
[{"$nulls":7},"31151707-Cable de aluminio no eléctrico"]
[{"$nulls":7},"31151803-Cuerda de acero para piano"]
[{"$nulls":7},"31151804-Alambre de grapa"]
[{"$nulls":7},"31151901-Correas de metal"]
[{"$nulls":7},"31151902-Correas de cuero"]
[{"$nulls":7},"31151903-Correas de fibra"]
[{"$nulls":7},"31151904-Correas plásticas"]
[{"$nulls":7},"31151905-Correas de caucho"]
[{"$nulls":7},"31152001-Alambre de navaja"]
[{"$nulls":7},"31152002-Alambre de púas"]
[{"$nulls":7},"31161501-Tornillos de perno"]
[{"$nulls":7},"31161502-Tornillos de anclaje"]
[{"$nulls":7},"31161503-Clavo-tornillo"]
[{"$nulls":7},"31161504-Tornillos de máquina"]
[{"$nulls":7},"31161505-Tornillos de presión"]
[{"$nulls":7},"31161506-Tornillos para lámina metálica"]
[{"$nulls":7},"31161507-Tornillos roscadores"]
[{"$nulls":7},"31161508-Tornillos de rosca para madera"]
[{"$nulls":7},"31161509-Tornillos para drywall"]
[{"$nulls":7},"31161510-Tornillo cautivo"]
[{"$nulls":7},"31161511-Tornillos de apriete"]
[{"$nulls":7},"31161512-Tornillos de rosca para laminados"]
[{"$nulls":7},"31161513-Tornillos de cabeza perdida"]
[{"$nulls":7},"31161514-Tornillos de soldadura"]
[{"$nulls":7},"31161516-Tornillo de orejas"]
[{"$nulls":7},"31161517-Tornillo de hombros"]
[{"$nulls":7},"31161518-Tornillo de enchufe"]
[{"$nulls":7},"31161601-Pernos de anclaje"]
[{"$nulls":7},"31161602-Pernos ciegos"]
[{"$nulls":7},"31161603-Pernos de carruaje"]
[{"$nulls":7},"31161604-Pernos de horquilla"]
[{"$nulls":7},"31161605-Pernos de cilindro"]
[{"$nulls":7},"31161606-Cerrojos de puerta"]
[{"$nulls":7},"31161607-Pernos de expansión"]
[{"$nulls":7},"31161608-Tirafondos"]
[{"$nulls":7},"31161609-Tornillo de fiador"]
[{"$nulls":7},"31161610-Pernos de ojo"]
[{"$nulls":7},"31161611-Pernos de sujeción"]
[{"$nulls":7},"31161612-Pernos de espiga o de reborde"]
[{"$nulls":7},"31161613-Pernos de tensión"]
[{"$nulls":7},"31161614-Pernos estructurales"]
[{"$nulls":7},"31161616-Pernos en u"]
[{"$nulls":7},"31161617-Pernos de ala"]
[{"$nulls":7},"31161618-Varilla roscada"]
[{"$nulls":7},"31161619-Pernos prisioneros"]
[{"$nulls":7},"31161620-Pernos de cabeza hexagonal"]
[{"$nulls":7},"31161621-Pernos elevadores"]
[{"$nulls":7},"31161701-Tuercas de anclaje"]
[{"$nulls":7},"31161702-Tuercas de rodamiento"]
[{"$nulls":7},"31161703-Tuercas ciegas"]
[{"$nulls":7},"31161704-Tuercas de cañón"]
[{"$nulls":7},"31161705-Tuerca tapa"]
[{"$nulls":7},"31161706-Tuercas cautivas"]
[{"$nulls":7},"31161707-Tuercas almenadas"]
[{"$nulls":7},"31161708-Tuercas de canal"]
[{"$nulls":7},"31161709-Tuercas sujetadoras"]
[{"$nulls":7},"31161710-Tuercas de expansión"]
[{"$nulls":7},"31161711-Tuercas de ojo"]
[{"$nulls":7},"31161712-Tuercas de brida"]
[{"$nulls":7},"31161713-Tuercas de manguera"]
[{"$nulls":7},"31161714-Tuercas de inserción"]
[{"$nulls":7},"31161716-Contratuercas"]
[{"$nulls":7},"31161717-Tuercas de aletas"]
[{"$nulls":7},"31161718-Tuercas de fiador"]
[{"$nulls":7},"31161719-Tuercas giratorias"]
[{"$nulls":7},"31161720-Tuercas limitadoras"]
[{"$nulls":7},"31161721-Tuercas de resorte"]
[{"$nulls":7},"31161722-Tuercas de unión"]
[{"$nulls":7},"31161723-Tuercas de placa con rosca"]
[{"$nulls":7},"31161724-Tuercas de prensa"]
[{"$nulls":7},"31161725-Tuercas abrazaderas"]
[{"$nulls":7},"31161726-Tuercas domo"]
[{"$nulls":7},"31161727-Tuercas hexagonales"]
[{"$nulls":7},"31161728-Tuercas de acople"]
[{"$nulls":7},"31161729-Tuercas estriadas"]
[{"$nulls":7},"31161730-Tuercas cuadradas"]
[{"$nulls":7},"31161731-Tuercas soldables"]
[{"$nulls":7},"31161801-Arandelas de seguridad"]
[{"$nulls":7},"31161802-Arandelas achaflanadas"]
[{"$nulls":7},"31161803-Arandelas de fijación"]
[{"$nulls":7},"31161804-Arandelas curvas"]
[{"$nulls":7},"31161805-Arandelas aislantes eléctricas"]
[{"$nulls":7},"31161806-Arandelas de acabado"]
[{"$nulls":7},"31161807-Arandelas planas"]
[{"$nulls":7},"31161808-Arandelas abiertas"]
[{"$nulls":7},"31161809-Arandelas reductoras"]
[{"$nulls":7},"31161810-Arandelas de separación"]
[{"$nulls":7},"31161811-Arandelas de resorte"]
[{"$nulls":7},"31161812-Arandelas cuadradas"]
[{"$nulls":7},"31161813-Arandelas giratorias"]
[{"$nulls":7},"31161814-Arandelas de empuje"]
[{"$nulls":7},"31161815-Arandelas de tope"]
[{"$nulls":7},"31161816-Espaciadores y separadores"]
[{"$nulls":7},"31161817-Arandelas cónicas"]
[{"$nulls":7},"31161818-Arandelas de sellado"]
[{"$nulls":7},"31161819-Juegos de arandelas"]
[{"$nulls":7},"31161820-Arandelas en domo o esféricas"]
[{"$nulls":7},"31161901-Muelles helicoidales"]
[{"$nulls":7},"31161902-Muelles"]
[{"$nulls":7},"31161903-Muelles espirales"]
[{"$nulls":7},"31161904-Resortes de compresión"]
[{"$nulls":7},"31161905-Resortes para estampas"]
[{"$nulls":7},"31161906-Muelles de disco"]
[{"$nulls":7},"31161907-Muelles de extensión"]
[{"$nulls":7},"31161908-Muelles de torsión"]
[{"$nulls":7},"31162001-Chinches"]
[{"$nulls":7},"31162002-Clavos de sombrerete"]
[{"$nulls":7},"31162003-Clavos de acabado"]
[{"$nulls":7},"31162004-Clavos de mampostería"]
[{"$nulls":7},"31162005-Clavos para tejados"]
[{"$nulls":7},"31162006-Clavos de alambre"]
[{"$nulls":7},"31162007-Clavos de tapicería"]
[{"$nulls":7},"31162008-Pasadores de arrastre"]
[{"$nulls":7},"31162101-Anclajes de concreto"]
[{"$nulls":7},"31162102-Anclajes de cuña"]
[{"$nulls":7},"31162103-Anclajes de pared"]
[{"$nulls":7},"31162104-Anclajes de tornillo"]
[{"$nulls":7},"31162105-Anclajes de resina"]
[{"$nulls":7},"31162106-Anclaje de tubería"]
[{"$nulls":7},"31162107-Anclajes de expansión de clavo"]
[{"$nulls":7},"31162108-Anclajes de amarre"]
[{"$nulls":7},"31162201-Remaches ciegos"]
[{"$nulls":7},"31162202-Remaches de corona"]
[{"$nulls":7},"31162203-Remaches de cabeza plana"]
[{"$nulls":7},"31162204-Remaches completos"]
[{"$nulls":7},"31162205-Remaches de trinquetes"]
[{"$nulls":7},"31162206-Remaches de estañador"]
[{"$nulls":7},"31162207-Remaches de compresión"]
[{"$nulls":7},"31162208-Remaches de tonelero"]
[{"$nulls":7},"31162209-Remaches de botón"]
[{"$nulls":7},"31162210-Remaches articulados"]
[{"$nulls":7},"31162301-Perfiles de montaje"]
[{"$nulls":7},"31162303-Barras de montaje"]
[{"$nulls":7},"31162304-Regletas de montaje"]
[{"$nulls":7},"31162305-Abrazaderas de montaje"]
[{"$nulls":7},"31162306-Soportes colgantes de montaje"]
[{"$nulls":7},"31162307-Placas de montaje"]
[{"$nulls":7},"31162308-Paneles de montaje"]
[{"$nulls":7},"31162309-Estantes de montaje"]
[{"$nulls":7},"31162310-Correas de montaje"]
[{"$nulls":7},"31162311-Bujes de pared"]
[{"$nulls":7},"31162312-Pasadores de montaje"]
[{"$nulls":7},"31162313-Kits de montaje"]
[{"$nulls":7},"31162401-Aros interiores"]
[{"$nulls":7},"31162402-Cerraduras"]
[{"$nulls":7},"31162403-Goznes o bisagras"]
[{"$nulls":7},"31162404-Grapas"]
[{"$nulls":7},"31162405-Tensores"]
[{"$nulls":7},"31162406-Cierres para zunchado"]
[{"$nulls":7},"31162407-Pestillo"]
[{"$nulls":7},"31162409-Pasador de horquilla"]
[{"$nulls":7},"31162410-Pasadores estriados"]
[{"$nulls":7},"31162411-Anillos elásticos"]
[{"$nulls":7},"31162412-Horquilla"]
[{"$nulls":7},"31162413-Cierre de presión"]
[{"$nulls":7},"31162414-Abrazadera"]
[{"$nulls":7},"31162415-Uñeta"]
[{"$nulls":7},"31162416-Pasadores de conexión o acoplamiento"]
[{"$nulls":7},"31162417-Pasadores de alineación"]
[{"$nulls":7},"31162418-Ataduras de torsión"]
[{"$nulls":7},"31162501-Soportes para estanterías"]
[{"$nulls":7},"31162502-Soportes en escuadra"]
[{"$nulls":7},"31162503-Puntales"]
[{"$nulls":7},"31162504-Soportes para accesorios eléctricos"]
[{"$nulls":7},"31162505-Soportes de montaje magnético"]
[{"$nulls":7},"31162506-Soporte de pared"]
[{"$nulls":7},"31162507-Soportes de piñón"]
[{"$nulls":7},"31162601-Ganchos giratorios"]
[{"$nulls":7},"31162602-Ganchos de resorte"]
[{"$nulls":7},"31162603-Ganchos en s"]
[{"$nulls":7},"31162604-Ganchos de seguridad"]
[{"$nulls":7},"31162605-Ganchos de suspensión"]
[{"$nulls":7},"31162606-Ganchos en j"]
[{"$nulls":7},"31162607-Ganchos de alambre para riostras"]
[{"$nulls":7},"31162608-Ganchos de grúa"]
[{"$nulls":7},"31162609-Ganchos de atornillar"]
[{"$nulls":7},"31162610-Ganchos de tablero"]
[{"$nulls":7},"31162611-Gancho de deslizamiento"]
[{"$nulls":7},"31162701-Ruedas para muebles"]
[{"$nulls":7},"31162702-Ruedas"]
[{"$nulls":7},"31162703-Deslizadoras"]
[{"$nulls":7},"31162704-Puntas de rodillo"]
[{"$nulls":7},"31162801-Chapas o pomos"]
[{"$nulls":7},"31162802-Insertos"]
[{"$nulls":7},"31162803-Grilletes"]
[{"$nulls":7},"31162804-Topes de puerta"]
[{"$nulls":7},"31162805-Cable dedal"]
[{"$nulls":7},"31162806-Cubiertas de tornillos"]
[{"$nulls":7},"31162807-Palancas"]
[{"$nulls":7},"31162808-Barras de pánico"]
[{"$nulls":7},"31162809-Pasadores posicionadores"]
[{"$nulls":7},"31162810-Empalmes o placas de unión"]
[{"$nulls":7},"31162811-Collar del eje"]
[{"$nulls":7},"31162901-Abrazaderas de espiga"]
[{"$nulls":7},"31162902-Abrazaderas de resorte"]
[{"$nulls":7},"31162903-Abrazaderas de tornillo"]
[{"$nulls":7},"31162904-Abrazadera de cable metálico"]
[{"$nulls":7},"31162905-Abrazadera para viga doble t"]
[{"$nulls":7},"31162906-Abrazaderas de manguera o tubo"]
[{"$nulls":7},"31163001-Acoples elastoméricos"]
[{"$nulls":7},"31163002-Acoples por engranaje"]
[{"$nulls":7},"31163003-Acoples metálicos"]
[{"$nulls":7},"31163004-Acoples en miniatura"]
[{"$nulls":7},"31163005-Manguitos de acoplamiento"]
[{"$nulls":7},"31163101-Desconectores rápidos"]
[{"$nulls":7},"31163102-Férula"]
[{"$nulls":7},"31163103-Conector de remolque"]
[{"$nulls":7},"31163201-Pasadores de resorte"]
[{"$nulls":7},"31163202-Anillos de retención"]
[{"$nulls":7},"31163203-Pasador de espiga"]
[{"$nulls":7},"31163204-Pasador de horquilla"]
[{"$nulls":7},"31163205-Pasadores de cono"]
[{"$nulls":7},"31163207-Horquillas de eje o de disco"]
[{"$nulls":7},"31163208-Bloquecillo"]
[{"$nulls":7},"31163209-Soportes o retenes del rodamiento"]
[{"$nulls":7},"31163210-Collares de retención"]
[{"$nulls":7},"31163211-Grapas de retención"]
[{"$nulls":7},"31163212-Pasadores roscados"]
[{"$nulls":7},"31163213-Pasadores de pivote"]
[{"$nulls":7},"31163214-Pasadores de deslizamiento"]
[{"$nulls":7},"31163215-Pasadores estriados"]
[{"$nulls":7},"31163301-Montante de dos extremos"]
[{"$nulls":7},"31171501-Rodamientos embridados"]
[{"$nulls":7},"31171502-Rodamientos radiales"]
[{"$nulls":7},"31171503-Rodamientos de rueda"]
[{"$nulls":7},"31171504-Rodamientos de balineras"]
[{"$nulls":7},"31171505-Rodamientos de rodillos"]
[{"$nulls":7},"31171506-Rodamientos lineales"]
[{"$nulls":7},"31171507-Rodamientos de empuje"]
[{"$nulls":7},"31171508-Rodamientos de cabeza de biela"]
[{"$nulls":7},"31171509-Rodamientos de manguito interior"]
[{"$nulls":7},"31171510-Rodamientos esféricos"]
[{"$nulls":7},"31171511-Soportes de cojinetes"]
[{"$nulls":7},"31171512-Rodamiento de agujas"]
[{"$nulls":7},"31171513-Rodamientos colgaderos"]
[{"$nulls":7},"31171515-Rodamientos simples"]
[{"$nulls":7},"31171516-Rodamientos cónicos"]
[{"$nulls":7},"31171518-Jaula de rodamiento"]
[{"$nulls":7},"31171519-Carcasas o pedestales de rodamientos"]
[{"$nulls":7},"31171520-Muñones de rodamientos"]
[{"$nulls":7},"31171521-Bolas o rodillos de cojinete"]
[{"$nulls":7},"31171522-Rodamientos magnéticos"]
[{"$nulls":7},"31171523-Rodamientos neumáticos"]
[{"$nulls":7},"31171524-Tapas de rodamientos"]
[{"$nulls":7},"31171525-Revestimientos de rodamiento"]
[{"$nulls":7},"31171526-Almohadillas de rodamiento"]
[{"$nulls":7},"31171527-Conos de rodamiento"]
[{"$nulls":7},"31171528-Rodamiento partido"]
[{"$nulls":7},"31171529-Sombreretes de rodamiento"]
[{"$nulls":7},"31171603-Bujes de taladro"]
[{"$nulls":7},"31171604-Bujes pilotos"]
[{"$nulls":7},"31171605-Bujes de eje"]
[{"$nulls":7},"31171606-Bujes de brida"]
[{"$nulls":7},"31171704-Engranajes de fricción"]
[{"$nulls":7},"31171706-Engranajes cónicos"]
[{"$nulls":7},"31171707-Engranajes rectos"]
[{"$nulls":7},"31171708-Engranajes biselados"]
[{"$nulls":7},"31171709-Engranajes cremallera"]
[{"$nulls":7},"31171710-Engranajes piñón"]
[{"$nulls":7},"31171711-Engranajes de anillo"]
[{"$nulls":7},"31171712-Engranajes de tornillo sin fin"]
[{"$nulls":7},"31171713-Engranajes laterales"]
[{"$nulls":7},"31171714-Engranajes helicoidales"]
[{"$nulls":7},"31171801-Ruedas dentadas"]
[{"$nulls":7},"31171802-Ruedas motrices"]
[{"$nulls":7},"31171803-Rueda voladora"]
[{"$nulls":7},"31171804-Poleas"]
[{"$nulls":7},"31171805-Cepillos de rueda"]
[{"$nulls":7},"31171806-Ruedas de rodillos"]
[{"$nulls":7},"31171901-Ruedas dentadas para cadena de rodillos"]
[{"$nulls":7},"31181501-Juntas obturadoras plásticas"]
[{"$nulls":7},"31181502-Juntas obturadoras de caucho"]
[{"$nulls":7},"31181503-Juntas obturadoras de metal"]
[{"$nulls":7},"31181504-Juntas obturadoras textiles"]
[{"$nulls":7},"31181505-Juntas obturadoras de corcho"]
[{"$nulls":7},"31181506-Juntas teóricas"]
[{"$nulls":7},"31181507-Juntas de interferencia electromagnética (IEM)"]
[{"$nulls":7},"31181508-Juntas bulonadas"]
[{"$nulls":7},"31181509-Equipos de cubrejuntas"]
[{"$nulls":7},"31181510-Juntas de silicona"]
[{"$nulls":7},"31181511-Juntas líquidas"]
[{"$nulls":7},"31181512-Juntas de fibra comprimida"]
[{"$nulls":7},"31181601-Sellos de plástico"]
[{"$nulls":7},"31181602-Sellos de caucho"]
[{"$nulls":7},"31181603-Sellos metálicos"]
[{"$nulls":7},"31181604-Sello mecánico"]
[{"$nulls":7},"31181605-Sellos de diafragma"]
[{"$nulls":7},"31181606-Juegos de sellos"]
[{"$nulls":7},"31181607-Manguitos de mástil"]
[{"$nulls":7},"31181701-Empaques"]
[{"$nulls":7},"31181702-Prensaestopas"]
[{"$nulls":7},"31181703-Deflectores de aceite"]
[{"$nulls":7},"31191501-Papeles abrasivos"]
[{"$nulls":7},"31191502-Pulidor"]
[{"$nulls":7},"31191504-Telas abrasivas"]
[{"$nulls":7},"31191505-Almohadillas abrasivas"]
[{"$nulls":7},"31191506-Discos abrasivos"]
[{"$nulls":7},"31191507-Cintas abrasivas"]
[{"$nulls":7},"31191508-Polvo de diamante"]
[{"$nulls":7},"31191509-Pulidores abrasivos"]
[{"$nulls":7},"31191510-Piedras abrasivas"]
[{"$nulls":7},"31191511-Virutas de acero"]
[{"$nulls":7},"31191512-Chorro de balines o perdigones"]
[{"$nulls":7},"31191513-Cuentas de vidrio"]
[{"$nulls":7},"31191514-Medio amortiguador"]
[{"$nulls":7},"31191515-Malla abrasiva"]
[{"$nulls":7},"31191516-Rollos de cartucho abrasivo"]
[{"$nulls":7},"31191517-Planchas de esmeril"]
[{"$nulls":7},"31191518-Carburo de tungsteno"]
[{"$nulls":7},"31191519-Tambores abrasivos"]
[{"$nulls":7},"31191601-Ruedas abrasivas cúbicas de nitrato borozon"]
[{"$nulls":7},"31191602-Ruedas abrasivas de diamante"]
[{"$nulls":7},"31191603-Ruedas abrasivas de carburo de tungsteno"]
[{"$nulls":7},"31201501-Cinta de ductos"]
[{"$nulls":7},"31201502-Cinta aislante eléctrica"]
[{"$nulls":7},"31201503-Cinta de enmascarar"]
[{"$nulls":7},"31201504-Cinta para alfombras"]
[{"$nulls":7},"31201505-Cinta doble faz"]
[{"$nulls":7},"31201506-Cinta de bísmalemida"]
[{"$nulls":7},"31201507-Cinta de fibra de vidrio"]
[{"$nulls":7},"31201508-Cinta de grafito"]
[{"$nulls":7},"31201509-Cinta de nylon"]
[{"$nulls":7},"31201510-Cinta impregnada de resina"]
[{"$nulls":7},"31201511-Cinta de malla metálica"]
[{"$nulls":7},"31201512-Cinta transparente"]
[{"$nulls":7},"31201513-Cintas antideslizantes de seguridad"]
[{"$nulls":7},"31201514-Cinta de sellado de hilo de poli tetrafluoretileno (ptfe)"]
[{"$nulls":7},"31201515-Cintas de papel"]
[{"$nulls":7},"31201516-Cinta reflectiva"]
[{"$nulls":7},"31201517-Cinta para empaquetar"]
[{"$nulls":7},"31201518-Cinta conductora de electricidad"]
[{"$nulls":7},"31201519-Cinta para reparar tubería o manguera"]
[{"$nulls":7},"31201520-Cinta para marcar los pasillos"]
[{"$nulls":7},"31201521-Cinta metálica"]
[{"$nulls":7},"31201522-Cinta de transferencia adhesiva"]
[{"$nulls":7},"31201523-Cinta de tela"]
[{"$nulls":7},"31201524-Cinta para codificación de color"]
[{"$nulls":7},"31201525-Cinta de vinilo"]
[{"$nulls":7},"31201526-Cinta magnética"]
[{"$nulls":7},"31201527-Cintas de espuma"]
[{"$nulls":7},"31201528-Cinta de montaje"]
[{"$nulls":7},"31201601-Adhesivos químicos"]
[{"$nulls":7},"31201602-Pastas"]
[{"$nulls":7},"31201603-Gomas"]
[{"$nulls":7},"31201604-Cementos de caucho"]
[{"$nulls":7},"31201605-Masillas"]
[{"$nulls":7},"31201606-Calafateos"]
[{"$nulls":7},"31201607-Aglomerante epoxy"]
[{"$nulls":7},"31201608-Adhesivos de espuma"]
[{"$nulls":7},"31201609-Adhesivos de termo impregnación"]
[{"$nulls":7},"31201610-Pegamentos"]
[{"$nulls":7},"31201611-Adhesivos de lámina"]
[{"$nulls":7},"31201612-Selladores de rosca"]
[{"$nulls":7},"31201613-Adhesivo reusable"]
[{"$nulls":7},"31201614-Lacre"]
[{"$nulls":7},"31201615-Activadores del adhesivo"]
[{"$nulls":7},"31201616-Adhesivos líquidos"]
[{"$nulls":7},"31201617-Cementos disolventes"]
[{"$nulls":7},"31211501-Pinturas de esmalte"]
[{"$nulls":7},"31211502-Pinturas de agua"]
[{"$nulls":7},"31211503-Pinturas basadas en pigmentos"]
[{"$nulls":7},"31211504-Pinturas de revestimiento"]
[{"$nulls":7},"31211505-Pinturas de aceite"]
[{"$nulls":7},"31211506-Pinturas de látex"]
[{"$nulls":7},"31211507-Pinturas en aerosol"]
[{"$nulls":7},"31211508-Pinturas acrílicas"]
[{"$nulls":7},"31211509-Bases para esmalte"]
[{"$nulls":7},"31211510-Bases de poliuretano"]
[{"$nulls":7},"31211511-Bases de uretano"]
[{"$nulls":7},"31211512-Bases de látex"]
[{"$nulls":7},"31211601-Lechada de cal con cola para blanquear paredes"]
[{"$nulls":7},"31211602-Lechada de cal con cola para blanquear paredes"]
[{"$nulls":7},"31211603-Secantes de pintura"]
[{"$nulls":7},"31211604-Extensor o retardador de pintura"]
[{"$nulls":7},"31211605-Agentes antideslizantes"]
[{"$nulls":7},"31211606-Agentes niveladores"]
[{"$nulls":7},"31211701-Vitrificados"]
[{"$nulls":7},"31211702-Lustres"]
[{"$nulls":7},"31211703-Lacas"]
[{"$nulls":7},"31211704-Sellantes"]
[{"$nulls":7},"31211705-Barniz de laca"]
[{"$nulls":7},"31211706-Tinturas"]
[{"$nulls":7},"31211707-Barnices"]
[{"$nulls":7},"31211708-Recubrimiento de polvo"]
[{"$nulls":7},"31211801-Removedores de pintura o barniz"]
[{"$nulls":7},"31211802-Compuestos para arrancar pintura o barniz"]
[{"$nulls":7},"31211803-Diluyentes para pinturas y barnices"]
[{"$nulls":7},"31211901-Paños para herramientas"]
[{"$nulls":7},"31211902-Herramientas para bordes"]
[{"$nulls":7},"31211903-Equipo para protección"]
[{"$nulls":7},"31211904-Brochas"]
[{"$nulls":7},"31211905-Mezcladores de pintura"]
[{"$nulls":7},"31211906-Rodillos de pintar"]
[{"$nulls":7},"31211908-Pistolas de pintar"]
[{"$nulls":7},"31211909-Bandejas de pintura"]
[{"$nulls":7},"31211910-Guantes para pintar"]
[{"$nulls":7},"31211912-Varillas telescópicas"]
[{"$nulls":7},"31211913-Boquillas de pintura"]
[{"$nulls":7},"31211914-Cepillos de aire"]
[{"$nulls":7},"31211915-Coladores de pintura"]
[{"$nulls":7},"31211916-Forradores de bandeja de pintura"]
[{"$nulls":7},"31211917-Cubiertas para rodillos de pintura"]
[{"$nulls":7},"31221601-Extractos inorgánicos para curtiembre"]
[{"$nulls":7},"31221602-Extractos orgánicos de origen animal para curtiembre"]
[{"$nulls":7},"31221603-Extractos orgánicos de origen vegetal para curtiembre"]
[{"$nulls":7},"31231101-Aluminio en barra labrada"]
[{"$nulls":7},"31231102-Berilio en barra labrada"]
[{"$nulls":7},"31231103-Latón en barra labrada"]
[{"$nulls":7},"31231104-Bronce en barra labrada"]
[{"$nulls":7},"31231105-Cobre en barra labrada"]
[{"$nulls":7},"31231106-Hierro en barra labrada"]
[{"$nulls":7},"31231107-Plomo en barra labrada"]
[{"$nulls":7},"31231108-Magnesio en barra labrada"]
[{"$nulls":7},"31231109-Metal precioso en barra labrada"]
[{"$nulls":7},"31231110-Acero inoxidable en barra labrada"]
[{"$nulls":7},"31231111-Estaño en barra labrada"]
[{"$nulls":7},"31231112-Titanio en barra labrada"]
[{"$nulls":7},"31231113-Cinc en barra labrada"]
[{"$nulls":7},"31231114-Aleación no ferrosa en barra labrada"]
[{"$nulls":7},"31231115-Aleación ferrosa en barra labrada"]
[{"$nulls":7},"31231116-Acero en barra labrada"]
[{"$nulls":7},"31231117-Compuestos en barra labrada"]
[{"$nulls":7},"31231118-Aleación de níquel en barra labrada"]
[{"$nulls":7},"31231119-Material no metálico en barra labrada"]
[{"$nulls":7},"31231201-Aluminio en placa labrada"]
[{"$nulls":7},"31231202-Berilio en placa labrada"]
[{"$nulls":7},"31231203-Latón en placa labrada"]
[{"$nulls":7},"31231204-Bronce en placa labrada"]
[{"$nulls":7},"31231205-Cobre en placa labrada"]
[{"$nulls":7},"31231206-Hierro en placa labrada"]
[{"$nulls":7},"31231207-Plomo en placa labrada"]
[{"$nulls":7},"31231208-Magnesio en placa labrada"]
[{"$nulls":7},"31231209-Metal precioso en placa labrada"]
[{"$nulls":7},"31231210-Acero inoxidable en placa labrada"]
[{"$nulls":7},"31231211-Estaño en placa labrada"]
[{"$nulls":7},"31231212-Titanio en placa labrada"]
[{"$nulls":7},"31231213-Cinc en placa labrada"]
[{"$nulls":7},"31231214-Aleación no ferrosa en placa labrada"]
[{"$nulls":7},"31231215-Aleación ferrosa en placa labrada"]
[{"$nulls":7},"31231216-Acero en placa labrada"]
[{"$nulls":7},"31231217-Compuestos en placa labrada"]
[{"$nulls":7},"31231218-Aleación de níquel en placa labrada"]
[{"$nulls":7},"31231219-Material no metálico en placa labrada"]
[{"$nulls":7},"31231301-Tubería de aleación ferrosa"]
[{"$nulls":7},"31231302-Tubería de cobre"]
[{"$nulls":7},"31231303-Tubería de titanio"]
[{"$nulls":7},"31231304-Tubería de magnesio"]
[{"$nulls":7},"31231305-Tubería de estaño"]
[{"$nulls":7},"31231306-Tubería de latón"]
[{"$nulls":7},"31231307-Tubería de plomo"]
[{"$nulls":7},"31231308-Tubería de bronce"]
[{"$nulls":7},"31231309-Tubería de cinc"]
[{"$nulls":7},"31231310-Tubería de acero"]
[{"$nulls":7},"31231311-Tubería de hierro"]
[{"$nulls":7},"31231312-Tubería de cemento"]
[{"$nulls":7},"31231313-Tubería de plástico"]
[{"$nulls":7},"31231314-Tubería de goma"]
[{"$nulls":7},"31231315-Tubería de cristal"]
[{"$nulls":7},"31231316-Tubería de piedra"]
[{"$nulls":7},"31231317-Tubería de aleación no ferrosa"]
[{"$nulls":7},"31231318-Tubería de aluminio"]
[{"$nulls":7},"31231319-Tubería de acero inoxidable"]
[{"$nulls":7},"31231320-Tubería de metal precioso"]
[{"$nulls":7},"31231321-Tuberías de nailon"]
[{"$nulls":7},"31231401-Platina de latón"]
[{"$nulls":7},"31231402-Platina de acero"]
[{"$nulls":7},"31231403-Platina de acero inoxidable"]
[{"$nulls":7},"31231404-Platina de aluminio"]
[{"$nulls":7},"31231405-Platina de cobre"]
[{"$nulls":7},"31241501-Lentes"]
[{"$nulls":7},"31241502-Prismas"]
[{"$nulls":7},"31241601-Cristales de filtro"]
[{"$nulls":7},"31241602-Discos de cristal"]
[{"$nulls":7},"31241603-Vidrio moldeado"]
[{"$nulls":7},"31241604-Cristales de prismas"]
[{"$nulls":7},"31241605-Cristales de silicio"]
[{"$nulls":7},"31241606-Cristales de germanio"]
[{"$nulls":7},"31241607-Barras redondas"]
[{"$nulls":7},"31241608-Barras cuadradas"]
[{"$nulls":7},"31241609-Cristales indicadores de muestra"]
[{"$nulls":7},"31241610-Blancos de material óptico infrarrojo"]
[{"$nulls":7},"31241701-Espejos torneados con herramienta de diamante"]
[{"$nulls":7},"31241702-Espejos metálicos"]
[{"$nulls":7},"31241703-Espejos parabólicos"]
[{"$nulls":7},"31241704-Espejos sin revestimiento"]
[{"$nulls":7},"31241705-Espejos para láser"]
[{"$nulls":7},"31241801-Filtros ópticos de banda ancha"]
[{"$nulls":7},"31241802-Filtros de gradiente"]
[{"$nulls":7},"31241803-Filtros infrarrojos"]
[{"$nulls":7},"31241804-Filtros de láser"]
[{"$nulls":7},"31241805-Filtros de banda estrecha"]
[{"$nulls":7},"31241806-Filtros de película de plástico"]
[{"$nulls":7},"31241807-Filtros visuales"]
[{"$nulls":7},"31241901-Bóvedas de especialidad"]
[{"$nulls":7},"31241902-Bóvedas torneadas con diamante"]
[{"$nulls":7},"31241903-Bóvedas metálicas"]
[{"$nulls":7},"31241904-Bóvedas de vidrio moldeado"]
[{"$nulls":7},"31241905-Bóvedas moldeadas del policarbonato"]
[{"$nulls":7},"31241906-Bóvedas reproducidas"]
[{"$nulls":7},"31241907-Bóvedas formadas"]
[{"$nulls":7},"31241908-Bóvedas frangibles"]
[{"$nulls":7},"31242001-Ventana externa de láser o lentes"]
[{"$nulls":7},"31242002-Ventanas de lentes infrarrojos o de láser"]
[{"$nulls":7},"31242003-Ventana visual de láser o lentes"]
[{"$nulls":7},"31242101-Monturas ópticas"]
[{"$nulls":7},"31242103-Aberturas o ranuras ópticas"]
[{"$nulls":7},"31242104-Soportes o carriles ópticos"]
[{"$nulls":7},"31242105-Identificadores de fibra óptica"]
[{"$nulls":7},"31242106-Recubrimientos ópticos"]
[{"$nulls":7},"31242201-Divisores del haz óptico"]
[{"$nulls":7},"31242202-Polarizadores"]
[{"$nulls":7},"31242203-Despolarizadores"]
[{"$nulls":7},"31242204-Difusores ópticos"]
[{"$nulls":7},"31242205-Retardadores ópticos"]
[{"$nulls":7},"31242206-Vidrios ópticamente planos"]
[{"$nulls":7},"31242207-Montajes ópticos experimentales"]
[{"$nulls":7},"31242208-Picadores ópticos"]
[{"$nulls":7},"31251501-Activadores eléctricos"]
[{"$nulls":7},"31251502-Activadores electrónicos"]
[{"$nulls":7},"31251503-Activadores hidráulicos"]
[{"$nulls":7},"31251504-Activadores neumáticos"]
[{"$nulls":7},"31251505-Servoválvula"]
[{"$nulls":7},"31251506-Activadores por engranajes"]
[{"$nulls":7},"31251507-Activadores giratorios"]
[{"$nulls":7},"31251508-Activadores fotoeléctricos"]
[{"$nulls":7},"31251509-Activadores electromagnéticos"]
[{"$nulls":7},"31251510-Solenoides"]
[{"$nulls":7},"31251511-Activadores lineales"]
[{"$nulls":7},"31251601-Efectores finales robóticos"]
[{"$nulls":7},"31261501-Cubiertas y carcasas de plástico"]
[{"$nulls":7},"31261502-Cubiertas y carcasas de metal"]
[{"$nulls":7},"31261503-Cubiertas y carcasas de acero"]
[{"$nulls":7},"31261504-Carcasas de cajas de cambios"]
[{"$nulls":7},"31261505-Carcasas de embrague"]
[{"$nulls":7},"31261601-Envoltorios o recubrimientos de plástico"]
[{"$nulls":7},"31261602-Envoltorios o recubrimientos de metal"]
[{"$nulls":7},"31261603-Envoltorios o recubrimientos de acero"]
[{"$nulls":7},"31261701-Carcasa  insonorizante de máquina"]
[{"$nulls":7},"31261702-Cerramiento insonorizante de conjunto de generador montado"]
[{"$nulls":7},"31261703-Carcasa insonorizante de bomba"]
[{"$nulls":7},"31261704-Carcasa insonorizante de admisión de aire"]
[{"$nulls":7},"31271601-Piezas hechas en torno de roscar de metal"]
[{"$nulls":7},"31271602-Piezas hechas en torno de roscar no metales"]
[{"$nulls":7},"31281502-Componentes de aluminio estampados"]
[{"$nulls":7},"31281503-Componentes de aleaciones ferrosas estampados"]
[{"$nulls":7},"31281504-Componentes de hierro estampados"]
[{"$nulls":7},"31281505-Componentes de aleaciones no ferrosas estampados"]
[{"$nulls":7},"31281506-Componentes de acero inoxidable estampados"]
[{"$nulls":7},"31281507-Componentes de acero al carbono estampados"]
[{"$nulls":7},"31281508-Componentes de magnesio estampados"]
[{"$nulls":7},"31281509-Componentes de zinc estampados"]
[{"$nulls":7},"31281510-Componentes de estaño estampados"]
[{"$nulls":7},"31281511-Componentes de titanio estampados"]
[{"$nulls":7},"31281512-Componentes de berilio estampados"]
[{"$nulls":7},"31281513-Componentes de metal precioso estampados"]
[{"$nulls":7},"31281514-Componentes de cobre estampados"]
[{"$nulls":7},"31281515-Componentes de plomo estampados"]
[{"$nulls":7},"31281516-Componentes de latón estampados"]
[{"$nulls":7},"31281517-Componentes de bronce estampados"]
[{"$nulls":7},"31281518-Componentes compuestos estampados"]
[{"$nulls":7},"31281519-Componentes de aleación de níquel estampados"]
[{"$nulls":7},"31281520-Componentes no metálicos estampados"]
[{"$nulls":7},"31281521-Estampados recubiertos"]
[{"$nulls":7},"31281701-Componentes de metal soldado"]
[{"$nulls":7},"31281801-Componentes de aluminio perforados"]
[{"$nulls":7},"31281802-Componentes de aleación ferrosa perforados"]
[{"$nulls":7},"31281803-Componentes de hierro perforados"]
[{"$nulls":7},"31281804-Componentes de aleaciones no ferrosas perforados"]
[{"$nulls":7},"31281805-Componentes de acero inoxidable perforados"]
[{"$nulls":7},"31281806-Componentes de acero al carbono perforados"]
[{"$nulls":7},"31281807-Componentes compuestos perforados"]
[{"$nulls":7},"31281808-Componentes de aleación de níquel perforados"]
[{"$nulls":7},"31281809-Componentes no metálicos perforados"]
[{"$nulls":7},"31281810-Componentes de titanio perforados"]
[{"$nulls":7},"31281811-Componentes de berilio perforados"]
[{"$nulls":7},"31281812-Componentes de metal precioso perforados"]
[{"$nulls":7},"31281813-Componentes de cobre perforados"]
[{"$nulls":7},"31281814-Componentes de plomo perforados"]
[{"$nulls":7},"31281815-Componentes de latón perforados"]
[{"$nulls":7},"31281816-Componentes de bronce perforados"]
[{"$nulls":7},"31281817-Componentes de magnesio perforados"]
[{"$nulls":7},"31281818-Componentes de zinc perforados"]
[{"$nulls":7},"31281819-Componentes de estaño perforados"]
[{"$nulls":7},"31281901-Componentes de aluminio formados por estiramiento"]
[{"$nulls":7},"31281902-Componentes de berilio formados por estiramiento"]
[{"$nulls":7},"31281903-Componentes de latón formados por estiramiento"]
[{"$nulls":7},"31281904-Componentes de bronce formados por estiramiento"]
[{"$nulls":7},"31281905-Componentes compuestos formados por estiramiento"]
[{"$nulls":7},"31281906-Componentes de cobre formados por estiramiento"]
[{"$nulls":7},"31281907-Componentes de aleación ferrosa formados por estiramiento"]
[{"$nulls":7},"31281908-Componentes de hierro formados por estiramiento"]
[{"$nulls":7},"31281909-Componentes de plomo formados por estiramiento"]
[{"$nulls":7},"31281910-Componentes de magnesio formados por estiramiento"]
[{"$nulls":7},"31281911-Componentes de aleación de níquel formados por estiramiento"]
[{"$nulls":7},"31281912-Componentes de aleación no ferrosa formados por estiramiento"]
[{"$nulls":7},"31281913-Componentes no metálicos formados por estiramiento"]
[{"$nulls":7},"31281914-Componentes de metal precioso formados por estiramiento"]
[{"$nulls":7},"31281915-Componentes de acero inoxidable formados por estiramiento"]
[{"$nulls":7},"31281916-Componentes de acero formados por estiramiento"]
[{"$nulls":7},"31281917-Componentes de estaño formados por estiramiento"]
[{"$nulls":7},"31281918-Componentes de titanio formados por estiramiento"]
[{"$nulls":7},"31281919-Componentes de zinc formados por estiramiento"]
[{"$nulls":7},"31282001-Componentes de aluminio hidroformados"]
[{"$nulls":7},"31282002-Componentes de berilio hidroformados"]
[{"$nulls":7},"31282003-Componentes de latón hidroformados"]
[{"$nulls":7},"31282004-Componentes de bronce hidroformados"]
[{"$nulls":7},"31282005-Componentes compuestos hidroformados"]
[{"$nulls":7},"31282006-Componentes de cobre hidroformados"]
[{"$nulls":7},"31282007-Componentes de aleación ferrosa hidroformados"]
[{"$nulls":7},"31282008-Componentes de hierro hidroformados"]
[{"$nulls":7},"31282009-Componentes de plomo hidroformados"]
[{"$nulls":7},"31282010-Componentes de magnesio hidroformados"]
[{"$nulls":7},"31282011-Componentes de aleación de níquel hidroformados"]
[{"$nulls":7},"31282012-Componentes de aleación no ferrosa hidroformados"]
[{"$nulls":7},"31282013-Componentes no metálicos hidroformados"]
[{"$nulls":7},"31282014-Componentes de metal precioso hidroformados"]
[{"$nulls":7},"31282015-Componentes de acero inoxidable hidroformados"]
[{"$nulls":7},"31282016-Componentes de acero hidroformados"]
[{"$nulls":7},"31282017-Componentes de estaño hidroformados"]
[{"$nulls":7},"31282018-Componentes de titanio hidroformados"]
[{"$nulls":7},"31282019-Componentes de zinc hidroformados"]
[{"$nulls":7},"31282101-Componentes de aluminio formados en torno"]
[{"$nulls":7},"31282102-Componentes de berilio formados en torno"]
[{"$nulls":7},"31282103-Componentes de latón formados en torno"]
[{"$nulls":7},"31282104-Componentes de bronce formados en torno"]
[{"$nulls":7},"31282105-Componentes compuestos formados en torno"]
[{"$nulls":7},"31282106-Componentes de cobre formados en torno"]
[{"$nulls":7},"31282107-Componentes de aleación ferrosa formados en torno"]
[{"$nulls":7},"31282108-Componentes de hierro formados en torno"]
[{"$nulls":7},"31282109-Componentes de plomo formados en torno"]
[{"$nulls":7},"31282110-Componentes de magnesio formados en torno"]
[{"$nulls":7},"31282111-Componentes de aleación de níquel formados en torno"]
[{"$nulls":7},"31282112-Componentes de aleación no ferrosa formados en torno"]
[{"$nulls":7},"31282113-Componentes no metálicos formados en torno"]
[{"$nulls":7},"31282114-Componentes de metal precioso formados en torno"]
[{"$nulls":7},"31282115-Componentes de acero inoxidable formados en torno"]
[{"$nulls":7},"31282116-Componentes de acero formados en torno"]
[{"$nulls":7},"31282117-Componentes de estaño formados en torno"]
[{"$nulls":7},"31282118-Componentes de titanio formados en torno"]
[{"$nulls":7},"31282119-Componentes de zinc formados en torno"]
[{"$nulls":7},"31282201-Componentes de aluminio formados enrollados"]
[{"$nulls":7},"31282202-Componentes de berilio formados enrollados"]
[{"$nulls":7},"31282203-Componentes de latón formados enrollados"]
[{"$nulls":7},"31282204-Componentes de bronce formados enrollados"]
[{"$nulls":7},"31282205-Componentes compuestos formados enrollados"]
[{"$nulls":7},"31282206-Componentes de cobre formados enrollados"]
[{"$nulls":7},"31282207-Componentes de aleación ferrosa formados enrollados"]
[{"$nulls":7},"31282208-Componentes de hierro formados enrollados"]
[{"$nulls":7},"31282209-Componentes de plomo formados enrollados"]
[{"$nulls":7},"31282210-Componentes de magnesio formados enrollados"]
[{"$nulls":7},"31282211-Componentes de aleación de níquel formados enrollados"]
[{"$nulls":7},"31282212-Componentes de aleación no ferrosa formados enrollados"]
[{"$nulls":7},"31282213-Componentes no metálicos formados enrollados"]
[{"$nulls":7},"31282214-Componentes de metal precioso formados enrollados"]
[{"$nulls":7},"31282215-Componentes de acero inoxidable formados enrollados"]
[{"$nulls":7},"31282216-Componentes de acero formados enrollados"]
[{"$nulls":7},"31282217-Componentes de estaño formados enrollados"]
[{"$nulls":7},"31282218-Componentes de titanio formados enrollados"]
[{"$nulls":7},"31282219-Componentes de zinc formados enrollados"]
[{"$nulls":7},"31282301-Componentes de aluminio formados por estiramiento por presión"]
[{"$nulls":7},"31282302-Componentes de berilio formados por estiramiento por presión"]
[{"$nulls":7},"31282303-Componentes de latón formados por estiramiento por presión"]
[{"$nulls":7},"31282304-Componentes de bronce formados por estiramiento por presión"]
[{"$nulls":7},"31282305-Componentes compuestos formados por estiramiento por presión"]
[{"$nulls":7},"31282306-Componentes de cobre formados por estiramiento por presión"]
[{"$nulls":7},"31282307-Componentes de aleación ferrosa formados por estiramiento por presión"]
[{"$nulls":7},"31282308-Componentes de hierro formados por estiramiento por presión"]
[{"$nulls":7},"31282309-Componentes de plomo formados por estiramiento por presión"]
[{"$nulls":7},"31282310-Componentes de magnesio formados por estiramiento por presión"]
[{"$nulls":7},"31282311-Componentes de aleación de níquel formados por estiramiento por presión"]
[{"$nulls":7},"31282312-Componentes de aleación no ferrosa formados por estiramiento por presión"]
[{"$nulls":7},"31282313-Componentes no metálicos formados por estiramiento por presión"]
[{"$nulls":7},"31282314-Componentes de metal precioso formados por estiramiento por presión"]
[{"$nulls":7},"31282315-Componentes de acero inoxidable formados por estiramiento por presión"]
[{"$nulls":7},"31282316-Componentes de acero formados por estiramiento por presión"]
[{"$nulls":7},"31282317-Componentes de estaño formados por estiramiento por presión"]
[{"$nulls":7},"31282318-Componentes de titanio formados por estiramiento por presión"]
[{"$nulls":7},"31282319-Componentes de zinc formados por estiramiento por presión"]
[{"$nulls":7},"31282401-Componentes de aluminio formados con explosivos"]
[{"$nulls":7},"31282402-Componentes de berilio formados con explosivos"]
[{"$nulls":7},"31282403-Componentes de latón formados con explosivos"]
[{"$nulls":7},"31282404-Componentes de bronce formados con explosivos"]
[{"$nulls":7},"31282405-Componentes compuestos formados con explosivos"]
[{"$nulls":7},"31282406-Componentes de cobre formados con explosivos"]
[{"$nulls":7},"31282407-Componentes de aleación ferrosa formados con explosivos"]
[{"$nulls":7},"31282408-Componentes de hierro formados con explosivos"]
[{"$nulls":7},"31282409-Componentes de plomo formados con explosivos"]
[{"$nulls":7},"31282410-Componentes de magnesio formados con explosivos"]
[{"$nulls":7},"31282411-Componentes de aleación de níquel formados con explosivos"]
[{"$nulls":7},"31282412-Componentes de aleación no ferrosa formados con explosivos"]
[{"$nulls":7},"31282413-Componentes no metálicos formados con explosivos"]
[{"$nulls":7},"31282414-Componentes de metal precioso formados con explosivos"]
[{"$nulls":7},"31282415-Componentes de acero inoxidable formados con explosivos"]
[{"$nulls":7},"31282416-Componentes de acero formados con explosivos"]
[{"$nulls":7},"31282417-Componentes de estaño formados con explosivos"]
[{"$nulls":7},"31282418-Componentes de titanio formados con explosivos"]
[{"$nulls":7},"31282419-Componentes de zinc formados con explosivos"]
[{"$nulls":7},"31291101-Componentes de aluminio maquinados por extrusión hidrostática"]
[{"$nulls":7},"31291102-Componentes de berilio maquinados por extrusión hidrostática"]
[{"$nulls":7},"31291103-Componentes de latón maquinados por extrusión hidrostática"]
[{"$nulls":7},"31291104-Componentes de bronce maquinados por extrusión hidrostática"]
[{"$nulls":7},"31291105-Componentes de cobre maquinados por extrusión hidrostática"]
[{"$nulls":7},"31291106-Componentes de aleación ferrosa maquinados por extrusión hidrostática"]
[{"$nulls":7},"31291107-Componentes de plomo maquinados por extrusión hidrostática"]
[{"$nulls":7},"31291108-Componentes de magnesio maquinados por extrusión hidrostática"]
[{"$nulls":7},"31291109-Componentes de aleación no ferrosa maquinados por extrusión hidrostática"]
[{"$nulls":7},"31291110-Componentes plásticos maquinados por extrusión hidrostática"]
[{"$nulls":7},"31291111-Componentes de metal precioso maquinados por extrusión hidrostática"]
[{"$nulls":7},"31291112-Componentes de caucho maquinados por extrusión hidrostática"]
[{"$nulls":7},"31291113-Componentes de acero inoxidable maquinados por extrusión hidrostática"]
[{"$nulls":7},"31291114-Componentes de acero maquinados por extrusión hidrostática"]
[{"$nulls":7},"31291115-Componentes de estaño maquinados por extrusión hidrostática"]
[{"$nulls":7},"31291116-Componentes de titanio maquinados por extrusión hidrostática"]
[{"$nulls":7},"31291117-Componentes de zinc maquinados por extrusión hidrostática"]
[{"$nulls":7},"31291118-Componentes compuestos maquinados por extrusión hidrostática"]
[{"$nulls":7},"31291119-Componentes de aleación de níquel maquinados por extrusión hidrostática"]
[{"$nulls":7},"31291120-Componentes no metálicos maquinados por extrusión hidrostática"]
[{"$nulls":7},"31291201-Componentes de aluminio maquinados por extrusión de impacto"]
[{"$nulls":7},"31291202-Componentes de berilio maquinados por extrusión de impacto"]
[{"$nulls":7},"31291203-Componentes de latón maquinados por extrusión de impacto"]
[{"$nulls":7},"31291204-Componentes de bronce maquinados por extrusión de impacto"]
[{"$nulls":7},"31291205-Componentes de cobre maquinados por extrusión de impacto"]
[{"$nulls":7},"31291206-Componentes de aleación ferrosa maquinados por extrusión de impacto"]
[{"$nulls":7},"31291207-Componentes de plomo maquinados por extrusión de impacto"]
[{"$nulls":7},"31291208-Componentes de magnesio maquinados por extrusión de impacto"]
[{"$nulls":7},"31291209-Componentes de aleación no ferrosa maquinados por extrusión de impacto"]
[{"$nulls":7},"31291210-Componentes plásticos maquinados por extrusión de impacto"]
[{"$nulls":7},"31291211-Componentes de metal precioso maquinados por extrusión de impacto"]
[{"$nulls":7},"31291212-Componentes de caucho maquinados por extrusión de impacto"]
[{"$nulls":7},"31291213-Componentes de acero inoxidable maquinados por extrusión de impacto"]
[{"$nulls":7},"31291214-Componentes de acero maquinados por extrusión de impacto"]
[{"$nulls":7},"31291215-Componentes de estaño maquinados por extrusión de impacto"]
[{"$nulls":7},"31291216-Componentes de titanio maquinados por extrusión de impacto"]
[{"$nulls":7},"31291217-Componentes de zinc maquinados por extrusión de impacto"]
[{"$nulls":7},"31291218-Componentes compuestos maquinados por extrusión de impacto"]
[{"$nulls":7},"31291219-Componentes de aleación de níquel maquinados por extrusión de impacto"]
[{"$nulls":7},"31291220-Componentes no metálicos maquinados por extrusión de impacto"]
[{"$nulls":7},"31291301-Componentes de aluminio maquinados por extrusión en frío"]
[{"$nulls":7},"31291302-Componentes de berilio maquinados por extrusión en frío"]
[{"$nulls":7},"31291303-Componentes de latón maquinados por extrusión en frío"]
[{"$nulls":7},"31291304-Componentes de bronce maquinados por extrusión en frío"]
[{"$nulls":7},"31291305-Componentes de cobre maquinados por extrusión en frío"]
[{"$nulls":7},"31291306-Componentes de aleación ferrosa maquinados por extrusión en frío"]
[{"$nulls":7},"31291307-Componentes de plomo maquinados por extrusión en frío"]
[{"$nulls":7},"31291308-Componentes de magnesio maquinados por extrusión en frío"]
[{"$nulls":7},"31291309-Componentes de aleación no ferrosa maquinados por extrusión en frío"]
[{"$nulls":7},"31291310-Componentes plásticos maquinados por extrusión en frío"]
[{"$nulls":7},"31291311-Componentes de metal precioso maquinados por extrusión en frío"]
[{"$nulls":7},"31291312-Componentes de caucho maquinados por extrusión en frío"]
[{"$nulls":7},"31291313-Componentes de acero inoxidable maquinados por extrusión en frío"]
[{"$nulls":7},"31291314-Componentes de acero maquinados por extrusión en frío"]
[{"$nulls":7},"31291315-Componentes de estaño maquinados por extrusión en frío"]
[{"$nulls":7},"31291316-Componentes de titanio maquinados por extrusión en frío"]
[{"$nulls":7},"31291317-Componentes de zinc maquinados por extrusión en frío"]
[{"$nulls":7},"31291318-Componentes compuestos maquinados por extrusión en frío"]
[{"$nulls":7},"31291319-Componentes de aleación de níquel maquinados por extrusión en frío"]
[{"$nulls":7},"31291320-Componentes no metálicos maquinados por extrusión en frío"]
[{"$nulls":7},"31291401-Componentes de aluminio maquinados por extrusión en caliente"]
[{"$nulls":7},"31291402-Componentes de berilio maquinados por extrusión en caliente"]
[{"$nulls":7},"31291403-Componentes de latón maquinados por extrusión en caliente"]
[{"$nulls":7},"31291404-Componentes de bronce maquinados por extrusión en caliente"]
[{"$nulls":7},"31291405-Componentes de cobre maquinados por extrusión en caliente"]
[{"$nulls":7},"31291406-Componentes de aleación ferrosa maquinados por extrusión en caliente"]
[{"$nulls":7},"31291407-Componentes de plomo maquinados por extrusión en caliente"]
[{"$nulls":7},"31291408-Componentes de magnesio maquinados por extrusión en caliente"]
[{"$nulls":7},"31291409-Componentes de aleación no ferrosa maquinados por extrusión en caliente"]
[{"$nulls":7},"31291410-Componentes plásticos maquinados por extrusión en caliente"]
[{"$nulls":7},"31291411-Componentes de metal precioso maquinados por extrusión en caliente"]
[{"$nulls":7},"31291412-Componentes de caucho maquinados por extrusión en caliente"]
[{"$nulls":7},"31291413-Componentes de acero inoxidable maquinados por extrusión en caliente"]
[{"$nulls":7},"31291414-Componentes de acero maquinados por extrusión en caliente"]
[{"$nulls":7},"31291415-Componentes de estaño maquinados por extrusión en caliente"]
[{"$nulls":7},"31291416-Componentes de titanio maquinados por extrusión en caliente"]
[{"$nulls":7},"31291417-Componentes de zinc maquinados por extrusión en caliente"]
[{"$nulls":7},"31291418-Componentes compuestos maquinados por extrusión en caliente"]
[{"$nulls":7},"31291419-Componentes de aleación de níquel maquinados por extrusión en caliente"]
[{"$nulls":7},"31291420-Componentes no metálicos maquinados por extrusión en caliente"]
[{"$nulls":7},"31301101-Forjas de aleación no ferrosa maquinadas con troquel abierto"]
[{"$nulls":7},"31301102-Forjas de aleación ferrosa maquinadas con troquel abierto"]
[{"$nulls":7},"31301103-Forjas de acero maquinadas con troquel abierto"]
[{"$nulls":7},"31301104-Forjas de acero inoxidable maquinadas con troquel abierto"]
[{"$nulls":7},"31301105-Forjas de hierro maquinadas con troquel abierto"]
[{"$nulls":7},"31301106-Forjas de aluminio maquinadas con troquel abierto"]
[{"$nulls":7},"31301107-Forjas de magnesio maquinadas con troquel abierto"]
[{"$nulls":7},"31301108-Forjas de titanio maquinadas con troquel abierto"]
[{"$nulls":7},"31301109-Forjas de berilio maquinadas con troquel abierto"]
[{"$nulls":7},"31301110-Forjas de cobre maquinadas con troquel abierto"]
[{"$nulls":7},"31301111-Forjas de latón maquinadas con troquel abierto"]
[{"$nulls":7},"31301112-Forjas de bronce maquinadas con troquel abierto"]
[{"$nulls":7},"31301113-Forjas de zinc maquinadas con troquel abierto"]
[{"$nulls":7},"31301114-Forjas de estaño maquinadas con troquel abierto"]
[{"$nulls":7},"31301115-Forjas de plomo maquinadas con troquel abierto"]
[{"$nulls":7},"31301116-Forjas de metales preciosos maquinadas con troquel abierto"]
[{"$nulls":7},"31301117-Forjas compuestas maquinadas con troquel abierto"]
[{"$nulls":7},"31301118-Forjas de aleación de níquel maquinadas con troquel abierto"]
[{"$nulls":7},"31301119-Forjas no metálicas maquinadas con troquel abierto"]
[{"$nulls":7},"31301201-Forjas de aleación no ferrosa maquinadas con troquel cerrado"]
[{"$nulls":7},"31301202-Forjas de aleación ferrosa maquinadas con troquel cerrado"]
[{"$nulls":7},"31301203-Forjas de acero maquinadas con troquel cerrado"]
[{"$nulls":7},"31301204-Forjas de acero inoxidable maquinadas con troquel cerrado"]
[{"$nulls":7},"31301205-Forjas de hierro maquinadas con troquel cerrado"]
[{"$nulls":7},"31301206-Forjas de aluminio maquinadas con troquel cerrado"]
[{"$nulls":7},"31301207-Forjas de magnesio maquinadas con troquel cerrado"]
[{"$nulls":7},"31301208-Forjas de titanio maquinadas con troquel cerrado"]
[{"$nulls":7},"31301209-Forjas de berilio maquinadas con troquel cerrado"]
[{"$nulls":7},"31301210-Forjas de cobre maquinadas con troquel cerrado"]
[{"$nulls":7},"31301211-Forjas de latón maquinadas con troquel cerrado"]
[{"$nulls":7},"31301212-Forjas de bronce maquinadas con troquel cerrado"]
[{"$nulls":7},"31301213-Forjas de zinc maquinadas con troquel cerrado"]
[{"$nulls":7},"31301214-Forjas de estaño maquinadas con troquel cerrado"]
[{"$nulls":7},"31301215-Forjas de plomo maquinadas con troquel cerrado"]
[{"$nulls":7},"31301216-Forjas de metales preciosos maquinadas con troquel cerrado"]
[{"$nulls":7},"31301217-Forjas compuestas maquinadas con troquel cerrado"]
[{"$nulls":7},"31301218-Forjas de aleación de níquel maquinadas con troquel cerrado"]
[{"$nulls":7},"31301219-Forjas no metálicas maquinadas con troquel cerrado"]
[{"$nulls":7},"31301301-Forjas de aleación no ferrosa maquinadas con impresión por troquel"]
[{"$nulls":7},"31301302-Forjas de aleación ferrosa maquinadas con impresión por troquel"]
[{"$nulls":7},"31301303-Forjas de acero maquinadas con impresión por troquel"]
[{"$nulls":7},"31301304-Forjas de acero inoxidable maquinadas con impresión por troquel"]
[{"$nulls":7},"31301305-Forjas de hierro maquinadas con impresión por troquel"]
[{"$nulls":7},"31301306-Forjas de aluminio maquinadas con impresión por troquel"]
[{"$nulls":7},"31301307-Forjas de magnesio maquinadas con impresión por troquel"]
[{"$nulls":7},"31301308-Forjas de titanio maquinadas con impresión por troquel"]
[{"$nulls":7},"31301309-Forjas de berilio maquinadas con impresión por troquel"]
[{"$nulls":7},"31301310-Forjas de cobre maquinadas con impresión por troquel"]
[{"$nulls":7},"31301311-Forjas de latón maquinadas con impresión por troquel"]
[{"$nulls":7},"31301312-Forjas de bronce maquinadas con impresión por troquel"]
[{"$nulls":7},"31301313-Forjas de zinc maquinadas con impresión por troquel"]
[{"$nulls":7},"31301314-Forjas de estaño maquinadas con impresión por troquel"]
[{"$nulls":7},"31301315-Forjas de plomo maquinadas con impresión por troquel"]
[{"$nulls":7},"31301316-Forjas de metales preciosos maquinadas con impresión por troquel"]
[{"$nulls":7},"31301317-Forjas compuestas maquinadas con impresión por troquel"]
[{"$nulls":7},"31301318-Forjas de aleación de níquel maquinadas con impresión por troquel"]
[{"$nulls":7},"31301319-Forjas no metálicas maquinadas con impresión por troquel"]
[{"$nulls":7},"31301401-Forjas de aleación no ferrosa maquinadas por reducción"]
[{"$nulls":7},"31301402-Forjas de aleación ferrosa maquinadas por reducción"]
[{"$nulls":7},"31301403-Forjas de acero maquinadas por reducción"]
[{"$nulls":7},"31301404-Forjas de acero inoxidable maquinadas por reducción"]
[{"$nulls":7},"31301405-Forjas de hierro maquinadas por reducción"]
[{"$nulls":7},"31301406-Forjas de aluminio maquinadas por reducción"]
[{"$nulls":7},"31301407-Forjas de magnesio maquinadas por reducción"]
[{"$nulls":7},"31301408-Forjas de titanio maquinadas por reducción"]
[{"$nulls":7},"31301409-Forjas de berilio maquinadas por reducción"]
[{"$nulls":7},"31301410-Forjas de cobre maquinadas por reducción"]
[{"$nulls":7},"31301411-Forjas de latón maquinadas por reducción"]
[{"$nulls":7},"31301412-Forjas de bronce maquinadas por reducción"]
[{"$nulls":7},"31301413-Forjas de zinc maquinadas por reducción"]
[{"$nulls":7},"31301414-Forjas de estaño maquinadas por reducción"]
[{"$nulls":7},"31301415-Forjas de plomo maquinadas por reducción"]
[{"$nulls":7},"31301416-Forjas de metales preciosos maquinadas por reducción"]
[{"$nulls":7},"31301417-Forjas compuestas maquinadas por reducción"]
[{"$nulls":7},"31301418-Forjas de aleación de níquel maquinadas por reducción"]
[{"$nulls":7},"31301419-Forjas no metálicas maquinadas por reducción"]
[{"$nulls":7},"31301501-Forjas de aluminio maquinadas por anillo enrollado"]
[{"$nulls":7},"31301502-Forjas de berilio maquinadas por anillo enrollado"]
[{"$nulls":7},"31301503-Forjas de latón maquinadas por anillo enrollado"]
[{"$nulls":7},"31301504-Forjas de bronce maquinadas por anillo enrollado"]
[{"$nulls":7},"31301505-Forjas de cobre maquinadas por anillo enrollado"]
[{"$nulls":7},"31301506-Forjas de hierro maquinadas por anillo enrollado"]
[{"$nulls":7},"31301507-Forjas de plomo maquinadas por anillo enrollado"]
[{"$nulls":7},"31301508-Forjas de magnesio maquinadas por anillo enrollado"]
[{"$nulls":7},"31301509-Forjas de metal precioso maquinadas por anillo enrollado"]
[{"$nulls":7},"31301510-Forjas de acero inoxidable maquinadas por anillo enrollado"]
[{"$nulls":7},"31301511-Forjas de estaño maquinadas por anillo enrollado"]
[{"$nulls":7},"31301512-Forjas de titanio maquinadas por anillo enrollado"]
[{"$nulls":7},"31301513-Forjas de zinc maquinadas por anillo enrollado"]
[{"$nulls":7},"31301514-Forjas de aleación no ferrosa maquinadas por anillo enrollado"]
[{"$nulls":7},"31301515-Forjas de aleación ferrosa maquinadas por anillo enrollado"]
[{"$nulls":7},"31301516-Forjas de acero maquinadas por anillo enrollado"]
[{"$nulls":7},"31301517-Forjas compuestas maquinadas por anillo enrollado"]
[{"$nulls":7},"31301518-Forjas de aleación de níquel maquinadas por anillo enrollado"]
[{"$nulls":7},"31301519-Forjas no metálicos maquinadas por anillo enrollado"]
[{"$nulls":7},"31311101-Ensambles de tubería soldada de solvente de aluminio"]
[{"$nulls":7},"31311102-Ensambles de tubería soldada de solvente de acero de carbono"]
[{"$nulls":7},"31311103-Ensambles de tubería soldada de solvente de aleación hast x"]
[{"$nulls":7},"31311104-Ensambles de tubería soldada de solvente de inconel"]
[{"$nulls":7},"31311105-Ensambles de tubería soldada de solvente de acero de aleación baja"]
[{"$nulls":7},"31311106-Ensambles de tubería soldada de solvente no metálico"]
[{"$nulls":7},"31311109-Ensambles de tubería soldada de solvente de acero inoxidable"]
[{"$nulls":7},"31311110-Ensambles de tubería soldada de solvente de titanio"]
[{"$nulls":7},"31311111-Ensambles de tubería soldada de solvente de aleación wasp"]
[{"$nulls":7},"31311112-Ensambles de tubería soldada de solvente de cobre"]
[{"$nulls":7},"31311113-Ensambles de tubería soldada de solvente de latón"]
[{"$nulls":7},"31311201-Ensambles de tubería remachada de aluminio"]
[{"$nulls":7},"31311202-Ensambles de tubería remachada de acero al carbono"]
[{"$nulls":7},"31311203-Ensambles de tubería remachada de aleación hast x"]
[{"$nulls":7},"31311204-Ensambles de tubería remachada de inconel"]
[{"$nulls":7},"31311205-Ensambles de tubería remachada de acero de aleación baja"]
[{"$nulls":7},"31311206-Ensambles de tubería remachada no metálica"]
[{"$nulls":7},"31311209-Ensambles de tubería remachada de acero inoxidable"]
[{"$nulls":7},"31311210-Ensambles de tubería remachada de titanio"]
[{"$nulls":7},"31311211-Ensambles de tubería remachada de aleación wasp"]
[{"$nulls":7},"31311212-Ensambles de tubería remachada de cobre"]
[{"$nulls":7},"31311213-Ensambles de tubería remachada de latón"]
[{"$nulls":7},"31311301-Ensambles de tubería atornillada de aluminio"]
[{"$nulls":7},"31311302-Ensambles de tubería atornillada de acero al carbono"]
[{"$nulls":7},"31311303-Ensambles de tubería atornillada de aleación hast x"]
[{"$nulls":7},"31311304-Ensambles de tubería atornillada de inconel"]
[{"$nulls":7},"31311305-Ensambles de tubería atornillada de acero de aleación baja"]
[{"$nulls":7},"31311306-Ensambles de tubería atornillada no metálica"]
[{"$nulls":7},"31311309-Ensambles de tubería atornillada de acero inoxidable"]
[{"$nulls":7},"31311310-Ensambles de tubería atornillada de titanio"]
[{"$nulls":7},"31311311-Ensambles de tubería atornillada de aleación wasp"]
[{"$nulls":7},"31311312-Ensambles de tubería atornillada de cobre"]
[{"$nulls":7},"31311313-Ensambles de tubería atornillada de latón"]
[{"$nulls":7},"31311401-Ensambles de tubería soldada con ultra violeta de aluminio"]
[{"$nulls":7},"31311402-Ensambles de tubería soldada con ultra violeta de acero al carbono"]
[{"$nulls":7},"31311403-Ensambles de tubería soldada con ultra violeta de aleación hast x"]
[{"$nulls":7},"31311404-Ensambles de tubería soldada con ultra violeta de inconel"]
[{"$nulls":7},"31311405-Ensambles de tubería soldada con ultra violeta de acero de aleación baja"]
[{"$nulls":7},"31311406-Ensambles de tubería soldada con ultra violeta no metálica"]
[{"$nulls":7},"31311409-Ensambles de tubería soldada con ultra violeta de acero inoxidable"]
[{"$nulls":7},"31311410-Ensambles de tubería soldada con ultra violeta de titanio"]
[{"$nulls":7},"31311411-Ensambles de tubería soldada con ultra violeta de aleación wasp"]
[{"$nulls":7},"31311412-Ensambles de tubería soldada con ultra violeta de cobre"]
[{"$nulls":7},"31311413-Ensambles de tubería soldada con ultra violeta de latón"]
[{"$nulls":7},"31311501-Ensambles de tubería con soldadura fuerte o débil de aluminio"]
[{"$nulls":7},"31311502-Ensambles de tubería con soldadura fuerte o débil de acero al carbono"]
[{"$nulls":7},"31311503-Ensambles de tubería con soldadura fuerte o débil de aleación hast x"]
[{"$nulls":7},"31311504-Ensambles de tubería con soldadura fuerte o débil de inconel"]
[{"$nulls":7},"31311505-Ensambles de tubería con soldadura fuerte o débil de acero de aleación baja"]
[{"$nulls":7},"31311506-Ensambles de tubería con soldadura fuerte o débil no metálica"]
[{"$nulls":7},"31311509-Ensambles de tubería con soldadura fuerte o débil de acero inoxidable"]
[{"$nulls":7},"31311510-Ensambles de tubería con soldadura fuerte o débil de titanio"]
[{"$nulls":7},"31311511-Ensambles de tubería con soldadura fuerte o débil de aleación wasp"]
[{"$nulls":7},"31311512-Ensambles de tubería con soldadura fuerte o débil de cobre"]
[{"$nulls":7},"31311513-Ensambles de tubería con soldadura fuerte o débil de latón"]
[{"$nulls":7},"31311601-Ensambles de tubería con soldadura sónica de aluminio"]
[{"$nulls":7},"31311602-Ensambles de tubería con soldadura sónica de acero al carbono"]
[{"$nulls":7},"31311603-Ensambles de tubería con soldadura sónica de aleación hast x"]
[{"$nulls":7},"31311604-Ensambles de tubería con soldadura sónica de inconel"]
[{"$nulls":7},"31311605-Ensambles de tubería con soldadura sónica de acero de aleación baja"]
[{"$nulls":7},"31311606-Ensambles de tubería con soldadura sónica no metálica"]
[{"$nulls":7},"31311609-Ensambles de tubería con soldadura sónica de acero inoxidable"]
[{"$nulls":7},"31311610-Ensambles de tubería con soldadura sónica de titanio"]
[{"$nulls":7},"31311611-Ensambles de tubería con soldadura sónica de aleación wasp"]
[{"$nulls":7},"31311612-Ensambles de tubería con soldadura sónica de cobre"]
[{"$nulls":7},"31311613-Ensambles de tubería con soldadura sónica de latón"]
[{"$nulls":7},"31311701-Ensambles de tubería pegada de aluminio"]
[{"$nulls":7},"31311702-Ensambles de tubería pegada de acero al carbono"]
[{"$nulls":7},"31311703-Ensambles de tubería pegada de aleación hast x"]
[{"$nulls":7},"31311704-Ensambles de tubería pegada de inconel"]
[{"$nulls":7},"31311705-Ensambles de tubería pegada de acero de aleación baja"]
[{"$nulls":7},"31311706-Ensambles de tubería pegada no metálica"]
[{"$nulls":7},"31311709-Ensambles de tubería pegada de acero inoxidable"]
[{"$nulls":7},"31311710-Ensambles de tubería pegada de titanio"]
[{"$nulls":7},"31311711-Ensambles de tubería pegada de aleación wasp"]
[{"$nulls":7},"31311712-Ensambles de tubería pegada de cobre"]
[{"$nulls":7},"31311713-Ensambles de tubería pegada de latón"]
[{"$nulls":7},"31321101-Ensambles de barras pegadas de aluminio"]
[{"$nulls":7},"31321102-Ensambles de barras pegadas de acero al carbono"]
[{"$nulls":7},"31321103-Ensambles de barras pegadas de aleación hast x"]
[{"$nulls":7},"31321104-Ensambles de barras pegadas de inconel"]
[{"$nulls":7},"31321105-Ensambles de barras pegadas de acero de aleación baja"]
[{"$nulls":7},"31321106-Ensambles de barras pegadas no metálica"]
[{"$nulls":7},"31321109-Ensambles de barras pegadas de acero inoxidable"]
[{"$nulls":7},"31321110-Ensambles de barras pegadas de titanio"]
[{"$nulls":7},"31321111-Ensambles de barras pegadas de aleación wasp"]
[{"$nulls":7},"31321112-Ensambles de barras pegadas de cobre"]
[{"$nulls":7},"31321113-Ensambles de barras pegadas de latón"]
[{"$nulls":7},"31321201-Ensambles de barras soldadas con solvente de aluminio"]
[{"$nulls":7},"31321202-Ensambles de barras soldadas con solvente de acero al carbono"]
[{"$nulls":7},"31321203-Ensambles de barras soldadas con solvente de aleación hast x"]
[{"$nulls":7},"31321204-Ensambles de barras soldadas con solvente de inconel"]
[{"$nulls":7},"31321205-Ensambles de barras soldadas con solvente de acero de aleación baja"]
[{"$nulls":7},"31321206-Ensambles de barras soldadas con solvente no metálica"]
[{"$nulls":7},"31321209-Ensambles de barras soldadas con solvente de acero inoxidable"]
[{"$nulls":7},"31321210-Ensambles de barras soldadas con solvente de titanio"]
[{"$nulls":7},"31321211-Ensambles de barras soldadas con solvente de aleación wasp"]
[{"$nulls":7},"31321212-Ensambles de barras soldadas con solvente de cobre"]
[{"$nulls":7},"31321213-Ensambles de barras soldadas con solvente de latón"]
[{"$nulls":7},"31321301-Ensambles de barras remachadas de aluminio"]
[{"$nulls":7},"31321302-Ensambles de barras remachadas de acero al carbono"]
[{"$nulls":7},"31321303-Ensambles de barras remachadas de aleación hast x"]
[{"$nulls":7},"31321304-Ensambles de barras remachadas de inconel"]
[{"$nulls":7},"31321305-Ensambles de barras remachadas de acero de aleación baja"]
[{"$nulls":7},"31321306-Ensambles de barras remachadas no metálica"]
[{"$nulls":7},"31321309-Ensambles de barras remachadas de acero inoxidable"]
[{"$nulls":7},"31321310-Ensambles de barras remachadas de titanio"]
[{"$nulls":7},"31321311-Ensambles de barras remachadas de aleación wasp"]
[{"$nulls":7},"31321312-Ensambles de barras remachadas de cobre"]
[{"$nulls":7},"31321313-Ensambles de barras remachadas de latón"]
[{"$nulls":7},"31321401-Ensambles de barras soldadas con soldadura fuerte o débil de aluminio"]
[{"$nulls":7},"31321402-Ensambles de barras soldadas con soldadura fuerte o débil de acero al carbono"]
[{"$nulls":7},"31321403-Ensambles de barras soldadas con soldadura fuerte o débil de aleación hast x"]
[{"$nulls":7},"31321404-Ensambles de barras soldadas con soldadura fuerte o débil de inconel"]
[{"$nulls":7},"31321405-Ensambles de barras soldadas con soldadura fuerte o débil de acero de aleación baja"]
[{"$nulls":7},"31321406-Ensambles de barras soldadas con soldadura fuerte o débil no metálica"]
[{"$nulls":7},"31321409-Ensambles de barras soldadas con soldadura fuerte o débil de acero inoxidable"]
[{"$nulls":7},"31321410-Ensambles de barras soldadas con soldadura fuerte o débil de titanio"]
[{"$nulls":7},"31321411-Ensambles de barras soldadas con soldadura fuerte o débil de aleación wasp"]
[{"$nulls":7},"31321412-Ensambles de barras soldadas con soldadura fuerte o débil de cobre"]
[{"$nulls":7},"31321413-Ensambles de barras soldadas con soldadura fuerte o débil de latón"]
[{"$nulls":7},"31321501-Ensambles de barras soldadas con soldadura ultra violeta de aluminio"]
[{"$nulls":7},"31321502-Ensambles de barras soldadas con soldadura ultra violeta de acero al carbono"]
[{"$nulls":7},"31321503-Ensambles de barras soldadas con soldadura ultra violeta de aleación hast x"]
[{"$nulls":7},"31321504-Ensambles de barras soldadas con soldadura ultra violeta de inconel"]
[{"$nulls":7},"31321505-Ensambles de barras soldadas con soldadura ultra violeta de acero de aleación baja"]
[{"$nulls":7},"31321506-Ensambles de barras soldadas con soldadura ultra violeta no metálica"]
[{"$nulls":7},"31321509-Ensambles de barras soldadas con soldadura ultra violeta de acero inoxidable"]
[{"$nulls":7},"31321510-Ensambles de barras soldadas con soldadura ultra violeta de titanio"]
[{"$nulls":7},"31321511-Ensambles de barras soldadas con soldadura ultra violeta de aleación wasp"]
[{"$nulls":7},"31321512-Ensambles de barras soldadas con soldadura ultra violeta de cobre"]
[{"$nulls":7},"31321513-Ensambles de barras soldadas con soldadura ultra violeta de latón"]
[{"$nulls":7},"31321601-Ensambles de barras soldadas con soldadura sónica de aluminio"]
[{"$nulls":7},"31321602-Ensambles de barras soldadas con soldadura sónica de acero al carbono"]
[{"$nulls":7},"31321603-Ensambles de barras soldadas con soldadura sónica de aleación hast x"]
[{"$nulls":7},"31321604-Ensambles de barras soldadas con soldadura sónica de inconel"]
[{"$nulls":7},"31321605-Ensambles de barras soldadas con soldadura sónica de acero de aleación baja"]
[{"$nulls":7},"31321606-Ensambles de barras soldadas con soldadura sónica no metálica"]
[{"$nulls":7},"31321609-Ensambles de barras soldadas con soldadura sónica de acero inoxidable"]
[{"$nulls":7},"31321610-Ensambles de barras soldadas con soldadura sónica de titanio"]
[{"$nulls":7},"31321611-Ensambles de barras soldadas con soldadura sónica de aleación wasp"]
[{"$nulls":7},"31321612-Ensambles de barras soldadas con soldadura sónica de cobre"]
[{"$nulls":7},"31321613-Ensambles de barras soldadas con soldadura sónica de latón"]
[{"$nulls":7},"31321701-Ensambles de barras atornilladas de aluminio"]
[{"$nulls":7},"31321702-Ensambles de barras atornilladas de acero al carbono"]
[{"$nulls":7},"31321703-Ensambles de barras atornilladas de aleación hast x"]
[{"$nulls":7},"31321704-Ensambles de barras atornilladas de inconel"]
[{"$nulls":7},"31321705-Ensambles de barras atornilladas de acero de aleación baja"]
[{"$nulls":7},"31321706-Ensambles de barras atornilladas no metálica"]
[{"$nulls":7},"31321709-Ensambles de barras atornilladas de acero inoxidable"]
[{"$nulls":7},"31321710-Ensambles de barras atornilladas de titanio"]
[{"$nulls":7},"31321711-Ensambles de barras atornilladas de aleación wasp"]
[{"$nulls":7},"31321712-Ensambles de barras atornilladas de cobre"]
[{"$nulls":7},"31321713-Ensambles de barras atornilladas de latón"]
[{"$nulls":7},"31331101-Ensambles estructurales pegados de aluminio"]
[{"$nulls":7},"31331102-Ensambles estructurales pegados de acero al carbono"]
[{"$nulls":7},"31331103-Ensambles estructurales pegados de aleación hast x"]
[{"$nulls":7},"31331104-Ensambles estructurales pegados de inconel"]
[{"$nulls":7},"31331105-Ensambles estructurales pegados de acero de aleación baja"]
[{"$nulls":7},"31331106-Ensambles estructurales pegados no metálica"]
[{"$nulls":7},"31331109-Ensambles estructurales pegados de acero inoxidable"]
[{"$nulls":7},"31331110-Ensambles estructurales pegados de titanio"]
[{"$nulls":7},"31331111-Ensambles estructurales pegados de aleación wasp"]
[{"$nulls":7},"31331112-Ensambles estructurales pegados de cobre"]
[{"$nulls":7},"31331113-Ensambles estructurales pegados de latón"]
[{"$nulls":7},"31331201-Ensambles estructurales atornillados de aluminio"]
[{"$nulls":7},"31331202-Ensambles estructurales atornillados de acero al carbono"]
[{"$nulls":7},"31331203-Ensambles estructurales atornillados de aleación hast x"]
[{"$nulls":7},"31331204-Ensambles estructurales atornillados de inconel"]
[{"$nulls":7},"31331205-Ensambles estructurales atornillados de acero de aleación baja"]
[{"$nulls":7},"31331206-Ensambles estructurales atornillados no metálica"]
[{"$nulls":7},"31331209-Ensambles estructurales atornillados de acero inoxidable"]
[{"$nulls":7},"31331210-Ensambles estructurales atornillados de titanio"]
[{"$nulls":7},"31331211-Ensambles estructurales atornillados de aleación wasp"]
[{"$nulls":7},"31331212-Ensambles estructurales atornillados de cobre"]
[{"$nulls":7},"31331213-Ensambles estructurales atornillados de latón"]
[{"$nulls":7},"31331301-Ensambles estructurales con soldadura sónica de aluminio"]
[{"$nulls":7},"31331302-Ensambles estructurales con soldadura sónica de acero al carbono"]
[{"$nulls":7},"31331303-Ensambles estructurales con soldadura sónica de aleación hast x"]
[{"$nulls":7},"31331304-Ensambles estructurales con soldadura sónica de inconel"]
[{"$nulls":7},"31331305-Ensambles estructurales con soldadura sónica de acero de aleación baja"]
[{"$nulls":7},"31331306-Ensambles estructurales con soldadura sónica no metálica"]
[{"$nulls":7},"31331309-Ensambles estructurales con soldadura sónica de acero inoxidable"]
[{"$nulls":7},"31331310-Ensambles estructurales con soldadura sónica de titanio"]
[{"$nulls":7},"31331311-Ensambles estructurales con soldadura sónica de aleación wasp"]
[{"$nulls":7},"31331312-Ensambles estructurales con soldadura sónica de cobre"]
[{"$nulls":7},"31331313-Ensambles estructurales con soldadura sónica de latón"]
[{"$nulls":7},"31331401-Ensambles estructurales con soldadura ultra violeta de aluminio"]
[{"$nulls":7},"31331402-Ensambles estructurales con soldadura ultra violeta de acero al carbono"]
[{"$nulls":7},"31331403-Ensambles estructurales con soldadura ultra violeta de aleación hast x"]
[{"$nulls":7},"31331404-Ensambles estructurales con soldadura ultra violeta de inconel"]
[{"$nulls":7},"31331405-Ensambles estructurales con soldadura ultra violeta de acero de aleación baja"]
[{"$nulls":7},"31331406-Ensambles estructurales con soldadura ultra violeta no metálica"]
[{"$nulls":7},"31331409-Ensambles estructurales con soldadura ultra violeta de acero inoxidable"]
[{"$nulls":7},"31331410-Ensambles estructurales con soldadura ultra violeta de titanio"]
[{"$nulls":7},"31331411-Ensambles estructurales con soldadura ultra violeta de aleación wasp"]
[{"$nulls":7},"31331412-Ensambles estructurales con soldadura ultra violeta de cobre"]
[{"$nulls":7},"31331413-Ensambles estructurales con soldadura ultra violeta de latón"]
[{"$nulls":7},"31331501-Ensambles estructurales con soldadura de solvente de aluminio"]
[{"$nulls":7},"31331502-Ensambles estructurales con soldadura de solvente de acero al carbono"]
[{"$nulls":7},"31331503-Ensambles estructurales con soldadura de solvente de aleación hast x"]
[{"$nulls":7},"31331504-Ensambles estructurales con soldadura de solvente de inconel"]
[{"$nulls":7},"31331505-Ensambles estructurales con soldadura de solvente de acero de aleación baja"]
[{"$nulls":7},"31331506-Ensambles estructurales con soldadura de solvente no metálica"]
[{"$nulls":7},"31331509-Ensambles estructurales con soldadura de solvente de acero inoxidable"]
[{"$nulls":7},"31331510-Ensambles estructurales con soldadura de solvente de titanio"]
[{"$nulls":7},"31331511-Ensambles estructurales con soldadura de solvente de aleación wasp"]
[{"$nulls":7},"31331512-Ensambles estructurales con soldadura de solvente de cobre"]
[{"$nulls":7},"31331513-Ensambles estructurales con soldadura de solvente de latón"]
[{"$nulls":7},"31331601-Ensambles estructurales con soldadura de fuerte o débil de aluminio"]
[{"$nulls":7},"31331602-Ensambles estructurales con soldadura de fuerte o débil de acero al carbono"]
[{"$nulls":7},"31331603-Ensambles estructurales con soldadura de fuerte o débil de aleación hast x"]
[{"$nulls":7},"31331604-Ensambles estructurales con soldadura de fuerte o débil de inconel"]
[{"$nulls":7},"31331605-Ensambles estructurales con soldadura de fuerte o débil de acero de aleación baja"]
[{"$nulls":7},"31331606-Ensambles estructurales con soldadura de fuerte o débil no metálica"]
[{"$nulls":7},"31331609-Ensambles estructurales con soldadura de fuerte o débil de acero inoxidable"]
[{"$nulls":7},"31331610-Ensambles estructurales con soldadura de fuerte o débil de titanio"]
[{"$nulls":7},"31331611-Ensambles estructurales con soldadura de fuerte o débil de aleación wasp"]
[{"$nulls":7},"31331612-Ensambles estructurales con soldadura de fuerte o débil de cobre"]
[{"$nulls":7},"31331613-Ensambles estructurales con soldadura de fuerte o débil de latón"]
[{"$nulls":7},"31331701-Ensambles estructurales remachados de aluminio"]
[{"$nulls":7},"31331702-Ensambles estructurales remachados de acero al carbono"]
[{"$nulls":7},"31331703-Ensambles estructurales remachados de aleación hast x"]
[{"$nulls":7},"31331704-Ensambles estructurales remachados de inconel"]
[{"$nulls":7},"31331705-Ensambles estructurales remachados de acero de aleación baja"]
[{"$nulls":7},"31331706-Ensambles estructurales remachados no metálica"]
[{"$nulls":7},"31331709-Ensambles estructurales remachados de acero inoxidable"]
[{"$nulls":7},"31331710-Ensambles estructurales remachados de titanio"]
[{"$nulls":7},"31331711-Ensambles estructurales remachados de aleación wasp"]
[{"$nulls":7},"31331712-Ensambles estructurales remachados de cobre"]
[{"$nulls":7},"31331713-Ensambles estructurales remachados de latón"]
[{"$nulls":7},"31341101-Ensambles de láminas soldadas con soldadura fuerte o débil de aluminio"]
[{"$nulls":7},"31341102-Ensambles de láminas soldadas con soldadura fuerte o débil de acero al carbono"]
[{"$nulls":7},"31341103-Ensambles de láminas soldadas con soldadura fuerte o débil de aleación hast x"]
[{"$nulls":7},"31341104-Ensambles de láminas soldadas con soldadura fuerte o débil de inconel"]
[{"$nulls":7},"31341105-Ensambles de láminas soldadas con soldadura fuerte o débil de acero de aleación baja"]
[{"$nulls":7},"31341106-Ensambles de láminas soldadas con soldadura fuerte o débil no metálica"]
[{"$nulls":7},"31341109-Ensambles de láminas soldadas con soldadura fuerte o débil de acero inoxidable"]
[{"$nulls":7},"31341110-Ensambles de láminas soldadas con soldadura fuerte o débil de titanio"]
[{"$nulls":7},"31341111-Ensambles de láminas soldadas con soldadura fuerte o débil de aleación wasp"]
[{"$nulls":7},"31341112-Ensambles de láminas soldadas con soldadura fuerte o débil de cobre"]
[{"$nulls":7},"31341113-Ensambles de láminas soldadas con soldadura fuerte o débil de latón"]
[{"$nulls":7},"31341201-Ensambles de láminas remachadas de aluminio"]
[{"$nulls":7},"31341202-Ensambles de láminas remachadas de acero al carbono"]
[{"$nulls":7},"31341203-Ensambles de láminas remachadas de aleación hast x"]
[{"$nulls":7},"31341204-Ensambles de láminas remachadas de inconel"]
[{"$nulls":7},"31341205-Ensambles de láminas remachadas de acero de aleación baja"]
[{"$nulls":7},"31341206-Ensambles de láminas remachadas no metálica"]
[{"$nulls":7},"31341209-Ensambles de láminas remachadas de acero inoxidable"]
[{"$nulls":7},"31341210-Ensambles de láminas remachadas de titanio"]
[{"$nulls":7},"31341211-Ensambles de láminas remachadas de aleación wasp"]
[{"$nulls":7},"31341212-Ensambles de láminas remachadas de cobre"]
[{"$nulls":7},"31341213-Ensambles de láminas remachadas de latón"]
[{"$nulls":7},"31341301-Ensambles de láminas soldadas con soldadura ultra violeta de aluminio"]
[{"$nulls":7},"31341302-Ensambles de láminas soldadas con soldadura ultra violeta de acero al carbono"]
[{"$nulls":7},"31341303-Ensambles de láminas soldadas con soldadura ultra violeta de aleación hast x"]
[{"$nulls":7},"31341304-Ensambles de láminas soldadas con soldadura ultra violeta de inconel"]
[{"$nulls":7},"31341305-Ensambles de láminas soldadas con soldadura ultra violeta de acero de aleación baja"]
[{"$nulls":7},"31341306-Ensambles de láminas soldadas con soldadura ultra violeta no metálica"]
[{"$nulls":7},"31341309-Ensambles de láminas soldadas con soldadura ultra violeta de acero inoxidable"]
[{"$nulls":7},"31341310-Ensambles de láminas soldadas con soldadura ultra violeta de titanio"]
[{"$nulls":7},"31341311-Ensambles de láminas soldadas con soldadura ultra violeta de aleación wasp"]
[{"$nulls":7},"31341312-Ensambles de láminas soldadas con soldadura ultra violeta de cobre"]
[{"$nulls":7},"31341313-Ensambles de láminas soldadas con soldadura ultra violeta de latón"]
[{"$nulls":7},"31341401-Ensambles de láminas soldadas con soldadura sónica de aluminio"]
[{"$nulls":7},"31341402-Ensambles de láminas soldadas con soldadura sónica de acero al carbono"]
[{"$nulls":7},"31341403-Ensambles de láminas soldadas con soldadura sónica de aleación hast x"]
[{"$nulls":7},"31341404-Ensambles de láminas soldadas con soldadura sónica de inconel"]
[{"$nulls":7},"31341405-Ensambles de láminas soldadas con soldadura sónica de acero de aleación baja"]
[{"$nulls":7},"31341406-Ensambles de láminas soldadas con soldadura sónica no metálica"]
[{"$nulls":7},"31341409-Ensambles de láminas soldadas con soldadura sónica de acero inoxidable"]
[{"$nulls":7},"31341410-Ensambles de láminas soldadas con soldadura sónica de titanio"]
[{"$nulls":7},"31341411-Ensambles de láminas soldadas con soldadura sónica de aleación wasp"]
[{"$nulls":7},"31341412-Ensambles de láminas soldadas con soldadura sónica de cobre"]
[{"$nulls":7},"31341413-Ensambles de láminas soldadas con soldadura sónica de latón"]
[{"$nulls":7},"31341501-Ensambles de láminas soldadas con soldadura solvente de aluminio"]
[{"$nulls":7},"31341502-Ensambles de láminas soldadas con soldadura solvente de acero al carbono"]
[{"$nulls":7},"31341503-Ensambles de láminas soldadas con soldadura solvente de aleación hast x"]
[{"$nulls":7},"31341504-Ensambles de láminas soldadas con soldadura solvente de inconel"]
[{"$nulls":7},"31341505-Ensambles de láminas soldadas con soldadura solvente de acero de aleación baja"]
[{"$nulls":7},"31341506-Ensambles de láminas soldadas con soldadura solvente no metálica"]
[{"$nulls":7},"31341509-Ensambles de láminas soldadas con soldadura solvente de acero inoxidable"]
[{"$nulls":7},"31341510-Ensambles de láminas soldadas con soldadura solvente de titanio"]
[{"$nulls":7},"31341511-Ensambles de láminas soldadas con soldadura solvente de aleación wasp"]
[{"$nulls":7},"31341512-Ensambles de láminas soldadas con soldadura solvente de cobre"]
[{"$nulls":7},"31341513-Ensambles de láminas soldadas con soldadura solvente de latón"]
[{"$nulls":7},"31341601-Ensambles de láminas pegadas de aluminio"]
[{"$nulls":7},"31341602-Ensambles de láminas pegadas de acero al carbono"]
[{"$nulls":7},"31341603-Ensambles de láminas pegadas de aleación hast x"]
[{"$nulls":7},"31341604-Ensambles de láminas pegadas de inconel"]
[{"$nulls":7},"31341605-Ensambles de láminas pegadas de acero de aleación baja"]
[{"$nulls":7},"31341606-Ensambles de láminas pegadas no metálica"]
[{"$nulls":7},"31341609-Ensambles de láminas pegadas de acero inoxidable"]
[{"$nulls":7},"31341610-Ensambles de láminas pegadas de titanio"]
[{"$nulls":7},"31341611-Ensambles de láminas pegadas de aleación wasp"]
[{"$nulls":7},"31341612-Ensambles de láminas pegadas de cobre"]
[{"$nulls":7},"31341613-Ensambles de láminas pegadas de latón"]
[{"$nulls":7},"31341701-Ensambles de láminas atornilladas de aluminio"]
[{"$nulls":7},"31341702-Ensambles de láminas atornilladas de acero al carbono"]
[{"$nulls":7},"31341703-Ensambles de láminas atornilladas de aleación hast x"]
[{"$nulls":7},"31341704-Ensambles de láminas atornilladas de inconel"]
[{"$nulls":7},"31341705-Ensambles de láminas atornilladas de acero de aleación baja"]
[{"$nulls":7},"31341706-Ensambles de láminas atornilladas no metálica"]
[{"$nulls":7},"31341709-Ensambles de láminas atornilladas de acero inoxidable"]
[{"$nulls":7},"31341710-Ensambles de láminas atornilladas de titanio"]
[{"$nulls":7},"31341711-Ensambles de láminas atornilladas de aleación wasp"]
[{"$nulls":7},"31341712-Ensambles de láminas atornilladas de cobre"]
[{"$nulls":7},"31341713-Ensambles de láminas atornilladas de latón"]
[{"$nulls":7},"31351101-Ensambles de tubos soldados con soldadura ultra violeta de aluminio"]
[{"$nulls":7},"31351102-Ensambles de tubos soldados con soldadura ultra violeta de acero al carbono"]
[{"$nulls":7},"31351103-Ensambles de tubos soldados con soldadura ultra violeta de aleación hast x"]
[{"$nulls":7},"31351104-Ensambles de tubos soldados con soldadura ultra violeta de inconel"]
[{"$nulls":7},"31351105-Ensambles de tubos soldados con soldadura ultra violeta de acero de aleación baja"]
[{"$nulls":7},"31351106-Ensambles de tubos soldados con soldadura ultra violeta no metálica"]
[{"$nulls":7},"31351109-Ensambles de tubos soldados con soldadura ultra violeta de acero inoxidable"]
[{"$nulls":7},"31351110-Ensambles de tubos soldados con soldadura ultra violeta de titanio"]
[{"$nulls":7},"31351111-Ensambles de tubos soldados con soldadura ultra violeta de aleación wasp"]
[{"$nulls":7},"31351112-Ensambles de tubos soldados con soldadura ultra violeta de cobre"]
[{"$nulls":7},"31351113-Ensambles de tubos soldados con soldadura ultra violeta de latón"]
[{"$nulls":7},"31351201-Ensambles de tubos soldados con soldadura fuerte o débil de aluminio"]
[{"$nulls":7},"31351202-Ensambles de tubos soldados con soldadura fuerte o débil de acero al carbono"]
[{"$nulls":7},"31351203-Ensambles de tubos soldados con soldadura fuerte o débil de aleación hast x"]
[{"$nulls":7},"31351204-Ensambles de tubos soldados con soldadura fuerte o débil de inconel"]
[{"$nulls":7},"31351205-Ensambles de tubos soldados con soldadura fuerte o débil de acero de aleación baja"]
[{"$nulls":7},"31351206-Ensambles de tubos soldados con soldadura fuerte o débil no metálica"]
[{"$nulls":7},"31351209-Ensambles de tubos soldados con soldadura fuerte o débil de acero inoxidable"]
[{"$nulls":7},"31351210-Ensambles de tubos soldados con soldadura fuerte o débil de titanio"]
[{"$nulls":7},"31351211-Ensambles de tubos soldados con soldadura fuerte o débil de aleación wasp"]
[{"$nulls":7},"31351212-Ensambles de tubos soldados con soldadura fuerte o débil de cobre"]
[{"$nulls":7},"31351213-Ensambles de tubos soldados con soldadura fuerte o débil de latón"]
[{"$nulls":7},"31351301-Ensambles de tubos remachados de aluminio"]
[{"$nulls":7},"31351302-Ensambles de tubos remachados de acero al carbono"]
[{"$nulls":7},"31351303-Ensambles de tubos remachados de aleación hast x"]
[{"$nulls":7},"31351304-Ensambles de tubos remachados de inconel"]
[{"$nulls":7},"31351305-Ensambles de tubos remachados de acero de aleación baja"]
[{"$nulls":7},"31351306-Ensambles de tubos remachados no metálica"]
[{"$nulls":7},"31351309-Ensambles de tubos remachados de acero inoxidable"]
[{"$nulls":7},"31351310-Ensambles de tubos remachados de titanio"]
[{"$nulls":7},"31351311-Ensambles de tubos remachados de aleación wasp"]
[{"$nulls":7},"31351312-Ensambles de tubos remachados de cobre"]
[{"$nulls":7},"31351313-Ensambles de tubos remachados de latón"]
[{"$nulls":7},"31351401-Ensambles de tubos pegados de aluminio"]
[{"$nulls":7},"31351402-Ensambles de tubos pegados de acero al carbono"]
[{"$nulls":7},"31351403-Ensambles de tubos pegados de aleación hast x"]
[{"$nulls":7},"31351404-Ensambles de tubos pegados de inconel"]
[{"$nulls":7},"31351405-Ensambles de tubos pegados de acero de aleación baja"]
[{"$nulls":7},"31351406-Ensambles de tubos pegados no metálica"]
[{"$nulls":7},"31351409-Ensambles de tubos pegados de acero inoxidable"]
[{"$nulls":7},"31351410-Ensambles de tubos pegados de titanio"]
[{"$nulls":7},"31351411-Ensambles de tubos pegados de aleación wasp"]
[{"$nulls":7},"31351412-Ensambles de tubos pegados de cobre"]
[{"$nulls":7},"31351413-Ensambles de tubos pegados de latón"]
[{"$nulls":7},"31351501-Ensambles de tubos atornillados de aluminio"]
[{"$nulls":7},"31351502-Ensambles de tubos atornillados de acero al carbono"]
[{"$nulls":7},"31351503-Ensambles de tubos atornillados de aleación hast x"]
[{"$nulls":7},"31351504-Ensambles de tubos atornillados de inconel"]
[{"$nulls":7},"31351505-Ensambles de tubos atornillados de acero de aleación baja"]
[{"$nulls":7},"31351506-Ensambles de tubos atornillados no metálica"]
[{"$nulls":7},"31351509-Ensambles de tubos atornillados de acero inoxidable"]
[{"$nulls":7},"31351510-Ensambles de tubos atornillados de titanio"]
[{"$nulls":7},"31351511-Ensambles de tubos atornillados de aleación wasp"]
[{"$nulls":7},"31351512-Ensambles de tubos atornillados de cobre"]
[{"$nulls":7},"31351513-Ensambles de tubos atornillados de latón"]
[{"$nulls":7},"31351601-Ensambles de tubos soldados con disolvente de aluminio"]
[{"$nulls":7},"31351602-Ensambles de tubos soldados con disolvente de acero al carbono"]
[{"$nulls":7},"31351603-Ensambles de tubos soldados con disolvente de aleación hast x"]
[{"$nulls":7},"31351604-Ensambles de tubos soldados con disolvente de inconel"]
[{"$nulls":7},"31351605-Ensambles de tubos soldados con disolvente de acero de aleación baja"]
[{"$nulls":7},"31351606-Ensambles de tubos soldados con disolvente no metálica"]
[{"$nulls":7},"31351609-Ensambles de tubos soldados con disolvente de acero inoxidable"]
[{"$nulls":7},"31351610-Ensambles de tubos soldados con disolvente de titanio"]
[{"$nulls":7},"31351611-Ensambles de tubos soldados con disolvente de aleación wasp"]
[{"$nulls":7},"31351612-Ensambles de tubos soldados con disolvente de cobre"]
[{"$nulls":7},"31351613-Ensambles de tubos soldados con disolvente de latón"]
[{"$nulls":7},"31351701-Ensambles de tubos soldados con soldadura sónica de aluminio"]
[{"$nulls":7},"31351702-Ensambles de tubos soldados con soldadura sónica de acero al carbono"]
[{"$nulls":7},"31351703-Ensambles de tubos soldados con soldadura sónica de aleación hast x"]
[{"$nulls":7},"31351704-Ensambles de tubos soldados con soldadura sónica de inconel"]
[{"$nulls":7},"31351705-Ensambles de tubos soldados con soldadura sónica de acero de aleación baja"]
[{"$nulls":7},"31351706-Ensambles de tubos soldados con soldadura sónica no metálica"]
[{"$nulls":7},"31351709-Ensambles de tubos soldados con soldadura sónica de acero inoxidable"]
[{"$nulls":7},"31351710-Ensambles de tubos soldados con soldadura sónica de titanio"]
[{"$nulls":7},"31351711-Ensambles de tubos soldados con soldadura sónica de aleación wasp"]
[{"$nulls":7},"31351712-Ensambles de tubos soldados con soldadura sónica de cobre"]
[{"$nulls":7},"31351713-Ensambles de tubos soldados con soldadura sónica de latón"]
[{"$nulls":7},"31361101-Ensambles de placas soldadas de aluminio"]
[{"$nulls":7},"31361102-Ensambles de placas soldadas de acero al carbono"]
[{"$nulls":7},"31361103-Ensambles de placas soldadas de aleación hast x"]
[{"$nulls":7},"31361104-Ensambles de placas soldadas de inconel"]
[{"$nulls":7},"31361105-Ensambles de placas soldadas de acero de aleación baja"]
[{"$nulls":7},"31361106-Ensambles de placas soldadas no metálica"]
[{"$nulls":7},"31361109-Ensambles de placas soldadas de acero inoxidable"]
[{"$nulls":7},"31361110-Ensambles de placas soldadas de titanio"]
[{"$nulls":7},"31361111-Ensambles de placas soldadas de aleación wasp"]
[{"$nulls":7},"31361112-Ensambles de placas soldadas de cobre"]
[{"$nulls":7},"31361113-Ensambles de placas soldadas de latón"]
[{"$nulls":7},"31361201-Ensambles de placas atornilladas de aluminio"]
[{"$nulls":7},"31361202-Ensambles de placas atornilladas de acero al carbono"]
[{"$nulls":7},"31361203-Ensambles de placas atornilladas de aleación hast x"]
[{"$nulls":7},"31361204-Ensambles de placas atornilladas de inconel"]
[{"$nulls":7},"31361205-Ensambles de placas atornilladas de acero de aleación baja"]
[{"$nulls":7},"31361206-Ensambles de placas atornilladas no metálica"]
[{"$nulls":7},"31361209-Ensambles de placas atornilladas de acero inoxidable"]
[{"$nulls":7},"31361210-Ensambles de placas atornilladas de titanio"]
[{"$nulls":7},"31361211-Ensambles de placas atornilladas de aleación wasp"]
[{"$nulls":7},"31361212-Ensambles de placas atornilladas de cobre"]
[{"$nulls":7},"31361213-Ensambles de placas atornilladas de latón"]
[{"$nulls":7},"31361301-Ensambles de placas soldadas con solvente de aluminio"]
[{"$nulls":7},"31361302-Ensambles de placas soldadas con solvente de acero al carbono"]
[{"$nulls":7},"31361303-Ensambles de placas soldadas con solvente de aleación hast x"]
[{"$nulls":7},"31361304-Ensambles de placas soldadas con solvente de inconel"]
[{"$nulls":7},"31361305-Ensambles de placas soldadas con solvente de acero de aleación baja"]
[{"$nulls":7},"31361306-Ensambles de placas soldadas con solvente no metálica"]
[{"$nulls":7},"31361309-Ensambles de placas soldadas con solvente de acero inoxidable"]
[{"$nulls":7},"31361310-Ensambles de placas soldadas con solvente de titanio"]
[{"$nulls":7},"31361311-Ensambles de placas soldadas con solvente de aleación wasp"]
[{"$nulls":7},"31361312-Ensambles de placas soldadas con solvente de cobre"]
[{"$nulls":7},"31361313-Ensambles de placas soldadas con solvente de latón"]
[{"$nulls":7},"31361401-Ensambles de placas soldadas con soldadura fuerte o débil de aluminio"]
[{"$nulls":7},"31361402-Ensambles de placas soldadas con soldadura fuerte o débil de acero al carbono"]
[{"$nulls":7},"31361403-Ensambles de placas soldadas con soldadura fuerte o débil de aleación hast x"]
[{"$nulls":7},"31361404-Ensambles de placas soldadas con soldadura fuerte o débil de inconel"]
[{"$nulls":7},"31361405-Ensambles de placas soldadas con soldadura fuerte o débil de acero de aleación baja"]
[{"$nulls":7},"31361406-Ensambles de placas soldadas con soldadura fuerte o débil no metálica"]
[{"$nulls":7},"31361409-Ensambles de placas soldadas con soldadura fuerte o débil de acero inoxidable"]
[{"$nulls":7},"31361410-Ensambles de placas soldadas con soldadura fuerte o débil de titanio"]
[{"$nulls":7},"31361411-Ensambles de placas soldadas con soldadura fuerte o débil de aleación wasp"]
[{"$nulls":7},"31361412-Ensambles de placas soldadas con soldadura fuerte o débil de cobre"]
[{"$nulls":7},"31361413-Ensambles de placas soldadas con soldadura fuerte o débil de latón"]
[{"$nulls":7},"31361501-Ensambles de placas soldadas con soldadura ultra violeta de aluminio"]
[{"$nulls":7},"31361502-Ensambles de placas soldadas con soldadura ultra violeta de acero al carbono"]
[{"$nulls":7},"31361503-Ensambles de placas soldadas con soldadura ultra violeta de aleación hast x"]
[{"$nulls":7},"31361504-Ensambles de placas soldadas con soldadura ultra violeta de inconel"]
[{"$nulls":7},"31361505-Ensambles de placas soldadas con soldadura ultra violeta de acero de aleación baja"]
[{"$nulls":7},"31361506-Ensambles de placas soldadas con soldadura ultra violeta no metálica"]
[{"$nulls":7},"31361509-Ensambles de placas soldadas con soldadura ultra violeta de acero inoxidable"]
[{"$nulls":7},"31361510-Ensambles de placas soldadas con soldadura ultra violeta de titanio"]
[{"$nulls":7},"31361511-Ensambles de placas soldadas con soldadura ultra violeta de aleación wasp"]
[{"$nulls":7},"31361512-Ensambles de placas soldadas con soldadura ultra violeta de cobre"]
[{"$nulls":7},"31361513-Ensambles de placas soldadas con soldadura ultra violeta de latón"]
[{"$nulls":7},"31361601-Ensambles de placas soldadas con soldadura sónica de aluminio"]
[{"$nulls":7},"31361602-Ensambles de placas soldadas con soldadura sónica de acero al carbono"]
[{"$nulls":7},"31361603-Ensambles de placas soldadas con soldadura sónica de aleación hast x"]
[{"$nulls":7},"31361604-Ensambles de placas soldadas con soldadura sónica de inconel"]
[{"$nulls":7},"31361605-Ensambles de placas soldadas con soldadura sónica de acero de aleación baja"]
[{"$nulls":7},"31361606-Ensambles de placas soldadas con soldadura sónica no metálica"]
[{"$nulls":7},"31361609-Ensambles de placas soldadas con soldadura sónica de acero inoxidable"]
[{"$nulls":7},"31361610-Ensambles de placas soldadas con soldadura sónica de titanio"]
[{"$nulls":7},"31361611-Ensambles de placas soldadas con soldadura sónica de aleación wasp"]
[{"$nulls":7},"31361612-Ensambles de placas soldadas con soldadura sónica de cobre"]
[{"$nulls":7},"31361613-Ensambles de placas soldadas con soldadura sónica de latón"]
[{"$nulls":7},"31361701-Ensambles de placas remachadas de aluminio"]
[{"$nulls":7},"31361702-Ensambles de placas remachadas de acero al carbono"]
[{"$nulls":7},"31361703-Ensambles de placas remachadas de aleación hast x"]
[{"$nulls":7},"31361704-Ensambles de placas remachadas de inconel"]
[{"$nulls":7},"31361705-Ensambles de placas remachadas de acero de aleación baja"]
[{"$nulls":7},"31361706-Ensambles de placas remachadas no metálica"]
[{"$nulls":7},"31361709-Ensambles de placas remachadas de acero inoxidable"]
[{"$nulls":7},"31361710-Ensambles de placas remachadas de titanio"]
[{"$nulls":7},"31361711-Ensambles de placas remachadas de aleación wasp"]
[{"$nulls":7},"31361712-Ensambles de placas remachadas de cobre"]
[{"$nulls":7},"31361713-Ensambles de placas remachadas de latón"]
[{"$nulls":7},"31371001-Paneles aislantes"]
[{"$nulls":7},"31371002-Lana aislante"]
[{"$nulls":7},"31371003-Sábanas refractarias"]
[{"$nulls":7},"31371101-Ladrillo de mulita"]
[{"$nulls":7},"31371102-Ladrillos de silimanita"]
[{"$nulls":7},"31371103-Ladrillos resistentes al ácido"]
[{"$nulls":7},"31371104-Ladrillos de sílice"]
[{"$nulls":7},"31371105-Ladrillos de alta alúmina"]
[{"$nulls":7},"31371106-Ladrillos de silicato de calcio"]
[{"$nulls":7},"31371107-Ladrillos con formas"]
[{"$nulls":7},"31371201-Moldeables densos"]
[{"$nulls":7},"31371202-Moldeables de aislación"]
[{"$nulls":7},"31371203-Moldeables bajos en cemento"]
[{"$nulls":7},"31371204-Moldeables resistentes a ácidos o a álcalis"]
[{"$nulls":7},"31371205-Moldeables resistentes a abrasión"]
[{"$nulls":7},"31371206-Moldeables sic"]
[{"$nulls":7},"31371207-Moldeables de auto flujo"]
[{"$nulls":7},"31371208-Moldeable tabular alúmina"]
[{"$nulls":7},"31371209-Moldeable resistente a la erosión"]
[{"$nulls":7},"31371301-Bloques porosos"]
[{"$nulls":7},"31371302-Boquillas de zircón"]
[{"$nulls":7},"31371401-Tejas de sílice"]
[{"$nulls":7},"31381001-Piedra de la veta"]
[{"$nulls":7},"31381002-imanes Alnico"]
[{"$nulls":7},"31381003-Imanes de ferrita"]
[{"$nulls":7},"31381004-Imanes de neodimio"]
[{"$nulls":7},"31381005-Imanes de samario cobalto"]
[{"$nulls":7},"32101502-Montajes de circuitos impresos (pca)"]
[{"$nulls":7},"32101503-Conjuntos de circuitos mixtos"]
[{"$nulls":7},"32101504-Ensamblajes de circuitos montados en superficie"]
[{"$nulls":7},"32101505-Ensamblajes de circuitos electro plateados"]
[{"$nulls":7},"32101506-Tarjetas de circuito de doble cara"]
[{"$nulls":7},"32101507-Tarjetas de tablero de conectores de circuitos"]
[{"$nulls":7},"32101508-Tarjetas de circuito multi capa"]
[{"$nulls":7},"32101509-Tarjetas de circuito de una cara"]
[{"$nulls":7},"32101510-Tablero de cables impreso"]
[{"$nulls":7},"32101512-Demoduladores"]
[{"$nulls":7},"32101513-Conjuntos de circuitos de aplicaciones específicas"]
[{"$nulls":7},"32101514-Amplificadores"]
[{"$nulls":7},"32101515-Atenuadores"]
[{"$nulls":7},"32101516-Circuladores"]
[{"$nulls":7},"32101517-Acopladores"]
[{"$nulls":7},"32101518-Líneas de retardo"]
[{"$nulls":7},"32101519-Detectores"]
[{"$nulls":7},"32101520-Cargas simuladas"]
[{"$nulls":7},"32101521-Filtros de radiofrecuencia (rf)"]
[{"$nulls":7},"32101522-Aisladores"]
[{"$nulls":7},"32101523-Mezcladores"]
[{"$nulls":7},"32101524-Variadores de fase"]
[{"$nulls":7},"32101525-Multiplexores"]
[{"$nulls":7},"32101526-Amplificadores de tubos de onda"]
[{"$nulls":7},"32101527-Terminaciones"]
[{"$nulls":7},"32101528-Moduladores"]
[{"$nulls":7},"32101601-Memoria de acceso aleatorio (ram)"]
[{"$nulls":7},"32101602-Memoria ram dinámica (dram)"]
[{"$nulls":7},"32101603-Memoria ram estática (sram)"]
[{"$nulls":7},"32101604-Memoria rom programable (prom)"]
[{"$nulls":7},"32101605-Memoria rom programable borrable (eprom)"]
[{"$nulls":7},"32101606-Memoria rom programable borrable eléctricamente (eeprom)"]
[{"$nulls":7},"32101607-Circuitos integrados monolíticos de memoria (mmic)"]
[{"$nulls":7},"32101608-Memoria de sólo lectura (rom)"]
[{"$nulls":7},"32101609-Circuitos integrados de aplicaciones específicas (asic)"]
[{"$nulls":7},"32101611-Lógica de matriz programable (pal)"]
[{"$nulls":7},"32101612-Lógica de matriz de puertas (gal)"]
[{"$nulls":7},"32101613-Lógica transistor-transistor (ttl)"]
[{"$nulls":7},"32101614-Lógica de emisor acoplado (ecl)"]
[{"$nulls":7},"32101615-Tecnología mos bipolar (bimos)"]
[{"$nulls":7},"32101616-Tecnología cmos bipolar (bicmos)"]
[{"$nulls":7},"32101617-Tarjetas inteligentes"]
[{"$nulls":7},"32101618-Circuitos integrados ordenados hacia arriba"]
[{"$nulls":7},"32101619-Circuitos integrados lineales"]
[{"$nulls":7},"32101620-Circuitos integrados digitales"]
[{"$nulls":7},"32101621-Memoria dram síncrona (sdram)"]
[{"$nulls":7},"32101622-Memoria flash"]
[{"$nulls":7},"32101623-Memoria rdram (rambus)"]
[{"$nulls":7},"32101624-Memoria sgram"]
[{"$nulls":7},"32101625-Circuitos integrados de accionamiento o control por motor"]
[{"$nulls":7},"32101626-Microprocesadores"]
[{"$nulls":7},"32101627-Osciladores de reloj"]
[{"$nulls":7},"32101628-Microcontroladores"]
[{"$nulls":7},"32101629-Amplificadores operacionales"]
[{"$nulls":7},"32101630-Circuitos integrados de regulador de tensión"]
[{"$nulls":7},"32101631-Circuitos integrados de comparador de tensión"]
[{"$nulls":7},"32101632-Circuitos integrados de temporizador"]
[{"$nulls":7},"32101633-Puertas lógicas"]
[{"$nulls":7},"32101634-Circuitos basculantes"]
[{"$nulls":7},"32101635-Registros de desplazamiento"]
[{"$nulls":7},"32101636-Procesador de señal digital (dsp)"]
[{"$nulls":7},"32101637-Procesadores de red"]
[{"$nulls":7},"32111501-Diodos de microondas"]
[{"$nulls":7},"32111502-Diodos zener"]
[{"$nulls":7},"32111503-Diodos emisores de luz (led)"]
[{"$nulls":7},"32111504-Diodos schottky"]
[{"$nulls":7},"32111505-Diodos con efecto túnel"]
[{"$nulls":7},"32111506-Diodos fotosensibles"]
[{"$nulls":7},"32111507-Diodos de capacitancia variable"]
[{"$nulls":7},"32111508-Diodos solares"]
[{"$nulls":7},"32111509-Diodos de energía"]
[{"$nulls":7},"32111510-Diodos de radiofrecuencia (rf)"]
[{"$nulls":7},"32111511-Diodos de señal pequeña"]
[{"$nulls":7},"32111512-Diodo láser"]
[{"$nulls":7},"32111601-Transistores fotosensibles"]
[{"$nulls":7},"32111602-Transistor de efecto de campo (fet)"]
[{"$nulls":7},"32111603-Transistores mos de efecto de campo (mosfet)"]
[{"$nulls":7},"32111604-Chips de transistor"]
[{"$nulls":7},"32111607-Transistores bipolares de radiofrecuencia (rf) o darlington"]
[{"$nulls":7},"32111608-Transistores uniempalme"]
[{"$nulls":7},"32111609-Transistores bipolares de puerta aislada (igbt)"]
[{"$nulls":7},"32111610-Transistores de efecto de campo de unión (jfet)"]
[{"$nulls":7},"32111611-Transistores bipolares de unión (bjt)"]
[{"$nulls":7},"32111701-Células fotovoltaicas"]
[{"$nulls":7},"32111702-Tiristores"]
[{"$nulls":7},"32111703-Diacs"]
[{"$nulls":7},"32111704-Triacs"]
[{"$nulls":7},"32111705-Aisladores acoplados ópticos"]
[{"$nulls":7},"32111706-Osciladores a cristal"]
[{"$nulls":7},"32121501-Capacitores fijos"]
[{"$nulls":7},"32121502-Capacitores o varactores variables"]
[{"$nulls":7},"32121503-Capacitores ajustables pre - ajustados"]
[{"$nulls":7},"32121504-Redes de capacitores"]
[{"$nulls":7},"32121602-Resistores fusibles"]
[{"$nulls":7},"32121603-Resistores o varistores variables"]
[{"$nulls":7},"32121607-Redes de resistores"]
[{"$nulls":7},"32121609-Resistores fijos"]
[{"$nulls":7},"32121701-Rectificadores"]
[{"$nulls":7},"32121702-Inductores"]
[{"$nulls":7},"32121703-Ferritas"]
[{"$nulls":7},"32121704-Convertidores estáticos"]
[{"$nulls":7},"32121705-Inversores"]
[{"$nulls":7},"32121706-Redes r/c de resistores o capacitores"]
[{"$nulls":7},"32131001-Piletas térmicas"]
[{"$nulls":7},"32131002-Matrices de semiconductor"]
[{"$nulls":7},"32131003-Pastillas de semiconductor"]
[{"$nulls":7},"32131005-Paquetes de circuitos integrados"]
[{"$nulls":7},"32131006-Soportes o zócalos de circuito integrado"]
[{"$nulls":7},"32131007-Soportes de componentes discretos"]
[{"$nulls":7},"32131008-Compuestos disipadores de calor"]
[{"$nulls":7},"32131009-Aisladores para disipadores de calor"]
[{"$nulls":7},"32131010-Tarjetas sencillas de circuitos impresos"]
[{"$nulls":7},"32131011-Cubiertas de circuitos integrados"]
[{"$nulls":7},"32131012-Objetivos de erosión superficial"]
[{"$nulls":7},"32141001-Tubos de rayos catódicos"]
[{"$nulls":7},"32141002-Klistrones"]
[{"$nulls":7},"32141003-Magnetrones"]
[{"$nulls":7},"32141004-Tubos de ondas progresivas"]
[{"$nulls":7},"32141005-Tubos de disco sellado"]
[{"$nulls":7},"32141006-Resnatrones"]
[{"$nulls":7},"32141007-Tiratrones"]
[{"$nulls":7},"32141008-Ignitrones"]
[{"$nulls":7},"32141009-Tubos fotoeléctricos"]
[{"$nulls":7},"32141010-Tubos fotomultiplicadores"]
[{"$nulls":7},"32141011-Tubos receptores de televisión o cámara"]
[{"$nulls":7},"32141012-Tubo de diodo"]
[{"$nulls":7},"32141013-Tubo de tríodo"]
[{"$nulls":7},"32141014-Tubos de tetrodo"]
[{"$nulls":7},"32141015-Tubos de pentodo"]
[{"$nulls":7},"32141016-Tubos múltiples"]
[{"$nulls":7},"32141101-Cátodos o emisores"]
[{"$nulls":7},"32141102-Elementos de ánodo"]
[{"$nulls":7},"32141103-Elementos de rejilla"]
[{"$nulls":7},"32141104-Elementos deflectores"]
[{"$nulls":7},"32141105-Obturadores o fundas de tubo"]
[{"$nulls":7},"32141106-Bases de tubo"]
[{"$nulls":7},"32141107-Zócalos de tubo"]
[{"$nulls":7},"32141108-Clavijas de electrodo"]
[{"$nulls":7},"32141109-Portaelectrodos"]
[{"$nulls":7},"39101601-Lámparas halógenas"]
[{"$nulls":7},"39101602-Lámparas médicas"]
[{"$nulls":7},"39101603-Lámparas solares"]
[{"$nulls":7},"39101604-Lámparas de alcohol"]
[{"$nulls":7},"39101605-Lámparas fluorescentes"]
[{"$nulls":7},"39101606-Lámparas de arco"]
[{"$nulls":7},"39101608-Luz asómbrica o scialytica de operación"]
[{"$nulls":7},"39101609-Lámparas de escenario o estudio"]
[{"$nulls":7},"39101610-Lámparas de filamento"]
[{"$nulls":7},"39101612-Lámparas incandescentes"]
[{"$nulls":7},"39101613-Lámparas infrarrojas"]
[{"$nulls":7},"39101614-Lámparas de haluro- metálico"]
[{"$nulls":7},"39101615-Lámparas de vapor de mercurio"]
[{"$nulls":7},"39101616-Lámparas de rayos ultravioleta (uv)"]
[{"$nulls":7},"39101617-Lámparas de sodio de alta presión hid"]
[{"$nulls":7},"39101618-Lámparas de neón"]
[{"$nulls":7},"39101701-Tubos fluorescentes"]
[{"$nulls":7},"39101801-Filamento de lámpara"]
[{"$nulls":7},"39111501-Artefactos fluorescentes"]
[{"$nulls":7},"39111503-Dispositivos de pared"]
[{"$nulls":7},"39111504-Sistemas de iluminación de escenario o estudio"]
[{"$nulls":7},"39111505-Iluminación empotrada"]
[{"$nulls":7},"39111506-Arañas de luces"]
[{"$nulls":7},"39111507-Artefactos de escritorio"]
[{"$nulls":7},"39111508-Alumbrado de pista"]
[{"$nulls":7},"39111509-Lámparas de pie"]
[{"$nulls":7},"39111510-Lámparas de mesa"]
[{"$nulls":7},"39111512-Luces de banco de laboratorio"]
[{"$nulls":7},"39111513-Iluminación solar interior"]
[{"$nulls":7},"39111514-Luces de árboles"]
[{"$nulls":7},"39111515-Artefactos para lámpara proyectada hacia abajo"]
[{"$nulls":7},"39111516-Aparatos para alumbrado de tareas"]
[{"$nulls":7},"39111517-Velas de Cera"]
[{"$nulls":7},"39111518-Luz de mano o de extensión"]
[{"$nulls":7},"39111519-Portavelas"]
[{"$nulls":7},"39111520-Artefactos de alumbrado halógeno"]
[{"$nulls":7},"39111521-Plafones"]
[{"$nulls":7},"39111603-Alumbrado de la vía pública"]
[{"$nulls":7},"39111605-Iluminación paisajística"]
[{"$nulls":7},"39111606-Alumbrado submarino"]
[{"$nulls":7},"39111608-Alumbrado de zonas residenciales"]
[{"$nulls":7},"39111609-Linternas de queroseno, propano o butano"]
[{"$nulls":7},"39111702-Lámparas portátiles"]
[{"$nulls":7},"39111703-Luces de tormenta"]
[{"$nulls":7},"39111704-Luces proyectantes"]
[{"$nulls":7},"39111705-Barras fluorescentes o de iluminación"]
[{"$nulls":7},"39111706-Luces de emergencia o estroboscópicas (licuadoras)"]
[{"$nulls":7},"39111801-Balastos de lámparas"]
[{"$nulls":7},"39111802-Cubiertas de lámpara"]
[{"$nulls":7},"39111803-Enchufes de lámparas"]
[{"$nulls":7},"39111804-Casquillos de lámparas"]
[{"$nulls":7},"39111806-Cajas de iluminación"]
[{"$nulls":7},"39111808-Parrillas"]
[{"$nulls":7},"39111809-Filtros acondicionadores de luz"]
[{"$nulls":7},"39111810-Interruptor de lámpara"]
[{"$nulls":7},"39111811-Líneas férreas electrificadas"]
[{"$nulls":7},"39111812-Pantallas de lámparas"]
[{"$nulls":7},"39111813-Brazos de lámparas"]
[{"$nulls":7},"39111901-Señalización fluorescente de emplazamientos peligrosos"]
[{"$nulls":7},"39111902-Señalización incandescente de emplazamientos peligrosos"]
[{"$nulls":7},"39112001-Torre de luz"]
[{"$nulls":7},"39112002-Carro de iluminación"]
[{"$nulls":7},"39112003-Stand de iluminación"]
[{"$nulls":7},"39121001-Transformadores de distribución de potencia"]
[{"$nulls":7},"39121002-Transformadores de suministro de potencia"]
[{"$nulls":7},"39121003-Transformadores de instrumentos"]
[{"$nulls":7},"39121004-Unidades de suministro de energía"]
[{"$nulls":7},"39121006-Adaptadores o inversores de potencia"]
[{"$nulls":7},"39121007-Conversores de frecuencia"]
[{"$nulls":7},"39121008-Conversores de señales"]
[{"$nulls":7},"39121009-Reguladores eléctricos o de potencia"]
[{"$nulls":7},"39121010-Bobinas magnéticas"]
[{"$nulls":7},"39121011-Fuentes ininterrumpibles de potencia"]
[{"$nulls":7},"39121012-Estrangulador"]
[{"$nulls":7},"39121013-Convertidores rotativos eléctricos"]
[{"$nulls":7},"39121014-Bancos de capacitores"]
[{"$nulls":7},"39121015-Reactores"]
[{"$nulls":7},"39121016-Anillos colectores"]
[{"$nulls":7},"39121017-Unidades de distribución de alimentación (pdus)"]
[{"$nulls":7},"39121018-Barreras de seguridad intrínseca"]
[{"$nulls":7},"39121019-Dispositivos de acoplamiento por inducción"]
[{"$nulls":7},"39121020-Acondicionadores de señal"]
[{"$nulls":7},"39121101-Centros de carga"]
[{"$nulls":7},"39121102-Tomas o centros de medidores"]
[{"$nulls":7},"39121103-Paneles"]
[{"$nulls":7},"39121104-Centros de control de motor"]
[{"$nulls":7},"39121105-Sistemas de conmutadores"]
[{"$nulls":7},"39121106-Sistemas de control o vigilancia de potencia"]
[{"$nulls":7},"39121107-Sistemas de control de iluminación"]
[{"$nulls":7},"39121108-Accesorios del panel de control o distribución"]
[{"$nulls":7},"39121109-Transformadores de transmisión"]
[{"$nulls":7},"39121201-Escalerillas portacables"]
[{"$nulls":7},"39121202-Canalización eléctrica"]
[{"$nulls":7},"39121203-Conductos eléctricos"]
[{"$nulls":7},"39121204-Cables aéreos"]
[{"$nulls":7},"39121205-Canaletas para cables"]
[{"$nulls":7},"39121206-Cerramientos de barras colectoras"]
[{"$nulls":7},"39121207-Conductos para cables"]
[{"$nulls":7},"39121301-Cerramientos del panel de control o distribución"]
[{"$nulls":7},"39121302-Placas o cubiertas de cerramiento"]
[{"$nulls":7},"39121303-Cajas eléctricas"]
[{"$nulls":7},"39121304-Cubiertas de cajas eléctricas"]
[{"$nulls":7},"39121305-Cajas a prueba de intemperie"]
[{"$nulls":7},"39121306-Cajas de conmutadores"]
[{"$nulls":7},"39121307-Cajas de suelo"]
[{"$nulls":7},"39121308-Cajas de toma de corriente"]
[{"$nulls":7},"39121309-Cajas eléctricas especiales"]
[{"$nulls":7},"39121310-Cajas de uso general"]
[{"$nulls":7},"39121311-Accesorios eléctricos"]
[{"$nulls":7},"39121312-Bujes eléctricos"]
[{"$nulls":7},"39121313-Bridas de techo"]
[{"$nulls":7},"39121402-Enchufes eléctricos"]
[{"$nulls":7},"39121403-Enchufe de bloqueo"]
[{"$nulls":7},"39121404-Manguitos eléctricos"]
[{"$nulls":7},"39121405-Terminales de cable o alambre"]
[{"$nulls":7},"39121406-Receptáculos eléctricos"]
[{"$nulls":7},"39121407-Strips de conexiones"]
[{"$nulls":7},"39121408-Conexiones mecánicas"]
[{"$nulls":7},"39121409-Conectores de cables eléctricos"]
[{"$nulls":7},"39121410-Bloques de terminales"]
[{"$nulls":7},"39121411-Cajas de Bornes para fusibles"]
[{"$nulls":7},"39121412-Conectores de soporte posterior"]
[{"$nulls":7},"39121413-Conectores circulares"]
[{"$nulls":7},"39121414-Conectores coaxiales"]
[{"$nulls":7},"39121415-Conectores planos"]
[{"$nulls":7},"39121416-Tapas de conectores eléctricos"]
[{"$nulls":7},"39121419-Conexiones flexibles"]
[{"$nulls":7},"39121420-Conectores herméticos"]
[{"$nulls":7},"39121421-Ensambles de conectores"]
[{"$nulls":7},"39121422-Acoplamientos mecánicos"]
[{"$nulls":7},"39121423-Conectores de mandíbula de resorte"]
[{"$nulls":7},"39121424-Tapas del bloque de terminales"]
[{"$nulls":7},"39121425-Separador de tablero de terminales"]
[{"$nulls":7},"39121426-Puente de conexión"]
[{"$nulls":7},"39121427-Bobinadoras de cable"]
[{"$nulls":7},"39121428-Bobinadoras eléctricas"]
[{"$nulls":7},"39121429-Conector de fibra óptica"]
[{"$nulls":7},"39121430-Sujetafusibles"]
[{"$nulls":7},"39121431-Conectores estancos de cables"]
[{"$nulls":7},"39121432-Terminales eléctricos"]
[{"$nulls":7},"39121433-Conectores de radiofrecuencia (rf)"]
[{"$nulls":7},"39121434-Conectores de tubos metálicos eléctricos (emt)"]
[{"$nulls":7},"39121435-Hilos o cables de conexión"]
[{"$nulls":7},"39121436-Electrodos"]
[{"$nulls":7},"39121437-Patines de toma de corriente"]
[{"$nulls":7},"39121438-Conector automático de hilos o cables"]
[{"$nulls":7},"39121439-Este nùmero no existe UNSPSC, por lo cual no fue incorporado "]
[{"$nulls":7},"39121440-Cable de extensión eléctrica"]
[{"$nulls":7},"39121441-Cable de puente eléctrico (jumper)"]
[{"$nulls":7},"39121501-Interruptores de seguridad"]
[{"$nulls":7},"39121502-Conmutadores reductores"]
[{"$nulls":7},"39121503-Conmutadores de tambor"]
[{"$nulls":7},"39121504-Interruptores de tiempos"]
[{"$nulls":7},"39121505-Interruptores de resorte"]
[{"$nulls":7},"39121506-Interruptores automáticos por caída de presión"]
[{"$nulls":7},"39121507-Interruptores de volquete"]
[{"$nulls":7},"39121508-Conmutadores de botón deslizante"]
[{"$nulls":7},"39121509-Interruptores de límite"]
[{"$nulls":7},"39121510-Interruptores de combinadores"]
[{"$nulls":7},"39121511-Interruptores variables"]
[{"$nulls":7},"39121512-Interruptores pulsadores"]
[{"$nulls":7},"39121513-Conmutadores rotatorios"]
[{"$nulls":7},"39121514-Relés de potencia"]
[{"$nulls":7},"39121515-Relés universales"]
[{"$nulls":7},"39121516-Relés de clavija bipolar"]
[{"$nulls":7},"39121517-Relés de voltaje alterno"]
[{"$nulls":7},"39121518-Relés de mercurio"]
[{"$nulls":7},"39121519-Relés de acción diferida"]
[{"$nulls":7},"39121520-Relés de sobrecarga"]
[{"$nulls":7},"39121521-Controles de motor de arranque"]
[{"$nulls":7},"39121522-Contactos eléctricos"]
[{"$nulls":7},"39121523-Temporizadores"]
[{"$nulls":7},"39121524-Fotocontroles"]
[{"$nulls":7},"39121525-Interruptores infusibles"]
[{"$nulls":7},"39121527-Encodificadores"]
[{"$nulls":7},"39121528-Sensores fotoeléctricos"]
[{"$nulls":7},"39121529-Contactores"]
[{"$nulls":7},"39121531-Interruptores de flotador o de nivel"]
[{"$nulls":7},"39121532-Interruptores de radiofrecuencia (RF)"]
[{"$nulls":7},"39121533-Piezas de interruptor y accesorios"]
[{"$nulls":7},"39121534-Luces indicadoras o indicadores luminosos"]
[{"$nulls":7},"39121535-Relés de control"]
[{"$nulls":7},"39121536-Relés de interrupción de fase"]
[{"$nulls":7},"39121537-Conmutadores de pedal"]
[{"$nulls":7},"39121538-Conmutadores de flujo"]
[{"$nulls":7},"39121539-Conmutadores de llave"]
[{"$nulls":7},"39121540-Interruptores de mercurio"]
[{"$nulls":7},"39121541-Conmutadores basculantes"]
[{"$nulls":7},"39121542-Relés de estado sólido"]
[{"$nulls":7},"39121543-Módulo de relés múltiples o de placa de relés"]
[{"$nulls":7},"39121544-Piezas de luces indicadoras o accesorios"]
[{"$nulls":7},"39121545-Paradas de emergencia"]
[{"$nulls":7},"39121546-Controles o conmutadores de palanca de control"]
[{"$nulls":7},"39121547-Soportes o zócalos de relés"]
[{"$nulls":7},"39121548-Conmutadores de vacío"]
[{"$nulls":7},"39121549-Termostato"]
[{"$nulls":7},"39121550-Conmutadores de proximidad"]
[{"$nulls":7},"39121551-Piezas de reflector"]
[{"$nulls":7},"39121601-Breakers de circuito"]
[{"$nulls":7},"39121602-Breakers de circuito magnético"]
[{"$nulls":7},"39121603-Micro disyuntores"]
[{"$nulls":7},"39121604-Fusibles de retardo"]
[{"$nulls":7},"39121605-Fusibles de tapón"]
[{"$nulls":7},"39121606-Fusibles de cartucho"]
[{"$nulls":7},"39121607-Fusibles de cuerpo de vidrio"]
[{"$nulls":7},"39121608-Fusibles de clase"]
[{"$nulls":7},"39121609-Microfusibles"]
[{"$nulls":7},"39121610-Supresor de ondas"]
[{"$nulls":7},"39121611-Fusibles de cerámicas"]
[{"$nulls":7},"39121612-Fusibles de cuchilla"]
[{"$nulls":7},"39121613-Conjuntos o dispositivos de polo a tierra"]
[{"$nulls":7},"39121614-Disyuntores de pérdida a tierra"]
[{"$nulls":7},"39121615-Breakers de circuito de aire"]
[{"$nulls":7},"39121616-Breakers de circuito de caja moldeada"]
[{"$nulls":7},"39121617-Piezas de fusible o accesorios"]
[{"$nulls":7},"39121618-Alambre para fusible"]
[{"$nulls":7},"39121619-Fusibles tipo botella"]
[{"$nulls":7},"39121701-Soportes eléctricos"]
[{"$nulls":7},"39121702-Clips para cables"]
[{"$nulls":7},"39121703-Enlaces de cables"]
[{"$nulls":7},"39121704-Placas de pared"]
[{"$nulls":7},"39121705-Grapas para cables"]
[{"$nulls":7},"39121706-Bujes de transformadores"]
[{"$nulls":7},"39121707-Clavos de tabla de arneses"]
[{"$nulls":7},"39121708-Riel din"]
[{"$nulls":7},"39121709-Atadura de mango"]
[{"$nulls":7},"39121710-Receptáculo multiplicador eléctrico"]
[{"$nulls":7},"39121711-Entubación"]
[{"$nulls":7},"39121712-Finales"]
[{"$nulls":7},"39121713-Cubierta de la bobina"]
[{"$nulls":7},"39121714-Encintado de los pasahilos"]
[{"$nulls":7},"39121715-Tubos corrugados para cableado posterior"]
[{"$nulls":7},"39121716-Manga trenzada extensible"]
[{"$nulls":7},"39121717-Montaje de fijador de cable"]
[{"$nulls":7},"39121718-Kits de empalme de cables"]
[{"$nulls":7},"39121719-Protectores"]
[{"$nulls":7},"39121720-Asas de transformadores"]
[{"$nulls":7},"39121721-Aislantes eléctricos"]
[{"$nulls":7},"40101501-Colectores de aire"]
[{"$nulls":7},"40101502-Extractores de aire"]
[{"$nulls":7},"40101503-Rejilla de ventilación"]
[{"$nulls":7},"40101504-Compuertas de ventilación"]
[{"$nulls":7},"40101505-Difusores de aire"]
[{"$nulls":7},"40101506-Tubos de ventilación"]
[{"$nulls":7},"40101601-Secadores"]
[{"$nulls":7},"40101602-Circuladores de aire"]
[{"$nulls":7},"40101603-Impulsores"]
[{"$nulls":7},"40101604-Ventiladores"]
[{"$nulls":7},"40101605-Protectores o sus accesorios para ventiladores"]
[{"$nulls":7},"40101701-Aires acondicionados"]
[{"$nulls":7},"40101702-Intercambiadores de enfriado"]
[{"$nulls":7},"40101703-Enfriadores de evaporación"]
[{"$nulls":7},"40101704-Unidades de condensación"]
[{"$nulls":7},"40101705-Ensamblajes de tubos capilares"]
[{"$nulls":7},"40101706-Obturadores de aire acondicionado"]
[{"$nulls":7},"40101707-Accesorios para torres de enfriamiento"]
[{"$nulls":7},"40101801-Radiadores"]
[{"$nulls":7},"40101802-Intercambiadores de calor"]
[{"$nulls":7},"40101803-Chimeneas de leña"]
[{"$nulls":7},"40101805-Calefacción"]
[{"$nulls":7},"40101806-Bombas de calor"]
[{"$nulls":7},"40101807-Unidades de calefacción solar"]
[{"$nulls":7},"40101808-Estufas de calefacción"]
[{"$nulls":7},"40101809-Calentadores de circulación"]
[{"$nulls":7},"40101810-Calentadores de conductos de bobina"]
[{"$nulls":7},"40101811-Calentadores de convección"]
[{"$nulls":7},"40101812-Intercambiadores divididos"]
[{"$nulls":7},"40101813-Intercambiadores de doble división"]
[{"$nulls":7},"40101814-Calentadores de aletas tubulares"]
[{"$nulls":7},"40101815-Calentadores de inmersión"]
[{"$nulls":7},"40101816-Intercambiadores de teteras"]
[{"$nulls":7},"40101817-Intercambiadores de una vía"]
[{"$nulls":7},"40101818-Calentadores de procesamiento de aire"]
[{"$nulls":7},"40101819-Calentadores de espacio"]
[{"$nulls":7},"40101820-Intercambiadores divididos"]
[{"$nulls":7},"40101821-Calentadores de banda"]
[{"$nulls":7},"40101822-Calentadores tubulares"]
[{"$nulls":7},"40101823-Intercambiadores de dos vías"]
[{"$nulls":7},"40101824-Calentador de cuarzo"]
[{"$nulls":7},"40101825-Calentadores de agua para uso doméstico"]
[{"$nulls":7},"40101826-Calentadores de agua comerciales"]
[{"$nulls":7},"40101827-Calentadores de fibra cerámica"]
[{"$nulls":7},"40101828-Calentadores de cartucho"]
[{"$nulls":7},"40101829-Calentadores de tiro"]
[{"$nulls":7},"40101830-Elementos de calefacción"]
[{"$nulls":7},"40101831-Calentadores de inducción"]
[{"$nulls":7},"40101832-Puertas para equipos de calefacción"]
[{"$nulls":7},"40101833-Encendedor para calderas o calentadores"]
[{"$nulls":7},"40101834-Quemadores (fogones)"]
[{"$nulls":7},"40101901-Vaporizadores"]
[{"$nulls":7},"40101902-Deshumidificadores"]
[{"$nulls":7},"40101903-Humidificadores"]
[{"$nulls":7},"40102001-Quemadores de tubo radiante"]
[{"$nulls":7},"40102002-Quemadores de tubo de agua"]
[{"$nulls":7},"40102003-Quemadores eléctricos"]
[{"$nulls":7},"40102004-Quemadores operados con gas natural"]
[{"$nulls":7},"40102005-Quemadores operados con gas propano"]
[{"$nulls":7},"40141602-Válvulas de aguja"]
[{"$nulls":7},"40141603-Válvulas neumáticas"]
[{"$nulls":7},"40141604-Válvulas de seguridad"]
[{"$nulls":7},"40141605-Válvulas solenoides"]
[{"$nulls":7},"40141606-Válvulas de relevo"]
[{"$nulls":7},"40141607-Válvulas de bola"]
[{"$nulls":7},"40141608-Válvulas hidráulicas"]
[{"$nulls":7},"40141609-Válvulas de control"]
[{"$nulls":7},"40141610-Válvulas de flotación"]
[{"$nulls":7},"40141611-Válvulas de globo"]
[{"$nulls":7},"40141612-Válvulas de expansión"]
[{"$nulls":7},"40141613-Válvulas de compuerta"]
[{"$nulls":7},"40141615-Válvulas de lengüeta"]
[{"$nulls":7},"40141616-Partes o accesorios para válvulas"]
[{"$nulls":7},"40141617-Válvulas esféricas de ángulo"]
[{"$nulls":7},"40141618-Válvulas de seguridad de bola"]
[{"$nulls":7},"40141619-Válvulas de mariposa con diseño de casquillo"]
[{"$nulls":7},"40141620-Válvulas de mariposa con diseño de disco"]
[{"$nulls":7},"40141621-Válvulas de diafragma"]
[{"$nulls":7},"40141622-Válvulas de seguridad en línea"]
[{"$nulls":7},"40141623-Válvulas tipo compuerta"]
[{"$nulls":7},"40141624-Válvulas con pistones lubricados"]
[{"$nulls":7},"40141625-Válvulas purgadoras de sedimentos (barro o lodo)"]
[{"$nulls":7},"40141626-Válvulas con pistón no lubricado"]
[{"$nulls":7},"40141627-Válvulas de orificio"]
[{"$nulls":7},"40141628-Válvulas piloto"]
[{"$nulls":7},"40141629-Válvulas de pinzamiento"]
[{"$nulls":7},"40141630-Válvulas de seguridad de pistón"]
[{"$nulls":7},"40141631-Válvulas de bombeo"]
[{"$nulls":7},"40141632-Válvulas de monitoreo"]
[{"$nulls":7},"40141633-Válvulas deslizantes"]
[{"$nulls":7},"40141634-Válvulas de control de rotación"]
[{"$nulls":7},"40141635-Válvulas de turbina"]
[{"$nulls":7},"40141636-Kits de válvulas"]
[{"$nulls":7},"40141637-Válvulas de control de disco"]
[{"$nulls":7},"40141638-Válvulas alternadoras"]
[{"$nulls":7},"40141701-Desagües"]
[{"$nulls":7},"40141702-Grifos"]
[{"$nulls":7},"40141703-Boquillas de ducha"]
[{"$nulls":7},"40141704-Espigas"]
[{"$nulls":7},"40141705-Caños"]
[{"$nulls":7},"40141716-Sifones en P"]
[{"$nulls":7},"40141719-Adaptadores para plomería"]
[{"$nulls":7},"40141720-Conectores para plomería"]
[{"$nulls":7},"40141725-Ganchos (soportes) para plomería"]
[{"$nulls":7},"40141726-Hidrantes"]
[{"$nulls":7},"40141727-Plomería de ventilación"]
[{"$nulls":7},"40141731-Boquillas"]
[{"$nulls":7},"40141732-Centradores (arañas) para plomería"]
[{"$nulls":7},"40141734-Conectores para mangueras"]
[{"$nulls":7},"40141735-Embudos"]
[{"$nulls":7},"40141736-Graseras (de lubricación)"]
[{"$nulls":7},"40141737-Diafragmas"]
[{"$nulls":7},"40141738-Tapones de drenaje (de aceite)"]
[{"$nulls":7},"40141739-Tapas de desagüe"]
[{"$nulls":7},"40141740-Llave de la gasolina"]
[{"$nulls":7},"40141741-Orificios de ajuste"]
[{"$nulls":7},"40141742-Atomizadores"]
[{"$nulls":7},"40141743-Puntas o capas de boquillas"]
[{"$nulls":7},"40141744-Cuencos de drenaje"]
[{"$nulls":7},"40141745-Fusibles de alta temperatura"]
[{"$nulls":7},"40141746-Mirillas (indicadores de nivel)"]
[{"$nulls":7},"40141901-Conductos flexibles"]
[{"$nulls":7},"40141902-Conductos rígidos"]
[{"$nulls":7},"40141903-Conductos o red de conductos de manganeso"]
[{"$nulls":7},"40141904-Conductos o red de conductos de aleación ferrosa"]
[{"$nulls":7},"40141905-Conductos o red de conductos de titanio"]
[{"$nulls":7},"40141906-Conductos o red de conductos de latón"]
[{"$nulls":7},"40141907-Conductos o red de conductos de latón"]
[{"$nulls":7},"40141908-Conductos o red de conductos de plomo"]
[{"$nulls":7},"40141909-Conductos o red de conductos de bronce"]
[{"$nulls":7},"40141910-Conductos o red de conductos de zinc"]
[{"$nulls":7},"40141911-Conductos o red de conductos de acero"]
[{"$nulls":7},"40141912-Conductos o red de conductos de hierro"]
[{"$nulls":7},"40141913-Conductos o red de conductos de cemento"]
[{"$nulls":7},"40141914-Conductos o red de conductos de plástico"]
[{"$nulls":7},"40141915-Conductos o red de conductos de caucho"]
[{"$nulls":7},"40141916-Conductos o red de conductos de vidrio"]
[{"$nulls":7},"40141917-Conductos o red de conductos de piedra"]
[{"$nulls":7},"40141918-Conductos o red de conductos de aleación no ferrosa"]
[{"$nulls":7},"40141919-Conductos o red de conductos de aluminio"]
[{"$nulls":7},"40141920-Conductos o red de conductos de acero inoxidable"]
[{"$nulls":7},"40141921-Conductos o red de conductos de metales preciosos"]
[{"$nulls":7},"40141922-Conductos o red de conductos de cobre"]
[{"$nulls":7},"40142001-Mangueras de ácido"]
[{"$nulls":7},"40142002-Mangueras de aire"]
[{"$nulls":7},"40142003-Mangueras de perforación"]
[{"$nulls":7},"40142004-Mangueras marítimas"]
[{"$nulls":7},"40142005-Mangueras para manipular material"]
[{"$nulls":7},"40142006-Mangueras de aceite"]
[{"$nulls":7},"40142007-Mangueras especiales"]
[{"$nulls":7},"40142008-Mangueras de agua"]
[{"$nulls":7},"40142009-Mangueras multipropósito de aire, agua y gas"]
[{"$nulls":7},"40142010-Mangueras recubiertas de fluoropolímero"]
[{"$nulls":7},"40142101-Tubería de acero al carbono"]
[{"$nulls":7},"40142102-Tubería de hierro dúctil"]
[{"$nulls":7},"40142103-Tubería de aleación de níquel alto"]
[{"$nulls":7},"40142104-Tubería de acero de alto rendimiento"]
[{"$nulls":7},"40142105-Tubería de aleación ferrosa"]
[{"$nulls":7},"40142106-Tubería de aluminio"]
[{"$nulls":7},"40142107-Tubería de latón"]
[{"$nulls":7},"40142108-Tubería de bronce"]
[{"$nulls":7},"40142109-Tubería de hormigón"]
[{"$nulls":7},"40142110-Tubería de cobre"]
[{"$nulls":7},"40142111-Tubería de hierro fundido"]
[{"$nulls":7},"40142112-Tubería de plomo"]
[{"$nulls":7},"40142113-Tubería de magnesio"]
[{"$nulls":7},"40142114-Tubería de no ferroso"]
[{"$nulls":7},"40142115-Tubería de plástico"]
[{"$nulls":7},"40142116-Tubería de goma"]
[{"$nulls":7},"40142117-Tubería de acero inoxidable"]
[{"$nulls":7},"40142118-Tubería de hojalata"]
[{"$nulls":7},"40142119-Tubería de titanio"]
[{"$nulls":7},"40142120-Tubería de zinc"]
[{"$nulls":7},"40142121-Carretes de manguera"]
[{"$nulls":7},"40142122-Tubo de vidrio"]
[{"$nulls":7},"40142201-Reguladores de gas"]
[{"$nulls":7},"40142202-Reguladores de fluido"]
[{"$nulls":7},"40142203-Kits de reparación de reguladores de fluido"]
[{"$nulls":7},"40142301-Anillos de recubrimiento de ángulo de tubería"]
[{"$nulls":7},"40142302-Salidas de ramal de tubería"]
[{"$nulls":7},"40142303-Laterales de tubería"]
[{"$nulls":7},"40142304-Injertos de tubería"]
[{"$nulls":7},"40142305-Reductores de tubería"]
[{"$nulls":7},"40142306-Asientos de tubería"]
[{"$nulls":7},"40142307-Extremos cortos de tubería para soldar"]
[{"$nulls":7},"40142308-Y o horquillas de tubería"]
[{"$nulls":7},"40142309-Curva de tubería"]
[{"$nulls":7},"40142310-Tapa de tubería"]
[{"$nulls":7},"40142311-Medio acoplamiento de tubería"]
[{"$nulls":7},"40142312-Conexión de expansión de tubería"]
[{"$nulls":7},"40142313-Tapón de tubería"]
[{"$nulls":7},"40142314-Buje de tubería"]
[{"$nulls":7},"40142315-Acoplamientos de tubería"]
[{"$nulls":7},"40142316-Injerto doble de tubería"]
[{"$nulls":7},"40142317-Codo de tubería"]
[{"$nulls":7},"40142318-Niples de tubería"]
[{"$nulls":7},"40142319-Injertos de tubería"]
[{"$nulls":7},"40142320-Uniones de tubería"]
[{"$nulls":7},"40142321-Acoplamientos de reducción de tubería"]
[{"$nulls":7},"40142322-Mordazas para reparar tubería"]
[{"$nulls":7},"40142323-Disco de ruptura"]
[{"$nulls":7},"40142324-Cajas de conexiones de tuberías"]
[{"$nulls":7},"40142325-Deflectores de tubería"]
[{"$nulls":7},"40142326-Separadores de tuberías"]
[{"$nulls":7},"40142327-Juntas de rótula de tuberías"]
[{"$nulls":7},"40142401-Bridas de amoníaco"]
[{"$nulls":7},"40142402-Bridas de retención"]
[{"$nulls":7},"40142403-Bridas ciegas"]
[{"$nulls":7},"40142404-Bridas de junta de solapa"]
[{"$nulls":7},"40142405-Bridas de casquillo largo para soldar"]
[{"$nulls":7},"40142406-Bridas de orificio"]
[{"$nulls":7},"40142407-Bridas de plato"]
[{"$nulls":7},"40142408-Bridas de corrediza"]
[{"$nulls":7},"40142409-Bridas de boquilla para soldar"]
[{"$nulls":7},"40142410-Bridas ciegas de lentes"]
[{"$nulls":7},"40142411-Bridas roscadas"]
[{"$nulls":7},"40142412-Bridas de casquillo para soldar"]
[{"$nulls":7},"40142413-Bridas de remate"]
[{"$nulls":7},"40142414-Bridas reductoras"]
[{"$nulls":7},"40142501-Filtros (coladores) de líquido"]
[{"$nulls":7},"40142502-Trampas de líquido"]
[{"$nulls":7},"40142503-Trampas de vapor"]
[{"$nulls":7},"40142504-Filtros (coladores) de vapor"]
[{"$nulls":7},"40142604-Codos de tubo"]
[{"$nulls":7},"40142605-Piezas en T de tubo"]
[{"$nulls":7},"40142606-Conexiones de tubo"]
[{"$nulls":7},"40142607-Tapas de tubo"]
[{"$nulls":7},"40142608-Boquillas acopladoras de tubo"]
[{"$nulls":7},"40142609-Tapones de tubo"]
[{"$nulls":7},"40142610-Acoplamientos de tubo"]
[{"$nulls":7},"40142611-Pasantes de tubo"]
[{"$nulls":7},"40142612-Adaptadores de tubo"]
[{"$nulls":7},"40142613-Conectores de tubo"]
[{"$nulls":7},"40142614-Cruces de tubo"]
[{"$nulls":7},"40142615-Reductores de tubo"]
[{"$nulls":7},"40151501-Bombas de aire"]
[{"$nulls":7},"40151502-Bombas de vacío"]
[{"$nulls":7},"40151503-Bombas centrífugas"]
[{"$nulls":7},"40151504-Bombas de circulación"]
[{"$nulls":7},"40151505-Bombas dosificadoras"]
[{"$nulls":7},"40151506-Bombas de mano"]
[{"$nulls":7},"40151507-Bombas de irrigación"]
[{"$nulls":7},"40151508-Bombas de barro"]
[{"$nulls":7},"40151509-Bombas recíprocas"]
[{"$nulls":7},"40151510-Bombas de agua"]
[{"$nulls":7},"40151511-Bombas para pozos"]
[{"$nulls":7},"40151512-Bombas para sumideros"]
[{"$nulls":7},"40151513-Bombas sumergibles"]
[{"$nulls":7},"40151514-Bombas de vapor"]
[{"$nulls":7},"40151515-Bombas solenoides"]
[{"$nulls":7},"40151516-Bombas de corte"]
[{"$nulls":7},"40151517-Bombas de alcantarillado"]
[{"$nulls":7},"40151518-Bombas no selladas"]
[{"$nulls":7},"40151519-Bombas sanitarias"]
[{"$nulls":7},"40151520-Bombas de muestreo"]
[{"$nulls":7},"40151521-Bombas giratorias"]
[{"$nulls":7},"40151522-Bombas de osmosis inversa"]
[{"$nulls":7},"40151523-Bombas de desplazamiento positivo"]
[{"$nulls":7},"40151524-Bombas de aceite"]
[{"$nulls":7},"40151525-Bombas de lodo"]
[{"$nulls":7},"40151526-Bombas de turbina"]
[{"$nulls":7},"40151527-Bombas de émbolo"]
[{"$nulls":7},"40151528-Bombas oscilantes"]
[{"$nulls":7},"40151529-Bombas de tambor"]
[{"$nulls":7},"40151530-Bombas de dragado"]
[{"$nulls":7},"40151531-Bombas para remover agua"]
[{"$nulls":7},"40151532-Bombas de combustible"]
[{"$nulls":7},"40151533-Bombas hidráulicas"]
[{"$nulls":7},"40151534-Bombas criogénicas"]
[{"$nulls":7},"40151546-Bombas de partición axial"]
[{"$nulls":7},"40151547-Bombas de pozo profundo"]
[{"$nulls":7},"40151548-Bombas de diafragma"]
[{"$nulls":7},"40151549-Bombas de doble diafragma"]
[{"$nulls":7},"40151550-Bombas dúplex"]
[{"$nulls":7},"40151551-Bombas de engranaje"]
[{"$nulls":7},"40151552-Bombas de metraje o inyección o proporcionales"]
[{"$nulls":7},"40151553-Bombas de cavidad progresiva"]
[{"$nulls":7},"40151554-Bombas de pistón"]
[{"$nulls":7},"40151555-Bombas de resalte rotatorias"]
[{"$nulls":7},"40151556-Bombas de leva rotatorias"]
[{"$nulls":7},"40151557-Bombas de pistón rotatorias"]
[{"$nulls":7},"40151558-Bombas de tuerca"]
[{"$nulls":7},"40151559-Bombas simplex"]
[{"$nulls":7},"40151560-Bombas de paleta deslizante"]
[{"$nulls":7},"40151561-Bombas triplex"]
[{"$nulls":7},"40151562-Bombas de tornillo"]
[{"$nulls":7},"40151563-Sets de bombas contra incendio"]
[{"$nulls":7},"40151564-Bombas químicas"]
[{"$nulls":7},"40151601-Compresores de aire"]
[{"$nulls":7},"40151602-Compresores de flujo axiales"]
[{"$nulls":7},"40151603-Compresores de diafragma"]
[{"$nulls":7},"40151604-Compresores de gas"]
[{"$nulls":7},"40151605-Compresores de motor"]
[{"$nulls":7},"40151606-Compresores recíprocos"]
[{"$nulls":7},"40151607-Compresores refrigerantes"]
[{"$nulls":7},"40151608-Compresores rotativos"]
[{"$nulls":7},"40151609-Compresores de tuerca"]
[{"$nulls":7},"40151610-Piezas de compresor o accesorios"]
[{"$nulls":7},"40151611-Compresores de barril"]
[{"$nulls":7},"40151612-Compresores centrífugos"]
[{"$nulls":7},"40151613-Compresores de combinación"]
[{"$nulls":7},"40151614-Compresores semi radiales"]
[{"$nulls":7},"40151615-Turbo compresores"]
[{"$nulls":7},"40151616-Kits de compresores"]
[{"$nulls":7},"40151701-Carcasas para bombas"]
[{"$nulls":7},"40151712-Empaques para bombas"]
[{"$nulls":7},"40151713-Revestimientos para bombas"]
[{"$nulls":7},"40151714-Barriles para bombas"]
[{"$nulls":7},"40151715-Poleas para bombas"]
[{"$nulls":7},"40151716-Cabezas para bombas"]
[{"$nulls":7},"40151717-Discos para bombas"]
[{"$nulls":7},"40151718-Partes de repuesto para bombas de lodo"]
[{"$nulls":7},"40151719-Partes de repuesto para bombas de alcantarillado"]
[{"$nulls":7},"40151720-Partes de repuesto para bombas sumergibles"]
[{"$nulls":7},"40151721-Partes de repuesto para bombas de agua"]
[{"$nulls":7},"40151722-Partes de repuesto para bombas de pozo"]
[{"$nulls":7},"40151723-Partes de repuesto para bombas de sumidero"]
[{"$nulls":7},"40151724-Partes de repuesto para bombas dosificadoras"]
[{"$nulls":7},"40151725-Partes de repuesto para bombas centrífugas"]
[{"$nulls":7},"40151726-Partes de repuesto para bombas de circulación"]
[{"$nulls":7},"40151727-Partes de repuesto para bombas rotatorias"]
[{"$nulls":7},"40151728-Kits de reparación de bombas"]
[{"$nulls":7},"40161501-Filtros al vacío"]
[{"$nulls":7},"40161502-Filtros de agua"]
[{"$nulls":7},"40161503-Recolectores de polvo"]
[{"$nulls":7},"40161504-Filtros de aceite"]
[{"$nulls":7},"40161505-Filtros de aire"]
[{"$nulls":7},"40161506-Maquinaria de filtrado"]
[{"$nulls":7},"40161507-Membranas de filtrado"]
[{"$nulls":7},"40161508-Filtros de bolsa"]
[{"$nulls":7},"40161509-Filtros de absorción"]
[{"$nulls":7},"40161511-Filtros coalescentes"]
[{"$nulls":7},"40161512-Filtros electrónicos"]
[{"$nulls":7},"40161513-Filtros de combustible"]
[{"$nulls":7},"40161514-Filtros para tuberías de gas"]
[{"$nulls":7},"40161515-Filtros hidráulicos"]
[{"$nulls":7},"40161516-Filtros en línea"]
[{"$nulls":7},"40161517-Filtros de luz"]
[{"$nulls":7},"40161518-Filtros de microfibra"]
[{"$nulls":7},"40161519-Filtros de panel"]
[{"$nulls":7},"40161520-Filtros de aletas radiales"]
[{"$nulls":7},"40161521-Bases para filtros"]
[{"$nulls":7},"40161522-Aletas para filtros"]
[{"$nulls":7},"40161524-Filtros de pintura"]
[{"$nulls":7},"40161525-Contenedores para filtros"]
[{"$nulls":7},"40161526-Retenedores o accesorios para filtros"]
[{"$nulls":7},"40161527-Kits de reparación de filtros"]
[{"$nulls":7},"40161601-Neutralizador (depurador) de aire"]
[{"$nulls":7},"40161602-Limpiadores de aire"]
[{"$nulls":7},"40161701-Centrífugas"]
[{"$nulls":7},"40161702-Lavador húmedo"]
[{"$nulls":7},"40161703-Eliminadores de niebla"]
[{"$nulls":7},"40161704-Hidrociclones"]
[{"$nulls":7},"40161801-Medios de textiles metálicos"]
[{"$nulls":7},"40161802-Fieltros prensados"]
[{"$nulls":7},"40161803-Papeles filtrantes"]
[{"$nulls":7},"40161804-Ayudas filtrantes"]
[{"$nulls":7},"40161805-Paño filtrante"]
[{"$nulls":7},"40161806-Malla filtrante"]
[{"$nulls":7},"41101502-Bolsas “stomachers”"]
[{"$nulls":7},"41101503-Rociadores de laboratorio"]
[{"$nulls":7},"41101504-Homogeneizadores"]
[{"$nulls":7},"41101505-Celdas de presión francesas"]
[{"$nulls":7},"41101515-Latas medidoras de líquido"]
[{"$nulls":7},"41101516-Homogeneizadores dobles"]
[{"$nulls":7},"41101518-Mezcladores o emulsificadores de laboratorio"]
[{"$nulls":7},"41101701-Molinos de laboratorio"]
[{"$nulls":7},"41101702-Pilones y morteros"]
[{"$nulls":7},"41101703-Moledoras de tejidos"]
[{"$nulls":7},"41101705-Trituradoras o pulverizadoras de laboratorio"]
[{"$nulls":7},"41101706-Desintegradores de laboratorio"]
[{"$nulls":7},"41101707-Prensas de laboratorio"]
[{"$nulls":7},"41101801-Pistolas de electrones"]
[{"$nulls":7},"41101802-Generadores de rayos x"]
[{"$nulls":7},"41101803-Coulómetros"]
[{"$nulls":7},"41101804-Electroscopios"]
[{"$nulls":7},"41101805-Flujómetros"]
[{"$nulls":7},"41101806-Magnetómetros"]
[{"$nulls":7},"41101807-Aparatos de difracción de electrones"]
[{"$nulls":7},"41101808-Aparatos de difracción de neutrones"]
[{"$nulls":7},"41101809-Aparatos de difracción óptica"]
[{"$nulls":7},"41101810-Difractómetros"]
[{"$nulls":7},"41101901-Fuentes de iones"]
[{"$nulls":7},"41101902-Aparatos de intercambio de iones"]
[{"$nulls":7},"41101903-Equipos de implantación de iones"]
[{"$nulls":7},"41102401-Quemadores de gas"]
[{"$nulls":7},"41102402-Quemadores de alcohol"]
[{"$nulls":7},"41102403-Incineradores de laboratorio"]
[{"$nulls":7},"41102404-Calentadores de laboratorio"]
[{"$nulls":7},"41102405-Revestimientos o cintas calentadoras"]
[{"$nulls":7},"41102406-Hornillas eléctricas de laboratorio"]
[{"$nulls":7},"41102407-Gabinetes calentadores"]
[{"$nulls":7},"41102410-Secadoras infrarrojas"]
[{"$nulls":7},"41102412-Secadores de aire caliente"]
[{"$nulls":7},"41102421-Cámaras de reciclaje de temperatura o recicladores térmicos"]
[{"$nulls":7},"41102422-Baños secos o bloques calentadores"]
[{"$nulls":7},"41102423-Hornillas eléctricas agitadoras"]
[{"$nulls":7},"41102424-Calentadores de deslizamiento"]
[{"$nulls":7},"41102425-Secadores de deslizamiento"]
[{"$nulls":7},"41102426-Equipos o accesorios para calentar o secar"]
[{"$nulls":7},"41102501-Contenedores de insectos para laboratorio"]
[{"$nulls":7},"41102502-Instalaciones de crianza para entomología"]
[{"$nulls":7},"41102503-Textiles o redes para entomología"]
[{"$nulls":7},"41102504-Equipo de entomología para clavar especímenes"]
[{"$nulls":7},"41102505-Materiales de ensamblaje para entomología"]
[{"$nulls":7},"41102506-Bandejas de entomología"]
[{"$nulls":7},"41102507-Equipo para recolectar especímenes de entomología"]
[{"$nulls":7},"41102508-Aspiradoras para entomología"]
[{"$nulls":7},"41102509-Cucharones para entomología"]
[{"$nulls":7},"41102510-Mono copas para entomología"]
[{"$nulls":7},"41102511-Trampas pegajosas para entomología"]
[{"$nulls":7},"41102512-Kits de pruebas para insectos"]
[{"$nulls":7},"41102513-Unidades de despliegue para entomología"]
[{"$nulls":7},"41102601-Jaulas para animales pequeños para laboratorio"]
[{"$nulls":7},"41102602-Equipo de acuarios"]
[{"$nulls":7},"41102603-Suministros para identificación de animales"]
[{"$nulls":7},"41102604-Dispositivos para atrapar animales"]
[{"$nulls":7},"41102605-Sistemas de aireación de peces"]
[{"$nulls":7},"41102606-Restricciones o arneses para animales para laboratorio"]
[{"$nulls":7},"41102607-Agujas para alimentar animales"]
[{"$nulls":7},"41102608-Equipos para pruebas de animales"]
[{"$nulls":7},"41102701-Modelos de enrejados de cristal"]
[{"$nulls":7},"41102702-Ensamblajes de cristales centellantes"]
[{"$nulls":7},"41102703-Equipo de dispersión de luz"]
[{"$nulls":7},"41102704-Equipo de difracción de rayos x"]
[{"$nulls":7},"41102705-Cristalizadores"]
[{"$nulls":7},"41102706-Equipo de crecimiento de cristal"]
[{"$nulls":7},"41102901-Estaciones de incrustación de tejidos"]
[{"$nulls":7},"41102902-Moldes de incrustación"]
[{"$nulls":7},"41102903-Cápsulas de incrustación"]
[{"$nulls":7},"41102904-Compuestos de incrustación"]
[{"$nulls":7},"41102905-Aparatos de teñido histológico"]
[{"$nulls":7},"41102909-Procesadores de tejidos"]
[{"$nulls":7},"41102910-Aparatos de cultivo de tejidos"]
[{"$nulls":7},"41102911-Cuchillos o sujeta cuchillos o cuchillas histológicos"]
[{"$nulls":7},"41102912-Cuchillos marcadores de vidrio histológicos"]
[{"$nulls":7},"41102913-Afiladores o correas o compuestos histológicos"]
[{"$nulls":7},"41102914-Desintegradores ultrasónicos"]
[{"$nulls":7},"41102915-Estaciones de muestreo y disección histológica"]
[{"$nulls":7},"41102916-Micrótomos"]
[{"$nulls":7},"41102917-Cuchillas para micrótomos"]
[{"$nulls":7},"41102918-Forros deslizantes para laboratorio"]
[{"$nulls":7},"41102919-Recicladores de solventes"]
[{"$nulls":7},"41102920-Casetes para tejidos para histología"]
[{"$nulls":7},"41102921-Parafina para histología"]
[{"$nulls":7},"41102922-Equipo de forros deslizantes automatizado"]
[{"$nulls":7},"41103001-Sondas planas enfriadoras refrigeradas"]
[{"$nulls":7},"41103003-Criostatos"]
[{"$nulls":7},"41103004-Hornos de circulación por ventilador"]
[{"$nulls":7},"41103005-Gabinetes o congeladores ultra fríos o ultra bajos independientes"]
[{"$nulls":7},"41103006-Congeladores criogénicos o de nitrógeno líquido"]
[{"$nulls":7},"41103007-Unidades de enfriamiento o circuladores de agua fría"]
[{"$nulls":7},"41103008-Módulos enfriadores refrigerados"]
[{"$nulls":7},"41103010-Refrigeradores para bancos de sangre"]
[{"$nulls":7},"41103011-Refrigeradores para propósitos generales o neveras congeladores"]
[{"$nulls":7},"41103012-Refrigeradores o neveras congeladores para almacenar material inflamable"]
[{"$nulls":7},"41103013-Refrigeradores o neveras congeladores a prueba de explosiones"]
[{"$nulls":7},"41103014-Refrigeradores de cromatografía"]
[{"$nulls":7},"41103015-Congeladores para bancos de sangre"]
[{"$nulls":7},"41103017-Congeladores para almacenar material inflamable"]
[{"$nulls":7},"41103019-Congeladores para almacenar plasma"]
[{"$nulls":7},"41103020-Congeladores de cofre ultra fríos o ultra bajos"]
[{"$nulls":7},"41103021-Congeladores planos para laboratorio"]
[{"$nulls":7},"41103022-Transporte o almacenamiento frío"]
[{"$nulls":7},"41103023-Enfriadores para laboratorio"]
[{"$nulls":7},"41103024-Trampas frías"]
[{"$nulls":7},"41103025-Accesorios para equipos enfriadores de laboratorio"]
[{"$nulls":7},"41103201-Lavadoras de ingeniería química"]
[{"$nulls":7},"41103202-Máquinas lavadoras para laboratorio"]
[{"$nulls":7},"41103203-Lavadoras de pipetas"]
[{"$nulls":7},"41103205-Estantes o accesorios para máquinas lavadoras"]
[{"$nulls":7},"41103206-Detergentes de lavado para laboratorios"]
[{"$nulls":7},"41103207-Lavadoras de micro placas"]
[{"$nulls":7},"41103208-Lavadoras de celdas de bancos de sangre"]
[{"$nulls":7},"41103209-Botellas de lavado de laboratorios"]
[{"$nulls":7},"41103210-Esterilizadores uv ultravioleta para laboratorios"]
[{"$nulls":7},"41103301-Contadores centellantes líquidos"]
[{"$nulls":7},"41103302-Hidrómetros ácidos de batería"]
[{"$nulls":7},"41103303-Densitómetros"]
[{"$nulls":7},"41103305-Equipos de alto vacío"]
[{"$nulls":7},"41103306-Equipos de vacío neumático"]
[{"$nulls":7},"41103307-Equipos de vacío o vapor de mercurio"]
[{"$nulls":7},"41103308-Aparatos de combustión de alto vacío"]
[{"$nulls":7},"41103309-Equipos de análisis de inyección de flujo"]
[{"$nulls":7},"41103310-Instrumentos para medir la concentración de gas o vapor"]
[{"$nulls":7},"41103311-Manómetros"]
[{"$nulls":7},"41103312-Viscosímetros"]
[{"$nulls":7},"41103313-Indicadores de profundidad"]
[{"$nulls":7},"41103314-Aparatos de estimación de estructura microscópica"]
[{"$nulls":7},"41103315-Aparatos de estimación de fuerza de una solución"]
[{"$nulls":7},"41103316-Picnómetros"]
[{"$nulls":7},"41103317-Instrumentos para medir la tensión de la superficie"]
[{"$nulls":7},"41103318-Densitómetro nuclear"]
[{"$nulls":7},"41103401-Pantallas de control de contaminación"]
[{"$nulls":7},"41103403-Equipos de control de aire microbiológico"]
[{"$nulls":7},"41103406-Cajas de guantes de aislamiento"]
[{"$nulls":7},"41103407-Cámara anaeróbica"]
[{"$nulls":7},"41103408-Alcance refrigerado para cámaras ambientales o de cultivo"]
[{"$nulls":7},"41103409-Alcance caliente para cámaras ambientales o de cultivo"]
[{"$nulls":7},"41103410-Alcance refrigerado y caliente para cámaras ambientales y de cultivo"]
[{"$nulls":7},"41103411-Camino refrigerado para cámaras ambientales o de cultivo"]
[{"$nulls":7},"41103412-Camino caliente para cámaras ambientales o de cultivo"]
[{"$nulls":7},"41103413-Camino refrigerado y caliente para cámaras ambientales o de cultivo"]
[{"$nulls":7},"41103414-Accesorios para equipos acondicionadores de ambiente para laboratorios"]
[{"$nulls":7},"41103415-Bancos limpios"]
[{"$nulls":7},"41103501-Ebullómetro"]
[{"$nulls":7},"41103502-Caperuzas o cajones para gases"]
[{"$nulls":7},"41103504-Gabinetes o estaciones para flujo laminar"]
[{"$nulls":7},"41103506-Cerramientos pcr"]
[{"$nulls":7},"41103507-Cerramientos hepa filtrados"]
[{"$nulls":7},"41103508-Cerramientos carbono filtrados"]
[{"$nulls":7},"41103509-Estropajos para laboratorio"]
[{"$nulls":7},"41103510-Secadores para laboratorio"]
[{"$nulls":7},"41103511-Accesorios de cerramiento para laboratorio"]
[{"$nulls":7},"41103512-Eliminadores de estática"]
[{"$nulls":7},"41103513-Cerramientos para cultivo de tejidos"]
[{"$nulls":7},"41103701-Baños de circulación"]
[{"$nulls":7},"41103702-Baños termostáticos"]
[{"$nulls":7},"41103703-Baños múltiples"]
[{"$nulls":7},"41103704-Baños biológicos"]
[{"$nulls":7},"41103705-Baños para órganos"]
[{"$nulls":7},"41103706-Baños de agua"]
[{"$nulls":7},"41103707-Baños de aceite"]
[{"$nulls":7},"41103708-Baños de arena"]
[{"$nulls":7},"41103709-Baños refrigerados"]
[{"$nulls":7},"41103710-Baños de agua de agitación orbital"]
[{"$nulls":7},"41103711-Baños de agua de agitación recíproca"]
[{"$nulls":7},"41103712-Circuladores de inmersión"]
[{"$nulls":7},"41103713-Baños de viscosidad"]
[{"$nulls":7},"41103714-Baños de flotación de tejidos"]
[{"$nulls":7},"41103715-Accesorios o suministros para baños de laboratorio"]
[{"$nulls":7},"41103801-Mezcladores de laboratorio"]
[{"$nulls":7},"41103802-Mezcladores de rodillo"]
[{"$nulls":7},"41103803-Mesas para revolver"]
[{"$nulls":7},"41103804-Equipo multi banco o de floculación"]
[{"$nulls":7},"41103805-Vibradores para laboratorio"]
[{"$nulls":7},"41103806-Agitador magnético"]
[{"$nulls":7},"41103807-Mezcladores de toque para laboratorio"]
[{"$nulls":7},"41103808-Mezcladores de plaqueta"]
[{"$nulls":7},"41103809-Mezcladores químicos o de hematología"]
[{"$nulls":7},"41103810-Agitadores de techo"]
[{"$nulls":7},"41103811-Sacudidores orbitales"]
[{"$nulls":7},"41103812-Sacudidores recíprocos"]
[{"$nulls":7},"41103813-Sacudidores de rotación"]
[{"$nulls":7},"41103814-Mezcladores de vértice"]
[{"$nulls":7},"41103815-Rotadores de tubos"]
[{"$nulls":7},"41103816-Accesorios o aditamentos para mezcladores o sacudidores"]
[{"$nulls":7},"41103901-Micro centrífugas"]
[{"$nulls":7},"41103902-Micro centrífugas refrigeradas"]
[{"$nulls":7},"41103903-Centrífugas de mesa"]
[{"$nulls":7},"41103904-Centrífugas de mesa refrigeradas"]
[{"$nulls":7},"41103905-Centrífugas de piso"]
[{"$nulls":7},"41103906-Centrífugas de piso refrigeradas"]
[{"$nulls":7},"41103907-Ultra centrífugas"]
[{"$nulls":7},"41103908-Centrífugas de vacío"]
[{"$nulls":7},"41103909-Rotores de centrífugas"]
[{"$nulls":7},"41103910-Baldes centrífugos"]
[{"$nulls":7},"41103911-Adaptadores para centrífugas"]
[{"$nulls":7},"41103912-Cepillos para centrífugas"]
[{"$nulls":7},"41103913-Accesorios para centrífugas de laboratorio"]
[{"$nulls":7},"41104001-Cambiadores de muestras"]
[{"$nulls":7},"41104002-Oxidante de muestras"]
[{"$nulls":7},"41104003-Línea de preparación de muestras"]
[{"$nulls":7},"41104004-Bombas de preparación de muestras"]
[{"$nulls":7},"41104005-Achicadores para laboratorio"]
[{"$nulls":7},"41104006-Coliwasas (muestreadores de desechos líquidos de compostaje)"]
[{"$nulls":7},"41104007-Muestreadores de agua"]
[{"$nulls":7},"41104008-Muestreadores o colectores de aire"]
[{"$nulls":7},"41104009-Bombas muestreadoras de aire"]
[{"$nulls":7},"41104010-Kits de reactivos para usar con muestreadores de aire"]
[{"$nulls":7},"41104011-Filtros u otras partes de repuesto para muestreadores"]
[{"$nulls":7},"41104012-Recogedores o frascos para polvo"]
[{"$nulls":7},"41104013-Muestreadores de dióxido de sulfuro o de humo"]
[{"$nulls":7},"41104014-Aplicadores de muestras"]
[{"$nulls":7},"41104015-Equipo de análisis de muestras de plantas"]
[{"$nulls":7},"41104016-Muestreadores de polución de aire"]
[{"$nulls":7},"41104017-Contenedores para muestras"]
[{"$nulls":7},"41104018-Preparaciones para extracción de fase sólida"]
[{"$nulls":7},"41104019-Colectores de muestras"]
[{"$nulls":7},"41104020-Bandeja de flujo de elemento calcino"]
[{"$nulls":7},"41104101-Sobres o empaques para especímenes o láminas de muestras"]
[{"$nulls":7},"41104102-Lancetas"]
[{"$nulls":7},"41104103-Calentadores de pivote"]
[{"$nulls":7},"41104104-Torniquetes"]
[{"$nulls":7},"41104105-Bolsas para recolectar o transportar especímenes"]
[{"$nulls":7},"41104106-Bandejas o accesorios de flebotomía"]
[{"$nulls":7},"41104107-Tubos de recolección o contenedores de sangre al vacío"]
[{"$nulls":7},"41104108-Tubos de recolección o contenedores de sangre no al vacío"]
[{"$nulls":7},"41104109-Bolsas de recolección de unidades de sangre"]
[{"$nulls":7},"41104110-Botellas de cultivo de sangre"]
[{"$nulls":7},"41104111-Kits o contenedores de recolección de citologías"]
[{"$nulls":7},"41104112-Contenedores de recolección de orina"]
[{"$nulls":7},"41104114-Contenedores de recolección frepp sepp"]
[{"$nulls":7},"41104115-Contenedores de recolección de filtro de suero"]
[{"$nulls":7},"41104116-Contenedores de recolección o transporte de frotis"]
[{"$nulls":7},"41104117-Porta especímenes"]
[{"$nulls":7},"41104118-Contenedor de recolección de especímenes"]
[{"$nulls":7},"41104119-Contenedores de recolección de tejido óseo"]
[{"$nulls":7},"41104120-Tubos de tasa de sedimentación"]
[{"$nulls":7},"41104121-Contenedores con medio químico para recolección de heces"]
[{"$nulls":7},"41104122-Contenedores sin medio químico para recolección de heces"]
[{"$nulls":7},"41104123-Aparatos o contenedores para recolección de esputos"]
[{"$nulls":7},"41104124-Bandejas de biopsia de médula de hueso para laboratorio"]
[{"$nulls":7},"41104201-Reactivos de purificación del agua"]
[{"$nulls":7},"41104202-Equipos de deionización o desmineralización"]
[{"$nulls":7},"41104203-Equipos de intercambio de base"]
[{"$nulls":7},"41104204-Equipos de ósmosis inversa"]
[{"$nulls":7},"41104205-Unidades ultra violeta de purificación de agua"]
[{"$nulls":7},"41104206-Sistemas de agua ultra pura"]
[{"$nulls":7},"41104207-Sistemas de análisis de agua"]
[{"$nulls":7},"41104208-Deshidratadores"]
[{"$nulls":7},"41104209-Desoxidantes"]
[{"$nulls":7},"41104210-Disolventes"]
[{"$nulls":7},"41104211-Suavizantes"]
[{"$nulls":7},"41104212-Cartuchos de filtración de agua"]
[{"$nulls":7},"41104301-Unidades de fermentación estándar"]
[{"$nulls":7},"41104302-Aparatos de cultivo continuo"]
[{"$nulls":7},"41104303-Jarros o accesorios anaeróbicos"]
[{"$nulls":7},"41104304-Sistemas digestivos"]
[{"$nulls":7},"41104305-Condensadores (espesantes)"]
[{"$nulls":7},"41104306-Equipos para cultivos in vitro"]
[{"$nulls":7},"41104307-Equipos para fermentación microbiológica"]
[{"$nulls":7},"41104308-Sistemas o suministros para cultivos ambientales anaeróbicos"]
[{"$nulls":7},"41104401-Incubadoras para uso general de convección de gravedad"]
[{"$nulls":7},"41104402-Incubadoras de uso general de aire forzado o convección mecánica"]
[{"$nulls":7},"41104403-Incubadoras para cultivo de tejidos"]
[{"$nulls":7},"41104404-Incubadoras de demanda de oxígeno biológico bod enfriadas"]
[{"$nulls":7},"41104405-Incubadoras de agitación"]
[{"$nulls":7},"41104406-Incubadoras planas"]
[{"$nulls":7},"41104407-Incubadoras de cámara única de dióxido de carbono recubierta de agua"]
[{"$nulls":7},"41104408-Incubadoras de cámara dual de dióxido de carbono recubierta de agua"]
[{"$nulls":7},"41104409-Incubadoras de cámara única de dióxido de carbono recubierta de agua con control de humedad"]
[{"$nulls":7},"41104410-Incubadoras de cámara dual de dióxido de carbono recubierta de agua con control de humedad"]
[{"$nulls":7},"41104411-Incubadoras de cámara única de dióxido de carbono de pared seca"]
[{"$nulls":7},"41104412-Incubadoras de cámara dual de dióxido de carbono de pared seca"]
[{"$nulls":7},"41104413-Incubadoras de cámara única de dióxido de carbono de pared seca con control de humedad"]
[{"$nulls":7},"41104414-Incubadoras de cámara dual de dióxido de carbono de pared seca con control de humedad"]
[{"$nulls":7},"41104415-Incubadoras de cámara única de tres gases recubierta de agua"]
[{"$nulls":7},"41104416-Incubadoras de cámara dual de tres gases recubierta de agua"]
[{"$nulls":7},"41104417-Incubadoras de cámara única de tres gases recubierta de agua con control de humedad"]
[{"$nulls":7},"41104418-Incubadoras de cámara dual de tres gases recubierta de agua con control de humedad"]
[{"$nulls":7},"41104419-Incubadoras de cámara única de tres gases de pared seca"]
[{"$nulls":7},"41104420-Incubadoras de cámara dual de tres gases de pared seca"]
[{"$nulls":7},"41104421-Incubadoras de cámara única de tres gases de pared seca con control de humedad"]
[{"$nulls":7},"41104422-Incubadoras de cámara dual de tres gases de pared seca con control de humedad"]
[{"$nulls":7},"41104423-Incubadoras refrigeradas"]
[{"$nulls":7},"41104424-Accesorios para incubadoras"]
[{"$nulls":7},"41104501-Hornos de convección mecánica para laboratorio"]
[{"$nulls":7},"41104502-Hornos de convección de gravedad"]
[{"$nulls":7},"41104503-Hornos de envejecimiento"]
[{"$nulls":7},"41104504-Hornos de limpieza de espacio"]
[{"$nulls":7},"41104505-Recipientes de cuarzo para horno para laboratorio"]
[{"$nulls":7},"41104506-Hornos de seguridad para laboratorios"]
[{"$nulls":7},"41104507-Hornos microondas para laboratorio"]
[{"$nulls":7},"41104508-Secadoras de inducción"]
[{"$nulls":7},"41104509-Hornos al vacío"]
[{"$nulls":7},"41104510-Hornos o gabinetes secadores"]
[{"$nulls":7},"41104511-Hornos o incubadoras de hibridación"]
[{"$nulls":7},"41104512-Accesorios para hornos de laboratorio"]
[{"$nulls":7},"41104601-Hornos de caja para laboratorio"]
[{"$nulls":7},"41104602-Hornos de caja programables"]
[{"$nulls":7},"41104603-Hornos de tubo"]
[{"$nulls":7},"41104604-Hornos de tubo programables"]
[{"$nulls":7},"41104605-Hornos de crisol"]
[{"$nulls":7},"41104606-Hornos de crisol programables"]
[{"$nulls":7},"41104607-Consola de control de calderas"]
[{"$nulls":7},"41104608-Consola de control de calderas programables"]
[{"$nulls":7},"41104609-Hornos de seguridad para laboratorio"]
[{"$nulls":7},"41104610-Crisoles para hornos de laboratorio"]
[{"$nulls":7},"41104611-Aislamiento de repuesto para calderas de laboratorio"]
[{"$nulls":7},"41104612-Accesorios para calderas de laboratorio"]
[{"$nulls":7},"41104701-Secadores de congelación o liofolizantes"]
[{"$nulls":7},"41104702-Cristalería para secadores de congelación"]
[{"$nulls":7},"41104703-Secadores de bandeja"]
[{"$nulls":7},"41104704-Accesorios para secadores de congelación o liofolizantes"]
[{"$nulls":7},"41104801-Unidades de redomas o retortas"]
[{"$nulls":7},"41104802-Unidades de bi destilación"]
[{"$nulls":7},"41104803-Evaporadores para laboratorio"]
[{"$nulls":7},"41104804-Evaporadores de vacío o rotatorios"]
[{"$nulls":7},"41104805-Evaporadores de purga de nitrógeno"]
[{"$nulls":7},"41104806-Equipo de extracción para laboratorios"]
[{"$nulls":7},"41104807-Extractores de grasa"]
[{"$nulls":7},"41104808-Extractores de fibra cruda"]
[{"$nulls":7},"41104809-Unidad de análisis de sedimentación"]
[{"$nulls":7},"41104810-Aparatos de fraccionamiento"]
[{"$nulls":7},"41104811-Fraccionadores de densidad gradiente"]
[{"$nulls":7},"41104812-Pipetas o columnas o accesorios de destilación"]
[{"$nulls":7},"41104813-Componentes de reflujo"]
[{"$nulls":7},"41104814-Condensadores intercambiadores de calor para laboratorio"]
[{"$nulls":7},"41104815-Aparatos “kjeldahl” para la determinación de nitrógeno"]
[{"$nulls":7},"41104816-Concentradores centrífugos o de vacío"]
[{"$nulls":7},"41104817-Casquillos de extracción"]
[{"$nulls":7},"41104901-Filtros de línea para laboratorio"]
[{"$nulls":7},"41104902-Equipos de filtración de gel"]
[{"$nulls":7},"41104903-Equipos de ultra filtración"]
[{"$nulls":7},"41104904-Filtros de células aglomeradas"]
[{"$nulls":7},"41104905-Equipos de filtración de canal angosto"]
[{"$nulls":7},"41104906-Equipos de filtración de ósmosis inversa"]
[{"$nulls":7},"41104907-Equipos de filtración molecular"]
[{"$nulls":7},"41104908-Elementos de filtración de cartucho para laboratorios"]
[{"$nulls":7},"41104909-Sujeta filtros o ciclones para laboratorios"]
[{"$nulls":7},"41104910-Filtros multi hoja o de prensa para laboratorios"]
[{"$nulls":7},"41104911-Sistemas de filtración de aire para laboratorios"]
[{"$nulls":7},"41104912-Filtro de prensas de fluido"]
[{"$nulls":7},"41104913-Filtros de bio separación"]
[{"$nulls":7},"41104914-Tazas o botellas de filtración"]
[{"$nulls":7},"41104915-Filtros de cápsulas"]
[{"$nulls":7},"41104916-Filtros centrífugos"]
[{"$nulls":7},"41104917-Filtros ambientales para laboratorio"]
[{"$nulls":7},"41104918-Filtros de vidrio para laboratorio"]
[{"$nulls":7},"41104919-Filtros hepa para laboratorio"]
[{"$nulls":7},"41104920-Filtros de hibridación"]
[{"$nulls":7},"41104921-Filtros de membrana para laboratorio"]
[{"$nulls":7},"41104922-Filtros de jeringa"]
[{"$nulls":7},"41104923-Filtros de plato multipocillo"]
[{"$nulls":7},"41104924-Filtros de microbiología"]
[{"$nulls":7},"41104925-Hardware de filtración o accesorios para laboratorio"]
[{"$nulls":7},"41104926-Filtro de cama de sílice"]
[{"$nulls":7},"41104927-Pantallas de soporte para filtros"]
[{"$nulls":7},"41104928-Receptor de botellas para laboratorio"]
[{"$nulls":7},"41104929-Papeles filtrantes para laboratorio"]
[{"$nulls":7},"41105001-Separadores para laboratorio"]
[{"$nulls":7},"41105002-Equipo de tamizaje para laboratorio"]
[{"$nulls":7},"41105003-Cernidores de prueba"]
[{"$nulls":7},"41105101-Bombas de vacío para laboratorio"]
[{"$nulls":7},"41105102-Bombas peristálticas"]
[{"$nulls":7},"41105103-Bombas centrífugas para laboratorio"]
[{"$nulls":7},"41105104-Bombas de jeringa"]
[{"$nulls":7},"41105105-Bombas de medición"]
[{"$nulls":7},"41105106-Bombas de cromatografía"]
[{"$nulls":7},"41105107-Bombas de tambor para laboratorio"]
[{"$nulls":7},"41105108-Tubos de uso general para laboratorio"]
[{"$nulls":7},"41105109-Bombas de aleta rotativa"]
[{"$nulls":7},"41105201-Equipo para teñir muestras de histología o citología"]
[{"$nulls":7},"41105202-Equipo para teñir muestras de hematología"]
[{"$nulls":7},"41105203-Equipo para teñir muestras de microbiología"]
[{"$nulls":7},"41105204-Accesorios para equipos para teñir muestras de laboratorio"]
[{"$nulls":7},"41105205-Equipo para preparar micro muestras"]
[{"$nulls":7},"41105301-Cajas de gel"]
[{"$nulls":7},"41105302-Secadores de gel"]
[{"$nulls":7},"41105303-Suministros para el sistema de energía de electroforesis"]
[{"$nulls":7},"41105304-Transiluminadores"]
[{"$nulls":7},"41105305-Accesorios para el sistema de electroforesis"]
[{"$nulls":7},"41105307-Instrumental para electroforesis capilar"]
[{"$nulls":7},"41105308-Capilares o cartuchos"]
[{"$nulls":7},"41105309-Kits o reactivos para electroforesis capilar"]
[{"$nulls":7},"41105310-Accesorios para bloquear o transferir"]
[{"$nulls":7},"41105311-Aparatos para bloquear o transferir"]
[{"$nulls":7},"41105312-Peinillas o platos o espaciadores o bandejas"]
[{"$nulls":7},"41105313-Casetes de detección o accesorios relacionados"]
[{"$nulls":7},"41105314-Sistemas de documentación de gel"]
[{"$nulls":7},"41105315-Accesorios de documentación de gel"]
[{"$nulls":7},"41105316-Entrecruzadores ultravioleta"]
[{"$nulls":7},"41105317-Reactivos para preparar geles de agarosa"]
[{"$nulls":7},"41105318-Geles de agarosa prefabricados"]
[{"$nulls":7},"41105319-Reactivos para preparar gel poliacrilamida"]
[{"$nulls":7},"41105320-Geles de poliacrilamida pre fabricados"]
[{"$nulls":7},"41105321-Tintura para geles ácido nucleicos"]
[{"$nulls":7},"41105322-Tintura para geles poliacrilamidas"]
[{"$nulls":7},"41105323-Zonas o soluciones prefabricadas para electroforesis"]
[{"$nulls":7},"41105324-Sondas para ácido desoxirribonucleico dna o ácido ribonucleico rna"]
[{"$nulls":7},"41105325-Placas micropocillo para hibridación de ácido desoxirribonucleico dna o ácido ribonucleico rna"]
[{"$nulls":7},"41105326-Agentes reactivos o zonas para hibridación"]
[{"$nulls":7},"41105327-Nucleótidos u oligómeros conjugados"]
[{"$nulls":7},"41105328-Northern blot o southern blot o western blot prefabricadas"]
[{"$nulls":7},"41105329-Agentes bloqueadores"]
[{"$nulls":7},"41105330-Proteínas de control o lisados celulares o lisados de tejidos"]
[{"$nulls":7},"41105331-Reactivos o kits o sustratos de detección quimio fluorescente de proteínas"]
[{"$nulls":7},"41105332-Reactivos o kits o sustratos de detección quimio luminiscente de proteínas"]
[{"$nulls":7},"41105333-Reactivos o kits o sustratos de detección cromogénica de proteínas"]
[{"$nulls":7},"41105334-Marcadores de cuantificación de ácido desoxirribonucleico dna"]
[{"$nulls":7},"41105335-Marcadores de tamaño o estándares de ácido desoxirribonucleico dna"]
[{"$nulls":7},"41105336-Marcadores de foco isoeléctrico ief"]
[{"$nulls":7},"41105337-Marcadores de electroforesis de proteína"]
[{"$nulls":7},"41105338-Marcadores o estándares de ácido ribonucleico rna"]
[{"$nulls":7},"41105339-Membranas de transferencia por adsorción"]
[{"$nulls":7},"41105501-Kits de extracción de gel o limpiadores de ácido desoxirribonucleico dna"]
[{"$nulls":7},"41105502-Kits para extrae ácido desoxirribonucleico dna de alimentos"]
[{"$nulls":7},"41105503-Sistemas de electro elución"]
[{"$nulls":7},"41105504-Kits de purificación de ácido desoxirribonucleico dna genómico"]
[{"$nulls":7},"41105505-Sistemas de selección de alto rendimiento hts en purificación de ácido nucleico"]
[{"$nulls":7},"41105506-Kits para purificación de ácido ribonucleico mensajero mrna"]
[{"$nulls":7},"41105507-Glóbulos magnéticos para aislar ácido nucleico"]
[{"$nulls":7},"41105508-Co-precipitantes de ácidos nucleicos"]
[{"$nulls":7},"41105509-Kits de cuantificación de ácidos nucleicos"]
[{"$nulls":7},"41105510-Kits de purificación de fagos de ácido desoxirribonucleico dna"]
[{"$nulls":7},"41105511-Kits para extracción de plásmidos de ácido desoxirribonucleico dna de la levadura"]
[{"$nulls":7},"41105512-Kit de purificación de plásmidos o cósmidos o cromosomas bacterianos artificiales bac"]
[{"$nulls":7},"41105513-Kits de purificación de ácido nucleico etiquetado"]
[{"$nulls":7},"41105514-Reactivos para extracción o precipitación o re suspensión de ácido nucleico"]
[{"$nulls":7},"41105515-Materiales de estabilización o limpieza de ácido ribonucleico"]
[{"$nulls":7},"41105516-Kits de extracción de gel de ácido ribonucleico rna"]
[{"$nulls":7},"41105517-Kits para extracción de ácido nucleico de células o tejidos de plantas"]
[{"$nulls":7},"41105518-Kits de purificación de ácido ribonucleico rna total"]
[{"$nulls":7},"41105519-Kits de purificación de ácido desoxirribonucleico dna viral"]
[{"$nulls":7},"41105520-Kits de purificación de ácido ribonucleico viral"]
[{"$nulls":7},"41105601-Kits o enzimas para secuenciación"]
[{"$nulls":7},"41105701-Acido nucleico inmovilizado en membranas de vidrio o nylon"]
[{"$nulls":7},"41105801-Conjugados o derivados oligoméricos"]
[{"$nulls":7},"41105802-Ribonucleotidos"]
[{"$nulls":7},"41105803-Sistemas o kits de transcripción o traducción"]
[{"$nulls":7},"41105804-Accesorios de etiquetado de traducción"]
[{"$nulls":7},"41105901-Tejidos animales o fluidos corporales"]
[{"$nulls":7},"41105902-Muestrarios de ácido desoxirribonucleico dna complementario"]
[{"$nulls":7},"41105903-Kits de síntesis de ácido desoxirribonucleico dna complementario"]
[{"$nulls":7},"41105904-Muestrarios genómicos"]
[{"$nulls":7},"41105905-Kits de construcción de muestrarios"]
[{"$nulls":7},"41105906-Muestrarios de despliegue de proteínas o péptidos"]
[{"$nulls":7},"41105907-Dos muestrarios o sistemas de dos híbridos"]
[{"$nulls":7},"41105908-Kits de empaques virales"]
[{"$nulls":7},"41106001-Materiales de detección de ácido nucleico quimio fluorescente"]
[{"$nulls":7},"41106002-Materiales de detección de ácido nucleico quimio luminiscente"]
[{"$nulls":7},"41106003-Materiales de detección nucleicos y cromogénicos"]
[{"$nulls":7},"41106004-Kits de etiquetado no radiactivos de ácido nucleico"]
[{"$nulls":7},"41106005-Kits de etiquetado radiactivos de ácido nucleico"]
[{"$nulls":7},"41106006-Radio nucleótidos o nucleosidos"]
[{"$nulls":7},"41106101-Kits citogenéticos"]
[{"$nulls":7},"41106102-Kits de kits de exhibición o sustracción diferenciales"]
[{"$nulls":7},"41106103-Kits de tipificación de ácido desoxirribonucleico dna"]
[{"$nulls":7},"41106104-Pruebas de protección nucleasa"]
[{"$nulls":7},"41106201-Antimicóticos"]
[{"$nulls":7},"41106202-Celdas competentes de bacterias"]
[{"$nulls":7},"41106203-Kits de transformación de bacterias"]
[{"$nulls":7},"41106204-Medio agar embotellado o en bandas para bacterias"]
[{"$nulls":7},"41106205-Mezclas de suplemento brent para levadura"]
[{"$nulls":7},"41106206-Mezclas de suplemento completo para levadura"]
[{"$nulls":7},"41106207-Medio discoide dictiostelium"]
[{"$nulls":7},"41106208-Cubetas de electroporación"]
[{"$nulls":7},"41106209-Mezclas de suplemento hollenberg para levaduras"]
[{"$nulls":7},"41106210-Medios o suplementos para schizosaccharomyces pombe (levadura de fisión)"]
[{"$nulls":7},"41106211-Ingredientes o aditivos de medio para schizosaccharomyces pombe"]
[{"$nulls":7},"41106212-Ingredientes o aditivos de medio para bacterias"]
[{"$nulls":7},"41106213-Medio seco premezclado"]
[{"$nulls":7},"41106214-Reactivos para preparar bacterias competentes"]
[{"$nulls":7},"41106215-Reactivos para preparar levadura competente"]
[{"$nulls":7},"41106216-Medios ricos para levadura"]
[{"$nulls":7},"41106217-Platos especiales para bacterias"]
[{"$nulls":7},"41106218-Medio seco premezclado especializado"]
[{"$nulls":7},"41106219-Mezclas suplementarias completas sintéticas para levadura"]
[{"$nulls":7},"41106220-Medio sintético para levadura"]
[{"$nulls":7},"41106221-Células competentes para levadura"]
[{"$nulls":7},"41106222-Kits de transformación de levadura"]
[{"$nulls":7},"41106223-Bases de nitrógeno para levadura ynb o variantes de bases de nitrógeno para levaduras ynb"]
[{"$nulls":7},"41106301-Trifosfatos deoxinucleotidos dntps"]
[{"$nulls":7},"41106302-Kits de reacción en cadena polimerasa específica para genes"]
[{"$nulls":7},"41106303-Kits de purificación de reacción en cadena de polimerasa"]
[{"$nulls":7},"41106304-Kits para cuantificación de ácido ribonucleico mensajero mrna mediante reacción en cadena de polimerasa pcr"]
[{"$nulls":7},"41106305-Nucleótidos"]
[{"$nulls":7},"41106306-Tapones para reacción en cadena de polimerasa pcr"]
[{"$nulls":7},"41106307-Productos para optimizar la reacción en cadena de polimerasa pcr"]
[{"$nulls":7},"41106308-Base para reacción en cadena de polimerasa pcr o reacción en cadena de polimerasa transcripta inversa rt pcr"]
[{"$nulls":7},"41106309-Ácido desoxirribonucleico complementario cdna pre-preparado"]
[{"$nulls":7},"41106310-Ácido desoxirribonucleico adn genómico purificado"]
[{"$nulls":7},"41106311-Ácidos ribonucleicos rna purificados"]
[{"$nulls":7},"41106312-Productos de tecnología de rápida amplificación o terminaciones de ácido desoxirribonucleico complementario race"]
[{"$nulls":7},"41106313-Kits de reacción en cadena de polimerasa transcriptasa inversa rt pcr"]
[{"$nulls":7},"41106314-Kits o polimerasas de ácido desoxirribonucleico dna termoestable"]
[{"$nulls":7},"41106401-Adaptadores o enlazadores"]
[{"$nulls":7},"41106402-Bases misceláneas"]
[{"$nulls":7},"41106403-Bases de secuenciación"]
[{"$nulls":7},"41106501-Kits de expresión bacteriana"]
[{"$nulls":7},"41106502-Reactivos de transfección eucariótica"]
[{"$nulls":7},"41106503-Inductores o reguladores"]
[{"$nulls":7},"41106504-Células de insectos"]
[{"$nulls":7},"41106505-Kits de expresión de insectos"]
[{"$nulls":7},"41106506-Medio para insectos"]
[{"$nulls":7},"41106507-Reactivos o suplementos para medio para insectos"]
[{"$nulls":7},"41106508-Kits de expresión celular mamífera"]
[{"$nulls":7},"41106509-Células mamíferas"]
[{"$nulls":7},"41106510-Kits para extracción de proteína de células o tejidos de mamíferos"]
[{"$nulls":7},"41106511-Kits para extracción de proteína de bacterias"]
[{"$nulls":7},"41106512-Kits para extracción de proteína de levadura"]
[{"$nulls":7},"41106513-Reportero de ensayo genético"]
[{"$nulls":7},"41106514-Líneas celulares mamíferas estables"]
[{"$nulls":7},"41106515-Kits de expresión de levadura"]
[{"$nulls":7},"41106601-Vectores enfocados a cromosomas"]
[{"$nulls":7},"41106602-Vectores enfocados a expresión bacteriana"]
[{"$nulls":7},"41106603-Vectores de casete"]
[{"$nulls":7},"41106604-Despliegue de mapas o secuencias vectoriales"]
[{"$nulls":7},"41106605-Mapas o secuencias de reportero de vector enzimático"]
[{"$nulls":7},"41106606-Vectores de expresión de ácido desoxirribonucleico complementario cdna"]
[{"$nulls":7},"41106607-Mapas o secuencias de vectores proteínicos fluorescentes"]
[{"$nulls":7},"41106608-Vectores de fusión"]
[{"$nulls":7},"41106609-Vectores enfocados a genes"]
[{"$nulls":7},"41106610-Vectores de clonación general"]
[{"$nulls":7},"41106611-Vectores o kits de sistemas hídricos"]
[{"$nulls":7},"41106612-Vectores de expresión de insectos"]
[{"$nulls":7},"41106613-Vectores de construcción de muestrarios"]
[{"$nulls":7},"41106614-Vectores de expresión celular de mamíferos"]
[{"$nulls":7},"41106615-Kits o vectores de clonación de reacción en cadena de polimerasa pcr"]
[{"$nulls":7},"41106616-Ácido desoxirribonucleico dna fágico o viral"]
[{"$nulls":7},"41106617-Kits o vectores de muta génesis plásmida"]
[{"$nulls":7},"41106618-Productos de expresión o clonación de recombinación mediada"]
[{"$nulls":7},"41106619-Vectores de secuenciación"]
[{"$nulls":7},"41106620-Mapas o secuencias de reporteros de vectores por señal de transducción"]
[{"$nulls":7},"41106621-Kits o vectores de expresión de virus mediado"]
[{"$nulls":7},"41106622-Vectores de expresión de levadura"]
[{"$nulls":7},"41111501-Balanzas de carga superior electrónicos"]
[{"$nulls":7},"41111502-Balanzas de laboratorio"]
[{"$nulls":7},"41111503-Balanzas mecánicas"]
[{"$nulls":7},"41111504-Balanzas de resorte tensor"]
[{"$nulls":7},"41111505-Pesas de calibración o sets de pesas"]
[{"$nulls":7},"41111506-Básculas para pesar animales"]
[{"$nulls":7},"41111507-Básculas de mesa"]
[{"$nulls":7},"41111508-Básculas para medir el peso corporal"]
[{"$nulls":7},"41111509-Básculas de piso o de plataforma"]
[{"$nulls":7},"41111510-Básculas postales"]
[{"$nulls":7},"41111511-Básculas de camión o riel"]
[{"$nulls":7},"41111512-Balanzas de triple haz"]
[{"$nulls":7},"41111513-Balanzas de humedad"]
[{"$nulls":7},"41111515-Contenedores o tazones o barcos o papeles para pesar"]
[{"$nulls":7},"41111516-Accesorios para instrumentos de medición de peso"]
[{"$nulls":7},"41111517-Balanzas analíticas"]
[{"$nulls":7},"41111601-Micrómetros"]
[{"$nulls":7},"41111602-Podómetros"]
[{"$nulls":7},"41111603-Telémetros o buscadores de rango"]
[{"$nulls":7},"41111604-Reglas"]
[{"$nulls":7},"41111605-Medidoras de tensión"]
[{"$nulls":7},"41111606-Telurómetros"]
[{"$nulls":7},"41111607-Medidores o contadores de roscas"]
[{"$nulls":7},"41111613-Metros de distancia"]
[{"$nulls":7},"41111614-Medidores de altura"]
[{"$nulls":7},"41111615-Sistemas láser de medición"]
[{"$nulls":7},"41111616-Ruedas medidoras para distancias"]
[{"$nulls":7},"41111617-Medidor de espesores"]
[{"$nulls":7},"41111618-Set de bloques de patrón longitudinal"]
[{"$nulls":7},"41111619-Calibrador go nogo"]
[{"$nulls":7},"41111620-Cuña de etalón"]
[{"$nulls":7},"41111621-Calibradores"]
[{"$nulls":7},"41111622-Calibradores micrómetros"]
[{"$nulls":7},"41111623-Dispositivos de medición de grosor"]
[{"$nulls":7},"41111701-Microscopios iónicos"]
[{"$nulls":7},"41111702-Microscopios monoculares"]
[{"$nulls":7},"41111703-Microscopios de disección de luz o de estéreo"]
[{"$nulls":7},"41111704-Iluminadores para microscopios"]
[{"$nulls":7},"41111705-Objetivos para microscopios"]
[{"$nulls":7},"41111706-Elementos de sujeción de fotos para microscopios"]
[{"$nulls":7},"41111707-Proyectores de perfil"]
[{"$nulls":7},"41111708-Elementos de sujeción de video para microscopios"]
[{"$nulls":7},"41111709-Microscopios compuestos de luz binocular"]
[{"$nulls":7},"41111710-Combinación de microscopios de luz y electrones"]
[{"$nulls":7},"41111711-Microscopios de electrones"]
[{"$nulls":7},"41111712-Microscopios invertidos"]
[{"$nulls":7},"41111713-Magnificadores"]
[{"$nulls":7},"41111714-Lupas"]
[{"$nulls":7},"41111715-Telescopios"]
[{"$nulls":7},"41111716-Equipos de inspección boroscópica"]
[{"$nulls":7},"41111717-Binoculares"]
[{"$nulls":7},"41111718-Microscopios metalúrgicos"]
[{"$nulls":7},"41111719-Microscopios de campo oscuro"]
[{"$nulls":7},"41111720-Microscopios de escáner de electrones"]
[{"$nulls":7},"41111721-Microscopios de transmisión de electrones"]
[{"$nulls":7},"41111722-Microscopios fluorescentes"]
[{"$nulls":7},"41111723-Microscopios de escáner de luz, disco giratorio o escáner de láser"]
[{"$nulls":7},"41111724-Microscopios de escáner de sonda"]
[{"$nulls":7},"41111725-Microscopios de polarización"]
[{"$nulls":7},"41111726-Microscopios acústicos"]
[{"$nulls":7},"41111727-Microscopios de proyección"]
[{"$nulls":7},"41111728-Microscopios de campo ancho"]
[{"$nulls":7},"41111729-Microscopios oculares"]
[{"$nulls":7},"41111730-Condensadores de microscopios"]
[{"$nulls":7},"41111731-Colectores de microscopios"]
[{"$nulls":7},"41111733-Tubos de microscopios"]
[{"$nulls":7},"41111734-Microscopios de fases"]
[{"$nulls":7},"41111735-Microscopios de fases automáticos"]
[{"$nulls":7},"41111736-Cubiertas para microscopios"]
[{"$nulls":7},"41111737-Videoscopios"]
[{"$nulls":7},"41111738-Fibroscopios"]
[{"$nulls":7},"41111739-Bombillos de repuesto para microscopios de laboratorio"]
[{"$nulls":7},"41111801-Equipo de examen de corriente parásita"]
[{"$nulls":7},"41111802-Equipo de examen de penetración líquida"]
[{"$nulls":7},"41111803-Equipo de examen de partículas magnéticas"]
[{"$nulls":7},"41111804-Equipo de examen ultrasónico"]
[{"$nulls":7},"41111805-Equipo de examen de radiografía co 60"]
[{"$nulls":7},"41111806-Equipo de examen de radiografía cs 137"]
[{"$nulls":7},"41111807-Equipo de examen de radiografía ir 192"]
[{"$nulls":7},"41111808-Equipo de examen de radiografía de rayos x"]
[{"$nulls":7},"41111809-Equipo de prueba de goteo"]
[{"$nulls":7},"41111901-Contadores"]
[{"$nulls":7},"41111902-Contadores electrónicos"]
[{"$nulls":7},"41111903-Detectores de metales"]
[{"$nulls":7},"41111904-Columnas electrónicas"]
[{"$nulls":7},"41111905-Sondas de medición electrónicas"]
[{"$nulls":7},"41111906-Grabadoras de tablas"]
[{"$nulls":7},"41111907-Grabadoras de lectura digital"]
[{"$nulls":7},"41111908-Grabadoras gráficas"]
[{"$nulls":7},"41111909-Grabadoras de cintas magnéticas"]
[{"$nulls":7},"41111910-Grabadoras multifunción"]
[{"$nulls":7},"41111911-Grabadoras oscilo gráficas"]
[{"$nulls":7},"41111912-Grabadoras sicológicas"]
[{"$nulls":7},"41111913-Grabadoras de punta de trazado"]
[{"$nulls":7},"41111914-Servo grabadoras"]
[{"$nulls":7},"41111915-Sensores bi metálicos"]
[{"$nulls":7},"41111916-Sensores de no contacto"]
[{"$nulls":7},"41111917-Probadores digitales"]
[{"$nulls":7},"41111918-Instruments giroscópicos"]
[{"$nulls":7},"41111919-Aparatos de detección para objetos no metálicos"]
[{"$nulls":7},"41111920-Máquinas de medición de coordenadas cmm"]
[{"$nulls":7},"41111921-Sensores de velocidad"]
[{"$nulls":7},"41111922-Sensores de fallas de lámparas"]
[{"$nulls":7},"41111923-Sensor de pistones pre-arranque"]
[{"$nulls":7},"41111924-Sensores de oxígeno"]
[{"$nulls":7},"41111926-Sensores de proximidad"]
[{"$nulls":7},"41111927-Sensores de presión"]
[{"$nulls":7},"41111928-Sensores de corriente"]
[{"$nulls":7},"41111929-Detectores de radiación"]
[{"$nulls":7},"41111930-Sensores de corriente eléctrica"]
[{"$nulls":7},"41111931-Sensores de flujo"]
[{"$nulls":7},"41111932-Detectores de escape de líquidos"]
[{"$nulls":7},"41111933-Sensores de carga eléctrica"]
[{"$nulls":7},"41111934-Sensores de fuerza o de torsión"]
[{"$nulls":7},"41111935-Sensores de inclinación"]
[{"$nulls":7},"41111936-Sensores de imagen de semiconductor de óxido de metal complementario cmos"]
[{"$nulls":7},"41111937-Sensores giratorios de posición"]
[{"$nulls":7},"41111938-Sensores o transmisores de nivel"]
[{"$nulls":7},"41111939-Sensores acústicos"]
[{"$nulls":7},"41111940-Sensores de color"]
[{"$nulls":7},"41111941-Sensores olfativos"]
[{"$nulls":7},"41111942-Sensores de opacidad o polvo o visibilidad"]
[{"$nulls":7},"41111943-Sensores de resistencia o conductividad eléctrica"]
[{"$nulls":7},"41111944-Sensores de admisión eléctricos"]
[{"$nulls":7},"41111945-Sensores de posición linear"]
[{"$nulls":7},"41111946-Sensores de inductancia eléctrica"]
[{"$nulls":7},"41111947-Esferos de registro de tablas"]
[{"$nulls":7},"41111948-Contadores de células diferenciales hematológicas manuales o electrónicos"]
[{"$nulls":7},"41112101-Cristales piezoeléctricos"]
[{"$nulls":7},"41112103-Sensores de fibra"]
[{"$nulls":7},"41112104-Transductores de audio"]
[{"$nulls":7},"41112105-Transmisores de temperatura"]
[{"$nulls":7},"41112106-Transmisores de humedad"]
[{"$nulls":7},"41112107-Transductores electro neumáticos"]
[{"$nulls":7},"41112108-Celdas de carga"]
[{"$nulls":7},"41112201-Calorímetros"]
[{"$nulls":7},"41112202-Equipos de rastreo de calor"]
[{"$nulls":7},"41112203-Grabadoras de punto de fusión"]
[{"$nulls":7},"41112204-Pirómetros"]
[{"$nulls":7},"41112205-Reguladores de temperatura"]
[{"$nulls":7},"41112206-Termo cúpulas"]
[{"$nulls":7},"41112207-Termógrafos"]
[{"$nulls":7},"41112209-Termostatos"]
[{"$nulls":7},"41112210-Termómetros de lectura remota"]
[{"$nulls":7},"41112211-Termómetros de resistencia"]
[{"$nulls":7},"41112212-Termómetros de superficie"]
[{"$nulls":7},"41112213-Termómetros de mano"]
[{"$nulls":7},"41112214-Controles de temperatura criogénicos"]
[{"$nulls":7},"41112215-Controladores de temperatura humidificadores"]
[{"$nulls":7},"41112216-Termopozos"]
[{"$nulls":7},"41112217-Termo cabezas"]
[{"$nulls":7},"41112218-Termistores"]
[{"$nulls":7},"41112219-Sondas termopares"]
[{"$nulls":7},"41112220-Termómetros de refrigerador o congelador de laboratorio"]
[{"$nulls":7},"41112221-Termómetros de incubadora de laboratorio"]
[{"$nulls":7},"41112301-Higrómetros"]
[{"$nulls":7},"41112302-Sicrómetros"]
[{"$nulls":7},"41112303-Probadores de humedad de temperatura"]
[{"$nulls":7},"41112304-Medidores de rocío"]
[{"$nulls":7},"41112401-Indicadores de profundidad"]
[{"$nulls":7},"41112402-Manostatos"]
[{"$nulls":7},"41112403-Indicadores de presión"]
[{"$nulls":7},"41112404-Reguladores de presión"]
[{"$nulls":7},"41112405-Grabadoras de presión o de vacío"]
[{"$nulls":7},"41112406-Indicadores de vacío"]
[{"$nulls":7},"41112407-Instrumentos o controles de nivel de líquido"]
[{"$nulls":7},"41112408-Intensificadores de presión"]
[{"$nulls":7},"41112409-Escáneres de presión"]
[{"$nulls":7},"41112410-Transmisores de presión"]
[{"$nulls":7},"41112411-Controladores de presión"]
[{"$nulls":7},"41112501-Flujómetros"]
[{"$nulls":7},"41112502-Reómetros"]
[{"$nulls":7},"41112503-Rotámetros"]
[{"$nulls":7},"41112504-Medidores de agua"]
[{"$nulls":7},"41112505-Repuestos para medidores de agua"]
[{"$nulls":7},"41112506-Venturis"]
[{"$nulls":7},"41112508-Indicadores de gas"]
[{"$nulls":7},"41112509-Monitores de temperatura y velocidad del aire"]
[{"$nulls":7},"41112510-Indicadores visuales de flujo"]
[{"$nulls":7},"41112511-Ventanas para visualizar el flujo"]
[{"$nulls":7},"41112512-Computadores o totalizadores de flujo"]
[{"$nulls":7},"41112513-Plato de orificio"]
[{"$nulls":7},"41112514-Indicadores de aceite"]
[{"$nulls":7},"41112516-Transmisores de flujo"]
[{"$nulls":7},"41112601-Kits de prueba de frotis manual"]
[{"$nulls":7},"41112602-Kits de prueba de frotis automático"]
[{"$nulls":7},"41112701-Analizadores de grano"]
[{"$nulls":7},"41112702-Contadores de semillas"]
[{"$nulls":7},"41112704-Analizadores de alimentación"]
[{"$nulls":7},"41112801-Velocímetros"]
[{"$nulls":7},"41112802-Tacómetros"]
[{"$nulls":7},"41112803-Discos para tacómetros"]
[{"$nulls":7},"41112901-Compases para encontrar la dirección"]
[{"$nulls":7},"41112902-Instrumentos de navegación por radio"]
[{"$nulls":7},"41112903-Sextantes"]
[{"$nulls":7},"41112904-Dispositivos de control complejo"]
[{"$nulls":7},"41113001-Controladores de analizador digital"]
[{"$nulls":7},"41113002-Analizadores de bioluminiscencia o quimioluminiscencia"]
[{"$nulls":7},"41113003-Analizadores de electro gravimetría"]
[{"$nulls":7},"41113004-Analizadores de ionización de la llama"]
[{"$nulls":7},"41113005-Analizadores de iones"]
[{"$nulls":7},"41113006-Analizadores de radiometría"]
[{"$nulls":7},"41113007-Analizadores de acceso aleatorio"]
[{"$nulls":7},"41113008-Analizadores de cintigrafía"]
[{"$nulls":7},"41113009-Analizadores térmicos diferenciales"]
[{"$nulls":7},"41113010-Analizadores térmicos de gravimetría"]
[{"$nulls":7},"41113023-Equipo de partición de geles"]
[{"$nulls":7},"41113024-Hidrómetros"]
[{"$nulls":7},"41113025-Monocromadores"]
[{"$nulls":7},"41113026-Nefelómetros"]
[{"$nulls":7},"41113027-Osmómetros"]
[{"$nulls":7},"41113029-Polarógrafos"]
[{"$nulls":7},"41113030-Escáner radiocromatográfico"]
[{"$nulls":7},"41113031-Sacarímetros"]
[{"$nulls":7},"41113033-Volúmetros"]
[{"$nulls":7},"41113034-Tiras o papeles para prueba de ph"]
[{"$nulls":7},"41113035-Tiras o papeles para pruebas químicas"]
[{"$nulls":7},"41113036-Micro placas"]
[{"$nulls":7},"41113037-Lectores de micro placas"]
[{"$nulls":7},"41113101-Analizadores de emisión exhaustiva de automóviles"]
[{"$nulls":7},"41113102-Analizadores de combustión catalítica"]
[{"$nulls":7},"41113103-Analizadores de absorción de gas químico"]
[{"$nulls":7},"41113104-Explosímetros"]
[{"$nulls":7},"41113105-Analizadores o detectores de hidrocarburos"]
[{"$nulls":7},"41113106-Analizadores de absorción de infrarrojos o ultravioleta"]
[{"$nulls":7},"41113107-Analizadores de gas nitrógeno"]
[{"$nulls":7},"41113108-Analizadores de óxido de nitrógeno"]
[{"$nulls":7},"41113109-Equipo orsat"]
[{"$nulls":7},"41113110-Analizadores de gas de oxígeno"]
[{"$nulls":7},"41113111-Analizadores de ozono"]
[{"$nulls":7},"41113112-Analizadores de susceptibilidad paramagnética"]
[{"$nulls":7},"41113113-Detectores o analizadores de dióxido de sulfuro"]
[{"$nulls":7},"41113114-Analizadores de conductividad térmica"]
[{"$nulls":7},"41113115-Detectores de radón"]
[{"$nulls":7},"41113116-Tubos detectores de gas"]
[{"$nulls":7},"41113117-Monitores simples de gas"]
[{"$nulls":7},"41113118-Monitores múltiples de gas"]
[{"$nulls":7},"41113119-Analizadores de dióxido de carbono disuelto"]
[{"$nulls":7},"41113301-Analizadores ácidos o de base"]
[{"$nulls":7},"41113302-Albuminómetros"]
[{"$nulls":7},"41113304-Analizadores de bauxita"]
[{"$nulls":7},"41113305-Analizadores de calcio"]
[{"$nulls":7},"41113306-Analizadores de cloruro"]
[{"$nulls":7},"41113308-Analizadores de electrolitos"]
[{"$nulls":7},"41113309-Analizadores de enzimas"]
[{"$nulls":7},"41113310-Analizadores de ácidos grasos"]
[{"$nulls":7},"41113311-Lámpara detectora de haluro"]
[{"$nulls":7},"41113312-Analizadores de lactato"]
[{"$nulls":7},"41113313-Instrumentos de prueba de aceite mineral"]
[{"$nulls":7},"41113314-Analizadores monitores de contenido de aceite"]
[{"$nulls":7},"41113315-Analizadores de carbono orgánico"]
[{"$nulls":7},"41113316-Equipo de prueba de petróleo"]
[{"$nulls":7},"41113318-Analizadores de uranio"]
[{"$nulls":7},"41113319-Analizadores de agua"]
[{"$nulls":7},"41113320-Kit de prueba de aceite lubricante"]
[{"$nulls":7},"41113321-Probador de pintura"]
[{"$nulls":7},"41113322-Analizador de nitrógeno o nitrato o nitrito"]
[{"$nulls":7},"41113323-Analizadores de azúcar"]
[{"$nulls":7},"41113401-Contadores alfa"]
[{"$nulls":7},"41113402-Contadores alfa beta"]
[{"$nulls":7},"41113403-Contadores beta"]
[{"$nulls":7},"41113404-Contadores beta gamma"]
[{"$nulls":7},"41113405-Contadores gama"]
[{"$nulls":7},"41113406-Medidores kvp"]
[{"$nulls":7},"41113407-Micro analizadores de rayos x"]
[{"$nulls":7},"41113601-Amperímetros"]
[{"$nulls":7},"41113602-Medidores  de fase"]
[{"$nulls":7},"41113603-Puentes de laboratorio"]
[{"$nulls":7},"41113604-Medidores de capacitancia"]
[{"$nulls":7},"41113605-Derivatógrafos de análisis térmico"]
[{"$nulls":7},"41113606-Indicadores de monitoreo de congelamiento"]
[{"$nulls":7},"41113607-Monitores de estrés de calor"]
[{"$nulls":7},"41113608-Contadores de coincidencia o no coincidencia"]
[{"$nulls":7},"41113611-Medidores de diafonía"]
[{"$nulls":7},"41113612-Probadores de resistencia de la tierra"]
[{"$nulls":7},"41113613-Grabadoras de valor eléctrico"]
[{"$nulls":7},"41113614-Medidores de campo electromagnético"]
[{"$nulls":7},"41113615-Electrómetros"]
[{"$nulls":7},"41113616-Cargas electrónicas"]
[{"$nulls":7},"41113617-Equipos de medición de la fuerza del campo"]
[{"$nulls":7},"41113618-Instrumentos de medición de ganancia"]
[{"$nulls":7},"41113619-Galvanómetros"]
[{"$nulls":7},"41113620-Cable de detección de alto voltaje"]
[{"$nulls":7},"41113621-Medidores de impedancia"]
[{"$nulls":7},"41113622-Bobinas o cajas de inductancias calibradas"]
[{"$nulls":7},"41113623-Medidores de resistencia al aislamiento"]
[{"$nulls":7},"41113624-Medidores de aislamiento"]
[{"$nulls":7},"41113625-Cámaras de ionización"]
[{"$nulls":7},"41113626-Ionómetros"]
[{"$nulls":7},"41113627-Medidores de circuito de línea a tierra"]
[{"$nulls":7},"41113628-Megohmetros"]
[{"$nulls":7},"41113629-Medidores de filtración de microondas"]
[{"$nulls":7},"41113630-Multímetros"]
[{"$nulls":7},"41113631-Ohmetros"]
[{"$nulls":7},"41113632-Oscilógrafos"]
[{"$nulls":7},"41113633-Potenciómetros"]
[{"$nulls":7},"41113634-Medidores q"]
[{"$nulls":7},"41113635-Equipo de medición de resistencia calibrada"]
[{"$nulls":7},"41113636-Generadores de nivel"]
[{"$nulls":7},"41113637-Medidores de voltaje o de corriente"]
[{"$nulls":7},"41113638-Osciloscopios"]
[{"$nulls":7},"41113639-Acelerómetros"]
[{"$nulls":7},"41113640-Medidores de vatios"]
[{"$nulls":7},"41113641-Probadores de circuitos gfi"]
[{"$nulls":7},"41113642-Probador de circuitos"]
[{"$nulls":7},"41113643-Medidores o registros de demanda"]
[{"$nulls":7},"41113644-Trazador de circuitos"]
[{"$nulls":7},"41113645-Dispositivos de filtración de tierra"]
[{"$nulls":7},"41113646-Calibrador o simulador de temperatura"]
[{"$nulls":7},"41113647-Calibrador o simulador de frecuencia"]
[{"$nulls":7},"41113648-Voltiamperímetro empotrable"]
[{"$nulls":7},"41113701-Probador de tubos de rayos catódicos"]
[{"$nulls":7},"41113702-Comparadores"]
[{"$nulls":7},"41113703-Acoplamiento direccional"]
[{"$nulls":7},"41113704-Probadores de circuitos integrados"]
[{"$nulls":7},"41113705-Probadores de estado lógico"]
[{"$nulls":7},"41113706-Probadores de semiconductores"]
[{"$nulls":7},"41113707-Probadores de circuitos de transistores"]
[{"$nulls":7},"41113708-Medidores de energía"]
[{"$nulls":7},"41113709-Medidores de modulación"]
[{"$nulls":7},"41113710-Medidor de nivel"]
[{"$nulls":7},"41113711-Analizadores de red"]
[{"$nulls":7},"41113712-Probadores de cintas"]
[{"$nulls":7},"41113713-Probadores de velocidad de la cinta"]
[{"$nulls":7},"41113714-Diferenciador"]
[{"$nulls":7},"41113715-Probadores de redes digitales de servicios integrados isdn"]
[{"$nulls":7},"41113716-Localizadores de fallas de fibra óptica"]
[{"$nulls":7},"41113717-Fuentes de prueba de fibra óptica"]
[{"$nulls":7},"41113718-Analizadores de protocolo"]
[{"$nulls":7},"41113801-Compases geológicos"]
[{"$nulls":7},"41113802-Aparatos de prospección geológica"]
[{"$nulls":7},"41113803-Instrumentos geofísicos electromagnéticos"]
[{"$nulls":7},"41113804-Instrumentos geofísicos de gravedad"]
[{"$nulls":7},"41113805-Instrumentos geofísicos de polarización inducida ip"]
[{"$nulls":7},"41113806-Instrumentos geofísicos magnetómetros"]
[{"$nulls":7},"41113807-Instrumentos geofísicos de resistividad"]
[{"$nulls":7},"41113808-Gravímetros"]
[{"$nulls":7},"41113809-Vehículo acuático operado a distancia."]
[{"$nulls":7},"41113901-Instrumentos de medición de perforación"]
[{"$nulls":7},"41113902-Probadores de disolución o desintegración"]
[{"$nulls":7},"41113903-Aparatos medidores del tamaño de partículas"]
[{"$nulls":7},"41113904-Penetrómetros"]
[{"$nulls":7},"41113905-Aparatos para probar permeabilidad"]
[{"$nulls":7},"41113906-Aparatos para estimar permeabilidad o porosidad"]
[{"$nulls":7},"41113907-Porosímetros"]
[{"$nulls":7},"41113908-Aparatos para probar arena"]
[{"$nulls":7},"41113909-Aparatos muestreadores del núcleo del suelo"]
[{"$nulls":7},"41113910-Kits de probadores del suelo"]
[{"$nulls":7},"41114001-Clinómetros"]
[{"$nulls":7},"41114102-Simuladores de terremotos"]
[{"$nulls":7},"41114103-Módulos de alarma sísmica"]
[{"$nulls":7},"41114104-Amplificadores sísmicos"]
[{"$nulls":7},"41114105-Aparatos sísmicos portátiles"]
[{"$nulls":7},"41114106-Sismógrafos o grabadoras sísmicas"]
[{"$nulls":7},"41114107-Sismómetros"]
[{"$nulls":7},"41114108-Vibrómetros"]
[{"$nulls":7},"41114201-Cintas medidoras"]
[{"$nulls":7},"41114202-Varillas medidoras"]
[{"$nulls":7},"41114203-Tablas medidoras"]
[{"$nulls":7},"41114204-Teodolitos"]
[{"$nulls":7},"41114205-Estacas de localización"]
[{"$nulls":7},"41114206-Centro de localización"]
[{"$nulls":7},"41114207-Estación total"]
[{"$nulls":7},"41114301-Medidores de corriente para corriente abierta"]
[{"$nulls":7},"41114302-Instrumentos de acceso a pozos de agua"]
[{"$nulls":7},"41114303-Grabadoras de nivel del agua en corrientes abiertas"]
[{"$nulls":7},"41114401-Anemómetros"]
[{"$nulls":7},"41114402-Barómetros"]
[{"$nulls":7},"41114403-Grabadoras de precipitación o evaporación"]
[{"$nulls":7},"41114404-Aparatos de radiosonda"]
[{"$nulls":7},"41114405-Grabadoras de lluvia"]
[{"$nulls":7},"41114406-Aparatos para observar la precipitación o evaporación en la superficie"]
[{"$nulls":7},"41114407-Aparatos para observar la radiación solar en la superficie"]
[{"$nulls":7},"41114408-Aparatos para observar la temperatura o humedad en la superficie"]
[{"$nulls":7},"41114409-Aparatos para observar el viento en la superficie"]
[{"$nulls":7},"41114410-Estaciones meteorológicas"]
[{"$nulls":7},"41114411-Accesorios para instrumentos de meteorología"]
[{"$nulls":7},"41114501-Dinamómetros"]
[{"$nulls":7},"41114502-Elastómetros"]
[{"$nulls":7},"41114503-Extensómetros"]
[{"$nulls":7},"41114504-Instrumentos de medición de densidad"]
[{"$nulls":7},"41114505-Instrumentos de prueba de redondez"]
[{"$nulls":7},"41114506-Esferómetros"]
[{"$nulls":7},"41114507-Maquinas de prueba de resortes"]
[{"$nulls":7},"41114508-Probadores de superficie"]
[{"$nulls":7},"41114509-Tensiómetros"]
[{"$nulls":7},"41114510-Limitador de torsión"]
[{"$nulls":7},"41114601-Probadores de abrasión"]
[{"$nulls":7},"41114602-Probadores de compresión"]
[{"$nulls":7},"41114603-Instrumentos para probar concreto o cemento"]
[{"$nulls":7},"41114604-Probadores de corrosión"]
[{"$nulls":7},"41114605-Detectores de grietas o corrosión"]
[{"$nulls":7},"41114606-Probadores de fuga"]
[{"$nulls":7},"41114607-Máquinas para probar ductilidad"]
[{"$nulls":7},"41114608-Probadores de fatiga"]
[{"$nulls":7},"41114609-Aparatos probadores de forja"]
[{"$nulls":7},"41114610-Aparatos probadores de fundición"]
[{"$nulls":7},"41114611-Probadores de dureza"]
[{"$nulls":7},"41114612-Probadores de impacto"]
[{"$nulls":7},"41114613-Marco de carga"]
[{"$nulls":7},"41114614-Instrumentos para probar metales"]
[{"$nulls":7},"41114615-Instrumentos probadores foto elásticos"]
[{"$nulls":7},"41114616-Indicadores de resistencia al estrés"]
[{"$nulls":7},"41114617-Probadores de relajación"]
[{"$nulls":7},"41114618-Instrumentos de medición de rugosidad"]
[{"$nulls":7},"41114619-Probadores de fuerza de corte"]
[{"$nulls":7},"41114620-Aparatos para probar choque"]
[{"$nulls":7},"41114621-Probadores de tensión"]
[{"$nulls":7},"41114622-Probadores de torsión"]
[{"$nulls":7},"41114623-Máquinas para pruebas de flexión o transversales"]
[{"$nulls":7},"41114624-Probadores de vibración"]
[{"$nulls":7},"41114625-Probadores de desgaste"]
[{"$nulls":7},"41114626-Aparatos para probar soldaduras"]
[{"$nulls":7},"41114701-Instrumentos de prueba de cartón"]
[{"$nulls":7},"41114702-Probadores de resistencia de textiles"]
[{"$nulls":7},"41114703-Instrumentos para probar cuero"]
[{"$nulls":7},"41114704-Instrumentos para probar papel"]
[{"$nulls":7},"41114705-Instrumentos para probar textiles"]
[{"$nulls":7},"41114706-Instrumentos para probar madera"]
[{"$nulls":7},"41114801-Instrumentos para probar cerámicas"]
[{"$nulls":7},"41114802-Instrumentos para probar vidrio"]
[{"$nulls":7},"41114803-Instrumentos para probar alfarería"]
[{"$nulls":7},"41115101-Instrumentos para probar carbón"]
[{"$nulls":7},"41115201-Sistemas de vigilancia basados en radar"]
[{"$nulls":7},"41115202-Polarrotores (elementos centrales de la antena)"]
[{"$nulls":7},"41115301-Medidores de absorción de luz"]
[{"$nulls":7},"41115302-Cámaras anecóicas"]
[{"$nulls":7},"41115303-Analizadores de frecuencia"]
[{"$nulls":7},"41115304-Contadores o temporizadores o divisores de frecuencia"]
[{"$nulls":7},"41115305-Medidores de frecuencia eléctrica"]
[{"$nulls":7},"41115306-Interferómetros"]
[{"$nulls":7},"41115307-Láseres"]
[{"$nulls":7},"41115308-Medidores de luz"]
[{"$nulls":7},"41115309-Luxómetros"]
[{"$nulls":7},"41115310-Set de calibración óptica"]
[{"$nulls":7},"41115311-Fotómetros"]
[{"$nulls":7},"41115312-Polarímetros o refractómetros de mesa"]
[{"$nulls":7},"41115313-Polarímetros o refractómetros manuales"]
[{"$nulls":7},"41115314-Polarímetros"]
[{"$nulls":7},"41115315-Polariscopios"]
[{"$nulls":7},"41115316-Reflectómetros"]
[{"$nulls":7},"41115317-Estroboscopios"]
[{"$nulls":7},"41115318-Colorímetros"]
[{"$nulls":7},"41115319-Lectores de tubo o disco"]
[{"$nulls":7},"41115320-Generadores de señales"]
[{"$nulls":7},"41115321-Imágenes infrarrojas"]
[{"$nulls":7},"41115322-Analizadores de rayos láser"]
[{"$nulls":7},"41115401-Espectrofluorímetros o fluorímetros"]
[{"$nulls":7},"41115402-Espectrógrafos"]
[{"$nulls":7},"41115403-Espectrómetros"]
[{"$nulls":7},"41115404-Espectrómetros de masa"]
[{"$nulls":7},"41115405-Espectrómetros de protón"]
[{"$nulls":7},"41115406-Espectrofotómetros"]
[{"$nulls":7},"41115407-Espectrómetros de absorción atómica aa"]
[{"$nulls":7},"41115408-Espectrómetros infrarrojos"]
[{"$nulls":7},"41115409-Espectrómetros de resonancia magnética nuclear nmr"]
[{"$nulls":7},"41115410-Espectrómetros de resonancia magnética nuclear (NMR)"]
[{"$nulls":7},"41115411-Espectrómetros de plasma acoplado inductivamente icp"]
[{"$nulls":7},"41115501-Sonares"]
[{"$nulls":7},"41115502-Sonómetros"]
[{"$nulls":7},"41115503-Aparatos para medir el sonido o medidores de decibeles"]
[{"$nulls":7},"41115504-Analizadores de velocidad del sonido"]
[{"$nulls":7},"41115505-Cuartos para pruebas acústicas"]
[{"$nulls":7},"41115601-Equipo de análisis volumétrico karl fischer"]
[{"$nulls":7},"41115602-Equipo de análisis volumétrico"]
[{"$nulls":7},"41115603-Medidores de ph"]
[{"$nulls":7},"41115604-Electrodos de ph"]
[{"$nulls":7},"41115605-Tiras para ensayos de pH"]
[{"$nulls":7},"41115606-Medidores de electrodos selectivos de iones ise"]
[{"$nulls":7},"41115607-Tiras de prueba de iones selectivos"]
[{"$nulls":7},"41115608-Electrodos selectivos de iones"]
[{"$nulls":7},"41115609-Medidores de conductividad"]
[{"$nulls":7},"41115610-Celdas de conductividad"]
[{"$nulls":7},"41115611-Medidores de oxígeno disuelto"]
[{"$nulls":7},"41115612-Sondas de oxigeno disuelto"]
[{"$nulls":7},"41115613-Medidor de salinidad"]
[{"$nulls":7},"41115614-Transmisores de ph"]
[{"$nulls":7},"41115701-Detectores cromatográficos"]
[{"$nulls":7},"41115702-Escáneres cromatográficos"]
[{"$nulls":7},"41115703-Gases cromatográficos"]
[{"$nulls":7},"41115704-Iones cromatográficos"]
[{"$nulls":7},"41115705-Cromatógrafos líquidos"]
[{"$nulls":7},"41115706-Cromatógrafos de capa delgada"]
[{"$nulls":7},"41115707-Cromatógrafos para cromatografía de líquido de alta presión"]
[{"$nulls":7},"41115708-Cromatógrafos de capa delgada de alta presión tlc"]
[{"$nulls":7},"41115709-Columnas para cromatografía líquida de alta presión hplc"]
[{"$nulls":7},"41115710-Columnas para cromatografía de gas"]
[{"$nulls":7},"41115711-Columnas para cromatografía líquida lc"]
[{"$nulls":7},"41115712-Columnas para extracción de fase sólida spe"]
[{"$nulls":7},"41115713-Tanques para cromatografía de capa delgada"]
[{"$nulls":7},"41115714-Auto muestreadores"]
[{"$nulls":7},"41115715-Inyectores"]
[{"$nulls":7},"41115716-Accesorios para cromatografía líquida"]
[{"$nulls":7},"41115717-Accesorios para cromatografía de gas"]
[{"$nulls":7},"41115718-Inyector de paredes de membrana"]
[{"$nulls":7},"41115719-Revestimientos para cromatografía de gas"]
[{"$nulls":7},"41115720-Tubos para cromatografía"]
[{"$nulls":7},"41115801-Analizadores de amino ácidos"]
[{"$nulls":7},"41115802-Accesorios o suministros para analizadores de amino ácidos"]
[{"$nulls":7},"41115803-Analizadores de bancos de sangre"]
[{"$nulls":7},"41115804-Accesorios o suministros para analizadores de bancos de sangre"]
[{"$nulls":7},"41115805-Analizadores de gas en la sangre"]
[{"$nulls":7},"41115806-Accesorios o suministros para analizadores de gas en la sangre"]
[{"$nulls":7},"41115807-Analizadores químicos"]
[{"$nulls":7},"41115808-Accesorios o suministros para analizadores químico"]
[{"$nulls":7},"41115809-Analizadores de coagulación"]
[{"$nulls":7},"41115810-Accesorios o suministros para analizadores de coagulación"]
[{"$nulls":7},"41115811-Analizadores de secuencia desoxirribonucleica"]
[{"$nulls":7},"41115812-Accesorios o suministros para analizadores de secuencia desoxirribonucleica"]
[{"$nulls":7},"41115813-Analizadores de toxicología"]
[{"$nulls":7},"41115814-Accesorios o suministros para analizadores de toxicología"]
[{"$nulls":7},"41115815-Analizadores de hematología"]
[{"$nulls":7},"41115816-Accesorios o suministros para analizadores de hematología"]
[{"$nulls":7},"41115817-Analizadores de histología"]
[{"$nulls":7},"41115818-Accesorios o suministros para analizadores de histología"]
[{"$nulls":7},"41115819-Analizadores de inmunología"]
[{"$nulls":7},"41115820-Accesorios o suministros para analizadores de inmunología"]
[{"$nulls":7},"41115821-Analizadores de microbiología"]
[{"$nulls":7},"41115822-Accesorios o suministros para analizadores de microbiología"]
[{"$nulls":7},"41115823-Analizadores de proteína"]
[{"$nulls":7},"41115824-Accesorios o suministros para analizadores de proteína"]
[{"$nulls":7},"41115825-Analizadores radio isotópicos"]
[{"$nulls":7},"41115826-Accesorios o suministros para analizadores radio isotópicos"]
[{"$nulls":7},"41115827-Analizadores de orina"]
[{"$nulls":7},"41115828-Accesorios o suministros para analizadores de orina"]
[{"$nulls":7},"41115829-Analizadores de productos cárnicos o lácteos"]
[{"$nulls":7},"41115830-Analizadores de glucosa"]
[{"$nulls":7},"41116001-Reactivos analizadores de amino ácidos"]
[{"$nulls":7},"41116002-Reactivos analizadores de bancos de sangre"]
[{"$nulls":7},"41116003-Reactivos analizadores de gas en la sangre"]
[{"$nulls":7},"41116004-Reactivos analizadores de química"]
[{"$nulls":7},"41116005-Reactivos analizadores de coagulación"]
[{"$nulls":7},"41116006-Reactivos analizadores de secuencia de ácido desoxirribonucleico dna"]
[{"$nulls":7},"41116007-Reactivos analizadores de toxicología"]
[{"$nulls":7},"41116008-Reactivos analizadores de hematología"]
[{"$nulls":7},"41116009-Reactivos analizadores de histología"]
[{"$nulls":7},"41116010-Reactivos analizadores de inmunología"]
[{"$nulls":7},"41116011-Reactivos analizadores de microbiología"]
[{"$nulls":7},"41116012-Reactivos analizadores de proteínas"]
[{"$nulls":7},"41116013-Reactivos analizadores radio isotópicos"]
[{"$nulls":7},"41116014-Reactivos analizadores de análisis de orina"]
[{"$nulls":7},"41116015-Reactivos o anticuerpos analizadores de citometría de flujo"]
[{"$nulls":7},"41116101-Kits o suministros de prueba de bancos de sangre"]
[{"$nulls":7},"41116102-Reactivos o soluciones de bancos de sangre"]
[{"$nulls":7},"41116103-Controles de calidad o calibradores o estándares de bancos de sangre"]
[{"$nulls":7},"41116104-Kits o suministros para pruebas químicas"]
[{"$nulls":7},"41116105-Reactivos o soluciones químicas"]
[{"$nulls":7},"41116106-Tiras de prueba o papel de prueba químico"]
[{"$nulls":7},"41116107-Controles de calidad o calibradores o estándares químicos"]
[{"$nulls":7},"41116108-Kits o suministros para pruebas de coagulación"]
[{"$nulls":7},"41116109-Reactivos o soluciones de coagulación"]
[{"$nulls":7},"41116110-Controles de calidad o calibradores o estándares de coagulación"]
[{"$nulls":7},"41116111-Kits o suministros para pruebas de citología"]
[{"$nulls":7},"41116112-Controles de calidad o calibradores o estándares de citología"]
[{"$nulls":7},"41116113-Reactivos o soluciones o tinturas para citología"]
[{"$nulls":7},"41116116-Kits o suministros para pruebas ambientales"]
[{"$nulls":7},"41116117-Reactivos o soluciones o tinturas ambientales"]
[{"$nulls":7},"41116118-Kits o suministros para pruebas de alimentos"]
[{"$nulls":7},"41116119-Reactivos o soluciones o tinturas para kits de pruebas de alimentos"]
[{"$nulls":7},"41116120-Kits o suministros para pruebas de hematología"]
[{"$nulls":7},"41116121-Reactivos o soluciones o tinturas para hematología"]
[{"$nulls":7},"41116122-Controles de calidad o calibradores o estándares para hematología"]
[{"$nulls":7},"41116123-Kits o suministros para pruebas de histología"]
[{"$nulls":7},"41116124-Reactivos o soluciones o tinturas para histología"]
[{"$nulls":7},"41116125-Controles de calidad o calibradores o estándares para histología"]
[{"$nulls":7},"41116126-Kits o suministros para pruebas de inmunología o serología"]
[{"$nulls":7},"41116127-Reactivos o soluciones o tinturas para inmunología o serología"]
[{"$nulls":7},"41116128-Controles de calidad o calibradores o estándares para inmunología o serología"]
[{"$nulls":7},"41116129-Kits o suministros para pruebas de microbiología o bacteriología"]
[{"$nulls":7},"41116130-Reactivos o soluciones o tinturas para microbiología o bacteriología"]
[{"$nulls":7},"41116131-Discos o paneles de identificación o sensibilidad para microbiología o bacteriología"]
[{"$nulls":7},"41116132-Controles de calidad o calibradores o estándares para microbiología o bacteriología"]
[{"$nulls":7},"41116133-Kits o suministros para pruebas de biología molecular"]
[{"$nulls":7},"41116134-Reactivos o soluciones o tinturas para biología molecular"]
[{"$nulls":7},"41116135-Controles de calidad o calibradores o estándares para biología molecular"]
[{"$nulls":7},"41116136-Kits o suministros para análisis de orina"]
[{"$nulls":7},"41116137-Reactivos o soluciones o tinturas para análisis de orina"]
[{"$nulls":7},"41116138-Tiras para análisis de orina"]
[{"$nulls":7},"41116139-Controles de calidad o calibradores o estándares de análisis de orina"]
[{"$nulls":7},"41116140-Kits o suministros para parasitología o micología"]
[{"$nulls":7},"41116141-Reactivos o soluciones o tinturas para parasitología o micología"]
[{"$nulls":7},"41116142-Medio para parasitología o micología"]
[{"$nulls":7},"41116143-Controles de calidad o calibradores o estándares de parasitología o micología"]
[{"$nulls":7},"41116144-Kits o suministros para pruebas de virología"]
[{"$nulls":7},"41116145-Controles de calidad o calibradores o estándares para virología"]
[{"$nulls":7},"41116146-Kits o suministros para pruebas de toxicología"]
[{"$nulls":7},"41116147-Controles de calidad o calibradores o estándares para toxicología"]
[{"$nulls":7},"41116148-Kits o suministros para pruebas de citometría de flujo"]
[{"$nulls":7},"41116201-Monitores o medidores de glucosa"]
[{"$nulls":7},"41116202-Monitores o medidores de colesterol"]
[{"$nulls":7},"41116203-Accesorios para monitores o medidores"]
[{"$nulls":7},"41116205-Kits de pruebas rápidas"]
[{"$nulls":7},"41116301-Probadores de punto de inflamación"]
[{"$nulls":7},"41116401-Martillos de impacto"]
[{"$nulls":7},"41116501-Diales o kits de diales de medición"]
[{"$nulls":7},"41121501-Sistemas de manipulación líquida automática o robótica"]
[{"$nulls":7},"41121502-Diluidores de laboratorio"]
[{"$nulls":7},"41121503-Pipeta de desplazamiento de aire multicanal manuales"]
[{"$nulls":7},"41121504-Pipeta de desplazamiento de aire de un solo canal manuales"]
[{"$nulls":7},"41121505-Pipeta de desplazamiento positivo de un solo canal manuales"]
[{"$nulls":7},"41121506-Pipeta repetidoras de un solo canal manuales"]
[{"$nulls":7},"41121507-Pipeta de un solo canal electrónicas"]
[{"$nulls":7},"41121508-Pipeta multicanales electrónicas"]
[{"$nulls":7},"41121509-Pipetas pasteur o de transferencia"]
[{"$nulls":7},"41121510-Pipetas volumétricas"]
[{"$nulls":7},"41121511-Pipetas serológicas"]
[{"$nulls":7},"41121513-Pipetas de caída"]
[{"$nulls":7},"41121514-Bombas de pipetas"]
[{"$nulls":7},"41121515-Bombillos de pipetas"]
[{"$nulls":7},"41121516-Dispensadores de tapas de botella"]
[{"$nulls":7},"41121517-Insertos o accesorios para pipeteras"]
[{"$nulls":7},"41121601-Filtro de boquilla de pipeta"]
[{"$nulls":7},"41121602-Puntas de pipeta de barrera de aerosol"]
[{"$nulls":7},"41121603-Puntas de pipeta de baja retención"]
[{"$nulls":7},"41121604-Puntas de pipeta de referencia"]
[{"$nulls":7},"41121605-Puntas de pipeta ultra micro"]
[{"$nulls":7},"41121606-Puntas de pipeta de carga de gel"]
[{"$nulls":7},"41121607-Puntas de pipeta universales"]
[{"$nulls":7},"41121608-Puntas de pipeta robóticas"]
[{"$nulls":7},"41121609-Puntas de pipeta de volumen variable"]
[{"$nulls":7},"41121701-Tubos de ensayo general o multipropósito"]
[{"$nulls":7},"41121702-Tubos micro centrífugos"]
[{"$nulls":7},"41121703-Tubos centrífugos"]
[{"$nulls":7},"41121704-Tubos criogénicos"]
[{"$nulls":7},"41121705-Tubos de resonancia magnética nuclear nmr"]
[{"$nulls":7},"41121706-Tubos de cultivo"]
[{"$nulls":7},"41121707-Tubos de pruebas de separador"]
[{"$nulls":7},"41121708-Tubos de pruebas de anti coagulación"]
[{"$nulls":7},"41121709-Tubos capilares o hematocritos"]
[{"$nulls":7},"41121710-Cierres o tapas para tubos de ensayo"]
[{"$nulls":7},"41121711-Tubos o accesorios para pruebas de análisis de orina"]
[{"$nulls":7},"41121801-Vasos de observación para laboratorio"]
[{"$nulls":7},"41121802-Varillas para revolver para laboratorio"]
[{"$nulls":7},"41121803-Vasos de precipitados para laboratorio"]
[{"$nulls":7},"41121804-Redomas para laboratorio"]
[{"$nulls":7},"41121805-Cilindros graduados para laboratorio"]
[{"$nulls":7},"41121806-Frascos para laboratorio"]
[{"$nulls":7},"41121807-Ampollas para laboratorio"]
[{"$nulls":7},"41121808-Buretas para laboratorio"]
[{"$nulls":7},"41121809-Embudos para laboratorio"]
[{"$nulls":7},"41121810-Platos o frascos para tintura para laboratorio"]
[{"$nulls":7},"41121811-Kits de micro química para laboratorio"]
[{"$nulls":7},"41121812-Platos para laboratorio"]
[{"$nulls":7},"41121813-Cubetas"]
[{"$nulls":7},"41121814-Tapas o forros o forros deslizantes para laboratorio"]
[{"$nulls":7},"41121815-Adaptadores o conectores o instalaciones para laboratorio"]
[{"$nulls":7},"41122001-Jeringas de cromatografía"]
[{"$nulls":7},"41122002-Agujas para jeringas de cromatografía"]
[{"$nulls":7},"41122003-Adaptadores o accesorios para jeringa"]
[{"$nulls":7},"41122004-Jeringas para muestras"]
[{"$nulls":7},"41122101-Platos o placas petri"]
[{"$nulls":7},"41122102-Platos multi pocillo"]
[{"$nulls":7},"41122103-Espátulas de células"]
[{"$nulls":7},"41122104-Frascos de cultivo de tejidos"]
[{"$nulls":7},"41122105-Botellas de cultivo rotatorias"]
[{"$nulls":7},"41122106-Dispositivos de inoculación"]
[{"$nulls":7},"41122107-Platos o placas o insertos recubiertos para cultivo de tejidos"]
[{"$nulls":7},"41122108-Presillos o agujas para inoculación microbiológica"]
[{"$nulls":7},"41122109-Almohadilla de petri"]
[{"$nulls":7},"41122110-Dispensador de almohadillas de petri"]
[{"$nulls":7},"41122201-Crisoles de vidrio"]
[{"$nulls":7},"41122202-Crisoles cerámicos"]
[{"$nulls":7},"41122203-Crisoles de metal"]
[{"$nulls":7},"41122301-Protectores o revestimientos de mesa de trabajo"]
[{"$nulls":7},"41122401-Barras giratorias, barras para revolver o gotas para revolver magnéticas"]
[{"$nulls":7},"41122402-Recuperadores magnéticos de barras giratorias o recuperadores de barras giratorias"]
[{"$nulls":7},"41122403-Espátulas para laboratorio"]
[{"$nulls":7},"41122404-Tenazas para laboratorio"]
[{"$nulls":7},"41122405-Fórceps para laboratorio"]
[{"$nulls":7},"41122406-Cuchillos para laboratorio"]
[{"$nulls":7},"41122407-Escalpelos para laboratorio"]
[{"$nulls":7},"41122408-Tijeras para laboratorio"]
[{"$nulls":7},"41122409-Herramientas para laboratorio"]
[{"$nulls":7},"41122410-Película sellante para laboratorio"]
[{"$nulls":7},"41122411-Cronómetros o relojes para laboratorio"]
[{"$nulls":7},"41122412-Sellantes de tubos para laboratorio"]
[{"$nulls":7},"41122413-Pinzas para laboratorio"]
[{"$nulls":7},"41122501-Corchos para laboratorio"]
[{"$nulls":7},"41122502-Tapones para laboratorio"]
[{"$nulls":7},"41122503-Porta corchos para laboratorio"]
[{"$nulls":7},"41122601-Portaobjetos para microscopios"]
[{"$nulls":7},"41122602-Portaobjetos de microscopio"]
[{"$nulls":7},"41122603-Papel de lentes para microscopio"]
[{"$nulls":7},"41122604-Hemocitómetros"]
[{"$nulls":7},"41122605-Aceite de inmersión para microscopios"]
[{"$nulls":7},"41122606-Dispensadores de portaobjetos para microscopio"]
[{"$nulls":7},"41122701-Etiquetas para portaobjetos o especímenes"]
[{"$nulls":7},"41122702-Cintas etiquetadoras"]
[{"$nulls":7},"41122703-Cintas de seguridad"]
[{"$nulls":7},"41122704-Cintas contra alteración"]
[{"$nulls":7},"41122801-Estantes o soportes para pipetas"]
[{"$nulls":7},"41122802-Estantes para portaobjetos de microscopios"]
[{"$nulls":7},"41122803-Estantes o soportes para tubos para sedimentación"]
[{"$nulls":7},"41122804-Estantes para tubos de ensayo"]
[{"$nulls":7},"41122805-Estantes para secado"]
[{"$nulls":7},"41122806-Estantes para unidades de criopreservación"]
[{"$nulls":7},"41122807-Bandejas para disección"]
[{"$nulls":7},"41122808-Bandejas para propósitos generales"]
[{"$nulls":7},"41122809-Estantes para placas petri"]
[{"$nulls":7},"41123001-Deshidratadores de frasco"]
[{"$nulls":7},"41123002-Deshidratadores de gabinete"]
[{"$nulls":7},"41123003-Desecantes"]
[{"$nulls":7},"41123004-Deshidratadores de vacío"]
[{"$nulls":7},"41123101-Tubos de diálisis"]
[{"$nulls":7},"41123102-Pinzas de diálisis"]
[{"$nulls":7},"41123201-Portaobjetos preparados preservados"]
[{"$nulls":7},"41123202-Animales y organismos preservados"]
[{"$nulls":7},"41123302-Cajas o folders para portaobjetos para microscopios"]
[{"$nulls":7},"41123303-Gabinetes para portaobjetos para microscopios"]
[{"$nulls":7},"41123304-Cajas de almacenamiento criogénicas"]
[{"$nulls":7},"41123305-Gabinetes para casetes de tejidos o histología"]
[{"$nulls":7},"41123401-Tazas dosificadoras"]
[{"$nulls":7},"41123402-Cucharas dosificadoras"]
[{"$nulls":7},"41123403-Goteros dosificadores"]
[{"$nulls":7},"42121501-Probadores de presión sanguínea para uso veterinario"]
[{"$nulls":7},"42121502-Probador quimiógrafo para uso veterinario"]
[{"$nulls":7},"42121503-Probador pirogénico para uso veterinario"]
[{"$nulls":7},"42121504-Equipo estereotóxico para uso veterinario"]
[{"$nulls":7},"42121505-Electrocardiógrafo ecg para uso veterinario"]
[{"$nulls":7},"42121506-Sets de instrumentos quirúrgicos para uso veterinario"]
[{"$nulls":7},"42121507-Unidades o accesorios de inyección o succión para uso veterinario"]
[{"$nulls":7},"42121508-Sets de botellas para uso veterinario"]
[{"$nulls":7},"42121509-Termómetros clínicos para uso veterinario"]
[{"$nulls":7},"42121510-Cajas de instrumentos o accesorios para uso veterinario"]
[{"$nulls":7},"42121511-Estuches enrollables para instrumentos o accesorios de uso veterinario"]
[{"$nulls":7},"42121512-Espéculos para uso veterinario"]
[{"$nulls":7},"42121513-Instrumentos de castración para uso veterinario"]
[{"$nulls":7},"42121514-Kits de fijación externa para uso veterinario"]
[{"$nulls":7},"42121515-Limas o cortaúñas para uso veterinario"]
[{"$nulls":7},"42121601-Productos gastrointestinales para uso veterinario"]
[{"$nulls":7},"42121602-Productos para sangre o formación de sangre para uso veterinario"]
[{"$nulls":7},"42121603-Productos para el sistema respiratorio para uso veterinario"]
[{"$nulls":7},"42121604-Productos para el sistema musculo esquelético o nervioso para uso veterinario"]
[{"$nulls":7},"42121605-Productos para el sistema cardiovascular para uso veterinario"]
[{"$nulls":7},"42121606-Productos dermatológicos o anti protozoarios para uso veterinario"]
[{"$nulls":7},"42121607-Productos para el sistema sexual genital urinario u hormonales para uso veterinario"]
[{"$nulls":7},"42121608-Productos dentales para uso veterinario"]
[{"$nulls":7},"42121701-Tablas quirúrgicas para uso veterinario"]
[{"$nulls":7},"42121702-Armarios de almacenamiento para uso veterinario"]
[{"$nulls":7},"42131501-Petos para pacientes"]
[{"$nulls":7},"42131502-Gorras para pacientes"]
[{"$nulls":7},"42131503-Capas de examen para pacientes"]
[{"$nulls":7},"42131504-Batas para pacientes"]
[{"$nulls":7},"42131505-Camisas o chalecos para pacientes bebés"]
[{"$nulls":7},"42131506-Chaquetas para pacientes"]
[{"$nulls":7},"42131507-Pantuflas para pacientes"]
[{"$nulls":7},"42131508-Pijamas para pacientes"]
[{"$nulls":7},"42131509-Batas de hospital"]
[{"$nulls":7},"42131510-Pantalones para pacientes"]
[{"$nulls":7},"42131601-Delantales o petos para personal médico"]
[{"$nulls":7},"42131602-Cobertores de barba para personal médico"]
[{"$nulls":7},"42131603-Blusas o blusones para personal médico"]
[{"$nulls":7},"42131604-Gorro de quirófano para personal médico"]
[{"$nulls":7},"42131605-Overoles para personal médico"]
[{"$nulls":7},"42131606-Máscaras quirúrgicas o de aislamiento para personal médico"]
[{"$nulls":7},"42131607-Chaquetas o batas para personal médico"]
[{"$nulls":7},"42131608-Vestidos para cirugía para personal médico"]
[{"$nulls":7},"42131609-Cubiertas para zapatos para personal médico"]
[{"$nulls":7},"42131610-Protección de mangas para personal médico"]
[{"$nulls":7},"42131611-Gorros o capuchas para cirujano"]
[{"$nulls":7},"42131612-Batas de aislamiento para personal médico"]
[{"$nulls":7},"42131613-Protectores de ojos o visores para personal médico"]
[{"$nulls":7},"42131701-Cortinas de cirugía"]
[{"$nulls":7},"42131702-Batas de cirugía"]
[{"$nulls":7},"42131703-Packs quirúrgicos"]
[{"$nulls":7},"42131704-Toallas de cirugía"]
[{"$nulls":7},"42131705-Pantalones (“leggings”) de cirugía"]
[{"$nulls":7},"42131706-Vestidos enteros de cirugía"]
[{"$nulls":7},"42131707-Vestidos o cascos o máscaras faciales o accesorios de aislamiento de cirugía"]
[{"$nulls":7},"42132101-Protectores de colchón o silla para hospital"]
[{"$nulls":7},"42132102-Sábanas elásticas médicas"]
[{"$nulls":7},"42132103-Cortinas de barrera para pacientes"]
[{"$nulls":7},"42132104-Almohadas antimicrobianas para hospital"]
[{"$nulls":7},"42132105-Sábanas para hospital"]
[{"$nulls":7},"42132106-Colchas o cubrecamas para hospital"]
[{"$nulls":7},"42132107-Cobijas para hospital"]
[{"$nulls":7},"42132108-Fundas protectoras de almohada para hospital"]
[{"$nulls":7},"42132201-Cajas o dispensadores de guantes médicos"]
[{"$nulls":7},"42132202-Protector de caucho para dedos."]
[{"$nulls":7},"42132203-Guantes de examen o para procedimientos no quirúrgicos"]
[{"$nulls":7},"42132204-Recubrimientos interiores para guantes médicos"]
[{"$nulls":7},"42132205-Guantes de cirugía"]
[{"$nulls":7},"42141501-Bolas o fibra de algodón"]
[{"$nulls":7},"42141502-Palitos (copitos) con punta de fibra"]
[{"$nulls":7},"42141503-Toallitas de preparación de la piel"]
[{"$nulls":7},"42141504-Aplicadores o absorbentes medicados"]
[{"$nulls":7},"42141601-Kits de admisión para el cuidado del paciente"]
[{"$nulls":7},"42141602-Patos (bacinillas) para uso general"]
[{"$nulls":7},"42141603-Recipientes para emesis (vómito)"]
[{"$nulls":7},"42141604-Bacinillas de cama para fracturas"]
[{"$nulls":7},"42141605-Recipientes o cuencos para soluciones o mezclas médicas"]
[{"$nulls":7},"42141606-Recipientes multipropósito para usos médicos"]
[{"$nulls":7},"42141607-Orinales de uso general para pacientes"]
[{"$nulls":7},"42141701-Sistemas de presión alterna"]
[{"$nulls":7},"42141702-Marcos o elevadores de cobijas"]
[{"$nulls":7},"42141703-Cunas para extremidades"]
[{"$nulls":7},"42141704-Recubrimientos para colchones"]
[{"$nulls":7},"42141705-Almohadones o almohadillas o almohadas para la posición del paciente"]
[{"$nulls":7},"42141801-Unidades de combinación de electroterapia"]
[{"$nulls":7},"42141802-Electrodos o accesorios para electroterapia"]
[{"$nulls":7},"42141803-Cables o alambres de plomo para electroterapia"]
[{"$nulls":7},"42141804-Simuladores galvánicos o farádicos"]
[{"$nulls":7},"42141805-Estimuladores o kits neuromusculares"]
[{"$nulls":7},"42141806-Unidades de diatermia de onda corta"]
[{"$nulls":7},"42141807-Unidades de estimulación nerviosa eléctrica transcutánea"]
[{"$nulls":7},"42141808-Electrodos de diatermia"]
[{"$nulls":7},"42141809-Sets de estimulador muscular"]
[{"$nulls":7},"42141901-Baldes para enema"]
[{"$nulls":7},"42141902-Bolsas para enema"]
[{"$nulls":7},"42141903-Kits o accesorios para enema"]
[{"$nulls":7},"42141904-Tubos o tapas o pinzas para enema"]
[{"$nulls":7},"42141905-Jabones para enema"]
[{"$nulls":7},"42142001-Fórceps o homeostatos de bajo grado"]
[{"$nulls":7},"42142002-Cuchillo de bajo grado"]
[{"$nulls":7},"42142003-Manijas para cuchillo de bajo grado"]
[{"$nulls":7},"42142004-Corta uñas de bajo grado"]
[{"$nulls":7},"42142005-Sujeta agujas de bajo grado"]
[{"$nulls":7},"42142006-Retractores de bajo grado"]
[{"$nulls":7},"42142007-Tijeras de bajo grado"]
[{"$nulls":7},"42142101-Cubiertas para productos para terapia de calor o frío"]
[{"$nulls":7},"42142102-Unidades o accesorios de enfriamiento para almacenamiento frío para uso médico"]
[{"$nulls":7},"42142103-Lámparas de calor o sus accesorios para uso médico"]
[{"$nulls":7},"42142104-Hidro coladores o sus accesorios para uso médico"]
[{"$nulls":7},"42142105-Unidades o sistemas de calentamiento o enfriamiento terapéutico"]
[{"$nulls":7},"42142106-Cobijas o cortinas de calentamiento o enfriamiento terapéutico"]
[{"$nulls":7},"42142107-Sistema y accesorios de terapia de compresión crio terapéutica"]
[{"$nulls":7},"42142108-Almohadillas o compresas o bolsas de calentamiento o enfriamiento terapéutico"]
[{"$nulls":7},"42142109-Guantes de terapia para terapia de calor o frío"]
[{"$nulls":7},"42142110-Botellas para terapia de calor o frío"]
[{"$nulls":7},"42142111-Bolsas o almohadas de hielo terapéuticas"]
[{"$nulls":7},"42142112-Baños de parafina terapéuticos o sus accesorios"]
[{"$nulls":7},"42142113-Máscaras para senos nasales terapéuticas"]
[{"$nulls":7},"42142114-Pantalones terapéuticos para terapia fría o caliente"]
[{"$nulls":7},"42142119-Aparatos de hipotermia"]
[{"$nulls":7},"42142201-Baños o tanques de hidroterapia para las extremidades"]
[{"$nulls":7},"42142202-Baños o tanques de hidroterapia para inmersión total del cuerpo"]
[{"$nulls":7},"42142203-Accesorios para baños o tanques de hidroterapia"]
[{"$nulls":7},"42142204-Asientos para baños de hidroterapia"]
[{"$nulls":7},"42142301-Etiquetas médicas para uso general"]
[{"$nulls":7},"42142302-Componentes o accesorios para sistemas de planillas médicas"]
[{"$nulls":7},"42142303-Productos de identificación de pacientes"]
[{"$nulls":7},"42142401-Solidificadores de fluidos para uso médico"]
[{"$nulls":7},"42142402-Cánulas o tubos o accesorios de succión para uso médico"]
[{"$nulls":7},"42142403-Contenedores de succión para uso médico"]
[{"$nulls":7},"42142404-Aplicaciones al vacío o de succión para uso médico"]
[{"$nulls":7},"42142405-Estuches para sets de instrumental médico o sus accesorios"]
[{"$nulls":7},"42142406-Sets o kits de succión para uso médico"]
[{"$nulls":7},"42142407-Estuches para cánulas de succión para uso médico"]
[{"$nulls":7},"42142501-Agujas para amniocentesis"]
[{"$nulls":7},"42142502-Agujas para anestesia"]
[{"$nulls":7},"42142503-Agujas arteriales"]
[{"$nulls":7},"42142504-Agujas para biopsia"]
[{"$nulls":7},"42142505-Soportes para agujas de recolección de sangre"]
[{"$nulls":7},"42142506-Agujas romas"]
[{"$nulls":7},"42142507-Agujas mariposa"]
[{"$nulls":7},"42142509-Bandejas o accesorios epidurales"]
[{"$nulls":7},"42142510-Agujas de filtro"]
[{"$nulls":7},"42142511-Tapas o dispositivos protectores o accesorios para agujas"]
[{"$nulls":7},"42142512-Agujas de fístula"]
[{"$nulls":7},"42142513-Agujas para procedimientos de radiología"]
[{"$nulls":7},"42142514-Bandejas o agujas espinales"]
[{"$nulls":7},"42142515-Agujas de tubo al vacío"]
[{"$nulls":7},"42142516-Agujas de transferencia"]
[{"$nulls":7},"42142517-Tubos de extensión"]
[{"$nulls":7},"42142518-Productos o accesorios aspiradores para biopsia"]
[{"$nulls":7},"42142519-Guías para agujas"]
[{"$nulls":7},"42142520-Alfileres dispensadores"]
[{"$nulls":7},"42142521-Agujas para recolección de sangre"]
[{"$nulls":7},"42142522-Agujas quirúrgicas para oídos o narices o gargantas"]
[{"$nulls":7},"42142523-Agujas hipodérmicas"]
[{"$nulls":7},"42142524-Agujas o sets para grabar"]
[{"$nulls":7},"42142525-Agujas de irrigación"]
[{"$nulls":7},"42142526-Protectores de agujas"]
[{"$nulls":7},"42142527-Alambres para limpiar agujas"]
[{"$nulls":7},"42142528-Agujas o sets para punción del esternón"]
[{"$nulls":7},"42142529-Bandejas para agujas o porta agujas"]
[{"$nulls":7},"42142530-Agujas para procedimientos diagnósticos"]
[{"$nulls":7},"42142531-Contenedores o carritos o accesorios para desecho de agujas o cuchillas u otros objetos afilados"]
[{"$nulls":7},"42142532-Agujas o kits o accesorios para pericardiocentesis"]
[{"$nulls":7},"42142601-Jeringas para aspiración o irrigación médica"]
[{"$nulls":7},"42142602-Peras de caucho para usos médicos"]
[{"$nulls":7},"42142603-Jeringas de cartucho para uso médico"]
[{"$nulls":7},"42142604-Jeringas de punta de catéter para uso médico"]
[{"$nulls":7},"42142605-Jeringas para oídos para uso médico"]
[{"$nulls":7},"42142606-Jeringas de entrega medida para uso médico"]
[{"$nulls":7},"42142607-Micro jeringas para uso médico"]
[{"$nulls":7},"42142608-Jeringas sin agujas para uso médico"]
[{"$nulls":7},"42142609-Jeringas con agujas para uso médico"]
[{"$nulls":7},"42142610-Jeringas de medicación líquida oral"]
[{"$nulls":7},"42142611-Jeringas de tuberculina"]
[{"$nulls":7},"42142612-Sets de jeringas de irrigación"]
[{"$nulls":7},"42142613-Pistolas de inyección"]
[{"$nulls":7},"42142614-Aparatos o accesorios para inyección hipodérmica"]
[{"$nulls":7},"42142615-Accesorios para jeringas"]
[{"$nulls":7},"42142616-Jeringas de recolección de sangre"]
[{"$nulls":7},"42142617-Jeringas de fuente"]
[{"$nulls":7},"42142618-Kits de jeringas de análisis de gas en la sangre"]
[{"$nulls":7},"42142701-Catéteres urinarios supra púbicos"]
[{"$nulls":7},"42142702-Catéteres urinarios uretrales"]
[{"$nulls":7},"42142703-Tapones o pinzas para catéteres urinarios"]
[{"$nulls":7},"42142704-Bolsas o medidores para drenaje urinario"]
[{"$nulls":7},"42142705-Tiras o sujetadores para bolsas de drenaje urinario"]
[{"$nulls":7},"42142706-Bandejas o paquetes o kits para procedimientos urológicos"]
[{"$nulls":7},"42142707-Tubos de irrigación urinaria"]
[{"$nulls":7},"42142708-Adaptadores para instrumentos de urología"]
[{"$nulls":7},"42142709-Accesorios o sets para nefrostomía"]
[{"$nulls":7},"42142710-Tubos o accesorios para drenaje urinario"]
[{"$nulls":7},"42142711-Sets de auscultación uretral"]
[{"$nulls":7},"42142712-Sets o accesorios de remoción de cálculos"]
[{"$nulls":7},"42142713-Cubiertas o sets urológicos"]
[{"$nulls":7},"42142714-Percoladores urológicos"]
[{"$nulls":7},"42142715-Kits o accesorios de cateterización urológica"]
[{"$nulls":7},"42142716-Dispositivo pesario"]
[{"$nulls":7},"42142801-Dispositivos o tubos para compresión secuencial vascular"]
[{"$nulls":7},"42142802-Prendas o soporte para compresión o vasculares"]
[{"$nulls":7},"42142901-Anteojos"]
[{"$nulls":7},"42142902-Lentes para anteojos"]
[{"$nulls":7},"42142903-Monturas para anteojos"]
[{"$nulls":7},"42142904-Hardware para anteojos"]
[{"$nulls":7},"42142905-Anteojos de sol"]
[{"$nulls":7},"42142906-Estuches para anteojos"]
[{"$nulls":7},"42142907-Pañitos para limpiar anteojos"]
[{"$nulls":7},"42142908-Kits para limpiar anteojos"]
[{"$nulls":7},"42142909-Retenedores de anteojos"]
[{"$nulls":7},"42142910-Estuches para lentes de contacto"]
[{"$nulls":7},"42142911-Insertores o removedores de lentes de contacto"]
[{"$nulls":7},"42142912-Medidores de radio de lentes de contacto"]
[{"$nulls":7},"42142913-Lentes de contacto"]
[{"$nulls":7},"42143101-Catéteres o kits de cateterización intrauterina"]
[{"$nulls":7},"42143102-Dispositivos o accesorios uterinos"]
[{"$nulls":7},"42143103-Dispositivos o accesorios contraceptivos intrauterinos"]
[{"$nulls":7},"42143104-Kits o accesorios para amniocentesis"]
[{"$nulls":7},"42143105-Unidades o accesorios de extracción obstétrica"]
[{"$nulls":7},"42143106-Kits o accesorios de drenaje ginecológico"]
[{"$nulls":7},"42143201-Kits o accesorios de preparación de semen"]
[{"$nulls":7},"42143202-Productos o kits o accesorios para el tratamiento de la impotencia"]
[{"$nulls":7},"42143301-Sets o kits de administración de quimioterapia"]
[{"$nulls":7},"42143401-Equipos o accesorios para el control del sudor"]
[{"$nulls":7},"42143501-Ayudas para la limpieza de moldes auditivos"]
[{"$nulls":7},"42143502-Dispositivos o accesorios para irrigación nasal"]
[{"$nulls":7},"42143503-Dispositivos o bombas para el control de la hemorragia nasal"]
[{"$nulls":7},"42143504-Moldes auditivos o sus accesorios"]
[{"$nulls":7},"42143505-Kits de reparación de moldes auditivos"]
[{"$nulls":7},"42143506-Sets filiformes para la trompa de eustaquio"]
[{"$nulls":7},"42143507-Paquetes de medicación de oídos"]
[{"$nulls":7},"42143508-Capuchas de viento para oídos"]
[{"$nulls":7},"42143509-Pegantes o cementos para moldes auditivos"]
[{"$nulls":7},"42143510-Pantallas protectoras de viento para oídos"]
[{"$nulls":7},"42143511-Ganchos de cera de oídos"]
[{"$nulls":7},"42143512-Mechas para oídos"]
[{"$nulls":7},"42143513-Instrumentos o accesorios otológicos"]
[{"$nulls":7},"42143601-Chalecos y chaquetas de fuerza (de restricción)"]
[{"$nulls":7},"42143602-Elementos de restricción de cintura y torso"]
[{"$nulls":7},"42143603-Elementos de restricción de extremidades"]
[{"$nulls":7},"42143604-Elementos de restricción de cabeza no para ems"]
[{"$nulls":7},"42143605-Correas o hebillas o accesorios o suministros de restricción"]
[{"$nulls":7},"42143606-Elementos de restricción para todo el cuerpo"]
[{"$nulls":7},"42143607-Sensores o alarmas o accesorios de movimiento de pacientes"]
[{"$nulls":7},"42143608-Dispositivos o accesorios para estabilización o prevención de caídas de pacientes"]
[{"$nulls":7},"42151501-Luces de curación o accesorios para odontología estética"]
[{"$nulls":7},"42151502-Pozos mezcladores para odontología estética"]
[{"$nulls":7},"42151503-Coronas o formas de coronas"]
[{"$nulls":7},"42151504-Laca dental"]
[{"$nulls":7},"42151505-Suministros de grabado de dientes"]
[{"$nulls":7},"42151506-Suministros blanqueadores o decolorantes de dientes"]
[{"$nulls":7},"42151507-Sombras dentales"]
[{"$nulls":7},"42151601-Accesorios o partes de repuesto para instrumentos dentales"]
[{"$nulls":7},"42151602-Bandas para matriz dental"]
[{"$nulls":7},"42151603-Herramientas de colocación de hidróxido de calcio"]
[{"$nulls":7},"42151604-Herramientas de colocación de compuestos"]
[{"$nulls":7},"42151605-Removedores de coronas o puentes"]
[{"$nulls":7},"42151606-Talladores de amalgamas dentales"]
[{"$nulls":7},"42151607-Casetes para instrumentos dentales"]
[{"$nulls":7},"42151608-Bandejas o cubetas para instrumentos dentales"]
[{"$nulls":7},"42151609-Esterillas para instrumentos dentales"]
[{"$nulls":7},"42151610-Alicates dentales"]
[{"$nulls":7},"42151611-Cepillos operativos dentales"]
[{"$nulls":7},"42151612-Retractores dentales"]
[{"$nulls":7},"42151613-Pulidores dentales"]
[{"$nulls":7},"42151614-Fresas dentales"]
[{"$nulls":7},"42151615-Unidades crio quirúrgicas dentales"]
[{"$nulls":7},"42151616-Medidores de profundidad dentales"]
[{"$nulls":7},"42151617-Taladros o brocas dentales"]
[{"$nulls":7},"42151618-Elevadores dentales"]
[{"$nulls":7},"42151619-Excavadoras dentales"]
[{"$nulls":7},"42151620-Limas o curetas dentales"]
[{"$nulls":7},"42151621-Instrumentos para contorno de calzas dentales"]
[{"$nulls":7},"42151622-Protectores de dedos para uso odontológico"]
[{"$nulls":7},"42151623-Fórceps dentales"]
[{"$nulls":7},"42151624-Piezas manuales o accesorios para uso odontológico"]
[{"$nulls":7},"42151625-Instrumentos de higiene dental"]
[{"$nulls":7},"42151626-Accesorios para afilar instrumentos dentales"]
[{"$nulls":7},"42151627-Espejos o mangos de espejo para uso odontológico"]
[{"$nulls":7},"42151628-Lozas mezcladoras para uso odontológico"]
[{"$nulls":7},"42151629-Organizadores dentales"]
[{"$nulls":7},"42151630-Instrumentos de colocación para uso odontológico"]
[{"$nulls":7},"42151631-Sondas dentales"]
[{"$nulls":7},"42151632-Escariadores dentales"]
[{"$nulls":7},"42151633-Instrumentos de empaque de cordones de retracción para uso odontológico"]
[{"$nulls":7},"42151634-Picos de punta de raíz para uso dental"]
[{"$nulls":7},"42151635-Eyectores de saliva o dispositivos de succión oral o suministros dentales"]
[{"$nulls":7},"42151636-Raspadores dentales o accesorios"]
[{"$nulls":7},"42151637-Escalas dentales"]
[{"$nulls":7},"42151638-Tijeras dentales"]
[{"$nulls":7},"42151639-Espátulas dentales"]
[{"$nulls":7},"42151640-Pinzas dentales"]
[{"$nulls":7},"42151641-Grabadores de cera para uso odontológico"]
[{"$nulls":7},"42151642-Cuchillos de gingivectomía"]
[{"$nulls":7},"42151643-Cortadoras de margen dental"]
[{"$nulls":7},"42151644-Soportes para la boca para uso odontológico"]
[{"$nulls":7},"42151645-Kits o bandejas operativas reusables pre ensambladas para uso odontológico"]
[{"$nulls":7},"42151646-Dispositivos protectores para dientes"]
[{"$nulls":7},"42151647-Sujetadores absorbentes para uso odontológico"]
[{"$nulls":7},"42151648-Calibradores para uso odontológico"]
[{"$nulls":7},"42151650-Herramientas de detección de fracturas para uso odontológico"]
[{"$nulls":7},"42151651-Separadores de dientes para uso odontológico"]
[{"$nulls":7},"42151652-Introductor de espigas para uso odontológico"]
[{"$nulls":7},"42151653-Doblador de espigas para uso odontológico"]
[{"$nulls":7},"42151654-Guías para uso odontológico"]
[{"$nulls":7},"42151655-Probadores de nervio o de vitalidad para uso odontológico"]
[{"$nulls":7},"42151656-Esparcidores para uso odontológico"]
[{"$nulls":7},"42151657-Tubos o accesorios para uso odontológico"]
[{"$nulls":7},"42151658-Enhebradores de seda dental"]
[{"$nulls":7},"42151659-Kit de extracción de partes de dientes"]
[{"$nulls":7},"42151660-Aplicadores o absorbentes para uso odontológico"]
[{"$nulls":7},"42151661-Estuches o bolsas para instrumentos dentales"]
[{"$nulls":7},"42151662-Electrodos de anestesia o repuestos para uso odontológico"]
[{"$nulls":7},"42151663-Cuñas o sets para uso odontológico"]
[{"$nulls":7},"42151664-Discos cortadores o separadores para uso odontológico"]
[{"$nulls":7},"42151665-Calibradores o accesorios para uso odontológico"]
[{"$nulls":7},"42151666-Sujetadores bucales para uso odontológico"]
[{"$nulls":7},"42151667-Matrices o sets para uso odontológico"]
[{"$nulls":7},"42151668-Enrolladores de instrumentos para instrumentos o accesorios dentales"]
[{"$nulls":7},"42151669-Deshidratadores para uso odontológico"]
[{"$nulls":7},"42151670-Portadores de calor para uso odontológico"]
[{"$nulls":7},"42151671-Calzas o kits de calzas para sistemas post dentales"]
[{"$nulls":7},"42151672-Expansores para uso odontológico"]
[{"$nulls":7},"42151673-Martillos para uso odontológico"]
[{"$nulls":7},"42151674-Sujetadores de fresas para uso odontológico"]
[{"$nulls":7},"42151675-Kits de restauración para uso odontológico"]
[{"$nulls":7},"42151676-Cuchillos para uso odontológico"]
[{"$nulls":7},"42151677-Kits indicadores de presión para uso odontológico"]
[{"$nulls":7},"42151678-Sujetadores para almohadillas o láminas mezcladoras"]
[{"$nulls":7},"42151679-Bolsas mezcladoras para uso odontológico"]
[{"$nulls":7},"42151680-Topes o accesorios endodónticos"]
[{"$nulls":7},"42151681-Sets o accesorios de anestesia para uso odontológico"]
[{"$nulls":7},"42151701-Sillas para examen dental o partes relacionadas o accesorios"]
[{"$nulls":7},"42151702-Taburetes para uso odontológico"]
[{"$nulls":7},"42151703-Gabinetes para uso odontológico"]
[{"$nulls":7},"42151704-Mesas o accesorios para uso odontológico"]
[{"$nulls":7},"42151705-Sets de mobiliarios combinados para procedimientos dentales"]
[{"$nulls":7},"42151801-Portadores de amalgamas"]
[{"$nulls":7},"42151802-Obturadores o puntas o accesorios para uso odontológico"]
[{"$nulls":7},"42151803-Cápsulas de amalgama para uso odontológico"]
[{"$nulls":7},"42151804-Empaquetadores de cable para uso odontológico"]
[{"$nulls":7},"42151805-Discos pulidores o de terminado para uso odontológico"]
[{"$nulls":7},"42151806-Tiras pulidoras o de terminado para uso odontológico"]
[{"$nulls":7},"42151807-Puntas pulidoras o de terminado para uso odontológico"]
[{"$nulls":7},"42151808-Compuestos brilladores para uso odontológico"]
[{"$nulls":7},"42151809-Paños comprimibles para uso odontológico"]
[{"$nulls":7},"42151810-Kits pulidores o de terminado para uso odontológico"]
[{"$nulls":7},"42151811-Copas o sets pulidores para uso odontológico"]
[{"$nulls":7},"42151812-Resortes para abrasión o máquinas pulidoras para uso odontológico"]
[{"$nulls":7},"42151813-Tubos de calzas para uso odontológico"]
[{"$nulls":7},"42151814-Adaptadores de placas de sujeción para tallado o máquinas pulidoras para uso odontológico"]
[{"$nulls":7},"42151815-Conos para tallado o máquinas pulidoras para uso odontológico"]
[{"$nulls":7},"42151816-Portadores de lámina de oro"]
[{"$nulls":7},"42151901-Cepillos para paladares o prótesis dentales"]
[{"$nulls":7},"42151902-Kits de profilaxis para uso odontológico"]
[{"$nulls":7},"42151903-Copas o contenedores para prótesis dentales"]
[{"$nulls":7},"42151904-Soluciones o tabletas reveladoras"]
[{"$nulls":7},"42151905-Geles o enjuagues de fluoruro"]
[{"$nulls":7},"42151906-Tabletas o gotas de fluoruro"]
[{"$nulls":7},"42151907-Tanques de profilaxis para uso odontológico"]
[{"$nulls":7},"42151908-Frascos o sets para prótesis dentales"]
[{"$nulls":7},"42151909-Pastas o kits de prevención dental"]
[{"$nulls":7},"42151910-Dispositivos o accesorios para limpiar dientes"]
[{"$nulls":7},"42151911-Sets acondicionadores de tejido dental"]
[{"$nulls":7},"42151912-Aerosoles endodónticos"]
[{"$nulls":7},"42152001-Sujetadores de aleta de mordida"]
[{"$nulls":7},"42152002-Bloques o aletas o tabletas de mordida para uso odontológico"]
[{"$nulls":7},"42152003-Procesadores de película para uso odontológico"]
[{"$nulls":7},"42152004-Colgadores de película radiológica para uso odontológico"]
[{"$nulls":7},"42152005-Sujetadores de película radiológica para uso odontológico"]
[{"$nulls":7},"42152006-Monturas de película radiológica para uso odontológico"]
[{"$nulls":7},"42152007-Duplicadores de rayos x para uso odontológico"]
[{"$nulls":7},"42152008-Unidades de rayos x para uso odontológico"]
[{"$nulls":7},"42152009-Visores o accesorios de rayos x para uso odontológico"]
[{"$nulls":7},"42152010-Película radiológica para uso odontológico"]
[{"$nulls":7},"42152011-Adaptadores de película de rayos x para uso odontológico"]
[{"$nulls":7},"42152012-Partes o kits o accesorios para aparatos de rayos x para uso odontológico"]
[{"$nulls":7},"42152013-Analizadores de película radiográfica para uso odontológico"]
[{"$nulls":7},"42152014-Trazador radioactivo para uso odontológico"]
[{"$nulls":7},"42152101-Anillos de molde o suministros relacionados para uso odontológico"]
[{"$nulls":7},"42152102-Formadores para uso odontológico"]
[{"$nulls":7},"42152103-Adhesivos para bandejas de impresión para uso odontológico"]
[{"$nulls":7},"42152104-Limpiadores de bandejas de impresión para uso odontológico"]
[{"$nulls":7},"42152105-Bandejas de impresión para uso odontológico"]
[{"$nulls":7},"42152106-Cuchillos para yeso para uso odontológico"]
[{"$nulls":7},"42152107-Instrumentos de encerado para uso odontológico"]
[{"$nulls":7},"42152108-Jeringas de material de impresión o accesorios para uso odontológico"]
[{"$nulls":7},"42152109-Baños de agua para material de impresión o accesorios para uso odontológico"]
[{"$nulls":7},"42152110-Dispositivos para marcar dientes"]
[{"$nulls":7},"42152111-Endurecedores de material de impresión para uso odontológico"]
[{"$nulls":7},"42152112-Instrumentos de secado o accesorios para uso odontológico"]
[{"$nulls":7},"42152113-Kits de formación de base para prótesis dentales"]
[{"$nulls":7},"42152114-Kits de entrega de materiales de impresión para uso odontológico"]
[{"$nulls":7},"42152115-Canastas de impresión para uso odontológico"]
[{"$nulls":7},"42152201-Láminas dentales"]
[{"$nulls":7},"42152202-Unidades de abrasión por aire de laboratorio dental"]
[{"$nulls":7},"42152203-Quemadores o antorchas de laboratorio dental"]
[{"$nulls":7},"42152204-Máquinas para enyesar, sus partes o accesorios de laboratorio dental"]
[{"$nulls":7},"42152205-Unidades de curado de laboratorio dental"]
[{"$nulls":7},"42152206-Tintes de laboratorio dental"]
[{"$nulls":7},"42152207-Recolectores de polvo de laboratorio dental"]
[{"$nulls":7},"42152208-Máquinas o accesorios de laboratorio dental"]
[{"$nulls":7},"42152209-Hornos de uso odontológico para laboratorios"]
[{"$nulls":7},"42152210-Chapas de oro de laboratorio dental"]
[{"$nulls":7},"42152211-Tornos o accesorios de laboratorio dental"]
[{"$nulls":7},"42152212-Bordeadoras de modelos de laboratorio dental"]
[{"$nulls":7},"42152213-Modelos de laboratorio dentales"]
[{"$nulls":7},"42152214-Trampas de yeso de laboratorio dental"]
[{"$nulls":7},"42152215-Lijadoras de chorro de arena o suministros de laboratorio dental"]
[{"$nulls":7},"42152216-Máquinas soldadoras o suministros de laboratorio dental"]
[{"$nulls":7},"42152217-Unidades de vacío o suministros de laboratorio dental"]
[{"$nulls":7},"42152218-Vibradores de uso odontológico para laboratorios"]
[{"$nulls":7},"42152219-Unidades de encerado de laboratorio dental"]
[{"$nulls":7},"42152220-Piedras dentales para laboratorios"]
[{"$nulls":7},"42152221-Protectores de moldes o estuches de laboratorio dental"]
[{"$nulls":7},"42152222-Crisoles para máquinas de fundición de uso odontológico"]
[{"$nulls":7},"42152223-Unidades o accesorios de procesamiento de resinas de laboratorio dental"]
[{"$nulls":7},"42152224-Cantimploras de laboratorio dental"]
[{"$nulls":7},"42152301-Láseres de uso odontológico"]
[{"$nulls":7},"42152302-Dentoscopios"]
[{"$nulls":7},"42152303-Luces para uso odontológico general o sus accesorios"]
[{"$nulls":7},"42152304-Luces intraorales"]
[{"$nulls":7},"42152305-Trípodes de luces de operación para uso odontológico"]
[{"$nulls":7},"42152306-Luces o accesorios de fibra óptica para uso odontológico"]
[{"$nulls":7},"42152307-Sets de iluminación de operación para uso odontológico"]
[{"$nulls":7},"42152401-Aleaciones para amalgamas de uso odontológico"]
[{"$nulls":7},"42152402-Materiales protectores de la boca para atletas"]
[{"$nulls":7},"42152403-Aleaciones de molibdeno cromo cobalto fundido para implantes dentales"]
[{"$nulls":7},"42152404-Materiales de impresión hidrocoloides irreversibles reversibles combinados"]
[{"$nulls":7},"42152405-Plásticos para coronas o puentes"]
[{"$nulls":7},"42152406-Pastas abrasivas de uso odontológico"]
[{"$nulls":7},"42152407-Polvos abrasivos de uso odontológico"]
[{"$nulls":7},"42152408-Puntos absorbentes de uso odontológico"]
[{"$nulls":7},"42152409-Materiales de impresión agar de uso odontológico"]
[{"$nulls":7},"42152410-Materiales de impresión alginadas de uso odontológico"]
[{"$nulls":7},"42152411-Aleaciones de fundición de metal de base de uso odontológico"]
[{"$nulls":7},"42152412-Ceras de placa de base de uso odontológico"]
[{"$nulls":7},"42152413-Aleaciones de soldadura fuerte de uso odontológico"]
[{"$nulls":7},"42152414-Aleaciones de fundición de uso odontológico"]
[{"$nulls":7},"42152415-Cerámicas de uso odontológico"]
[{"$nulls":7},"42152416-Materiales de duplicación de uso odontológico"]
[{"$nulls":7},"42152417-Inversiones de sílice etilo de uso odontológico"]
[{"$nulls":7},"42152418-Productos de yeso de uso odontológico"]
[{"$nulls":7},"42152419-Materiales de impresión de pasta de óxido de zinc eugenol de uso odontológico"]
[{"$nulls":7},"42152420-Ceras de fundición para incrustaciones de uso odontológico"]
[{"$nulls":7},"42152421-Mercurio de uso odontológico"]
[{"$nulls":7},"42152422-Puntos obturadores de uso odontológico"]
[{"$nulls":7},"42152423-Sellantes de huecos o fisuras de uso odontológico"]
[{"$nulls":7},"42152424-Cementos de base de agua de uso odontológico"]
[{"$nulls":7},"42152425-Resinas de base para prótesis dentales"]
[{"$nulls":7},"42152426-Resinas de forrado temporales de base para prótesis dentales"]
[{"$nulls":7},"42152427-Resinas de reparación de cura fría para prótesis dentales"]
[{"$nulls":7},"42152428-Resinas de relleno directo"]
[{"$nulls":7},"42152429-Materiales elastoméricos para impresiones dentales"]
[{"$nulls":7},"42152430-Materiales de relleno endodóntico"]
[{"$nulls":7},"42152431-Elastómeros de prótesis maxilofacial extra oral"]
[{"$nulls":7},"42152432-Inversiones de fundición de yeso unido para aleaciones de oro"]
[{"$nulls":7},"42152433-Película radiográfica dental intraoral"]
[{"$nulls":7},"42152434-Amalgamantes para uso odontológico"]
[{"$nulls":7},"42152435-Materiales elastómeros para ortodoncia"]
[{"$nulls":7},"42152436-Inversiones unidas de fosfato"]
[{"$nulls":7},"42152437-Dientes de porcelana"]
[{"$nulls":7},"42152438-Materiales refractarios de tinte"]
[{"$nulls":7},"42152439-Materiales resistentes de recubrimiento para prótesis dentales removibles"]
[{"$nulls":7},"42152440-Inversiones de soldadura"]
[{"$nulls":7},"42152441-Dientes de polímeros sintéticos"]
[{"$nulls":7},"42152442-Titanio sin aleación para implantes dentales"]
[{"$nulls":7},"42152443-Cementos de óxido de zinc eugenol y de no eugenol"]
[{"$nulls":7},"42152444-Líquido de retracción gingival"]
[{"$nulls":7},"42152445-Sets de partes anteriores o posteriores de dientes"]
[{"$nulls":7},"42152446-Recubrimientos o materiales adelgazantes o sets para caries dentales"]
[{"$nulls":7},"42152447-Tintes o suministros de uso odontológico"]
[{"$nulls":7},"42152449-Catalizadores de material de impresión de uso odontológico"]
[{"$nulls":7},"42152450-Compuestos limpiadores de instrumentos de uso odontológico"]
[{"$nulls":7},"42152451-Compuestos indicadores de presión de uso odontológico"]
[{"$nulls":7},"42152452-Kits o accesorios de aislamiento de pastas de uso odontológico"]
[{"$nulls":7},"42152453-Compuestos restauradores de uso odontológico"]
[{"$nulls":7},"42152454-Protectores de nervios dentales"]
[{"$nulls":7},"42152455-Estantes o soportes para productos abrasivos de uso odontológico"]
[{"$nulls":7},"42152456-Agentes enmascaradores de uso odontológico"]
[{"$nulls":7},"42152457-Kits de cementación de uso odontológico"]
[{"$nulls":7},"42152458-Espaciadores de tintes de uso odontológico"]
[{"$nulls":7},"42152459-Kits post endodoncia"]
[{"$nulls":7},"42152460-Compuestos de recubrimiento para prótesis dentales"]
[{"$nulls":7},"42152461-Compuestos de recubrimiento para modelos dentales"]
[{"$nulls":7},"42152462-Kits de revestimiento de prótesis dentales"]
[{"$nulls":7},"42152463-Solventes de cera de uso odontológico"]
[{"$nulls":7},"42152464-Kits para implantes dentales"]
[{"$nulls":7},"42152465-Lubricantes dentales"]
[{"$nulls":7},"42152501-Kits o bandejas desechables pre ensambladas de uso odontológico"]
[{"$nulls":7},"42152502-Baberos de uso odontológico"]
[{"$nulls":7},"42152503-Suministros hembra de uso odontológico"]
[{"$nulls":7},"42152504-Recubrimientos de uso odontológico"]
[{"$nulls":7},"42152505-Forros para el apoyacabezas de la silla de examen de uso odontológico"]
[{"$nulls":7},"42152506-Bolitas absorbentes de uso odontológico"]
[{"$nulls":7},"42152507-Rollos de uso odontológico"]
[{"$nulls":7},"42152508-Jeringas o agujas o jeringas con agujas de uso odontológico"]
[{"$nulls":7},"42152509-Cubiertas desechables para bandejas de uso odontológico"]
[{"$nulls":7},"42152510-Estuches o cubiertas para instrumentos o sets de uso odontológico"]
[{"$nulls":7},"42152511-Platos de uso odontológico"]
[{"$nulls":7},"42152512-Pinzas de uso odontológico"]
[{"$nulls":7},"42152513-Tazas medidoras de uso odontológico"]
[{"$nulls":7},"42152514-Contenedores o accesorios de materiales de desecho de uso odontológico"]
[{"$nulls":7},"42152516-Tazones mezcladores de uso odontológico"]
[{"$nulls":7},"42152517-Sujetadores o dispensadores de servilletas de uso odontológico"]
[{"$nulls":7},"42152518-Dispensadores de materiales de uso odontológico"]
[{"$nulls":7},"42152519-Kits de accesorios para jeringas de uso odontológico"]
[{"$nulls":7},"42152520-Escupideras de uso odontológico"]
[{"$nulls":7},"42152601-Papeles articulados para operación o productos relacionados de uso odontológico"]
[{"$nulls":7},"42152602-Barreras de control de infección para operaciones de uso odontológico"]
[{"$nulls":7},"42152603-Tornillos de retención o productos relacionados para operaciones de uso odontológico"]
[{"$nulls":7},"42152604-Cordones de retracción para operaciones de uso odontológico"]
[{"$nulls":7},"42152605-Sets de sialografía de uso odontológico"]
[{"$nulls":7},"42152606-Tablillas o sets de uso odontológico"]
[{"$nulls":7},"42152607-Anillos para instrumentos de uso odontológico"]
[{"$nulls":7},"42152608-Cartuchos de ligadura para ortodoncia"]
[{"$nulls":7},"42152701-Articuladores o accesorios de uso odontológico"]
[{"$nulls":7},"42152702-Soluciones hemostáticas de uso odontológico"]
[{"$nulls":7},"42152703-Tornillos o fijadores o suministros relacionados de uso odontológico"]
[{"$nulls":7},"42152704-Retenedores de uso odontológico"]
[{"$nulls":7},"42152705-Pinzas de aplicación para ortodoncia"]
[{"$nulls":7},"42152706-Frenillos \"brackets\" para ortodoncia"]
[{"$nulls":7},"42152707-Tubos bucales para ortodoncia"]
[{"$nulls":7},"42152708-Bobinas de resorte para ortodoncia"]
[{"$nulls":7},"42152709-Elásticos para ortodoncia"]
[{"$nulls":7},"42152710-Elastómeros para ortodoncia"]
[{"$nulls":7},"42152711-Tornillos de expansión para ortodoncia"]
[{"$nulls":7},"42152712-Bandas molares para ortodoncia"]
[{"$nulls":7},"42152713-Alicates para ortodoncia"]
[{"$nulls":7},"42152714-Estuches retenedores para ortodoncia"]
[{"$nulls":7},"42152715-Bandas de colocación para ortodoncia"]
[{"$nulls":7},"42152716-Topes o bloqueos para ortodoncia"]
[{"$nulls":7},"42152801-Cinceles para periodoncia"]
[{"$nulls":7},"42152802-Limas para periodoncia"]
[{"$nulls":7},"42152803-Separadores para periodoncia"]
[{"$nulls":7},"42152804-Instrumentos de prueba de implante periodontal a interface de hueso"]
[{"$nulls":7},"42152805-Instrumentos de control para periodoncia"]
[{"$nulls":7},"42152806-Disectores de tejido para periodoncia"]
[{"$nulls":7},"42152807-Pastas protectoras para periodoncia"]
[{"$nulls":7},"42152808-Curetas para periodoncia"]
[{"$nulls":7},"42152809-Cuchillos para periodoncia"]
[{"$nulls":7},"42152810-Membranas para periodoncia"]
[{"$nulls":7},"42161501-Sets de transferencia de diálisis peritoneal ambulatoria continua capd"]
[{"$nulls":7},"42161502-Calentadores de dialisato peritoneal"]
[{"$nulls":7},"42161503-Sets de administración o cateterización de diálisis peritoneal"]
[{"$nulls":7},"42161504-Adaptadores o pinzas o conectores de catéter para diálisis peritoneal"]
[{"$nulls":7},"42161505-Bolsas o contenedores de drenaje de diálisis peritoneal"]
[{"$nulls":7},"42161506-Derivaciones o catéteres o dispositivos de acceso permanente para diálisis peritoneal"]
[{"$nulls":7},"42161507-Soluciones para diálisis peritoneal"]
[{"$nulls":7},"42161508-Correas o arneses para unidades de diálisis peritoneal"]
[{"$nulls":7},"42161509-Unidades de diálisis peritoneal"]
[{"$nulls":7},"42161510-Kits de lavado para diálisis peritoneal"]
[{"$nulls":7},"42161601-Kits o sets o accesorios de administración de hemodiálisis"]
[{"$nulls":7},"42161602-Muestreadores de bolsas de sangre para hemodiálisis"]
[{"$nulls":7},"42161603-Aparato de demanda de oxígeno en la sangre para hemodiálisis"]
[{"$nulls":7},"42161604-Sillas para hemodiálisis"]
[{"$nulls":7},"42161605-Medidores de conductividad de dialisato para hemodiálisis"]
[{"$nulls":7},"42161606-Detectores de nivel de dialisato para hemodiálisis"]
[{"$nulls":7},"42161607-Bombas de presión de dialisato para hemodiálisis"]
[{"$nulls":7},"42161608-Soluciones de dialisato para hemodiálisis"]
[{"$nulls":7},"42161609-Tanques de dialisato para hemodiálisis"]
[{"$nulls":7},"42161610-Tubos de dialisato para hemodiálisis"]
[{"$nulls":7},"42161611-Baños calentadores de dialisato para hemodiálisis"]
[{"$nulls":7},"42161612-Filtros de celuloide de dializador para hemodiálisis"]
[{"$nulls":7},"42161613-Filtros de colodión de dializador para hemodiálisis"]
[{"$nulls":7},"42161614-Filtros de filamento hueco de dializador para hemodiálisis"]
[{"$nulls":7},"42161615-Sistemas de reprocesamiento de dializador para hemodiálisis"]
[{"$nulls":7},"42161616-Detectores de burbujas de aire o espuma o coágulos, o trampas o alarmas para unidades de hemodiálisis"]
[{"$nulls":7},"42161617-Monitores de presión arterial para unidades de hemodiálisis"]
[{"$nulls":7},"42161618-Pinzas de línea de sangre para unidades de hemodiálisis"]
[{"$nulls":7},"42161619-Tapas para válvulas de sangre para unidades de hemodiálisis"]
[{"$nulls":7},"42161620-Bombas de sangre para unidades de hemodiálisis"]
[{"$nulls":7},"42161621-Tapas para válvulas de dialisato unidades de hemodiálisis"]
[{"$nulls":7},"42161622-Desinfectantes o limpiadores para unidades de hemodiálisis"]
[{"$nulls":7},"42161623-Bombas de infusión de heparina unidades de hemodiálisis"]
[{"$nulls":7},"42161624-Controladores de agujas únicas para unidades de hemodiálisis"]
[{"$nulls":7},"42161625-Convertidores de un solo paso para unidades de hemodiálisis"]
[{"$nulls":7},"42161626-Estantes o soportes o carritos para unidades de hemodiálisis"]
[{"$nulls":7},"42161627-Monitores de temperatura para unidades de hemodiálisis"]
[{"$nulls":7},"42161628-Equipos de prueba para unidades de hemodiálisis"]
[{"$nulls":7},"42161629-Filtros transductores para unidades de hemodiálisis"]
[{"$nulls":7},"42161630-Protectores transductores para unidades de hemodiálisis"]
[{"$nulls":7},"42161631-Sistemas de purificación del agua para unidades de hemodiálisis"]
[{"$nulls":7},"42161632-Unidades de hemodiálisis"]
[{"$nulls":7},"42161633-Membranas dializadoras para aparatos de hemodiálisis"]
[{"$nulls":7},"42161634-Bandejas de procedimiento o accesorios para hemodiálisis"]
[{"$nulls":7},"42161635-Cartuchos para aparatos de hemodiálisis"]
[{"$nulls":7},"42161701-Hemofiltro"]
[{"$nulls":7},"42161702-Bolsas de recolección de hemofiltración"]
[{"$nulls":7},"42161703-Puertos de infusión para hemofiltración"]
[{"$nulls":7},"42161704-Puertos de muestreo para hemofiltración"]
[{"$nulls":7},"42161801-Unidades de diálisis arterio venosa continua cavhd o productos relacionados"]
[{"$nulls":7},"42161802-Unidades de hemofiltración arterio venosa continua cavh o productos relacionados"]
[{"$nulls":7},"42161803-Unidades de hemodiálisis o hemofiltración venosa continua o productos relacionados"]
[{"$nulls":7},"42161804-Unidades de ultrafiltración continua lenta scuf o productos relacionados"]
[{"$nulls":7},"42171501-Bolsas para cuerpos para desastres para servicios médicos de emergencia"]
[{"$nulls":7},"42171502-Etiquetas de triage para servicios médicos de emergencia"]
[{"$nulls":7},"42171601-Camillas o accesorios para evacuación aérea"]
[{"$nulls":7},"42171602-Camillas o accesorios para ambulancias"]
[{"$nulls":7},"42171603-Prendas anti choque"]
[{"$nulls":7},"42171604-Camillas canasta o accesorios"]
[{"$nulls":7},"42171605-Ojales de cable de rescate"]
[{"$nulls":7},"42171606-Férulas inflables para servicios médicos de emergencia"]
[{"$nulls":7},"42171607-Collares cervicales o de extracción de víctimas para servicios médicos de emergencia"]
[{"$nulls":7},"42171608-Inmovilizadores de cabeza para servicios médicos de emergencia"]
[{"$nulls":7},"42171609-Correas de retención o espinales para servicios médicos de emergencia"]
[{"$nulls":7},"42171610-Inmovilizadores de torso para servicios médicos de emergencia"]
[{"$nulls":7},"42171611-Literas o camillas o accesorios para respuesta de emergencia"]
[{"$nulls":7},"42171612-Camillas o accesorios redondas"]
[{"$nulls":7},"42171613-Tablas espinales"]
[{"$nulls":7},"42171614-Tubos o contenedores para rescate en agua"]
[{"$nulls":7},"42171701-Cobijas para emergencias o rescates"]
[{"$nulls":7},"42171702-Cobijas para primeros auxilios"]
[{"$nulls":7},"42171703-Cobertores o cobijas de protección contra el calor para servicios médicos de emergencia"]
[{"$nulls":7},"42171704-Fajas para bebés o porta bebés para servicios médicos de emergencia"]
[{"$nulls":7},"42171801-Kits de intubación o vía aérea oro faríngea para servicios médicos de emergencia"]
[{"$nulls":7},"42171802-Kits de laringoscopia para servicios médicos de emergencia"]
[{"$nulls":7},"42171803-Unidades o accesorios de succión para servicios médicos de emergencia"]
[{"$nulls":7},"42171804-Kits de cricotiroidotomía o tubo traqueal para servicios médicos de emergencia"]
[{"$nulls":7},"42171805-Desplegadores de mandíbula"]
[{"$nulls":7},"42171806-Palos para convulsiones"]
[{"$nulls":7},"42171901-Bolsas de manejo de vía aérea para servicios médicos de emergencia"]
[{"$nulls":7},"42171902-Estuches de desfibriladores para servicios médicos de emergencia"]
[{"$nulls":7},"42171903-Estuches de medicamentos para servicios médicos de emergencia"]
[{"$nulls":7},"42171904-Estuches o bolsas de productos de extracción para servicios médicos de emergencia"]
[{"$nulls":7},"42171905-Estuches intravenosos iv para servicios médicos de emergencia"]
[{"$nulls":7},"42171906-Estuches de intubación para servicios médicos de emergencia"]
[{"$nulls":7},"42171907-Bolsas de laringoscopia para servicios médicos de emergencia"]
[{"$nulls":7},"42171908-Estuches de soporte de vida para servicios médicos de emergencia"]
[{"$nulls":7},"42171909-Paquetes de trauma para respuesta de larga distancia ldr para servicios médicos de emergencia"]
[{"$nulls":7},"42171910-Estuches paramédicos para servicios médicos de emergencia"]
[{"$nulls":7},"42171911-Estuches de oxígeno portátil o resucitación para servicios médicos de emergencia"]
[{"$nulls":7},"42171912-Estuches o bolsas de rescate para servicios médicos de emergencia"]
[{"$nulls":7},"42171913-Estuches o bolsas de respuesta para servicios médicos de emergencia"]
[{"$nulls":7},"42171914-Estuches o bolsas de trauma para servicios médicos de emergencia"]
[{"$nulls":7},"42171915-Estuches o bolsas para técnicos médicos de emergencia emt"]
[{"$nulls":7},"42171916-Estuches para transportar o almacenar sets de inmovilización para servicios médicos de emergencia"]
[{"$nulls":7},"42171917-Estuches o bolsas o accesorios de primeros auxilios para servicios médicos de emergencia"]
[{"$nulls":7},"42171918-Estuches de equipos de tratamiento de víctimas de gas para servicios médicos de emergencia"]
[{"$nulls":7},"42171919-Bolsas o revestimientos de evacuación para servicios médicos de emergencia"]
[{"$nulls":7},"42171920-Estuches o accesorios de ropa para servicios médicos de emergencia"]
[{"$nulls":7},"42172001-Kits de primeros auxilios para servicios médicos de emergencia"]
[{"$nulls":7},"42172002-Kits de primera respuesta para servicios médicos de emergencia"]
[{"$nulls":7},"42172003-Kits intravenosos iv para servicios médicos de emergencia"]
[{"$nulls":7},"42172004-Kits de soporte de vida para servicios médicos de emergencia"]
[{"$nulls":7},"42172005-Kits de trauma de respuesta de larga distancia ldr para servicios médicos de emergencia"]
[{"$nulls":7},"42172006-Kits obstétricos para servicios médicos de emergencia"]
[{"$nulls":7},"42172007-Kits de oxígeno o resucitación para servicios médicos de emergencia"]
[{"$nulls":7},"42172008-Kits de rapel para servicios médicos de emergencia"]
[{"$nulls":7},"42172009-Kits de búsqueda y rescate para servicios médicos de emergencia"]
[{"$nulls":7},"42172010-Kits de trauma para servicios médicos de emergencia"]
[{"$nulls":7},"42172011-Kits para técnicos médicos de emergencia emt"]
[{"$nulls":7},"42172012-Kits de ventriculostomía para servicios médicos de emergencia"]
[{"$nulls":7},"42172013-Kits de evacuación para servicios médicos de emergencia"]
[{"$nulls":7},"42172014-Kits o suministros de transporte de pacientes para servicios médicos de emergencia"]
[{"$nulls":7},"42172015-Kits de tratamiento dental para servicios médicos de emergencia"]
[{"$nulls":7},"42172016-Kits de fracturas para servicios médicos de emergencia"]
[{"$nulls":7},"42172017-Kits de equipos médicos de laboratorio o de campo o productos relacionados"]
[{"$nulls":7},"42172101-Desfibriladores externos automatizados aed o paletas duras"]
[{"$nulls":7},"42172102-Escudos o máscaras protectoras para resucitación cardiopulmonar cpr"]
[{"$nulls":7},"42172103-Kits aspiradores o resucitadores para emergencias"]
[{"$nulls":7},"42172201-Pinzas o torniquetes para servicios médicos de emergencia"]
[{"$nulls":7},"42181501-Depresores de lengua o cuchillos o baja lenguas"]
[{"$nulls":7},"42181502-Transiluminadores para exámenes de uso médico"]
[{"$nulls":7},"42181503-Lubricantes o gelatinas personales o para examen"]
[{"$nulls":7},"42181504-Sets de hemacitómetros"]
[{"$nulls":7},"42181505-Sets o accesorios de muestreadores de células endometriales"]
[{"$nulls":7},"42181506-Kits de determinación de asalto sexual"]
[{"$nulls":7},"42181507-Bandas para sujetar el espejo a la frente o accesorios para exámenes médicos"]
[{"$nulls":7},"42181508-Pañitos limpiadores para equipo diagnóstico"]
[{"$nulls":7},"42181509-Sets de examen físico para cirujanos de vuelo"]
[{"$nulls":7},"42181510-Medidores de ictericia transcutáneos"]
[{"$nulls":7},"42181511-Evaluadores de impotencia masculina"]
[{"$nulls":7},"42181512-Cucharas para examen de portadores de tifoidea"]
[{"$nulls":7},"42181513-Kits de irrigación de los senos nasales"]
[{"$nulls":7},"42181514-Fotómetros de hemoglobina"]
[{"$nulls":7},"42181515-Bandejas de procedimiento para exámenes"]
[{"$nulls":7},"42181516-Unidades o accesorios de electromiografía emg"]
[{"$nulls":7},"42181517-Unidades de electroencefalografía (EEG) o accesorios"]
[{"$nulls":7},"42181601-Unidades de presión de sangre aneroides"]
[{"$nulls":7},"42181602-Unidades de presión de sangre electrónicas"]
[{"$nulls":7},"42181603-Unidades de presión de sangre de mercurio"]
[{"$nulls":7},"42181604-Válvulas o peras inflables de liberación de presión del aire en la sangre"]
[{"$nulls":7},"42181605-Mangas o vejigas de presión de la sangre"]
[{"$nulls":7},"42181606-Mangueras de inflar o mangueras neumáticas o adaptadores de presión de sangre"]
[{"$nulls":7},"42181607-Unidades de registro de presión de sangre"]
[{"$nulls":7},"42181608-Accesorios para instrumentos de medición de presión de sangre"]
[{"$nulls":7},"42181609-Kits de domo de monitoreo de presión de sangre"]
[{"$nulls":7},"42181610-Kits de mangas de presión de sangre"]
[{"$nulls":7},"42181701-Unidades de electrocardiografía ekg"]
[{"$nulls":7},"42181702-Adaptadores o cables o conductores para electrocardiografía ekg"]
[{"$nulls":7},"42181703-Probadores de cables o conductores o unidades de electrocardiografía ekg"]
[{"$nulls":7},"42181704-Calibradores o reglas de electrocardiografía ekg"]
[{"$nulls":7},"42181705-Registros gráficos de electrocardiografía ekg"]
[{"$nulls":7},"42181706-Pantallas de monitor para electrocardiografía ekg"]
[{"$nulls":7},"42181707-Electrodos de tira o anillo para electrocardiografía ekg neonatal"]
[{"$nulls":7},"42181708-Electrodos de parche para electrocardiografía ekg"]
[{"$nulls":7},"42181709-Papel de registro de electrocardiografía (ECG)"]
[{"$nulls":7},"42181710-Probadores de superficie de electrodos para electrocardiografía ekg"]
[{"$nulls":7},"42181711-Sistemas telefónicos receptores o transmisores para electrocardiografía ekg"]
[{"$nulls":7},"42181712-Analizadores de unidad de electrocardiografía ekg"]
[{"$nulls":7},"42181713-Sistemas de monitoreo de electrocardiografía ekg continua de larga duración o holter"]
[{"$nulls":7},"42181714-Kits de accesorios de monitoreo para electrocardiografía ekg"]
[{"$nulls":7},"42181715-Soluciones o cremas para electrodos"]
[{"$nulls":7},"42181716-Accesorios para electrocardiografía ekg"]
[{"$nulls":7},"42181717-Bombillos de electrodos para electrocardiografía ekg"]
[{"$nulls":7},"42181718-Esferos para registro de electrocardiografía ekg"]
[{"$nulls":7},"42181719-Transmisor o telemetría o accesorios para electrocardiografía ekg"]
[{"$nulls":7},"42181801-Unidades para oxímetros de pulso"]
[{"$nulls":7},"42181802-Cables para oxímetros de pulso"]
[{"$nulls":7},"42181803-Sondas o sensores para oxímetros de pulso"]
[{"$nulls":7},"42181804-Accesorios para sondas o sensores para oxímetros de pulso"]
[{"$nulls":7},"42181805-Accesorios para unidades de oxímetros de pulso"]
[{"$nulls":7},"42181901-Unidades o accesorios para cuidado intensivo fetal o monitoreo materno"]
[{"$nulls":7},"42181902-Unidades o accesorios para monitoreo de presión intracraneal icp"]
[{"$nulls":7},"42181903-Unidades o accesorios para monitoreo de salida cardiaca co"]
[{"$nulls":7},"42181904-Unidades o accesorios para unidades de signos vitales multi parámetro"]
[{"$nulls":7},"42181905-Cables para monitor transductor para uso médico"]
[{"$nulls":7},"42181906-Catéteres para monitoreo de presión intrauterina"]
[{"$nulls":7},"42181907-Aparatos para metabolismo basal"]
[{"$nulls":7},"42181908-Sets o accesorios de monitoreo de presión intra compartimientos"]
[{"$nulls":7},"42181909-Papel de registro de monitores fetales"]
[{"$nulls":7},"42181910-Kits intrauterinos transcervicales"]
[{"$nulls":7},"42181911-Electrodos para cuero cabelludo fetal"]
[{"$nulls":7},"42182001-Espéculos para examen anal o rectal"]
[{"$nulls":7},"42182002-Anoscopios o proctoscopios"]
[{"$nulls":7},"42182003-Colposcopios o vaginoscopios o accesorios"]
[{"$nulls":7},"42182004-Dermatoscopios"]
[{"$nulls":7},"42182005-Oftalmoscopios u otoscopios o sets de escopios"]
[{"$nulls":7},"42182006-Espéculos para examen de laringe o bucofaríngeo"]
[{"$nulls":7},"42182007-Bombillos o lámparas de escopios para exámenes médicos"]
[{"$nulls":7},"42182008-Manijas de escopios o cargadores de escopios para exámenes médicos"]
[{"$nulls":7},"42182009-Puntas de espéculos para escopios o dispensadores de puntas de espéculos para uso médico"]
[{"$nulls":7},"42182010-Sujetadores o soportes para espéculos para exámenes médicos"]
[{"$nulls":7},"42182011-Espéculos o puntas de dilatación o dispensadores de puntas para exámenes médicos"]
[{"$nulls":7},"42182012-Espéculos o dilatadores para exámenes nasales"]
[{"$nulls":7},"42182013-Espéculos para examen vaginal"]
[{"$nulls":7},"42182014-Accesorios para otoscopios u oftalmoscopios"]
[{"$nulls":7},"42182015-Espéculos para otoscopia"]
[{"$nulls":7},"42182016-Nasofaringoscopios o accesorios"]
[{"$nulls":7},"42182017-Sets de espéculos para oído"]
[{"$nulls":7},"42182018-Broncoscopios o accesorios"]
[{"$nulls":7},"42182019-Kits de dilatación"]
[{"$nulls":7},"42182020-Angioscopios o accesorios"]
[{"$nulls":7},"42182101-Estetoscopios electrónicos o accesorios"]
[{"$nulls":7},"42182102-Dopplers vasculares de mano o accesorios"]
[{"$nulls":7},"42182103-Estetoscopio acústico para uso médico o accesorios"]
[{"$nulls":7},"42182104-Estetoscopio de cabeza"]
[{"$nulls":7},"42182105-Cubiertas para estetoscopios de cabeza"]
[{"$nulls":7},"42182106-Fonocardiográfos estetoscópicos"]
[{"$nulls":7},"42182107-Estetoscopios auriculares"]
[{"$nulls":7},"42182108-Termorreguladores de pacientes"]
[{"$nulls":7},"42182201-Termómetros electrónicos para uso médico"]
[{"$nulls":7},"42182202-Termómetros de fibra óptica para uso médico"]
[{"$nulls":7},"42182203-Estuches o forros para transportar termómetros para uso médico"]
[{"$nulls":7},"42182204-Estantes para termómetros para uso médico"]
[{"$nulls":7},"42182205-Fundas para puntas o sondas de termómetros para uso médico"]
[{"$nulls":7},"42182206-Termómetros de mercurio para uso médico"]
[{"$nulls":7},"42182207-Monitores de temperatura continua o de tendencia de temperatura del paciente"]
[{"$nulls":7},"42182208-Bandas de temperatura del paciente"]
[{"$nulls":7},"42182209-Sondas para termómetros"]
[{"$nulls":7},"42182301-Molinillos de diagnóstico para uso médico"]
[{"$nulls":7},"42182302-Martillos o martillos quirúrgicos para reflejos"]
[{"$nulls":7},"42182303-Tarjetas de examen neurosiquiátrico"]
[{"$nulls":7},"42182304-Sets o kits de pruebas de diagnóstico sicológico"]
[{"$nulls":7},"42182305-Sets para procedimientos mielográficos"]
[{"$nulls":7},"42182306-Discriminadores neurológicos"]
[{"$nulls":7},"42182307-Alfileres neurológicos"]
[{"$nulls":7},"42182308-Electroencefalógrafo eeg o accesorios"]
[{"$nulls":7},"42182309-Papeles de registro para electroencefalógrafos"]
[{"$nulls":7},"42182310-Electromiógrafos"]
[{"$nulls":7},"42182311-Sensores neurológicos"]
[{"$nulls":7},"42182312-Electrodos o sets para electromiógrafos"]
[{"$nulls":7},"42182313-Sets para diagnóstico neurológico"]
[{"$nulls":7},"42182314-Dispositivo de retroalimentación biológica"]
[{"$nulls":7},"42182401-Audiómetros o accesorios"]
[{"$nulls":7},"42182402-Vibradores de hueso audiométricos o analizadores de oído medio"]
[{"$nulls":7},"42182403-Cabinas audiométricas o cámaras acústicas para pruebas de audición"]
[{"$nulls":7},"42182404-Sets de calibración de unidades de evaluación de función auditiva"]
[{"$nulls":7},"42182405-Unidades de evaluación de función auditiva"]
[{"$nulls":7},"42182406-Grabadoras gráficas de pruebas auditivas"]
[{"$nulls":7},"42182407-Fenestrómetros de oído"]
[{"$nulls":7},"42182408-Electrococleógrafos"]
[{"$nulls":7},"42182409-Analizadores de audífonos o sistemas de prueba"]
[{"$nulls":7},"42182410-Estuches para diapasones para uso médico"]
[{"$nulls":7},"42182411-Martillos para diapasones para uso médico"]
[{"$nulls":7},"42182412-Diapasones para uso médico"]
[{"$nulls":7},"42182413-Sets de diapasones para uso médico"]
[{"$nulls":7},"42182414-Analizadores de tinnitus (acúfenos)"]
[{"$nulls":7},"42182415-Tubos de toynbee para diagnóstico"]
[{"$nulls":7},"42182416-Timpanómetros o sus accesorios"]
[{"$nulls":7},"42182417-Cordones de audiometría"]
[{"$nulls":7},"42182418-Guías para fenestrómetro"]
[{"$nulls":7},"42182419-Aparatos para control de audición"]
[{"$nulls":7},"42182420-Sondas aurales"]
[{"$nulls":7},"42182421-Calibradores de tapones o accesorios"]
[{"$nulls":7},"42182422-Bolsas inflables para oído"]
[{"$nulls":7},"42182501-Olfatómetros"]
[{"$nulls":7},"42182502-Medidores de flujo nasal o rinoanemómetros"]
[{"$nulls":7},"42182601-Luces o lámparas de pie para exámenes médicos"]
[{"$nulls":7},"42182602-Luces o lámparas instaladas para exámenes médicos"]
[{"$nulls":7},"42182603-Luces de techo o lámparas de techo o accesorios para exámenes médicos"]
[{"$nulls":7},"42182604-Linternas para exámenes médicos"]
[{"$nulls":7},"42182701-Goniómetros"]
[{"$nulls":7},"42182702-Cintas de medición para uso médico"]
[{"$nulls":7},"42182703-Reglas de medición de altura de pacientes"]
[{"$nulls":7},"42182704-Evaluadores de dobleces de piel"]
[{"$nulls":7},"42182801-Básculas de pañales"]
[{"$nulls":7},"42182802-Básculas de bebés"]
[{"$nulls":7},"42182803-Básculas de mesa o cama para pacientes para uso general"]
[{"$nulls":7},"42182804-Básculas de asiento para pacientes"]
[{"$nulls":7},"42182805-Básculas de piso para pacientes"]
[{"$nulls":7},"42182806-Básculas de eslinga para pacientes"]
[{"$nulls":7},"42182807-Básculas de plataforma para sillas de ruedas"]
[{"$nulls":7},"42182808-Forros o revestimientos para básculas de pesaje"]
[{"$nulls":7},"42182901-Mesas de examen obstétrico o ginecológico"]
[{"$nulls":7},"42182902-Mesas de examen con apoya pies para examen obstétrico o ginecológico"]
[{"$nulls":7},"42182903-Mesas para examen pediátrico"]
[{"$nulls":7},"42182904-Mesas de retención o sistemas de medición para examen pediátrico"]
[{"$nulls":7},"42183001-Carteleras para examen de ojos o tarjetas de visión"]
[{"$nulls":7},"42183002-Topógrafos corneales"]
[{"$nulls":7},"42183003-Exoftalmómetros"]
[{"$nulls":7},"42183004-Queratoscopios"]
[{"$nulls":7},"42183005-Colorímetros oftálmicos"]
[{"$nulls":7},"42183006-Distómetros oftálmicos"]
[{"$nulls":7},"42183007-Tambores oftálmicos o sus accesorios"]
[{"$nulls":7},"42183008-Eutiscopios oftálmicos"]
[{"$nulls":7},"42183009-Lentes de prueba del ojo o sus accesorios para uso oftálmico"]
[{"$nulls":7},"42183010-Lensómetros para uso oftálmico"]
[{"$nulls":7},"42183011-Perímetros para uso oftálmico"]
[{"$nulls":7},"42183012-Fotómetros para uso oftálmico"]
[{"$nulls":7},"42183013-Prismas para uso oftálmico"]
[{"$nulls":7},"42183014-Retinoscopios para uso oftálmico"]
[{"$nulls":7},"42183015-Lámparas de hendidura para uso oftálmico"]
[{"$nulls":7},"42183016-Espectrofotómetros para uso oftálmico"]
[{"$nulls":7},"42183017-Espéculos para uso oftálmico"]
[{"$nulls":7},"42183018-Tonómetros o accesorios para uso oftálmico"]
[{"$nulls":7},"42183019-Transiluminadores para uso oftálmico"]
[{"$nulls":7},"42183020-Trazadores de campo visual para uso oftálmico"]
[{"$nulls":7},"42183021-Analizadores de función visual para uso oftálmico"]
[{"$nulls":7},"42183022-Visiómetros para uso oftálmico"]
[{"$nulls":7},"42183023-Oftalmómetros"]
[{"$nulls":7},"42183024-Mesas para instrumentos o accesorios para uso oftálmico"]
[{"$nulls":7},"42183025-Lentes de vitrectomía"]
[{"$nulls":7},"42183026-Oftalmodinamómetros"]
[{"$nulls":7},"42183027-Kits o accesorios de pruebas de monitoreo tangente"]
[{"$nulls":7},"42183028-Accesorios para retinoscopio para uso oftálmico"]
[{"$nulls":7},"42183029-Unidades de forópter"]
[{"$nulls":7},"42183030-Oclusores de ojos"]
[{"$nulls":7},"42183031-Sets o accesorios de placas pseudoisocromáticas"]
[{"$nulls":7},"42183032-Taquistoscopio"]
[{"$nulls":7},"42183033-Sets de ajuste de anteojos"]
[{"$nulls":7},"42183034-Estereoscopios para probar la visión"]
[{"$nulls":7},"42183035-Queratómetros refractores de combinación"]
[{"$nulls":7},"42183036-Placas base para oftalmómetros"]
[{"$nulls":7},"42183037-Proyectores de cuadros o accesorios"]
[{"$nulls":7},"42183038-Almohadillas de uso oftálmico"]
[{"$nulls":7},"42183039-Sujetadores de lentes oftálmicos"]
[{"$nulls":7},"42183040-Herramientas o accesorios para optómetras"]
[{"$nulls":7},"42183041-Linternas de pruebas de percepción del color"]
[{"$nulls":7},"42183042-Aparatos de percepción de profundidad"]
[{"$nulls":7},"42183043-Bombillos para oftalmómetros"]
[{"$nulls":7},"42183044-Pantallas tangentes"]
[{"$nulls":7},"42183045-Sistemas de electroretinograma"]
[{"$nulls":7},"42183046-Sets o accesorios de prueba de visión binocular"]
[{"$nulls":7},"42183047-Soportes miradores para pruebas de agudeza visual"]
[{"$nulls":7},"42183048-Barras de fijación de niños para uso oftálmico"]
[{"$nulls":7},"42183101-Gustómetros"]
[{"$nulls":7},"42183201-Instrumentos o accesorios para detectar o probar alergias"]
[{"$nulls":7},"42183301-Accesorios para espejos de examen de oído nariz garganta ent"]
[{"$nulls":7},"42191501-Sistema de tubo neumático clínico"]
[{"$nulls":7},"42191502-Bandejas o cubiertas para medicinas"]
[{"$nulls":7},"42191601-Iluminación para habitaciones de pacientes o accesorios"]
[{"$nulls":7},"42191602-Iluminación para salas de cirugía o accesorios"]
[{"$nulls":7},"42191603-Paneles de instrumentos para equipos hospitalarios"]
[{"$nulls":7},"42191604-Brazos de monitoreo clínico"]
[{"$nulls":7},"42191605-Columnas para equipos eléctricos hospitalarios"]
[{"$nulls":7},"42191606-Brazos de techo para instalaciones médicas"]
[{"$nulls":7},"42191607-Cortinas de cubículo o pantallas o hardware de rieles de cortinas para pacientes"]
[{"$nulls":7},"42191608-Controles de enfermería o monitores de salida"]
[{"$nulls":7},"42191609-Sistemas de pared principal para uso clínico"]
[{"$nulls":7},"42191610-Módulos de trabajo para uso clínico"]
[{"$nulls":7},"42191611-Módulos o sistemas de comunicación de enfermería"]
[{"$nulls":7},"42191612-Sistemas de intercomunicación hospitalaria"]
[{"$nulls":7},"42191701-Pistas de servicio de electricidad o gas para uso médico"]
[{"$nulls":7},"42191702-Columnas de entrega de gas para uso médico"]
[{"$nulls":7},"42191703-Salidas de gas para uso médico"]
[{"$nulls":7},"42191704-Sistemas de compresión de aire gas para uso médico"]
[{"$nulls":7},"42191705-Alarmas de gas para uso médico"]
[{"$nulls":7},"42191706-Colector de gas para uso medico"]
[{"$nulls":7},"42191707-Sistemas de vacío para uso médico"]
[{"$nulls":7},"42191708-Gabinetes de control de presión de aire para uso médico"]
[{"$nulls":7},"42191709-Válvulas de cierre de gas o cajas de válvulas para uso médico"]
[{"$nulls":7},"42191710-Carros o puestos o accesorios para cilindros de gas para uso médico"]
[{"$nulls":7},"42191711-Tanques de aire comprimido o accesorios para uso quirúrgico"]
[{"$nulls":7},"42191801-Mesas para encima de la cama o accesorios"]
[{"$nulls":7},"42191802-Incubadoras o calentadores de bebés para uso clínico"]
[{"$nulls":7},"42191803-Moisés o cunas o camas pediátricas o accesorios"]
[{"$nulls":7},"42191804-Barandas para camas para uso médico o quirúrgico"]
[{"$nulls":7},"42191805-Columnas suspendidas para uso médico"]
[{"$nulls":7},"42191806-Barras de trapecio para uso clínico"]
[{"$nulls":7},"42191807-Camas o accesorios de cuidado del paciente para uso general"]
[{"$nulls":7},"42191808-Camas o accesorios de cuidado del paciente para cuidado especial"]
[{"$nulls":7},"42191809-Almohadillas o bombas de presión alterna"]
[{"$nulls":7},"42191810-Colchones o accesorios para el cuidado del paciente"]
[{"$nulls":7},"42191811-Cunas de posicionamiento para bebés"]
[{"$nulls":7},"42191812-Kits de suministros de incubadoras para bebés"]
[{"$nulls":7},"42191813-Forros de catre para el cuidado del paciente"]
[{"$nulls":7},"42191814-Accesorios para incubadora o calentadora de bebés para uso clínico"]
[{"$nulls":7},"42191901-Gabinetes clínicos para junto a la cama o accesorios"]
[{"$nulls":7},"42191902-Armarios para uso hospitalario"]
[{"$nulls":7},"42191903-Gabinetes de monitoreo para uso médico"]
[{"$nulls":7},"42191904-Gabinetes o cajas fuertes para narcóticos"]
[{"$nulls":7},"42191905-Gabinetes de tratamiento para uso médico"]
[{"$nulls":7},"42191906-Gabinetes calentadores de cobijas o soluciones"]
[{"$nulls":7},"42191907-Gabinetes o muebles de almacenamiento de instrumentos para uso médico"]
[{"$nulls":7},"42192001-Mesas de examen o procedimientos médicos para uso general"]
[{"$nulls":7},"42192002-Accesorios para mesas de examen o procedimientos médicos para uso general excluyendo sábanas para cubrirlas"]
[{"$nulls":7},"42192101-Asientos o accesorios para sacar sangre o flebotomía"]
[{"$nulls":7},"42192102-Reclinadoras o accesorios para uso hospitalario"]
[{"$nulls":7},"42192103-Asientos para pacientes"]
[{"$nulls":7},"42192104-Taburetes médicos y accesorios"]
[{"$nulls":7},"42192106-Asientos para visitantes de instalaciones médicas"]
[{"$nulls":7},"42192107-Asientos de examen clínico o accesorios"]
[{"$nulls":7},"42192201-Camillas con ruedas o accesorios para el transporte de pacientes"]
[{"$nulls":7},"42192202-Elevadores de camillas o de tijeras"]
[{"$nulls":7},"42192203-Asientos geriátricos o accesorios"]
[{"$nulls":7},"42192204-Incubadoras para el transporte de pacientes o accesorios"]
[{"$nulls":7},"42192205-Accesorios para carritos de pacientes"]
[{"$nulls":7},"42192206-Carritos de pacientes"]
[{"$nulls":7},"42192207-Camillas para pacientes o accesorios para camillas"]
[{"$nulls":7},"42192208-Accesorios para sillas de ruedas"]
[{"$nulls":7},"42192209-Rampas para sillas de ruedas"]
[{"$nulls":7},"42192210-Sillas de ruedas"]
[{"$nulls":7},"42192211-Tablas para mover pacientes o sus accesorios"]
[{"$nulls":7},"42192212-Esterilla o sábana para transferencia de pacientes"]
[{"$nulls":7},"42192213-Unidad de sistema de calefacción para mantener o evacuar pacientes o accesorios"]
[{"$nulls":7},"42192301-Elevadores de pacientes o accesorios"]
[{"$nulls":7},"42192302-Elevadores hidráulicos o accesorios para uso clínico"]
[{"$nulls":7},"42192303-Asientos suspendidos o eslingas para pacientes"]
[{"$nulls":7},"42192304-Montacargas de techo para pacientes"]
[{"$nulls":7},"42192305-Eslingas para bebés o accesorios"]
[{"$nulls":7},"42192401-Carritos de emergencia o resucitación"]
[{"$nulls":7},"42192402-Carritos específicos para equipos de diagnóstico o monitoreo"]
[{"$nulls":7},"42192403-Carritos de aislamiento para uso médico"]
[{"$nulls":7},"42192404-Carritos o accesorios para uso médico"]
[{"$nulls":7},"42192405-Puestos móviles de irrigación"]
[{"$nulls":7},"42192406-Carritos para transportar orinales"]
[{"$nulls":7},"42192501-Forros para equipos médicos"]
[{"$nulls":7},"42192502-Bolsas para equipos médicos"]
[{"$nulls":7},"42192601-Moldes de supositorios"]
[{"$nulls":7},"42192602-Dispensadores de pastillas o medicamentos o accesorios"]
[{"$nulls":7},"42192603-Tazas o botellas para administrar medicamentos o accesorios"]
[{"$nulls":7},"42192604-Sistemas o accesorios para la entrega de drogas"]
[{"$nulls":7},"42192605-Kits de encapsulamiento de aneurismas"]
[{"$nulls":7},"42201501-Instalación de unidad estacionaria completa para tomografía computarizada ct o cat para uso médico"]
[{"$nulls":7},"42201502-Unidades móviles o transportables o unidad de camión para tomografía computarizada ct o cat para uso médico"]
[{"$nulls":7},"42201503-Componentes de sistema tridimensional para tomografía computarizada ct o cat para uso médico"]
[{"$nulls":7},"42201504-Componentes de hueso de contenido mineral para tomografía computarizada ct o cat para uso médico"]
[{"$nulls":7},"42201505-Consolas para tomografía computarizada ct o cat para uso médico"]
[{"$nulls":7},"42201506-Inyectores de agentes de contraste de tomografía informatizada (TAC o CT) médica"]
[{"$nulls":7},"42201507-Componentes de sistema helicoidal para tomografía computarizada ct o cat para uso médico"]
[{"$nulls":7},"42201508-Monitores para tomografía computarizada ct o cat para uso médico"]
[{"$nulls":7},"42201509-Acondicionadores de energía para tomografía computarizada ct o cat para uso médico"]
[{"$nulls":7},"42201510-Simuladores o dispositivos de aseguramiento de calidad o de calibración para tomografía computarizada ct o cat para uso médico"]
[{"$nulls":7},"42201511-Escáneres o tubos para tomografía computarizada ct o cat para uso médico"]
[{"$nulls":7},"42201512-Mesas o puestos o asientos para tomografía computarizada ct o cat para uso médico"]
[{"$nulls":7},"42201513-Componentes de sistema ultra rápido para tomografía computarizada ct o cat para uso médico"]
[{"$nulls":7},"42201601-Instalación de unidad estacionaria completa de imágenes de resonancia magnética mri para uso médico"]
[{"$nulls":7},"42201602-Sistemas móviles o transportables o de camión de imágenes de resonancia magnética mri para uso médico"]
[{"$nulls":7},"42201603-Componentes de sistema tridimensional de imágenes de resonancia magnética mri para uso médico"]
[{"$nulls":7},"42201604-Simuladores o dispositivos de aseguramiento de calidad o calibración de imágenes de resonancia magnética mri para uso médico"]
[{"$nulls":7},"42201605-Bobinas de imágenes de resonancia magnética mri para uso médico"]
[{"$nulls":7},"42201606-Inyectores de agentes de contraste de resonancia magnética (MRI) médica"]
[{"$nulls":7},"42201607-Monitores de imágenes de resonancia magnética mri para uso médico"]
[{"$nulls":7},"42201608-Consolas primarias o remotas o secundarias de imágenes de resonancia magnética mri para uso médico"]
[{"$nulls":7},"42201609-Escáneres de imágenes de resonancia magnética mri para uso médico"]
[{"$nulls":7},"42201610-Instrumentos quirúrgicos o sistemas de guía de imágenes de resonancia magnética mri para uso médico"]
[{"$nulls":7},"42201611-Mesas de imágenes de resonancia magnética mri para uso médico"]
[{"$nulls":7},"42201701-Ultrasonido cardiaco o doppler o unidades de eco o cardioscopios"]
[{"$nulls":7},"42201702-Ultrasonido o unidades de eco fetales o ginecológicas"]
[{"$nulls":7},"42201703-Ultrasonido o unidades de eco mamográficas"]
[{"$nulls":7},"42201704-Densitómetros de hueso por ultrasonido para uso médico"]
[{"$nulls":7},"42201705-Forros para ultrasonido o doppler o eco sonda para uso médico"]
[{"$nulls":7},"42201706-Sondas para ultrasonido o doppler o eco para uso médico"]
[{"$nulls":7},"42201707-Calentadores de gel para ultrasonido o doppler o eco para uso médico"]
[{"$nulls":7},"42201708-Geles para ultrasonido o doppler o eco para uso médico"]
[{"$nulls":7},"42201709-Monitores para ultrasonido o doppler o eco para uso médico"]
[{"$nulls":7},"42201710-Impresoras para ultrasonido o doppler o eco para uso médico"]
[{"$nulls":7},"42201711-Transductores o accesorios para ultrasonido o doppler o eco para uso médico"]
[{"$nulls":7},"42201712-Unidades de ultrasonido o doppler o eco pulso o ecografía de diagnóstico general para uso médico"]
[{"$nulls":7},"42201713-Componentes tridimensionales para ultrasonido o doppler o eco para uso médico"]
[{"$nulls":7},"42201714-Tensiómetros"]
[{"$nulls":7},"42201715-Sondas o accesorios para ultrasonido o eco vaginal"]
[{"$nulls":7},"42201716-Unidades de ultrasonido vascular"]
[{"$nulls":7},"42201717-Almohadillas de transmisión de ultrasonido para uso médico"]
[{"$nulls":7},"42201718-Escáneres oftálmicos de ultrasonido para uso médico"]
[{"$nulls":7},"42201719-Lociones de escáner por ultrasonido para uso médico"]
[{"$nulls":7},"42201801-Películas de rayos x para cardiología"]
[{"$nulls":7},"42201802-Equipos de rayos x para cardiología"]
[{"$nulls":7},"42201803-Equipos de rayos x para mamografías"]
[{"$nulls":7},"42201804-Unidades de brazo c de rayos x para uso médico"]
[{"$nulls":7},"42201805-Equipo de cine fluoroscopio para uso médico"]
[{"$nulls":7},"42201806-Equipo de radiología y fluoroscopia rf para uso médico"]
[{"$nulls":7},"42201807-Escáneres de radioisótopos para uso médico"]
[{"$nulls":7},"42201808-Rejillas móviles de rayos x para uso médico"]
[{"$nulls":7},"42201809-Inyectores o accesorios de agentes de contraste para imágenes para uso médico"]
[{"$nulls":7},"42201810-Casetes o película de rayos x de uso general para uso médico"]
[{"$nulls":7},"42201811-Dispositivos de aseguramiento de calidad o calibración de rayos x para uso médico"]
[{"$nulls":7},"42201812-Mesas o puestos o asientos o gabinetes o accesorios de rayos x para uso médico"]
[{"$nulls":7},"42201813-Unidades de tomografía de rayos x para uso médico"]
[{"$nulls":7},"42201814-Tubos de rayos x para uso médico"]
[{"$nulls":7},"42201815-Unidades de rayos x de uso diagnóstico general para uso médico"]
[{"$nulls":7},"42201816-Unidades de xerorradiografía para uso médico"]
[{"$nulls":7},"42201817-Densitómetros de hueso de rayos x"]
[{"$nulls":7},"42201818-Cuñas de pisada y trompos de combinación para equipo radiográfico"]
[{"$nulls":7},"42201819-Colgadores o sus accesorios para películas de rayos x"]
[{"$nulls":7},"42201820-Rejillas de equipo radiográfico para uso médico"]
[{"$nulls":7},"42201821-Sujeta casetes de película radiográfica"]
[{"$nulls":7},"42201822-Estuches o fundas o accesorios para equipos de rayos x para uso médico"]
[{"$nulls":7},"42201823-Unidad de tubo y transformador de rayos x para uso médico"]
[{"$nulls":7},"42201824-Sets de artrografía para uso médico"]
[{"$nulls":7},"42201825-Insertos de tubo de aparatos de rayos x para uso médico"]
[{"$nulls":7},"42201826-Kits de reparación de aparatos de rayos x para uso médico"]
[{"$nulls":7},"42201827-Kits de reparación de carpa de cuarto oscuro de rayos x para uso médico"]
[{"$nulls":7},"42201828-Filtros de aparatos de rayos x para uso médico"]
[{"$nulls":7},"42201829-Localizadores radiográficos"]
[{"$nulls":7},"42201830-Pantallas intensificadoras de rayos x para uso médico"]
[{"$nulls":7},"42201831-Tapas de casetes o películas de rayos x para uso médico"]
[{"$nulls":7},"42201832-Cubiertas de casetes o película radiográfica"]
[{"$nulls":7},"42201833-Cambiadores de casetes o película radiográfica"]
[{"$nulls":7},"42201834-Ensamblajes rectificadores de aparatos de rayos x radiográficos para uso médico"]
[{"$nulls":7},"42201835-Ensamblajes de unidades de tubos de aparatos de rayos x para uso médico"]
[{"$nulls":7},"42201836-Ensamblajes de bandas de compresión de aparatos de rayos x para uso médico"]
[{"$nulls":7},"42201837-Enfriadores de agua de rayos x para uso médico"]
[{"$nulls":7},"42201838-Catéteres o kits de catéteres de enteroclisis para uso médico"]
[{"$nulls":7},"42201839-Bandejas de procedimientos de imágenes para uso médico"]
[{"$nulls":7},"42201840-Dispositivos sellantes vasculares"]
[{"$nulls":7},"42201841-Papeles de rayos x diagnósticos para uso médico"]
[{"$nulls":7},"42201842-Desactivado por UNSPSC"]
[{"$nulls":7},"42201843-Marcador de piel de rayos x para uso médico"]
[{"$nulls":7},"42201844-Regla diagnóstica de rayos x para uso médico"]
[{"$nulls":7},"42201845-Funda o inserto o sobre para película de radiología"]
[{"$nulls":7},"42201846-Colimador de rayos x radiográfico y fluoroscópico"]
[{"$nulls":7},"42201847-Sistema móvil de rayos x"]
[{"$nulls":7},"42201848-Asignaciones destinadas a la adquisición de equipos, refacciones y accesorios mayores, utilizados en hospitales, unidades sanitarias, consultorios, servicios veterinarios y en los laboratorios auxiliares de ciencias médicas como rayos X, ultrasonidos, equipos de diálisis e inhaloterapia, máquinas esterilizadoras, sillones dentales, mesas operatorias, incubadoras, microscopios y toda clase de aparatos necesarios para equipar salas de rehabilitación, emergencia, hospitalización y operación médica, se incluyen equipos de rescate y salvamento, asi como equipos ortopedicos tales como: Sillas de ruedas, bastones (muletas), andadera, entre otros equipos similares."]
[{"$nulls":7},"42201901-Luces de punto caliente de película de rayos x para uso médico"]
[{"$nulls":7},"42201902-Sistemas de estanterías de despliegue largas de rayos x para uso médico"]
[{"$nulls":7},"42201903-Cajas de despliegue de película de rayos x para uso médico"]
[{"$nulls":7},"42201904-Ventanas o pantallas iluminadoras de película de rayos x para uso médico"]
[{"$nulls":7},"42201905-Estuches de transferencia de película de rayos x para uso médico"]
[{"$nulls":7},"42201906-Ganchos iluminadores de película de rayos x para uso médico"]
[{"$nulls":7},"42201907-Estereoscopios de película de rayos x para uso médico"]
[{"$nulls":7},"42201908-Viseras para monitores fluoroscopios para uso médico"]
[{"$nulls":7},"42202001-Cámaras gamma de uso general para uso médico"]
[{"$nulls":7},"42202002-Sistemas de navegación o accesorios para mapeo linfático"]
[{"$nulls":7},"42202003-Sondas para mapeo linfático"]
[{"$nulls":7},"42202004-Colimadores para mapeo linfático"]
[{"$nulls":7},"42202005-Paquete de procedimiento para mapeo linfático"]
[{"$nulls":7},"42202101-Contenedores o semillas de intra cavidad para braquiterapia"]
[{"$nulls":7},"42202102-Catéteres o jeringas o insertores o aplicadores para braquiterapia"]
[{"$nulls":7},"42202103-Contenedores de almacenamiento de semillas para braquiterapia"]
[{"$nulls":7},"42202104-Kits de captura de semillas para braquiterapia"]
[{"$nulls":7},"42202105-Unidades de braquiterapia"]
[{"$nulls":7},"42202201-Colimadores o cascos de cuchillo gamma para radio cirugía"]
[{"$nulls":7},"42202202-Unidades o centelladores de cuchillos gamma radio quirúrgicos"]
[{"$nulls":7},"42202203-Sets de almohadillas para cascos de radio cirugía"]
[{"$nulls":7},"42202301-Unidades bidimensionales de terapia de radiación de intensidad modulada de acelerador lineal imrt para uso médico"]
[{"$nulls":7},"42202302-Unidades tridimensionales de terapia de radiación de intensidad modulada de acelerador lineal imrt para uso médico"]
[{"$nulls":7},"42202303-Colimadores de terapia de radiación de intensidad modulada de acelerador lineal imrt para uso médico"]
[{"$nulls":7},"42202401-Unidades de tomografía de emisión de positrones pet para uso médico"]
[{"$nulls":7},"42202501-Unidades de tomografía de emisión computarizada de fotones únicos spect para uso médico"]
[{"$nulls":7},"42202601-Suministros para terapia de irradiación de tiroides"]
[{"$nulls":7},"42202602-Kits de pruebas para radio inmunoterapia"]
[{"$nulls":7},"42202701-Equipo de cobalto 60 para teleterapia radioterapia"]
[{"$nulls":7},"42202702-Aceleradores lineales para teleterapia radioterapia"]
[{"$nulls":7},"42202703-Máquinas de rayos x de ortovoltaje para teleterapia radioterapia"]
[{"$nulls":7},"42202704-Máquinas de rayos x superficiales para teleterapia radioterapia"]
[{"$nulls":7},"42202801-Litotriptores de ultrasonido"]
[{"$nulls":7},"42202802-Electrodos o sondas de litotripia"]
[{"$nulls":7},"42202901-Unidades de rayos x de baja energía para uso médico"]
[{"$nulls":7},"42203001-Aceleradores lineales móviles o transportables para uso médico"]
[{"$nulls":7},"42203101-Micro dosímetros de efecto radio biológico"]
[{"$nulls":7},"42203201-Simuladores de planeación de radioterapia rf de fluoroscopia y rayos x"]
[{"$nulls":7},"42203202-Simuladores de radioterapia de tomografía computarizada ct o cat"]
[{"$nulls":7},"42203301-Sistemas de terapia estereotáctica sin marco"]
[{"$nulls":7},"42203302-Marcos para la cabeza para terapia estereotáctica"]
[{"$nulls":7},"42203303-Sistemas de biopsia estereotáctica"]
[{"$nulls":7},"42203401-Stents coronarios"]
[{"$nulls":7},"42203402-Catéteres o sets de diagnóstico o intervención vascular"]
[{"$nulls":7},"42203403-Introductores de catéteres o sets de diagnóstico o intervención vascular"]
[{"$nulls":7},"42203404-Alambre guía para imágenes vasculares"]
[{"$nulls":7},"42203405-Catéter inflable para angioplastia"]
[{"$nulls":7},"42203406-Dispositivos de remoción de catéteres o sets de diagnóstico o intervención vascular"]
[{"$nulls":7},"42203407-Sets de entrega de medios de contraste para angiografía"]
[{"$nulls":7},"42203408-Kits de fundas cardiovasculares"]
[{"$nulls":7},"42203409-Valvulotomos angioscópicos"]
[{"$nulls":7},"42203410-Funda de catéter cardiovascular"]
[{"$nulls":7},"42203411-Carritos para catéteres"]
[{"$nulls":7},"42203412-Stents periféricos"]
[{"$nulls":7},"42203501-Generador de marcapasos cardíaco o marcapasos de terapia de re sincronización cardíaca"]
[{"$nulls":7},"42203502-Cables o electrodos o accesorios para marcapasos cardíacos"]
[{"$nulls":7},"42203503-Introductores de cables o sets para marcapasos cardíacos"]
[{"$nulls":7},"42203504-Grabadora cardíaca"]
[{"$nulls":7},"42203601-Equipos de sistema de red de imágenes digitales de defensa din"]
[{"$nulls":7},"42203602-Equipos de sistema estándar de comunicaciones de imágenes digitales en medicina dicom"]
[{"$nulls":7},"42203603-Sistemas de computador para archivo de fotografías médicas pacs"]
[{"$nulls":7},"42203604-Hardware de sistema de archivo de película de rayos x para usos médicos"]
[{"$nulls":7},"42203605-Software de sistema de archivo de película de rayos x para usos médicos"]
[{"$nulls":7},"42203701-Estampadores de luz del día para películas de rayos x o impresoras de identificación para uso médico"]
[{"$nulls":7},"42203702-Procesadores para luz del día o cuarto oscuro de imágenes médicas"]
[{"$nulls":7},"42203703-Cajas de paso de seguridad de rayos x para uso médico"]
[{"$nulls":7},"42203704-Toners o desarrolladores para uso médico"]
[{"$nulls":7},"42203705-Impresoras láser en seco para imágenes o reproductores de imágenes para uso médico"]
[{"$nulls":7},"42203706-Kits de químicos para procesar películas de rayos x de uso médico"]
[{"$nulls":7},"42203707-Equipos o suministros de cuarto oscuro de rayos x para uso médico"]
[{"$nulls":7},"42203708-Fijadores para procesar película de rayos x para uso médico"]
[{"$nulls":7},"42203709-Sets de calibradores para sistemas de combinación de desplegadores e impresoras de rayos x"]
[{"$nulls":7},"42203710-Marcadores de películas de rayos x para uso médico"]
[{"$nulls":7},"42203801-Ayudas de posicionamiento para tomografía computarizada ct o cat para uso médico"]
[{"$nulls":7},"42203802-Ayudas de posicionamiento para imágenes de resonancia magnética mri para uso médico"]
[{"$nulls":7},"42203803-Ayudas de posicionamiento para uso radiológico general para uso médico"]
[{"$nulls":7},"42203901-Dosímetros de radiación para uso médico"]
[{"$nulls":7},"42203902-Películas o brazaletes de radiación para uso médico"]
[{"$nulls":7},"42204001-Estantes para delantales de protección radiológica para uso médico"]
[{"$nulls":7},"42204002-Delantales o máscaras o cortinas de protección radiológica para uso médico"]
[{"$nulls":7},"42204003-Contenedores portátiles de protección para materiales radiológicos radiactivos para uso médico"]
[{"$nulls":7},"42204004-Auriculares de protección radiológica para uso médico"]
[{"$nulls":7},"42204005-Guantes de protección radiológica para uso médico"]
[{"$nulls":7},"42204006-Pantallas de pie o portátiles de protección radiológica para uso médico"]
[{"$nulls":7},"42204007-Paneles instalados de piso o techo o pared de protección radiológica para uso médico"]
[{"$nulls":7},"42204008-Cámaras o habitaciones o cajas fuertes de protección radiológica para uso médico"]
[{"$nulls":7},"42211501-Bastones o accesorios para bastones"]
[{"$nulls":7},"42211502-Muletas o accesorios para muletas"]
[{"$nulls":7},"42211503-Dispositivos de posicionamiento"]
[{"$nulls":7},"42211504-Levantadores o ayudas para ponerse de pie"]
[{"$nulls":7},"42211505-Accesorios para caminadores o andadores"]
[{"$nulls":7},"42211506-Caminadores o andadores"]
[{"$nulls":7},"42211507-Dispositivos de cuerpo entero para deslizarse o voltearse"]
[{"$nulls":7},"42211508-Dispositivos o accesorios de movilidad multifuncional"]
[{"$nulls":7},"42211509-Cascos protectores de cabeza o cara o dispositivos o accesorios para los discapacitados físicamente"]
[{"$nulls":7},"42211601-Tablas para bañarse para los discapacitados físicamente"]
[{"$nulls":7},"42211602-Cepillos de baño o esponjas o estropajos para los discapacitados físicamente"]
[{"$nulls":7},"42211603-Elevadores para baño o accesorios para los discapacitados físicamente"]
[{"$nulls":7},"42211604-Guantes de baño para los discapacitados físicamente"]
[{"$nulls":7},"42211605-Almohadas de baño para los discapacitados físicamente"]
[{"$nulls":7},"42211606-Cómodas o accesorios para los discapacitados físicamente"]
[{"$nulls":7},"42211607-Asientos de inodoro elevados para los discapacitados físicamente"]
[{"$nulls":7},"42211608-Barras de sujeción o barandas para la tina para los discapacitados físicamente"]
[{"$nulls":7},"42211609-Ducha de mano para personas con desafíos físicos"]
[{"$nulls":7},"42211610-Asientos o sillas para la ducha o el baño para los discapacitados físicamente"]
[{"$nulls":7},"42211611-Baños de asiento para los discapacitados físicamente"]
[{"$nulls":7},"42211612-Soportes de brazos para el inodoro para los discapacitados físicamente"]
[{"$nulls":7},"42211613-Marcos para el inodoro para los discapacitados físicamente"]
[{"$nulls":7},"42211614-Asientos de inodoro para los discapacitados físicamente"]
[{"$nulls":7},"42211615-Levantadores de asientos de inodoro para los discapacitados físicamente"]
[{"$nulls":7},"42211616-Ayudas de higiene o estimulación de tocador para los discapacitados físicamente"]
[{"$nulls":7},"42211617-Bancos de transferencia para los discapacitados físicamente"]
[{"$nulls":7},"42211618-Alarma de pulso de mojada en la cama para los discapacitados físicamente"]
[{"$nulls":7},"42211701-Interruptores de comunicación adaptativa para los discapacitados físicamente"]
[{"$nulls":7},"42211702-Dispositivos braille para los discapacitados físicamente"]
[{"$nulls":7},"42211703-Papel o plástico para escribir braille para los discapacitados físicamente"]
[{"$nulls":7},"42211704-Señaladores de cabeza o palitos para la boca para los discapacitados físicamente"]
[{"$nulls":7},"42211705-Ayudas auditivas para los discapacitados físicamente"]
[{"$nulls":7},"42211706-Tableros de letras o símbolos para los discapacitados físicamente"]
[{"$nulls":7},"42211707-Dispositivos de telecomunicación tdd o teletipos tty para los discapacitados físicamente"]
[{"$nulls":7},"42211708-Ayudas telefónicas para los discapacitados físicamente"]
[{"$nulls":7},"42211709-Ayudas de mecanografía para los discapacitados físicamente"]
[{"$nulls":7},"42211710-Ayudas de escritura para los discapacitados físicamente"]
[{"$nulls":7},"42211711-Sintetizadores de voz para los discapacitados físicamente"]
[{"$nulls":7},"42211712-Estuches para ayudas auditivas"]
[{"$nulls":7},"42211801-Ganchos para abotonarse para los discapacitados físicamente"]
[{"$nulls":7},"42211802-Kits para vestirse para los discapacitados físicamente"]
[{"$nulls":7},"42211803-Palos para vestirse para los discapacitados físicamente"]
[{"$nulls":7},"42211804-Cepillos de pelo o peinillas para los discapacitados físicamente"]
[{"$nulls":7},"42211805-Espejo de inspección para los discapacitados físicamente"]
[{"$nulls":7},"42211806-Aplicadores de lociones para los discapacitados físicamente"]
[{"$nulls":7},"42211807-Cuidado de la boca para los discapacitados físicamente"]
[{"$nulls":7},"42211808-Cortaúñas o limas para los discapacitados físicamente"]
[{"$nulls":7},"42211809-Ganchos para sujetarse los pantalones para los discapacitados físicamente"]
[{"$nulls":7},"42211810-Calzadores para los discapacitados físicamente"]
[{"$nulls":7},"42211811-Hormas de zapatos para los discapacitados físicamente"]
[{"$nulls":7},"42211812-Media o ayudas para apilar para los discapacitados físicamente"]
[{"$nulls":7},"42211813-Jaladores de cremalleras para los discapacitados físicamente"]
[{"$nulls":7},"42211901-Materiales anti resbalón para los discapacitados físicamente"]
[{"$nulls":7},"42211902-Dispositivos de ayuda para cocinar para los discapacitados físicamente"]
[{"$nulls":7},"42211903-Abre latas para los físicamente discapacitados"]
[{"$nulls":7},"42211904-Picadores para los discapacitados físicamente"]
[{"$nulls":7},"42211905-Tazas o tazones (mugs) para los discapacitados físicamente"]
[{"$nulls":7},"42211906-Sujetadores de cubiertos o de utensilios para los discapacitados físicamente"]
[{"$nulls":7},"42211907-Cubiertos o utensilios para los discapacitados físicamente"]
[{"$nulls":7},"42211908-Tablas para cortar o pelar para los discapacitados físicamente"]
[{"$nulls":7},"42211909-Sujetadores de bebida para los discapacitados físicamente"]
[{"$nulls":7},"42211910-Baberos o recogedores de comida para los discapacitados físicamente"]
[{"$nulls":7},"42211911-Forros para comida para los discapacitados físicamente"]
[{"$nulls":7},"42211912-Sujetadores para dispositivos de cocina para los discapacitados físicamente"]
[{"$nulls":7},"42211913-Temporizadores digitales jumbo para los discapacitados físicamente"]
[{"$nulls":7},"42211914-Ayudas para medir para los discapacitados físicamente"]
[{"$nulls":7},"42211915-Auto alimentadores o accesorios para los discapacitados físicamente"]
[{"$nulls":7},"42211916-Pitillos o sujeta pitillos para los discapacitados físicamente"]
[{"$nulls":7},"42211917-Vajillas para los discapacitados físicamente"]
[{"$nulls":7},"42211918-Balanzas de comida habladoras para los discapacitados físicamente"]
[{"$nulls":7},"42212001-Abridores de puertas para los discapacitados físicamente"]
[{"$nulls":7},"42212002-Dispositivos para echar llave o sujetadores para los discapacitados físicamente"]
[{"$nulls":7},"42212003-Dispositivos para abrir puertas para los discapacitados físicamente"]
[{"$nulls":7},"42212004-Extensiones de interruptores de luz para los discapacitados físicamente"]
[{"$nulls":7},"42212005-Plumeros o cepillos de mango largo para los discapacitados físicamente"]
[{"$nulls":7},"42212006-Tijeras que se abren solas para los discapacitados físicamente"]
[{"$nulls":7},"42212007-Cepillos de succión para los discapacitados físicamente"]
[{"$nulls":7},"42212101-Barajadores de naipe automáticos para los discapacitados físicamente"]
[{"$nulls":7},"42212102-Juegos de mesa para los discapacitados físicamente"]
[{"$nulls":7},"42212103-Sujetadores de libros para los discapacitados físicamente"]
[{"$nulls":7},"42212104-Naipes de figuras grandes o braille para los discapacitados físicamente"]
[{"$nulls":7},"42212105-Equipo de camping para los discapacitados físicamente"]
[{"$nulls":7},"42212106-Ayudas de pesca o cacería para los discapacitados físicamente"]
[{"$nulls":7},"42212107-Ayudas de flotación o natación para los discapacitados físicamente"]
[{"$nulls":7},"42212108-Herramientas de jardinería para los discapacitados físicamente"]
[{"$nulls":7},"42212109-Herramientas o materiales o equipos de manualidades para los discapacitados físicamente"]
[{"$nulls":7},"42212110-Volteadores de páginas para los discapacitados físicamente"]
[{"$nulls":7},"42212111-Sujetadores de naipes para los discapacitados físicamente"]
[{"$nulls":7},"42212112-Ayudas de costura para los discapacitados físicamente"]
[{"$nulls":7},"42212113-Ayudas para fumar para los discapacitados físicamente"]
[{"$nulls":7},"42212201-Trituradores o partidores de píldoras para los discapacitados físicamente"]
[{"$nulls":7},"42212202-Organizadores de píldoras para los discapacitados físicamente"]
[{"$nulls":7},"42212203-Recordadores de píldoras para los discapacitados físicamente"]
[{"$nulls":7},"42212204-Exprimidores de tubos para los discapacitados físicamente"]
[{"$nulls":7},"42212301-Materiales o dispositivos de agarre para los discapacitados físicamente"]
[{"$nulls":7},"42212302-Sujetadores para los discapacitados físicamente"]
[{"$nulls":7},"42212303-Abridores de contenedores para los discapacitados físicamente"]
[{"$nulls":7},"42212304-Alcanzadores para los discapacitados físicamente"]
[{"$nulls":7},"42221501-Catéteres de línea arterial"]
[{"$nulls":7},"42221502-Válvulas de descarga de catéteres arteriales de línea continua"]
[{"$nulls":7},"42221503-Catéteres venosos centrales"]
[{"$nulls":7},"42221504-Catéteres intravenosos periféricos para uso general"]
[{"$nulls":7},"42221505-Catéteres pediátricos o intravenosos para venas del cuero cabelludo o arteriales"]
[{"$nulls":7},"42221506-Catéteres umbilicales"]
[{"$nulls":7},"42221507-Kits de arranque intravenoso o arterial sin catéter"]
[{"$nulls":7},"42221508-Kits de cuidado de la piel para catéter arterial o intravenoso"]
[{"$nulls":7},"42221509-Bandejas para catéteres intravenosos o arteriales"]
[{"$nulls":7},"42221512-Cánulas intravenosas o arteriales y accesorios"]
[{"$nulls":7},"42221513-Kits de cateterización cardiovascular"]
[{"$nulls":7},"42221601-Detectores de burbujas de aire para administración arterial o intravenosa"]
[{"$nulls":7},"42221602-Puertos o lugares de inyección o tapas o protectores para administración arterial o intravenosa"]
[{"$nulls":7},"42221603-Tubos de extensión arteriales o intravenosos"]
[{"$nulls":7},"42221604-Adaptadores o conectores o candados o tapas o protectores para tubos arteriales o intravenosos"]
[{"$nulls":7},"42221605-Válvulas de chequeo de tubos arteriales o intravenosos"]
[{"$nulls":7},"42221606-Pinzas de tubos intravenosos o arteriales"]
[{"$nulls":7},"42221607-Filtros o pantallas para tubos arteriales o intravenosos de uso general"]
[{"$nulls":7},"42221608-Etiquetas o cintas de identificación de tubos intravenosos o arteriales"]
[{"$nulls":7},"42221609-Sets de administración de tubos intravenosos o arteriales"]
[{"$nulls":7},"42221610-Puertos o tapas o protectores de entrada de espiga de tubos intravenosos"]
[{"$nulls":7},"42221611-Espigas o tapas o protectores de tubos intravenosos"]
[{"$nulls":7},"42221612-Puertos de inyección o llaves de paso o colectores sin aguja de tubos arteriales o intravenosos"]
[{"$nulls":7},"42221613-Cierres o broches de extensión de transferencia de tubos intravenosos"]
[{"$nulls":7},"42221614-Kits de administración de tubos intravenosos con catéter"]
[{"$nulls":7},"42221615-Tubos intravenosos de medicación secundaria"]
[{"$nulls":7},"42221616-Sets de extensión arterial o intravenosa"]
[{"$nulls":7},"42221617-Calentadores de resistencia para agujas"]
[{"$nulls":7},"42221618-Bandejas para procedimientos arteriales o intravenosos"]
[{"$nulls":7},"42221701-Bolsas o contenedores de infusión arterial o intravenosa de único puerto"]
[{"$nulls":7},"42221702-Bolsas o contenedores de transferencia de infusión arterial o intravenosa"]
[{"$nulls":7},"42221703-Calentadores de fluido de infusión arterial o intravenosa"]
[{"$nulls":7},"42221704-Bolsas de infusión de presión arterial o intravenosa"]
[{"$nulls":7},"42221705-Ensamblajes de vial de infusión de analgésicos"]
[{"$nulls":7},"42221706-Picos de bolsas o contenedores de transferencia de infusión arterial o intravenosa"]
[{"$nulls":7},"42221707-Sets o kits de infusión de analgésicos"]
[{"$nulls":7},"42221801-Forros para tablas de brazo arterial o intravenoso"]
[{"$nulls":7},"42221802-Tablas de brazo arterial o intravenoso"]
[{"$nulls":7},"42221803-Cintas o vendajes o correas o mangas para posicionamiento de catéter arterial o intravenoso"]
[{"$nulls":7},"42221901-Flujómetros o reguladores intravenosos calibrados por dial"]
[{"$nulls":7},"42221902-Contadores o reguladores de goteo intravenoso"]
[{"$nulls":7},"42221903-Detectores ultrasónicos de flujo de sangre"]
[{"$nulls":7},"42222001-Bombas de infusión intravenosa de uso general"]
[{"$nulls":7},"42222002-Bombas de infusión de jeringa intravenosa"]
[{"$nulls":7},"42222003-Bombas de infusión intravenosa multicanal"]
[{"$nulls":7},"42222004-Bombas de infusión controlada de analgésicos para pacientes"]
[{"$nulls":7},"42222005-Partes o accesorios de bombas intravenosas"]
[{"$nulls":7},"42222006-Analizadores o sensores de bombas de infusión intravenosas"]
[{"$nulls":7},"42222007-Transductores de bombas de infusión intravenosas"]
[{"$nulls":7},"42222008-Kits o accesorios de bombas de infusión"]
[{"$nulls":7},"42222101-Colgadores de equipos de línea arterial o intravenosa"]
[{"$nulls":7},"42222102-Rieles o colgadores montados para sistemas de infusión intravenosa por gravedad"]
[{"$nulls":7},"42222103-Postes de infusión intravenosa para sillas de ruedas"]
[{"$nulls":7},"42222104-Postes o puestos de línea arterial o intravenosa"]
[{"$nulls":7},"42222201-Sets de jeringas de inyección intravenosa sin aguja o cánula de inyección"]
[{"$nulls":7},"42222202-Cánulas o adaptadores o decantadores para el retiro de vial o bolsa sin aguja"]
[{"$nulls":7},"42222301-Kits de administración de transfusión de sangre"]
[{"$nulls":7},"42222302-Filtros o accesorios o pantallas para transfusión de sangre"]
[{"$nulls":7},"42222303-Sistemas de identificación para administración o transfusión de sangre"]
[{"$nulls":7},"42222304-Tubos para administración o transfusión de sangre"]
[{"$nulls":7},"42222305-Pinzas para tubos de administración o transfusión de sangre"]
[{"$nulls":7},"42222306-Sistemas de recolección de desechos para administración o transfusión de sangre"]
[{"$nulls":7},"42222307-Sistemas de calentamiento o transfusión de sangre"]
[{"$nulls":7},"42222308-Bolsas o contenedores para administración o transfusión de sangre"]
[{"$nulls":7},"42222309-Sistemas de conservación para administración o transfusión de sangre"]
[{"$nulls":7},"42231501-Bombas de infusión para alimentación enteral"]
[{"$nulls":7},"42231502-Sets de administración de alimentación enteral"]
[{"$nulls":7},"42231503-Sets o bandejas de irrigación para alimentación enteral"]
[{"$nulls":7},"42231504-Bolsas o contenedores para nutrición enteral"]
[{"$nulls":7},"42231505-Adaptadores o conectores o extensiones para alimentación enteral"]
[{"$nulls":7},"42231506-Dispositivos para asegurar tubos naso entéricos"]
[{"$nulls":7},"42231507-Cepillos para limpiar tubos enterales"]
[{"$nulls":7},"42231508-Válvulas de fijación de alimentación enteral"]
[{"$nulls":7},"42231509-Cámaras de pesaje de nutrición enteral"]
[{"$nulls":7},"42231510-Sets de tubos de bombeo de infusión para alimentación enteral"]
[{"$nulls":7},"42231601-Tubos de gastrostomía para uso general"]
[{"$nulls":7},"42231602-Tubos para gastrostomía endoscópica percutánea"]
[{"$nulls":7},"42231603-Tubos para yeyunostomía"]
[{"$nulls":7},"42231604-Botones de acceso gástrico"]
[{"$nulls":7},"42231605-Sujetadores de tubos de gastrostomía o yeyunostomía"]
[{"$nulls":7},"42231606-Kits de descompresión del colon"]
[{"$nulls":7},"42231608-Sets de catéter y aguja para yeyunostomía"]
[{"$nulls":7},"42231609-Kits de tubos de alimentación para gastrostomía"]
[{"$nulls":7},"42231701-Tubos nasogástricos"]
[{"$nulls":7},"42231702-Tubos nasoyeyunales"]
[{"$nulls":7},"42231703-Tubos de descompresión gástrica"]
[{"$nulls":7},"42231704-Tubos naso entéricos no clasificados en otra parte"]
[{"$nulls":7},"42231705-Filtros nasogástricos"]
[{"$nulls":7},"42231801-Fórmulas de suplementos para adultos de uso general"]
[{"$nulls":7},"42231802-Fórmulas de suplementos pediátricos"]
[{"$nulls":7},"42231803-Fórmulas de suplementos específicos para enfermedades de adultos"]
[{"$nulls":7},"42231804-Fórmulas de suplementos específicos para enfermedades pediátricas"]
[{"$nulls":7},"42231805-Barras nutricionales o pudín u otros suplementos"]
[{"$nulls":7},"42231806-Espesantes de comidas o bebidas nutricionales para uso médico"]
[{"$nulls":7},"42231807-Chupos de teteros"]
[{"$nulls":7},"42231901-Bombas de seno o sus accesorios"]
[{"$nulls":7},"42231902-Conchas o protectores de senos"]
[{"$nulls":7},"42231903-Kits de bombas de senos"]
[{"$nulls":7},"42232001-Pulverizadores de tabletas o accesorios"]
[{"$nulls":7},"42232002-Dispensadores o accesorios de pulverizadores de tabletas"]
[{"$nulls":7},"42232003-Cortadores de tabletas o accesorios"]
[{"$nulls":7},"42241501-Zapatos de yeso"]
[{"$nulls":7},"42241502-Materiales para acolchonar yesos o tablillas"]
[{"$nulls":7},"42241503-Protectores de yesos o tablillas"]
[{"$nulls":7},"42241504-Media o revestimientos para yeso o tablillas"]
[{"$nulls":7},"42241505-Rollos o cintas para enyesar para uso ortopédico"]
[{"$nulls":7},"42241506-Material de yeso para tablillas para uso ortopédico"]
[{"$nulls":7},"42241507-Sistemas de tablillas ortopédicas"]
[{"$nulls":7},"42241509-Componentes de ortesis termoplástica"]
[{"$nulls":7},"42241510-Kits o materiales para tablillas termoplásticas"]
[{"$nulls":7},"42241511-Sets de tablillas de tracción"]
[{"$nulls":7},"42241512-Materiales de unión de yesos o tablillas"]
[{"$nulls":7},"42241513-Estuches para transportar y almacenar tablillas o tablillas pre cortadas o sistemas de tablillas"]
[{"$nulls":7},"42241514-Rollos de instrumentos para sets o accesorios de tablillas"]
[{"$nulls":7},"42241515-Estuches para tablillas o accesorios"]
[{"$nulls":7},"42241601-Carritos para yeso o tablillas"]
[{"$nulls":7},"42241602-Cortadores o sierras para yeso"]
[{"$nulls":7},"42241603-Sistemas de remoción de yeso"]
[{"$nulls":7},"42241604-Vacíos de yeso"]
[{"$nulls":7},"42241606-Bandejas de impresión de yeso"]
[{"$nulls":7},"42241607-Puestos de yeso"]
[{"$nulls":7},"42241701-Fieltros de recubrimiento ortopédico para tobillo o pie"]
[{"$nulls":7},"42241702-Fieltros de recubrimiento ortopédico para cadera"]
[{"$nulls":7},"42241703-Soportes de abrazaderas de rodilla o de abrazaderas de rodilla articuladas"]
[{"$nulls":7},"42241704-Inmovilizadores o vendas artroscópicas para rodilla"]
[{"$nulls":7},"42241705-Fieltros de recubrimiento ortopédico para pierna o accesorios"]
[{"$nulls":7},"42241706-Productos ortóticos o para el cuidado de los pies"]
[{"$nulls":7},"42241707-Abrazaderas para caminar"]
[{"$nulls":7},"42241708-Almohadas para fractura del fémur"]
[{"$nulls":7},"42241801-Fieltros de recubrimiento ortopédico para el brazo"]
[{"$nulls":7},"42241802-Fieltros de recubrimiento ortopédico para la espalda o lumbares o para el sacro"]
[{"$nulls":7},"42241803-Collares cervicales o abrazaderas para el cuello"]
[{"$nulls":7},"42241804-Fieltros de recubrimiento ortopédico para la clavícula"]
[{"$nulls":7},"42241805-Fieltros de recubrimiento ortopédico para el codo"]
[{"$nulls":7},"42241806-Fieltros de recubrimiento ortopédico para el antebrazo o la muñeca o el pulgar"]
[{"$nulls":7},"42241807-Fieltros de recubrimiento ortopédico para la mano o el dedo"]
[{"$nulls":7},"42241808-Fieltros de recubrimiento ortopédico para las costillas o el abdomen"]
[{"$nulls":7},"42241809-Fieltros de recubrimiento ortopédico para los hombros"]
[{"$nulls":7},"42241810-Órtosis ortopédicas espinales"]
[{"$nulls":7},"42241811-Faja para hernias"]
[{"$nulls":7},"42241901-Kits de tablillas estabilizadoras"]
[{"$nulls":7},"42241902-Partes o accesorios de tablillas estabilizadoras"]
[{"$nulls":7},"42242001-Dispositivos prostéticos para las extremidades inferiores"]
[{"$nulls":7},"42242002-Dispositivos prostéticos para las extremidades superiores"]
[{"$nulls":7},"42242003-Dispositivos o accesorios de sujeción prostética"]
[{"$nulls":7},"42242004-Media o forro prostético de muñón"]
[{"$nulls":7},"42242101-Suministros de tracción de brazo"]
[{"$nulls":7},"42242102-Suministros de tracción de mano o dedos"]
[{"$nulls":7},"42242103-Suministros de tracción de cabeza o cuello"]
[{"$nulls":7},"42242104-Suministros de tracción de piernas"]
[{"$nulls":7},"42242105-Carritos móviles de tracción"]
[{"$nulls":7},"42242106-Suministros de tracción de pelvis o espalda"]
[{"$nulls":7},"42242107-Suministros de terapia de tracción de perno"]
[{"$nulls":7},"42242108-Hardware o pesas de tracción ortopédica"]
[{"$nulls":7},"42242109-Fieltros de recubrimiento de tracción ortopédica para uso general"]
[{"$nulls":7},"42242301-Bombas de cicatriz ortopédica"]
[{"$nulls":7},"42242302-Aplicaciones ortopédicas de miembro superior"]
[{"$nulls":7},"42251501-Productos de enseñanza para vestirse"]
[{"$nulls":7},"42251502-Productos para evaluación o pruebas cognitivas o de destreza o de percepción o sensoriales"]
[{"$nulls":7},"42251503-Juegos terapéuticos"]
[{"$nulls":7},"42251504-Tableros perforados o tableros de actividades de uso terapéutico"]
[{"$nulls":7},"42251505-Rompecabezas de uso terapéutico"]
[{"$nulls":7},"42251506-Cajas de decoración de uso terapéutico"]
[{"$nulls":7},"42251601-Vigas de balance o de soporte o mecedoras para rehabilitación o terapia"]
[{"$nulls":7},"42251602-Dispositivos para escalar para rehabilitación o terapia"]
[{"$nulls":7},"42251603-Dispositivos o accesorios de moción pasiva continua cpm"]
[{"$nulls":7},"42251604-Patines de ejercicio de extremidades para rehabilitación o terapia"]
[{"$nulls":7},"42251605-Pedales de ejercicio para rehabilitación o terapia"]
[{"$nulls":7},"42251606-Tablas para ejercicios sin gravedad para rehabilitación o terapia"]
[{"$nulls":7},"42251607-Poleas o accesorios para rehabilitación o terapia"]
[{"$nulls":7},"42251608-Bandas de ejercicio o masilla o tubos o accesorios para rehabilitación o terapia"]
[{"$nulls":7},"42251609-Patinetas o patines de ocho figuras para rehabilitación o terapia"]
[{"$nulls":7},"42251610-Pelotas o accesorios terapéuticos"]
[{"$nulls":7},"42251611-Dispositivos de movimiento vestibular para rehabilitación o terapia"]
[{"$nulls":7},"42251612-Pesas o sets o accesorios para rehabilitación o terapia"]
[{"$nulls":7},"42251613-Bandas caminadoras ejercitadoras para rehabilitación o terapia"]
[{"$nulls":7},"42251614-Bolsas de arena o sets de bolsas de arena para rehabilitación o terapia"]
[{"$nulls":7},"42251615-Cinturones de pesas o kits para rehabilitación o terapia"]
[{"$nulls":7},"42251616-Vibradores eléctricos para rehabilitación o terapia"]
[{"$nulls":7},"42251617-Asientos acolchonados o accesorios terapéuticos"]
[{"$nulls":7},"42251618-Ejercitadoras de muñecas para rehabilitación o terapia"]
[{"$nulls":7},"42251619-Arcilla cerámica terapéutica o accesorios"]
[{"$nulls":7},"42251620-Esterillas o plataformas para rehabilitación o terapia"]
[{"$nulls":7},"42251621-Ejercitadoras de bota para rehabilitación o terapia"]
[{"$nulls":7},"42251622-Ejercitadoras de pulmón para rehabilitación o terapia"]
[{"$nulls":7},"42251623-Aparatos o suministros para terapia ultrasónica"]
[{"$nulls":7},"42251624-Máquinas de pesas para rehabilitación o terapia"]
[{"$nulls":7},"42251701-Cinturones de manera de caminar para rehabilitación o terapia"]
[{"$nulls":7},"42251702-Rampas de entrenamiento para rehabilitación o terapia"]
[{"$nulls":7},"42251703-Escaleras de entrenamiento para rehabilitación o terapia"]
[{"$nulls":7},"42251704-Barras de manera de caminar para rehabilitación o terapia"]
[{"$nulls":7},"42251705-Barras paralelas para rehabilitación o terapia"]
[{"$nulls":7},"42251706-Caminadoras o bicicletas o ejercitadoras de manera de caminar"]
[{"$nulls":7},"42251801-Tableros de salto o accesorios para rehabilitación o terapia"]
[{"$nulls":7},"42251802-Cajas de levantar o accesorios para rehabilitación o terapia"]
[{"$nulls":7},"42251803-Árboles de tubos o accesorios para rehabilitación o terapia"]
[{"$nulls":7},"42251804-Carros de halar o empujar o accesorios para rehabilitación o terapia"]
[{"$nulls":7},"42251805-Mesas o estaciones de trabajo o accesorios para rehabilitación o terapia"]
[{"$nulls":7},"42261501-Tijeras para autopsias"]
[{"$nulls":7},"42261502-Fórceps de disección de uso general para autopsias"]
[{"$nulls":7},"42261503-Sondas de bala para autopsias"]
[{"$nulls":7},"42261504-Jaladores de hilo o aguja para autopsias"]
[{"$nulls":7},"42261505-Cuchillos o cuchillas para autopsias"]
[{"$nulls":7},"42261506-Cinceles u osteotomos para autopsias"]
[{"$nulls":7},"42261507-Hilo post mortem"]
[{"$nulls":7},"42261508-Agujas post mortem"]
[{"$nulls":7},"42261509-Kits de disección para autopsias"]
[{"$nulls":7},"42261510-Ganchos de incisión post mortem"]
[{"$nulls":7},"42261511-Directores de vena para autopsias"]
[{"$nulls":7},"42261512-Sierras para autopsias"]
[{"$nulls":7},"42261513-Cuchillas de sierra o accesorios para autopsias"]
[{"$nulls":7},"42261514-Tablas o almohadillas de disección"]
[{"$nulls":7},"42261515-Estuches para instrumentos o accesorios quirúrgicos post mortem"]
[{"$nulls":7},"42261516-Rollos de instrumentos para instrumentos o accesorios quirúrgicos post mortem"]
[{"$nulls":7},"42261601-Recolectores de polvo de huesos"]
[{"$nulls":7},"42261602-Bolsa para cadáver de uso médico"]
[{"$nulls":7},"42261603-Bolsas de transporte del cadáver"]
[{"$nulls":7},"42261604-Apoya cabezas para autopsias"]
[{"$nulls":7},"42261605-Tablas de cuerpo para autopsias"]
[{"$nulls":7},"42261606-Balanzas colgantes para autopsias"]
[{"$nulls":7},"42261607-Bolsas o contenedores para especímenes para autopsias"]
[{"$nulls":7},"42261608-Kits de enfermedades infecciosas para autopsias"]
[{"$nulls":7},"42261609-Cintas o brazaletes de identificación post mortem"]
[{"$nulls":7},"42261610-Aspiradoras o tubos de vacío para recolección de fluidos para autopsias"]
[{"$nulls":7},"42261611-Termómetros rectales post mortem"]
[{"$nulls":7},"42261612-Dispositivos para enderezar dedos post mortem"]
[{"$nulls":7},"42261613-Kits de construcción de tejidos de cadáveres"]
[{"$nulls":7},"42261701-Estaciones de trabajo para autopsia macroscópica o accesorios"]
[{"$nulls":7},"42261702-Lavaderos o accesorios para autopsias"]
[{"$nulls":7},"42261703-Tablas o accesorios para autopsias"]
[{"$nulls":7},"42261704-Tablas para necropsia o accesorios"]
[{"$nulls":7},"42261705-Tablas o accesorios para disección de animales post mortem"]
[{"$nulls":7},"42261706-Estaciones de trabajo para embalsamar o accesorios"]
[{"$nulls":7},"42261707-Estaciones de trabajo para autopsias de drenaje o accesorios"]
[{"$nulls":7},"42261801-Gabinetes de almacenamiento de cadáveres"]
[{"$nulls":7},"42261802-Transportadores de cadáveres"]
[{"$nulls":7},"42261803-Poleas de elevación de tijeras para cadáveres"]
[{"$nulls":7},"42261804-Gabinetes refrigeradores para las morgues"]
[{"$nulls":7},"42261805-Cuartos refrigeradores para la morgue"]
[{"$nulls":7},"42261806-Congeladores para morgues"]
[{"$nulls":7},"42261807-Carritos de autopsia"]
[{"$nulls":7},"42261808-Bandejas para cadáveres"]
[{"$nulls":7},"42261809-Dispositivos de elevación o transferencia de cadáveres"]
[{"$nulls":7},"42261810-Contenedores para transporte de cuerpos"]
[{"$nulls":7},"42261901-Materiales de huellas dactilares o impresión post mortem"]
[{"$nulls":7},"42261902-Máscaras anti putrefacción"]
[{"$nulls":7},"42261903-Kits o suministros de detección de sangre post mortem"]
[{"$nulls":7},"42261904-Kits de recolección de evidencia biológica"]
[{"$nulls":7},"42262001-Inyectores de cavidad para embalsamar"]
[{"$nulls":7},"42262002-Tubos de drenaje de venas para embalsamar"]
[{"$nulls":7},"42262003-Fluidos para embalsamar o tratamientos químicos"]
[{"$nulls":7},"42262004-Tubos de inyección para embalsamar"]
[{"$nulls":7},"42262005-Lavaderos o accesorios para embalsamar"]
[{"$nulls":7},"42262006-Kits para embalsamar"]
[{"$nulls":7},"42262007-Agujas inyectoras para embalsamar"]
[{"$nulls":7},"42262008-Protectores de ojos"]
[{"$nulls":7},"42262101-Trajes mortuorios"]
[{"$nulls":7},"42262102-Paquetes mortuorios"]
[{"$nulls":7},"42262103-Lienzos mortuorios"]
[{"$nulls":7},"42262104-Aspiradoras mortuorias"]
[{"$nulls":7},"42262105-Compuestos endurecedores mortuorios"]
[{"$nulls":7},"42271501-Monitores de apnea o accesorios"]
[{"$nulls":7},"42271502-Monitores de gas arterial o accesorios"]
[{"$nulls":7},"42271503-Monitores de óxido de carbono exhalado o suministros"]
[{"$nulls":7},"42271504-Estetoscopios esofágicos"]
[{"$nulls":7},"42271505-Kits de monitoreo respiratorio o sus accesorios"]
[{"$nulls":7},"42271506-Monitores de oxígeno o suministros"]
[{"$nulls":7},"42271601-Pletismógrafos de cuerpo"]
[{"$nulls":7},"42271602-Espirómetros o sus accesorios o suministros"]
[{"$nulls":7},"42271603-Pantallas de función pulmonar para junto a la cama"]
[{"$nulls":7},"42271604-Flujómetros de pico"]
[{"$nulls":7},"42271605-Calculadoras de función pulmonar"]
[{"$nulls":7},"42271606-Dispositivos de calibración pulmonar"]
[{"$nulls":7},"42271607-Tubos de función pulmonar o accesorios"]
[{"$nulls":7},"42271608-Productos de prueba de estrés pulmonar"]
[{"$nulls":7},"42271609-Monitores de estudio de sueño o accesorios"]
[{"$nulls":7},"42271610-Monitores transcutáneos o productos relacionados"]
[{"$nulls":7},"42271611-Monitores de ventilación pulmonar"]
[{"$nulls":7},"42271612-Analizadores o monitores de gas pulmonar"]
[{"$nulls":7},"42271613-Monitores de presión pulmonar"]
[{"$nulls":7},"42271614-Monitores de temperatura respiratoria"]
[{"$nulls":7},"42271615-Neumotacos"]
[{"$nulls":7},"42271616-Filtros de monitoreo de función pulmonar"]
[{"$nulls":7},"42271617-Percusores de pecho"]
[{"$nulls":7},"42271618-Estilógrafos grabadores para espirómetros"]
[{"$nulls":7},"42271701-Cilindros de gas o dispositivos relacionados para uso médico"]
[{"$nulls":7},"42271702-Concentradores de oxígeno"]
[{"$nulls":7},"42271703-Mezcladores de aire de oxígeno"]
[{"$nulls":7},"42271704-Temporizadores de oxígeno"]
[{"$nulls":7},"42271705-Conectores o adaptadores de suministro de oxígeno"]
[{"$nulls":7},"42271706-Compresores para terapia respiratoria"]
[{"$nulls":7},"42271707-Sensores de flujo o reguladores o componentes"]
[{"$nulls":7},"42271708-Máscaras de oxígeno o partes para uso médico"]
[{"$nulls":7},"42271709-Cánulas nasales para uso médico"]
[{"$nulls":7},"42271710-Catéteres nasales o kits de cateterización para uso médico"]
[{"$nulls":7},"42271711-Capuchas para la cabeza para uso médico"]
[{"$nulls":7},"42271712-Carpas de aerosol para uso médico"]
[{"$nulls":7},"42271713-Cámaras hiperbáricas para uso médico"]
[{"$nulls":7},"42271714-Incubadoras para uso médico"]
[{"$nulls":7},"42271715-Tubos o conectores de oxígeno para uso médico"]
[{"$nulls":7},"42271716-Estuches para insufladores nasales"]
[{"$nulls":7},"42271717-Inhaladores o sets"]
[{"$nulls":7},"42271718-Accesorios para productos de sistemas de entrega de oxígeno para terapia o sus suministros"]
[{"$nulls":7},"42271719-Insuflador de oxígeno o sus accesorios"]
[{"$nulls":7},"42271720-Convertidores de oxígeno líquido"]
[{"$nulls":7},"42271721-Filtros de concentradores de oxígeno"]
[{"$nulls":7},"42271801-Humidificadores o vaporizadores respiratorios"]
[{"$nulls":7},"42271802-Nebulizadores o accesorios"]
[{"$nulls":7},"42271803-Sets de transferencia para terapia respiratoria"]
[{"$nulls":7},"42271901-Vías aéreas faríngeas"]
[{"$nulls":7},"42271902-Tubos esofágicos"]
[{"$nulls":7},"42271903-Tubos endotraqueales"]
[{"$nulls":7},"42271904-Tubos de traqueotomía"]
[{"$nulls":7},"42271905-Tubos endobronquiales"]
[{"$nulls":7},"42271906-Kits de reparación de tubos endotraqueales o de traqueotomía"]
[{"$nulls":7},"42271907-Productos de aspiradores respiratorios o accesorios"]
[{"$nulls":7},"42271908-Sujetadores de vías aéreas artificiales"]
[{"$nulls":7},"42271909-Accesorios de vías aéreas artificiales"]
[{"$nulls":7},"42271910-Sets endotraqueales o de traqueotomía"]
[{"$nulls":7},"42271911-Kits de manómetros respiratorios"]
[{"$nulls":7},"42271912-Tubos nasofaríngeos"]
[{"$nulls":7},"42271913-Vías aéreas faríngeas o kits de vías aéreas"]
[{"$nulls":7},"42271914-Mordazas de presión de vías aéreas"]
[{"$nulls":7},"42271915-Accesorios de traqueotomía"]
[{"$nulls":7},"42272001-Laringoscopios o accesorios"]
[{"$nulls":7},"42272002-Aerosoles laríngeos"]
[{"$nulls":7},"42272003-Bloques de mordida"]
[{"$nulls":7},"42272004-Estiletes de intubación"]
[{"$nulls":7},"42272005-Fórceps de intubación"]
[{"$nulls":7},"42272006-Introductores"]
[{"$nulls":7},"42272007-Herramientas de doblado"]
[{"$nulls":7},"42272008-Sondas o guías de intubación"]
[{"$nulls":7},"42272009-Detectores de dióxido de carbono para pacientes"]
[{"$nulls":7},"42272010-Bombas de succión"]
[{"$nulls":7},"42272011-Catéteres de succión o sus accesorios"]
[{"$nulls":7},"42272012-Tubos o tuberías de succión"]
[{"$nulls":7},"42272013-Forros o cajitas pequeñas de succión"]
[{"$nulls":7},"42272014-Adaptadores o conectores de succión"]
[{"$nulls":7},"42272015-Kits de succión"]
[{"$nulls":7},"42272016-Quillas laríngeas o accesorios"]
[{"$nulls":7},"42272017-Componentes o accesorios de intubación"]
[{"$nulls":7},"42272101-Pulmón de hierro"]
[{"$nulls":7},"42272102-Productos de coraza de pecho"]
[{"$nulls":7},"42272201-Máquinas respiradoras de presión positiva intermitente ippb"]
[{"$nulls":7},"42272202-Máquinas de presión de aire positivo continuo no invasivo"]
[{"$nulls":7},"42272203-Máquinas de doble nivel no invasivas"]
[{"$nulls":7},"42272204-Ventiladores de transporte"]
[{"$nulls":7},"42272205-Ventiladores para cuidados intensivos de adultos o pediátricos"]
[{"$nulls":7},"42272206-Ventiladores para cuidado intensivo de bebés"]
[{"$nulls":7},"42272207-Ventiladores de alta frecuencia"]
[{"$nulls":7},"42272208-Ventiladores de cuidado en casa"]
[{"$nulls":7},"42272209-Circuitos de ventiladores o de respiración"]
[{"$nulls":7},"42272210-Bolsas de circuito de respiración"]
[{"$nulls":7},"42272211-Productos de hiperventilación"]
[{"$nulls":7},"42272212-Válvulas de presión de exhalación y positiva peep"]
[{"$nulls":7},"42272213-Máscaras o correas de presión de vías aéreas positivas continuas cpap"]
[{"$nulls":7},"42272214-Conectores o adaptadores o válvulas de circuitos"]
[{"$nulls":7},"42272215-Suministros de chequeo de ventiladores"]
[{"$nulls":7},"42272216-Termómetros de ventiladores"]
[{"$nulls":7},"42272217-Trampas de agua para ventiladores"]
[{"$nulls":7},"42272218-Puertos o líneas de muestreo de gas para ventiladores"]
[{"$nulls":7},"42272219-Intercambiadores o filtros de calor o humedad para ventiladores"]
[{"$nulls":7},"42272220-Accesorios para ventiladores"]
[{"$nulls":7},"42272221-Productos de humidificación para ventiladores"]
[{"$nulls":7},"42272222-Productos de retiro del tubo para ventiladores"]
[{"$nulls":7},"42272223-Accesorios o suministros para respiradores"]
[{"$nulls":7},"42272224-Kits de circuitos para ventiladores"]
[{"$nulls":7},"42272225-Accesorios de presión para vías aéreas positivas de doble nivel bi pap"]
[{"$nulls":7},"42272301-Resucitadores manuales"]
[{"$nulls":7},"42272302-Resucitadores neumáticos"]
[{"$nulls":7},"42272303-Máscaras o accesorios de resucitación"]
[{"$nulls":7},"42272304-Componentes o accesorios de resucitación"]
[{"$nulls":7},"42272305-Conectores de resucitación"]
[{"$nulls":7},"42272306-Kits de resucitación"]
[{"$nulls":7},"42272307-Estuches para aparatos o accesorios de resucitación"]
[{"$nulls":7},"42272401-Agujas de toracentesis"]
[{"$nulls":7},"42272402-Bandejas o juegos de toracentesis"]
[{"$nulls":7},"42272403-Catéteres o kits de cateterización de toracentesis o accesorios"]
[{"$nulls":7},"42272404-Unidad de drenaje de la cavidad pleural o accesorios"]
[{"$nulls":7},"42272501-Aparatos de gas de anestesia"]
[{"$nulls":7},"42272502-Unidades de absorción para aparatos de gas de anestesia"]
[{"$nulls":7},"42272503-Inhaladores de anestesia o unidades de inhalación o accesorios"]
[{"$nulls":7},"42272504-Sets o kits de anestesia"]
[{"$nulls":7},"42272505-Tubos para aparatos de gas de anestesia o ensamblajes de tubos o ajustes de tubos o accesorios"]
[{"$nulls":7},"42272506-Filtros de pantalla para aparatos de anestesia"]
[{"$nulls":7},"42272507-Control de temperatura para aparatos de anestesia"]
[{"$nulls":7},"42272508-Bomba intratecal"]
[{"$nulls":7},"42281501-Esterilizadores químicos o de gas"]
[{"$nulls":7},"42281502-Esterilizadores de aire seco o de aire caliente"]
[{"$nulls":7},"42281503-Esterilizadores de filtro"]
[{"$nulls":7},"42281504-Esterilizadores de bolas de vidrio"]
[{"$nulls":7},"42281505-Manijas de elevación para contenedores o bandejas de esterilización"]
[{"$nulls":7},"42281506-Dispositivos o accesorios eléctricos para limpieza de instrumentos"]
[{"$nulls":7},"42281507-Esterilizadores de radiación"]
[{"$nulls":7},"42281508-Autoclaves o esterilizadores de vapor"]
[{"$nulls":7},"42281509-Contenedores o bandejas de esterilización"]
[{"$nulls":7},"42281510-Ganchos o estantes o sujetadores para instrumentos de esterilización"]
[{"$nulls":7},"42281511-Lámparas de esterilización"]
[{"$nulls":7},"42281512-Tapas de esterilización"]
[{"$nulls":7},"42281513-Placas de identificación de esterilización"]
[{"$nulls":7},"42281514-Calentadores sanitarios o accesorios"]
[{"$nulls":7},"42281515-Gabinetes de esterilización"]
[{"$nulls":7},"42281516-Filtros de esterilización"]
[{"$nulls":7},"42281517-Sistemas de recuperación de agua de esterilización"]
[{"$nulls":7},"42281518-Barras para cánulas de esterilización"]
[{"$nulls":7},"42281519-Esterilizadores de agujas"]
[{"$nulls":7},"42281520-Packs de comprobación para esterilizadores de vapor"]
[{"$nulls":7},"42281521-Sets de esterilización"]
[{"$nulls":7},"42281522-Instrumentos de esterilización o insertos de estuches de esterilización"]
[{"$nulls":7},"42281523-Mangas de filtro de esterilización"]
[{"$nulls":7},"42281524-Adaptadores o ensamblajes de adaptadores de esterilización"]
[{"$nulls":7},"42281601-Soluciones de decontaminación"]
[{"$nulls":7},"42281602-Soluciones de glutaraldehida"]
[{"$nulls":7},"42281603-Desinfectante o esterilizador de instrumentos"]
[{"$nulls":7},"42281604-Desinfectantes de superficies para uso médico"]
[{"$nulls":7},"42281605-Compuestos anti fijación para uso médico"]
[{"$nulls":7},"42281606-Fumigadores de gas para uso médico"]
[{"$nulls":7},"42281701-Limpiadores de cámara para autoclaves o esterilizadores"]
[{"$nulls":7},"42281702-Baldes de remojo desinfectantes"]
[{"$nulls":7},"42281703-Kits de cuidado de instrumentos"]
[{"$nulls":7},"42281704-Limpiadores o detergentes para instrumentos"]
[{"$nulls":7},"42281705-Equipo de lavado desinfectante para equipos e instrumentos de uso médico"]
[{"$nulls":7},"42281706-Lubricantes o leche para instrumentos"]
[{"$nulls":7},"42281707-Almohadillas para remover manchas de los instrumentos"]
[{"$nulls":7},"42281708-Limpiadores de carros de esterilización"]
[{"$nulls":7},"42281709-Cepillos de limpieza de esterilización"]
[{"$nulls":7},"42281710-Desodorantes de esterilización"]
[{"$nulls":7},"42281711-Desincrustadores de esterilización"]
[{"$nulls":7},"42281712-Equipo de limpieza ultrasónica"]
[{"$nulls":7},"42281713-Baldes de escurrido de esterilización"]
[{"$nulls":7},"42281801-Tiras de prueba de desinfección"]
[{"$nulls":7},"42281802-Etiquetas de esterilización"]
[{"$nulls":7},"42281803-Kits biológicos de esterilización"]
[{"$nulls":7},"42281804-Controles de esterilización"]
[{"$nulls":7},"42281805-Registros indicadores de esterilización"]
[{"$nulls":7},"42281806-Tiras indicadoras de esterilización"]
[{"$nulls":7},"42281807-Cintas indicadoras de esterilización"]
[{"$nulls":7},"42281808-Papeles u hojas de esterilización"]
[{"$nulls":7},"42281809-Sobres de almacenamiento de registros de esterilización"]
[{"$nulls":7},"42281810-Paquetes de prueba y accesorios de esterilización"]
[{"$nulls":7},"42281901-Sujetadores o carritos para envoltorios o sobres de esterilización"]
[{"$nulls":7},"42281902-Fundas o sobre fundas de esterilización"]
[{"$nulls":7},"42281903-Cubiertas contra el polvo de esterilización"]
[{"$nulls":7},"42281904-Bolsas de esterilización"]
[{"$nulls":7},"42281905-Selladores en caliente de esterilización"]
[{"$nulls":7},"42281906-Bandas de instrumentos de esterilización"]
[{"$nulls":7},"42281907-Protectores de instrumentos de esterilización"]
[{"$nulls":7},"42281908-Recubrimientos de bandejas de instrumentos de esterilización"]
[{"$nulls":7},"42281909-Pistolas o cintas o esferos etiquetadores de esterilización"]
[{"$nulls":7},"42281912-Toallas de esterilización"]
[{"$nulls":7},"42281913-Tunos de esterilización"]
[{"$nulls":7},"42281914-Contenedores desechables de esterilización"]
[{"$nulls":7},"42281915-Rollos de esterilización"]
[{"$nulls":7},"42281916-Talegos de esterilización"]
[{"$nulls":7},"42291501-Molinos para biopsia de hueso para uso quirúrgico o productos relacionados"]
[{"$nulls":7},"42291502-Trepanadores para biopsia de hueso para uso quirúrgico"]
[{"$nulls":7},"42291601-Escalpelos o cuchillos o manijas de cuchillos láser para uso quirúrgico"]
[{"$nulls":7},"42291602-Tornillos o cables o alfileres o instrumentos para cortar alambre para uso quirúrgico"]
[{"$nulls":7},"42291603-Fórceps para cortar hueso para uso quirúrgico"]
[{"$nulls":7},"42291604-Sierras de mano o sierras de alambre o manijas para sierras para huesos para uso quirúrgico"]
[{"$nulls":7},"42291605-Brocas para uso quirúrgico"]
[{"$nulls":7},"42291606-Cinceles o perforadoras para uso quirúrgico"]
[{"$nulls":7},"42291607-Curetas o lanzaderas para uso quirúrgico"]
[{"$nulls":7},"42291608-Bloques o tablas o plataformas de cortado para uso quirúrgico"]
[{"$nulls":7},"42291609-Pinzas para uso quirúrgico"]
[{"$nulls":7},"42291610-Planos para uso quirúrgico"]
[{"$nulls":7},"42291611-Raspadores para uso quirúrgico"]
[{"$nulls":7},"42291612-Tenazas para uso quirúrgico"]
[{"$nulls":7},"42291613-Escalpelos o cuchillos o cuchillas o trepanadores o accesorios para uso quirúrgico"]
[{"$nulls":7},"42291614-Tijeras para uso quirúrgico"]
[{"$nulls":7},"42291615-Tijeras para uso quirúrgico"]
[{"$nulls":7},"42291616-Pinzas o cables de pinzas para uso quirúrgico"]
[{"$nulls":7},"42291617-Espitas para uso quirúrgico"]
[{"$nulls":7},"42291619-Tomos (pinzas de resección) para uso quirúrgico"]
[{"$nulls":7},"42291620-Trocadores quirúrgicos para uso general o accesorios"]
[{"$nulls":7},"42291621-Removedores de anillos de los dedos"]
[{"$nulls":7},"42291622-Adenotomos"]
[{"$nulls":7},"42291623-Periosteotomos"]
[{"$nulls":7},"42291624-Meniscotomos"]
[{"$nulls":7},"42291625-Instrumentos de incisión del talón de los bebés"]
[{"$nulls":7},"42291701-Brocas de mano o de torsión o kits de brocas o accesorios para uso quirúrgico"]
[{"$nulls":7},"42291702-Escariadores o punzones de mano para uso quirúrgico"]
[{"$nulls":7},"42291703-Perforadoras para uso quirúrgico"]
[{"$nulls":7},"42291704-Punzones o sujeta punzones o accesorios para uso quirúrgico"]
[{"$nulls":7},"42291705-Adaptadores de escariadores para uso quirúrgico"]
[{"$nulls":7},"42291706-Fresas quirúrgicas o sus accesorios"]
[{"$nulls":7},"42291707-Kits de craneotomía"]
[{"$nulls":7},"42291708-Brocas o accesorios para uso quirúrgico"]
[{"$nulls":7},"42291709-Cuchillas de sierra o accesorios para uso quirúrgico"]
[{"$nulls":7},"42291801-Aplicadores de ligantes de bandas o bandas o productos relacionados para uso quirúrgico"]
[{"$nulls":7},"42291802-Pinzas o ganchos o fórceps o accesorios para uso quirúrgico"]
[{"$nulls":7},"42291803-Pinzas o fórceps láser para uso quirúrgico"]
[{"$nulls":7},"42291901-Sujetadores o posicionadores de instrumentos quirúrgicos"]
[{"$nulls":7},"42291902-Sujetadores o posicionadores de tubos para uso quirúrgico"]
[{"$nulls":7},"42292001-Espejos de otolaringología o accesorios para uso quirúrgico"]
[{"$nulls":7},"42292101-Insertores o kits de insertores para uso quirúrgico"]
[{"$nulls":7},"42292102-Extractores para uso quirúrgico"]
[{"$nulls":7},"42292103-Porta tubos o llaves para uso quirúrgico"]
[{"$nulls":7},"42292201-Aproximadores para uso quirúrgico"]
[{"$nulls":7},"42292202-Compresores para uso quirúrgico"]
[{"$nulls":7},"42292203-Depresores para uso quirúrgico"]
[{"$nulls":7},"42292301-Instrumentos para doblar para uso quirúrgico"]
[{"$nulls":7},"42292302-Engarzadores para uso quirúrgico"]
[{"$nulls":7},"42292303-Alicates para uso quirúrgico"]
[{"$nulls":7},"42292304-Tensores para uso quirúrgico"]
[{"$nulls":7},"42292305-Agarres para uso quirúrgico"]
[{"$nulls":7},"42292306-Fórceps o tenazas de alambre para uso quirúrgico"]
[{"$nulls":7},"42292307-Llaves para uso quirúrgico"]
[{"$nulls":7},"42292401-Roscas para uso quirúrgico"]
[{"$nulls":7},"42292402-Controladores o sus partes o accesorios para uso quirúrgico"]
[{"$nulls":7},"42292403-Mangos de hachas para uso quirúrgico"]
[{"$nulls":7},"42292501-Tapones para uso quirúrgico"]
[{"$nulls":7},"42292502-Martillos o martillos quirúrgicos para uso quirúrgico"]
[{"$nulls":7},"42292503-Impactadores o empacadores para uso quirúrgico"]
[{"$nulls":7},"42292504-Prensas para uso quirúrgico"]
[{"$nulls":7},"42292505-Martillos o cabezas de martillo para uso quirúrgico"]
[{"$nulls":7},"42292601-Dilatadores o accesorios para uso quirúrgico"]
[{"$nulls":7},"42292602-Muescas para uso quirúrgico"]
[{"$nulls":7},"42292603-Sondas o directores para uso quirúrgico"]
[{"$nulls":7},"42292701-Disectores para uso quirúrgico"]
[{"$nulls":7},"42292702-Levantadores o niveladores para uso quirúrgico"]
[{"$nulls":7},"42292703-Elevadores para uso quirúrgico"]
[{"$nulls":7},"42292704-Picas para uso quirúrgico"]
[{"$nulls":7},"42292801-Instrumentos de marcación oftálmica"]
[{"$nulls":7},"42292802-Instrumentos de marcación quirúrgica para uso general"]
[{"$nulls":7},"42292901-Instrumentos de cerclaje para uso quirúrgico"]
[{"$nulls":7},"42292902-Sujetadores de aguja láser para uso quirúrgico"]
[{"$nulls":7},"42292903-Sujetadores de agujas quirúrgicas para uso general"]
[{"$nulls":7},"42292904-Suturas quirúrgicas o pasadores de alambre o productos relacionados"]
[{"$nulls":7},"42292907-Sistemas para estirar la piel"]
[{"$nulls":7},"42292908-Dispositivos de costura de bolsa para uso quirúrgico"]
[{"$nulls":7},"42293001-Calibradores o reglas para uso quirúrgico"]
[{"$nulls":7},"42293002-Sondas o varas de medición para uso quirúrgico"]
[{"$nulls":7},"42293003-Instrumentos de medición de ganchos para uso quirúrgico"]
[{"$nulls":7},"42293004-Instrumentos quirúrgicos de determinación de tamaño para uso general"]
[{"$nulls":7},"42293005-Instrumentos de determinación de tamaño de válvula para uso quirúrgico"]
[{"$nulls":7},"42293006-Cintas de medición para uso quirúrgico"]
[{"$nulls":7},"42293101-Retractores láser para uso quirúrgico"]
[{"$nulls":7},"42293102-Ganchos de retracción para uso quirúrgico"]
[{"$nulls":7},"42293103-Retractores de fibra óptica iluminados para uso quirúrgico"]
[{"$nulls":7},"42293104-Mordazas o accesorios para uso quirúrgico"]
[{"$nulls":7},"42293105-Retractores de inclinación para uso quirúrgico"]
[{"$nulls":7},"42293106-Sets de retractores para uso quirúrgico"]
[{"$nulls":7},"42293107-Retractores quirúrgicos para uso general"]
[{"$nulls":7},"42293108-Estabilizadores para uso quirúrgico"]
[{"$nulls":7},"42293109-Protectores de tejidos para uso quirúrgico"]
[{"$nulls":7},"42293110-Retractores ortopédicos"]
[{"$nulls":7},"42293111-Retractores oftálmicos"]
[{"$nulls":7},"42293112-Retractores torácicos o cardiovasculares"]
[{"$nulls":7},"42293113-Retractores de vena"]
[{"$nulls":7},"42293114-Retractores bucales"]
[{"$nulls":7},"42293115-Retractores traqueales"]
[{"$nulls":7},"42293116-Retractores rectales"]
[{"$nulls":7},"42293117-Retractores gastrointestinales"]
[{"$nulls":7},"42293118-Retractores uterinos"]
[{"$nulls":7},"42293119-Retractores abdominales"]
[{"$nulls":7},"42293120-Retractores de columna o nervios"]
[{"$nulls":7},"42293121-Retractores de glándulas"]
[{"$nulls":7},"42293122-Retractores de oído"]
[{"$nulls":7},"42293123-Retractores para cirugía plástica"]
[{"$nulls":7},"42293124-Retractores de nervios"]
[{"$nulls":7},"42293125-Retractores de esternón"]
[{"$nulls":7},"42293126-Retractores para amputación"]
[{"$nulls":7},"42293127-Retractores de tejidos"]
[{"$nulls":7},"42293128-Retractores de piel"]
[{"$nulls":7},"42293129-Retractores para micro cirugía"]
[{"$nulls":7},"42293130-Retractores de pulmón"]
[{"$nulls":7},"42293131-Retractores de párpado"]
[{"$nulls":7},"42293132-Retractores de dedos"]
[{"$nulls":7},"42293133-Anillos de retracción para uso quirúrgico"]
[{"$nulls":7},"42293134-Retractores cervicales"]
[{"$nulls":7},"42293135-Retractores de labios"]
[{"$nulls":7},"42293136-Adaptadores de retractores"]
[{"$nulls":7},"42293137-Cuchillas retractoras ortopédicas"]
[{"$nulls":7},"42293138-Retractores para urología o sus accesorios para uso quirúrgico"]
[{"$nulls":7},"42293139-Accesorios para retractores"]
[{"$nulls":7},"42293201-Destornilladores para miomas para uso quirúrgico"]
[{"$nulls":7},"42293301-Distractores o accesorios para uso quirúrgico"]
[{"$nulls":7},"42293302-Separadores para uso quirúrgico"]
[{"$nulls":7},"42293303-Espéculos para uso quirúrgico"]
[{"$nulls":7},"42293304-Extensores para uso quirúrgico"]
[{"$nulls":7},"42293401-Guías para uso quirúrgico"]
[{"$nulls":7},"42293403-Sujetadores de implantes para uso quirúrgico"]
[{"$nulls":7},"42293404-Empujadores para uso quirúrgico"]
[{"$nulls":7},"42293405-Instrumentos de manipulación para uso quirúrgico"]
[{"$nulls":7},"42293406-Posicionadores de implantes para uso quirúrgico"]
[{"$nulls":7},"42293407-Filiforme para dilatar el uréter o la uretra"]
[{"$nulls":7},"42293501-Piezas de mano de irrigación o succión o cánulas o puntas o productos relacionados para uso quirúrgico"]
[{"$nulls":7},"42293502-Cánulas o puntas de succión o irrigación láser o productos relacionados para uso quirúrgico"]
[{"$nulls":7},"42293503-Dispositivos o curetas de extracción al vacío o productos relacionados para uso quirúrgico"]
[{"$nulls":7},"42293504-Suministros o accesorios de irrigación o aspiración oftálmica"]
[{"$nulls":7},"42293505-Sondas de drenaje de succión para uso quirúrgico"]
[{"$nulls":7},"42293506-Bulbos de succión para uso quirúrgico"]
[{"$nulls":7},"42293507-Reservorios de succión para uso quirúrgico"]
[{"$nulls":7},"42293508-Suministros o accesorios de irrigación o aspiración de oído nariz y garganta ent"]
[{"$nulls":7},"42293509-Sets o accesorios de irrigación para uso quirúrgico"]
[{"$nulls":7},"42293601-Bujías para uso quirúrgico"]
[{"$nulls":7},"42293602-Obturadores para uso quirúrgico"]
[{"$nulls":7},"42293603-Sondas para uso quirúrgico"]
[{"$nulls":7},"42293701-Trituradores para uso quirúrgico"]
[{"$nulls":7},"42293702-Excavadoras para uso quirúrgico"]
[{"$nulls":7},"42293703-Molinos de hueso para uso quirúrgico"]
[{"$nulls":7},"42293801-Pasadores para uso quirúrgico"]
[{"$nulls":7},"42293802-Buscadores para uso quirúrgico"]
[{"$nulls":7},"42293803-Removedores para uso quirúrgico"]
[{"$nulls":7},"42293804-Excavadoras o accesorios quirúrgicos."]
[{"$nulls":7},"42293901-Anillos de laparoscopia para uso quirúrgico"]
[{"$nulls":7},"42293902-Instrumentos para cubrir heridas para uso quirúrgico"]
[{"$nulls":7},"42294001-Cucharas hondas para uso quirúrgico"]
[{"$nulls":7},"42294002-Espátulas para uso quirúrgico"]
[{"$nulls":7},"42294003-Cucharas para uso quirúrgico"]
[{"$nulls":7},"42294101-Lazos de tracción o bucles de tracción o productos relacionados para uso quirúrgico"]
[{"$nulls":7},"42294102-Dispositivos de tracción del cráneo para uso quirúrgico o productos relacionados"]
[{"$nulls":7},"42294103-Collares de tracción para uso quirúrgico"]
[{"$nulls":7},"42294201-Sets de instrumentos quirúrgicos torácicos o cardiovasculares"]
[{"$nulls":7},"42294202-Sets o sistemas de instrumentos de fijación externa"]
[{"$nulls":7},"42294203-Sets de instrumentos quirúrgicos generales"]
[{"$nulls":7},"42294204-Sets de instrumentos para micro cirugía, cirugía plástica o cirugía delicada"]
[{"$nulls":7},"42294205-Sets de instrumentos neuroquirúrgicos o espinales"]
[{"$nulls":7},"42294206-Sets de instrumentos para cirugía oftálmica"]
[{"$nulls":7},"42294207-Sets de instrumentos para cirugía maxilofacial"]
[{"$nulls":7},"42294208-Sistemas de instrumentos para revisión ortopédica o completa de articulaciones"]
[{"$nulls":7},"42294209-Sistemas de instrumentos para fijación de trauma ortopédico"]
[{"$nulls":7},"42294210-Sets de instrumentos para cirugía otolaringológica"]
[{"$nulls":7},"42294211-Bandejas de procedimientos o instrumentos especiales o a la medida para uso quirúrgico"]
[{"$nulls":7},"42294212-Sets de instrumentos para cirugía urológica"]
[{"$nulls":7},"42294213-Sets de instrumentos para cirugía por laparoscopia"]
[{"$nulls":7},"42294214-Sets de instrumentos para cirugía de traqueotomía"]
[{"$nulls":7},"42294215-Sets de instrumentos para cirugía de craneotomía"]
[{"$nulls":7},"42294216-Sets de instrumentos para cirugía de angiografía"]
[{"$nulls":7},"42294217-Sets de instrumentos para cirugía gastroscópica"]
[{"$nulls":7},"42294218-Sets de instrumentos para cirugía de oído nariz y garganta ent"]
[{"$nulls":7},"42294219-Sets de instrumentos para cirugía ortopédica"]
[{"$nulls":7},"42294220-Sistemas de recuperación y entrega de sangre"]
[{"$nulls":7},"42294301-Conductores o módulos de disparo o accesorios para biopsia de seno mínimamente invasiva"]
[{"$nulls":7},"42294302-Unidades de carga premium para biopsia de seno mínimamente invasiva"]
[{"$nulls":7},"42294303-Guías de aguja para biopsia de seno mínimamente invasiva"]
[{"$nulls":7},"42294304-Instrumentos marcadores para biopsia de seno mínimamente invasiva"]
[{"$nulls":7},"42294305-Unidades de vacío o accesorios para biopsia de seno mínimamente invasiva"]
[{"$nulls":7},"42294306-Aguja de localización de seno"]
[{"$nulls":7},"42294401-Sistemas de cosecha de venas"]
[{"$nulls":7},"42294402-Sistemas de visualización coronaria"]
[{"$nulls":7},"42294501-Conformadores o protectores para cirugía oftálmica"]
[{"$nulls":7},"42294502-Pesas de párpados para cirugía oftálmica"]
[{"$nulls":7},"42294503-Anillos de fijación para cirugía oftálmica"]
[{"$nulls":7},"42294504-Instrumentos de membrana intraocular para cirugía oftálmica"]
[{"$nulls":7},"42294505-Placas de párpado para cirugía oftálmica"]
[{"$nulls":7},"42294506-Rotadores de núcleo para cirugía oftálmica"]
[{"$nulls":7},"42294507-Fresas o manijas o removedores de anillos de óxido para uso oftálmico"]
[{"$nulls":7},"42294508-Puntas de aguja de irrigación o aspiración para uso oftálmico"]
[{"$nulls":7},"42294509-Agujas para cirugía oftálmica"]
[{"$nulls":7},"42294510-Esponjas para cirugía oftálmica"]
[{"$nulls":7},"42294511-Cuchillos o cuchillas o tijeras o accesorios para cirugía oftálmica"]
[{"$nulls":7},"42294512-Protectores de ojos o sus accesorios"]
[{"$nulls":7},"42294513-Kits de vitrectomía oftálmica"]
[{"$nulls":7},"42294514-Sondas de borrado hemostático"]
[{"$nulls":7},"42294515-Pulidores de lentes oftálmicos"]
[{"$nulls":7},"42294516-Sujetadores de ojos o sus accesorios"]
[{"$nulls":7},"42294517-Insertos ópticos"]
[{"$nulls":7},"42294518-Sets de ajuste de insertos ópticos"]
[{"$nulls":7},"42294519-Cucharas o curetas oftálmicas"]
[{"$nulls":7},"42294520-Sujetadores de lentes o accesorios para uso oftálmico"]
[{"$nulls":7},"42294521-Componentes de combado escleral"]
[{"$nulls":7},"42294522-Sets de punctum de tapón para uso oftálmico"]
[{"$nulls":7},"42294523-Suministros para cirugía plástica oftálmica o sus productos relacionados"]
[{"$nulls":7},"42294524-Magnetos de ojos para cirugía oftálmica"]
[{"$nulls":7},"42294525-Sets de instrumentos médicos oftálmicos"]
[{"$nulls":7},"42294526-Dilatadores o sets de lagrimales"]
[{"$nulls":7},"42294601-Bolsas de autotransfusión o transferencia de sangre"]
[{"$nulls":7},"42294602-Kits de contenedores de autotransfusión o kits centrífugos"]
[{"$nulls":7},"42294603-Unidades de autotransfusión"]
[{"$nulls":7},"42294604-Filtros de autotransfusión"]
[{"$nulls":7},"42294605-Reservorios o sus accesorios de autotransfusión"]
[{"$nulls":7},"42294606-Sets o kits de tubos de autotransfusión"]
[{"$nulls":7},"42294607-Válvulas de autotransfusión"]
[{"$nulls":7},"42294701-Máquinas o accesorios de corazón y pulmones"]
[{"$nulls":7},"42294702-Bombas y accesorios de balón intra aórtico"]
[{"$nulls":7},"42294703-Dispositivos o accesorios de succión intra cardíaca"]
[{"$nulls":7},"42294704-Filtros de perfusión o productos relacionados"]
[{"$nulls":7},"42294705-Monitores de parámetros de sangre de perfusión o accesorios o productos relacionados"]
[{"$nulls":7},"42294706-Trampas de burbujas de perfusión"]
[{"$nulls":7},"42294707-Sets de cardioplegia de perfusión"]
[{"$nulls":7},"42294708-Reservorios de cardiotomía de perfusión"]
[{"$nulls":7},"42294709-Sistemas centrífugos de perfusión o accesorios"]
[{"$nulls":7},"42294710-Equipos o accesorios calentadores o enfriadores o duales calentadores o enfriadores de perfusión"]
[{"$nulls":7},"42294711-Hemoconcentradores de perfusión o accesorios"]
[{"$nulls":7},"42294712-Monitores de saturación de oxígeno o hematocritos de perfusión o accesorios"]
[{"$nulls":7},"42294713-Oxigenadores de perfusión o accesorios"]
[{"$nulls":7},"42294714-Cabezas de bombas de perfusión"]
[{"$nulls":7},"42294715-Tubos de empaque de bombas de perfusión"]
[{"$nulls":7},"42294716-Reservorios venosos de perfusión"]
[{"$nulls":7},"42294717-Dispositivos de asistencia ventricular"]
[{"$nulls":7},"42294718-Bombas de perfusión"]
[{"$nulls":7},"42294719-Reservorios cardiovasculares"]
[{"$nulls":7},"42294720-Agujas de monitoreo de temperatura"]
[{"$nulls":7},"42294721-Punzones aórticos"]
[{"$nulls":7},"42294722-Sets de drenaje ventricular"]
[{"$nulls":7},"42294801-Endoscopios rígidos o accesorios o productos relacionados"]
[{"$nulls":7},"42294802-Endoscopios flexibles o accesorios o productos relacionados"]
[{"$nulls":7},"42294803-Cistouretroscopios"]
[{"$nulls":7},"42294804-Resectoscopios"]
[{"$nulls":7},"42294805-Laparascopios o telescopios laparoscópicos"]
[{"$nulls":7},"42294806-Cistoscopios"]
[{"$nulls":7},"42294807-Esfinterómetros endoscópicos"]
[{"$nulls":7},"42294808-Esofagoscopios o sus accesorios"]
[{"$nulls":7},"42294901-Posicionadores o sujetadores de endoscopios o instrumentos"]
[{"$nulls":7},"42294902-Aplicadores o elevadores de endoscopios"]
[{"$nulls":7},"42294903-Agujas de aspiración o biopsia endoscópica"]
[{"$nulls":7},"42294904-Bloques de mordida o correas endoscópicas"]
[{"$nulls":7},"42294905-Cepillos de limpieza endoscópica o productos relacionados"]
[{"$nulls":7},"42294906-Instrumentos de cortar para uso endoscópico"]
[{"$nulls":7},"42294907-Cepillos de citología endoscópica o microbiología"]
[{"$nulls":7},"42294908-Pinzas o disectores o agarraderas o fórceps o ligantes endoscópicos"]
[{"$nulls":7},"42294909-Dilatadores o dispositivos inflables endoscópicos o productos relacionados"]
[{"$nulls":7},"42294910-Electrodos o cables endoscópicos"]
[{"$nulls":7},"42294911-Kits de fijación endoscópica"]
[{"$nulls":7},"42294912-Sistemas o accesorios de manejo de fluido endoscópico"]
[{"$nulls":7},"42294913-Balones hemostáticos o agujas o tubos o accesorios endoscópicos"]
[{"$nulls":7},"42294914-Sets de instrumentos endoscópicos"]
[{"$nulls":7},"42294915-Desplegadores de instrumentos endoscópicos"]
[{"$nulls":7},"42294916-Filtros de insuflación endoscópica"]
[{"$nulls":7},"42294917-Agujas de insuflación endoscópica"]
[{"$nulls":7},"42294918-Tubos de insuflación endoscópica"]
[{"$nulls":7},"42294919-Introductores o alambres guía o alambres de deslizamiento endoscópicos"]
[{"$nulls":7},"42294920-Instrumentos o accesorios láser endoscópicos"]
[{"$nulls":7},"42294921-Sistemas de empujadores de nudos o de entrega endoscópicos"]
[{"$nulls":7},"42294922-Ligantes endoscópicos"]
[{"$nulls":7},"42294923-Manipuladores endoscópicos"]
[{"$nulls":7},"42294924-Instrumentos o accesorios manuales monopolares o bipolares para endoscopia o productos relacionados"]
[{"$nulls":7},"42294925-Agujas o punzones para endoscopia"]
[{"$nulls":7},"42294926-Sobre tubos para endoscopia"]
[{"$nulls":7},"42294927-Paquetes o bandejas o kits de instrumentos para endoscopia"]
[{"$nulls":7},"42294928-Sondas para endoscopia"]
[{"$nulls":7},"42294929-Retractores para endoscopia"]
[{"$nulls":7},"42294930-Pinzas o alambres de pinzas o accesorios para endoscopia"]
[{"$nulls":7},"42294931-Fórceps o dispositivos de recuperación de especímenes para endoscopia"]
[{"$nulls":7},"42294932-Tubos o estiradores endoscopicos"]
[{"$nulls":7},"42294933-Puntas de irrigación o succión o sondas de coagulación o accesorios para endoscopia"]
[{"$nulls":7},"42294934-Dispositivos de sutura para endoscopia"]
[{"$nulls":7},"42294935-Trocar o funda u obturador o cánula para endoscopia"]
[{"$nulls":7},"42294936-Elementos de trabajo o canales de trabajo para endoscopia"]
[{"$nulls":7},"42294937-Dispositivos reductores de empañe para endoscopia o espejos"]
[{"$nulls":7},"42294938-Tapas sellantes para endoscopia"]
[{"$nulls":7},"42294939-Válvulas o accesorios para endoscopia"]
[{"$nulls":7},"42294940-Convertidores para endoscopia"]
[{"$nulls":7},"42294941-Sets de drenaje biliar para endoscopia"]
[{"$nulls":7},"42294942-Sellos de instrumentos para endoscopia"]
[{"$nulls":7},"42294943-Unidades de válvulas para endoscopia"]
[{"$nulls":7},"42294944-Kits de accesorios para endoscopia"]
[{"$nulls":7},"42294945-Esponjas para endoscopia"]
[{"$nulls":7},"42294946-Mordazas para endoscopia"]
[{"$nulls":7},"42294947-Diafragmas para endoscopia"]
[{"$nulls":7},"42294948-Piezas bucales para endoscopia"]
[{"$nulls":7},"42294949-Manijas de guía de alambre para endoscopia"]
[{"$nulls":7},"42294950-Brocas o taladros para endoscopia"]
[{"$nulls":7},"42294951-Sets de instrumentos para uniones pequeñas para endoscopia"]
[{"$nulls":7},"42294952-Recuperadores o sets para endoscopia"]
[{"$nulls":7},"42294953-Extractores para endoscopia"]
[{"$nulls":7},"42294954-Dispositivos o accesorios para remover especímenes o tejidos para endoscopia"]
[{"$nulls":7},"42294955-Ganchos o accesorios para endoscopia"]
[{"$nulls":7},"42294956-Localizadores de guía de alambre para endoscopia"]
[{"$nulls":7},"42295001-Unidades o accesorios de mantenimiento para endoscopia"]
[{"$nulls":7},"42295002-Gabinetes de almacenamiento o accesorios para endoscopia"]
[{"$nulls":7},"42295003-Colgadores de pared o accesorios para endoscopia"]
[{"$nulls":7},"42295004-Carritos de equipos o procedimientos o accesorios para endoscopia"]
[{"$nulls":7},"42295005-Sets de equipos endoscópicos"]
[{"$nulls":7},"42295006-Unidades de sonda de calor o sondas de calor o accesorios para endoscopia"]
[{"$nulls":7},"42295007-Sistemas de imágenes o accesorios para endoscopia"]
[{"$nulls":7},"42295008-Unidades o accesorios de insuflación o distensión para endoscopia"]
[{"$nulls":7},"42295009-Fuentes de luz quirúrgica o accesorios para endoscopia"]
[{"$nulls":7},"42295010-Impresoras o accesorios para endoscopia"]
[{"$nulls":7},"42295011-Video cámaras o grabadoras o adaptadores o accesorios para endoscopia"]
[{"$nulls":7},"42295012-Botellas de agua o accesorios para endoscopia"]
[{"$nulls":7},"42295013-Protectores o cubiertas de puntas de endoscopios"]
[{"$nulls":7},"42295014-Estuches de instrumentos para endoscopia"]
[{"$nulls":7},"42295015-Lentes endoscópicos"]
[{"$nulls":7},"42295101-Puestos de lavamanos para uso quirúrgico"]
[{"$nulls":7},"42295102-Equipos o accesorios para criocirugía"]
[{"$nulls":7},"42295103-Mesas o accesorios para procedimientos de cesáreas o salas de partos o productos relacionados"]
[{"$nulls":7},"42295104-Equipo electro quirúrgico o electro cauterizante"]
[{"$nulls":7},"42295105-Mesas de instrumentos para uso quirúrgico u obstétrico o accesorios o productos relacionados"]
[{"$nulls":7},"42295106-Bandejas mayo para el canto o puestos mayo para uso quirúrgico o sus accesorios"]
[{"$nulls":7},"42295107-Carritos para estuches de salas de cirugía o carritos de procedimiento o gabinetes de pared o accesorios"]
[{"$nulls":7},"42295108-Mesas de fractura de pacientes para salas de cirugía o mesas ortopédicas o accesorios o productos relacionados"]
[{"$nulls":7},"42295109-Baldes para salas de cirugía o accesorios o productos relacionados"]
[{"$nulls":7},"42295110-Iluminación de la sala de operación para campo quirúrgico o accesorios o productos relacionados"]
[{"$nulls":7},"42295111-Dispositivos de posicionamiento de los pacientes para salas de cirugía o accesorios"]
[{"$nulls":7},"42295112-Mesas de procedimientos para salas de cirugía o accesorios o productos relacionados"]
[{"$nulls":7},"42295113-Equipo de irrigación o aspiración oftálmica o accesorios"]
[{"$nulls":7},"42295114-Equipos de facoemulsificación o extrusión o accesorios para cirugía oftálmica"]
[{"$nulls":7},"42295115-Taburetes de cirujanos o accesorios"]
[{"$nulls":7},"42295116-Escalones para salas de cirugía o accesorios"]
[{"$nulls":7},"42295117-Manta quirúrgica o armarios para calentar soluciones o accesorios"]
[{"$nulls":7},"42295118-Equipos de bombas de irrigación para uso quirúrgico o lavado pulsado o accesorios con o sin succión"]
[{"$nulls":7},"42295119-Láseres para uso quirúrgico o accesorios"]
[{"$nulls":7},"42295120-Litotriptores o accesorios para uso quirúrgico"]
[{"$nulls":7},"42295121-Microscopios o lupas o magnificadores o accesorios para uso quirúrgico"]
[{"$nulls":7},"42295122-Torniquetes neumáticos o eléctricos o accesorios para uso quirúrgico"]
[{"$nulls":7},"42295123-Máquinas de succión o extractores al vacío o aspiradores quirúrgicos ultrasónicos o reguladores o accesorios para uso quirúrgico"]
[{"$nulls":7},"42295124-Evacuadores de humo o accesorios para uso quirúrgico"]
[{"$nulls":7},"42295125-Mesas urológicas o accesorios para uso quirúrgico"]
[{"$nulls":7},"42295126-Equipos de cirugía fragmatoma de retina vítrea para cirugía oftálmica"]
[{"$nulls":7},"42295127-Equipos o accesorios de microcirugía"]
[{"$nulls":7},"42295128-Instrumentos quirúrgicos maxilofaciales o accesorios"]
[{"$nulls":7},"42295129-Dispensadores de medicamentos para salas de cirugía o productos relacionados"]
[{"$nulls":7},"42295130-Tubos o accesorios de conexión de instrumentos quirúrgicos"]
[{"$nulls":7},"42295131-Puestos o accesorios de equipos quirúrgicos"]
[{"$nulls":7},"42295132-Estuches o accesorios para equipos quirúrgicos"]
[{"$nulls":7},"42295133-Estantes de tornillos ortopédicos o accesorios"]
[{"$nulls":7},"42295134-Sets o accesorios de suministro quirúrgico general"]
[{"$nulls":7},"42295135-Dispositivos o accesorios de control ortopédico"]
[{"$nulls":7},"42295136-Instrumentos de control para uso quirúrgico"]
[{"$nulls":7},"42295137-Equipos o suministros o accesorios para gastroenterología"]
[{"$nulls":7},"42295138-Dispositivos o accesorios de dilatación urológica para uso quirúrgico"]
[{"$nulls":7},"42295139-Rollos de instrumentos para instrumentos quirúrgicos o accesorios"]
[{"$nulls":7},"42295140-Gabinetes o muebles para instrumentos quirúrgicos"]
[{"$nulls":7},"42295201-Dermotomos o aparatos para dermoabrasión o dermoreticulador para uso quirúrgico o accesorios"]
[{"$nulls":7},"42295202-Sierras eléctricas o de pila o neumáticas o colocadores de tornillos o accesorios para uso quirúrgico"]
[{"$nulls":7},"42295203-Sets o accesorios de equipos eléctricos para uso quirúrgico"]
[{"$nulls":7},"42295204-Escariadores para uso quirúrgico"]
[{"$nulls":7},"42295205-Equipos de afeitado o piezas de mano o cuchillas o accesorios para uso quirúrgico"]
[{"$nulls":7},"42295206-Unidades de cirugía endoscópica"]
[{"$nulls":7},"42295301-Sopladores o vaporizadores o accesorios de uso quirúrgico"]
[{"$nulls":7},"42295302-Cánulas de perfusión de uso quirúrgico"]
[{"$nulls":7},"42295303-Catéteres o conectores o accesorios de uso quirúrgico"]
[{"$nulls":7},"42295304-Almohadillas para nervios frénicos o almohadas cardíacas de uso quirúrgico"]
[{"$nulls":7},"42295305-Torniquetes u oclusores vasculares o ligantes o accesorios de uso quirúrgico"]
[{"$nulls":7},"42295306-Lanzaderas de vasos o cintas de retracción de uso quirúrgico"]
[{"$nulls":7},"42295307-Decapantes de arteria carótida o accesorios de uso quirúrgico"]
[{"$nulls":7},"42295308-Sets de perfusión coronaria"]
[{"$nulls":7},"42295401-Lápices de cauterización operados mediante pilas de uso quirúrgico"]
[{"$nulls":7},"42295402-Esferos para marcar de uso quirúrgico"]
[{"$nulls":7},"42295403-Dispositivos de fijación internos o externos, férulas de fijación intermaxilar o accesorios"]
[{"$nulls":7},"42295404-Estiradores gastrointestinales"]
[{"$nulls":7},"42295405-Introductores o ganchos de guía o guías de alambre o deslizadores de alambre para cirugía no endoscópica o procedimientos de corazón abierto"]
[{"$nulls":7},"42295406-Esponja especial para laparotomía o detectable por rayos x o de uso quirúrgico"]
[{"$nulls":7},"42295407-Máscaras para pacientes de uso quirúrgico"]
[{"$nulls":7},"42295408-Cepillos para manos para cirujanos o soluciones o accesorios"]
[{"$nulls":7},"42295409-Aplicadores de uso quirúrgico"]
[{"$nulls":7},"42295410-Sets o paquetes de cuencas de uso quirúrgico"]
[{"$nulls":7},"42295411-Sujetadores o interruptores de cuchilla de uso quirúrgico"]
[{"$nulls":7},"42295412-Cemento quirúrgico de hueso o sistemas de mezclado o accesorios"]
[{"$nulls":7},"42295413-Cepillos de canal de uso quirúrgico"]
[{"$nulls":7},"42295414-Paquetes para procedimientos especiales o a la medida de uso quirúrgico"]
[{"$nulls":7},"42295415-Fundas para equipos de uso quirúrgico"]
[{"$nulls":7},"42295416-Evacuadores de uso quirúrgico"]
[{"$nulls":7},"42295417-Fundas o manijas para luces de uso quirúrgico"]
[{"$nulls":7},"42295418-Esterillas magnéticas de uso quirúrgico"]
[{"$nulls":7},"42295419-Estimuladores de nervios o accesorios de uso quirúrgico"]
[{"$nulls":7},"42295420-Catéteres endoscópicos o quirúrgicos o kits de cateterización o bolsas de drenaje"]
[{"$nulls":7},"42295421-Lavado de preparación o soluciones de pintura para uso quirúrgico"]
[{"$nulls":7},"42295422-Lavado o kits de preparación del paciente para uso quirúrgico"]
[{"$nulls":7},"42295423-Mostradores de instrumentos afilados o esponjas para uso quirúrgico"]
[{"$nulls":7},"42295424-Kits de afeitado o cuchillas de preparación o corta uñas para uso quirúrgico"]
[{"$nulls":7},"42295425-Palitos o lápices o cristales de nitrato de plata para uso quirúrgico"]
[{"$nulls":7},"42295426-Trampas o contenedores de recolección de especímenes para uso quirúrgico"]
[{"$nulls":7},"42295427-Cepillos para instrumentos estériles o estiletes instrumentales o pañitos limpiadores de instrumentos para uso quirúrgico"]
[{"$nulls":7},"42295428-Tubos o accesorios de irrigación o succión para uso quirúrgico"]
[{"$nulls":7},"42295429-Botes de succión quirúrgicos o accesorios"]
[{"$nulls":7},"42295430-Estiradores quirúrgicos tracheales"]
[{"$nulls":7},"42295431-Cortinas transparentes de incisión o bolsas para instrumentos para uso quirúrgico"]
[{"$nulls":7},"42295432-Estiradores urológicos"]
[{"$nulls":7},"42295433-Catéteres urológicos o accesorios para uso quirúrgico"]
[{"$nulls":7},"42295434-Espirales vaginales o uterinas"]
[{"$nulls":7},"42295435-Protectores o escudos para oídos"]
[{"$nulls":7},"42295436-Anillos de anastomosis"]
[{"$nulls":7},"42295437-Sets de utensilios o gabinetes o accesorios para uso quirúrgico"]
[{"$nulls":7},"42295439-Alisadores de hueso para uso ortopédico"]
[{"$nulls":7},"42295440-Adaptadores de catéteres endoscópicos"]
[{"$nulls":7},"42295441-Sets de recuperación para uso quirúrgico"]
[{"$nulls":7},"42295445-Insertos de bandejas para aparatos quirúrgicos"]
[{"$nulls":7},"42295446-Retenedores de órganos internos"]
[{"$nulls":7},"42295448-Guardas de salpicaduras o accesorios para uso quirúrgico"]
[{"$nulls":7},"42295450-Cargadores de baldes o accesorios para uso quirúrgico"]
[{"$nulls":7},"42295451-Guantes de preparación para uso quirúrgico"]
[{"$nulls":7},"42295452-Tazas de preparación para uso quirúrgico"]
[{"$nulls":7},"42295453-Drenajes o sets o accesorios para uso quirúrgico"]
[{"$nulls":7},"42295454-Protectores de mano para uso quirúrgico"]
[{"$nulls":7},"42295455-Kits de resina para reparación craneal"]
[{"$nulls":7},"42295456-Fieltros para uso quirúrgico"]
[{"$nulls":7},"42295457-Lentes o capuchas de cascos para uso quirúrgico"]
[{"$nulls":7},"42295458-Equipos para secar o empolvar guantes quirúrgicos"]
[{"$nulls":7},"42295459-Dispositivos para decantar fluidos para uso quirúrgico"]
[{"$nulls":7},"42295460-Capas protectoras para implantes ortopédicos"]
[{"$nulls":7},"42295461-Pegamento para tejidos o sistemas o aplicadores o accesorios"]
[{"$nulls":7},"42295462-Catéteres uro dinámicos o accesorios"]
[{"$nulls":7},"42295463-Catéteres uretrales"]
[{"$nulls":7},"42295501-Implantes cardiovasculares"]
[{"$nulls":7},"42295502-Implantes de tejido humano"]
[{"$nulls":7},"42295503-Puertos de infusión implantables o accesorios"]
[{"$nulls":7},"42295504-Implantes neuroquirúrgicos"]
[{"$nulls":7},"42295505-Implantes oftálmicos"]
[{"$nulls":7},"42295506-Implantes maxilofaciales bucales o sets"]
[{"$nulls":7},"42295507-Implantes ortopédicos o alambres quirúrgicos"]
[{"$nulls":7},"42295508-Implantes para otolaringología o sets"]
[{"$nulls":7},"42295509-Implantes plásticos o cosméticos o expansores de tejidos o sets"]
[{"$nulls":7},"42295510-Barreras de adhesión para uso quirúrgico"]
[{"$nulls":7},"42295511-Estimuladores de hueso para uso quirúrgico"]
[{"$nulls":7},"42295512-Derivaciones implantables o extensores de derivaciones para uso quirúrgico"]
[{"$nulls":7},"42295513-Productos de malla o de barreras de tejido para uso quirúrgico"]
[{"$nulls":7},"42295514-Láminas de silicona"]
[{"$nulls":7},"42295515-Implantes de tejidos sintéticos"]
[{"$nulls":7},"42295516-Implantes urológicos o sets"]
[{"$nulls":7},"42295517-Extensores cardiovasculares"]
[{"$nulls":7},"42295518-Protectores de ganchos"]
[{"$nulls":7},"42295519-Kit de preparación para prótesis de pene."]
[{"$nulls":7},"42295520-Kit de ventriculostomía"]
[{"$nulls":7},"42295521-Implante gastrointestinal "]
[{"$nulls":7},"42295522-Estimulador de nervios implantable "]
[{"$nulls":7},"42295523-Implante o eslinga ginecológica"]
[{"$nulls":7},"42295524-Lente intraocular iol"]
[{"$nulls":7},"42301501-Modelos humanos anatómicos para educación o entrenamiento médico"]
[{"$nulls":7},"42301502-Maniquíes humanos anatómicos para educación o entrenamiento médico"]
[{"$nulls":7},"42301503-Ayudas de entrenamiento para resucitación cardiopulmonar cpr"]
[{"$nulls":7},"42301504-Kits para educación o entrenamiento médico"]
[{"$nulls":7},"42301505-Portapapeles para enfermeras o médicos"]
[{"$nulls":7},"42301506-Estetoscopios de doble audífono"]
[{"$nulls":7},"42301507-Videos de entrenamiento para la educación del personal médico"]
[{"$nulls":7},"42301508-Videos de operación o de instrucciones para equipos médicos"]
[{"$nulls":7},"42311501-Clips para vendajes o compresas"]
[{"$nulls":7},"42311502-Kits de inicio de vendajes o compresas"]
[{"$nulls":7},"42311503-Enrolladores de vendajes"]
[{"$nulls":7},"42311504-Vendajes o compresas para el cuidado de quemaduras"]
[{"$nulls":7},"42311505-Vendajes o compresas para uso general"]
[{"$nulls":7},"42311506-Vendas o compresas de compresión o presión"]
[{"$nulls":7},"42311507-Esponjas de vendaje"]
[{"$nulls":7},"42311508-Bandejas para compresas"]
[{"$nulls":7},"42311509-Vendaje de lainilla"]
[{"$nulls":7},"42311510-Vendajes de espuma"]
[{"$nulls":7},"42311511-Vendajes de gasa"]
[{"$nulls":7},"42311512-Esponjas de gasa"]
[{"$nulls":7},"42311513-Compresas de gel"]
[{"$nulls":7},"42311514-Vendajes germicidas"]
[{"$nulls":7},"42311515-Vendajes hidrocoloides"]
[{"$nulls":7},"42311516-Vendajes intravenosos"]
[{"$nulls":7},"42311517-Adhesivos líquidos para vendajes o compresas"]
[{"$nulls":7},"42311518-Parches o almohadillas para los ojos para uso médico"]
[{"$nulls":7},"42311519-Tiras no adhesivas para uso médico"]
[{"$nulls":7},"42311520-Cintas no adhesivas para uso médico"]
[{"$nulls":7},"42311521-Compresas de presión negativa"]
[{"$nulls":7},"42311522-Compresas oclusivas"]
[{"$nulls":7},"42311523-Vendajes de pasta"]
[{"$nulls":7},"42311524-Compresas de petrolato"]
[{"$nulls":7},"42311525-Vendas de presión"]
[{"$nulls":7},"42311526-Vendajes de"]
[{"$nulls":7},"42311527-Compresas de película transparente"]
[{"$nulls":7},"42311528-Sistemas de compresas húmedas"]
[{"$nulls":7},"42311531-Cubiertas para compresas"]
[{"$nulls":7},"42311532-Apósitos secos"]
[{"$nulls":7},"42311537-Tijeras para vendajes o sus suministros"]
[{"$nulls":7},"42311538-Kits de hiperalimentación"]
[{"$nulls":7},"42311539-Aplicadores de vendajes"]
[{"$nulls":7},"42311601-Esponjas de gelatina absorbible"]
[{"$nulls":7},"42311602-Cera para huesos"]
[{"$nulls":7},"42311603-Celulosa oxidada"]
[{"$nulls":7},"42311604-Hemostáticos de colágeno micro fibrilar"]
[{"$nulls":7},"42311702-Cintas umbilicales para bebés"]
[{"$nulls":7},"42311703-Cintas médicas o quirúrgicas para pegar la piel"]
[{"$nulls":7},"42311704-Dispensadores de cinta médica o quirúrgica"]
[{"$nulls":7},"42311705-Removedores de cinta médica o quirúrgica"]
[{"$nulls":7},"42311707-Cintas de tejido para uso quirúrgico"]
[{"$nulls":7},"42311708-Cintas adherentes médicas o quirúrgicas para uso general"]
[{"$nulls":7},"42311901-Accesorios de drenaje para uso médico"]
[{"$nulls":7},"42311902-Bolsas o reservorios de drenaje de incisiones para uso médico"]
[{"$nulls":7},"42311903-Drenajes de incisión para uso médico"]
[{"$nulls":7},"42312001-Cierres de mariposa para piel"]
[{"$nulls":7},"42312002-Clips para cierre de piel"]
[{"$nulls":7},"42312003-Tiras de cierre para la piel o para heridas"]
[{"$nulls":7},"42312004-Removedores de pegamento o adhesivo para uso médico"]
[{"$nulls":7},"42312005-Adhesivos o pegamentos de cierre de piel para uso médico"]
[{"$nulls":7},"42312006-Aplicadores de clip para uso interno para uso médico"]
[{"$nulls":7},"42312007-Clips de uso interno para uso médico"]
[{"$nulls":7},"42312008-Removedores de ganchos o clips para uso médico"]
[{"$nulls":7},"42312009-Cosedoras para uso interno"]
[{"$nulls":7},"42312010-Cosedoras para cierre de piel"]
[{"$nulls":7},"42312011-Ganchos para uso interno"]
[{"$nulls":7},"42312012-Ganchos para cierre de piel"]
[{"$nulls":7},"42312014-Kits de cierre de tejidos o bandejas o paquetes o sets"]
[{"$nulls":7},"42312101-Adhesivos para aplicación en ostomía"]
[{"$nulls":7},"42312102-Aplicaciones para ostomía"]
[{"$nulls":7},"42312103-Limpiadores o desodorantes para ostomía"]
[{"$nulls":7},"42312104-Suministros de recolección para ostomía"]
[{"$nulls":7},"42312105-Kits de barreras de piel o cuidado protector para ostomía"]
[{"$nulls":7},"42312106-Insertos para ostomía"]
[{"$nulls":7},"42312107-Obleas para ostomía"]
[{"$nulls":7},"42312108-Bolsas de drenaje para ostomía"]
[{"$nulls":7},"42312109-Anillos de bolsa para ostomía"]
[{"$nulls":7},"42312110-Kits de inicio para ostomía"]
[{"$nulls":7},"42312111-Fundas de bolsa para ostomía"]
[{"$nulls":7},"42312112-Cinturón o accesorios para ostomía"]
[{"$nulls":7},"42312113-Tapones de bolsa para ostomía"]
[{"$nulls":7},"42312114-Kits de ventriculostomía"]
[{"$nulls":7},"42312115-Mangas de irrigación para ostomía"]
[{"$nulls":7},"42312201-Suturas"]
[{"$nulls":7},"42312202-Kits o bandejas o paquetes o sets para sutura"]
[{"$nulls":7},"42312203-Botones o puentes o accesorios relacionados para sutura"]
[{"$nulls":7},"42312204-Botas y dispositivos de captura para sutura"]
[{"$nulls":7},"42312205-Carritos o estantes para sutura"]
[{"$nulls":7},"42312206-Agujas para sutura"]
[{"$nulls":7},"42312207-Kits de remoción o bandejas o paquetes o sets para sutura"]
[{"$nulls":7},"42312208-Removedores de suturas"]
[{"$nulls":7},"42312301-Absorbentes para limpieza de heridas"]
[{"$nulls":7},"42312302-Esponjas de debridación"]
[{"$nulls":7},"42312303-Sistemas de lavado pulsado o accesorios relacionados para el tratamiento de heridas"]
[{"$nulls":7},"42312304-Productos de debridación autolítica para uso médico"]
[{"$nulls":7},"42312305-Productos de debridación enzimática para uso médico"]
[{"$nulls":7},"42312306-Productos de debridación mecánica para uso médico"]
[{"$nulls":7},"42312307-Productos de debridación quirúrgica para uso médico"]
[{"$nulls":7},"42312309-Sistemas de irrigación de heridas"]
[{"$nulls":7},"42312310-Botellas limpiadoras"]
[{"$nulls":7},"42312311-Kits de desinfectantes"]
[{"$nulls":7},"42312312-Bandejas de cuidado de heridas o de limpieza"]
[{"$nulls":7},"42312313-Soluciones de limpieza de heridas"]
[{"$nulls":7},"42312401-Relleno de alginato de calcio para heridas"]
[{"$nulls":7},"42312402-Férulas o stents nasales"]
[{"$nulls":7},"42312403-Tiras de relleno para cuidado de heridas"]
[{"$nulls":7},"42312501-Ligaduras de soporte mamario"]
[{"$nulls":7},"42312502-Ligaduras abdominales"]
[{"$nulls":7},"42312503-Soportes para escroto"]
[{"$nulls":7},"43191501-Teléfonos móviles"]
[{"$nulls":7},"43191502-Busca personas"]
[{"$nulls":7},"43191503-Teléfonos de pago"]
[{"$nulls":7},"43191504-Teléfonos fijos"]
[{"$nulls":7},"43191505-Máquinas contestadoras"]
[{"$nulls":7},"43191507-Teléfonos para propósitos especiales"]
[{"$nulls":7},"43191508-Teléfonos digitales"]
[{"$nulls":7},"43191509-Teléfonos análogos"]
[{"$nulls":7},"43191510-Radios de dos vías"]
[{"$nulls":7},"43191601-Placas frontales de teléfonos móviles"]
[{"$nulls":7},"43191602-Marcadores de teléfonos"]
[{"$nulls":7},"43191603-Cables de extensión para teléfonos"]
[{"$nulls":7},"43191604-Placas frontales de teléfonos"]
[{"$nulls":7},"43191605-Cables para auriculares de teléfonos"]
[{"$nulls":7},"43191606-Auriculares de teléfonos"]
[{"$nulls":7},"43191607-Almohadillas para el oído o el parlante de los auriculares de teléfonos"]
[{"$nulls":7},"43191608-Tubos de voz para los auriculares de teléfonos"]
[{"$nulls":7},"43191609-Teléfonos de diadema"]
[{"$nulls":7},"43191610-Soportes o sujetadores o puestos de comunicación personal"]
[{"$nulls":7},"43191611-Protectores de líneas telefónicas"]
[{"$nulls":7},"43191612-Descansa teléfonos"]
[{"$nulls":7},"43191614-Convertidores de voz para teléfonos"]
[{"$nulls":7},"43191615-Set telefónico manos libres para vehículos"]
[{"$nulls":7},"43191616-Consola central para teléfonos"]
[{"$nulls":7},"43191618-Unidades de grabación de conversaciones"]
[{"$nulls":7},"43191619-Dispositivos de señalización para teléfonos"]
[{"$nulls":7},"43191621-Adaptadores de auriculares"]
[{"$nulls":7},"43191622-Módulos o accesorios de busca personas"]
[{"$nulls":7},"43191623-Teléfono de pago con mecanismos"]
[{"$nulls":7},"43191624-Recipientes de monedas para teléfonos de pago"]
[{"$nulls":7},"43191625-Cajas de monedas para teléfonos de pago"]
[{"$nulls":7},"43191626-Tolvas para teléfonos de pago"]
[{"$nulls":7},"43191627-Puertas de seguridad para las cajas de monedas de teléfonos de pago"]
[{"$nulls":7},"43191628-Protectores de micrófono para teléfonos de pago"]
[{"$nulls":7},"43191629-Pieles o placas frontales para notebook o palm"]
[{"$nulls":7},"43191630-Kits de iniciación para teléfonos móviles"]
[{"$nulls":7},"43201401-Tarjetas aceleradoras de gráficas o video"]
[{"$nulls":7},"43201402-Tarjetas de módulos de memoria"]
[{"$nulls":7},"43201403-Tarjetas de módem"]
[{"$nulls":7},"43201404-Tarjetas de interface de red"]
[{"$nulls":7},"43201405-Tarjetas receptoras de red óptica"]
[{"$nulls":7},"43201406-Tarjetas transmisoras de red óptica"]
[{"$nulls":7},"43201407-Tarjetas periféricas controladoras"]
[{"$nulls":7},"43201408-Tarjetas de puerto en serie"]
[{"$nulls":7},"43201409-Tarjetas de interface de red inalámbrica"]
[{"$nulls":7},"43201410-Tarjetas o puertos de interruptor"]
[{"$nulls":7},"43201501-Tarjetas de interface de telecomunicaciones de modo de transferencia asincrónico atm"]
[{"$nulls":7},"43201502-Tarjetas de aceleración de audio"]
[{"$nulls":7},"43201503-Procesadores de unidad de procesamiento central cpu"]
[{"$nulls":7},"43201507-Placas secundarias"]
[{"$nulls":7},"43201508-Módulo de fibra de compensación de dispersión dcfm"]
[{"$nulls":7},"43201509-Módulos de intercambio de comunicación de datos"]
[{"$nulls":7},"43201513-Placa central de microordenador."]
[{"$nulls":7},"43201522-Tarjetas de puertos paralelos"]
[{"$nulls":7},"43201531-Tarjetas de captura de video"]
[{"$nulls":7},"43201533-Interfaces de interface digital de instrumentos musicales midi"]
[{"$nulls":7},"43201534-Interfaces de componentes de intercambio codec"]
[{"$nulls":7},"43201535-Puertos seriales infrarrojos"]
[{"$nulls":7},"43201537-Servidores de impresoras"]
[{"$nulls":7},"43201538-Enfriadores de unidades de procesamiento central"]
[{"$nulls":7},"43201539-Procesador central controlador de consola"]
[{"$nulls":7},"43201540-Convertidor de canales"]
[{"$nulls":7},"43201541-Procesador central de interface canal a canal"]
[{"$nulls":7},"43201542-Unidad de control"]
[{"$nulls":7},"43201543-Procesador central de instalación de acoplamientos"]
[{"$nulls":7},"43201544-Convertidor o controlador de bus de interface"]
[{"$nulls":7},"43201545-Tarjetas de fax"]
[{"$nulls":7},"43201546-Tarjetas de audio conferencia"]
[{"$nulls":7},"43201547-Tarjetas de voz"]
[{"$nulls":7},"43201549-Interruptores de interface de bus"]
[{"$nulls":7},"43201550-Dispositivo de sincronización de paquete de datos de red"]
[{"$nulls":7},"43201552-Adaptadores para hardware o telefonía"]
[{"$nulls":7},"43201553-Convertidores de transceptores y medios"]
[{"$nulls":7},"43201601-Carcasas de computadoras"]
[{"$nulls":7},"43201602-Carcasas de equipos de red"]
[{"$nulls":7},"43201603-Componentes de apilamiento de carcasas"]
[{"$nulls":7},"43201604-Bahías o canastas para equipos electrónicos"]
[{"$nulls":7},"43201605-Expansores"]
[{"$nulls":7},"43201608-Marcos de drive removibles"]
[{"$nulls":7},"43201609-Bandejas o ensamblajes para almacenamiento de dispositivos"]
[{"$nulls":7},"43201610-Placas traseras o paneles o ensamblajes"]
[{"$nulls":7},"43201611-Bastidores (dispositivos de montaje) para computadores"]
[{"$nulls":7},"43201612-Placas frontales para computadores"]
[{"$nulls":7},"43201614-Extensores de consola"]
[{"$nulls":7},"43201615-Kits de cubiertas para bahías de drives"]
[{"$nulls":7},"43201616-Torres de arreglo de drives de discos duros"]
[{"$nulls":7},"43201801-Unidades de disco flexible"]
[{"$nulls":7},"43201802-Series de disco duro"]
[{"$nulls":7},"43201803-Unidades de disco duro"]
[{"$nulls":7},"43201806-Series de cintas"]
[{"$nulls":7},"43201807-Unidades de cintas"]
[{"$nulls":7},"43201808-Disco compacto cd de sólo lectura"]
[{"$nulls":7},"43201809-Disco compacto cd de lectura y escritura"]
[{"$nulls":7},"43201810-Disco versátil digital dvd de sólo lectura"]
[{"$nulls":7},"43201811-Disco versátil digital dvd de lectura y escritura"]
[{"$nulls":7},"43201812-Unidades de magneto óptico mo"]
[{"$nulls":7},"43201813-Unidades de medios removibles de alta capacidad"]
[{"$nulls":7},"43201814-Equipos electrónicos de duplicación de medios o información"]
[{"$nulls":7},"43201815-Unidades de lectura y escritura de arquitectura de interconexión de componentes periféricos"]
[{"$nulls":7},"43201902-Cambiadores de discos ópticos"]
[{"$nulls":7},"43201903-Bibliotecas de unidades de cinta"]
[{"$nulls":7},"43202001-Discos compactos cd"]
[{"$nulls":7},"43202002-Cintas en blanco"]
[{"$nulls":7},"43202003-Discos versátiles digitales dvd"]
[{"$nulls":7},"43202004-Discos flexibles"]
[{"$nulls":7},"43202005-Tarjeta flash de almacenamiento de memoria"]
[{"$nulls":7},"43202101-Estuches para discos compactos"]
[{"$nulls":7},"43202102-Estuches para discos flexibles"]
[{"$nulls":7},"43202103-Sujetadores de almacenadores de multimedia"]
[{"$nulls":7},"43202104-Almacenadores para video cintas de escáner de hélice vertical vhs o accesorios"]
[{"$nulls":7},"43202105-Gabinetes para medios múltiples"]
[{"$nulls":7},"43202201-Partes de piezas de teléfono"]
[{"$nulls":7},"43202202-Generadores de timbres de teléfono"]
[{"$nulls":7},"43202204-Timbres externos o sus partes"]
[{"$nulls":7},"43202205-Teclas o teclados"]
[{"$nulls":7},"43202206-Componentes de dispositivo de entrada o unidad de almacenamiento"]
[{"$nulls":7},"43202207-Brazos y ensamblaje de cabezal"]
[{"$nulls":7},"43202208-Ensamblajes de plomo"]
[{"$nulls":7},"43202209-Ensamblajes de apilamiento de cabezales"]
[{"$nulls":7},"43202210-Tope de protección anti choque"]
[{"$nulls":7},"43202211-Platos o discos"]
[{"$nulls":7},"43202212-Ensamblajes de cabezal de lectura y escritura"]
[{"$nulls":7},"43202213-Unidades de disco de motor"]
[{"$nulls":7},"43202214-Ensamblajes de regleta"]
[{"$nulls":7},"43211501-Servidores de computador"]
[{"$nulls":7},"43211502-Servidores de computador de gama alta"]
[{"$nulls":7},"43211503-Computadores notebook"]
[{"$nulls":7},"43211504-Asistentes personales digitales pda u organizadores"]
[{"$nulls":7},"43211505-Terminal de punto de venta pos"]
[{"$nulls":7},"43211506-Computadores de cliente ligero"]
[{"$nulls":7},"43211507-Computadores de escritorio"]
[{"$nulls":7},"43211508-Computadores personales"]
[{"$nulls":7},"43211509-Computadores de tableta"]
[{"$nulls":7},"43211510-Consola central o terminales básicos (no inteligentes)"]
[{"$nulls":7},"43211511-Dispositivos de computación de vestir"]
[{"$nulls":7},"43211512-Computadores centrales"]
[{"$nulls":7},"43211601-Cajas de interruptores de computador"]
[{"$nulls":7},"43211602-Estaciones de acoplamiento"]
[{"$nulls":7},"43211603-Replicadores de puertos"]
[{"$nulls":7},"43211604-Cajas de interruptores periféricos"]
[{"$nulls":7},"43211605-Actualizaciones de procesadores de señales"]
[{"$nulls":7},"43211606-Kits de multimedia"]
[{"$nulls":7},"43211607-Parlantes de computador"]
[{"$nulls":7},"43211608-Equipo codificador y decodificador"]
[{"$nulls":7},"43211609-Concentrador de bus serial universal o conectores"]
[{"$nulls":7},"43211701-Equipo de lectura de código de barras"]
[{"$nulls":7},"43211702-Lectores y codificadores de banda magnética"]
[{"$nulls":7},"43211704-Equipo de reconocimiento de billetes"]
[{"$nulls":7},"43211705-Almohadillas o joy sticks de juegos"]
[{"$nulls":7},"43211706-Teclados"]
[{"$nulls":7},"43211707-Lápiz (stylus) para computador de luz"]
[{"$nulls":7},"43211708-Mouse o bola de seguimiento para computador"]
[{"$nulls":7},"43211709-Lápiz (stylus) de presión"]
[{"$nulls":7},"43211710-Dispositivos de identificación de radio frecuencia"]
[{"$nulls":7},"43211711-Escáneres"]
[{"$nulls":7},"43211712-Tabletas de gráficos"]
[{"$nulls":7},"43211713-Almohadillas (pads) táctil (touch)"]
[{"$nulls":7},"43211714-Equipos de identificación biométrica"]
[{"$nulls":7},"43211715-Terminales portátiles de ingreso de información"]
[{"$nulls":7},"43211717-Sistemas de reconocimiento de caracteres ópticos"]
[{"$nulls":7},"43211718-Sistemas de visión basados en cámaras para recolección automática de información"]
[{"$nulls":7},"43211719-Micrófonos de voz para computadores"]
[{"$nulls":7},"43211720-Terminales de pago para puntos de venta"]
[{"$nulls":7},"43211721-Lectores de tarjetas perforadas"]
[{"$nulls":7},"43211801-Forros de dispositivos de ingreso de datos al computador"]
[{"$nulls":7},"43211802-Almohadillas (pads) para mouse"]
[{"$nulls":7},"43211803-Pieles (películas transparentes) para teclados"]
[{"$nulls":7},"43211804-Cajones o estantes para tableros"]
[{"$nulls":7},"43211805-Dispositivos para almacenamiento de kits de servicio"]
[{"$nulls":7},"43211901-Monitores para tubos de rayo catódico crt"]
[{"$nulls":7},"43211902-Paneles o monitores de pantalla de cristal líquido lcd"]
[{"$nulls":7},"43211903-Monitores de pantalla táctil (touch)"]
[{"$nulls":7},"43211904-Paneles de pantalla de plasma pdp"]
[{"$nulls":7},"43211905-Pantallas emisoras de luz orgánica"]
[{"$nulls":7},"43212001-Protectores de brillo para pantallas de computador"]
[{"$nulls":7},"43212002-Brazos o soportes para monitores"]
[{"$nulls":7},"43212101-Impresoras de banda"]
[{"$nulls":7},"43212102-Impresoras de matriz de puntos"]
[{"$nulls":7},"43212103-Impresoras de sublimación de teñido"]
[{"$nulls":7},"43212104-Impresoras de inyección de tinta"]
[{"$nulls":7},"43212105-Impresoras láser"]
[{"$nulls":7},"43212106-Impresoras de matriz de líneas"]
[{"$nulls":7},"43212107-Impresoras de plotter"]
[{"$nulls":7},"43212108-Impresoras de cinta térmica"]
[{"$nulls":7},"43212109-Impresoras de etiquetas para bolsas"]
[{"$nulls":7},"43212110-Impresoras de múltiples funciones"]
[{"$nulls":7},"43212111-Impresoras de tiquetes aéreos o pases de abordaje atb"]
[{"$nulls":7},"43212112-Impresoras de recibos para puntos de venta pos"]
[{"$nulls":7},"43212113-Impresoras de discos compactos cd o de etiquetado"]
[{"$nulls":7},"43212114-Impresoras de imágenes digitales"]
[{"$nulls":7},"43221501-Sistemas de atención automatizada"]
[{"$nulls":7},"43221502-Distribuidor automático de llamadas acd"]
[{"$nulls":7},"43221503-Alto parlantes para telecomunicaciones"]
[{"$nulls":7},"43221504-Central telefónica interna pbx"]
[{"$nulls":7},"43221505-Identificador de llamadas telefónicas autónoma"]
[{"$nulls":7},"43221506-Consola de teleconferencias"]
[{"$nulls":7},"43221507-Auto marcadores"]
[{"$nulls":7},"43221508-Campos de lámpara de teléfono ocupado"]
[{"$nulls":7},"43221509-Sistemas de contabilización de llamadas telefónicas"]
[{"$nulls":7},"43221510-Desviador o retransmisor de llamadas telefónicas"]
[{"$nulls":7},"43221513-Secuenciadores de llamadas telefónicas"]
[{"$nulls":7},"43221514-Unidades de respaldo de marcación telefónica"]
[{"$nulls":7},"43221515-Dispositivos para compartir líneas telefónicas"]
[{"$nulls":7},"43221516-Monitores de estado de líneas telefónicas"]
[{"$nulls":7},"43221517-Unidades de observación de servicio de equipos de telefonía"]
[{"$nulls":7},"43221518-Dispositivos para restringir llamadas para equipos de telefonía"]
[{"$nulls":7},"43221519-Sistemas de correo de voz"]
[{"$nulls":7},"43221520-Equipos interactivos de reconocimiento de voz"]
[{"$nulls":7},"43221521-Unidades de acceso remoto de telecomunicaciones"]
[{"$nulls":7},"43221522-Equipos de teleconferencia"]
[{"$nulls":7},"43221523-Grabadora de música o mensaje en espera"]
[{"$nulls":7},"43221524-Adaptador de música en espera"]
[{"$nulls":7},"43221525-Sistemas de intercomunicación"]
[{"$nulls":7},"43221526-Sistemas de entrada de teléfono"]
[{"$nulls":7},"43221601-Separador de sistema de antiguo teléfono simple de empresa cautiva pots de circuito de subscriptor digital dsl"]
[{"$nulls":7},"43221602-Estante para separador de empresa cautiva de circuito de subscriptor digital dsl"]
[{"$nulls":7},"43221603-Separador de sistema de antiguo teléfono simple pots de equipo de premisa de cliente cpe de circuito de subscriptor digital dsl"]
[{"$nulls":7},"43221701-Equipo central de televisión"]
[{"$nulls":7},"43221702-Equipo de acceso de televisión"]
[{"$nulls":7},"43221703-Antenas de televisión"]
[{"$nulls":7},"43221704-Equipo central de radio"]
[{"$nulls":7},"43221705-Equipo de radio acceso"]
[{"$nulls":7},"43221706-Antenas de radio"]
[{"$nulls":7},"43221707-Equipo central de microondas"]
[{"$nulls":7},"43221708-Equipo de acceso de microondas"]
[{"$nulls":7},"43221709-Antenas de microondas"]
[{"$nulls":7},"43221710-Equipo central de satélite"]
[{"$nulls":7},"43221711-Equipo de acceso de satélite"]
[{"$nulls":7},"43221712-Antenas de satélite"]
[{"$nulls":7},"43221713-Equipo central de onda corta"]
[{"$nulls":7},"43221714-Equipo de acceso de onda corta"]
[{"$nulls":7},"43221715-Antenas de onda corta"]
[{"$nulls":7},"43221716-Equipo central de buscapersonas"]
[{"$nulls":7},"43221717-Equipo de acceso de buscapersonas"]
[{"$nulls":7},"43221718-Antenas de radar"]
[{"$nulls":7},"43221719-Antenas de aeronaves"]
[{"$nulls":7},"43221720-Antenas de automotores"]
[{"$nulls":7},"43221721-Equipo de comunicación de información de radio frecuencia"]
[{"$nulls":7},"43221801-Amplificadores ópticos"]
[{"$nulls":7},"43221802-Filtros de redes o comunicaciones ópticas"]
[{"$nulls":7},"43221803-Adaptadores ópticos"]
[{"$nulls":7},"43221804-Láseres de red óptica"]
[{"$nulls":7},"43221805-Equipo de red de modo de transferencia asincrónica atm"]
[{"$nulls":7},"43221806-Equipos de red de red óptica sincrónica sonet"]
[{"$nulls":7},"43221807-Filtros multiplexados de división de longitud de onda densa de telecomunicaciones dwdm"]
[{"$nulls":7},"43221808-Equipos de telecomunicaciones jerárquicas digitales sincrónicas sdh"]
[{"$nulls":7},"43222501-Equipo de seguridad de red cortafuegos (firewall)"]
[{"$nulls":7},"43222502-Equipo de seguridad de redes vpn"]
[{"$nulls":7},"43222503-Equipos de seguridad de evaluación de vulnerabilidad"]
[{"$nulls":7},"43222602-Equipo de centro distribuidor de cables"]
[{"$nulls":7},"43222604-Equipo de red de entrega de contenido"]
[{"$nulls":7},"43222605-Puerta de acceso de redes"]
[{"$nulls":7},"43222606-Kit de inicio de nodo de servicio de internet"]
[{"$nulls":7},"43222607-Equipo de motor de caché"]
[{"$nulls":7},"43222608-Repetidores de red"]
[{"$nulls":7},"43222609-Enrutadores (routers) de red"]
[{"$nulls":7},"43222610-Concentradores o hubs de servicio de red"]
[{"$nulls":7},"43222611-Unidades de servicio de canales o información de red"]
[{"$nulls":7},"43222612-Interruptores de red"]
[{"$nulls":7},"43222615-Interruptor de área de almacenamiento de red san"]
[{"$nulls":7},"43222619-Equipo de video de red"]
[{"$nulls":7},"43222620-Interruptor multi servicios"]
[{"$nulls":7},"43222621-Interruptor de contenido"]
[{"$nulls":7},"43222622-Dispositivo para balancear la carga del servidor"]
[{"$nulls":7},"43222623-Equipos de conexión cruzada digital dcx"]
[{"$nulls":7},"43222624-Equipos de conexión cruzada óptica"]
[{"$nulls":7},"43222625-Servidores de acceso"]
[{"$nulls":7},"43222626-Módems de cable"]
[{"$nulls":7},"43222627-Dispositivos de acceso de redes digitales de servicios integrados isdn"]
[{"$nulls":7},"43222628-Módems"]
[{"$nulls":7},"43222629-Bancos de módems"]
[{"$nulls":7},"43222630-Unidades de acceso multi estaciones"]
[{"$nulls":7},"43222631-Estaciones base de fidelidad inalámbricas"]
[{"$nulls":7},"43222632-Agregadores de banda ancha"]
[{"$nulls":7},"43222701-Teclas de telégrafo"]
[{"$nulls":7},"43222702-Electro magnetos de telégrafo"]
[{"$nulls":7},"43222703-Receptor acústico de telégrafo"]
[{"$nulls":7},"43222801-Equipo de conexión cruzada digital dcx de banda estrecha o de banda ancha"]
[{"$nulls":7},"43222802-Equipo de circuito de conmutador"]
[{"$nulls":7},"43222803-Cargador de circuito digital dlc"]
[{"$nulls":7},"43222805-Equipo de central telefónica privada pbx"]
[{"$nulls":7},"43222806-Bloques de conexiones"]
[{"$nulls":7},"43222811-Unidades de alarma de equipos de telefonía"]
[{"$nulls":7},"43222813-Kits de partes de conmutadores telefónicos"]
[{"$nulls":7},"43222814-Kits de instalación o modificación de equipos de telecomunicaciones"]
[{"$nulls":7},"43222815-Unidades de terminales de telecomunicaciones"]
[{"$nulls":7},"43222816-Operadores de introducción de datos de telefonía"]
[{"$nulls":7},"43222817-Repetidores de telecomunicaciones"]
[{"$nulls":7},"43222818-Estructura de terminal de distribución de teléfono"]
[{"$nulls":7},"43222819-Paneles de conexión de puertos"]
[{"$nulls":7},"43222820-Equipo electrónico para cancelar eco de voz"]
[{"$nulls":7},"43222821-Panel de conexiones"]
[{"$nulls":7},"43222822-Multiplexor de división de tiempo tdm"]
[{"$nulls":7},"43222823-Multiplexor de división de onda wdm"]
[{"$nulls":7},"43222824-Enrolladores de cables aéreos"]
[{"$nulls":7},"43222825-Kits de modificación de teléfonos"]
[{"$nulls":7},"43222901-Acondicionadores de línea"]
[{"$nulls":7},"43222902-Secadores de aire para cables de telefonía"]
[{"$nulls":7},"43223001-Dispositivos de entrada de teletipos"]
[{"$nulls":7},"43223101-Equipos y componentes de red básica móvil gsm 2g"]
[{"$nulls":7},"43223102-Equipos y componentes de red de acceso inalámbrica gsm 2g"]
[{"$nulls":7},"43223103-Equipos y componentes de red básica móvil gprs 2.5g"]
[{"$nulls":7},"43223104-Equipos y componentes de red de acceso inalámbrica gprs 2.5g"]
[{"$nulls":7},"43223105-Equipos y componentes de red básica móvil umts 3g"]
[{"$nulls":7},"43223106-Equipos y componentes de red de acceso inalámbrica 3g umts"]
[{"$nulls":7},"43223107-Equipos y componentes de red básica móvil wlan"]
[{"$nulls":7},"43223108-Equipos y componentes de acceso inalámbrico wlan"]
[{"$nulls":7},"43223109-Equipo de interrupción ssp in"]
[{"$nulls":7},"43223110-Equipo básico móvil in"]
[{"$nulls":7},"43223111-Equipos y componentes de red básica móvil oss"]
[{"$nulls":7},"43223112-Equipos y componentes de red de acceso inalámbrica oss"]
[{"$nulls":7},"43223113-Antenas lan umt gsm"]
[{"$nulls":7},"43223201-Portal de mensajes de voz"]
[{"$nulls":7},"43223202-Centro de servicio de mensajes cortos"]
[{"$nulls":7},"43223203-Centros de servicio multimedia"]
[{"$nulls":7},"43223204-Plataforma de mensajes unificados"]
[{"$nulls":7},"43223205-Plataforma de mensajes instantáneos"]
[{"$nulls":7},"43223206-Puerta de enlace de internet inalámbrico"]
[{"$nulls":7},"43223207-Sistema de flujo de video"]
[{"$nulls":7},"43223208-Plataforma de juegos móvil o de mensajes"]
[{"$nulls":7},"43223209-Plataforma de servicios de mensajes basados en locación"]
[{"$nulls":7},"43223210-Sistemas de mensajes de micro pagos"]
[{"$nulls":7},"43223211-Controladores de buscapersonas"]
[{"$nulls":7},"43223212-Terminales de buscapersonas"]
[{"$nulls":7},"43231501-Software de mesa de ayuda o centro de llamadas (call center)"]
[{"$nulls":7},"43231503-Software de adquisiciones"]
[{"$nulls":7},"43231505-Software de recursos humanos."]
[{"$nulls":7},"43231506-Software de logística de planeación de requerimiento de materiales y cadena de suministros"]
[{"$nulls":7},"43231507-Software de manejo de proyectos"]
[{"$nulls":7},"43231508-Software de manejo de inventarios"]
[{"$nulls":7},"43231509-Software de barras de códigos"]
[{"$nulls":7},"43231510-Software para hacer etiquetas"]
[{"$nulls":7},"43231511-Software de sistemas expertos"]
[{"$nulls":7},"43231512-Software de manejo de licencias"]
[{"$nulls":7},"43231513-Software para oficinas"]
[{"$nulls":7},"43231601-Software de contabilidad"]
[{"$nulls":7},"43231602-Software de planeación de recursos del negocio erp"]
[{"$nulls":7},"43231603-Software de preparación tributaria"]
[{"$nulls":7},"43231604-Software de análisis financiero"]
[{"$nulls":7},"43231605-Software de contabilidad de tiempo"]
[{"$nulls":7},"43232001-Juegos de acción"]
[{"$nulls":7},"43232002-Juegos de aventuras"]
[{"$nulls":7},"43232003-Juegos de deportes"]
[{"$nulls":7},"43232004-Software familiar"]
[{"$nulls":7},"43232005-Software de edición de música o sonido"]
[{"$nulls":7},"43232101-Software de diseño de patrones"]
[{"$nulls":7},"43232102-Software de imágenes gráficas o de fotografía"]
[{"$nulls":7},"43232103-Software de creación y edición de video"]
[{"$nulls":7},"43232104-Software de procesamiento de palabras"]
[{"$nulls":7},"43232105-Software de gráficas"]
[{"$nulls":7},"43232106-Software de presentación"]
[{"$nulls":7},"43232107-Software de creación y edición de páginas web"]
[{"$nulls":7},"43232108-Software de calendario y programación de citas"]
[{"$nulls":7},"43232110-Software de hoja de cálculo"]
[{"$nulls":7},"43232111-Software de lector de caracteres ópticos ocr o de escáner"]
[{"$nulls":7},"43232112-Software de autoedición"]
[{"$nulls":7},"43232201-Software de flujo de trabajo de contenido"]
[{"$nulls":7},"43232202-Software de manejo de documentos"]
[{"$nulls":7},"43232203-Software de versiones de archivo"]
[{"$nulls":7},"43232301-Software de categorización o clasificación"]
[{"$nulls":7},"43232302-Software de agrupamiento de recursos"]
[{"$nulls":7},"43232303-Software de manejo de relaciones con el cliente crm"]
[{"$nulls":7},"43232304-Software de sistemas de manejo de base datos"]
[{"$nulls":7},"43232305-Software de reportes de bases de datos"]
[{"$nulls":7},"43232306-Software de interface y preguntas de usuario de base de datos"]
[{"$nulls":7},"43232307-Software de extracción de datos"]
[{"$nulls":7},"43232309-Software de recuperación o búsqueda de información"]
[{"$nulls":7},"43232310-Software de manejo de metadata"]
[{"$nulls":7},"43232311-Software de manejo de base de datos orientada al objeto"]
[{"$nulls":7},"43232312-Software de servidor de portales"]
[{"$nulls":7},"43232313-Software de servidor de transacciones"]
[{"$nulls":7},"43232401-Software de manejo de configuraciones"]
[{"$nulls":7},"43232402-Software de entorno de desarrollo"]
[{"$nulls":7},"43232403-Software de integración de aplicaciones de empresas"]
[{"$nulls":7},"43232404-Software de desarrollo de interface de usuario gráfica"]
[{"$nulls":7},"43232405-Software de desarrollo orientado a objetos o componentes"]
[{"$nulls":7},"43232406-Software de pruebas de programas"]
[{"$nulls":7},"43232407-Software de arquitectura de sistemas y análisis de requerimientos"]
[{"$nulls":7},"43232408-Software de desarrollo de plataformas web"]
[{"$nulls":7},"43232409-Software para compilar y descompilar"]
[{"$nulls":7},"43232501-Software de idiomas extranjeros (traductores)"]
[{"$nulls":7},"43232502-Software de entrenamiento basado en computadores"]
[{"$nulls":7},"43232503-Correctores de ortografía"]
[{"$nulls":7},"43232504-Software de navegación de rutas"]
[{"$nulls":7},"43232601-Software de soporte de aviación en tierra"]
[{"$nulls":7},"43232602-Software de pruebas de aviación"]
[{"$nulls":7},"43232603-Software de manejo de instalaciones"]
[{"$nulls":7},"43232604-Software de diseño asistido de computador cad"]
[{"$nulls":7},"43232605-Software analítico o científico"]
[{"$nulls":7},"43232606-Software de cumplimiento (compliance)"]
[{"$nulls":7},"43232607-Software de control de vuelos"]
[{"$nulls":7},"43232608-Software de control industrial"]
[{"$nulls":7},"43232609-Software de bibliotecas"]
[{"$nulls":7},"43232610-Software médico"]
[{"$nulls":7},"43232611-Software de puntos de venta pos"]
[{"$nulls":7},"43232612-Software de fabricación asistida por computador cam"]
[{"$nulls":7},"43232701-Software de servidor de aplicaciones"]
[{"$nulls":7},"43232702-Software de comunicaciones de escritorio"]
[{"$nulls":7},"43232703-Software de respuesta de voz interactiva"]
[{"$nulls":7},"43232704-Software de servicios de directorio por internet"]
[{"$nulls":7},"43232705-Software de navegador de internet"]
[{"$nulls":7},"43232801-Software de monitoreo de red"]
[{"$nulls":7},"43232802-Software de optimización del sistema operativo de red"]
[{"$nulls":7},"43232803-Software de manejo de red óptica"]
[{"$nulls":7},"43232804-Software de administración"]
[{"$nulls":7},"43232901-Software de acceso"]
[{"$nulls":7},"43232902-Software de servidor de comunicaciones"]
[{"$nulls":7},"43232903-Software de centro de contactos"]
[{"$nulls":7},"43232904-Software de fax"]
[{"$nulls":7},"43232905-Software de lan"]
[{"$nulls":7},"43232906-Software de multiplexor"]
[{"$nulls":7},"43232907-Software de almacenamiento de red"]
[{"$nulls":7},"43232908-Software de interruptor o enrutador"]
[{"$nulls":7},"43232909-Software y firmware de interruptor wan"]
[{"$nulls":7},"43232910-Software inalámbrico"]
[{"$nulls":7},"43232911-Software de emulación de terminal de conectividad de red"]
[{"$nulls":7},"43232912-Software de puerta de acceso"]
[{"$nulls":7},"43232913-Software de puente"]
[{"$nulls":7},"43232914-Software de módem"]
[{"$nulls":7},"43232915-Software de interconectividad de plataformas"]
[{"$nulls":7},"43233001-Software de sistema de archivo"]
[{"$nulls":7},"43233002-Software de sistema de operación de red"]
[{"$nulls":7},"43233004-Software de sistema operativo"]
[{"$nulls":7},"43233201-Software de servidor de autenticación"]
[{"$nulls":7},"43233203-Software de manejo de seguridad de red o de redes privadas virtuales vpn"]
[{"$nulls":7},"43233204-Software de equipos de seguridad de red y de redes privadas virtuales vpn"]
[{"$nulls":7},"43233205-Software de seguridad de transacciones y de protección contra virus"]
[{"$nulls":7},"43233401-Software de servidor de discos compactos cd"]
[{"$nulls":7},"43233402-Software de conversión de información"]
[{"$nulls":7},"43233403-Software de compresión de información"]
[{"$nulls":7},"43233404-Software discos compactos cd o dvd o tarjetas de sonido"]
[{"$nulls":7},"43233405-Software de controladores o sistemas de dispositivos"]
[{"$nulls":7},"43233406-Software de controladores de ethernet"]
[{"$nulls":7},"43233407-Software de controladores de tarjetas de gráficos"]
[{"$nulls":7},"43233410-Software de controladores de impresoras"]
[{"$nulls":7},"43233411-Software de protectores de pantalla"]
[{"$nulls":7},"43233413-Software de reconocimiento de voz"]
[{"$nulls":7},"43233414-Software de carga de almacenamiento de medios"]
[{"$nulls":7},"43233415-Software de respaldo o archivo"]
[{"$nulls":7},"43233501-Software de correo electrónico"]
[{"$nulls":7},"43233502-Software de video conferencias"]
[{"$nulls":7},"43233503-Software de conferencias de red"]
[{"$nulls":7},"43233504-Software de mensajería instantánea"]
[{"$nulls":7},"43233505-Software de música ambiental o publicidad para mensajería"]
[{"$nulls":7},"43233506-Software de creación de mapas"]
[{"$nulls":7},"43233507-Software estándar específico para operadores de móviles"]
[{"$nulls":7},"43233508-Software de aplicación específica para operadores de móviles"]
[{"$nulls":7},"43233509-Software de servicios de mensajería para móviles"]
[{"$nulls":7},"43233510-Software de servicios de internet para móviles"]
[{"$nulls":7},"43233511-Software de servicios basados en ubicación para móviles"]
[{"$nulls":7},"44101501-Fotocopiadoras"]
[{"$nulls":7},"44101502-Aparatos de fax"]
[{"$nulls":7},"44101503-Máquinas multifuncionales"]
[{"$nulls":7},"44101504-Emisores (senders) digitales"]
[{"$nulls":7},"44101505-Duplicadores digitales"]
[{"$nulls":7},"44101506-Máquinas de interruptor de fax"]
[{"$nulls":7},"44101601-Máquinas cortadoras de papel o accesorios"]
[{"$nulls":7},"44101602-Máquinas perforadoras o para unir papel"]
[{"$nulls":7},"44101603-Máquinas trituradoras de papel o accesorios"]
[{"$nulls":7},"44101604-Tablas de protección de base"]
[{"$nulls":7},"44101605-Máquinas para emparejar papel"]
[{"$nulls":7},"44101606-Máquinas para clasificar papel"]
[{"$nulls":7},"44101701-Opciones de color o actualizaciones"]
[{"$nulls":7},"44101702-Bandejas de impresión a doble cara"]
[{"$nulls":7},"44101703-Unidades de impresión a doble cara"]
[{"$nulls":7},"44101704-Terminales de facsímil"]
[{"$nulls":7},"44101705-Bandejas o alimentadores de máquinas de oficina"]
[{"$nulls":7},"44101706-Unidades de fotoconductores o imágenes"]
[{"$nulls":7},"44101707-Unidades de grapadoras"]
[{"$nulls":7},"44101708-Filtros de ozono"]
[{"$nulls":7},"44101709-Ensamblajes de réplica"]
[{"$nulls":7},"44101710-Ensamblajes magnéticos de recogida"]
[{"$nulls":7},"44101711-Compresor de ensamblaje"]
[{"$nulls":7},"44101712-Apiladores de buzón de correo"]
[{"$nulls":7},"44101713-Contadores de copias"]
[{"$nulls":7},"44101714-Unidades de facsímil para máquinas de oficina"]
[{"$nulls":7},"44101715-Cubiertas de platinas"]
[{"$nulls":7},"44101716-Unidades de perforación de orificios"]
[{"$nulls":7},"44101718-Adaptadores infrarrojos"]
[{"$nulls":7},"44101719-Accesorios de copiado o escaneado"]
[{"$nulls":7},"44101720-Fuentes de lenguaje"]
[{"$nulls":7},"44101721-Husos de medios"]
[{"$nulls":7},"44101722-Actualizaciones de energía de buzón de correo multi recipientes"]
[{"$nulls":7},"44101723-Buzones de correo multi recipientes"]
[{"$nulls":7},"44101724-Actualizaciones de multi funciones"]
[{"$nulls":7},"44101725-Gabinetes de impresora"]
[{"$nulls":7},"44101726-Actualizaciones de emulación de impresoras"]
[{"$nulls":7},"44101727-Puestos para impresoras"]
[{"$nulls":7},"44101728-Alimentadores de rollos"]
[{"$nulls":7},"44101729-Apiladores de salida"]
[{"$nulls":7},"44101801-Calculadoras o accesorios"]
[{"$nulls":7},"44101802-Máquinas sumadoras"]
[{"$nulls":7},"44101803-Máquinas contabilizadoras"]
[{"$nulls":7},"44101804-Cajas registradoras"]
[{"$nulls":7},"44101805-Cintas para calculadoras"]
[{"$nulls":7},"44101806-Cintas para cajas registradoras"]
[{"$nulls":7},"44101901-Máquinas de endoso de cheques"]
[{"$nulls":7},"44101902-Máquinas para escribir cheques"]
[{"$nulls":7},"44102001-Película de laminación"]
[{"$nulls":7},"44102002-Bolsas de laminadores"]
[{"$nulls":7},"44102003-Láminas de transferencia"]
[{"$nulls":7},"44102004-Láminas creativas"]
[{"$nulls":7},"44102101-Máquinas de franqueo o estampillado"]
[{"$nulls":7},"44102102-Máquinas para abrir correspondencia"]
[{"$nulls":7},"44102103-Máquinas para sellar correspondencia"]
[{"$nulls":7},"44102104-Máquinas para cancelar estampillas"]
[{"$nulls":7},"44102105-Máquinas para direcciones"]
[{"$nulls":7},"44102106-Dobladores de cartas"]
[{"$nulls":7},"44102107-Colocadores de estampillas"]
[{"$nulls":7},"44102108-Accesorios para máquinas de correo"]
[{"$nulls":7},"44102201-Endosador"]
[{"$nulls":7},"44102202-Alimentadores de documentos para escáneres"]
[{"$nulls":7},"44102203-Adaptadores de transparencia para escáneres"]
[{"$nulls":7},"44102301-Máquinas de agrupación"]
[{"$nulls":7},"44102302-Máquinas para envolver paquetes"]
[{"$nulls":7},"44102303-Prensas de sellamiento"]
[{"$nulls":7},"44102304-Máquinas selladoras"]
[{"$nulls":7},"44102305-Tensionadores o selladoras para zunchado"]
[{"$nulls":7},"44102306-Máquinas para amarrar"]
[{"$nulls":7},"44102307-Intercaladores"]
[{"$nulls":7},"44102402-Máquinas para fechar o numerar"]
[{"$nulls":7},"44102403-Máquinas de prensa de identificación id"]
[{"$nulls":7},"44102404-Máquinas para aplicar de etiquetas"]
[{"$nulls":7},"44102405-Máquinas para hacer etiquetas"]
[{"$nulls":7},"44102406-Equipos para rotulado"]
[{"$nulls":7},"44102407-Grabadora de relieve para cinta"]
[{"$nulls":7},"44102408-Sistemas de etiquetado automático"]
[{"$nulls":7},"44102409-Sistemas de etiquetado semiautomáticos"]
[{"$nulls":7},"44102411-Dispensadores de etiquetas"]
[{"$nulls":7},"44102412-Cartuchos de etiquetas adhesivas"]
[{"$nulls":7},"44102501-Máquinas contadoras de dinero"]
[{"$nulls":7},"44102502-Sorteadoras"]
[{"$nulls":7},"44102503-Máquinas para envolver monedas"]
[{"$nulls":7},"44102602-Máquinas de escribir"]
[{"$nulls":7},"44102603-Ruedas de margarita para impresoras"]
[{"$nulls":7},"44102604-Máquinas de estenotipio"]
[{"$nulls":7},"44102605-Máquinas para dictado"]
[{"$nulls":7},"44102606-Cinta de máquinas de escribir"]
[{"$nulls":7},"44102607-Procesadores de palabras"]
[{"$nulls":7},"44102608-Elementos de impresión para máquinas de escribir"]
[{"$nulls":7},"44102609-Kits de accesorios o suministros para máquinas de escribir"]
[{"$nulls":7},"44102610-Kits de inicio para máquinas de escribir"]
[{"$nulls":7},"44102801-Laminadoras"]
[{"$nulls":7},"44102901-Kits de viaje para máquinas de oficina"]
[{"$nulls":7},"44102902-Accesorios de almacenamiento para máquinas de almacenamiento"]
[{"$nulls":7},"44102903-Limpiadoras de cinta"]
[{"$nulls":7},"44102904-Aerosol de aire comprimido"]
[{"$nulls":7},"44102905-Pequeñas bolsas de papel de sales absorbentes húmedas"]
[{"$nulls":7},"44102906-Kits de limpieza de computadores o equipos de oficina"]
[{"$nulls":7},"44102907-Forros para equipos para protegerlos del polvo"]
[{"$nulls":7},"44102908-Limpiadores de discos compactos o removedores de rayones"]
[{"$nulls":7},"44102909-Limpiadores de unidades de discos compactos"]
[{"$nulls":7},"44102910-Laminadora"]
[{"$nulls":7},"44102911-Pañitos limpiadores para máquinas de oficina"]
[{"$nulls":7},"44102912-Soluciones limpiadoras para equipos de oficina"]
[{"$nulls":7},"44102913-Destructor de discos compactos"]
[{"$nulls":7},"44103001-Almohadillas o filtros limpiadores de fusores"]
[{"$nulls":7},"44103002-Aceite de fusores"]
[{"$nulls":7},"44103003-Limpiador de fusores"]
[{"$nulls":7},"44103004-Fusores"]
[{"$nulls":7},"44103005-Lámparas o ensamblajes de fusores"]
[{"$nulls":7},"44103101-Correas de impresoras, fax o fotocopiadoras"]
[{"$nulls":7},"44103103-Tóner para impresoras o fax"]
[{"$nulls":7},"44103104-Rollos de transferencia"]
[{"$nulls":7},"44103105-Cartuchos de tinta"]
[{"$nulls":7},"44103106-Barras de tinta"]
[{"$nulls":7},"44103107-Suministros de limpieza de impresoras o faxes o fotocopiadoras"]
[{"$nulls":7},"44103108-Reveladores para impresoras o fotocopiadoras"]
[{"$nulls":7},"44103109-Tambores para impresoras o faxes o fotocopiadoras"]
[{"$nulls":7},"44103110-Cabezales de impresión"]
[{"$nulls":7},"44103111-Rollos de tinta"]
[{"$nulls":7},"44103112-Cinta de impresora"]
[{"$nulls":7},"44103113-Kits de correctores de fase o inyección de tinta"]
[{"$nulls":7},"44103114-Kits de recubrimiento de inyección de tinta"]
[{"$nulls":7},"44103116-Kit para impresora"]
[{"$nulls":7},"44103117-Cintas de fax"]
[{"$nulls":7},"44103118-Película de transparencia"]
[{"$nulls":7},"44103119-Papel de transferencia en caliente para copiadoras"]
[{"$nulls":7},"44103120-Recolectores de tóner"]
[{"$nulls":7},"44103121-Guías de rollo para impresoras, faxes o fotocopiadoras"]
[{"$nulls":7},"44103122-Bandas de impresión"]
[{"$nulls":7},"44103201-Máquina de tarjetas de tiempo"]
[{"$nulls":7},"44103202-Máquinas estampadoras de tiempo"]
[{"$nulls":7},"44103203-Cinta de repuesto para máquinas de tarjetas de tiempo"]
[{"$nulls":7},"44103204-Estantes para tarjetas de tiempo"]
[{"$nulls":7},"44103205-Tarjetas u hojas de tiempo"]
[{"$nulls":7},"44103502-Tapas de encuadernación"]
[{"$nulls":7},"44103503-Lomos o cierres de encuadernación"]
[{"$nulls":7},"44103504-Alambres o espirales de encuadernación"]
[{"$nulls":7},"44103505-Peinillas o tiras de encuadernación"]
[{"$nulls":7},"44103506-Cinta de encuadernación"]
[{"$nulls":7},"44103507-Kits de encuadernación"]
[{"$nulls":7},"44103601-Trituradores de casetes o cintas"]
[{"$nulls":7},"44111501-Sujetadores o dispensadores de mensajes"]
[{"$nulls":7},"44111502-Organizadores de cajones de escritorio"]
[{"$nulls":7},"44111503-Organizadores o bandejas para el escritorio"]
[{"$nulls":7},"44111506-Sujetadores o dispensadores de papeles o tacos"]
[{"$nulls":7},"44111507-Sujeta libros"]
[{"$nulls":7},"44111509-Sujetadores de esferos o lápices"]
[{"$nulls":7},"44111510-Organizadores o accesorios de colgar"]
[{"$nulls":7},"44111511-Sistemas de despliegue o sus accesorios"]
[{"$nulls":7},"44111512-Estante de literatura"]
[{"$nulls":7},"44111513-Soportes para diarios o calendarios"]
[{"$nulls":7},"44111514-Estantes u organizadores para estampillas"]
[{"$nulls":7},"44111515-Cajas u organizadores de almacenamiento de archivos"]
[{"$nulls":7},"44111516-Organizadores personales"]
[{"$nulls":7},"44111517-Puestos de estudio"]
[{"$nulls":7},"44111518-Sujetadores de tarjetas de presentación"]
[{"$nulls":7},"44111519-Repisas de distribución de documentos"]
[{"$nulls":7},"44111520-Almohadillas o protectores de superficie"]
[{"$nulls":7},"44111521-Sujetadores de copias"]
[{"$nulls":7},"44111601-Bolsas para billetes o billeteras"]
[{"$nulls":7},"44111603-Sorteadores de monedas"]
[{"$nulls":7},"44111604-Envoltorios para monedas o cintas para billetes"]
[{"$nulls":7},"44111605-Cajas para efectivo o tiquetes"]
[{"$nulls":7},"44111606-Bandejas de cajas de efectivo"]
[{"$nulls":7},"44111607-Archivos de cheques"]
[{"$nulls":7},"44111608-Bancos de monedas"]
[{"$nulls":7},"44111609-Detectores de billetes falsos o suministros"]
[{"$nulls":7},"44111610-Bandejas de monedas"]
[{"$nulls":7},"44111611-Clips para billetes"]
[{"$nulls":7},"44111612-Sellos para bolsas de monedas"]
[{"$nulls":7},"44111613-Sujetadores de tarjetas de crédito"]
[{"$nulls":7},"44111614-Estantes de correas de billetes"]
[{"$nulls":7},"44111615-Bolsas de depósito"]
[{"$nulls":7},"44111616-Separadores de cheques"]
[{"$nulls":7},"44111801-Ayudas para esténciles o textos"]
[{"$nulls":7},"44111802-Película de dibujo"]
[{"$nulls":7},"44111803-Compases"]
[{"$nulls":7},"44111804-Papeles de dibujo"]
[{"$nulls":7},"44111805-Curvas"]
[{"$nulls":7},"44111806-Transportadores"]
[{"$nulls":7},"44111807-Escalas"]
[{"$nulls":7},"44111808-Reglas t"]
[{"$nulls":7},"44111809-Plantillas"]
[{"$nulls":7},"44111810-Triángulos"]
[{"$nulls":7},"44111812-Kits o sets de dibujo"]
[{"$nulls":7},"44111813-Puntos o cintas de dibujo"]
[{"$nulls":7},"44111814-Forros de protección para superficies de trabajo"]
[{"$nulls":7},"44111815-Forros para mesas de dibujo"]
[{"$nulls":7},"44111901-Tableros de planeación o accesorios"]
[{"$nulls":7},"44111902-Tableros electrónicos de copia o accesorios"]
[{"$nulls":7},"44111903-Caballetes o accesorios"]
[{"$nulls":7},"44111904-Tableros de cartas o accesorios"]
[{"$nulls":7},"44111905-Tableros de borrado en seco o accesorios"]
[{"$nulls":7},"44111906-Tableros de tiza o accesorios"]
[{"$nulls":7},"44111907-Tableros de noticias o accesorios"]
[{"$nulls":7},"44111908-Tableros magnéticos o accesorios"]
[{"$nulls":7},"44111909-Kits o accesorios para limpieza de tableros"]
[{"$nulls":7},"44111910-Rieles o sujetadores para colgar tableros"]
[{"$nulls":7},"44111911-Tableros blancos interactivos o accesorios"]
[{"$nulls":7},"44112001-Libretas de direcciones o repuestos"]
[{"$nulls":7},"44112002-Calendarios"]
[{"$nulls":7},"44112004-Planeadores de reuniones"]
[{"$nulls":7},"44112005-Libretas de citas o repuestos"]
[{"$nulls":7},"44112006-Diarios o repuestos"]
[{"$nulls":7},"44112007-Cajas de sugerencias"]
[{"$nulls":7},"44112008-Planeadores de pared o repuestos"]
[{"$nulls":7},"44121501-Tubos de sobres"]
[{"$nulls":7},"44121503-Sobres"]
[{"$nulls":7},"44121504-Sobres de ventana"]
[{"$nulls":7},"44121505-Sobres especiales"]
[{"$nulls":7},"44121506-Sobres estándar"]
[{"$nulls":7},"44121507-Sobres de catálogos o de gancho"]
[{"$nulls":7},"44121508-Repositorios para mensajes"]
[{"$nulls":7},"44121509-Bolsas para correo"]
[{"$nulls":7},"44121510-Sellos para correo"]
[{"$nulls":7},"44121511-Cajas para correo"]
[{"$nulls":7},"44121512-Tapas de tubos para correo"]
[{"$nulls":7},"44121604-Estampillas"]
[{"$nulls":7},"44121605-Dispensadores de cinta"]
[{"$nulls":7},"44121611-Punzones para papel u ojales"]
[{"$nulls":7},"44121612-Cortadoras de papel o repuestos"]
[{"$nulls":7},"44121613-Removedores de grapas (saca ganchos)"]
[{"$nulls":7},"44121614-Campanas de llamada"]
[{"$nulls":7},"44121615-Grapadoras"]
[{"$nulls":7},"44121617-Abridor manual de cartas"]
[{"$nulls":7},"44121618-Tijeras"]
[{"$nulls":7},"44121619-Tajalápices manuales"]
[{"$nulls":7},"44121620-Protector de plástico para dedos"]
[{"$nulls":7},"44121621-Almohadillas para escritorio o sus accesorios"]
[{"$nulls":7},"44121622-Humidificadores"]
[{"$nulls":7},"44121623-Abridor de cartas mecánico"]
[{"$nulls":7},"44121624-Herramientas de grabado en relieve"]
[{"$nulls":7},"44121625-Pisa papeles"]
[{"$nulls":7},"44121626-Removedor de adhesivo"]
[{"$nulls":7},"44121627-Marcadores de libros"]
[{"$nulls":7},"44121628-Contenedores o dispensadores de clips"]
[{"$nulls":7},"44121630-Kit de cosedora"]
[{"$nulls":7},"44121631-Dispensadores de goma o repuestos"]
[{"$nulls":7},"44121632-Afilador de tijeras"]
[{"$nulls":7},"44121633-Dispensadores de estampillas postales"]
[{"$nulls":7},"44121634-Rollos adhesivos"]
[{"$nulls":7},"44121635-Husos para cinta adhesiva"]
[{"$nulls":7},"44121701-Bolígrafos"]
[{"$nulls":7},"44121702-Sets de esferos o lápices"]
[{"$nulls":7},"44121703-Estilógrafos"]
[{"$nulls":7},"44121704-Esferos de punta redonda"]
[{"$nulls":7},"44121705-Lápices mecánicos"]
[{"$nulls":7},"44121706-Lápices de madera"]
[{"$nulls":7},"44121707-Lápices de colores"]
[{"$nulls":7},"44121708-Marcadores"]
[{"$nulls":7},"44121709-Crayolas"]
[{"$nulls":7},"44121710-Tiza para escribir o accesorios"]
[{"$nulls":7},"44121711-Rotuladores"]
[{"$nulls":7},"44121712-Repuestos de marcadores"]
[{"$nulls":7},"44121713-Plumas de estilógrafos"]
[{"$nulls":7},"44121714-Asideras para lápices o esferos"]
[{"$nulls":7},"44121715-Combinaciones de esfero y lápiz"]
[{"$nulls":7},"44121716-Resaltadores"]
[{"$nulls":7},"44121717-Combinación de esfero y resaltador"]
[{"$nulls":7},"44121718-Sets de esferos asegurados"]
[{"$nulls":7},"44121801-Película o cinta de corrección"]
[{"$nulls":7},"44121802-Fluido de corrección"]
[{"$nulls":7},"44121804-Borradores"]
[{"$nulls":7},"44121805-Esferos de corrección"]
[{"$nulls":7},"44121806-Repuestos para esferos de corrección"]
[{"$nulls":7},"44121807-Repuestos para borradores"]
[{"$nulls":7},"44121808-Borradores eléctricos"]
[{"$nulls":7},"44121902-Repuestos de minas"]
[{"$nulls":7},"44121904-Repuestos de tinta"]
[{"$nulls":7},"44121905-Almohadillas de tinta o estampillas"]
[{"$nulls":7},"44122001-Archivos para tarjetas de índex"]
[{"$nulls":7},"44122002-Protectores de hojas"]
[{"$nulls":7},"44122003-Carpetas"]
[{"$nulls":7},"44122005-Cubiertas para revistas o libros"]
[{"$nulls":7},"44122008-Índices de fichas"]
[{"$nulls":7},"44122009-Archivos para tarjetas rotativas o de presentación"]
[{"$nulls":7},"44122010-Separadores"]
[{"$nulls":7},"44122011-Folders"]
[{"$nulls":7},"44122012-Portapapeles"]
[{"$nulls":7},"44122013-Cubiertas para informes"]
[{"$nulls":7},"44122014-Levantadores de hojas"]
[{"$nulls":7},"44122015-Respaldos para archivos"]
[{"$nulls":7},"44122016-Sujetador de documentos"]
[{"$nulls":7},"44122017-Folders de colgar o accesorios"]
[{"$nulls":7},"44122018-Insertos o pestañas para archivos"]
[{"$nulls":7},"44122019-Bolsillos para archivos o accesorios"]
[{"$nulls":7},"44122020-Bolsillos para tarjetas"]
[{"$nulls":7},"44122021-Álbumes de estampillas"]
[{"$nulls":7},"44122022-Accesorios de carpetas de folders"]
[{"$nulls":7},"44122023-Tabletas gráficas para arquitectura"]
[{"$nulls":7},"44122024-Manijas de carpetas"]
[{"$nulls":7},"44122025-Bolsillos de carpetas o accesorios"]
[{"$nulls":7},"44122026-Garras para papel"]
[{"$nulls":7},"44122027-Folders de archivo expandibles"]
[{"$nulls":7},"44122028-Canales para montar carpetas"]
[{"$nulls":7},"44122029-Desactivado por la ONU"]
[{"$nulls":7},"44122030-Desactivado por la ONU"]
[{"$nulls":7},"44122031-Desactivado por la ONU"]
[{"$nulls":7},"44122032-Folders de conferencias"]
[{"$nulls":7},"44122101-Cauchos"]
[{"$nulls":7},"44122103-Sujetadores de cierre"]
[{"$nulls":7},"44122104-Clips para papel"]
[{"$nulls":7},"44122105-Clips para carpetas o bulldog"]
[{"$nulls":7},"44122106-Alfileres o taches"]
[{"$nulls":7},"44122107-Grapas"]
[{"$nulls":7},"44122109-Sujetador de aro y bucle"]
[{"$nulls":7},"44122110-Monturas adhesivas"]
[{"$nulls":7},"44122111-Refuerzos para orificios"]
[{"$nulls":7},"44122112-Sujetadores de cabeza redonda"]
[{"$nulls":7},"44122113-Sujetadores de etiquetas"]
[{"$nulls":7},"44122114-Postes roscados"]
[{"$nulls":7},"44122115-Esquinas adhesivas"]
[{"$nulls":7},"44122116-Clips de bolsas"]
[{"$nulls":7},"44122117-Anillos para libros"]
[{"$nulls":7},"44122118-Sujetadores de pinza"]
[{"$nulls":7},"44122119-Sujetadores auto adhesivos"]
[{"$nulls":7},"44122120-Postes de carpetas"]
[{"$nulls":7},"44122121-Clips de pared o tablero"]
[{"$nulls":7},"45101501-Impresoras heliográficas"]
[{"$nulls":7},"45101502-Prensas de impresión de offset"]
[{"$nulls":7},"45101503-Equipos de impresión tipográfica"]
[{"$nulls":7},"45101504-Equipos litográficos"]
[{"$nulls":7},"45101505-Máquinas impresoras de fotograbados"]
[{"$nulls":7},"45101506-Máquinas de serigrafía"]
[{"$nulls":7},"45101507-Prensas impresoras"]
[{"$nulls":7},"45101508-Máquinas perforadoras"]
[{"$nulls":7},"45101509-Impresora rotativa ultravioleta uv"]
[{"$nulls":7},"45101510-Impresora flexo gráfica"]
[{"$nulls":7},"45101511-Impresora de inyección de tinta para aplicaciones de impresión comercial"]
[{"$nulls":7},"45101512-Impresora de transferencia térmica para aplicaciones de impresión comercial"]
[{"$nulls":7},"45101513-Impresora de estampado en caliente"]
[{"$nulls":7},"45101514-Impresora de almohadillas"]
[{"$nulls":7},"45101515-Impresora básica"]
[{"$nulls":7},"45101602-Equipos de cuarto oscuro de offset"]
[{"$nulls":7},"45101603-Consumibles de impresión de offset"]
[{"$nulls":7},"45101604-Procesadores de platinas de impresión de offset"]
[{"$nulls":7},"45101606-Procesadores de película de offset"]
[{"$nulls":7},"45101607-Lámparas de arco de serigrafía"]
[{"$nulls":7},"45101608-Pantallas de serigrafía"]
[{"$nulls":7},"45101609-Bastidores de impresión de serigrafía"]
[{"$nulls":7},"45101610-Armazones de impresión al vacío de serigrafía"]
[{"$nulls":7},"45101611-Escobillas de serigrafía"]
[{"$nulls":7},"45101701-Ensambladoras de impresión"]
[{"$nulls":7},"45101702-Guillotinas de impresión"]
[{"$nulls":7},"45101703-Intercaladores o desintercaladores de impresión"]
[{"$nulls":7},"45101704-Cortadoras de impresión"]
[{"$nulls":7},"45101705-Bordeadoras de impresión"]
[{"$nulls":7},"45101706-Punzones de impresión"]
[{"$nulls":7},"45101707-Platinas de impresión"]
[{"$nulls":7},"45101708-Leznas de impresión"]
[{"$nulls":7},"45101801-Máquinas para arrugas de los libros"]
[{"$nulls":7},"45101802-Máquinas cortadoras de libros"]
[{"$nulls":7},"45101803-Máquinas perforadoras de libros"]
[{"$nulls":7},"45101804-Máquinas cosedoras de libros"]
[{"$nulls":7},"45101805-Máquinas de emparejamiento de libros"]
[{"$nulls":7},"45101806-Máquinas recogedoras de libros"]
[{"$nulls":7},"45101807-Máquinas dobladoras de libros"]
[{"$nulls":7},"45101808-Máquinas de encuadernado térmico de libros"]
[{"$nulls":7},"45101901-Máquinas de anillado de libros"]
[{"$nulls":7},"45101902-Clisadores"]
[{"$nulls":7},"45101903-Máquinas de perforación de papel"]
[{"$nulls":7},"45101904-Alargadores"]
[{"$nulls":7},"45101905-Tableros de dibujo o retoque"]
[{"$nulls":7},"45102001-Máquinas de composición de intertipos"]
[{"$nulls":7},"45102002-Máquinas de composición de linotipos"]
[{"$nulls":7},"45102003-Materiales de fotocomposición"]
[{"$nulls":7},"45102004-Máquinas de composición de monotipos"]
[{"$nulls":7},"45102005-Máquinas de configuración de fototipos"]
[{"$nulls":7},"45111501-Atriles autónomos"]
[{"$nulls":7},"45111502-Atriles de mesa"]
[{"$nulls":7},"45111503-Mazos o bloques de sonido"]
[{"$nulls":7},"45111504-Componentes de luz o energía o datos para atriles"]
[{"$nulls":7},"45111601-Señaladores"]
[{"$nulls":7},"45111602-Lámparas de proyección"]
[{"$nulls":7},"45111603-Pantallas o desplegadores para proyección"]
[{"$nulls":7},"45111604-Proyectores de filminas"]
[{"$nulls":7},"45111605-Equipos de transparencias o suministros"]
[{"$nulls":7},"45111606-Paneles de proyección de despliegue de cristal líquido"]
[{"$nulls":7},"45111607-Proyectores de techo"]
[{"$nulls":7},"45111608-Proyectores de películas"]
[{"$nulls":7},"45111609-Proyectores multimedia"]
[{"$nulls":7},"45111610-Epidiascopios"]
[{"$nulls":7},"45111612-Controles de disolución"]
[{"$nulls":7},"45111613-Proyectores de tubo de rayo catódico"]
[{"$nulls":7},"45111614-Proyectores de despliegue de cristal líquido"]
[{"$nulls":7},"45111615-Lentes de proyección"]
[{"$nulls":7},"45111616-Proyectores de video"]
[{"$nulls":7},"45111617-Proyector de techo o carritos de video"]
[{"$nulls":7},"45111618-Cajas de luces de presentaciones"]
[{"$nulls":7},"45111620-Copiadora de películas de filminas"]
[{"$nulls":7},"45111701-Dispositivos de audición asistida"]
[{"$nulls":7},"45111702-Cajas de conectores de audio"]
[{"$nulls":7},"45111703-Centros de escucha"]
[{"$nulls":7},"45111704-Consolas de mezclado de audio"]
[{"$nulls":7},"45111705-Sistemas de comunicación pública"]
[{"$nulls":7},"45111801-Sistemas de control de medios"]
[{"$nulls":7},"45111802-Soportes para televisiones"]
[{"$nulls":7},"45111803-Convertidores de barrido (scan)"]
[{"$nulls":7},"45111804-Duplicadores de línea"]
[{"$nulls":7},"45111805-Editores de video"]
[{"$nulls":7},"45111806-Sistemas de aprendizaje a distancia"]
[{"$nulls":7},"45111807-Interfaces"]
[{"$nulls":7},"45111808-Controles de iluminación"]
[{"$nulls":7},"45111809-Accesorios de soporte de televisiones"]
[{"$nulls":7},"45111810-Presentadores visuales"]
[{"$nulls":7},"45111811-Monitor de precisión de video"]
[{"$nulls":7},"45111812-Dispositivo de despliegue de información visual"]
[{"$nulls":7},"45111813-Operador de introducción de datos corriente abajo"]
[{"$nulls":7},"45111814-Equipo de efectos de video digital dve"]
[{"$nulls":7},"45111815-Consola de audio video"]
[{"$nulls":7},"45111816-Generador de logos"]
[{"$nulls":7},"45111817-Generador de caracteres"]
[{"$nulls":7},"45111818-Reducidor de ruido de videos"]
[{"$nulls":7},"45111819-Mezclador de videos"]
[{"$nulls":7},"45111820-Amplificador de procesamiento de videos"]
[{"$nulls":7},"45111821-Generador de sincronización"]
[{"$nulls":7},"45111822-Convertidor de tasa de aspecto de televisión"]
[{"$nulls":7},"45111823-Convertidor de estándares de video"]
[{"$nulls":7},"45111824-Convertidor de sincronización"]
[{"$nulls":7},"45111825-Sincronizador de marco"]
[{"$nulls":7},"45111826-Codificador de grupo de expertos de películas animadas mpeg"]
[{"$nulls":7},"45111827-Verificador de video cintas"]
[{"$nulls":7},"45111828-Teleprónter"]
[{"$nulls":7},"45111829-Cámara de proceso"]
[{"$nulls":7},"45111830-Sistema de video wall"]
[{"$nulls":7},"45111901-Sistemas de audio conferencias"]
[{"$nulls":7},"45111902-Sistemas de video conferencias"]
[{"$nulls":7},"45112001-Dispositivos para ver micro fichas o micro cintas"]
[{"$nulls":7},"45112002-Impresoras lectoras de micro fichas"]
[{"$nulls":7},"45112003-Componentes o accesorios de micro fichas o micro cintas"]
[{"$nulls":7},"45112004-Componentes o accesorios de impresoras lectoras de micro fichas"]
[{"$nulls":7},"45121501-Cámaras fijas"]
[{"$nulls":7},"45121502-Cámaras de impresión instantánea"]
[{"$nulls":7},"45121503-Cámaras desechables"]
[{"$nulls":7},"45121504-Cámaras digitales"]
[{"$nulls":7},"45121505-Cámaras cinematográficas"]
[{"$nulls":7},"45121506-Cámaras de video conferencia"]
[{"$nulls":7},"45121510-Cámaras aéreas"]
[{"$nulls":7},"45121511-Cámaras de alta velocidad"]
[{"$nulls":7},"45121512-Cámaras para debajo del agua"]
[{"$nulls":7},"45121513-Cámaras de offset"]
[{"$nulls":7},"45121514-Cámara fotocopiadora"]
[{"$nulls":7},"45121515-Cámaras grabadoras o video cámaras manuales"]
[{"$nulls":7},"45121516-Cámaras grabadoras o video cámaras digitales"]
[{"$nulls":7},"45121517-Cámaras para documentos"]
[{"$nulls":7},"45121518-Kits de cámaras"]
[{"$nulls":7},"45121519-Cámaras de baja luz"]
[{"$nulls":7},"45121520-Cámaras de web"]
[{"$nulls":7},"45121601-Flashes o iluminación para cámaras"]
[{"$nulls":7},"45121602-Trípodes para cámaras"]
[{"$nulls":7},"45121603-Lentes para cámaras"]
[{"$nulls":7},"45121604-Oclusores para cámaras"]
[{"$nulls":7},"45121605-Marcos de pantalla"]
[{"$nulls":7},"45121606-Arneses para cámaras"]
[{"$nulls":7},"45121607-Bloques o sujetadores para cámaras"]
[{"$nulls":7},"45121608-Ensamblajes para cámaras"]
[{"$nulls":7},"45121609-Abrazaderas para cámaras"]
[{"$nulls":7},"45121610-Cables para cámaras"]
[{"$nulls":7},"45121611-Cubiertas para lentes"]
[{"$nulls":7},"45121612-Mesas para cámaras"]
[{"$nulls":7},"45121613-Contenedores o forros para cámaras"]
[{"$nulls":7},"45121614-Kits de reacondicionamiento"]
[{"$nulls":7},"45121615-Anillos para cámaras"]
[{"$nulls":7},"45121616-Cabezales panorámicos"]
[{"$nulls":7},"45121617-Bolsas para cámaras"]
[{"$nulls":7},"45121618-Adaptadores de lentes para cámaras"]
[{"$nulls":7},"45121619-Billeteras para “picture card”"]
[{"$nulls":7},"45121620-Adaptadores de electricidad para cámaras"]
[{"$nulls":7},"45121621-Adaptadores para “picture card”"]
[{"$nulls":7},"45121622-Limpiadores para lentes de cámara"]
[{"$nulls":7},"45121623-Controladores de cámara"]
[{"$nulls":7},"45121701-Secadores de película"]
[{"$nulls":7},"45121702-Lavadores de película"]
[{"$nulls":7},"45121703-Cortadores de película"]
[{"$nulls":7},"45121704-Editores de película"]
[{"$nulls":7},"45121705-Alargadores fotográficos"]
[{"$nulls":7},"45121706-Cortadoras o bordeadoras de fotografías"]
[{"$nulls":7},"45121801-Cámaras de micro filmado"]
[{"$nulls":7},"45121802-Duplicadores de micro filmado"]
[{"$nulls":7},"45121803-Filtros de cubierta de micro filmado"]
[{"$nulls":7},"45121804-Procesadores de micro filmado"]
[{"$nulls":7},"45121805-Componentes o accesorios de cámara de micro filmado"]
[{"$nulls":7},"45121806-Componentes o accesorios de duplicador de micro filmado"]
[{"$nulls":7},"45121807-Componentes o accesorios de filtro de cubierta de micro filmado"]
[{"$nulls":7},"45121808-Componentes o accesorios de procesadores de micro filmado"]
[{"$nulls":7},"45121809-Suministros de película de micro filmado"]
[{"$nulls":7},"45121810-Componentes o accesorios diversos de micro filmado"]
[{"$nulls":7},"45131501-Película de color"]
[{"$nulls":7},"45131502-Película de blanco y negro"]
[{"$nulls":7},"45131503-Película de fotografía instantánea"]
[{"$nulls":7},"45131505-Película de rayos x"]
[{"$nulls":7},"45131601-Película de cámara de películas animadas"]
[{"$nulls":7},"45131604-Cintas de video en blanco"]
[{"$nulls":7},"45131701-Bandejas u organizadores para filminas"]
[{"$nulls":7},"45141501-Solución reveladora"]
[{"$nulls":7},"45141502-Fijadores"]
[{"$nulls":7},"45141601-Bandejas de revelado"]
[{"$nulls":7},"45141602-Tanques de revelado"]
[{"$nulls":7},"45141603-Pinzas de revelado"]
[{"$nulls":7},"46101501-Ametralladoras"]
[{"$nulls":7},"46101502-Escopetas para la policía p seguridad"]
[{"$nulls":7},"46101503-Rifles militares"]
[{"$nulls":7},"46101504-Pistolas"]
[{"$nulls":7},"46101505-Rifles de aire o pistolas de aire"]
[{"$nulls":7},"46101506-Partes de revólveres o pistolas"]
[{"$nulls":7},"46101601-Municiones de defensa u orden público"]
[{"$nulls":7},"46101701-Sistemas de manipulación de municiones de tanque"]
[{"$nulls":7},"46101702-Sistemas de manipulación de municiones de aeronaves"]
[{"$nulls":7},"46101801-Estuches para revólveres"]
[{"$nulls":7},"46111501-Granadas"]
[{"$nulls":7},"46111502-Minas"]
[{"$nulls":7},"46111503-Bombas de mortero"]
[{"$nulls":7},"46111601-Sistemas de cañón de cadena"]
[{"$nulls":7},"46111602-Sistemas de ametralladora gatling"]
[{"$nulls":7},"46111701-Enfriadores infrarrojos ir"]
[{"$nulls":7},"46111702-Detectores infrarrojos ir"]
[{"$nulls":7},"46111801-Torpedos"]
[{"$nulls":7},"46121501-Misiles aire a aire"]
[{"$nulls":7},"46121502-Misiles antiaéreos"]
[{"$nulls":7},"46121503-Misiles antimisiles"]
[{"$nulls":7},"46121504-Misiles anti barcos"]
[{"$nulls":7},"46121505-Misiles antitanques"]
[{"$nulls":7},"46121506-Misiles balísticos"]
[{"$nulls":7},"46121507-Misiles de crucero"]
[{"$nulls":7},"46121508-Misiles superficie a aire"]
[{"$nulls":7},"46121509-Misiles antibalísticos"]
[{"$nulls":7},"46121510-Misiles superficie a superficie"]
[{"$nulls":7},"46121511-Misiles aire a superficie"]
[{"$nulls":7},"46121512-Misiles de entrenamiento"]
[{"$nulls":7},"46121601-Dispositivos electrónicos de seguridad o armado"]
[{"$nulls":7},"46121602-Elevadores de misiles sólidos"]
[{"$nulls":7},"46121603-Ojivas de misiles"]
[{"$nulls":7},"46121604-Jaladores del pasador de seguridad"]
[{"$nulls":7},"46121605-Ensamblajes de control de reacción de inyección"]
[{"$nulls":7},"46131501-Cohetes multi etapas"]
[{"$nulls":7},"46131502-Cohetes reutilizables"]
[{"$nulls":7},"46131503-Cohetes de una sola etapa"]
[{"$nulls":7},"46131504-Cohetes líquidos"]
[{"$nulls":7},"46131505-Cohetes sólidos"]
[{"$nulls":7},"46131601-Elevadores reutilizables"]
[{"$nulls":7},"46131602-Elevadores sólidos"]
[{"$nulls":7},"46131603-Elevadores multi etapa"]
[{"$nulls":7},"46131604-Elevadores líquidos"]
[{"$nulls":7},"46141501-Lanzadores de misiles"]
[{"$nulls":7},"46141502-Lanzadores de cohetes"]
[{"$nulls":7},"46151501-Barricadas"]
[{"$nulls":7},"46151502-Cascos anti motines"]
[{"$nulls":7},"46151503-Escudos anti motines"]
[{"$nulls":7},"46151504-Armadura para el cuerpo"]
[{"$nulls":7},"46151505-Barreras"]
[{"$nulls":7},"46151506-Bastones anti motines"]
[{"$nulls":7},"46151507-Sistema de control de filas"]
[{"$nulls":7},"46151601-Esposas"]
[{"$nulls":7},"46151602-Cachiporras"]
[{"$nulls":7},"46151604-Analizadores de alcohol"]
[{"$nulls":7},"46151605-Detectores de armas o explosivos y suministros"]
[{"$nulls":7},"46151606-Kits de pruebas de narcóticos"]
[{"$nulls":7},"46151607-Cabos de amarre de seguridad"]
[{"$nulls":7},"46151702-Aplicadores o cepillos de huellas dactilares"]
[{"$nulls":7},"46151703-Tinta de huellas dactilares"]
[{"$nulls":7},"46151704-Removedores de tinta de huellas dactilares"]
[{"$nulls":7},"46151705-Rodillos de tinta para huellas dactilares o de palma de la mano"]
[{"$nulls":7},"46151706-Kit de impresión latente de huellas dactilares"]
[{"$nulls":7},"46151707-Levantadores de huellas dactilares"]
[{"$nulls":7},"46151708-Magnificadores para uso forense"]
[{"$nulls":7},"46151709-Esferos de marcado de huellas dactilares"]
[{"$nulls":7},"46151710-Polvos de huellas dactilares"]
[{"$nulls":7},"46151711-Levantadores de huellas plantares"]
[{"$nulls":7},"46151712-Estaciones de trabajo químico para uso forense"]
[{"$nulls":7},"46151713-Químicos de impresiones latentes para uso forense"]
[{"$nulls":7},"46151714-Gabinetes de secado de evidencia"]
[{"$nulls":7},"46151715-Equipo de huellas dactilares"]
[{"$nulls":7},"46161501-Sistemas de señalización para aeropuertos"]
[{"$nulls":7},"46161502-Sistemas de señalización para ferrocarriles"]
[{"$nulls":7},"46161503-Sistemas de señalización marinos"]
[{"$nulls":7},"46161504-Señales de tráfico"]
[{"$nulls":7},"46161505-Medidores de estacionamiento"]
[{"$nulls":7},"46161506-Máquinas para derretir nieve o hielo"]
[{"$nulls":7},"46161507-Cintas o cadenas de barrera"]
[{"$nulls":7},"46161508-Conos o delineadores de tráfico"]
[{"$nulls":7},"46161509-Paradas de velocidad"]
[{"$nulls":7},"46161510-Sistemas de barrera para puertas"]
[{"$nulls":7},"46161601-Líneas de flotadores"]
[{"$nulls":7},"46161602-Salvavidas"]
[{"$nulls":7},"46161603-Alarmas de piscina"]
[{"$nulls":7},"46161604-Chalecos o protectores salvavidas"]
[{"$nulls":7},"46171501-Candados"]
[{"$nulls":7},"46171502-Candados de cable"]
[{"$nulls":7},"46171503-Sets de candados"]
[{"$nulls":7},"46171504-Candados de botón para oprimir"]
[{"$nulls":7},"46171505-Llaves"]
[{"$nulls":7},"46171506-Cajas fuertes"]
[{"$nulls":7},"46171507-Barras de seguridad"]
[{"$nulls":7},"46171508-Candados de números"]
[{"$nulls":7},"46171509-Gabinetes u organizadores con llave"]
[{"$nulls":7},"46171510-Candados de tiempo"]
[{"$nulls":7},"46171511-Dispositivos de bloqueo"]
[{"$nulls":7},"46171512-Candados de instrumentos"]
[{"$nulls":7},"46171513-Levas de bloqueo"]
[{"$nulls":7},"46171514-Cadenas de seguridad o accesorios"]
[{"$nulls":7},"46171515-Cadenas de llaves o estuches de llaves"]
[{"$nulls":7},"46171516-Guardas para puertas"]
[{"$nulls":7},"46171517-Señales de chapa"]
[{"$nulls":7},"46171602-Alarmas de seguridad"]
[{"$nulls":7},"46171603-Temporizadores de reloj"]
[{"$nulls":7},"46171604-Sistemas de alarma"]
[{"$nulls":7},"46171605-Timbres de puerta"]
[{"$nulls":7},"46171606-Sirenas"]
[{"$nulls":7},"46171607-Timbres de zumbido"]
[{"$nulls":7},"46171608-Detectores de movimiento"]
[{"$nulls":7},"46171609-Espejos convexos de seguridad"]
[{"$nulls":7},"46171610-Cámaras de seguridad"]
[{"$nulls":7},"46171611-Sistemas de identificación de video"]
[{"$nulls":7},"46171612-Monitores de video"]
[{"$nulls":7},"46171613-Detectores de gas"]
[{"$nulls":7},"46171615-Cámaras de optimización de luz o dispositivos de visión"]
[{"$nulls":7},"46171616-Detectores de radar"]
[{"$nulls":7},"46171617-Ojos (mirillas) para puertas"]
[{"$nulls":7},"46171618-Campanas para puertas"]
[{"$nulls":7},"46171619-Sistemas de seguridad o de control de acceso"]
[{"$nulls":7},"46171620-Cortinas de luz de seguridad"]
[{"$nulls":7},"46171621-Grabadoras de video o audio de vigilancia"]
[{"$nulls":7},"46181501-Delantales protectores"]
[{"$nulls":7},"46181502-Chalecos anti balas"]
[{"$nulls":7},"46181503-Overoles de protección"]
[{"$nulls":7},"46181504-Guantes de protección"]
[{"$nulls":7},"46181505-Rodilleras de protección"]
[{"$nulls":7},"46181506-Ponchos de protección"]
[{"$nulls":7},"46181507-Chalecos de seguridad"]
[{"$nulls":7},"46181508-Ropa para demorar el fuego"]
[{"$nulls":7},"46181509-Ropa de protección contra materiales peligrosos"]
[{"$nulls":7},"46181512-Ropa para cuartos de limpieza"]
[{"$nulls":7},"46181514-Protectores de codos"]
[{"$nulls":7},"46181516-Mangas de seguridad"]
[{"$nulls":7},"46181517-Vestidos de aislamiento o de flotación"]
[{"$nulls":7},"46181518-Ropa resistente al calor"]
[{"$nulls":7},"46181520-Protectores de piernas"]
[{"$nulls":7},"46181522-Capuchas de seguridad"]
[{"$nulls":7},"46181525-Ropa impermeable protectora o ropa para ambiente húmedo"]
[{"$nulls":7},"46181526-Camisas protectoras"]
[{"$nulls":7},"46181527-Pantalones protectores"]
[{"$nulls":7},"46181528-Vestido protector"]
[{"$nulls":7},"46181529-Ropa aislante para entornos fríos"]
[{"$nulls":7},"46181530-Forros protectores de dedos"]
[{"$nulls":7},"46181531-Ropa reflectora o accesorios"]
[{"$nulls":7},"46181532-Batas de laboratorio"]
[{"$nulls":7},"46181533-Batas protectoras"]
[{"$nulls":7},"46181534-Muñequeras protectoras"]
[{"$nulls":7},"46181535-Medias o medias largas protectoras"]
[{"$nulls":7},"46181601-Calzado para demorar el fuego"]
[{"$nulls":7},"46181602-Calzado protector contra materiales peligrosos"]
[{"$nulls":7},"46181603-Calzado para cuartos de limpieza"]
[{"$nulls":7},"46181604-Botas de seguridad"]
[{"$nulls":7},"46181605-Zapatos de seguridad"]
[{"$nulls":7},"46181606-Forros para calzado"]
[{"$nulls":7},"46181701-Cascos"]
[{"$nulls":7},"46181702-Escudos faciales"]
[{"$nulls":7},"46181703-Máscaras de soldadura"]
[{"$nulls":7},"46181704-Cascos de seguridad"]
[{"$nulls":7},"46181705-Cascos para motociclistas"]
[{"$nulls":7},"46181706-Partes de cascos o accesorios"]
[{"$nulls":7},"46181707-Partes de escudos faciales o accesorios"]
[{"$nulls":7},"46181801-Sujetadores o estuches de anteojos"]
[{"$nulls":7},"46181802-Anteojos de seguridad"]
[{"$nulls":7},"46181803-Protectores de ojos"]
[{"$nulls":7},"46181804-Gafas protectoras"]
[{"$nulls":7},"46181805-Filtros de despliegue de video"]
[{"$nulls":7},"46181806-Limpiadores de lentes"]
[{"$nulls":7},"46181808-Cubiertas protectoras para gafas de seguridad"]
[{"$nulls":7},"46181809-Ligas para protectores de ojos"]
[{"$nulls":7},"46181810-Lavadores de ojos o estaciones para lavado de ojos"]
[{"$nulls":7},"46181811-Lentes protectores"]
[{"$nulls":7},"46181901-Tapones de oídos"]
[{"$nulls":7},"46181902-Tapa oídos"]
[{"$nulls":7},"46181903-Partes de repuesto o accesorios para tapa oídos"]
[{"$nulls":7},"46182001-Máscaras o accesorios"]
[{"$nulls":7},"46182002-Respiradores"]
[{"$nulls":7},"46182003-Máscaras de gas"]
[{"$nulls":7},"46182004-Aparatos respiratorios auto contenidos que suministran aire para respirar o accesorios"]
[{"$nulls":7},"46182005-Filtros o accesorios para máscaras o respiradores"]
[{"$nulls":7},"46182006-Películas protectoras"]
[{"$nulls":7},"46182007-Sistema de respirador accionado purificador de aire papr o accesorios"]
[{"$nulls":7},"46182101-Muñequeras antiestáticas"]
[{"$nulls":7},"46182102-Correas de conexión a tierra para el talón"]
[{"$nulls":7},"46182103-Hardware de conexión a tierra"]
[{"$nulls":7},"46182104-Esterillas de piso antiestáticas"]
[{"$nulls":7},"46182105-Esterillas de mesa de trabajo antiestáticas"]
[{"$nulls":7},"46182106-Cinturones antiestáticos"]
[{"$nulls":7},"46182107-Kits de mantenimiento antiestáticos"]
[{"$nulls":7},"46182108-Correas antiestáticas para los dedos de los pies"]
[{"$nulls":7},"46182201-Cinturones de soporte de la espalda"]
[{"$nulls":7},"46182202-Soportes para codos"]
[{"$nulls":7},"46182203-Descansos de soporte para la espalda"]
[{"$nulls":7},"46182204-Férulas para la muñeca"]
[{"$nulls":7},"46182205-Descansos para los pies"]
[{"$nulls":7},"46182206-Descansos para las muñecas"]
[{"$nulls":7},"46182207-Soportes para las pantorrillas"]
[{"$nulls":7},"46182208-Plantillas para zapatos"]
[{"$nulls":7},"46182209-Soportes para las rodillas"]
[{"$nulls":7},"46182301-Salvavidas o equipo salvavidas"]
[{"$nulls":7},"46182302-Acollador de protección contra caídas"]
[{"$nulls":7},"46182303-Rebobinadores de arneses de seguridad"]
[{"$nulls":7},"46182304-Conector de anclaje"]
[{"$nulls":7},"46182305-Acollador de auto retracción"]
[{"$nulls":7},"46182306-Arneses o cinturones de seguridad"]
[{"$nulls":7},"46182401-Ducha de descontaminación"]
[{"$nulls":7},"46182402-Unidades de lavado de seguridad"]
[{"$nulls":7},"46182501-Aerosol de pimienta"]
[{"$nulls":7},"46182502- Luz de seguridad personal"]
[{"$nulls":7},"46182503-Alarma de subtensión"]
[{"$nulls":7},"46182504-Panel de control de alarma contra incendios"]
[{"$nulls":7},"46182505-Detector de fugas a tierra y alarma contra incendios"]
[{"$nulls":7},"46182506-Equipo de blindaje EMI de interferencia electromagnética"]
[{"$nulls":7},"46182507-Material de blindaje EMI de interferencia electromagnética"]
[{"$nulls":7},"46182508-Pistola de Electroshock"]
[{"$nulls":7},"46191501-Detectores de humo"]
[{"$nulls":7},"46191502-Detectores de calor"]
[{"$nulls":7},"46191503-Recubrimientos o plastilinas o sellantes resistentes al calor"]
[{"$nulls":7},"46191504-Detectores de llama"]
[{"$nulls":7},"46191505-Sistemas de alarma contra incendios"]
[{"$nulls":7},"46191601-Extintores"]
[{"$nulls":7},"46191602-Sistemas de rociado para incendio"]
[{"$nulls":7},"46191603-Mangueras o boquillas para incendios"]
[{"$nulls":7},"46191604-Cobijas para incendios"]
[{"$nulls":7},"46191605-Herramientas manuales de supresión de incendios"]
[{"$nulls":7},"46191606-Espuma de supresión de incendios o compuestos similares"]
[{"$nulls":7},"46191607-Aparatos respiratorios para incendios"]
[{"$nulls":7},"46191608-Sistema de supresión de incendios"]
[{"$nulls":7},"46191609-Equipos de escape de incendios"]
[{"$nulls":7},"46191610-Cabezales de rociadores de incendios"]
[{"$nulls":7},"47101501-Equipo de carbón activado"]
[{"$nulls":7},"47101502-Equipo de remoción de amoniaco"]
[{"$nulls":7},"47101503-Equipo de filtración de carbón"]
[{"$nulls":7},"47101504-Equipo de remoción de bacterias"]
[{"$nulls":7},"47101505-Equipo de manejo de cloro"]
[{"$nulls":7},"47101506-Equipo de control de corrosión"]
[{"$nulls":7},"47101507-Cámaras de sílice"]
[{"$nulls":7},"47101508-Equipos de desalinización"]
[{"$nulls":7},"47101509-Equipos de fluorización"]
[{"$nulls":7},"47101510-Equipos de remoción de hierro"]
[{"$nulls":7},"47101511-Equipos de intercambio de hierro"]
[{"$nulls":7},"47101512-Mezcladores o agitadores"]
[{"$nulls":7},"47101513-Generadores de oxígeno"]
[{"$nulls":7},"47101514-Equipos de purificación de agua"]
[{"$nulls":7},"47101516-Medidores de turbiedad"]
[{"$nulls":7},"47101517-Equipos de desinfección ultravioleta"]
[{"$nulls":7},"47101518-Acondicionadores de agua"]
[{"$nulls":7},"47101519-Accesorios para suavizar el agua"]
[{"$nulls":7},"47101521-Equipos de ultra filtrado"]
[{"$nulls":7},"47101522-Sistemas empacados de tratamiento de agua"]
[{"$nulls":7},"47101523-Tanques de recolección"]
[{"$nulls":7},"47101524-Equipos de compostaje de barro o algas"]
[{"$nulls":7},"47101525-Equipo de desagüe"]
[{"$nulls":7},"47101526-Máquinas de peletización de lodo"]
[{"$nulls":7},"47101527-Trituradores de lodo"]
[{"$nulls":7},"47101528-Secadores para tratamiento de agua"]
[{"$nulls":7},"47101529-Incineradores"]
[{"$nulls":7},"47101530-Equipo de control de olores"]
[{"$nulls":7},"47101531-Tanques sépticos"]
[{"$nulls":7},"47101532-Tanques de asentamiento"]
[{"$nulls":7},"47101533-Estaciones de elevación"]
[{"$nulls":7},"47101534-Distribuidores de aguas residuales"]
[{"$nulls":7},"47101535-Equipo de disposición de lodo"]
[{"$nulls":7},"47101536-Recolectores de lodo"]
[{"$nulls":7},"47101537-Equipo acondicionador de lodo"]
[{"$nulls":7},"47101538-Tanques digestores de lodo o aguas residuales"]
[{"$nulls":7},"47101539-Equipo de remoción de lodo o aguas residuales"]
[{"$nulls":7},"47101601-Alguicidas"]
[{"$nulls":7},"47101602-Anti incrustante"]
[{"$nulls":7},"47101603-Limpiadores anti calcáreos"]
[{"$nulls":7},"47101604-Químicos de alimentación de calderas"]
[{"$nulls":7},"47101605-Químicos de remoción bacteriana"]
[{"$nulls":7},"47101606-Químicos de control de corrosión"]
[{"$nulls":7},"47101607-Químicos de control de olor"]
[{"$nulls":7},"47101608-Floculantes"]
[{"$nulls":7},"47101609-Microbicidas"]
[{"$nulls":7},"47101610-Compuestos para suavizar el agua"]
[{"$nulls":7},"47101611-Demulsificantes"]
[{"$nulls":7},"47101612-Polielectrolitos"]
[{"$nulls":7},"47101613-Soluciones de neutralización"]
[{"$nulls":7},"47111501-Máquinas lavadoras o secadoras combinadas tipo lavandería"]
[{"$nulls":7},"47111502-Máquinas lavadoras tipo lavandería"]
[{"$nulls":7},"47111503-Secadoras de ropa"]
[{"$nulls":7},"47111505-Puestos para equipos de lavandería"]
[{"$nulls":7},"47111601-Máquinas para planchar o prensas"]
[{"$nulls":7},"47111602-Máquinas para doblar"]
[{"$nulls":7},"47111603-Máquinas de vapor para planchar"]
[{"$nulls":7},"47111701-Máquinas de lavado en seco"]
[{"$nulls":7},"47121501-Carritos de portero"]
[{"$nulls":7},"47121502-Accesorios de carrito de portero"]
[{"$nulls":7},"47121602-Aspiradoras"]
[{"$nulls":7},"47121603-Brilladoras de pisos"]
[{"$nulls":7},"47121604-Aspiradoras de combinación secas o húmedas"]
[{"$nulls":7},"47121605-Depuradores para pisos"]
[{"$nulls":7},"47121606-Barredoras de alfombras"]
[{"$nulls":7},"47121607-Suministros o accesorios de aspiradoras"]
[{"$nulls":7},"47121608-Almohadillas de máquinas de piso"]
[{"$nulls":7},"47121609-Equipo de limpieza de alfombras"]
[{"$nulls":7},"47121610-Máquina para lavar pisos"]
[{"$nulls":7},"47121611-Raspadores de pisos"]
[{"$nulls":7},"47121612-Barredoras para pisos"]
[{"$nulls":7},"47121613-Accesorios para brilladoras de pisos"]
[{"$nulls":7},"47121701-Bolsas de basura"]
[{"$nulls":7},"47121702-Contenedores de desperdicios o revestimientos rígidos"]
[{"$nulls":7},"47121703-Urnas de incineración o accesorios"]
[{"$nulls":7},"47121704-Tapas de contenedores de basura"]
[{"$nulls":7},"47121705-Bolsas de arena para urnas de incineración"]
[{"$nulls":7},"47121706-Ceniceros"]
[{"$nulls":7},"47121707-Bolsas para mareo"]
[{"$nulls":7},"47121708-Bolsas higiénicas"]
[{"$nulls":7},"47121801-Plumeros para limpiar el polvo"]
[{"$nulls":7},"47121802-Removedores de pelusa"]
[{"$nulls":7},"47121803-Esponjas o esponjillas"]
[{"$nulls":7},"47121804-Baldes para limpieza"]
[{"$nulls":7},"47121805-Limpiadores de presión o de vapor"]
[{"$nulls":7},"47121806-Escurridor de trapero"]
[{"$nulls":7},"47121807-Émbolo del lavaplatos o inodoro"]
[{"$nulls":7},"47121808-Equipo de limpieza de drenajes o tubos"]
[{"$nulls":7},"47121809-Sartenes desengrasantes"]
[{"$nulls":7},"47121810-Dispensador de trapos para limpiar"]
[{"$nulls":7},"47121811-Máquinas para limpiar ductos"]
[{"$nulls":7},"47121812-Raspadores de limpieza"]
[{"$nulls":7},"47121813-Cuchillas de repuesto para raspadores"]
[{"$nulls":7},"47121901-Cartucheras para esponjas o esponjillas"]
[{"$nulls":7},"47121902-Accesorios para esponjas o esponjillas"]
[{"$nulls":7},"47121903-Accesorios para limpiadores de vapor o presión"]
[{"$nulls":7},"47131501-Trapos"]
[{"$nulls":7},"47131502-Pañitos o toallas para limpiar"]
[{"$nulls":7},"47131503-Gamuzas o cueros para lavar"]
[{"$nulls":7},"47131601-Cepillos o recogedores para polvo"]
[{"$nulls":7},"47131602-Almohadillas para restregar"]
[{"$nulls":7},"47131603-Esponjas"]
[{"$nulls":7},"47131604-Escobas"]
[{"$nulls":7},"47131605-Cepillos de limpieza"]
[{"$nulls":7},"47131608-Cepillos de baño"]
[{"$nulls":7},"47131609-Manijas de escobas o traperos"]
[{"$nulls":7},"47131610-Aplicador de terminado para pisos"]
[{"$nulls":7},"47131611-Recogedor de basura"]
[{"$nulls":7},"47131612-Cauchos de repuesto"]
[{"$nulls":7},"47131613-Sujetador de traperos o escobas"]
[{"$nulls":7},"47131614-Pinzas para equipos de limpieza"]
[{"$nulls":7},"47131615-Cabezas de escoba"]
[{"$nulls":7},"47131616-Sujetadores de pañitos de limpieza"]
[{"$nulls":7},"47131617-Traperos para polvo"]
[{"$nulls":7},"47131618-Traperos húmedos"]
[{"$nulls":7},"47131619-Cabezas de traperos"]
[{"$nulls":7},"47131701-Dispensadores de toallas de papel"]
[{"$nulls":7},"47131702-Dispensadores de productos sanitarios"]
[{"$nulls":7},"47131703-Receptáculos para residuos sanitarios"]
[{"$nulls":7},"47131704-Dispensadores institucionales de jabón o loción"]
[{"$nulls":7},"47131705-Accesorios para urinales o inodoros"]
[{"$nulls":7},"47131706-Dispensadores de ambientadores"]
[{"$nulls":7},"47131707-Secadores de manos institucionales"]
[{"$nulls":7},"47131708-Dispensador de papel de seda del cuarto de baño"]
[{"$nulls":7},"47131709-Dispensadores de pañuelos faciales"]
[{"$nulls":7},"47131710-Dispensadores de papel higiénico"]
[{"$nulls":7},"47131711-Dispensadores de limpiador"]
[{"$nulls":7},"47131801-Limpiadores de pisos"]
[{"$nulls":7},"47131802-Terminados o ceras para pisos"]
[{"$nulls":7},"47131803-Desinfectantes para uso doméstico"]
[{"$nulls":7},"47131804-Limpiadores de amoniaco"]
[{"$nulls":7},"47131805-Limpiadores de propósito general"]
[{"$nulls":7},"47131806-Pulidores o ceras para muebles"]
[{"$nulls":7},"47131807-Blanqueadores"]
[{"$nulls":7},"47131808-Germicida seco"]
[{"$nulls":7},"47131809-Productos para limpiar o brillar zapatos"]
[{"$nulls":7},"47131810-Productos para el lavaplatos"]
[{"$nulls":7},"47131811-Productos de lavandería"]
[{"$nulls":7},"47131812-Refrescador de aire"]
[{"$nulls":7},"47131813-Limpiador de pantallas"]
[{"$nulls":7},"47131814-Limpiadores o pulidores de metales"]
[{"$nulls":7},"47131815-Limpiador de drenajes"]
[{"$nulls":7},"47131816-Desodorantes"]
[{"$nulls":7},"47131817-Protectores de uso doméstico o para automotores"]
[{"$nulls":7},"47131818-Antiséptico de aire"]
[{"$nulls":7},"47131819-Limpiadores cáusticos"]
[{"$nulls":7},"47131820-Limpiadores derivados del petróleo"]
[{"$nulls":7},"47131821-Compuestos desengrasantes"]
[{"$nulls":7},"47131822-Compuestos para remover carbón"]
[{"$nulls":7},"47131823-Descongelantes o deshieladores"]
[{"$nulls":7},"47131824-Limpiadores de vidrio o ventanas"]
[{"$nulls":7},"47131825-Limpiadores de superficie de contacto"]
[{"$nulls":7},"47131826-Limpiadores de alfombras o tapizados"]
[{"$nulls":7},"47131827-Limpiadores o removedores de manchas"]
[{"$nulls":7},"47131828-Limpiadores de automotores"]
[{"$nulls":7},"47131829-Limpiadores de baños"]
[{"$nulls":7},"47131830-Limpiadores de muebles"]
[{"$nulls":7},"47131831-Ácido muriático"]
[{"$nulls":7},"47131832-Productos anti polvo"]
[{"$nulls":7},"47131833-Antisépticos para uso en alimentos"]
[{"$nulls":7},"47131834-Soluciones para limpiar joyas"]
[{"$nulls":7},"47131901-Almohadillas absorbentes"]
[{"$nulls":7},"47131902-Absorbentes granulares"]
[{"$nulls":7},"47131903-Compuesto taponador"]
[{"$nulls":7},"47131904-Medias absorbentes"]
[{"$nulls":7},"47131905-Kits para derrames"]
[{"$nulls":7},"47131906-Bandejas absorbentes"]
[{"$nulls":7},"47131907-Escobas absorbentes"]
[{"$nulls":7},"47131908-Almohadas absorbentes"]
[{"$nulls":7},"47131909-Almohadillas o rollos absorbentes"]
[{"$nulls":7},"47132101-Kits de limpieza industrial"]
[{"$nulls":7},"47132102-Kits de limpieza para uso general"]
[{"$nulls":7},"48101501-Baños maría para uso comercial"]
[{"$nulls":7},"48101502-Hornos de barbecue para uso comercial"]
[{"$nulls":7},"48101503-Asadores de uso comercial"]
[{"$nulls":7},"48101504-Parrillas de carbón para uso comercial"]
[{"$nulls":7},"48101505-Cafeteras o máquinas para hacer té helado de uso comercial"]
[{"$nulls":7},"48101506-Calentadoras de café para uso comercial"]
[{"$nulls":7},"48101507-Hornos de convección para uso comercial"]
[{"$nulls":7},"48101508-Tostadoras sinfín para uso comercial"]
[{"$nulls":7},"48101509-Freidoras para uso comercial"]
[{"$nulls":7},"48101510-Calentadoras de comida para uso comercial"]
[{"$nulls":7},"48101511-Planchas para uso comercial"]
[{"$nulls":7},"48101512-Parrillas metálicas para uso comercial"]
[{"$nulls":7},"48101513-Lámparas de calor para uso comercial"]
[{"$nulls":7},"48101514-Ollas de vapor de alta presión para uso comercial"]
[{"$nulls":7},"48101515-Parrillas para perros calientes para uso comercial"]
[{"$nulls":7},"48101516-Hornos microondas para uso comercial"]
[{"$nulls":7},"48101517-Hornos para uso comercial"]
[{"$nulls":7},"48101518-Ollas para cocinar pasta para uso comercial"]
[{"$nulls":7},"48101519-Hornos de pizza para uso comercial"]
[{"$nulls":7},"48101520-Máquinas de maíz pira para uso comercial"]
[{"$nulls":7},"48101521-Planchas de estufa para uso comercial"]
[{"$nulls":7},"48101522-Asadores para uso comercial"]
[{"$nulls":7},"48101523-Ahumadores u hornos para ahumar para uso comercial"]
[{"$nulls":7},"48101524-Ollas de vapor para uso comercial"]
[{"$nulls":7},"48101525-Tostadoras para uso comercial"]
[{"$nulls":7},"48101526-Hierros para waffles para uso comercial"]
[{"$nulls":7},"48101527-Barbecues"]
[{"$nulls":7},"48101528-Máquinas de crepes para uso comercial"]
[{"$nulls":7},"48101529-Ollas de presión o freidoras de presión"]
[{"$nulls":7},"48101530-Ollas arroceras para uso comercial"]
[{"$nulls":7},"48101531-Ollas o calderas para salmón para uso comercial"]
[{"$nulls":7},"48101532-Máquinas o accesorios para algodón dulce para uso comercial"]
[{"$nulls":7},"48101601-Mezcladores para uso comercial"]
[{"$nulls":7},"48101602-Abrelatas eléctricos para uso comercial"]
[{"$nulls":7},"48101603-Cortadores o cortadores en cubos o en dados para uso comercial"]
[{"$nulls":7},"48101604-Moledoras de café para uso comercial"]
[{"$nulls":7},"48101605-Moledoras de alimentos para uso comercial"]
[{"$nulls":7},"48101606-Rallos para uso comercial"]
[{"$nulls":7},"48101607-Exprimidores de jugo para uso comercial"]
[{"$nulls":7},"48101608-Licuadoras para uso comercial"]
[{"$nulls":7},"48101609-Máquinas de pasta para uso comercial"]
[{"$nulls":7},"48101610-Peladores para uso comercial"]
[{"$nulls":7},"48101611-Escalas para uso comercial"]
[{"$nulls":7},"48101612-Procesadores de alimentos para uso comercial"]
[{"$nulls":7},"48101613-Máquinas de amasar para uso comercial"]
[{"$nulls":7},"48101614-Sets o bolsas para hielo para uso comercial"]
[{"$nulls":7},"48101615-Lavadoras de platos para uso comercial"]
[{"$nulls":7},"48101616-Tajadores de alimentos para uso comercial"]
[{"$nulls":7},"48101617-Espátulas plásticas para uso comercial"]
[{"$nulls":7},"48101701-Dispensador de bebidas carbonatadas"]
[{"$nulls":7},"48101702-Dispensador de bebidas no carbonatadas"]
[{"$nulls":7},"48101703-Dispensadores de leche"]
[{"$nulls":7},"48101704-Bombas de melaza (syrup)"]
[{"$nulls":7},"48101705-Máquinas de cappuccino o expreso"]
[{"$nulls":7},"48101706-Máquinas de leche malteada"]
[{"$nulls":7},"48101707-Máquinas de helados suaves"]
[{"$nulls":7},"48101708-Máquinas de granizados"]
[{"$nulls":7},"48101709-Dispensadores de hielo"]
[{"$nulls":7},"48101710-Fuentes o contenedores de burbujeo de bebidas"]
[{"$nulls":7},"48101711-Dispensadores de agua embotellada o accesorios"]
[{"$nulls":7},"48101712-Dispensadores de tazas"]
[{"$nulls":7},"48101713-Mezcladores de cócteles o accesorios"]
[{"$nulls":7},"48101714-Dispensadores de agua caliente"]
[{"$nulls":7},"48101715-Máquina ralladora de hielo"]
[{"$nulls":7},"48101801-Cubiertos para uso comercial"]
[{"$nulls":7},"48101802-Moldes para uso comercial"]
[{"$nulls":7},"48101803-Cucharones para uso comercial"]
[{"$nulls":7},"48101804-Tazas medidoras para uso comercial"]
[{"$nulls":7},"48101805-Tazones para mezclar para uso comercial"]
[{"$nulls":7},"48101806-Latas de ponqués o pies para uso comercial"]
[{"$nulls":7},"48101807-Latas de pizza para uso comercial"]
[{"$nulls":7},"48101808-Sartenes de salsa o para sofreír para uso comercial"]
[{"$nulls":7},"48101809-Ollas para salsas o cocción para uso comercial"]
[{"$nulls":7},"48101810-Tapas para sartenes u ollas para uso comercial"]
[{"$nulls":7},"48101811-Rodillos de amasar para uso comercial"]
[{"$nulls":7},"48101812-Coladeras para uso comercial"]
[{"$nulls":7},"48101813-Batidoras manuales para uso comercial"]
[{"$nulls":7},"48101814-Woks para uso comercial"]
[{"$nulls":7},"48101815-Cucharas de servir para uso comercial"]
[{"$nulls":7},"48101816-Bolsa para cubiertos para uso comercial"]
[{"$nulls":7},"48101817-Equipos o moldes para decorar ponqués"]
[{"$nulls":7},"48101901-Vajilla fina para servicio de comidas"]
[{"$nulls":7},"48101902-Cubertería para servicio de comidas"]
[{"$nulls":7},"48101903-Vasos para servicio de comidas"]
[{"$nulls":7},"48101904-Copas para servicio de comidas"]
[{"$nulls":7},"48101905-Tazas o tazones (mugs) para servicio de comidas"]
[{"$nulls":7},"48101906-Canastas para servir para servicio de comidas"]
[{"$nulls":7},"48101907-Jarras para servicio de comidas"]
[{"$nulls":7},"48101908-Ollas para servicio de comidas"]
[{"$nulls":7},"48101909-Teteras o cafeteras para servicio de comidas"]
[{"$nulls":7},"48101910-Vasijas de barro para servicio de comidas"]
[{"$nulls":7},"48101911-Baldes de hielo o baldes para enfriar el vino para servicio de comidas"]
[{"$nulls":7},"48101912-Dispensadores de condimentos para servicio de comidas"]
[{"$nulls":7},"48101913-Tazones de ponche para servicio de comidas"]
[{"$nulls":7},"48101914-Botellones de vino para servicio de comidas"]
[{"$nulls":7},"48101915-Bandejas para servicio de comidas"]
[{"$nulls":7},"48101916-Dispensadores de servilletas para servicio de comidas"]
[{"$nulls":7},"48101917-Aparatos de fondue para servicio de comidas"]
[{"$nulls":7},"48101918-Rollos para cubrir la mesa para servicio de comidas"]
[{"$nulls":7},"48101919-Vasos o tazas o tazones (mugs) o tapas de contenedores para servicio de comidas"]
[{"$nulls":7},"48101920-Dispensadores de pitillos"]
[{"$nulls":7},"48102001-Sillas para restaurantes"]
[{"$nulls":7},"48102002-Cabinas para restaurantes"]
[{"$nulls":7},"48102003-Barras de ensalada"]
[{"$nulls":7},"48102004-Superficies de mesa"]
[{"$nulls":7},"48102005-Taburetes de bar"]
[{"$nulls":7},"48102006-Bares permanentes"]
[{"$nulls":7},"48102007-Bares portátiles"]
[{"$nulls":7},"48102101-Mostradores"]
[{"$nulls":7},"48102102-Mostradores para mantener caliente la comida"]
[{"$nulls":7},"48102103-Mostradores refrigerados"]
[{"$nulls":7},"48102104-Mostradores para helados"]
[{"$nulls":7},"48102105-Equipos para enfriar vasos"]
[{"$nulls":7},"48102106-Contenedores fríos"]
[{"$nulls":7},"48102107-Guantes para abastecimiento de comidas por encargo (catering) o dispensadores de guantes"]
[{"$nulls":7},"48111001-Máquinas dispensadoras de porciones únicas con tazas"]
[{"$nulls":7},"48111002-Maquinas dispensadoras de cantidades grandes"]
[{"$nulls":7},"48111101-Máquinas expendedoras de botellas o latas"]
[{"$nulls":7},"48111102-Máquinas de bolas de dulce o novedades para niños"]
[{"$nulls":7},"48111103-Máquinas exhibidoras de snacks o productos en paquetes pequeños"]
[{"$nulls":7},"48111104-Máquinas expendedoras de comidas a la carta"]
[{"$nulls":7},"48111105-Máquinas de confitería helada"]
[{"$nulls":7},"48111106-Dispensadores de ítems de acomodación personal"]
[{"$nulls":7},"48111107-Máquinas de cigarrillos"]
[{"$nulls":7},"48111108-Dispensadores de medicamentos"]
[{"$nulls":7},"48111201-Máquinas expendedoras de papas a la francesa"]
[{"$nulls":7},"48111202-Máquinas expendedoras de maíz pira"]
[{"$nulls":7},"48111301-Máquinas expendedoras de boletas"]
[{"$nulls":7},"48111302-Máquinas expendedoras de pólizas de seguros"]
[{"$nulls":7},"48111303-Máquinas de estampillas"]
[{"$nulls":7},"48111401-Máquinas de cajero automático atm"]
[{"$nulls":7},"48111402-Máquinas para cambiar billetes en monedas"]
[{"$nulls":7},"48111403-Máquinas para cambiar moneda extranjera"]
[{"$nulls":7},"48111404-Equipos de transferencia electrónica de fondos para puntos de venta"]
[{"$nulls":7},"48111405-Accesorios para máquinas de cajero automático"]
[{"$nulls":7},"48121101-Máquinas de póker o tragamonedas"]
[{"$nulls":7},"48121201-Ruedas de ruleta"]
[{"$nulls":7},"48121202-Mesas de naipes"]
[{"$nulls":7},"48121301-Sistemas de manejo de mesas de juego"]
[{"$nulls":7},"48121302-Juegos de apuestas en red"]
[{"$nulls":7},"48131501-Cajas de cenizas funerarias o urnas de cremación."]
[{"$nulls":7},"48131502-Ataúdes"]
[{"$nulls":7},"48131503-N/A"]
[{"$nulls":7},"48131504-Lápidas"]
[{"$nulls":7},"49101601-Antigüedades"]
[{"$nulls":7},"49101602-Recuerdos (souvenirs)"]
[{"$nulls":7},"49101603-Colecciones de monedas"]
[{"$nulls":7},"49101604-Colecciones de estampillas"]
[{"$nulls":7},"49101605-Alfombras antiguas"]
[{"$nulls":7},"49101606-Artículos excavados"]
[{"$nulls":7},"49101607-Colecciones de historietas cómicas"]
[{"$nulls":7},"49101608-Instrumentos musicales antiguos"]
[{"$nulls":7},"49101609-Ornamentos o decoraciones"]
[{"$nulls":7},"49101611-Amuletos"]
[{"$nulls":7},"49101612-Hologramas"]
[{"$nulls":7},"49101613-Cristales de vidrio"]
[{"$nulls":7},"49101701-Medallas"]
[{"$nulls":7},"49101702-Trofeos"]
[{"$nulls":7},"49101704-Placas"]
[{"$nulls":7},"49101705-Certificados"]
[{"$nulls":7},"49101706-Premios de fotografía"]
[{"$nulls":7},"49101707-Certificado de logro"]
[{"$nulls":7},"49101708-Coronas"]
[{"$nulls":7},"49121502-Almohadas para dormir para acampar"]
[{"$nulls":7},"49121503-Carpas"]
[{"$nulls":7},"49121504-Sleeping bags (bolsas para dormir)"]
[{"$nulls":7},"49121505-Cajas de hielo"]
[{"$nulls":7},"49121506-Kit de reparación de carpas"]
[{"$nulls":7},"49121507-Colchones neumáticos"]
[{"$nulls":7},"49121508-Mosquiteros"]
[{"$nulls":7},"49121509-Estufas para acampar o para exteriores"]
[{"$nulls":7},"49121510-Enfriadores de bebidas"]
[{"$nulls":7},"49121601-Asientos o taburetes para acampar"]
[{"$nulls":7},"49121602-Mesas para acampar"]
[{"$nulls":7},"49121603-Catres para acampar"]
[{"$nulls":7},"49131501-Cañas de pescar"]
[{"$nulls":7},"49131502-Hilo de pesca"]
[{"$nulls":7},"49131503-Carreteles de pesca"]
[{"$nulls":7},"49131504-Cebos para pesca"]
[{"$nulls":7},"49131505-Carnadas"]
[{"$nulls":7},"49131506-Pesas para pesca"]
[{"$nulls":7},"49131601-Llamadas de animales"]
[{"$nulls":7},"49131602-Señuelos para deportes"]
[{"$nulls":7},"49131603-Trampas para deportes"]
[{"$nulls":7},"49131604-Escopetas para deportes"]
[{"$nulls":7},"49131605-Rifles para deportes"]
[{"$nulls":7},"49131606-Munición para deportes"]
[{"$nulls":7},"49131607-Cañones de escopetas"]
[{"$nulls":7},"49141501-Compensadores de flotación"]
[{"$nulls":7},"49141502-Tanques de buceo"]
[{"$nulls":7},"49141503-Reguladores para buceo"]
[{"$nulls":7},"49141504-Instrumentos de buceo o accesorios"]
[{"$nulls":7},"49141505-Máscaras o aletas o esnórqueles"]
[{"$nulls":7},"49141506-Trajes isotérmicos"]
[{"$nulls":7},"49141507-Trajes secos"]
[{"$nulls":7},"49141602-Tablas de esquí acuático o tablas para arrodillarse o boogieboards"]
[{"$nulls":7},"49141603-Esquís acuáticos o accesorios"]
[{"$nulls":7},"49141604-Equipos de windsurfing"]
[{"$nulls":7},"49141605-Tablas de surf"]
[{"$nulls":7},"49141606-Anteojos de natación o aletas de natación"]
[{"$nulls":7},"49141607-Equipo de paravelismo"]
[{"$nulls":7},"49151501-Botas de esquí"]
[{"$nulls":7},"49151502-Esquís"]
[{"$nulls":7},"49151503-Varillas de esquí"]
[{"$nulls":7},"49151504-Amarres"]
[{"$nulls":7},"49151505-Tablas de esquí en nieve"]
[{"$nulls":7},"49151601-Discos de hockey"]
[{"$nulls":7},"49151602-Patines de hielo"]
[{"$nulls":7},"49151603-Palos de hockey"]
[{"$nulls":7},"49161501-Toboganes de bloqueo para futbol"]
[{"$nulls":7},"49161502-Guantes de beisbol"]
[{"$nulls":7},"49161503-Pelotas de beisbol"]
[{"$nulls":7},"49161504-Balones de futbol"]
[{"$nulls":7},"49161505-Balones de soccer"]
[{"$nulls":7},"49161506-Bates de beisbol"]
[{"$nulls":7},"49161507-Bases de beisbol"]
[{"$nulls":7},"49161508-Máquinas para lanzar (pitching)"]
[{"$nulls":7},"49161509-Balones de softbol"]
[{"$nulls":7},"49161510-Muñecos para jugadas de futbol"]
[{"$nulls":7},"49161511-Palos de lacrosse"]
[{"$nulls":7},"49161512-Pelotas de lacrosse"]
[{"$nulls":7},"49161513-Palos de hockey de campo"]
[{"$nulls":7},"49161514-Bolas de hockey de campo"]
[{"$nulls":7},"49161515-Pelotas de equipos de balonmano"]
[{"$nulls":7},"49161516-Sets escolares de equipos de balonmano"]
[{"$nulls":7},"49161517-Equipo protector para beisbol o softbol"]
[{"$nulls":7},"49161518-Ayudas para batear en beisbol"]
[{"$nulls":7},"49161519-Defensas traseras o cercas para beisbol"]
[{"$nulls":7},"49161520-Bates de softbol"]
[{"$nulls":7},"49161521-Guantes de softbol"]
[{"$nulls":7},"49161522-Tees de patada para futbol"]
[{"$nulls":7},"49161523-Equipo de futbol de bandera"]
[{"$nulls":7},"49161524-Equipo de marcado de campo para soccer"]
[{"$nulls":7},"49161525-Equipo protector para soccer"]
[{"$nulls":7},"49161526-Ayudas de entrenamiento para soccer"]
[{"$nulls":7},"49161601-Raquetas de racquetball"]
[{"$nulls":7},"49161602-Raquetas de bádminton"]
[{"$nulls":7},"49161603-Pelotas de básquetbol"]
[{"$nulls":7},"49161604-Pelotas de tenis"]
[{"$nulls":7},"49161605-Pelotas de racquet"]
[{"$nulls":7},"49161606-Pelotas de squash"]
[{"$nulls":7},"49161607-Raquetas de tenis"]
[{"$nulls":7},"49161608-Balones de voleibol"]
[{"$nulls":7},"49161609-Gallitos de bádminton"]
[{"$nulls":7},"49161610-Raquetas de squash"]
[{"$nulls":7},"49161611-Ayudas de entrenamiento para tenis"]
[{"$nulls":7},"49161612-Equipo de cancha de tenis"]
[{"$nulls":7},"49161613-Almacenamiento para balones o redes de voleibol"]
[{"$nulls":7},"49161614-Estándares gimnásticos para voleibol"]
[{"$nulls":7},"49161615-Sistemas de juego completo para basquetbol"]
[{"$nulls":7},"49161616-Equipo protector para hockey de piso"]
[{"$nulls":7},"49161617-Postes para red"]
[{"$nulls":7},"49161618-Espiros"]
[{"$nulls":7},"49161619-Cuerdas para raquetas"]
[{"$nulls":7},"49161620-Agarres (“grips”) para raquetas"]
[{"$nulls":7},"49161701-Jabalinas"]
[{"$nulls":7},"49161702-Barras para saltar"]
[{"$nulls":7},"49161703-Discos"]
[{"$nulls":7},"49161704-Balas de lanzamiento"]
[{"$nulls":7},"49161705-Garrochas"]
[{"$nulls":7},"49161706-Obstáculos"]
[{"$nulls":7},"49161707-Bastones"]
[{"$nulls":7},"49171501-Barras o postes gimnásticos"]
[{"$nulls":7},"49171502-Cuerdas o anillos o accesorios para trepar gimnásticos"]
[{"$nulls":7},"49171503-Equipo de garrocha para uso gimnástico"]
[{"$nulls":7},"49171504-Trampolines para uso gimnástico"]
[{"$nulls":7},"49171505-Equipo de equilibrio"]
[{"$nulls":7},"49171601-Rings para boxeo"]
[{"$nulls":7},"49171602-Sacos de boxeo"]
[{"$nulls":7},"49171603-Guantes de boxeo"]
[{"$nulls":7},"49181501-Mesas de billar"]
[{"$nulls":7},"49181502-Tacos de pool"]
[{"$nulls":7},"49181503-Juegos de tejo"]
[{"$nulls":7},"49181504-Juegos de pinball"]
[{"$nulls":7},"49181505-Bolas de billar"]
[{"$nulls":7},"49181506-Mesas para hockey aéreo o accesorios"]
[{"$nulls":7},"49181507-Mesas de tenis (ping pong)"]
[{"$nulls":7},"49181508-Raquetas de ping pong"]
[{"$nulls":7},"49181509-Bolas de ping pong"]
[{"$nulls":7},"49181510-Mesas de foosball"]
[{"$nulls":7},"49181511-Bolas de foosball"]
[{"$nulls":7},"49181512-Jugadores de repuesto para foosball"]
[{"$nulls":7},"49181513-Puntas de tacos de billar"]
[{"$nulls":7},"49181514-Tiza de billar"]
[{"$nulls":7},"49181515-Estantes de billar"]
[{"$nulls":7},"49181601-Objetivos para tiro con arco"]
[{"$nulls":7},"49181602-Arcos"]
[{"$nulls":7},"49181603-Flechas"]
[{"$nulls":7},"49181604-Dardos"]
[{"$nulls":7},"49181605-Tableros de dardos"]
[{"$nulls":7},"49181606-Equipo de tiro al plato"]
[{"$nulls":7},"49181607-Objetivos para lanzar"]
[{"$nulls":7},"49181608-Cuerdas para arcos"]
[{"$nulls":7},"49181609-Guantes para tiro con arco"]
[{"$nulls":7},"49181610-Protectores de brazos para tiro con arco"]
[{"$nulls":7},"49181611-Puestos de objetivos para tiro con arco"]
[{"$nulls":7},"49181612-Defensas traseras para tiro con arco"]
[{"$nulls":7},"49201501-Trotadoras"]
[{"$nulls":7},"49201502-Escaladores de escaleras"]
[{"$nulls":7},"49201503-Bicicletas estáticas"]
[{"$nulls":7},"49201504-Máquinas de remos"]
[{"$nulls":7},"49201512-Lazos para saltar"]
[{"$nulls":7},"49201513-Trampolines para ejercicios"]
[{"$nulls":7},"49201514-Pelotas para ejercicios"]
[{"$nulls":7},"49201515-Equipos de paso para aeróbicos (“step”)"]
[{"$nulls":7},"49201516-Bicicletas elípticas"]
[{"$nulls":7},"49201601-Pesas"]
[{"$nulls":7},"49201602-Pesas de 280 libras"]
[{"$nulls":7},"49201603-Máquinas de resistencia para la parte inferior del cuerpo"]
[{"$nulls":7},"49201604-Bancos o estantes para pesas"]
[{"$nulls":7},"49201605-Máquinas de resistencia para la parte superior del cuerpo"]
[{"$nulls":7},"49201606-Pesas de estado físico"]
[{"$nulls":7},"49201607-Máquinas de pilates"]
[{"$nulls":7},"49201608-Máquina para dar fuerza de agarre"]
[{"$nulls":7},"49201609-Bandas de resistencia"]
[{"$nulls":7},"49201610-Tubos de resistencia"]
[{"$nulls":7},"49201611-Multi gimnasios"]
[{"$nulls":7},"49211601-Talegas de golf"]
[{"$nulls":7},"49211602-Bolas de golf"]
[{"$nulls":7},"49211603-Tacos de golf"]
[{"$nulls":7},"49211604-Tees de golf"]
[{"$nulls":7},"49211605-Forros para las cabezas de los tacos de golf"]
[{"$nulls":7},"49211606-Guantes de golf"]
[{"$nulls":7},"49211607-Divot fijador"]
[{"$nulls":7},"49211608-Golfscopios"]
[{"$nulls":7},"49211609-Compañero de putting para golf"]
[{"$nulls":7},"49211701-Equipo de bolos"]
[{"$nulls":7},"49211702-Suministros de bolos"]
[{"$nulls":7},"49211703-Accesorios de bolos"]
[{"$nulls":7},"49211801-Equipo de paracaidismo"]
[{"$nulls":7},"49211802-Aros de hula o equipos de hula"]
[{"$nulls":7},"49211803-Equipos de orientación"]
[{"$nulls":7},"49211804-Materiales o marcadores de identificación de equipos"]
[{"$nulls":7},"49211805-Cuerdas"]
[{"$nulls":7},"49211806-Almacenamiento de equipos de educación física"]
[{"$nulls":7},"49211807-Herramientas de evaluación para educación física"]
[{"$nulls":7},"49221501-Tableros de anotaciones para deportes"]
[{"$nulls":7},"49221502-Porterías"]
[{"$nulls":7},"49221503-Equipos de seguridad deportiva excepto para la cabeza"]
[{"$nulls":7},"49221504-Artículos de seguridad para la cabeza para uso deportivo"]
[{"$nulls":7},"49221505-Mallas o redes para deportes"]
[{"$nulls":7},"49221506-Almohadillas o acolchado para deportes"]
[{"$nulls":7},"49221507-Tableros de basquetbol"]
[{"$nulls":7},"49221508-Aros de basquetbol"]
[{"$nulls":7},"49221509-Patines o cuchillas de patines"]
[{"$nulls":7},"49221510-Gorras deportivas"]
[{"$nulls":7},"49221511-Bolsas para equipos deportivos"]
[{"$nulls":7},"49241501-Columpios para patios de recreo"]
[{"$nulls":7},"49241502-Aparatos de trepar para patios de recreo"]
[{"$nulls":7},"49241503-Carruseles para patios de recreo"]
[{"$nulls":7},"49241504-Rodaderos para patios de recreo"]
[{"$nulls":7},"49241505-Balanzas para patios de recreo"]
[{"$nulls":7},"49241506-Túneles para patios de recreo"]
[{"$nulls":7},"49241507-Cajas de arena para patios de recreo"]
[{"$nulls":7},"49241508-Graderías para patios de recreo"]
[{"$nulls":7},"49241509-Equipo para escalar muros"]
[{"$nulls":7},"49241510-Equipos para escalar lazos"]
[{"$nulls":7},"49241601-Sets de croquet"]
[{"$nulls":7},"49241602-Equipos de bolos de jardín"]
[{"$nulls":7},"49241603-Equipos de pistas para lanzar herraduras"]
[{"$nulls":7},"49241604-Dardos de jardín"]
[{"$nulls":7},"49241701-Trampolines"]
[{"$nulls":7},"49241702-Rodaderos de piscina"]
[{"$nulls":7},"49241703-Soplador de spa"]
[{"$nulls":7},"49241704-Kit o soluciones de prueba de agua"]
[{"$nulls":7},"49241705-Limpiador automático de piscinas"]
[{"$nulls":7},"49241706-Cobija solar"]
[{"$nulls":7},"49241707-Caldera para piscinas o spa"]
[{"$nulls":7},"49241708-Generador de ozono"]
[{"$nulls":7},"49241709-Rieles para cortinas solares"]
[{"$nulls":7},"50101538-Verduras frescas"]
[{"$nulls":7},"50101539-Verduras congeladas"]
[{"$nulls":7},"50101540-Verduras estables sin refrigerar"]
[{"$nulls":7},"50101541-Setas u hongos"]
[{"$nulls":7},"50101542-Harina vegetal"]
[{"$nulls":7},"50101543-Judías secas"]
[{"$nulls":7},"50101544-Judías en conserva o en lata"]
[{"$nulls":7},"50101545-Verduras deshidratadas"]
[{"$nulls":7},"50101634-Fruta fresca"]
[{"$nulls":7},"50101635-Fruta congelada"]
[{"$nulls":7},"50101636-Fruta estable sin refrigerar"]
[{"$nulls":7},"50101716-Nueces y semillas enteras"]
[{"$nulls":7},"50101717-Nueces y semillas sin cascara"]
[{"$nulls":7},"50111510-Carne de ave o carne fresca"]
[{"$nulls":7},"50111511-Carne de ave o carne congelada"]
[{"$nulls":7},"50111512-Carne de ave o carne en conserva"]
[{"$nulls":7},"50112001-Carnes procesadas y preparadas fresco"]
[{"$nulls":7},"50112002-Carnes procesadas y preparadas congelado"]
[{"$nulls":7},"50112003-Carnes procesadas y preparadas estable sin refrigerar"]
[{"$nulls":7},"50121537-Pescado congelado"]
[{"$nulls":7},"50121538-Pescado almacenado en repisa"]
[{"$nulls":7},"50121539-Pescado fresco"]
[{"$nulls":7},"50121611-Mariscos frescos"]
[{"$nulls":7},"50121612-Mariscos congelados"]
[{"$nulls":7},"50121613-Mariscos almacenados en repisa"]
[{"$nulls":7},"50121705-Invertebrados acuáticos frescos"]
[{"$nulls":7},"50121706-Invertebrados acuáticos congelados"]
[{"$nulls":7},"50121707-Invertebrados acuáticos almacenado en repisa"]
[{"$nulls":7},"50121802-Plantas acuáticas frescas"]
[{"$nulls":7},"50121803-Plantas acuáticas congeladas"]
[{"$nulls":7},"50121804-Plantas acuáticas almacenadas en repisa"]
[{"$nulls":7},"50131606-Huevos frescos"]
[{"$nulls":7},"50131607-Sustitutos de huevo"]
[{"$nulls":7},"50131608-Claras y yemas de huevo"]
[{"$nulls":7},"50131609-Huevos preparados"]
[{"$nulls":7},"50131610-Huevos congelados"]
[{"$nulls":7},"50131611-Huevos batidos"]
[{"$nulls":7},"50131701-Productos de leche o mantequilla frescos"]
[{"$nulls":7},"50131702-Productos de leche o mantequilla de estante"]
[{"$nulls":7},"50131703-Productos de leche o mantequilla congelados"]
[{"$nulls":7},"50131801-Queso natural"]
[{"$nulls":7},"50131802-Queso procesado"]
[{"$nulls":7},"50131803-Imitación de queso"]
[{"$nulls":7},"50151513-Aceites vegetales o  de planta comestibles"]
[{"$nulls":7},"50151514-Grasas saturadas de vegetales o plantas comestibles"]
[{"$nulls":7},"50151604-Aceites animal comestibles"]
[{"$nulls":7},"50151605-Grasa saturada animal comestibles"]
[{"$nulls":7},"50161509-Azucares naturales o productos endulzantes"]
[{"$nulls":7},"50161510-Endulzantes artificiales"]
[{"$nulls":7},"50161511-Chocolate o sustituto de chocolate"]
[{"$nulls":7},"50161512-Almíbar"]
[{"$nulls":7},"50161813-Chocolate o sustituto de chocolate, confite"]
[{"$nulls":7},"50161814-Azúcar o sustituto de azúcar, confite"]
[{"$nulls":7},"50161815-Goma de mascar"]
[{"$nulls":7},"50171548-Hierbas frescas"]
[{"$nulls":7},"50171549-Hierbas secas"]
[{"$nulls":7},"50171550-Especies o extractos"]
[{"$nulls":7},"50171551-Sal de mesa"]
[{"$nulls":7},"50171552-Mezcla para adobar"]
[{"$nulls":7},"50171707-Vinagres"]
[{"$nulls":7},"50171708-Vinos para cocinar"]
[{"$nulls":7},"50171830-Salsas o condimentos o cremas de untar o marinados"]
[{"$nulls":7},"50171831-Salsas para cocinar"]
[{"$nulls":7},"50171832-Salsas para ensaladas o dips"]
[{"$nulls":7},"50171833-Cremas de untar saladas o patés"]
[{"$nulls":7},"50171901-Encurtidos"]
[{"$nulls":7},"50171902-Condimento"]
[{"$nulls":7},"50171903-Aceitunas"]
[{"$nulls":7},"50171904-Conserva"]
[{"$nulls":7},"50181708-Mezclas para hornear"]
[{"$nulls":7},"50181709-Suministros para hornear"]
[{"$nulls":7},"50181901-Pan fresco"]
[{"$nulls":7},"50181902-Pan congelado"]
[{"$nulls":7},"50181903-Galletas sencillas de sal"]
[{"$nulls":7},"50181904-Pan seco o cascaras de pan o pan tostado (crotones)"]
[{"$nulls":7},"50181905-Galletas de dulce"]
[{"$nulls":7},"50181906-Pan de repisa"]
[{"$nulls":7},"50181907-Maza congelada para galletas"]
[{"$nulls":7},"50181908-Maza congelada para pan"]
[{"$nulls":7},"50181909-Galletas de soda"]
[{"$nulls":7},"50182001-Ponqués pasteles o biscochos frescos"]
[{"$nulls":7},"50182002-Ponqués pasteles o biscochos congelados"]
[{"$nulls":7},"50182003-Maza para pastelería congelada"]
[{"$nulls":7},"50182004-Maza para galletas de soda congelada"]
[{"$nulls":7},"50191505-Sopas o sudados preparados fresco"]
[{"$nulls":7},"50191506-Sopas o sudados preparados congelados"]
[{"$nulls":7},"50191507-Sopas o sudados preparados de repisa"]
[{"$nulls":7},"50192109-Papas fritas de talego o mezclas"]
[{"$nulls":7},"50192110-Nueces o fruta disecada"]
[{"$nulls":7},"50192111-Carne seca o procesada"]
[{"$nulls":7},"50192112-Maíz pira"]
[{"$nulls":7},"50192301-Postres preparados"]
[{"$nulls":7},"50192302-Complementos de postres"]
[{"$nulls":7},"50192303-Helado de sabor o helado o postre de helado o yogurt congelado"]
[{"$nulls":7},"50192304-Conos o copas de helado comestibles"]
[{"$nulls":7},"50192401-Mermeladas o preservativos de fruta"]
[{"$nulls":7},"50192402-Mantequilla de nueces o mixto"]
[{"$nulls":7},"50192403-Miel"]
[{"$nulls":7},"50192404-Cristales de gelatina o mermelada"]
[{"$nulls":7},"50192501-Emparedados frescos"]
[{"$nulls":7},"50192502-Emparedados congelados"]
[{"$nulls":7},"50192503-Rellenos frescos para emparedados"]
[{"$nulls":7},"50192504-Rellenos congelados para emparedados"]
[{"$nulls":7},"50192601-Papas preparadas frescas o arroz o pasta o relleno"]
[{"$nulls":7},"50192602-Papas preparadas y congeladas o arroz o pasta o relleno"]
[{"$nulls":7},"50192603-Papas preparadas de repisa o arroz o pasta o relleno"]
[{"$nulls":7},"50192701-Comidas combinadas frescas"]
[{"$nulls":7},"50192702-Comidas combinadas congeladas"]
[{"$nulls":7},"50192703-Comidas combinadas de repisa"]
[{"$nulls":7},"50192801-Pasteles de sal frescos"]
[{"$nulls":7},"50192802-Pasteles de sal congelados"]
[{"$nulls":7},"50192803-Pasteles de sal de repisa"]
[{"$nulls":7},"50192901-Pasta sencilla o fideos"]
[{"$nulls":7},"50192902-Pasta o fideos de repisa"]
[{"$nulls":7},"50193001-Comida para infante"]
[{"$nulls":7},"50193002-Bebidas para infantes"]
[{"$nulls":7},"50193101-Pasa bocas mezcla instantáneas"]
[{"$nulls":7},"50193102-Mezcla  de postres"]
[{"$nulls":7},"50193103-Mezcla de salsa"]
[{"$nulls":7},"50193104-Base para sopas"]
[{"$nulls":7},"50193105-Mezcla para rebosar o de pan"]
[{"$nulls":7},"50193201-Ensalada fresca preparada"]
[{"$nulls":7},"50193202-Ensalada preparada congelada"]
[{"$nulls":7},"50193203-Ensalada fresca de repisa"]
[{"$nulls":7},"50201706-Café"]
[{"$nulls":7},"50201707-Sustituto de café"]
[{"$nulls":7},"50201708-Bebida de café"]
[{"$nulls":7},"50201709-Café instantáneo"]
[{"$nulls":7},"50201710-Té de hoja"]
[{"$nulls":7},"50201711-Té instantáneo"]
[{"$nulls":7},"50201712-Bebidas de té"]
[{"$nulls":7},"50201713-Bolsas de té"]
[{"$nulls":7},"50201714-Cremas no lácteas"]
[{"$nulls":7},"50202201-Cerveza"]
[{"$nulls":7},"50202202-Cidra"]
[{"$nulls":7},"50202203-Vino"]
[{"$nulls":7},"50202204-Vino fortificado"]
[{"$nulls":7},"50202205-Vino espumoso"]
[{"$nulls":7},"50202206-Licor destilado"]
[{"$nulls":7},"50202207-Cocteles de alcohol o bebidas mixtas"]
[{"$nulls":7},"50202301-Agua"]
[{"$nulls":7},"50202302-Hielo"]
[{"$nulls":7},"50202303-Jugos congelados"]
[{"$nulls":7},"50202304-Jugos de repisa"]
[{"$nulls":7},"50202305-Jugo fresco"]
[{"$nulls":7},"50202306-Refrescos"]
[{"$nulls":7},"50202307-Bebida de chocolate o malta u otros"]
[{"$nulls":7},"50202308-Cocteles libre de alcohol o mezcla de bebidas"]
[{"$nulls":7},"50202309-Bebidas deportivas o de energía"]
[{"$nulls":7},"50202310-Agua mineral"]
[{"$nulls":7},"50202311-Bebida mixta de polvo"]
[{"$nulls":7},"50211502-Cigarrillos o cigarros"]
[{"$nulls":7},"50211503-Tabaco para pipa o tabaco de hoja"]
[{"$nulls":7},"50211504-Tabaco para mascar"]
[{"$nulls":7},"50211505-Cigarrillos herbales"]
[{"$nulls":7},"50211506-Rapé"]
[{"$nulls":7},"50211607-Papel para cigarrillos o filtros"]
[{"$nulls":7},"50211608-Encendedores o mecha"]
[{"$nulls":7},"50211609-Pipas para fumar"]
[{"$nulls":7},"50211610-Limpiadores de tabaco para pipas"]
[{"$nulls":7},"50211611-Juego de fumador"]
[{"$nulls":7},"50211612-Encendedores para cigarrillos"]
[{"$nulls":7},"50221001-Granos"]
[{"$nulls":7},"50221002-Harina"]
[{"$nulls":7},"50221101-Grano de cereal"]
[{"$nulls":7},"50221102-Grano de harina"]
[{"$nulls":7},"50221201-Listo para comer o cereal caliente"]
[{"$nulls":7},"50221202-Barras de desayuno o de salud"]
[{"$nulls":7},"51101503-Cloranfenicol"]
[{"$nulls":7},"51101504-Clindamicina"]
[{"$nulls":7},"51101507-Penicilina"]
[{"$nulls":7},"51101508-Sulfonamidas antibióticas"]
[{"$nulls":7},"51101509-Tetraciclina"]
[{"$nulls":7},"51101510-Oxitetraciclina"]
[{"$nulls":7},"51101511-Amoxicilina"]
[{"$nulls":7},"51101512-Cloxacilina"]
[{"$nulls":7},"51101513-Neomicina"]
[{"$nulls":7},"51101514-Sulfato framicetina"]
[{"$nulls":7},"51101515-Clorhidrato de lincomicina"]
[{"$nulls":7},"51101516-Gramicidina"]
[{"$nulls":7},"51101518-Ofloxacina"]
[{"$nulls":7},"51101519-Tiamfenicol"]
[{"$nulls":7},"51101521-Pristinamicina"]
[{"$nulls":7},"51101522-Claritromicina"]
[{"$nulls":7},"51101523-Clorquinaldol"]
[{"$nulls":7},"51101524-Bacitracina zinc"]
[{"$nulls":7},"51101525-Peróxido de benzoilo"]
[{"$nulls":7},"51101526-Polimixinas"]
[{"$nulls":7},"51101527-Colistina metansulfonato"]
[{"$nulls":7},"51101528-Tirotricina"]
[{"$nulls":7},"51101530-Trimetoprima"]
[{"$nulls":7},"51101531-Estreptograminas"]
[{"$nulls":7},"51101532-Teicoplanina"]
[{"$nulls":7},"51101533-Rifamicina"]
[{"$nulls":7},"51101534-Ceftibuten"]
[{"$nulls":7},"51101535-Cefradina"]
[{"$nulls":7},"51101536-Moxifloxacina clorhidrato"]
[{"$nulls":7},"51101537-Lomefloxacina cloridrato"]
[{"$nulls":7},"51101538-Levofloxacina"]
[{"$nulls":7},"51101539-Grepafloxacina clorhidrato"]
[{"$nulls":7},"51101540-Gatifloxacina"]
[{"$nulls":7},"51101541-Enoxacina"]
[{"$nulls":7},"51101542-Ciprofloxacina"]
[{"$nulls":7},"51101543-Cefapirina"]
[{"$nulls":7},"51101544-Loracarbef"]
[{"$nulls":7},"51101545-Ceftizoxima"]
[{"$nulls":7},"51101546-Norfloxacina"]
[{"$nulls":7},"51101547-Cefprozil"]
[{"$nulls":7},"51101548-Fosfomicina trometamol"]
[{"$nulls":7},"51101549-Linezolida"]
[{"$nulls":7},"51101550-Cefalexina"]
[{"$nulls":7},"51101551-Ceftriaxona"]
[{"$nulls":7},"51101552-Ceftazidima"]
[{"$nulls":7},"51101553-Alatrofloxacina"]
[{"$nulls":7},"51101554-Dicloxacilina sódica"]
[{"$nulls":7},"51101555-Aztreonam"]
[{"$nulls":7},"51101556-Minociclina"]
[{"$nulls":7},"51101557-Doxiciclina"]
[{"$nulls":7},"51101558-Demeclociclina"]
[{"$nulls":7},"51101559-Clortetraciclina"]
[{"$nulls":7},"51101560-Ticarcilina"]
[{"$nulls":7},"51101561-Piperacilina"]
[{"$nulls":7},"51101562-Oxacilina sódica"]
[{"$nulls":7},"51101563-Mesilato de trovafloxacina"]
[{"$nulls":7},"51101564-Mezlocilina"]
[{"$nulls":7},"51101565-Cefpodoxima proxetil"]
[{"$nulls":7},"51101566-Carbenicilina"]
[{"$nulls":7},"51101567-Ampicilina"]
[{"$nulls":7},"51101568-Troleandomicina"]
[{"$nulls":7},"51101569-Roxitromicina"]
[{"$nulls":7},"51101570-Eritromicina"]
[{"$nulls":7},"51101571-Diritromicina"]
[{"$nulls":7},"51101572-Azitromicina"]
[{"$nulls":7},"51101573-Cefuroxima"]
[{"$nulls":7},"51101574-Furazolidona"]
[{"$nulls":7},"51101575-Nafcilina sódica"]
[{"$nulls":7},"51101576-Cefalotina"]
[{"$nulls":7},"51101577-Cefdinir"]
[{"$nulls":7},"51101578-Cefazolina"]
[{"$nulls":7},"51101579-Cefamandol"]
[{"$nulls":7},"51101580-Cefadroxilo"]
[{"$nulls":7},"51101581-Cefaclor"]
[{"$nulls":7},"51101582-Tobramicina"]
[{"$nulls":7},"51101583-Cefditoren"]
[{"$nulls":7},"51101584-Gentamicina"]
[{"$nulls":7},"51101585-Netilmicina"]
[{"$nulls":7},"51101586-Amikacina"]
[{"$nulls":7},"51101587-Kanamicina"]
[{"$nulls":7},"51101588-Sparfloxacina"]
[{"$nulls":7},"51101589-Carbapenémicos incluyendo tienamicinas"]
[{"$nulls":7},"51101590-Quinupristina"]
[{"$nulls":7},"51101591-Vancomicina"]
[{"$nulls":7},"51101592-Cefoxitina"]
[{"$nulls":7},"51101593-Cefotaxima"]
[{"$nulls":7},"51101594-Cefepima"]
[{"$nulls":7},"51101595-Cefotetan"]
[{"$nulls":7},"51101596-Cefoperazona"]
[{"$nulls":7},"51101597-Mupirocina"]
[{"$nulls":7},"51101598-Cefonicida"]
[{"$nulls":7},"51101599-Cefixima"]
[{"$nulls":7},"51101601-Atovacuona"]
[{"$nulls":7},"51101602-Clorhidrato de eflomitina"]
[{"$nulls":7},"51101603-Metronidazol"]
[{"$nulls":7},"51101604-Antimoniato de meglumina"]
[{"$nulls":7},"51101606-Rifapentina"]
[{"$nulls":7},"51101607-Óxido de calcio"]
[{"$nulls":7},"51101610-Clorocresol"]
[{"$nulls":7},"51101611-Meropenem"]
[{"$nulls":7},"51101612-Polynoxylin"]
[{"$nulls":7},"51101613-Isetionato de pentamidina"]
[{"$nulls":7},"51101614-Furoato de diloxanida"]
[{"$nulls":7},"51101616-Melarsoprol"]
[{"$nulls":7},"51101617-Tinidazol"]
[{"$nulls":7},"51101618-Taurolidina"]
[{"$nulls":7},"51101619-Secnidazol"]
[{"$nulls":7},"51101620-Iodoquinol"]
[{"$nulls":7},"51101624-Clorhidrato de metronidazol"]
[{"$nulls":7},"51101625-Sulfato de paromomicina"]
[{"$nulls":7},"51101629-Glucuronato de trimetrexato"]
[{"$nulls":7},"51101630-Isetionato de propamidina"]
[{"$nulls":7},"51101701-Albendazol"]
[{"$nulls":7},"51101702-Mebendazol"]
[{"$nulls":7},"51101703-Oxamniquina"]
[{"$nulls":7},"51101704-Citrato de piperazina"]
[{"$nulls":7},"51101705-Praziquantel"]
[{"$nulls":7},"51101706-Pamoato de pirantel"]
[{"$nulls":7},"51101707-Tiabendazol"]
[{"$nulls":7},"51101708-Sulfanilamida"]
[{"$nulls":7},"51101709-Niclosamida"]
[{"$nulls":7},"51101710-Piperazina"]
[{"$nulls":7},"51101711-Citrato de dietilcarbamazina"]
[{"$nulls":7},"51101712-Tiocianoacetato de isobornilo"]
[{"$nulls":7},"51101713-Antiparasitario tópico malatión"]
[{"$nulls":7},"51101714-Metilparabeno"]
[{"$nulls":7},"51101715-Antiparasitario tópico permetrina"]
[{"$nulls":7},"51101716-Tetracloroetileno"]
[{"$nulls":7},"51101717-Ivermectina"]
[{"$nulls":7},"51101718-Benzoato de bencilo"]
[{"$nulls":7},"51101719-Butóxido de piperonilo"]
[{"$nulls":7},"51101720-Lindano"]
[{"$nulls":7},"51101801-Anfotericina b"]
[{"$nulls":7},"51101802-Clorhidrato de butenafina"]
[{"$nulls":7},"51101803-Nitrato de butoconazol"]
[{"$nulls":7},"51101804-Ciclopiroxolamina"]
[{"$nulls":7},"51101805-Clotrimazol"]
[{"$nulls":7},"51101806-Nitrato de econazol"]
[{"$nulls":7},"51101807-Fluconazol"]
[{"$nulls":7},"51101808-Flucitosina"]
[{"$nulls":7},"51101809-Griseofulvina"]
[{"$nulls":7},"51101810-Itraconazol"]
[{"$nulls":7},"51101811-Ketoconazol"]
[{"$nulls":7},"51101812-Miconazol"]
[{"$nulls":7},"51101813-Clorhidrato de naftifina"]
[{"$nulls":7},"51101814-Natamicina"]
[{"$nulls":7},"51101815-Nistatina"]
[{"$nulls":7},"51101816-Nitrato de oxiconazol"]
[{"$nulls":7},"51101817-Nitrato de sulconazol"]
[{"$nulls":7},"51101818-Clorhidrato de terbinafina"]
[{"$nulls":7},"51101819-Nitrato de terconazol"]
[{"$nulls":7},"51101820-Tioconazol"]
[{"$nulls":7},"51101821-Tolnaftato"]
[{"$nulls":7},"51101824-Ácido undecilénico"]
[{"$nulls":7},"51101825-Ciclopirox"]
[{"$nulls":7},"51101826-Sulfato de estreptomicina"]
[{"$nulls":7},"51101827-Isoconazol"]
[{"$nulls":7},"51101828-Terconazol"]
[{"$nulls":7},"51101829-Undecilenato de calcio"]
[{"$nulls":7},"51101830-Ácido octanoico"]
[{"$nulls":7},"51101831-Triacetina"]
[{"$nulls":7},"51101832-Voriconazol"]
[{"$nulls":7},"51101834-Nitrato de miconazol"]
[{"$nulls":7},"51101835-Acetato de caspofungina"]
[{"$nulls":7},"51101836-Propionato de sodio"]
[{"$nulls":7},"51101901-Aminoquinolinas"]
[{"$nulls":7},"51101902-Clorhidrato de mefloquina"]
[{"$nulls":7},"51101903-Fosfato de primaquina"]
[{"$nulls":7},"51101904-Sulfato de quinina"]
[{"$nulls":7},"51101905-Cloroquina"]
[{"$nulls":7},"51101906-Proguanil"]
[{"$nulls":7},"51101907-Pirimetamina"]
[{"$nulls":7},"51101908-Artemeter"]
[{"$nulls":7},"51101909-Clorhidrato de cloroquina"]
[{"$nulls":7},"51101910-Fosfato de cloroquina"]
[{"$nulls":7},"51101911-Clorhidrato de halofantrina"]
[{"$nulls":7},"51101912-Sulfato de hidroxicloroquina"]
[{"$nulls":7},"51102001-Cicloserina"]
[{"$nulls":7},"51102002-Clorhidrato de etambutol"]
[{"$nulls":7},"51102003-Isoniazida"]
[{"$nulls":7},"51102004-Rifubutina"]
[{"$nulls":7},"51102005-Rifampicina"]
[{"$nulls":7},"51102006-Guayacol"]
[{"$nulls":7},"51102007-Tiacetazona"]
[{"$nulls":7},"51102008-Pirazinamida"]
[{"$nulls":7},"51102009-Sulfato de capreomicina"]
[{"$nulls":7},"51102101-Clofazimina"]
[{"$nulls":7},"51102102-Dapsona"]
[{"$nulls":7},"51102201-Cinoxacina"]
[{"$nulls":7},"51102202-Clorhidrato de flavoxato"]
[{"$nulls":7},"51102203-Hipurato de metenamina"]
[{"$nulls":7},"51102204-Mandelato de metenamina"]
[{"$nulls":7},"51102205-Ácido nalidíxico"]
[{"$nulls":7},"51102206-Nitrofurantoina"]
[{"$nulls":7},"51102207-Cloruro de oxibutinina"]
[{"$nulls":7},"51102208-Pentosano polisulfato sódico"]
[{"$nulls":7},"51102209-Clorhidrato de fenazopiridina"]
[{"$nulls":7},"51102211-Alfuzosina hidrocloruro"]
[{"$nulls":7},"51102212-Ácido acetohidroxámico"]
[{"$nulls":7},"51102213-Sulfato  de cefpiroma"]
[{"$nulls":7},"51102301-Aciclovir"]
[{"$nulls":7},"51102302-Clorhidrato de amantadina"]
[{"$nulls":7},"51102304-Didanosina"]
[{"$nulls":7},"51102305-Famciclovir"]
[{"$nulls":7},"51102306-Foscarnet sódico"]
[{"$nulls":7},"51102307-Ganciclovir sódico"]
[{"$nulls":7},"51102308-Idoxuridina"]
[{"$nulls":7},"51102309-Sulfato de indinavir"]
[{"$nulls":7},"51102310-Lamivudina"]
[{"$nulls":7},"51102311-Nevirapina"]
[{"$nulls":7},"51102312-Ribavirina"]
[{"$nulls":7},"51102313-Clorhidrato de rimantadina"]
[{"$nulls":7},"51102314-Ritonavir"]
[{"$nulls":7},"51102315-Mesilato de saquinavir"]
[{"$nulls":7},"51102316-Estavidina"]
[{"$nulls":7},"51102317-Trifluradina"]
[{"$nulls":7},"51102318-Clorhidrato de valaciclovir"]
[{"$nulls":7},"51102319-Vidarabina"]
[{"$nulls":7},"51102320-Zalcitabina"]
[{"$nulls":7},"51102321-Zidovudina"]
[{"$nulls":7},"51102322-Sulfato de abacavir"]
[{"$nulls":7},"51102323-Cidofovir"]
[{"$nulls":7},"51102324-Mesilato de delavirdina"]
[{"$nulls":7},"51102325-Docosanol"]
[{"$nulls":7},"51102326-Efavirenz"]
[{"$nulls":7},"51102327-Amprenavir"]
[{"$nulls":7},"51102328-Fomivirsen sódico"]
[{"$nulls":7},"51102329-Mesilato de nelfinavir"]
[{"$nulls":7},"51102330-Penciclovir"]
[{"$nulls":7},"51102331-Saquinavir"]
[{"$nulls":7},"51102332-Fumarato de disoproxilo tenofovir"]
[{"$nulls":7},"51102333-Hidrocloruro de valganciclovir"]
[{"$nulls":7},"51102334-Zanamivir"]
[{"$nulls":7},"51102335-Sodio de aciclovir"]
[{"$nulls":7},"51102336-Moroxidina"]
[{"$nulls":7},"51102402-Hipromelosa"]
[{"$nulls":7},"51102501-Naftenato de cobre"]
[{"$nulls":7},"51102502-Toltrazuril"]
[{"$nulls":7},"51102503-Flumetrina"]
[{"$nulls":7},"51102505-Triclorfon"]
[{"$nulls":7},"51102506-Oxfendazol"]
[{"$nulls":7},"51102507-Clorhidrato de piperidolato"]
[{"$nulls":7},"51102601-Enrofloxacina"]
[{"$nulls":7},"51102701-Clofoctol"]
[{"$nulls":7},"51102702-Agua estéril para irrigación"]
[{"$nulls":7},"51102705-Cetrimida"]
[{"$nulls":7},"51102706-Ácido acético  antiséptico"]
[{"$nulls":7},"51102707-Gluconato de clorhexidina"]
[{"$nulls":7},"51102708-Formaldehído antiséptico"]
[{"$nulls":7},"51102709-Peróxido de hidrógeno antiséptico"]
[{"$nulls":7},"51102710-Antisépticos basados en alcohol o acetona"]
[{"$nulls":7},"51102711-Oxiquinolina"]
[{"$nulls":7},"51102712-Antisépticos fenólicos"]
[{"$nulls":7},"51102713-Povidona yodada"]
[{"$nulls":7},"51102714-Solución de cloruro sódico para irrigación"]
[{"$nulls":7},"51102715-Clioquinol"]
[{"$nulls":7},"51102717-Nitrofurazona"]
[{"$nulls":7},"51102718-Nitrato de plata"]
[{"$nulls":7},"51102719-Yodoformo"]
[{"$nulls":7},"51102720-Cloroxilenol"]
[{"$nulls":7},"51102721-Ictamol"]
[{"$nulls":7},"51102722-Geles o soluciones tópicas de yodo"]
[{"$nulls":7},"51102723-Merbromina"]
[{"$nulls":7},"51102724-Cloruro de benzalconio"]
[{"$nulls":7},"51102725-Hexilresorcinol"]
[{"$nulls":7},"51102726-Peróxido de carbamida"]
[{"$nulls":7},"51102727-Yoduro de timol"]
[{"$nulls":7},"51102728-Perborato sódico"]
[{"$nulls":7},"51102729-Cloruro de cetilpiridinio"]
[{"$nulls":7},"51102730-Isetionato de hexamidina"]
[{"$nulls":7},"51111501-Amifostina"]
[{"$nulls":7},"51111502-Busulfán"]
[{"$nulls":7},"51111503-Carboplatino"]
[{"$nulls":7},"51111504-Carmustina"]
[{"$nulls":7},"51111505-Clorambucil"]
[{"$nulls":7},"51111506-Cisplatino"]
[{"$nulls":7},"51111507-Ciclofosfamida"]
[{"$nulls":7},"51111508-Dacarbazina"]
[{"$nulls":7},"51111509-Ifosfamida"]
[{"$nulls":7},"51111510-Lomustina"]
[{"$nulls":7},"51111511-Clorhidrato de mecloretamina"]
[{"$nulls":7},"51111512-Melfalán"]
[{"$nulls":7},"51111513-Mesna"]
[{"$nulls":7},"51111514-Pipobroman"]
[{"$nulls":7},"51111515-Estreptozocina"]
[{"$nulls":7},"51111516-Tiotepa"]
[{"$nulls":7},"51111517-Mostaza de uracilo"]
[{"$nulls":7},"51111518-Clorhidrato de melfalan"]
[{"$nulls":7},"51111519-Temozolomida"]
[{"$nulls":7},"51111520-Clorhidrato de procarbazina"]
[{"$nulls":7},"51111521-Altretamina"]
[{"$nulls":7},"51111601-Cladribina"]
[{"$nulls":7},"51111602-Citarabina"]
[{"$nulls":7},"51111603-Floxuridina"]
[{"$nulls":7},"51111604-Fosfato de fludarabina"]
[{"$nulls":7},"51111605-Fluorouracilo"]
[{"$nulls":7},"51111606-Hidroxiurea"]
[{"$nulls":7},"51111609-Mercaptopurina"]
[{"$nulls":7},"51111610-Metotrexato"]
[{"$nulls":7},"51111611-Tenipósido"]
[{"$nulls":7},"51111612-Tioguanina"]
[{"$nulls":7},"51111613-Lenograstim"]
[{"$nulls":7},"51111614-Etopósido"]
[{"$nulls":7},"51111615-Glutatión"]
[{"$nulls":7},"51111616-Capecitabina"]
[{"$nulls":7},"51111617-Clorhidrato de gemcitabina"]
[{"$nulls":7},"51111618-Metotrexato de sodio"]
[{"$nulls":7},"51111701-Sulfato de bleomicina"]
[{"$nulls":7},"51111702-Dactinomicina"]
[{"$nulls":7},"51111703-Daunorubicinas"]
[{"$nulls":7},"51111704-Mitomicina"]
[{"$nulls":7},"51111705-Mitotano"]
[{"$nulls":7},"51111706-Clorhidrato de mitoxantrona"]
[{"$nulls":7},"51111707-Pentostatina"]
[{"$nulls":7},"51111708-Plicamicina"]
[{"$nulls":7},"51111709-Sulfato de vincristina"]
[{"$nulls":7},"51111710-Epirubicina"]
[{"$nulls":7},"51111711-Clorhidrato de doxorubicina"]
[{"$nulls":7},"51111712-Pirarubicina"]
[{"$nulls":7},"51111713-Alemtuzumab"]
[{"$nulls":7},"51111714-Clorhidrato de doxorrubicina liposomal"]
[{"$nulls":7},"51111715-Epirubicina hidrocloruro"]
[{"$nulls":7},"51111716-Rituximab"]
[{"$nulls":7},"51111717-Trastuzumab"]
[{"$nulls":7},"51111718-Valrubicina"]
[{"$nulls":7},"51111719-Clorhidrato de idarrubicina"]
[{"$nulls":7},"51111801-Anastrozol"]
[{"$nulls":7},"51111802-Bicalutamida"]
[{"$nulls":7},"51111803-Fosfato sódico de estramustina"]
[{"$nulls":7},"51111804-Flutamida"]
[{"$nulls":7},"51111805-Acetato de goserelina"]
[{"$nulls":7},"51111806-Clorhidrato de irinotecan"]
[{"$nulls":7},"51111807-Acetato de leuprolide"]
[{"$nulls":7},"51111808-Nilutamida"]
[{"$nulls":7},"51111809-Tamoxifeno"]
[{"$nulls":7},"51111810-Testolactona"]
[{"$nulls":7},"51111811-Clorhidrato de topotecan"]
[{"$nulls":7},"51111812-Sulfato de vinblastina"]
[{"$nulls":7},"51111813-Sulfato de vincristina"]
[{"$nulls":7},"51111814-Tartrato de vinorelbina"]
[{"$nulls":7},"51111815-Triptorelina"]
[{"$nulls":7},"51111816-Buserelina"]
[{"$nulls":7},"51111817-Citrato de toremifeno"]
[{"$nulls":7},"51111818-Pamoato de triptorelina"]
[{"$nulls":7},"51111819-Fulvestrant"]
[{"$nulls":7},"51111820-Letrozol"]
[{"$nulls":7},"51111821-Citrato de tamoxifeno"]
[{"$nulls":7},"51111901-Asparaginasa"]
[{"$nulls":7},"51111902-Docetaxel"]
[{"$nulls":7},"51111904-Paclitaxel"]
[{"$nulls":7},"51111905-Porfímero sódico"]
[{"$nulls":7},"51111906-Pegaspargasa"]
[{"$nulls":7},"51111907-Fenilbutirato de sodio"]
[{"$nulls":7},"51121501-Adenosina"]
[{"$nulls":7},"51121502-Digoxina"]
[{"$nulls":7},"51121503-Gluconato de quinidina"]
[{"$nulls":7},"51121504-Flecainida"]
[{"$nulls":7},"51121506-Clorhidrato de sotalol"]
[{"$nulls":7},"51121507-Clorhidrato de hidroquinidina"]
[{"$nulls":7},"51121509-Propafenona"]
[{"$nulls":7},"51121510-Disopiramida"]
[{"$nulls":7},"51121511-Clorhidrato de amiodarona"]
[{"$nulls":7},"51121512-Tosilato de bretilio"]
[{"$nulls":7},"51121513-Fosfato de disopiramida"]
[{"$nulls":7},"51121514-Dofetilida"]
[{"$nulls":7},"51121515-Acetato de flecainida"]
[{"$nulls":7},"51121516-Ibutilida fumarato"]
[{"$nulls":7},"51121517-Clorhidrato de mexiletina"]
[{"$nulls":7},"51121518-Clorhidrato de moricizina"]
[{"$nulls":7},"51121519-Clorhidrato de procainamida"]
[{"$nulls":7},"51121520-Clorhidrato de propafenona"]
[{"$nulls":7},"51121521-Quinidina poligalacturonato"]
[{"$nulls":7},"51121522-Clorhidrato de tocainida"]
[{"$nulls":7},"51121523-Sulfato de quinidina"]
[{"$nulls":7},"51121601-Nitrato de amilo"]
[{"$nulls":7},"51121602-Dinitrato de isosorbida"]
[{"$nulls":7},"51121603-Nitroglicerina"]
[{"$nulls":7},"51121604-Tetranitrato de pentaeritrito"]
[{"$nulls":7},"51121607-Nicorandi"]
[{"$nulls":7},"51121608-Clorhidrato de nicardipina"]
[{"$nulls":7},"51121609-Molsidomina"]
[{"$nulls":7},"51121610-Pralidoxima"]
[{"$nulls":7},"51121611-Trimetazidina"]
[{"$nulls":7},"51121614-Mononitrato de isosorbida"]
[{"$nulls":7},"51121615-Clorhidrato de bepridil"]
[{"$nulls":7},"51121616-Clorhidrato de isoxsuprina"]
[{"$nulls":7},"51121701-Diazóxido"]
[{"$nulls":7},"51121702-Terazosina"]
[{"$nulls":7},"51121703-Captopril"]
[{"$nulls":7},"51121704-Lisinopril"]
[{"$nulls":7},"51121705-Felodipino"]
[{"$nulls":7},"51121706-Isradipina"]
[{"$nulls":7},"51121707-Verapamilo"]
[{"$nulls":7},"51121708-Metildopa"]
[{"$nulls":7},"51121709-Carvedilol"]
[{"$nulls":7},"51121710-Losartán potásico"]
[{"$nulls":7},"51121711-Minoxidil"]
[{"$nulls":7},"51121713-Clorhidrato de diltiazem"]
[{"$nulls":7},"51121714-Vincamina"]
[{"$nulls":7},"51121715-Enalapril"]
[{"$nulls":7},"51121716-Piretanida"]
[{"$nulls":7},"51121717-Mesilato de eprosartán"]
[{"$nulls":7},"51121718-Clorhidrato de clonidina"]
[{"$nulls":7},"51121721-Tartrato de metoprolol"]
[{"$nulls":7},"51121722-Reserpina"]
[{"$nulls":7},"51121724-Naftidrofurilo oxalato"]
[{"$nulls":7},"51121725-Bisoprolol fumarato"]
[{"$nulls":7},"51121726-Indapamida"]
[{"$nulls":7},"51121727-Penbutolol"]
[{"$nulls":7},"51121728-Prazosina"]
[{"$nulls":7},"51121729-Celiprolol"]
[{"$nulls":7},"51121730-Ramipril"]
[{"$nulls":7},"51121731-Trandolapril"]
[{"$nulls":7},"51121732-Combinación de trandolapril y clorhidrato de verapamilo"]
[{"$nulls":7},"51121733-Valsartán"]
[{"$nulls":7},"51121734-Nicotinato de xantinol"]
[{"$nulls":7},"51121735-Candesartán cilexetilo"]
[{"$nulls":7},"51121737-Clorhidrato de benazepril"]
[{"$nulls":7},"51121738-Deserpidina"]
[{"$nulls":7},"51121739-Clorhidrato de verapamilo"]
[{"$nulls":7},"51121740-Nisoldipino"]
[{"$nulls":7},"51121741-Diclorhidrato de mibefradil"]
[{"$nulls":7},"51121742-Diltiazem malato"]
[{"$nulls":7},"51121743-Besilato de amlodipina"]
[{"$nulls":7},"51121744-Maleato de enalpril"]
[{"$nulls":7},"51121745-Dihidrato de enalaprilato"]
[{"$nulls":7},"51121746-Mesilato de fenoldopam"]
[{"$nulls":7},"51121747-Fosinopril sódico"]
[{"$nulls":7},"51121748-Acetato de guanabenz"]
[{"$nulls":7},"51121749-Sulfato de guanadrel"]
[{"$nulls":7},"51121750-Sulfato de guanetidina"]
[{"$nulls":7},"51121751-Clorhidrato de guanfacina"]
[{"$nulls":7},"51121752-Hidralazina hidrocloruro"]
[{"$nulls":7},"51121753-Irbesartán"]
[{"$nulls":7},"51121754-Clorhidrato de mecamilamina"]
[{"$nulls":7},"51121755-Clorhidrato de metildopato"]
[{"$nulls":7},"51121756-Metirosina"]
[{"$nulls":7},"51121757-Clorhidrato de moexipril"]
[{"$nulls":7},"51121758-Nitroprusiato de sodio"]
[{"$nulls":7},"51121759-Olmesartán medoxomilo"]
[{"$nulls":7},"51121760-Perindopril erbumina"]
[{"$nulls":7},"51121761-Clorhidrato de quinapril"]
[{"$nulls":7},"51121762-Rauwolfia serpentina"]
[{"$nulls":7},"51121763-Telmisartán"]
[{"$nulls":7},"51121764-Quinapril"]
[{"$nulls":7},"51121765-Metoprolol"]
[{"$nulls":7},"51121801-Fluvastatina sódica"]
[{"$nulls":7},"51121802-Lovastatina"]
[{"$nulls":7},"51121803-Simvastatina"]
[{"$nulls":7},"51121804-Clofibrato"]
[{"$nulls":7},"51121805-Gemfibrozilo"]
[{"$nulls":7},"51121806-Pravastatina de sodio"]
[{"$nulls":7},"51121807-Polidocanol"]
[{"$nulls":7},"51121808-Probucol"]
[{"$nulls":7},"51121809-Fenofibrato"]
[{"$nulls":7},"51121810-Atorvastatina de calcio"]
[{"$nulls":7},"51121811-Cerivastatina sódica"]
[{"$nulls":7},"51121812-Colina"]
[{"$nulls":7},"51121813-Bitartrato de colina"]
[{"$nulls":7},"51121814-Inositol"]
[{"$nulls":7},"51121815-Racemetionina"]
[{"$nulls":7},"51121816-Fosfatidilcolina"]
[{"$nulls":7},"51121817-Colestiramina"]
[{"$nulls":7},"51121818-Atorvastatina"]
[{"$nulls":7},"51121819-Ezetimiba"]
[{"$nulls":7},"51121820-Sulfato de condroitina a"]
[{"$nulls":7},"51121901-Lactato de inamrinona"]
[{"$nulls":7},"51121902-Lactato de milrinona"]
[{"$nulls":7},"51121903-Digitoxina"]
[{"$nulls":7},"51121904-Nifedipina"]
[{"$nulls":7},"51121905-Enoximona"]
[{"$nulls":7},"51121906-Betaína"]
[{"$nulls":7},"51121907-Nesiritida"]
[{"$nulls":7},"51121908-Hoja de digital en polvo o preparados"]
[{"$nulls":7},"51122101-Mesilato de dihidroergocristina"]
[{"$nulls":7},"51122102-Clorhidrato de buflomedil"]
[{"$nulls":7},"51122103-Clorhidrato de linsidomina"]
[{"$nulls":7},"51122104-Papaverina"]
[{"$nulls":7},"51122105-Pentifilina"]
[{"$nulls":7},"51122107-Tartrato de ifenprodil"]
[{"$nulls":7},"51122108-Mesilatos ergoloides"]
[{"$nulls":7},"51122109-Clorhidrato de papaverina"]
[{"$nulls":7},"51122110-Nimodipina"]
[{"$nulls":7},"51122111-Nitrito de amilo"]
[{"$nulls":7},"51122112-Alprostadil"]
[{"$nulls":7},"51122201-Ornipresina"]
[{"$nulls":7},"51122301-Solución de cardioplejia"]
[{"$nulls":7},"51131501-Fumarato ferroso"]
[{"$nulls":7},"51131502-Gluconato ferroso"]
[{"$nulls":7},"51131503-Sulfato ferroso"]
[{"$nulls":7},"51131504-Pidolato de magnesio"]
[{"$nulls":7},"51131505-Oximetolona"]
[{"$nulls":7},"51131506-Eritropoyetina"]
[{"$nulls":7},"51131507-Darbepoetina alfa"]
[{"$nulls":7},"51131508-Epoetina alfa"]
[{"$nulls":7},"51131509-Citrato de amonio férrico"]
[{"$nulls":7},"51131510-Polipéptido de hierro heme"]
[{"$nulls":7},"51131511-Hierro polisacárido"]
[{"$nulls":7},"51131512-Pirofosfato férrico"]
[{"$nulls":7},"51131513-Cacodilato ferroso"]
[{"$nulls":7},"51131514-Carbonilo de hierro"]
[{"$nulls":7},"51131515-Hemina o hematina"]
[{"$nulls":7},"51131516-Hierro sacarosa"]
[{"$nulls":7},"51131601-Aprotinina"]
[{"$nulls":7},"51131602-Heparina de calcio"]
[{"$nulls":7},"51131603-Heparina sódica"]
[{"$nulls":7},"51131604-Warfarina sódica"]
[{"$nulls":7},"51131605-Citrato de sodio"]
[{"$nulls":7},"51131606-Apolato de sodio"]
[{"$nulls":7},"51131607-Enoxaparina sódica"]
[{"$nulls":7},"51131608-Lepirudina"]
[{"$nulls":7},"51131609-Desirudina"]
[{"$nulls":7},"51131610-Ardeparina de sodio"]
[{"$nulls":7},"51131611-Dalteparina sódica"]
[{"$nulls":7},"51131612-Danaparoide sódico"]
[{"$nulls":7},"51131613-Dicumarol"]
[{"$nulls":7},"51131614-Anisindiona"]
[{"$nulls":7},"51131615-Fondaparinux sódico"]
[{"$nulls":7},"51131616-Tinzaparina sódica"]
[{"$nulls":7},"51131617-Solución  anticoagulante citrato fosfato dextrosa"]
[{"$nulls":7},"51131701-Abciximab"]
[{"$nulls":7},"51131702-Alteplasa"]
[{"$nulls":7},"51131703-Estreptoquinasa"]
[{"$nulls":7},"51131704-Uroquinasa"]
[{"$nulls":7},"51131705-Dipiridamol"]
[{"$nulls":7},"51131706-Argatroban"]
[{"$nulls":7},"51131707-Bivalirudina"]
[{"$nulls":7},"51131708-Cilostazol"]
[{"$nulls":7},"51131709-Bisulfato de clopidogrel"]
[{"$nulls":7},"51131710-Eptifibatida"]
[{"$nulls":7},"51131711-Tenecteplasa"]
[{"$nulls":7},"51131712-Clorhidrato de ticlopidina"]
[{"$nulls":7},"51131713-Monohidrato hidrocloruro  tirofibán"]
[{"$nulls":7},"51131714-Anistreplasa"]
[{"$nulls":7},"51131715-Clorhidrato de anagrelida"]
[{"$nulls":7},"51131716-Reteplasa"]
[{"$nulls":7},"51131801-Fibrinógeno"]
[{"$nulls":7},"51131802-Factores antihemofílicos o globulinas"]
[{"$nulls":7},"51131803-Trombina"]
[{"$nulls":7},"51131804-Oprelvekina"]
[{"$nulls":7},"51131805-Etamsilato"]
[{"$nulls":7},"51131806-Subsulfato férrico"]
[{"$nulls":7},"51131807-Morruato de sodio"]
[{"$nulls":7},"51131808-Ácido aminocaproico"]
[{"$nulls":7},"51131809-Dobesilato de calcio"]
[{"$nulls":7},"51131901-Poligelina"]
[{"$nulls":7},"51131903-Gelatina"]
[{"$nulls":7},"51131904-Plasma sanguíneo humano"]
[{"$nulls":7},"51131905-Dextrano"]
[{"$nulls":7},"51131906-Pentastarch"]
[{"$nulls":7},"51131907-Fracción de proteína de plasma humano"]
[{"$nulls":7},"51131908-Hetastarch"]
[{"$nulls":7},"51131909-Albúmina humana"]
[{"$nulls":7},"51131910-Polividona o povidona"]
[{"$nulls":7},"51132001-Pentoxifilina"]
[{"$nulls":7},"51141501-Acetazolamida"]
[{"$nulls":7},"51141502-Clonazepam"]
[{"$nulls":7},"51141503-Felbamato"]
[{"$nulls":7},"51141504-Lamotrigina"]
[{"$nulls":7},"51141505-Fenobarbital"]
[{"$nulls":7},"51141506-Fenobarbital sódico"]
[{"$nulls":7},"51141507-Fenitoína"]
[{"$nulls":7},"51141508-Etosuximida"]
[{"$nulls":7},"51141509-Vigabatrina"]
[{"$nulls":7},"51141510-Barbexaclona"]
[{"$nulls":7},"51141511-Urbanyl"]
[{"$nulls":7},"51141512-Clobazam"]
[{"$nulls":7},"51141513-Carbamazepina"]
[{"$nulls":7},"51141514-Zonisamida"]
[{"$nulls":7},"51141515-Etotoína"]
[{"$nulls":7},"51141516-Fosfenitoína sódica"]
[{"$nulls":7},"51141517-Gabapentina"]
[{"$nulls":7},"51141518-Levetiracetam"]
[{"$nulls":7},"51141519-Mefenitoina"]
[{"$nulls":7},"51141520-Mefobarbital"]
[{"$nulls":7},"51141521-Metsuximida"]
[{"$nulls":7},"51141522-Oxcarbazepina"]
[{"$nulls":7},"51141523-Parametadiona"]
[{"$nulls":7},"51141524-Fenacemida"]
[{"$nulls":7},"51141525-Fenitoína sódica"]
[{"$nulls":7},"51141526-Primidona"]
[{"$nulls":7},"51141527-Clorhidrato de tiagabina"]
[{"$nulls":7},"51141528-Topiramato"]
[{"$nulls":7},"51141529-Trimetadiona"]
[{"$nulls":7},"51141530-Valproato de sodio"]
[{"$nulls":7},"51141531-Ácido valproico"]
[{"$nulls":7},"51141532-Acetazolamida sódica"]
[{"$nulls":7},"51141533-Divalproex sódico"]
[{"$nulls":7},"51141601-Amitriptilina"]
[{"$nulls":7},"51141602-Clorhidrato de doxepina"]
[{"$nulls":7},"51141603-Pamoato de imipramina"]
[{"$nulls":7},"51141604-Mirtazapina"]
[{"$nulls":7},"51141605-Hidrocloruro de paroxetina"]
[{"$nulls":7},"51141606-Clorhidrato de trazodona"]
[{"$nulls":7},"51141607-Maleato de fluvoxamina"]
[{"$nulls":7},"51141608-Amitriptilinoxida"]
[{"$nulls":7},"51141609-Sulfato de tranilcipromina"]
[{"$nulls":7},"51141610-Clorhidrato de desipramina"]
[{"$nulls":7},"51141611-Trimipramina mesilato"]
[{"$nulls":7},"51141612-Sibutramina"]
[{"$nulls":7},"51141613-Clorhidrato de carpipramine"]
[{"$nulls":7},"51141614-Clomipramina"]
[{"$nulls":7},"51141615-Trimipramina"]
[{"$nulls":7},"51141616-Clorhidrato de clomipramina"]
[{"$nulls":7},"51141617-Bromhidrato de citalopram"]
[{"$nulls":7},"51141618-Clorhidrato de fluoxetina"]
[{"$nulls":7},"51141619-Hidrocloruro de sertralina"]
[{"$nulls":7},"51141620-Mosto de st'john"]
[{"$nulls":7},"51141621-Clorhidrato de imipramina"]
[{"$nulls":7},"51141622-Isocarboxazida"]
[{"$nulls":7},"51141623-Clorhidrato de caprotilina"]
[{"$nulls":7},"51141624-Clorhidrato de nefazodona"]
[{"$nulls":7},"51141625-Clorhidrato de nortriptilina"]
[{"$nulls":7},"51141626-Clorhidrato de protriptilina"]
[{"$nulls":7},"51141627-Maleato de trimipramina"]
[{"$nulls":7},"51141628-Nortriptilina"]
[{"$nulls":7},"51141629-Amoxapina"]
[{"$nulls":7},"51141630-Tiroides"]
[{"$nulls":7},"51141631-Hidrocloruro de bupropión"]
[{"$nulls":7},"51141632-Sulfato de fenelzina"]
[{"$nulls":7},"51141633-Oxalato de escitalopram"]
[{"$nulls":7},"51141701-Fenotiazinas"]
[{"$nulls":7},"51141702-Haloperidol"]
[{"$nulls":7},"51141703-Olanzapina"]
[{"$nulls":7},"51141704-Risperidona"]
[{"$nulls":7},"51141705-Nicergolina"]
[{"$nulls":7},"51141706-Citicolina"]
[{"$nulls":7},"51141707-Clorhidrato de buspirona"]
[{"$nulls":7},"51141708-Clordiazepóxido"]
[{"$nulls":7},"51141709-Flufenazina"]
[{"$nulls":7},"51141710-Periciazina"]
[{"$nulls":7},"51141711-Levomepromazina"]
[{"$nulls":7},"51141712-Zotepina"]
[{"$nulls":7},"51141713-Palmitato de pipotiazina"]
[{"$nulls":7},"51141714-Piracetam"]
[{"$nulls":7},"51141715-Clozapina"]
[{"$nulls":7},"51141716-Decanoato de haloperidol"]
[{"$nulls":7},"51141717-Lactato de haloperidol"]
[{"$nulls":7},"51141718-Clorhidrato de loxapina"]
[{"$nulls":7},"51141719-Succinato de loxapina"]
[{"$nulls":7},"51141720-Clorhidrato de molindona"]
[{"$nulls":7},"51141721-Pimozida"]
[{"$nulls":7},"51141722-Fumarato de quetiapina"]
[{"$nulls":7},"51141723-Tiotixeno"]
[{"$nulls":7},"51141724-Clorhidrato de tiotixeno"]
[{"$nulls":7},"51141725-Clorhidrato de ziprasidona"]
[{"$nulls":7},"51141726-Clorhidrato de triflupromazina"]
[{"$nulls":7},"51141727-Mesilato de ziprasidona"]
[{"$nulls":7},"51141728-Droperidol"]
[{"$nulls":7},"51141729-Clorhidrato de tioridazina"]
[{"$nulls":7},"51141801-Pentobarbital"]
[{"$nulls":7},"51141802-Secobarbital sódico"]
[{"$nulls":7},"51141803-Hidrato de cloral"]
[{"$nulls":7},"51141804-Estazolam"]
[{"$nulls":7},"51141805-Triazolam"]
[{"$nulls":7},"51141806-Butobarbital"]
[{"$nulls":7},"51141807-Flunitrazepam"]
[{"$nulls":7},"51141808-Tartrato de zolpidem"]
[{"$nulls":7},"51141809-Loprazolam mesilato"]
[{"$nulls":7},"51141810-Zoplicona"]
[{"$nulls":7},"51141811-Amobarbital sódico"]
[{"$nulls":7},"51141812-Didrocloruro de dexmedetomidina"]
[{"$nulls":7},"51141813-Etclorvinol"]
[{"$nulls":7},"51141814-Clorhidrato de flurazepam"]
[{"$nulls":7},"51141815-Glutetimida"]
[{"$nulls":7},"51141816-Paraldehído"]
[{"$nulls":7},"51141817-Quazepam"]
[{"$nulls":7},"51141818-Triptófano"]
[{"$nulls":7},"51141819-Zaleplon"]
[{"$nulls":7},"51141820-Pentobarbital sódico"]
[{"$nulls":7},"51141821-Doxilamina succinato"]
[{"$nulls":7},"51141822-Butabarbital"]
[{"$nulls":7},"51141903-Carbonato de litio"]
[{"$nulls":7},"51141904-Citrato de litio"]
[{"$nulls":7},"51141907-Sulpirida"]
[{"$nulls":7},"51141908-Tiaprida"]
[{"$nulls":7},"51141910-Bromazepam"]
[{"$nulls":7},"51141911-Tofisopam"]
[{"$nulls":7},"51141912-Hidrocloruro de chlordiazepoxide"]
[{"$nulls":7},"51141913-Clormezanone"]
[{"$nulls":7},"51141914-Clorazapato dipotásico"]
[{"$nulls":7},"51141915-Halazepam"]
[{"$nulls":7},"51141916-Lorazepam"]
[{"$nulls":7},"51141917-Oxazepam"]
[{"$nulls":7},"51141918-Meprobamato"]
[{"$nulls":7},"51141919-Alprazolam"]
[{"$nulls":7},"51141920-Diazepam"]
[{"$nulls":7},"51141921-Clorhidrato de midazoloam"]
[{"$nulls":7},"51141922-Temazepam"]
[{"$nulls":7},"51142001-Acetaminofén"]
[{"$nulls":7},"51142002-Ácido acetilsalicílico"]
[{"$nulls":7},"51142003-Mesalamina"]
[{"$nulls":7},"51142004-Meprobromato"]
[{"$nulls":7},"51142005-Butetisalicilato de metilo"]
[{"$nulls":7},"51142006-Oxaceprol"]
[{"$nulls":7},"51142009-Metamizol sódico"]
[{"$nulls":7},"51142010-Acetanilida"]
[{"$nulls":7},"51142011-Salicilato de magnesio"]
[{"$nulls":7},"51142012-Ácido mefenámico"]
[{"$nulls":7},"51142013-Salicilamida"]
[{"$nulls":7},"51142014-Tiosalicilato de sodio"]
[{"$nulls":7},"51142015-Salicilato de trietanolamina"]
[{"$nulls":7},"51142016-Solución de antipirina y benzocaína"]
[{"$nulls":7},"51142017-Salsalato o ácido salicil salicílico"]
[{"$nulls":7},"51142018-Inyección de alcohol deshidratado"]
[{"$nulls":7},"51142101-Auranofin"]
[{"$nulls":7},"51142102-Carpofen"]
[{"$nulls":7},"51142103-Diclofenaco potásico"]
[{"$nulls":7},"51142104-Diclofenaco sódico"]
[{"$nulls":7},"51142105-Flurbiprofeno"]
[{"$nulls":7},"51142106-Ibuprofeno"]
[{"$nulls":7},"51142107-Indometacina"]
[{"$nulls":7},"51142108-Ketoprofeno"]
[{"$nulls":7},"51142109-Naproxeno"]
[{"$nulls":7},"51142110-Naproxeno sódico"]
[{"$nulls":7},"51142111-Oxaprozin"]
[{"$nulls":7},"51142112-Sulindaco"]
[{"$nulls":7},"51142113-Suprofeno"]
[{"$nulls":7},"51142114-Clorhidrato de bencidamina"]
[{"$nulls":7},"51142116-Salicilato de dietilamina"]
[{"$nulls":7},"51142117-Dietilamina diclofenaco"]
[{"$nulls":7},"51142118-Nimesulida"]
[{"$nulls":7},"51142119-Benorilato"]
[{"$nulls":7},"51142120-Serrapeptasa"]
[{"$nulls":7},"51142121-Diclofenaco"]
[{"$nulls":7},"51142122-Auriotomalato de sodio"]
[{"$nulls":7},"51142123-Ketorolaco trometamol"]
[{"$nulls":7},"51142124-Etodolac"]
[{"$nulls":7},"51142125-Etofenamato"]
[{"$nulls":7},"51142126-Floctafenina"]
[{"$nulls":7},"51142127-Emorfazona"]
[{"$nulls":7},"51142128-Piroxicam"]
[{"$nulls":7},"51142129-Ácido tiaprofénico"]
[{"$nulls":7},"51142130-Leflunomida"]
[{"$nulls":7},"51142131-Celecoxib"]
[{"$nulls":7},"51142132-Aurotioglucosa"]
[{"$nulls":7},"51142133-Bromfenac sódico"]
[{"$nulls":7},"51142134-Salicilato de colina"]
[{"$nulls":7},"51142135-Fenoprofen cálcico"]
[{"$nulls":7},"51142136-Flurbiprofen sódico"]
[{"$nulls":7},"51142137-Indometacina trihidrato sódica"]
[{"$nulls":7},"51142138-Ketorolac trometamina"]
[{"$nulls":7},"51142139-Meclofenamato sódico"]
[{"$nulls":7},"51142140-Meloxicam"]
[{"$nulls":7},"51142141-Nabumetona"]
[{"$nulls":7},"51142142-Rofecoxib"]
[{"$nulls":7},"51142143-Tolmetin sódico"]
[{"$nulls":7},"51142144-Valdecoxib"]
[{"$nulls":7},"51142145-Adalimumab"]
[{"$nulls":7},"51142146-Diflunisal"]
[{"$nulls":7},"51142147-Anakinra"]
[{"$nulls":7},"51142148-Hialuronato de sodio"]
[{"$nulls":7},"51142149-Glucosamina"]
[{"$nulls":7},"51142201-Butorfanol tartrato"]
[{"$nulls":7},"51142202-Fosfato codeina"]
[{"$nulls":7},"51142203-Sulfato codeina"]
[{"$nulls":7},"51142205-Clorhidrato meperidina"]
[{"$nulls":7},"51142206-Sulfato de morfina"]
[{"$nulls":7},"51142207-Oxicodona"]
[{"$nulls":7},"51142208-Citrato sufentanilo"]
[{"$nulls":7},"51142209-Clorhidrato nefopam"]
[{"$nulls":7},"51142210-Clorhidrato etilmorfina"]
[{"$nulls":7},"51142211-Hidrocodona"]
[{"$nulls":7},"51142212-Dihidrocodeina resinato"]
[{"$nulls":7},"51142213-Napsilato de propoxifeno"]
[{"$nulls":7},"51142214-Clorhidrato de alfentanil"]
[{"$nulls":7},"51142215-Hidrocloruro de buprenorfina"]
[{"$nulls":7},"51142216-Dezocina"]
[{"$nulls":7},"51142217-Dihidrocodéina tartrato"]
[{"$nulls":7},"51142218-Dihidrocodéina"]
[{"$nulls":7},"51142219-Fentanilo"]
[{"$nulls":7},"51142220-Citrato de fentanilo"]
[{"$nulls":7},"51142221-Bitartrato de hidrocodona"]
[{"$nulls":7},"51142222-Hidrocloruro de hidromorfona"]
[{"$nulls":7},"51142223-Polistirex de hidrocodona"]
[{"$nulls":7},"51142224-Clorhidrato de acetato de levometadil"]
[{"$nulls":7},"51142225-Tartrato de levorfanol"]
[{"$nulls":7},"51142226-Clorhidrato de metadona"]
[{"$nulls":7},"51142227-Clorhidrato de oxicodona"]
[{"$nulls":7},"51142228-Clorhidrato de oximorfona"]
[{"$nulls":7},"51142229-Clorhidrato de pentazocina"]
[{"$nulls":7},"51142230-Lactato de pentazocina"]
[{"$nulls":7},"51142231-Clorhidrato de propoxifeno"]
[{"$nulls":7},"51142232-Clorhidrato de remifentanilo"]
[{"$nulls":7},"51142233-Codeína"]
[{"$nulls":7},"51142234-Bitartrato de dihidrocodeína"]
[{"$nulls":7},"51142235-Clorhidrato de tramadol"]
[{"$nulls":7},"51142236-Opio"]
[{"$nulls":7},"51142237-Dextropropoxifeno"]
[{"$nulls":7},"51142301-Clorhidrato de nalmefeno"]
[{"$nulls":7},"51142302-Hidrocloruro de naloxona"]
[{"$nulls":7},"51142303-Naltrexona"]
[{"$nulls":7},"51142304-Clorhidrato de nalbufina"]
[{"$nulls":7},"51142305-Roxatidina"]
[{"$nulls":7},"51142401-Maleato de metisergida"]
[{"$nulls":7},"51142402-Succinato de sumatriptán"]
[{"$nulls":7},"51142403-Tartrato de ergotamina"]
[{"$nulls":7},"51142404-Dihidroergotamina"]
[{"$nulls":7},"51142405-Combinación de ácido acetilsalicílico paracetamol"]
[{"$nulls":7},"51142406-Almotriptán malato"]
[{"$nulls":7},"51142407-Mesilato de dihidroergotamina"]
[{"$nulls":7},"51142408-Succinato de frovatriptan"]
[{"$nulls":7},"51142409-Isometepteno"]
[{"$nulls":7},"51142410-Naratriptán hidrocloruro"]
[{"$nulls":7},"51142411-Benzoato de rizatriptán"]
[{"$nulls":7},"51142412-Bromhidrato de eletriptan"]
[{"$nulls":7},"51142413-Zolmitriptán"]
[{"$nulls":7},"51142414-Sumatriptán"]
[{"$nulls":7},"51142501-Mesilato de bromocriptina"]
[{"$nulls":7},"51142502-Carbidopa"]
[{"$nulls":7},"51142503-Levodopa"]
[{"$nulls":7},"51142504-Clorhidrato de selegilina"]
[{"$nulls":7},"51142505-Biperideno"]
[{"$nulls":7},"51142506-Clorhidrato de biperideno"]
[{"$nulls":7},"51142507-Mesilato de pergolida"]
[{"$nulls":7},"51142508-Dihidrocloruro de pramipexol"]
[{"$nulls":7},"51142509-Clorhidrato de ropinirol"]
[{"$nulls":7},"51142510-Tolcapone"]
[{"$nulls":7},"51142601-Sulfato de anfetamina"]
[{"$nulls":7},"51142602-Fenfluramina"]
[{"$nulls":7},"51142603-Mazindol"]
[{"$nulls":7},"51142604-Pemolina"]
[{"$nulls":7},"51142605-Tartrato de fendimetrazina"]
[{"$nulls":7},"51142606-Clorhidrato de pipradol"]
[{"$nulls":7},"51142607-Fenproporex"]
[{"$nulls":7},"51142608-Trimetilxantina"]
[{"$nulls":7},"51142609-Clorhidrato de anfepramona"]
[{"$nulls":7},"51142610-Cafeína"]
[{"$nulls":7},"51142611-Clorhidrato de dexfenfluramina"]
[{"$nulls":7},"51142612-Clorhidrato de dietilpropión"]
[{"$nulls":7},"51142613-Clorhidrato de fenfluramina"]
[{"$nulls":7},"51142614-Clorhidrato de benzfetamina"]
[{"$nulls":7},"51142615-Clorhidrato de  fentermina"]
[{"$nulls":7},"51142616-Fentermina de resina"]
[{"$nulls":7},"51142617-Clorhidrato de sibutramina monohidratada"]
[{"$nulls":7},"51142618-Clorhidrato de metilfenidato"]
[{"$nulls":7},"51142619-Espíritu aromático de amoníaco"]
[{"$nulls":7},"51142701-Fenilbutazona"]
[{"$nulls":7},"51142702-Ácido meclofenámico"]
[{"$nulls":7},"51142801-Riluzol"]
[{"$nulls":7},"51142901-Cloroformo"]
[{"$nulls":7},"51142902-Mezcla eutéctica de anestésicos locales"]
[{"$nulls":7},"51142903-Ropivacaína"]
[{"$nulls":7},"51142904-Lidocaína"]
[{"$nulls":7},"51142905-Bupivacaína"]
[{"$nulls":7},"51142906-Clorhidrato de ametocaína"]
[{"$nulls":7},"51142907-Oxibuprocaína"]
[{"$nulls":7},"51142908-Lignocaina"]
[{"$nulls":7},"51142909-Benzocaína"]
[{"$nulls":7},"51142910-Prilocaina"]
[{"$nulls":7},"51142911-Clorhidrato de quinisocaina"]
[{"$nulls":7},"51142912-Dibucaina"]
[{"$nulls":7},"51142913-Halotano"]
[{"$nulls":7},"51142914-Clorhidrato de amilocaína"]
[{"$nulls":7},"51142915-Septocaina"]
[{"$nulls":7},"51142916-Hialuronidasa"]
[{"$nulls":7},"51142917-Mepivacaína"]
[{"$nulls":7},"51142918-Articaína"]
[{"$nulls":7},"51142919-Isoflurano"]
[{"$nulls":7},"51142920-Procaina"]
[{"$nulls":7},"51142921-Tiopental sódico"]
[{"$nulls":7},"51142922-Clorhidrato de benoxinato"]
[{"$nulls":7},"51142923-Butambeno"]
[{"$nulls":7},"51142924-Clorobutanol"]
[{"$nulls":7},"51142925-Clorhidrato de cloroprocaína"]
[{"$nulls":7},"51142926-Clorhidrato de cocaína"]
[{"$nulls":7},"51142927-Desflurano"]
[{"$nulls":7},"51142928-Clorhidrato de diclonina"]
[{"$nulls":7},"51142929-Enflurano"]
[{"$nulls":7},"51142930-Éter"]
[{"$nulls":7},"51142931-Cloruro de etilo"]
[{"$nulls":7},"51142932-Clorhidrato de etidocaína"]
[{"$nulls":7},"51142933-Etomidato"]
[{"$nulls":7},"51142934-Clorhidrato de ketamina"]
[{"$nulls":7},"51142935-Levobupivacaína hidrocloruro"]
[{"$nulls":7},"51142936-Levonordefrina"]
[{"$nulls":7},"51142937-Clorhidrato de lidocaína"]
[{"$nulls":7},"51142938-Metohexital sódico"]
[{"$nulls":7},"51142939-Clorhidrato de pramoxina"]
[{"$nulls":7},"51142940-Clorhidrato de proparacaína"]
[{"$nulls":7},"51142941-Propofol"]
[{"$nulls":7},"51142942-Sevoflurano"]
[{"$nulls":7},"51142943-Tetracaína"]
[{"$nulls":7},"51142944-Clorhidrato de tetracaina"]
[{"$nulls":7},"51142945-Clorhidrato de doxapram"]
[{"$nulls":7},"51142946-Metoxiflurano"]
[{"$nulls":7},"51142947-Clorhidrato de cincocaína"]
[{"$nulls":7},"51151501-Cloruro de betanecol"]
[{"$nulls":7},"51151502-Cloruro de edrofonio"]
[{"$nulls":7},"51151503-Fisostigmina"]
[{"$nulls":7},"51151504-Nitrato de pilocarpina"]
[{"$nulls":7},"51151505-Clorhidrato de tropatepina"]
[{"$nulls":7},"51151506-Inhibidor de la esterasa"]
[{"$nulls":7},"51151507-Cloruro de ambenonio"]
[{"$nulls":7},"51151508-Dexpantenol"]
[{"$nulls":7},"51151509-Donepezilo clorhidrato"]
[{"$nulls":7},"51151510-Bromhidrato de galantamina"]
[{"$nulls":7},"51151511-Bromuro de mepenzolato"]
[{"$nulls":7},"51151512-Metilsulfato de neostigmina"]
[{"$nulls":7},"51151513-Bromuro de neostigmina"]
[{"$nulls":7},"51151514-Bromuro de piridostigmina"]
[{"$nulls":7},"51151515-Tartrato de rivastigmina"]
[{"$nulls":7},"51151516-Clorhidrato de tacrina"]
[{"$nulls":7},"51151517-Clorhidrato de cevimelina"]
[{"$nulls":7},"51151518-Lecitina o fosfatidilcolina"]
[{"$nulls":7},"51151601-Sulfato de atropina"]
[{"$nulls":7},"51151602-Mesilato de benztropina"]
[{"$nulls":7},"51151603-Clorhidrato de prociclidina"]
[{"$nulls":7},"51151604-Clorhidrato de trihexifenidilo"]
[{"$nulls":7},"51151605-Clorhidrato de ciclopentolato"]
[{"$nulls":7},"51151606-Tropicamida"]
[{"$nulls":7},"51151607-Bromuro de clidinio"]
[{"$nulls":7},"51151608-Clorhidrato de diciclomina"]
[{"$nulls":7},"51151609-Bromuro de propantelina"]
[{"$nulls":7},"51151610-Alcaloides de belladona"]
[{"$nulls":7},"51151611-Glicopirrolato"]
[{"$nulls":7},"51151612-Sulfato de hiosciamina"]
[{"$nulls":7},"51151613-Bromhidrato de escopolamina"]
[{"$nulls":7},"51151614-Homatropina bromhidrato"]
[{"$nulls":7},"51151615-Caramifeno"]
[{"$nulls":7},"51151616-Atropina"]
[{"$nulls":7},"51151701-Albuterol"]
[{"$nulls":7},"51151702-Tartrato de brimonidina"]
[{"$nulls":7},"51151703-Epinefrina"]
[{"$nulls":7},"51151704-Borato de epinefrina"]
[{"$nulls":7},"51151705-Clorhidrato de epinefrina"]
[{"$nulls":7},"51151706-Isoproterenol"]
[{"$nulls":7},"51151707-Sulfato de isoproterenol"]
[{"$nulls":7},"51151708-Bitartrato de levarterenol"]
[{"$nulls":7},"51151709-Fenilpropanolamina clorhidrato"]
[{"$nulls":7},"51151710-Clorhidrato de fenilefrina"]
[{"$nulls":7},"51151711-Sulfato de terbutalina"]
[{"$nulls":7},"51151712-Clorhidrato de arbutamina"]
[{"$nulls":7},"51151713-Clorhidrato de cinamedrina"]
[{"$nulls":7},"51151714-Sulfato de d-anfetamina"]
[{"$nulls":7},"51151715-Sulfato de efedrina"]
[{"$nulls":7},"51151716-Clorhidrato de isoproterenol"]
[{"$nulls":7},"51151717-Sulfato de mefentermina"]
[{"$nulls":7},"51151718-Bitartrato de metaraminol"]
[{"$nulls":7},"51151719-Pseudoefedrina"]
[{"$nulls":7},"51151720-Xinafoato de salmeterol"]
[{"$nulls":7},"51151721-Clorhidrato de midodrina"]
[{"$nulls":7},"51151722-Clorhidrato de levalbuterol"]
[{"$nulls":7},"51151723-Clorhidrato de tetrahidrozolina"]
[{"$nulls":7},"51151724-Clorhidrato de nafazolina"]
[{"$nulls":7},"51151725-Dipivefrina"]
[{"$nulls":7},"51151726-Fenilpropanolamina"]
[{"$nulls":7},"51151727-Norepinefrina bitartrato"]
[{"$nulls":7},"51151728-Bromhidrato hidroxianfetamina"]
[{"$nulls":7},"51151729-Clorhidrato de metanfetamina"]
[{"$nulls":7},"51151730-Epinefrina bitartrato"]
[{"$nulls":7},"51151731-Sulfato de metaproterenol"]
[{"$nulls":7},"51151732-Clorhidrato de dobutamina"]
[{"$nulls":7},"51151733-Clorhidrato de dipivefrina"]
[{"$nulls":7},"51151734-Sulfato de albuterol"]
[{"$nulls":7},"51151735-Aspartato de anfetamina"]
[{"$nulls":7},"51151736-Mesilato de isoetarina"]
[{"$nulls":7},"51151737-Clorhidrato de dopamina"]
[{"$nulls":7},"51151738-Fumarato de formoterol"]
[{"$nulls":7},"51151739-Clorhidrato de metoxamina"]
[{"$nulls":7},"51151740-Clorhidrato de isoetarina"]
[{"$nulls":7},"51151741-Efedrina"]
[{"$nulls":7},"51151742-Fenilefrina"]
[{"$nulls":7},"51151743-Clorhidrato de pseudoefedrina"]
[{"$nulls":7},"51151744-Hidrocloruro de efedrina"]
[{"$nulls":7},"51151745-Tanato de pseudoefedrina"]
[{"$nulls":7},"51151746-Sulfato de pseudoefedrina"]
[{"$nulls":7},"51151747-Hidrocloruro de racepinephrine"]
[{"$nulls":7},"51151748-Nafazolina"]
[{"$nulls":7},"51151749-Dextroanfetamina"]
[{"$nulls":7},"51151801-Atenolol"]
[{"$nulls":7},"51151802-Hidrocloruro de esmolol"]
[{"$nulls":7},"51151803-Nadolol"]
[{"$nulls":7},"51151804-Pindolol"]
[{"$nulls":7},"51151805-Maleato de timolol"]
[{"$nulls":7},"51151810-Mesilato de fentolamina"]
[{"$nulls":7},"51151811-Hidrocloruro de yohimbina"]
[{"$nulls":7},"51151812-Hidrocloruro de propranolol"]
[{"$nulls":7},"51151813-Acebutolol"]
[{"$nulls":7},"51151814-Hidrocloruro de betaxolol"]
[{"$nulls":7},"51151815-Hidrocloruro de tolazolina"]
[{"$nulls":7},"51151816-Hidrocloruro de prazosín"]
[{"$nulls":7},"51151817-Hidrocloruro de tamsulosina"]
[{"$nulls":7},"51151818-Hidrocloruro de carteolol"]
[{"$nulls":7},"51151819-Hidrocloruro de terazosina"]
[{"$nulls":7},"51151820-Hidrocloruro de fenoxibenzamina"]
[{"$nulls":7},"51151821-Sulfato de penbutolol"]
[{"$nulls":7},"51151822-Succinato de metoprolol"]
[{"$nulls":7},"51151823-Hidrocloruro de labetalol"]
[{"$nulls":7},"51151824-Mesilato de doxazosina"]
[{"$nulls":7},"51151825-Hidrocloruro de dapiprazol"]
[{"$nulls":7},"51151901-Baclofeno"]
[{"$nulls":7},"51151902-Clorzoxazona"]
[{"$nulls":7},"51151903-Dantroleno sódico"]
[{"$nulls":7},"51151904-Metocarbamol"]
[{"$nulls":7},"51151905-Carisoprodol"]
[{"$nulls":7},"51151906-Isoxsuprina"]
[{"$nulls":7},"51151907-Clorhidrato de ritodrina"]
[{"$nulls":7},"51151908-Citrato de orfenadrina"]
[{"$nulls":7},"51151910-Nonivamida"]
[{"$nulls":7},"51151911-Suxametonio"]
[{"$nulls":7},"51151912-Tiocolchicósido"]
[{"$nulls":7},"51151913-Clorfenesina carbamato"]
[{"$nulls":7},"51151914-Clorhidrato de ciclobenzaprina"]
[{"$nulls":7},"51151915-Metaxalona"]
[{"$nulls":7},"51151916-Cloruro de succinilcolina"]
[{"$nulls":7},"51151917-Clorhidrato de tizanidina"]
[{"$nulls":7},"51152001-Besilato de atracurio"]
[{"$nulls":7},"51152002-Cloruro de mivacurio"]
[{"$nulls":7},"51152003-Bromuro de rocuronio"]
[{"$nulls":7},"51152004-Bromuro de vecuronio"]
[{"$nulls":7},"51152005-Toxina botulínica"]
[{"$nulls":7},"51152006-Cisatracurio"]
[{"$nulls":7},"51152007-Cloruro de doxacurio"]
[{"$nulls":7},"51152008-Yoduro de metocurina"]
[{"$nulls":7},"51152009-Bromuro de pancuronio"]
[{"$nulls":7},"51152010-Bromuro de rapacuronio"]
[{"$nulls":7},"51152011-Cloruro de tubocurarina"]
[{"$nulls":7},"51152012-Bromuro de pipecuronio"]
[{"$nulls":7},"51161501-Mesilato de bitolterol"]
[{"$nulls":7},"51161502-Nedocromil sódico"]
[{"$nulls":7},"51161503-Acetato de pirbuterol"]
[{"$nulls":7},"51161504-Aminofilina"]
[{"$nulls":7},"51161505-Teofilina"]
[{"$nulls":7},"51161506-Terbutalina"]
[{"$nulls":7},"51161507-Formoterol"]
[{"$nulls":7},"51161508-Sulfato de salbutamol"]
[{"$nulls":7},"51161510-Teofilina"]
[{"$nulls":7},"51161511-Cromoglicato de sodio"]
[{"$nulls":7},"51161513-Difilina"]
[{"$nulls":7},"51161514-Oxtrifilina"]
[{"$nulls":7},"51161515-Montelukast sódico"]
[{"$nulls":7},"51161516-Zafirlukast"]
[{"$nulls":7},"51161517-Zileutón"]
[{"$nulls":7},"51161601-Astemizol"]
[{"$nulls":7},"51161602-Fumarato de clemastina"]
[{"$nulls":7},"51161603-Maleato de dexclorfeniramina"]
[{"$nulls":7},"51161605-Clorhidrato de levocabastina"]
[{"$nulls":7},"51161606-Loratadina"]
[{"$nulls":7},"51161607-Terfenadina"]
[{"$nulls":7},"51161608-Clorhidrato de betahistina"]
[{"$nulls":7},"51161609-Hidrocloruro de triprolidina"]
[{"$nulls":7},"51161610-Prometazina"]
[{"$nulls":7},"51161611-Oxomemazina"]
[{"$nulls":7},"51161612-Ebastina"]
[{"$nulls":7},"51161613-Mesilato de dihidroergotoxina"]
[{"$nulls":7},"51161614-Clorhidrato de meclozina"]
[{"$nulls":7},"51161615-Cetirizina"]
[{"$nulls":7},"51161616-Betahistina"]
[{"$nulls":7},"51161617-Clorhidrato de buclicina"]
[{"$nulls":7},"51161618-Alimemazina"]
[{"$nulls":7},"51161619-Mepiramina maleato"]
[{"$nulls":7},"51161620-Difenhidramina"]
[{"$nulls":7},"51161621-Clorhidrato de fexofenadina"]
[{"$nulls":7},"51161622-Cromoglicato de sodio"]
[{"$nulls":7},"51161623-Hidroxizina pamoato"]
[{"$nulls":7},"51161624-Maleato de  azatadina"]
[{"$nulls":7},"51161625-Azelastina hidrocloruro"]
[{"$nulls":7},"51161626-Bosentán"]
[{"$nulls":7},"51161627-Maleato de bromfeniramina"]
[{"$nulls":7},"51161628-Maleato de carbinoxamina"]
[{"$nulls":7},"51161629-Hidrocloruro de cetirizina"]
[{"$nulls":7},"51161630-Maleato de clorfenamina"]
[{"$nulls":7},"51161631-Tanato de clorfenamina"]
[{"$nulls":7},"51161632-Clorhidrato de ciproheptadina"]
[{"$nulls":7},"51161633-Desloratadina"]
[{"$nulls":7},"51161634-Maleato de dexbromfeniramina"]
[{"$nulls":7},"51161635-Clorhidrato de difenhidramina"]
[{"$nulls":7},"51161636-Tanato de difenhidramina"]
[{"$nulls":7},"51161637-Clorhidrato de hidroxizina"]
[{"$nulls":7},"51161638-Fumarato de ketotifeno"]
[{"$nulls":7},"51161639-Clorhidrato de olopatadina"]
[{"$nulls":7},"51161640-Tartrato de fenindamina"]
[{"$nulls":7},"51161646-Acrivastina"]
[{"$nulls":7},"51161647-Bromfeniramina"]
[{"$nulls":7},"51161648-Difumarato de emedastina"]
[{"$nulls":7},"51161649-Lodoxamida trometamina"]
[{"$nulls":7},"51161650-Clorhidrato de prometazina"]
[{"$nulls":7},"51161651-Potasio de pemirolast"]
[{"$nulls":7},"51161701-Acetilcisteína"]
[{"$nulls":7},"51161702-Beractant"]
[{"$nulls":7},"51161703-Budesonida"]
[{"$nulls":7},"51161704-Palmitato de colfoscerilo"]
[{"$nulls":7},"51161705-Bromuro de ipratropio"]
[{"$nulls":7},"51161706-Sobrerol"]
[{"$nulls":7},"51161707-Clorhidrato de bamifilina"]
[{"$nulls":7},"51161708-Dornasa alfa"]
[{"$nulls":7},"51161709-Poractant alfa"]
[{"$nulls":7},"51161710-Calfactant"]
[{"$nulls":7},"51161801-Benzonatato"]
[{"$nulls":7},"51161802-Guaifenesina"]
[{"$nulls":7},"51161803-Mentol"]
[{"$nulls":7},"51161805-Carbocisteína"]
[{"$nulls":7},"51161806-Cloruro de amonio"]
[{"$nulls":7},"51161808-Dextrometorfano"]
[{"$nulls":7},"51161809-Citrato de oxolamina"]
[{"$nulls":7},"51161810-Folcodina"]
[{"$nulls":7},"51161811-Bromhexina"]
[{"$nulls":7},"51161812-Combinación de acetaminofen y clorfeniramina"]
[{"$nulls":7},"51161813-Guayacolsulfonato de potasio"]
[{"$nulls":7},"51161814-Bitartrato de fenilpropanolamina"]
[{"$nulls":7},"51161815-Tanato de carbetapentano"]
[{"$nulls":7},"51161817-Clorhidrato de dextrometorfano"]
[{"$nulls":7},"51161818-Dextrometorfano polistirex"]
[{"$nulls":7},"51161819-Tanato de dextrometorfano"]
[{"$nulls":7},"51161820-Aceite de eucalipto o eucaliptol"]
[{"$nulls":7},"51161901-Clorhidrato de oximetazolina"]
[{"$nulls":7},"51161903-Clorhidrato de xilometazolina"]
[{"$nulls":7},"51171501-Carbonato de calcio"]
[{"$nulls":7},"51171502-Magaldrato"]
[{"$nulls":7},"51171503-Hidróxido de magnesio"]
[{"$nulls":7},"51171504-Antiácidos de bicarbonato de sodio"]
[{"$nulls":7},"51171505-Simeticona"]
[{"$nulls":7},"51171507-Hidrotalcita"]
[{"$nulls":7},"51171508-Carbonato de magnesio"]
[{"$nulls":7},"51171509-Clorhidrato de betaína"]
[{"$nulls":7},"51171510-Trisilicato de magnesio"]
[{"$nulls":7},"51171511-Hidróxido de aluminio"]
[{"$nulls":7},"51171513-Dihidroxialuminio-carbonato de sodio"]
[{"$nulls":7},"51171601-Cáscara sagrada"]
[{"$nulls":7},"51171602-Docusato de calcio"]
[{"$nulls":7},"51171603-Docusato potásico"]
[{"$nulls":7},"51171604-Docusato de sodio"]
[{"$nulls":7},"51171605-Lactulosa"]
[{"$nulls":7},"51171606-Sulfato de magnesio"]
[{"$nulls":7},"51171607-Mucílago hidrófilo del psilio"]
[{"$nulls":7},"51171608-Glicerina"]
[{"$nulls":7},"51171609-Ácido dehidrocólico"]
[{"$nulls":7},"51171610-Sen o senósidos"]
[{"$nulls":7},"51171611-Estimulante bisacodilo"]
[{"$nulls":7},"51171612-Metilcelulosa"]
[{"$nulls":7},"51171613-Aloína"]
[{"$nulls":7},"51171614-Bisacodyl"]
[{"$nulls":7},"51171615-Calcio policarbofilo"]
[{"$nulls":7},"51171616-Casantranol"]
[{"$nulls":7},"51171617-Aceite de ricino"]
[{"$nulls":7},"51171618-Monohidrato de cisaprida"]
[{"$nulls":7},"51171619-Supositorios de glicerina"]
[{"$nulls":7},"51171620-Citrato de magnesio"]
[{"$nulls":7},"51171621-Clorhidrato de metoclopramida"]
[{"$nulls":7},"51171622-Fosfato de sodio"]
[{"$nulls":7},"51171623-Fenolftaleína"]
[{"$nulls":7},"51171624-Semilla de psyllium"]
[{"$nulls":7},"51171626-Bitartrato de potasio"]
[{"$nulls":7},"51171627-Tartrato de sodio y potasio"]
[{"$nulls":7},"51171628-Fosfato de potasio"]
[{"$nulls":7},"51171629-Sulfato de sodio"]
[{"$nulls":7},"51171630-Aceite mineral"]
[{"$nulls":7},"51171631-Polietilenglicol laxante"]
[{"$nulls":7},"51171632-Cloruro de magnesio"]
[{"$nulls":7},"51171701-Clorhidrato de difenoxina"]
[{"$nulls":7},"51171702-Hidroclorato de loperamida"]
[{"$nulls":7},"51171703-Paregorico"]
[{"$nulls":7},"51171704-Nifuroxazida"]
[{"$nulls":7},"51171706-Atapulgita"]
[{"$nulls":7},"51171707-Subsalicilato de bismuto"]
[{"$nulls":7},"51171708-Clorhidrato de difenoxilato"]
[{"$nulls":7},"51171709-Saccharomyces boulardii"]
[{"$nulls":7},"51171710-Clorhidrato de alosetrón"]
[{"$nulls":7},"51171711-Caolín y pectina"]
[{"$nulls":7},"51171712-Pectina  purificada con acidophilus"]
[{"$nulls":7},"51171801-Dronabinol"]
[{"$nulls":7},"51171802-Clorhidrato de granisetrón"]
[{"$nulls":7},"51171803-Clorhidrato de meclizina"]
[{"$nulls":7},"51171804-Clorhidrato de ondansetrón"]
[{"$nulls":7},"51171805-Clorhidrato de trimetobenzamida"]
[{"$nulls":7},"51171806-Metoclopramida"]
[{"$nulls":7},"51171807-Cinarizina"]
[{"$nulls":7},"51171808-Clorhidrato de difenidol"]
[{"$nulls":7},"51171809-Ciclizina"]
[{"$nulls":7},"51171811-Combinacion de dextrosa fructosa y ácido fosfórico"]
[{"$nulls":7},"51171812-Proclorperazina"]
[{"$nulls":7},"51171813-Metopimazina"]
[{"$nulls":7},"51171814-Mesilato de dolasetrón"]
[{"$nulls":7},"51171815-Clorhidrato de ciclizina"]
[{"$nulls":7},"51171816-Ondansetrón"]
[{"$nulls":7},"51171817-Edisilato de proclorperazina"]
[{"$nulls":7},"51171818-Maleato de proclorperazina"]
[{"$nulls":7},"51171819-Maleato de tietilperacina"]
[{"$nulls":7},"51171820-Dimenhidrinato"]
[{"$nulls":7},"51171821-Aprepitant"]
[{"$nulls":7},"51171822-Clorhidrato de palonosetrón"]
[{"$nulls":7},"51171901-Cimetidina"]
[{"$nulls":7},"51171902-Famotidina"]
[{"$nulls":7},"51171903-Nizatidina"]
[{"$nulls":7},"51171904-Clorhidrato de ranitidina"]
[{"$nulls":7},"51171905-Cisapride"]
[{"$nulls":7},"51171906-Lansoprazol"]
[{"$nulls":7},"51171907-Clordiazepóxido clorhidrato o combinación de bromuro clinidio"]
[{"$nulls":7},"51171908-Misoprostol"]
[{"$nulls":7},"51171909-Omeprazol"]
[{"$nulls":7},"51171910-Pancreatina"]
[{"$nulls":7},"51171911-Sucralfato"]
[{"$nulls":7},"51171912-Clorhidrato de cimetidina"]
[{"$nulls":7},"51171913-Esomeprazol magnesico  trihidrato"]
[{"$nulls":7},"51171914-Pantoprazol sódico sesquihidratado"]
[{"$nulls":7},"51171915-Pantoprazol sódico"]
[{"$nulls":7},"51171916-Rabeprazol sódico"]
[{"$nulls":7},"51171917-Citrato de bismuto ranitidina"]
[{"$nulls":7},"51171918-Carbonato de aluminio"]
[{"$nulls":7},"51172001-Quenodiol"]
[{"$nulls":7},"51172002-Monoctanoina"]
[{"$nulls":7},"51172003-Ursodiol"]
[{"$nulls":7},"51172004-Dimetilsulfóxido"]
[{"$nulls":7},"51172101-Clorhidrato de mebeverina"]
[{"$nulls":7},"51172102-Clorhidrato de dicicloverina"]
[{"$nulls":7},"51172103-Clorhidrato de pitofenona"]
[{"$nulls":7},"51172105-Floroglucinol"]
[{"$nulls":7},"51172106-Clorhidrato de oxibutinina"]
[{"$nulls":7},"51172107-Butilbromuro de hioscina"]
[{"$nulls":7},"51172108-Clorhidrato de viquidil"]
[{"$nulls":7},"51172109-Trimebutina"]
[{"$nulls":7},"51172110-Clorhidrato de prozapina"]
[{"$nulls":7},"51172111-Alverina"]
[{"$nulls":7},"51181501-Acarbosa"]
[{"$nulls":7},"51181502-Acetohexamida"]
[{"$nulls":7},"51181503-Clorpropamida"]
[{"$nulls":7},"51181504-Glimepirida"]
[{"$nulls":7},"51181505-Glipizida"]
[{"$nulls":7},"51181506-Insulina"]
[{"$nulls":7},"51181508-Glucagón"]
[{"$nulls":7},"51181509-Gliclazida"]
[{"$nulls":7},"51181510-Clorhidrato de fenformina"]
[{"$nulls":7},"51181511-Buformina"]
[{"$nulls":7},"51181513-Nateglinida"]
[{"$nulls":7},"51181514-Extracto de páncreas"]
[{"$nulls":7},"51181515-Tolbutamida"]
[{"$nulls":7},"51181516-Glibenclamida o gliburida"]
[{"$nulls":7},"51181517-Hidrocloruro de metformina"]
[{"$nulls":7},"51181519-Miglitol"]
[{"$nulls":7},"51181520-Clorhidrato de pioglitazona"]
[{"$nulls":7},"51181521-Repaglinida"]
[{"$nulls":7},"51181522-Maleato de rosiglitazona"]
[{"$nulls":7},"51181523-Tolazamida"]
[{"$nulls":7},"51181524-Troglitazona"]
[{"$nulls":7},"51181601-Levotiroxina sódica"]
[{"$nulls":7},"51181602-Liotironina sódica"]
[{"$nulls":7},"51181603-Liotrix"]
[{"$nulls":7},"51181604-Tirotropina"]
[{"$nulls":7},"51181605-Metimazol"]
[{"$nulls":7},"51181606-Propiltiouracilo"]
[{"$nulls":7},"51181607-Yoduro de potasio"]
[{"$nulls":7},"51181608-Levotiroxina"]
[{"$nulls":7},"51181609-Yoduro de sodio"]
[{"$nulls":7},"51181701-Betametasona"]
[{"$nulls":7},"51181702-Corticotropina"]
[{"$nulls":7},"51181703-Cosintropina"]
[{"$nulls":7},"51181704-Dexametasona"]
[{"$nulls":7},"51181705-Flunisolida"]
[{"$nulls":7},"51181706-Hidrocortisona"]
[{"$nulls":7},"51181707-Metilprednisolona"]
[{"$nulls":7},"51181708-Prednisolona"]
[{"$nulls":7},"51181709-Triamcinolona"]
[{"$nulls":7},"51181710-Desoximetasona"]
[{"$nulls":7},"51181711-Meprednisona"]
[{"$nulls":7},"51181712-Ácido risedrónico"]
[{"$nulls":7},"51181713-Prednisona"]
[{"$nulls":7},"51181714-Prednicarbato"]
[{"$nulls":7},"51181715-Cortisona"]
[{"$nulls":7},"51181716-Cortivazol"]
[{"$nulls":7},"51181717-Acetato de desoxicortona"]
[{"$nulls":7},"51181718-Deflazacort"]
[{"$nulls":7},"51181719-Acetónido de fluocinolona"]
[{"$nulls":7},"51181720-Diacetato de diflorasona"]
[{"$nulls":7},"51181721-Corticorelina ovina triflutato"]
[{"$nulls":7},"51181722-Fluticasona"]
[{"$nulls":7},"51181723-Acetato de hidrocortisona"]
[{"$nulls":7},"51181724-Hidrocortisona buteprato"]
[{"$nulls":7},"51181725-Butirato de hidrocortisona"]
[{"$nulls":7},"51181726-Fosfato sódico de hidrocortisona"]
[{"$nulls":7},"51181727-Valerato de hidrocortisona"]
[{"$nulls":7},"51181728-Acetato de metilprednisolona"]
[{"$nulls":7},"51181729-Succinato sódico de metilprednisolona"]
[{"$nulls":7},"51181730-Acetato de prednisolona"]
[{"$nulls":7},"51181731-Acetato de triamcinolona"]
[{"$nulls":7},"51181732-Diacetato de triamcinolona"]
[{"$nulls":7},"51181733-Hexacetonido de triamcinolona"]
[{"$nulls":7},"51181734-Dipropionato de alclometasona"]
[{"$nulls":7},"51181735-Propionato de halobetasol"]
[{"$nulls":7},"51181736-Fluorometolona"]
[{"$nulls":7},"51181737-Halcinonida"]
[{"$nulls":7},"51181738-Acetato de fludrocortisona"]
[{"$nulls":7},"51181739-Rimexolona"]
[{"$nulls":7},"51181740-Fosfato sódico de dexametasona"]
[{"$nulls":7},"51181741-Loteprednol etabonato"]
[{"$nulls":7},"51181742-Propionato de clobetasol"]
[{"$nulls":7},"51181743-Pivalato de clocortolona"]
[{"$nulls":7},"51181744-Fluocinonida"]
[{"$nulls":7},"51181745-Flurandrenolida"]
[{"$nulls":7},"51181746-Amcinonida"]
[{"$nulls":7},"51181747-Probutato de hidrocortisona"]
[{"$nulls":7},"51181748-Medrisona"]
[{"$nulls":7},"51181749-Furoato de mometasona"]
[{"$nulls":7},"51181750-Desonida"]
[{"$nulls":7},"51181751-Fosfato sódico de prednisolona"]
[{"$nulls":7},"51181752-Dipropionato de beclometasona"]
[{"$nulls":7},"51181753-Acetato de cortisona"]
[{"$nulls":7},"51181754-Dipropionato de betametasona"]
[{"$nulls":7},"51181755-Valerato de betametasona"]
[{"$nulls":7},"51181801-Clorotrianiseno"]
[{"$nulls":7},"51181802-Estrona"]
[{"$nulls":7},"51181803-Estrógenos conjugados"]
[{"$nulls":7},"51181804-Estropipato"]
[{"$nulls":7},"51181805-Levonorgestrel"]
[{"$nulls":7},"51181806-Acetato de megestrol"]
[{"$nulls":7},"51181807-Etinilestradiol"]
[{"$nulls":7},"51181808-Mestranol"]
[{"$nulls":7},"51181810-Acetato de clormadinona"]
[{"$nulls":7},"51181811-Desogestrel y etinilestradiol"]
[{"$nulls":7},"51181812-Dienestrol"]
[{"$nulls":7},"51181813-Estradiol"]
[{"$nulls":7},"51181814-Etisterona"]
[{"$nulls":7},"51181815-Estradiol y acetato de noretisterona"]
[{"$nulls":7},"51181816-Hidroxiestrona diacetato"]
[{"$nulls":7},"51181817-Promestrieno"]
[{"$nulls":7},"51181818-Progesterona"]
[{"$nulls":7},"51181819-Promegestona"]
[{"$nulls":7},"51181820-Gestrinona"]
[{"$nulls":7},"51181821-Cipionato de estradiol"]
[{"$nulls":7},"51181822-Valerato de estradiol"]
[{"$nulls":7},"51181823-Estrógenos esterificados"]
[{"$nulls":7},"51181824-Diacetato de etinodiol"]
[{"$nulls":7},"51181825-Dietilestilbestrol"]
[{"$nulls":7},"51181826-Caproato de hidroxiprogesterona"]
[{"$nulls":7},"51181827-Acetato de medroxiprogesterona"]
[{"$nulls":7},"51181828-Noretindrona"]
[{"$nulls":7},"51181829-Acetato de noretindrona"]
[{"$nulls":7},"51181830-Norgestimato"]
[{"$nulls":7},"51181831-Norgestrel"]
[{"$nulls":7},"51181832-Etonogestrel y etinil estradiol"]
[{"$nulls":7},"51181833-Etinil-estradiol y diacetato de etinodiol"]
[{"$nulls":7},"51181834-Noretindrona y  etinil estradiol"]
[{"$nulls":7},"51181901-Gonadotropina coriónica"]
[{"$nulls":7},"51181902-Danazol"]
[{"$nulls":7},"51181903-Acetato de gonadorelina"]
[{"$nulls":7},"51181904-Acetato de histrelina"]
[{"$nulls":7},"51181905-Menotropinas"]
[{"$nulls":7},"51181906-Urofolitropina"]
[{"$nulls":7},"51181908-Fosfestrol de sodio"]
[{"$nulls":7},"51181911-Citrato de clomifeno"]
[{"$nulls":7},"51181912-Folitropina"]
[{"$nulls":7},"51181913-Clorhidrato de gonadorelina"]
[{"$nulls":7},"51182001-Finasterida"]
[{"$nulls":7},"51182002-Testosterona"]
[{"$nulls":7},"51182003-Cipionato de testosterona"]
[{"$nulls":7},"51182004-Enantato de testosterona"]
[{"$nulls":7},"51182005-Propionato de testosterona"]
[{"$nulls":7},"51182006-Acetato de trembolona"]
[{"$nulls":7},"51182007-Metandriol"]
[{"$nulls":7},"51182008-Fluoximesterona"]
[{"$nulls":7},"51182009-Metiltestosterona"]
[{"$nulls":7},"51182010-Decanoato de nandrolona"]
[{"$nulls":7},"51182011-Fenilpropionato de nandrolona"]
[{"$nulls":7},"51182012-Prasterona"]
[{"$nulls":7},"51182013-Stanozolol"]
[{"$nulls":7},"51182014-Dutasteride"]
[{"$nulls":7},"51182101-Acetato de desmopresina"]
[{"$nulls":7},"51182102-Vasopresina"]
[{"$nulls":7},"51182201-Dinoprostona"]
[{"$nulls":7},"51182202-Maleato de metilergonovina"]
[{"$nulls":7},"51182203-Oxitocina"]
[{"$nulls":7},"51182204-Maleato de ergonovina"]
[{"$nulls":7},"51182301-Somatrem"]
[{"$nulls":7},"51182302-Somatropina"]
[{"$nulls":7},"51182303-Somatostatina"]
[{"$nulls":7},"51182304-Acetato de octreotida"]
[{"$nulls":7},"51182401-Cloruro de calcio"]
[{"$nulls":7},"51182403-Gluconato de calcio"]
[{"$nulls":7},"51182404-Lactato de calcio"]
[{"$nulls":7},"51182405-Fosfato de calcio dibase"]
[{"$nulls":7},"51182406-Alendronato sódico"]
[{"$nulls":7},"51182407-Calcitonina"]
[{"$nulls":7},"51182408-Fosfato  sódico de celulosa"]
[{"$nulls":7},"51182409-Nitrato de galio"]
[{"$nulls":7},"51182410-Etidronato disódico"]
[{"$nulls":7},"51182411-Nandrolona"]
[{"$nulls":7},"51182412-Fosfato calcio tribásico"]
[{"$nulls":7},"51182413-Calcio fosfato de glicerol"]
[{"$nulls":7},"51182415-Ácido zoledrónico"]
[{"$nulls":7},"51182416-Pamidronato disódico"]
[{"$nulls":7},"51182417-Risedronato de sodio"]
[{"$nulls":7},"51182418-Acetato de calcio"]
[{"$nulls":7},"51182419-Glucoheptonato de calcio  o gluceptato de calcio"]
[{"$nulls":7},"51182420-Dihidrotaquisterol"]
[{"$nulls":7},"51191501-Clorotiazida"]
[{"$nulls":7},"51191502-Clortalidona"]
[{"$nulls":7},"51191503-Metolazona"]
[{"$nulls":7},"51191504-Bumetanida"]
[{"$nulls":7},"51191505-Etacrinato de sodio"]
[{"$nulls":7},"51191506-Clorhidrato de amilorida"]
[{"$nulls":7},"51191507-Espironolactona"]
[{"$nulls":7},"51191508-Triamtereno"]
[{"$nulls":7},"51191509-Manitol"]
[{"$nulls":7},"51191510-Furosemida"]
[{"$nulls":7},"51191511-Canrenoato de potasio"]
[{"$nulls":7},"51191512-Lasitone"]
[{"$nulls":7},"51191513-Bendroflumetiazida"]
[{"$nulls":7},"51191514-Ácido etacrínico"]
[{"$nulls":7},"51191515-Hidroclorotiazida"]
[{"$nulls":7},"51191516-Hidroflumetiazida"]
[{"$nulls":7},"51191517-Isosorbide"]
[{"$nulls":7},"51191518-Meticlotiazida"]
[{"$nulls":7},"51191519-Pamabrom"]
[{"$nulls":7},"51191520-Politiazida"]
[{"$nulls":7},"51191521-Torasemida"]
[{"$nulls":7},"51191522-Triclormetiazida"]
[{"$nulls":7},"51191523-Diurético osmótico urea"]
[{"$nulls":7},"51191601-Dextrosa"]
[{"$nulls":7},"51191602-Electrolitos de cloruro de sodio"]
[{"$nulls":7},"51191603-Alimentación parenteral total o soluciones apt nutricionales"]
[{"$nulls":7},"51191604-Solución ringer lactato"]
[{"$nulls":7},"51191701-Trometamina"]
[{"$nulls":7},"51191702-Lactato de sodio"]
[{"$nulls":7},"51191703-Acetato de sodio"]
[{"$nulls":7},"51191704-Soluciones electrolíticas múltiples"]
[{"$nulls":7},"51191705-Combinación de ácido cítrico y citrato de potasio"]
[{"$nulls":7},"51191706-Combinación de ácido cítrico y citrato de sodio"]
[{"$nulls":7},"51191801-Bicarbonato de potasio"]
[{"$nulls":7},"51191802-Cloruro de potasio"]
[{"$nulls":7},"51191803-Gluconato de potasio"]
[{"$nulls":7},"51191804-Acetato de potasio"]
[{"$nulls":7},"51191805-Suplemento de potasio"]
[{"$nulls":7},"51191901-Residuo de germen de maíz"]
[{"$nulls":7},"51191902-Suplementos de amino ácidos"]
[{"$nulls":7},"51191903-Pentermina"]
[{"$nulls":7},"51191904-Fosfolípidos"]
[{"$nulls":7},"51191905-Suplementos vitamínicos"]
[{"$nulls":7},"51191906-Solución de rehidratación oral"]
[{"$nulls":7},"51191907-Amonio molibdato"]
[{"$nulls":7},"51201501-Azatioprina"]
[{"$nulls":7},"51201502-Ciclosporina"]
[{"$nulls":7},"51201503-Mofetilo micofenolato"]
[{"$nulls":7},"51201504-Tacrolimus"]
[{"$nulls":7},"51201505-Antilinfocitos"]
[{"$nulls":7},"51201506-Defibrotide"]
[{"$nulls":7},"51201507-Aldesleukina"]
[{"$nulls":7},"51201508-Basiliximab"]
[{"$nulls":7},"51201509-Daclizumab"]
[{"$nulls":7},"51201510-Imiquimod"]
[{"$nulls":7},"51201511-Muromonab cd3"]
[{"$nulls":7},"51201512-Clorhidrato de micofenolato de mofetilo"]
[{"$nulls":7},"51201513-Peginterferón"]
[{"$nulls":7},"51201514-Pimecrolimus"]
[{"$nulls":7},"51201515-Sirolimus"]
[{"$nulls":7},"51201516-Antilinfocito o inmunoglobulina linfocítica"]
[{"$nulls":7},"51201517-Hidrocloruro de guanidina"]
[{"$nulls":7},"51201518-Azatioprina sódica"]
[{"$nulls":7},"51201519-Desactivado por la ONU"]
[{"$nulls":7},"51201520-Desactivado por la ONU"]
[{"$nulls":7},"51201521-Desactivado por la ONU"]
[{"$nulls":7},"51201522-Desactivado por la ONU"]
[{"$nulls":7},"51201523-Anakinra"]
[{"$nulls":7},"51201524-Desactivado por la ONU"]
[{"$nulls":7},"51201525-Desactivado por la ONU"]
[{"$nulls":7},"51201526-Desactivado por la ONU"]
[{"$nulls":7},"51201527-Desactivado por la ONU"]
[{"$nulls":7},"51201528-Desactivado por la ONU"]
[{"$nulls":7},"51201529-Desactivado por la ONU"]
[{"$nulls":7},"51201530-Desactivado por la ONU"]
[{"$nulls":7},"51201531-Desactivado por la ONU"]
[{"$nulls":7},"51201532-Desactivado por la ONU"]
[{"$nulls":7},"51201533-Desactivado por la ONU"]
[{"$nulls":7},"51201534-Desactivado por la ONU"]
[{"$nulls":7},"51201535-Desactivado por la ONU"]
[{"$nulls":7},"51201536-Afalizumab"]
[{"$nulls":7},"51201537-Desactivado por la ONU"]
[{"$nulls":7},"51201538-Desactivado por la ONU"]
[{"$nulls":7},"51201539-Desactivado por la ONU"]
[{"$nulls":7},"51201540-Desactivado por la ONU"]
[{"$nulls":7},"51201541-Desactivado por la ONU"]
[{"$nulls":7},"51201542-Desactivado por la ONU"]
[{"$nulls":7},"51201543-Desactivado por la ONU"]
[{"$nulls":7},"51201544-Glucosamine hcl"]
[{"$nulls":7},"51201545-Desactivado por la ONU"]
[{"$nulls":7},"51201546-Desactivado por la ONU"]
[{"$nulls":7},"51201547-Isatoribine"]
[{"$nulls":7},"51201548-Desactivado por la ONU"]
[{"$nulls":7},"51201549-Desactivado por la ONU"]
[{"$nulls":7},"51201550-Desactivado por la ONU"]
[{"$nulls":7},"51201551-Desactivado por la ONU"]
[{"$nulls":7},"51201552-Desactivado por la ONU"]
[{"$nulls":7},"51201553-Desactivado por la ONU"]
[{"$nulls":7},"51201554-Desactivado por la ONU"]
[{"$nulls":7},"51201555-Desactivado por la ONU"]
[{"$nulls":7},"51201556-Desactivado por la ONU"]
[{"$nulls":7},"51201557-Desactivado por la ONU"]
[{"$nulls":7},"51201558-Desactivado por la ONU"]
[{"$nulls":7},"51201559-Desactivado por la ONU"]
[{"$nulls":7},"51201560-Desactivado por la ONU"]
[{"$nulls":7},"51201561-Desactivado por la ONU"]
[{"$nulls":7},"51201562-Desactivado por la ONU"]
[{"$nulls":7},"51201563-Desactivado por la ONU"]
[{"$nulls":7},"51201564-Sodium aurothiouslfate o sodium aurotiosulfate"]
[{"$nulls":7},"51201565-Desactivado por la ONU"]
[{"$nulls":7},"51201566-Desactivado por la ONU"]
[{"$nulls":7},"51201567-Desactivado por la ONU"]
[{"$nulls":7},"51201568-Desactivado por la ONU"]
[{"$nulls":7},"51201569-Atlizumab o tocilizumab"]
[{"$nulls":7},"51201601-Antígeno de ántrax"]
[{"$nulls":7},"51201602-Antígeno brucélico"]
[{"$nulls":7},"51201603-Vacuna contra el cólera"]
[{"$nulls":7},"51201604-Difteria"]
[{"$nulls":7},"51201605-Vacuna contra el virus de la encefalitis"]
[{"$nulls":7},"51201606-Influenza hemofílica"]
[{"$nulls":7},"51201607-Vacuna contra el virus de hepatitis b"]
[{"$nulls":7},"51201608-Vacuna contra el virus de la influenza"]
[{"$nulls":7},"51201609-Vacuna contra el virus del sarampión"]
[{"$nulls":7},"51201610-Vacuna meningococo"]
[{"$nulls":7},"51201611-Morbillivirus"]
[{"$nulls":7},"51201612-Vacuna contra el virus de las paperas"]
[{"$nulls":7},"51201613-Parotiditis"]
[{"$nulls":7},"51201614-Vacuna contra la pertussis"]
[{"$nulls":7},"51201615-Vacuna contra el neumococo"]
[{"$nulls":7},"51201616-Vacuna contra el virus del polio"]
[{"$nulls":7},"51201617-Vacuna contra la rabia"]
[{"$nulls":7},"51201618-Rotavirus"]
[{"$nulls":7},"51201619-Vacuna contra el virus de la rubeola"]
[{"$nulls":7},"51201620-Viruela"]
[{"$nulls":7},"51201621-Toxoide tetánico"]
[{"$nulls":7},"51201622-Tuberculosis"]
[{"$nulls":7},"51201623-Vacuna contra el tifo"]
[{"$nulls":7},"51201624-Vacuna contra el virus de la varicela"]
[{"$nulls":7},"51201625-Vacuna contra la fiebre amarilla"]
[{"$nulls":7},"51201626-Hepatitis a"]
[{"$nulls":7},"51201627-Vacuna contra la hemofilia b"]
[{"$nulls":7},"51201628-Vacuna contra los virus del sarampión, paperas y rubeola"]
[{"$nulls":7},"51201629-Difteria y toxoide tetánico adsorbido"]
[{"$nulls":7},"51201631-Vacuna contra difteria y toxoide tetánico y pertussis acelular"]
[{"$nulls":7},"51201632-Difteria y tétano y pertussis celular"]
[{"$nulls":7},"51201633-Influenza b hemofílica con difteria y tétano y pertussis acelular"]
[{"$nulls":7},"51201634-Influenza b hemofílica con difteria y tétano y pertussis celular conjugadas"]
[{"$nulls":7},"51201635-Vacuna contra el virus de la hepatitis a"]
[{"$nulls":7},"51201636-Vacuna contra la enfermedad de lyme (borreliosis)"]
[{"$nulls":7},"51201638-Vacuna contra la plaga"]
[{"$nulls":7},"51201639-Vacuna contra el estafilococo"]
[{"$nulls":7},"51201646-Vacuna contra el virus del sarampión y la rubeola"]
[{"$nulls":7},"51201647-Vacuna bcg"]
[{"$nulls":7},"51201648-Vacuna contra el virus de la rubeola y las paperas"]
[{"$nulls":7},"51201701-Hipocruposis"]
[{"$nulls":7},"51201702-E coli"]
[{"$nulls":7},"51201703-Gumboro"]
[{"$nulls":7},"51201704-Bronquitis infecciosa aviar"]
[{"$nulls":7},"51201705-Newcastle"]
[{"$nulls":7},"51201801-Inmunoglobulinas bacterianas"]
[{"$nulls":7},"51201802-Filgrastim"]
[{"$nulls":7},"51201803-Pelfigrastim"]
[{"$nulls":7},"51201804-Sargramostim"]
[{"$nulls":7},"51201805-Inmunoglobulina rho d"]
[{"$nulls":7},"51201806-Inmunoglobulina o gamma igg"]
[{"$nulls":7},"51201807-Inmunoglobulinas virales"]
[{"$nulls":7},"51201808-Clorhidrato levamisol"]
[{"$nulls":7},"51201809-Interferon"]
[{"$nulls":7},"51201901-Acetato de glatiramer"]
[{"$nulls":7},"51211501-Alopurinol"]
[{"$nulls":7},"51211502-Colchicina"]
[{"$nulls":7},"51211503-Probenecid"]
[{"$nulls":7},"51211504-Sulfinpirazona"]
[{"$nulls":7},"51211505-Benzbromarona"]
[{"$nulls":7},"51211601-Deferoxamina mesilato"]
[{"$nulls":7},"51211602-Dexrazoxano"]
[{"$nulls":7},"51211603-Digoxina inmune fab"]
[{"$nulls":7},"51211604-Dimercaprol"]
[{"$nulls":7},"51211605-Edetato disódico"]
[{"$nulls":7},"51211606-Flumazenil"]
[{"$nulls":7},"51211607-Ipecacuana"]
[{"$nulls":7},"51211608-Penicilamina"]
[{"$nulls":7},"51211609-Protamina sulfato"]
[{"$nulls":7},"51211610-Sulfonato poliestireno sódico"]
[{"$nulls":7},"51211611-Trientina"]
[{"$nulls":7},"51211612-Leucovorina"]
[{"$nulls":7},"51211613-Sorbitol"]
[{"$nulls":7},"51211615-Azul de metileno"]
[{"$nulls":7},"51211616-Anti venenos"]
[{"$nulls":7},"51211617-Leucovorina cálcica"]
[{"$nulls":7},"51211618-Antídoto de carbón activado"]
[{"$nulls":7},"51211619-Edetato cálcico disódico"]
[{"$nulls":7},"51211620-Fomepizol"]
[{"$nulls":7},"51211621-Clorhidrato pralidoxima"]
[{"$nulls":7},"51211622-Tiosulfato de sodio"]
[{"$nulls":7},"51211623-Succimer"]
[{"$nulls":7},"51211624-Sulfato de cobre"]
[{"$nulls":7},"51211625-Exopeptidasa g2"]
[{"$nulls":7},"51211901-Xilacina"]
[{"$nulls":7},"51212001-Aceite etérico"]
[{"$nulls":7},"51212002-Extracto de centella asiática"]
[{"$nulls":7},"51212003-Extracto de ipecacuana"]
[{"$nulls":7},"51212004-Aesculus"]
[{"$nulls":7},"51212005-Aconitum napellus (acónito común)"]
[{"$nulls":7},"51212006-Valeriana"]
[{"$nulls":7},"51212007-Ajo"]
[{"$nulls":7},"51212008-Celidonia mayor"]
[{"$nulls":7},"51212009-Saponaria"]
[{"$nulls":7},"51212010-Prímula"]
[{"$nulls":7},"51212011-Pimpinella"]
[{"$nulls":7},"51212012-Cilantro"]
[{"$nulls":7},"51212013-Hedera hélix"]
[{"$nulls":7},"51212014-Goma arábiga"]
[{"$nulls":7},"51212015-Boneset"]
[{"$nulls":7},"51212016-Echinacea"]
[{"$nulls":7},"51212017-Acónito"]
[{"$nulls":7},"51212018-Coccus cacti"]
[{"$nulls":7},"51212020-Menta de gato"]
[{"$nulls":7},"51212021-Ginseng"]
[{"$nulls":7},"51212022-Asafétida"]
[{"$nulls":7},"51212023-Arándano"]
[{"$nulls":7},"51212024-Árnica"]
[{"$nulls":7},"51212025-Bálsamo del perú"]
[{"$nulls":7},"51212026-Eufrasia"]
[{"$nulls":7},"51212027-Ginkgo biloba"]
[{"$nulls":7},"51212028-Hydrastis"]
[{"$nulls":7},"51212029-Gotu kola"]
[{"$nulls":7},"51212030-Palma enana americana (saw palmetto)"]
[{"$nulls":7},"51212031-Pygeum africano"]
[{"$nulls":7},"51212032-Raíz de angélica"]
[{"$nulls":7},"51212033-Violeta geneciana"]
[{"$nulls":7},"51212034-Capsaicina"]
[{"$nulls":7},"51212035-Leche de cardo"]
[{"$nulls":7},"51212036-Cohosh negro"]
[{"$nulls":7},"51212101-Floruro de sodio"]
[{"$nulls":7},"51212201-Disulfiram"]
[{"$nulls":7},"51212202-Nicotina"]
[{"$nulls":7},"51212203-Nicotina polacrilina"]
[{"$nulls":7},"51212301-Aminohipurato sódico"]
[{"$nulls":7},"51212302-Aceite etiodizado"]
[{"$nulls":7},"51212303-Sodio fluoresceína"]
[{"$nulls":7},"51212304-Indigotindisulfonato sódico"]
[{"$nulls":7},"51212305-Indocianina verde"]
[{"$nulls":7},"51212306-Cloruro de metacolina"]
[{"$nulls":7},"51212307-Metirapona"]
[{"$nulls":7},"51212308-Sodio de rosa de bengala i 131"]
[{"$nulls":7},"51212309-Loxaglato de meglumina"]
[{"$nulls":7},"51212401-Sildenafil citrato"]
[{"$nulls":7},"51212402-Clorhidrato de vardenafil"]
[{"$nulls":7},"51241001-Dioctil sulfosuccinato de sodio"]
[{"$nulls":7},"51241002-Oleato polipéptido de trietanolamina"]
[{"$nulls":7},"51241101-Cloruro acetilcolina"]
[{"$nulls":7},"51241102-Clorhidrato de apraclonidina"]
[{"$nulls":7},"51241103-Bimatoprost"]
[{"$nulls":7},"51241104-Brinzolamida"]
[{"$nulls":7},"51241105-Carbachol"]
[{"$nulls":7},"51241106-Demecario bromuro"]
[{"$nulls":7},"51241107-Dorzolimato clorhidrato"]
[{"$nulls":7},"51241108-Iodeto de ecotiofato"]
[{"$nulls":7},"51241109-Borato de epinephryl"]
[{"$nulls":7},"51241110-Latanoprost"]
[{"$nulls":7},"51241111-Clorhidrato de levobunolol"]
[{"$nulls":7},"51241112-Metipranolol"]
[{"$nulls":7},"51241113-Sulfato fisostigmina"]
[{"$nulls":7},"51241114-Clorhidrato de pilocarpina"]
[{"$nulls":7},"51241115-Timolol"]
[{"$nulls":7},"51241116-Travoprost"]
[{"$nulls":7},"51241117-Isopropil unoprostone"]
[{"$nulls":7},"51241118-Diclorfenamida"]
[{"$nulls":7},"51241119-Metalzolamida"]
[{"$nulls":7},"51241120-Lágrimas artificiales"]
[{"$nulls":7},"51241201-Ácido salicílico"]
[{"$nulls":7},"51241202-Ácido azelaico"]
[{"$nulls":7},"51241203-Subcarbonato de bismuto"]
[{"$nulls":7},"51241204-Ácido bórico"]
[{"$nulls":7},"51241205-Calamina"]
[{"$nulls":7},"51241206-Cloroxina"]
[{"$nulls":7},"51241207-Preparaciones tópicas de brea de hulla"]
[{"$nulls":7},"51241208-Cremas o ungüentos hidrofilacios"]
[{"$nulls":7},"51241209-Hidroquinona"]
[{"$nulls":7},"51241210-Salicilato de metilo"]
[{"$nulls":7},"51241211-Minoxidil solución tópica"]
[{"$nulls":7},"51241212-Papaina"]
[{"$nulls":7},"51241213-Preparación tópica de brea de pino"]
[{"$nulls":7},"51241214-Podofilox"]
[{"$nulls":7},"51241215-Resina podofilina"]
[{"$nulls":7},"51241216-Piritionato de zinc"]
[{"$nulls":7},"51241217-Resorcinol"]
[{"$nulls":7},"51241218-Sulfato de selenio"]
[{"$nulls":7},"51241219-Tazaroteno"]
[{"$nulls":7},"51241220-Tretinoina"]
[{"$nulls":7},"51241221-Tripsina cristalizada"]
[{"$nulls":7},"51241222-Dimeticona"]
[{"$nulls":7},"51241223-Calcipotriene"]
[{"$nulls":7},"51241224-Antralina o ditranol"]
[{"$nulls":7},"51241225-Preparaciones tópicas de alcanfor"]
[{"$nulls":7},"51241226-Preparaciones tópicas de urea"]
[{"$nulls":7},"51241227-Preparaciones tópicas de aceite de turpentina"]
[{"$nulls":7},"51241228-Ácido láctico"]
[{"$nulls":7},"51241229-Solución sustituta de la saliva"]
[{"$nulls":7},"51241301-Acetato de aluminio"]
[{"$nulls":7},"51241302-Hamamelis o escoba de bruja"]
[{"$nulls":7},"51241303-Acetato de zinc"]
[{"$nulls":7},"51241304-Alumbre de amonio"]
[{"$nulls":7},"51241305-Ácido tánico"]
[{"$nulls":7},"51251001-Butafosfan"]
[{"$nulls":7},"52101501-Alfombras orientales"]
[{"$nulls":7},"52101502-Alfombras"]
[{"$nulls":7},"52101503-Alfombras de lana"]
[{"$nulls":7},"52101504-Alfombras de algodón"]
[{"$nulls":7},"52101505-Alfombras sintéticas"]
[{"$nulls":7},"52101506-Alfombras trenzadas"]
[{"$nulls":7},"52101507-Tapetes de baño"]
[{"$nulls":7},"52101508-Tapetes de entrada"]
[{"$nulls":7},"52101509-Tapetes decorativos"]
[{"$nulls":7},"52101510-Tapetes anti fatiga"]
[{"$nulls":7},"52101511-Tapetes de caucho o vinilo"]
[{"$nulls":7},"52101512-Esterillas para sillas"]
[{"$nulls":7},"52101513-Protector de carpetas"]
[{"$nulls":7},"52121501-Colchas"]
[{"$nulls":7},"52121502-Edredones"]
[{"$nulls":7},"52121503-Forros para edredones"]
[{"$nulls":7},"52121504-Forros para colchones"]
[{"$nulls":7},"52121505-Almohadas"]
[{"$nulls":7},"52121506-Rellenos para colchones"]
[{"$nulls":7},"52121507-Plumones"]
[{"$nulls":7},"52121508-Cobijas"]
[{"$nulls":7},"52121509-Sábanas"]
[{"$nulls":7},"52121510-Volantes de cama"]
[{"$nulls":7},"52121511-Fundas de edredón"]
[{"$nulls":7},"52121512-Fundas de almohada"]
[{"$nulls":7},"52121513-Cobertores"]
[{"$nulls":7},"52121601-Limpiones"]
[{"$nulls":7},"52121602-Servilletas"]
[{"$nulls":7},"52121603-Tiras de mesa"]
[{"$nulls":7},"52121604-Manteles"]
[{"$nulls":7},"52121605-Guantes de horno o coge ollas para uso doméstico"]
[{"$nulls":7},"52121606-Individuales de mesa"]
[{"$nulls":7},"52121607-Faldas de mesa"]
[{"$nulls":7},"52121608-Clips para faldas de mesa"]
[{"$nulls":7},"52121701-Toallas de baño"]
[{"$nulls":7},"52121702-Toallas playeras"]
[{"$nulls":7},"52121703-Paños para lavar"]
[{"$nulls":7},"52121704-Toallas de manos"]
[{"$nulls":7},"52131501-Cortinas"]
[{"$nulls":7},"52131503-Colgaduras"]
[{"$nulls":7},"52131601-Persianas venecianas"]
[{"$nulls":7},"52131602-Persianas enrollables"]
[{"$nulls":7},"52131603-Postigos interiores"]
[{"$nulls":7},"52131604-Persianas verticales"]
[{"$nulls":7},"52131701-Cenefas"]
[{"$nulls":7},"52131702-Varillas para cortinas"]
[{"$nulls":7},"52131703-Remates para varillas"]
[{"$nulls":7},"52131704-Anillos o ganchos para cortinas"]
[{"$nulls":7},"52141501-Neveras para uso doméstico"]
[{"$nulls":7},"52141502-Hornos microondas para uso doméstico"]
[{"$nulls":7},"52141503-Trituradores de basura para uso doméstico"]
[{"$nulls":7},"52141504-Fogones para uso doméstico"]
[{"$nulls":7},"52141505-Lavadoras de platos para uso doméstico"]
[{"$nulls":7},"52141506-Congeladores para uso doméstico"]
[{"$nulls":7},"52141507-Congeladores verticales para uso doméstico"]
[{"$nulls":7},"52141508-Congeladores horizontales para uso doméstico"]
[{"$nulls":7},"52141509-Combinación de neveras y congeladores para uso doméstico"]
[{"$nulls":7},"52141510-Aire acondicionado portátil para uso doméstico"]
[{"$nulls":7},"52141511-Exprimidores de jugo para uso doméstico"]
[{"$nulls":7},"52141512-Planchas para waffles para uso doméstico"]
[{"$nulls":7},"52141513-Abrelatas eléctricos para uso doméstico"]
[{"$nulls":7},"52141514-Procesadores de alimentos para uso doméstico"]
[{"$nulls":7},"52141515-Compactadores de basura para uso doméstico"]
[{"$nulls":7},"52141516-Freidoras para uso doméstico"]
[{"$nulls":7},"52141517-Máquinas de maíz pira para uso doméstico"]
[{"$nulls":7},"52141518-Máquinas para uso doméstico para hacer pan"]
[{"$nulls":7},"52141519-Hornos convencionales para uso doméstico"]
[{"$nulls":7},"52141520-Mezcladoras para uso doméstico"]
[{"$nulls":7},"52141521-Hornos tostadores para uso doméstico"]
[{"$nulls":7},"52141522-Tostadoras para uso doméstico"]
[{"$nulls":7},"52141523-Teteras eléctricas para uso doméstico"]
[{"$nulls":7},"52141524-Licuadoras para uso doméstico"]
[{"$nulls":7},"52141525-Hornillas para uso doméstico"]
[{"$nulls":7},"52141526-Cafeteras para uso doméstico"]
[{"$nulls":7},"52141527-Cuchillos eléctricos para uso doméstico"]
[{"$nulls":7},"52141528-Woks eléctricos para uso doméstico"]
[{"$nulls":7},"52141529-Moledoras de café para uso doméstico"]
[{"$nulls":7},"52141530-Partes de máquinas lavaplatos"]
[{"$nulls":7},"52141531-Tajadores de alimentos para uso doméstico"]
[{"$nulls":7},"52141532-Sartenes eléctricos para uso doméstico"]
[{"$nulls":7},"52141533-Planchas eléctricas para uso doméstico"]
[{"$nulls":7},"52141534-Sandwicheras eléctricas para uso doméstico"]
[{"$nulls":7},"52141535-Parrillas eléctricas interiores para uso doméstico"]
[{"$nulls":7},"52141536-Pizelles o máquinas para hacer galletas para uso doméstico"]
[{"$nulls":7},"52141537-Olla de cocción lenta para uso doméstico"]
[{"$nulls":7},"52141538-Calienta comidas para uso doméstico"]
[{"$nulls":7},"52141539-Máquinas para hacer té para uso doméstico"]
[{"$nulls":7},"52141540-Sellador de bolsas al vacío"]
[{"$nulls":7},"52141541-Esterilizador de teteros para uso doméstico"]
[{"$nulls":7},"52141542-Moledor de carne para uso doméstico"]
[{"$nulls":7},"52141543-Aparato eléctrico para cocinar huevos"]
[{"$nulls":7},"52141544-Aparato para uso doméstico para diversas formas de cocción"]
[{"$nulls":7},"52141545-Placa de cocina para uso doméstico"]
[{"$nulls":7},"52141546-Extractor de cocina para uso doméstico"]
[{"$nulls":7},"52141601-Lavadoras de ropa para uso doméstico"]
[{"$nulls":7},"52141602-Secadoras de ropa para uso doméstico"]
[{"$nulls":7},"52141603-Planchas de ropa para uso doméstico"]
[{"$nulls":7},"52141604-Secadoras de calzado"]
[{"$nulls":7},"52141605-Canastas de ropa"]
[{"$nulls":7},"52141606-Cestas de ropa"]
[{"$nulls":7},"52141607-Compuestos para remover arrugas de los textiles"]
[{"$nulls":7},"52141608-Plancha de vapor para ropa"]
[{"$nulls":7},"52141701-Cepillos de dientes eléctricos para uso doméstico"]
[{"$nulls":7},"52141703-Secadores de pelo para uso doméstico"]
[{"$nulls":7},"52141704-Máquinas de afeitar eléctricas para uso doméstico"]
[{"$nulls":7},"52141705-Partes de afeitadoras o removedores de vello"]
[{"$nulls":7},"52141706-Secadores de uñas"]
[{"$nulls":7},"52141801-Máquinas de coser para uso doméstico"]
[{"$nulls":7},"52141802-Calentadores de espacios para uso doméstico"]
[{"$nulls":7},"52141803-Cobijas eléctricas para uso doméstico"]
[{"$nulls":7},"52151501-Utensilios de cocina desechables para uso doméstico"]
[{"$nulls":7},"52151502-Platos desechables para uso doméstico"]
[{"$nulls":7},"52151503-Cubiertos desechables para uso doméstico"]
[{"$nulls":7},"52151504-Tazas o vasos o tapas desechables para uso doméstico"]
[{"$nulls":7},"52151505-Agitadores desechables para uso doméstico"]
[{"$nulls":7},"52151506-Contenedores de alimentos desechables para uso doméstico"]
[{"$nulls":7},"52151507-Pitillos desechables para uso doméstico"]
[{"$nulls":7},"52151601-Rodillos para uso doméstico"]
[{"$nulls":7},"52151602-Tazones mezcladores para uso doméstico"]
[{"$nulls":7},"52151603-Ralladores para uso doméstico"]
[{"$nulls":7},"52151604-Coladores o coladeras para uso doméstico"]
[{"$nulls":7},"52151605-Destapadores o abrelatas para uso doméstico"]
[{"$nulls":7},"52151606-Tablas para cortar para uso doméstico"]
[{"$nulls":7},"52151607-Tazas medidoras para uso doméstico"]
[{"$nulls":7},"52151608-Brochas para rociar alimentos"]
[{"$nulls":7},"52151609-Peladora de vegetales"]
[{"$nulls":7},"52151610-Cortadores de galletas"]
[{"$nulls":7},"52151611-Pinzas de cocina para uso doméstico"]
[{"$nulls":7},"52151612-Batidoras de alambre de cocina para uso doméstico"]
[{"$nulls":7},"52151613-Raspadores de comida para uso doméstico"]
[{"$nulls":7},"52151614-Rejillas enfriadoras para uso doméstico"]
[{"$nulls":7},"52151615-Cortadores de pizza para uso doméstico"]
[{"$nulls":7},"52151616-Espátulas de cocina para uso doméstico"]
[{"$nulls":7},"52151617-Cucharas de madera para uso doméstico"]
[{"$nulls":7},"52151618-Paletas de madera para hornear para uso doméstico"]
[{"$nulls":7},"52151619-Mezclador de masa para uso doméstico"]
[{"$nulls":7},"52151620-Cernedor para uso doméstico"]
[{"$nulls":7},"52151621-Estampador para galletas para uso doméstico"]
[{"$nulls":7},"52151622-Pistola pastelera para uso doméstico"]
[{"$nulls":7},"52151623-Prensa para galletas para uso doméstico"]
[{"$nulls":7},"52151624-Afiladores de cuchillos para uso doméstico"]
[{"$nulls":7},"52151625-Cortadores de galletas para uso doméstico"]
[{"$nulls":7},"52151626-Mandolina para uso doméstico"]
[{"$nulls":7},"52151627-Exprimidor de ajo para uso doméstico"]
[{"$nulls":7},"52151628-Tajador de huevos para uso doméstico"]
[{"$nulls":7},"52151629-Separador de huevos para uso doméstico"]
[{"$nulls":7},"52151630-Tajadora de queso para uso doméstico"]
[{"$nulls":7},"52151631-Molino de alimentos para uso doméstico"]
[{"$nulls":7},"52151632-Embudos de cocina para uso doméstico"]
[{"$nulls":7},"52151633-Herramientas para adobar para uso doméstico"]
[{"$nulls":7},"52151634-Descorazonadores de manzanas para uso doméstico"]
[{"$nulls":7},"52151635-Sacabocados para melón o mantequilla para uso doméstico"]
[{"$nulls":7},"52151636-Palas o cucharas para alimentos para uso doméstico"]
[{"$nulls":7},"52151637-Tallador de calabazas para uso doméstico"]
[{"$nulls":7},"52151638-Cepillo para vegetales para uso doméstico"]
[{"$nulls":7},"52151639-Batidora de huevos para uso doméstico"]
[{"$nulls":7},"52151640-Estante para secar pasta para uso doméstico"]
[{"$nulls":7},"52151641-Batidora de crema para uso doméstico"]
[{"$nulls":7},"52151642-Prensa para masa para uso doméstico"]
[{"$nulls":7},"52151643-Máquina para hacer ravioli para uso doméstico"]
[{"$nulls":7},"52151644-Rociadores de rocío o de gatillo para uso doméstico"]
[{"$nulls":7},"52151645-Pincel pastelero para uso doméstico"]
[{"$nulls":7},"52151646-Pesas para cocina o dietas para uso doméstico"]
[{"$nulls":7},"52151647-Relojes (temporizadores) de cocina para uso doméstico"]
[{"$nulls":7},"52151648-Termómetros de alimentos o cocina para uso doméstico"]
[{"$nulls":7},"52151649-Guía para tajar pan para uso doméstico"]
[{"$nulls":7},"52151650-Escurridores para uso doméstico"]
[{"$nulls":7},"52151701-Utensilios para servir para uso doméstico"]
[{"$nulls":7},"52151702-Cuchillos para uso doméstico"]
[{"$nulls":7},"52151703-Tenedores para uso doméstico"]
[{"$nulls":7},"52151704-Cucharas para uso doméstico"]
[{"$nulls":7},"52151705-Apoya cucharas"]
[{"$nulls":7},"52151706-Palillos"]
[{"$nulls":7},"52151707-Set de cuchillos para uso doméstico"]
[{"$nulls":7},"52151708-Cuchillos para mantequilla"]
[{"$nulls":7},"52151709-Set de cubiertos"]
[{"$nulls":7},"52151801-Cacerolas de hierro fundido con tapa para uso doméstico"]
[{"$nulls":7},"52151802-Sartenes para uso doméstico"]
[{"$nulls":7},"52151803-Cacerolas para uso doméstico"]
[{"$nulls":7},"52151804-Teteras para uso doméstico"]
[{"$nulls":7},"52151805-Woks para uso doméstico"]
[{"$nulls":7},"52151806-Vaporeras para uso doméstico"]
[{"$nulls":7},"52151807-Ollas para uso doméstico"]
[{"$nulls":7},"52151808-Ollas a presión para uso doméstico"]
[{"$nulls":7},"52151809-Sartenes para sofreír para uso doméstico"]
[{"$nulls":7},"52151810-Samovares para uso doméstico"]
[{"$nulls":7},"52151811-Planchas para uso doméstico"]
[{"$nulls":7},"52151812-Cacerolas para baño maría"]
[{"$nulls":7},"52151813-Protector de salpicaduras para uso doméstico"]
[{"$nulls":7},"52151901-Moldes para muffins para uso doméstico"]
[{"$nulls":7},"52151902-Cacerola para hornear para uso doméstico"]
[{"$nulls":7},"52151903-Moldes para ponqués o pies para uso doméstico"]
[{"$nulls":7},"52151904-Moldes para asar para uso doméstico"]
[{"$nulls":7},"52151905-Bandejas de horno para uso doméstico"]
[{"$nulls":7},"52151906-Cacerolas para parrilla para uso doméstico"]
[{"$nulls":7},"52151907-Moldes para hornear para uso doméstico"]
[{"$nulls":7},"52151908-Cacerolas para pizza para uso doméstico"]
[{"$nulls":7},"52151909-Cacerolas para hacer tortillas para uso doméstico"]
[{"$nulls":7},"52152001-Jarras para uso doméstico"]
[{"$nulls":7},"52152002-Contenedores para almacenar alimentos para uso doméstico"]
[{"$nulls":7},"52152003-Tazones de ponche para uso doméstico"]
[{"$nulls":7},"52152004-Platos para uso doméstico"]
[{"$nulls":7},"52152005-Platos pequeños para uso doméstico"]
[{"$nulls":7},"52152006-Bandejas o fuentes para uso doméstico"]
[{"$nulls":7},"52152007-Tazones para servir para uso doméstico"]
[{"$nulls":7},"52152008-Teteras o cafeteras para uso doméstico"]
[{"$nulls":7},"52152009-Soperas o ensaladeras para uso doméstico"]
[{"$nulls":7},"52152010-Frascos al vacío para uso doméstico"]
[{"$nulls":7},"52152011-Partes internas de frascos al vacío"]
[{"$nulls":7},"52152012-Cubetas para hielo"]
[{"$nulls":7},"52152013-Saleros, pimenteros o especieros"]
[{"$nulls":7},"52152014-Sets de garrafas"]
[{"$nulls":7},"52152015-Plato para ponqués con tapa para uso doméstico"]
[{"$nulls":7},"52152016-Set de servicio de mesa para uso doméstico"]
[{"$nulls":7},"52152101-Tazas de café o té para uso doméstico"]
[{"$nulls":7},"52152102-Vasos para beber para uso doméstico"]
[{"$nulls":7},"52152103-Tazones (“mugs”) para uso doméstico"]
[{"$nulls":7},"52152104-Copas para uso doméstico"]
[{"$nulls":7},"52152105-Biberones o accesorios"]
[{"$nulls":7},"52152201-Papel para forrar repisas"]
[{"$nulls":7},"52152202-Escurridor de platos"]
[{"$nulls":7},"52152203-Cepillo dispensador de jabón"]
[{"$nulls":7},"52161502-Reproductor de casetes o grabadora"]
[{"$nulls":7},"52161505-Televisores"]
[{"$nulls":7},"52161507-Radios reloj"]
[{"$nulls":7},"52161508-Reproductores de discos laser"]
[{"$nulls":7},"52161509-Sistemas de estéreo portátiles"]
[{"$nulls":7},"52161510-Sistemas de audio de alta fidelidad para el hogar"]
[{"$nulls":7},"52161511-Radios"]
[{"$nulls":7},"52161512-Altoparlantes"]
[{"$nulls":7},"52161513-Combinación de televisor, vhs y grabadora dvd"]
[{"$nulls":7},"52161514-Audífonos"]
[{"$nulls":7},"52161515-Reproductores o grabadoras de discos compactos"]
[{"$nulls":7},"52161516-Reproductores o grabadoras de video discos digitales"]
[{"$nulls":7},"52161517-Ecualizadores"]
[{"$nulls":7},"52161518-Receptores de sistemas de posicionamiento global"]
[{"$nulls":7},"52161520-Micrófonos"]
[{"$nulls":7},"52161521-Receptores de multimedia"]
[{"$nulls":7},"52161522-Escáneres de radio frecuencia"]
[{"$nulls":7},"52161523-Transmisores o receptores de radio frecuencia"]
[{"$nulls":7},"52161524-Receptores de radio"]
[{"$nulls":7},"52161525-Control remoto"]
[{"$nulls":7},"52161526-Receptores de satélite"]
[{"$nulls":7},"52161527-Altavoces activos “subwoofer””"]
[{"$nulls":7},"52161529-Reproductores o grabadoras de video casetes"]
[{"$nulls":7},"52161531-Radio fonógrafos"]
[{"$nulls":7},"52161532-Sistemas de karaoke"]
[{"$nulls":7},"52161533-Megáfonos"]
[{"$nulls":7},"52161534-Grabadora de chip de circuito integrado ic"]
[{"$nulls":7},"52161535-Grabadoras de voz digitales"]
[{"$nulls":7},"52161536-Grabadoras o reproductores de mini discos"]
[{"$nulls":7},"52161537-Borradores magnéticos de almacenamiento de medios"]
[{"$nulls":7},"52161538-Aparatos para rebobinar video cintas"]
[{"$nulls":7},"52161539-Combinación de reproductor de video disco digital dvd, disco video casete vcd, disco compacto cd"]
[{"$nulls":7},"52161540-Mezcladores de video"]
[{"$nulls":7},"52161541-Mezcladores de audio"]
[{"$nulls":7},"52161542-Pantallas de plasma"]
[{"$nulls":7},"52161543-Reproductores o grabadoras mp3"]
[{"$nulls":7},"52161544-Borradores de casetes de audio o video"]
[{"$nulls":7},"52161601-Almacenador de casetes"]
[{"$nulls":7},"52161602-Limpiadores de cabezas de audio o video"]
[{"$nulls":7},"52161603-Adaptador de video casetes compactos"]
[{"$nulls":7},"52161604-Adaptadores de enchufes hembra de audífonos"]
[{"$nulls":7},"52161605-Accesorios para reproductores portátiles de medios "]
[{"$nulls":7},"52161606-Estuches o cubiertas para altavoces "]
[{"$nulls":7},"52161607-Dispositivo para almacenar discos de vinilo "]
[{"$nulls":7},"52161608-Caja divisora (“splitter”) scart "]
[{"$nulls":7},"52161609-Amplificador de señal de discos de vinilo "]
[{"$nulls":7},"52161610-Soporte para parlantes "]
[{"$nulls":7},"52161611-Soporte para micrófonos "]
[{"$nulls":7},"52171001-Repisa u organizador colgante para elementos de aseo personal"]
[{"$nulls":7},"53101501-Pantalones largos o cortos o pantalonetas para niño"]
[{"$nulls":7},"53101502-Pantalones largos o cortos o pantalonetas para hombre"]
[{"$nulls":7},"53101503-Pantalones largos o cortos o pantalonetas para niña"]
[{"$nulls":7},"53101504-Pantalones largos o cortos o pantalonetas para mujer"]
[{"$nulls":7},"53101505-Pantalones largos o cortos o pantalonetas para bebés"]
[{"$nulls":7},"53101601-Camisas para niño"]
[{"$nulls":7},"53101602-Camisas para hombre"]
[{"$nulls":7},"53101603-Camisas o blusas para niña"]
[{"$nulls":7},"53101604-Camisas o blusas para mujer"]
[{"$nulls":7},"53101605-Camisas o blusas para bebé"]
[{"$nulls":7},"53101701-Sweaters para niño"]
[{"$nulls":7},"53101702-Sweaters para hombre"]
[{"$nulls":7},"53101703-Sweaters para niña"]
[{"$nulls":7},"53101704-Sweaters para mujer"]
[{"$nulls":7},"53101705-Sweaters para bebé"]
[{"$nulls":7},"53101801-Abrigos o chaquetas para niño"]
[{"$nulls":7},"53101802-Abrigos o chaquetas para hombre"]
[{"$nulls":7},"53101803-Abrigos o chaquetas para niña"]
[{"$nulls":7},"53101804-Abrigos o chaquetas para mujer"]
[{"$nulls":7},"53101805-Abrigos o chaquetas para bebé"]
[{"$nulls":7},"53101901-Trajes para niño"]
[{"$nulls":7},"53101902-Trajes para hombre"]
[{"$nulls":7},"53101903-Trajes para niña"]
[{"$nulls":7},"53101904-Trajes para mujer"]
[{"$nulls":7},"53101905-Trajes para bebé"]
[{"$nulls":7},"53102001-Vestidos o faldas o saris o kimonos para niña"]
[{"$nulls":7},"53102002-Vestidos o faldas o saris o kimonos para para mujer"]
[{"$nulls":7},"53102003-Vestidos o faldas o saris o kimonos para bebé"]
[{"$nulls":7},"53102101-Overoles o monos para niño"]
[{"$nulls":7},"53102102-Overoles o monos para hombre"]
[{"$nulls":7},"53102103-Overoles o monos para niña"]
[{"$nulls":7},"53102104-Overoles o monos para mujer"]
[{"$nulls":7},"53102105-Overoles o monos para bebé"]
[{"$nulls":7},"53102201-Vestidos folclóricos para niño"]
[{"$nulls":7},"53102202-Vestidos folclóricos para hombre"]
[{"$nulls":7},"53102203-Vestidos folclóricos para niña"]
[{"$nulls":7},"53102204-Vestidos folclóricos para mujer"]
[{"$nulls":7},"53102205-Vestidos folclóricos para bebé"]
[{"$nulls":7},"53102301-Camisetas interiores"]
[{"$nulls":7},"53102302-Combinaciones"]
[{"$nulls":7},"53102303-Calzoncillos"]
[{"$nulls":7},"53102304-Brassieres"]
[{"$nulls":7},"53102305-Pañales para bebé"]
[{"$nulls":7},"53102306-Pañales para adulto"]
[{"$nulls":7},"53102307-Prendas para dar forma al cuerpo"]
[{"$nulls":7},"53102308-Forros para pañales"]
[{"$nulls":7},"53102401-Medias largas"]
[{"$nulls":7},"53102402-Calcetines"]
[{"$nulls":7},"53102403-Medias veladas"]
[{"$nulls":7},"53102404-Medias veladas gruesas (“tights”)"]
[{"$nulls":7},"53102501-Cinturones o tirantes"]
[{"$nulls":7},"53102502-Corbatas o pañoletas o bufandas"]
[{"$nulls":7},"53102503-Sombreros"]
[{"$nulls":7},"53102504-Guantes o mitones"]
[{"$nulls":7},"53102505-Sombrillas"]
[{"$nulls":7},"53102506-Bandas para el sudor"]
[{"$nulls":7},"53102507-Ganchos para colgar la ropa"]
[{"$nulls":7},"53102508-Bandas para los brazos"]
[{"$nulls":7},"53102509-Ligas"]
[{"$nulls":7},"53102510-Borlas"]
[{"$nulls":7},"53102511-Badanas"]
[{"$nulls":7},"53102512-Pañuelos"]
[{"$nulls":7},"53102513-Bandas para la cabeza"]
[{"$nulls":7},"53102514-Protectores de bolsillos"]
[{"$nulls":7},"53102515-Forros para botones"]
[{"$nulls":7},"53102516-Gorras"]
[{"$nulls":7},"53102517-Sujeta corbatas"]
[{"$nulls":7},"53102518-Cheurones"]
[{"$nulls":7},"53102519-Golas"]
[{"$nulls":7},"53102520-Hombreras o charreteras"]
[{"$nulls":7},"53102601-Pijamas o camisas de dormir o batas para niño"]
[{"$nulls":7},"53102602-Pijamas o camisas de dormir o batas para hombre"]
[{"$nulls":7},"53102603-Pijamas o camisas de dormir o batas para niña"]
[{"$nulls":7},"53102604-Pijamas o camisas de dormir o batas para mujer"]
[{"$nulls":7},"53102605-Pijamas o camisas de dormir o batas para bebé"]
[{"$nulls":7},"53102606-Batas de baño"]
[{"$nulls":7},"53102701-Uniformes militares"]
[{"$nulls":7},"53102702-Uniformes de agentes de aduna"]
[{"$nulls":7},"53102703-Uniformes de policías"]
[{"$nulls":7},"53102704-Uniformes institucionales para preparación de alimentos o servicio"]
[{"$nulls":7},"53102705-Uniformes de colegio"]
[{"$nulls":7},"53102706-Uniformes de personal de seguridad"]
[{"$nulls":7},"53102707-Batas de doctor"]
[{"$nulls":7},"53102708-Uniformes de enfermera"]
[{"$nulls":7},"53102709-Uniformes de personal de ambulancias"]
[{"$nulls":7},"53102710-Uniformes corporativos"]
[{"$nulls":7},"53102711-Batas para personal de peluquerías"]
[{"$nulls":7},"53102712-Uniformes de paramédicos"]
[{"$nulls":7},"53102801-Vestidos de baño para hombre"]
[{"$nulls":7},"53102802-Vestidos de baño para mujer"]
[{"$nulls":7},"53102803-Vestidos de baño para niño"]
[{"$nulls":7},"53102804-Vestidos de baño para niña"]
[{"$nulls":7},"53102805-Vestidos de baño para bebé"]
[{"$nulls":7},"53102901-Ropa atlética para mujer"]
[{"$nulls":7},"53102902-Ropa atlética para hombre"]
[{"$nulls":7},"53102903-Ropa atlética para niño"]
[{"$nulls":7},"53102904-Ropa atlética para niña"]
[{"$nulls":7},"53103001-Camisetas (t-shirts)"]
[{"$nulls":7},"53103101-Chalecos para hombre"]
[{"$nulls":7},"53111501-Botas para hombre"]
[{"$nulls":7},"53111502-Botas para mujer"]
[{"$nulls":7},"53111503-Botas para niño"]
[{"$nulls":7},"53111504-Botas para niña"]
[{"$nulls":7},"53111505-Botas para bebé"]
[{"$nulls":7},"53111601-Zapatos para hombre"]
[{"$nulls":7},"53111602-Zapatos para mujer"]
[{"$nulls":7},"53111603-Zapatos para niño"]
[{"$nulls":7},"53111604-Zapatos para niña"]
[{"$nulls":7},"53111605-Zapatos para bebé"]
[{"$nulls":7},"53111701-Pantuflas para hombre"]
[{"$nulls":7},"53111702-Pantuflas para mujer"]
[{"$nulls":7},"53111703-Pantuflas para niño"]
[{"$nulls":7},"53111704-Pantuflas para niña"]
[{"$nulls":7},"53111705-Pantuflas para bebé"]
[{"$nulls":7},"53111801-Sandalias para hombre"]
[{"$nulls":7},"53111802-Sandalias para mujer"]
[{"$nulls":7},"53111803-Sandalias para niño"]
[{"$nulls":7},"53111804-Sandalias para niña"]
[{"$nulls":7},"53111805-Sandalias para bebé"]
[{"$nulls":7},"53111901-Calzado atlético para hombre"]
[{"$nulls":7},"53111902-Calzado atlético para mujer"]
[{"$nulls":7},"53111903-Calzado atlético para niño"]
[{"$nulls":7},"53111904-Calzado atlético para niña"]
[{"$nulls":7},"53111905-Calzado atlético para bebé"]
[{"$nulls":7},"53112001-Calzadores"]
[{"$nulls":7},"53112002-Cordones para zapatos"]
[{"$nulls":7},"53112003-Almohadillas para talones"]
[{"$nulls":7},"53112004-Estirador de calzado"]
[{"$nulls":7},"53112005-Aparato para medir el pie"]
[{"$nulls":7},"53112101-Zapatones para hombre"]
[{"$nulls":7},"53112102-Zapatones para mujer"]
[{"$nulls":7},"53112103-Zapatones para niño"]
[{"$nulls":7},"53112104-Zapatones para niña"]
[{"$nulls":7},"53112105-Zapatones para bebé"]
[{"$nulls":7},"53121501-Porta trajes"]
[{"$nulls":7},"53121502-Sets de maletas"]
[{"$nulls":7},"53121503-Piezas individuales de maletas"]
[{"$nulls":7},"53121601-Bolsos o carteras"]
[{"$nulls":7},"53121602-Tulas"]
[{"$nulls":7},"53121603-Morrales"]
[{"$nulls":7},"53121605-Monederos"]
[{"$nulls":7},"53121606-Estuches para labiales"]
[{"$nulls":7},"53121607-Cigarrilleras"]
[{"$nulls":7},"53121608-Bolsas para compras"]
[{"$nulls":7},"53121701-Maletines"]
[{"$nulls":7},"53121702-Maletines (“attaches”)"]
[{"$nulls":7},"53121704-Portafolios"]
[{"$nulls":7},"53121705-Estuches para equipos"]
[{"$nulls":7},"53121706-Maletines para computador"]
[{"$nulls":7},"53121801-Kits de viaje"]
[{"$nulls":7},"53121802-Carritos de viaje"]
[{"$nulls":7},"53121803-Cepillos de ropa"]
[{"$nulls":7},"53121804-Estuches de maquillaje o manicure"]
[{"$nulls":7},"53131501-Enjuague bucal"]
[{"$nulls":7},"53131502-Dentífrico"]
[{"$nulls":7},"53131503-Cepillos de dientes"]
[{"$nulls":7},"53131504-Seda dental"]
[{"$nulls":7},"53131505-Chupos o chupetes para bebé"]
[{"$nulls":7},"53131506-Kits dentales"]
[{"$nulls":7},"53131507-Palillos de dientes (mondadientes)"]
[{"$nulls":7},"53131508-Tabletas para limpiar dentaduras postizas"]
[{"$nulls":7},"53131509-Refrescadores de aliento"]
[{"$nulls":7},"53131601-Gorros de baño"]
[{"$nulls":7},"53131602-Artículos para el cuidado del cabello"]
[{"$nulls":7},"53131603-Afeitadoras"]
[{"$nulls":7},"53131604-Cepillos o peinillas para el cabello"]
[{"$nulls":7},"53131605-Kits de tocador"]
[{"$nulls":7},"53131606-Desodorantes"]
[{"$nulls":7},"53131607-Lociones o aceites para manos o cuerpo"]
[{"$nulls":7},"53131608-Jabones"]
[{"$nulls":7},"53131609-Productos de protección solar"]
[{"$nulls":7},"53131610-Artículos para el cuidado de los ojos"]
[{"$nulls":7},"53131611-Cremas de afeitar"]
[{"$nulls":7},"53131612-Geles de baño"]
[{"$nulls":7},"53131613-Productos para el cuidado de la piel"]
[{"$nulls":7},"53131614-Productos para el cuidado de los pies"]
[{"$nulls":7},"53131615-Productos para la higiene femenina"]
[{"$nulls":7},"53131616-Cremas o lociones para farmacéuticas"]
[{"$nulls":7},"53131617-Implementos para la manicure"]
[{"$nulls":7},"53131618-Implementos para la pedicura"]
[{"$nulls":7},"53131619-Cosméticos"]
[{"$nulls":7},"53131620-Perfumes o colonias o fragancias"]
[{"$nulls":7},"53131621-Corta uñas"]
[{"$nulls":7},"53131622-Condones"]
[{"$nulls":7},"53131623-Productos depilatorios o para remover vello"]
[{"$nulls":7},"53131624-Paños limpiadores desechables"]
[{"$nulls":7},"53131625-Redecillas para el cabello o la barba"]
[{"$nulls":7},"53131626-Desinfectante de manos"]
[{"$nulls":7},"53131627-Limpiador de manos"]
[{"$nulls":7},"53131628-Champús"]
[{"$nulls":7},"53131629-Kits de maquillaje"]
[{"$nulls":7},"53131630-Bálsamo labial"]
[{"$nulls":7},"53131631-Tatuajes"]
[{"$nulls":7},"53131632-Marrones calientes"]
[{"$nulls":7},"53131633-Hebillas para el pelo"]
[{"$nulls":7},"53131634-Productos químicos protectores"]
[{"$nulls":7},"53131635-Brochas de afeitar"]
[{"$nulls":7},"53131636-Agua de rosas"]
[{"$nulls":7},"53131637-Almohadillas de lactancia"]
[{"$nulls":7},"53131638-Esmalte para uñas"]
[{"$nulls":7},"53141501-Alfileres rectos"]
[{"$nulls":7},"53141502-Imperdibles"]
[{"$nulls":7},"53141503-Cremalleras"]
[{"$nulls":7},"53141504-Hebillas"]
[{"$nulls":7},"53141505-Botones"]
[{"$nulls":7},"53141506-Cierres"]
[{"$nulls":7},"53141507-Broches"]
[{"$nulls":7},"53141508-Remaches para ropa"]
[{"$nulls":7},"53141601-Alfileteros"]
[{"$nulls":7},"53141602-Kits de costura"]
[{"$nulls":7},"53141603-Dedales"]
[{"$nulls":7},"53141604-Patrones de costura"]
[{"$nulls":7},"53141605-Agujas de costura"]
[{"$nulls":7},"53141606-Bobinas o sujeta bobinas"]
[{"$nulls":7},"53141607-Indicadores de costura"]
[{"$nulls":7},"53141608-Aguja pasa cintas"]
[{"$nulls":7},"53141609-Pasa presillas"]
[{"$nulls":7},"53141610-Sujetadores de tiza para sastres o textiles"]
[{"$nulls":7},"53141611-Marcadores de textiles o lápices para textiles o tiza para textiles"]
[{"$nulls":7},"53141612-Rueda aserrada seguidora de patrones"]
[{"$nulls":7},"53141613-Papel calcante"]
[{"$nulls":7},"53141614-Agujas de bordado"]
[{"$nulls":7},"53141615-Agujas de tejer"]
[{"$nulls":7},"53141616-Lanzaderas para telares"]
[{"$nulls":7},"53141617-Lanzaderas para tejidos de algodón"]
[{"$nulls":7},"53141618-Lienzo para bordar"]
[{"$nulls":7},"53141619-Varas magnéticas"]
[{"$nulls":7},"53141620-Corta costuras"]
[{"$nulls":7},"53141621-Enhebrador de agujas"]
[{"$nulls":7},"53141622-Regla para sastrería"]
[{"$nulls":7},"53141623-Refuerzo o cerrado líquido para hilo"]
[{"$nulls":7},"53141624-Textiles o agujas para punto de cruz"]
[{"$nulls":7},"53141625-Diseños para punto de cruz"]
[{"$nulls":7},"53141626-Aro para bordado"]
[{"$nulls":7},"53141627-Agujas de croché"]
[{"$nulls":7},"53141628-Herramientas para hilvanar acolchados"]
[{"$nulls":7},"53141629-Alfileres para acolchados"]
[{"$nulls":7},"53141630-Tableros o almohadillas para cortar patrones"]
[{"$nulls":7},"54101501-Cadenas de oro o plata o platino"]
[{"$nulls":7},"54101502-Collares de joyería fina"]
[{"$nulls":7},"54101503-Anillos de  joyería fina"]
[{"$nulls":7},"54101504-Aretes de joyería fina"]
[{"$nulls":7},"54101505-Joyas finas para el cuerpo"]
[{"$nulls":7},"54101506-Brazaletes de joyería fina"]
[{"$nulls":7},"54101507-Tiaras"]
[{"$nulls":7},"54101508-Revestimientos de joyería fina para reducir el tamaño de un anillo"]
[{"$nulls":7},"54101509-Mancornas de joyería fina"]
[{"$nulls":7},"54101510-Mariposas para aretes de joyería fina"]
[{"$nulls":7},"54101511-Prendedores de joyería fina"]
[{"$nulls":7},"54101512-Aros de prendedores para pasar cadenas de joyería fina"]
[{"$nulls":7},"54101601-Brazaletes"]
[{"$nulls":7},"54101602-Collares"]
[{"$nulls":7},"54101603-Anillos"]
[{"$nulls":7},"54101604-Aretes"]
[{"$nulls":7},"54101605-Joyas para el cuerpo"]
[{"$nulls":7},"54101701-Compuestos conservantes"]
[{"$nulls":7},"54101702-Bloques para producir hemisferios (“dapping punches”)"]
[{"$nulls":7},"54101703-Molinos de alambre"]
[{"$nulls":7},"54101704-Mandriles para joyería"]
[{"$nulls":7},"54101705-Medidores de tamaño para anillos"]
[{"$nulls":7},"54101706-Materiales o accesorios plásticos amigables maleables a bajas temperaturas"]
[{"$nulls":7},"54111501-Relojes de pulso"]
[{"$nulls":7},"54111502-Relojes de bolsillo"]
[{"$nulls":7},"54111601-Relojes de pared"]
[{"$nulls":7},"54111602-Relojes de mesa o repisa"]
[{"$nulls":7},"54111603-Relojes verticales"]
[{"$nulls":7},"54111604-Relojes de arena"]
[{"$nulls":7},"54111701-Manecillas para reloj"]
[{"$nulls":7},"54111702-Cristales para reloj"]
[{"$nulls":7},"54111703-Placas o puentes para relojes"]
[{"$nulls":7},"54111704-Correas o bandas o pulseras para relojes"]
[{"$nulls":7},"54111705-Estuches para relojes"]
[{"$nulls":7},"54111706-Sujetadores para relojes"]
[{"$nulls":7},"54111707-Abre estuches para relojes"]
[{"$nulls":7},"54111708-Péndulos para relojes"]
[{"$nulls":7},"54111709-Kits para reparar relojes"]
[{"$nulls":7},"54121501-Diamantes"]
[{"$nulls":7},"54121502-Esmeraldas"]
[{"$nulls":7},"54121503-Rubíes"]
[{"$nulls":7},"54121504-Zafiros"]
[{"$nulls":7},"54121601-Granates"]
[{"$nulls":7},"54121602-Jades"]
[{"$nulls":7},"54121603-Ópalos"]
[{"$nulls":7},"54121701-Perlas cultivadas"]
[{"$nulls":7},"54121702-Perlas naturales"]
[{"$nulls":7},"54121801-Diamantes industriales"]
[{"$nulls":7},"54121802-Granates industriales"]
[{"$nulls":7},"55101501-Cartas de navegación o atlas o mapas"]
[{"$nulls":7},"55101502-Directorios"]
[{"$nulls":7},"55101503-Catálogos"]
[{"$nulls":7},"55101504-Periódicos"]
[{"$nulls":7},"55101505-Historietas cómicas"]
[{"$nulls":7},"55101506-Revistas"]
[{"$nulls":7},"55101507-Libros para pintar o colorear o ilustrar para niños"]
[{"$nulls":7},"55101509-Textos educacionales o vocacionales"]
[{"$nulls":7},"55101510-Libros para entretenimiento"]
[{"$nulls":7},"55101513-Tarjetas para intercambiar"]
[{"$nulls":7},"55101514-Partituras"]
[{"$nulls":7},"55101515-Material promocional o reportes anuales"]
[{"$nulls":7},"55101516-Manuales operativos o de instrucciones"]
[{"$nulls":7},"55101517-Dibujos dimensionales o de tolerancia"]
[{"$nulls":7},"55101518-Diagramas o dibujos técnicos"]
[{"$nulls":7},"55101519-Publicaciones periódicas"]
[{"$nulls":7},"55101520-Hojas o folletos de instrucciones"]
[{"$nulls":7},"55101521-Manuales de propietario o usuario"]
[{"$nulls":7},"55101522-Globos terrestres o celestes"]
[{"$nulls":7},"55101523-Libros de ejercicios"]
[{"$nulls":7},"55101524-Libros de referencia"]
[{"$nulls":7},"55101525-Enciclopedias"]
[{"$nulls":7},"55101526-Diccionarios"]
[{"$nulls":7},"55101527-Cancioneros"]
[{"$nulls":7},"55101528-Libros religiosos"]
[{"$nulls":7},"55101529-Chequeras o libretas de cuentas"]
[{"$nulls":7},"55101530-Libros de códigos"]
[{"$nulls":7},"55101531-Códigos legales"]
[{"$nulls":7},"55111501-Directorios electrónicos"]
[{"$nulls":7},"55111502-Diccionarios electrónicos"]
[{"$nulls":7},"55111503-Enciclopedias electrónicas"]
[{"$nulls":7},"55111504-Catálogos electrónicos"]
[{"$nulls":7},"55111505-Libros en cintas o en discos compactos"]
[{"$nulls":7},"55111506-Revistas electrónicas"]
[{"$nulls":7},"55111507-Periódicos electrónicos"]
[{"$nulls":7},"55111508-Cartas de navegación o mapas o atlas electrónicos"]
[{"$nulls":7},"55111509-Música de fondo"]
[{"$nulls":7},"55111510-Películas de cine en celuloide"]
[{"$nulls":7},"55111511-Películas de cine en video cinta"]
[{"$nulls":7},"55111512-Música en cintas o discos compactos"]
[{"$nulls":7},"55111513-Textos electrónicos educacionales o vocacionales"]
[{"$nulls":7},"55111514-Películas de cine en discos de video digital dvd"]
[{"$nulls":7},"55111601-Documentación de software o manuales de usuario electrónicos"]
[{"$nulls":7},"55121501-Etiquetas para el equipaje"]
[{"$nulls":7},"55121502-Etiquetas de seguridad"]
[{"$nulls":7},"55121503-Etiquetas de identificación"]
[{"$nulls":7},"55121504-Etiquetas para llaves"]
[{"$nulls":7},"55121505-Porta etiquetas o accesorios"]
[{"$nulls":7},"55121506-Etiquetas de precio"]
[{"$nulls":7},"55121601-Kits para remover etiquetas"]
[{"$nulls":7},"55121602-Etiquetas para ropa"]
[{"$nulls":7},"55121604-Etiquetas para latas o botellas"]
[{"$nulls":7},"55121605-Etiquetas de direcciones o de correo"]
[{"$nulls":7},"55121606-Etiquetas auto adhesivas"]
[{"$nulls":7},"55121607-Calcomanías"]
[{"$nulls":7},"55121608-Etiquetas de códigos de barra"]
[{"$nulls":7},"55121609-Etiquetas para paquetes"]
[{"$nulls":7},"55121610-Etiquetas numeradas consecutivamente"]
[{"$nulls":7},"55121611-Cintas para hacer etiquetas"]
[{"$nulls":7},"55121612-Etiquetas para impresoras"]
[{"$nulls":7},"55121613-Etiquetas de códigos de color"]
[{"$nulls":7},"55121614-Etiquetas removibles"]
[{"$nulls":7},"55121615-Puntos o flechas adhesivas"]
[{"$nulls":7},"55121616-Banderas auto adhesivas"]
[{"$nulls":7},"55121617-Protectores de etiquetas"]
[{"$nulls":7},"55121618-Porta etiquetas"]
[{"$nulls":7},"55121619-Etiquetas no adhesivas"]
[{"$nulls":7},"55121620-Etiquetas multipropósito"]
[{"$nulls":7},"55121621-Sellos notariales"]
[{"$nulls":7},"55121701-Placas con inscripción metálicas"]
[{"$nulls":7},"55121702-Placas con inscripción no metálicas"]
[{"$nulls":7},"55121703-Señales iluminadas"]
[{"$nulls":7},"55121704-Señales de seguridad"]
[{"$nulls":7},"55121705-Señales auto adhesivas"]
[{"$nulls":7},"55121706-Pancartas"]
[{"$nulls":7},"55121707-Señales magnéticas"]
[{"$nulls":7},"55121708-Señales de neón"]
[{"$nulls":7},"55121709-Señales con mensajes móviles"]
[{"$nulls":7},"55121710-Signos de tráfico"]
[{"$nulls":7},"55121711-Vallas publicitarias"]
[{"$nulls":7},"55121712-Señales direccionales"]
[{"$nulls":7},"55121713-Señales de punto de venta"]
[{"$nulls":7},"55121714-Pendones"]
[{"$nulls":7},"55121715-Banderas o accesorios"]
[{"$nulls":7},"55121716-Señales de madera"]
[{"$nulls":7},"55121717-Placas de identificación de máquinas"]
[{"$nulls":7},"55121718-Señales informativas"]
[{"$nulls":7},"55121719-Componentes de señalización"]
[{"$nulls":7},"55121720-Emblemas"]
[{"$nulls":7},"55121721-Caracteres de señalización"]
[{"$nulls":7},"55121722-Mástiles de bandera, piezas o accesorios"]
[{"$nulls":7},"55121723-Bases o soportes para señales"]
[{"$nulls":7},"55121724-Bases de banderas"]
[{"$nulls":7},"55121725-Kits de señalización"]
[{"$nulls":7},"55121726-Paneles de identificación"]
[{"$nulls":7},"55121727-Letreros"]
[{"$nulls":7},"55121728-Cubiertas de señales"]
[{"$nulls":7},"55121729-Indicadores"]
[{"$nulls":7},"55121730-Señales de accidente"]
[{"$nulls":7},"55121731-Marcadores de identificación"]
[{"$nulls":7},"55121732-Divisores de tamaño"]
[{"$nulls":7},"55121801-Discos de impuestos de vehículos"]
[{"$nulls":7},"55121802-Tarjetas o bandas de identificación o productos similares"]
[{"$nulls":7},"55121803-Pasaportes"]
[{"$nulls":7},"55121804-Gafetes o porta gafetes"]
[{"$nulls":7},"55121806-Kits de bandas de identificación personal o accesorios"]
[{"$nulls":7},"55121807-Porta productos de identificación o accesorios"]
[{"$nulls":7},"56101501-Stands"]
[{"$nulls":7},"56101502-Sofás"]
[{"$nulls":7},"56101503-Armarios para abrigos"]
[{"$nulls":7},"56101504-Asientos"]
[{"$nulls":7},"56101505-Centros de entretenimiento"]
[{"$nulls":7},"56101506-Futones"]
[{"$nulls":7},"56101507-Bibliotecas"]
[{"$nulls":7},"56101508-Colchones o sets para dormir"]
[{"$nulls":7},"56101509-Vestidores o armarios"]
[{"$nulls":7},"56101510-Divisiones"]
[{"$nulls":7},"56101513-Cunas o accesorios"]
[{"$nulls":7},"56101514-Taburetes"]
[{"$nulls":7},"56101515-Camas"]
[{"$nulls":7},"56101516-Cómodas"]
[{"$nulls":7},"56101518-Estanterías de pared"]
[{"$nulls":7},"56101519-Mesas"]
[{"$nulls":7},"56101520-Casilleros (“lockers”)"]
[{"$nulls":7},"56101521-Cabeceras o pies de cama"]
[{"$nulls":7},"56101522-Sillas de brazos"]
[{"$nulls":7},"56101523-Paragüeros o soportes para paraguas"]
[{"$nulls":7},"56101524-Mesas de plancha"]
[{"$nulls":7},"56101525-Forros para mesas de plancha"]
[{"$nulls":7},"56101526-Bar refrigerador"]
[{"$nulls":7},"56101527-Secadores de linos tipo hogar"]
[{"$nulls":7},"56101528-Plantas artificiales"]
[{"$nulls":7},"56101529-Revisteros"]
[{"$nulls":7},"56101530-Gabinetes de almacenamiento"]
[{"$nulls":7},"56101531-Zapateras"]
[{"$nulls":7},"56101532-Set de muebles"]
[{"$nulls":7},"56101533-Descansa brazos"]
[{"$nulls":7},"56101535-Mesas de ruedas"]
[{"$nulls":7},"56101536-Trípodes para instrumentos"]
[{"$nulls":7},"56101537-Tocadores"]
[{"$nulls":7},"56101538-Mesas o bufetes para el comedor"]
[{"$nulls":7},"56101539-Armazones o partes o accesorios para camas"]
[{"$nulls":7},"56101540-Solterones"]
[{"$nulls":7},"56101541-Ventiladores de colchones"]
[{"$nulls":7},"56101601-Paraguas para jardín"]
[{"$nulls":7},"56101602-Sillas para jardín"]
[{"$nulls":7},"56101603-Mesas para jardín o mesas para picnic"]
[{"$nulls":7},"56101604-Columpios para jardín"]
[{"$nulls":7},"56101605-Bancos para jardín"]
[{"$nulls":7},"56101606-Materas"]
[{"$nulls":7},"56101607-Secadora de ropa para exteriores"]
[{"$nulls":7},"56101608-Estantes para bicicletas"]
[{"$nulls":7},"56101701-Cajoneras o estanterías"]
[{"$nulls":7},"56101702-Gabinetes de archivo o accesorios"]
[{"$nulls":7},"56101703-Escritorios"]
[{"$nulls":7},"56101704-Bases para mesas"]
[{"$nulls":7},"56101705-Vitrinas"]
[{"$nulls":7},"56101706-Mesas de conferencia"]
[{"$nulls":7},"56101707-Mesas de dibujo"]
[{"$nulls":7},"56101708-Archivadores móviles"]
[{"$nulls":7},"56101710-Carritos o soportes para proyectores"]
[{"$nulls":7},"56101711-Conectores de muebles modulares"]
[{"$nulls":7},"56101712-Pedestales"]
[{"$nulls":7},"56101713-Puestos (mesas) laterales de escritorios"]
[{"$nulls":7},"56101714-Estantes para carpetas de información"]
[{"$nulls":7},"56101715-Organizadores o clasificadores de correspondencia"]
[{"$nulls":7},"56101716-Gavetas organizadoras para el escritorio"]
[{"$nulls":7},"56101717-Eleva mesas"]
[{"$nulls":7},"56101803-Coches de bebé"]
[{"$nulls":7},"56101804-Cunas o corrales o accesorios"]
[{"$nulls":7},"56101805-Asientos de bebé para el carro"]
[{"$nulls":7},"56101806-Asientos de comer (para bebés) o accesorios"]
[{"$nulls":7},"56101807-Asientos rebotadores para bebés"]
[{"$nulls":7},"56101808-Columpios o rebotadores o accesorios"]
[{"$nulls":7},"56101809-Micas o bacinillas"]
[{"$nulls":7},"56101810-Bañeras o tinas para bebés"]
[{"$nulls":7},"56101811-Cunas"]
[{"$nulls":7},"56101812-Mesas para cambiar al bebé o accesorios"]
[{"$nulls":7},"56101813-Asientos para el baño para bebés"]
[{"$nulls":7},"56101901-Tapas de muebles o superficies de trabajo"]
[{"$nulls":7},"56101902-Discos movibles para muebles"]
[{"$nulls":7},"56101903-Protectores o almohadillas o copas para las patas de los muebles"]
[{"$nulls":7},"56101904-Bases o patas o extensiones de patas para muebles"]
[{"$nulls":7},"56101905-Ensamblajes o secciones de paneles"]
[{"$nulls":7},"56101906-Tablas de extensión para mesas"]
[{"$nulls":7},"56101907-Fundas para muebles"]
[{"$nulls":7},"56111501-Paquetes de muebles de recepción para oficinas"]
[{"$nulls":7},"56111502-Paquetes de muebles para ejecutivos no modulares"]
[{"$nulls":7},"56111503-Paquetes de muebles para ejecutivos modulares"]
[{"$nulls":7},"56111504-Paquetes de muebles de gerencia no modulares"]
[{"$nulls":7},"56111505-Paquetes de muebles de gerencia modulares"]
[{"$nulls":7},"56111506-Paquetes de muebles para personal no modulares"]
[{"$nulls":7},"56111507-Paquetes de muebles para personal modulares"]
[{"$nulls":7},"56111508-Paquetes de muebles para técnicos no modulares"]
[{"$nulls":7},"56111509-Paquetes de muebles para técnicos modulares"]
[{"$nulls":7},"56111510-Paquetes de muebles secretariales no modulares"]
[{"$nulls":7},"56111511-Paquetes de muebles secretariales modulares"]
[{"$nulls":7},"56111512-Paquetes de muebles para recepción no modulares"]
[{"$nulls":7},"56111513-Paquetes de muebles de salas de juntas no modulares"]
[{"$nulls":7},"56111514-Paquetes de muebles de mostrador modulares"]
[{"$nulls":7},"56111601-Biombos (mamparas) para sistemas de paneles"]
[{"$nulls":7},"56111602-Almacenamiento para sistemas de paneles"]
[{"$nulls":7},"56111603-Organizadores para sistemas de paneles"]
[{"$nulls":7},"56111604-Superficies de trabajo para sistemas de paneles"]
[{"$nulls":7},"56111605-Iluminación o electricidad o componentes de información para sistemas de paneles"]
[{"$nulls":7},"56111606-Partes o accesorios para sistemas de paneles"]
[{"$nulls":7},"56111701-Escritorios no modulares"]
[{"$nulls":7},"56111702-Cajoneras o estanterías no modulares"]
[{"$nulls":7},"56111703-Almacenamiento no modular"]
[{"$nulls":7},"56111704-Organizadores no modular"]
[{"$nulls":7},"56111705-Iluminación o electricidad o componentes de información no modulares"]
[{"$nulls":7},"56111706-Partes o accesorios no modulares"]
[{"$nulls":7},"56111707-Repisas no modulares"]
[{"$nulls":7},"56111801-Iluminación o electricidad o componentes de información de pie"]
[{"$nulls":7},"56111802-Mesas individuales (sin apoyo)"]
[{"$nulls":7},"56111803-Almacenamiento individual (sin apoyo)"]
[{"$nulls":7},"56111804-Organizadores individual (sin apoyo)"]
[{"$nulls":7},"56111805-Partes o accesorios individuales (sin apoyo)"]
[{"$nulls":7},"56111901-Iluminación o electricidad o componentes de información industriales"]
[{"$nulls":7},"56111902-Superficies de trabajo industriales"]
[{"$nulls":7},"56111903-Unidades de almacenamiento industriales"]
[{"$nulls":7},"56111904-Organizadores industriales"]
[{"$nulls":7},"56111905-Partes o accesorios industriales"]
[{"$nulls":7},"56111906-Gabinetes o cajones o estantes industriales"]
[{"$nulls":7},"56111907-Carritos de herramientas industriales"]
[{"$nulls":7},"56112001-Iluminación o electricidad o componentes de información de soporte para computadores"]
[{"$nulls":7},"56112002-Superficies de trabajo de soporte para computadores"]
[{"$nulls":7},"56112003-Accesorios de almacenamiento de soporte para computadores"]
[{"$nulls":7},"56112004-Organizadores de soporte para computadores"]
[{"$nulls":7},"56112005-Partes o accesorios de soporte para computadores"]
[{"$nulls":7},"56112101-Silletería para auditorios o estadios o uso especiales"]
[{"$nulls":7},"56112102-Sillas para grupos de trabajo"]
[{"$nulls":7},"56112103-Sillas para visitantes"]
[{"$nulls":7},"56112104-Sillas para ejecutivos"]
[{"$nulls":7},"56112105-Sillas para descansar"]
[{"$nulls":7},"56112106-Sillas altas (taburetes)"]
[{"$nulls":7},"56112107-Partes o accesorios para sillas"]
[{"$nulls":7},"56112108-Combinación de asiento con escritorio"]
[{"$nulls":7},"56112109-Bancos"]
[{"$nulls":7},"56112110-Sillas para músicos"]
[{"$nulls":7},"56121001-Carritos para libros"]
[{"$nulls":7},"56121002-Escritorios o componentes de circulación para bibliotecarios"]
[{"$nulls":7},"56121003-Muebles para devolver libros"]
[{"$nulls":7},"56121004-Unidades de catálogo de tarjetas"]
[{"$nulls":7},"56121005-Estanterías para diccionarios"]
[{"$nulls":7},"56121006-Bancas tapizadas"]
[{"$nulls":7},"56121007-Tablas de acceso público"]
[{"$nulls":7},"56121008-Unidades para ojear libros"]
[{"$nulls":7},"56121009-Mesas de lectura inclinadas"]
[{"$nulls":7},"56121010-Kioscos de libros"]
[{"$nulls":7},"56121011-Exhibidores de discos compactos o de audio casetes para bibliotecas"]
[{"$nulls":7},"56121012-Stands de islas giratorias"]
[{"$nulls":7},"56121014-Bolsas o estantes para bolsas"]
[{"$nulls":7},"56121101-Caballetes"]
[{"$nulls":7},"56121102-Mesas de dibujo para estudiantes"]
[{"$nulls":7},"56121201-Camilla de primeros auxilios"]
[{"$nulls":7},"56121301-Escenarios pequeños (por ejemplo para un coro)"]
[{"$nulls":7},"56121302-Carritos para mover mesas o asientos"]
[{"$nulls":7},"56121303-Esteras de caucho para pisos"]
[{"$nulls":7},"56121304-Mesas para planos"]
[{"$nulls":7},"56121401-Mesas móviles para bancos"]
[{"$nulls":7},"56121402-Mesas móviles para taburetes"]
[{"$nulls":7},"56121403-Mesas móviles"]
[{"$nulls":7},"56121501-Mesas para actividades"]
[{"$nulls":7},"56121502-Asientos para aulas de clase"]
[{"$nulls":7},"56121503-Bancos para aulas de clase"]
[{"$nulls":7},"56121504-Taburetes para aulas de clase"]
[{"$nulls":7},"56121505-Mesas para aulas de clase"]
[{"$nulls":7},"56121506-Pupitres"]
[{"$nulls":7},"56121507-Bancas cubículo (pupitres con bloqueo visual para evitar distracciones)"]
[{"$nulls":7},"56121508-Pupitres de computador para estudiantes"]
[{"$nulls":7},"56121509-Mesas de computador para estudiantes"]
[{"$nulls":7},"56121601-Sets de sala de tamaño de niños"]
[{"$nulls":7},"56121602-Sofás de tamaño de niños"]
[{"$nulls":7},"56121603-Sillones de tamaño de niños"]
[{"$nulls":7},"56121604-Pufs de tamaño de niños"]
[{"$nulls":7},"56121605-Biombos de poca altura o paneles para jugar"]
[{"$nulls":7},"56121606-Esterillas de descanso para niños"]
[{"$nulls":7},"56121607-Estantes o percheros para esterillas de descanso para niños"]
[{"$nulls":7},"56121608-Catres para niños"]
[{"$nulls":7},"56121609-Cargadores de catres para niños"]
[{"$nulls":7},"56121610-Centros de actividades para catres para niños"]
[{"$nulls":7},"56121701-Unidades de almacenamiento general"]
[{"$nulls":7},"56121702-Unidades de almacenamiento de libros"]
[{"$nulls":7},"56121703-Cubos (modulares) para guardar juguetes"]
[{"$nulls":7},"56121704-Gabinetes institucionales de almacenamiento"]
[{"$nulls":7},"56121801-Gabinetes para almacenamiento de herramientas de educación técnico o gabinetes con herramientas"]
[{"$nulls":7},"56121802-Gabinetes para almacenamiento de herramientas de taller general o gabinetes con herramientas"]
[{"$nulls":7},"56121803-Gabinetes para almacenamiento de herramientas para trabajar en madera o gabinetes con herramientas"]
[{"$nulls":7},"56121804-Escritorio técnico para instructores"]
[{"$nulls":7},"56121805-Archivos planos"]
[{"$nulls":7},"56121901-Mesas de demostración de máquinas de coser"]
[{"$nulls":7},"56122001-Bancas de laboratorio"]
[{"$nulls":7},"56122002-Unidades o accesorios de almacenamiento para laboratorios"]
[{"$nulls":7},"56122003-Puestos de trabajo para laboratorios"]
[{"$nulls":7},"56122004-Unidades de bases para lavamanos"]
[{"$nulls":7},"60101001-Kits de matemáticas para sumar"]
[{"$nulls":7},"60101002-Kits de matemáticas para dividir"]
[{"$nulls":7},"60101003-Kits de matemáticas de fracciones"]
[{"$nulls":7},"60101004-Kits de matemáticas para bachillerato básico"]
[{"$nulls":7},"60101005-Kits de matemáticas para la primera infancia"]
[{"$nulls":7},"60101006-Kits de matemáticas para mediciones"]
[{"$nulls":7},"60101007-Kits de matemáticas para multiplicar"]
[{"$nulls":7},"60101008-Kits de matemáticas para primaria"]
[{"$nulls":7},"60101009-Kits de matemáticas para restar"]
[{"$nulls":7},"60101010-Kits de matemáticas para bachillerato"]
[{"$nulls":7},"60101101-Lectores electrónicos de tarjetas"]
[{"$nulls":7},"60101102-Materiales de aprendizaje electrónico basados en el plan de estudios"]
[{"$nulls":7},"60101103-Globos terráqueos electrónicos"]
[{"$nulls":7},"60101104-Máquinas electrónicas de pruebas"]
[{"$nulls":7},"60101201-Adhesivos de seguimiento basados en la biblia"]
[{"$nulls":7},"60101202-Tablas de incentivo basados en la biblia"]
[{"$nulls":7},"60101203-Adhesivos para pegar en las tablas de incentivo"]
[{"$nulls":7},"60101204-Tablas de incentivo"]
[{"$nulls":7},"60101205-Tarjetas perforadas de incentivo"]
[{"$nulls":7},"60101301-Adhesivos basados en la biblia"]
[{"$nulls":7},"60101302-Adhesivos gigantes"]
[{"$nulls":7},"60101304-Adhesivos de fotos"]
[{"$nulls":7},"60101305-Adhesivos de recompensa"]
[{"$nulls":7},"60101306-Adhesivos perfumados"]
[{"$nulls":7},"60101307-Adhesivos de formas"]
[{"$nulls":7},"60101308-Adhesivos brillantes"]
[{"$nulls":7},"60101309-Adhesivos de recompensa con forma de estrella"]
[{"$nulls":7},"60101310-Surtidos de adhesivos"]
[{"$nulls":7},"60101311-Libros de adhesivos"]
[{"$nulls":7},"60101312-Cajas de adhesivos"]
[{"$nulls":7},"60101313-Calcomanías para tatuaje"]
[{"$nulls":7},"60101314-Tarjetas didácticas de sumas"]
[{"$nulls":7},"60101315-Tarjetas didácticas de cultura general"]
[{"$nulls":7},"60101316-Tarjetas didácticas en blanco"]
[{"$nulls":7},"60101317-Tarjetas didácticas de divisiones"]
[{"$nulls":7},"60101318-Tarjetas didácticas electrónicas"]
[{"$nulls":7},"60101319-Tarjetas didácticas de equivalencias"]
[{"$nulls":7},"60101320-Tarjetas didácticas de fracciones"]
[{"$nulls":7},"60101321-Tarjetas didácticas de mayor que o menor que"]
[{"$nulls":7},"60101322-Tarjetas didácticas de multiplicaciones"]
[{"$nulls":7},"60101323-Tarjetas didácticas de restas"]
[{"$nulls":7},"60101324-Tarjetas didácticas del alfabeto"]
[{"$nulls":7},"60101325-Tarjetas didácticas de construcción de palabras"]
[{"$nulls":7},"60101326-Tarjetas didácticas de fonética"]
[{"$nulls":7},"60101327-Tarjetas didácticas de escritura o escritura a mano"]
[{"$nulls":7},"60101328-Tarjetas didácticas de los números"]
[{"$nulls":7},"60101329-Tarjetas didácticas del dinero"]
[{"$nulls":7},"60101330-Tarjetas didácticas de la hora"]
[{"$nulls":7},"60101331-Tarjetas de los estados (departamentos)"]
[{"$nulls":7},"60101401-Insignias"]
[{"$nulls":7},"60101402-Botones de premio"]
[{"$nulls":7},"60101403-Coronas de celebración"]
[{"$nulls":7},"60101404-Joyas de recompense"]
[{"$nulls":7},"60101405-Cintas o escarapelas para el salón de clases"]
[{"$nulls":7},"60101601-Certificados basados en la biblia"]
[{"$nulls":7},"60101602-Certificados en blanco"]
[{"$nulls":7},"60101603-Marcos para certificados"]
[{"$nulls":7},"60101604-Soportes para certificados"]
[{"$nulls":7},"60101605-Cintas para certificados"]
[{"$nulls":7},"60101606-Diplomas"]
[{"$nulls":7},"60101607-Certificados de idioma extranjero"]
[{"$nulls":7},"60101608-Certificados de buena actitud"]
[{"$nulls":7},"60101609-Certificados específicos de grado"]
[{"$nulls":7},"60101610-Certificados específicos de asignatura"]
[{"$nulls":7},"60101701-Libros de recursos para la evaluación"]
[{"$nulls":7},"60101702-Calendarios o recortables"]
[{"$nulls":7},"60101703-Materiales pedagógicos para la formación del carácter"]
[{"$nulls":7},"60101704-Libros de actividades en clase"]
[{"$nulls":7},"60101705-Materiales pedagógicos para el pensamiento crítico"]
[{"$nulls":7},"60101706-Guías para planes de estudios integrados"]
[{"$nulls":7},"60101707-Guías para el plan de estudios"]
[{"$nulls":7},"60101708-Gráficos de tela"]
[{"$nulls":7},"60101709-Materiales para flanelógrafos"]
[{"$nulls":7},"60101710-Regalos del educador"]
[{"$nulls":7},"60101711-Sellos para calificar"]
[{"$nulls":7},"60101712-Pases (permisos) para salir al pasillo"]
[{"$nulls":7},"60101713-Materiales pedagógicos para la educación en el hogar"]
[{"$nulls":7},"60101714-Recursos para tareas en casa"]
[{"$nulls":7},"60101715-Libros de ideas"]
[{"$nulls":7},"60101716-Materiales para tableros magnéticos"]
[{"$nulls":7},"60101717-Placas o etiquetas de identificación"]
[{"$nulls":7},"60101718-Libros de planificación del profesor"]
[{"$nulls":7},"60101719-Cartelera con bolsillos"]
[{"$nulls":7},"60101720-Postales de comunicación del profesor"]
[{"$nulls":7},"60101721-Libros de recursos profesionales para el profesor"]
[{"$nulls":7},"60101722-Libros de calificaciones de la clase del profesor"]
[{"$nulls":7},"60101723-Diagramas de asientos de los estudiantes en el salón de clases"]
[{"$nulls":7},"60101724-Carpetas o formularios del profesor suplente"]
[{"$nulls":7},"60101725-Libros de actividades o recursos tecnológicos"]
[{"$nulls":7},"60101726-Guías de referencia sobre tecnología"]
[{"$nulls":7},"60101727-Materiales pedagógicos  para hacer exámenes"]
[{"$nulls":7},"60101728-Materiales de pedagógicos para unidades temáticas"]
[{"$nulls":7},"60101729-Kits de enseñanza para bachillerato básico"]
[{"$nulls":7},"60101730-Manuales de laboratorio"]
[{"$nulls":7},"60101731-Rollos o tiras de frases"]
[{"$nulls":7},"60101732-Punteros"]
[{"$nulls":7},"60101801-Guías de referencia bíblica"]
[{"$nulls":7},"60101802-Obras de teatro basadas en la biblia"]
[{"$nulls":7},"60101803-Libros de actividades o recursos basados en la biblia"]
[{"$nulls":7},"60101804-Libros de recursos para actividades en la escuela dominical"]
[{"$nulls":7},"60101805-Recursos para escuelas bíblicas de vacaciones"]
[{"$nulls":7},"60101806-Emblemas o símbolos sagrados"]
[{"$nulls":7},"60101807-Rosarios"]
[{"$nulls":7},"60101808-Ruedas de oración"]
[{"$nulls":7},"60101809-Suministros o kits de productos religiosos"]
[{"$nulls":7},"60101810-Patenas"]
[{"$nulls":7},"60101811-Vestimentas"]
[{"$nulls":7},"60101901-Libros de actividades del alfabeto"]
[{"$nulls":7},"60101902-Cubos con el alfabeto"]
[{"$nulls":7},"60101903-Cintas adhesivas de escritorio con el alfabeto"]
[{"$nulls":7},"60101904-Kits del alfabeto"]
[{"$nulls":7},"60101905-Fichas con letras del alfabeto"]
[{"$nulls":7},"60101906-Postales con el alfabeto"]
[{"$nulls":7},"60101907-Guías de referencia del alfabeto"]
[{"$nulls":7},"60101908-Libros de recursos del alfabeto"]
[{"$nulls":7},"60101909-Sellos del alfabeto"]
[{"$nulls":7},"60101910-Tarjetas del alfabeto para murales"]
[{"$nulls":7},"60101911-Alfabetos táctiles"]
[{"$nulls":7},"60102001-Espejos para uso logopédico"]
[{"$nulls":7},"60102002-Materiales pedagógicos para ortografía"]
[{"$nulls":7},"60102003-Libros de actividades para construcción de palabras"]
[{"$nulls":7},"60102004-Kits para construcción de palabras"]
[{"$nulls":7},"60102005-Libros de recursos para construcción de palabras"]
[{"$nulls":7},"60102006-Fichas para construcción de palabras"]
[{"$nulls":7},"60102007-Murales de palabras"]
[{"$nulls":7},"60102101-Libros de recursos de adjetivos"]
[{"$nulls":7},"60102102-Libros de recursos de adverbios"]
[{"$nulls":7},"60102103-Libros de recursos de gramática"]
[{"$nulls":7},"60102104-Libros de recursos de sustantivos"]
[{"$nulls":7},"60102105-Libros de recursos de puntuación"]
[{"$nulls":7},"60102106-Libros de recursos de verbos"]
[{"$nulls":7},"60102201-Libros de actividades de fonética"]
[{"$nulls":7},"60102202-Tarjetas de ejercicios fonéticos de repetición"]
[{"$nulls":7},"60102203-Kit de fonética"]
[{"$nulls":7},"60102204-Tarjetas de imágenes de fonética"]
[{"$nulls":7},"60102205-Libros de recursos de fonética"]
[{"$nulls":7},"60102206-Fichas de fonética"]
[{"$nulls":7},"60102301-Libros de actividades de lectura"]
[{"$nulls":7},"60102302-Libros de lectura para principiantes"]
[{"$nulls":7},"60102303-Libros de literatura infantil basados en la biblia"]
[{"$nulls":7},"60102304-Libros de literatura infantil"]
[{"$nulls":7},"60102305-Habilidades para la lectura crítica"]
[{"$nulls":7},"60102306-Flanelógrafos"]
[{"$nulls":7},"60102307-Libros de recursos de poesía"]
[{"$nulls":7},"60102308-Materiales de comprensión de lectura"]
[{"$nulls":7},"60102309-Kits o materiales de desarrollo de la lectura"]
[{"$nulls":7},"60102310-Libros de recursos de lectura"]
[{"$nulls":7},"60102311-Unidades temáticas de lectura"]
[{"$nulls":7},"60102312-Libros de recursos o actividades de vocabulario."]
[{"$nulls":7},"60102401-Abacos"]
[{"$nulls":7},"60102402-Libros de recursos o actividades para trabajar con material didáctico manipulable de matemáticas temprana"]
[{"$nulls":7},"60102403-Tarjetas de actividades para trabajar material didáctico manipulable de matemáticas temprana"]
[{"$nulls":7},"60102404-Cuentas o sets de actividades con cuentas para matemáticas temprana"]
[{"$nulls":7},"60102405-Contadores o sets de actividades con contadores para matemáticas temprana"]
[{"$nulls":7},"60102406-Bandejas o boles para contar o clasificar para matemáticas tempranas"]
[{"$nulls":7},"60102407-Cordones o sets de cordones para matemáticas temprana"]
[{"$nulls":7},"60102408-Material didáctico manipulable de vinculación o sets de actividades de vinculación para matemáticas temprana"]
[{"$nulls":7},"60102409-Fichas para juegos de matemáticas"]
[{"$nulls":7},"60102410-Tarjetas con números"]
[{"$nulls":7},"60102411-Modelos con formas de números o accesorios"]
[{"$nulls":7},"60102412-Tableros perforados para matemáticas básicas"]
[{"$nulls":7},"60102413-Ganchos para tablero perforado para matemáticas temprana"]
[{"$nulls":7},"60102414-Material didácticos manipulativos de clasificación o sets de actividades de clasificación para matemáticas temprana"]
[{"$nulls":7},"60102501-Libros de recursos o de actividades de la suma"]
[{"$nulls":7},"60102502-Modelos de las operaciones básicas"]
[{"$nulls":7},"60102503-Guías de referencia de las operaciones básicas"]
[{"$nulls":7},"60102504-Libros de recursos o actividades de la división"]
[{"$nulls":7},"60102505-Libros de recursos o actividades de la multiplicación"]
[{"$nulls":7},"60102506-Libros de recursos o actividades de la resta"]
[{"$nulls":7},"60102507-Cintas adhesivas de escritorio con los números"]
[{"$nulls":7},"60102508-Tableros o gráficas del uno al cien"]
[{"$nulls":7},"60102509-Fichas con números del uno al cien"]
[{"$nulls":7},"60102510-Kits de números"]
[{"$nulls":7},"60102511-Rectas numéricas"]
[{"$nulls":7},"60102512-libros de recursos o actividades de numeración"]
[{"$nulls":7},"60102513-Dominós"]
[{"$nulls":7},"60102601-Fichas o contadores de dos caras"]
[{"$nulls":7},"60102602-Pirinolas"]
[{"$nulls":7},"60102603-Juegos de dados"]
[{"$nulls":7},"60102604-Libros de recursos o actividades de probabilidades"]
[{"$nulls":7},"60102605-Libros de recursos o actividades de lógica"]
[{"$nulls":7},"60102606-Bloques de atributos"]
[{"$nulls":7},"60102607-Tarjetas de actividades de bloques de atributos"]
[{"$nulls":7},"60102608-Libros de recursos o actividades de atributos"]
[{"$nulls":7},"60102609-Esterilla de representación gráfica"]
[{"$nulls":7},"60102610-Libros de recursos o actividades de representación gráfica"]
[{"$nulls":7},"60102611-Juegos de lógica"]
[{"$nulls":7},"60102612-Kits o sets de atributos"]
[{"$nulls":7},"60102613-Libros de recursos o actividades de resolución de problemas"]
[{"$nulls":7},"60102614-Tarjetas de actividades de resolución de problemas"]
[{"$nulls":7},"60102701-Libros de recursos o actividades de bloques geométricos o de bloques para patrones"]
[{"$nulls":7},"60102702-Bloques para patrones"]
[{"$nulls":7},"60102703-Tarjetas de patrones o actividades de bloques para patrones"]
[{"$nulls":7},"60102704-Sets de actividades o juegos de bloques para patrones"]
[{"$nulls":7},"60102705-Adhesivos de bloques para patrones"]
[{"$nulls":7},"60102706-Espejo de bloques para patrones"]
[{"$nulls":7},"60102707-Afiches o tablas de bloques para patrones"]
[{"$nulls":7},"60102708-Bloques lógicos"]
[{"$nulls":7},"60102709-Tarjetas de patrones o actividades de bloques lógicos"]
[{"$nulls":7},"60102710-Sets de actividades de bloques lógicos"]
[{"$nulls":7},"60102711-Libros de recursos o actividades del tangram"]
[{"$nulls":7},"60102712-Tarjetas de patrones o actividades del tangram"]
[{"$nulls":7},"60102713-Sets de actividades de rompecabezas tangram"]
[{"$nulls":7},"60102714-Rompecabezas tangram"]
[{"$nulls":7},"60102715-Libros de recursos y actividades de pentominós"]
[{"$nulls":7},"60102717-Pentominós"]
[{"$nulls":7},"60102718-Sets de actividades de pentominós"]
[{"$nulls":7},"60102801-Bloques de base diez"]
[{"$nulls":7},"60102802-Libros de recursos o actividades de base diez o valor posicional"]
[{"$nulls":7},"60102803-Tarjetas de actividades de  base diez o valor posicional"]
[{"$nulls":7},"60102804-Sellos de caucho de base diez"]
[{"$nulls":7},"60102805-Cuadrículas de valor posicional"]
[{"$nulls":7},"60102806-Sets de actividades o juegos de valor posicional"]
[{"$nulls":7},"60102807-Modelos o accesorios de valor posicional"]
[{"$nulls":7},"60102901-Libros de recursos o actividades sobre el dinero"]
[{"$nulls":7},"60102902-Billetes de juego para la clase"]
[{"$nulls":7},"60102903-Monedas de juego para la clase"]
[{"$nulls":7},"60102904-Cubos o dados de monedas"]
[{"$nulls":7},"60102905-Dinero magnético"]
[{"$nulls":7},"60102906-Filminas de billetes"]
[{"$nulls":7},"60102907-Filminas de monedas"]
[{"$nulls":7},"60102908-Rompecabezas del dinero"]
[{"$nulls":7},"60102909-Sellos de caucho del dinero"]
[{"$nulls":7},"60102910-Alcancía de monedas"]
[{"$nulls":7},"60102911-Kits o juegos del dinero"]
[{"$nulls":7},"60102912-Cajas registradoras de juguete"]
[{"$nulls":7},"60102913-Guías de referencia del dinero"]
[{"$nulls":7},"60102914-Libros de recursos o actividades de la hora"]
[{"$nulls":7},"60102915-Sellos de caucho de la hora"]
[{"$nulls":7},"60102916-Kits de la hora"]
[{"$nulls":7},"60102917-Guías de referencia de la hora"]
[{"$nulls":7},"60103001-Círculos o cuadrados de fracciones"]
[{"$nulls":7},"60103002-Cuadrados de decimales"]
[{"$nulls":7},"60103003-Libros de actividades de fracciones"]
[{"$nulls":7},"60103004-Barras de fracciones"]
[{"$nulls":7},"60103005-Gráficos de fracciones"]
[{"$nulls":7},"60103006-Dados de fracciones"]
[{"$nulls":7},"60103007-Juegos de fracciones"]
[{"$nulls":7},"60103008-Kits de fracciones"]
[{"$nulls":7},"60103009-Fichas con fracciones"]
[{"$nulls":7},"60103010-Discos con fracciones"]
[{"$nulls":7},"60103012-Libro de actividades de pentominós"]
[{"$nulls":7},"60103013-Tarjetas de patrones de pentominós"]
[{"$nulls":7},"60103101-Libros de recursos o  actividades de geometría"]
[{"$nulls":7},"60103102-Afiches o cuadros de geometría"]
[{"$nulls":7},"60103103-Tableros geométricos"]
[{"$nulls":7},"60103104-Sets de construcción de formas geométricas"]
[{"$nulls":7},"60103105-Tableros geométricos de doble cara"]
[{"$nulls":7},"60103106-Kits de actividades o juegos para tableros geométricos"]
[{"$nulls":7},"60103107-Bandas elásticas para tableros geométricos"]
[{"$nulls":7},"60103108-Tarjetas de actividades de tableros geométricos"]
[{"$nulls":7},"60103109-Instrumentos de dibujo geométrico para la pizarra"]
[{"$nulls":7},"60103110-Guías de referencia de geometría"]
[{"$nulls":7},"60103111-Espejo geométrico"]
[{"$nulls":7},"60103112-Modelos geométricos sólidos"]
[{"$nulls":7},"60103201-Libros de recursos o de actividades de álgebra"]
[{"$nulls":7},"60103202-Cubos de centímetro"]
[{"$nulls":7},"60103203-Guías de referencia de preálgebra o álgebra"]
[{"$nulls":7},"60103204-Modelos o accesorios de álgebra"]
[{"$nulls":7},"60103301-Libros de recursos o actividades de cálculo"]
[{"$nulls":7},"60103302-Guías de referencia de precálculo o cálculo"]
[{"$nulls":7},"60103303-Libros de recursos o actividades de precálculo"]
[{"$nulls":7},"60103401-Afiches o carteles de geografía"]
[{"$nulls":7},"60103402-Libros de recursos o actividades de los continentes"]
[{"$nulls":7},"60103403-Materiales de aprendizaje electrónico de ciencias sociales"]
[{"$nulls":7},"60103404-Guías de referencia de geografía"]
[{"$nulls":7},"60103405-Estantes para mapas"]
[{"$nulls":7},"60103406-Kits de plantillas de mapas"]
[{"$nulls":7},"60103407-Mapas murales portátiles"]
[{"$nulls":7},"60103408-Libros de recursos o actividades de geografía"]
[{"$nulls":7},"60103409-Medidores de mapas"]
[{"$nulls":7},"60103410-Material didáctico para la enseñanza de mapas"]
[{"$nulls":7},"60103501-Libros de recursos o actividades de economía"]
[{"$nulls":7},"60103502-Libros de recursos o actividades del gobierno"]
[{"$nulls":7},"60103503-Guías de referencia del gobierno"]
[{"$nulls":7},"60103504-Unidades temáticas de los estados"]
[{"$nulls":7},"60103601-Recursos de civilizaciones de la antigüedad"]
[{"$nulls":7},"60103602-Recursos de tradiciones, rituales o costumbres"]
[{"$nulls":7},"60103603-Recursos de diversidad étnica"]
[{"$nulls":7},"60103604-Recursos de genealogía"]
[{"$nulls":7},"60103605-Recursos para festivos multiculturales"]
[{"$nulls":7},"60103606-Unidades temáticas multiculturales"]
[{"$nulls":7},"60103701-Recursos para aprender a hablar español"]
[{"$nulls":7},"60103702-Recursos para aprender a hablar francés"]
[{"$nulls":7},"60103703-Recursos para aprender a hablar alemán"]
[{"$nulls":7},"60103704-Recursos para aprender a hablar inglés"]
[{"$nulls":7},"60103705-Recursos para aprender a hablar latín"]
[{"$nulls":7},"60103706-Recursos para aprender a hablar italiano"]
[{"$nulls":7},"60103801-Libros de recursos de historia africana"]
[{"$nulls":7},"60103802-Afiches o cuadros de historia"]
[{"$nulls":7},"60103803-Libros de recursos de historia europea"]
[{"$nulls":7},"60103804-Mapas históricos"]
[{"$nulls":7},"60103805-Unidades temáticas de historia"]
[{"$nulls":7},"60103806-Tarjetas de fotos de historia"]
[{"$nulls":7},"60103807-Libros de recursos de historia"]
[{"$nulls":7},"60103808-Recursos de historia de la mujer"]
[{"$nulls":7},"60103809-Recursos de historia mundial"]
[{"$nulls":7},"60103903-Modelos de anfibios"]
[{"$nulls":7},"60103904-Cultivos de hongos"]
[{"$nulls":7},"60103905-Kits o materiales de cultivos"]
[{"$nulls":7},"60103906-Cultivos de protozoos"]
[{"$nulls":7},"60103907-Plantas de acuario"]
[{"$nulls":7},"60103908-Plantas de terrario"]
[{"$nulls":7},"60103909-Invertebrados vivos"]
[{"$nulls":7},"60103911-Vertebrados vivos"]
[{"$nulls":7},"60103915-Kits o materiales de disección"]
[{"$nulls":7},"60103916-Embriones conservados"]
[{"$nulls":7},"60103918-Biosferas"]
[{"$nulls":7},"60103919-Kits o materiales para experimentos de biología"]
[{"$nulls":7},"60103920-Kits o materiales para tinción"]
[{"$nulls":7},"60103921-Especímenes de ciclo vital preservado"]
[{"$nulls":7},"60103922-Guías de referencia de biología"]
[{"$nulls":7},"60103923-Espécimen de esqueleto o hueso o concha"]
[{"$nulls":7},"60103924-Libros de recursos o actividades de biología"]
[{"$nulls":7},"60103925-Kits de estudio o actividades de biología"]
[{"$nulls":7},"60103926-Afiches o cuadros de biología"]
[{"$nulls":7},"60103927-Especímenes preservados de cuerpos u órganos de plantas"]
[{"$nulls":7},"60103928-Tarjetas de fotos o actividades de biología"]
[{"$nulls":7},"60103929-Especímenes del ciclo vital de plantas"]
[{"$nulls":7},"60103930-Combinación de especímenes y organismos"]
[{"$nulls":7},"60103931-Especímenes del cuerpo animal, partes u órganos"]
[{"$nulls":7},"60103932-Exhibiciones de ecosistemas"]
[{"$nulls":7},"60103933-Especímenes del cuerpo humano, partes u órganos"]
[{"$nulls":7},"60103934-Cultivos de tejidos"]
[{"$nulls":7},"60103936-Sets o diagramas de anatomía"]
[{"$nulls":7},"60104001-Modelos de ácido desoxirribonucleico (adn)"]
[{"$nulls":7},"60104002-Kits de experimentos de ácido desoxirribonucleico (adn)"]
[{"$nulls":7},"60104003-Libros de genética"]
[{"$nulls":7},"60104004-Kits de genética"]
[{"$nulls":7},"60104005-Kits de enseñanza de bacterias"]
[{"$nulls":7},"60104006-Materiales de prueba de bacterias"]
[{"$nulls":7},"60104007-Kits o materiales de enzimología"]
[{"$nulls":7},"60104008-Kits o materiales de prueba de proteínas"]
[{"$nulls":7},"60104101-Modelos del cuerpo humano, partes u órganos"]
[{"$nulls":7},"60104102-Modelos de células"]
[{"$nulls":7},"60104103-Kits de enseñanza de células"]
[{"$nulls":7},"60104104-Kits de enseñanza de los sistemas del cuerpo"]
[{"$nulls":7},"60104105-Materiales de enseñanza de los sistemas del cuerpo"]
[{"$nulls":7},"60104106-Modelos del cuerpo de plantas, partes u órganos"]
[{"$nulls":7},"60104107-Modelos del cuerpo de animales, partes u órganos"]
[{"$nulls":7},"60104201-Productos químicos de prueba del agua"]
[{"$nulls":7},"60104202-Kits de muestreo y pruebas del agua"]
[{"$nulls":7},"60104203-Modelos del agua"]
[{"$nulls":7},"60104204-Materiales de ecología acuática"]
[{"$nulls":7},"60104301-Modelos de astronomía"]
[{"$nulls":7},"60104302-Diagramas de astronomía"]
[{"$nulls":7},"60104303-Kits de estudio de astronomía"]
[{"$nulls":7},"60104401-Sets de especímenes de roca"]
[{"$nulls":7},"60104402-Especímenes de roca"]
[{"$nulls":7},"60104403-Fósiles"]
[{"$nulls":7},"60104404-Modelos de accidentes geográficos"]
[{"$nulls":7},"60104405-Modelos de fósiles"]
[{"$nulls":7},"60104406-Herramientas para geología de campo"]
[{"$nulls":7},"60104407-Mesas de simulación de corrientes de agua"]
[{"$nulls":7},"60104408-Kits de estudio de geología"]
[{"$nulls":7},"60104501-Afiches o cuadros de la tabla periódica"]
[{"$nulls":7},"60104502-Kits de análisis del consumidor"]
[{"$nulls":7},"60104503-Kits para clase de química"]
[{"$nulls":7},"60104504-Kits de demostración de química"]
[{"$nulls":7},"60104505-Modelos atómicos"]
[{"$nulls":7},"60104506-Modelos moleculares"]
[{"$nulls":7},"60104507-Herramientas para demostración electroquímica"]
[{"$nulls":7},"60104508-Kits de electroquímica"]
[{"$nulls":7},"60104509-Pilas de combustible"]
[{"$nulls":7},"60104511-Instrumentos de microquímica"]
[{"$nulls":7},"60104601-Mesas de fuerzas"]
[{"$nulls":7},"60104602-Modelos de gravedad o sets de modelos"]
[{"$nulls":7},"60104604-Planos inclinados"]
[{"$nulls":7},"60104605-Aparato de fricción"]
[{"$nulls":7},"60104606-Carros de física"]
[{"$nulls":7},"60104607-Equipo de péndulo"]
[{"$nulls":7},"60104608-Equipo de torque"]
[{"$nulls":7},"60104609-Aparato de movimiento de proyectiles"]
[{"$nulls":7},"60104610-Mesas de aire"]
[{"$nulls":7},"60104611-Equipos de aire"]
[{"$nulls":7},"60104612-Aparato para luz o foto"]
[{"$nulls":7},"60104701-Dispositivos de recolección solar"]
[{"$nulls":7},"60104702-Kits solares"]
[{"$nulls":7},"60104703-Kits de demostración de energía"]
[{"$nulls":7},"60104704-Kits de clases de energía"]
[{"$nulls":7},"60104705-Kits de demostración de materia"]
[{"$nulls":7},"60104706-Kits de clases de materia"]
[{"$nulls":7},"60104707-Manómetros"]
[{"$nulls":7},"60104708-Aparato de difusión de gases"]
[{"$nulls":7},"60104801-Generadores de ondas"]
[{"$nulls":7},"60104802-Tanques de ondas"]
[{"$nulls":7},"60104803-Fuentes de ondas"]
[{"$nulls":7},"60104804-Sets de demostración de ondas"]
[{"$nulls":7},"60104805-Diapasones"]
[{"$nulls":7},"60104806-Demostradores del efecto doppler"]
[{"$nulls":7},"60104807-Equipo de resonancia"]
[{"$nulls":7},"60104808-Fonómetros"]
[{"$nulls":7},"60104809-Aparato de ondas"]
[{"$nulls":7},"60104810-Espectroscopios"]
[{"$nulls":7},"60104811-Diagramas del espectro"]
[{"$nulls":7},"60104812-Kits de demostración de la luz"]
[{"$nulls":7},"60104813-Cartas o muestras de colores"]
[{"$nulls":7},"60104814-Radiómetro"]
[{"$nulls":7},"60104815-Equipo de refracción o reflexión"]
[{"$nulls":7},"60104816-Sets o kits ópticos"]
[{"$nulls":7},"60104901-Generadores de van de graff"]
[{"$nulls":7},"60104902-Aparato de electrostática"]
[{"$nulls":7},"60104903-Kits de electrostática"]
[{"$nulls":7},"60104904-Kits de electricidad"]
[{"$nulls":7},"60104905-Tableros de demostración de electricidad"]
[{"$nulls":7},"60104906-Kits de baterías"]
[{"$nulls":7},"60104907-Generadores portátiles"]
[{"$nulls":7},"60104908-Aparato de electromagnetismo"]
[{"$nulls":7},"60104909-Aparato de magnetismo"]
[{"$nulls":7},"60104910-Electroimanes"]
[{"$nulls":7},"60104911-Campanas eléctricas o accesorios"]
[{"$nulls":7},"60104912-Alambres o cables eléctricos"]
[{"$nulls":7},"60105001-Sets de radioactividad"]
[{"$nulls":7},"60105002-Contadores geiger"]
[{"$nulls":7},"60105003-Aparato de electrones"]
[{"$nulls":7},"60105004-Señales de advertencia de radiación"]
[{"$nulls":7},"60105005-Diapositivas de física nuclear"]
[{"$nulls":7},"60105006-Diagramas de física nuclear"]
[{"$nulls":7},"60105101-Sets de cohetes"]
[{"$nulls":7},"60105102-Aparato de lanzamiento"]
[{"$nulls":7},"60105103-Dispositivos para la medición de alturas"]
[{"$nulls":7},"60105104-Kits de aviones"]
[{"$nulls":7},"60105201-Materiales de enseñanza para desarrollar habilidades de escucha"]
[{"$nulls":7},"60105202-Materiales de enseñanza de  habilidades de estudio"]
[{"$nulls":7},"60105203-Materiales de enseñanza de preparación de exámenes"]
[{"$nulls":7},"60105301-Materiales de enseñanza de habilidades para la educación o planificación o toma de decisiones para el trabajo"]
[{"$nulls":7},"60105302-Materiales de enseñanza de  habilidades laborales básicas"]
[{"$nulls":7},"60105303-Materiales de enseñanza de habilidades para la búsqueda de empleo"]
[{"$nulls":7},"60105304-Materiales de enseñanza de habilidades para el manejo del tiempo"]
[{"$nulls":7},"60105305-Materiales de enseñanza de habilidades para entrevistas"]
[{"$nulls":7},"60105306-Materiales de enseñanza de habilidades para elaborar la hoja de vida"]
[{"$nulls":7},"60105307-Materiales de enseñanza de formación de ética laboral o actitudes"]
[{"$nulls":7},"60105308-Materiales de enseñanza para desarrollar habilidades de trabajo en equipo"]
[{"$nulls":7},"60105309-Materiales de enseñanza de etiqueta empresarial"]
[{"$nulls":7},"60105401-Materiales de enseñanza del manejo del dinero o de las finanzas personales"]
[{"$nulls":7},"60105402-Materiales de enseñanza de habilidades de consumo y comparación de precios"]
[{"$nulls":7},"60105403-Materiales de enseñanza de vida independiente"]
[{"$nulls":7},"60105404-Materiales de enseñanza para la comprensión de los créditos o préstamos de consumo"]
[{"$nulls":7},"60105405-Materiales de enseñanza de comparación o cobertura de seguros"]
[{"$nulls":7},"60105406-Materiales de enseñanza para compra de casa"]
[{"$nulls":7},"60105407-Materiales de enseñanza para alquiler de apartamento"]
[{"$nulls":7},"60105408-Materiales de enseñanza para compra de carro"]
[{"$nulls":7},"60105409-Materiales de enseñanza  de publicidad o comercialización de marcas"]
[{"$nulls":7},"60105410-Materiales de enseñanza de habilidades para la vida en familia o para el establecimiento de relaciones"]
[{"$nulls":7},"60105411-Materiales de enseñanza para el desarrollo de la autoestima y el autoconcepto"]
[{"$nulls":7},"60105412-Materiales de enseñanza de prevención de la violencia o de educación para la evasión de la violencia"]
[{"$nulls":7},"60105413-Materiales de enseñanza  de formación para el manejo de la ira"]
[{"$nulls":7},"60105414-Materiales educativos para la enseñanza de la paciencia"]
[{"$nulls":7},"60105415-Materiales de enseñanza de formación de la tolerancia"]
[{"$nulls":7},"60105416-Materiales de enseñanza de seguridad personal"]
[{"$nulls":7},"60105417-Materiales de enseñanza de resolución de conflictos personales"]
[{"$nulls":7},"60105418-Guías de asesoramiento práctico para adolescentes"]
[{"$nulls":7},"60105419-Materiales de enseñanza de desarrollo de aptitudes sociales"]
[{"$nulls":7},"60105420-Materiales de enseñanza de modales o etiqueta o cortesía"]
[{"$nulls":7},"60105421-Materiales de enseñanza para entender o tratar con la diversidad cultural"]
[{"$nulls":7},"60105422-Materiales de enseñanza para interpretar el lenguaje corporal"]
[{"$nulls":7},"60105423-Materiales de enseñanza para el desarrollo de la capacidad de adaptación"]
[{"$nulls":7},"60105424-Materiales de enseñanza de comprensión del servicio a la comunidad"]
[{"$nulls":7},"60105425-Materiales de enseñanza para el desarrollo de habilidades de negación"]
[{"$nulls":7},"60105426-Materiales de enseñanza de habilidades de responsabilidad o toma de decisiones"]
[{"$nulls":7},"60105427-Materiales de enseñanza de comprensión de los derechos legales de los adolescentes"]
[{"$nulls":7},"60105428-Materiales de enseñanza de las repercusiones de la deserción escolar"]
[{"$nulls":7},"60105429-Videos de las relaciones interraciales"]
[{"$nulls":7},"60105501-Materiales de enseñanza de feng shui"]
[{"$nulls":7},"60105502-Materiales de enseñanza para utilizar color o pintura para la decoración del hogar"]
[{"$nulls":7},"60105503-Materiales de enseñanza  para la  planificación o diseño del hogar"]
[{"$nulls":7},"60105504-Materiales de enseñanza de diseño de jardines"]
[{"$nulls":7},"60105505-Materiales de enseñanza para la decoración o amueblamiento del hogar"]
[{"$nulls":7},"60105601-Materiales de enseñanza de dietas balanceadas o pautas alimentarias"]
[{"$nulls":7},"60105602-Materiales de enseñanza de habilidades de planificación de menús para planes de estudios de nutrición"]
[{"$nulls":7},"60105603-Materiales de enseñanza de comprensión del etiquetado nutricional"]
[{"$nulls":7},"60105604-Materiales de enseñanza de compra de alimentos"]
[{"$nulls":7},"60105605-Módulos de demostración de opciones de alimentos saludables"]
[{"$nulls":7},"60105606-Materiales de enseñanza de comprensión de los efectos de las grasas alimenticias"]
[{"$nulls":7},"60105607-Materiales de enseñanza de comprensión del vegetarianismo"]
[{"$nulls":7},"60105608-Libros de cocina o recetarios"]
[{"$nulls":7},"60105609-Materiales de enseñanza de  educación acerca de los trastornos alimenticios"]
[{"$nulls":7},"60105610-Materiales de enseñanza sobre el control de peso o el ejercicio"]
[{"$nulls":7},"60105611-Materiales de enseñanza de la medición de sólidos o líquidos en la cocina"]
[{"$nulls":7},"60105612-Materiales de enseñanza de equivalencias o matemáticas en la cocina"]
[{"$nulls":7},"60105613-Materiales de enseñanza sobre los utensilios de cocina"]
[{"$nulls":7},"60105614-Materiales de enseñanza sobre la higiene o la seguridad en la cocina"]
[{"$nulls":7},"60105615-Materiales de enseñanza sobre la inocuidad de los alimentos"]
[{"$nulls":7},"60105616-Materiales de enseñanza sobre actividades de la ciencia de los alimentos"]
[{"$nulls":7},"60105617-Materiales de enseñanza de habilidades culinarias"]
[{"$nulls":7},"60105618-Materiales de enseñanza de etiqueta o modales en la mesa"]
[{"$nulls":7},"60105619-Materiales de enseñanza sobre cómo poner la mesa"]
[{"$nulls":7},"60105620-Materiales de enseñanza de capacitación de los servicios de alimentación"]
[{"$nulls":7},"60105621-Materiales de enseñanza de educación acerca del abuso de drogas o  tabaco o alcohol"]
[{"$nulls":7},"60105622-Simuladores para fumar"]
[{"$nulls":7},"60105623-Materiales de enseñanza de comprensión de las adicciones o cómo evitarlas"]
[{"$nulls":7},"60105624-Materiales de enseñanza de los síntomas de depresión en adolescentes"]
[{"$nulls":7},"60105625-Materiales de enseñanza de capacitación para evitar el suicidio de adolescentes"]
[{"$nulls":7},"60105626-Materiales de enseñanza para lidiar con el estrés"]
[{"$nulls":7},"60105701-Álbumes de recuerdos"]
[{"$nulls":7},"60105702-Tornillos de extensión para álbumes de recuerdos"]
[{"$nulls":7},"60105703-Papel para álbumes de recuerdos"]
[{"$nulls":7},"60105704-Barras de pegante libres de ácido"]
[{"$nulls":7},"60105705-Cinta pegante libre de ácido"]
[{"$nulls":7},"60105801-Materiales de enseñanza de habilidades para la costura"]
[{"$nulls":7},"60105802-Materiales para proyectos de costura"]
[{"$nulls":7},"60105803-Materiales de enseñanza de comprensión de la confección o hechura de ropa"]
[{"$nulls":7},"60105804-Materiales de enseñanza de diseño o modas de ropa"]
[{"$nulls":7},"60105805-Materiales de enseñanza de análisis de colores personales"]
[{"$nulls":7},"60105806-Materiales de enseñanza de los principios básicos de la comercialización de la moda o la venta al por  menor"]
[{"$nulls":7},"60105807-Materiales de enseñanza de la ciencia de los tejidos o las fibras"]
[{"$nulls":7},"60105808-Materiales de enseñanza del cuidado o mantenimiento o lavado de la ropa"]
[{"$nulls":7},"60105809-Materiales para la enseñanza del arte del color en el diseño  de telas"]
[{"$nulls":7},"60105810-Materiales de enseñanza sobre pinturas y tintes para telas"]
[{"$nulls":7},"60105811-Materiales de enseñanza para proyectos de acolchado"]
[{"$nulls":7},"60105901-Materiales de enseñanza de educación sexual o enfermedades de transmisión sexual"]
[{"$nulls":7},"60105902-Materiales de enseñanza de recursos de nutrición prenatal o abuso fetal"]
[{"$nulls":7},"60105903-Materiales de enseñanza de habilidades para la crianza de los hijos"]
[{"$nulls":7},"60105904-Materiales de enseñanza sobre el desarrollo de niño"]
[{"$nulls":7},"60105905-Materiales de enseñanza de comprensión de la violación en una cita o las habilidades para salir en cita o el acoso"]
[{"$nulls":7},"60105906-Materiales de enseñanza de educación sobre el parto"]
[{"$nulls":7},"60105907-Materiales de enseñanza sobre el embarazo, desde la concepción hasta el parto"]
[{"$nulls":7},"60105908-Materiales de enseñanza de comprensión de los riesgos de defectos de nacimiento"]
[{"$nulls":7},"60105909-Simuladores de embarazo"]
[{"$nulls":7},"60105910-Simuladores de bebés y accesorios"]
[{"$nulls":7},"60105911-Materiales de enseñanza de formación sobre puericultura"]
[{"$nulls":7},"60105912-Materiales de enseñanza de comprensión del abuso infantil  físico o emocional"]
[{"$nulls":7},"60105913-Materiales de enseñanza para padres sobre educación de habilidades para la disciplina"]
[{"$nulls":7},"60105914-Materiales de enseñanza de seguridad del hogar o de protección para evitar usos indebidos por los niños"]
[{"$nulls":7},"60105915-Materiales de enseñanza sobre resucitación cardiopulmonar o apoyo básico de vida"]
[{"$nulls":7},"60105916-Materiales de enseñanza de comprensión de las enfermedades de la infancia"]
[{"$nulls":7},"60105917-Materiales de enseñanza de comprensión del trastorno por déficit de atención con hiperactividad"]
[{"$nulls":7},"60105918-Materiales de enseñanza para el cuidador de niños"]
[{"$nulls":7},"60105919-Materiales de enseñanza para el cuidado de niños"]
[{"$nulls":7},"60106001-Libros de ideas o recursos del plan de estudios de bachillerato básico"]
[{"$nulls":7},"60106002-Libros de ideas o recursos del plan de estudios de bachillerato"]
[{"$nulls":7},"60106003-Proyectos de estudio independiente de economía doméstica"]
[{"$nulls":7},"60106004-Recursos o guías de proyectos o actividades de economía doméstica"]
[{"$nulls":7},"60106101-Materiales didácticos sobre el automóvil"]
[{"$nulls":7},"60106102-Materiales didácticos de construcción"]
[{"$nulls":7},"60106103-Materiales didácticos de diseño o delineación"]
[{"$nulls":7},"60106104-Materiales didácticos de electricidad o electrónica"]
[{"$nulls":7},"60106105-Materiales didácticos de artes gráficas o fotografía"]
[{"$nulls":7},"60106106-Materiales didácticos de  horticultura"]
[{"$nulls":7},"60106107-Materiales didácticos de manufactura"]
[{"$nulls":7},"60106108-Materiales didácticos de seguridad o peligro"]
[{"$nulls":7},"60106109-Materiales didácticos de soldadura"]
[{"$nulls":7},"60106201-Materiales didácticos de agricultura"]
[{"$nulls":7},"60106202-Materiales didácticos de biotecnología"]
[{"$nulls":7},"60106203-Materiales didácticos de comunicaciones"]
[{"$nulls":7},"60106204-Materiales didácticos de informática"]
[{"$nulls":7},"60106205-Materiales didácticos de energía o electricidad"]
[{"$nulls":7},"60106206-Materiales didácticos del medio ambiente"]
[{"$nulls":7},"60106207-Materiales didácticos de materiales"]
[{"$nulls":7},"60106208-Materiales didácticos de medicina"]
[{"$nulls":7},"60106209-Materiales didácticos de transporte"]
[{"$nulls":7},"60106210-Materiales didácticos de sistemas de armas"]
[{"$nulls":7},"60106211-Materiales didácticos del motor o sus partes"]
[{"$nulls":7},"60106212-Materiales didácticos de instrumentos de navegación"]
[{"$nulls":7},"60106213-Materiales didácticos de mecánica de fluidos o máquinas"]
[{"$nulls":7},"60106214-Materiales didácticos de robótica"]
[{"$nulls":7},"60106215-Materiales didácticos de sistemas de refrigeración"]
[{"$nulls":7},"60106301-Kits de ciencias forenses"]
[{"$nulls":7},"60106302-Materiales de enseñanza de ciencias forenses"]
[{"$nulls":7},"60106401-Kits de electrónica"]
[{"$nulls":7},"60106402-Suministros para la enseñanza de electrónica"]
[{"$nulls":7},"60111001-Paquetes de gráficos"]
[{"$nulls":7},"60111002-Gráficos para el salón de clase"]
[{"$nulls":7},"60111003-Afiches o sets para el salón de clases"]
[{"$nulls":7},"60111004-Afiches de creación  personal"]
[{"$nulls":7},"60111005-Soportes de gráficos o accesorios"]
[{"$nulls":7},"60111101-Sets de carteleras grandes"]
[{"$nulls":7},"60111102-Sets de carteleras del calendario"]
[{"$nulls":7},"60111103-Sets de carteleras para la primera infancia"]
[{"$nulls":7},"60111104-Sets de carteleras de idiomas"]
[{"$nulls":7},"60111105-Sets carteleras de matemáticas"]
[{"$nulls":7},"60111106-Sets de carteleras multipropósito"]
[{"$nulls":7},"60111107-Sets de carteleras de ciencias"]
[{"$nulls":7},"60111108-Sets de carteleras de temporada"]
[{"$nulls":7},"60111109-Sets de carteleras de ciencias sociales"]
[{"$nulls":7},"60111201-Pendones para el salón de clase"]
[{"$nulls":7},"60111202-Paquetes de bordes"]
[{"$nulls":7},"60111203-Carteles para el salón de clase"]
[{"$nulls":7},"60111204-Bordes o ribetes corrugados"]
[{"$nulls":7},"60111205-Bordes o ribetes festoneados y troquelados con formas"]
[{"$nulls":7},"60111206-Bordes o ribetes brillantes"]
[{"$nulls":7},"60111207-Bordes o ribetes rectos"]
[{"$nulls":7},"60111208-Almacenaje de bordes o ribetes"]
[{"$nulls":7},"60111301-Bloques con letras o números"]
[{"$nulls":7},"60111302-Letras o números sueltos"]
[{"$nulls":7},"60111303-Letras o números en cursiva"]
[{"$nulls":7},"60111304-Letras o números autoadhesivos"]
[{"$nulls":7},"60111305-Letras o números brillantes"]
[{"$nulls":7},"60111306-Letras o números para calcar"]
[{"$nulls":7},"60111401-Kits de decoración para el salón de clase"]
[{"$nulls":7},"60111402-Decoraciones para puertas"]
[{"$nulls":7},"60111403-Móviles"]
[{"$nulls":7},"60111404-Decoraciones de dos caras"]
[{"$nulls":7},"60111405-Decoraciones para adherir a las ventanas"]
[{"$nulls":7},"60111407-Sistemas decorativos de almacenaje"]
[{"$nulls":7},"60111408-Cintas o cintas onduladas decorativas"]
[{"$nulls":7},"60111409-Botones decorativos"]
[{"$nulls":7},"60111410-Figuras o cuerdas decorativas"]
[{"$nulls":7},"60111411-Aerosoles decorativos"]
[{"$nulls":7},"60121001-Pinturas"]
[{"$nulls":7},"60121002-Esculturas"]
[{"$nulls":7},"60121003-Estatuas"]
[{"$nulls":7},"60121004-Retratos"]
[{"$nulls":7},"60121005-Dibujos"]
[{"$nulls":7},"60121006-Cuadros"]
[{"$nulls":7},"60121007-Litografías"]
[{"$nulls":7},"60121008-Afiches"]
[{"$nulls":7},"60121009-Vasija decorativa"]
[{"$nulls":7},"60121010-Pergaminos"]
[{"$nulls":7},"60121011-Fotografías"]
[{"$nulls":7},"60121012-Adhesivos decorativos"]
[{"$nulls":7},"60121101-Papel para dibujo de sulfito"]
[{"$nulls":7},"60121102-Papel para dibujo de pasta de madera triturada"]
[{"$nulls":7},"60121103-Papel para dibujo de calcar o pergamino"]
[{"$nulls":7},"60121104-Papel bond para para dibujo"]
[{"$nulls":7},"60121105-Papel de dibujo para carboncillo o pastel"]
[{"$nulls":7},"60121106-Papel brístol para dibujo"]
[{"$nulls":7},"60121107-Hojas de papel para acuarela"]
[{"$nulls":7},"60121108-Cuadernos de papel para acuarela"]
[{"$nulls":7},"60121109-Blocs de papel para acuarela"]
[{"$nulls":7},"60121110-Papel para pintura dactilar"]
[{"$nulls":7},"60121111-Cartulina de sulfito"]
[{"$nulls":7},"60121112-Cartulina de pasta de madera triturada"]
[{"$nulls":7},"60121113-Cartulina metalizada"]
[{"$nulls":7},"60121114-Papeles para manualidades de origami"]
[{"$nulls":7},"60121115-Confeti de plástico o de papel"]
[{"$nulls":7},"60121116-Papel crepé para manualidades"]
[{"$nulls":7},"60121117-Papel de seda para manualidades"]
[{"$nulls":7},"60121118-Papel corrugado para manualidades"]
[{"$nulls":7},"60121119-Papel con impresión de patrones para manualidades"]
[{"$nulls":7},"60121120-Papel para manualidades autoadhesivo"]
[{"$nulls":7},"60121121-Papel fluorescente"]
[{"$nulls":7},"60121123-Papel hecho a mano"]
[{"$nulls":7},"60121124-Papel kraft"]
[{"$nulls":7},"60121125-Paneles de lienzo"]
[{"$nulls":7},"60121126-Lienzo preestirado"]
[{"$nulls":7},"60121127-Lienzo imprimado"]
[{"$nulls":7},"60121128-Lienzo sin imprimar"]
[{"$nulls":7},"60121129-Paneles de madera comprimida"]
[{"$nulls":7},"60121130-Cuadernos de papel imitación lienzo"]
[{"$nulls":7},"60121131-Papel japonés para grabado"]
[{"$nulls":7},"60121132-Papel para grabado para huecograbado o litografía"]
[{"$nulls":7},"60121133-Papel para grabado para impresión xilográfica"]
[{"$nulls":7},"60121134-Papel metálico"]
[{"$nulls":7},"60121135-Películas de acetato, vinilo o poliéster"]
[{"$nulls":7},"60121136-Películas de celofán"]
[{"$nulls":7},"60121137-Hojas de acrílico"]
[{"$nulls":7},"60121138-Tableros de ilustración"]
[{"$nulls":7},"60121139-Láminas de paspartú"]
[{"$nulls":7},"60121140-Tablero de montaje"]
[{"$nulls":7},"60121141-Tablero de montaje de núcleo de espuma"]
[{"$nulls":7},"60121142-Cartón duro o cartón de colores de dos caras"]
[{"$nulls":7},"60121143-Tablero para presentaciones"]
[{"$nulls":7},"60121144-Papeles borrador para arte"]
[{"$nulls":7},"60121145-Carteles borrador para arte"]
[{"$nulls":7},"60121146-Accesorios borrador para arte"]
[{"$nulls":7},"60121147-Papel brillante"]
[{"$nulls":7},"60121148-Cartones de colores"]
[{"$nulls":7},"60121149-Papel vegetal prensado"]
[{"$nulls":7},"60121150-Papel de construcción"]
[{"$nulls":7},"60121151-Accesorios o tableros para dibujo o bosquejo"]
[{"$nulls":7},"60121152-Tablillas de escritura"]
[{"$nulls":7},"60121153-Hojas de transferencia"]
[{"$nulls":7},"60121201-Pintura témpera líquida tradicional"]
[{"$nulls":7},"60121202-Pintura témpera líquida contemporánea"]
[{"$nulls":7},"60121203-Pintura témpera en polvo"]
[{"$nulls":7},"60121204-Pintura témpera lavable"]
[{"$nulls":7},"60121205-Pastillas de témpera"]
[{"$nulls":7},"60121206-Pintura líquida para cuerpo o cara"]
[{"$nulls":7},"60121207-Pintura en pasta para cuerpo o cara"]
[{"$nulls":7},"60121208-Pintura de marcador para cuerpo o cara"]
[{"$nulls":7},"60121209-Pintura de tatuaje provisional"]
[{"$nulls":7},"60121210-Pintura dactilar  lavable"]
[{"$nulls":7},"60121211-Pintura acrílica estilo escolar"]
[{"$nulls":7},"60121212-Pintura acrílica para aerógrafo"]
[{"$nulls":7},"60121213-Pinturas o medios al oleo sintéticos tratados con calor"]
[{"$nulls":7},"60121214-Pinturas o medios al óleo solubles en agua"]
[{"$nulls":7},"60121215-Pintura removible de baja viscosidad para vidrio o cerámica"]
[{"$nulls":7},"60121216-Pintura permanente de baja viscosidad para vidrio o cerámica"]
[{"$nulls":7},"60121217-Pintura gel removible de alta viscosidad para vidrio o cerámica"]
[{"$nulls":7},"60121218-Pintura gel permanente de alta viscosidad para vidrio o cerámica"]
[{"$nulls":7},"60121219-Pintura para cerámica o vidrio horneado"]
[{"$nulls":7},"60121220-Pintura para vidrio o cerámica de sistema de marcador"]
[{"$nulls":7},"60121221-Pintura de acuarela de platillo"]
[{"$nulls":7},"60121222-Pintura de acuarela en tubo"]
[{"$nulls":7},"60121223-Pintura de acuarela líquida"]
[{"$nulls":7},"60121224-Pintura de enmascarar para acuarela líquida"]
[{"$nulls":7},"60121225-Medios para pintura de acuarela"]
[{"$nulls":7},"60121226-Pinceles para acuarela"]
[{"$nulls":7},"60121227-Pinceles orientales"]
[{"$nulls":7},"60121228-Pinceles de utilidad"]
[{"$nulls":7},"60121229-Pinceles especializados"]
[{"$nulls":7},"60121230-Pinceles de caballete"]
[{"$nulls":7},"60121231-Espátulas de paleta"]
[{"$nulls":7},"60121232-Rodillos para impresión a mano"]
[{"$nulls":7},"60121233-Sellos de esponja"]
[{"$nulls":7},"60121234-Espátulas para aplicación de pintura"]
[{"$nulls":7},"60121235-Pipetas para mezclar pinturas o tintes"]
[{"$nulls":7},"60121236-Peinillas o utensilios para aplicación de pintura o tinta"]
[{"$nulls":7},"60121237-Paletas para mezclar pintura o tinta"]
[{"$nulls":7},"60121238-Vasijas para pintura o para mezclar o almacenar pintura"]
[{"$nulls":7},"60121239-Botellas o tazas para pintura"]
[{"$nulls":7},"60121241-Productos de limpieza de utensilios o pinceles"]
[{"$nulls":7},"60121242-Delantales para pintar"]
[{"$nulls":7},"60121243-Blusones para artistas"]
[{"$nulls":7},"60121244-Tiras extensoras"]
[{"$nulls":7},"60121245-Extensores de lienzo"]
[{"$nulls":7},"60121246-Caballetes metálicos"]
[{"$nulls":7},"60121247-Caballetes de madera"]
[{"$nulls":7},"60121248-Caballetes de sobremesa"]
[{"$nulls":7},"60121249-Caballetes de presentación"]
[{"$nulls":7},"60121250-Portafolio para dibujos"]
[{"$nulls":7},"60121251-Pintura al gouache"]
[{"$nulls":7},"60121252-Bandejas para pinturas"]
[{"$nulls":7},"60121253-Aerógrafos para arte"]
[{"$nulls":7},"60121301-Guillotinas para cortar papel"]
[{"$nulls":7},"60121302-Cortadora de paspartú"]
[{"$nulls":7},"60121303-Cuchillas para paspartú"]
[{"$nulls":7},"60121304-Espátulas de artista"]
[{"$nulls":7},"60121305-Cortador rotativo de tela o papel"]
[{"$nulls":7},"60121306-Cortadoras de papel en círculos u óvalos"]
[{"$nulls":7},"60121401-Marcos de madera preensamblados"]
[{"$nulls":7},"60121402-Marcos de secciones de madera"]
[{"$nulls":7},"60121403-Marcos metálicos preensamblados"]
[{"$nulls":7},"60121404-Marcos de secciones de metal"]
[{"$nulls":7},"60121405-Marcos  ajustables"]
[{"$nulls":7},"60121406-Marcos de plástico"]
[{"$nulls":7},"60121407-Marcos en forma de cubo transparente"]
[{"$nulls":7},"60121408-Clavadoras de puntillas o accesorios para marcos"]
[{"$nulls":7},"60121409-Caja de ingletes"]
[{"$nulls":7},"60121410-Dispositivos para colgar cuadros"]
[{"$nulls":7},"60121411-Paneles acrílicos para marcos"]
[{"$nulls":7},"60121412-Paneles de vidrio para marcos"]
[{"$nulls":7},"60121413-Organizadores o álbumes para fotos"]
[{"$nulls":7},"60121414-Monturas magnéticas para marcos"]
[{"$nulls":7},"60121415-Kits de marcos"]
[{"$nulls":7},"60121501-Marcadores a base de agua"]
[{"$nulls":7},"60121502-Marcadores de base disolvente"]
[{"$nulls":7},"60121503-Marcadores lavables"]
[{"$nulls":7},"60121504-Marcadores para caligrafía"]
[{"$nulls":7},"60121505-Marcadores de tela"]
[{"$nulls":7},"60121506-Marcadores metálicos"]
[{"$nulls":7},"60121507-Marcadores de témpera o tiza para ventanas"]
[{"$nulls":7},"60121508-Marcadores de pintura"]
[{"$nulls":7},"60121509-Crayones de cera"]
[{"$nulls":7},"60121510-Crayones de base de soya"]
[{"$nulls":7},"60121511-Crayones especializados"]
[{"$nulls":7},"60121512-Crayones de acuarela"]
[{"$nulls":7},"60121513-Pastel seco"]
[{"$nulls":7},"60121514-Pastel de tiza"]
[{"$nulls":7},"60121515-Pastel a base de aceite"]
[{"$nulls":7},"60121516-Carboncillo"]
[{"$nulls":7},"60121517-Carboncillo vine"]
[{"$nulls":7},"60121518-Lápices de grafito"]
[{"$nulls":7},"60121519-Lápices de colores para dibujar de base de cera"]
[{"$nulls":7},"60121520-Carboncillos"]
[{"$nulls":7},"60121521-Lápices de acuarela"]
[{"$nulls":7},"60121522-Bolígrafos de base acuosa"]
[{"$nulls":7},"60121523-Bolígrafos permanentes"]
[{"$nulls":7},"60121524-Bolígrafos de gel"]
[{"$nulls":7},"60121525-Rapidógrafos"]
[{"$nulls":7},"60121526-Bolígrafos para caligrafía"]
[{"$nulls":7},"60121531-Borradores de lápices color rosados"]
[{"$nulls":7},"60121532-Borradores de goma moldeable"]
[{"$nulls":7},"60121533-Borradores de vinilo"]
[{"$nulls":7},"60121534-Borradores de plástico"]
[{"$nulls":7},"60121535-Borradores de goma"]
[{"$nulls":7},"60121536-Borrador de crayón"]
[{"$nulls":7},"60121537-Plumillas o sus accesorios"]
[{"$nulls":7},"60121538-Kits de caligrafía"]
[{"$nulls":7},"60121539-Fijadores de dibujo"]
[{"$nulls":7},"60121540-Telas de dibujo"]
[{"$nulls":7},"60121601-Maniquíes de madera"]
[{"$nulls":7},"60121602-Paneles o espejos de acrílico transparente"]
[{"$nulls":7},"60121603-Placas de fricción de plástico"]
[{"$nulls":7},"60121604-Accesorios para ayudas de estudio"]
[{"$nulls":7},"60121605-Modelos anatómicos"]
[{"$nulls":7},"60121606-Pantallas de fondo"]
[{"$nulls":7},"60121701-Sellos de estampación de caucho"]
[{"$nulls":7},"60121702-Almohadilla para sellos de estampación de caucho"]
[{"$nulls":7},"60121703-Accesorios para estampación de caucho"]
[{"$nulls":7},"60121704-Linóleo para impresión xilográfica"]
[{"$nulls":7},"60121705-Bloques de madera para impresión"]
[{"$nulls":7},"60121706-Bloques sintéticos para impresión"]
[{"$nulls":7},"60121707-Accesorios para impresión xilográfica"]
[{"$nulls":7},"60121708-Planchas de huecograbado o litografía"]
[{"$nulls":7},"60121709-Mantillas para huecograbado o litografía"]
[{"$nulls":7},"60121710-Limpiones para huecograbado o litografía"]
[{"$nulls":7},"60121711-Planchas calientes para huecograbado o litografía"]
[{"$nulls":7},"60121712-Prensas de impresión para huecograbado o litografía"]
[{"$nulls":7},"60121713-Rodillos y aplanadoras de impresión"]
[{"$nulls":7},"60121714-Utensilios de grabado para huecograbado"]
[{"$nulls":7},"60121715-Estaciones de impresión o pantallas para serigrafía"]
[{"$nulls":7},"60121716-Accesorios para serigrafía"]
[{"$nulls":7},"60121717-Punzones para grabado"]
[{"$nulls":7},"60121718-Extendedores de tinta de impresión"]
[{"$nulls":7},"60121801-Tintas para afiches a base de agua"]
[{"$nulls":7},"60121802-Tintas acrílicas a base de agua"]
[{"$nulls":7},"60121803-Tintas para serigrafía a base de aceite"]
[{"$nulls":7},"60121804-Tintas para textiles a base de agua"]
[{"$nulls":7},"60121805-Tintas para textiles a base de aceite"]
[{"$nulls":7},"60121806-Tintas de sublimación para grabado"]
[{"$nulls":7},"60121807-Tintas para huecograbado o litografía a base de aceite"]
[{"$nulls":7},"60121808-Tintas para monoimpresión a base de aceite"]
[{"$nulls":7},"60121809-Tintas para monoimpresión a base de agua"]
[{"$nulls":7},"60121810-Tintas para dibujar a base de agua"]
[{"$nulls":7},"60121811-Tintas para dibujar de base solvente"]
[{"$nulls":7},"60121812-Tintas para caligrafía"]
[{"$nulls":7},"60121813-Tintas para serigrafía"]
[{"$nulls":7},"60121814-Barnices litográficos"]
[{"$nulls":7},"60121901-Muselina"]
[{"$nulls":7},"60121902-Fieltro"]
[{"$nulls":7},"60121903-Pieles para manualidades"]
[{"$nulls":7},"60121904-Mezclas de algodón"]
[{"$nulls":7},"60121905-Lienzos estampables"]
[{"$nulls":7},"60121906-Estampables presensibilizados"]
[{"$nulls":7},"60121907-Estampables de algodón"]
[{"$nulls":7},"60121908-Estampables mezclados"]
[{"$nulls":7},"60121909-Ceras para batik"]
[{"$nulls":7},"60121910-Accesorios para batik"]
[{"$nulls":7},"60121911-Tela para batik"]
[{"$nulls":7},"60121912-Difuminadores"]
[{"$nulls":7},"60122002-Accesorios para tejer"]
[{"$nulls":7},"60122003-Agujas para coser a mano"]
[{"$nulls":7},"60122004-Kits de manualidades con cuerda"]
[{"$nulls":7},"60122005-Telares manuales"]
[{"$nulls":7},"60122006-Telares de mesa"]
[{"$nulls":7},"60122007-Telares de piso"]
[{"$nulls":7},"60122008-Cordón plástico (rexlace)"]
[{"$nulls":7},"60122009-Accesorios de encordado o acordonado"]
[{"$nulls":7},"60122101-Mechas para la fabricación de velas"]
[{"$nulls":7},"60122102-Moldes para la fabricación de velas"]
[{"$nulls":7},"60122103-Accesorios para la fabricación de velas"]
[{"$nulls":7},"60122201-Materiales para artesanías en madera"]
[{"$nulls":7},"60122202-Materiales para acabados"]
[{"$nulls":7},"60122203-Herramientas para quemado de madera"]
[{"$nulls":7},"60122204-Herramientas para tallar"]
[{"$nulls":7},"60122301-Juncos para cestería"]
[{"$nulls":7},"60122302-Kits para proyectos de cestería"]
[{"$nulls":7},"60122401-Fragmentos de vidrios de colores"]
[{"$nulls":7},"60122402-Herramientas o accesorios para vidrios de colores"]
[{"$nulls":7},"60122501-Utensilios para dar formas al papel"]
[{"$nulls":7},"60122502-Marcos de papel"]
[{"$nulls":7},"60122503-Platos o bandejas de papel"]
[{"$nulls":7},"60122504-Filtros de papel"]
[{"$nulls":7},"60122505-Formas de cartón ondulado"]
[{"$nulls":7},"60122506-Blondas de papel"]
[{"$nulls":7},"60122507-Bastidores o moldes para papel hecho a mano"]
[{"$nulls":7},"60122508-Láminas absorbentes o fieltros para papel hecho a mano"]
[{"$nulls":7},"60122509-Pulpa o materias primas para papel hecho a mano"]
[{"$nulls":7},"60122601-Azulejos para mosaico"]
[{"$nulls":7},"60122602-Moldes para mosaicos"]
[{"$nulls":7},"60122603-Herramientas para mosaicos"]
[{"$nulls":7},"60122604-Accesorios para mosaicos"]
[{"$nulls":7},"60122701-Pinturas o medios para esmaltar"]
[{"$nulls":7},"60122702-Formas de cobre"]
[{"$nulls":7},"60122703-Accesorios para esmaltar"]
[{"$nulls":7},"60122704-Hornos para esmaltar"]
[{"$nulls":7},"60122801-Formas para hechura de máscaras"]
[{"$nulls":7},"60122901-Cuentas pequeñas"]
[{"$nulls":7},"60122902-Cuentas tipo “pony”"]
[{"$nulls":7},"60122903-Cuentas de madera"]
[{"$nulls":7},"60122904-Cuentas de paja"]
[{"$nulls":7},"60122905-Cuentas de cerámica"]
[{"$nulls":7},"60122906-Cuentas de vidrio"]
[{"$nulls":7},"60122907-Cuentas surtidas o de decoración"]
[{"$nulls":7},"60122908-Accesorios de cuentas"]
[{"$nulls":7},"60122909-Cuentas de plástico"]
[{"$nulls":7},"60123001-Formas de icopor"]
[{"$nulls":7},"60123002-Utensilios para artesanía de espuma"]
[{"$nulls":7},"60123101-Cañas de felpilla grandes"]
[{"$nulls":7},"60123102-Cañas de felpilla de algodón"]
[{"$nulls":7},"60123103-Cañas de felpilla abultadas"]
[{"$nulls":7},"60123201-Lazos de papel"]
[{"$nulls":7},"60123202-Cintas de seda"]
[{"$nulls":7},"60123203-Cintas sintéticas"]
[{"$nulls":7},"60123204-Cintas decorativas"]
[{"$nulls":7},"60123301-Pompones acrílicos para manualidades"]
[{"$nulls":7},"60123302-Pompones brillantes para manualidades"]
[{"$nulls":7},"60123303-Cuentas de pompones para manualidades"]
[{"$nulls":7},"60123401-Ojos móviles no autoadhesivos"]
[{"$nulls":7},"60123402-Ojos móviles autoadhesivos"]
[{"$nulls":7},"60123403-Ojos móviles decorativos"]
[{"$nulls":7},"60123501-Materiales de cuero o de acordonados de cuero"]
[{"$nulls":7},"60123502-Accesorios de cuero"]
[{"$nulls":7},"60123601-Pegante de purpurina"]
[{"$nulls":7},"60123602-Puntos de purpurina"]
[{"$nulls":7},"60123603-Joyas de purpurina"]
[{"$nulls":7},"60123604-Purpurina de plástico"]
[{"$nulls":7},"60123605-Purpurina iridiscente"]
[{"$nulls":7},"60123606-Purpurina metálica"]
[{"$nulls":7},"60123701-Cordón de macramé"]
[{"$nulls":7},"60123702-Cuentas para macramé"]
[{"$nulls":7},"60123703-Accesorios para macramé"]
[{"$nulls":7},"60123801-Tintas para veteado"]
[{"$nulls":7},"60123802-Accesorios para veteado"]
[{"$nulls":7},"60123901-Lentejuelas o ribetes decorativos"]
[{"$nulls":7},"60124001-Planchas de corcho"]
[{"$nulls":7},"60124002-Tapones de corcho o accesorios"]
[{"$nulls":7},"60124101-Productos de pintura multicultural"]
[{"$nulls":7},"60124102-Productos de artesanía multicultural"]
[{"$nulls":7},"60124201-Esculturas de mylar"]
[{"$nulls":7},"60124301-Arcilla húmeda cocida en horno"]
[{"$nulls":7},"60124302-Arcilla seca cocida en horno"]
[{"$nulls":7},"60124303-Mobiliario para hornos"]
[{"$nulls":7},"60124304-Hornos para a cocción de cerámica"]
[{"$nulls":7},"60124305-Accesorios de hornos para la cocción de cerámica"]
[{"$nulls":7},"60124306-Tornos de alfarero para cerámicas hechas a mano"]
[{"$nulls":7},"60124307-Extrusoras para materiales de modelado"]
[{"$nulls":7},"60124308-Conos para hornos de cocción"]
[{"$nulls":7},"60124309-Paletas de alfarería"]
[{"$nulls":7},"60124310-Tornos de decoración para alfarería"]
[{"$nulls":7},"60124311-Utensilios para arcilla o modelado"]
[{"$nulls":7},"60124312-Azulejos de cerámica cocidos"]
[{"$nulls":7},"60124313-Recipientes para almacenamiento de arcilla"]
[{"$nulls":7},"60124314-Compuestos para modelado plastificados no endurecibles"]
[{"$nulls":7},"60124315-Compuestos para modelado  no endurecibles a base de aceite"]
[{"$nulls":7},"60124316-Compuestos para modelado o arcilla secados al aire"]
[{"$nulls":7},"60124317-Masa para modelado"]
[{"$nulls":7},"60124318-Papel maché"]
[{"$nulls":7},"60124319-Compuestos para modelado especializados"]
[{"$nulls":7},"60124320-Compuestos de yeso"]
[{"$nulls":7},"60124321-Compuestos para modelado o arcilla de endurecimiento en horno"]
[{"$nulls":7},"60124322-Compuestos para modelado de plástico"]
[{"$nulls":7},"60124323-Moldes para dar forma a los compuestos para modelado"]
[{"$nulls":7},"60124324-Kits para modelado de arcilla"]
[{"$nulls":7},"60124401-Hoja fina de metal de cobre"]
[{"$nulls":7},"60124402-Hoja fina de metal de  aluminio"]
[{"$nulls":7},"60124403-Alambre de aluminio"]
[{"$nulls":7},"60124404-Hoja fina de metal de latón"]
[{"$nulls":7},"60124405-Alambre de latón"]
[{"$nulls":7},"60124406-Placas o láminas de plata"]
[{"$nulls":7},"60124407-Alambre de plata"]
[{"$nulls":7},"60124408-Bolitas de peltre"]
[{"$nulls":7},"60124409-Lingotes de peltre"]
[{"$nulls":7},"60124410-Placas de láminas de bronce"]
[{"$nulls":7},"60124411-Alambre de cobre \"nu gold\""]
[{"$nulls":7},"60124412-Alambre suave galvanizado"]
[{"$nulls":7},"60124501-Envoltura de yeso"]
[{"$nulls":7},"60124502-Resinas para vaciado"]
[{"$nulls":7},"60124503-Accesorios para esculturas"]
[{"$nulls":7},"60124504-Repisas para rompecabezas"]
[{"$nulls":7},"60124505-Ampollas o accesorios"]
[{"$nulls":7},"60124506-Utensilios o moldes o juguetes de plástico para arena o agua"]
[{"$nulls":7},"60124507-Arena para jugar"]
[{"$nulls":7},"60124508-Centros de actividades o mesas de arena o agua"]
[{"$nulls":7},"60124509-Sets de vehículos"]
[{"$nulls":7},"60124510-Sets de vías de agua"]
[{"$nulls":7},"60124511-Herramientas de juguete o kits de herramientas de juguete"]
[{"$nulls":7},"60124512-Escúter"]
[{"$nulls":7},"60124513-Bolsitas de fríjoles (beanbags)"]
[{"$nulls":7},"60124514-Juguetes táctiles"]
[{"$nulls":7},"60124515-Juguetes cognitivos"]
[{"$nulls":7},"60131001-Pianos"]
[{"$nulls":7},"60131002-Acordeones"]
[{"$nulls":7},"60131003-Órganos musicales"]
[{"$nulls":7},"60131004-Celestas"]
[{"$nulls":7},"60131101-Trompetas"]
[{"$nulls":7},"60131102-Trombones"]
[{"$nulls":7},"60131103-Sousafones"]
[{"$nulls":7},"60131104-Saxofones"]
[{"$nulls":7},"60131105-Silbatos"]
[{"$nulls":7},"60131106-Clarines"]
[{"$nulls":7},"60131107-Saxhorno"]
[{"$nulls":7},"60131108-Cornos franceses"]
[{"$nulls":7},"60131109-Melófonos"]
[{"$nulls":7},"60131110-Trompas alto"]
[{"$nulls":7},"60131111-Bombardinos barítono"]
[{"$nulls":7},"60131112-Fiscornos"]
[{"$nulls":7},"60131201-Clarinetes"]
[{"$nulls":7},"60131202-Oboes"]
[{"$nulls":7},"60131203-Flautas musicales"]
[{"$nulls":7},"60131204-Flautines"]
[{"$nulls":7},"60131205-Cornetas musicales"]
[{"$nulls":7},"60131206-Gaitas"]
[{"$nulls":7},"60131207-Armónicas"]
[{"$nulls":7},"60131208-Mirlitones"]
[{"$nulls":7},"60131209-Cornos ingleses"]
[{"$nulls":7},"60131210-Ocarinas"]
[{"$nulls":7},"60131301-Clavecines"]
[{"$nulls":7},"60131302-Clavicordios"]
[{"$nulls":7},"60131303-Guitarras"]
[{"$nulls":7},"60131304-Violines"]
[{"$nulls":7},"60131305-Arpas"]
[{"$nulls":7},"60131306-Banyos"]
[{"$nulls":7},"60131307-Mandolinas"]
[{"$nulls":7},"60131308-Violonchelos"]
[{"$nulls":7},"60131309-Bajos"]
[{"$nulls":7},"60131401-Platillos"]
[{"$nulls":7},"60131402-Campanas"]
[{"$nulls":7},"60131403-Panderetas"]
[{"$nulls":7},"60131404-Castañuelas"]
[{"$nulls":7},"60131405-Tambores"]
[{"$nulls":7},"60131406-Xilófonos"]
[{"$nulls":7},"60131407-Vibráfonos"]
[{"$nulls":7},"60131501-Metrónomos"]
[{"$nulls":7},"60131502-Lengüetas"]
[{"$nulls":7},"60131503-Cuerdas o plectros para instrumentos"]
[{"$nulls":7},"60131504-Clavijas de afinación"]
[{"$nulls":7},"60131505-Bases o soportes de partituras para instrumentos musicales"]
[{"$nulls":7},"60131506-Accesorios para instrumentos de cuerda"]
[{"$nulls":7},"60131507-Accesorio para instrumentos de percusión"]
[{"$nulls":7},"60131508-Cajas musicales o mecanismos"]
[{"$nulls":7},"60131509-Boquillas"]
[{"$nulls":7},"60131510-Fundas o estuches o accesorios para instrumentos musicales"]
[{"$nulls":7},"60131511-Sordinas"]
[{"$nulls":7},"60131512-Barras de afinación"]
[{"$nulls":7},"60131513-Batutas"]
[{"$nulls":7},"60131514-Almohadillas de flautín"]
[{"$nulls":7},"60131601-Sets de grupos de acompañamiento"]
[{"$nulls":7},"60131701-Tubos de percusión"]
[{"$nulls":7},"60131702-Golpecitos de disco"]
[{"$nulls":7},"60131801-Velos para danza"]
[{"$nulls":7},"60131802-Palitos de ritmo"]
[{"$nulls":7},"60131803-Aros o bastones de ritmo"]
[{"$nulls":7},"60141001-Globos o pelotas de juguete"]
[{"$nulls":7},"60141002-Muñecas"]
[{"$nulls":7},"60141003-Casas de muñecas"]
[{"$nulls":7},"60141004-Animales o títeres de peluche"]
[{"$nulls":7},"60141005-Casas de juego"]
[{"$nulls":7},"60141006-Bloques de construcción"]
[{"$nulls":7},"60141007-Juguetes para montar"]
[{"$nulls":7},"60141008-Juguetes para jalar"]
[{"$nulls":7},"60141009-Kits de ciencias para niños"]
[{"$nulls":7},"60141010-Vehículos de juguete"]
[{"$nulls":7},"60141011-Trenes de juguete"]
[{"$nulls":7},"60141012-Juguetes inflables"]
[{"$nulls":7},"60141013-Partes o accesorios de muñecas"]
[{"$nulls":7},"60141014-Yoyós"]
[{"$nulls":7},"60141015-Cometas"]
[{"$nulls":7},"60141016-Tazos"]
[{"$nulls":7},"60141017-Caleidoscopios"]
[{"$nulls":7},"60141018-Pompones"]
[{"$nulls":7},"60141019-Piñatas"]
[{"$nulls":7},"60141020-Bumeranes"]
[{"$nulls":7},"60141021-Discos voladores"]
[{"$nulls":7},"60141022-Baldes de juguete"]
[{"$nulls":7},"60141023-Juguetes para el baño"]
[{"$nulls":7},"60141024-Sonajeros"]
[{"$nulls":7},"60141025-Armas de juguete"]
[{"$nulls":7},"60141026-Trompos"]
[{"$nulls":7},"60141101-Juegos educativos"]
[{"$nulls":7},"60141102-Juegos de mesa"]
[{"$nulls":7},"60141103-Naipes"]
[{"$nulls":7},"60141104-Juegos de video"]
[{"$nulls":7},"60141105-Rompecabezas"]
[{"$nulls":7},"60141106-Dados"]
[{"$nulls":7},"60141107-Bingo"]
[{"$nulls":7},"60141108-Juegos clásicos"]
[{"$nulls":7},"60141109-Juegos colaborativos"]
[{"$nulls":7},"60141110-Juegos de estrategia"]
[{"$nulls":7},"60141111-Accesorios para juegos"]
[{"$nulls":7},"60141112-Libros de juegos"]
[{"$nulls":7},"60141113-Juegos de lotería"]
[{"$nulls":7},"60141114-Juegos de memoria"]
[{"$nulls":7},"60141115-Kits de juegos"]
[{"$nulls":7},"60141201-equipo para motricidad gruesa o equilibrio"]
[{"$nulls":7},"60141202-Piscinas de pelotas y accesorios"]
[{"$nulls":7},"60141203-Casitas de juego"]
[{"$nulls":7},"60141204-Triciclos o carretillas"]
[{"$nulls":7},"60141205-zonas acolchadas de juego"]
[{"$nulls":7},"60141302-Sets de construcción"]
[{"$nulls":7},"60141303-Esteras para juegos"]
[{"$nulls":7},"60141304-Sistemas de trenes o accesorios"]
[{"$nulls":7},"60141305-Bloques de unidades"]
[{"$nulls":7},"60141306-Vehículos de juego"]
[{"$nulls":7},"60141307-Animales de juguete"]
[{"$nulls":7},"60141401-Disfraces o accesorios"]
[{"$nulls":7},"60141402-Centros para vestirse"]
[{"$nulls":7},"60141403-Unidades o accesorios para el cuidado de la casa"]
[{"$nulls":7},"60141404-Platos de comida de  juguete o accesorios"]
[{"$nulls":7},"60141405-Kits o materiales para juegos de simulación"]
[{"$nulls":7},"70101501-Operaciones de pesca comercial"]
[{"$nulls":7},"70101502-Servicios de puerto para la flota pesquera"]
[{"$nulls":7},"70101503-Instalaciones pesqueras en tierra"]
[{"$nulls":7},"70101504-Operaciones de pesca de altura"]
[{"$nulls":7},"70101505-Pesca por sonar"]
[{"$nulls":7},"70101506-Pesca de ballenas"]
[{"$nulls":7},"70101507-Pesca de arrastre"]
[{"$nulls":7},"70101508-Pesca con sedal y anzuelo"]
[{"$nulls":7},"70101509-Pesca con redes barrederas"]
[{"$nulls":7},"70101510-Redes de pesca"]
[{"$nulls":7},"70101601-Servicios de información o documentación de la industria pesquera"]
[{"$nulls":7},"70101602-Servicios de investigación o experimentación de la industria pesquera"]
[{"$nulls":7},"70101603-Recopilación o distribución de datos de la industria pesquera"]
[{"$nulls":7},"70101604-Explotación comercial de los recursos pesqueros"]
[{"$nulls":7},"70101605-Administración de la flota pesquera"]
[{"$nulls":7},"70101606-Cooperativas de pesca"]
[{"$nulls":7},"70101607-Conservación o protección de los recursos pesqueros"]
[{"$nulls":7},"70101701-Servicios tecnológicos de pesca"]
[{"$nulls":7},"70101702-Servicios de producción de los subproductos de la pesca"]
[{"$nulls":7},"70101703-Producción pesquera"]
[{"$nulls":7},"70101704-Almacenamiento de pescados"]
[{"$nulls":7},"70101801-Recursos de la pesca en aguas interiores"]
[{"$nulls":7},"70101802-Recursos de estanques piscícolas"]
[{"$nulls":7},"70101803-Criadero de peces"]
[{"$nulls":7},"70101804-Fincas piscícolas"]
[{"$nulls":7},"70101805-Recursos de subproductos de la pesca"]
[{"$nulls":7},"70101806-Evaluación de los recursos de las pesquerías"]
[{"$nulls":7},"70101901-Maricultura"]
[{"$nulls":7},"70101902-Ostricultura"]
[{"$nulls":7},"70101903-Cría de mariscos"]
[{"$nulls":7},"70101904-Cultivo de camarones"]
[{"$nulls":7},"70101905-Piscicultura"]
[{"$nulls":7},"70111501-Servicios de siembra de árboles, arbustos o plantas ornamentales"]
[{"$nulls":7},"70111502-Servicios de poda de arbustos o plantas ornamentales"]
[{"$nulls":7},"70111503-Servicios de poda de árboles"]
[{"$nulls":7},"70111504-Servicios de apuntalamiento"]
[{"$nulls":7},"70111505-Servicios de cirugía arbórea"]
[{"$nulls":7},"70111506-Servicios de arbolistas"]
[{"$nulls":7},"70111507-Servicios de traslado de árboles, arbustos o plantas ornamentales"]
[{"$nulls":7},"70111508-Servicios de fumigación  de plantas o árboles ornamentales"]
[{"$nulls":7},"70111601-Servicios de plantación"]
[{"$nulls":7},"70111602-Servicios de vivero"]
[{"$nulls":7},"70111603-Servicios de floricultura"]
[{"$nulls":7},"70111701-Servicio de administración o mantenimiento de huertos"]
[{"$nulls":7},"70111702-Servicios de administración o mantenimiento de viñedos"]
[{"$nulls":7},"70111703-Servicios de plantación o mantenimiento de jardines"]
[{"$nulls":7},"70111704-Servicios de asesoría en horticultura"]
[{"$nulls":7},"70111705-Servicios de mantenimiento de cementerios"]
[{"$nulls":7},"70111706-Servicios de mantenimiento del césped"]
[{"$nulls":7},"70111707-Servicio de mantenimiento del césped en las carreteras"]
[{"$nulls":7},"70111708-Servicios de acolchado orgánico"]
[{"$nulls":7},"70111709-Servicios de siembra"]
[{"$nulls":7},"70111710-Servicios de corte de césped"]
[{"$nulls":7},"70111711-Servicios de siembra de ramitas"]
[{"$nulls":7},"70111712-Servicios de fumigación  de parques o jardines"]
[{"$nulls":7},"70111713-Servicios de administración o mantenimiento de parques"]
[{"$nulls":7},"70121501-Administración de hatos lecheros"]
[{"$nulls":7},"70121502-Fomento de la industria láctea"]
[{"$nulls":7},"70121503-Tecnología lechera"]
[{"$nulls":7},"70121504-Servicios de laboratorio de lácteos"]
[{"$nulls":7},"70121505-Elaboración propia de fincas  lecheras"]
[{"$nulls":7},"70121601-Cría de ganado"]
[{"$nulls":7},"70121602-Servicios de genética ganadera"]
[{"$nulls":7},"70121603-Sericultura"]
[{"$nulls":7},"70121604-Explotación ganadera"]
[{"$nulls":7},"70121605-Sistemas de cría en fincas"]
[{"$nulls":7},"70121606-Servicios de producción de aves de corral"]
[{"$nulls":7},"70121607-Servicios de reproducción de ganado menor"]
[{"$nulls":7},"70121608-Servicios de producción bovina"]
[{"$nulls":7},"70121610-Apicultura"]
[{"$nulls":7},"70121701-Selección ganadera"]
[{"$nulls":7},"70121702-Servicios de exhibición de ganado"]
[{"$nulls":7},"70121703-Servicios de sacrificio de ganado"]
[{"$nulls":7},"70121704-Administración de hatos"]
[{"$nulls":7},"70121705-Servicios de cría y cuidado del ganado"]
[{"$nulls":7},"70121801-Servicios de cría de animales domésticos"]
[{"$nulls":7},"70121802-Servicios de cuidado de animales domésticos"]
[{"$nulls":7},"70121803-Servicios de residencia canina"]
[{"$nulls":7},"70121901-Mejoramiento de pastizales"]
[{"$nulls":7},"70121902-Manejo de pasturas"]
[{"$nulls":7},"70121903-Investigación de tierras de pastoreo"]
[{"$nulls":7},"70122001-Nutrición animal"]
[{"$nulls":7},"70122002-Control de enfermedades animales"]
[{"$nulls":7},"70122003-Tripanosomiasis animal"]
[{"$nulls":7},"70122004-Servicios de control de patas y boca"]
[{"$nulls":7},"70122005-Servicios de medicación preventiva de salud animal"]
[{"$nulls":7},"70122006-Servicios de vacunación animal"]
[{"$nulls":7},"70122007-Administración veterinaria"]
[{"$nulls":7},"70122008-Tecnología para laboratorio veterinario"]
[{"$nulls":7},"70122009-Servicios hospitalarios para animales"]
[{"$nulls":7},"70122010-Servicios de información de salud animal"]
[{"$nulls":7},"70131501-Servicios de control o evaluación de la desertificación"]
[{"$nulls":7},"70131502-Servicios de conservación o protección del suelo"]
[{"$nulls":7},"70131503-Servicios de control de la erosión"]
[{"$nulls":7},"70131504-Fijación de dunas"]
[{"$nulls":7},"70131505-Acondicionamiento del suelo"]
[{"$nulls":7},"70131506-Mejoramiento del suelo"]
[{"$nulls":7},"70131601-Servicios de aplicación de fertilizantes"]
[{"$nulls":7},"70131602-Servicios de esparcido de cal"]
[{"$nulls":7},"70131603-Servicios de arado"]
[{"$nulls":7},"70131604-Servicios de preparación de semilleros"]
[{"$nulls":7},"70131605-Servicios de tratamiento químico del suelo"]
[{"$nulls":7},"70131701-Planificación de tierras"]
[{"$nulls":7},"70131702-Evaluación de tierras"]
[{"$nulls":7},"70131703-Recuperación de tierras"]
[{"$nulls":7},"70131704-Planificación o valoración de zonas agroecológicas"]
[{"$nulls":7},"70131705-Clasificación del suelo"]
[{"$nulls":7},"70131706-Ordenación de las cuencas hidrográficas"]
[{"$nulls":7},"70131707-Análisis de fertilidad del suelo"]
[{"$nulls":7},"70131708-Pedología"]
[{"$nulls":7},"70141501-Servicios de multiplicación de semillas"]
[{"$nulls":7},"70141502-Hidroponía"]
[{"$nulls":7},"70141503-Producción de hierba o forraje"]
[{"$nulls":7},"70141504-Producción de plantas aromáticas"]
[{"$nulls":7},"70141505-Producción de productos agrícolas para elaboración de bebidas"]
[{"$nulls":7},"70141506-Producción de cacao"]
[{"$nulls":7},"70141507-Producción de remolacha azucarera o caña de azúcar"]
[{"$nulls":7},"70141508-Producción de nueces"]
[{"$nulls":7},"70141509-Producción de cultivos productores de aceites esenciales"]
[{"$nulls":7},"70141510-Producción de plantas textiles"]
[{"$nulls":7},"70141511-Producción de fruta"]
[{"$nulls":7},"70141512-Producción de granos o legumbres"]
[{"$nulls":7},"70141513-Producción de plantas insecticidas"]
[{"$nulls":7},"70141514-Producción de plantas medicinales"]
[{"$nulls":7},"70141515-Producción de raíces o tubérculos"]
[{"$nulls":7},"70141516-Producción de cereales"]
[{"$nulls":7},"70141517-Producción de plantas de caucho"]
[{"$nulls":7},"70141518-Producción de cultivos de especias"]
[{"$nulls":7},"70141519-Producción de cultivos de tabaco"]
[{"$nulls":7},"70141520-Producción de hortalizas"]
[{"$nulls":7},"70141601-Servicios de fumigación de cultivos"]
[{"$nulls":7},"70141602-Servicios de control biológico"]
[{"$nulls":7},"70141603-Servicios de control de las malas hierbas"]
[{"$nulls":7},"70141604-Servicios de herbicidas"]
[{"$nulls":7},"70141605-Servicios de manejo integrado de plagas"]
[{"$nulls":7},"70141606-Fitopatología"]
[{"$nulls":7},"70141607-Control de langostas"]
[{"$nulls":7},"70141701-Servicios de invernaderos"]
[{"$nulls":7},"70141702-Servicios de fertilizantes"]
[{"$nulls":7},"70141703-Administración de cultivos"]
[{"$nulls":7},"70141704-Sustitución de cultivos"]
[{"$nulls":7},"70141705-Servicios de extensión"]
[{"$nulls":7},"70141706-Especialización de cultivos"]
[{"$nulls":7},"70141707-Gestión de sistemas de explotación agrícola de cultivo"]
[{"$nulls":7},"70141708-Servicios de asesoría en la rotación o diversificación de cultivos"]
[{"$nulls":7},"70141709-Servicios de taxonomía de plantas"]
[{"$nulls":7},"70141710-Entomología de cultivos extensivos"]
[{"$nulls":7},"70141801-Servicios de siembra de árboles de huerta o viñedos"]
[{"$nulls":7},"70141802-Servicios de brotes o ramitas"]
[{"$nulls":7},"70141803-Servicios de cultivos agrícolas"]
[{"$nulls":7},"70141804-Servicios de siembra de cultivos"]
[{"$nulls":7},"70141901-Servicios de cosecha de granos comerciales"]
[{"$nulls":7},"70141902-Servicios de cosecha de frutales o nueces"]
[{"$nulls":7},"70141903-Servicios de cosecha de cultivos extensivos"]
[{"$nulls":7},"70141904-Servicios de cosecha de semillas"]
[{"$nulls":7},"70142001-Servicios relativos a silos"]
[{"$nulls":7},"70142002-Servicios de secado de granos"]
[{"$nulls":7},"70142003-Servicios de procesamiento de la cosecha"]
[{"$nulls":7},"70142004-Servicios de preparación del mercado para cultivos extensivos"]
[{"$nulls":7},"70142005-Servicios de preparación del mercado para cultivos comerciales de granos"]
[{"$nulls":7},"70142006-Servicios de preparación del mercado para productos hortenses"]
[{"$nulls":7},"70142007-Servicios de preparación del mercado para productos frutales"]
[{"$nulls":7},"70142008-Servicios de preparación del mercado para nueces"]
[{"$nulls":7},"70142009-Servicios de desmotado"]
[{"$nulls":7},"70142010-Servicios de limpieza de cultivos"]
[{"$nulls":7},"70142011-Servicios de enfriamiento o refrigeración"]
[{"$nulls":7},"70151501-Servicios de gestión de recursos forestales"]
[{"$nulls":7},"70151502-Control de plagas forestales"]
[{"$nulls":7},"70151503-Organizaciones, asociaciones o cooperativas forestales"]
[{"$nulls":7},"70151504-Servicios de administración forestal"]
[{"$nulls":7},"70151505-Inventario forestal"]
[{"$nulls":7},"70151506-Seguimiento o evaluación forestal"]
[{"$nulls":7},"70151507-Servicios de forestación"]
[{"$nulls":7},"70151508-Servicios de asistencia forestal"]
[{"$nulls":7},"70151509-Gestión de viveros forestales"]
[{"$nulls":7},"70151510-Planificación sectorial forestal"]
[{"$nulls":7},"70151601-Servicios de producción no maderera"]
[{"$nulls":7},"70151602-Producción de aceites esenciales"]
[{"$nulls":7},"70151603-Servicios de producción maderera"]
[{"$nulls":7},"70151604-Producción de colorantes"]
[{"$nulls":7},"70151605-Producción forestal comestible"]
[{"$nulls":7},"70151606-Servicios de prueba de madera"]
[{"$nulls":7},"70151701-Corte o tala de troncos"]
[{"$nulls":7},"70151702-Cosecha forestal de zonas montañosas"]
[{"$nulls":7},"70151703-Operaciones especializadas para la cosecha forestal"]
[{"$nulls":7},"70151704-Cosecha de plantaciones"]
[{"$nulls":7},"70151705-Cosecha forestal de pantanos o manglares"]
[{"$nulls":7},"70151706-Cosecha de bosques de zonas templadas"]
[{"$nulls":7},"70151707-Cosecha de bosques altos tropicales"]
[{"$nulls":7},"70151801-Conservación de recursos genéticos forestales"]
[{"$nulls":7},"70151802-Servicios de protección forestal"]
[{"$nulls":7},"70151803-Rehabilitación de tierras forestales áridas"]
[{"$nulls":7},"70151804-Rompevientos o barreras naturales de protección forestal"]
[{"$nulls":7},"70151805-Servicios de conservación de parques o reservas forestales"]
[{"$nulls":7},"70151806-Ordenación de las cuencas hidrográficas forestales"]
[{"$nulls":7},"70151807-Control de las torrentes forestales"]
[{"$nulls":7},"70151901-Desarrollo de los recursos forestales"]
[{"$nulls":7},"70151902-Recursos agrosilvícolas"]
[{"$nulls":7},"70151903-Recursos de madera combustible"]
[{"$nulls":7},"70151904-Silvicultura"]
[{"$nulls":7},"70151905-Recursos de plantaciones áridas con agua de lluvia"]
[{"$nulls":7},"70151906-Recursos de plantaciones de hoja ancha"]
[{"$nulls":7},"70151907-Plantaciones de coníferas"]
[{"$nulls":7},"70151909-Plantaciones de bosques tropicales húmedos"]
[{"$nulls":7},"70151910-Recursos de manglares"]
[{"$nulls":7},"70161501-Protección de la fauna"]
[{"$nulls":7},"70161601-Protección de la flora"]
[{"$nulls":7},"70161701-Servicios de ecodesarrollo"]
[{"$nulls":7},"70161702-Servicios de administración del ecosistema marino"]
[{"$nulls":7},"70161703-Servicios de administración del ecosistema terrestre"]
[{"$nulls":7},"70161704-Servicios de protección de los ecosistemas"]
[{"$nulls":7},"70171501-Servicios de evaluación de la calidad del agua"]
[{"$nulls":7},"70171502-Servicios de planificación de los recursos hidráulicos"]
[{"$nulls":7},"70171503-Inspección de aguas subterráneas o superficiales"]
[{"$nulls":7},"70171504-Servicios de cartografía de los recursos hidráulicos"]
[{"$nulls":7},"70171505-Aprovechamiento de los ríos"]
[{"$nulls":7},"70171506-Servicios para modelado de aguas subterráneas o superficiales"]
[{"$nulls":7},"70171601-Gestión de la calidad del agua"]
[{"$nulls":7},"70171602-Servicios de pruebas de agua"]
[{"$nulls":7},"70171603-Manejo de suelos inundables"]
[{"$nulls":7},"70171604-Servicios de asesoría en conservación del agua"]
[{"$nulls":7},"70171605-Servicios de asesoría en derechos de agua"]
[{"$nulls":7},"70171606-Servicios de recuperación de recursos hidráulicos"]
[{"$nulls":7},"70171607-Servicios de tasación del agua"]
[{"$nulls":7},"70171701-Servicios de  mantenimiento o administración de canales"]
[{"$nulls":7},"70171702-Servicios de mantenimiento o administración de represas"]
[{"$nulls":7},"70171703-Servicios de  mantenimiento o administración de embalses"]
[{"$nulls":7},"70171704-Servicios de  mantenimiento o administración de estaciones de bombeo"]
[{"$nulls":7},"70171705-Servicios de  mantenimiento o administración de canalizaciones"]
[{"$nulls":7},"70171706-Servicios de  mantenimiento o administración de malecones o diques"]
[{"$nulls":7},"70171707-Servicios de  mantenimiento o administración de pozos de agua"]
[{"$nulls":7},"70171708-Servicios de asesoría en riego"]
[{"$nulls":7},"70171709-Servicios de administración de sistemas de riego"]
[{"$nulls":7},"70171801-Servicios de drenaje de tierras"]
[{"$nulls":7},"70171802-Drenaje de agua pluviales"]
[{"$nulls":7},"70171803-Servicios de protección contra inundaciones o de control de inundaciones"]
[{"$nulls":7},"71101501-Desarrollos mineros"]
[{"$nulls":7},"71101502-Sondeos de exploración o extracción de testigos"]
[{"$nulls":7},"71101601-Profundización de pozos de mina"]
[{"$nulls":7},"71101602-Servicios de voladura de minas"]
[{"$nulls":7},"71101701-Servicios de minería de pozos"]
[{"$nulls":7},"71101702-Servicios de minería  a cielo abierto"]
[{"$nulls":7},"71101703-Servicios de explotación a cielo abierto"]
[{"$nulls":7},"71101704-Servicios de lixiviación sobre el terreno"]
[{"$nulls":7},"71101705-Bombeo o drenaje"]
[{"$nulls":7},"71101706-Eliminación de cobertura de rocas"]
[{"$nulls":7},"71101707-Servicios de embalsamiento o almacenamiento de aguas"]
[{"$nulls":7},"71101708-Servicios de baldeo de la tierra"]
[{"$nulls":7},"71101709-Servicios de relleno de minas"]
[{"$nulls":7},"71112001-Servicios de pruebas de muestras de formación de pozos entubados"]
[{"$nulls":7},"71112002-Servicios de medición del espesor del revestimiento"]
[{"$nulls":7},"71112003-Servicios de cortadoras químicas"]
[{"$nulls":7},"71112004-Servicios de recuperación de tubería electromagnética"]
[{"$nulls":7},"71112005-Servicios de medición del flujo del pozo"]
[{"$nulls":7},"71112006-Servicios de medición  de la densidad del fluido del pozo"]
[{"$nulls":7},"71112007-Servicios de medición de la temperatura del fluido del pozo"]
[{"$nulls":7},"71112008-Servicios de herramientas de punto libre"]
[{"$nulls":7},"71112009-Servicios de rayos gamma"]
[{"$nulls":7},"71112010-Servicios de cortadora a  chorro"]
[{"$nulls":7},"71112011-Servicios de medición durante la perforación"]
[{"$nulls":7},"71112012-Servicios de porosidad por neutrón"]
[{"$nulls":7},"71112013-Servicios de espectroscopia nuclear"]
[{"$nulls":7},"71112014-Servicios de obturación de pozos"]
[{"$nulls":7},"71112015-Servicios de recuperación permanente de tuberías magnéticas"]
[{"$nulls":7},"71112017-Servicios de control de medición de la presión del pozo"]
[{"$nulls":7},"71112018-Servicios de medición del fluido de perforación para registros de producción"]
[{"$nulls":7},"71112019-Servicios de medición de la densidad para registros de producción"]
[{"$nulls":7},"71112020-Servicios de video en fondo de pozo para registros de producción"]
[{"$nulls":7},"71112021-Servicios de medición de flujo para registros de producción"]
[{"$nulls":7},"71112022-Servicios de medición de presión para registros de producción"]
[{"$nulls":7},"71112023-Otros servicios para registros de producción"]
[{"$nulls":7},"71112024-Servicios de medición de temperatura para registros de producción"]
[{"$nulls":7},"71112025-Servicios de colisión y separación"]
[{"$nulls":7},"71112026-Servicios acústicos para registros  del pozo"]
[{"$nulls":7},"71112027-Servicios de herramienta para puntos de atascamiento"]
[{"$nulls":7},"71112028-Servicios de registro de pozos de descomposición térmica"]
[{"$nulls":7},"71112029-Servicios de evaluación de la corrosión de tubos del pozo"]
[{"$nulls":7},"71112030-Servicios de rendimiento del pozo"]
[{"$nulls":7},"71112031-Servicios de tubos para pozos"]
[{"$nulls":7},"71112101-Servicios de registro acústicos digital"]
[{"$nulls":7},"71112102-Servicios de registro de la geometría de la perforación"]
[{"$nulls":7},"71112103-Servicios de registro nuclear de litología y densidad"]
[{"$nulls":7},"71112104-Servicios de registración del contador de inmersión"]
[{"$nulls":7},"71112105-Servicios de registro acústico dipolar"]
[{"$nulls":7},"71112106-Servicios de registro de desviaciones"]
[{"$nulls":7},"71112107-Servicios de planimetría direccional"]
[{"$nulls":7},"71112108-Servicios de registro de propagación electromagnética"]
[{"$nulls":7},"71112109-Servicios de muestreo de pruebas de formación"]
[{"$nulls":7},"71112110-Servicios de registro de identificación de fracturas"]
[{"$nulls":7},"71112111-Servicios de registro por rayos gamma"]
[{"$nulls":7},"71112112-Servicios de registro espectroscópico por rayos gamma"]
[{"$nulls":7},"71112113-Servicios de registro nuclear geoquímico"]
[{"$nulls":7},"71112114-Servicios de generación de imágenes del pozo"]
[{"$nulls":7},"71112115-Servicios de registro por resonancia magnética"]
[{"$nulls":7},"71112116-Servicios de registro de micro resistencia"]
[{"$nulls":7},"71112117-Servicios de registro de porosidad por neutrón"]
[{"$nulls":7},"71112119-Servicios de registro de resistencia"]
[{"$nulls":7},"71112120-Servicios de registro acústico de acceso angosto"]
[{"$nulls":7},"71112121-Servicios de registro acústico de la relación de adherencia del cemento"]
[{"$nulls":7},"71112122-Servicios de generación de imágenes acústicas del pozo"]
[{"$nulls":7},"71112202-Registro durante servicios de perforación"]
[{"$nulls":7},"71112203-Servicios de registro durante la pesca"]
[{"$nulls":7},"71112204-Servicios de registro  durante la perforación"]
[{"$nulls":7},"71112205-Servicios de tubería de perforación transportadas para pozos"]
[{"$nulls":7},"71112206-Servicios generales de registro de pozos"]
[{"$nulls":7},"71112301-Servicios de adquisición de datos sísmicos de tierras de 2d/ 3d/ 4d"]
[{"$nulls":7},"71112302-Servicios de adquisición de datos sísmicos marinos de 2d/ 3d/ 4d"]
[{"$nulls":7},"71112303-Servicios de procesamiento de datos sísmicos de 2d/ 3d/ 4d"]
[{"$nulls":7},"71112304-Servicios de adquisición sísmica de tierra tridimensional"]
[{"$nulls":7},"71112305-Servicios de adquisición sísmica marina tridimensional"]
[{"$nulls":7},"71112306-Servicios de procesar datos tridimensionales"]
[{"$nulls":7},"71112307-Servicios de adquisición sísmica de tierra cuatro dimensional"]
[{"$nulls":7},"71112308-Servicios de adquisición sísmica marina cuatro dimensional"]
[{"$nulls":7},"71112309-Servicios de procesar datos cuatro dimensiónales"]
[{"$nulls":7},"71112310-Servicios sísmicos de tiro de control"]
[{"$nulls":7},"71112311-Servicios sísmicos de pozo cruzado"]
[{"$nulls":7},"71112312-Servicios sísmicos de pozo desviado"]
[{"$nulls":7},"71112313-Servicios sísmicos de geofísica"]
[{"$nulls":7},"71112314-Servicios sísmicos de desplazamiento horizontal"]
[{"$nulls":7},"71112315-Servicios sísmicos de tiro rápido"]
[{"$nulls":7},"71112316-Servicios de adquisición de datos sísmicos mientras taladra"]
[{"$nulls":7},"71112317-Servicios sísmicos de hoyo pequeño"]
[{"$nulls":7},"71112318-Servicios de diseño o evaluación de topografía sísmica"]
[{"$nulls":7},"71112319-Servicios sísmicos verticales"]
[{"$nulls":7},"71112320-Servicios sísmicos de pasarela"]
[{"$nulls":7},"71112321-Servicios geológicos"]
[{"$nulls":7},"71121001-Servicios de hardware de tuberías de revestimiento para campos petroleros"]
[{"$nulls":7},"71121002-Servicios de pruebas de laboratorios de cemento para campos petroleros"]
[{"$nulls":7},"71121003-Servicios de herramientas del hoyo de bajada de campo petrolero"]
[{"$nulls":7},"71121004-Servicios de filtrar de campo petrolero"]
[{"$nulls":7},"71121005-Servicios de cementar con espuma"]
[{"$nulls":7},"71121006-Servicios de cementar geo térmico de pozo"]
[{"$nulls":7},"71121007-Servicios de cementar el revestidor"]
[{"$nulls":7},"71121008-Servicios de circulación perdida del pozo petrolero"]
[{"$nulls":7},"71121009-Servicios de eliminación de lodo  del  campo petrolero"]
[{"$nulls":7},"71121010-Servicios de cementación de tapones"]
[{"$nulls":7},"71121011-Servicios de bombeo a presión del pozo en el emplazamiento"]
[{"$nulls":7},"71121012-Servicios de prueba de presión del campo petrolero"]
[{"$nulls":7},"71121013-Servicios de cementar envoltura de superficie"]
[{"$nulls":7},"71121014-Servicios de cementar envoltura intermediaria"]
[{"$nulls":7},"71121015-Servicios de cementar cadena de producción"]
[{"$nulls":7},"71121016-Servicios de cementación del pozo con forzamiento de inyección"]
[{"$nulls":7},"71121017-Servicios de control de agua del pozo"]
[{"$nulls":7},"71121018-Servicios de evaluación de la cementación del pozo"]
[{"$nulls":7},"71121019-Servicios de enlechar cemento de pozo"]
[{"$nulls":7},"71121020-Servicios de aditivos de cementar el pozo"]
[{"$nulls":7},"71121021-Servicios de diseño de cementar el pozo"]
[{"$nulls":7},"71121022-Servicios de limpieza del pozo"]
[{"$nulls":7},"71121023-Servicios de reparación del pozo"]
[{"$nulls":7},"71121101-Servicios de acidización mediante tubería flexible contínua"]
[{"$nulls":7},"71121102-Servicios de instalación de cables  mediante tubería  flexible contínua"]
[{"$nulls":7},"71121103-Servicios de cementación mediante tubería flexible contínua"]
[{"$nulls":7},"71121104-Servicios de corte químico mediante tubería flexible contínua"]
[{"$nulls":7},"71121105-Servicios de limpieza mediante tubería flexible contínua"]
[{"$nulls":7},"71121106-Servicios de terminación mediante tubería flexible contínua"]
[{"$nulls":7},"71121107-Servicios de transporte de inflables  mediante tubería flexible contínua"]
[{"$nulls":7},"71121108-Servicios de extracción de testigos mediante tubería flexible contínua"]
[{"$nulls":7},"71121109-Servicios de alcance extendido del pozo"]
[{"$nulls":7},"71121110-Servicios de pesca mediante tubería flexible contínua"]
[{"$nulls":7},"71121111-Servicios de fracturación mediante tubería flexible contínua"]
[{"$nulls":7},"71121112-Servicios de presión alta mediante tubería flexible contínua"]
[{"$nulls":7},"71121113-Servicios de aislamiento horizontal del campo petrolífero"]
[{"$nulls":7},"71121114-Servicios de registro mediante tubería flexible contínua"]
[{"$nulls":7},"71121115-Servicios de fresado mediante tubería flexible contínua"]
[{"$nulls":7},"71121116-Aplicaciones relacionadas con nitrógeno mediante tubería flexible continua"]
[{"$nulls":7},"71121117-Servicios de perforación mediante tubería flexible contínua"]
[{"$nulls":7},"71121118-Servicios de tendido de conductos o tuberías de producción"]
[{"$nulls":7},"71121119-Servicios de intervención en los conductos"]
[{"$nulls":7},"71121120-Servicios de control de arena mediante tubería flexible contínua"]
[{"$nulls":7},"71121121-Servicios abrasivos de limpieza tubular"]
[{"$nulls":7},"71121122-Servicios de matar el pozo (well kil)l mediante tubería flexible contínua"]
[{"$nulls":7},"71121123-Servicios de salida de tubería mediante tubería flexible contínua"]
[{"$nulls":7},"71121201-Servicios convencionales de extracción de testigos"]
[{"$nulls":7},"71121202-Servicios de aislamiento de testigos"]
[{"$nulls":7},"71121203-Servicios de conservación de testigos"]
[{"$nulls":7},"71121204-Servicios de extracción horizontal de testigos"]
[{"$nulls":7},"71121205-Servicios de extracción de testigos orientada"]
[{"$nulls":7},"71121206-Servicios de análisis de testigos (\"Core analysis service \")"]
[{"$nulls":7},"71121207-Servicios de extracción de testigos con esponja"]
[{"$nulls":7},"71121208-Servicios de extracción de testigos mediante cable conductor recuperable"]
[{"$nulls":7},"71121301-Servicios de control de la vibración de perforación en el fondo del pozo"]
[{"$nulls":7},"71121302-Servicios de ensanchamiento de la perforación en el fondo del pozo"]
[{"$nulls":7},"71121303-Servicios de protección del ensanche y calibración de la perforación en el fondo del pozo"]
[{"$nulls":7},"71121304-Servicios de reducción del arrastre o torque en la perforación en el fondo del pozo"]
[{"$nulls":7},"71121305-Servicios de alivio de atascamiento de los tubos en la perforación en el fondo del pozo"]
[{"$nulls":7},"71121401-Servicios de diseño de brocas de perforación del campo petrolero"]
[{"$nulls":7},"71121402-Servicios de optimización hidráulica de las brocas de perforación del campo petrolero"]
[{"$nulls":7},"71121403-Servicios de planificación de las brocas de perforación del campo petrolero"]
[{"$nulls":7},"71121404-Servicios de registro de las brocas de perforación del campo petrolero"]
[{"$nulls":7},"71121405-Servicios de reparación de brocas de perforación del campo petrolero"]
[{"$nulls":7},"71121406-Contratos de longitud excavada de las brocas de perforación del campo petrolero"]
[{"$nulls":7},"71121407-Servicio de asistencia para la optimización de la perforación en el emplazamiento del pozo"]
[{"$nulls":7},"71121501-Servicios de medición acústica durante la perforación"]
[{"$nulls":7},"71121502-Servicios de telemetría acústica durante la perforación"]
[{"$nulls":7},"71121503-Servicios de medición de calibre durante la perforación"]
[{"$nulls":7},"71121504-Servicios de medición de la densidad durante la perforación"]
[{"$nulls":7},"71121505-Servicios del rendimiento de la perforación del campo  petrolero"]
[{"$nulls":7},"71121506-Servicios de telemetría electromagnética durante la perforación"]
[{"$nulls":7},"71121507-Servicios de medición de la inclinación de formación durante la perforación"]
[{"$nulls":7},"71121508-Servicios de medición de la presión de formación durante la perforación"]
[{"$nulls":7},"71121509-Pozos dirigidos geológicamente"]
[{"$nulls":7},"71121510-Servicios de geoparada"]
[{"$nulls":7},"71121511-Servicios de registro de lodo"]
[{"$nulls":7},"71121512-Servicios de resonancia magnética nuclear"]
[{"$nulls":7},"71121513-Servicios de medición de la porosidad durante la perforación"]
[{"$nulls":7},"71121514-Servicios de medición de la resistividad durante la perforación"]
[{"$nulls":7},"71121515-Servicios de gestión de levantamiento de planos  del pozo"]
[{"$nulls":7},"71121516-Servicios de inspección de los cables conductores"]
[{"$nulls":7},"71121601-Servicios de personal para revestimiento de tuberías del pozo"]
[{"$nulls":7},"71121602-Servicios de planificación para el revestimiento de tuberías del pozo"]
[{"$nulls":7},"71121603-Servicios de fresado para el revestimiento de tuberías del pozo"]
[{"$nulls":7},"71121604-Servicios de perforación con tubería flexible continua"]
[{"$nulls":7},"71121605-Servicios de planificación de la terminación del pozo"]
[{"$nulls":7},"71121606-Servicios de perforación direccional de pozo convencional"]
[{"$nulls":7},"71121607-Servicios de perforación direccional de pozos"]
[{"$nulls":7},"71121608-Servicios de desarrollo de contratos  para perforación de pozos"]
[{"$nulls":7},"71121609-Servicios de perforación de pozo"]
[{"$nulls":7},"71121610-Servicios de ingeniería para perforación de pozos"]
[{"$nulls":7},"71121611-Servicios de fluido o lodo para perforación de pozos"]
[{"$nulls":7},"71121612-Servicios de perforación de pozos  para entrada de agua"]
[{"$nulls":7},"71121613-Servicios de monitoreo de la torre de perforación del pozo"]
[{"$nulls":7},"71121614-Control de sólidos durante perforación de pozos"]
[{"$nulls":7},"71121615-Servicios de apertura de hoyos o estabilización de la perforación de pozos"]
[{"$nulls":7},"71121616-Supervisión de perforación de pozos"]
[{"$nulls":7},"71121617-Servicios de control de perforación de pozos"]
[{"$nulls":7},"71121618-Otros servicios generales para perforación de pozos"]
[{"$nulls":7},"71121619-Servicios de perforación direccional de alcance extendido de pozos"]
[{"$nulls":7},"71121620-Servicios de perforación direccional multilateral de pozos"]
[{"$nulls":7},"71121621-Servicios de pruebas  o modificaciones de tubos para pozos de petróleo"]
[{"$nulls":7},"71121622-Servicio de almacenamiento transitorio o recogida de tubos para perforación de pozos"]
[{"$nulls":7},"71121623-Almacenamiento de tubería de perforación de pozo"]
[{"$nulls":7},"71121624-Enroscado de tubería de perforación de pozos"]
[{"$nulls":7},"71121625-Servicio de perforación de los orificio de conexión o ratonera"]
[{"$nulls":7},"71121626-Servicios de perforación direccional de pozos de radio corto"]
[{"$nulls":7},"71121627-Servicios de ampliación dirigible de paredes por debajo de la tubería de revestimiento durante la perforación del pozo"]
[{"$nulls":7},"71121628-Servicios de perforación direccional de pozos de radio ultracorto"]
[{"$nulls":7},"71121629-Servicios de perforación desbalanceada de pozos"]
[{"$nulls":7},"71121630-Servicios de planificación del pozos"]
[{"$nulls":7},"71121631-Servicios de reperforación o retrabajo"]
[{"$nulls":7},"71121632-Control de desviaciones  en la perforación del pozo"]
[{"$nulls":7},"71121633-Servicios de empacado de grava del campo petrolero"]
[{"$nulls":7},"71121634-Servicios de sistemas de cascos  del campo petrolero"]
[{"$nulls":7},"71121635-Servicios de personal para arrastre de aparejos del pozo"]
[{"$nulls":7},"71121636-Servicios de equipo de la cabeza del pozo"]
[{"$nulls":7},"71121637-Servicios de desviación con aparato para cambiar el trazo de perforación"]
[{"$nulls":7},"71121701-Servicios de diseño del servicio de pesca en el campo petrolífero"]
[{"$nulls":7},"71121702-Servicios de evaluación económica del servicio de pesca en el campo petrolífero"]
[{"$nulls":7},"71121703-Servicios de operación del servicio de pesca en el campo petrolífero"]
[{"$nulls":7},"71121704-Servicios de recuperación de desechos en el campo petrolífero"]
[{"$nulls":7},"71121705-Servicios de recuperación de tubería en el campo petrolífero"]
[{"$nulls":7},"71121706-Servicios de perforación o pesca en el campo petrolífero"]
[{"$nulls":7},"71121801-Servicios de elevación por presión de gas de tubería adujada"]
[{"$nulls":7},"71121802-Servicios de prueba o de fijar la elevación por presión de gas"]
[{"$nulls":7},"71121803-Servicios de kickover de elevación por presión de gas"]
[{"$nulls":7},"71121804-Servicios de contener la arena con elevación por presión de gas"]
[{"$nulls":7},"71121901-Servicios de evaluación de fluidos en el fondo del pozo"]
[{"$nulls":7},"71121902-Servicios de laboratorio de fluidos de fondo del pozo"]
[{"$nulls":7},"71121903-Servicios de muestreo de fluidos de fondo de pozo"]
[{"$nulls":7},"71122001-Servicios de perforación de pozos con tubería flexible continua"]
[{"$nulls":7},"71122002-Servicios de perforación de pozos con alambre (slickline)"]
[{"$nulls":7},"71122003-Servicios de perforación de pozos con  tubo directo"]
[{"$nulls":7},"71122004-Servicios de perforación de pozos con  tubo transportado"]
[{"$nulls":7},"71122005-Servicios de perforación de pozos con cables conductores"]
[{"$nulls":7},"71122006-Servicios de perforación de tuberías de pozos"]
[{"$nulls":7},"71122101-Servicios de bombeo de control de arena ácida"]
[{"$nulls":7},"71122102-Servicios de mezclado de control de arena"]
[{"$nulls":7},"71122103-Servicios de control de arena en el fluido de limpieza"]
[{"$nulls":7},"71122104-Servicios de control de arena en el fluido de terminación"]
[{"$nulls":7},"71122105-Servicios de consolidación de pozos"]
[{"$nulls":7},"71122107-Servicios de control de arena en el fluido de fracturación"]
[{"$nulls":7},"71122108-Servicios de pruebas de diseño de fracturación o pre fracturación"]
[{"$nulls":7},"71122109-Servicios generales/misceláneos  de control de arena"]
[{"$nulls":7},"71122110-Servicios de control de arena en el fluido transportador de grava"]
[{"$nulls":7},"71122111-Servicios de pruebas de laboratorio para el control de arena"]
[{"$nulls":7},"71122112-Servicios de control de arena multizonal"]
[{"$nulls":7},"71122113-Servicios de monitoreo del control de arena"]
[{"$nulls":7},"71122114-Servicios de aislamiento temporal del control de arena"]
[{"$nulls":7},"71122115-Servicios de reacondicionamiento de herramientas del pozo"]
[{"$nulls":7},"71122116-Servicios de bombeo para control de arena de no fracturación"]
[{"$nulls":7},"71122201-Servicios de pesca con alambre (slickline)"]
[{"$nulls":7},"71122202-Servicios de elevación con alambre (slickline)"]
[{"$nulls":7},"71122203-Servicios de manipulación con alambre (slickline)"]
[{"$nulls":7},"71122301-Servicios de buceo en pozos submarinos"]
[{"$nulls":7},"71122302-Servicios de vehículos operados a control remoto (rov) para pozos submarinos"]
[{"$nulls":7},"71122303-Servicios de equipo de pruebas o accesorios de pozos submarinos"]
[{"$nulls":7},"71122304-Servicios de terminación o intervención de pozos submarinos submarino"]
[{"$nulls":7},"71122305-Servicios de estructura jerárquica (tree) de las pruebas de seguridad de pozos submarinos"]
[{"$nulls":7},"71122306-Servicios de mantenimiento de equipo del pozo submarino"]
[{"$nulls":7},"71122401-Servicio de contador para el flujo de la varilla de barrena"]
[{"$nulls":7},"71122402-Servicio de pruebas del superficie de la varilla de barrena"]
[{"$nulls":7},"71122403-Servicio de tapador de pruebas de la varilla de barrena"]
[{"$nulls":7},"71122404-Servicio de pruebas de control de la presión de ensayo de la varilla de barrena"]
[{"$nulls":7},"71122405-Servicio de pruebas operadas en la varilla de barrena"]
[{"$nulls":7},"71122406-Servicio de pruebas de la varilla de barrena para ambientes de temperatura alta presión ultra alta"]
[{"$nulls":7},"71122407-Servicios de pruebas de rellenos de perforación"]
[{"$nulls":7},"71122408-Servicio de pruebas periódicas del pozo"]
[{"$nulls":7},"71122409-Servicios de pruebas de superficie del pozo"]
[{"$nulls":7},"71122410-Servicio de pruebas desbalanceadas durante la perforación"]
[{"$nulls":7},"71122501-Servicios de diseño del control de gas o agua"]
[{"$nulls":7},"71122502-Servicios de evaluación del control de gas o agua"]
[{"$nulls":7},"71122503-Servicios de aislamiento del control de gas o agua"]
[{"$nulls":7},"71122504-Servicios de pruebas del control de gas o agua"]
[{"$nulls":7},"71122505-Servicios de pruebas de gas o agua"]
[{"$nulls":7},"71122601-Servicios de terminación de pozos de agujero revestido"]
[{"$nulls":7},"71122602-Servicios de fluidos de terminación del pozo"]
[{"$nulls":7},"71122603-Servicios de terminación del pozo de elevación de gas"]
[{"$nulls":7},"71122604-Servicios del hoyo encerrado horizontal"]
[{"$nulls":7},"71122605-Servicio de terminación de la elevación de gas del pozo"]
[{"$nulls":7},"71122606-Servicios de terminación de pozos inteligentes"]
[{"$nulls":7},"71122607-Servicios de terminación del revestidor del pozo"]
[{"$nulls":7},"71122608-Servicios de terminación multilateral de pozos"]
[{"$nulls":7},"71122609-Servicios de terminación del pozo permanente"]
[{"$nulls":7},"71122610-Servicios de terminación del control de arena del pozo"]
[{"$nulls":7},"71122611-Servicios de terminación del control de las pruebas del vástago de taladro temporáneo"]
[{"$nulls":7},"71122612-Servicios de terminación tubería pozo"]
[{"$nulls":7},"71122613-Servicios de terminación pozo con equilibrio inferior"]
[{"$nulls":7},"71122701-Servicios de mantenimiento de la plataforma de pozos petroleros"]
[{"$nulls":7},"71122702-Servicios de mantenimiento de la unidad de bombeo del campo petrolero"]
[{"$nulls":7},"71122703-Servicios de reparación de bomba de vástago del campo petrolero"]
[{"$nulls":7},"71122704-Servicios de socavación del campo petrolero"]
[{"$nulls":7},"71122705-Servicios de mantenimiento vástago de succión del campo petrolero"]
[{"$nulls":7},"71122706-Servicios de achique de pozos"]
[{"$nulls":7},"71122707-Servicios de anclaje de tubería del campo petrolero"]
[{"$nulls":7},"71122708-Servicios mecánicos para bombas del campo petrolero"]
[{"$nulls":7},"71122801-Servicios de grabación en el fondo del pozo"]
[{"$nulls":7},"71122802-Servicios de monitoreo del flujo del pozo"]
[{"$nulls":7},"71122803-Servicios de monitoreo del flujo del pozo petrolero o de gas"]
[{"$nulls":7},"71122804-Servicios de monitoreo de las fases en el emplazamiento  del pozo"]
[{"$nulls":7},"71122805-Servicios de monitoreo de las bombas en el emplazamiento del pozo"]
[{"$nulls":7},"71122806-Servicios de adquisición de datos de la superficie en el emplazamiento del pozo"]
[{"$nulls":7},"71122807-Servicios de lectura de la superficie en el emplazamiento del pozo"]
[{"$nulls":7},"71122808-Servicios de grabación de la superficie en el emplazamiento del pozo"]
[{"$nulls":7},"71122810-Servicios de pruebas de la superficie inferior del pozo"]
[{"$nulls":7},"71122901-Servicios de aparejos del campo petrolero en aguas profundas"]
[{"$nulls":7},"71122902-Servicios de plataformas  petroleras autoelevables (jackup)"]
[{"$nulls":7},"71122903-Servicios de plataformas petroleras en barcazas"]
[{"$nulls":7},"71122904-Servicios de plataforma petroleras en tierra"]
[{"$nulls":7},"71122905-Servicios de plataformas petroleras"]
[{"$nulls":7},"71131001-Servicios de fracturación del pozo con fluido a base de ácido"]
[{"$nulls":7},"71131002-Servicios de fracturación del pozo con fluido a base de emulsión"]
[{"$nulls":7},"71131003-Servicios de fracturación del pozo con fluido a base de espuma"]
[{"$nulls":7},"71131004-Servicios de fracturación  del pozo de petróleo"]
[{"$nulls":7},"71131005-Servicios de control de la báscula del pozo de petróleo"]
[{"$nulls":7},"71131006-Servicios de pruebas de fracturación del pozo"]
[{"$nulls":7},"71131007-Servicios de evaluación de la fracturación del pozo en el fondo del pozo"]
[{"$nulls":7},"71131008-Servicios de control de la altura de la fracturación del pozo"]
[{"$nulls":7},"71131009-Servicios de monitoreo de la fracturación del pozo"]
[{"$nulls":7},"71131010-Servicios de diseño del servicio de fracturación del pozo"]
[{"$nulls":7},"71131011-Servicios de evaluación del servicio de fracturación del pozo"]
[{"$nulls":7},"71131012-Servicios de evaluación de superficie de la fracturación del pozo"]
[{"$nulls":7},"71131013-Servicios de control de calidad del tratamiento de la fracturación del pozo"]
[{"$nulls":7},"71131014-Servicios de fracturación  del pozo con fluidos a base de aceite"]
[{"$nulls":7},"71131015-Otros servicios de fracturación de pozos"]
[{"$nulls":7},"71131016-Servicios de manejo del esfuerzo de fracturación del pozo"]
[{"$nulls":7},"71131017-Servicios de fracturar del pozo con fluido con base de agua"]
[{"$nulls":7},"71131101-Servicios de estimulación de la matriz  a base de ácido"]
[{"$nulls":7},"71131102-Servicios de estimulación de la matriz de sellamiento de la formación"]
[{"$nulls":7},"71131103-Servicios de limpieza total orgánica de la matriz"]
[{"$nulls":7},"71131104-Servicios de inhibición orgánica de la matriz"]
[{"$nulls":7},"71131105-Servicios de limpieza general de la balanza de la matriz"]
[{"$nulls":7},"71131106-Servicios de inhibición de la balanza de la matriz"]
[{"$nulls":7},"71131107-Servicios de diseño del tratamiento de la matriz"]
[{"$nulls":7},"71131108-Servicios de desviación del tratamiento de la matriz"]
[{"$nulls":7},"71131109-Servicios de evaluación del tratamiento de la matriz"]
[{"$nulls":7},"71131110-Servicios del control de calidad del tratamiento de la matriz"]
[{"$nulls":7},"71131111-Servicios de estimulación de la matriz de base no ácida"]
[{"$nulls":7},"71131201-Servicios de nitrógeno para el pozo"]
[{"$nulls":7},"71131301-Servicios de bombeo del campo petrolero con bocatoma de fondo"]
[{"$nulls":7},"71131302-Servicios de bombeo del campo petrolero utilizando cables"]
[{"$nulls":7},"71131303-Servicios de bombeo del campo petrolero con co2"]
[{"$nulls":7},"71131304-Servicios de bombeo del campo petrolero utilizando tubería flexible continua"]
[{"$nulls":7},"71131305-Servicios de bombeo en el fondo del pozo"]
[{"$nulls":7},"71131306-Servicios de terminación dual del pozo"]
[{"$nulls":7},"71131307-Servicios de bombeo horizontal del pozo"]
[{"$nulls":7},"71131308-Servicios de operación o arrastre de la instalación de bombeo del campo petrolífero"]
[{"$nulls":7},"71131309-Servicios de modificación del perfil del pozo"]
[{"$nulls":7},"71131310-Servicios de bobinado del campo petrolífero"]
[{"$nulls":7},"71131401-Servicios del sistema de llamarada del campo petrolífero"]
[{"$nulls":7},"71131402-Servicio de aceite o agua caliente para el campo petrolero"]
[{"$nulls":7},"71131403-Servicio de vapor del campo petrolero"]
[{"$nulls":7},"71141001-Servicios de control de la presión del pozo"]
[{"$nulls":7},"71141002-Servicios de tapado del pozo"]
[{"$nulls":7},"71141003-Servicios de lucha contra incendios en el pozo"]
[{"$nulls":7},"71141004-Servicios de control de pozos descontrolados"]
[{"$nulls":7},"71141101-Servicios de abandono de pozos"]
[{"$nulls":7},"71141102-Servicios de taponamiento de pozos"]
[{"$nulls":7},"71141201-Servicios de limpieza o achique del pozo"]
[{"$nulls":7},"71141202-Servicios de restauración del emplazamiento del pozo"]
[{"$nulls":7},"71151001-Servicios de transmisión de mensajes y datos del campo petrolero"]
[{"$nulls":7},"71151002-Servicios de transmisión de gráficas del campo petrolero"]
[{"$nulls":7},"71151003-Servicios de monitoreo en tiempo real de datos del pozo en el campo petrolero"]
[{"$nulls":7},"71151004-Servicios de transmisión satelital de datos del pozo en el campo petrolero"]
[{"$nulls":7},"71151005-Servicios de transmisión de datos del pozo en el campo petrolero"]
[{"$nulls":7},"71151101-Servicios de administración de datos de los activos del campo petrolero"]
[{"$nulls":7},"71151102-Servicios de minería de datos del campo petrolero"]
[{"$nulls":7},"71151103-Servicios de gestión  de datos de registro del campo petrolero"]
[{"$nulls":7},"71151104-Servicios de gestión de datos cartográficos del campo petrolero"]
[{"$nulls":7},"71151105-Servicios de gestión de datos sísmicos"]
[{"$nulls":7},"71151201-Servicios de preparación del presupuesto del campo petrolero"]
[{"$nulls":7},"71151202-Servicios de planificación del capital del campo petrolero"]
[{"$nulls":7},"71151203-Servicios de estructura jerárquica (tree) de las decisiones del campo petrolero"]
[{"$nulls":7},"71151301-Servicios de mapas de burbujas del campo petrolero"]
[{"$nulls":7},"71151302-Estudios de casos del campo petrolero"]
[{"$nulls":7},"71151303-Análisis del decaimiento del campo petrolero"]
[{"$nulls":7},"71151304-Estudios de campo del campo petrolero"]
[{"$nulls":7},"71151305-Servicios de interpretación de la fracturación del campo petrolero"]
[{"$nulls":7},"71151306-Servicios de geología"]
[{"$nulls":7},"71151307-Servicios de geofísica"]
[{"$nulls":7},"71151308-Servicios de interpretación del empaque con grava"]
[{"$nulls":7},"71151309-Servicios de cartografía de cuadrícula del campo petrolero"]
[{"$nulls":7},"71151310-Servicios de visualización o cartografía del campo petrolero"]
[{"$nulls":7},"71151311-Servicios de petrofísica"]
[{"$nulls":7},"71151312-Servicios de ingeniería del depósito"]
[{"$nulls":7},"71151313-Servicios de modelar del depósito"]
[{"$nulls":7},"71151314-Servicios de simulación del depósito"]
[{"$nulls":7},"71151315-Servicios de mecánica de rocas"]
[{"$nulls":7},"71151401-Servicios de diseño de las tareas de cementación del pozo"]
[{"$nulls":7},"71151402-Servicios de diseño de las tareas con tubería flexible continua"]
[{"$nulls":7},"71151403-Servicios de diseño de la tarea de perforar el pozo"]
[{"$nulls":7},"71151404-Servicios de diseño de las tareas de fracturación del pozo"]
[{"$nulls":7},"71151405-Servicios de diseño de la tareas de estimulación de la matriz"]
[{"$nulls":7},"71151406-Servicios de diseño de las tareas para el control de arena del pozo"]
[{"$nulls":7},"71161001-Modelos de terminación  del campo petrolero"]
[{"$nulls":7},"71161002-Modelos de perforación del campo petrolero"]
[{"$nulls":7},"71161003-Modelos económicos del campo petrolero"]
[{"$nulls":7},"71161004-Modelos del desarrollo del campo del campo petrolero"]
[{"$nulls":7},"71161005-Modelos de producción del campo petrolero"]
[{"$nulls":7},"71161006-Servicios de gestión de riesgo del campo petrolero"]
[{"$nulls":7},"71161101-Servicios de elevadores artificiales del campo petrolero"]
[{"$nulls":7},"71161102-Servicios de recuperación aumentada del petróleo"]
[{"$nulls":7},"71161103-Servicios de inyección del pozo"]
[{"$nulls":7},"71161104-Servicios de análisis del sistema de producción del campo petrolero"]
[{"$nulls":7},"71161105-Servicios de perforación de pozos"]
[{"$nulls":7},"71161106-Servicios de química de la producción del campo petrolero"]
[{"$nulls":7},"71161107-Servicios de monitoreo de la producción del campo  petrolero"]
[{"$nulls":7},"71161109-Servicios de estimulación  del pozo"]
[{"$nulls":7},"71161110-Servicios de almacenamiento subterráneo de gas"]
[{"$nulls":7},"71161111-Servicios de administración del agua del campo petrolífero"]
[{"$nulls":7},"71161201-Servicios de lubricación en caliente del campo petrolero"]
[{"$nulls":7},"71161202-Servicios de operaciones de arriendo"]
[{"$nulls":7},"71161203-Servicios de registro del campo petrolero"]
[{"$nulls":7},"71161204-Servicios de corte de parafina en el campo petrolero"]
[{"$nulls":7},"71161205-Servicios de planificación de campos petroleros"]
[{"$nulls":7},"71161206-Servicios de procesamiento de campos petroleros"]
[{"$nulls":7},"71161301-Servicios de inspección o auditoría de campos petroleros"]
[{"$nulls":7},"71161302-Servicios de planificación de respuesta de emergencia del campo petrolero"]
[{"$nulls":7},"71161303-Servicios de desarrollo de campos petroleros"]
[{"$nulls":7},"71161304-Servicios de monitoreo del rendimiento del campo petrolero"]
[{"$nulls":7},"71161305-Servicios de presentación informes del campo petrolero"]
[{"$nulls":7},"71161306-Servicios de entrega (handover) o plan de sucesión del campo petrolero"]
[{"$nulls":7},"71161307-Servicios de matriz de entrenamiento del campo petrolero"]
[{"$nulls":7},"71161308-Servicios de aprovisionamiento o logística del emplazamiento del pozo"]
[{"$nulls":7},"71161402-Servicios de ingeniería para la terminación del pozo"]
[{"$nulls":7},"71161403-Servicios de anclaje (deadman)"]
[{"$nulls":7},"71161405-Servicios de revestimiento de pozos en su emplazamiento"]
[{"$nulls":7},"71161407-Servicios de unidad  jaladora para el pozo"]
[{"$nulls":7},"71161408-Servicios en la costa"]
[{"$nulls":7},"71161409-Servicios de revestimiento de pozos de exploración"]
[{"$nulls":7},"71161410-Servicios de camiones de vacío en el emplazamiento del pozo"]
[{"$nulls":7},"71161411-Servicios de ingeniería de aplicaciones desbalanceadas"]
[{"$nulls":7},"71161412-Servicios de trabajar sobre el pozo (workover)"]
[{"$nulls":7},"71161413-Servicios de construcción o fabricación de pozos"]
[{"$nulls":7},"71161501-Servicios de instrumentación o eléctricos del lugar del pozo"]
[{"$nulls":7},"71161502-Servicios de grúas o equipo pesado del lugar del pozo"]
[{"$nulls":7},"71161503-Servicios de pruebas de equipo o inspección del emplazamiento del pozo"]
[{"$nulls":7},"71161504-Servicios de medición o instrumentos de pozo"]
[{"$nulls":7},"71161505-Servicios de componente de válvula o válvula del lugar del pozo"]
[{"$nulls":7},"72101501-Servicios de todero"]
[{"$nulls":7},"72101502-Servicios de andamiaje"]
[{"$nulls":7},"72101503-Servicios de cordelería"]
[{"$nulls":7},"72101504-Servicios de verificación de desastres o contingencias"]
[{"$nulls":7},"72101505-Servicios de cerrajería"]
[{"$nulls":7},"72101506-Servicios de mantenimiento de elevadores. "]
[{"$nulls":7},"72101507-Servicio de mantenimiento de edificios"]
[{"$nulls":7},"72101508-Servicio de limpieza de pisos"]
[{"$nulls":7},"72101509-Servicio de mantenimiento o reparación de equipos y sistemas de protección contra incendios"]
[{"$nulls":7},"72101510-Mantenimiento o reparación del sistema de plomería"]
[{"$nulls":7},"72101511-Servicio de instalación o mantenimiento o reparación de aires acondicionados"]
[{"$nulls":7},"72101512-N/A"]
[{"$nulls":7},"72101513-N/A"]
[{"$nulls":7},"72101514-N/A"]
[{"$nulls":7},"72101515-N/A"]
[{"$nulls":7},"72101516-Servicio de inspección, mantenimiento o reparación de extinguidores de fuego"]
[{"$nulls":7},"72101517-Servicio de mantenimiento o reparación de generadores portátiles"]
[{"$nulls":7},"72101518-Servicio de alquiler de generadores portátiles"]
[{"$nulls":7},"72101601-Instalación o reparación de techos"]
[{"$nulls":7},"72101602-Instalación de claraboyas"]
[{"$nulls":7},"72101603-Servicios de canalones y tubos de bajada"]
[{"$nulls":7},"72101604-Metalistería de arquitectura"]
[{"$nulls":7},"72101605-Levantamiento o reparación de techos"]
[{"$nulls":7},"72101606-Instalación de conductos"]
[{"$nulls":7},"72101607-Instalación o reparación de paredes"]
[{"$nulls":7},"72101701-Servicios de hormigón o estuco para exteriores"]
[{"$nulls":7},"72101702-Servicios de lechada de cemento"]
[{"$nulls":7},"72101703-Construcción de aceras o bordillos"]
[{"$nulls":7},"72101704-Cimentación, enlosado"]
[{"$nulls":7},"72101801-Limpieza con chorro de arena"]
[{"$nulls":7},"72101802-Hidroaspiración a alta presión"]
[{"$nulls":7},"72101803-Limpieza a vapor"]
[{"$nulls":7},"72101901-Diseño o decoración de interiores"]
[{"$nulls":7},"72101902-Enyesado o pirca"]
[{"$nulls":7},"72101903-Carpintería o chapistería de acabados"]
[{"$nulls":7},"72102001-Calafateo"]
[{"$nulls":7},"72102002-Revestimientos o recubrimientos plásticos de materias estructurales"]
[{"$nulls":7},"72102003-Recubrimiento o satinado de materias estructurales de metal, madera u hormigón"]
[{"$nulls":7},"72102004-Impermeabilización"]
[{"$nulls":7},"72102005-Ignifugación de edificios"]
[{"$nulls":7},"72102006-Envoltura de tuberías"]
[{"$nulls":7},"72102101-Servicios de verificación de presencia de aves"]
[{"$nulls":7},"72102102-Servicios de control de termitas"]
[{"$nulls":7},"72102103-Servicios de exterminación o fumigación"]
[{"$nulls":7},"72102104-Control estructural de plagas"]
[{"$nulls":7},"72102105-Captura de animales"]
[{"$nulls":7},"72102106-Control de roedores"]
[{"$nulls":7},"72102201-Instalación o servicio de sistemas de energía eléctrica"]
[{"$nulls":7},"72102202-Instalación de controles electrónicos"]
[{"$nulls":7},"72102203-Instalación de equipos de comunicaciones"]
[{"$nulls":7},"72102204-Instalación de sistemas de seguridad"]
[{"$nulls":7},"72102205-Asistencia o mantenimiento de servicio de telecomunicaciones"]
[{"$nulls":7},"72102206-Ingeniería subterránea para equipo de comunicaciones"]
[{"$nulls":7},"72102207-Ingeniería aérea para equipo de comunicaciones"]
[{"$nulls":7},"72102208-Tendido de cables"]
[{"$nulls":7},"72102209-Arrastre de cables"]
[{"$nulls":7},"72102301-Supervisión de instalación, ajuste o mantenimiento de calderas"]
[{"$nulls":7},"72102302-Instalación, reparación o mantenimiento de sistemas de calefacción"]
[{"$nulls":7},"72102303-Construcción de sistemas de fontanería"]
[{"$nulls":7},"72102304-Mantenimiento o reparación de sistemas de fontanería"]
[{"$nulls":7},"72102305-Servicios de reparación, mantenimiento o reparación de aire acondicionado"]
[{"$nulls":7},"72102401-Servicios de pintura de exteriores"]
[{"$nulls":7},"72102402-Servicios de pintura de interiores"]
[{"$nulls":7},"72102403-Servicios de revestimientos de muros"]
[{"$nulls":7},"72102404-Aplicación de pintura industrial o especializada (aviones, barcos, puentes)"]
[{"$nulls":7},"72102405-Servicios de marcado de pavimentos"]
[{"$nulls":7},"72102501-Mampostería de ladrillo"]
[{"$nulls":7},"72102502-Construcción o mantenimiento de chimeneas"]
[{"$nulls":7},"72102503-Instalación de mármol, piedra o azulejos"]
[{"$nulls":7},"72102504-Construcción de muros de contención"]
[{"$nulls":7},"72102505-Frescos"]
[{"$nulls":7},"72102506-Acústica"]
[{"$nulls":7},"72102507-Instalación de material aislante"]
[{"$nulls":7},"72102508-Restauración de albañilería, mampostería o azulejos"]
[{"$nulls":7},"72102601-Carpintería rústica"]
[{"$nulls":7},"72102602-Instalación de ventanas, puertas o dispositivos"]
[{"$nulls":7},"72102603-Servicio de ebanistería"]
[{"$nulls":7},"72102701-Entarimado, instalación o acabado de suelos"]
[{"$nulls":7},"72102702-Revestimiento, instalación o mantenimiento de suelos"]
[{"$nulls":7},"72102703-Servicios de limpieza de suelos"]
[{"$nulls":7},"72102801-Renovación de edificios, mojones y monumentos"]
[{"$nulls":7},"72102802-Restauración de edificios, mojones o monumentos"]
[{"$nulls":7},"72102901-Servicios de retirar la Nieve"]
[{"$nulls":7},"72102902-Servicios de paisajismo"]
[{"$nulls":7},"72102903-Servicios de eliminación de nieve"]
[{"$nulls":7},"72102904-Servicios de barrido de carreteras o aparcamientos"]
[{"$nulls":7},"72102905-Mantenimiento de terrenos exteriores"]
[{"$nulls":7},"72103001-Servicios de desmonte de terrenos"]
[{"$nulls":7},"72103002-Servicios de nivelado de terrenos"]
[{"$nulls":7},"72103003-Servicios de demolición"]
[{"$nulls":7},"72103004-Servicios de excavación"]
[{"$nulls":7},"72103301-Servicios o reparaciones o mantenimiento de calles o parqueaderos"]
[{"$nulls":7},"72103302-Mantenimiento o soporte de equipo de telecomunicaciones"]
[{"$nulls":7},"72131501-Construcción de apartamentos"]
[{"$nulls":7},"72131502-Construcción casera uni-familiar"]
[{"$nulls":7},"72131601-Construcción de centrales eléctricas"]
[{"$nulls":7},"72131701-Servicio de pavimentación de calles y carreteras"]
[{"$nulls":7},"72131702-Construcción de puentes"]
[{"$nulls":7},"72141001-Desactivado por la ONU"]
[{"$nulls":7},"72141201-Servicio de perforación de compuertas flotantes"]
[{"$nulls":7},"72141202-Servicio de construcción de canales"]
[{"$nulls":7},"72141203-Servicio de construcción de represas"]
[{"$nulls":7},"72141204-Servicio de construcción de dársenas"]
[{"$nulls":7},"72141205-Servicio de construcción de sistemas de drenaje"]
[{"$nulls":7},"72141206-Servicio de dragado"]
[{"$nulls":7},"72141207-Servicio de construcción de muelles"]
[{"$nulls":7},"72141208-Servicio de construcción de sistemas de riego"]
[{"$nulls":7},"72141209-Servicio de construcción de diques o malecones"]
[{"$nulls":7},"72141210-Servicio de construcción de marinas"]
[{"$nulls":7},"72141211-Servicio de construcción de embarcaderos"]
[{"$nulls":7},"72141212-Servicio de construcción, mantenimiento y reparación de estanques"]
[{"$nulls":7},"72141601-Servicio de construcción de riel ligero"]
[{"$nulls":7},"72141602-Servicio de corte para derecho de vía"]
[{"$nulls":7},"72141603-Servicio de construcción de lechos de vía para ferrocarril y vías férreas  "]
[{"$nulls":7},"72141604-Servicio de construcción de metro"]
[{"$nulls":7},"72141605-Servicio de tendido de rieles ferroviarios"]
[{"$nulls":7},"72141606-Servicio de Mantenimiento de Señalización Ferroviaria"]
[{"$nulls":7},"72141607-Servicio de Mantenimiento de Electrificación de Tracción"]
[{"$nulls":7},"72141608-Servicio de Mantenimiento de Vías Ferreas"]
[{"$nulls":7},"73101501-Servicios de refinación de petróleo"]
[{"$nulls":7},"73101502-Servicios de producción de gas natural"]
[{"$nulls":7},"73101503-Servicios de producción de aceites o grasas"]
[{"$nulls":7},"73101504-Servicios de producción de carbón"]
[{"$nulls":7},"73101505-Servicios de fabricación de plásticos, resinas o fibras"]
[{"$nulls":7},"73101601-Servicios de producción de químicos inorgánicos"]
[{"$nulls":7},"73101602-Servicios de producción de sosa, cloro o soda cáustica"]
[{"$nulls":7},"73101603-Servicios de producción de ácidos inorgánicos"]
[{"$nulls":7},"73101604-Servicios de producción de químicos orgánicos"]
[{"$nulls":7},"73101605-Servicios de producción de acetileno o derivados"]
[{"$nulls":7},"73101606-Servicios de producción de etileno o derivados"]
[{"$nulls":7},"73101607-Servicios de producción de etileno o metanol o derivados"]
[{"$nulls":7},"73101608-Servicios de producción de fertilizantes"]
[{"$nulls":7},"73101609-Servicios de minería o transformación de potasa"]
[{"$nulls":7},"73101610-Servicios de producción de pesticidas"]
[{"$nulls":7},"73101611-Servicios de producción de pinturas, barnices o lacas"]
[{"$nulls":7},"73101612-Servicios de producción de jabones o preparaciones para limpieza o perfumes o cosméticos"]
[{"$nulls":7},"73101613-Servicios de producción de disolventes, glicoles o detergentes"]
[{"$nulls":7},"73101614-Servicios de fermentos o enzimas"]
[{"$nulls":7},"73101701-Servicios de producción de medicamentos o medicinas"]
[{"$nulls":7},"73101702-Servicios de producción de vacunas, sueros o antibióticos"]
[{"$nulls":7},"73101703-Servicios de producción de productos farmacéuticos"]
[{"$nulls":7},"73101801-Servicios de producción de biomasa"]
[{"$nulls":7},"73101802-Servicios de producción de bioproteínas"]
[{"$nulls":7},"73101901-Servicios de moledura de caucho"]
[{"$nulls":7},"73101902-Servicios de producción de neumáticos o tubos de caucho"]
[{"$nulls":7},"73101903-Servicios de producción de calzado de caucho o plástico"]
[{"$nulls":7},"73111501-Servicios de aserradero"]
[{"$nulls":7},"73111502-Servicios de producción de chapas"]
[{"$nulls":7},"73111503-Servicios de fabricación de paneles de base de madera"]
[{"$nulls":7},"73111504-Servicios de fabricación de envases de madera"]
[{"$nulls":7},"73111505-Servicios de fabricación y reparación de muebles"]
[{"$nulls":7},"73111506-Servicios de fabricación de productos de corcho"]
[{"$nulls":7},"73111507-Servicios de elaboración de bejuco o mimbre"]
[{"$nulls":7},"73111601-Servicios de producción de pulpa"]
[{"$nulls":7},"73111602-Servicios de producción de papel o cartón"]
[{"$nulls":7},"73111603-Servicios de producción de tabla de madera dura o de fibra"]
[{"$nulls":7},"73111604-Servicios de producción o reciclaje de papel"]
[{"$nulls":7},"73121501-Servicios de producción de aleaciones ferrosas"]
[{"$nulls":7},"73121502-Servicios de procesos de combinación de metales básicos"]
[{"$nulls":7},"73121503-Servicios de refracción para la producción de hierro o acero"]
[{"$nulls":7},"73121504-Servicios de fabricación de hierro o acero"]
[{"$nulls":7},"73121505-Servicios de forja de  hierro o acero"]
[{"$nulls":7},"73121506-Servicios de procesos de preacabado de hierro o acero"]
[{"$nulls":7},"73121507-Servicios de  acabado en la transformación de metales"]
[{"$nulls":7},"73121508-Servicios de fundición de metales"]
[{"$nulls":7},"73121509-Servicios de purificación de metales"]
[{"$nulls":7},"73121601-Servicios de corte de metales"]
[{"$nulls":7},"73121602-Servicios de herrería"]
[{"$nulls":7},"73121603-Servicios de calentamiento de metales"]
[{"$nulls":7},"73121606-Servicios de forja de metales"]
[{"$nulls":7},"73121607-Servicios de extracción de metales"]
[{"$nulls":7},"73121608-Servicios de extrusión de metales"]
[{"$nulls":7},"73121610-Servicios de herrería"]
[{"$nulls":7},"73121611-Servicios de hojalatería"]
[{"$nulls":7},"73121612-Servicios de revestimiento con metal antifricción"]
[{"$nulls":7},"73121613-Servicios de fundición de metales"]
[{"$nulls":7},"73121801-Servicios de fabricación de cerámica o porcelana o loza de barro"]
[{"$nulls":7},"73121802-Servicios de fabricación vidrio o productos de vidrio"]
[{"$nulls":7},"73121803-Servicios de fabricación de productos de arcilla estructural"]
[{"$nulls":7},"73121804-Servicios de fabricación de cemento o cal o yeso"]
[{"$nulls":7},"73121805-Servicios de fabricación de productos de concreto o agregados o piedra"]
[{"$nulls":7},"73121806-Servicios de fabricación de abrasivos"]
[{"$nulls":7},"73121807-Servicios de fabricación de productos de asbesto"]
[{"$nulls":7},"73131501-Servicios de destilación o mezcla de licores"]
[{"$nulls":7},"73131502-Servicios de elaboración del vino"]
[{"$nulls":7},"73131503-Servicios de elaboración de la cerveza"]
[{"$nulls":7},"73131504-Servicios de elaboración de bebidas de frutas no alcohólicas"]
[{"$nulls":7},"73131505-Servicios de elaboración de bebidas de agua"]
[{"$nulls":7},"73131506-Servicios de elaboración de bebidas de infusión"]
[{"$nulls":7},"73131507-Servicios de elaboración del café"]
[{"$nulls":7},"73131508-Servicios de elaboración del té"]
[{"$nulls":7},"73131601-Servicios de elaboración de productos cárnicos o derivados"]
[{"$nulls":7},"73131602-Servicios de procesamiento de pescado o productos de pescado"]
[{"$nulls":7},"73131603-Servicios de procesamiento de aves de corral"]
[{"$nulls":7},"73131604-Servicios de inspección o higiene de la carne"]
[{"$nulls":7},"73131605-Servicios de operación o administración de plantas cárnicas"]
[{"$nulls":7},"73131606-Servicios de matadero"]
[{"$nulls":7},"73131607-Servicios de carnicería"]
[{"$nulls":7},"73131608-Servicios de conservación en cámara frigorífica"]
[{"$nulls":7},"73131701-Servicios de limpieza de frutas o verduras"]
[{"$nulls":7},"73131702-Servicios de rociado de frutas o verduras"]
[{"$nulls":7},"73131703-Servicios de empaque de frutas o verduras"]
[{"$nulls":7},"73131801-Servicios de elaboración de la leche"]
[{"$nulls":7},"73131802-Servicios de la elaboración  de huevos"]
[{"$nulls":7},"73131803-Servicios de elaboración de quesos"]
[{"$nulls":7},"73131804-Servicios de elaboración de mantequilla o crema de leche"]
[{"$nulls":7},"73131902-Servicios de elaboración de productos a base de cereal"]
[{"$nulls":7},"73131903-Servicios de elaboración de azúcar o productos de azúcar"]
[{"$nulls":7},"73131904-Servicios de elaboración de aceites o grasas vegetales"]
[{"$nulls":7},"73131905-Servicios de elaboración de especias"]
[{"$nulls":7},"73131906-Servicios de elaboración de productos de panadería"]
[{"$nulls":7},"73141501-Servicios de fabricación de fibra de rayón o acetato"]
[{"$nulls":7},"73141502-Servicios de fabricación de fibra de vidrio"]
[{"$nulls":7},"73141503-Servicios de fabricación de fibra de seda"]
[{"$nulls":7},"73141504-Servicios de fabricación de fibra de algodón"]
[{"$nulls":7},"73141505-Servicios de fabricación de fibra de lana"]
[{"$nulls":7},"73141506-Servicios de fabricación de fibra de poliéster"]
[{"$nulls":7},"73141507-Servicios de fabricación de fibra de poliamida"]
[{"$nulls":7},"73141508-Servicios de fabricación de fibra acrílica"]
[{"$nulls":7},"73141601-Servicios de elaboración de hilo"]
[{"$nulls":7},"73141602-Servicios de elaboración de hilado"]
[{"$nulls":7},"73141701-Servicios de fabricación de géneros de tejido ancho"]
[{"$nulls":7},"73141702-Servicios de fabricación de géneros de tejido angosto"]
[{"$nulls":7},"73141703-Servicios de fabricación de tejidos de punto"]
[{"$nulls":7},"73141704-Servicios de fabricación de tapetes o alfombras"]
[{"$nulls":7},"73141705-Servicios de fabricación de sogas, cuerdas o cordeles"]
[{"$nulls":7},"73141706-Servicios de teñido o impresión y acabado"]
[{"$nulls":7},"73141707-Servicios de fabricación de   trajes o chaquetas o abrigos tejidos"]
[{"$nulls":7},"73141708-Servicios de fabricación de prendas exteriores tejidas"]
[{"$nulls":7},"73141709-Servicios de curtido o teñido de pieles"]
[{"$nulls":7},"73141710-Servicios de fabricación de calzado de cuero"]
[{"$nulls":7},"73141711-Servicios de fabricación de maletas o bolsos de cuero"]
[{"$nulls":7},"73141712-Servicios de fabricación de curtidos o acabados de cuero"]
[{"$nulls":7},"73141713-Servicios de géneros telas no tejidas"]
[{"$nulls":7},"73141714-Servicios de hilo o tejido trenzado"]
[{"$nulls":7},"73141715-Servicios de costura industrial"]
[{"$nulls":7},"73151501-Servicios de cadena de montaje"]
[{"$nulls":7},"73151502-Servicios de sellamiento de uniones"]
[{"$nulls":7},"73151601-Servicios de plantas de conservas"]
[{"$nulls":7},"73151602-Servicios de empacado de subproductos agrícolas"]
[{"$nulls":7},"73151603-Servicios de empacado de productos no alimenticios"]
[{"$nulls":7},"73151604-Servicios de empacado de productos farmacéuticos"]
[{"$nulls":7},"73151605-Servicios de empacado para exhibición en el punto de venta"]
[{"$nulls":7},"73151606-Servicios de empacado a mano"]
[{"$nulls":7},"73151607-Servicios de empacado mecanizado"]
[{"$nulls":7},"73151701-Servicios de tratamiento de materiales  de impermeabilización"]
[{"$nulls":7},"73151702-Servicios de tratamiento de materiales de protección contra incendios"]
[{"$nulls":7},"73151703-Servicios de tratamiento de materiales anticorrosivos"]
[{"$nulls":7},"73151801-Servicios de enchapes"]
[{"$nulls":7},"73151802-Servicios de corte en tiras"]
[{"$nulls":7},"73151803-Servicios de corte a troquel"]
[{"$nulls":7},"73151804-Servicios de plegado"]
[{"$nulls":7},"73151805-Servicios de laminación"]
[{"$nulls":7},"73151901-Servicios de impresión industrial flexográfica"]
[{"$nulls":7},"73151902-Servicios de impresión industrial a roto grabado"]
[{"$nulls":7},"73151903-Servicios de impresión industrial  a pantalla"]
[{"$nulls":7},"73151904-Servicios de impresión industrial offset"]
[{"$nulls":7},"73151905-Servicios de impresión industrial digital"]
[{"$nulls":7},"73151906-Servicios de impresión industrial de transferencia térmica"]
[{"$nulls":7},"73151907-Servicios de impresión y duplicación de discos compactos dc"]
[{"$nulls":7},"73152001-Servicios de llenado con líquido"]
[{"$nulls":7},"73152002-Servicios de llenado con aerosol"]
[{"$nulls":7},"73152003-Servicios de llenado con pasta"]
[{"$nulls":7},"73152004-Servicios de llenado con  polvo"]
[{"$nulls":7},"73152101-Servicio de mantenimiento de equipo industrial"]
[{"$nulls":7},"73152102-Servicio de reparación de equipo industrial"]
[{"$nulls":7},"73161501-Servicios de fabricación de motores o  turbinas"]
[{"$nulls":7},"73161502-Servicios de fabricación de maquinaria o equipos agrícolas"]
[{"$nulls":7},"73161503-Servicios de fabricación de máquinas herramienta, labrado de metales o madera"]
[{"$nulls":7},"73161504-Servicios de fabricación de maquinaria o plantas industriales especiales"]
[{"$nulls":7},"73161505-Servicios de fabricación de maquinaria o equipos para construcción"]
[{"$nulls":7},"73161506-Servicios de fabricación de maquinaria o equipos para minería"]
[{"$nulls":7},"73161507-Servicios de fabricación de maquinaria o equipo para productos alimenticios"]
[{"$nulls":7},"73161508-Servicios de fabricación de maquinaria o equipos para impresión de papel"]
[{"$nulls":7},"73161509-Servicios de fabricación de maquinaria o equipos metalúrgicos"]
[{"$nulls":7},"73161510-Servicios de fabricación de maquinaria o equipos para productos químicos o farmacéuticos"]
[{"$nulls":7},"73161511-Servicios de fabricación de maquinaria o equipo para fábricas de cemento"]
[{"$nulls":7},"73161512-Servicios de fabricación de maquinaria o equipo textil"]
[{"$nulls":7},"73161513-Servicios de fabricación de calderas para centrales eléctricas"]
[{"$nulls":7},"73161514-Servicios de fabricación de hornos"]
[{"$nulls":7},"73161515-Servicios de fabricación de maquinaria o equipo de oficina"]
[{"$nulls":7},"73161516-Servicios de fabricación de equipo de elevación, elevación o transporte"]
[{"$nulls":7},"73161517-Servicios de fabricación de equipos de aire acondicionado, ventilación o refrigeración"]
[{"$nulls":7},"73161518-Servicios de fabricación de electrodomésticos o máquinas de uso doméstico excepto eléctricas"]
[{"$nulls":7},"73161519-Servicios de fabricación de bombas o compresores"]
[{"$nulls":7},"73161601-Servicios de construcción de barcos o botes de pesca"]
[{"$nulls":7},"73161602-Servicios de fabricación de material rodante para ferrocarriles"]
[{"$nulls":7},"73161603-Servicios de fabricación de locomotoras"]
[{"$nulls":7},"73161604-Servicios de fabricación de vehículos de motor"]
[{"$nulls":7},"73161605-Servicios de fabricación de partes y accesorios de vehículos de motor"]
[{"$nulls":7},"73161606-Servicios de fabricación de motocicletas o bicicletas"]
[{"$nulls":7},"73161607-Servicios de fabricación de aeronaves o naves espaciales"]
[{"$nulls":7},"73171501-Servicios de fabricación de equipo de generación, transmisión o distribución de energía"]
[{"$nulls":7},"73171502-Servicios de fabricación de pilas secas o acumuladores"]
[{"$nulls":7},"73171503-Servicios de fabricación de herramientas eléctricas"]
[{"$nulls":7},"73171504-Servicios de fabricación de instrumentos de pruebas o de mediciones"]
[{"$nulls":7},"73171505-Servicios de fabricación de aparatos de radio o televisión"]
[{"$nulls":7},"73171506-Servicios de fabricación de equipos de comunicaciones"]
[{"$nulls":7},"73171507-Servicios de fabricación de aparatos electrodomésticos"]
[{"$nulls":7},"73171508-Servicios de fabricación de alambre o cable aislado"]
[{"$nulls":7},"73171510-Servicios de fabricación de accesorios o material eléctricos"]
[{"$nulls":7},"73171511-Servicios de fabricación de equipos electrónicos"]
[{"$nulls":7},"73171512-Servicios de fabricación de computadores electrónicos o equipos de procesamiento de datos"]
[{"$nulls":7},"73171601-Servicios de fabricación de instrumentos científicos o equipos de medición"]
[{"$nulls":7},"73171602-Servicios de fabricación de equipo médico o dental"]
[{"$nulls":7},"73171603-Servicios de fabricación de equipo óptico o fotográfico"]
[{"$nulls":7},"73171604-Servicios de fabricación de relojes o relojes de pulsera"]
[{"$nulls":7},"73171605-Servicios de fabricación de equipos de laboratorio"]
[{"$nulls":7},"73181001-Servicios de tornería"]
[{"$nulls":7},"73181002-Servicios de maquinado por electrodescarga edm"]
[{"$nulls":7},"73181003-Servicios de maquinado electroquímico ecm"]
[{"$nulls":7},"73181004-Servicios de fresado químico"]
[{"$nulls":7},"73181005-Servicios de troquelado"]
[{"$nulls":7},"73181006-Servicios de estampación"]
[{"$nulls":7},"73181007-Servicios de taladrado"]
[{"$nulls":7},"73181008-Servicios de perforación"]
[{"$nulls":7},"73181009-Servicios de tarraja con macho"]
[{"$nulls":7},"73181010-Servicios de láser"]
[{"$nulls":7},"73181011-Servicios de doblado"]
[{"$nulls":7},"73181012-Servicios de fresado"]
[{"$nulls":7},"73181013-Servicios de limpieza con chorro de perdigones"]
[{"$nulls":7},"73181014-Servicios de pulida"]
[{"$nulls":7},"73181015-Servicios de corte con llama de gas"]
[{"$nulls":7},"73181016-Servicios de corte con láser"]
[{"$nulls":7},"73181017-Servicios de corte con plasma"]
[{"$nulls":7},"73181018-Servicios de corte con chorro de agua"]
[{"$nulls":7},"73181019-Servicios de rodamiento"]
[{"$nulls":7},"73181020-Servicios de tratamiento de superficies"]
[{"$nulls":7},"73181021-Servicios de fresado"]
[{"$nulls":7},"73181022-Servicios de  pulverización"]
[{"$nulls":7},"73181023-Servicio de afilado"]
[{"$nulls":7},"73181101-Servicios de electro revestimiento"]
[{"$nulls":7},"73181102-Servicios de bañado"]
[{"$nulls":7},"73181103-Servicios de envoltura"]
[{"$nulls":7},"73181104-Servicios de pintura"]
[{"$nulls":7},"73181105-Servicios de recubrimiento rollo a rollo (web)"]
[{"$nulls":7},"73181106-Servicios de enchapado"]
[{"$nulls":7},"73181201-Servicios de  formación por extracción"]
[{"$nulls":7},"73181202-Servicios de hidro conformado"]
[{"$nulls":7},"73181203-Servicios de conformación por enrollado"]
[{"$nulls":7},"73181204-Servicios de conformación  por estirado"]
[{"$nulls":7},"73181205-Servicios de conformación porgiro"]
[{"$nulls":7},"73181206-Servicios de formación con explosivos"]
[{"$nulls":7},"73181301-servicios de temple y enfriamiento"]
[{"$nulls":7},"73181302-Servicios de recocido"]
[{"$nulls":7},"73181303-Servicios de normalización"]
[{"$nulls":7},"73181304-Servicios de  envejecimiento o estabilización"]
[{"$nulls":7},"73181901-Servicios de soldadura de arco"]
[{"$nulls":7},"73181902-Servicios de soldadura con gas metal inerte mig"]
[{"$nulls":7},"73181903-Servicios de soldadura con tungsteno a gas inerte (tig)"]
[{"$nulls":7},"73181904-Servicios de soldadura con láser"]
[{"$nulls":7},"73181905-Servicios de soldadura  por puntos"]
[{"$nulls":7},"73181906-Servicios de soldadura con proyección"]
[{"$nulls":7},"73181907-Servicios de soldadura fuerte con latón"]
[{"$nulls":7},"73181908-Servicios de soldadura"]
[{"$nulls":7},"76101501-Servicios de higienización de lavabos"]
[{"$nulls":7},"76101502-Servicios de limpieza de baños"]
[{"$nulls":7},"76101503-Servicios de desinfección o desodorización"]
[{"$nulls":7},"76101601-Servicios de descontaminación radiactiva"]
[{"$nulls":7},"76101602-Encapsulación  o eliminación de asbesto"]
[{"$nulls":7},"76111501-Servicios de limpieza de edificios"]
[{"$nulls":7},"76111503-Servicios de mantenimiento del alumbrado"]
[{"$nulls":7},"76111504-Servicios de limpieza de ventanas o persianas"]
[{"$nulls":7},"76111505-Servicios de limpieza de telas y muebles"]
[{"$nulls":7},"76111601-Servicios de limpieza de baldosas o cielorraso acústicos"]
[{"$nulls":7},"76111602-Limpieza de conductos de aire"]
[{"$nulls":7},"76111603-Limpieza de chimeneas"]
[{"$nulls":7},"76111604-Encerado de pisos y limpieza de tapetes"]
[{"$nulls":7},"76111605-Limpieza de campanas o ventiladores extractores de humo"]
[{"$nulls":7},"76111701-Servicios de limpieza de terrenos en obras"]
[{"$nulls":7},"76111702-Servicios de retirada de materiales de zonas en obras"]
[{"$nulls":7},"76111801-Limpieza de carros o barcos"]
[{"$nulls":7},"76121501-Recolección o destrucción o transformación o eliminación de basuras"]
[{"$nulls":7},"76121502-Recolección o transformación o eliminación de residuos líquidos"]
[{"$nulls":7},"76121503-Servicios de limpieza de calles"]
[{"$nulls":7},"76121601-Vertedero de basuras"]
[{"$nulls":7},"76121602-Operaciones de relleno sanitario"]
[{"$nulls":7},"76121603-Eliminación de fangos cloacales"]
[{"$nulls":7},"76121604-Servicios de disposición de animales muertos"]
[{"$nulls":7},"76121701-Servicios de tratamiento de aguas negras"]
[{"$nulls":7},"76121702-Servicios de tratamiento químico"]
[{"$nulls":7},"76121801-Servicios de reciclaje"]
[{"$nulls":7},"76121901-Eliminación de residuos médicos"]
[{"$nulls":7},"76121902-Recolección o eliminación de residuos ácidos"]
[{"$nulls":7},"76121903-Destoxificación química"]
[{"$nulls":7},"76131501-tratamiento de desechos radioactivos"]
[{"$nulls":7},"76131502-Servicios de confinación de material  radioactivo"]
[{"$nulls":7},"76131601-Confinación de vertidos tóxicos"]
[{"$nulls":7},"76131602-Limpieza total de derramamiento de sustancias tóxicas"]
[{"$nulls":7},"76131701-Servicios de eliminación o control de residuos petroleros"]
[{"$nulls":7},"76131702-Servicios de tratamiento de derramamiento  de petróleo"]
[{"$nulls":7},"77101501-Evaluación riesgos o peligros"]
[{"$nulls":7},"77101502-Estándares ambientales"]
[{"$nulls":7},"77101503-Análisis de indicadores ambientales"]
[{"$nulls":7},"77101504-Servicios de evaluación de impacto ambiental (eia)"]
[{"$nulls":7},"77101505-Monitoreo ambiental"]
[{"$nulls":7},"77101601-Planificación del desarrollo ambiental urbano"]
[{"$nulls":7},"77101602-Planificación de la estrategia de conservación forestal"]
[{"$nulls":7},"77101603-Planificación de la estrategia de conservación marítima"]
[{"$nulls":7},"77101604-Servicios de planificación de la estrategia de gestión o conservación de recursos naturales"]
[{"$nulls":7},"77101605-Creación o planificación de instituciones ambientales"]
[{"$nulls":7},"77101701-Servicios de asesoramiento sobre ciencias ambientales"]
[{"$nulls":7},"77101702-Servicios de asesoramiento sobre química ambiental"]
[{"$nulls":7},"77101703-Servicios de asesoramiento sobre ética ambiental"]
[{"$nulls":7},"77101704-Servicios de asesoramiento sobre tecnología ambiental"]
[{"$nulls":7},"77101705-Servicios de  asesoramiento sobre economía ambiental"]
[{"$nulls":7},"77101706-Servicios de asesoramiento sobre derecho ambiental"]
[{"$nulls":7},"77101707-Servicios de asesoramiento sobre ecología"]
[{"$nulls":7},"77101801-Sistemas de información ambiental"]
[{"$nulls":7},"77101802-Servicios de auditoria ambiental de empresas"]
[{"$nulls":7},"77101803-Servicios de auditoria ambiental sectoriales"]
[{"$nulls":7},"77101804-Servicios de auditoria ambiental de actividades específicas"]
[{"$nulls":7},"77101805-Servicios de control de la calidad ambiental"]
[{"$nulls":7},"77101806-Servicios de control de seguridad ambiental"]
[{"$nulls":7},"77101901-Estudio de emplazamientos industriales"]
[{"$nulls":7},"77101902-Estudio de vertederos de desechos industriales"]
[{"$nulls":7},"77101903-Estudio de emplazamientos de fábricas de gas"]
[{"$nulls":7},"77101904-Estudios de emplazamientos  de vertederos de desechos de fábricas de productos químicos o refinerías de petróleo"]
[{"$nulls":7},"77101905-Estudio de emplazamientos de plantas de tratamiento  de la madera"]
[{"$nulls":7},"77101906-Estudios de emplazamientos de depósitos o terminales de petroleros"]
[{"$nulls":7},"77101907-Estudio de emplazamientos de plantas de limpieza en seco"]
[{"$nulls":7},"77101908-Estudio de emplazamientos de fundición"]
[{"$nulls":7},"77101909-Estudios de emplazamientos de planta de reciclado"]
[{"$nulls":7},"77101910-Estudio de plantas de transformación de alimentos en el sitio"]
[{"$nulls":7},"77111501-Servicios de protección del paisaje"]
[{"$nulls":7},"77111502-Servicios de protección de la capa de ozono"]
[{"$nulls":7},"77111503-Servicios de protección contra la contaminación de alimentos o pienso"]
[{"$nulls":7},"77111504-Servicios de protección recursos genéticos"]
[{"$nulls":7},"77111505-Servicios de protección de sustancias tóxicas"]
[{"$nulls":7},"77111506-Servicios de protección contra la radiación"]
[{"$nulls":7},"77111507-Servicios de protección de las especies en peligro de extinción"]
[{"$nulls":7},"77111508-Servicios de protección contra riesgos o peligros naturales"]
[{"$nulls":7},"77111601-Rehabilitación en emplazamientos industriales"]
[{"$nulls":7},"77111602-Servicios de descontaminación ambiental"]
[{"$nulls":7},"77111603-Servicios de recuperación de tierras"]
[{"$nulls":7},"77121501-Gestión de la calidad del aire"]
[{"$nulls":7},"77121502-Servicios transfronterizos de gestión o control de la contaminación del aire"]
[{"$nulls":7},"77121503-Servicios de protección contra la contaminación del aire"]
[{"$nulls":7},"77121504-Servicios de monitoreo o medición de la contaminación del aire"]
[{"$nulls":7},"77121505-Servicios de detección de gases tóxicos"]
[{"$nulls":7},"77121506-Control del metano"]
[{"$nulls":7},"77121507-Servicios de monitoreo del dióxido de carbono"]
[{"$nulls":7},"77121508-Monitoreo de partículas en el aire"]
[{"$nulls":7},"77121509-Servicios de monitoreo de la reducción de la capa de ozono"]
[{"$nulls":7},"77121601-Servicios de protección contra la contaminación del suelo"]
[{"$nulls":7},"77121602-Servicios de eliminación de suelos contaminados"]
[{"$nulls":7},"77121603-Tratamiento o rehabilitación de suelos contaminados"]
[{"$nulls":7},"77121604-Servicios de asesorías sobre la contaminación del suelo"]
[{"$nulls":7},"77121605-Cartografía de la contaminación del suelo"]
[{"$nulls":7},"77121606-Medición o monitoreo de la contaminación del suelo"]
[{"$nulls":7},"77121607-Evaluación de la contaminación por fertilizantes orgánicos"]
[{"$nulls":7},"77121608-Evaluación de la contaminación por pesticidas"]
[{"$nulls":7},"77121609-Evaluación de la contaminación por nitratos"]
[{"$nulls":7},"77121610-Evaluación de la contaminación por fosfatos"]
[{"$nulls":7},"77121701-Servicio de monitoreo o control de la contaminación de las aguas de superficie"]
[{"$nulls":7},"77121702-Servicios de rehabilitación de las aguas de superficie"]
[{"$nulls":7},"77121703-Servicios de protección contra la polución de las aguas de superficie"]
[{"$nulls":7},"77121704-Servicios de tratamiento de las aguas de superficie"]
[{"$nulls":7},"77121705-Servicios de drenaje de la contaminación de las aguas de superficie"]
[{"$nulls":7},"77121706-Servicios transfronterizos de gestión o control de la contaminación de las agua"]
[{"$nulls":7},"77121707-Servicios de monitoreo o control de la contaminación de las aguas subterráneas"]
[{"$nulls":7},"77121708-Servicios de drenaje de la contaminación de las aguas subterráneas"]
[{"$nulls":7},"77121709-Tratamiento o rehabilitación de la contaminación de las aguas subterráneas"]
[{"$nulls":7},"77131501-Servicios de monitoreo del derrame de petróleo"]
[{"$nulls":7},"77131502-Servicios de control del derrame de petróleo"]
[{"$nulls":7},"77131503-Servicios de rehabilitación por el derrame de petróleo"]
[{"$nulls":7},"77131601-Servicios de control del ruido"]
[{"$nulls":7},"77131602-Servicios de protección contra la contaminación acústica"]
[{"$nulls":7},"77131603-Servicios de monitoreo de la contaminación acústica"]
[{"$nulls":7},"77131604-Servicios de asesoría sobre la contaminación acústica"]
[{"$nulls":7},"77131701-Servicios de monitoreo de sustancias tóxicas"]
[{"$nulls":7},"77131702-Servicios de rehabilitación por sustancias tóxicas"]
[{"$nulls":7},"78101501-Transporte nacional aéreo de carga"]
[{"$nulls":7},"78101502-Transporte internacional aéreo de carga"]
[{"$nulls":7},"78101503-Transporte aéreo blindado"]
[{"$nulls":7},"78101601-Servicios de transporte en furgones"]
[{"$nulls":7},"78101602-Servicios de transporte ferroviario de carga a granel"]
[{"$nulls":7},"78101603-Transporte de ganado por ferrocarril"]
[{"$nulls":7},"78101604-Vehículos de servicios de transporte"]
[{"$nulls":7},"78101701-Servicios de transporte nacional por buque"]
[{"$nulls":7},"78101702-Servicios de transporte internacional por buque"]
[{"$nulls":7},"78101703-Servicios de transporte nacional por barcazas"]
[{"$nulls":7},"78101704-Servicios de transporte internacional por barcazas"]
[{"$nulls":7},"78101705-Transporte marítimo blindado"]
[{"$nulls":7},"78101801-Servicios de transporte de carga por carretera (en camión) en área local"]
[{"$nulls":7},"78101802-Servicios transporte de carga por carretera (en camión) a nivel regional y nacional"]
[{"$nulls":7},"78101803-Servicios de transporte de vehículos"]
[{"$nulls":7},"78101804-Servicios de reubicación"]
[{"$nulls":7},"78101901-Transporte aéreo a marítimo"]
[{"$nulls":7},"78101902-Transporte marítimo a ferroviario"]
[{"$nulls":7},"78101903-Transporte marino a carretera (por camión)"]
[{"$nulls":7},"78101904-Transporte aéreo a carretera (por camión)"]
[{"$nulls":7},"78101905-Transporte por vagones de ferrocarril"]
[{"$nulls":7},"78102001-Servicios de lanzamiento de satélites"]
[{"$nulls":7},"78102002-Servicios de carga explosiva experimental"]
[{"$nulls":7},"78102101-Transporte de productos derivados del petróleo"]
[{"$nulls":7},"78102102-Transporte de agua"]
[{"$nulls":7},"78102201-Servicios de entrega postal nacional"]
[{"$nulls":7},"78102202-Servicios de apartado postal"]
[{"$nulls":7},"78102203-Servicios de envío, recogida o entrega de correo"]
[{"$nulls":7},"78102204-Servicios de entrega a nivel mundial de cartas o paquetes pequeños"]
[{"$nulls":7},"78102205-Servicios de entrega local de cartas o paquetes pequeños"]
[{"$nulls":7},"78102206-Servicios de mensajería en bicicleta o motocicleta"]
[{"$nulls":7},"78111501-Servicios de helicópteros"]
[{"$nulls":7},"78111502-Viajes en aviones comerciales"]
[{"$nulls":7},"78111503-Viajes en aviones fletados"]
[{"$nulls":7},"78111601-Servicios de transporte en vehículos de tren ligero lrv"]
[{"$nulls":7},"78111602-Transporte en metro"]
[{"$nulls":7},"78111603-Servicios ferroviarios continentales o intercontinentales"]
[{"$nulls":7},"78111701-Taxis acuáticos"]
[{"$nulls":7},"78111702-Cruceros nocturnos"]
[{"$nulls":7},"78111703-Excursiones de recorrido turístico en barco"]
[{"$nulls":7},"78111802-Servicios de buses con horarios programados"]
[{"$nulls":7},"78111803-Servicios de buses contratados"]
[{"$nulls":7},"78111804-Servicios de taxi"]
[{"$nulls":7},"78111807-Tarifas del parqueadero"]
[{"$nulls":7},"78111808-Alquiler de vehículos"]
[{"$nulls":7},"78111809-Leasing de vehículos sedán, cupé o camioneta"]
[{"$nulls":7},"78111901-Misiones experimentales o educativas"]
[{"$nulls":7},"78121501-Contenedorización de mercancías"]
[{"$nulls":7},"78121502-Servicios de embalaje"]
[{"$nulls":7},"78121601-Carga y descarga de mercancías"]
[{"$nulls":7},"78121602-Servicios de pesaje"]
[{"$nulls":7},"78131501-Servicios de silos"]
[{"$nulls":7},"78131502-Servicios de elevadores de granos"]
[{"$nulls":7},"78131601-Almacenaje de mercancías embandejadas"]
[{"$nulls":7},"78131602-Almacenaje de archivos de carpetas"]
[{"$nulls":7},"78131603-Almacenaje de muebles"]
[{"$nulls":7},"78131701-Servicios de almacenaje en tierra"]
[{"$nulls":7},"78131801-Almacenaje refrigerado"]
[{"$nulls":7},"78131802-Servicios de almacenaje bajo control aduanero"]
[{"$nulls":7},"78131803-Almacenaje de materiales peligrosos"]
[{"$nulls":7},"78131804-Servicios de almacenaje de documentos"]
[{"$nulls":7},"78131805-Almacenaje de cajeros automáticos"]
[{"$nulls":7},"78141501-Servicios de expedidores de fletes"]
[{"$nulls":7},"78141502-Servicios de agentes aduaneros"]
[{"$nulls":7},"78141503-Servicios de comparación de tarifas de la industria del transporte o de auditoria de fletes"]
[{"$nulls":7},"78141601-Servicios de inspección del empaquetado"]
[{"$nulls":7},"78141602-Servicios de vigilancia de la carga"]
[{"$nulls":7},"78141603-Inspecciones de control de plagas"]
[{"$nulls":7},"78141701-Servicios de remolcadores"]
[{"$nulls":7},"78141702-Operaciones de puentes levadizos"]
[{"$nulls":7},"78141703-Servicios de comunicaciones o de navegación marítima"]
[{"$nulls":7},"78141801-Servicios de estiba"]
[{"$nulls":7},"78141802-Servicios de atraque de buques"]
[{"$nulls":7},"78141803-Servicios de tiendas en buques"]
[{"$nulls":7},"78180101-Servicios de reparar o pintar la carrocería de vehículos"]
[{"$nulls":7},"78180102-Reparación de Transmisión"]
[{"$nulls":7},"78180103-Servicios de cambio de fluidos de aceite o de la transmisión"]
[{"$nulls":7},"78180104-Reparación del tren de aterrizaje"]
[{"$nulls":7},"78180105-Servicios de inspección de vehículos"]
[{"$nulls":7},"78180106-Servicios de reposición de vidrios de vehículos"]
[{"$nulls":7},"78180107-Reparación y mantenimiento de automóvil y de camiones ligeros"]
[{"$nulls":7},"78180108-Servicios de mantenimiento y reparación de camiones pesados"]
[{"$nulls":7},"78180109-Servicios de mantenimiento y reparación de bicicletas"]
[{"$nulls":7},"78180201-Servicios de pulsación de panel"]
[{"$nulls":7},"78180301-Aprovisionar vehículos de combustible"]
[{"$nulls":7},"78180302-Almacenamientos de transportes"]
[{"$nulls":7},"78180303-Servicios de aparcacoches"]
[{"$nulls":7},"80101501-Servicios de asesoramiento sobre la puesta en marcha de empresas nuevas"]
[{"$nulls":7},"80101502-Servicios de asesoramiento sobre fusiones de empresas"]
[{"$nulls":7},"80101503-Servicios de asesoramiento sobre liquidaciones o ventas de empresas"]
[{"$nulls":7},"80101504-Servicios de asesoramiento sobre planificación estratégica"]
[{"$nulls":7},"80101505-Desarrollo de políticas u objetivos empresariales"]
[{"$nulls":7},"80101506-Asesoramiento en estructuras organizacionales"]
[{"$nulls":7},"80101507-Servicios de asesoramiento sobre tecnologías de la información"]
[{"$nulls":7},"80101508-Servicios de asesoramiento sobre  inteligencia empresarial"]
[{"$nulls":7},"80101601-Estudios de factibilidad o selección de ideas de proyectos"]
[{"$nulls":7},"80101602-Estudios regionales o locales para proyectos"]
[{"$nulls":7},"80101603-Evaluación económica o financiera de proyectos"]
[{"$nulls":7},"80101604-Planificación o administración de proyectos"]
[{"$nulls":7},"80101701-Servicios de gestión de fábricas"]
[{"$nulls":7},"80101702-Estudios o implementación de productividad y eficacia"]
[{"$nulls":7},"80101703-Servicios de estandarización de especificaciones"]
[{"$nulls":7},"80101704-Análisis de cadenas de suministro o servicios de reingeniería"]
[{"$nulls":7},"80101705-Servicios de cooperativas o consorcios"]
[{"$nulls":7},"80101706-Servicios profesionales de adquisiciones"]
[{"$nulls":7},"80101707-Servicios de cabildeo"]
[{"$nulls":7},"80111501-Perfeccionamiento de la función de gestión"]
[{"$nulls":7},"80111502-Planificación de compensaciones o beneficios"]
[{"$nulls":7},"80111503-Relaciones laborales o con los sindicatos"]
[{"$nulls":7},"80111504-Formación o desarrollo laboral"]
[{"$nulls":7},"80111505-Auditorías de productividad de los recursos humanos"]
[{"$nulls":7},"80111506-Reubicación de personal"]
[{"$nulls":7},"80111507-Servicios de empleo en otros organismos"]
[{"$nulls":7},"80111508-Programas de reconocimiento de servicios"]
[{"$nulls":7},"80111601-Asistencia de oficina o administrativa temporal"]
[{"$nulls":7},"80111602-Necesidades de personal de mercadeo temporal"]
[{"$nulls":7},"80111603-Necesidades de dotación de personal de producción temporal"]
[{"$nulls":7},"80111604-Necesidades de dotación de personal técnico temporal"]
[{"$nulls":7},"80111605-Necesidades de dotación de personal financiero temporal"]
[{"$nulls":7},"80111606-Necesidades de dotación de personal medico temporal"]
[{"$nulls":7},"80111607-Necesidades de dotación de personal jurídico temporal"]
[{"$nulls":7},"80111608-Desarrolladores temporales de software de tecnologías de la información"]
[{"$nulls":7},"80111609-Administradores temporales de bases de datos o de sistemas de tecnologías de la información"]
[{"$nulls":7},"80111610-Especialistas en interconexión de tecnologías de la información temporales"]
[{"$nulls":7},"80111611-Personal  temporal  de almacén"]
[{"$nulls":7},"80111612-Conductores temporales"]
[{"$nulls":7},"80111613-Trabajadores manuales temporales"]
[{"$nulls":7},"80111614-Servicios temporales de ingeniería"]
[{"$nulls":7},"80111615-Personal maquinista temporal"]
[{"$nulls":7},"80111616-Personal temporal de servicio al cliente"]
[{"$nulls":7},"80111617-Servicios temporales de arquitectura"]
[{"$nulls":7},"80111618-Servicios temporales de construcción"]
[{"$nulls":7},"80111619-Servicios creativos temporales"]
[{"$nulls":7},"80111701-Servicios de contratación de personal"]
[{"$nulls":7},"80111702-Servicios de comprobación de referencias o antecedentes"]
[{"$nulls":7},"80111703-Servicios de preselección  de hojas de vida o currículum vitae"]
[{"$nulls":7},"80111704-Necesidades de personal de mercadeo permanente"]
[{"$nulls":7},"80111705-Personal maquinista permanente"]
[{"$nulls":7},"80111706-Asistencia administrativa o de oficina permanente"]
[{"$nulls":7},"80111707-Necesidades de dotación de personal técnico permanente"]
[{"$nulls":7},"80111708-Necesidades de dotación personal  financiero permanente"]
[{"$nulls":7},"80111709-Necesidades de personal médico permanente"]
[{"$nulls":7},"80111710-Necesidades de dotación de personal jurídico permanente"]
[{"$nulls":7},"80111711-Desarrolladores de software de tecnologías de la información permanentes"]
[{"$nulls":7},"80111712-Especialistas en redes de tecnologías de la información permanentes"]
[{"$nulls":7},"80111713-Administradores permanentes de bases de datos o de sistemas de tecnologías de la información"]
[{"$nulls":7},"80111714-Conductores permanentes"]
[{"$nulls":7},"80111715-Personal profesional permanente"]
[{"$nulls":7},"80111716-Necesidades de dotación de personal de tecnologías de la información permanente"]
[{"$nulls":7},"80111801-Contratistas de tecnología informática temporero"]
[{"$nulls":7},"80121501-Servicios legales de justicia juvenil o de adolescentes"]
[{"$nulls":7},"80121502-Servicios para procesos de apelación"]
[{"$nulls":7},"80121503-Servicios para defensa o de derecho penal"]
[{"$nulls":7},"80121601-Servicios legales sobre competencia o regulaciones gubernamentales"]
[{"$nulls":7},"80121602-Servicios legales de quiebra"]
[{"$nulls":7},"80121603-Derecho societario"]
[{"$nulls":7},"80121604-Derecho de patentes, marcas o derechos de autor"]
[{"$nulls":7},"80121605-Derecho sobre liquidación (de sociedades)"]
[{"$nulls":7},"80121606-Derecho inmobiliario"]
[{"$nulls":7},"80121607-Derecho tributario"]
[{"$nulls":7},"80121608-Derecho de fusiones o adquisiciones"]
[{"$nulls":7},"80121609-Servicios de investigación legal"]
[{"$nulls":7},"80121610-Servicios legales de cobro de deudas o cartera."]
[{"$nulls":7},"80121611-Derecho de reclamación por tratamiento médico."]
[{"$nulls":7},"80121701-Servicios legales de malpraxis o negligencia profesional"]
[{"$nulls":7},"80121702-Servicios legales sobre daños a personas"]
[{"$nulls":7},"80121703-Servicios legales de sobre la  propiedad"]
[{"$nulls":7},"80121704-Servicios legales sobre contratos"]
[{"$nulls":7},"80121705-Servicios legales sobre beneficios de los empleados"]
[{"$nulls":7},"80121706-Servicios legales sobre derecho laboral"]
[{"$nulls":7},"80121707-Servicios legales para disputas laborales"]
[{"$nulls":7},"80121801-Servicios sobre derecho de divorcio"]
[{"$nulls":7},"80121802-Servicios legales para adopción"]
[{"$nulls":7},"80121803-Derecho migratorio o de naturalización"]
[{"$nulls":7},"80121804-Servicios legales para tutorías o de custodia"]
[{"$nulls":7},"80131501-Arrendamiento de residencias"]
[{"$nulls":7},"80131502-Arrendamiento de instalaciones comerciales o industriales"]
[{"$nulls":7},"80131503-Arrendamientos de tierras"]
[{"$nulls":7},"80131504-Servicio de alojamiento temporal offshore"]
[{"$nulls":7},"80131505-Servicio de arrendamiento de oficinas portátiles o modulares"]
[{"$nulls":7},"80131506-Servicio de arrendamiento de baños portátiles"]
[{"$nulls":7},"80131601-Corredores o agentes inmobiliarios"]
[{"$nulls":7},"80131602-Subasta inmobiliaria"]
[{"$nulls":7},"80131603-Venta de tierras residenciales"]
[{"$nulls":7},"80131604-Venta de tierras comerciales o industriales"]
[{"$nulls":7},"80131605-Venta de edificio comercial"]
[{"$nulls":7},"80131701-Servicios para la restitución de títulos de propiedad"]
[{"$nulls":7},"80131702-Servicios de estudio de títulos"]
[{"$nulls":7},"80131703-Servicios de cuenta de depósito en garantía"]
[{"$nulls":7},"80131801-Administración de propiedades"]
[{"$nulls":7},"80131802-Servicios de avalúo de inmuebles"]
[{"$nulls":7},"80131803-Servicios de listado de inmuebles"]
[{"$nulls":7},"80141501-Análisis de mercados"]
[{"$nulls":7},"80141502-Estadísticas comerciales de distribución o de servicios"]
[{"$nulls":7},"80141503-Previsión de precios de las mercancías"]
[{"$nulls":7},"80141504-Preparación de estudios de mercado de mercancías"]
[{"$nulls":7},"80141505-Planes de comercialización"]
[{"$nulls":7},"80141506-Investigación de mercado s basada en internet"]
[{"$nulls":7},"80141507-Investigaciones  o clínicas o grupos focales basados en el consumidor"]
[{"$nulls":7},"80141508-Estudios de predicciones sindicados o privados"]
[{"$nulls":7},"80141509-Análisis competitivo o de inteligencia del mercado"]
[{"$nulls":7},"80141510-Encuestas telefónicas para investigaciones de mercado"]
[{"$nulls":7},"80141511-Encuestas impresas para investigaciones de mercado"]
[{"$nulls":7},"80141512-Encuestas para investigaciones de mercados en el lugar"]
[{"$nulls":7},"80141513-Entrevistas personales para investigaciones de mercado"]
[{"$nulls":7},"80141514-Encuestas por correo electrónico para la investigación de mercados"]
[{"$nulls":7},"80141601-Servicios de promoción de ventas"]
[{"$nulls":7},"80141602-Servicios de relaciones públicas"]
[{"$nulls":7},"80141603-Telemercadeo"]
[{"$nulls":7},"80141604-Servicios de posicionamiento del  nombre de los productos"]
[{"$nulls":7},"80141605-Mercancía promocional"]
[{"$nulls":7},"80141606-Cumplimiento del mercadeo directo"]
[{"$nulls":7},"80141607-Gestión de eventos"]
[{"$nulls":7},"80141609-Patrocinio de eventos o de celebridades"]
[{"$nulls":7},"80141610-Liquidaciones"]
[{"$nulls":7},"80141611-Servicios de personalización de obsequios o productos"]
[{"$nulls":7},"80141612-Programas de venta o de mercadeo"]
[{"$nulls":7},"80141613-Programas posventas"]
[{"$nulls":7},"80141614-Servicios o programas de relaciones públicas"]
[{"$nulls":7},"80141615-Vehículo usado, de alquiler o de exposición"]
[{"$nulls":7},"80141616-Materiales en puntos de venta, excluido el material impreso"]
[{"$nulls":7},"80141617-Capacitación en iniciativas estratégicas en los concesionarios"]
[{"$nulls":7},"80141618-Agencias de mercadeo  de venta, incluido el material impreso"]
[{"$nulls":7},"80141619-Servicios de administración del centro de relaciones con el consumidor (crc)"]
[{"$nulls":7},"80141620-Soporte de iniciativas estratégicas en los concesionarios"]
[{"$nulls":7},"80141621-Automovilismo"]
[{"$nulls":7},"80141622-Servicios de talleres postales"]
[{"$nulls":7},"80141701-Servicios de venta directa"]
[{"$nulls":7},"80141702-Servicios de distribución mayorista"]
[{"$nulls":7},"80141703-Servicios de distribución minorista"]
[{"$nulls":7},"80141704-Operaciones de franquicias"]
[{"$nulls":7},"80141705-Servicios de subastas"]
[{"$nulls":7},"80141801-Servicios de recopilación de listas de direcciones"]
[{"$nulls":7},"80141802-Servicio de administración de listas de direcciones"]
[{"$nulls":7},"80141803-Servicio de escritura de direcciones"]
[{"$nulls":7},"80141901-Ferias de automóviles u otras exposiciones"]
[{"$nulls":7},"80141902-Reuniones y eventos"]
[{"$nulls":7},"80141903-Talento o entretenimiento"]
[{"$nulls":7},"80151501-Servicios de proyeción o políticas de productos básicos"]
[{"$nulls":7},"80151502-Expansión comercial"]
[{"$nulls":7},"80151503-Servicios de información comercial"]
[{"$nulls":7},"80151504-Servicios de promoción comercial"]
[{"$nulls":7},"80151505-Empresas multinacionales de comercialización"]
[{"$nulls":7},"80151601-Desarrollo de las exportaciones"]
[{"$nulls":7},"80151602-Planificación de las importaciones"]
[{"$nulls":7},"80151603-Proyecciones de las exportaciones"]
[{"$nulls":7},"80151604-Servicios de adquisición de importaciones"]
[{"$nulls":7},"80161501-Servicios secretariales o de administración de oficinas"]
[{"$nulls":7},"80161502-Servicios de planificación de reuniones"]
[{"$nulls":7},"80161503-Servicios de entrada por teclado"]
[{"$nulls":7},"80161504-Servicios de oficina"]
[{"$nulls":7},"80161505-Servicios de administración de flotas"]
[{"$nulls":7},"80161506-Servicios de archivo de datos"]
[{"$nulls":7},"80161507-Servicios audiovisuales"]
[{"$nulls":7},"80161508-Servicios de destrucción de documentos"]
[{"$nulls":7},"80161601-Servicios de administración de la propiedad"]
[{"$nulls":7},"80161602-Servicios de recepción o inventariado"]
[{"$nulls":7},"80161603-Gestión o administración de proyectos de mobiliario"]
[{"$nulls":7},"81101501-Ingeniería de pozos"]
[{"$nulls":7},"81101502-Dibujo técnico"]
[{"$nulls":7},"81101503-Ingeniería de puertos"]
[{"$nulls":7},"81101505-Ingeniería estructural"]
[{"$nulls":7},"81101506-Arquitectura naval"]
[{"$nulls":7},"81101507-Ingeniería de represas"]
[{"$nulls":7},"81101508-Ingeniería arquitectónica"]
[{"$nulls":7},"81101509-Ingeniería aeroportuaria"]
[{"$nulls":7},"81101510-Ingeniería de carreteras"]
[{"$nulls":7},"81101511-Ingeniería ferroviaria"]
[{"$nulls":7},"81101512-Servicios de sistemas de información geográfica (sig)"]
[{"$nulls":7},"81101513-Gestión de construcción de edificios"]
[{"$nulls":7},"81101601-Dibujo mecánico"]
[{"$nulls":7},"81101602-Diseño de envolturas de productos mecánicos"]
[{"$nulls":7},"81101603-Diseño de máquinas herramientas"]
[{"$nulls":7},"81101604-Diseño de transmisión de potencia"]
[{"$nulls":7},"81101605-Servicios electromecánicos"]
[{"$nulls":7},"81101701-Servicios de ingeniería eléctrica"]
[{"$nulls":7},"81101702-Diseño de circuitos electrónicos"]
[{"$nulls":7},"81101703-Servicios de pruebas técnicas"]
[{"$nulls":7},"81101801-Ingeniería de plásticos"]
[{"$nulls":7},"81101902-Ingeniería de producción para petróleo o gas"]
[{"$nulls":7},"81102001-Minería hidráulica"]
[{"$nulls":7},"81102101-Ingeniería de costas"]
[{"$nulls":7},"81102201-Ingeniería de tráfico"]
[{"$nulls":7},"81102202-red de transporte urbano"]
[{"$nulls":7},"81102203-Vías de navegación interior"]
[{"$nulls":7},"81102301-Diseño de aviónica"]
[{"$nulls":7},"81111501-Diseño de aplicaciones de software de la unidad central"]
[{"$nulls":7},"81111502-Diseños de aplicaciones para computadores personales (pc)"]
[{"$nulls":7},"81111503-Diseño de integración de sistemas"]
[{"$nulls":7},"81111504-Servicios de programación de aplicaciones"]
[{"$nulls":7},"81111505-Servicios de programación de sistemas operativos"]
[{"$nulls":7},"81111506-Servicios de programación para clientes o servidores"]
[{"$nulls":7},"81111507-Servicios de programación de aplicaciones de bases de datos (erp)"]
[{"$nulls":7},"81111508-Servicios de implementación de aplicaciones"]
[{"$nulls":7},"81111509-Servicios de desarrollo de aplicaciones para clientes de internet / intranet"]
[{"$nulls":7},"81111510-Servicios de desarrollo de aplicaciones para servidores de internet / intranet"]
[{"$nulls":7},"81111511-Servicio de gestión de programación de sistemas o aplicaciones"]
[{"$nulls":7},"81111512-Servicio de gráficos por computadora"]
[{"$nulls":7},"81111513-Servicio de almacenamiento en la nube de Internet "]
[{"$nulls":7},"81111601-Programación para visual basic"]
[{"$nulls":7},"81111602-Programación para java"]
[{"$nulls":7},"81111603-Programación para html"]
[{"$nulls":7},"81111604-Programación para algol"]
[{"$nulls":7},"81111605-Programación para assembler"]
[{"$nulls":7},"81111606-Programación para basic"]
[{"$nulls":7},"81111607-Programación para c, c++"]
[{"$nulls":7},"81111608-Programación para cobol"]
[{"$nulls":7},"81111609-Programación para fortran"]
[{"$nulls":7},"81111610-Programación para pascal"]
[{"$nulls":7},"81111611-Programación para pl/1"]
[{"$nulls":7},"81111612-Lenguajes de programación o de marca patentada"]
[{"$nulls":7},"81111613-Programación para perl"]
[{"$nulls":7},"81111701-Diseño de comunicaciones por redes de cobertura amplia"]
[{"$nulls":7},"81111702-Diseño de comunicaciones por redes de área local"]
[{"$nulls":7},"81111703-Diseño del intercambio electrónico de datos (ied)"]
[{"$nulls":7},"81111704-Diseño de bases de datos"]
[{"$nulls":7},"81111705-Arquitectura de sistemas"]
[{"$nulls":7},"81111801-Seguridad de los computadores, redes o internet"]
[{"$nulls":7},"81111802-Servicios de administración de la unidad central"]
[{"$nulls":7},"81111803-Mantenimiento o soporte de redes de área local (lan)"]
[{"$nulls":7},"81111804-Mantenimiento o soporte de redes de cobertura amplia (wan)"]
[{"$nulls":7},"81111805-Mantenimiento o soporte de sistemas patentados o autorizados"]
[{"$nulls":7},"81111806-Servicio de análisis de bases de datos"]
[{"$nulls":7},"81111807-Almacenamiento de datos"]
[{"$nulls":7},"81111808-Servicio de análisis de sistemas"]
[{"$nulls":7},"81111809-Servicio de instalación de sistemas"]
[{"$nulls":7},"81111810-Servicios de codificación de software"]
[{"$nulls":7},"81111811-Servicios de soporte técnico o de mesa de ayuda"]
[{"$nulls":7},"81111812-Servicio de mantenimiento o soporte del hardware del computador"]
[{"$nulls":7},"81111814-Servicio de colocación"]
[{"$nulls":7},"81111818-Garantía de terceros"]
[{"$nulls":7},"81111901-Recuperación de información de las bases de datos"]
[{"$nulls":7},"81111902-Servicio de recuperación de información de las bases de datos en línea"]
[{"$nulls":7},"81112001-Servicio de procesamiento de datos en línea"]
[{"$nulls":7},"81112002-Servicios de procesamiento o preparación de datos"]
[{"$nulls":7},"81112003-Servicios de centros de datos"]
[{"$nulls":7},"81112004-Servicios de recuperación de desastres"]
[{"$nulls":7},"81112005-Servicio de escaneo de documentos"]
[{"$nulls":7},"81112006-servicios de almacenamiento de datos"]
[{"$nulls":7},"81112007-Servicios de estandarización de datos o contenidos"]
[{"$nulls":7},"81112008-Servicios de generación de originales de cd-rom"]
[{"$nulls":7},"81112009-Servicios de clasificación de datos o contenidos"]
[{"$nulls":7},"81112010-Servicio de conversión de datos"]
[{"$nulls":7},"81112101-Proveedores de servicio de internet (psi)"]
[{"$nulls":7},"81112102-Proveedor de servicio de correo electrónico"]
[{"$nulls":7},"81112103-Servicios de diseño de sitios web www"]
[{"$nulls":7},"81112104-Proveedores de motores de búsqueda en la web"]
[{"$nulls":7},"81112105-Servicios de hospedaje de operación de sitios web"]
[{"$nulls":7},"81112106-Proveedores de servicios de aplicación"]
[{"$nulls":7},"81112107-Nombres de los dominio de internet"]
[{"$nulls":7},"81112201-Tarifas de soporte o mantenimiento"]
[{"$nulls":7},"81112202-Actualizaciones o parches de software"]
[{"$nulls":7},"81121501-Análisis macroeconómico"]
[{"$nulls":7},"81121502-Análisis microeconómico"]
[{"$nulls":7},"81121503-Econometría"]
[{"$nulls":7},"81121504-Proyecciones económicas"]
[{"$nulls":7},"81121601-Política monetaria"]
[{"$nulls":7},"81121602-Sistemas monetarios"]
[{"$nulls":7},"81121603-Análisis monetario"]
[{"$nulls":7},"81121604-Liquidez monetaria"]
[{"$nulls":7},"81121605-Reservas de metales preciosos"]
[{"$nulls":7},"81121606-Control de cambio de divisas"]
[{"$nulls":7},"81121607-Mercados cambio de divisas"]
[{"$nulls":7},"81131501-Análisis de factores"]
[{"$nulls":7},"81131502-Análisis multivariate"]
[{"$nulls":7},"81131503-Análisis de regresión"]
[{"$nulls":7},"81131504-Encuestas por muestreo"]
[{"$nulls":7},"81131505-Análisis de series temporales"]
[{"$nulls":7},"81141501-Ensayo de materiales"]
[{"$nulls":7},"81141502-Síntesis de materiales"]
[{"$nulls":7},"81141503-Inspección de materiales o productos"]
[{"$nulls":7},"81141504-Reparación o calibración de pruebas de equipo"]
[{"$nulls":7},"81141505-Desarrollo de estándares de producción"]
[{"$nulls":7},"81141506-Ensayo de productos"]
[{"$nulls":7},"81141601-Logística"]
[{"$nulls":7},"81141602-Análisis de tránsito"]
[{"$nulls":7},"81141603-Economía o finanzas del transporte"]
[{"$nulls":7},"81141604-Facilitación del transporte"]
[{"$nulls":7},"81141605-Infraestructura del transporte"]
[{"$nulls":7},"81141606-Planificación del transporte"]
[{"$nulls":7},"81141701-Planificación de la producción"]
[{"$nulls":7},"81141702-Control de la producción"]
[{"$nulls":7},"81141703-Programación de la producción"]
[{"$nulls":7},"81141704-Servicios de análisis o recopilación de estadísticas de producción"]
[{"$nulls":7},"81141801-Análisis de riesgo o seguridad"]
[{"$nulls":7},"81141802-Higiene o ventilación industrial"]
[{"$nulls":7},"81141803-Control del ruido o de la acústica"]
[{"$nulls":7},"81141804-Servicio de inspección de equipos"]
[{"$nulls":7},"81141805-Servicio de inspección de edificios"]
[{"$nulls":7},"81141806-Servicios de inspección de líneas de energía eléctrica"]
[{"$nulls":7},"81141807-Servicios de inspección de plomería o alcantarillado"]
[{"$nulls":7},"81151501-Climatología"]
[{"$nulls":7},"81151502-Servicios meteorológicos"]
[{"$nulls":7},"81151503-Hidrometeorología"]
[{"$nulls":7},"81151601-Cartografía"]
[{"$nulls":7},"81151602-Producción de mapas"]
[{"$nulls":7},"81151603-Fotogrametría"]
[{"$nulls":7},"81151604-Agrimensura"]
[{"$nulls":7},"81151701-Fotogeología"]
[{"$nulls":7},"81151702-Geología estratigráfica"]
[{"$nulls":7},"81151703-Estudios geológicos"]
[{"$nulls":7},"81151704-Exploración geológica"]
[{"$nulls":7},"81151705-Servicios arqueológicos"]
[{"$nulls":7},"81151801-Estudio oceanográfico"]
[{"$nulls":7},"81151802-Oceanografía estuarina"]
[{"$nulls":7},"81151803-Oceanografía física"]
[{"$nulls":7},"81151804-Estudios hidrológicos"]
[{"$nulls":7},"81151805-Estudios batimétricos"]
[{"$nulls":7},"81151806-Exploración submarina"]
[{"$nulls":7},"81151901-Estudios geofísicos"]
[{"$nulls":7},"81151902-Exploración geofísica"]
[{"$nulls":7},"81151903-Interpretación de fotografía geofísica"]
[{"$nulls":7},"81151904-Geofísica aeromagnética"]
[{"$nulls":7},"82101501-Publicidad en vallas"]
[{"$nulls":7},"82101502-Publicidad en afiches"]
[{"$nulls":7},"82101503-Publicidad en revistas"]
[{"$nulls":7},"82101504-Publicidad en periódicos"]
[{"$nulls":7},"82101505-Publicidad en volantes o cupones"]
[{"$nulls":7},"82101506-Servicios de publicidad en transporte público"]
[{"$nulls":7},"82101507-Servicios de distribución o de publicidad o de boletines de sobre compras"]
[{"$nulls":7},"82101508-Publicidad en páginas amarillas o en directorios comerciales o de servicios"]
[{"$nulls":7},"82101601-Publicidad en radio"]
[{"$nulls":7},"82101602-Publicidad en televisión"]
[{"$nulls":7},"82101603-Publicidad en internet"]
[{"$nulls":7},"82101604-Publicidad en los cines"]
[{"$nulls":7},"82101701-Servicios de publicidad en pancartas"]
[{"$nulls":7},"82101702-Servicios de publicidad aérea"]
[{"$nulls":7},"82101801-Servicios de campañas publicitarias"]
[{"$nulls":7},"82101901-Inserción en radio"]
[{"$nulls":7},"82101902-Inserción en televisión"]
[{"$nulls":7},"82101903-Inserción en internet"]
[{"$nulls":7},"82101904-Inserción en cines"]
[{"$nulls":7},"82101905-Inserción en medios impresos"]
[{"$nulls":7},"82111501-Servicios de redacción  de instrucciones"]
[{"$nulls":7},"82111502-Servicios de redacción de manuales"]
[{"$nulls":7},"82111503-Redacción de artículos académicos o científicos"]
[{"$nulls":7},"82111601-Servicios de redacción de cartas"]
[{"$nulls":7},"82111602-Servicios de redacción del currículum vítae"]
[{"$nulls":7},"82111603-Servicios de informes de tribunales"]
[{"$nulls":7},"82111604-Servicios de transcripción"]
[{"$nulls":7},"82111701-Servicios de escritores de artículos"]
[{"$nulls":7},"82111702-Servicios de autores de libros"]
[{"$nulls":7},"82111703-Servicios de autores de poesía"]
[{"$nulls":7},"82111704-Escritura de textos publicitarios"]
[{"$nulls":7},"82111705-Escritura de discursos"]
[{"$nulls":7},"82111801-Servicios de edición"]
[{"$nulls":7},"82111802-Servicios de comprobación de hechos"]
[{"$nulls":7},"82111803-Servicios de corrección de pruebas"]
[{"$nulls":7},"82111804-Servicios de traducción escrita"]
[{"$nulls":7},"82111901-Servicios de comunicados de prensa"]
[{"$nulls":7},"82111902-Servicios de boletines informativos de interés especial"]
[{"$nulls":7},"82111903-Servicios telegráficos de agencias de noticias"]
[{"$nulls":7},"82111904-Servicios de entrega de periódicos o material publicitario"]
[{"$nulls":7},"82121501-Planificación  y trazados de producciones gráficas"]
[{"$nulls":7},"82121502-Tipografía"]
[{"$nulls":7},"82121503-Impresión digital"]
[{"$nulls":7},"82121504-Impresión tipográfica o por serigrafía"]
[{"$nulls":7},"82121505-Impresión promocional o publicitaria"]
[{"$nulls":7},"82121506-Impresión de publicaciones"]
[{"$nulls":7},"82121507-Impresión de papelería o formularios comerciales"]
[{"$nulls":7},"82121508-Impresión de envolturas, etiquetas, sellos o bolsas"]
[{"$nulls":7},"82121509-Impresión de valores o instrumentos financieros"]
[{"$nulls":7},"82121510-Impresión textil"]
[{"$nulls":7},"82121511-Impresión de hoja de instrucciones o manual técnico"]
[{"$nulls":7},"82121512-Impresión en relieve"]
[{"$nulls":7},"82121601-Grabado de monedas"]
[{"$nulls":7},"82121602-Impresión de rollo grabado"]
[{"$nulls":7},"82121603-Grabado de planchas metálicas"]
[{"$nulls":7},"82121701-Servicios de copias en blanco y negro o de cotejo"]
[{"$nulls":7},"82121702-Servicios de copias a color o de cotejo"]
[{"$nulls":7},"82121801-Publicación de libros de texto o de investigación"]
[{"$nulls":7},"82121802-Servicios de publicaciones financiadas por el autor"]
[{"$nulls":7},"82121901-Encuadernación en rústica"]
[{"$nulls":7},"82121902-Encuadernación espiral"]
[{"$nulls":7},"82121903-Encuadernación con pegante"]
[{"$nulls":7},"82121904-Encuadernación por carda o grapa"]
[{"$nulls":7},"82121905-Restauración o reparación de encuadernaciones"]
[{"$nulls":7},"82121906-Bronceado o dorado o ribeteado o bordeado"]
[{"$nulls":7},"82121907-Servicios de encuadernación en vitela"]
[{"$nulls":7},"82121908-Servicios de fabricación de maletas"]
[{"$nulls":7},"82131501-Elaboración o reproducción de película fija"]
[{"$nulls":7},"82131502-Elaboración o reproducción de películas de cine"]
[{"$nulls":7},"82131503-Servicios de microficha"]
[{"$nulls":7},"82131504-Separación de colores"]
[{"$nulls":7},"82131601-Servicios de fotografía aérea"]
[{"$nulls":7},"82131602-Cinematografía"]
[{"$nulls":7},"82131603-Servicios de producción de vídeos"]
[{"$nulls":7},"82131604-Servicios de estudio fotográfico  o fotos fijas"]
[{"$nulls":7},"82131605-Mantenimiento y reparación de cámaras fotográficas"]
[{"$nulls":7},"82141501-Servicios de redacción de gráficas y planes y trazados"]
[{"$nulls":7},"82141502-Diseño o gráficos artísticos"]
[{"$nulls":7},"82141503-Fotocomposición"]
[{"$nulls":7},"82141504-Servicios de diseño de gráficos o gráficas"]
[{"$nulls":7},"82141505-Servicios de diseño por computador"]
[{"$nulls":7},"82141506-Servicios de diseño de empaques"]
[{"$nulls":7},"82141507-Servicios de diseño de serigrafía"]
[{"$nulls":7},"82141601-Servicios fotográficos, de montaje o enmarcado"]
[{"$nulls":7},"82141602-Montaje de exposición de artículos"]
[{"$nulls":7},"82151501-Servicios de pintores"]
[{"$nulls":7},"82151502-Servicios de litógrafos"]
[{"$nulls":7},"82151503-Servicios de caricaturistas"]
[{"$nulls":7},"82151504-Servicios de escultores"]
[{"$nulls":7},"82151505-Servicios de fabricantes de cerámica"]
[{"$nulls":7},"82151506-Servicios de sopladores de vidrio"]
[{"$nulls":7},"82151507-Servicios de hiladoras, telares o tejedoras"]
[{"$nulls":7},"82151508-Servicios de taxidermia"]
[{"$nulls":7},"82151601-Servicios de entrenadores de animales"]
[{"$nulls":7},"82151602-Servicios de acróbatas"]
[{"$nulls":7},"82151603-Servicios de magos"]
[{"$nulls":7},"82151604-Servicios de payasos"]
[{"$nulls":7},"82151701-Servicios de actuación"]
[{"$nulls":7},"82151702-Servicios de comediantes"]
[{"$nulls":7},"82151703-Servicios de bailarines"]
[{"$nulls":7},"82151704-Servicios de músicos"]
[{"$nulls":7},"82151705-Servicios de vocalistas"]
[{"$nulls":7},"82151706-Servicios coreográficos"]
[{"$nulls":7},"83101501-Abastecimiento de agua"]
[{"$nulls":7},"83101502-Gestión de recursos hidráulicos"]
[{"$nulls":7},"83101503-Gestión de control de la calidad del agua"]
[{"$nulls":7},"83101504-Gestión de distribución del agua"]
[{"$nulls":7},"83101505-Servicios de asesoramiento de política hidráulica"]
[{"$nulls":7},"83101506-Servicios de tratamiento de aguas"]
[{"$nulls":7},"83101507-Servicios de desalinización"]
[{"$nulls":7},"83101508-Agua para la ciudad"]
[{"$nulls":7},"83101509-Agua para servicios"]
[{"$nulls":7},"83101510-Agua fría"]
[{"$nulls":7},"83101601-Suministro de gas natural"]
[{"$nulls":7},"83101602-Suministro de fuel-oil"]
[{"$nulls":7},"83101603-Servicios de oleoductos"]
[{"$nulls":7},"83101604-Servicios de gasoductos"]
[{"$nulls":7},"83101605-Carga de las instalaciones de gas"]
[{"$nulls":7},"83101801-Suministro de electricidad monofásica"]
[{"$nulls":7},"83101802-Suministro de electricidad bifásica"]
[{"$nulls":7},"83101803-Suministro de electricidad  trifásica"]
[{"$nulls":7},"83101804-Servicios de transmisión de energía eléctrica"]
[{"$nulls":7},"83101805-Distribución de energía eléctrica industrial"]
[{"$nulls":7},"83101806-Distribución de energía eléctrica rural"]
[{"$nulls":7},"83101807-Distribución de energía eléctrica municipal"]
[{"$nulls":7},"83101808-Monitoreo de la calidad de la energía"]
[{"$nulls":7},"83101901-Programas de conservación de energía"]
[{"$nulls":7},"83101902-Medidas de reducción de utilización de la energía"]
[{"$nulls":7},"83101903-Calefacción del distrito"]
[{"$nulls":7},"83102001-Sepulturar"]
[{"$nulls":7},"83111501-Servicio de telefonía local"]
[{"$nulls":7},"83111502-Servicios telefónicos de larga distancia"]
[{"$nulls":7},"83111503-Servicios de proveedores de teléfonos con pago"]
[{"$nulls":7},"83111504-Servicios de tarjetas telefónicas prepagadas"]
[{"$nulls":7},"83111505-Servicios de asistencia telefónica"]
[{"$nulls":7},"83111506-Servicios de conferencia telefónica"]
[{"$nulls":7},"83111507-Servicios de buró de central de llamadas (\"call center\")"]
[{"$nulls":7},"83111508-Servicios de llamar sin pago (hacia el interior)"]
[{"$nulls":7},"83111510-Servicio de respuesta de voz interactiva"]
[{"$nulls":7},"83111511-Servicio de telecomunicaciones de retransmisión en trama"]
[{"$nulls":7},"83111601-Servicios en la red para mejorar las señales de telecomunicaciones"]
[{"$nulls":7},"83111602-Servicios de sistemas de comunicación por satélite o terrestre"]
[{"$nulls":7},"83111603-Servicios de telefonía celular"]
[{"$nulls":7},"83111604-Servicios de radiobúsqueda"]
[{"$nulls":7},"83111605-Leasing de segmentos de espacio"]
[{"$nulls":7},"83111701-Servicios de transmisión por fax"]
[{"$nulls":7},"83111702-Servicios de transmisión telegráfica"]
[{"$nulls":7},"83111703-Servicios de transmisión por telex"]
[{"$nulls":7},"83111801-Servicios de televisión por cable"]
[{"$nulls":7},"83111802-Servicios de televisión por circuito cerrado"]
[{"$nulls":7},"83111803-Servicios de construcción o alquiler de antenas de televisión"]
[{"$nulls":7},"83111804-Administración de emisoras de televisión"]
[{"$nulls":7},"83111901-Administración de emisoras de radio"]
[{"$nulls":7},"83111902-Servicios o redes de radioaficionados"]
[{"$nulls":7},"83111903-Sistemas de radio de corto alcance"]
[{"$nulls":7},"83111904-Servicios de estudios o equipos radiofónicos"]
[{"$nulls":7},"83111905-Servicios bilaterales internacionales y líneas privadas internacionales arrendadas"]
[{"$nulls":7},"83112201-Servicios de red en modo de transferencia asíncrona (atm)"]
[{"$nulls":7},"83112202-Servicios de redes públicas de retransmisión de tramas"]
[{"$nulls":7},"83112203-Servicios de redes gestionadas por redes virtuales privadas (vpn)"]
[{"$nulls":7},"83112204-Servicios de redes manejadas  x75"]
[{"$nulls":7},"83112205-Servicios de redes manejadas x25"]
[{"$nulls":7},"83112301-Fibra oscura"]
[{"$nulls":7},"83112302-Multiplexado de división de la longitud de onda densa (dwdm)"]
[{"$nulls":7},"83112303-Multiplexado de división de onda (wdm)"]
[{"$nulls":7},"83112304-Servicios de transmisión óptica (ocx)"]
[{"$nulls":7},"83112401-Servicios de circuitos de conmutación automática de alta velocidad"]
[{"$nulls":7},"83112402-Servicios de redes digitales de servicios integrados (isdn)"]
[{"$nulls":7},"83112403-Circuitos de telecomunicaciones digitales punto a punto"]
[{"$nulls":7},"83112404-Circuitos de telecomunicaciones analógicas multipunto"]
[{"$nulls":7},"83112405-Circuitos de telecomunicaciones analógicas punto a punto"]
[{"$nulls":7},"83112406-Línea digital de abonado (dsl)"]
[{"$nulls":7},"83112501-Capacidad del cable submarino y capacidad pop a pop del cable submarino"]
[{"$nulls":7},"83112502-Capacidades de eje troncal terrestre"]
[{"$nulls":7},"83112503-Derechos de paso para el tránsito por sistemas de semicircuitos, procesamiento de datos distribuidos (ddp) y alquiler administrativo"]
[{"$nulls":7},"83112504-Derechos no defendibles (iru) de utilización de sistemas de cables submarinos o terrestres"]
[{"$nulls":7},"83112505-Funcionalidad de interconexión"]
[{"$nulls":7},"83112601-Capacidades de bucle local"]
[{"$nulls":7},"83112602-Líneas domésticas alquiladas"]
[{"$nulls":7},"83112603-Líneas de acceso internacional"]
[{"$nulls":7},"83112604-Servicios de acceso de discado"]
[{"$nulls":7},"83112605-Líneas internacionales externas"]
[{"$nulls":7},"83121501-Bibliotecas municipales para uso del público en general"]
[{"$nulls":7},"83121502-Bibliotecas de universidades o colleges"]
[{"$nulls":7},"83121503-Bibliotecas privadas"]
[{"$nulls":7},"83121504-Bibliotecas gubernamentales o militares nacionales"]
[{"$nulls":7},"83121601-Cámaras de comercio"]
[{"$nulls":7},"83121602-Servicios de juntas de turismo"]
[{"$nulls":7},"83121603-Sistemas de recuperación de la información computarizada"]
[{"$nulls":7},"83121604-Sistemas de recuperación de la información de la base de datos en línea"]
[{"$nulls":7},"83121605-Servicios de recuperación de información de la base de datos a distancia"]
[{"$nulls":7},"83121606-Localización de saltos"]
[{"$nulls":7},"83121701-Servicios relacionados con la televisión"]
[{"$nulls":7},"83121702-Servicios relacionados con la radio"]
[{"$nulls":7},"83121703-Servicios relacionados con el internet"]
[{"$nulls":7},"83121704-Sistemas de alerta ciudadana"]
[{"$nulls":7},"84101501-Asistencia financiera"]
[{"$nulls":7},"84101502-Programas de movilización de ahorros"]
[{"$nulls":7},"84101503-Acuerdos de garantía"]
[{"$nulls":7},"84101601-Cofinanciación"]
[{"$nulls":7},"84101602-Ayuda bilateral o multilateral"]
[{"$nulls":7},"84101603-Ayuda no gubernamental"]
[{"$nulls":7},"84101604-Ayuda gubernamental"]
[{"$nulls":7},"84101701-Negociación de la deuda"]
[{"$nulls":7},"84101702-Reorganización de la deuda"]
[{"$nulls":7},"84101703-Amortización de la deuda"]
[{"$nulls":7},"84101704-Servicios de cobro de la deuda"]
[{"$nulls":7},"84101705-Servicios de recuperación"]
[{"$nulls":7},"84111501-Servicio de contabilidad de costos"]
[{"$nulls":7},"84111502-Servicio de contabilidad financiera"]
[{"$nulls":7},"84111503-Servicio de contabilidad fiscal"]
[{"$nulls":7},"84111504-Servicios de  teneduría de libros"]
[{"$nulls":7},"84111505-Servicios de contabilidad de sueldos y salarios"]
[{"$nulls":7},"84111506-Servicios de facturación"]
[{"$nulls":7},"84111507-Servicio de contabilidad de inventario"]
[{"$nulls":7},"84111601-Auditorias de cierre del ejercicio"]
[{"$nulls":7},"84111602-Revisiones trimestrales"]
[{"$nulls":7},"84111603-Auditorias internas"]
[{"$nulls":7},"84111701-Servicios de tesorería"]
[{"$nulls":7},"84111702-Servicios o programas de relaciones de inversionistas"]
[{"$nulls":7},"84111703-Servicios de preparación o revisión de presupuestos"]
[{"$nulls":7},"84111801-Gestores fiscales"]
[{"$nulls":7},"84111802-Servicios de asesoría  fiscal"]
[{"$nulls":7},"84121501-Bancos privados"]
[{"$nulls":7},"84121502-Bancos públicos"]
[{"$nulls":7},"84121503-Cooperativas de crédito"]
[{"$nulls":7},"84121504-Instituciones financieras de fomento"]
[{"$nulls":7},"84121601-Servicios de compensación de fondos"]
[{"$nulls":7},"84121602-Servicios de cartas de crédito"]
[{"$nulls":7},"84121603-Servicios de cambio de divisas"]
[{"$nulls":7},"84121604-Servicios de transacción de divisas al contado"]
[{"$nulls":7},"84121605-Servicios de conversión de moneda"]
[{"$nulls":7},"84121606-Servicios de procesamiento de remesas"]
[{"$nulls":7},"84121607-Servicio financiero de alquiler de operaciones"]
[{"$nulls":7},"84121701-Asesores de inversiones"]
[{"$nulls":7},"84121702-Política de inversiones"]
[{"$nulls":7},"84121703-Análisis de inversiones"]
[{"$nulls":7},"84121704-Acuerdos de inversiones"]
[{"$nulls":7},"84121705-Datos del mercado"]
[{"$nulls":7},"84121801-Servicios de contratación bursátil"]
[{"$nulls":7},"84121802-Servicios de mercados de productos básicos o de futuros"]
[{"$nulls":7},"84121803-Bonos del estado"]
[{"$nulls":7},"84121804-Bonos emitidos por el sector privado"]
[{"$nulls":7},"84121805-Servicios de mercado de metales preciosos"]
[{"$nulls":7},"84121806-Servicios de custodia de valores"]
[{"$nulls":7},"84121901-Financiación de vivienda"]
[{"$nulls":7},"84121902-Servicios de refinanciación"]
[{"$nulls":7},"84121903-Financiación de hipotecas comerciales"]
[{"$nulls":7},"84122001-Servicios de verificación de depósitos"]
[{"$nulls":7},"84131501-Seguros de edificios o del contenido de edificios"]
[{"$nulls":7},"84131502-Seguros de propietarios de casa o rentistas"]
[{"$nulls":7},"84131503-Seguro de automóviles o camiones"]
[{"$nulls":7},"84131504-Seguros de carga"]
[{"$nulls":7},"84131505-Seguros marítimos"]
[{"$nulls":7},"84131506-Servicios de reaseguros"]
[{"$nulls":7},"84131507-Seguro de interrupción de los procesos de negocios"]
[{"$nulls":7},"84131508-Seguro de aportación de dinero durante el viaje"]
[{"$nulls":7},"84131509-Seguro completo de proyectos"]
[{"$nulls":7},"84131510-Seguro a todo riesgo para contratistas"]
[{"$nulls":7},"84131511-Seguro de deterioro de valores"]
[{"$nulls":7},"84131512-Seguro de equipos electrónicos"]
[{"$nulls":7},"84131513-Seguro a todo riesgo de levantamientos"]
[{"$nulls":7},"84131514-Seguro de garantía de fidelidad"]
[{"$nulls":7},"84131515-Seguro colectivo de joyeros"]
[{"$nulls":7},"84131516-Seguro de indemnización profesional"]
[{"$nulls":7},"84131517-Seguro de viaje"]
[{"$nulls":7},"84131601-Seguros de vida"]
[{"$nulls":7},"84131602-Seguros de asistencia médica y hospitalización"]
[{"$nulls":7},"84131603-Seguros de daños personales por accidente"]
[{"$nulls":7},"84131604-Seguro de invalidez"]
[{"$nulls":7},"84131605-Seguro de accidentes de trabajo"]
[{"$nulls":7},"84131606-Seguros de desempleo"]
[{"$nulls":7},"84131607-Seguro de responsabilidad civil"]
[{"$nulls":7},"84131608-Administración y revisión de reclamos médicos"]
[{"$nulls":7},"84131609-Programas de asistencia a empleados"]
[{"$nulls":7},"84131610-Cuentas de gasto flexible (fsa)"]
[{"$nulls":7},"84131701-Fondos de pensiones administrados por el empleador"]
[{"$nulls":7},"84131702-Fondos de pensiones administrados por sindicatos o gremios"]
[{"$nulls":7},"84131801-Fondos de pensiones autodirigidos o patrocinados por el empleador"]
[{"$nulls":7},"84131802-Planes de jubilación autodirigidos o de iniciativa propia"]
[{"$nulls":7},"84141501-Servicios de crédito agrícola"]
[{"$nulls":7},"84141502-Entidades de préstamos para la pequeña empresa"]
[{"$nulls":7},"84141503-Programas empresariales de propiedad minoritaria"]
[{"$nulls":7},"84141601-Servicios de recopilación o reporte de información para créditos al consumidor"]
[{"$nulls":7},"84141602-Proveedores de servicios de tarjetas de crédito"]
[{"$nulls":7},"84141701-Servicios de recopilación de información  o reporte para créditos empresariales"]
[{"$nulls":7},"84141702-Servicios de red de valor agregado (van)"]
[{"$nulls":7},"85101501-Servicios hospitalarios de emergencia o quirúrgicos"]
[{"$nulls":7},"85101502-Servicios clínicos especializados privados"]
[{"$nulls":7},"85101503-Servicios de consultorios médicos"]
[{"$nulls":7},"85101504-Servicios de hospitales siquiátricos"]
[{"$nulls":7},"85101505-Servicios respiratorios hospitalarios"]
[{"$nulls":7},"85101506-Servicios hospitalarios para el abuso de sustancias"]
[{"$nulls":7},"85101507-Centros asistenciales de urgencia"]
[{"$nulls":7},"85101508-Centros o servicios móviles de atención de salud"]
[{"$nulls":7},"85101509-Servicios hospitalarios ginecológicos u obstétricos"]
[{"$nulls":7},"85101601-Servicios de enfermería"]
[{"$nulls":7},"85101602-Servicios de obstetricia o de preparación para el parto"]
[{"$nulls":7},"85101603-Servicios de cuidados personal en instituciones especializadas"]
[{"$nulls":7},"85101604-Servicios de asistencia de personal médico"]
[{"$nulls":7},"85101605-Auxiliares de salud a domicilio"]
[{"$nulls":7},"85101701-Política de salud"]
[{"$nulls":7},"85101702-Legislación o regulaciones sobre salud"]
[{"$nulls":7},"85101703-Planificación de servicios médicos"]
[{"$nulls":7},"85101704-Economía de la salud"]
[{"$nulls":7},"85101705-Administración de salud pública"]
[{"$nulls":7},"85101706-Servicios tradicionales de la atención de salud"]
[{"$nulls":7},"85101707-Servicios de evaluación de sistemas de salud"]
[{"$nulls":7},"85111501-Servicios de prevención o control del sida"]
[{"$nulls":7},"85111502-Servicios de prevención o control de enfermedades parasitarias"]
[{"$nulls":7},"85111503-Servicios de prevención o control de enfermedades causadas por hongos"]
[{"$nulls":7},"85111504-Servicios de prevención o control de la tuberculosis"]
[{"$nulls":7},"85111505-Servicios de prevención o control de la lepra"]
[{"$nulls":7},"85111506-Servicios de prevención o control de enfermedades bacterianas"]
[{"$nulls":7},"85111507-Servicios de prevención o control de enfermedades de transmisión sexual"]
[{"$nulls":7},"85111508-Servicios de prevención o control de enfermedades virales"]
[{"$nulls":7},"85111509-Servicios de prevención o control de enfermedades zoonóticas"]
[{"$nulls":7},"85111510-Servicios de vacunación"]
[{"$nulls":7},"85111511-Servicios de cuarentena"]
[{"$nulls":7},"85111512-Servicios de inmunización"]
[{"$nulls":7},"85111513-Servicios de desinsectación"]
[{"$nulls":7},"85111514-Servicios de prevención o control de epidemias"]
[{"$nulls":7},"85111601-Servicios de prevención o control de enfermedades óseas"]
[{"$nulls":7},"85111602-Servicios de prevención o control de cáncer o leucemia"]
[{"$nulls":7},"85111603-Servicios de prevención o control de enfermedades endocrinas"]
[{"$nulls":7},"85111604-Servicios de prevención o control de enfermedades cardiovasculares"]
[{"$nulls":7},"85111605-Servicios de prevención o control inmunológico"]
[{"$nulls":7},"85111606-Servicios de prevención o control de alergias"]
[{"$nulls":7},"85111607-Servicios de prevención o control de trastornos neurológicos"]
[{"$nulls":7},"85111608-Servicios de prevención o control de enfermedades nutricionales"]
[{"$nulls":7},"85111609-Servicios de prevención o control de la enfermedad por radiación"]
[{"$nulls":7},"85111610-Servicios de prevención o control de enfermedades del sistema digestivo"]
[{"$nulls":7},"85111611-Servicios de prevención o control de enfermedades oculares"]
[{"$nulls":7},"85111612-Servicios de prevención o control de enfermedades respiratorias"]
[{"$nulls":7},"85111613-Servicios de prevención o control de enfermedades tropicales"]
[{"$nulls":7},"85111614-Servicios de prevención o control de enfermedades de la niñez"]
[{"$nulls":7},"85111615-Servicios de prevención o control de enfermedades diarreicas"]
[{"$nulls":7},"85111616-Servicios de prevención o control del alcoholismo"]
[{"$nulls":7},"85111617-Servicios de prevención o control de la drogadicción"]
[{"$nulls":7},"85111701-Servicios de manejo o control de garrapatas"]
[{"$nulls":7},"85111702-Servicios de manejo o control de la mosca tsé- tsé"]
[{"$nulls":7},"85111703-Servicios de manejo o control de bacterias"]
[{"$nulls":7},"85111704-Servicios de manejo o control de mosquitos"]
[{"$nulls":7},"85121501-Servicios de atención domiciliaria por médicos de atención primaria"]
[{"$nulls":7},"85121502-Servicios de consulta de médicos de atención primaria"]
[{"$nulls":7},"85121503-Servicios de control de médicos de atención primaria"]
[{"$nulls":7},"85121504-Servicios médicos de emergencia de médicos de atención primaria"]
[{"$nulls":7},"85121601-Servicios de ginecología y obstetricia"]
[{"$nulls":7},"85121602-Servicios de nefrología"]
[{"$nulls":7},"85121603-Servicios de cardiología"]
[{"$nulls":7},"85121604-Servicios de especialistas pulmonares"]
[{"$nulls":7},"85121605-Servicios de gastroenterólogos"]
[{"$nulls":7},"85121606-Servicios geriátricos"]
[{"$nulls":7},"85121607-Servicios de siquiatras"]
[{"$nulls":7},"85121608-Servicios de psicología"]
[{"$nulls":7},"85121609-Servicios de  cirugía"]
[{"$nulls":7},"85121610-Servicios de oftalmólogos"]
[{"$nulls":7},"85121611-Servicios de dermatología"]
[{"$nulls":7},"85121612-Servicios de ortopedia"]
[{"$nulls":7},"85121613-Servicios pediátricos"]
[{"$nulls":7},"85121614-Servicios de especialista del sistema nervioso"]
[{"$nulls":7},"85121701-Servicios de psicoterapeutas"]
[{"$nulls":7},"85121702-Servicios de optómetras"]
[{"$nulls":7},"85121703-Servicios de podiatras"]
[{"$nulls":7},"85121704-Servicios de logopedas"]
[{"$nulls":7},"85121705-Servicios de acupuntura"]
[{"$nulls":7},"85121706-Servicios quiroprácticos"]
[{"$nulls":7},"85121801-Servicios de laboratorios de análisis de sangre"]
[{"$nulls":7},"85121802-Servicios de laboratorios bacteriológicos"]
[{"$nulls":7},"85121803-Servicios de laboratorios biológicos"]
[{"$nulls":7},"85121804-Servicios de laboratorios patológicos"]
[{"$nulls":7},"85121805-Servicios de laboratorios de análisis de orina"]
[{"$nulls":7},"85121806-Servicios de laboratorios neurológicos"]
[{"$nulls":7},"85121807-Servicios de laboratorios de ultrasonido"]
[{"$nulls":7},"85121808-Servicios de laboratorios de rayos x"]
[{"$nulls":7},"85121809-Servicios de bancos de sangre, esperma u órganos de trasplante"]
[{"$nulls":7},"85121810-Detección de drogas o alcohol"]
[{"$nulls":7},"85121901-Servicios de preparación farmacéutica"]
[{"$nulls":7},"85121902-Servicios farmacéuticos comerciales"]
[{"$nulls":7},"85122001-Servicios de odontólogos"]
[{"$nulls":7},"85122002-Servicios de higienistas dentales"]
[{"$nulls":7},"85122003-Servicios de personal de apoyo odontológico"]
[{"$nulls":7},"85122004-Servicios de cirujanos orales"]
[{"$nulls":7},"85122005-Servicios de ortodoncia"]
[{"$nulls":7},"85122101-Servicios de fisioterapia"]
[{"$nulls":7},"85122102-Servicios de terapia ocupacional"]
[{"$nulls":7},"85122103-Servicios de rehabilitación para el abuso de sustancias"]
[{"$nulls":7},"85122104-Servicios de rehabilitación deportiva"]
[{"$nulls":7},"85122105-Servicios de trastornos alimenticios"]
[{"$nulls":7},"85122106-Servicios de lesiones cerebrales o de la médula espinal"]
[{"$nulls":7},"85122107-Servicios de rehabilitación para personas invidentes o con problemas de vista"]
[{"$nulls":7},"85122108-Terapia del habla o del lenguaje"]
[{"$nulls":7},"85122109-Servicios de rehabilitación para personas con discapacidades crónicas"]
[{"$nulls":7},"85122201-Valoración del estado de salud individual"]
[{"$nulls":7},"85131501-Servicios de trasplante de órganos"]
[{"$nulls":7},"85131502-Ensayos clínicos de medicamentos de uso humano"]
[{"$nulls":7},"85131503-Experimentación con animales"]
[{"$nulls":7},"85131504-Experimentación con humanos"]
[{"$nulls":7},"85131505-Experimentación espacial"]
[{"$nulls":7},"85131601-Temas relacionados con la eutanasia"]
[{"$nulls":7},"85131602-Código de conducta médica"]
[{"$nulls":7},"85131603-Sociedades médicas"]
[{"$nulls":7},"85131604-Servicios internacionales de monitoreo de medicamentos"]
[{"$nulls":7},"85131701-Servicios de investigación farmacéutica"]
[{"$nulls":7},"85131702-Servicios de investigación bacteriológica"]
[{"$nulls":7},"85131703-Servicios de investigación biomédica"]
[{"$nulls":7},"85131704-Servicios de investigación cardiológica"]
[{"$nulls":7},"85131705-Servicios de investigación anatómica"]
[{"$nulls":7},"85131706-Servicios de investigaciones patológicas"]
[{"$nulls":7},"85131707-Servicios de investigación embriológica"]
[{"$nulls":7},"85131708-Servicios de investigación epidemiológica"]
[{"$nulls":7},"85131709-Servicios de investigación genética"]
[{"$nulls":7},"85131710-Servicios de investigación inmunológica"]
[{"$nulls":7},"85131711-Servicios de investigación fisiológica"]
[{"$nulls":7},"85131712-Servicios de investigación toxicológica"]
[{"$nulls":7},"85131713-Servicios de investigación neurológica"]
[{"$nulls":7},"85141501-Servicios de hechiceros o vudús"]
[{"$nulls":7},"85141502-Servicios de curanderos"]
[{"$nulls":7},"85141503-Chamanes"]
[{"$nulls":7},"85141504-Trabajo con la energía"]
[{"$nulls":7},"85141601-Servicios de medicina herbolaria  o de herbolarios"]
[{"$nulls":7},"85141602-Curas médicas con algas o algas marinas"]
[{"$nulls":7},"85141603-Servicios de curas con fuentes termales"]
[{"$nulls":7},"85141701-Valoración del diagnóstico inicial"]
[{"$nulls":7},"85141702-Consultas de remedios"]
[{"$nulls":7},"85151501-Servicios de control de la higiene de los alimentos"]
[{"$nulls":7},"85151502-Servicios de control de la contaminación de alimentos"]
[{"$nulls":7},"85151503-Servicios de gestión o control de la conservación de los alimentos"]
[{"$nulls":7},"85151504-Servicios de asesoría o control en la preparación de alimentos"]
[{"$nulls":7},"85151505-Servicios de investigación alimentaria"]
[{"$nulls":7},"85151506-Estudios sobre alimentos o hábitos alimentarios"]
[{"$nulls":7},"85151507-Servicios de estándares de calidad o aditivos alimentarios"]
[{"$nulls":7},"85151508-Servicios de análisis de alimentos"]
[{"$nulls":7},"85151509-Servicios de legislación alimentaria"]
[{"$nulls":7},"85151601-Servicios de programación de la nutrición"]
[{"$nulls":7},"85151602-Política de lactancia materna  o alimentación con biberón"]
[{"$nulls":7},"85151603-Servicios de rehabilitación nutricional"]
[{"$nulls":7},"85151604-Evaluación de proyectos de nutrición"]
[{"$nulls":7},"85151605-Estrategias de desarrollo alimentario o nutricional"]
[{"$nulls":7},"85151606-Programas de control de deficiencias de la nutrición"]
[{"$nulls":7},"85151607-Control o programas de dietas"]
[{"$nulls":7},"85151701-Normas alimentarias"]
[{"$nulls":7},"85151702-Servicios de sistemas de información de ayuda alimentaria global o alerta anticipada"]
[{"$nulls":7},"85151703-Evaluación de las necesidades de alimentos de emergencia"]
[{"$nulls":7},"85151704-Política o programas nacionales de intervención alimentaria"]
[{"$nulls":7},"85151705-Evaluación del impacto nutricional de la ayuda alimentaria"]
[{"$nulls":7},"85161501-Mantenimiento o reparación de equipo médico mayor (capital)"]
[{"$nulls":7},"85161502-Mantenimiento o reparación de equipo médico menor"]
[{"$nulls":7},"86101501-Formación profesional para la agroindustria"]
[{"$nulls":7},"86101502-Formación profesional para la industria láctea"]
[{"$nulls":7},"86101503-Formación profesional para la industria cárnica"]
[{"$nulls":7},"86101504-Servicios de formación profesional agrícola"]
[{"$nulls":7},"86101505-Servicios de formación profesional para jóvenes rurales o granjeros"]
[{"$nulls":7},"86101506-Servicios de formación profesional forestal"]
[{"$nulls":7},"86101507-Servicios de formación profesional pesquera"]
[{"$nulls":7},"86101508-Servicios de formación profesional ambiental"]
[{"$nulls":7},"86101509-Servicios de formación profesional en recursos naturales"]
[{"$nulls":7},"86101601-Servicios de formación profesional en informática"]
[{"$nulls":7},"86101602-Servicios de formación profesional relacionada con la energía"]
[{"$nulls":7},"86101603-Servicios de formación  profesional  en química"]
[{"$nulls":7},"86101604-Servicios de formación  profesional en biología"]
[{"$nulls":7},"86101605-Servicios de formación  profesional médica"]
[{"$nulls":7},"86101606-Servicios de formación profesional en electrónica"]
[{"$nulls":7},"86101607-Servicios de formación profesional en telecomunicaciones"]
[{"$nulls":7},"86101608-Servicios de formación profesional en hidráulica"]
[{"$nulls":7},"86101609-Servicios de formación profesional industrial"]
[{"$nulls":7},"86101610-Servicios de formación profesional en ingeniería"]
[{"$nulls":7},"86101701-Servicios de formación profesional en comunicaciones"]
[{"$nulls":7},"86101702-Capacitación relacionada con el turismo"]
[{"$nulls":7},"86101703-Capacitación sobre bibliotecas o documentación"]
[{"$nulls":7},"86101704-Capacitación sobre cadenas de aprovisionamiento o suministro"]
[{"$nulls":7},"86101705-Capacitación administrativa"]
[{"$nulls":7},"86101706-Servicios de formación profesional en asistencia sanitaria"]
[{"$nulls":7},"86101707-Servicios de formación profesional sobre cuidado personal"]
[{"$nulls":7},"86101708-Servicios de alfabetización"]
[{"$nulls":7},"86101709-Servicios de capacitación en seguridad"]
[{"$nulls":7},"86101710-Servicios de formación pedagógica"]
[{"$nulls":7},"86101711-Servicios de capacitación sobre la lucha contra incendios"]
[{"$nulls":7},"86101712-Servicios de formación profesional en artesanías"]
[{"$nulls":7},"86101713-Servicios de formación profesional en derecho"]
[{"$nulls":7},"86101714-Servicios de formación profesional  en ejecución de la ley"]
[{"$nulls":7},"86101715-Servicios de formación profesional en transporte por carretera o ferrocarril"]
[{"$nulls":7},"86101716-Servicios de formación profesional en transporte marítimo"]
[{"$nulls":7},"86101801-Formación de recursos humanos para el sector bancario o financiero"]
[{"$nulls":7},"86101802-Servicios de capacitación en readiestramiento o repaso"]
[{"$nulls":7},"86101803-Servicios de rehabilitación vocacional"]
[{"$nulls":7},"86101804-Formación de recursos humanos para el sector  comercial"]
[{"$nulls":7},"86101805-Formación de recursos humanos para el sector  industrial"]
[{"$nulls":7},"86101806-Formación de recursos humanos para el sector de la salud"]
[{"$nulls":7},"86101807-Formación de recursos humanos para el sector de gestión"]
[{"$nulls":7},"86101808-Servicios de formación de recursos humanos para el sector  público"]
[{"$nulls":7},"86101809-Servicios de formación profesional de la marina mercante"]
[{"$nulls":7},"86111501-Servicios de orientación para el aprendizaje a distancia"]
[{"$nulls":7},"86111502-Servicios de enseñanza a distancia"]
[{"$nulls":7},"86111503-Servicios de aprendizaje diplomado a distancia"]
[{"$nulls":7},"86111504-Servicios de aprendizaje no diplomado a distancia"]
[{"$nulls":7},"86111505-Servicios de evaluación del aprendizaje a distancia"]
[{"$nulls":7},"86111601-Cursos nocturnos"]
[{"$nulls":7},"86111602-Servicios de educación de tiempo parcial para adultos"]
[{"$nulls":7},"86111603-Educación para padres"]
[{"$nulls":7},"86111604-Educación para empleados"]
[{"$nulls":7},"86111701-Enseñanza de idiomas extranjeros basada en la conversación"]
[{"$nulls":7},"86111702-Enseñanza de idiomas extranjeros por inmersión"]
[{"$nulls":7},"86111801-Intercambios educativos entre universidades"]
[{"$nulls":7},"86111802-Intercambios educativos entre escuelas"]
[{"$nulls":7},"86121501-Servicios educativos preescolares"]
[{"$nulls":7},"86121502-Escuelas religiosas de educación primaria o secundaria"]
[{"$nulls":7},"86121503-Escuelas privadas de educación primaria o secundaria"]
[{"$nulls":7},"86121504-Escuelas públicas de educación primaria o secundaria"]
[{"$nulls":7},"86121601-Universidades (colleges) comunitarias de dos años"]
[{"$nulls":7},"86121602-Institutos técnicos"]
[{"$nulls":7},"86121701-Programas de pregrado"]
[{"$nulls":7},"86121702-Programas de posgrado"]
[{"$nulls":7},"86121802-Seminarios teológicos"]
[{"$nulls":7},"86121803-Escuelas profesionales técnicas"]
[{"$nulls":7},"86121804-Escuelas profesionales no técnicas"]
[{"$nulls":7},"86131501-Estudios de teatro"]
[{"$nulls":7},"86131502-Pintura"]
[{"$nulls":7},"86131503-Esculturas"]
[{"$nulls":7},"86131504-Estudios de medios de comunicación"]
[{"$nulls":7},"86131601-Escuelas de música"]
[{"$nulls":7},"86131602-Educación en baile"]
[{"$nulls":7},"86131603-Estudios de arte dramático"]
[{"$nulls":7},"86131701-Servicios de escuelas de enseñanza automovilística"]
[{"$nulls":7},"86131702-Servicios de escuelas de aviación"]
[{"$nulls":7},"86131703-Servicios de escuelas náuticas de yates y veleros"]
[{"$nulls":7},"86131801-Academias de servicio"]
[{"$nulls":7},"86131802-Escuelas de pilotos"]
[{"$nulls":7},"86131803-Formación de policía militar"]
[{"$nulls":7},"86131804-Escuela de guerra"]
[{"$nulls":7},"86131901-Servicios de escolarización primaria para personas discapacitadas"]
[{"$nulls":7},"86131902-Servicios de escolarización secundaria para personas discapacitadas"]
[{"$nulls":7},"86131903-Escuelas especializadas para personas discapacitadas"]
[{"$nulls":7},"86131904-Servicios de rehabilitación especializados para personas discapacitadas"]
[{"$nulls":7},"86141501-Servicios de asesorías educativas"]
[{"$nulls":7},"86141502-Servicios de orientación para la cooperación universitaria"]
[{"$nulls":7},"86141503-Servicios de asesoría para estudios en el extranjero"]
[{"$nulls":7},"86141504-Programas de reembolso de matrículas"]
[{"$nulls":7},"86141601-Clubes de ocio para estudiantes"]
[{"$nulls":7},"86141602-Sindicatos de estudiantes"]
[{"$nulls":7},"86141603-Organizaciones para viajes de estudiantes"]
[{"$nulls":7},"86141701-Laboratorios de idiomas"]
[{"$nulls":7},"86141702-Tecnología audiovisual"]
[{"$nulls":7},"86141703-Instrucción programada asistida por computador"]
[{"$nulls":7},"86141704-Servicios de biblioteca o documentación"]
[{"$nulls":7},"90101501-Restaurantes"]
[{"$nulls":7},"90101502-Bares"]
[{"$nulls":7},"90101503-Establecimientos de comida rápida."]
[{"$nulls":7},"90101504-Vendedores callejeros de alimentos"]
[{"$nulls":7},"90101601-Instalaciones para banquetes"]
[{"$nulls":7},"90101602-Servicios de carpas para fiestas"]
[{"$nulls":7},"90101603-Servicios de cáterin"]
[{"$nulls":7},"90101604-Servicios de cáterin en la obra o lugar de trabajo"]
[{"$nulls":7},"90101605-Servicios de alimentación escolar"]
[{"$nulls":7},"90101701-Administración de cafeterías al pie de obra"]
[{"$nulls":7},"90101801-Comidas para llevar preparadas profesionalmente"]
[{"$nulls":7},"90101802-Servicios de comidas a domicilio"]
[{"$nulls":7},"90111501-Hoteles"]
[{"$nulls":7},"90111502-Posadas o centros turísticos"]
[{"$nulls":7},"90111503-Hospedajes de cama y desayuno"]
[{"$nulls":7},"90111504-Servicios de alquiler de cabañas"]
[{"$nulls":7},"90111601-Centros de conferencias"]
[{"$nulls":7},"90111602-Instalaciones para videoconferencias"]
[{"$nulls":7},"90111603-Salas de reuniones o banquetes"]
[{"$nulls":7},"90111604-Marquesinas"]
[{"$nulls":7},"90111701-Campin"]
[{"$nulls":7},"90111702-Parques nacionales"]
[{"$nulls":7},"90111703-Instalaciones de campin para vehículos recreativos"]
[{"$nulls":7},"90111801-Habitación sencilla"]
[{"$nulls":7},"90111802-Habitación doble"]
[{"$nulls":7},"90111803-Suite"]
[{"$nulls":7},"90121501-Servicios de organización de excursiones"]
[{"$nulls":7},"90121502-Agencias de viajes"]
[{"$nulls":7},"90121503-Servicios de fletamento"]
[{"$nulls":7},"90121601-Servicios de pasaportes"]
[{"$nulls":7},"90121602-Servicios de visas o de documentos complementarios"]
[{"$nulls":7},"90121701-Guías locales o de excursiones"]
[{"$nulls":7},"90121702-Intérpretes"]
[{"$nulls":7},"90131501-Actuaciones u obras teatrales"]
[{"$nulls":7},"90131502-Actuaciones de danza"]
[{"$nulls":7},"90131503-Ópera"]
[{"$nulls":7},"90131504-Conciertos"]
[{"$nulls":7},"90131601-Películas cinematográficas"]
[{"$nulls":7},"90131602-Entretenimiento grabado en video"]
[{"$nulls":7},"90141501-Juego de liga"]
[{"$nulls":7},"90141502-Eventos competitivos"]
[{"$nulls":7},"90141503-Exposiciones"]
[{"$nulls":7},"90141601-Eventos deportivos profesionales patrocinados por empresas"]
[{"$nulls":7},"90141602-Eventos deportivos aficionados patrocinados por empresas"]
[{"$nulls":7},"90141603-Servicios de promoción de eventos deportivos"]
[{"$nulls":7},"90141701-Ligas deportivas juveniles de competencias"]
[{"$nulls":7},"90141702-Ligas deportivas de adultos"]
[{"$nulls":7},"90141703-Deportes juveniles"]
[{"$nulls":7},"90151501-Museos"]
[{"$nulls":7},"90151502-Lugares históricos o culturales"]
[{"$nulls":7},"90151503-Parques zoológicos"]
[{"$nulls":7},"90151601-Circos"]
[{"$nulls":7},"90151602-Empresas de excursiones turísticas"]
[{"$nulls":7},"90151603-Exposiciones de arte"]
[{"$nulls":7},"90151701-Parques temáticos"]
[{"$nulls":7},"90151702-Parques acuáticos"]
[{"$nulls":7},"90151703-Campos de minigolf"]
[{"$nulls":7},"90151801-Carnavales ambulantes"]
[{"$nulls":7},"90151802-Servicios de organización o administración de ferias"]
[{"$nulls":7},"90151803-Construcción o creación de pabellones de feria"]
[{"$nulls":7},"90151901-Casinos"]
[{"$nulls":7},"90151902-Clubes de cartas"]
[{"$nulls":7},"90151903-Hipódromos"]
[{"$nulls":7},"90152001-Clubes nocturnos"]
[{"$nulls":7},"90152002-Salones de baile"]
[{"$nulls":7},"90152101-Servicios de asistencia personal"]
[{"$nulls":7},"91101501-Gimnasios o centros de salud"]
[{"$nulls":7},"91101502-Spas"]
[{"$nulls":7},"91101503-Servicios de masajes"]
[{"$nulls":7},"91101504-Clases de aeróbicos o ejercicios"]
[{"$nulls":7},"91101505-Baños turcos o de vapor o rituales"]
[{"$nulls":7},"91101601-Tratamientos faciales o corporales"]
[{"$nulls":7},"91101602-Consulta de maquillaje"]
[{"$nulls":7},"91101603-Servicios de tatuajes"]
[{"$nulls":7},"91101604-Servicios de pirsin corporal"]
[{"$nulls":7},"91101605-Electrólisis"]
[{"$nulls":7},"91101701-Servicios de corte y tinte de pelo"]
[{"$nulls":7},"91101702-Servicios de extensiones o reemplazo de cabello"]
[{"$nulls":7},"91101801-Alquiler de esmóquines o trajes de etiqueta"]
[{"$nulls":7},"91101802-Alquiler de vestidos o  trajes de noche o de novia"]
[{"$nulls":7},"91101803-Alquiler de disfraces"]
[{"$nulls":7},"91101901-Asesor de colores"]
[{"$nulls":7},"91101902-Estilista de moda"]
[{"$nulls":7},"91101903-Asesor de vestuario"]
[{"$nulls":7},"91111501-Alquiler de uniformes"]
[{"$nulls":7},"91111502-Servicios de lavandería"]
[{"$nulls":7},"91111503-Lavado en seco"]
[{"$nulls":7},"91111504-Lavandería de autoservicio operadas con monedas"]
[{"$nulls":7},"91111601-Servicios de ama de llaves"]
[{"$nulls":7},"91111602-Servicios de cuidado de patios o piscinas"]
[{"$nulls":7},"91111603-Servicios de cocina o preparación de comidas"]
[{"$nulls":7},"91111701-Servicios de envío de ropa usada"]
[{"$nulls":7},"91111702-Clubes o consorcios de trueque"]
[{"$nulls":7},"91111703-Servicios de compra de vestuario"]
[{"$nulls":7},"91111801-Servicios de valet"]
[{"$nulls":7},"91111802-Concesiones de guardarropía"]
[{"$nulls":7},"91111803-Alquiler de casilleros"]
[{"$nulls":7},"91111804-Almacenamiento de pieles"]
[{"$nulls":7},"91111901-Servicios de guardería para niños o bebés"]
[{"$nulls":7},"91111902-Servicios de niñera o cuidado de niños"]
[{"$nulls":7},"91111903-Servicios asistenciales diurnos para  ancianos"]
[{"$nulls":7},"91111904-Servicios de vivienda asistida"]
[{"$nulls":7},"92101501-Servicios de vigilancia"]
[{"$nulls":7},"92101502-Equipos de armas y tácticas especiales swat o equipos antidisturbios"]
[{"$nulls":7},"92101503-Programas de ayuda a la comunidad"]
[{"$nulls":7},"92101504-Programas para la disuasión de delitos"]
[{"$nulls":7},"92101601-Servicios contra incendios municipales o nacionales"]
[{"$nulls":7},"92101602-Servicios de cuerpos de bomberos voluntarios"]
[{"$nulls":7},"92101603-Servicios para la  prevención de incendios"]
[{"$nulls":7},"92101604-Servicios contra incendios en bosques o tierras vírgenes"]
[{"$nulls":7},"92101701-Servicios de cárcel o prisión o penitenciaría"]
[{"$nulls":7},"92101702-Servicios de campamentos o instalaciones para jóvenes"]
[{"$nulls":7},"92101703-Servicios de casas de paso"]
[{"$nulls":7},"92101704-Instalaciones penales para discapacitados mentales"]
[{"$nulls":7},"92101801-Servicios de comisario de policía"]
[{"$nulls":7},"92101802-Acuerdos de reducción de pena"]
[{"$nulls":7},"92101803-Costas o costos de procesos civiles"]
[{"$nulls":7},"92101804-Multas u honorarios de procesos penales"]
[{"$nulls":7},"92101805-Trámites de apelación o revisión judicial"]
[{"$nulls":7},"92101901-Equipos de búsqueda y salvamento"]
[{"$nulls":7},"92101902-Servicios de ambulancia"]
[{"$nulls":7},"92101903-Servicios de helicópteros de salvamento"]
[{"$nulls":7},"92101904-Servicios de salvavidas para piscina o playa"]
[{"$nulls":7},"92111501-Mediación o conciliación o negociación o resolución de disputas"]
[{"$nulls":7},"92111502-Operaciones de mantenimiento de la paz"]
[{"$nulls":7},"92111503-Acuerdos de cese del fuego o supervisión de treguas"]
[{"$nulls":7},"92111504-Misiones de investigación"]
[{"$nulls":7},"92111505-Estrategias de prevención de la guerra"]
[{"$nulls":7},"92111506-Contraterrorismo"]
[{"$nulls":7},"92111507-Embargos"]
[{"$nulls":7},"92111601-Limitación  de armamentos"]
[{"$nulls":7},"92111602-Desarme de armas convencionales"]
[{"$nulls":7},"92111603-Moratoria o desarme nuclear"]
[{"$nulls":7},"92111604-Destrucción de armas"]
[{"$nulls":7},"92111605-Negociaciones o acuerdos de desarme"]
[{"$nulls":7},"92111606-Reducción de fuerza mutua o equilibrada."]
[{"$nulls":7},"92111701-Historia militar"]
[{"$nulls":7},"92111702-Uso de armas convencionales"]
[{"$nulls":7},"92111703-Uso de armas químicas"]
[{"$nulls":7},"92111704-Guerra de guerrillas"]
[{"$nulls":7},"92111705-Estrategia militar"]
[{"$nulls":7},"92111706-Maniobras aéreas"]
[{"$nulls":7},"92111707-Maniobras navales o submarinas"]
[{"$nulls":7},"92111708-Maniobras terrestres"]
[{"$nulls":7},"92111801-Defensa civil"]
[{"$nulls":7},"92111802-Servicio militar obligatorio"]
[{"$nulls":7},"92111803-Servicio militar voluntario"]
[{"$nulls":7},"92111804-Reservistas militares"]
[{"$nulls":7},"92111805-Guerrillas"]
[{"$nulls":7},"92111806-Mercenarios"]
[{"$nulls":7},"92111807-Veteranos de guerra"]
[{"$nulls":7},"92111808-Tribunales militares"]
[{"$nulls":7},"92111809-Delitos militares"]
[{"$nulls":7},"92111810-Personal militar"]
[{"$nulls":7},"92111901-Seguridad nacional"]
[{"$nulls":7},"92111902-Contratos de defensa"]
[{"$nulls":7},"92111903-Política de no primer uso"]
[{"$nulls":7},"92111904-Carrera armamentista"]
[{"$nulls":7},"92111905-Relaciones militares"]
[{"$nulls":7},"92112001-Zonas desmilitarizadas"]
[{"$nulls":7},"92112002-Zonas libres de armas nucleares o químicas"]
[{"$nulls":7},"92112003-Zonas de paz"]
[{"$nulls":7},"92112004-Zonas de exclusión aérea"]
[{"$nulls":7},"92112101-Salvaguardias nucleares"]
[{"$nulls":7},"92112102-Ensayos de armas nucleares"]
[{"$nulls":7},"92112103-No proliferación nuclear"]
[{"$nulls":7},"92112201-Despliegue de armas"]
[{"$nulls":7},"92112202-Reconocimiento militar"]
[{"$nulls":7},"92112203-Transferencias de armamento"]
[{"$nulls":7},"92112204-Asistencia militar"]
[{"$nulls":7},"92112205-Retiradas de tropas"]
[{"$nulls":7},"92112206-Fuerzas de despliegue rápido"]
[{"$nulls":7},"92112207-Guerra ambiental"]
[{"$nulls":7},"92112301-Bases militares nacionales"]
[{"$nulls":7},"92112302-Bases militares extranjeras"]
[{"$nulls":7},"92112303-Bases navales"]
[{"$nulls":7},"92112401-Incidentes fronterizos"]
[{"$nulls":7},"92112402-Guerra limitada"]
[{"$nulls":7},"92112403-Guerra nuclear"]
[{"$nulls":7},"92112404-Guerra basada en el espacio"]
[{"$nulls":7},"92112405-Respuesta a ataques terroristas"]
[{"$nulls":7},"92121501-Servicios de coches blindados"]
[{"$nulls":7},"92121502-Servicios de protección contra robos"]
[{"$nulls":7},"92121503-Alquiler de perros guardianes"]
[{"$nulls":7},"92121504-Servicios de guardas de seguridad"]
[{"$nulls":7},"92121601-Agencias de detectives"]
[{"$nulls":7},"92121602-Servicios de huellas dactilares"]
[{"$nulls":7},"92121603-Servicios de detección de mentiras"]
[{"$nulls":7},"92121604-Servicios de investigación privada"]
[{"$nulls":7},"92121701-Vigilancia o mantenimiento o monitoreo de alarmas"]
[{"$nulls":7},"92121702-Mantenimiento o monitoreo de alarmas contra incendios"]
[{"$nulls":7},"92121703-Servicios antirrobo para  tiendas o empresas"]
[{"$nulls":7},"92121704-Mantenimiento o monitoreo de sistemas de vigilancia de confinamiento"]
[{"$nulls":7},"93101501-Servicios de representación de partidos políticos"]
[{"$nulls":7},"93101502-Servicios de recaudación de fondos de partidos políticos"]
[{"$nulls":7},"93101503-Servicios de aparición pública de partidos políticos"]
[{"$nulls":7},"93101504-Servicios de legislatura política"]
[{"$nulls":7},"93101505-Poder judicial político o servicios"]
[{"$nulls":7},"93101506-Poder ejecutivo político o servicios"]
[{"$nulls":7},"93101601-Servicios de funcionarios del gabinete"]
[{"$nulls":7},"93101602-Servicios de gobernadores"]
[{"$nulls":7},"93101603-Servicios de jefes de estado"]
[{"$nulls":7},"93101604-Servicios presidenciales"]
[{"$nulls":7},"93101605-Servicios de primeros ministros"]
[{"$nulls":7},"93101606-Servicios de monarcas"]
[{"$nulls":7},"93101607-Servicios de estadistas"]
[{"$nulls":7},"93101608-Servicios de miembros del parlamento"]
[{"$nulls":7},"93101701-Servicios del consejo nacional"]
[{"$nulls":7},"93101702-Estados corporativos"]
[{"$nulls":7},"93101703-Servicios de redacción de proyectos de ley"]
[{"$nulls":7},"93101704-Servicios de audiencias legislativas"]
[{"$nulls":7},"93101705-Servicios de inteligencia"]
[{"$nulls":7},"93101706-Servicios de legisladores"]
[{"$nulls":7},"93101707-Servicios de práctica parlamentaria"]
[{"$nulls":7},"93111501-Movimientos extremistas"]
[{"$nulls":7},"93111502-Movimientos pacifistas"]
[{"$nulls":7},"93111503-Movimientos de protesta"]
[{"$nulls":7},"93111504-Movimientos clandestinos"]
[{"$nulls":7},"93111505-Movimientos estudiantiles"]
[{"$nulls":7},"93111506-Movimientos campesinos"]
[{"$nulls":7},"93111507-Movimientos de oposición"]
[{"$nulls":7},"93111601-Representación política"]
[{"$nulls":7},"93111602-Participación política"]
[{"$nulls":7},"93111603-Representación proporcional"]
[{"$nulls":7},"93111604-Servicios de captación de votos"]
[{"$nulls":7},"93111605-Servicios de registro de votantes o conteo o análisis o escrutinio"]
[{"$nulls":7},"93111606-Servicios de participación o representación de grupos de presión"]
[{"$nulls":7},"93111607-Servicios de análisis de elecciones"]
[{"$nulls":7},"93111608-Servicios de organización de elecciones"]
[{"$nulls":7},"93121501-Servicios diplomáticos"]
[{"$nulls":7},"93121502-Servicios consulares"]
[{"$nulls":7},"93121503-Servicios de seguridad para diplomáticos"]
[{"$nulls":7},"93121504-Servicios de privilegios o inmunidad diplomática"]
[{"$nulls":7},"93121505-Servicios de inmunidad estatal"]
[{"$nulls":7},"93121506-Servicios de embajadas o embajadores"]
[{"$nulls":7},"93121507-Servicios de organización de visitas de estado"]
[{"$nulls":7},"93121508-Servicios de prescripción del derecho internacional"]
[{"$nulls":7},"93121509-Servicios de promoción o reconocimiento del derecho internacional"]
[{"$nulls":7},"93121601-Servicios de cooperación multilateral"]
[{"$nulls":7},"93121602-Servicios de cooperación militar"]
[{"$nulls":7},"93121603-Servicios de cooperación política"]
[{"$nulls":7},"93121604-Servicios de cooperación económica internacional"]
[{"$nulls":7},"93121605-Servicios de cooperación norte-sur"]
[{"$nulls":7},"93121606-Servicios de cooperación este-oeste"]
[{"$nulls":7},"93121607-Servicios de cooperación internacional"]
[{"$nulls":7},"93121608-Servicio de enlace con organizaciones no gubernamentales"]
[{"$nulls":7},"93121609-Cooperación de países no alineados"]
[{"$nulls":7},"93121610-Cooperación de países alineados"]
[{"$nulls":7},"93121611-Servicios de cooperación sobre delitos políticos"]
[{"$nulls":7},"93121612-Cooperación sobre tratados de paz"]
[{"$nulls":7},"93121613-Servicios de firma o adhesión o rectificación de tratados"]
[{"$nulls":7},"93121614-Servicios de cooperación internacional sobre cursos de agua"]
[{"$nulls":7},"93121615-Servicios de terceros de negociaciones o reclamaciones territoriales"]
[{"$nulls":7},"93121701-Servicios del sistema de las organizaciones"]
[{"$nulls":7},"93121702-Servicios del consejo de seguridad"]
[{"$nulls":7},"93121703-Servicios del consejo económico y social"]
[{"$nulls":7},"93121704-Servicios de la secretaría"]
[{"$nulls":7},"93121705-Servicios del consejo de administración fiduciaria"]
[{"$nulls":7},"93121706-Servicios de la asamblea general"]
[{"$nulls":7},"93121707-Servicios de la corte internacional de justicia"]
[{"$nulls":7},"93121708-Servicios de organizaciones políticas internacionales"]
[{"$nulls":7},"93121709-Servicios de organizaciones internacionales de beneficencia"]
[{"$nulls":7},"93121710-Servicios de organizaciones internacional de ayuda humanitaria"]
[{"$nulls":7},"93121711-Servicios de organizaciones internacionales de salud"]
[{"$nulls":7},"93131501-Servicios de protección de los derechos humanos"]
[{"$nulls":7},"93131502-Servicios de promoción de los derechos humanos"]
[{"$nulls":7},"93131503-Servicios de educación o divulgación de información sobre derechos humanos"]
[{"$nulls":7},"93131504-Servicios de asistencia de emergencia a refugiados"]
[{"$nulls":7},"93131505-Servicios de campos de refugiados"]
[{"$nulls":7},"93131506-Servicios de reasentamientos o repatriación de refugiados"]
[{"$nulls":7},"93131507-Servicios de asistencia a desplazados"]
[{"$nulls":7},"93131601-Programas de erradicación del hambre"]
[{"$nulls":7},"93131602-Servicios de suministro de alimentos de emergencia"]
[{"$nulls":7},"93131603-Servicios del programa mundial de alimentos"]
[{"$nulls":7},"93131604-Servicios de la organización para la alimentación y la agricultura"]
[{"$nulls":7},"93131605-Servicios del fondo común para los  productos básicos"]
[{"$nulls":7},"93131606-Servicios del fondo internacional para el desarrollo agrícola"]
[{"$nulls":7},"93131607-Servicios de distribución de alimentos"]
[{"$nulls":7},"93131608-Servicios de suministro de alimentos"]
[{"$nulls":7},"93131609-Políticas o programas de ayuda alimentaría"]
[{"$nulls":7},"93131610-Servicios de planificación de alimentos"]
[{"$nulls":7},"93131611-Servicios de seguridad alimentaria"]
[{"$nulls":7},"93131612-Administración de reservas alimentarias"]
[{"$nulls":7},"93131613-Servicios de control o  administración de excedentes o escasez de alimentos"]
[{"$nulls":7},"93131701-Campañas contra el tabaco"]
[{"$nulls":7},"93131702-Programas de sanidad"]
[{"$nulls":7},"93131703-Programas de investigación"]
[{"$nulls":7},"93131704-Servicios de prevención o control de enfermedades"]
[{"$nulls":7},"93131705-Programas de prevención o control de abuso de drogas"]
[{"$nulls":7},"93131801-Servicios de prevención de desastres"]
[{"$nulls":7},"93131802-Servicios de respuesta contra desastres"]
[{"$nulls":7},"93131803-Servicios de viviendas de emergencia"]
[{"$nulls":7},"93141501-Servicios de política social"]
[{"$nulls":7},"93141502-Servicios de legislación de seguridad social"]
[{"$nulls":7},"93141503-Servicios de planificación social"]
[{"$nulls":7},"93141504-Servicios de cuidado en hogares adoptivos u orfanatos"]
[{"$nulls":7},"93141505-Servicios de adopción"]
[{"$nulls":7},"93141506-Servicios de bienestar social"]
[{"$nulls":7},"93141507-Servicios de administración del trabajo social"]
[{"$nulls":7},"93141508-Gestión de servicios de voluntariado"]
[{"$nulls":7},"93141509-Servicios de análisis o gestión de problemas sociales"]
[{"$nulls":7},"93141510-Estudios de estructura sociales o servicios relacionados"]
[{"$nulls":7},"93141511-Estudios de grupos sociales o servicios relacionados"]
[{"$nulls":7},"93141512-Servicios de organizaciones o movimientos juveniles"]
[{"$nulls":7},"93141513-Servicios de legislación o justicia social"]
[{"$nulls":7},"93141514-Servicios socioculturales"]
[{"$nulls":7},"93141601-Servicios de censo de la población"]
[{"$nulls":7},"93141602-Servicios de estudios de muestras de población"]
[{"$nulls":7},"93141603-Servicios de notificación de nacimientos o control de natalidad"]
[{"$nulls":7},"93141604-Servicios de control de la población"]
[{"$nulls":7},"93141605-Servicios de tendencias o proyecciones de la población"]
[{"$nulls":7},"93141606-Servicios de estadísticas de natalidad"]
[{"$nulls":7},"93141607-Servicios de investigación o estadística matrimonial"]
[{"$nulls":7},"93141608-Servicios de distribución o análisis de la población"]
[{"$nulls":7},"93141609-Servicios de análisis de la composición de la población"]
[{"$nulls":7},"93141610-Estudios demográficos"]
[{"$nulls":7},"93141611-Análisis o servicios de inmigración"]
[{"$nulls":7},"93141612-Programas o servicios de planificación familiar"]
[{"$nulls":7},"93141613-Análisis de reproducción humana"]
[{"$nulls":7},"93141701-Organizaciones de eventos culturales"]
[{"$nulls":7},"93141702-Servicios de promoción cultural"]
[{"$nulls":7},"93141703-Servicios relacionados con el arte"]
[{"$nulls":7},"93141704-Servicios de composición de canciones"]
[{"$nulls":7},"93141705-Servicios de redacción literaria"]
[{"$nulls":7},"93141706-Servicios de protección de minorías"]
[{"$nulls":7},"93141707-Servicios de preservación o  promoción del patrimonio cultural"]
[{"$nulls":7},"93141708-Servicios de museos"]
[{"$nulls":7},"93141709-Servicios de política cultural"]
[{"$nulls":7},"93141710-Servicios de lenguas arcaicas o indígenas"]
[{"$nulls":7},"93141711-Servicios de promoción de artesanías tradicionales"]
[{"$nulls":7},"93141712-Servicios de protección de la propiedad intelectual o cultural"]
[{"$nulls":7},"93141713-Servicios de protección de sitios históricos o monumentos"]
[{"$nulls":7},"93141714-Mitología"]
[{"$nulls":7},"93141801-Servicios de promoción o planificación del empleo"]
[{"$nulls":7},"93141802-Servicios de reclutamiento"]
[{"$nulls":7},"93141803-Servicios de estándares laborales internacionales"]
[{"$nulls":7},"93141804-Servicios de registros laborales internacionales"]
[{"$nulls":7},"93141805-Servicios de desempleo"]
[{"$nulls":7},"93141806-Servicios de estadísticas o predicciones del empleo"]
[{"$nulls":7},"93141807-Acuerdos sobre horarios laborales"]
[{"$nulls":7},"93141808-Servicios de seguridad o salud ocupacional"]
[{"$nulls":7},"93141810-Servicios de perspectivas de desarrollo profesional"]
[{"$nulls":7},"93141811-Servicios de promoción"]
[{"$nulls":7},"93141812-Servicios de inspección laboral"]
[{"$nulls":7},"93141813-Servicios del consejo del trabajo"]
[{"$nulls":7},"93141814-Servicios laborales internacionales"]
[{"$nulls":7},"93141901-Servicios bancarios comerciales agrícolas"]
[{"$nulls":7},"93141902-Servicios de inversión rural"]
[{"$nulls":7},"93141903-Servicios de organización o gestión de instituciones agrícolas"]
[{"$nulls":7},"93141904-Servicios de cooperativas agrícolas o rurales"]
[{"$nulls":7},"93141905-Servicios de investigación agrícola"]
[{"$nulls":7},"93141906-Servicios de organizaciones de agricultores o campesinos"]
[{"$nulls":7},"93141907-Servicios de mujeres en la producción agrícola o desarrollo rural"]
[{"$nulls":7},"93141908-Servicios de reforma agraria o colonización"]
[{"$nulls":7},"93141909-Servicios de administración de la tierra"]
[{"$nulls":7},"93141910-Servicios para el desarrollo insular"]
[{"$nulls":7},"93142001-Servicios de planificación de la ordenación urbana"]
[{"$nulls":7},"93142002-Servicios de administración de tierras urbanas"]
[{"$nulls":7},"93142003-Servicios de programación de inversiones urbanas"]
[{"$nulls":7},"93142004-Servicios de reestructuración de  barrios marginales"]
[{"$nulls":7},"93142005-Servicios de alumbrado urbano"]
[{"$nulls":7},"93142006-Servicios de control o regulación del desarrollo urbano"]
[{"$nulls":7},"93142007-Servicios de estándares o regulación de edificios urbanos"]
[{"$nulls":7},"93142008-Servicios comunitarios urbanos"]
[{"$nulls":7},"93142009-Servicios de administración o gestión de proyectos o programas urbanos"]
[{"$nulls":7},"93142101-Servicios de planificación de desarrollo regional"]
[{"$nulls":7},"93142102-Servicios de cooperación económica"]
[{"$nulls":7},"93142103-Servicios de cooperación técnica"]
[{"$nulls":7},"93142104-Servicios de planificación sectorial"]
[{"$nulls":7},"93151501-Servicios financieros o de  gestión administrativa de empresas  públicas"]
[{"$nulls":7},"93151502-Servicios de sistemas de información o control de empresas públicas"]
[{"$nulls":7},"93151503-Programas de privatización"]
[{"$nulls":7},"93151504-Servicios de reforma administrativa"]
[{"$nulls":7},"93151505-Servicios de organismos administrativos"]
[{"$nulls":7},"93151506-Servicios de consejos económicos administrativos"]
[{"$nulls":7},"93151507-Procedimientos o servicios administrativos"]
[{"$nulls":7},"93151508-Servicios de departamentos gubernamentales"]
[{"$nulls":7},"93151509-Servicios gubernamentales de información"]
[{"$nulls":7},"93151510-Servicios recaudación de  impuestos o tasas administrativas"]
[{"$nulls":7},"93151511-Servicios de ratificación o implementación de leyes administrativas"]
[{"$nulls":7},"93151512-Servicios de instituciones públicas"]
[{"$nulls":7},"93151513-Servicios de sociedades anónimas públicas multinacionales"]
[{"$nulls":7},"93151514-Servicios de defensoría del pueblo (ombudsman)"]
[{"$nulls":7},"93151515-Servicios de planificación  nacional"]
[{"$nulls":7},"93151601-Servicios de preparación del presupuesto de programas"]
[{"$nulls":7},"93151602-Servicios gubernamentales de preparación del presupuesto"]
[{"$nulls":7},"93151603-Gestión presupuestal o de inversiones públicas"]
[{"$nulls":7},"93151604-Servicios de preparación del presupuesto de gastos militares"]
[{"$nulls":7},"93151605-Servicios financieros gubernamentales"]
[{"$nulls":7},"93151606-Servicios gubernamentales de contabilidad"]
[{"$nulls":7},"93151607-Servicios gubernamentales de auditoría"]
[{"$nulls":7},"93151608-Servicios bancarios gubernamentales o centrales"]
[{"$nulls":7},"93151609-Servicios de loterías"]
[{"$nulls":7},"93151610-Servicios de recaudación de impuestos"]
[{"$nulls":7},"93151611-Subsidios"]
[{"$nulls":7},"93151701-Monedas o acuñación"]
[{"$nulls":7},"93151702-Billetes nacionales"]
[{"$nulls":7},"93161501-Impuesto nacional sobre la renta"]
[{"$nulls":7},"93161502-Impuesto municipal sobre la renta"]
[{"$nulls":7},"93161503-Impuesto sobre el incremento de capital"]
[{"$nulls":7},"93161504-Impuesto sobre beneficios extraordinarios"]
[{"$nulls":7},"93161601-Impuesto sobre los bienes"]
[{"$nulls":7},"93161602-Impuesto sobre la tierra"]
[{"$nulls":7},"93161603-Impuesto al valor agregado (iva)"]
[{"$nulls":7},"93161604-Impuesto sobre nóminas"]
[{"$nulls":7},"93161605-Impuesto sobre las ventas"]
[{"$nulls":7},"93161606-Impuesto de seguridad social"]
[{"$nulls":7},"93161607-Impuesto a la sucesión o sobre transferencia de propiedad"]
[{"$nulls":7},"93161701-Recaudación de impuestos"]
[{"$nulls":7},"93161702-Incentivos tributarios"]
[{"$nulls":7},"93161703-Sistemas tributarios"]
[{"$nulls":7},"93161704-Administración de ingresos tributarios"]
[{"$nulls":7},"93161801-Reforma tributaria"]
[{"$nulls":7},"93161802-Política fiscal"]
[{"$nulls":7},"93161803-Investigación tributaria"]
[{"$nulls":7},"93161804-Crédito fiscal de inversión"]
[{"$nulls":7},"93161805-Deducciones tributarias"]
[{"$nulls":7},"93161806-Evasión fiscal"]
[{"$nulls":7},"93161807-Refugios o paraísos fiscales"]
[{"$nulls":7},"93161808-Declaración de renta"]
[{"$nulls":7},"93171501-Acuerdos comerciales"]
[{"$nulls":7},"93171502-Negociaciones comerciales"]
[{"$nulls":7},"93171503-Formulación de políticas nacionales de productos básicos"]
[{"$nulls":7},"93171504-Desarrollo de pequeñas industrias"]
[{"$nulls":7},"93171601-Acuerdos internacionales sobre productos básicos"]
[{"$nulls":7},"93171602-Política de exportación"]
[{"$nulls":7},"93171603-Políticas o procedimientos de comercio mundial"]
[{"$nulls":7},"93171604-Acuerdos comerciales bilaterales"]
[{"$nulls":7},"93171701-Convenciones aduaneras"]
[{"$nulls":7},"93171702-Trámites aduaneros"]
[{"$nulls":7},"93171703-Delitos aduaneros"]
[{"$nulls":7},"93171801-Proyecciones comerciales"]
[{"$nulls":7},"93171802-Proyecciones de la balanza comercial"]
[{"$nulls":7},"93171803-Estadísticas comerciales"]
[{"$nulls":7},"94101501-Asociaciones de la industria agrícola"]
[{"$nulls":7},"94101502-Asociaciones reguladoras"]
[{"$nulls":7},"94101503-Asociaciones empresariales sectoriales"]
[{"$nulls":7},"94101504-Asociaciones empresariales internacionales"]
[{"$nulls":7},"94101505-Asociaciones de empleadores"]
[{"$nulls":7},"94101601-Asociaciones de odontólogos"]
[{"$nulls":7},"94101602-Asociaciones de médicos"]
[{"$nulls":7},"94101603-Asociaciones de enfermeras"]
[{"$nulls":7},"94101604-Asociaciones de contadores"]
[{"$nulls":7},"94101605-Asociaciones de arquitectos"]
[{"$nulls":7},"94101606-Colegios de abogados"]
[{"$nulls":7},"94101607-Asociaciones educativas o de profesores"]
[{"$nulls":7},"94101608-Asociaciones de ingenieros"]
[{"$nulls":7},"94101609-Asociaciones científicas"]
[{"$nulls":7},"94101610-Juntas de revisión de estándares profesionales"]
[{"$nulls":7},"94101701-Clubes de ocio del personal"]
[{"$nulls":7},"94101702-Asociaciones deportivas del personal"]
[{"$nulls":7},"94101703-Asociaciones de personal femenino"]
[{"$nulls":7},"94101704-Asociaciones de personal pensionado"]
[{"$nulls":7},"94101705-Asociaciones de personal administrativo"]
[{"$nulls":7},"94101801-Sindicatos de obreros o trabajadores generales"]
[{"$nulls":7},"94101802-Servicios de activistas sindicales"]
[{"$nulls":7},"94101803-Servicios sindicales de información"]
[{"$nulls":7},"94101804-Sindicatos de transportadores"]
[{"$nulls":7},"94101805-Sindicatos de profesores"]
[{"$nulls":7},"94101806-Sindicatos de personal médico"]
[{"$nulls":7},"94101807-Sindicatos de empleadores"]
[{"$nulls":7},"94101808-Sindicatos de funcionarios"]
[{"$nulls":7},"94101809-Sindicatos de servicios de asistencia personal"]
[{"$nulls":7},"94101810-Sindicatos de aviación"]
[{"$nulls":7},"94111701-Residencias religiosas privadas"]
[{"$nulls":7},"94111702-Residencias de comunidades religiosas"]
[{"$nulls":7},"94111703-Residencias para retiros religiosos"]
[{"$nulls":7},"94111704-Residencias religiosas temporales"]
[{"$nulls":7},"94111801-Organizaciones o servicios de peregrinaje a la meca"]
[{"$nulls":7},"94111802-Organizaciones o servicios de peregrinaje al vaticano"]
[{"$nulls":7},"94111803-Servicios de asistencia para viajes de peregrinaje"]
[{"$nulls":7},"94111804-Servicios de operadores turísticos de peregrinaje"]
[{"$nulls":7},"94111901-Servicios de órdenes religiosas"]
[{"$nulls":7},"94111902-Servicios de misioneros evangélicos"]
[{"$nulls":7},"94111903-Servicios misioneros educativos"]
[{"$nulls":7},"94112001-Servicios relacionados con el hinduismo"]
[{"$nulls":7},"94112002-Servicios relacionados con el budismo"]
[{"$nulls":7},"94112003-Servicios relacionados con el cristianismo"]
[{"$nulls":7},"94112004-Servicios relacionados con el islamismo"]
[{"$nulls":7},"94112005-Servicios relacionados con el judaísmo"]
[{"$nulls":7},"94121501-Clubes de deportes en hielo"]
[{"$nulls":7},"94121502-Clubes deportivos de vela o natación"]
[{"$nulls":7},"94121503-Clubes deportivos de caza o tiro"]
[{"$nulls":7},"94121504-Clubes deportivos de campos al aire libre"]
[{"$nulls":7},"94121505-Clubes deportivos de canchas cubiertas o al aire libre"]
[{"$nulls":7},"94121506-Clubes deportivos de invierno"]
[{"$nulls":7},"94121507-Clubes deportivos de playa o acuáticos"]
[{"$nulls":7},"94121508-Clubes deportivos de ciclismo"]
[{"$nulls":7},"94121509-Clubes deportivos de montañismo"]
[{"$nulls":7},"94121510-Clubes deportivos de carreras"]
[{"$nulls":7},"94121511-Clubes deportivos de vuelo"]
[{"$nulls":7},"94121512-Clubes deportivos profesionales o semiprofesionales"]
[{"$nulls":7},"94121513-Servicios de operadores de eventos en estadios"]
[{"$nulls":7},"94121514-Servicios de promotores o directores técnicos de clubes deportivos"]
[{"$nulls":7},"94121601-Clubes de aficionados a los juegos de cartas"]
[{"$nulls":7},"94121602-Clubes de artesanías"]
[{"$nulls":7},"94121603-Clubes de aficionados a la poesía o la literatura"]
[{"$nulls":7},"94121604-Clubes de aficionados a la cocina"]
[{"$nulls":7},"94121605-Clubes de aficionados a la jardinería"]
[{"$nulls":7},"94121606-Club de aficionados al coleccionismo"]
[{"$nulls":7},"94121607-Club de exploradores (scouts)"]
[{"$nulls":7},"94121701-Clubes o servicios para aficionados al teatro"]
[{"$nulls":7},"94121702-Clubes o servicios para aficionados a la música"]
[{"$nulls":7},"94121703-Clubes o servicios para aficionados al baile a la danza"]
[{"$nulls":7},"94121704-Clubes o servicios para aficionados a las bellas artes"]
[{"$nulls":7},"94121801-Clubes juveniles"]
[{"$nulls":7},"94121802-Clubes para la tercera edad"]
[{"$nulls":7},"94121803-Clubes para reuniones sociales"]
[{"$nulls":7},"94121804-Clubes sociales para personas discapacitadas"]
[{"$nulls":7},"94121805-Clubes sociales para veteranos de guerra"]
[{"$nulls":7},"94131501-Servicios ambientales no gubernamentales"]
[{"$nulls":7},"94131502-Servicios no gubernamentales de ayuda de emergencia"]
[{"$nulls":7},"94131503-Servicios no gubernamentales de asistencia técnica"]
[{"$nulls":7},"94131504-Servicios no gubernamentales de ayuda al desarrollo"]
[{"$nulls":7},"94131601-Servicios de albergue de organizaciones de beneficencia"]
[{"$nulls":7},"94131602-Servicios de socorro alimentario"]
[{"$nulls":7},"94131603-Servicios de asistencia legal"]
[{"$nulls":7},"94131604-Servicios de movilización de recursos"]
[{"$nulls":7},"94131605-Servicios de asistencia de ayuda internacional"]
[{"$nulls":7},"94131606-Servicios de orfanatos o adopción"]
[{"$nulls":7},"94131607-Organizaciones de asistencia a los adultos mayores"]
[{"$nulls":7},"94131608-Organizaciones de asistencia a presos"]
[{"$nulls":7},"94131701-Asociaciones ecologistas radicales"]
[{"$nulls":7},"94131702-Asociaciones ecofeministas"]
[{"$nulls":7},"94131703-Organizaciones políticas ecológicas"]
[{"$nulls":7},"94131704-Movimientos o servicios de activistas ecológicos"]
[{"$nulls":7},"94131801-Movimientos de homosexuales, lesbianas, bisexuales o transexuales"]
[{"$nulls":7},"94131802-Movimientos antirracistas"]
[{"$nulls":7},"94131803-Movimientos para la  liberación femenina"]
[{"$nulls":7},"94131804-Asociaciones fraternales"]
[{"$nulls":7},"94131805-Servicios de preservación cultural de las minorías étnicas"]
[{"$nulls":7},"94131901-Movimientos para la liberación de animales"]
[{"$nulls":7},"94131902-Asociaciones para la protección de las especies en peligro de extinción"]
[{"$nulls":7},"94131903-Asociaciones para la protección de animales amenazados"]
[{"$nulls":7},"94132001-Servicios de defensa de los derechos de los niños"]
[{"$nulls":7},"94132002-Servicios de defensa de los presos"]
[{"$nulls":7},"94132003-Asociaciones para la defensa de la tortura física o mental"]
[{"$nulls":7},"94132004-Asociaciones para la defensa de la libertad de expresión"]
[{"$nulls":7},"94132005-Asociaciones de defensa del derecho de voto"]

{"sheet":"Cuenta Presupuestaria","index":2,"n_rows":19689,"n_cols":3,"rows_kept":19689,"hidden":true,"flags":["formulas_cached_only"]}
["MATERIAL","DESCRIPCIÓN EN ESPAÑOL","CUENTA_PRESUPUESTARIA"]
[10000000,"Material  vivo  vegetal  y  animal,  accesorios  y  suministros ","NO DISPONIBLE"]
[10100000,"Animales  vivos ","NO DISPONIBLE"]
[10101500,"Animales  de  granja ","NO DISPONIBLE"]
[10101501,"Gatos","2.6.7.7.01"]
[10101502,"Perros","2.6.7.7.01"]
[10101504,"Visón","2.6.7.7.01"]
[10101505,"Ratas","2.6.7.7.01"]
[10101506,"Caballos","2.6.7.6.01"]
[10101507,"Ovejas","2.6.7.4.01"]
[10101508,"Cabras","2.6.7.4.01"]
[10101509,"Asnos","2.6.7.6.01"]
[10101510,"Ratones","2.6.7.7.01"]
[10101511,"Cerdos","2.6.7.2.01"]
[10101512,"Conejos","2.6.7.7.01"]
[10101513,"Cobayas o conejillos de indias","2.6.7.7.01"]
[10101514,"Primates","2.6.7.7.01"]
[10101515,"Armadillos","2.6.7.7.01"]
[10101516,"Ganado vacuno","2.6.7.1.01"]
[10101517,"Camellos","2.6.7.7.01"]
[10101600,"Pájaros y aves de corral","NO DISPONIBLE"]
[10101601,"Pollos vivos","2.6.7.3.01"]
[10101602,"Patos vivos","2.6.7.3.01"]
[10101603,"Pavos vivos","2.6.7.3.01"]
[10101604,"Gansos vivos","2.6.7.3.01"]
[10101605,"Faisanes vivos","2.6.7.3.01"]
[10101700,"Peces","NO DISPONIBLE"]
[10101701,"Salmón vivos","2.6.7.5.01"]
[10101702,"Trucha viva","2.6.7.5.01"]
[10101703,"Tilapia viva","2.6.7.5.01"]
[10101704,"Carpa viva","2.6.7.5.01"]
[10101705,"Anguilas vivas","2.6.7.5.01"]
[10101800,"Mariscos e invertebrados acuáticos","NO DISPONIBLE"]
[10101801,"Camarón vivo","2.6.7.5.01"]
[10101802,"Almejas vivas","2.6.7.5.01"]
[10101803,"Mejillones vivos","2.6.7.5.01"]
[10101804,"Ostras vivas","2.6.7.5.01"]
[10101805,"Cangrejos vivos","2.6.7.5.01"]
[10101806,"Abulones vivos","2.6.7.5.01"]
[10101807,"Pulpo vivo","2.6.7.5.01"]
[10101808,"Calamar vivo","2.6.7.5.01"]
[10101900,"Insectos","NO DISPONIBLE"]
[10101901,"Mariposas","2.6.7.7.01"]
[10101902,"Escarabajos","2.6.7.7.01"]
[10101903,"Abejas","2.6.7.7.01"]
[10101904,"Gusanos de seda","2.6.7.7.01"]
[10102000,"Animales salvajes","NO DISPONIBLE"]
[10102001,"Elefantes","2.6.7.7.01"]
[10102002,"Zorros vivos","2.6.7.7.01"]
[10110000,"Productos  para  animales  domesticos ","NO DISPONIBLE"]
[10111300,"Tratamientos  para  los  animales  domesticos  y  accesorios  y  equipo ","NO DISPONIBLE"]
[10111301,"Juguetes para mascotas","2.3.9.7.01"]
[10111302,"Productos para el aseo y cuidado de mascotas","2.3.9.7.01"]
[10111303,"Equipo para el manejo de desperdicios de las mascotas","2.3.9.7.01"]
[10111304,"Tazones o equipo para alimentación de mascotas","2.3.9.7.01"]
[10111305,"Tratamientos medicados para mascotas","2.3.4.2.01"]
[10111306,"Kits para el entrenamiento de mascotas domésticas","2.3.9.7.01"]
[10111307,"Cobijas para mascotas","2.3.9.7.01"]
[10120000,"Comida  de  animales ","NO DISPONIBLE"]
[10121500,"Pienso  para  ganado ","NO DISPONIBLE"]
[10121501,"Salvado de trigo puro","2.3.1.2.01"]
[10121502,"Avena para forraje","2.3.1.2.01"]
[10121503,"Maíz para forraje","2.3.1.2.01"]
[10121504,"Sorgo para forraje","2.3.1.2.01"]
[10121505,"Heno","2.3.1.2.01"]
[10121506,"Tortas oleaginosas","2.3.1.2.01"]
[10121600,"Alimento para pájaros y aves de corral","NO DISPONIBLE"]
[10121601,"Alimento vivo para aves","2.3.1.2.01"]
[10121602,"Alpiste","2.3.1.2.01"]
[10121603,"Pasa bocas o comida recreacional para aves","2.3.1.2.01"]
[10121604,"Alimento avícola","2.3.1.2.01"]
[10121700,"Alimento para peces","NO DISPONIBLE"]
[10121701,"Salmuera fresca o congelada","2.3.1.2.01"]
[10121702,"Alimento granulado para peces","2.3.1.2.01"]
[10121703,"Alimento en hojuelas para peces","2.3.1.2.01"]
[10121800,"Alimento para perros y gatos","NO DISPONIBLE"]
[10121801,"Comida seca para perros","2.3.1.2.01"]
[10121802,"Comida seca para perros","2.3.1.2.01"]
[10121803,"Leche para perros o gatos","2.3.1.2.01"]
[10121804,"Comida seca para gatos","2.3.1.2.01"]
[10121805,"Comida húmeda para gatos","2.3.1.2.01"]
[10121806,"Pasa bocas o comida recreacional para gatos o perros","2.3.1.2.01"]
[10121900,"Alimento para roedores","NO DISPONIBLE"]
[10121901,"Comida granulada para roedores","2.3.1.2.01"]
[10122000,"Alimento para reptiles","NO DISPONIBLE"]
[10122001,"Comida granulada para reptiles","2.3.1.2.01"]
[10122002,"Comida húmeda para reptiles","2.3.1.2.01"]
[10122003,"Comida viva para reptiles","2.3.1.2.01"]
[10122100,"Comida para animales variados","NO DISPONIBLE"]
[10122101,"Comida para cerdos","2.3.1.2.01"]
[10122102,"Comida para visones","2.3.1.2.01"]
[10122103,"Comida para monos","2.3.1.2.01"]
[10130000,"Recipientes  y  habitat  para  animales ","NO DISPONIBLE"]
[10131500,"Cobertizos  para  animales ","NO DISPONIBLE"]
[10131506,"Establos para ganado","2.7.1.2.01"]
[10131507,"Casas para mascotas domesticadas","2.3.9.7.01"]
[10131508,"Camas para mascotas","2.3.9.7.01"]
[10131600,"Recipientes para animales","NO DISPONIBLE"]
[10131601,"Jaulas o sus accesorios","2.3.9.7.01"]
[10131602,"Perreras","2.6.9.2.01"]
[10131603,"Equipaje para el transporte de animales","2.3.9.7.01"]
[10131604,"Correas para perros","2.3.9.7.01"]
[10131700,"Hábitat para animales","NO DISPONIBLE"]
[10131701,"Terrarios","2.6.9.2.01"]
[10131702,"Acuarios","2.7.1.2.01"]
[10140000,"Productos  de  talabarteria  y  arreo  ","NO DISPONIBLE"]
[10141500,"Talabarteria ","NO DISPONIBLE"]
[10141501,"Sillas de montar","2.3.9.7.01"]
[10141502,"Fustas y látigos","2.3.9.7.01"]
[10141503,"Herraduras para caballo","2.3.9.7.01"]
[10141504,"Herraduras para mula","2.3.9.7.01"]
[10141600,"Arneses","NO DISPONIBLE"]
[10141601,"Bridas","2.3.9.7.01"]
[10141602,"Yugos","2.3.1.4.01"]
[10141603,"Bocados para caballos","2.3.9.7.01"]
[10141604,"Riendas","2.3.9.7.01"]
[10141605,"Estribos","2.3.9.7.01"]
[10141606,"Correas o traíllas","2.3.9.7.01"]
[10141607,"Arneses de cuello para animales","2.3.9.7.01"]
[10141608,"Arneses o sus accesorios","2.3.9.7.01"]
[10141609,"Sujetadores","2.3.9.7.01"]
[10141610,"Bozales","2.3.9.7.01"]
[10141611,"Soportes para correas","2.3.9.8.02"]
[10150000,"Semillas,  bulbos,  plantulas  y  esquejes ","NO DISPONIBLE"]
[10151500,"Semillas  y  plantulas  vegetales  ","NO DISPONIBLE"]
[10151501,"Semillas o plántulas de fríjol","2.6.7.9.01"]
[10151502,"Semillas o plántulas de zanahoria","2.6.7.9.01"]
[10151503,"Semillas o plántulas de apio","2.6.7.9.01"]
[10151504,"Semillas o plántulas de chiles","2.6.7.9.01"]
[10151505,"Semillas o plántulas de calabacín","2.6.7.9.01"]
[10151506,"Semillas o plántulas de alverja","2.6.7.9.01"]
[10151507,"Semillas o plántulas de pepino cohombro","2.6.7.9.01"]
[10151508,"Semillas o plántulas de berenjena","2.6.7.9.01"]
[10151509,"Semillas o plántulas de endivias","2.6.7.9.01"]
[10151510,"Semillas o plántulas de ajo","2.6.7.9.01"]
[10151511,"Semillas o plántulas de puerro","2.6.7.9.01"]
[10151512,"Semillas o plántulas de lechuga","2.6.7.9.01"]
[10151513,"Semillas o plántulas de maíz","2.6.7.9.01"]
[10151514,"Semillas o plántulas de melón","2.6.7.9.01"]
[10151515,"Semillas o plántulas cebolla","2.6.7.9.01"]
[10151516,"Semillas o plántulas de soya","2.6.7.9.01"]
[10151517,"Semillas o plántulas de espinaca","2.6.7.9.01"]
[10151518,"Semillas o plántulas de tomate","2.6.7.9.01"]
[10151519,"Semillas o plántulas de nabo","2.6.7.9.01"]
[10151520,"Semillas o plántulas de acelga","2.6.7.9.01"]
[10151521,"Semillas o plántulas de pimiento morrón","2.6.7.9.01"]
[10151522,"Semillas o plántulas de remolacha","2.6.7.9.01"]
[10151523,"Semillas o plántulas de coliflor","2.6.7.9.01"]
[10151524,"Semillas o plántulas de perejil","2.6.7.9.01"]
[10151525,"Semillas o plántulas de brócoli","2.6.7.9.01"]
[10151526,"Semillas o plántulas de repollo","2.6.7.9.01"]
[10151527,"Semillas o plántulas de papa","2.6.7.9.01"]
[10151528,"Semillas o plántulas de batata","2.6.7.9.01"]
[10151529,"Semillas o plántulas de calabaza","2.6.7.9.01"]
[10151530,"Semillas o plántulas de rábano","2.6.7.9.01"]
[10151531,"Semillas o plántulas de repollitos de bruselas","2.6.7.9.01"]
[10151532,"Semillas o plántulas de ahuyama","2.6.7.9.01"]
[10151533,"Semillas o plántulas de okra","2.6.7.9.01"]
[10151534,"Semillas o plántulas de melón cantalupo","2.6.7.9.01"]
[10151535,"Semillas o plántulas de maní","2.6.7.9.01"]
[10151600,"Semillas de cereales","NO DISPONIBLE"]
[10151601,"Semillas de trigo","2.6.7.9.01"]
[10151602,"Semillas de canola","2.6.7.9.01"]
[10151603,"Semillas de cebada","2.6.7.9.01"]
[10151604,"Semillas de mijo","2.6.7.9.01"]
[10151605,"Semillas de avena","2.6.7.9.01"]
[10151606,"Semillas de ajonjolí","2.6.7.9.01"]
[10151607,"Semillas de linaza","2.6.7.9.01"]
[10151608,"Semillas de aceite de ricino","2.6.7.9.01"]
[10151609,"Semillas de maíz","2.6.7.9.01"]
[10151610,"Semillas de centeno","2.6.7.9.01"]
[10151611,"Semillas de sorgo","2.6.7.9.01"]
[10151700,"Semillas y plántulas de hierba y forraje","NO DISPONIBLE"]
[10151701,"Semillas o plántulas de arroz","2.6.7.9.01"]
[10151702,"Semillas o plántulas de trébol","2.6.7.9.01"]
[10151703,"Semillas o plántulas de alfalfa","2.6.7.9.01"]
[10151704,"Semillas o plántulas de pasto","2.3.1.3.03"]
[10151705,"Semillas o plántulas de veza (gachas / guija)","2.6.7.9.01"]
[10151706,"Semillas o plántulas de guar","2.6.7.9.01"]
[10151709,"Semilla o Plántula de Tabaco","2.6.7.9.01"]
[10151800,"Semillas y plántulas de especias","NO DISPONIBLE"]
[10151801,"Semillas o plántulas de pimienta","2.6.7.9.01"]
[10151802,"Semillas o plántulas de vainilla","2.6.7.9.01"]
[10151803,"Semillas o plántulas de canela","2.6.7.9.01"]
[10151804,"Semillas o plántulas de clavo de olor","2.6.7.9.01"]
[10151805,"Semillas o plántulas de cilantro","2.6.7.9.01"]
[10151806,"Semillas o plántulas de jengibre","2.6.7.9.01"]
[10151807,"Semillas o plántulas de azafrán","2.6.7.9.01"]
[10151808,"Semillas o plántulas de tomillo","2.6.7.9.01"]
[10151809,"Semillas o plántulas de curry","2.6.7.9.01"]
[10151810,"Semillas o plántulas de mostaza","2.6.7.9.01"]
[10151811,"Semillas o plántulas de ginseng","2.6.7.9.01"]
[10151900,"Semillas, bulbos, plántulas y esquejes de flores","NO DISPONIBLE"]
[10151901,"Semillas, bulbos, plántulas o esquejes de tulipán","2.6.7.9.01"]
[10151902,"Semillas, plántulas o esquejes de rosa","2.6.7.9.01"]
[10151903,"Semillas, bulbos, plántulas o esquejes de narciso","2.6.7.9.01"]
[10151904,"Semillas de girasol","2.6.7.9.01"]
[10151905,"Bulbos o tallos de jacinto","2.6.7.9.01"]
[10151906,"Bulbos de lirio","2.6.7.9.01"]
[10151907,"Semillas o plántulas de veza","2.6.7.9.01"]
[10152000,"Semillas y esquejes de árboles y arbustos","NO DISPONIBLE"]
[10152001,"Semillas o esquejes de árboles frutales","2.6.7.9.01"]
[10152002,"Semillas o esquejes de coníferas","2.6.7.9.01"]
[10152003,"Semillas o esquejes de árboles de frutos secos","2.6.7.9.01"]
[10152100,"Residuos que no sean de piensos","NO DISPONIBLE"]
[10152101,"Extracción de los residuos de semilla de babool","2.3.1.3.02"]
[10152102,"Residuos de semilla de colza","2.3.1.3.02"]
[10152103,"Residuo de semillas de linaza","2.3.1.3.02"]
[10152104,"Torta de neem","2.3.1.2.01"]
[10152200,"Semillas de cultivos fibrosos y semilleros","NO DISPONIBLE"]
[10152201,"Semillas o plántulas de algodón","2.6.7.9.01"]
[10152202,"Semillas o plántulas de lino","2.6.7.9.01"]
[10160000,"Productos  de  floricultura  y  silvicultura  ","NO DISPONIBLE"]
[10161500,"Árboles  y  arbustos  ","NO DISPONIBLE"]
[10161501,"Aceitunos","2.6.7.9.01"]
[10161502,"Cafetos","2.6.7.9.01"]
[10161503,"Cacaoteros","2.6.7.9.01"]
[10161504,"Manzanos","2.6.7.9.01"]
[10161505,"Peros","2.6.7.9.01"]
[10161506,"Naranjos","2.6.7.9.01"]
[10161507,"Rododendros","2.6.7.9.01"]
[10161508,"Plantas de te","2.6.7.9.01"]
[10161509,"Coníferas","2.6.7.9.01"]
[10161510,"Abetos rojos (píceas)","2.6.7.9.01"]
[10161511,"Pinos","2.3.1.3.03"]
[10161512,"Abetos","2.6.7.9.01"]
[10161513,"Palmeras","2.3.1.3.03"]
[10161600,"Plantas florales","NO DISPONIBLE"]
[10161601,"Rosales","2.6.7.9.01"]
[10161602,"Poinsettias","2.3.1.3.03"]
[10161603,"Orquídeas","2.3.1.3.03"]
[10161604,"Azaleas","2.6.7.9.01"]
[10161605,"Cactos","2.6.7.9.01"]
[10161700,"Flores cortadas","NO DISPONIBLE"]
[10161701,"Gladiolos cortados","2.3.1.3.03"]
[10161702,"Azucenas cortadas","2.3.1.3.03"]
[10161703,"Claveles cortados","2.3.1.3.03"]
[10161704,"Tulipanes cortados","2.3.1.3.03"]
[10161705,"Rosas cortadas","2.3.1.3.03"]
[10161707,"Arreglo de flores cortadas","2.3.1.3.03"]
[10161800,"Plantas sin flor","NO DISPONIBLE"]
[10161801,"Helechos","2.3.1.3.03"]
[10161802,"Hiedras","2.3.1.3.03"]
[10161803,"Filodendros","2.6.7.9.01"]
[10161804,"Líquenes","2.6.7.9.01"]
[10161900,"Productos florales secos","NO DISPONIBLE"]
[10161901,"Vainas secas","2.3.1.3.03"]
[10161902,"Follaje seco","2.3.1.3.03"]
[10161903,"Helechos secos","2.3.1.3.03"]
[10161904,"Flores secas","2.3.1.3.03"]
[10161905,"Ramas y tallos secos","2.3.1.3.03"]
[10161906,"Penachos de gramíneas secos","2.3.1.3.03"]
[10161907,"Flores secas prensadas","2.3.1.3.03"]
[10161908,"Pétalos secos","2.3.1.3.03"]
[10170000,"Fertilizantes  y  nutrientes  para  plantas  y  herbicidas  ","NO DISPONIBLE"]
[10171500,"Abonos  organicos  y  nutrientes  para  plantas  ","NO DISPONIBLE"]
[10171501,"Estiércol o guano","2.3.7.2.04"]
[10171502,"Hormonas para plantas","2.3.7.2.04"]
[10171503,"Harina de pescado","2.3.7.2.04"]
[10171504,"Abono","2.3.7.2.04"]
[10171600,"Abonos químicos y nutrientes para plantas","NO DISPONIBLE"]
[10171601,"Fertilizante nitrogenado","2.3.7.2.04"]
[10171602,"Fertilizante de potasio","2.3.7.2.04"]
[10171603,"Fertilizante de fósforo","2.3.7.2.04"]
[10171604,"Fertilizante de sulfuro","2.3.7.2.04"]
[10171605,"Mezclas de nitrógeno – fósforo – potasio – npk","2.3.7.2.04"]
[10171700,"Herbicidas","NO DISPONIBLE"]
[10171701,"Matamalezas","2.3.7.2.05"]
[10171702,"Fungicidas","2.3.7.2.05"]
[10190000,"Productos  para  el  control  de  plagas  ","NO DISPONIBLE"]
[10191500,"Pesticidas  o  repelentes  de  plagas  ","NO DISPONIBLE"]
[10191506,"Mata – roedores","2.3.7.2.05"]
[10191507,"Repelentes de aves","2.3.7.2.05"]
[10191508,"Protectores contra termitas","2.3.7.2.05"]
[10191509,"Insecticidas","2.3.7.2.05"]
[10191700,"Dispositivos para control de plagas","NO DISPONIBLE"]
[10191701,"Trampas para control animal","2.3.9.7.01"]
[10191703,"Trampas para el control de insectos voladores.","2.3.9.7.01"]
[10191704,"Matamoscas","2.3.9.7.01"]
[10191705,"Lazos","2.3.9.7.01"]
[10191706,"Cepos","2.3.9.4.01"]
[11000000,"Material mineral, textil y  vegetal y animal no comestible","NO DISPONIBLE"]
[11100000,"Minerales, minerales metálicos y metales","NO DISPONIBLE"]
[11101500,"Minerales","NO DISPONIBLE"]
[11101501,"Mica","2.3.6.4.01"]
[11101502,"Lija o esmeril","2.3.6.4.06"]
[11101503,"Cuarzo","2.3.6.4.07"]
[11101504,"Pirita","2.3.6.4.01"]
[11101505,"Azufre o sulfuro","2.3.6.4.07"]
[11101506,"Tiza","2.3.6.1.04"]
[11101507,"Grafito","2.3.6.4.03"]
[11101508,"Dolomita","2.3.6.4.01"]
[11101509,"Magnesita","2.3.6.4.01"]
[11101510,"Asbesto (amianto)","2.3.6.4.07"]
[11101511,"Calcio","2.3.6.4.01"]
[11101512,"Borato","2.3.6.4.07"]
[11101513,"Criolita","2.3.6.4.01"]
[11101514,"Feldespato","2.3.6.4.01"]
[11101515,"Leucita","2.3.6.4.01"]
[11101516,"Nefelita","2.3.6.4.01"]
[11101517,"Esteatita","2.3.6.4.01"]
[11101518,"Talco","2.3.6.4.01"]
[11101519,"Diamante en bruto","2.3.6.4.07"]
[11101520,"Granates","2.3.6.4.07"]
[11101521,"Carburo de silicio","2.3.6.4.07"]
[11101522,"Carbón activado","2.3.6.4.07"]
[11101523,"Mulita","2.3.6.4.07"]
[11101524,"Fluorita","2.3.6.4.01"]
[11101525,"Kieserita","2.3.6.4.07"]
[11101526,"Carnalita","2.3.6.4.07"]
[11101527,"Sílice de diatomeas","2.3.6.4.07"]
[11101600,"Minerales metálicos","NO DISPONIBLE"]
[11101601,"Mineral de hierro","2.3.6.4.01"]
[11101602,"Mineral de titanio","2.3.6.4.01"]
[11101603,"Mineral de uranio","2.3.6.4.01"]
[11101604,"Mineral de cobre","2.3.6.4.01"]
[11101605,"Mineral de aluminio","2.3.6.4.01"]
[11101606,"Mineral de níquel","2.3.6.4.01"]
[11101607,"Mineral de plata","2.3.6.4.01"]
[11101608,"Mineral de plomo","2.3.6.4.01"]
[11101609,"Mineral de zinc","2.3.6.4.01"]
[11101610,"Mineral de estaño","2.3.6.4.01"]
[11101611,"Mineral de manganeso","2.3.6.4.01"]
[11101612,"Mineral de cromo","2.3.6.4.01"]
[11101613,"Mineral de tungsteno o wolframio","2.3.6.4.01"]
[11101614,"Mineral de molibdeno","2.3.6.4.01"]
[11101615,"Mineral de cobalto","2.3.6.4.01"]
[11101616,"Mineral de oro","2.3.6.4.01"]
[11101617,"Mineral de tántalo","2.3.6.4.01"]
[11101618,"Mineral de platino","2.3.6.4.01"]
[11101619,"Mineral de vermiculita","2.3.6.4.01"]
[11101620,"Mineral de torio","2.3.6.4.01"]
[11101621,"Mineral de cianita","2.3.6.4.01"]
[11101622,"Mineral de antimonio","2.3.6.4.01"]
[11101623,"Mineral de zirconio","2.3.6.4.01"]
[11101700,"Metales de base","NO DISPONIBLE"]
[11101701,"Escoria o ceniza","2.3.6.4.01"]
[11101702,"Grafito natural","2.3.6.4.03"]
[11101703,"Titanio","2.3.6.3.06"]
[11101704,"Acero","2.3.6.3.06"]
[11101705,"Aluminio","2.3.6.3.06"]
[11101706,"Níquel","2.3.6.3.06"]
[11101707,"Magnesio","2.3.6.3.06"]
[11101708,"Bismuto","2.3.6.3.06"]
[11101709,"Antimonio","2.3.6.3.06"]
[11101710,"Cadmio","2.3.6.3.06"]
[11101711,"Aleación no ferrosa","2.3.6.3.06"]
[11101712,"Aleación ferrosa","2.3.6.3.06"]
[11101713,"Hierro","2.3.6.3.06"]
[11101714,"Plomo","2.3.6.3.06"]
[11101715,"Cobre","2.3.6.3.06"]
[11101716,"Estaño","2.3.6.3.06"]
[11101717,"Indio","2.3.6.3.06"]
[11101718,"Paladio","2.3.6.3.06"]
[11101719,"Zinc","2.3.6.3.06"]
[11101800,"Metales preciosos","NO DISPONIBLE"]
[11101801,"Oro","2.6.9.5.01"]
[11101802,"Plata","2.6.9.5.01"]
[11101803,"Platino","2.6.9.5.01"]
[11110000,"Tierra  y  piedra","NO DISPONIBLE"]
[11111500,"Barro y tierra","NO DISPONIBLE"]
[11111501,"Tierra","2.3.6.4.07"]
[11111502,"Material de relleno","2.3.6.4.04"]
[11111503,"Capa vegetal","NO DISPONIBLE"]
[11111600,"Piedra","NO DISPONIBLE"]
[11111601,"Yeso","2.3.6.1.04"]
[11111602,"Travertino","2.3.6.4.04"]
[11111603,"Alabastro","2.3.6.4.04"]
[11111604,"Granito","2.3.6.4.04"]
[11111605,"Mármol","2.3.6.4.04"]
[11111606,"Pizarra","2.3.6.4.04"]
[11111607,"Arenisca","2.3.6.4.04"]
[11111608,"Caliza","2.3.6.4.04"]
[11111609,"Basalto","2.3.6.4.04"]
[11111610,"Piedra pómez","2.3.6.4.04"]
[11111611,"Gravilla","2.3.6.4.04"]
[11111700,"Arena","NO DISPONIBLE"]
[11111701,"Arena de sílice","2.3.6.4.04"]
[11111800,"Arcillas","NO DISPONIBLE"]
[11111801,"Terracota","2.3.6.4.04"]
[11111802,"Arcilla refractaria","2.3.6.4.04"]
[11111803,"Caolín u otras arcillas caolínicas","2.3.6.4.04"]
[11111804,"Bentonita","2.3.6.4.04"]
[11111805,"Andalucita","2.3.6.4.04"]
[11111806,"Mullita","2.3.6.4.04"]
[11111807,"Chamota","2.3.6.4.04"]
[11111808,"Arcilla común","2.3.6.4.04"]
[11111809,"Arcilla de bola","2.3.6.4.04"]
[11111810,"Tierra de fuller","2.3.6.4.04"]
[11120000,"Productos  no  comestibles  de  planta  y  silvicultura","NO DISPONIBLE"]
[11121500,"Savia","NO DISPONIBLE"]
[11121502,"Resina","2.3.1.3.03"]
[11121503,"Laca","2.3.7.2.06"]
[11121600,"Madera","NO DISPONIBLE"]
[11121603,"Troncos","2.3.1.4.01"]
[11121604,"Madera blanda","2.3.1.4.01"]
[11121605,"Ratán","2.3.1.4.01"]
[11121606,"Corcho","2.3.1.4.01"]
[11121607,"Pulpa de madera","2.3.1.4.01"]
[11121608,"Bambú","2.3.1.4.01"]
[11121609,"Contrachapado","2.3.1.4.01"]
[11121610,"Maderas duras","2.3.1.4.01"]
[11121611,"Tablero de partículas","2.3.1.4.01"]
[11121612,"Médula de madera","2.3.1.4.01"]
[11121700,"Productos secundarios de la explotación forestal","NO DISPONIBLE"]
[11121701,"Aserrín","2.3.1.4.01"]
[11121702,"Astillas de madera","2.3.1.4.01"]
[11121703,"Musgo de turba","2.3.1.3.03"]
[11121705,"Corteza","2.3.1.4.01"]
[11121706,"Composta de madera","2.3.1.3.03"]
[11121707,"Viruta de madera","2.3.1.4.01"]
[11121708,"Harina de madera","2.3.1.4.01"]
[11121709,"Bálsamos","2.3.1.3.03"]
[11121710,"Brea de madera","2.3.1.3.03"]
[11121800,"Fibras de plantas","NO DISPONIBLE"]
[11121801,"Cáñamo","2.3.1.3.02"]
[11121802,"Algodón","2.3.1.3.02"]
[11121803,"Lino","2.3.1.3.02"]
[11121804,"Yute","2.3.1.3.02"]
[11121805,"Sisal","2.3.1.3.02"]
[11121806,"Fibra de coco","2.3.1.3.02"]
[11121807,"Fibras de abacá","2.3.1.3.02"]
[11121808,"Ramio","2.3.1.3.02"]
[11121809,"Paja","2.3.1.3.02"]
[11121810,"Mijo común o ixtle o piasava","2.3.1.3.02"]
[11121900,"Productos de perfumería","NO DISPONIBLE"]
[11121901,"Raíz de regaliz","2.3.1.3.02"]
[11130000,"Productos  animales  no  comestibles","NO DISPONIBLE"]
[11131500,"Cuero, pieles o materiales textiles de animales","NO DISPONIBLE"]
[11131501,"Plumas","2.3.1.3.01"]
[11131502,"Pieles","2.3.5.1.01"]
[11131503,"Pelo animal","2.3.1.3.01"]
[11131504,"Cueros","2.3.5.1.01"]
[11131505,"Mohair sin procesar","2.3.2.1.01"]
[11131506,"Lana sin procesar","2.3.2.1.01"]
[11131507,"Gamuza","2.3.5.1.01"]
[11131508,"Cuero de grano completo","2.3.5.1.01"]
[11131600,"Otros productos de animales","NO DISPONIBLE"]
[11131601,"Marfil","2.3.9.9.01"]
[11131602,"Semen","2.6.7.8.01"]
[11131603,"Excreciones","2.3.7.2.04"]
[11131604,"Huevas de pescado","2.6.7.5.01"]
[11131605,"Huesos","2.3.9.9.01"]
[11131606,"Cuernos de animales","2.3.9.9.01"]
[11131607,"Embriones","2.3.9.9.01"]
[11131608,"Artículos de concha","2.3.9.9.01"]
[11140000,"Chatarra  y  materiales  de  desecho","NO DISPONIBLE"]
[11141600,"Desechos no metálicos y chatarra","NO DISPONIBLE"]
[11141601,"Desecho o desperdicio textil","2.3.2.1.01"]
[11141602,"Desecho o desperdicio plástico","2.2.1.8.01"]
[11141603,"Desechos de aceite","2.2.1.8.01"]
[11141604,"Desechos de papel","2.2.1.8.01"]
[11141605,"Desecho o desperdicios de vidrio","2.2.1.8.01"]
[11141606,"Desecho o desperdicios de madera","2.2.1.8.01"]
[11141607,"Desecho o desperdicios de caucho","2.2.1.8.01"]
[11141608,"Desecho o desperdicios peligrosos","2.2.1.8.01"]
[11141609,"Composición de cuero","2.2.1.8.01"]
[11141610,"Desecho o desperdicios de cuero","2.2.1.8.01"]
[11141700,"Desperdicios o restos de alimentos y tabaco","NO DISPONIBLE"]
[11141701,"Desecho o desperdicios de alimentos","2.2.1.8.01"]
[11141702,"Desecho o desperdicios de tabaco","2.2.1.8.01"]
[11150000,"Fibra,  hilos  e  hilados","NO DISPONIBLE"]
[11151500,"Fibras","NO DISPONIBLE"]
[11151501,"Fibras de acetato","2.3.2.1.01"]
[11151502,"Fibras de nylon","2.3.2.1.01"]
[11151503,"Fibras de poliéster","2.3.2.1.01"]
[11151504,"Fibras de acrílico","2.3.2.1.01"]
[11151505,"Fibras de viscosas","2.3.2.1.01"]
[11151506,"Fibras de rayón","2.3.2.1.01"]
[11151507,"Fibras de algodón","2.3.2.1.01"]
[11151508,"Fibras de lana","2.3.2.1.01"]
[11151509,"Fibras de seda","2.3.2.1.01"]
[11151510,"Fibras vegetales","2.3.2.1.01"]
[11151511,"Fibras de polipropileno","2.3.2.1.01"]
[11151512,"Fibras de vidrio","2.3.2.1.01"]
[11151513,"Fibras cerámicas","2.3.2.1.01"]
[11151514,"Fibras de polímero de aramida","2.3.2.1.01"]
[11151515,"Fibras de asbesto","2.3.2.1.01"]
[11151600,"Hebras","NO DISPONIBLE"]
[11151601,"Hebra de algodón","2.3.2.1.01"]
[11151602,"Hebra de seda","2.3.2.1.01"]
[11151603,"Hebra de poliéster","2.3.2.1.01"]
[11151604,"Hebra de poliamida","2.3.2.1.01"]
[11151605,"Hebra de bismaleimida","2.3.2.1.01"]
[11151606,"Hebra de fibra de vidrio","2.3.2.1.01"]
[11151607,"Hebra de grafito","2.3.6.4.03"]
[11151608,"Hebra de nylon","2.3.2.1.01"]
[11151609,"Hebra de resina impregnada","2.3.5.5.01"]
[11151610,"Hebra de caucho o látex","2.3.2.1.01"]
[11151611,"Hebra de spandex","2.3.2.1.01"]
[11151612,"Hebra de asbesto","2.3.6.1.03"]
[11151700,"Hilos","NO DISPONIBLE"]
[11151701,"Hilado de lana","2.3.2.1.01"]
[11151702,"Hilado de algodón","2.3.2.1.01"]
[11151703,"Hilado de poliéster","2.3.2.1.01"]
[11151704,"Hilado de acrílico","2.3.2.1.01"]
[11151705,"Hilado de seda","2.3.2.1.01"]
[11151706,"Hilado de ramie","2.3.2.1.01"]
[11151708,"Hilado de pelo animal","2.3.2.1.01"]
[11151709,"Hilado de sintético","2.3.2.1.01"]
[11151710,"Hilado de yute","2.3.2.1.01"]
[11151711,"Hilado de fibra de coco","2.3.2.1.01"]
[11151712,"Hilado de papel","2.3.2.1.01"]
[11151713,"Hilado de cáñamo","2.3.2.1.01"]
[11151714,"Hilado de vidrio","2.3.2.1.01"]
[11151715,"Hilado de lino","2.3.2.1.01"]
[11160000,"Tejidos  y  materiales  de  cuero","NO DISPONIBLE"]
[11161500,"Tejidos de seda","NO DISPONIBLE"]
[11161501,"Textiles de seda de tejido simple","2.3.2.1.01"]
[11161502,"Textiles de seda de tejido  jacquard","2.3.2.1.01"]
[11161503,"Textiles de lana","2.3.2.1.01"]
[11161504,"Textiles de tejido de pana","2.3.2.1.01"]
[11161600,"Tejidos de lana","NO DISPONIBLE"]
[11161601,"Tejidos de lana en tafetán","2.3.2.1.01"]
[11161602,"Tejidos de lana urdidos a la jacquard","2.3.2.1.01"]
[11161603,"Tejidos de lana de punto","2.3.2.1.01"]
[11161604,"Tejidos de lana de ligamento de sarga","2.3.2.1.01"]
[11161700,"Tejidos de algodón","NO DISPONIBLE"]
[11161701,"Textiles de algodón de tejido simple","2.3.2.1.01"]
[11161702,"Textiles de algodón de tejido de pana","2.3.2.1.01"]
[11161703,"Tela de algodón oxford","2.3.2.1.01"]
[11161704,"Textiles de algodón tejido","2.3.2.1.01"]
[11161705,"Textiles de terciopelo de algodón","2.3.2.1.01"]
[11161800,"Tejidos sintéticos","NO DISPONIBLE"]
[11161801,"Textil sintético de tejido sintético","2.3.2.1.01"]
[11161802,"Textil sintético de tejido jacquard","2.3.2.1.01"]
[11161803,"Textil sintético de tejido dobby","2.3.2.1.01"]
[11161804,"Textil sintético tejido","2.3.2.1.01"]
[11161805,"Textil sintético de terciopelo","2.3.2.1.01"]
[11162000,"Tejidos de materiales vegetales no de algodón","NO DISPONIBLE"]
[11162001,"Textil de fibra vegetal tejida distinta de algodón simple","2.3.2.1.01"]
[11162002,"Textil de fibra vegetal tejida distinta de algodón","2.3.2.1.01"]
[11162003,"Tela de arpillera o cáñamo o yute","2.3.2.1.01"]
[11162100,"Tejidos o telas especiales","NO DISPONIBLE"]
[11162101,"Tela o textil de queso","2.3.2.1.01"]
[11162102,"Tela o textil de bismaleimida","2.3.2.1.01"]
[11162104,"Tela o textil de grafito","2.3.2.1.01"]
[11162105,"Tela o textil de vidrio","2.3.2.1.01"]
[11162107,"Tela de resina impregnada","2.3.2.1.01"]
[11162108,"Tela malla de alambre","2.3.6.3.06"]
[11162109,"Encaje","2.3.2.1.01"]
[11162110,"Malla red","2.3.2.1.01"]
[11162111,"Malla","2.3.2.1.01"]
[11162112,"Telas revestidas","2.3.2.1.01"]
[11162113,"Telas para tapicería","2.3.2.1.01"]
[11162114,"Telas o cintas de velcro","2.3.2.1.01"]
[11162115,"Trenza elástica","2.3.2.1.01"]
[11162116,"Tela de fique o estopa","2.3.2.1.01"]
[11162117,"Tela de caucho","2.3.2.1.01"]
[11162118,"Tela de hilado de papel","2.3.2.1.01"]
[11162119,"Tela de calcado","2.3.2.1.01"]
[11162120,"Tela de cernido","2.3.2.1.01"]
[11162121,"Artículos de pasamanería y ornamentales","2.3.2.1.01"]
[11162122,"Tela de sujeción","2.3.2.1.01"]
[11162123,"Tela de cinta","2.3.2.1.01"]
[11162124,"Tela de fieltro","2.3.2.1.01"]
[11162125,"Tela de correas","2.3.2.1.01"]
[11162126,"Tela acolchada","2.3.2.1.01"]
[11162127,"Tela de camuflaje","2.3.2.1.01"]
[11162128,"Tela de paracaídas","2.3.2.1.01"]
[11162129,"Tela marquisette","2.3.2.1.01"]
[11162130,"Tela dosel","2.3.2.1.01"]
[11162131,"Tela para ribeteado","2.3.2.1.01"]
[11162200,"Telas no tejidas","NO DISPONIBLE"]
[11162201,"Telas no tejidas ligadas térmicamente","2.3.2.1.01"]
[11162202,"Telas no tejidas hidroentrelazadas","2.3.2.1.01"]
[11162300,"Cueros","NO DISPONIBLE"]
[11162301,"Cuero de gamuza","2.3.5.1.01"]
[11162302,"Cuero de cabra","2.3.5.1.01"]
[11162303,"Cuero de oveja","2.3.5.1.01"]
[11162304,"Cuero acharolado","2.3.5.1.01"]
[11162305,"Cuero de vaca","2.3.5.1.01"]
[11162306,"Cuero de cerdo","2.3.5.1.01"]
[11162307,"Cuero sintético o de imitación","2.3.5.1.01"]
[11162308,"Cuero de búfalo","2.3.5.1.01"]
[11162309,"Cuero de reptil","2.3.5.1.01"]
[11162310,"Cuero de caballo","2.3.5.1.01"]
[11162311,"Cuero de becerro","2.3.5.1.01"]
[12000000,"Material  químico  incluyendo  bioquímicos  y  materiales  de gas","NO DISPONIBLE"]
[12130000,"Materiales  explosivos","NO DISPONIBLE"]
[12131500,"Explosivos","NO DISPONIBLE"]
[12131501,"Dinamita","2.3.7.2.01"]
[12131502,"Cartuchos explosivos","2.3.7.2.01"]
[12131503,"Explosivos propelentes","2.3.7.2.01"]
[12131504,"Cargas explosivas","2.3.7.2.01"]
[12131505,"Explosivos plásticos","2.3.7.2.01"]
[12131506,"Explosivos aluminizados","2.3.7.2.01"]
[12131507,"Explosivos de nitrato de amonio","2.3.7.2.01"]
[12131508,"Explosivos de polvo de nitroglicerina","2.3.7.2.01"]
[12131600,"Pirotecnia","NO DISPONIBLE"]
[12131601,"Fuegos artificiales","2.3.7.2.01"]
[12131602,"Señales de niebla","2.3.7.2.01"]
[12131603,"Cohetes de lluvia","2.3.7.2.01"]
[12131604,"Antorchas","2.3.7.2.01"]
[12131605,"Materiales pirotécnicos para el teatro o la televisión","2.3.7.2.01"]
[12131700,"Encendedores","NO DISPONIBLE"]
[12131701,"Estopines","2.3.7.2.01"]
[12131702,"Detonadores","2.3.7.2.01"]
[12131703,"Mechas explosivas","2.3.7.2.01"]
[12131704,"Iniciadores explosivos","2.3.7.2.01"]
[12131705,"Fulminantes explosivos","2.3.7.2.01"]
[12131706,"Fósforos","2.3.7.2.01"]
[12131707,"Encendedores","2.3.7.2.01"]
[12131708,"Caja detonadora","2.3.7.2.01"]
[12131800,"Propulsores","NO DISPONIBLE"]
[12131801,"Propelente en polvo","2.3.7.2.01"]
[12131802,"Propelente sólido","2.3.7.2.01"]
[12131803,"Propelente de pistola","2.3.7.2.01"]
[12131804,"Propelente de alta energía","2.3.7.2.01"]
[12131805,"Propelente en gel","2.3.7.2.01"]
[12131806,"Propelente híbridos","2.3.7.2.01"]
[12140000,"Elementos  y  gases","NO DISPONIBLE"]
[12141500,"Metales de tierra","NO DISPONIBLE"]
[12141501,"Berilio be","2.3.6.3.06"]
[12141502,"Magnesio mg","2.3.6.3.06"]
[12141503,"Calcio ca","2.3.6.3.06"]
[12141504,"Estroncio sr","2.3.6.3.06"]
[12141505,"Bario ba","2.3.6.3.06"]
[12141506,"Radio ra","2.3.6.3.06"]
[12141600,"Metales de tierra rara","NO DISPONIBLE"]
[12141601,"Cerio ce","2.3.6.3.06"]
[12141602,"Disprosio dy","2.3.6.3.06"]
[12141603,"Erbio er","2.3.6.3.06"]
[12141604,"Europio eu","2.3.6.3.06"]
[12141605,"Gadolinio gd","2.3.6.3.06"]
[12141606,"Holmio ho","2.3.6.3.06"]
[12141607,"Lantano la","2.3.6.3.06"]
[12141608,"Lutecio lu","2.3.6.3.06"]
[12141609,"Neodimio nd","2.3.6.3.06"]
[12141610,"Praseodimio pr","2.3.6.3.06"]
[12141611,"Promecio pm","2.3.6.3.06"]
[12141612,"Samario sm","2.3.6.3.06"]
[12141613,"Escandio sc","2.3.6.3.06"]
[12141614,"Terbio tb","2.3.6.3.06"]
[12141615,"Tulio tm","2.3.6.3.06"]
[12141616,"Iterbio yb","2.3.6.3.06"]
[12141617,"Itrio y","2.3.6.3.06"]
[12141700,"Metales de transición","NO DISPONIBLE"]
[12141701,"Actinio ac","2.3.6.3.06"]
[12141702,"Aluminio al","2.3.6.3.06"]
[12141703,"Americio am","2.3.6.3.06"]
[12141704,"Antimonio sb","2.3.6.3.06"]
[12141705,"Berkelio bk","2.3.6.3.06"]
[12141706,"Bismuto bi","2.3.6.3.06"]
[12141707,"Cadmio ca","2.3.6.3.06"]
[12141708,"Californio cf","2.3.6.3.06"]
[12141709,"Cromo cr","2.3.6.3.06"]
[12141710,"Cobalto co","2.3.6.3.06"]
[12141711,"Cobre cu","2.3.6.3.06"]
[12141712,"Curio cm","2.3.6.3.06"]
[12141713,"Einstenio es","2.3.6.3.06"]
[12141714,"Fermio fm","2.3.6.3.06"]
[12141715,"Galio ga","2.3.6.3.06"]
[12141716,"Germanio ge","2.3.7.2.99"]
[12141717,"Oro au","2.3.6.3.06"]
[12141718,"Hafnio hf","2.3.6.3.06"]
[12141719,"Indio in","2.3.6.3.06"]
[12141720,"Iridio ir","2.3.6.3.06"]
[12141721,"Hierro fe","2.3.6.3.06"]
[12141722,"Lawrencio lr","2.3.6.3.06"]
[12141723,"Plomo pb","2.3.6.3.06"]
[12141724,"Manganeso mn","2.3.6.3.06"]
[12141725,"Mendelevio md","2.3.6.3.06"]
[12141726,"Mercurio hg","2.3.6.3.06"]
[12141727,"Molibdeno mo","2.3.6.3.06"]
[12141728,"Neptunio np","2.3.6.3.06"]
[12141729,"Níquel ni","2.3.6.3.06"]
[12141730,"Niobio nb","2.3.6.3.06"]
[12141731,"Nobelio no","2.3.6.3.06"]
[12141732,"Osmio os","2.3.6.3.06"]
[12141733,"Paladio pd","2.3.6.3.06"]
[12141734,"Platino pyt","2.3.6.3.06"]
[12141735,"Plutonio pu","2.3.6.3.06"]
[12141736,"Protactinio pa","2.3.6.3.06"]
[12141737,"Renio re","2.3.6.3.06"]
[12141738,"Rodio rh","2.3.6.3.06"]
[12141739,"Rutenio ru","2.3.6.3.06"]
[12141740,"Plata ag","2.3.6.3.06"]
[12141741,"Tántalo ta","2.3.6.3.06"]
[12141742,"Tecnecio te","2.3.6.3.06"]
[12141743,"Talio tl","2.3.6.3.06"]
[12141744,"Torio th","2.3.6.3.06"]
[12141745,"Estaño sn","2.3.6.3.06"]
[12141746,"Titanio ti","2.3.6.3.06"]
[12141747,"Tungsteno w","2.3.6.3.06"]
[12141748,"Uranio u","2.3.6.3.06"]
[12141749,"Vanadio v","2.3.6.3.06"]
[12141750,"Zinc zn","2.3.6.3.06"]
[12141751,"Zirconio zr","2.3.6.3.06"]
[12141752,"Bohrio bh","2.3.6.3.06"]
[12141753,"Dubnio db","2.3.6.3.06"]
[12141754,"Hassio hs","2.3.6.3.06"]
[12141755,"Rutherfordio rf","2.3.6.3.06"]
[12141756,"Seaborgio sg","2.3.6.3.06"]
[12141757,"Ununnilium uum","2.3.6.3.06"]
[12141758,"Unununium uuu","2.3.6.3.06"]
[12141759,"Ununbium uub","2.3.6.3.06"]
[12141760,"Polonio po","2.3.6.3.06"]
[12141800,"Metales álcalis","NO DISPONIBLE"]
[12141801,"Cesio cs","2.3.6.3.06"]
[12141802,"Francio fm","2.3.6.3.06"]
[12141803,"Litio li","2.3.6.3.06"]
[12141804,"Potasio k","2.3.6.3.06"]
[12141805,"Rubidio rb","2.3.6.3.06"]
[12141806,"Sodio na","2.3.6.3.06"]
[12141900,"No-metales y gases elementales y puros","NO DISPONIBLE"]
[12141901,"Cloro cl","2.3.7.2.99"]
[12141902,"Hidrógeno h","2.3.7.2.99"]
[12141903,"Nitrógeno n","2.3.7.2.99"]
[12141904,"Oxígeno o","2.3.7.2.03"]
[12141905,"Flúor f","2.3.7.2.99"]
[12141906,"Arsénico as","2.3.7.2.99"]
[12141907,"Boro b","2.3.7.2.99"]
[12141908,"Carbono c","2.3.7.2.99"]
[12141909,"Fósforo p","2.3.7.2.99"]
[12141910,"Selenio se","2.3.7.2.99"]
[12141911,"Silicona si","2.3.7.2.99"]
[12141912,"Azufre s","2.3.7.2.99"]
[12141913,"Telurio te","2.3.7.2.99"]
[12141914,"Astato at","2.3.7.2.99"]
[12141915,"Bromo br","2.3.7.2.99"]
[12141916,"Yodo i","2.3.7.2.99"]
[12142000,"Gases nobles","NO DISPONIBLE"]
[12142001,"Gas xenón xe","2.3.7.2.99"]
[12142002,"Gas radón rn","2.3.7.2.99"]
[12142003,"Gas criptón kr","2.3.7.2.99"]
[12142004,"Gas argón ar","2.3.7.2.99"]
[12142005,"Gas helio he","2.3.7.2.99"]
[12142006,"Gas neón ne","2.3.7.2.99"]
[12142100,"Gases naturales y gases mixtos","NO DISPONIBLE"]
[12142101,"Gases compuestos de hidrógeno","2.3.7.2.99"]
[12142102,"Gases compuestos clorados","2.3.7.2.99"]
[12142103,"Amoniaco","2.3.7.2.99"]
[12142104,"Gas dióxido de carbono","2.3.7.2.99"]
[12142105,"Gas refrigerante ","2.3.7.2.99"]
[12142106,"Mezclas de gas inerte","2.3.7.2.99"]
[12142200,"Isótopos","NO DISPONIBLE"]
[12142201,"Disolvente deuterado","2.3.7.2.99"]
[12142202,"Agua pesada","2.3.7.2.99"]
[12142203,"Fuentes alfa","2.3.7.2.99"]
[12142204,"Fuentes beta","2.3.7.2.99"]
[12142205,"Fuentes de cobalto","2.3.7.2.99"]
[12142206,"Fuentes gamma","2.3.7.2.99"]
[12142207,"Fuentes radio – isótopo","2.3.7.2.99"]
[12142208,"Fuentes de calibración","2.3.7.2.99"]
[12160000,"Aditivos","NO DISPONIBLE"]
[12161500,"Indicadores y reactivos","NO DISPONIBLE"]
[12161501,"Etiquetas de afinidad","2.3.7.2.99"]
[12161502,"Agentes de entrecruzamiento","2.3.7.2.99"]
[12161503,"Kits de reactivos","2.3.7.2.99"]
[12161504,"Reactivos sulfhidrilo","2.3.7.2.99"]
[12161505,"Agentes de intercalación","2.3.7.2.99"]
[12161506,"Agentes de desvío","2.3.7.2.99"]
[12161507,"Reactivo cupferrón","2.3.7.2.99"]
[12161600,"Catalizadores","NO DISPONIBLE"]
[12161601,"Catalizadores ácidos","2.3.7.2.99"]
[12161602,"Catalizadores de combustión","2.3.9.8.01"]
[12161603,"Catalizadores a la medida","2.6.5.2.01"]
[12161604,"Catalizadores de ruptura","2.6.5.2.01"]
[12161700,"Amortiguadores","NO DISPONIBLE"]
[12161701,"Mezclas de anfólito","2.3.7.2.99"]
[12161702,"Soluciones reguladoras de bicarbonato","2.3.7.2.99"]
[12161703,"Otras soluciones reguladoras","2.3.7.2.99"]
[12161704,"Soluciones reguladoras ácidas","2.3.7.2.99"]
[12161705,"Soluciones reguladoras básicas","2.3.7.2.99"]
[12161706,"Soluciones reguladoras neutrales","2.3.7.2.99"]
[12161800,"Coloides","NO DISPONIBLE"]
[12161801,"Geles","2.3.7.2.03"]
[12161802,"Suspensiones","2.3.7.2.99"]
[12161803,"Aerosoles","2.3.7.2.99"]
[12161804,"Emulsiones","2.3.7.2.99"]
[12161805,"Agentes gelificantes naturales","2.3.7.2.99"]
[12161806,"Agentes gelificantes sintéticos","2.3.7.2.99"]
[12161807,"Estabilizadores de gel","2.3.7.2.99"]
[12161808,"Agentes de suspensión","2.3.7.2.99"]
[12161900,"Surfactantes","NO DISPONIBLE"]
[12161901,"Agentes anti – espuma","2.3.7.2.99"]
[12161902,"Surfactantes detergentes","2.3.7.2.99"]
[12161903,"Agentes de espuma","2.3.7.2.99"]
[12161904,"Agentes de dispersión","2.3.7.2.99"]
[12161905,"Enjuagues","2.3.7.2.99"]
[12161906,"Agentes de humectación","2.3.7.2.99"]
[12161907,"Aditivos de inundación de agua","2.3.7.2.99"]
[12162000,"Plastificantes","NO DISPONIBLE"]
[12162002,"Poliméricos","2.3.7.2.99"]
[12162003,"Aceites agrícolas","2.3.7.2.05"]
[12162004,"Sulfonamidas","2.3.7.2.99"]
[12162005,"Glutaratos","2.3.7.2.99"]
[12162100,"Retardadores de llama","NO DISPONIBLE"]
[12162101,"Retardantes brominados","2.3.7.2.99"]
[12162200,"Anti-oxidantes","NO DISPONIBLE"]
[12162201,"Ácido ascórbico","2.3.4.1.01"]
[12162202,"Beta caroteno","2.3.7.2.99"]
[12162203,"Butilhidroxianisol","2.3.7.2.99"]
[12162204,"Butilado hidroxitolueno","2.3.7.2.99"]
[12162205,"Citrato de calcio","2.3.7.2.99"]
[12162206,"Cantaxantina","2.3.7.2.99"]
[12162207,"Melatonina","2.3.7.2.99"]
[12162208,"Ácido nordihidroguaiarético","2.3.7.2.99"]
[12162209,"Galato de propilo","2.3.7.2.99"]
[12162210,"Silibinina","2.3.7.2.99"]
[12162211,"Dióxido de azufre","2.3.7.2.99"]
[12162212,"Ubicquinona o coenzima q10","2.3.7.2.99"]
[12162300,"Agentes de curación","NO DISPONIBLE"]
[12162301,"Agentes de curado transmitidos por el agua","2.3.7.2.99"]
[12162302,"Aceleradores de cemento","2.3.7.2.99"]
[12162303,"Retardantes de cemento","2.3.7.2.99"]
[12162400,"Rompedores de polímero","NO DISPONIBLE"]
[12162401,"Rompedores de polímero ácido","2.3.7.2.99"]
[12162402,"Rompedores de polímero orgánico","2.3.7.2.99"]
[12162500,"Rompedores de emulsión","NO DISPONIBLE"]
[12162501,"Rompedores de emulsión agua en aceite","2.3.7.2.99"]
[12162502,"Rompedores de emulsión aceite en agua","2.3.7.2.99"]
[12162503,"Ayudas de flotación","2.3.7.2.99"]
[12162600,"Estabilizadores de arcilla","NO DISPONIBLE"]
[12162601,"Estabilizadores de arcilla inorgánica","2.3.7.2.99"]
[12162602,"Estabilizadores de arcilla orgánica","2.3.7.2.99"]
[12162700,"Aditivos de pérdida de fluido","NO DISPONIBLE"]
[12162701,"Aditivos de pérdida de fluido de polímeros modificados","2.3.7.2.99"]
[12162702,"Aditivos de pérdida de fluido de polímeros naturales","2.3.7.2.99"]
[12162800,"Reductores de fricción","NO DISPONIBLE"]
[12162801,"Reductores de fricción aniónico","2.3.7.2.99"]
[12162802,"Reductores de fricción catódica","2.3.7.2.99"]
[12162900,"Agentes de control de parafina asfaltenos","NO DISPONIBLE"]
[12162901,"Agentes de control de asfaltenos de parafina tipo solvente","2.3.7.2.99"]
[12162902,"Agentes de control de asfaltenos de parafina modificados cristal","2.3.7.2.99"]
[12162903,"Agentes de control de asfaltenos de parafina tipo dispersante","2.3.7.2.99"]
[12163000,"Mezclas para quitar barro","NO DISPONIBLE"]
[12163001,"Agentes de limpieza de lodo","2.3.7.2.99"]
[12163100,"Anti lodo (sludger)","NO DISPONIBLE"]
[12163101,"Aditivos anti – lodos","2.3.7.2.99"]
[12163200,"Agentes de migración anti gas","NO DISPONIBLE"]
[12163201,"Aditivos de migración anti gas","2.3.7.2.99"]
[12163300,"Agentes de expansión","NO DISPONIBLE"]
[12163301,"Agentes de expansión de cemento","2.3.7.2.99"]
[12163400,"Extensores","NO DISPONIBLE"]
[12163401,"Extensores de cemento","2.3.7.2.99"]
[12163500,"Sellador de pozo petrolífero","NO DISPONIBLE"]
[12163501,"Sellantes de cemento","2.3.7.2.99"]
[12163600,"Inhibidores de corrosión","NO DISPONIBLE"]
[12163601,"Inhibidores de corrosión en la producción de petróleo","2.3.7.2.99"]
[12163602,"Inhibidores de corrosión en la producción de gas","2.3.7.2.99"]
[12163700,"Reguladores de hidrato de gas","NO DISPONIBLE"]
[12163701,"Controladores de hidrato de gas","2.3.7.2.99"]
[12163800,"Limpiadores químicos","NO DISPONIBLE"]
[12163801,"Eliminadores de sulfuro de hidrógeno","2.3.7.2.99"]
[12163802,"Eliminadores de oxígeno","2.3.7.2.99"]
[12163900,"Reguladores de sarro","NO DISPONIBLE"]
[12163901,"Inhibidores de incrustaciones","2.3.7.2.99"]
[12163902,"Removedores o convertidores de incrustaciones","2.3.7.2.99"]
[12164000,"Bactericidas","NO DISPONIBLE"]
[12164001,"Microbicidas registrados","2.3.4.1.01"]
[12164100,"In situ","NO DISPONIBLE"]
[12164101,"Aditivos in situ","2.3.7.2.99"]
[12164102,"Aditivos ácidos","2.3.7.2.99"]
[12164200,"Retardadores","NO DISPONIBLE"]
[12164201,"Inhibidores anti – corrosión","2.3.7.2.99"]
[12164300,"Controladores de hierro","NO DISPONIBLE"]
[12164301,"Aditivos de control de hierro","2.3.7.2.99"]
[12164400,"No emulsificadoras","NO DISPONIBLE"]
[12164401,"Aditivos no emulsificantes","2.3.7.2.99"]
[12164500,"Aditivos de alimentos y fármacos","NO DISPONIBLE"]
[12164501,"Preservativos de alimentos","2.3.7.2.03"]
[12164502,"sabores o extractos","2.3.7.2.03"]
[12164503,"Aditivos de fragancia","2.3.7.2.03"]
[12164504,"Endulzantes","2.3.1.1.01"]
[12170000,"Colorantes","NO DISPONIBLE"]
[12171500,"Tintes","NO DISPONIBLE"]
[12171501,"Colorantes fluorescentes","2.3.7.2.06"]
[12171502,"Colorantes ftaleínicos","2.3.7.2.06"]
[12171503,"Colorantes rosanilina","2.3.7.2.06"]
[12171504,"Colorantes fdc seguros para alimentos o cosméticos","2.3.7.2.03"]
[12171505,"Lacado","2.3.7.2.06"]
[12171506,"Colorantes naturales","2.3.7.2.06"]
[12171600,"Pigmentos","NO DISPONIBLE"]
[12171602,"Óxidos metálicos inorgánicos","2.3.7.2.06"]
[12171603,"Negro carbono","2.3.7.2.06"]
[12171604,"Dióxido de titanio","2.3.7.2.06"]
[12171605,"Pigmentos orgánicos","2.3.7.2.06"]
[12171700,"Compuestos de colores y dispersiones","NO DISPONIBLE"]
[12171701,"Concentrado de color de polímero","2.3.7.2.06"]
[12171702,"Dispersiones de pigmento","2.3.7.2.06"]
[12171703,"Tintas","2.3.7.2.06"]
[12180000,"Ceras  y  aceites","NO DISPONIBLE"]
[12181500,"Ceras","NO DISPONIBLE"]
[12181501,"Ceras sintéticas","2.3.7.2.99"]
[12181502,"Ceras naturales","2.3.7.2.99"]
[12181503,"Parafinas","2.3.7.2.99"]
[12181504,"Petrolatos","2.3.7.2.99"]
[12181600,"Aceites","NO DISPONIBLE"]
[12181601,"Aceites sintéticos","2.3.7.1.05"]
[12181602,"Aceites naturales","2.3.7.1.05"]
[12190000,"Solventes","NO DISPONIBLE"]
[12191500,"Solventes hidrocarbonatos","NO DISPONIBLE"]
[12191501,"Disolventes aromáticos","2.3.7.2.06"]
[12191502,"Disolventes alifáticos","2.3.7.2.06"]
[12191503,"Fenoles o sus sustitutos y derivados","2.3.7.2.06"]
[12191504,"Alcanos cíclicos","2.3.7.2.06"]
[12191600,"Solventes oxigenados","NO DISPONIBLE"]
[12191601,"Solventes de alcohol","2.3.7.2.06"]
[12191602,"Solventes activos","2.3.7.2.06"]
[12350000,"Compuestos  y  mezclas","NO DISPONIBLE"]
[12352000,"Compuestos aromáticos y alifáticos","NO DISPONIBLE"]
[12352001,"Alcanos","2.3.7.2.99"]
[12352002,"Alquenos","2.3.7.2.99"]
[12352003,"Alquinos","2.3.7.2.99"]
[12352005,"Compuestos aromáticos o heterocíclicos","2.3.7.2.99"]
[12352100,"Derivados orgánicos y compuestos sustituidos","NO DISPONIBLE"]
[12352101,"Compuestos halogenados orgánicos","2.3.7.2.99"]
[12352102,"Compuestos orgánicos nitro o nitroso","2.3.7.2.99"]
[12352103,"Compuestos órgano – metálicos","2.3.7.2.99"]
[12352104,"Alcoholes o sus sustitutos","2.3.7.2.99"]
[12352105,"Alcoholes tio (mercaptanos)","2.3.7.2.99"]
[12352106,"Ácidos orgánicos o sus sustitutos","2.3.7.2.99"]
[12352107,"Sales orgánicas o sus sustitutos","2.3.7.2.99"]
[12352108,"Esteres o sus sustitutos","2.3.7.2.99"]
[12352111,"Amidas o imidas","2.3.7.2.99"]
[12352112,"Esteres o sus sustitutos","2.3.7.2.99"]
[12352113,"Tioéteres","2.3.7.2.99"]
[12352114,"Aldehídos o sus sustitutos","2.3.7.2.99"]
[12352115,"Cetonas o quinonas o sus sustitutos","2.3.7.2.99"]
[12352116,"Amines o imines o sus sustitutos","2.3.7.2.99"]
[12352117,"Cianuros o isocianuros","2.3.7.2.99"]
[12352118,"Cianatos o isocianatos o tiocianatos o isotiocianatos","2.3.7.2.99"]
[12352119,"Óxidos orgánicos","2.3.7.2.99"]
[12352120,"Peróxidos orgánicos","2.3.7.2.99"]
[12352121,"Hidróxidos orgánicos","2.3.7.2.99"]
[12352123,"Ureidos o purinas o sus derivados","2.3.7.2.99"]
[12352124,"Azo compuestos o sus sustitutos","2.3.7.2.99"]
[12352125,"Azidas o azinas","2.3.7.2.99"]
[12352126,"Oximas","2.3.7.2.99"]
[12352127,"Hidracinas o hidracidas o sus sustitutos","2.3.7.2.99"]
[12352128,"Fosfinas","2.3.7.2.99"]
[12352129,"Amidinas o imidinas","2.3.7.2.99"]
[12352130,"Intermedios de acrilato o metacrilato","2.3.7.2.99"]
[12352200,"Productos bioquímicos","NO DISPONIBLE"]
[12352201,"Carbohidratos o sus derivados","2.3.7.2.99"]
[12352202,"Proteínas","2.3.7.2.99"]
[12352203,"Anticuerpos","2.3.7.2.99"]
[12352204,"Enzimas","2.3.7.2.99"]
[12352205,"Nutrientes","2.3.7.2.99"]
[12352206,"Tejidos","2.3.7.2.99"]
[12352207,"Cultivos y fluidos","2.3.7.2.99"]
[12352208,"Ácido nucleico","2.3.7.2.99"]
[12352209,"Aminoácidos o sus derivados","2.3.7.2.99"]
[12352210,"Alcaloides","2.3.7.2.99"]
[12352211,"Grasas o lípidos","2.3.7.2.99"]
[12352212,"Terpenoides","2.3.7.2.99"]
[12352300,"Compuestos inorgánicos","NO DISPONIBLE"]
[12352301,"Ácidos inorgánicos","2.3.7.2.99"]
[12352302,"Sales metálicas inorgánicas","2.3.7.2.99"]
[12352303,"Óxidos inorgánicos","2.3.7.2.99"]
[12352304,"Peróxidos inorgánicos","2.3.7.2.99"]
[12352305,"Hidróxidos inorgánicos","2.3.7.2.99"]
[12352306,"Hídridos inorgánicos","2.3.7.2.99"]
[12352307,"Halidos ácidos o sus sustitutos","2.3.7.2.99"]
[12352308,"Silicatos","2.3.6.4.07"]
[12352309,"Sílice","2.3.7.2.99"]
[12352310,"Siliconas","2.3.7.2.99"]
[12352311,"Alúmina y otros compuestos de aluminio","2.3.7.2.99"]
[12352312,"Permanganato de potasio","2.3.7.2.99"]
[12352400,"Mezclas","NO DISPONIBLE"]
[12352401,"Mezclas químicas orgánicas","2.3.7.2.99"]
[12352402,"Mezclas químicas inorgánicas","2.3.7.2.99"]
[12352500,"Fijadores","NO DISPONIBLE"]
[12352501,"Formaldehidos","2.3.7.2.99"]
[12352502,"Glutarales","2.3.7.2.99"]
[12352503,"Taninos","2.3.7.2.99"]
[13000000,"Materiales  de  resina,  colofonia,  caucho,  espuma,  película  y  elastómericos","NO DISPONIBLE"]
[13100000,"Caucho  y  elastómeros","NO DISPONIBLE"]
[13101500,"Caucho natural","NO DISPONIBLE"]
[13101501,"Caucho látex","2.3.5.4.01"]
[13101502,"Caucho crepe","2.3.5.4.01"]
[13101503,"Caucho hoja ahumada","2.3.5.4.01"]
[13101504,"Caucho espuma natural","2.3.5.4.01"]
[13101505,"Caucho bloque o borona","2.3.5.4.01"]
[13101600,"Caucho procesado y sintético","NO DISPONIBLE"]
[13101601,"Caucho vulcanizado","2.3.5.4.01"]
[13101602,"Caucho clorado","2.3.5.4.01"]
[13101603,"Caucho clorhidrato","2.3.5.4.01"]
[13101604,"Caucho ciclizado","2.3.5.4.01"]
[13101605,"Caucho isomerizado","2.3.5.4.01"]
[13101606,"Caucho termoplástico","2.3.5.4.01"]
[13101607,"Compuesto de caucho","2.3.5.4.01"]
[13101700,"Elastómeros","NO DISPONIBLE"]
[13101701,"Butadieno acilonitrilo nbr","2.3.7.2.99"]
[13101702,"Nitrilo altamente saturado nhbr","2.3.7.2.99"]
[13101703,"Fluorocarbono fcm","2.3.7.2.99"]
[13101704,"Propileno etileno epe","2.3.7.2.99"]
[13101705,"Butadieno estireno","2.3.7.2.99"]
[13101706,"Clorpreno cr","2.3.7.2.99"]
[13101707,"Isopreno isobutileno iir / xiir","2.3.7.2.99"]
[13101708,"Silicona vmq y pmq y pvmq","2.3.7.2.99"]
[13101709,"Fluorosilicona fvmq","2.3.7.2.99"]
[13101710,"Poliacrilato acm","2.3.7.2.99"]
[13101711,"Etileno acrílico aem","2.3.7.2.99"]
[13101712,"Polietileno clorosulfonatado csm","2.3.7.2.99"]
[13101713,"Cloropolietileno cm","2.3.7.2.99"]
[13101714,"Epicloridrina","2.3.7.2.99"]
[13101715,"Polisopreno natural nr","2.3.7.2.99"]
[13101716,"Polisopreno sintético ir","2.3.7.2.99"]
[13101717,"Poliéster uretano au","2.3.7.2.99"]
[13101718,"Poliéster uretano eu","2.3.7.2.99"]
[13101719,"Polibutadieno br","2.3.7.2.99"]
[13101720,"Poli éter bloque amida peba","2.3.7.2.99"]
[13101721,"Estireno bloque copolímero tes","2.3.7.2.99"]
[13101722,"Copoliester","2.3.7.2.99"]
[13101723,"Termoplástico","2.3.5.5.01"]
[13101724,"Poliolefínico","2.3.7.2.99"]
[13101900,"Plásticos termoformados","NO DISPONIBLE"]
[13101902,"Fenólico pf","2.3.5.5.01"]
[13101903,"Poliéster no saturado up","2.3.5.5.01"]
[13101904,"Urea uf","2.3.7.2.99"]
[13101905,"Melamina mf","2.3.7.2.99"]
[13101906,"Poliuretano termoestable pur","2.3.5.5.01"]
[13102000,"Plásticos termoplásticos","NO DISPONIBLE"]
[13102001,"Acrilonitrilo butadieno estireno abs","2.3.5.5.01"]
[13102002,"Aleaciones de acrilonitrilo butadieno estireno abs","2.3.5.5.01"]
[13102003,"Polímero acetal","2.3.5.5.01"]
[13102005,"Acrilonitrilo estireno acrílico asa","2.3.5.5.01"]
[13102006,"Aleaciones de acrilonitrilo estireno acrílico asa","2.3.5.5.01"]
[13102008,"Fluoropolímeros ptfe","2.3.5.5.01"]
[13102009,"Etileno vinil acetato (EVA)","2.3.5.5.01"]
[13102010,"Polímero cristal líquido lcp","2.3.5.5.01"]
[13102011,"Nylons poliamida pa","2.3.5.5.01"]
[13102012,"Polibutileno tereftalato (PBT)","2.3.5.5.01"]
[13102013,"Policarbonato pc","2.3.5.5.01"]
[13102014,"Polietereterquetona peek","2.3.5.5.01"]
[13102015,"Polieterimida (PEI)","2.3.5.5.01"]
[13102016,"Polietersulfona pes","2.3.5.5.01"]
[13102017,"Polietileno de baja densidad hdpe","2.3.5.5.01"]
[13102018,"Polietileno de alta densidad ldpe","2.3.5.5.01"]
[13102019,"Polietileno de media densidad mdpe","2.3.5.5.01"]
[13102020,"Polietileno tereftalato pet","2.3.5.5.01"]
[13102021,"Polimida pi","2.3.5.5.01"]
[13102022,"Polipropileno pp","2.3.5.5.01"]
[13102023,"Poliftalamida (PPA)","2.3.5.5.01"]
[13102024,"Óxido de polifenileno ppo","2.3.5.5.01"]
[13102025,"Sulfuro de polifenileno pps","2.3.5.5.01"]
[13102026,"Poliestireno (icopor) ps","2.3.5.5.01"]
[13102027,"Poliestireno de alto impacto hips","2.3.5.5.01"]
[13102028,"Polisulfona psu","2.3.5.5.01"]
[13102029,"Poliuretano termoplástico rígido rptu","2.3.5.5.01"]
[13102030,"Cloruro de polivinilo pvc","2.3.5.5.01"]
[13102031,"Éter de polifenilene ppe","2.3.5.5.01"]
[13110000,"Resinas  y  colofonias  y  otros  materiales  derivados  de  resina","NO DISPONIBLE"]
[13111000,"Resinas","NO DISPONIBLE"]
[13111001,"Epoxi","2.3.7.2.99"]
[13111002,"Resina fenólica","2.3.7.2.99"]
[13111003,"Resina polester no saturada","2.3.7.2.99"]
[13111004,"Resina estireno butadieno acrilonitrilo","2.3.7.2.99"]
[13111005,"Resina acrílica estireno acrilonitrilo","2.3.7.2.99"]
[13111006,"Resina aleación acrílica estireno acrilonitrilo","2.3.7.2.99"]
[13111007,"Resina fliuoropolímero","2.3.7.2.99"]
[13111008,"Resina acetato vinilo etileno","2.3.7.2.99"]
[13111009,"Resina polímero cristal líquido","2.3.7.2.99"]
[13111010,"Nylon","2.3.7.2.99"]
[13111011,"Tetralftalato polibutileno","2.3.7.2.99"]
[13111012,"Resina de policarbonato","2.3.7.2.99"]
[13111013,"Resina polietereterquetona","2.3.7.2.99"]
[13111014,"Resina polieterimida","2.3.7.2.99"]
[13111015,"Resina polietersulfona","2.3.7.2.99"]
[13111016,"Polietileno","2.3.7.2.99"]
[13111017,"Resina terftalato polietileno","2.3.7.2.99"]
[13111018,"Resina polimida","2.3.7.2.99"]
[13111019,"Resina polipropileno","2.3.7.2.99"]
[13111020,"Resina poliftalamida","2.3.7.2.99"]
[13111021,"Óxido de polietileno","2.3.7.2.99"]
[13111022,"Resina sulfuro de polifenilene","2.3.7.2.99"]
[13111023,"Resina de poliestireno","2.3.7.2.99"]
[13111024,"Resina de polisulfona","2.3.7.2.99"]
[13111025,"Resina de cloruro de polivinilo","2.3.7.2.99"]
[13111026,"Resina de acrilonitrilo de estireno","2.3.7.2.99"]
[13111027,"Formaldehído de urea","2.3.7.2.99"]
[13111028,"Alquido","2.3.7.2.99"]
[13111029,"Formaldehído de melamina","2.3.7.2.99"]
[13111030,"Poliacetal","2.3.7.2.99"]
[13111031,"Poliamida","2.3.7.2.99"]
[13111032,"Grupo alilo","2.3.7.2.99"]
[13111033,"Ácido acrílico de etileno","2.3.7.2.99"]
[13111034,"Compuesto cloruro de polivinilo","2.3.7.2.99"]
[13111035,"Solución de vinilo","2.3.7.2.99"]
[13111036,"Fenoxi","2.3.7.2.99"]
[13111037,"Resina compuesta","2.3.7.2.99"]
[13111038,"Pirolidina polivinilo","2.3.7.2.99"]
[13111039,"Tereftalato de polietileno o glicol modificado","2.3.7.2.99"]
[13111040,"Fijador de hidrocarburo","2.3.7.2.99"]
[13111041,"Mezclas de policarbonato","2.3.7.2.99"]
[13111042,"Alcohol polivinilo","2.3.7.2.99"]
[13111043,"Butiral polivinilo","2.3.7.2.99"]
[13111044,"Compuesto de moldeo de poliéster","2.3.7.2.99"]
[13111045,"Acetato de polivinilo","2.3.7.2.99"]
[13111046,"Éter de polivinilo","2.3.7.2.99"]
[13111047,"Polivinilo formal","2.3.7.2.99"]
[13111048,"Acrílico de estireno","2.3.7.2.99"]
[13111049,"Polímeros de propileno de etileno","2.3.7.2.99"]
[13111050,"Óxido de polipropileno","2.3.7.2.99"]
[13111051,"Éter de polipropileno","2.3.7.2.99"]
[13111052,"Sulfona de polipropileno","2.3.7.2.99"]
[13111053,"Polimetilacrilato","2.3.7.2.99"]
[13111054,"Anhídrido maléico de estireno","2.3.7.2.99"]
[13111055,"Poliestireno sindiotáctico","2.3.7.2.99"]
[13111056,"Cloruro de polivinilo clorado","2.3.7.2.99"]
[13111057,"Poliéster termoplástico","2.3.7.2.99"]
[13111058,"Resinas de indeno","2.3.7.2.99"]
[13111059,"Resinas plásticas","2.3.7.2.99"]
[13111060,"Resinas de petróleo","2.3.7.2.99"]
[13111061,"Resinas de poliuretano","2.3.7.2.99"]
[13111062,"Resinas de polieter","2.3.7.2.99"]
[13111063,"Resinas recicladas","2.3.7.2.99"]
[13111064,"Resinas acrílicas","2.3.7.2.99"]
[13111065,"Resinas celulosas","2.3.7.2.99"]
[13111066,"Resinas de polipropileno","2.3.7.2.99"]
[13111100,"Colofonia","NO DISPONIBLE"]
[13111101,"Rosina de madera","2.3.1.3.03"]
[13111102,"Rosina de goma","2.3.1.3.03"]
[13111103,"Rosina aceite de pino","2.3.1.3.03"]
[13111200,"Películas","NO DISPONIBLE"]
[13111201,"Películas de polietileno","2.3.5.5.01"]
[13111202,"Películas de poliuretano","2.3.5.5.01"]
[13111203,"Películas de acetato","2.3.5.5.01"]
[13111204,"Películas de acrílico","2.3.7.2.02"]
[13111205,"Películas coextruídas","2.3.7.2.02"]
[13111206,"Películas de fluoropolímero","2.3.7.2.02"]
[13111207,"Películas metalizadas","2.3.7.2.02"]
[13111208,"Películas de nylon","2.3.5.5.01"]
[13111209,"Películas de policarbonato","2.3.5.5.01"]
[13111210,"Películas de poliéster","2.3.5.5.01"]
[13111211,"Películas de polipropileno","2.3.5.5.01"]
[13111212,"Polipropileno orientado axialmente","2.3.5.5.01"]
[13111213,"Películas de poliamida","2.3.5.5.01"]
[13111214,"Películas de poliestireno","2.3.5.5.01"]
[13111215,"Películas de cloruro de polivinilo flexible","2.3.5.5.01"]
[13111216,"Películas de cloruro de polivinilo rígido","2.3.5.5.01"]
[13111217,"Películas de alcohol vinilo etileno","2.3.5.5.01"]
[13111218,"Películas de cloruro de polivinilo","2.3.5.5.01"]
[13111219,"Películas de alcohol polivinilo","2.3.5.5.01"]
[13111220,"Películas de recubiertas de silicona","2.3.5.5.01"]
[13111300,"Espumas","NO DISPONIBLE"]
[13111301,"Espumas de poliolefina","2.3.5.5.01"]
[13111302,"Espumas de poli éter","2.3.5.5.01"]
[13111303,"Espumas de silicona","2.3.5.4.01"]
[13111304,"Espumas de terpolímero propileno etileno","2.3.5.5.01"]
[13111305,"Espumas de neopreno","2.3.5.5.01"]
[13111306,"Espumas de cloruro de polivinilo","2.3.5.5.01"]
[13111307,"Espumas de caucho","2.3.5.5.01"]
[13111308,"Espumas de poliestireno","2.3.5.5.01"]
[14000000,"Materiales y productos de papel","NO DISPONIBLE"]
[14100000,"Materiales  de  papel","NO DISPONIBLE"]
[14101500,"Materias primas","NO DISPONIBLE"]
[14101501,"Pulpa de papel","2.3.1.4.01"]
[14110000,"Productos de papel","NO DISPONIBLE"]
[14111500,"Papel de imprenta y papel de escribir","NO DISPONIBLE"]
[14111501,"Papel cebolla","2.3.3.1.01"]
[14111502,"Papel vitela","2.3.3.1.01"]
[14111503,"Papel pergamino","2.3.3.2.01"]
[14111504,"Papel en formas continuas","2.3.3.2.01"]
[14111505,"Papel mimeógrafo","2.3.3.1.01"]
[14111506,"Papel para impresión de computadores","2.3.3.1.01"]
[14111507,"Papel para impresora o fotocopiadora","2.3.3.1.01"]
[14111508,"Papel para fax","2.3.3.1.01"]
[14111509,"Papel membreteado","2.3.3.1.01"]
[14111510,"Papel para plotter","2.3.3.2.01"]
[14111511,"Papel de escritura","2.3.3.1.01"]
[14111512,"Papel para gráficos","2.3.3.1.01"]
[14111513,"Papel de libro","2.3.3.1.01"]
[14111514,"Blocs o cuadernos de papel","2.3.9.2.01"]
[14111515,"Papel para sumadora o máquina registradora","2.3.3.1.01"]
[14111516,"Repuestos de papel para cuaderno","2.3.3.1.01"]
[14111518,"Tarjetas de índice","2.3.3.2.01"]
[14111519,"Papeles cartulina","2.3.3.2.01"]
[14111520,"Papel secante","2.3.3.1.01"]
[14111523,"Papel calcante","2.3.3.1.01"]
[14111524,"Papel folio","2.3.3.1.01"]
[14111525,"Papel multipropósito","2.3.3.1.01"]
[14111526,"Papel libretas o libros de mensajes telefónicos","2.3.9.2.01"]
[14111527,"Papel autocopiante","2.3.3.2.01"]
[14111528,"Papel magnético","2.3.3.2.01"]
[14111529,"Rollos de télex","2.3.3.2.01"]
[14111530,"Papel de notas autoadhesivas","2.3.9.2.01"]
[14111531,"Papel libros o cuadernos para bitácoras","2.3.9.2.01"]
[14111532,"Papel kits de papeles surtidos","2.3.3.2.01"]
[14111533,"Papel cuadernillos o formularios de exámenes","2.3.3.2.01"]
[14111534,"Papeles para notación musical o manuscritos","2.3.3.2.01"]
[14111535,"Papeles para telégrafo","2.3.3.2.01"]
[14111536,"Tarjetas de préstamo de bibliotecas","2.3.3.2.01"]
[14111537,"Etiquetas de papel","2.3.3.2.01"]
[14111600,"Papel fantasía","NO DISPONIBLE"]
[14111601,"Papel o bolsas o cajas de regalo","2.3.3.2.01"]
[14111604,"Tarjetas de presentación","2.3.3.3.01"]
[14111605,"Tarjetas postales, de saludo o de notas","2.3.3.2.01"]
[14111606,"Papel para artes o artesanías","2.3.3.2.01"]
[14111607,"Tableros para afiches","2.3.3.2.01"]
[14111608,"Certificados de regalo","2.3.9.9.02"]
[14111609,"Papel de cubierta","2.3.3.2.01"]
[14111610,"Papel de construcción","2.3.3.2.01"]
[14111611,"Tarjetas de invitación o de anuncio","2.3.3.2.01"]
[14111613,"Papel de pancartas","2.3.3.2.01"]
[14111614,"Papel o tejidos de álbum","2.3.3.2.01"]
[14111615,"Papeles de afiche","2.3.3.2.01"]
[14111616,"Papeles para forrar","2.3.3.2.01"]
[14111700,"Productos de papel para uso personal","NO DISPONIBLE"]
[14111701,"Pañuelos faciales","2.3.3.2.01"]
[14111702,"Cubiertos de asientos de sanitario","2.3.3.2.01"]
[14111703,"Toallas de papel","2.3.3.2.01"]
[14111704,"Papel higiénico","2.3.3.2.01"]
[14111705,"Servilletas de papel","2.3.3.2.01"]
[14111706,"Manteles de papel","2.3.3.2.01"]
[14111800,"Papeles de uso comercial","NO DISPONIBLE"]
[14111801,"Boletas o rollos de boletería","2.3.3.2.01"]
[14111802,"Recibos o libros de recibos","2.3.3.3.01"]
[14111803,"Comprobantes","2.3.3.3.01"]
[14111804,"Facturas o libros de facturas","2.3.3.3.01"]
[14111805,"Cheques o chequeras","2.3.3.3.01"]
[14111806,"Formularios o cuestionarios de negocios","2.3.3.3.01"]
[14111807,"Libros comerciales para múltiples usos","2.3.3.3.01"]
[14111808,"Formatos contables o libros de contabilidad","2.3.9.2.01"]
[14111809,"Formas o libros de conocimientos de embarque","2.3.3.3.01"]
[14111810,"Formatos o libros de personal","2.3.3.3.01"]
[14111811,"Formatos o libros de ventas","2.3.3.3.01"]
[14111812,"Formatos o libros de inventarios","2.3.3.3.01"]
[14111813,"Formatos o libros de correspondencia","2.3.3.3.01"]
[14111814,"Formatos o libros de impuestos","2.3.3.3.01"]
[14111815,"Tarjetas de identificación","2.3.3.3.01"]
[14111816,"Tarjetas de huellas digitales de solicitante","2.3.3.3.01"]
[14111817,"Formato de verificación de depósito","2.3.3.3.01"]
[14120000,"Papel  para  uso  industrial","NO DISPONIBLE"]
[14121500,"Cartón y papel para embalaje","NO DISPONIBLE"]
[14121501,"Cartón blanqueado","2.3.3.2.01"]
[14121502,"Cartón no blanqueado","2.3.3.2.01"]
[14121503,"Cartón","2.3.3.2.01"]
[14121504,"Papel de empaque","2.3.3.2.01"]
[14121505,"Material de fibra","2.3.1.4.01"]
[14121600,"Papel de seda","NO DISPONIBLE"]
[14121601,"Papel crepé sin blanquear","2.3.3.2.01"]
[14121602,"Papel crepé semi blanqueado","2.3.3.2.01"]
[14121603,"Pañuelos de papel resistentes a la humedad","2.3.3.2.01"]
[14121604,"Pañuelos de papel libres de ácido","2.3.3.2.01"]
[14121605,"Pañuelos de papel kraft","2.3.3.2.01"]
[14121700,"Papeles laminados","NO DISPONIBLE"]
[14121701,"Papeles adheridos con película","2.2.2.2.01"]
[14121702,"Papeles cilindro o papel pesado multi – capas","2.3.3.2.01"]
[14121703,"Hojas de papel aluminio laminado","2.3.9.5.01"]
[14121800,"Papeles recubiertos","NO DISPONIBLE"]
[14121801,"Papeles recubiertos de arcilla","2.3.6.1.05"]
[14121802,"Papeles recubiertos de polietileno","2.3.3.2.01"]
[14121803,"Papeles recubiertos de poliéster","2.3.3.2.01"]
[14121804,"Papeles recubiertos de silicona","2.3.3.2.01"]
[14121805,"Papeles recubiertos tratados con látex","2.3.3.2.01"]
[14121806,"Papel de parafinado","2.3.3.2.01"]
[14121807,"Papel mantequilla","2.3.3.2.01"]
[14121808,"Papel para congelador","2.3.3.2.01"]
[14121809,"Papel de enmascarar","2.3.3.2.01"]
[14121810,"Papeles carbón","2.3.3.1.01"]
[14121811,"Papeles de copiado sensibilizados","2.3.3.2.01"]
[14121812,"Papel de fotografía","2.3.5.5.01"]
[14121900,"Papel prensa y de offset","NO DISPONIBLE"]
[14121901,"Papel periódico estándar","2.3.3.2.01"]
[14121902,"Papel periódico de colores","2.3.3.2.01"]
[14121903,"Papel periódico de alto brillo","2.3.3.2.01"]
[14121904,"Papel offset","2.3.3.2.01"]
[14121905,"Papeles tímpano","2.3.3.2.01"]
[14122100,"Papeles de base sin recubrir","NO DISPONIBLE"]
[14122101,"Papel kraft súper calandrado","2.3.3.2.01"]
[14122102,"Papel kraft terminado o satinado en máquina","2.3.3.2.01"]
[14122103,"Papel no recubierto no tratado","2.3.3.2.01"]
[14122104,"Papel crepé no tratado","2.3.3.2.01"]
[14122105,"Papel crepé tratado con látex","2.3.3.2.01"]
[14122106,"Papel no recubierto tratado con látex","2.3.3.2.01"]
[14122200,"Papeles especializados de uso industrial","NO DISPONIBLE"]
[14122201,"Papel para germinación de semillas","2.3.3.2.01"]
[15000000,"Materiales combustibles, aditivos para combustibles, lubricantes y anticorrosivos","NO DISPONIBLE"]
[15100000,"Combustibles","NO DISPONIBLE"]
[15101500,"Petróleo y destilados","NO DISPONIBLE"]
[15101502,"Kerosene","2.3.7.1.03"]
[15101503,"Nafta","2.3.7.1.99"]
[15101504,"Combustible de aviación","2.3.7.1.99"]
[15101505,"Combustible diesel","2.3.7.1.02"]
[15101506,"Gasolina","2.3.7.1.01"]
[15101507,"Benceno","2.3.7.1.99"]
[15101508,"Petróleo crudo","2.3.6.4.02"]
[15101509,"Combustible marítimo","2.3.7.1.99"]
[15101510,"Condensado","2.3.7.1.99"]
[15101600,"Combustibles sólidos o gelificados","NO DISPONIBLE"]
[15101601,"Carbón sub – bituminosos o débil","2.3.6.4.03"]
[15101602,"Lignito","2.3.6.4.03"]
[15101603,"Turba","2.3.6.4.03"]
[15101604,"Coque","2.3.6.4.03"]
[15101605,"Carbón de leña o vegetal","2.3.1.4.01"]
[15101606,"Combustibles de alcohol gelatinoso","2.3.7.1.99"]
[15101607,"Hexaminas","2.3.7.1.99"]
[15101608,"Trioxanos","2.3.7.1.99"]
[15101700,"Gasoil","NO DISPONIBLE"]
[15101701,"Fuel oil de calefacción # 2","2.3.7.1.02"]
[15101702,"Fuel oils pesados residuales # 4 ó # 6","2.3.7.1.02"]
[15110000,"Combustibles  gaseosos  y  aditivos","NO DISPONIBLE"]
[15111500,"Combustibles gaseosos","NO DISPONIBLE"]
[15111501,"Propano","2.3.7.1.99"]
[15111502,"Metano","2.3.7.1.99"]
[15111503,"Propileno","2.3.7.1.99"]
[15111504,"Etileno","2.3.7.1.99"]
[15111505,"Butano","2.3.7.1.99"]
[15111506,"Acetileno","2.3.7.1.99"]
[15111507,"Gas de agua o gas productor","2.3.7.1.99"]
[15111508,"Gas de carbón","2.3.7.1.99"]
[15111509,"Gas metilacetileno propadieno mapp","2.3.7.1.99"]
[15111510,"Gas licuado de petróleo","2.3.7.1.04"]
[15111700,"Aditivos para carburante","NO DISPONIBLE"]
[15111701,"Espesantes de combustible","2.3.7.2.99"]
[15111702,"Inhibidores de hielo para sistemas de combustibles","2.3.7.2.99"]
[15120000,"Lubricantes,  aceites,  grasas  y  anticorrosivos","NO DISPONIBLE"]
[15121500,"Preparados lubricantes","NO DISPONIBLE"]
[15121501,"Aceite motor","2.3.7.1.05"]
[15121502,"Aceite de corte","2.3.7.1.05"]
[15121503,"Aceite de engranajes","2.3.7.1.05"]
[15121504,"Aceite hidráulico","2.3.7.1.05"]
[15121505,"Aceite de transformador o aislador","2.3.7.1.05"]
[15121508,"Aceite de transmisión","2.3.7.1.05"]
[15121509,"Aceite de frenos","2.3.7.1.05"]
[15121510,"Anti – excoriación","2.3.7.1.06"]
[15121511,"Pastas de ensamble","2.3.7.1.06"]
[15121512,"Anti adhesivos","2.3.7.1.06"]
[15121513,"Lubricantes de grafito","2.3.7.1.06"]
[15121514,"Lubricantes espray","2.3.7.1.06"]
[15121515,"Compuestos anti – adherentes o anti – manchas","2.3.7.1.06"]
[15121516,"Eliminador de fugas","2.3.7.1.06"]
[15121517,"Jabones lubricantes","2.3.7.1.06"]
[15121518,"Fluidos de amortiguación","2.3.7.1.06"]
[15121519,"Aceites de lubricación de relojes","2.3.7.1.05"]
[15121520,"Lubricantes de propósito general","2.3.7.1.06"]
[15121521,"Aceites para lubricación de bombas","2.3.7.1.05"]
[15121522,"Aceites para lubricación de armas","2.3.7.1.05"]
[15121523,"Fluidos para preparación de lentes","2.3.7.2.99"]
[15121524,"Aceites de templado","2.3.7.1.05"]
[15121525,"Aceite atemperante","2.3.7.1.05"]
[15121526,"Lubricantes para equipo de procesamiento de alimentos","2.3.7.1.06"]
[15121527,"Aceite de turbina","2.3.7.1.05"]
[15121800,"Anticorrosivos","NO DISPONIBLE"]
[15121801,"Repelente de humedad","2.3.7.2.99"]
[15121802,"Lubricante anti – corrosión","2.3.7.1.06"]
[15121803,"Removedor de óxido","2.3.7.2.99"]
[15121804,"Preparación contra óxido","2.3.7.2.99"]
[15121805,"Pastas anti – soldado","2.3.7.2.99"]
[15121806,"Aceites penetrantes","2.3.7.1.05"]
[15121900,"Grasas","NO DISPONIBLE"]
[15121901,"Grasa de silicona","2.3.7.1.05"]
[15121902,"Grasa","2.3.7.1.05"]
[15121903,"Grasa fluoropolímero","2.3.7.1.05"]
[15121904,"Grasa de lana","2.3.7.1.05"]
[20000000,"Maquinaria  y  accesorios  de  minería  y  perforación  de  pozos","NO DISPONIBLE"]
[20110000,"Equipo  de  perforación  y  explotación  de  pozos","NO DISPONIBLE"]
[20111500,"Equipo de exploración y perforación","NO DISPONIBLE"]
[20111504,"Equipos para perforar pozos de agua","2.6.5.2.02"]
[20111505,"Equipo para la exploración de uranio","2.6.5.2.01"]
[20111600,"Maquinaria de perforación y explotación","NO DISPONIBLE"]
[20111601,"Maquinaria de sondeo o de perforación","2.6.5.2.01"]
[20111602,"Maquinaria de ensamble en fondo de pozo","2.6.5.2.01"]
[20111603,"Martillos perforadores","2.6.5.7.01"]
[20111604,"Taladro sobre orugas","2.6.5.7.01"]
[20111606,"Vibradores neumáticos","2.6.5.2.01"]
[20111607,"Maquinaria para hacer túneles","2.6.5.2.01"]
[20111608,"Martillos de poder","2.6.5.7.01"]
[20111609,"Taladro de platina","2.6.5.7.01"]
[20111610,"Maquinaria de inspección de alcantarillas","2.6.5.2.01"]
[20111611,"Taladros giratorios","2.6.5.7.01"]
[20111612,"Taladros de perforación de pozos","2.6.5.2.01"]
[20111613,"Taladros de barreno profundo","2.6.5.7.01"]
[20111614,"Brocas industriales","2.6.5.7.01"]
[20111615,"Perforadora de avance","2.6.5.7.01"]
[20111616,"Torre de perforación","2.6.5.2.01"]
[20111617,"Carros de perforación","2.6.5.2.01"]
[20111618,"Caña de pecar de fondo de pozo","2.6.5.8.01"]
[20111619,"Cono de perforación de pozos","2.3.9.8.02"]
[20111700,"Accesorios de perforación y explotación","NO DISPONIBLE"]
[20111701,"Instrumentos audiovisuales para inspección de pozos","2.6.5.8.01"]
[20111702,"Tapones o anclajes de tubos","2.3.9.8.02"]
[20111703,"Recubrimientos de perforación","2.6.5.7.01"]
[20111704,"Pantallas de perforación","2.6.5.7.01"]
[20111705,"Puntos de pozo","2.3.9.8.01"]
[20111706,"Cuñas de perforación","2.3.9.8.01"]
[20111707,"Adaptadores de herramientas de perforación","2.3.9.8.02"]
[20111708,"Columnas de perforación","2.3.6.3.06"]
[20111709,"Herramientas o kits de accesorios para perforar pozos","2.6.5.7.01"]
[21000000,"Maquinaria  y  accesorios  para  agricultura,  pesca,  silvicultura  y  fauna","NO DISPONIBLE"]
[21100000,"Maquinaria  y  equipo  para  agricultura,  silvicultura  y  paisajismo","NO DISPONIBLE"]
[21101500,"Maquinaria agrícola para preparación del suelo","NO DISPONIBLE"]
[21101501,"Arados","2.6.5.1.01"]
[21101502,"Pulverizadores","2.6.5.1.01"]
[21101503,"Cultivadoras","2.6.5.1.01"]
[21101504,"Desmalezadoras","2.6.5.1.01"]
[21101505,"Máquinas desyerbadoras","2.6.5.1.01"]
[21101506,"Máquinas aplanadoras o niveladoras","2.6.5.2.01"]
[21101507,"Rodillos agrícolas","2.6.5.1.01"]
[21101508,"Rodillos para prados o terrenos deportivos","2.6.5.2.01"]
[21101509,"Máquina para drenaje de zanjas","2.6.5.2.01"]
[21101510,"Cañerías o tuberías de riego","2.6.5.1.01"]
[21101511,"Chorros de riego","2.6.5.1.01"]
[21101512,"Gastos generales de riego","2.6.5.1.01"]
[21101513,"Discos","2.3.9.8.01"]
[21101514,"Arados de subsuelo","2.6.5.1.01"]
[21101516,"Sembradoras","2.3.6.3.04"]
[21101600,"Maquinaria agrícola para siembra y plantado","NO DISPONIBLE"]
[21101601,"Plantadoras","2.6.5.1.01"]
[21101602,"Transplantadoras","2.6.5.1.01"]
[21101603,"Sembradoras de grano","2.6.5.1.01"]
[21101604,"Sembradoras de semillas","2.6.5.1.01"]
[21101605,"Equipo para tratamiento de semillas","2.6.5.1.01"]
[21101606,"Excavadoras de agujeros","2.6.5.1.01"]
[21101607,"Remolque de sembradora","2.6.4.2.01"]
[21101700,"Maquinaria agrícola para cosechar","NO DISPONIBLE"]
[21101701,"Cortadoras de pasto","2.6.5.1.01"]
[21101702,"Máquina segadora de heno","2.6.5.1.01"]
[21101703,"Cosechadoras","2.6.5.1.01"]
[21101704,"Cosechadoras “trilladoras” o mixtas","2.6.4.2.01"]
[21101705,"Trilladoras","2.6.5.1.01"]
[21101706,"Separadores de cultivos","2.6.5.1.01"]
[21101707,"Piezas de cosechadora o accesorios","2.3.9.8.01"]
[21101708,"Piezas de segadora o accesorios","2.3.9.8.01"]
[21101800,"Aparatos dispersores o aspersores para agricultura","NO DISPONIBLE"]
[21101801,"Rociadores","2.6.5.1.01"]
[21101802,"Guarda polvos","2.6.5.1.01"]
[21101803,"Aspersores de agua","2.6.5.1.01"]
[21101804,"Dispersores o distribuidores de fertilizante","2.6.5.1.01"]
[21101805,"Generadores de niebla o neblina","2.6.5.1.01"]
[21101806,"Compostadores","2.6.5.1.01"]
[21101807,"Equipo y suministros para polinización","2.6.5.1.01"]
[21101808,"Equipo para protección contra las heladas","2.6.5.1.01"]
[21101900,"Equipo para aves de corral y ganado","NO DISPONIBLE"]
[21101901,"Ordeñadoras","2.6.5.1.01"]
[21101902,"Equipo para cría de ganado","2.6.5.1.01"]
[21101903,"Incubadoras o polleras para aves de corral","2.6.5.1.01"]
[21101904,"Mezcladoras de forraje","2.6.5.1.01"]
[21101905,"Equipo para identificación de ganado","2.6.5.1.01"]
[21101906,"Equipo de inspección o recolección de huevos","2.6.5.1.01"]
[21101907,"Máquinas para abrevar animales","2.6.5.1.01"]
[21101908,"Tanques refrigeradores de leche","2.6.5.1.01"]
[21101909,"Equipo para el esquilar o peluquear de animales","2.6.5.1.01"]
[21102000,"Maquinaria agrícola para limpieza, selección o clasificación","NO DISPONIBLE"]
[21102001,"Máquinas limpiadoras de semillas, grano o legumbres secas","2.6.5.1.01"]
[21102002,"Máquinas seleccionadoras de semillas, grano o legumbres secas","2.6.5.1.01"]
[21102003,"Clasificadoras de semillas, grano o legumbres secas","2.6.5.1.01"]
[21102004,"Equipo para limpieza y descascarillado de arroz","2.6.5.1.01"]
[21102005,"Molino para trituración","2.6.5.1.01"]
[21102006,"Molinos de martillo","2.6.5.1.01"]
[21102100,"Maquinaria y equipo para transformación agrícola","NO DISPONIBLE"]
[21102101,"Máquinas agrícolas de briqueta","2.6.5.1.01"]
[21102200,"Maquinaria y equipo para silvicultura","NO DISPONIBLE"]
[21102201,"Descortezadoras","2.6.5.1.01"]
[21102202,"Equipo de explotación forestal","2.6.5.1.01"]
[21102203,"Equipo de reforestación","2.6.5.1.01"]
[21102204,"Sierras para silvicultura","2.6.5.1.01"]
[21102205,"Deslizadores forestales","2.6.5.1.01"]
[21102206,"Barrenos para aumento forestal","2.6.5.1.01"]
[21102207,"Hipsómetro para silvicultura","2.6.5.1.01"]
[21102300,"Equipo para invernadero","NO DISPONIBLE"]
[21102301,"Equipo de riego para invernadero","2.6.5.1.01"]
[21102302,"Materas para invernadero","2.3.9.9.05"]
[21102303,"Equipo de ventilación para invernadero","2.6.5.1.01"]
[21102304,"Equipo aislante para invernadero","2.6.5.1.01"]
[21102400,"Equipo para insectos","NO DISPONIBLE"]
[21102401,"Equipo para apicultura","2.6.5.1.01"]
[21102402,"Equipo para gusanos de seda","2.6.5.1.01"]
[21102403,"Equipo para la cría de mariposas","2.6.5.1.01"]
[21102404,"Equipo para la cría de escarabajos","2.6.5.1.01"]
[21110000,"Equipo  de  pesca  y  acuicultura","NO DISPONIBLE"]
[21111500,"Equipo de pesca comercial","NO DISPONIBLE"]
[21111501,"Anzuelos para pesca comercial","2.3.9.4.01"]
[21111502,"Carretes para pesca comercial","2.3.9.4.01"]
[21111503,"Aparejos para pesca comercial","2.3.9.4.01"]
[21111504,"Redes para pesca comercial","2.3.9.4.01"]
[21111506,"Flotadores para pesca comercial","2.3.9.4.01"]
[21111507,"Plomos o pesos comerciales","2.3.9.4.01"]
[21111508,"Transportadores de redes de pesca","2.3.9.4.01"]
[21111600,"Equipo para acuicultura","NO DISPONIBLE"]
[21111601,"Equipo para piscicultura marina","2.6.5.2.01"]
[21111602,"Suministros para piscicultura","2.3.9.7.01"]
[22000000,"Maquinaria  y  accesorios  para  construcción  y  edificación","NO DISPONIBLE"]
[22100000,"Maquinaria  y  equipo  pesado  de  construcción","NO DISPONIBLE"]
[22101500,"Maquinaria para trabajo de desmonte","NO DISPONIBLE"]
[22101501,"Cargadores frontales","2.6.5.3.01"]
[22101502,"Niveladoras","2.6.5.3.01"]
[22101504,"Piloteadoras","2.6.5.3.01"]
[22101505,"Aplanadoras","2.6.5.3.01"]
[22101507,"Bateadoras","2.6.5.3.01"]
[22101508,"Máquinas para abrir zanjas","2.6.5.3.01"]
[22101509,"Retroexcavadoras","2.6.5.3.01"]
[22101511,"Compactadores","2.6.5.3.01"]
[22101513,"Dragalíneas","2.6.5.3.01"]
[22101514,"Dragas","2.6.5.3.01"]
[22101516,"Excavadoras de fosos","2.6.5.3.01"]
[22101518,"Raspadores elevadores","2.6.5.3.01"]
[22101519,"Máquina giratoria con cazoleta de rastrillos abiertas","2.6.5.3.01"]
[22101520,"Máquina giratoria con rastrillos elevadores","2.6.5.3.01"]
[22101521,"Rastrilladora arrastrada","2.6.5.3.01"]
[22101522,"Buldóceres de orugas","2.6.5.3.01"]
[22101523,"Buldóceres de ruedas","2.6.5.3.01"]
[22101524,"Excavadoras móviles","2.6.5.3.01"]
[22101525,"Excavadoras de ruedas","2.6.5.3.01"]
[22101526,"Excavadoras de orugas","2.6.5.3.01"]
[22101527,"Transportes integrados de carga","2.6.5.3.01"]
[22101528,"Cargadores de ruedas","2.6.5.3.01"]
[22101529,"Cargadores sobre patines con dirección","2.6.5.3.01"]
[22101530,"Raspadores abiertos","2.6.5.3.01"]
[22101531,"Cañones para quitar nieve","2.6.5.3.01"]
[22101532,"Cargadores de orugas","2.6.5.3.01"]
[22101533,"Arrancadoras de troncos","2.6.5.3.01"]
[22101534,"Excavadoras de campaña","2.6.5.3.01"]
[22101600,"Equipo de pavimentación","NO DISPONIBLE"]
[22101602,"Equipo de apisonamiento","2.6.5.2.01"]
[22101603,"Ensanchadores de carreteras","2.6.5.2.01"]
[22101604,"Placas vibradoras","2.6.5.2.01"]
[22101605,"Acabadoras de asfalto","2.6.5.2.01"]
[22101606,"Esparcidoras de gravilla","2.6.5.2.01"]
[22101607,"Pavimentadoras","2.6.5.2.01"]
[22101608,"Aplanadoras en frío","2.6.5.2.01"]
[22101609,"Mezcladoras de material de pavimentación","2.6.5.2.01"]
[22101610,"Distribuidoras de agregados","2.6.5.2.01"]
[22101611,"Distribuidoras de material bituminoso","2.6.5.2.01"]
[22101612,"Escarificadoras de carreteras","2.6.5.2.01"]
[22101613,"Aplanadoras calentadoras de la superficie de la carretera","2.6.5.2.01"]
[22101614,"Revestimientos de pavimento de concreto","2.6.5.2.01"]
[22101615,"Trituradoras de pavimento","2.6.5.2.01"]
[22101616,"Máquinas para hacer andenes","2.6.5.2.01"]
[22101617,"Máquinas de relleno","2.6.5.2.01"]
[22101618,"Equipos de preparación de superficies de rodamiento o mecanismos para su colocación","2.6.5.2.01"]
[22101619,"Máquinas pulidoras","2.6.5.2.01"]
[22101620,"Máquinas de limpieza o acabado de juntas","2.6.5.2.01"]
[22101700,"Componentes de equipo pesado","NO DISPONIBLE"]
[22101701,"Palas excavadoras","2.6.5.3.01"]
[22101702,"Palas mecánicas para el de movimiento de tierra o sus piezas o accesorios","2.6.5.3.01"]
[22101703,"Cuchillas o dientes u otros filos cortantes","2.3.9.8.01"]
[22101704,"Escarificadores","2.6.5.3.01"]
[22101705,"Orugas: eslabones o zapatas o sus piezas","2.6.5.3.01"]
[22101706,"Cucharas de pala","2.6.5.3.01"]
[22101707,"Cables de retención","2.6.5.3.01"]
[22101708,"Extractores","2.6.5.3.01"]
[22101709,"Cucharones bivalvos","2.6.5.3.01"]
[22101710,"Remolques quitanieves","2.6.5.3.01"]
[22101711,"Herramientas de trituración de pavimento o accesorios","2.6.5.3.01"]
[22101712,"Herramientas de piloteadoras o sus piezas o accesorios","2.6.5.3.01"]
[22101713,"Brazo de retroexcavadora o secciones del brazo","2.6.5.3.01"]
[22101714,"Kits de reparación o piezas de apisonadora","2.6.5.3.01"]
[22101715,"Plantas o alimentadoras de dosificación","2.6.5.3.01"]
[22101716,"Kits de conversión de maquinaria de construcción","2.6.5.3.01"]
[22101717,"Vertederas de movimiento de tierra","2.6.5.3.01"]
[22101718,"Sistemas de control de aplanadora","2.6.5.3.01"]
[22101719,"Portaherramientas de corredera transversal de aplanadora","2.6.5.3.01"]
[22101720,"Zapatas perfiladoras de zanjadora","2.6.5.3.01"]
[22101800,"Grúas de elevación","NO DISPONIBLE"]
[22101801,"Manlift o elevador de personal","2.6.4.7.01"]
[22101802,"Elevador de plataforma","2.6.4.7.01"]
[22101803,"Elevador de boom articulado","2.6.4.7.01"]
[22101804,"Elevador de boom telescópico","2.6.4.7.01"]
[22101900,"Maquinaria y accesorios de construcción de edificios","NO DISPONIBLE"]
[22101901,"Mezcladoras o plantas de concreto","2.6.5.2.01"]
[22101902,"Mezcladoras de argamasa, pañete o mortero","2.6.5.2.01"]
[22101903,"Mezcladoras de grada giratoria","2.6.5.2.01"]
[22101904,"Máquinas de curado","2.6.5.2.01"]
[22101905,"Distribuidoras de concreto","2.6.5.2.01"]
[22101906,"Equipo de apuntalamiento","2.3.9.8.01"]
[22101907,"Puntales de zanja","2.3.9.8.01"]
[22102000,"Equipo y maquinaria de demolición de edificios","NO DISPONIBLE"]
[22102001,"Kits de equipo de demolición","2.6.5.7.01"]
[23000000,"Maquinaria  y  accesorios  para  manufactura  y  procesamiento  industrial","NO DISPONIBLE"]
[23100000,"Maquinaria  para  el  procesamiento  de  materias  primas","NO DISPONIBLE"]
[23101500,"Maquinaria para trabajar madera, piedra, cerámica y similares","NO DISPONIBLE"]
[23101501,"Caladoras","2.6.5.7.01"]
[23101502,"Taladros","2.6.5.7.01"]
[23101503,"Brochadoras","2.6.5.7.01"]
[23101504,"Máquinas dobladoras","2.6.5.2.01"]
[23101505,"Maquinas abre huecos","2.6.5.2.01"]
[23101506,"Esmeriladoras","2.6.5.2.01"]
[23101507,"Troqueladoras","2.6.5.2.01"]
[23101508,"Cortadoras","2.6.5.7.01"]
[23101509,"Lijadoras","2.6.5.7.01"]
[23101510,"Pulidoras","2.6.5.7.01"]
[23101511,"Máquinas para tornear","2.6.5.2.01"]
[23101512,"Sierras mecánicas","2.6.5.7.01"]
[23101513,"Fresadoras","2.6.5.7.01"]
[23101514,"Cepilladoras","2.6.5.7.01"]
[23101515,"Máquinas para grabar","2.6.5.7.01"]
[23101516,"Máquina de martillar con la peña de cuentas de vidrio","2.6.5.2.01"]
[23101517,"Máquinas de sanblasteado","2.6.5.2.01"]
[23101518,"Máquina de picar con chorro de perdigones","2.6.5.2.01"]
[23101519,"Robots","2.6.5.2.01"]
[23101520,"Máquinas Ram de electro descarga","2.6.5.2.01"]
[23101521,"Máquina de descarga de electrodo de cátodo de alambre","2.6.5.2.01"]
[23101522,"Rompevirutas","2.6.5.7.01"]
[23120000,"Maquinaria  y  accesorios  de  textiles  y  tejidos","NO DISPONIBLE"]
[23121500,"Maquinaria y accesorios para transformados textiles","NO DISPONIBLE"]
[23121501,"Maquinaria para bordados","2.6.5.2.01"]
[23121502,"Maquinaria para afelpado","2.6.5.2.01"]
[23121503,"Devanadoras o encarretadoras","2.6.5.2.01"]
[23121504,"Máquinas de Torción","2.6.5.2.01"]
[23121505,"Máquina para pegar puntadas","2.6.5.2.01"]
[23121506,"Tejedoras","2.6.5.2.01"]
[23121507,"Urdidoras","2.6.5.2.01"]
[23121508,"Máquinas de acabados","2.6.5.2.01"]
[23121509,"Husos","2.6.5.7.01"]
[23121510,"Máquinas para hacer encaje","2.6.5.2.01"]
[23121600,"Maquinaria, equipo y accesorios para trabajo textil","NO DISPONIBLE"]
[23121601,"Máquinas para forrar botones","2.6.5.2.01"]
[23121602,"Máquinas para coser botones","2.6.5.2.01"]
[23121603,"Máquinas de hacer ojales","2.6.5.2.01"]
[23121604,"Máquinas cortadoras de tela","2.6.5.2.01"]
[23121605,"Máquinas para rellenar cojines","2.6.5.2.01"]
[23121606,"Máquinas plegadoras o rebobinadoras","2.6.5.2.01"]
[23121607,"Máquinas blanqueadoras","2.6.5.2.01"]
[23121608,"Máquinas para doblar telas o paños","2.6.5.2.01"]
[23121609,"Máquinas bobinadoras o desenrolladoras","2.6.5.2.01"]
[23121610,"Máquinas para teñir","2.6.5.2.01"]
[23121611,"Máquinas cortadoras o festoneadoras","2.6.5.2.01"]
[23121612,"Agujas para máquina de cose","2.3.2.1.01"]
[23121613,"Máquinas para procesar seda","2.6.5.2.01"]
[23121614,"Máquinas de coser","2.6.5.2.01"]
[23121615,"Mesas para cortar telas","2.6.5.2.01"]
[23130000,"Maquinaria  y  equipos  lapidarios","NO DISPONIBLE"]
[23131500,"Equipo y suministros de trituración, lijado y pulido","NO DISPONIBLE"]
[23131501,"Compuestos abrasivos","2.3.6.4.06"]
[23131502,"Ruedas de fieltro","2.3.9.8.01"]
[23131503,"Ruedas de esmerilado","2.3.9.8.01"]
[23131504,"Compuestos para brillado","2.3.9.8.01"]
[23131505,"Cabezas de pulir","2.3.9.8.01"]
[23131506,"Ruedas para pulir","2.3.9.8.01"]
[23131507,"Tela para lijar","2.3.6.4.06"]
[23131508,"Tambores para lijar","2.3.9.8.01"]
[23131509,"Cilindros o brilladoras","2.3.9.8.01"]
[23131510,"Suministros o medios de cilindro","2.3.9.8.01"]
[23131511,"Pivotes de agua","2.3.9.8.01"]
[23131512,"Bandejas de agua","2.3.9.9.05"]
[23131513,"Bloques para lijar","2.3.9.8.01"]
[23131514,"Piedras montadas","2.3.9.8.01"]
[23131515,"Rectificadora de piedra de moler","2.6.5.7.01"]
[23131600,"Equipo y accesorios de facetaje","NO DISPONIBLE"]
[23131601,"Accesorios para hacer facetas o pulir caras","2.6.5.7.01"]
[23131602,"Máquinas para hacer facetas o pulir caras","2.6.5.7.01"]
[23131603,"Pulidoras para hacer facetas o pulir caras","2.6.5.7.01"]
[23131604,"Sierras para hacer facetas o pulir caras","2.6.5.7.01"]
[23131700,"Equipo del cabbing","NO DISPONIBLE"]
[23131701,"Accesorios para hacer cabuchones","2.6.5.7.01"]
[23131702,"Cinturones para hacer cabuchones","2.3.5.2.01"]
[23131703,"Discos para hacer cabuchones","2.3.9.8.01"]
[23131704,"Máquinas para hacer cabuchones","2.6.5.2.01"]
[23150000,"Maquinaria,  equipo  y  suministros  de  procesos  industriales","NO DISPONIBLE"]
[23151500,"Maquinaria, equipo y suministros para la elaboración de caucho y plástico","NO DISPONIBLE"]
[23151501,"Máquinas de moldeo por soplado","2.6.5.2.01"]
[23151502,"Máquinas revestidoras","2.6.5.2.01"]
[23151503,"Extrusoras","2.6.5.2.01"]
[23151504,"Máquinas de moldeo por inyección","2.6.5.2.01"]
[23151506,"Prensas de caucho o plástico","2.6.5.2.01"]
[23151507,"Máquinas termo modeladoras","2.6.5.2.01"]
[23151508,"Máquinas para moldear al vacío","2.6.5.2.01"]
[23151509,"Vulcanizadoras","2.6.5.2.01"]
[23151510,"Maquinaria para cortar plástico","2.6.5.2.01"]
[23151511,"Maquinaria para triturar plástico","2.6.5.2.01"]
[23151512,"Molinos de caucho o plástico","2.6.5.2.01"]
[23151513,"Moldes de extrusión de caucho o plástico","2.6.5.2.01"]
[23151514,"Moldes de inyección para plástico","2.6.5.2.01"]
[23151515,"Moldes de termoformar","2.6.5.2.01"]
[23151516,"Pasadores del eyector","2.6.5.7.01"]
[23151600,"Maquinaria, equipo y suministros para la industria del cemento, cerámica y vidrio","NO DISPONIBLE"]
[23151601,"Sopladores o secadores","2.6.5.7.01"]
[23151602,"Trituradoras","2.6.5.2.01"]
[23151603,"Máquinas de soldadura por fusión o de estirado de vidrio","2.6.5.2.01"]
[23151604,"Esmeriladoras p pulidoras","2.6.5.7.01"]
[23151606,"Máquinas moldeadoras de cemento o cerámica o vidrio o similar","2.6.5.7.01"]
[23151607,"Prensas","2.6.5.7.01"]
[23151608,"Tamices","2.6.5.7.01"]
[23151700,"Maquinaria, equipo y suministros de la industria óptica","NO DISPONIBLE"]
[23151701,"Máquinas para pulir lentes","2.6.5.7.01"]
[23151702,"Equipo de medición de lentes","2.6.5.7.01"]
[23151703,"Equipo de esmerilado de lentes","2.6.5.2.01"]
[23151704,"Equipos de ensayo de lentes","2.6.5.7.01"]
[23151705,"Equipo para recubrir el vacío óptico","2.6.5.2.01"]
[23151800,"Maquinaria, equipo y suministros de la industria farmacéutica","NO DISPONIBLE"]
[23151801,"Equipo para llenado de ampolletas","2.6.5.2.01"]
[23151802,"Colocadores de tapas, insertadores de algodón o aplicadores de sellos de seguridad","2.6.5.2.01"]
[23151803,"Máquinas encapsuladoras","2.6.5.2.01"]
[23151804,"Reactores, fermentadores o digestores","2.6.5.2.01"]
[23151805,"Máquinas dosificadoras de barrena para llenado o cerrado hermético","2.6.5.2.01"]
[23151806,"Filtros o ultrafiltros farmacéuticos","2.6.5.2.01"]
[23151807,"Secadores por congelación o liofilizadores","2.6.5.2.01"]
[23151808,"Granuladores","2.6.5.2.01"]
[23151809,"Máquinas farmacéuticas de tamizado","2.6.5.2.01"]
[23151810,"Máquinas de procesado o llenado estéril o aséptico","2.6.5.2.01"]
[23151811,"Máquinas para hacer ensayos de tabletas o cápsulas","2.6.5.2.01"]
[23151812,"Contadores de tabletas","2.6.5.2.01"]
[23151813,"Máquinas de hacer tabletas","2.6.5.2.01"]
[23151814,"Equipo de producción de vacunas","2.6.5.2.01"]
[23151816,"Columnas de cromatografía","2.6.3.4.01"]
[23151817,"Medios de cromatografía","2.6.3.4.01"]
[23151818,"Dispositivos de prueba de esterilidad","2.6.3.2.01"]
[23151819,"Comprobadores de integridad de los filtros","2.3.9.8.01"]
[23151820,"Manómetro","2.3.9.8.02"]
[23151821,"Adaptador de cartucho filtro","2.3.9.8.02"]
[23151822,"Adaptadores o conectores o accesorios para soportes de filtros farmacéuticos","2.3.9.8.02"]
[23151823,"Radiofármaco de diagnóstico","2.3.4.1.01"]
[23151900,"Maquinaria, equipo y suministros para la elaboración y el procesamiento de papel","NO DISPONIBLE"]
[23151901,"Cortadores","2.6.5.7.01"]
[23151902,"Rajadores","2.6.5.7.01"]
[23151903,"Máquinas de lavado o para sacar el agua","2.6.5.2.01"]
[23151904,"Rebobinadoras","2.6.5.7.01"]
[23151905,"Máquinas para hacer pulpa de madera","2.6.5.2.01"]
[23151906,"Calandrias para hacer papel o cartón","2.6.5.7.01"]
[23152000,"Manejo del web y maquinaria de control y equipo y suministros","NO DISPONIBLE"]
[23152001,"Tratadores de corona","2.6.5.2.01"]
[23152002,"Tratadores por llama","2.6.5.2.01"]
[23152100,"Maquinaria y equipo de separación","NO DISPONIBLE"]
[23152101,"Pantallas o piezas o equipo vibratorios de separación","2.6.5.7.01"]
[23152102,"Pantallas o piezas o equipo estacionario de separación","2.6.5.7.01"]
[23152103,"Pantallas o piezas o equipo de clasificación neumática","2.6.5.7.01"]
[23152104,"Equipo o piezas y pantallas de separación centrífuga","2.6.5.7.01"]
[23152200,"Mesa y estantes para fabricación","NO DISPONIBLE"]
[23152201,"Mesas rotatorias","2.6.5.2.01"]
[23152202,"Bancos de apilado","2.6.1.1.01"]
[23152203,"Bancos de pruebas de componentes o motores","2.6.5.2.01"]
[23152204,"Resguardo de la máquina","2.3.9.9.04"]
[23152205,"Mesas de sierra de banda","2.6.1.1.01"]
[23152206,"Protección de barrera","2.3.9.8.01"]
[23152900,"Maquinaria empacadora","NO DISPONIBLE"]
[23152901,"Maquinaria de envolver","2.6.5.7.01"]
[23152902,"Maquinaria de formar, rellenar o sellar","2.6.5.7.01"]
[23152903,"Empacadora al vacío","2.6.5.7.01"]
[23152904,"Tolvas para empacar","2.6.5.7.01"]
[23152905,"Máquinas para el formado de cartón","2.6.5.7.01"]
[23152906,"Maquinas para encintar","2.6.5.7.01"]
[23153000,"Dispositivos y sistemas de guía, posicionamiento y sujeción","NO DISPONIBLE"]
[23153001,"Plantilla de medición","2.3.6.3.04"]
[23153002,"Plantilla de guía","2.3.6.3.04"]
[23153003,"Plantilla maestro","2.3.6.3.04"]
[23153004,"Plantilla de aguja","2.3.6.3.04"]
[23153005,"Plantilla de eje","2.3.6.3.04"]
[23153006,"Plantilla de chequeo","2.3.6.3.04"]
[23153007,"Plantilla de instalación","2.3.6.3.04"]
[23153008,"Plantilla de cámara","2.3.6.3.04"]
[23153009,"Plantilla de captación","2.3.6.3.04"]
[23153010,"Plantilla de eliminación","2.3.6.3.04"]
[23153011,"Plantilla de boquilla","2.3.6.3.04"]
[23153012,"Plantilla de deslizamiento","2.3.6.3.04"]
[23153013,"Plantilla de centrado","2.3.6.3.04"]
[23153014,"Plantilla de inspección","2.3.6.3.04"]
[23153015,"Plantilla de alimentador","2.3.6.3.04"]
[23153016,"Plantilla de embrague","2.3.6.3.04"]
[23153017,"Plantilla de alineación","2.3.6.3.04"]
[23153018,"Plantilla de posicionamiento","2.3.6.3.04"]
[23153019,"Placa elevadora","2.3.6.3.04"]
[23153020,"Guía de cinta","2.3.9.8.01"]
[23153021,"Mordaza de alimentación de cinta","2.3.6.3.04"]
[23153022,"Alimentador mecánico","2.6.5.7.01"]
[23153023,"Arnés del alimentador","2.3.9.8.01"]
[23153024,"Mordaza de alimentación","2.3.6.3.04"]
[23153025,"Agarrador mecánico","2.3.6.3.04"]
[23153026,"Mordaza de soporte","2.3.6.3.04"]
[23153027,"Conjunto de mordaza","2.3.6.3.04"]
[23153028,"Mordaza estacionaria","2.3.6.3.04"]
[23153029,"Bloque de plantilla","2.3.9.8.01"]
[23153030,"Guías de desplazamiento lineal","2.3.9.8.01"]
[23153031,"Plantillas de medición","2.3.6.3.04"]
[23153032,"Plantilla de anillo","2.3.6.3.04"]
[23153033,"Placa de garganta","2.3.9.8.01"]
[23153034,"Rieles de máquina","2.3.9.8.01"]
[23153035,"Placa","2.3.9.8.01"]
[23153036,"Placas de cerrojo","2.3.9.8.01"]
[23153037,"Conjunto de rodillos de alimentación","2.3.9.8.01"]
[23153100,"Componentes y accesorios de maquinaria industrial","NO DISPONIBLE"]
[23153101,"Tope de paso","2.3.9.8.01"]
[23153102,"Limitador de papel","2.3.9.8.01"]
[23153103,"Almohadilla de topa","2.3.9.8.01"]
[23153129,"Limpiador de la vía de máquina","2.3.9.8.01"]
[23153130,"Soportes de máquina o aisladores de vibración","2.3.9.8.01"]
[23153131,"Placas o barras o cintas de desgaste","2.3.9.8.01"]
[23153132,"Deflectores de polvo","2.3.9.8.01"]
[23153133,"Diente de rueda de cadena","2.3.9.8.01"]
[23153134,"Rodillos de avance o de arrastre","2.3.9.8.01"]
[23153135,"Cubiertas de rodillos de avance","2.3.9.8.02"]
[23153136,"Conductores de aserrín","2.3.9.8.01"]
[23153137,"Cubiertas guardapolvos de máquina","2.3.9.8.02"]
[23153138,"Cabezales de corte o desbastado","2.3.6.3.06"]
[23153139,"Camas guía","2.3.9.8.02"]
[23153140,"Brazos articulados","2.3.9.8.01"]
[23153200,"Robótica","NO DISPONIBLE"]
[23153201,"Robots de pintura","2.6.5.2.01"]
[23153202,"Robots para levantar o poner","2.6.5.2.01"]
[23153203,"Robots de sellado adhesivo","2.6.5.2.01"]
[23153204,"Robots de soldadura","2.6.5.2.01"]
[23153300,"Herramientas de corte","NO DISPONIBLE"]
[23153301,"Taladradoras","2.6.5.7.01"]
[23153302,"Fresadora para escariador","2.6.5.7.01"]
[23153303,"Brocas o herramientas de moldeado","2.3.6.3.04"]
[23153305,"Machos de roscar o matrices de trefilar","2.3.6.3.04"]
[23153306,"Brocha de corte","2.3.6.3.04"]
[23153307,"Herramientas de tallar","2.3.6.3.04"]
[23153308,"Portaherramientas o monturas de herramienta graduables","2.3.9.8.02"]
[23153309,"Insertos graduables para herramientas de corte","2.3.9.8.01"]
[23153310,"Desbarbadores rotatorios","2.6.5.7.01"]
[23153311,"Servicios de trituración secundaria, regeneración o revestimiento para herramientas de corte","2.6.5.7.01"]
[23153312,"Herramientas de avellanado o escariado","2.6.5.7.01"]
[23153313,"Cuchillas o conjuntos de cuchillas de maquinaria","2.3.9.8.01"]
[23153400,"Ensambladoras","NO DISPONIBLE"]
[23153401,"Sistemas de aplicación de pegante o adhesivo","2.6.5.2.01"]
[23153402,"Accesorios de ensamblaje","2.3.9.8.02"]
[23153403,"Ensamblaje especializado","2.6.5.2.01"]
[23153404,"Sistemas de ensamblaje para vehículos de chasis (vo)","2.6.5.2.01"]
[23153405,"Ensamblaje de componentes ilimitados","2.6.5.2.01"]
[23153406,"Líneas completas de tren motor","2.6.5.2.01"]
[23153407,"Dispositivo de montaje de superficies","2.6.5.7.01"]
[23153408,"Prueba de llenado","2.6.9.9.01"]
[23153409,"Multihusillo fijo de corredera roscada","2.6.5.7.01"]
[23153410,"Patines de carrocería","2.3.9.8.01"]
[23153411,"Inflado de montaje de llantas","2.6.5.7.01"]
[23153412,"Cizalla de guillotina","2.6.5.7.01"]
[23153413,"Aplicación de recepción (pu) de inserción de vidrio","2.6.5.7.01"]
[23153414,"Brazos articulados de movimiento giratorio","2.6.5.7.01"]
[23153415,"Acoplamiento automático del chasis","2.6.5.7.01"]
[23153416,"Componentes flexibles","2.3.9.8.01"]
[23153417,"Maquinas diversas para ensamble","2.6.5.7.01"]
[23153500,"Sistemas de pintura","NO DISPONIBLE"]
[23153501,"Sistemas de aplicación de pintura","2.6.5.2.01"]
[23153502,"Caseta para reparación de pintura","2.6.9.9.01"]
[23153503,"Hornos de sistemas de pintura","2.6.5.2.01"]
[23153504,"Ingeniería o disposición de la planta de pintura","2.2.8.7.01"]
[23153505,"Sistema de pintura llave en mano","2.6.5.2.01"]
[23153506,"Sistema de pintura de fosfato o “e coat”","2.6.5.2.01"]
[23153507,"Taller de pintura variado","2.6.9.9.01"]
[23153508,"Sistemas diversos de pintura","2.6.5.2.01"]
[23160000,"Máquinas,  equipo  y  suministros  para  fundición","NO DISPONIBLE"]
[23161500,"Máquinas y equipo de fundición","NO DISPONIBLE"]
[23161501,"Fuelles de fundición","2.6.5.2.01"]
[23161502,"Quemadores de fundición","2.6.5.2.01"]
[23161503,"Horno de secado del núcleo","2.6.5.2.01"]
[23161504,"Prensas de forja","2.6.5.7.01"]
[23161506,"Crisoles de fundición","2.6.5.2.01"]
[23161507,"Convertidores para fundición","2.6.5.2.01"]
[23161508,"Prensa para forja con matriz abierta","2.6.5.7.01"]
[23161509,"Máquinas de estampación de forjado","2.6.5.7.01"]
[23161510,"Máquinas fundidoras","2.6.5.2.01"]
[23161511,"Cilindros de forjar","2.6.5.7.01"]
[23161512,"Máquinas de forja radial","2.6.5.7.01"]
[23161513,"Prensas de moldeo en frío","2.6.5.7.01"]
[23161514,"Prensas de dimensionamiento o grabado en relieve","2.6.5.2.01"]
[23161515,"Máquinas de forja de extremos","2.6.5.7.01"]
[23161600,"Suministros de fundición","NO DISPONIBLE"]
[23161601,"Fuelles de fundición","2.6.5.7.01"]
[23161602,"Arcillas de fundición","2.3.6.1.05"]
[23161603,"Frascos de fundición","2.6.5.7.01"]
[23161605,"Cucharas de fundición","2.6.5.7.01"]
[23161606,"Troqueles de fundición","2.6.5.7.01"]
[23161607,"Arena de fundición","2.3.6.4.04"]
[23161608,"Palas de fundición","2.6.5.7.01"]
[23170000,"Maquinaria, equipo y suministros para talleres","NO DISPONIBLE"]
[23171500,"Maquinaria y suministros para soldadura directa o indirecta","NO DISPONIBLE"]
[23171501,"Aerosoles antisalpicaduras","2.3.7.2.03"]
[23171502,"Varillas de soldadura o soldadura con latón a gas","2.3.6.3.06"]
[23171504,"Sopletes","2.6.5.7.01"]
[23171505,"Polvo de hierro","2.3.7.2.99"]
[23171506,"Fluido de soldadura","2.3.7.2.99"]
[23171507,"Soldadores o pistolas para sueldas","2.3.6.3.04"]
[23171508,"Máquinas de soldar","2.6.5.7.01"]
[23171509,"Soldadura","2.6.5.7.01"]
[23171510,"Alambre soldador","2.3.6.3.06"]
[23171511,"Herramientas de soldadura","2.3.6.3.04"]
[23171512,"Varillas soldadoras","2.3.6.3.06"]
[23171513,"Rectificadores de soldadura","2.6.5.7.01"]
[23171514,"Generadores para soldadura","2.6.5.6.01"]
[23171515,"Electrodos para soldar","2.3.6.3.06"]
[23171517,"Sopletes","2.6.5.7.01"]
[23171518,"Maquinaria para soldadura de plasma","2.6.5.7.01"]
[23171519,"Maquinaria de soldadura de tungsteno a gas inerte (TIG)","2.6.5.7.01"]
[23171520,"Maquinaria de soldadura por ultrasonido","2.6.5.7.01"]
[23171521,"Maquinaria de soldadura por láser","2.6.5.7.01"]
[23171522,"Fundentes para soldar","2.3.7.2.99"]
[23171523,"Palos indicadores de temperatura","2.3.9.8.01"]
[23171524,"Anillos para soldar en fuerte","2.3.9.8.01"]
[23171525,"Aditivos soldantes","2.3.7.2.99"]
[23171526,"Aditivos desoldantes","2.3.7.2.99"]
[23171527,"Trencilla desoldante","2.3.9.8.01"]
[23171528,"Pantallas o cortinas para soldar","2.3.9.8.02"]
[23171529,"La soldadura o el kit","2.6.5.7.01"]
[23171530,"Estaciones de soldado, desoldado o mixtas","2.6.9.9.01"]
[23171531,"Pistola de desoldado","2.6.5.7.01"]
[23171532,"Bomba de desoldado","2.6.5.2.01"]
[23171533,"Fundentes de soldadura","2.3.7.2.99"]
[23171534,"Fundentes de soldadura fuerte","2.3.7.2.99"]
[23171535,"Puntas de corte o soldadura","2.6.5.7.01"]
[23171536,"Portaelectrodos","2.6.5.7.01"]
[23171537,"Limas limpiadoras de punta de soldadura o soldadura fuerte","2.3.9.8.01"]
[23171538,"Reacondicionadores de punta de soldadura o accesorios","2.3.9.8.01"]
[23171539,"Cuchillas de acondicionamiento de punta de soldadura","2.3.9.8.01"]
[23171540,"Maquinaria de soldadura al arco en atmósfera de gas inerte con electrodo consumible (MIG)","2.6.5.7.01"]
[23171541,"Aparato de corte o de soldadura fuerte o de soldadura por llama de gas","2.6.5.7.01"]
[23171600,"Máquinas-herramientas","NO DISPONIBLE"]
[23171602,"Cortadores de barras o varillas","2.6.5.7.01"]
[23171603,"Cortadores de cañerías o tubos","2.3.6.3.04"]
[23171604,"Cortadores de alambres o cables","2.3.6.3.04"]
[23171605,"Equipo para desbarbar","2.6.5.7.01"]
[23171606,"Tornos","2.6.5.7.01"]
[23171607,"Herramientas y troqueles para tornos","2.6.5.7.01"]
[23171608,"Herramientas de corte con láser","2.6.5.7.01"]
[23171609,"Brocas americanas","2.6.5.7.01"]
[23171610,"Escariadores","2.6.5.7.01"]
[23171611,"Contrataladros","2.6.5.7.01"]
[23171612,"Cortadores rotatorios de metales","2.6.5.7.01"]
[23171613,"Fresas","2.6.5.7.01"]
[23171614,"Limadores de engranajes","2.6.5.7.01"]
[23171615,"Cortadores de virutas","2.6.5.7.01"]
[23171616,"Equipo de mecanizado por chorro abrasivo","2.6.5.7.01"]
[23171617,"Herramientas de escariado","2.6.5.7.01"]
[23171618,"Insertos Indexables","2.6.5.7.01"]
[23171619,"Herramientas de perforación","2.6.5.7.01"]
[23171620,"Mandriles","2.6.5.7.01"]
[23171621,"Herramientas de inserción","2.6.5.7.01"]
[23171622,"Prensas de taller","2.6.5.7.01"]
[23171623,"Terminadoras","2.6.5.7.01"]
[23171700,"Maquinaria de pliegue y modelado de metales","NO DISPONIBLE"]
[23171701,"Máquinas de curvar tangentes","2.6.5.7.01"]
[23171702,"Máquinas de curvar laterales","2.6.5.7.01"]
[23171703,"Maquinaria de doblado de tubos","2.6.5.7.01"]
[23171704,"Mandriles para doblar tuberías","2.6.5.7.01"]
[23171705,"Codos de troquel","2.3.9.8.02"]
[23171706,"Máquina de moldeado continuo","2.6.5.7.01"]
[23171707,"Acabadores de terminales de tubos","2.6.5.7.01"]
[23171708,"Aterrajadoras","2.6.5.7.01"]
[23171800,"Moldes para fabricación de metal","NO DISPONIBLE"]
[23171801,"Moldes para estampar y formar","2.6.5.7.01"]
[23171802,"Moldes para matrizar","2.6.5.7.01"]
[23171803,"Moldes de estiramiento de metal por presión","2.6.5.7.01"]
[23171804,"Troqueles de cortar o labrar","2.6.5.7.01"]
[23171805,"Troqueles rotativos","2.6.5.7.01"]
[23171806,"Troqueles de acero de medida","2.6.5.7.01"]
[23171900,"Accesorios especiales de útiles","NO DISPONIBLE"]
[23171901,"Artefactos de Retención","2.3.9.8.01"]
[23171902,"Dispositivos de inspección o medición","2.3.9.8.01"]
[23171903,"Artefactos de útiles fabricados","2.3.9.8.01"]
[23171904,"Herramientas de fundición","2.3.9.8.01"]
[23171905,"Herramientas de Forjar","2.3.9.8.01"]
[23171906,"Herramientas de Montaje o Desmontaje","2.3.9.8.01"]
[23172000,"Accesorios de maquinaria para labrar metal","NO DISPONIBLE"]
[23172001,"Rebabas","2.3.9.8.01"]
[23172002,"Relieve de forma","2.3.9.8.01"]
[23172003,"Máquina de roscar machos","2.3.9.8.01"]
[23172005,"Fábrica de máquina de acabar","2.3.9.8.01"]
[23172006,"Estampadores o troqueles para metal","2.3.9.8.01"]
[23172007,"Filos de sierra de banda para cortar metal","2.3.9.8.01"]
[23172008,"Filos de sierra circular para cortar metal","2.3.9.8.01"]
[23172009,"Insertos de carburo","2.3.9.8.01"]
[23172010,"Insertos cerámicos","2.3.9.8.01"]
[23172011,"Insertos de acero","2.3.9.8.01"]
[23172012,"Insertos de diamantes","2.3.9.8.01"]
[23172013,"Roscando molinos","2.3.9.8.01"]
[23172014,"Roscadoras o fileteadoras","2.3.9.8.01"]
[23172015,"Aterrajadoras","2.3.9.8.01"]
[23180000,"Equipo  industrial  para  alimentos  y  bebidas","NO DISPONIBLE"]
[23181500,"Maquinaria para la elaboración de alimentos","NO DISPONIBLE"]
[23181501,"Maquinaria de llenado","2.6.5.2.01"]
[23181502,"Maquinaria de molido","2.6.5.2.01"]
[23181504,"Maquinaria de tamizado","2.6.5.2.01"]
[23181505,"Maquinaria para deshidratación","2.6.5.2.01"]
[23181506,"Maquinaria de lavado","2.6.5.2.01"]
[23181507,"Maquinaria de triturado","2.6.5.2.01"]
[23181508,"Máquinas blanqueadoras","2.6.5.2.01"]
[23181509,"Maquinaria de clasificación","2.6.5.2.01"]
[23181510,"Atadoras de carne","2.6.5.2.01"]
[23181511,"Conformadora","2.6.5.2.01"]
[23181512,"Enfriadora","2.6.5.2.01"]
[23181513,"Preespolvoreadora","2.6.5.2.01"]
[23181600,"Maquinaria para corte de alimentos","NO DISPONIBLE"]
[23181601,"Maquinaria para cortar en cubos","2.6.5.2.01"]
[23181602,"Máquina tajadora","2.6.5.2.01"]
[23181603,"Máquina picadora","2.6.5.2.01"]
[23181604,"Máquina cortadora","2.6.5.2.01"]
[23181605,"Máquina ralladora","2.6.5.2.01"]
[23181606,"Máquina peladora","2.6.5.2.01"]
[23181700,"Maquinaria para cocinar o ahumar alimentos","NO DISPONIBLE"]
[23181701,"Máquina para ahumar","2.6.5.2.01"]
[23181702,"Maquinaria para asar","2.6.5.2.01"]
[23181703,"Maquinaria para cocinar","2.6.5.2.01"]
[23181704,"Máquina para cocinar al vapor","2.6.5.2.01"]
[23181800,"Maquinaria industrial para elaboración de bebidas","NO DISPONIBLE"]
[23181801,"Equipo y suministros para elaboración de café","2.6.5.2.01"]
[23181802,"Maquinaria para elaboración de zumos","2.6.5.2.01"]
[23181803,"Máquinas para hacer hielo","2.6.5.2.01"]
[23181804,"Máquinas para hacer helados","2.6.5.2.01"]
[23230000,"Equipo  y  maquinaria  de  procesamiento  de  madera  y  aserrado","NO DISPONIBLE"]
[23231000,"Descortezadoras y accesorios","NO DISPONIBLE"]
[23231001,"Portaherramientas","2.3.9.8.02"]
[23231002,"Herramienta de carburo","2.3.9.8.01"]
[23231100,"Sierras de cinta y accesorios","NO DISPONIBLE"]
[23231101,"Rueda de sierra de cinta","2.3.9.8.01"]
[23231102,"Guía de sierra","2.3.9.8.01"]
[23231200,"Sierras circulares y accesorios","NO DISPONIBLE"]
[23231201,"Espaciador de sierra","2.3.9.8.01"]
[23231202,"Eje de sierra","2.3.9.8.01"]
[23231300,"Canteadoras","NO DISPONIBLE"]
[23231301,"Rodillo alimentador","2.3.9.8.01"]
[23231302,"Rodillo de sujeción","2.3.9.8.01"]
[23231400,"Sierras de recorte y accesorios","NO DISPONIBLE"]
[23231401,"Guía de alineación de la madera","2.3.9.8.01"]
[23231402,"Sierra cero","2.3.9.8.01"]
[23231500,"Clasificadoras de maderos y accesorios","NO DISPONIBLE"]
[23231501,"Barras portasierra","2.3.9.8.01"]
[23231502,"Eslinga de contenedor","2.3.9.8.01"]
[23231600,"Apiladoras de maderos y accesorios","NO DISPONIBLE"]
[23231601,"Soporte de reborde","2.3.9.8.01"]
[23231602,"Rodillo de terminación","2.3.9.8.01"]
[23231700,"Secaderos de madera y equipo y accesorios","NO DISPONIBLE"]
[23231701,"Deflector","2.3.9.8.01"]
[23231800,"Troceadoras de madera y accesorios","NO DISPONIBLE"]
[23231801,"Fijador de cuchilla","2.3.9.8.01"]
[23231900,"Cepilladoras y accesorios","NO DISPONIBLE"]
[23231901,"Lecho base","2.3.9.8.01"]
[23231902,"Placa trasera","2.3.9.8.01"]
[23231903,"Guía refrigerada por agua","2.3.9.8.01"]
[23232000,"Terminadoras de madera y accesorios","NO DISPONIBLE"]
[23232001,"Porta cuchillas","2.3.9.8.01"]
[23232100,"Sierras retestadoras y accesorios","NO DISPONIBLE"]
[23232101,"Soporte guía ajustable","2.3.9.8.01"]
[23232200,"Empalmadoras por entalladura múltiple y accesorios","NO DISPONIBLE"]
[23232201,"Boquilla de pegamento","2.3.9.8.01"]
[24000000,"Maquinaria,  accesorios  y  suministros  para  manejo,  acondicionamiento  y  almacenamiento  de  materiales","NO DISPONIBLE"]
[24100000,"Maquinaria  y  equipo  para  manejo  de  materiales","NO DISPONIBLE"]
[24101500,"Camiones industriales","NO DISPONIBLE"]
[24101501,"Carretas","2.6.4.6.01"]
[24101502,"Vehículos de transporte a grane","2.6.4.6.01"]
[24101503,"Vehículo dolly","2.6.4.6.01"]
[24101504,"Carretones de mano o accesorios","2.6.4.6.01"]
[24101505,"Camiones de pallets","2.6.4.6.01"]
[24101506,"Carretas de empujar","2.6.4.6.01"]
[24101507,"Carretillas","2.3.6.3.04"]
[24101508,"Plataformas rodantes","2.6.4.6.01"]
[24101509,"Vagones","2.6.4.4.01"]
[24101510,"Contenedor de basura plástico","2.6.4.1.01"]
[24101511,"Trolleys de estante","2.6.4.6.01"]
[24101512,"Bugies eléctricos","2.6.4.4.01"]
[24101600,"Equipo de izaje y accesorios","NO DISPONIBLE"]
[24101601,"Ascensores","2.6.4.7.01"]
[24101602,"Montacargas","2.6.4.7.01"]
[24101603,"Elevadores forklift","2.6.4.7.01"]
[24101604,"Elevadores","2.6.4.7.01"]
[24101605,"Equipo de carga","2.6.4.7.01"]
[24101606,"Apiladoras","2.6.4.7.01"]
[24101608,"Malacates o güinches","2.3.9.8.01"]
[24101609,"Inclinadores","2.6.4.7.01"]
[24101610,"Manipuladores","2.6.4.7.01"]
[24101611,"Eslingas","2.6.4.7.01"]
[24101612,"Gatos","2.6.5.7.01"]
[24101613,"Bloques o poleas","2.6.5.7.01"]
[24101614,"Sacos de aire para cargar","2.3.9.9.04"]
[24101615,"Rampas de carga","2.6.5.7.01"]
[24101616,"Dispositivo debajo de gancho","2.6.5.7.01"]
[24101617,"Elevador de tijera","2.6.4.7.01"]
[24101618,"Instalador de tuberías","2.6.4.7.01"]
[24101619,"Puentes grúas","2.6.4.7.01"]
[24101620,"Camión grúas","2.6.5.3.01"]
[24101621,"Grúas todo terreno","2.6.4.7.01"]
[24101622,"Grúas para terrenos difíciles","2.6.4.7.01"]
[24101623,"Torre grúas","2.6.4.7.01"]
[24101624,"Grúas hidráulicas sobre camión","2.6.4.7.01"]
[24101625,"Camión grúas convencionales","2.6.4.7.01"]
[24101626,"Escaleras mecánicas o cintas rodantes","2.6.4.7.01"]
[24101627,"Troleys de viga","2.3.9.8.01"]
[24101628,"Horquillas ajustables","2.3.9.8.01"]
[24101629,"Accesorios o suministros de elevador forklift o transportador vertical","2.3.9.8.02"]
[24101630,"Grúas de taller","2.6.4.7.01"]
[24101631,"Tazas de succión","2.3.9.8.01"]
[24101632,"Izajes laterales","2.3.9.8.01"]
[24101633,"Tambores de elevación","2.6.4.7.01"]
[24101634,"Sacos de cadena","2.3.9.8.01"]
[24101700,"Transportadores y accesorios","NO DISPONIBLE"]
[24101701,"Rodillo transportador","2.6.5.2.01"]
[24101702,"Transbordadores a bolas","2.6.5.2.01"]
[24101703,"Acumuladoras de rocas","2.6.5.2.01"]
[24101704,"Alimentadores para banda transportadora","2.6.5.2.01"]
[24101705,"Tornillo de banda transportadora","2.3.9.8.01"]
[24101706,"Troles o vagonetas y accesorios","2.3.9.8.01"]
[24101707,"Banda transportadora sobre rieles","2.3.9.8.01"]
[24101708,"Banda transportadora extensible","2.3.9.8.01"]
[24101709,"Transportador de rodillos","2.6.5.2.01"]
[24101710,"Paradas de paquetes","2.3.9.8.01"]
[24101711,"Tornamesas","2.6.5.8.01"]
[24101712,"Bandas transportadoras","2.6.5.2.01"]
[24101713,"Aparato de cangilones","2.6.5.2.01"]
[24101714,"Bandas transportadoras aéreas","2.6.5.2.01"]
[24101715,"Sistema de bandas transportadoras","2.6.5.2.01"]
[24101716,"Poleas de banda transportadora","2.3.9.8.01"]
[24101717,"Rodillos de banda transportadora","2.3.9.8.01"]
[24101718,"Sujeciones de la banda transportadora","2.3.9.8.01"]
[24101719,"Cepillos de la banda transportadora","2.3.9.8.01"]
[24101721,"Cubierta de trolley","2.3.9.8.01"]
[24101722,"Banda transportadora de cadena","2.6.5.2.01"]
[24101723,"Rodillos o tambores motorizados","2.6.5.7.01"]
[24101724,"Bastidores de banda transportadora","2.3.9.8.01"]
[24101725,"Articulaciones o eslabones de banda transportadora","2.3.9.8.01"]
[24101726,"Revestimiento de la banda transportadora","2.3.9.8.01"]
[24101727,"Banda transportadora vibratoria","2.6.5.7.01"]
[24101728,"Soportes de la banda transportadora","2.3.9.8.01"]
[24101800,"Equipo para muelles","NO DISPONIBLE"]
[24101801,"Niveladores para muelles","2.6.5.7.01"]
[24101802,"Retenedoras para muelles","2.3.9.8.01"]
[24101803,"Rampas para muelles","2.6.4.7.01"]
[24101804,"Puertas de cintas","2.3.9.9.04"]
[24101805,"Parachoques para muelles","2.3.9.8.02"]
[24101806,"Escaleras para muelles","2.6.5.7.01"]
[24101807,"Planchas para muelles","2.6.5.7.01"]
[24101808,"Cuñas para ruedas","2.3.9.8.02"]
[24101809,"Carriles de muelle o accesorios","2.3.9.9.01"]
[24101900,"Equipo para manejo de canecas","NO DISPONIBLE"]
[24101901,"Abridores de canecas","2.3.6.3.04"]
[24101902,"Agarradores para canecas","2.3.6.3.04"]
[24101903,"Elevadores de canecas","2.6.4.7.01"]
[24101904,"Soportes para canecas","2.3.9.8.01"]
[24101905,"Cubierta de derrames","2.3.9.9.01"]
[24101906,"Recuperadores de canecas","2.6.5.2.01"]
[24101907,"Soportes de contención de derrames","2.3.9.9.01"]
[24102000,"Disposición en estantes y almacenamiento","NO DISPONIBLE"]
[24102001,"Sistemas de estanterías para equipo electrónico montado sobre estantes","2.6.1.1.01"]
[24102002,"Manipuladores para recipientes","2.6.5.1.01"]
[24102004,"Estanterías para almacenaje","2.6.1.1.01"]
[24102005,"Sistemas automatizados de almacenaje o recuperación","2.6.5.7.01"]
[24102006,"Bancos de trabajo","2.6.5.2.01"]
[24102007,"Carretes de almacenamiento de estantes","2.6.1.1.01"]
[24102008,"Soportes de carretes portátiles","2.6.5.7.01"]
[24102100,"Equipo y suministros para almacenaje","NO DISPONIBLE"]
[24102101,"Equipo para manejo de carga","2.6.5.7.01"]
[24102102,"Carrusel de bodegaje","2.6.5.7.01"]
[24102103,"Encajadoras de bodegaje","2.6.5.7.01"]
[24102104,"Despaletizadoras","2.6.5.7.01"]
[24102105,"Paletizadoras","2.6.5.7.01"]
[24102106,"Equipo de retractilado industrial","2.6.5.7.01"]
[24102107,"Maquinaria para encartonar","2.6.5.7.01"]
[24102108,"Compactadores de empaque","2.6.5.7.01"]
[24102109,"Ganchos para sacos","2.3.9.8.01"]
[24102200,"Herramientas para envasado","NO DISPONIBLE"]
[24102201,"Dispensadores de película elástica","2.6.5.7.01"]
[24102202,"Dispensadores de cinta para sellar cajas","2.3.6.3.04"]
[24102203,"Herramientas o equipos para sellar bolsas","2.6.5.7.01"]
[24102204,"Dispensador de zunchos","2.6.5.7.01"]
[24102208,"Infladores de aire","2.6.5.7.01"]
[24110000,"Recipientes  y  almacenamiento","NO DISPONIBLE"]
[24111500,"Bolsas","NO DISPONIBLE"]
[24111501,"Bolsas de lona","2.3.9.9.05"]
[24111502,"Bolsas de papel","2.3.9.9.05"]
[24111503,"Bolsas plásticas","2.3.9.9.05"]
[24111505,"Contendedores de granel intermedios flexibles","2.3.9.8.02"]
[24111506,"Redes o bolsas de lavandería","2.3.9.8.02"]
[24111507,"Bolsas de herramientas","2.3.9.8.02"]
[24111508,"Bolsas de carpa","2.3.9.8.02"]
[24111509,"Bolsas de agua","2.3.9.9.01"]
[24111800,"Tanques y cilindros y sus accesorios","NO DISPONIBLE"]
[24111801,"Reservorios","2.3.9.8.02"]
[24111802,"Tanques o cilindros de aire o gas","2.3.7.2.99"]
[24111803,"Tanques de almacenamiento","2.6.5.8.01"]
[24111804,"Tanques de calibración","2.6.1.9.01"]
[24111805,"Tanques de productos químicos","2.6.1.9.01"]
[24111806,"Tanques de inmersión","2.6.1.9.01"]
[24111807,"Tanques de expansión","2.6.1.9.01"]
[24111808,"Tanques de almacenaje de combustible","2.6.1.9.01"]
[24111809,"Tanques de procesamiento","2.6.1.9.01"]
[24111810,"Tanques de almacenamiento de agua","2.6.5.8.01"]
[24111811,"Bombonas","2.6.1.9.01"]
[24111812,"Pileta de contención","2.6.1.9.01"]
[24111813,"Tanques de lavado","2.6.1.9.01"]
[24112000,"Arcones y cestas","NO DISPONIBLE"]
[24112003,"Tolvas no metálicas","2.6.5.2.01"]
[24112004,"Tolvas metálicas","2.6.5.2.01"]
[24112005,"Canastas metálicas","2.3.6.3.06"]
[24112006,"Canastas no metálicas","2.3.9.9.05"]
[24112100,"Toneles, cubas y bidones","NO DISPONIBLE"]
[24112101,"Toneles","2.3.9.9.05"]
[24112102,"Barriles","2.3.9.9.05"]
[24112108,"Tambores metálicos","2.3.6.3.06"]
[24112109,"Tambores no metálicos","2.3.6.9.01"]
[24112110,"Contenedores intermedios a granel","2.3.9.9.05"]
[24112111,"Estabilizador","2.3.9.9.05"]
[24112112,"Tapa de tambor","2.3.9.9.01"]
[24112200,"Latas y cubos","NO DISPONIBLE"]
[24112204,"Cubos metálicos","2.3.9.9.05"]
[24112205,"Cubos no metálicos","2.3.9.9.05"]
[24112206,"Bidones metálicos para líquido inflamable","2.3.6.3.06"]
[24112207,"Bidones no metálicos para líquido inflamable","2.3.6.9.01"]
[24112208,"Conjunto pulverizador","2.3.9.9.05"]
[24112209,"Contenedor de paredes rectas","2.3.9.9.05"]
[24112400,"Cofres, armarios y baúles de almacenaje","NO DISPONIBLE"]
[24112401,"Cofres, cajas o armarios para herramientas","2.3.9.9.05"]
[24112402,"Armarios para materiales peligrosos","2.6.1.9.01"]
[24112403,"Cinturón para herramientas","2.3.9.8.02"]
[24112404,"Caja","2.3.9.9.05"]
[24112405,"Armarios","2.6.1.1.01"]
[24112406,"Compartimentos de caja o estantería","2.6.1.1.01"]
[24112407,"Buzones","2.3.9.9.05"]
[24112408,"Cajas antiestática","2.3.9.9.05"]
[24112409,"Tapas para cajas","2.3.9.9.05"]
[24112500,"Cartón ondulado y otros materiales para distribución","NO DISPONIBLE"]
[24112501,"Cartones acanalados ranurados","2.3.3.2.01"]
[24112502,"Cajas de transporte cortadas con troquel de una sola pieza","2.3.3.2.01"]
[24112503,"Cartones acanalados de transporte cortados con troquel con tapas separadas","2.3.3.2.01"]
[24112504,"Cajas moldeadas","2.3.9.9.05"]
[24112505,"Formas de cartón corrugado","2.3.3.2.01"]
[24112600,"Contenedores para líquidos","NO DISPONIBLE"]
[24112601,"Jarras","2.3.9.5.01"]
[24112602,"Frascos","2.3.9.9.05"]
[24120000,"Materiales  de  empaque","NO DISPONIBLE"]
[24121500,"Cajas, bolsas y sacos para empaquetado","NO DISPONIBLE"]
[24121502,"Sacos o bolsas para empacar","2.3.9.9.05"]
[24121503,"Cajas para empacar","2.3.9.9.05"]
[24121504,"Empaques cardados","2.3.3.2.01"]
[24121506,"Cajas conductivas","2.3.3.2.01"]
[24121507,"Cajas instaladas rígidas","2.3.3.2.01"]
[24121508,"Cartones de huevos","2.3.3.2.01"]
[24121509,"Bandejas para empacar","2.3.9.9.05"]
[24121800,"Latas para envasado","NO DISPONIBLE"]
[24121801,"Latas de aerosol","2.3.6.3.05"]
[24121802,"Latas de pintura o barniz","2.3.6.3.05"]
[24121803,"Latas de bebida","2.3.6.3.05"]
[24121804,"Latas de comida","2.3.6.3.05"]
[24121805,"Latas de acero","2.3.6.3.05"]
[24121806,"Latas de aluminio","2.3.6.3.05"]
[24121807,"Recipientes de plástico","2.3.9.9.05"]
[24122000,"Botellas","NO DISPONIBLE"]
[24122001,"Botellas para apretar","2.3.5.5.01"]
[24122002,"Botellas de plástico","2.3.9.9.05"]
[24122003,"Botellas de cristal","2.3.9.9.05"]
[24122004,"Tapones o tapas","2.3.9.9.05"]
[24122005,"Botellas de aplicador","2.3.9.9.05"]
[24122006,"Aplicador","2.3.9.9.05"]
[24130000,"Refrigeración  industrial","NO DISPONIBLE"]
[24131500,"Refrigeradores industriales","NO DISPONIBLE"]
[24131501,"Refrigerador y congelador combinado","2.6.5.2.01"]
[24131502,"Refrigeradores de nitrógeno líquido","2.6.5.4.01"]
[24131503,"Cuartos fríos","2.6.5.4.01"]
[24131504,"Contenedores refrigerados","2.6.5.4.01"]
[24131505,"Buques refrigerados","2.6.5.4.01"]
[24131506,"Tanques refrigerados","2.6.5.2.01"]
[24131600,"Congeladores industriales","NO DISPONIBLE"]
[24131601,"Congeladores horizontales","2.6.5.4.01"]
[24131602,"Congeladores verticales","2.6.5.4.01"]
[24131603,"Congeladores a bajas temperaturas","2.6.5.4.01"]
[24131604,"Equipo de secado por congelación","2.6.5.4.01"]
[24131605,"Cuartos fríos","2.6.5.4.01"]
[24131606,"Congeladores de placa","2.6.5.4.01"]
[24131607,"Congeladores de golpe de frío","2.6.5.4.01"]
[24131900,"Máquinas de hacer el hielo","NO DISPONIBLE"]
[24131901,"Máquinas para hacer cubos de hielo","2.6.5.4.01"]
[24131902,"Máquinas para hacer bloques de hielo","2.6.5.4.01"]
[24140000,"Suministros  de  embalaje","NO DISPONIBLE"]
[24141500,"Suministros para seguridad y protección","NO DISPONIBLE"]
[24141501,"Película elástica para envoltura","2.3.5.5.01"]
[24141502,"Láminas elásticas de embalaje","2.3.5.5.01"]
[24141504,"Sellos de seguridad a prueba de manipulación","2.3.9.9.04"]
[24141506,"Encerados","2.3.9.9.05"]
[24141507,"Película anti-estática para empacar","2.3.9.9.04"]
[24141508,"Soporte angular de cartón","2.3.9.9.04"]
[24141509,"Cuerda de goma,","2.3.5.4.01"]
[24141510,"Protectores de cables","2.3.9.9.04"]
[24141511,"Amarres de carga","2.3.9.9.04"]
[24141512,"Absorbentes de empaquetado","2.3.9.9.04"]
[24141513,"Empaques blíster","2.3.9.9.05"]
[24141514,"Películas para empacar","2.3.5.5.01"]
[24141515,"Red de protección","2.3.9.9.04"]
[24141600,"Suministros de acolchados","NO DISPONIBLE"]
[24141601,"Empaque de burbujas","2.3.5.5.01"]
[24141602,"Materiales de termoformado","2.3.5.5.01"]
[24141603,"Amortiguación","2.3.9.9.04"]
[24141604,"Relleno","2.3.2.1.01"]
[24141605,"Materiales de empaque rellenos de aire","2.3.5.5.01"]
[24141606,"Bolitas de poliestireno","2.3.5.5.01"]
[24141607,"Separadores de cartón","2.3.3.2.01"]
[24141608,"Protecciones externas","2.3.9.9.05"]
[24141700,"Tubos y núcleos de embalaje y etiquetas y accesorios","NO DISPONIBLE"]
[24141701,"Tubos o núcleos de papel","2.3.3.2.01"]
[24141702,"Tapones de extremidad tubo o núcleo","2.3.9.9.05"]
[24141703,"Piezas de papel","2.3.3.2.01"]
[24141704,"Instrucciones o insertos impresos","2.2.2.2.01"]
[24141705,"Tubos plegables","2.3.9.9.05"]
[24141706,"Carrete","2.3.9.9.05"]
[24141707,"Carretel","2.3.9.9.05"]
[24141708,"Asas de paquetes","2.3.9.8.02"]
[24141709,"Tubos o tapones de cápsulas","2.3.9.9.05"]
[25000000,"Vehículos  comerciales,  militares  y  particulares,  accesorios  y  componentes","NO DISPONIBLE"]
[25100000,"Vehículos  de  motor","NO DISPONIBLE"]
[25101500,"Vehículos de pasajeros","NO DISPONIBLE"]
[25101501,"Minibuses","2.6.4.1.01"]
[25101502,"Autobuses","2.6.4.1.01"]
[25101503,"Carros","2.6.4.1.01"]
[25101504,"Station wagons","2.6.4.1.01"]
[25101505,"Minivans o vans","2.6.4.1.01"]
[25101506,"Limosinas","2.6.4.1.01"]
[25101507,"Camiones ligeros o vehículos utilitarios deportivos","2.6.4.1.01"]
[25101508,"Carro deportivo","2.6.4.1.01"]
[25101600,"Vehículos de transporte de productos y materiales","NO DISPONIBLE"]
[25101601,"Volquetas","2.6.4.1.01"]
[25101602,"Remolques","2.6.4.1.01"]
[25101604,"Camiones de reparto","2.6.4.1.01"]
[25101609,"Camiones de manipulación de sedimento y aguas residuales","2.6.4.1.01"]
[25101610,"Carrotanques","2.6.4.1.01"]
[25101611,"Camiones de carga","2.6.4.1.01"]
[25101700,"Vehículos de protección y salvamento","NO DISPONIBLE"]
[25101701,"Camiones de bomberos y de rescate","2.6.4.1.01"]
[25101702,"Carros policiales","2.6.4.1.01"]
[25101703,"Ambulancias","2.6.4.1.01"]
[25101800,"Bicicletas de motor","NO DISPONIBLE"]
[25101801,"Motocicletas","2.6.4.8.01"]
[25101802,"Scooters","2.6.4.8.01"]
[25101803,"Velomotores","2.6.4.8.01"]
[25101900,"Vehículos especializados o de recreo","NO DISPONIBLE"]
[25101901,"Tractores agrícolas","2.6.5.1.01"]
[25101902,"Casas rodantes","2.6.4.2.01"]
[25101903,"Trineos motorizados o motos de nieve","2.6.4.8.01"]
[25101904,"Carritos de golf","2.6.4.8.01"]
[25101905,"Vehículos todoterreno de ruedas o de tracción","2.6.4.8.01"]
[25101906,"Karts","2.6.4.8.01"]
[25101907,"Remolques de camping o caravanas","2.6.4.2.01"]
[25101908,"Cuatrimoto","2.6.4.8.01"]
[25102000,"Vehículos de guerra","NO DISPONIBLE"]
[25102001,"Tanques","2.6.6.1.01"]
[25102002,"Carros de combate acorazados","2.6.6.1.01"]
[25102003,"Artillería motorizada","2.6.6.1.01"]
[25102100,"Camiones tractores","NO DISPONIBLE"]
[25102101,"Tractores delanteros de cabina baja","2.6.4.6.01"]
[25102102,"Tractomulas de nariz alargada con cama","2.6.4.6.01"]
[25102103,"Tractomulas de nariz alargada sin cama","2.6.4.6.01"]
[25102104,"Tractomulas con cabina encima del motor con cama","2.6.4.6.01"]
[25102105,"Tractomulas con cabina encima del motor sin cama","2.6.4.6.01"]
[25102106,"Cabezote","2.6.4.6.01"]
[25110000,"Transporte  marítimo","NO DISPONIBLE"]
[25111500,"Embarcaciones marítimas comerciales","NO DISPONIBLE"]
[25111501,"Barcos pesqueros","2.6.4.5.01"]
[25111502,"Botes de pesca","2.6.4.5.01"]
[25111503,"Buques de carga o de contenedores","2.6.4.5.01"]
[25111504,"Embarcación para dragados","2.6.4.5.01"]
[25111505,"Buques cisterna","2.6.4.5.01"]
[25111506,"Remolcadores","2.6.4.5.01"]
[25111507,"Barcazas","2.6.4.5.01"]
[25111508,"Transbordadores de pasajeros o vehículos","2.6.4.5.01"]
[25111509,"Buques de cruceros","2.6.4.5.01"]
[25111510,"Naves de salvamento","2.6.4.5.01"]
[25111511,"Barco de tripulación de gas o petróleo","2.6.4.5.01"]
[25111512,"Barco de trabajo de gas o petróleo","2.6.4.5.01"]
[25111513,"Barco para sísmica","2.6.4.5.01"]
[25111600,"Embarcaciones de seguridad y salvamento","NO DISPONIBLE"]
[25111601,"Lanchas o balsas salvavidas","2.6.6.2.01"]
[25111602,"Nave para apagar incendios","2.6.6.2.01"]
[25111603,"Buques o botes de rescate","2.6.6.2.01"]
[25111700,"Embarcaciones militares","NO DISPONIBLE"]
[25111701,"Submarinos","2.6.6.1.01"]
[25111702,"Portaviones","2.6.6.1.01"]
[25111703,"Barcos de munición","2.6.6.1.01"]
[25111704,"Barcos de asalto anfibio","2.6.6.1.01"]
[25111705,"Muelles anfibios de transporte","2.6.6.1.01"]
[25111706,"Buques anfibios de comando","2.6.6.1.01"]
[25111707,"Buques de comando","2.6.6.1.01"]
[25111708,"Buques de guerra","2.6.6.1.01"]
[25111709,"Destructores","2.6.6.1.01"]
[25111710,"Buques de desembarco","2.6.6.1.01"]
[25111711,"Buques de apoyo de combate rápido","2.6.6.1.01"]
[25111712,"Fragatas","2.6.6.1.01"]
[25111713,"Buques petroleros de escuadra","2.6.6.1.01"]
[25111714,"Embarcación de desembarque de uso general","2.6.6.1.01"]
[25111715,"Embarcación mecanizada o de uso general","2.6.6.1.01"]
[25111716,"Buques buscaminas","2.6.6.1.01"]
[25111717,"Buques dragaminas","2.6.6.1.01"]
[25111718,"Embarcaciones de patrulla costera","2.6.6.1.01"]
[25111719,"Buques nodriza para submarinos","2.6.6.1.01"]
[25111720,"Botes para desembarco de tanques","2.6.6.1.01"]
[25111721,"Embarcaciones de desembarque aerodeslizadas","2.6.6.1.01"]
[25111800,"Embarcaciones de recreo","NO DISPONIBLE"]
[25111801,"Embarcaciones a vela de recreo","2.6.4.5.01"]
[25111802,"Lanchas de recreo a motor","2.6.4.5.01"]
[25111803,"Lanchas de recreo a remo","2.6.4.5.01"]
[25111804,"Canoas o kayaks","2.6.4.5.01"]
[25111805,"Artefactos a motor de uso personal","2.6.4.5.01"]
[25111806,"Balsas","2.6.4.5.01"]
[25111807,"Lanchas pequeñas","2.6.4.5.01"]
[25111808,"Yates","2.6.4.5.01"]
[25111900,"Sistemas y premontajes de embarcaciones marítimas","NO DISPONIBLE"]
[25111901,"Sistemas de comunicaciones de embarcaciones marítimas","2.6.1.3.01"]
[25111902,"Hélices marítimas","2.3.9.8.01"]
[25111903,"Velas","2.3.9.8.01"]
[25111904,"Remos","2.3.9.8.01"]
[25111905,"Sistemas balísticos de la marina","2.3.9.8.01"]
[25111906,"Cuñas de ancla","2.3.9.8.01"]
[25111907,"Cables de ancla","2.3.9.8.01"]
[25111908,"Recuperadores de ancla","2.3.9.8.01"]
[25111909,"Rodillos de ancla","2.3.9.8.01"]
[25111910,"Rampas de embarcaciones","2.3.9.8.01"]
[25111911,"Bicheros","2.3.9.8.01"]
[25111912,"Recogedores de botavaras","2.3.9.8.01"]
[25111913,"Escotillas de cubierta","2.3.9.8.01"]
[25111914,"Argollas de amarre","2.3.9.8.01"]
[25111915,"Escaleras de muelle","2.3.9.8.02"]
[25111916,"Señales de teñido de emergencia","2.3.9.8.01"]
[25111917,"Alabantes","2.3.9.8.01"]
[25111918,"Sistemas de recogido de velas","2.3.9.8.01"]
[25111919,"Protectores de la quilla","2.3.9.8.01"]
[25111920,"Defensas","2.3.9.8.01"]
[25111921,"Cuellos de ganso marinos","2.3.9.8.01"]
[25111922,"Cabos de amarre","2.3.9.8.01"]
[25111923,"Bloqueos de remos","2.3.9.8.01"]
[25111924,"Reflectores de radar","2.3.9.8.01"]
[25111925,"Timones","2.3.9.8.01"]
[25111926,"Refuerzos de velas","2.3.9.8.02"]
[25111927,"Botavaras","2.3.9.8.01"]
[25111928,"Fundas de velas","2.3.9.8.02"]
[25111929,"Sacas","2.3.9.8.01"]
[25111930,"Palos de espinaquer","2.3.9.8.01"]
[25111931,"Plataformas de popa","2.3.9.8.01"]
[25111932,"Cortavientos","2.3.9.9.04"]
[25111933,"Relojes de mareas","2.3.9.8.01"]
[25111934,"Cañas de timones","2.3.9.8.01"]
[25111935,"Berlingas","2.3.9.8.01"]
[25120000,"Maquinaria  y  equipo  para  ferrocarril  y  tranvías","NO DISPONIBLE"]
[25121500,"Locomotoras y vagonetas eléctricas","NO DISPONIBLE"]
[25121501,"Locomotoras diesel de carga","2.6.4.4.01"]
[25121502,"Locomotoras eléctricas de carga","2.6.4.4.01"]
[25121503,"Locomotoras diesel de pasajeros","2.6.4.4.01"]
[25121504,"Locomotoras eléctricas de pasajeros","2.6.4.4.01"]
[25121600,"Vagones de ferrocarril y tranvía","NO DISPONIBLE"]
[25121601,"Vagones de carga","2.6.4.4.01"]
[25121602,"Vagones cisterna","2.6.4.4.01"]
[25121603,"Vagones de pasajeros","2.6.4.4.01"]
[25121604,"Vagones tolva o góndolas","2.6.4.4.01"]
[25121605,"Tranvías","2.6.4.4.01"]
[25121700,"Equipo y sistemas de apoyo ferroviario","NO DISPONIBLE"]
[25121701,"Sistemas de cambiavías","2.6.4.4.01"]
[25121702,"Traviesas","2.6.4.4.01"]
[25121703,"Vías férreas","2.6.4.4.01"]
[25121704,"Eclisas","2.6.4.4.01"]
[25121705,"Enganches de rieles","2.6.4.4.01"]
[25121706,"Aparatos de tracción","2.6.4.4.01"]
[25121707,"Conjuntos de bogie","2.6.4.4.01"]
[25130000,"Aeronaves","NO DISPONIBLE"]
[25131500,"Aeronave de alas fijas motorizada","NO DISPONIBLE"]
[25131501,"Aeronave agrícola de ala fija","2.6.4.3.01"]
[25131502,"Avión de carga de hélice","2.6.4.3.01"]
[25131503,"Hidroaviones","2.6.4.3.01"]
[25131504,"Avión de hélice comercial de pasajeros","2.6.4.3.01"]
[25131505,"Avión jet de carga","2.6.4.3.01"]
[25131506,"Avión jet de pasajeros","2.6.4.3.01"]
[25131507,"Avión de hélice privado o de negocios","2.6.4.3.01"]
[25131508,"Jet privado o de negocios","2.6.4.3.01"]
[25131600,"Aeronave de alas giratorias civil y comercial","NO DISPONIBLE"]
[25131601,"Helicópteros de pasajeros","2.6.4.3.01"]
[25131602,"Helicópteros de carga","2.6.4.3.01"]
[25131603,"Helicópteros agrícolas","2.6.4.3.01"]
[25131604,"Helicópteros médicos o de rescate","2.6.4.3.01"]
[25131700,"Aeronave de ala fija militar","NO DISPONIBLE"]
[25131701,"Avión bombardero","2.6.4.3.01"]
[25131702,"Avión cazabombardero","2.6.4.3.01"]
[25131703,"Avión de caza","2.6.4.3.01"]
[25131704,"Avión de ataque","2.6.4.3.01"]
[25131705,"Aviones no tripulados objetivo o de reconocimiento","2.6.4.3.01"]
[25131706,"Hidroaviones militares","2.6.4.3.01"]
[25131707,"Aeronave de reconocimiento o vigilancia","2.6.4.3.01"]
[25131708,"Avión antisubmarino","2.6.4.3.01"]
[25131709,"Avión de transporte militar","2.6.4.3.01"]
[25131800,"Avión especial","NO DISPONIBLE"]
[25131801,"Dirigibles","2.6.4.3.01"]
[25131900,"Avión militar de ala giratoria","NO DISPONIBLE"]
[25131902,"Helicópteros de transporte militar","2.6.4.3.01"]
[25131903,"Helicópteros de ataque","2.6.4.3.01"]
[25131904,"Helicópteros de reconocimiento","2.6.4.3.01"]
[25131905,"Helicópteros antisubmarinos","2.6.4.3.01"]
[25131906,"Aeronave de alas giratorias basculantes","2.6.4.3.01"]
[25132000,"Avión de recreo","NO DISPONIBLE"]
[25132001,"Aerodeslizadores","2.6.4.3.01"]
[25132002,"Globos aerostáticos","2.6.4.3.01"]
[25132003,"Planeadores","2.6.4.3.01"]
[25132004,"Parapente","2.6.4.3.01"]
[25132005,"Aviones ultralivianos","2.6.4.3.01"]
[25160000,"Bicicletas  no  motorizadas","NO DISPONIBLE"]
[25161500,"Vehículos a pedal","NO DISPONIBLE"]
[25161501,"Bicicletas de turismo","2.6.4.8.01"]
[25161502,"Monociclos","2.6.4.8.01"]
[25161503,"Triciclos","2.6.4.8.01"]
[25161504,"Bicicletas tándem","2.6.4.8.01"]
[25161505,"Bicicletas de montaña","2.6.4.8.01"]
[25161506,"Bicicletas de carreras","2.6.4.8.01"]
[25161507,"Bicicletas","2.6.4.8.01"]
[25161508,"Bicicletas reclinadas","2.6.4.8.01"]
[25161509,"Bicicletas para niños","2.6.4.8.01"]
[25170000,"Componentes  y  sistemas  de  transporte","NO DISPONIBLE"]
[25171500,"Limpiaparabrisas","NO DISPONIBLE"]
[25171502,"limpiaparabrisas para automóviles","2.3.9.8.01"]
[25171503,"Limpiaparabrisas para locomotoras","2.3.9.8.01"]
[25171504,"Limpiaparabrisas marítimos","2.3.9.8.01"]
[25171505,"Limpiaparabrisas de camión","2.3.9.8.01"]
[25171506,"Bomba de lava parabrisas","2.3.9.8.01"]
[25171507,"Cuchillas limpiadoras","2.3.9.8.01"]
[25171600,"Sistemas de descarchado y antiniebla","NO DISPONIBLE"]
[25171602,"Sistemas de desescarchado y antiniebla para automóviles","2.3.9.8.01"]
[25171603,"Sistemas de desescarchado y antiniebla para trenes","2.3.9.8.01"]
[25171700,"Sistemas de frenado y componentes","NO DISPONIBLE"]
[25171702,"Sistemas de frenado para automóviles","2.3.9.8.01"]
[25171703,"Sistemas de frenado para trenes","2.3.9.8.01"]
[25171704,"Chutes de arrastre","2.3.9.8.01"]
[25171705,"Rotores","2.3.9.8.01"]
[25171706,"Calibrador de frenaje","2.3.9.8.01"]
[25171707,"Freno de tambor","2.3.9.8.01"]
[25171708,"Freno de disco","2.3.9.8.01"]
[25171709,"Freno enfriado con líquido","2.3.9.8.01"]
[25171710,"Cilindros principales","2.3.9.8.01"]
[25171711,"Cilindros esclavos","2.3.9.8.01"]
[25171712,"Zapatas de freno de tambor","2.3.9.8.01"]
[25171713,"Almohadillas de discos de freno","2.3.9.8.01"]
[25171714,"Tambor de freno","2.3.9.8.01"]
[25171715,"Rotores de frenos de disco","2.3.9.8.01"]
[25171716,"Líneas de freno","2.3.9.8.01"]
[25171717,"Pistones de freno","2.3.9.8.01"]
[25171718,"Kits de reparación de frenos","2.3.6.3.04"]
[25171719,"Refuerzos de frenado","2.3.9.8.01"]
[25171900,"Ruedas y acabados","NO DISPONIBLE"]
[25171901,"Rines o ruedas para automóviles","2.3.9.8.01"]
[25171902,"Ruedas para trenes","2.3.9.8.01"]
[25171903,"Rines o ruedas para camiones","2.3.9.8.01"]
[25171905,"Válvulas de neumáticos","2.3.9.8.01"]
[25172000,"Componentes de sistema de suspensión","NO DISPONIBLE"]
[25172001,"Sistemas de suspensión para automóviles","2.3.9.8.01"]
[25172002,"Sistemas de suspensión para camiones","2.3.9.8.01"]
[25172003,"Amortiguadores para camiones","2.3.9.8.01"]
[25172004,"Amortiguadores para automóviles","2.3.9.8.01"]
[25172005,"Sistemas de suspensión para trenes","2.3.9.8.01"]
[25172007,"Puntales","2.3.9.8.01"]
[25172009,"Buje de automóvil","2.3.9.8.01"]
[25172010,"Barra anti -  ladeo","2.3.9.8.01"]
[25172011,"Amortiguadores de choque","2.3.9.8.01"]
[25172100,"Componentes y sistemas de seguridad de vehículo","NO DISPONIBLE"]
[25172101,"Airbags","2.3.9.8.01"]
[25172104,"Cinturones de seguridad","2.3.9.8.01"]
[25172105,"Sistemas para evitar choques","2.3.9.8.01"]
[25172106,"Sistemas sensores de impacto","2.3.9.8.01"]
[25172108,"Apoyacabezas","2.3.9.8.01"]
[25172109,"Latas de propulsor de airbags","2.3.9.8.01"]
[25172110,"Pito de vehículo","2.3.9.8.01"]
[25172111,"Sistema remoto de bloqueo","2.3.9.8.01"]
[25172112,"Sistemas de control de la estabilidad del vehículo","2.3.9.8.01"]
[25172113,"Sistemas de control de la tracción del vehículo","2.3.9.8.01"]
[25172114,"Bloqueadores de ruedas","2.3.9.8.01"]
[25172200,"Puertas para vehículos","NO DISPONIBLE"]
[25172201,"Puertas de automotores desmontables","2.3.9.8.01"]
[25172203,"Puertas de automotores","2.3.9.8.01"]
[25172204,"Puertas de persiana para camiones","2.3.9.8.01"]
[25172205,"Compuertas inferiores o puertas elevadoras","2.3.9.8.01"]
[25172300,"Ventanas y parabrisas para vehículos","NO DISPONIBLE"]
[25172301,"Parabrisas para automotores","2.3.9.8.01"]
[25172303,"Ventanas para automotores","2.3.9.8.01"]
[25172400,"Depósitos y sistemas de combustible","NO DISPONIBLE"]
[25172404,"Sistemas de almacenaje de combustible híbrido","2.3.9.8.01"]
[25172405,"Sistemas de inyección de combustible","2.3.9.8.01"]
[25172406,"Tanques de combustible","2.3.9.8.01"]
[25172407,"Elementos respiraderos","2.3.9.8.01"]
[25172408,"Tapas de aceite o combustible","2.3.9.8.01"]
[25172500,"Neumáticos y cámaras de neumáticos","NO DISPONIBLE"]
[25172502," Cámara de neumático de automóvil","2.3.5.3.01"]
[25172503," Neumáticos para camiones pesados","2.3.5.3.01"]
[25172504,"Neumáticos para automoviles o camiones ligeros","2.3.5.3.01"]
[25172505,"Cámara de neumáticos o tubos para bicicleta","2.3.5.3.01"]
[25172506,"Neumáticos de bicicleta","2.3.5.3.01"]
[25172507,"Cordón de neumáticos","2.3.5.3.01"]
[25172508,"Labrado de llanta","2.3.5.3.01"]
[25172509,"Cámara de neumáticos de camiones pesados","2.3.5.3.01"]
[25172510,"Neumático de espuma\n","2.3.5.3.01"]
[25172511,"Kit de reparación de neumáticos \n","2.3.6.3.04"]
[25172512,"Neumático para motocicleta\n","2.3.5.3.01"]
[25172600,"Acabados y revestimientos exterior para vehículos","NO DISPONIBLE"]
[25172601,"Acabados para automotores","2.3.9.8.02"]
[25172602,"Guardabarros","2.3.9.8.01"]
[25172603,"Parachoques para automotores","2.3.9.8.01"]
[25172604,"Espejos retrovisores","2.3.9.8.01"]
[25172605,"Parrillas de vehículos","2.3.9.8.01"]
[25172606,"Capós de vehículos","2.3.9.8.01"]
[25172607,"Paneles laterales de vehículos","2.3.9.8.01"]
[25172608,"Tableros","2.3.9.8.01"]
[25172700,"Sistemas de control medioambiental","NO DISPONIBLE"]
[25172702,"Sistemas de control medioambiental espacial","2.3.9.8.01"]
[25172703,"Sistemas de control medioambiental marítimo","2.3.9.8.01"]
[25172704,"Sistema control temperatura vehículo","2.3.9.8.01"]
[25172800,"Sistemas y componentes hidráulicos","NO DISPONIBLE"]
[25172802,"Sistemas hidráulicos para automotores","2.3.9.8.01"]
[25172803,"Sistemas hidráulicos marítimos","2.3.9.8.01"]
[25172900,"Iluminación exterior para vehículos","NO DISPONIBLE"]
[25172901,"Iluminación exterior para automóviles","2.3.9.6.01"]
[25172903,"Iluminación exterior para vagones de tren","2.3.9.6.01"]
[25172904,"Iluminación exterior para buques o barcos","2.3.9.6.01"]
[25172905,"Sistema para lavar o limpiar la farola delantera","2.3.6.3.04"]
[25172906,"Reflectores","2.3.9.8.01"]
[25172907,"Luz frontal del vehículo","2.3.9.6.01"]
[25173000,"Iluminación interior para vehículos","NO DISPONIBLE"]
[25173001,"Iluminación interior para automóviles","2.3.9.6.01"]
[25173003,"Iluminación interior para vagones de tren","2.3.9.6.01"]
[25173004,"Iluminación interior para buques o barcos","2.3.9.6.01"]
[25173005,"Ensamblajes de iluminación de las placas","2.3.9.6.01"]
[25173100,"Sistemas y componentes de localización y navegación","NO DISPONIBLE"]
[25173107,"Sistemas de posicionamiento global de vehículos","2.6.5.5.01"]
[25173108,"Sistemas de navegación vehicular","2.6.1.3.01"]
[25173300,"Sistemas de control principal","NO DISPONIBLE"]
[25173303,"Sistemas de computador","2.3.9.8.01"]
[25173304,"Sistemas electrónicos de ignición","2.6.1.3.01"]
[25173700,"Controles de emisión y de escape","NO DISPONIBLE"]
[25173701,"Convertidores catalíticos","2.3.9.8.01"]
[25173702,"Silenciadores de exhosto o resonadores","2.3.9.8.01"]
[25173703,"Colector de escape","2.3.9.8.01"]
[25173704,"Adaptadores de silenciadores","2.3.9.8.01"]
[25173705,"Amortiguadores de chispas","2.3.9.8.01"]
[25173800,"Sistemas de tren de transmisión","NO DISPONIBLE"]
[25173801,"Ejes de manejo","2.3.9.8.01"]
[25173802,"Ejes no de manejo","2.3.9.8.01"]
[25173803,"Carcasas de eje","2.3.9.8.01"]
[25173804,"Husillos de giro de eje","2.3.9.8.01"]
[25173805,"Diferenciales","2.3.9.8.01"]
[25173806,"Juntas de velocidad constante","2.3.9.8.01"]
[25173807,"Ejes de cardán","2.3.9.8.01"]
[25173808,"Equipo de reparar ejes","2.3.9.8.01"]
[25173809,"Buje de eje","2.3.9.8.01"]
[25173810,"Juntas de cardán","2.3.9.8.01"]
[25173811,"Ejes de tracción","2.3.9.8.01"]
[25173812,"Transmisiones manuales","2.3.9.8.01"]
[25173813,"Transmisiones automáticas","2.3.9.8.01"]
[25173815,"Cables de embrague","2.3.9.8.01"]
[25173816,"Componentes hidráulicos de embrague","2.3.9.8.01"]
[25173817,"Cadenas de los engranajes conductores","2.3.9.8.01"]
[25173900,"Componentes eléctricos","NO DISPONIBLE"]
[25173901,"Ignición","2.3.9.6.01"]
[25174000,"Sistema de refrigerar de motor","NO DISPONIBLE"]
[25174001,"Ventilador","2.3.9.8.01"]
[25174002,"Radiadores de motor","2.3.9.8.01"]
[25174003,"Tapas de radiador","2.3.9.8.01"]
[25174004,"Refrigerante de motor","2.3.7.1.06"]
[25174100,"Sistemas de tejado","NO DISPONIBLE"]
[25174101,"Salida de emergencia de vehículos","2.3.9.8.01"]
[25174102,"Techos permanentes convertibles","2.3.9.8.01"]
[25174103,"Techos duros desmontables","2.3.9.8.01"]
[25174104,"Techos blandos desmontables","2.3.9.8.01"]
[25174105,"Sistemas de rejillas de techo","2.3.9.8.01"]
[25174106,"Sunroofs o techos corredizos","2.3.9.8.01"]
[25174107,"Deflectores de viento","2.3.9.8.01"]
[25174200,"Sistema de dirección","NO DISPONIBLE"]
[25174201,"Sacos de dirección","2.3.9.8.01"]
[25174202,"Suspensión de dirección","2.3.9.8.01"]
[25174203,"Junta de bola","2.3.9.8.01"]
[25174204,"Sistema de dirección hidráulica","2.3.9.8.01"]
[25174205,"Bielas","2.3.9.8.01"]
[25174206,"Contramanivela","2.3.9.8.01"]
[25174207,"Varillas de dirección","2.3.9.8.01"]
[25174208,"Eje de bloqueo","2.3.9.8.01"]
[25174209,"Piñones","2.3.9.8.01"]
[25174210,"Cable de afinamiento de dirección hidráulica","2.3.9.8.01"]
[25174211,"Timones o volantes","2.3.9.8.01"]
[25174212,"Ensambles de columna de dirección","2.3.9.8.01"]
[25174213,"Ensambles de cilindro de dirección","2.3.9.8.01"]
[25174218,"Cobertor de timones o volantes ","2.3.9.8.02"]
[25174400,"Sistemas del interior de vehículos","NO DISPONIBLE"]
[25174401,"Biseles","2.3.9.8.01"]
[25174402,"Consolas","2.3.9.8.01"]
[25174403,"Paneles de puerta","2.3.9.8.01"]
[25174404,"Tapizado del techo","2.3.9.8.02"]
[25174405,"Grupos de instrumentos","2.3.9.8.01"]
[25174406,"Paneles de instrumentos","2.3.9.8.01"]
[25174407,"Pedales","2.3.9.8.01"]
[25174408,"Puntos para energía o para encendedores","2.3.9.8.01"]
[25174409,"Visores de sol","2.3.9.8.01"]
[25174410,"Componentes y sistemas de sonido del vehículo","2.3.9.8.02"]
[25174411,"Acolchado de caucho de la llave","2.3.9.9.05"]
[25174412,"Aplique decorativo del vehículo","2.2.2.2.01"]
[25174413,"Escudo o emblema interior del vehículo","2.3.9.8.02"]
[25174414,"Tacógrafo","2.3.9.8.01"]
[25174415,"Indicador de la presión de aceite del vehículo","2.3.9.8.01"]
[25174416,"Encendedor de cigarrillos del vehículo","2.3.9.8.02"]
[25174417,"Interruptor de combinación del vehículo","2.3.9.8.01"]
[25174418,"Tapetes del vehículo","2.3.9.8.02"]
[25174419," Sistema de audio video del vehículo","2.6.2.1.01"]
[25174420,"Cenicero del vehículo","2.3.9.8.02"]
[25174421,"Cortina del vehículo","2.3.9.8.02"]
[25174600,"Sistemas de asientos del vehículo","NO DISPONIBLE"]
[25174601,"Fundas de asientos","2.3.9.8.02"]
[25174602,"Cojinería de asientos","2.3.9.8.02"]
[25174603,"Marcos de asientos","2.3.9.8.01"]
[25174700,"Componentes de ciclo no motorizado o accesorios","NO DISPONIBLE"]
[25174701,"Pedales de bicicleta","2.3.9.8.01"]
[25180000,"Carrocerías  y  remolques","NO DISPONIBLE"]
[25181600,"Chasis automotriz","NO DISPONIBLE"]
[25181601,"Chasis para automóviles","2.3.9.8.01"]
[25181602,"Chasis para camiones","2.3.9.8.01"]
[25181603,"Bastidores de motos","2.3.9.8.01"]
[25181700,"Remolques para productos y materiales","NO DISPONIBLE"]
[25181701,"Tráiler para contenedores","2.6.4.1.01"]
[25181702,"Tráiler cama alta","2.6.4.2.01"]
[25181703,"Remolques para ganado","2.6.4.2.01"]
[25181704,"Remolques carrotanque sin temperatura controlada","2.6.4.2.01"]
[25181705,"Remolques carrotanque con temperatura controlada","2.6.4.2.01"]
[25181706,"Remolques contenedor con temperatura controlada","2.6.4.2.01"]
[25181707,"Remolques para transporte de automóviles (niñeras)","2.6.4.2.01"]
[25181708,"Enganches de remolque","2.6.4.2.01"]
[25181709,"Pala cargadora","2.6.4.2.01"]
[25181710,"Placas de matrícula de tráiler","2.6.4.2.01"]
[25181711,"Remolque de motonieve","2.6.4.2.01"]
[25181712,"Remolque de motocicleta","2.6.4.2.01"]
[25181713,"Remolque de botes","2.6.4.2.01"]
[25190000,"Equipo  para  servicios  de  transporte","NO DISPONIBLE"]
[25191500,"Sistemas y equipo de apoyo para transporte aéreo","NO DISPONIBLE"]
[25191501,"Sistemas de entrenamiento de apoyo terrestre","2.6.8.3.01"]
[25191502,"Sistemas de ensayo o mantenimiento de apoyo terrestre","2.6.8.3.01"]
[25191503,"Sistemas integrados de información de mantenimiento","2.6.1.3.01"]
[25191504,"Simuladores de vuelo para aviones","2.6.1.3.01"]
[25191505,"Medios de carga y descarga para aviones","2.6.4.8.01"]
[25191506,"Equipo para recargar combustible de aviones","2.6.4.8.01"]
[25191507,"Equipo para deshielo de aviones","2.6.4.8.01"]
[25191508,"Pasarela telescópica para aviones","2.3.9.8.01"]
[25191509,"Tractores remolcadores para aviones","2.6.4.6.01"]
[25191510,"Unidades de potencia para pista aérea","2.3.9.8.01"]
[25191511,"Equipo de lavabos para aeronaves","2.3.9.8.01"]
[25191512,"Escalerillas transportables o rodantes","2.3.9.8.01"]
[25191513,"Kit de mantenimiento de vehículo de soporte en tierra","2.3.6.3.04"]
[25191514,"Barra de remolque de avión","2.3.9.8.01"]
[25191600,"Sistemas y equipo de apoyo para transporte espacial","NO DISPONIBLE"]
[25191601,"Simuladores de vuelo de naves espaciales","2.6.4.3.01"]
[25191602,"Sistemas de suministro de carga para naves espaciales","2.6.4.3.01"]
[25191603,"Vehículos de lanzamiento líquido","2.6.4.3.01"]
[25191604,"Vehículos de lanzamiento sólido","2.6.4.3.01"]
[25181714,"Contenedores de carga","2.6.9.9.01"]
[25191605,"Módulos de servicio para naves espaciales","2.6.4.3.01"]
[25191700,"Equipo para el mantenimiento de vehículo","NO DISPONIBLE"]
[25191701,"Equipos de balanceo de llantas","2.6.5.7.01"]
[25191702,"Equipos de alineación de llantas","2.6.5.7.01"]
[25191703,"Máquinas para cambiar llantas","2.6.5.7.01"]
[25191704,"Pedestales de vehículo o motor","2.6.5.7.01"]
[25200000,"Sistemas   y  componentes  y  equipos  aeroespaciales","NO DISPONIBLE"]
[25201500,"Fuselaje y componentes de avión","NO DISPONIBLE"]
[25201501,"Spoilers de avión","2.3.9.8.01"]
[25201502,"Aletas de avión","2.3.9.8.01"]
[25201503,"Estabilizadores horizontales de avión","2.3.9.8.01"]
[25201504,"Aletas canard de avión","2.3.9.8.01"]
[25201505,"Listones de avión","2.3.9.8.01"]
[25201506,"Flaps o transmisión de flaps de avión","2.3.9.8.01"]
[25201507,"Timones de avión","2.3.9.8.01"]
[25201508,"Elevadores de avión","2.3.9.8.01"]
[25201509,"Alerones de avión","2.3.9.8.01"]
[25201510,"Propulsores de avión","2.3.9.8.01"]
[25201511,"Alas de avión","2.3.9.8.01"]
[25201512,"Fuselajes de avión","2.3.9.8.01"]
[25201513,"Cúpulas protectoras de la antena de avión","2.3.9.8.01"]
[25201514,"Rotores de avión","2.3.9.8.01"]
[25201515,"Ventilador de elevación de avión","2.3.9.8.01"]
[25201516,"Escudetes de avión","2.3.9.8.01"]
[25201517,"Muebles de avión","2.3.9.8.01"]
[25201518,"Dobladores de avión","2.3.9.8.01"]
[25201519,"Nervaduras de avión","2.3.9.8.01"]
[25201520,"Largueros de avión","2.3.9.8.01"]
[25201600,"Sistemas de situación y navegación aeroespacial y componentes","NO DISPONIBLE"]
[25201601,"Sistemas de control digital del altitud del avión","2.6.1.3.01"]
[25201602,"Faros de navegación de avión","2.6.1.3.01"]
[25201603,"Sistemas de seguimiento de aire a tierra","2.6.1.3.01"]
[25201604,"Sistemas de guía aeronáutica","2.6.1.3.01"]
[25201605,"Controles de volante de avión","2.6.1.3.01"]
[25201606,"Sistemas de control de la altitud del nave espacial","2.6.1.3.01"]
[25201700,"Sistemas relacionados con las comunicaciones de vuelo","NO DISPONIBLE"]
[25201701,"Sistemas de comunicación del avión","2.6.1.3.01"]
[25201702,"Registradores de datos de vuelo","2.6.1.3.01"]
[25201703,"Contramedidas de avión","2.6.1.3.01"]
[25201704,"Sistemas de codificación o de decodificación","2.6.8.3.01"]
[25201705,"Sistemas de telemetría de aeronaves","2.6.8.3.01"]
[25201706,"Electrónica de interfaz del avión","2.3.9.8.01"]
[25201707,"Giroscopio del avión","2.3.9.8.01"]
[25201708,"Cámaras de avión","2.3.9.8.01"]
[25201709,"Sondas o sensores de avión","2.3.9.8.01"]
[25201710,"Guías de onda del avión","2.3.9.8.01"]
[25201800,"Sistemas de control principal del avión","NO DISPONIBLE"]
[25201801,"Sistemas de computadores de vuelo","2.6.1.3.01"]
[25201802,"Módulos de comando de naves especiales","2.6.1.3.01"]
[25201900,"Sistemas de urgencia del avión","NO DISPONIBLE"]
[25201901,"Sistemas de control o extinción de incendios en aeronaves","2.6.1.3.01"]
[25201902,"Sistemas de escape o eyección de aeronaves","2.6.1.3.01"]
[25201903,"Sistemas de advertencia del avión","2.6.1.3.01"]
[25201904,"Paracaídas","2.3.9.8.01"]
[25202000,"Sistemas de energía de avión","NO DISPONIBLE"]
[25202001,"Células solares de la nave espacial","2.6.5.6.01"]
[25202002,"Formaciones solares de la nave espacial","2.6.5.6.01"]
[25202003,"Unidades de la fuente de alimentación de avión","2.6.5.6.01"]
[25202004,"Sistemas de grupo electrógeno de pista (apu)","2.6.5.6.01"]
[25202100,"Instrumentación de vuelo","NO DISPONIBLE"]
[25202101,"Indicadores de la cabina aeroespacial","2.6.3.4.01"]
[25202102,"Medidores de la cabina aeroespacial","2.6.5.8.01"]
[25202103,"Paneles de despliegue aeroespacial de la cabina","2.3.9.8.01"]
[25202104,"Paneles de interruptores aeroespaciales de la cabina","2.3.9.8.01"]
[25202105,"Presentación visual de cabeza levantada (hud)","2.3.9.8.01"]
[25202200,"Sistemas del aterrizaje y de frenos del avión","NO DISPONIBLE"]
[25202201,"Sistemas de frenar del avión","2.3.9.8.01"]
[25202202,"Rampas de arrastre de avión","2.3.9.8.01"]
[25202203,"Ruedas de avión","2.3.9.8.01"]
[25202204,"Montajes del tren de aterrizaje","2.3.9.8.01"]
[25202205,"Llantas de avión","2.3.5.3.01"]
[25202206,"Controles anti – deslizamiento de avión","2.3.9.8.01"]
[25202300,"Controles de pasajeros de avión","NO DISPONIBLE"]
[25202301,"Cinturones de seguridad del avión","2.3.9.8.01"]
[25202302,"Arneses de seguridad del avión","2.3.9.8.01"]
[25202400,"Sistemas y depósitos de combustible del avión","NO DISPONIBLE"]
[25202401,"Tanques interiores de combustible del avión","2.3.9.8.01"]
[25202402,"Depósitos desechables de combustible del avión","2.3.9.8.01"]
[25202403,"Tanques de propelente del avión","2.3.9.8.01"]
[25202404,"Sistemas híbridos de almacenaje de combustible de avión","2.3.9.8.01"]
[25202405,"Sistemas de manejo de combustible del avión","2.3.9.8.01"]
[25202406,"Post – impulsores","2.3.9.8.01"]
[25202500,"Equipo de avión","NO DISPONIBLE"]
[25202501,"Sistemas hidráulicos de avión","2.3.9.8.01"]
[25202502,"Iluminación exterior de avión","2.3.9.8.01"]
[25202503,"Iluminación interior de avión","2.3.9.8.01"]
[25202504,"Limpiaparabrisas de avión","2.3.9.8.01"]
[25202505,"Sistemas de descongelación o sistemas de desempañar a bordo de avión","2.3.9.8.01"]
[25202506,"Puertas de avión","2.3.9.8.01"]
[25202507,"Ventanas de avión","2.3.9.8.01"]
[25202508,"Parabrisas de avión","2.3.9.8.01"]
[25202509,"Montajes de choque del avión","2.3.9.8.01"]
[25202510,"Conjuntos de anillo colector del avión","2.3.9.8.01"]
[25202600,"Sistemas y componentes del control ambiental del avión","NO DISPONIBLE"]
[25202601,"Controladores ambientales del avión","2.3.9.8.01"]
[25202602,"Reguladores ambientales del avión","2.3.9.8.01"]
[25202603,"Turbinas para enfriar el avión","2.3.9.8.01"]
[25202604,"Ventiladores para enfriar el avión","2.3.9.8.01"]
[25202605,"Intercambiadores de calor del avión","2.3.9.8.01"]
[25202606,"Separadores del agua del avión","2.3.9.8.01"]
[25202607,"Equipo del oxígeno del avión","2.3.9.8.01"]
[25202700,"Acumuladores del avión","NO DISPONIBLE"]
[25202701,"Acumuladores hidráulicos del avión","2.3.9.8.01"]
[25202702,"Acumuladores neumáticos del avión","2.3.9.8.01"]
[26000000,"Maquinaria  y  accesorios  para  generación  y  distribución  de  energía","NO DISPONIBLE"]
[26100000,"Fuentes  de  energía","NO DISPONIBLE"]
[26101500,"Motores","NO DISPONIBLE"]
[26101501,"Motores hidráulicos","2.3.9.8.01"]
[26101502,"Motores neumáticos","2.3.9.8.01"]
[26101503,"Motores a gas","2.3.9.8.01"]
[26101504,"Motores diesel","2.3.9.8.01"]
[26101505,"Motores de vapor","2.3.9.8.01"]
[26101506,"Motores de turbina","2.3.9.8.01"]
[26101507,"Motores de turbina con hélice","2.3.9.8.01"]
[26101508,"Motores térmicos","2.3.9.8.01"]
[26101509,"Motores hidroeléctricos","2.3.9.8.01"]
[26101510,"Máquinas rotativas","2.3.9.8.01"]
[26101511,"Motores de turbina hidráulica","2.3.9.8.01"]
[26101512,"Motores turbohélice","2.3.9.8.01"]
[26101513,"Kit de reparación de motores","2.3.6.3.04"]
[26101600,"Motores","NO DISPONIBLE"]
[26101601,"Motores de inducción","2.6.5.6.01"]
[26101602,"Motores de corriente alterna (CA)","2.3.9.8.01"]
[26101603,"Motores de corriente continua (CC)","2.6.5.6.01"]
[26101604,"Motores de corriente alterna (CA) o corriente continua (CC)","2.6.5.6.01"]
[26101605,"Dinamotores","2.6.5.6.01"]
[26101606,"Servomotores","2.6.5.6.01"]
[26101607,"Motores de par de torsión","2.6.5.6.01"]
[26101608,"Motores de cohetes de propulsante líquido","2.6.5.6.01"]
[26101609,"Motores sincrónicos","2.6.5.6.01"]
[26101610,"Motores de cohete con propulsión sólida","2.6.5.6.01"]
[26101611,"Motores monofásicos","2.6.5.6.01"]
[26101612,"Motores multifásicos","2.6.5.6.01"]
[26101613,"Motores hidráulicos","2.6.5.6.01"]
[26101614,"Motores escalonados","2.6.5.6.01"]
[26101615,"Alternadores","2.3.9.8.01"]
[26101616,"Motor neumático","2.6.5.6.01"]
[26101700,"Accesorios y componentes de motor","NO DISPONIBLE"]
[26101701,"Quemadores para aeronaves","2.3.9.8.01"]
[26101702,"Compresores de motor de avión","2.3.9.8.01"]
[26101703,"Difusores de motor de avión","2.3.9.8.01"]
[26101704,"Monturas de motor","2.3.9.8.01"]
[26101705,"Gatos de tornillo de los ejes motores del avión","2.3.9.8.01"]
[26101706,"Unidades de transmisión del avión","2.3.9.8.01"]
[26101707,"Ejes compensadores","2.3.9.8.01"]
[26101708,"Seguidores de la leva","2.3.9.8.02"]
[26101709,"Elevadores de árbol de levas","2.3.9.8.01"]
[26101710,"Carburadores","2.3.9.8.01"]
[26101711,"Bielas","2.3.9.8.01"]
[26101712,"Válvulas de ventilación del cárter","2.3.9.8.01"]
[26101713,"Culata de cilindro","2.3.9.8.01"]
[26101715,"Tapas de motor","2.3.9.8.02"]
[26101716,"Forjas del motor","2.3.9.8.01"]
[26101717,"Calentadores de motor","2.3.9.8.01"]
[26101718,"Sistemas de ignición de motor","2.3.9.8.01"]
[26101719,"Súper cargadores","2.3.9.8.01"]
[26101720,"Turbocargador","2.3.9.8.01"]
[26101721,"Poleas del motor","2.3.9.8.01"]
[26101723,"Lata de vapor de combustible","2.3.9.8.01"]
[26101724,"Tapón brillante","2.3.9.8.01"]
[26101725,"Medidores de varilla de aceite","2.3.9.8.02"]
[26101726,"Coladores de aceite","2.3.9.8.01"]
[26101727,"Anillo de pistón","2.3.9.8.01"]
[26101728,"Tubos de varilla de empuje","2.3.9.8.01"]
[26101729,"Bolas de brazo oscilante","2.3.9.8.01"]
[26101730,"Ejes de brazo oscilante","2.3.9.8.01"]
[26101731,"Brazos oscilantes","2.3.9.8.01"]
[26101732,"Bujía de encendido","2.3.9.6.01"]
[26101733,"Chorro de carburador","2.3.9.8.01"]
[26101734,"Diafragmas de carburador","2.3.9.8.01"]
[26101735,"Batea de aceite","2.3.9.8.01"]
[26101736,"Pistones","2.3.9.8.01"]
[26101737,"Cadena de distribución","2.3.9.8.01"]
[26101738,"Múltiples de entrada","2.3.9.8.01"]
[26101740,"Inyectores de combustible","2.3.9.8.01"]
[26101741,"Manguitos de motor","2.3.9.8.01"]
[26101742,"Distribuidores de inyección de combustible","2.3.9.8.01"]
[26101743,"Válvulas de motor","2.3.9.8.01"]
[26101747,"Varas de empuje","2.3.9.8.01"]
[26101748,"Volante de inercia del motor","2.3.9.8.01"]
[26101749,"Cigüeñal","2.3.9.8.01"]
[26101750,"Válvula de estrangulación","2.3.9.8.01"]
[26101751,"Controles electrónicos de motor","2.3.9.8.01"]
[26101754,"Asiento de válvula del motor","2.3.9.8.01"]
[26101755,"Guía de válvula","2.3.9.8.01"]
[26101756,"Adaptadores del carburador","2.3.9.8.01"]
[26101757,"Accesorios de las bujías","2.3.9.8.01"]
[26101758,"Ajustadores del balancín","2.3.9.8.01"]
[26101759,"Adaptadores del motor de arranque","2.3.9.8.02"]
[26101760,"Vástagos del estárter","2.3.9.8.01"]
[26101761,"Tapones del árbol de levas","2.3.9.8.01"]
[26101762,"Varillaje de los componentes del motor","2.3.9.8.01"]
[26101763,"Tapones del anticongelante","2.3.9.8.01"]
[26101764,"Revestimiento de los cilindros","2.3.9.8.02"]
[26101765,"Amortiguadores de vibración","2.3.9.8.01"]
[26101766,"Reguladores","2.3.9.8.01"]
[26101800,"Componentes del motor o del generador","NO DISPONIBLE"]
[26101801,"Escobillas del motor","2.3.9.8.01"]
[26101802,"Armaduras","2.3.9.8.01"]
[26101803,"Rotores o estatores","2.3.9.8.01"]
[26101805,"Kits de reparación del motor","2.3.6.3.04"]
[26101806,"Adaptadores de soporte de motor","2.3.9.8.01"]
[26101807,"Bobinas de motor","2.3.9.8.01"]
[26101808,"Monturas o soportes de motor","2.3.9.8.01"]
[26101809,"Freno de motor","2.3.9.8.01"]
[26101900,"Componentes de motor de combustión interna","NO DISPONIBLE"]
[26101903,"Árbol de distribución","2.3.9.8.01"]
[26101904,"Boquilla de inyección de combustible","2.3.9.8.01"]
[26101905,"Bloque de cilindros","2.3.9.8.01"]
[26110000,"Baterías  y  generadores  y  transmisión  de  energía  cinética","NO DISPONIBLE"]
[26111500,"Transmisión de energía cinética","NO DISPONIBLE"]
[26111501,"Conmutadores","2.3.9.6.01"]
[26111503,"Dispositivos de velocidad regulables","2.3.9.8.01"]
[26111504,"Correas de la transmisión","2.3.9.8.01"]
[26111505,"Cadenas de la transmisión","2.3.9.8.01"]
[26111506,"Aparatos de movimiento rectilíneo","2.6.5.7.01"]
[26111508,"Despegues de energía","2.3.9.8.01"]
[26111509,"Culatas de transmisión","2.3.9.8.01"]
[26111510,"Árboles de transmisión","2.3.9.8.01"]
[26111512,"Ejes","2.3.9.8.01"]
[26111513,"Cadenas transmisoras de potencia","2.3.9.8.01"]
[26111514,"Uniones de charnela","2.3.9.8.01"]
[26111515,"Servo controlador","2.3.9.8.01"]
[26111516,"Transmisión escalonada o transmisión stepper o graduador escalonado","2.6.5.7.01"]
[26111517,"Portaengranajes","2.3.9.8.01"]
[26111518,"Puntal tensor","2.3.9.8.01"]
[26111519,"Convertidores de torque","2.3.9.8.01"]
[26111520,"Muñones","2.3.9.8.01"]
[26111521,"Cabeza del impulsor","2.3.9.8.01"]
[26111522,"Conjunto del impulsor","2.3.9.8.01"]
[26111523,"Topes de retención","2.3.9.8.01"]
[26111524,"Unidades de engranajes","2.3.9.8.01"]
[26111525,"Transmisiones de tambor","2.3.9.8.01"]
[26111526,"Motores de engranajes","2.6.5.7.01"]
[26111527,"Sistemas de control de movimiento integrados","2.6.5.8.01"]
[26111528,"Transmisiones hidrostáticas","2.6.5.7.01"]
[26111529,"Transmisiones hidrocinéticas","2.6.5.7.01"]
[26111530,"Leva de transmisión","2.3.9.8.01"]
[26111531,"Manguitos de la transmisión","2.3.9.8.01"]
[26111532,"Soportes o conjuntos del eje","2.3.9.8.01"]
[26111533,"Tensores de cadena","2.3.9.8.01"]
[26111534,"Cubos de la transmisión","2.3.9.8.01"]
[26111535,"Tornillos esféricos o conjuntos de tornillos esféricos","2.3.9.8.01"]
[26111600,"Generadores de potencia","NO DISPONIBLE"]
[26111601,"Generadores diesel ","2.6.5.6.01"]
[26111602,"Generadores hidroeléctricos","2.6.5.6.01"]
[26111603,"Generadores eólicos","2.6.5.6.01"]
[26111604,"Generadores a gas","2.6.5.6.01"]
[26111605,"Generadores térmicos","2.6.5.6.01"]
[26111606,"Generadores hidráulicos","2.6.5.6.01"]
[26111607,"Generadores solares","2.6.5.6.01"]
[26111608,"Generadores de vapor","2.6.5.6.01"]
[26111700,"Baterías, pilas y accesorios","NO DISPONIBLE"]
[26111701,"Baterías recargables","2.3.9.6.01"]
[26111702,"Pilas alcalinas","2.3.9.6.01"]
[26111703,"Baterías para vehículos","2.3.9.6.01"]
[26111704,"Cargadores de baterías","2.3.9.6.01"]
[26111705,"Pilas secas","2.3.9.6.01"]
[26111706,"Pilas electrónicas","2.3.9.6.01"]
[26111707,"Baterías de plomo-ácido","2.3.9.6.01"]
[26111708,"Baterías de ferroníquel","2.3.9.6.01"]
[26111709,"Baterías de níquel-cadmio","2.3.9.6.01"]
[26111710,"Bloques de pilas específicas para productos","2.3.9.6.01"]
[26111711,"Baterías de litio","2.3.9.6.01"]
[26111712,"Baterías de níquel- hidrógeno","2.3.9.6.01"]
[26111713,"Baterías térmicas","2.3.9.6.01"]
[26111714,"Zinc aire","2.3.9.6.01"]
[26111715,"Batería de carbono zinc","2.3.9.6.01"]
[26111716,"Batería de oxido de mercurio","2.3.9.6.01"]
[26111717,"Baterías del manganeso","2.3.9.6.01"]
[26111718,"Baterías de óxido de plata","2.3.9.6.01"]
[26111719,"Probadores de baterías","2.6.5.6.01"]
[26111720,"Soportes de batería","2.3.9.8.01"]
[26111721,"Baterías de níquel-hidruro metálico","2.3.9.6.01"]
[26111722,"Adaptador de batería o accesorios","2.3.9.8.02"]
[26111723,"Puertas, tapas o estantes de baterías","2.3.9.8.01"]
[26111724,"Kits de herramientas para baterías","2.3.9.8.01"]
[26111725,"Baterías de níquel-cloruro de sodio","2.3.9.6.01"]
[26111726,"Agua para batería","2.3.7.2.99"]
[26111800,"Componentes de la transmisión","NO DISPONIBLE"]
[26111801,"Correas en v","2.3.9.8.01"]
[26111802,"Correas de distribución de engranaje","2.3.9.8.01"]
[26111803,"Correas redondas","2.3.9.8.01"]
[26111804,"Correas planas","2.3.9.8.01"]
[26111805,"Tensores de correa","2.3.9.8.01"]
[26111806,"Poleas de transmisión","2.3.9.8.01"]
[26111807,"Polea de distribución","2.3.9.8.01"]
[26111808,"Trantorque","2.3.9.8.01"]
[26111809,"Defensas de correa","2.3.9.8.01"]
[26111810,"Bridas de la polea de distribución","2.3.9.8.01"]
[26111900,"Embragues","NO DISPONIBLE"]
[26111901,"Embragues de placa","2.3.9.8.01"]
[26111902,"Embragues de diafragma","2.3.9.8.01"]
[26111903,"Embrague centrífugo","2.3.9.8.01"]
[26111904,"Embrague semi centrífugo","2.3.9.8.01"]
[26111905,"Embrague de rueda libre","2.3.9.8.01"]
[26111907,"Acoplamiento de fluido","2.3.9.8.01"]
[26111908,"Embragues de leva","2.3.9.8.01"]
[26111909,"Embragues eléctricos","2.3.9.8.01"]
[26111910,"Embragues hidráulicos","2.3.9.8.01"]
[26112000,"Piezas y accesorios de embragues","NO DISPONIBLE"]
[26112001,"Placa de presión","2.3.9.8.01"]
[26112002,"Placa impulsada","2.3.9.8.01"]
[26112003,"Placas de embrague","2.3.9.8.01"]
[26112004,"Kits de reparación del embrague","2.3.6.3.04"]
[26112100,"Sistemas de frenado industriales","NO DISPONIBLE"]
[26112101,"Sistemas de frenos neumáticos o de aire","2.6.5.7.01"]
[26112102,"Sistemas de frenos hidráulicos","2.6.5.7.01"]
[26112103,"Sistemas de frenos mecánicos","2.3.9.8.01"]
[26112104,"Conjuntos de embrague de frenado","2.3.9.8.01"]
[26112105,"Sistemas de frenado eléctrico","2.6.5.7.01"]
[26120000,"Alambres,  cables  y  arneses","NO DISPONIBLE"]
[26121500,"Alambre eléctrico","NO DISPONIBLE"]
[26121501,"Alambre calentador","2.3.9.6.01"]
[26121505,"Alambre para artefactos","2.3.9.6.01"]
[26121507,"Alambre para radio o televisión","2.3.9.6.01"]
[26121508,"Alambre para automoción o aviación","2.3.9.6.01"]
[26121509,"Alambre para imanes","2.3.9.6.01"]
[26121510,"Alambre de trole","2.3.9.6.01"]
[26121514,"Alambre subterráneo","2.3.9.6.01"]
[26121515,"Alambre de silicio-amianto (sa)","2.3.9.6.01"]
[26121517,"Hilo de cobre","2.3.9.6.01"]
[26121519,"Alambre de aluminio revestido de cobre","2.3.9.6.01"]
[26121520,"Alambre de cobre-acero","2.3.9.6.01"]
[26121521,"Alambre de bronce","2.3.9.6.01"]
[26121522,"Alambre pelado","2.3.9.6.01"]
[26121523,"Alambre forrado pero no aislado","2.3.9.6.01"]
[26121524,"Alambre aislado o forrado","2.3.9.6.01"]
[26121532,"Alambre para interconexiones","2.3.9.6.01"]
[26121533,"Alambre de kaptan","2.3.9.6.01"]
[26121534,"Alambre de poliamida","2.3.9.6.01"]
[26121536,"Cordón de extensión","2.3.9.6.01"]
[26121538,"Conjunto de cable","2.3.9.6.01"]
[26121539,"Cables para cableado","2.3.9.6.01"]
[26121540,"Cable galvanizado","2.3.9.6.01"]
[26121541,"Conductores de bus","2.3.9.6.01"]
[26121600,"Cables eléctricos y accesorios","NO DISPONIBLE"]
[26121601,"Cable de calentamiento","2.3.9.6.01"]
[26121602,"Cable submarino","2.3.9.6.01"]
[26121603,"Cable de mando","2.3.9.6.01"]
[26121604,"Cable para señales","2.3.9.6.01"]
[26121605,"Cable para automoción o aviación","2.3.9.6.01"]
[26121606,"Cable coaxial","2.3.9.6.01"]
[26121607,"Cable de fibra óptica","2.3.9.6.01"]
[26121608,"Cable aéreo","2.3.9.6.01"]
[26121609,"Cable de redes","2.3.9.6.01"]
[26121610,"Cable de bronce","2.3.9.6.01"]
[26121611,"Cable desnudo","2.3.9.6.01"]
[26121612,"Cable forrado pero no aislado","2.3.9.6.01"]
[26121613,"Cable aislado o forrado","2.3.9.6.01"]
[26121614,"Cable de construcción","2.3.9.6.01"]
[26121615,"Cable para ser enterrado de forma directa","2.3.9.6.01"]
[26121616,"Cable de telecomunicaciones","2.3.9.6.01"]
[26121617,"Cable triaxial","2.3.9.6.01"]
[26121618,"Cable de poliqueno reticulado","2.3.9.6.01"]
[26121619,"Cable de floropolímero","2.3.9.6.01"]
[26121620,"Cable para interconexiones","2.3.9.6.01"]
[26121621,"Cable de kaptan","2.3.9.6.01"]
[26121622,"Cable de poliamida","2.3.9.6.01"]
[26121623,"Cable de radiofrecuencia (rf)","2.3.9.6.01"]
[26121624,"Cable plano o de cinta","2.3.9.6.01"]
[26121628,"Cables blindados","2.3.9.6.01"]
[26121629,"Cable de alimentación","2.3.9.6.01"]
[26121630,"Accesorios de cable","2.3.9.8.02"]
[26121631,"Cable coaxial exterior de planta","2.3.9.6.01"]
[26121632,"Cable de comunicaciones exterior de planta","2.3.9.6.01"]
[26121633,"Cable de telecomunicaciones exterior de planta","2.3.9.6.01"]
[26121634,"Cable de cobre","2.3.9.6.01"]
[26121635,"Rollos de cable","2.3.9.6.01"]
[26121636,"Cables de alimentación","2.3.9.6.01"]
[26121637,"Cable de fibra óptica de exterior","2.3.9.6.01"]
[26121700,"Cableado preformado","NO DISPONIBLE"]
[26121701,"Cableado preformado de panel","2.3.9.6.01"]
[26121702,"Cableado preformado troncal","2.3.9.6.01"]
[26121703,"Cableado preformado de comunicación","2.3.9.6.01"]
[26121704,"Arnés de alambrado especial","2.3.9.6.01"]
[26121705,"Conjunto de cable de fibra óptica","2.3.9.6.01"]
[26130000,"Generación  de  energía","NO DISPONIBLE"]
[26131500,"Centrales eléctricas","NO DISPONIBLE"]
[26131501,"Centrales eléctricas de diesel","2.7.2.2.01"]
[26131502,"Centrales eléctricas geotérmicas","2.7.2.2.01"]
[26131503,"Centrales hidroeléctricas","2.7.2.2.01"]
[26131504,"Centrales de gas","2.7.2.2.01"]
[26131505,"Centrales de energía  marina","2.7.2.2.01"]
[26131506,"Centrales de energía a petróleo","2.7.2.2.01"]
[26131507,"Centrales de energía solar","2.7.2.2.01"]
[26131508,"Centrales termoeléctricas","2.7.2.2.01"]
[26131509,"Central de energía eólica","2.7.2.2.01"]
[26131510,"Central térmica","2.7.2.2.01"]
[26131600,"Equipo de cribado o estructuras de tubo de escape","NO DISPONIBLE"]
[26131601,"Pantallas de agua móviles","2.3.9.8.01"]
[26131602,"Travesaños corredizos","2.3.9.8.01"]
[26131603,"Rejillas de agua","2.3.9.8.01"]
[26131604,"Filtros fijos","2.3.9.8.01"]
[26131605,"Estructuras de toma","2.7.2.2.01"]
[26131606,"Chimenea de acero","2.3.6.3.06"]
[26131607,"Chimenea de concreto","2.6.5.2.01"]
[26131608,"Chimeneas de ventilación o antorchas","2.6.5.2.01"]
[26131609,"Chimeneas de admisión","2.6.5.2.01"]
[26131610,"Chimeneas de derivación","2.6.5.2.01"]
[26131611,"Secciones de silenciador","2.3.9.8.01"]
[26131612,"Conductos de salida de escape","2.3.9.8.01"]
[26131613,"Juntas de dilatación de conductos de escape","2.3.9.8.01"]
[26131614,"Amortiguadores de cierre de la chimenea","2.3.9.8.01"]
[26131615,"Amortiguadores de desviación de escape","2.3.9.8.01"]
[26131616,"Amortiguadores de aislamiento de escape","2.3.9.8.01"]
[26131700,"Equipo de detección o vigilancia de producción de energía","NO DISPONIBLE"]
[26131701,"Detectores de gases inflamables o peligrosos para generadores","2.6.6.2.01"]
[26131702,"Detectores de llama de sistemas de combustión de turbina de gas","2.6.6.2.01"]
[26131800,"Equipo de control de producción de energía","NO DISPONIBLE"]
[26131801,"Paneles de control eléctrico para generadores","2.6.5.6.01"]
[26131802,"Paneles de control de compresores","2.6.5.6.01"]
[26131803,"Paneles de protección o control de generadores","2.6.5.6.01"]
[26131804,"Paneles de control de turbina de gas","2.6.5.6.01"]
[26131805,"Centros de control de motor de baja tensión","2.6.5.6.01"]
[26131806,"Paneles de corriente alterna (CA) y corriente continua (CC) de baja tensión","2.6.5.6.01"]
[26131807,"Paneles de control de turbinas de vapor","2.6.5.6.01"]
[26131808,"Conmutadores de control de carga de subestación","2.6.5.6.01"]
[26131809,"Conmutadores de tensión pequeña","2.6.5.6.01"]
[26131810,"Conmutadores de tensión media","2.6.5.6.01"]
[26131811,"Reactores de limitación de intensidad","2.6.5.6.01"]
[26131812,"Conmutadores con aislamiento de gas","2.6.5.6.01"]
[26131813,"Conmutadores de desconexión de estaciones de maniobra","2.6.5.6.01"]
[26131814,"Disipador de sobretensiones de estaciones de maniobra","2.6.5.6.01"]
[27000000,"Herramientas  y  maquinaria  general","NO DISPONIBLE"]
[27110000,"Herramientas  de  mano","NO DISPONIBLE"]
[27111500,"Herramientas de corte y engarzado y punzones","NO DISPONIBLE"]
[27111501,"Hojas de cuchillo","2.3.6.3.04"]
[27111502,"Navajas de afeitar","2.3.6.3.04"]
[27111503,"Cuchillos de diversas aplicaciones","2.3.6.3.04"]
[27111504,"Navajas de bolsillo","2.3.6.3.04"]
[27111505,"Sets para manicure","2.3.6.3.04"]
[27111506,"Cizallas","2.3.6.3.04"]
[27111507,"Cortadores de metal","2.3.6.3.04"]
[27111508,"Sierras","2.3.6.3.04"]
[27111509,"Barrenas","2.3.6.3.04"]
[27111510,"Herramientas para desforrar","2.3.6.3.04"]
[27111511,"Cortadores de alambres","2.3.6.3.04"]
[27111512,"Cortadores de pernos","2.3.6.3.04"]
[27111513,"Cortadores de manguera","2.3.6.3.04"]
[27111514,"Cortadores de vidrio","2.3.6.3.04"]
[27111515,"Taladro de mano","2.6.5.7.01"]
[27111516,"Alicates de perforación","2.3.6.3.04"]
[27111517,"Dispensadores o juegos de hojas de cuchilla","2.3.6.3.04"]
[27111518,"Herramienta para engastar y doblar alambre","2.3.6.3.04"]
[27111519,"Tijeras para estaño","2.3.6.3.04"]
[27111520,"Rompetuercas","2.3.6.3.04"]
[27111521,"Recortadoras de chapa de uña vibratoria","2.3.6.3.04"]
[27111600,"Herramientas de perfilar","NO DISPONIBLE"]
[27111601,"Mazas de hierro","2.3.6.3.04"]
[27111602,"Martillos","2.3.6.3.04"]
[27111603,"Yunques","2.3.6.3.04"]
[27111604,"Hachas de mano","2.3.6.3.04"]
[27111605,"Picas","2.3.6.3.04"]
[27111607,"Herramientas de recalcar","2.3.6.3.04"]
[27111608,"Enderezadores manuales de cables","2.3.6.3.04"]
[27111609,"Enderezadores eléctricos de cables","2.6.5.7.01"]
[27111700,"Llaves inglesas y guías","NO DISPONIBLE"]
[27111701,"Destornilladores","2.3.6.3.04"]
[27111702,"Llaves para tuercas","2.3.6.3.04"]
[27111703,"Juegos de enchufes","2.3.6.3.04"]
[27111704,"Enchufes","2.3.9.6.01"]
[27111705,"Llaves de tuercas de boca cerrada","2.3.6.3.04"]
[27111706,"Llave de tuercas de boca abierta","2.3.6.3.04"]
[27111707,"Llaves ajustables","2.3.6.3.04"]
[27111708,"Llaves para tubos","2.3.6.3.04"]
[27111709,"Extractor de tornillos","2.3.6.3.04"]
[27111710,"Llaves allen","2.3.6.3.04"]
[27111711,"Trinquetes","2.3.6.3.04"]
[27111712,"Extractores","2.3.6.3.04"]
[27111713,"Llaves de combinación","2.3.6.3.04"]
[27111714,"Llaves de especialidad","2.3.6.3.04"]
[27111715,"Llaves de torsión","2.3.6.3.04"]
[27111716,"Llave torx","2.3.6.3.04"]
[27111717,"Extractores de tubería","2.3.6.3.04"]
[27111718,"Extractores de grifo","2.3.6.3.04"]
[27111720,"Llave manual en t para grifos","2.3.6.3.04"]
[27111721,"Manivelas","2.3.6.3.04"]
[27111722,"Troqueleras","2.3.6.3.04"]
[27111723,"Llaves de tubo","2.3.6.3.04"]
[27111724,"Llaves de gancho","2.3.6.3.04"]
[27111725,"Llaves tubulares de desplazamiento","2.3.6.3.04"]
[27111726,"Llaves de tuercas","2.3.6.3.04"]
[27111727,"Llaves macho con mango en t","2.3.6.3.04"]
[27111800,"Herramientas de medida y bocetaje","NO DISPONIBLE"]
[27111801,"Cintas métricas","2.3.6.3.04"]
[27111802,"Nivel","2.3.6.3.04"]
[27111803,"Escuadras","2.3.9.2.02"]
[27111804,"Plomadas","2.3.6.3.04"]
[27111806,"Calibrador de clavos","2.3.6.3.04"]
[27111807,"Bordes rectos","2.3.6.3.04"]
[27111809,"Biseles","2.3.9.2.02"]
[27111810,"Buscadores de pernos","2.3.6.3.04"]
[27111900,"Herramientas gruesas y de acabado","NO DISPONIBLE"]
[27111901,"Cortafríos","2.3.6.3.04"]
[27111902,"Limas","2.3.6.3.04"]
[27111903,"Cepillos de carpintero","2.3.6.3.04"]
[27111904,"Raspa","2.3.6.3.04"]
[27111905,"Esmeriladoras","2.6.5.7.01"]
[27111906,"Cinceles de madera","2.3.6.3.04"]
[27111907,"Cepillos de alambre","2.3.6.3.04"]
[27111908,"Piedras o herramientas o equipos de afilar","2.3.6.3.04"]
[27111909,"Espátulas","2.3.6.3.04"]
[27111910,"Buriles","2.3.6.3.04"]
[27111911,"Formones","2.3.6.3.04"]
[27112000,"Herramientas manuales de jardinería, agricultura y forestación","NO DISPONIBLE"]
[27112001,"Machetes","2.3.6.3.04"]
[27112002,"Azadones","2.3.6.3.04"]
[27112003,"Rastrillos","2.3.6.3.04"]
[27112004,"Palas","2.3.6.3.04"]
[27112005,"Hachas","2.3.6.3.04"]
[27112006,"Guadañas","2.3.6.3.04"]
[27112007,"Tijeras de podar","2.3.6.3.04"]
[27112008,"Azadas","2.3.6.3.04"]
[27112009,"Raspadores","2.3.6.3.04"]
[27112010,"Horquilla de jardín","2.3.6.3.04"]
[27112011,"Mangos de herramientas","2.3.9.8.02"]
[27112012,"Criba jardinera","2.3.6.3.04"]
[27112013,"Excavadora de hoyos para postes","2.3.6.3.04"]
[27112014,"Cortadora de pasto","2.6.5.7.01"]
[27112015,"Escarificador de prados","2.3.6.3.04"]
[27112016,"Tijeras para setos","2.3.6.3.04"]
[27112017,"Barras de cavar o barretones","2.3.6.3.04"]
[27112100,"Herramientas de sujeción y fijación","NO DISPONIBLE"]
[27112101,"Dobladores de tubos","2.3.6.3.04"]
[27112102,"Tornillos de banco","2.3.6.3.04"]
[27112103,"Pinza de mano","2.3.6.3.04"]
[27112104,"Tenazas","2.3.6.3.04"]
[27112105,"Pinzas","2.3.6.3.04"]
[27112106,"Alicates de guardalínea","2.3.6.3.04"]
[27112107,"Alicates boquianchos ajustables","2.3.6.3.04"]
[27112108,"Alicates de punta de aguja","2.3.6.3.04"]
[27112109,"Herramientas magnéticas","2.3.6.3.04"]
[27112110,"Pinzas de anillo de retención","2.3.6.3.04"]
[27112111,"Alicates de lagarto","2.3.6.3.04"]
[27112112,"Tenazas de ranura y lengüeta","2.3.6.3.04"]
[27112113,"Alicates de articulación movible o de ranura","2.3.6.3.04"]
[27112114,"Pinzas de corte diagonal","2.3.6.3.04"]
[27112115,"Pinzas de cerrado","2.3.6.3.04"]
[27112116,"Pinzas de cerca","2.3.6.3.04"]
[27112117,"Tenazas de corte final","2.3.6.3.04"]
[27112119,"Cambiador de bombilla de luz","2.3.6.3.04"]
[27112120,"Grapas c","2.3.6.3.04"]
[27112121,"Grapa de ángulo","2.3.6.3.04"]
[27112122,"Alicates de hoja metálica","2.3.6.3.04"]
[27112123,"Prensa de mesa","2.3.6.3.04"]
[27112124,"Tensionadores","2.3.6.3.04"]
[27112125,"Alicates de punta redonda","2.3.6.3.04"]
[27112126,"Alicates planos","2.3.6.3.04"]
[27112127,"Llaves de cinta","2.3.6.3.04"]
[27112128,"Alicates de punta curvada","2.3.6.3.04"]
[27112129,"Abrazaderas de mango redondo","2.3.6.3.04"]
[27112130,"Abrazaderas de tres garras","2.3.6.3.04"]
[27112131,"Abrazadera para la apertura de mandíbula","2.3.6.3.04"]
[27112132,"Abrazaderas de fijación","2.3.9.8.02"]
[27112133,"Abrazaderas con mango en t","2.3.6.3.04"]
[27112134,"Alicates de punta larga","2.3.6.3.04"]
[27112200,"Herramientas de albañilería y concreto","NO DISPONIBLE"]
[27112201,"Palustres","2.3.6.3.04"]
[27112202,"Palustres o llanas de madera","2.3.6.3.04"]
[27112203,"Bordeadoras","2.3.6.3.04"]
[27112205,"Vibradores de concreto","2.6.5.7.01"]
[27112300,"Herramientas de marcar","NO DISPONIBLE"]
[27112301,"Hierro de marcar","2.3.6.3.04"]
[27112302,"Punzones o alwznas","2.3.6.3.04"]
[27112303,"Punzón de trazar","2.3.6.3.04"]
[27112304,"Líneas de marcar con tiza","2.3.6.3.04"]
[27112305,"Marcadores o soportes de metal","2.3.6.3.04"]
[27112306,"Sellos de metal","2.3.6.3.06"]
[27112400,"Herramientas de inserción y ajuste","NO DISPONIBLE"]
[27112401,"Pistolas de grapas","2.6.5.7.01"]
[27112402,"Ribeteadoras","2.6.5.7.01"]
[27112403,"Colocadores de abrazaderas","2.6.5.7.01"]
[27112404,"Herramientas para poner anclajes","2.3.6.3.04"]
[27112405,"Calentadores de pernos","2.3.6.3.04"]
[27112406,"Pistolas de etiquetado","2.6.5.7.01"]
[27112407,"Desprendedor de etiqueta de seguridad","2.3.6.3.04"]
[27112500,"Herramientas para apalancar y curvar","NO DISPONIBLE"]
[27112501,"Herramientas curvatubos","2.3.6.3.04"]
[27112502,"Palancas","2.3.6.3.04"]
[27112503,"Dobladoras de tubos","2.3.6.3.04"]
[27112504,"Cuñas","2.3.6.3.04"]
[27112505,"Ganchos para empaquetaduras","2.3.6.3.04"]
[27112506,"Manchas de impresión","2.3.6.3.04"]
[27112600,"Herramientas para precintar","NO DISPONIBLE"]
[27112601,"Espátulas para enmasillar","2.3.6.3.04"]
[27112602,"Herramientas de calafateado","2.3.6.3.04"]
[27112700,"Herramientas mecánicas","NO DISPONIBLE"]
[27112701,"Fuelles eléctricos","2.6.5.7.01"]
[27112702,"Pulidoras eléctricas","2.6.5.7.01"]
[27112703,"Taladradoras eléctricas","2.6.5.7.01"]
[27112704,"Amoladora eléctricas","2.6.5.7.01"]
[27112705,"Martillos de demolición","2.6.5.7.01"]
[27112706,"Cepillos eléctricos","2.6.5.7.01"]
[27112707,"Cuchillas eléctricas","2.6.5.7.01"]
[27112708,"Lijadoras eléctricas","2.6.5.7.01"]
[27112709,"Sierras eléctricas","2.6.5.7.01"]
[27112710,"Pistolas de tornillos eléctricas","2.6.5.7.01"]
[27112711,"Pistolas de grapas eléctricas","2.6.5.7.01"]
[27112712,"Ribeteadoras eléctricas","2.6.5.7.01"]
[27112713,"Aprietatuercas neumático de percusión","2.6.5.7.01"]
[27112714,"Pistolas de calafateo eléctricas","2.6.5.7.01"]
[27112715,"Martillos cinceladores eléctricos","2.6.5.7.01"]
[27112716,"Pistolas de clavos eléctricas","2.6.5.7.01"]
[27112717,"Pistolas de calor","2.6.5.7.01"]
[27112718,"Grabadores","2.6.5.7.01"]
[27112719,"Pistolas para engomar","2.6.5.7.01"]
[27112720,"Herramientas de par de torsión","2.6.5.7.01"]
[27112721,"Juntador de capas de material","2.6.5.7.01"]
[27112800,"Conexiones de herramientas y accesorios","NO DISPONIBLE"]
[27112801,"Brocas","2.3.6.3.04"]
[27112802,"Hojas de sierra","2.3.9.8.02"]
[27112803,"Fresadoras con mango","2.3.6.3.06"]
[27112804,"Troqueles o punzones de estampar","2.3.6.3.06"]
[27112805,"Troqueles de roscado","2.3.6.3.04"]
[27112806,"Machos de roscado","2.3.6.3.04"]
[27112807,"Cuñas","2.3.6.3.04"]
[27112808,"Anillos metálicos","2.3.9.8.02"]
[27112809,"Portaherramientas","2.3.9.8.02"]
[27112810,"Equipos para reparar roscas","2.3.6.3.04"]
[27112811,"Árboles","2.3.9.8.01"]
[27112812,"Avellanadores","2.3.6.3.04"]
[27112813,"Vara de extensión","2.3.9.8.02"]
[27112814,"Brocas de destornillador","2.3.6.3.04"]
[27112815,"Brocas para poner tuercas","2.3.6.3.06"]
[27112818,"Sombreretes o revestimientos de prensas de tornillo","2.3.9.8.02"]
[27112819,"Cuchillas de corte para encuadernación","2.3.6.3.04"]
[27112820,"Troqueles de herramienta engarzadora de lengüetas","2.3.9.8.01"]
[27112821,"Brocas de buriladora","2.3.6.3.06"]
[27112822,"Adaptadores de cubo","2.3.6.3.06"]
[27112823,"Cadenas de corte","2.3.6.3.04"]
[27112824,"Portabrocas","2.3.9.8.01"]
[27112825,"Juegos de plantillas de herramienta","2.3.9.8.01"]
[27112826,"Caladora","2.3.9.8.01"]
[27112900,"Herramientas dispensadoras","NO DISPONIBLE"]
[27112901,"Pistolas de grasa","2.3.6.3.04"]
[27112902,"Chimeneas industriales","2.6.5.2.01"]
[27112903,"Rociador manual","2.6.5.7.01"]
[27112904,"Pistola de resina","2.3.6.3.04"]
[27112905,"Lata de aceite","2.3.6.3.04"]
[27112906,"Pistolas de calafateado","2.3.6.3.04"]
[27112907,"Separadores de difusión","2.3.6.3.04"]
[27112908,"Pistola de aceite","2.3.6.3.04"]
[27113000,"Cepillos","NO DISPONIBLE"]
[27113001,"Cepillos de aruñar","2.3.6.3.04"]
[27113002,"Cepillos de tubo","2.3.6.3.04"]
[27113003,"Cepillos de aplicar","2.3.6.3.04"]
[27113004,"Cepillos de extensor","2.3.6.3.04"]
[27113100,"Herramientas de arrastre","NO DISPONIBLE"]
[27113101,"Cinta guía","2.3.6.3.04"]
[27113102,"Tirador de fusible","2.3.6.3.04"]
[27113103,"Buril","2.3.6.3.04"]
[27113200,"Juegos de herramientas","NO DISPONIBLE"]
[27113201,"Conjuntos generales de herramientas","2.3.6.3.04"]
[27113202,"Kit de herramientas para ajustar rodamiento","2.6.5.7.01"]
[27113203,"Kit de herramienta para computadores","2.3.6.3.04"]
[27113204,"Kits de electricista","2.6.5.7.01"]
[27120000,"Maquinaria  y  equipo  hidráulico","NO DISPONIBLE"]
[27121500,"Prensas hidráulicas","NO DISPONIBLE"]
[27121501,"Suspensiones a presión retornables","2.6.5.7.01"]
[27121502,"Bastidores de prensa hidráulica","2.6.5.7.01"]
[27121503,"Columnas de prensa hidráulica","2.6.5.7.01"]
[27121600,"Pistones y cilindros hidráulicos","NO DISPONIBLE"]
[27121601,"Pistones de cilindro","2.3.9.8.01"]
[27121602,"Cilindros hidráulicos","2.6.5.7.01"]
[27121603,"Vástagos de pistón de cilindro hidráulico","2.3.9.8.01"]
[27121604,"Kits de reparación de cilindro hidráulico o sus componentes","2.6.5.7.01"]
[27121605,"Cuerpos de cilindro hidráulico","2.3.9.8.01"]
[27121606,"Soportes de montaje para cilindros hidráulicos","2.3.9.8.01"]
[27121700,"Accesorios de tubería y manga hidráulica","NO DISPONIBLE"]
[27121701,"Conectores hidráulicos rápidos","2.3.9.8.02"]
[27121702,"Injertos o injertos dobles hidráulicos","2.3.9.8.02"]
[27121703,"Férulas","2.3.9.8.01"]
[27121704,"Uniones hidráulicas","2.3.9.8.01"]
[27121705,"Codos hidráulicos o de compresión","2.3.9.8.02"]
[27121706,"Tuercas de férula","2.3.9.8.01"]
[27121707,"Conectores de pliegue","2.3.9.8.02"]
[27126100,"Herramientas hidráulicas","NO DISPONIBLE"]
[27126101,"Elevadores de tapas de registro","2.6.5.7.01"]
[27126102,"Acumuladores hidráulicos","2.6.5.7.01"]
[27130000,"Maquinaria  y  equipo  neumático","NO DISPONIBLE"]
[27131500,"Herramientas neumáticas","NO DISPONIBLE"]
[27131501,"Llaves de impacto neumático","2.6.5.7.01"]
[27131502,"Pistola de aire comprimido","2.6.5.7.01"]
[27131504,"Martillo neumático","2.6.5.7.01"]
[27131505,"Taladro neumático","2.6.5.7.01"]
[27131506,"Clavadora de clavos neumática","2.6.5.7.01"]
[27131507,"Máquinas de lijado neumáticas","2.6.5.7.01"]
[27131508,"Motores neumáticos","2.6.5.7.01"]
[27131509,"Acumuladores neumáticos","2.6.5.7.01"]
[27131510,"Depósitos de acumulador","2.3.9.8.01"]
[27131511,"Rectificadoras neumáticas","2.6.5.7.01"]
[27131512,"Destornillador neumático","2.6.5.7.01"]
[27131600,"Accesorios de aire y conectores","NO DISPONIBLE"]
[27131601,"Múltiples de aire","2.3.9.8.01"]
[27131603,"Reguladores de aire","2.6.5.7.01"]
[27131604,"Lubricadores neumáticos","2.3.7.1.06"]
[27131605,"Cortina de aire","2.6.5.4.01"]
[27131608,"Conos o almohadillas de vacío","2.3.9.8.02"]
[27131609,"Silenciadores neumáticos","2.3.9.8.01"]
[27131610,"Kits de reparación del engrasador o el regulador","2.6.5.7.01"]
[27131613,"Acoplamiento neumático","2.3.9.8.01"]
[27131614,"Adaptadores neumáticos","2.3.9.8.01"]
[27131700,"Cilindros neumáticos y componentes","NO DISPONIBLE"]
[27131701,"Cilindros neumáticos","2.6.5.7.01"]
[27131702,"Accesorios de vástago de cilindro neumático","2.3.9.8.02"]
[27131703,"Pistones de cilindro neumático","2.3.9.8.01"]
[27131704,"Vástagos de pistón de cilindro neumático","2.3.9.8.01"]
[27131705,"Cuerpo de cilindro neumático","2.3.9.8.01"]
[27131706,"Capacetes de cilindro neumático","2.3.9.8.01"]
[27131707,"Kits de reparación de cilindro neumático o sus componentes","2.6.5.7.01"]
[27131708,"Soportes de montaje para cilindros neumáticos","2.3.9.8.01"]
[27131709,"Anillos amortiguadores de cilindro neumático","2.3.9.8.01"]
[27140000,"Herramientas  especializadas  automotrices","NO DISPONIBLE"]
[27141000,"Herramientas de carrocería","NO DISPONIBLE"]
[27141001,"Herramientas de recorte o moldeo","2.3.6.3.04"]
[27141100,"Herramientas de suspensión","NO DISPONIBLE"]
[27141101,"Extractor del volante","2.3.6.3.04"]
[30000000,"Componentes  y  suministros  para  estructuras,  edificación,  construcción  y  obras  civiles","NO DISPONIBLE"]
[30100000,"Componentes  estructurales  y  formas  básicas","NO DISPONIBLE"]
[30101500,"Ángulos","NO DISPONIBLE"]
[30101501,"Ángulos de aleación ferrosa","2.3.6.3.06"]
[30101502,"Ángulos de aleación no ferrosa","2.3.6.3.06"]
[30101503,"Ángulos de hierro","2.3.6.3.06"]
[30101504,"Ángulos de acero","2.3.6.3.06"]
[30101505,"Ángulos de acero inoxidable","2.3.6.3.06"]
[30101506,"Ángulos de aluminio","2.3.6.3.06"]
[30101507,"Ángulos de magnesio","2.3.6.3.06"]
[30101508,"Ángulos de titanio","2.3.6.3.06"]
[30101509,"Ángulos de cobre","2.3.6.3.06"]
[30101510,"Ángulos de latón","2.3.6.3.06"]
[30101511,"Ángulos de bronce","2.3.6.3.06"]
[30101512,"Ángulos de zinc","2.3.6.3.06"]
[30101513,"Ángulos de estaño","2.3.6.3.06"]
[30101514,"Ángulos de plomo","2.3.6.3.06"]
[30101515,"Ángulos de plástico","2.3.5.5.01"]
[30101516,"Ángulos de caucho","2.3.5.4.01"]
[30101517,"Ángulos de metales preciosos","2.3.6.3.06"]
[30101600,"Barras","NO DISPONIBLE"]
[30101601,"Barras de aleación ferrosa","2.3.6.3.06"]
[30101602,"Barras de aleación no ferrosa","2.3.6.3.06"]
[30101603,"Barras de hierro","2.3.6.3.06"]
[30101604,"Barras de acero","2.3.6.3.06"]
[30101605,"Barras de acero inoxidable","2.3.6.3.06"]
[30101606,"Barras de aluminio","2.3.6.3.06"]
[30101607,"Barras de magnesio","2.3.6.3.06"]
[30101608,"Barras de titanio","2.3.6.3.06"]
[30101609,"Barras de cobre","2.3.6.3.06"]
[30101610,"Barras de latón","2.3.6.3.06"]
[30101611,"Barras de bronce","2.3.6.3.06"]
[30101612,"Barras de cinc","2.3.6.3.06"]
[30101613,"Barras de estaño","2.3.6.3.06"]
[30101614,"Barras de plomo","2.3.6.3.06"]
[30101615,"Barras de plástico","2.3.5.5.01"]
[30101616,"Barras de metal precioso","2.6.9.5.01"]
[30101617,"Barras de madera","2.3.1.4.01"]
[30101618,"Barras de caucho","2.3.5.4.01"]
[30101700,"Vigas","NO DISPONIBLE"]
[30101701,"Vigas de aleación ferrosa","2.3.6.3.06"]
[30101702,"Vigas de aleación no ferrosa","2.3.6.3.06"]
[30101703,"Vigas de hierro","2.3.6.3.06"]
[30101704,"Vigas de acero","2.3.6.3.06"]
[30101705,"Vigas de acero inoxidable","2.3.6.3.06"]
[30101706,"Vigas de aluminio","2.3.6.3.06"]
[30101707,"Vigas de magnesio","2.3.6.3.06"]
[30101708,"Vigas de titanio","2.3.6.3.06"]
[30101709,"Vigas de cobre","2.3.6.3.06"]
[30101710,"Vigas de latón","2.3.6.3.06"]
[30101711,"Vigas de bronce","2.3.6.3.06"]
[30101712,"Vigas de zinc","2.3.6.3.06"]
[30101713,"Vigas de estaño","2.3.6.3.06"]
[30101714,"Vigas de plomo","2.3.6.3.06"]
[30101715,"Vigas de plástico","2.3.5.5.01"]
[30101716,"Vigas de caucho","2.3.5.4.01"]
[30101717,"Vigas de concreto","2.3.6.1.01"]
[30101718,"Vigas de metales preciosos","2.3.6.3.06"]
[30101800,"Conductos","NO DISPONIBLE"]
[30101801,"Conductos de aleación ferrosa","2.3.6.3.06"]
[30101802,"Conductos de aleación no ferrosa","2.3.6.3.06"]
[30101803,"Conductos de hierro","2.3.6.3.06"]
[30101804,"Conductos de acero","2.3.6.3.06"]
[30101805,"Conductos de acero inoxidable","2.3.6.3.06"]
[30101806,"Conductos de aluminio","2.3.6.3.06"]
[30101807,"Conductos de magnesio","2.3.6.3.06"]
[30101808,"Conductos de titanio","2.3.6.3.06"]
[30101809,"Conductos de cobre","2.3.6.3.06"]
[30101810,"Conductos de latón","2.3.6.3.06"]
[30101811,"Conductos de bronce","2.3.6.3.06"]
[30101812,"Conductos de zinc","2.3.6.3.06"]
[30101813,"Conductos de estaño","2.3.6.3.06"]
[30101814,"Conductos de plomo","2.3.6.3.06"]
[30101815,"Conductos de plástico","2.3.5.5.01"]
[30101816,"Conductos de caucho","2.3.5.4.01"]
[30101817,"Conductos de metales preciosos","2.3.6.3.06"]
[30101900,"Bobina","NO DISPONIBLE"]
[30101901,"Bobina de aleación ferrosa","2.3.6.3.06"]
[30101902,"Bobina de aleación no ferrosa","2.3.6.3.06"]
[30101903,"Bobina de hierro","2.3.6.3.06"]
[30101904,"Bobina de acero","2.3.6.3.06"]
[30101905,"Bobina de acero inoxidable","2.3.6.3.06"]
[30101906,"Bobina de aluminio","2.3.6.3.06"]
[30101907,"Bobina de magnesio","2.3.6.3.06"]
[30101908,"Bobina de titanio","2.3.6.3.06"]
[30101909,"Bobina de cobre","2.3.6.3.06"]
[30101910,"Bobina de latón","2.3.6.3.06"]
[30101911,"Bobina de bronce","2.3.6.3.06"]
[30101912,"Bobina de cinc","2.3.6.3.06"]
[30101913,"Bobina de estaño","2.3.6.3.06"]
[30101914,"Bobina de plomo","2.3.6.3.06"]
[30101915,"Bobina de plástico","2.3.5.5.01"]
[30101916,"Bobina de metales preciosos","2.3.6.3.06"]
[30101918,"Acero perforado","2.3.6.3.06"]
[30101919,"Acero estampado en relieve","2.3.6.3.06"]
[30101920,"Aduja de fibra comprimida","2.3.9.8.01"]
[30101921,"Aduja de fibra y goma","2.3.9.8.01"]
[30101922,"Aduja de grafito","2.3.9.8.01"]
[30101923,"Bobina de chapa de aluminio","2.3.6.3.06"]
[30102000,"Hoja","NO DISPONIBLE"]
[30102001,"Lámina de aleación ferrosa","2.3.6.3.06"]
[30102002,"Lámina de aleación no ferrosa","2.3.6.3.06"]
[30102003,"Lámina de hierro","2.3.6.3.06"]
[30102004,"Lámina de acero","2.3.6.3.06"]
[30102005,"Lámina de acero inoxidable","2.3.6.3.06"]
[30102006,"Lámina de aluminio","2.3.6.3.06"]
[30102007,"Lámina de magnesio","2.3.6.3.06"]
[30102008,"Lámina de titanio","2.3.6.3.06"]
[30102009,"Lámina de cobre","2.3.6.3.06"]
[30102010,"Lámina de latón","2.3.6.3.06"]
[30102011,"Lámina de bronce","2.3.6.3.06"]
[30102012,"Lámina de zinc","2.3.6.3.06"]
[30102013,"Lámina de estaño","2.3.6.3.06"]
[30102014,"Lámina de plomo","2.3.6.3.06"]
[30102015,"Lámina de plástico","2.3.5.5.01"]
[30102200,"Plancha","NO DISPONIBLE"]
[30102201,"Placa de aleación ferrosa","2.3.6.3.06"]
[30102202,"Placa de aleación no ferrosa","2.3.6.3.06"]
[30102203,"Placa de hierro","2.3.6.3.06"]
[30102204,"Placa de acero","2.3.6.3.06"]
[30102205,"Placa de acero inoxidable","2.3.6.3.06"]
[30102206,"Placa de aluminio","2.3.6.3.06"]
[30102207,"Placa de magnesio","2.3.6.3.06"]
[30102208,"Placa de titanio","2.3.6.3.06"]
[30102209,"Placa de cobre","2.3.6.3.06"]
[30102210,"Placa de latón","2.3.6.3.06"]
[30102211,"Placa de bronce","2.3.6.3.06"]
[30102212,"Placa de zinc","2.3.6.3.06"]
[30102213,"Placa de estaño","2.3.6.3.06"]
[30102214,"Placa de plomo","2.3.6.3.06"]
[30102215,"Placa de plástico","2.3.5.5.01"]
[30102216,"Placa de caucho","2.3.5.4.01"]
[30102217,"Placa de concreto","2.3.6.1.01"]
[30102218,"Placa de metales preciosos","2.3.6.3.06"]
[30102220,"Placa de níquel","2.3.6.3.06"]
[30102300,"Perfiles","NO DISPONIBLE"]
[30102301,"Perfiles de aleación ferrosa","2.3.6.3.06"]
[30102302,"Perfiles de aleación no ferrosa","2.3.6.3.06"]
[30102303,"Perfiles de hierro","2.3.6.3.06"]
[30102304,"Perfiles de acero","2.3.6.3.06"]
[30102305,"Perfiles de acero inoxidable","2.3.6.3.06"]
[30102306,"Perfiles de aluminio","2.3.6.3.06"]
[30102307,"Perfiles de magnesio","2.3.6.3.06"]
[30102308,"Perfiles de titanio","2.3.6.3.06"]
[30102309,"Perfiles de cobre","2.3.6.3.06"]
[30102310,"Perfiles de latón","2.3.6.3.06"]
[30102311,"Perfiles de bronce","2.3.6.3.06"]
[30102312,"Perfiles de zinc","2.3.6.3.06"]
[30102313,"Perfiles de estaño","2.3.6.3.06"]
[30102314,"Perfiles de plomo","2.3.6.3.06"]
[30102315,"Perfiles de plástico","2.3.5.5.01"]
[30102316,"Perfiles de caucho","2.3.5.4.01"]
[30102400,"Varillas","NO DISPONIBLE"]
[30102401,"Varillas de aleación ferrosa","2.3.6.3.06"]
[30102402,"Varillas de aleación no ferrosa","2.3.6.3.06"]
[30102403,"Varillas de hierro","2.3.6.3.06"]
[30102404,"Varillas de acero","2.3.6.3.06"]
[30102405,"Varillas de acero inoxidable","2.3.6.3.06"]
[30102406,"Varillas de aluminio","2.3.6.3.06"]
[30102407,"Varillas de magnesio","2.3.6.3.06"]
[30102408,"Varillas de titanio","2.3.6.3.06"]
[30102409,"Varillas de cobre","2.3.6.3.06"]
[30102410,"Varillas de latón","2.3.6.3.06"]
[30102411,"Varillas de bronce","2.3.6.3.06"]
[30102412,"Varillas de zinc","2.3.6.3.06"]
[30102413,"Varillas de estaño","2.3.6.3.06"]
[30102414,"Varillas de plomo","2.3.6.3.06"]
[30102415,"Varillas de plástico","2.3.5.5.01"]
[30102416,"Varillas de caucho","2.3.5.4.01"]
[30102417,"Varillas de níquel","2.3.6.3.06"]
[30102500,"Chapa","NO DISPONIBLE"]
[30102501,"Chapa de aleación ferrosa","2.3.6.3.06"]
[30102502,"Chapa de aleación no ferrosa","2.3.6.3.06"]
[30102503,"Chapa de hierro","2.3.6.3.06"]
[30102504,"Chapa de acero","2.3.6.3.06"]
[30102505,"Chapa de acero inoxidable","2.3.6.3.06"]
[30102506,"Chapa de aluminio","2.3.6.3.06"]
[30102507,"Chapa de magnesio","2.3.6.3.06"]
[30102508,"Chapa de titanio","2.3.6.3.06"]
[30102509,"Chapa de cobre","2.3.6.3.06"]
[30102510,"Chapa de latón","2.3.6.3.06"]
[30102511,"Chapa de bronce","2.3.6.3.06"]
[30102512,"Chapa de cinc","2.3.6.3.06"]
[30102513,"Chapa de estaño","2.3.6.3.06"]
[30102514,"Chapa de plomo","2.3.6.3.06"]
[30102515,"Chapa de plástico","2.3.5.5.01"]
[30102516,"Chapa de caucho","2.3.5.4.01"]
[30102517,"Chapa blindada","2.3.9.8.02"]
[30102518,"Chapa de aleación de berilio","2.3.6.3.06"]
[30102519,"Chapa de metal chapado","2.3.6.3.06"]
[30102520,"Chapa de níquel","2.3.6.3.06"]
[30102521,"Hoja de goma de espuma","2.3.5.4.01"]
[30102522,"Hoja de corcho y caucho","2.3.9.8.02"]
[30102523,"Hoja de fibra comprimida","2.3.1.4.01"]
[30102524,"Hoja de fibra comprimida con metal inserto","2.3.1.4.01"]
[30102525,"Hoja de fibra y goma","2.3.9.8.02"]
[30102526,"Láminas de asbesto","2.3.6.1.03"]
[30102600,"Banda","NO DISPONIBLE"]
[30102601,"Banda de acero ferroso","2.3.6.3.06"]
[30102602,"Banda de acero no ferroso","2.3.6.3.06"]
[30102603,"Banda de hierro","2.3.6.3.06"]
[30102604,"Banda de acero","2.3.6.3.06"]
[30102605,"Banda de acero inoxidable","2.3.6.3.06"]
[30102606,"Banda de aluminio","2.3.6.3.06"]
[30102607,"Banda de magnesio","2.3.6.3.06"]
[30102608,"Banda de titanio","2.3.6.3.06"]
[30102609,"Banda de cobre","2.3.6.3.06"]
[30102610,"Banda de latón","2.3.6.3.06"]
[30102611,"Banda de bronce","2.3.6.3.06"]
[30102612,"Banda de cinc","2.3.6.3.06"]
[30102613,"Banda de estaño","2.3.6.3.06"]
[30102614,"Banda de plomo","2.3.6.3.06"]
[30102615,"Banda de plástico","2.3.5.5.01"]
[30102616,"Banda de caucho","2.3.5.4.01"]
[30102800,"Pilotaje","NO DISPONIBLE"]
[30102801,"Pilares de aluminio","2.3.6.3.06"]
[30102802,"Pilares de concreto","2.3.6.1.01"]
[30102803,"Pilares de acero","2.3.6.3.06"]
[30102900,"Pilares","NO DISPONIBLE"]
[30102901,"Postes de cemento o concreto","2.3.6.1.01"]
[30102903,"Postes de metal","2.3.6.3.06"]
[30102904,"Postes de madera","2.2.5.8.01"]
[30102905,"Postes de plástico","2.3.5.5.01"]
[30102906,"Postes de fibra de vidrio","2.3.6.2.01"]
[30103000,"Sistema de ejes","NO DISPONIBLE"]
[30103001,"Sistema de ejes de acero","2.3.9.8.01"]
[30103002,"Sistema de ejes de acero inoxidable","2.3.9.8.01"]
[30103100,"Rieles","NO DISPONIBLE"]
[30103101,"Rieles de acero","2.7.2.4.01"]
[30103102,"Rieles de aluminio","2.7.2.4.01"]
[30103103,"Rieles de metal","2.7.2.4.01"]
[30103200,"Enrejado","NO DISPONIBLE"]
[30103201,"Rejilla de acero","2.3.9.8.02"]
[30103202,"Rejilla de acero inoxidable","2.3.6.3.06"]
[30103203,"Rejilla de aluminio","2.3.6.3.06"]
[30103204,"Rejilla de fibra de vidrio","2.3.6.2.01"]
[30103205,"Rejilla de hierro","2.3.6.3.06"]
[30103206,"Rejilla de plástico","2.3.5.5.01"]
[30103300,"Palanquilla","NO DISPONIBLE"]
[30103301,"Moldura de aluminio","2.3.9.8.02"]
[30103302,"Moldura de latón","2.3.6.3.06"]
[30103303,"Molduras de bronce","2.3.6.3.06"]
[30103304,"Molduras de cobre","2.3.6.3.06"]
[30103305,"Molduras de plomo","2.3.6.3.06"]
[30103306,"Molduras de cinc","2.3.6.3.06"]
[30103307,"Molduras de acero","2.3.6.3.06"]
[30103308,"Molduras de titanio","2.3.6.3.06"]
[30103309,"Molduras de magnesio","2.3.6.3.06"]
[30103310,"Molduras de metal precioso","2.3.6.3.06"]
[30103311,"Molduras de metales no ferrosos","2.3.6.3.06"]
[30103312,"Molduras de metales ferrosos","2.3.9.8.02"]
[30103313,"Molduras no metálicas","2.3.6.9.01"]
[30103400,"Lingotes","NO DISPONIBLE"]
[30103401,"Lingotes de aluminio","2.3.6.3.06"]
[30103402,"Lingotes de latón","2.3.6.3.06"]
[30103403,"Lingotes de plomo","2.3.6.3.06"]
[30103404,"Lingotes de cinc","2.3.6.3.06"]
[30103405,"Lingotes de acero","2.3.6.3.06"]
[30103406,"Lingotes de magnesio","2.3.6.3.06"]
[30103407,"Lingotes de bronce","2.3.6.3.06"]
[30103408,"Lingotes de cobre","2.3.6.3.06"]
[30103409,"Lingotes de titanio","2.3.6.3.06"]
[30103410,"Lingotes de metal precioso","2.3.6.3.06"]
[30103411,"Lingotes de estiramiento por presión de aleación ferrosa","2.3.6.3.06"]
[30103412,"Lingotes de estiramiento por presión de aleación no ferrosa","2.3.6.3.06"]
[30103413,"Lingotes no metálicos","2.3.6.9.01"]
[30103500,"Alma de panal","NO DISPONIBLE"]
[30103501,"Núcleo de panal de aluminio","2.3.6.3.06"]
[30103502,"Núcleo de panal de magnesio","2.3.5.4.01"]
[30103503,"Núcleo de panal de espuma","2.3.6.3.06"]
[30103504,"Núcleo de panal de plástico","2.3.5.5.01"]
[30103505,"Núcleo de panal de madera","2.3.1.4.01"]
[30103506,"Núcleo de panal de metal ferroso","2.3.6.3.06"]
[30103507,"Núcleo de panal de bronce","2.3.6.3.06"]
[30103508,"Núcleo de panal de cobre","2.3.6.3.06"]
[30103509,"Núcleo de panal de acero","2.3.6.3.06"]
[30103510,"Núcleo de panal de plomo","2.3.6.3.06"]
[30103511,"Núcleo de panal de zinc","2.3.6.3.06"]
[30103512,"Núcleo de panal de titanio","2.3.6.3.06"]
[30103513,"Núcleo de panal de latón","2.3.6.3.06"]
[30103514,"Núcleo de panal de metal no ferroso","2.3.6.3.06"]
[30103515,"Núcleo de panal de metales preciosos","2.3.6.3.06"]
[30103600,"Productos estructurales","NO DISPONIBLE"]
[30103601,"Vigas de madera","2.3.1.4.01"]
[30103602,"Vigas compuestas de madera","2.3.1.4.01"]
[30103603,"Madera para marcos","2.3.1.4.01"]
[30103604,"Revestimiento o láminas de madera","2.3.1.4.01"]
[30103605,"Tablones de madera","2.3.1.4.01"]
[30103606,"Armazones de madera","2.3.1.4.01"]
[30103607,"Viguetas de madera","2.3.1.4.01"]
[30103608,"Postes de madera o postes telefónicos","2.3.1.4.01"]
[30103700,"Trenza","NO DISPONIBLE"]
[30103701,"Trenza de acero inoxidable","2.3.6.3.06"]
[30110000,"Hormigón,  cemento  y  yeso","NO DISPONIBLE"]
[30111500,"Concreto y morteros","NO DISPONIBLE"]
[30111501,"Concreto aireado","2.3.6.1.01"]
[30111502,"Concreto conductor","2.3.6.1.01"]
[30111503,"Concreto aislante","2.3.6.1.01"]
[30111504,"Morteros","2.3.6.1.01"]
[30111600,"Cemento y cal","NO DISPONIBLE"]
[30111601,"Cemento","2.3.6.1.01"]
[30111602,"Cal clorada","2.3.6.1.02"]
[30111603,"Cal hidráulica","2.3.6.1.02"]
[30111604,"Cal apagada","2.3.6.1.02"]
[30111605,"Cal magra","2.3.6.1.02"]
[30111606,"Lechada de cemento","2.3.6.1.01"]
[30111607,"Cal viva","2.3.6.1.02"]
[30111700,"Yesos","NO DISPONIBLE"]
[30111701,"Enlucido de yeso","2.3.6.1.04"]
[30120000,"Carreteras  y  paisaje","NO DISPONIBLE"]
[30121500,"Derivados bituminosos","NO DISPONIBLE"]
[30121501,"Alquitrán de carbón hulla","2.3.7.2.99"]
[30121503,"Creosota","2.3.7.2.99"]
[30121600,"Asfaltos","NO DISPONIBLE"]
[30121601,"Asfalto","2.3.6.4.07"]
[30121602,"Brea","2.3.6.4.07"]
[30121603,"Gilsonita","2.3.6.4.07"]
[30121604,"Residuos de alquitrán o petróleo","2.3.6.4.07"]
[30121605,"Marcos de pozo con tapas del registro","2.3.9.8.01"]
[30130000,"Productos  de  construcción  estructurales","NO DISPONIBLE"]
[30131500,"Bloques","NO DISPONIBLE"]
[30131501,"Bloques de cemento","2.3.6.1.01"]
[30131502,"Bloques de concreto","2.3.6.1.01"]
[30131503,"Bloques de piedra","2.3.6.4.04"]
[30131504,"Bloques de cerámica","2.3.6.1.05"]
[30131600,"Ladrillos","NO DISPONIBLE"]
[30131601,"Ladrillos de cemento","2.3.6.1.01"]
[30131602,"Ladrillos de cerámica","2.3.6.1.05"]
[30131603,"Ladrillos de concreto","2.3.6.1.01"]
[30131604,"Ladrillos de piedra","2.3.6.4.04"]
[30131700,"Azulejos y baldosas","NO DISPONIBLE"]
[30131701,"Azulejos o baldosas de cemento","2.3.6.1.01"]
[30131702,"Losas o baldosas de piedra","2.3.6.1.01"]
[30131703,"Losas o baldosas de concreto","2.3.6.1.01"]
[30131704,"Losas o baldosas de cerámica","2.3.6.1.05"]
[30131705,"Lápidas","2.3.6.4.04"]
[30140000,"Aislamiento","NO DISPONIBLE"]
[30141500,"Aislamiento térmico","NO DISPONIBLE"]
[30141501,"Burletes","2.3.9.8.02"]
[30141502,"Colchas aislantes","2.3.2.1.01"]
[30141503,"Aislamiento de espuma","2.3.7.2.99"]
[30141504,"Bloques para aislamiento","2.6.9.6.01"]
[30141505,"Revestimiento de aislamiento térmico","2.6.9.6.01"]
[30141506,"Aislamiento de ajuste holgado","2.6.9.6.01"]
[30141507,"Aislamiento de tabla rígida","2.6.9.6.01"]
[30141508,"Aislamiento de fibra","2.6.9.6.01"]
[30141510,"Barrido de puerta","2.3.9.8.02"]
[30141511,"Película de ventana","2.3.9.9.04"]
[30141512,"Kits de aislamiento térmico","2.3.9.8.02"]
[30141513,"Ladrillos aislantes térmicos","2.3.6.1.05"]
[30141600,"Aislamiento especial","NO DISPONIBLE"]
[30141601,"Aislación acústica","2.6.9.6.01"]
[30141602,"Revestimiento de aislamiento no térmico","2.6.9.6.01"]
[30141603,"Escudos térmicas","2.6.9.6.01"]
[30150000,"Materiales  para  acabado  de  exteriores","NO DISPONIBLE"]
[30151500,"Material para tejados y techos","NO DISPONIBLE"]
[30151501,"Techado prearmado","2.7.1.3.01"]
[30151502,"Valles de techo","2.7.1.3.01"]
[30151503,"Textiles de techado","2.3.2.2.01"]
[30151504,"Cartones para techar","2.6.9.6.01"]
[30151505,"Membranas para techos","2.6.9.6.01"]
[30151506,"Tejas","2.3.6.1.05"]
[30151507,"Huelgos","2.6.9.6.01"]
[30151508,"Tejas de asfalto","2.6.9.6.01"]
[30151509,"Armazones","2.6.9.6.01"]
[30151510,"Tejados de pizarra","2.6.9.6.01"]
[30151600,"Accesorios para tejados","NO DISPONIBLE"]
[30151601,"Plafones de tejado","2.3.9.8.02"]
[30151602,"Planchas de escurrimiento","2.6.9.6.01"]
[30151603,"Parada de grava","2.6.9.6.01"]
[30151604,"Brochas para techos","2.3.9.8.02"]
[30151605,"Drenajes de tejados","2.6.9.6.01"]
[30151606,"Ruedas de trapo para techos","2.6.9.6.01"]
[30151607,"Claraboyas de ventilación","2.6.5.2.01"]
[30151608,"Sofitos","2.6.9.6.01"]
[30151609,"Bordes de tejado","2.6.9.6.01"]
[30151610,"Escarificadores de tejado","2.6.9.6.01"]
[30151700,"Canalones de tejado y accesorios","NO DISPONIBLE"]
[30151701,"Boquillas de bajantes","2.3.9.8.02"]
[30151702,"Dinteles para goteo","2.6.9.6.01"]
[30151703,"Canaletas","2.3.9.8.02"]
[30151704,"Bloques contra salpicaduras","2.6.9.6.01"]
[30151800,"Materiales para revestimiento de paredes y exterior","NO DISPONIBLE"]
[30151801,"Postigos","2.6.9.6.01"]
[30151802,"Recubrimiento","2.6.9.6.01"]
[30151803,"Empalmes de revestimiento de paredes","2.6.9.6.01"]
[30151804,"Chapas para esquinas","2.3.9.8.02"]
[30151805,"Estucado","2.3.6.4.04"]
[30151806,"Muros de bloque de vidrio","2.3.6.2.01"]
[30151900,"Materiales y productos para acabados","NO DISPONIBLE"]
[30151901,"Toldos","2.3.9.8.02"]
[30151902,"Marquesinas","2.6.9.6.01"]
[30152000,"Cercado","NO DISPONIBLE"]
[30152001,"Cercado de metal","2.3.6.3.06"]
[30152002,"Cercado de madera","2.3.1.4.01"]
[30152003,"Vallado de fibrocemento","2.3.6.1.01"]
[30152100,"Superficie","NO DISPONIBLE"]
[30152101,"Acero de perdigones","2.3.9.9.04"]
[30160000,"Materiales  de  acabado  de  interiores","NO DISPONIBLE"]
[30161500,"Materiales para acabados de paredes","NO DISPONIBLE"]
[30161501,"Fibra prensada","2.6.9.6.01"]
[30161502,"Papel de colgadura","2.3.3.2.01"]
[30161503,"Drywall","2.3.6.1.04"]
[30161504,"Protectores de esquinas","2.3.9.8.02"]
[30161505,"Paneles o empanelado","2.3.9.8.02"]
[30161507,"Compuestos unión Albarrada","2.3.6.1.04"]
[30161508,"Rodillo de papel de colgadura","2.3.6.3.04"]
[30161509,"Tabla de yeso","2.3.6.1.04"]
[30161600,"Materiales para techos","NO DISPONIBLE"]
[30161601,"Baldosines acústicos para techos","2.6.9.6.01"]
[30161602,"Paneles para techos","2.3.9.8.02"]
[30161603,"Encofrados","2.3.9.9.01"]
[30161604,"Sistemas de cielo raso","2.6.9.6.01"]
[30161700,"Suelos","NO DISPONIBLE"]
[30161701,"Alfombrado","2.3.2.2.01"]
[30161702,"Pisos de madera","2.3.1.4.01"]
[30161703,"Linóleo","2.6.9.6.01"]
[30161705,"Pisos de caucho","2.3.9.8.02"]
[30161706,"Pisos de baldosa o piedra","2.3.6.2.02"]
[30161707,"Pisos de vinilo","2.3.5.5.01"]
[30161708,"Alfombras de nudos","2.3.2.2.01"]
[30161709,"Alfombras de penachos","2.3.2.2.01"]
[30161710,"Pisos laminados","2.3.9.8.02"]
[30161711,"Alfombras para exteriores","2.3.9.8.02"]
[30161712,"Perfiles laminados para suelos","2.6.9.6.01"]
[30161713,"Almohadilla para alfombras","2.3.5.5.01"]
[30161714,"Suelo de corcho","2.3.1.4.01"]
[30161715,"Enrejados de madera","2.3.1.4.01"]
[30161716,"Separadores de azulejos","2.3.5.5.01"]
[30161717,"Pisos para accesos","2.6.9.6.01"]
[30161718,"Piso de acero antideslizante","2.3.6.3.06"]
[30161719,"Fieltro para alfombras","2.3.2.2.01"]
[30161800,"Ebanistería","NO DISPONIBLE"]
[30161801,"Armarios","2.6.1.1.01"]
[30161802,"Encimeras","2.3.9.8.02"]
[30161900,"Moldeado y carpintería mecánica","NO DISPONIBLE"]
[30161901,"Puertas de rejilla","2.6.9.6.01"]
[30161902,"Columnas","2.6.9.6.01"]
[30161903,"Paneles de madera","2.3.1.4.01"]
[30161904,"Cornisas","2.6.9.6.01"]
[30161905,"Cercos de puertas","2.6.9.6.01"]
[30161906,"Moldes","2.6.9.6.01"]
[30161907,"Escaleras","2.7.1.2.01"]
[30161908,"Piezas de escaleras","2.3.9.8.02"]
[30170000,"Puertas  y  ventanas  y  vidrio","NO DISPONIBLE"]
[30171500,"Puertas","NO DISPONIBLE"]
[30171501,"Puertas de cristal","2.3.9.8.02"]
[30171502,"Puertas de pantalla","2.6.9.6.01"]
[30171503,"Puertas rodantes","2.3.9.8.02"]
[30171504,"Puertas de madera","2.3.9.8.02"]
[30171505,"Puertas de metal","2.3.9.8.02"]
[30171506,"Contrapuertas","2.6.9.6.01"]
[30171507,"Marcos de puertas o quicios","2.6.9.6.01"]
[30171508,"Puertas corrediza empotrable","2.3.9.8.02"]
[30171509,"Puertas giratorias","2.6.9.6.01"]
[30171510,"Puertas automáticas","2.3.9.8.02"]
[30171511,"Puerta de vaivén","2.6.9.6.01"]
[30171512,"Abridores de puertas","2.6.9.6.01"]
[30171513,"Rodapiés","2.6.9.6.01"]
[30171514,"Cerradores de puertas","2.3.9.8.02"]
[30171600,"Ventanas","NO DISPONIBLE"]
[30171604,"Ventanas de guillotina","2.6.9.6.01"]
[30171605,"Ventanas de apertura horizontal","2.6.9.6.01"]
[30171606,"Ventanas giratorias","2.6.9.6.01"]
[30171607,"Ventanas con hoja de desplazamiento horizontal","2.3.9.8.02"]
[30171608,"Ventanas basculantes o de montante","2.6.9.6.01"]
[30171609,"Ventanas fijas","2.3.9.8.02"]
[30171610,"Miradores","2.6.9.6.01"]
[30171611,"Ventana de miradores","2.6.9.6.01"]
[30171612,"Ventanas salientes","2.6.9.6.01"]
[30171613,"Paredes de vidrio","2.6.9.6.01"]
[30171614,"Pantallas de ventana","2.6.9.6.01"]
[30171615,"Ventanas francesas o puerta – ventanas","2.6.9.6.01"]
[30171700,"Productos de cristal","NO DISPONIBLE"]
[30171701,"Adoquines","2.3.6.4.04"]
[30171703,"Vidrio biselado","2.3.6.2.01"]
[30171704,"Vidrio con plomo","2.3.6.2.01"]
[30171705,"Vidrio laminado","2.3.6.2.01"]
[30171706,"Vidrio templado","2.3.6.2.01"]
[30171707,"Vidrio de seguridad","2.3.6.2.01"]
[30171708,"Vidrio flotado","2.3.6.2.01"]
[30171709,"Vidrio con alambre incrustado","2.3.6.2.01"]
[30171800,"Claraboyas","NO DISPONIBLE"]
[30171801,"Claraboyas fijas","2.6.9.6.01"]
[30171802,"Claraboyas con ventilación","2.6.9.6.01"]
[30171803,"Claraboyas de tubo","2.6.9.6.01"]
[30171900,"Marcos de ventanas","NO DISPONIBLE"]
[30171901,"Marcos para ventanas de guillotina","2.6.9.6.01"]
[30171902,"Marcos para ventanas de apertura horizontal","2.6.9.6.01"]
[30171903,"Marcos para ventanas giratorias","2.6.9.6.01"]
[30171904,"Marcos para ventanas con hojas de desplazamiento horizontal","2.6.9.6.01"]
[30171905,"Marcos para ventanas basculantes o de montante","2.6.9.6.01"]
[30171906,"Marcos para ventanas fijas","2.6.9.6.01"]
[30172000,"Puertas","NO DISPONIBLE"]
[30172001,"Puerta de barra sencilla","2.6.9.6.01"]
[30172002,"Puerta de doble barra","2.6.9.6.01"]
[30180000,"Instalaciones  de  plomería","NO DISPONIBLE"]
[30181500,"Porcelana sanitaria","NO DISPONIBLE"]
[30181501,"Tinas o bañeras","2.6.9.6.01"]
[30181502,"Bidés","2.3.6.2.02"]
[30181503,"Duchas","2.3.9.8.02"]
[30181504,"Lavamanos","2.3.6.2.02"]
[30181505,"Inodoros o excusados","2.3.6.2.02"]
[30181506,"Orinales","2.3.6.2.02"]
[30181507,"Cerramientos para bañeras o duchas","2.6.9.6.01"]
[30181508,"Divisiones de baños","2.6.9.6.01"]
[30181509,"Plato del jabón","2.3.9.8.02"]
[30181510,"servilletero","2.3.9.8.02"]
[30181511,"Inodoros o excusados","2.3.6.2.02"]
[30181512,"Asientos de inodoro","2.3.9.8.01"]
[30181513,"Tapas de inodoro","2.3.9.8.01"]
[30181514,"Tapa de tanque del inodoro","2.3.9.8.01"]
[30181515,"Tanque del inodoro","2.3.9.8.01"]
[30190000,"Equipo  de  apoyo  para  construcción  y  mantenimiento","NO DISPONIBLE"]
[30191500,"Escaleras y andamios","NO DISPONIBLE"]
[30191501,"Escaleras","2.6.5.7.01"]
[30191502,"Andamios","2.6.1.1.01"]
[30191505,"Taburete escalonado","2.6.1.1.01"]
[30191600,"Escaleras y accesorios de andamiaje","NO DISPONIBLE"]
[30191601,"Barandas","2.6.9.6.01"]
[30191602,"Estabilizadores de andamiaje","2.3.9.9.04"]
[30191603,"Piso del andamiaje","2.6.9.9.01"]
[30200000,"Estructuras prefabricadas","NO DISPONIBLE"]
[30201500,"Estructuras agrícolas prefabricadas","NO DISPONIBLE"]
[30201501,"Silos","2.6.5.1.01"]
[30201502,"Invernaderos","2.6.5.1.01"]
[30201600,"Estructuras residenciales prefabricadas","NO DISPONIBLE"]
[30201601,"Casas","2.6.9.1.01"]
[30201602,"Casas móviles","2.6.9.1.01"]
[30201603,"Cabañas","2.6.9.1.01"]
[30201604,"garajes","2.7.1.2.01"]
[30201605,"Cenador","2.7.1.3.01"]
[30201606,"Cocinas domésticas","2.6.9.9.01"]
[30201700,"Estructuras comerciales e industriales prefabricadas","NO DISPONIBLE"]
[30201701,"Oficinas en la fábrica","2.6.9.9.01"]
[30201702,"Cabinas de rociado","2.6.9.9.01"]
[30201703,"Cobertizos para almacenaje","2.6.9.9.01"]
[30201704,"Salas limpias","2.6.9.9.01"]
[30201705,"Garitas","2.7.1.2.01"]
[30201706,"Aseos portátiles","2.6.9.9.01"]
[30201707,"Almacenes","2.2.5.1.01"]
[30201708,"Auditorio","2.7.2.7.01"]
[30201710,"Cocinas de oficinas","2.6.9.9.01"]
[30201711,"Jardín de invierno","2.6.9.9.01"]
[30201712,"Cabina telefónica","2.6.9.9.01"]
[30201800,"Estructuras prefabricadas para ayudas de emergencia","NO DISPONIBLE"]
[30201801,"Refugios","2.7.1.2.01"]
[30201802,"Tiendas de campaña para emergencias","2.6.9.9.01"]
[30201803,"Unidades para contenedores","2.7.1.3.01"]
[30201900,"Estructuras médicas prefabricadas","NO DISPONIBLE"]
[30201901,"Unidades médicas","2.6.9.9.01"]
[30201902,"Unidades de laboratorio","2.6.9.9.01"]
[30201903,"Unidades dentales","2.6.9.9.01"]
[30201904,"Unidades quirúrgicas","2.6.9.9.01"]
[30220000,"Estructuras permanentes","NO DISPONIBLE"]
[30221000,"Estructuras comerciales y de ocio","NO DISPONIBLE"]
[30221001,"Paseos de Tiendas","2.2.5.1.01"]
[30221002,"Estructuras de aparcamiento","2.7.1.2.01"]
[30221003,"Cafetería","2.6.9.9.01"]
[30221004,"Edificios de tiendas","2.7.1.2.01"]
[30221005,"Centro comercial","2.7.1.2.01"]
[30221006,"Cantina","2.6.9.9.01"]
[30221007,"Teatro","2.7.1.2.01"]
[30221009,"Mercado","2.7.1.2.01"]
[30221010,"Zona de juegos infantiles","2.7.2.7.01"]
[30221011,"Zoo","2.7.2.7.01"]
[30221012,"Jardines","2.7.2.7.01"]
[30221013,"Parques","2.7.2.7.01"]
[30221014,"Servicios de recreo al lado del agua","2.7.1.2.01"]
[30222000,"Estructuras de transporte","NO DISPONIBLE"]
[30222001,"Puentes de Acero","2.7.2.4.01"]
[30222002,"Dique Seco","2.7.2.5.01"]
[30222003,"Estación de autobuses","2.7.2.4.01"]
[30222004,"Garaje de autobuses","2.7.2.4.01"]
[30222005,"Edificio del área de servicios","2.7.2.1.01"]
[30222006,"Estación de tranvías","2.7.2.4.01"]
[30222007,"Depósito de trenes","2.7.2.4.01"]
[30222008,"Estación de metro","2.7.2.4.01"]
[30222009,"Edificio de la estación terminal","2.7.2.4.01"]
[30222010,"Depósito terminal","2.7.2.4.01"]
[30222011,"Coches de tranvías","2.7.2.4.01"]
[30222012,"Edificio del aeropuerto","2.7.2.4.01"]
[30222013,"Torre de control del aeropuerto","2.7.2.4.01"]
[30222014,"Campo de aterrizaje","2.7.2.4.01"]
[30222015,"Pista de rodadura","2.7.2.4.01"]
[30222016,"Aparcamiento","2.7.2.4.01"]
[30222017,"Muelle de embarque","2.7.2.5.01"]
[30222018,"Zona de acople con pasillos móviles","2.7.2.5.01"]
[30222019,"Embarcadero","2.7.2.5.01"]
[30222020,"Marina","2.7.2.5.01"]
[30222021,"Puerto deportivo","2.7.2.5.01"]
[30222022,"Rompeolas","2.7.2.5.01"]
[30222023,"Malecón","2.7.2.5.01"]
[30222024,"Edificio de la terminal del ferry","2.7.2.4.01"]
[30222025,"Terminal de carga rodante","2.7.2.5.01"]
[30222026,"Faro","2.7.2.5.01"]
[30222027,"Puente de carretera","2.7.2.4.01"]
[30222028,"Puente de ferrocarril","2.7.2.4.01"]
[30222029,"Puente para peatones","2.7.2.4.01"]
[30222030,"Viaducto para carretera","2.7.2.4.01"]
[30222031,"Viaducto para el tren","2.7.2.4.01"]
[30222032,"Paso subterráneo","2.7.2.4.01"]
[30222033,"Paso elevado","2.7.2.4.01"]
[30222034,"Túnel","2.7.2.4.01"]
[30222035,"Acueductos","2.7.2.1.01"]
[30222036,"Túnel para carretea","2.7.2.4.01"]
[30222037,"Túnel para ferrocarril","2.7.2.4.01"]
[30222038,"Túnel para peatones","2.7.2.4.01"]
[30222039,"Túnel para canal","2.7.2.1.01"]
[30222040,"Túnel para conducir un río","2.7.2.1.01"]
[30222041,"Túnel submarino","2.7.2.5.01"]
[30222042,"Autopista","2.7.2.4.01"]
[30222043,"Cruce de carreteras","2.7.2.4.01"]
[30222044,"Anillo de carretera","2.7.2.4.01"]
[30222045,"Carretera principal","2.7.2.4.01"]
[30222046,"Carretera secundaria","2.7.2.4.01"]
[30222047,"Carretera de acceso","2.7.2.4.01"]
[30222048,"Carretera bifurcada","2.7.2.4.01"]
[30222049,"Doble carril","2.7.2.4.01"]
[30222050,"Simple carril","2.7.2.4.01"]
[30222051,"Encuentro de carreteras","2.7.2.4.01"]
[30222052,"Paso de peatones","2.7.2.4.01"]
[30222053,"Paso elevado para peatones","2.7.2.4.01"]
[30222054,"Sendero de caminantes","2.7.2.4.01"]
[30222055,"Sendero de bicicletas","2.7.2.4.01"]
[30222056,"Puente para pasar un oleoducto","2.7.2.4.01"]
[30222057,"Oleoducto","2.7.2.4.01"]
[30222058,"Estación de bombeo","2.7.2.1.01"]
[30222059,"Estaciones de bombeo alcantarillado","2.7.2.1.01"]
[30222060,"Sumidero de alcantarilla","2.7.2.1.01"]
[30222061,"Terreno de aparcamiento","2.7.2.4.01"]
[30222063,"Area de servicios de carretera","2.7.2.4.01"]
[30222100,"Estructuras públicas","NO DISPONIBLE"]
[30222101,"Oficina de correos","2.7.1.2.01"]
[30222102,"Banco","2.7.1.2.01"]
[30222103,"Comisaría de policía","2.7.1.2.01"]
[30222104,"Palacio de justicia","2.7.1.2.01"]
[30222105,"Edificio de la cárcel","2.7.1.2.01"]
[30222106,"Estación de bomberos","2.7.1.2.01"]
[30222107,"Estación de ambulancias","2.7.1.2.01"]
[30222108,"Edificio para albergue de montaña","2.7.1.2.01"]
[30222109,"Estación de barcos de socorro","2.7.1.3.01"]
[30222110,"Edificio de los guardacostas","2.7.1.2.01"]
[30222111,"Estación de servicios de rescate","2.7.1.2.01"]
[30222112,"Centro cívico","2.7.1.2.01"]
[30222113,"Funerarias o crematorios","2.6.5.8.01"]
[30222114,"Galería de arte","2.7.1.2.01"]
[30222115,"Monumentos prehistóricos","2.7.2.7.01"]
[30222116,"Oficina de admisión","2.7.1.2.01"]
[30222117,"Cementerio","2.7.2.8.01"]
[30222118,"Matadero Público","2.7.1.2.01"]
[30222200,"Estructuras de servicios","NO DISPONIBLE"]
[30222201,"Estación de radar","2.7.2.4.01"]
[30222202,"Subestación","2.7.2.2.01"]
[30222203,"Estación de energía nuclear","2.7.2.2.01"]
[30222204,"Depósito elevado de agua","2.7.2.1.01"]
[30222205,"Aljibes","2.7.2.1.01"]
[30222206,"Estación móvil de telefonía","2.7.2.3.01"]
[30222207,"Presa","2.7.2.1.01"]
[30222208,"Plataformas petroleras o de gas","2.7.2.9.01"]
[30222300,"Estructuras de educación e investigación","NO DISPONIBLE"]
[30222301,"Escuelas","2.7.1.2.01"]
[30222302,"Politécnico","2.7.1.2.01"]
[30222303,"Centro de formación profesional","2.7.1.2.01"]
[30222304,"Sala de conferencias","2.7.1.2.01"]
[30222305,"Biblioteca","2.7.1.2.01"]
[30222306,"Laboratorio de lenguas","2.7.1.2.01"]
[30222307,"Edificio para laboratorios","2.7.1.2.01"]
[30222308,"Estaciones meteorológicas","2.7.1.2.01"]
[30222309,"Servicios de investigación o medición","2.7.1.2.01"]
[30222400,"Estructuras hospitalarias","NO DISPONIBLE"]
[30222401,"Clínica","2.7.1.2.01"]
[30222402,"Guardería infantil","2.7.1.2.01"]
[30222403,"Teatro operativo","2.7.1.2.01"]
[30222404,"Unidad de cuidados intensivos","2.7.1.2.01"]
[30222405,"Sala de diagnóstico radiológico","2.7.1.2.01"]
[30222406,"Sala de radiología","2.7.1.2.01"]
[30222407,"Sala de fluoroscopia","2.7.1.2.01"]
[30222408,"Sala de patología","2.7.1.2.01"]
[30222409,"Sala de cateterismo","2.7.1.2.01"]
[30222500,"Estructuras de alojamiento","NO DISPONIBLE"]
[30222501,"Casas residenciales","2.6.9.1.01"]
[30222502,"Apartamento","2.7.1.1.01"]
[30222503,"Orfanato","2.7.1.1.01"]
[30222504,"Centro de asistencia de día","2.7.1.2.01"]
[30222505,"Residencia de jubilados","2.7.1.1.01"]
[30222506,"Residencia de ancianos","2.7.1.1.01"]
[30222507,"Hotel","2.2.5.1.01"]
[30222600,"Estructuras deportivas y sanitarias","NO DISPONIBLE"]
[30222601,"Estadio","2.7.2.7.01"]
[30222602,"Campo de deportes","2.7.2.7.01"]
[30222603,"Pista de carreras","2.6.9.2.01"]
[30222604,"Pabellón deportivo","2.6.9.2.01"]
[30222605,"Balneario","2.7.1.2.01"]
[30222606,"Gimnasio","2.2.5.1.01"]
[30222607,"Piscina de natación","2.7.2.7.01"]
[30222608,"Servicios de deportes acuáticos","2.7.2.7.01"]
[30222700,"Estructuras industriales","NO DISPONIBLE"]
[30222701,"Oficinas","2.7.1.2.01"]
[30222702,"Instalaciones de almacenamiento en frío","2.7.1.2.01"]
[30222703,"Mercancías de almacén","2.7.1.2.01"]
[30222800,"Estructuras de agricultura, pesca y ganadería","NO DISPONIBLE"]
[30222801,"Granero","2.7.2.6.01"]
[30222802,"Vaquería","2.7.2.6.01"]
[30222803,"Canal de riego","2.7.2.1.01"]
[30222900,"Estructuras de defensa","NO DISPONIBLE"]
[30222901,"Casamata militar","2.7.1.3.01"]
[30222902,"Refugio militar","2.7.1.2.01"]
[30222903,"Barracones","2.7.1.2.01"]
[30222904,"Comedor de oficiales","2.7.1.2.01"]
[30223000,"Estructuras religiosas","NO DISPONIBLE"]
[30223001,"Capillas","2.7.1.2.01"]
[30223002,"Templos","2.7.1.2.01"]
[30223003,"Mezquitas","2.7.1.2.01"]
[31000000,"Componentes y suministros de manufactura","NO DISPONIBLE"]
[31110000,"Extrusiones","NO DISPONIBLE"]
[31111500,"Extrusiones de perfiles","NO DISPONIBLE"]
[31111501,"Extrusiones de perfiles de aluminio","2.3.6.3.06"]
[31111502,"Extrusiones de perfiles de berilio","2.3.6.3.06"]
[31111503,"Extrusiones de perfiles de latón","2.3.6.3.06"]
[31111504,"Extrusiones de perfiles de bronce","2.3.6.3.06"]
[31111505,"Extrusiones de perfiles de cobre","2.3.6.3.06"]
[31111506,"Extrusiones de perfiles de aleación ferrosa","2.3.6.3.06"]
[31111507,"Extrusiones de perfiles de plomo","2.3.6.3.06"]
[31111508,"Extrusiones de perfiles de magnesio","2.3.6.3.06"]
[31111509,"Extrusiones de perfiles de aleación no ferrosa","2.3.6.3.06"]
[31111510,"Extrusiones de perfiles de plástico","2.3.5.5.01"]
[31111511,"Extrusiones de perfiles de metal precioso","2.3.6.3.06"]
[31111512,"Extrusiones de perfiles de caucho","2.3.5.4.01"]
[31111513,"Extrusiones de perfiles de acero inoxidable","2.3.6.3.06"]
[31111514,"Extrusiones de perfiles de acero","2.3.6.3.06"]
[31111515,"Extrusiones de perfiles de estaño","2.3.6.3.06"]
[31111516,"Extrusiones de perfiles de titanio","2.3.6.3.06"]
[31111517,"Extrusiones de perfiles de zinc","2.3.6.3.06"]
[31111600,"Extrusiones por percusión","NO DISPONIBLE"]
[31111601,"Extrusiones por impacto de aluminio","2.3.6.3.06"]
[31111602,"Extrusiones por impacto de berilio","2.3.6.3.06"]
[31111603,"Extrusiones por impacto de latón","2.3.6.3.06"]
[31111604,"Extrusiones por impacto de bronce","2.3.6.3.06"]
[31111605,"Extrusiones por impacto de cobre","2.3.6.3.06"]
[31111606,"Extrusiones por impacto de aleación ferrosa","2.3.6.3.06"]
[31111607,"Extrusiones por impacto de plomo","2.3.6.3.06"]
[31111608,"Extrusiones por impacto de magnesio","2.3.6.3.06"]
[31111609,"Extrusiones por impacto de aleación no ferrosa","2.3.6.3.06"]
[31111610,"Extrusiones por impacto de plástico","2.3.5.5.01"]
[31111611,"Extrusiones por impacto de metal precioso","2.3.6.3.06"]
[31111612,"Extrusiones por impacto de caucho","2.3.5.4.01"]
[31111613,"Extrusiones por impacto de acero inoxidable","2.3.6.3.06"]
[31111614,"Extrusiones por impacto de acero","2.3.6.3.06"]
[31111615,"Extrusiones por impacto de estaño","2.3.6.3.06"]
[31111616,"Extrusiones por impacto de titanio","2.3.6.3.06"]
[31111617,"Extrusiones por impacto de zinc","2.3.6.3.06"]
[31111700,"Extrusiones en frío","NO DISPONIBLE"]
[31111701,"Extrusiones en frío de aluminio","2.3.6.3.06"]
[31111702,"Extrusiones en frío de berilio","2.3.6.3.06"]
[31111703,"Extrusiones en frío de latón","2.3.6.3.06"]
[31111704,"Extrusiones en frío de bronce","2.3.6.3.06"]
[31111705,"Extrusiones en frío de cobre","2.3.6.3.06"]
[31111706,"Extrusiones en frío de aleación ferrosa","2.3.6.3.06"]
[31111707,"Extrusiones en frío de plomo","2.3.6.3.06"]
[31111708,"Extrusiones en frío de magnesio","2.3.6.3.06"]
[31111709,"Extrusiones en frío de aleación no ferrosa","2.3.6.3.06"]
[31111710,"Extrusiones en frío de plástico","2.3.5.5.01"]
[31111711,"Extrusiones en frío de metal precioso","2.3.6.3.06"]
[31111712,"Extrusiones en frío de caucho","2.3.5.4.01"]
[31111713,"Extrusiones en frío de acero inoxidable","2.3.6.3.06"]
[31111714,"Extrusiones en frío de acero","2.3.6.3.06"]
[31111715,"Extrusiones en frío de estaño","2.3.6.3.06"]
[31111716,"Extrusiones en frío de titanio","2.3.6.3.06"]
[31111717,"Extrusiones en frío de zinc","2.3.6.3.06"]
[31150000,"Cuerda, cadena, cable, alambre y correa","NO DISPONIBLE"]
[31151500,"Cuerdas","NO DISPONIBLE"]
[31151501,"Cuerda de algodón","2.3.9.9.01"]
[31151502,"Cuerda de poliéster","2.3.9.9.01"]
[31151503,"Cuerda de polipropileno","2.3.9.9.01"]
[31151504,"Cuerda de nylon","2.3.9.9.01"]
[31151505,"Cable de acero","2.3.9.9.01"]
[31151506,"Cuerda de cáñamo","2.3.9.9.01"]
[31151507,"Cuerda o pita","2.3.9.9.01"]
[31151508,"Cabuya","2.3.9.9.01"]
[31151509,"Cuerda de caucho","2.3.9.9.05"]
[31151600,"Cadenas","NO DISPONIBLE"]
[31151601,"Cadenas de seguridad","2.3.9.8.01"]
[31151603,"Cadenas de rodillos","2.3.9.8.01"]
[31151604,"Cadenas resistentes de bobina","2.3.9.8.01"]
[31151605,"Cadenas de banda","2.3.9.8.01"]
[31151606,"Cadena \"jack\"","2.3.9.8.01"]
[31151607,"Cadenas corrientes","2.3.9.8.01"]
[31151608,"Cadenas de bola","2.3.9.8.01"]
[31151609,"Eslabones de cadena","2.3.6.3.06"]
[31151700,"Cable mecánico","NO DISPONIBLE"]
[31151702,"Cables de control no eléctrico","2.3.9.9.05"]
[31151703,"Cables elevadores","2.3.6.3.04"]
[31151704,"Cable-vías","2.3.9.9.01"]
[31151705,"Cable de acero no eléctrico","2.3.9.9.05"]
[31151706,"Cable de cobre no eléctrico","2.3.9.9.05"]
[31151707,"Cable de aluminio no eléctrico","2.3.9.9.05"]
[31151800,"Alambre mecánico","NO DISPONIBLE"]
[31151803,"Cuerda de acero para piano","2.3.9.8.01"]
[31151804,"Alambre de grapa","2.3.9.2.01"]
[31151900,"Correas","NO DISPONIBLE"]
[31151901,"Correas de metal","2.3.6.3.06"]
[31151902,"Correas de cuero","2.3.5.2.01"]
[31151903,"Correas de fibra","2.3.9.9.05"]
[31151904,"Correas plásticas","2.3.9.9.05"]
[31151905,"Correas de caucho","2.3.9.9.05"]
[31152000,"Cable de seguridad","NO DISPONIBLE"]
[31152001,"Alambre de navaja","2.3.6.3.06"]
[31152002,"Alambre de púas","2.3.6.3.06"]
[31160000,"Ferretería","NO DISPONIBLE"]
[31161500,"Tornillos","NO DISPONIBLE"]
[31161501,"Tornillos de perno","2.3.6.3.06"]
[31161502,"Tornillos de anclaje","2.3.6.3.06"]
[31161503,"Clavo-tornillo","2.3.6.3.06"]
[31161504,"Tornillos de máquina","2.3.6.3.06"]
[31161505,"Tornillos de presión","2.3.6.3.06"]
[31161506,"Tornillos para lámina metálica","2.3.6.3.06"]
[31161507,"Tornillos roscadores","2.3.6.3.06"]
[31161508,"Tornillos de rosca para madera","2.3.6.3.06"]
[31161509,"Tornillos para drywall","2.3.6.3.06"]
[31161510,"Tornillo cautivo","2.3.6.3.06"]
[31161511,"Tornillos de apriete","2.3.6.3.06"]
[31161512,"Tornillos de rosca para laminados","2.3.6.3.06"]
[31161513,"Tornillos de cabeza perdida","2.3.6.3.06"]
[31161514,"Tornillos de soldadura","2.3.6.3.06"]
[31161516,"Tornillo de orejas","2.3.6.3.06"]
[31161517,"Tornillo de hombros","2.3.6.3.06"]
[31161518,"Tornillo de enchufe","2.3.6.3.06"]
[31161600,"Pernos","NO DISPONIBLE"]
[31161601,"Pernos de anclaje","2.3.6.3.06"]
[31161602,"Pernos ciegos","2.3.6.3.06"]
[31161603,"Pernos de carruaje","2.3.6.3.06"]
[31161604,"Pernos de horquilla","2.3.6.3.06"]
[31161605,"Pernos de cilindro","2.3.6.3.06"]
[31161606,"Cerrojos de puerta","2.3.6.3.06"]
[31161607,"Pernos de expansión","2.3.6.3.06"]
[31161608,"Tirafondos","2.3.6.3.06"]
[31161609,"Tornillo de fiador","2.3.6.3.06"]
[31161610,"Pernos de ojo","2.3.6.3.06"]
[31161611,"Pernos de sujeción","2.3.6.3.06"]
[31161612,"Pernos de espiga o de reborde","2.3.6.3.06"]
[31161613,"Pernos de tensión","2.3.6.3.06"]
[31161614,"Pernos estructurales","2.3.6.3.06"]
[31161616,"Pernos en u","2.3.6.3.06"]
[31161617,"Pernos de ala","2.3.6.3.06"]
[31161618,"Varilla roscada","2.3.6.3.06"]
[31161619,"Pernos prisioneros","2.3.6.3.06"]
[31161620,"Pernos de cabeza hexagonal","2.3.6.3.06"]
[31161621,"Pernos elevadores","2.3.6.3.06"]
[31161700,"Tuercas","NO DISPONIBLE"]
[31161701,"Tuercas de anclaje","2.3.6.3.06"]
[31161702,"Tuercas de rodamiento","2.3.6.3.06"]
[31161703,"Tuercas ciegas","2.3.6.3.06"]
[31161704,"Tuercas de cañón","2.3.6.3.06"]
[31161705,"Tuerca tapa","2.3.6.3.06"]
[31161706,"Tuercas cautivas","2.3.6.3.06"]
[31161707,"Tuercas almenadas","2.3.6.3.06"]
[31161708,"Tuercas de canal","2.3.6.3.06"]
[31161709,"Tuercas sujetadoras","2.3.6.3.06"]
[31161710,"Tuercas de expansión","2.3.6.3.06"]
[31161711,"Tuercas de ojo","2.3.6.3.06"]
[31161712,"Tuercas de brida","2.3.6.3.06"]
[31161713,"Tuercas de manguera","2.3.6.3.06"]
[31161714,"Tuercas de inserción","2.3.6.3.06"]
[31161716,"Contratuercas","2.3.6.3.06"]
[31161717,"Tuercas de aletas","2.3.6.3.06"]
[31161718,"Tuercas de fiador","2.3.6.3.06"]
[31161719,"Tuercas giratorias","2.3.6.3.06"]
[31161720,"Tuercas limitadoras","2.3.6.3.06"]
[31161721,"Tuercas de resorte","2.3.6.3.06"]
[31161722,"Tuercas de unión","2.3.6.3.06"]
[31161723,"Tuercas de placa con rosca","2.3.6.3.06"]
[31161724,"Tuercas de prensa","2.3.6.3.06"]
[31161725,"Tuercas abrazaderas","2.3.6.3.06"]
[31161726,"Tuercas domo","2.3.6.3.06"]
[31161727,"Tuercas hexagonales","2.3.6.3.06"]
[31161728,"Tuercas de acople","2.3.6.3.06"]
[31161729,"Tuercas estriadas","2.3.6.3.06"]
[31161730,"Tuercas cuadradas","2.3.6.3.06"]
[31161731,"Tuercas soldables","2.3.6.3.06"]
[31161800,"Arandelas","NO DISPONIBLE"]
[31161801,"Arandelas de seguridad","2.3.6.3.06"]
[31161802,"Arandelas achaflanadas","2.3.6.3.06"]
[31161803,"Arandelas de fijación","2.3.6.3.06"]
[31161804,"Arandelas curvas","2.3.6.3.06"]
[31161805,"Arandelas aislantes eléctricas","2.3.6.3.06"]
[31161806,"Arandelas de acabado","2.3.6.3.06"]
[31161807,"Arandelas planas","2.3.6.3.06"]
[31161808,"Arandelas abiertas","2.3.6.3.06"]
[31161809,"Arandelas reductoras","2.3.6.3.06"]
[31161810,"Arandelas de separación","2.3.6.3.06"]
[31161811,"Arandelas de resorte","2.3.6.3.06"]
[31161812,"Arandelas cuadradas","2.3.6.3.06"]
[31161813,"Arandelas giratorias","2.3.6.3.06"]
[31161814,"Arandelas de empuje","2.3.6.3.06"]
[31161815,"Arandelas de tope","2.3.6.3.06"]
[31161816,"Espaciadores y separadores","2.3.6.3.06"]
[31161817,"Arandelas cónicas","2.3.6.3.06"]
[31161818,"Arandelas de sellado","2.3.6.3.06"]
[31161819,"Juegos de arandelas","2.3.6.3.06"]
[31161820,"Arandelas en domo o esféricas","2.3.6.3.06"]
[31161900,"Muelles","NO DISPONIBLE"]
[31161901,"Muelles helicoidales","2.3.6.3.06"]
[31161902,"Muelles","2.3.6.3.06"]
[31161903,"Muelles espirales","2.3.6.3.06"]
[31161904,"Resortes de compresión","2.3.6.3.06"]
[31161905,"Resortes para estampas","2.3.6.3.06"]
[31161906,"Muelles de disco","2.3.6.3.06"]
[31161907,"Muelles de extensión","2.3.6.3.06"]
[31161908,"Muelles de torsión","2.3.6.3.06"]
[31162000,"Clavos","NO DISPONIBLE"]
[31162001,"Chinches","2.3.6.3.06"]
[31162002,"Clavos de sombrerete","2.3.6.3.06"]
[31162003,"Clavos de acabado","2.3.6.3.06"]
[31162004,"Clavos de mampostería","2.3.6.3.06"]
[31162005,"Clavos para tejados","2.3.6.3.06"]
[31162006,"Clavos de alambre","2.3.6.3.06"]
[31162007,"Clavos de tapicería","2.3.6.3.06"]
[31162008,"Pasadores de arrastre","2.3.6.3.06"]
[31162100,"Anclas","NO DISPONIBLE"]
[31162101,"Anclajes de concreto","2.3.6.3.06"]
[31162102,"Anclajes de cuña","2.3.6.3.06"]
[31162103,"Anclajes de pared","2.3.6.3.06"]
[31162104,"Anclajes de tornillo","2.3.6.3.06"]
[31162105,"Anclajes de resina","2.3.6.3.06"]
[31162106,"Anclaje de tubería","2.3.6.3.06"]
[31162107,"Anclajes de expansión de clavo","2.3.6.3.06"]
[31162108,"Anclajes de amarre","2.3.6.3.06"]
[31162200,"Remaches","NO DISPONIBLE"]
[31162201,"Remaches ciegos","2.3.6.3.06"]
[31162202,"Remaches de corona","2.3.6.3.06"]
[31162203,"Remaches de cabeza plana","2.3.6.3.06"]
[31162204,"Remaches completos","2.3.6.3.06"]
[31162205,"Remaches de trinquetes","2.3.6.3.06"]
[31162206,"Remaches de estañador","2.3.6.3.06"]
[31162207,"Remaches de compresión","2.3.6.3.06"]
[31162208,"Remaches de tonelero","2.3.6.3.06"]
[31162209,"Remaches de botón","2.3.6.3.06"]
[31162210,"Remaches articulados","2.3.6.3.06"]
[31162300,"Ferretería de montaje","NO DISPONIBLE"]
[31162301,"Perfiles de montaje","2.3.6.3.06"]
[31162303,"Barras de montaje","2.3.6.3.06"]
[31162304,"Regletas de montaje","2.3.6.3.06"]
[31162305,"Abrazaderas de montaje","2.3.6.3.06"]
[31162306,"Soportes colgantes de montaje","2.3.6.3.06"]
[31162307,"Placas de montaje","2.3.6.3.06"]
[31162308,"Paneles de montaje","2.3.6.3.06"]
[31162309,"Estantes de montaje","2.3.6.3.06"]
[31162310,"Correas de montaje","2.3.6.3.06"]
[31162311,"Bujes de pared","2.3.6.3.06"]
[31162312,"Pasadores de montaje","2.3.6.3.06"]
[31162313,"Kits de montaje","2.3.6.3.06"]
[31162400,"Fijadores varios","NO DISPONIBLE"]
[31162401,"Aros interiores","2.3.6.3.06"]
[31162402,"Cerraduras","2.3.9.9.04"]
[31162403,"Goznes o bisagras","2.3.6.3.06"]
[31162404,"Grapas","2.3.6.3.04"]
[31162405,"Tensores","2.3.6.3.06"]
[31162406,"Cierres para zunchado","2.3.6.3.06"]
[31162407,"Pestillo","2.3.6.3.06"]
[31162409,"Pasador de horquilla","2.3.6.3.06"]
[31162410,"Pasadores estriados","2.3.6.3.06"]
[31162411,"Anillos elásticos","2.3.6.3.06"]
[31162412,"Horquilla","2.3.6.3.06"]
[31162413,"Cierre de presión","2.3.6.3.06"]
[31162414,"Abrazadera","2.3.6.3.06"]
[31162415,"Uñeta","2.3.6.3.06"]
[31162416,"Pasadores de conexión o acoplamiento","2.3.6.3.06"]
[31162417,"Pasadores de alineación","2.3.6.3.06"]
[31162418,"Ataduras de torsión","2.3.6.3.06"]
[31162500,"Soportes y puntales","NO DISPONIBLE"]
[31162501,"Soportes para estanterías","2.3.6.3.06"]
[31162502,"Soportes en escuadra","2.3.6.3.06"]
[31162503,"Puntales","2.3.6.3.06"]
[31162504,"Soportes para accesorios eléctricos","2.3.6.3.06"]
[31162505,"Soportes de montaje magnético","2.3.6.3.06"]
[31162506,"Soporte de pared","2.3.9.8.02"]
[31162507,"Soportes de piñón","2.3.6.3.06"]
[31162600,"Ganchos","NO DISPONIBLE"]
[31162601,"Ganchos giratorios","2.3.6.3.06"]
[31162602,"Ganchos de resorte","2.3.6.3.06"]
[31162603,"Ganchos en s","2.3.6.3.06"]
[31162604,"Ganchos de seguridad","2.3.6.3.06"]
[31162605,"Ganchos de suspensión","2.3.6.3.06"]
[31162606,"Ganchos en j","2.3.6.3.06"]
[31162607,"Ganchos de alambre para riostras","2.3.6.3.06"]
[31162608,"Ganchos de grúa","2.3.6.3.06"]
[31162609,"Ganchos de atornillar","2.3.6.3.06"]
[31162610,"Ganchos de tablero","2.3.6.3.06"]
[31162611,"Gancho de deslizamiento","2.3.6.3.06"]
[31162700,"Roldanas pivotantes y ruedas","NO DISPONIBLE"]
[31162701,"Ruedas para muebles","2.3.9.8.01"]
[31162702,"Ruedas","2.3.9.8.01"]
[31162703,"Deslizadoras","2.3.9.8.01"]
[31162704,"Puntas de rodillo","2.3.9.8.01"]
[31162800,"Ferretería en general","NO DISPONIBLE"]
[31162801,"Chapas o pomos","2.3.9.8.02"]
[31162802,"Insertos","2.3.6.3.06"]
[31162803,"Grilletes","2.3.9.8.02"]
[31162804,"Topes de puerta","2.3.9.8.02"]
[31162805,"Cable dedal","2.3.6.3.04"]
[31162806,"Cubiertas de tornillos","2.3.9.8.02"]
[31162807,"Palancas","2.3.6.3.04"]
[31162808,"Barras de pánico","2.3.9.9.04"]
[31162809,"Pasadores posicionadores","2.3.6.3.04"]
[31162810,"Empalmes o placas de unión","2.3.9.8.02"]
[31162811,"Collar del eje","2.3.9.8.01"]
[31162900,"Mordazas","NO DISPONIBLE"]
[31162901,"Abrazaderas de espiga","2.3.9.8.02"]
[31162902,"Abrazaderas de resorte","2.3.6.3.06"]
[31162903,"Abrazaderas de tornillo","2.3.6.3.06"]
[31162904,"Abrazadera de cable metálico","2.3.6.3.06"]
[31162905,"Abrazadera para viga doble t","2.3.6.3.06"]
[31162906,"Abrazaderas de manguera o tubo","2.3.9.8.02"]
[31163000,"Embragues","NO DISPONIBLE"]
[31163001,"Acoples elastoméricos","2.3.9.8.01"]
[31163002,"Acoples por engranaje","2.3.9.8.01"]
[31163003,"Acoples metálicos","2.3.9.8.02"]
[31163004,"Acoples en miniatura","2.3.9.8.01"]
[31163005,"Manguitos de acoplamiento","2.3.9.8.01"]
[31163100,"Conectores","NO DISPONIBLE"]
[31163101,"Desconectores rápidos","2.3.9.8.01"]
[31163102,"Férula","2.3.9.8.01"]
[31163103,"Conector de remolque","2.3.9.6.01"]
[31163200,"Herraje de retención","NO DISPONIBLE"]
[31163201,"Pasadores de resorte","2.3.6.3.06"]
[31163202,"Anillos de retención","2.3.6.3.06"]
[31163203,"Pasador de espiga","2.3.6.3.06"]
[31163204,"Pasador de horquilla","2.3.6.3.06"]
[31163205,"Pasadores de cono","2.3.6.3.06"]
[31163207,"Horquillas de eje o de disco","2.3.6.3.06"]
[31163208,"Bloquecillo","2.3.6.3.06"]
[31163209,"Soportes o retenes del rodamiento","2.3.6.3.06"]
[31163210,"Collares de retención","2.3.9.8.01"]
[31163211,"Grapas de retención","2.3.6.3.06"]
[31163212,"Pasadores roscados","2.3.6.3.06"]
[31163213,"Pasadores de pivote","2.3.6.3.06"]
[31163214,"Pasadores de deslizamiento","2.3.6.3.06"]
[31163215,"Pasadores estriados","2.3.6.3.06"]
[31163300,"Espaciadores","NO DISPONIBLE"]
[31163301,"Tornillo de dos extremos\n","2.3.9.8.02"]
[31170000,"Rodamientos, cojinetes ruedas y engranajes","NO DISPONIBLE"]
[31171500,"Rodamientos","NO DISPONIBLE"]
[31171501,"Rodamientos embridados","2.3.6.3.06"]
[31171502,"Rodamientos radiales","2.3.9.8.01"]
[31171503,"Rodamientos de rueda","2.3.9.8.01"]
[31171504,"Rodamientos de balineras","2.3.6.3.06"]
[31171505,"Rodamientos de rodillos","2.3.6.3.06"]
[31171506,"Rodamientos lineales","2.3.6.3.06"]
[31171507,"Rodamientos de empuje","2.3.6.3.06"]
[31171508,"Rodamientos de cabeza de biela","2.3.6.3.06"]
[31171509,"Rodamientos de manguito interior","2.3.6.3.06"]
[31171510,"Rodamientos esféricos","2.3.6.3.06"]
[31171511,"Soportes de cojinetes","2.3.6.3.06"]
[31171512,"Rodamiento de agujas","2.3.6.3.06"]
[31171513,"Rodamientos colgaderos","2.3.6.3.06"]
[31171515,"Rodamientos simples","2.3.6.3.06"]
[31171516,"Rodamientos cónicos","2.3.6.3.06"]
[31171518,"Jaula de rodamiento","2.3.6.3.06"]
[31171519,"Carcasas o pedestales de rodamientos","2.3.6.3.06"]
[31171520,"Muñones de rodamientos","2.3.6.3.06"]
[31171521,"Bolas o rodillos de cojinete","2.3.6.3.06"]
[31171522,"Rodamientos magnéticos","2.3.6.3.06"]
[31171523,"Rodamientos neumáticos","2.3.6.3.06"]
[31171524,"Tapas de rodamientos","2.3.6.3.06"]
[31171525,"Revestimientos de rodamiento","2.3.6.3.06"]
[31171526,"Almohadillas de rodamiento","2.3.6.3.06"]
[31171527,"Conos de rodamiento","2.3.6.3.06"]
[31171528,"Rodamiento partido","2.3.6.3.06"]
[31171529,"Sombreretes de rodamiento","2.3.6.3.06"]
[31171600,"Cojinetes","NO DISPONIBLE"]
[31171603,"Bujes de taladro","2.3.6.3.06"]
[31171604,"Bujes pilotos","2.3.6.3.06"]
[31171605,"Bujes de eje","2.3.6.3.06"]
[31171606,"Bujes de brida","2.3.6.3.06"]
[31171700,"Engranajes","NO DISPONIBLE"]
[31171704,"Engranajes de fricción","2.3.6.3.06"]
[31171706,"Engranajes cónicos","2.3.6.3.06"]
[31171707,"Engranajes rectos","2.3.6.3.06"]
[31171708,"Engranajes biselados","2.3.6.3.06"]
[31171709,"Engranajes cremallera","2.3.6.3.06"]
[31171710,"Engranajes piñón","2.3.6.3.06"]
[31171711,"Engranajes de anillo","2.3.6.3.06"]
[31171712,"Engranajes de tornillo sin fin","2.3.6.3.06"]
[31171713,"Engranajes laterales","2.3.6.3.06"]
[31171714,"Engranajes helicoidales","2.3.6.3.06"]
[31171800,"Ruedas industriales","NO DISPONIBLE"]
[31171801,"Ruedas dentadas","2.3.6.3.06"]
[31171802,"Ruedas motrices","2.3.6.3.06"]
[31171803,"Rueda voladora","2.3.6.3.06"]
[31171804,"Poleas","2.3.6.3.06"]
[31171805,"Cepillos de rueda","2.3.6.3.04"]
[31171806,"Ruedas de rodillos","2.3.9.8.01"]
[31171900,"Ruedas dentadas","NO DISPONIBLE"]
[31171901,"Ruedas dentadas para cadena de rodillos","2.3.6.3.06"]
[31180000,"Empaques, glándulas, fundas y cubiertas","NO DISPONIBLE"]
[31181500,"Juntas obturadoras","NO DISPONIBLE"]
[31181501,"Juntas obturadoras plásticas","2.3.9.8.01"]
[31181502,"Juntas obturadoras de caucho","2.3.5.4.01"]
[31181503,"Juntas obturadoras de metal","2.3.9.8.01"]
[31181504,"Juntas obturadoras textiles","2.3.9.8.01"]
[31181505,"Juntas obturadoras de corcho","2.3.1.4.01"]
[31181506,"Juntas teóricas","2.3.9.8.01"]
[31181507,"Juntas de interferencia electromagnética (IEM)","2.3.9.8.01"]
[31181508,"Juntas bulonadas","2.3.9.8.01"]
[31181509,"Equipos de cubrejuntas","2.3.9.8.01"]
[31181510,"Juntas de silicona","2.3.9.8.01"]
[31181511,"Juntas líquidas","2.3.9.8.01"]
[31181512,"Juntas de fibra comprimida","2.3.9.8.01"]
[31181600,"Sellos industriales","NO DISPONIBLE"]
[31181601,"Sellos de plástico","2.3.9.9.05"]
[31181602,"Sellos de caucho","2.3.9.8.01"]
[31181603,"Sellos metálicos","2.3.6.3.06"]
[31181604,"Sello mecánico","2.3.6.3.06"]
[31181605,"Sellos de diafragma","2.3.6.3.06"]
[31181606,"Juegos de sellos","2.3.6.3.06"]
[31181607,"Manguitos de mástil","2.3.6.3.06"]
[31181700,"Embalajes y empaquetaduras","NO DISPONIBLE"]
[31181701,"Empaques","2.3.9.9.05"]
[31181702,"Prensaestopas","2.3.9.8.01"]
[31181703,"Deflectores de aceite","2.3.9.8.01"]
[31190000,"Materiales de afilado pulido y alisado","NO DISPONIBLE"]
[31191500,"Abrasivos y medios de abrasivo","NO DISPONIBLE"]
[31191501,"Papeles abrasivos","2.3.6.4.06"]
[31191502,"Pulidor","2.3.6.4.06"]
[31191504,"Telas abrasivas","2.3.6.4.06"]
[31191505,"Almohadillas abrasivas","2.3.6.4.06"]
[31191506,"Discos abrasivos","2.3.6.4.06"]
[31191507,"Cintas abrasivas","2.3.6.4.06"]
[31191508,"Polvo de diamante","2.3.6.4.06"]
[31191509,"Pulidores abrasivos","2.3.9.8.02"]
[31191510,"Piedras abrasivas","2.3.6.4.06"]
[31191511,"Virutas de acero","2.3.6.4.06"]
[31191512,"Chorro de balines o perdigones","2.3.9.9.05"]
[31191513,"Cuentas de vidrio","2.3.6.2.01"]
[31191514,"Medio amortiguador","2.3.6.4.06"]
[31191515,"Malla abrasiva","2.3.6.4.06"]
[31191516,"Rollos de cartucho abrasivo","2.3.6.4.06"]
[31191517,"Planchas de esmeril","2.3.6.4.06"]
[31191518,"Carburo de tungsteno","2.3.6.4.06"]
[31191519,"Tambores abrasivos","2.3.9.8.02"]
[31191600,"Ruedas abrasivas","NO DISPONIBLE"]
[31191601,"Ruedas abrasivas cúbicas de nitrato borozon","2.3.9.8.01"]
[31191602,"Ruedas abrasivas de diamante","2.3.9.8.01"]
[31191603,"Ruedas abrasivas de carburo de tungsteno","2.3.9.8.01"]
[31200000,"Adhesivos y selladores","NO DISPONIBLE"]
[31201500,"Cinta adhesiva","NO DISPONIBLE"]
[31201501,"Cinta de ductos","2.3.9.9.05"]
[31201502,"Cinta aislante eléctrica","2.3.9.6.01"]
[31201503,"Cinta de enmascarar","2.3.9.9.05"]
[31201504,"Cinta para alfombras","2.3.9.9.05"]
[31201505,"Cinta doble faz","2.3.9.2.01"]
[31201506,"Cinta de bísmalemida","2.3.9.9.05"]
[31201507,"Cinta de fibra de vidrio","2.3.9.9.05"]
[31201508,"Cinta de grafito","2.3.9.9.05"]
[31201509,"Cinta de nylon","2.3.9.9.05"]
[31201510,"Cinta impregnada de resina","2.3.9.9.05"]
[31201511,"Cinta de malla metálica","2.3.9.9.05"]
[31201512,"Cinta transparente","2.3.9.2.01"]
[31201513,"Cintas antideslizantes de seguridad","2.3.9.9.05"]
[31201514,"Cinta de sellado de hilo de poli tetrafluoretileno (ptfe)","2.3.9.9.05"]
[31201515,"Cintas de papel","2.3.9.9.05"]
[31201516,"Cinta reflectiva","2.3.9.9.05"]
[31201517,"Cinta para empaquetar","2.3.9.9.05"]
[31201518,"Cinta conductora de electricidad","2.3.9.9.05"]
[31201519,"Cinta para reparar tubería o manguera","2.3.9.9.05"]
[31201520,"Cinta para marcar los pasillos","2.3.9.9.05"]
[31201521,"Cinta metálica","2.3.9.9.05"]
[31201522,"Cinta de transferencia adhesiva","2.3.9.9.05"]
[31201523,"Cinta de tela","2.3.9.9.05"]
[31201524,"Cinta para codificación de color","2.3.9.9.05"]
[31201525,"Cinta de vinilo","2.3.9.9.05"]
[31201526,"Cinta magnética","2.3.9.9.05"]
[31201527,"Cintas de espuma","2.3.9.9.05"]
[31201528,"Cinta de montaje","2.3.9.9.05"]
[31201600,"Otros adhesivos y selladores","NO DISPONIBLE"]
[31201601,"Adhesivos químicos","2.3.7.2.99"]
[31201602,"Pastas","2.3.7.2.99"]
[31201603,"Gomas","2.3.7.2.99"]
[31201604,"Cementos de caucho","2.3.7.2.99"]
[31201605,"Masillas","2.3.7.2.99"]
[31201606,"Calafateos","2.3.7.2.99"]
[31201607,"Aglomerante epoxy","2.3.7.2.99"]
[31201608,"Adhesivos de espuma","2.3.7.2.99"]
[31201609,"Adhesivos de termo impregnación","2.3.7.2.99"]
[31201610,"Pegamentos","2.3.7.2.99"]
[31201611,"Adhesivos de lámina","2.3.7.2.99"]
[31201612,"Selladores de rosca","2.3.7.2.99"]
[31201613,"Adhesivo reusable","2.3.7.2.99"]
[31201614,"Lacre","2.3.7.2.99"]
[31201615,"Activadores del adhesivo","2.3.7.2.99"]
[31201616,"Adhesivos líquidos","2.3.7.2.99"]
[31201617,"Cementos disolventes","2.3.7.2.99"]
[31210000,"Pinturas y bases y acabados","NO DISPONIBLE"]
[31211500,"Pinturas y tapa poros","NO DISPONIBLE"]
[31211501,"Pinturas de esmalte","2.3.7.2.06"]
[31211502,"Pinturas de agua","2.3.7.2.06"]
[31211503,"Pinturas basadas en pigmentos","2.3.7.2.06"]
[31211504,"Pinturas de revestimiento","2.3.7.2.06"]
[31211505,"Pinturas de aceite","2.3.7.2.06"]
[31211506,"Pinturas de látex","2.3.7.2.06"]
[31211507,"Pinturas en aerosol","2.3.7.2.06"]
[31211508,"Pinturas acrílicas","2.3.7.2.06"]
[31211509,"Bases para esmalte","2.3.7.2.06"]
[31211510,"Bases de poliuretano","2.3.7.2.06"]
[31211511,"Bases de uretano","2.3.7.2.06"]
[31211512,"Bases de látex","2.3.7.2.06"]
[31211600,"Aditivos para pinturas","NO DISPONIBLE"]
[31211601,"Lechada de cal con cola para blanquear paredes","2.3.7.2.06"]
[31211602,"Lechada de cal con cola para blanquear paredes","2.3.7.2.06"]
[31211603,"Secantes de pintura","2.3.7.2.06"]
[31211604,"Extensor o retardador de pintura","2.3.7.2.06"]
[31211605,"Agentes antideslizantes","2.3.7.2.06"]
[31211606,"Agentes niveladores","2.3.7.2.06"]
[31211700,"Acabados en general","NO DISPONIBLE"]
[31211701,"Vitrificados","2.3.6.2.01"]
[31211702,"Lustres","2.3.7.2.06"]
[31211703,"Lacas","2.3.7.2.06"]
[31211704,"Sellantes","2.3.7.2.06"]
[31211705,"Barniz de laca","2.3.7.2.06"]
[31211706,"Tinturas","2.3.7.2.06"]
[31211707,"Barnices","2.3.7.2.06"]
[31211708,"Recubrimiento de polvo","2.3.7.2.06"]
[31211800,"Disolventes y diluyentes para pinturas","NO DISPONIBLE"]
[31211801,"Removedores de pintura o barniz","2.3.7.2.06"]
[31211802,"Compuestos para arrancar pintura o barniz","2.3.7.2.06"]
[31211803,"Diluyentes para pinturas y barnices","2.3.7.2.06"]
[31211900,"Aplicadores de pintura y accesorios para pintar","NO DISPONIBLE"]
[31211901,"Paños para herramientas","2.3.9.9.05"]
[31211902,"Herramientas para bordes","2.3.6.3.04"]
[31211903,"Equipo para protección","2.3.9.9.04"]
[31211904,"Brochas","2.3.6.3.04"]
[31211905,"Mezcladores de pintura","2.3.6.3.04"]
[31211906,"Rodillos de pintar","2.3.6.3.04"]
[31211908,"Pistolas de pintar","2.3.6.3.04"]
[31211909,"Bandejas de pintura","2.3.6.3.04"]
[31211910,"Guantes para pintar","2.3.9.9.01"]
[31211912,"Varillas telescópicas","2.3.9.8.02"]
[31211913,"Boquillas de pintura","2.3.6.3.04"]
[31211914,"Cepillos de aire","2.3.6.3.04"]
[31211915,"Coladores de pintura","2.3.6.3.04"]
[31211916,"Forradores de bandeja de pintura","2.3.9.9.05"]
[31211917,"Cubiertas para rodillos de pintura","2.3.9.9.05"]
[31230000,"Materia prima en placas o barras labradas","NO DISPONIBLE"]
[31231100,"Material en barra labrada","NO DISPONIBLE"]
[31231101,"Aluminio en barra labrada","2.3.6.3.06"]
[31231102,"Berilio en barra labrada","2.3.6.3.06"]
[31231103,"Latón en barra labrada","2.3.6.3.06"]
[31231104,"Bronce en barra labrada","2.3.6.3.06"]
[31231105,"Cobre en barra labrada","2.3.6.3.06"]
[31231106,"Hierro en barra labrada","2.3.6.3.06"]
[31231107,"Plomo en barra labrada","2.3.6.3.06"]
[31231108,"Magnesio en barra labrada","2.3.6.3.06"]
[31231109,"Metal precioso en barra labrada","2.3.6.3.06"]
[31231110,"Acero inoxidable en barra labrada","2.3.6.3.06"]
[31231111,"Estaño en barra labrada","2.3.6.3.06"]
[31231112,"Titanio en barra labrada","2.3.6.3.06"]
[31231113,"Cinc en barra labrada","2.3.6.3.06"]
[31231114,"Aleación no ferrosa en barra labrada","2.3.6.3.06"]
[31231115,"Aleación ferrosa en barra labrada","2.3.6.3.06"]
[31231116,"Acero en barra labrada","2.3.6.3.06"]
[31231117,"Compuestos en barra labrada","2.3.6.3.06"]
[31231118,"Aleación de níquel en barra labrada","2.3.6.3.06"]
[31231119,"Material no metálico en barra labrada","2.3.6.3.06"]
[31231200,"Material en placas labrado","NO DISPONIBLE"]
[31231201,"Aluminio en placa labrada","2.3.6.3.06"]
[31231202,"Berilio en placa labrada","2.3.6.3.06"]
[31231203,"Latón en placa labrada","2.3.6.3.06"]
[31231204,"Bronce en placa labrada","2.3.6.3.06"]
[31231205,"Cobre en placa labrada","2.3.6.3.06"]
[31231206,"Hierro en placa labrada","2.3.6.3.06"]
[31231207,"Plomo en placa labrada","2.3.6.3.06"]
[31231208,"Magnesio en placa labrada","2.3.6.3.06"]
[31231209,"Metal precioso en placa labrada","2.3.6.3.06"]
[31231210,"Acero inoxidable en placa labrada","2.3.6.3.06"]
[31231211,"Estaño en placa labrada","2.3.6.3.06"]
[31231212,"Titanio en placa labrada","2.3.6.3.06"]
[31231213,"Cinc en placa labrada","2.3.6.3.06"]
[31231214,"Aleación no ferrosa en placa labrada","2.3.6.3.06"]
[31231215,"Aleación ferrosa en placa labrada","2.3.6.3.06"]
[31231216,"Acero en placa labrada","2.3.6.3.06"]
[31231217,"Compuestos en placa labrada","2.3.6.3.06"]
[31231218,"Aleación de níquel en placa labrada","2.3.6.3.06"]
[31231219,"Material no metálico en placa labrada","2.3.6.9.01"]
[31231300,"Tubos y tubería","NO DISPONIBLE"]
[31231301,"Tubería de aleación ferrosa","2.3.9.8.02"]
[31231302,"Tubería de cobre","2.3.9.8.02"]
[31231303,"Tubería de titanio","2.3.6.3.06"]
[31231304,"Tubería de magnesio","2.3.6.3.06"]
[31231305,"Tubería de estaño","2.3.6.3.06"]
[31231306,"Tubería de latón","2.3.6.3.06"]
[31231307,"Tubería de plomo","2.3.6.3.06"]
[31231308,"Tubería de bronce","2.3.6.3.06"]
[31231309,"Tubería de cinc","2.3.6.3.06"]
[31231310,"Tubería de acero","2.3.9.8.02"]
[31231311,"Tubería de hierro","2.3.9.8.02"]
[31231312,"Tubería de cemento","2.3.9.8.02"]
[31231313,"Tubería de plástico","2.3.9.8.02"]
[31231314,"Tubería de goma","2.3.9.8.02"]
[31231315,"Tubería de cristal","2.3.6.2.01"]
[31231316,"Tubería de piedra","2.3.6.4.04"]
[31231317,"Tubería de aleación no ferrosa","2.3.9.8.02"]
[31231318,"Tubería de aluminio","2.3.9.8.02"]
[31231319,"Tubería de acero inoxidable","2.3.6.3.06"]
[31231320,"Tubería de metal precioso","2.3.6.3.06"]
[31231321,"Tuberías de nailon","2.3.5.5.01"]
[31231400,"Suplementos","NO DISPONIBLE"]
[31231401,"Platina de latón","2.3.6.3.06"]
[31231402,"Platina de acero","2.3.6.3.06"]
[31231403,"Platina de acero inoxidable","2.3.6.3.06"]
[31231404,"Platina de aluminio","2.3.6.3.06"]
[31231405,"Platina de cobre","2.3.6.3.06"]
[31240000,"Óptica industrial","NO DISPONIBLE"]
[31241500,"Lentes y prismas","NO DISPONIBLE"]
[31241501,"Lentes","2.3.9.8.02"]
[31241502,"Prismas","2.3.6.2.01"]
[31241600,"Cristales ópticos","NO DISPONIBLE"]
[31241601,"Cristales de filtro","2.3.6.2.01"]
[31241602,"Discos de cristal","2.3.6.2.01"]
[31241603,"Vidrio moldeado","2.3.6.2.01"]
[31241604,"Cristales de prismas","2.3.6.2.01"]
[31241605,"Cristales de silicio","2.3.6.2.01"]
[31241606,"Cristales de germanio","2.3.6.2.01"]
[31241607,"Barras redondas","2.3.6.3.06"]
[31241608,"Barras cuadradas","2.3.6.3.06"]
[31241609,"Cristales indicadores de muestra","2.3.6.2.01"]
[31241610,"Blancos de material óptico infrarrojo","2.3.6.2.01"]
[31241700,"Espejos","NO DISPONIBLE"]
[31241701,"Espejos torneados con herramienta de diamante","2.3.6.2.01"]
[31241702,"Espejos metálicos","2.3.6.2.01"]
[31241703,"Espejos parabólicos","2.3.6.2.01"]
[31241704,"Espejos sin revestimiento","2.3.6.2.01"]
[31241705,"Espejos para láser","2.3.6.2.01"]
[31241800,"Filtros ópticos","NO DISPONIBLE"]
[31241801,"Filtros ópticos de banda ancha","2.3.6.2.01"]
[31241802,"Filtros de gradiente","2.3.6.2.01"]
[31241803,"Filtros infrarrojos","2.3.6.2.01"]
[31241804,"Filtros de láser","2.3.6.2.01"]
[31241805,"Filtros de banda estrecha","2.3.6.2.01"]
[31241806,"Filtros de película de plástico","2.3.6.2.01"]
[31241807,"Filtros visuales","2.3.6.2.01"]
[31241900,"Bóvedas ópticas","NO DISPONIBLE"]
[31241901,"Bóvedas de especialidad","2.6.9.9.01"]
[31241902,"Bóvedas torneadas con diamante","2.6.9.9.01"]
[31241903,"Bóvedas metálicas","2.6.9.9.01"]
[31241904,"Bóvedas de vidrio moldeado","2.6.9.9.01"]
[31241905,"Bóvedas moldeadas del policarbonato","2.6.9.9.01"]
[31241906,"Bóvedas reproducidas","2.6.9.9.01"]
[31241907,"Bóvedas formadas","2.6.9.9.01"]
[31241908,"Bóvedas frangibles","2.6.9.9.01"]
[31242000,"Ventanas de láser y lentes","NO DISPONIBLE"]
[31242001,"Ventana externa de láser o lentes","2.3.6.2.01"]
[31242002,"Ventanas de lentes infrarrojos o de láser","2.3.6.2.01"]
[31242003,"Ventana visual de láser o lentes","2.3.6.2.01"]
[31242100,"Accesorios de dispositivos ópticos","NO DISPONIBLE"]
[31242101,"Monturas ópticas","2.3.6.2.01"]
[31242103,"Aberturas o ranuras ópticas","2.3.6.2.01"]
[31242104,"Soportes o carriles ópticos","2.3.6.2.01"]
[31242105,"Identificadores de fibra óptica","2.3.6.2.01"]
[31242106,"Recubrimientos ópticos","2.3.6.2.01"]
[31242200,"Componentes ópticos variados","NO DISPONIBLE"]
[31242201,"Divisores del haz óptico","2.3.6.2.01"]
[31242202,"Polarizadores","2.3.6.2.01"]
[31242203,"Despolarizadores","2.3.6.2.01"]
[31242204,"Difusores ópticos","2.3.9.9.05"]
[31242205,"Retardadores ópticos","2.3.6.2.01"]
[31242206,"Vidrios ópticamente planos","2.3.6.2.01"]
[31242207,"Montajes ópticos experimentales","2.3.9.3.01"]
[31242208,"Picadores ópticos","2.3.9.9.05"]
[31250000,"Sistemas de control neumático, hidráulico o eléctrico","NO DISPONIBLE"]
[31251500,"Activadores","NO DISPONIBLE"]
[31251501,"Activadores eléctricos","2.6.5.6.01"]
[31251502,"Activadores electrónicos","2.6.5.6.01"]
[31251503,"Activadores hidráulicos","2.6.5.6.01"]
[31251504,"Activadores neumáticos","2.6.5.6.01"]
[31251505,"Servoválvula","2.6.5.6.01"]
[31251506,"Activadores por engranajes","2.6.5.6.01"]
[31251507,"Activadores giratorios","2.6.5.6.01"]
[31251508,"Activadores fotoeléctricos","2.6.5.6.01"]
[31251509,"Activadores electromagnéticos","2.6.5.6.01"]
[31251510,"Solenoides","2.6.5.6.01"]
[31251511,"Activadores lineales","2.6.5.6.01"]
[31251600,"Componentes de robot","NO DISPONIBLE"]
[31251601,"Efectores finales robóticos","2.3.5.5.01"]
[31260000,"Cubiertas, cajas y envolturas","NO DISPONIBLE"]
[31261500,"Cubiertas y cajas","NO DISPONIBLE"]
[31261501,"Cubiertas y carcasas de plástico","2.3.9.8.02"]
[31261502,"Cubiertas y carcasas de metal","2.3.9.8.01"]
[31261503,"Cubiertas y carcasas de acero","2.3.9.8.01"]
[31261504,"Carcasas de cajas de cambios","2.3.9.8.01"]
[31261505,"Carcasas de embrague","2.3.9.8.01"]
[31261600,"Cascos y envolturas","NO DISPONIBLE"]
[31261601,"Envoltorios o recubrimientos de plástico","2.3.5.5.01"]
[31261602,"Envoltorios o recubrimientos de metal","2.3.6.3.06"]
[31261603,"Envoltorios o recubrimientos de acero","2.3.6.3.06"]
[31261700,"Cerramientos o alojamientos insonorizantes","NO DISPONIBLE"]
[31261701,"Carcasa  insonorizante de máquina","2.3.9.8.01"]
[31261702,"Cerramiento insonorizante de conjunto de generador montado","2.3.9.8.01"]
[31261703,"Carcasa insonorizante de bomba","2.3.9.8.01"]
[31261704,"Carcasa insonorizante de admisión de aire","2.3.9.8.01"]
[31270000,"Piezas hechas a máquina","NO DISPONIBLE"]
[31271600,"Piezas hechas con torno de roscar","NO DISPONIBLE"]
[31271601,"Piezas hechas en torno de roscar de metal","2.3.6.3.06"]
[31271602,"Piezas hechas en torno de roscar no metales","2.3.6.9.01"]
[31280000,"Componentes de placa y estampados","NO DISPONIBLE"]
[31281500,"Componentes estampados","NO DISPONIBLE"]
[31281502,"Componentes de aluminio estampados","2.3.9.8.01"]
[31281503,"Componentes de aleaciones ferrosas estampados","2.3.9.8.01"]
[31281504,"Componentes de hierro estampados","2.3.9.8.01"]
[31281505,"Componentes de aleaciones no ferrosas estampados","2.3.9.8.01"]
[31281506,"Componentes de acero inoxidable estampados","2.3.9.8.01"]
[31281507,"Componentes de acero al carbono estampados","2.3.9.8.01"]
[31281508,"Componentes de magnesio estampados","2.3.9.8.01"]
[31281509,"Componentes de zinc estampados","2.3.9.8.01"]
[31281510,"Componentes de estaño estampados","2.3.9.8.01"]
[31281511,"Componentes de titanio estampados","2.3.9.8.01"]
[31281512,"Componentes de berilio estampados","2.3.9.8.01"]
[31281513,"Componentes de metal precioso estampados","2.3.9.8.01"]
[31281514,"Componentes de cobre estampados","2.3.9.8.01"]
[31281515,"Componentes de plomo estampados","2.3.9.8.01"]
[31281516,"Componentes de latón estampados","2.3.9.8.01"]
[31281517,"Componentes de bronce estampados","2.3.9.8.01"]
[31281518,"Componentes compuestos estampados","2.3.9.8.01"]
[31281519,"Componentes de aleación de níquel estampados","2.3.9.8.01"]
[31281520,"Componentes no metálicos estampados","2.3.9.8.01"]
[31281521,"Estampados recubiertos","2.3.9.8.01"]
[31281700,"Componentes soldados","NO DISPONIBLE"]
[31281701,"Componentes de metal soldado","2.3.9.8.01"]
[31281800,"Componentes perforados","NO DISPONIBLE"]
[31281801,"Componentes de aluminio perforados","2.3.9.8.01"]
[31281802,"Componentes de aleación ferrosa perforados","2.3.9.8.01"]
[31281803,"Componentes de hierro perforados","2.3.9.8.01"]
[31281804,"Componentes de aleaciones no ferrosas perforados","2.3.9.8.01"]
[31281805,"Componentes de acero inoxidable perforados","2.3.9.8.01"]
[31281806,"Componentes de acero al carbono perforados","2.3.9.8.01"]
[31281807,"Componentes compuestos perforados","2.3.9.8.01"]
[31281808,"Componentes de aleación de níquel perforados","2.3.9.8.01"]
[31281809,"Componentes no metálicos perforados","2.3.9.8.01"]
[31281810,"Componentes de titanio perforados","2.3.9.8.01"]
[31281811,"Componentes de berilio perforados","2.3.9.8.01"]
[31281812,"Componentes de metal precioso perforados","2.3.9.8.01"]
[31281813,"Componentes de cobre perforados","2.3.9.8.01"]
[31281814,"Componentes de plomo perforados","2.3.9.8.01"]
[31281815,"Componentes de latón perforados","2.3.9.8.01"]
[31281816,"Componentes de bronce perforados","2.3.9.8.01"]
[31281817,"Componentes de magnesio perforados","2.3.9.8.01"]
[31281818,"Componentes de zinc perforados","2.3.9.8.01"]
[31281819,"Componentes de estaño perforados","2.3.9.8.01"]
[31281900,"Componentes formados por estiraje","NO DISPONIBLE"]
[31281901,"Componentes de aluminio formados por estiramiento","2.3.9.8.01"]
[31281902,"Componentes de berilio formados por estiramiento","2.3.9.8.01"]
[31281903,"Componentes de latón formados por estiramiento","2.3.9.8.01"]
[31281904,"Componentes de bronce formados por estiramiento","2.3.9.8.01"]
[31281905,"Componentes compuestos formados por estiramiento","2.3.9.8.01"]
[31281906,"Componentes de cobre formados por estiramiento","2.3.9.8.01"]
[31281907,"Componentes de aleación ferrosa formados por estiramiento","2.3.9.8.01"]
[31281908,"Componentes de hierro formados por estiramiento","2.3.9.8.01"]
[31281909,"Componentes de plomo formados por estiramiento","2.3.9.8.01"]
[31281910,"Componentes de magnesio formados por estiramiento","2.3.9.8.01"]
[31281911,"Componentes de aleación de níquel formados por estiramiento","2.3.9.8.01"]
[31281912,"Componentes de aleación no ferrosa formados por estiramiento","2.3.9.8.01"]
[31281913,"Componentes no metálicos formados por estiramiento","2.3.9.8.01"]
[31281914,"Componentes de metal precioso formados por estiramiento","2.3.9.8.01"]
[31281915,"Componentes de acero inoxidable formados por estiramiento","2.3.9.8.01"]
[31281916,"Componentes de acero formados por estiramiento","2.3.9.8.01"]
[31281917,"Componentes de estaño formados por estiramiento","2.3.9.8.01"]
[31281918,"Componentes de titanio formados por estiramiento","2.3.9.8.01"]
[31281919,"Componentes de zinc formados por estiramiento","2.3.9.8.01"]
[31282000,"Componentes hidro formados","NO DISPONIBLE"]
[31282001,"Componentes de aluminio hidroformados","2.3.9.8.01"]
[31282002,"Componentes de berilio hidroformados","2.3.9.8.01"]
[31282003,"Componentes de latón hidroformados","2.3.9.8.01"]
[31282004,"Componentes de bronce hidroformados","2.3.9.8.01"]
[31282005,"Componentes compuestos hidroformados","2.3.9.8.01"]
[31282006,"Componentes de cobre hidroformados","2.3.9.8.01"]
[31282007,"Componentes de aleación ferrosa hidroformados","2.3.9.8.01"]
[31282008,"Componentes de hierro hidroformados","2.3.9.8.01"]
[31282009,"Componentes de plomo hidroformados","2.3.9.8.01"]
[31282010,"Componentes de magnesio hidroformados","2.3.9.8.01"]
[31282011,"Componentes de aleación de níquel hidroformados","2.3.9.8.01"]
[31282012,"Componentes de aleación no ferrosa hidroformados","2.3.9.8.01"]
[31282013,"Componentes no metálicos hidroformados","2.3.9.8.01"]
[31282014,"Componentes de metal precioso hidroformados","2.3.9.8.01"]
[31282015,"Componentes de acero inoxidable hidroformados","2.3.9.8.01"]
[31282016,"Componentes de acero hidroformados","2.3.9.8.01"]
[31282017,"Componentes de estaño hidroformados","2.3.9.8.01"]
[31282018,"Componentes de titanio hidroformados","2.3.9.8.01"]
[31282019,"Componentes de zinc hidroformados","2.3.9.8.01"]
[31282100,"Componentes formados con rotación","NO DISPONIBLE"]
[31282101,"Componentes de aluminio formados en torno","2.3.9.8.01"]
[31282102,"Componentes de berilio formados en torno","2.3.9.8.01"]
[31282103,"Componentes de latón formados en torno","2.3.9.8.01"]
[31282104,"Componentes de bronce formados en torno","2.3.9.8.01"]
[31282105,"Componentes compuestos formados en torno","2.3.9.8.01"]
[31282106,"Componentes de cobre formados en torno","2.3.9.8.01"]
[31282107,"Componentes de aleación ferrosa formados en torno","2.3.9.8.01"]
[31282108,"Componentes de hierro formados en torno","2.3.9.8.01"]
[31282109,"Componentes de plomo formados en torno","2.3.9.8.01"]
[31282110,"Componentes de magnesio formados en torno","2.3.9.8.01"]
[31282111,"Componentes de aleación de níquel formados en torno","2.3.9.8.01"]
[31282112,"Componentes de aleación no ferrosa formados en torno","2.3.9.8.01"]
[31282113,"Componentes no metálicos formados en torno","2.3.9.8.01"]
[31282114,"Componentes de metal precioso formados en torno","2.3.9.8.01"]
[31282115,"Componentes de acero inoxidable formados en torno","2.3.9.8.01"]
[31282116,"Componentes de acero formados en torno","2.3.9.8.01"]
[31282117,"Componentes de estaño formados en torno","2.3.9.8.01"]
[31282118,"Componentes de titanio formados en torno","2.3.9.8.01"]
[31282119,"Componentes de zinc formados en torno","2.3.9.8.01"]
[31282200,"Componentes formados con rodillo","NO DISPONIBLE"]
[31282201,"Componentes de aluminio formados enrollados","2.3.9.8.01"]
[31282202,"Componentes de berilio formados enrollados","2.3.9.8.01"]
[31282203,"Componentes de latón formados enrollados","2.3.9.8.01"]
[31282204,"Componentes de bronce formados enrollados","2.3.9.8.01"]
[31282205,"Componentes compuestos formados enrollados","2.3.9.8.01"]
[31282206,"Componentes de cobre formados enrollados","2.3.9.8.01"]
[31282207,"Componentes de aleación ferrosa formados enrollados","2.3.9.8.01"]
[31282208,"Componentes de hierro formados enrollados","2.3.9.8.01"]
[31282209,"Componentes de plomo formados enrollados","2.3.9.8.01"]
[31282210,"Componentes de magnesio formados enrollados","2.3.9.8.01"]
[31282211,"Componentes de aleación de níquel formados enrollados","2.3.9.8.01"]
[31282212,"Componentes de aleación no ferrosa formados enrollados","2.3.9.8.01"]
[31282213,"Componentes no metálicos formados enrollados","2.3.9.8.01"]
[31282214,"Componentes de metal precioso formados enrollados","2.3.9.8.01"]
[31282215,"Componentes de acero inoxidable formados enrollados","2.3.9.8.01"]
[31282216,"Componentes de acero formados enrollados","2.3.9.8.01"]
[31282217,"Componentes de estaño formados enrollados","2.3.9.8.01"]
[31282218,"Componentes de titanio formados enrollados","2.3.9.8.01"]
[31282219,"Componentes de zinc formados enrollados","2.3.9.8.01"]
[31282300,"Componentes formados por estiramiento por presión","NO DISPONIBLE"]
[31282301,"Componentes de aluminio formados por estiramiento por presión","2.3.9.8.01"]
[31282302,"Componentes de berilio formados por estiramiento por presión","2.3.9.8.01"]
[31282303,"Componentes de latón formados por estiramiento por presión","2.3.9.8.01"]
[31282304,"Componentes de bronce formados por estiramiento por presión","2.3.9.8.01"]
[31282305,"Componentes compuestos formados por estiramiento por presión","2.3.9.8.01"]
[31282306,"Componentes de cobre formados por estiramiento por presión","2.3.9.8.01"]
[31282307,"Componentes de aleación ferrosa formados por estiramiento por presión","2.3.9.8.01"]
[31282308,"Componentes de hierro formados por estiramiento por presión","2.3.9.8.01"]
[31282309,"Componentes de plomo formados por estiramiento por presión","2.3.9.8.01"]
[31282310,"Componentes de magnesio formados por estiramiento por presión","2.3.9.8.01"]
[31282311,"Componentes de aleación de níquel formados por estiramiento por presión","2.3.9.8.01"]
[31282312,"Componentes de aleación no ferrosa formados por estiramiento por presión","2.3.9.8.01"]
[31282313,"Componentes no metálicos formados por estiramiento por presión","2.3.9.8.01"]
[31282314,"Componentes de metal precioso formados por estiramiento por presión","2.3.9.8.01"]
[31282315,"Componentes de acero inoxidable formados por estiramiento por presión","2.3.9.8.01"]
[31282316,"Componentes de acero formados por estiramiento por presión","2.3.9.8.01"]
[31282317,"Componentes de estaño formados por estiramiento por presión","2.3.9.8.01"]
[31282318,"Componentes de titanio formados por estiramiento por presión","2.3.9.8.01"]
[31282319,"Componentes de zinc formados por estiramiento por presión","2.3.9.8.01"]
[31282400,"Componentes formados de explosivos","NO DISPONIBLE"]
[31282401,"Componentes de aluminio formados con explosivos","2.3.9.8.01"]
[31282402,"Componentes de berilio formados con explosivos","2.3.9.8.01"]
[31282403,"Componentes de latón formados con explosivos","2.3.9.8.01"]
[31282404,"Componentes de bronce formados con explosivos","2.3.9.8.01"]
[31282405,"Componentes compuestos formados con explosivos","2.3.9.8.01"]
[31282406,"Componentes de cobre formados con explosivos","2.3.9.8.01"]
[31282407,"Componentes de aleación ferrosa formados con explosivos","2.3.9.8.01"]
[31282408,"Componentes de hierro formados con explosivos","2.3.9.8.01"]
[31282409,"Componentes de plomo formados con explosivos","2.3.9.8.01"]
[31282410,"Componentes de magnesio formados con explosivos","2.3.9.8.01"]
[31282411,"Componentes de aleación de níquel formados con explosivos","2.3.9.8.01"]
[31282412,"Componentes de aleación no ferrosa formados con explosivos","2.3.9.8.01"]
[31282413,"Componentes no metálicos formados con explosivos","2.3.9.8.01"]
[31282414,"Componentes de metal precioso formados con explosivos","2.3.9.8.01"]
[31282415,"Componentes de acero inoxidable formados con explosivos","2.3.9.8.01"]
[31282416,"Componentes de acero formados con explosivos","2.3.9.8.01"]
[31282417,"Componentes de estaño formados con explosivos","2.3.9.8.01"]
[31282418,"Componentes de titanio formados con explosivos","2.3.9.8.01"]
[31282419,"Componentes de zinc formados con explosivos","2.3.9.8.01"]
[31310000,"Ensambles de tubería fabricada","NO DISPONIBLE"]
[31311100,"Conjuntos de tubería soldada de solvente","NO DISPONIBLE"]
[31311101,"Ensambles de tubería soldada de solvente de aluminio","2.3.6.3.06"]
[31311102,"Ensambles de tubería soldada de solvente de acero de carbono","2.3.6.3.06"]
[31311103,"Ensambles de tubería soldada de solvente de aleación hast x","2.3.6.3.06"]
[31311104,"Ensambles de tubería soldada de solvente de inconel","2.3.6.3.06"]
[31311105,"Ensambles de tubería soldada de solvente de acero de aleación baja","2.3.6.3.06"]
[31311106,"Ensambles de tubería soldada de solvente no metálico","2.3.6.3.06"]
[31311109,"Ensambles de tubería soldada de solvente de acero inoxidable","2.3.6.3.06"]
[31311110,"Ensambles de tubería soldada de solvente de titanio","2.3.6.3.06"]
[31311111,"Ensambles de tubería soldada de solvente de aleación wasp","2.3.6.3.06"]
[31311112,"Ensambles de tubería soldada de solvente de cobre","2.3.6.3.06"]
[31311113,"Ensambles de tubería soldada de solvente de latón","2.3.6.3.06"]
[31311200,"Conjuntos de tubería remachada","NO DISPONIBLE"]
[31311201,"Ensambles de tubería remachada de aluminio","2.3.6.3.06"]
[31311202,"Ensambles de tubería remachada de acero al carbono","2.3.6.3.06"]
[31311203,"Ensambles de tubería remachada de aleación hast x","2.3.6.3.06"]
[31311204,"Ensambles de tubería remachada de inconel","2.3.6.3.06"]
[31311205,"Ensambles de tubería remachada de acero de aleación baja","2.3.6.3.06"]
[31311206,"Ensambles de tubería remachada no metálica","2.3.6.3.06"]
[31311209,"Ensambles de tubería remachada de acero inoxidable","2.3.6.3.06"]
[31311210,"Ensambles de tubería remachada de titanio","2.3.6.3.06"]
[31311211,"Ensambles de tubería remachada de aleación wasp","2.3.6.3.06"]
[31311212,"Ensambles de tubería remachada de cobre","2.3.6.3.06"]
[31311213,"Ensambles de tubería remachada de latón","2.3.6.3.06"]
[31311300,"Conjuntos empernados de tubería","NO DISPONIBLE"]
[31311301,"Ensambles de tubería atornillada de aluminio","2.3.6.3.06"]
[31311302,"Ensambles de tubería atornillada de acero al carbono","2.3.6.3.06"]
[31311303,"Ensambles de tubería atornillada de aleación hast x","2.3.6.3.06"]
[31311304,"Ensambles de tubería atornillada de inconel","2.3.6.3.06"]
[31311305,"Ensambles de tubería atornillada de acero de aleación baja","2.3.6.3.06"]
[31311306,"Ensambles de tubería atornillada no metálica","2.3.6.3.06"]
[31311309,"Ensambles de tubería atornillada de acero inoxidable","2.3.6.3.06"]
[31311310,"Ensambles de tubería atornillada de titanio","2.3.6.3.06"]
[31311311,"Ensambles de tubería atornillada de aleación wasp","2.3.6.3.06"]
[31311312,"Ensambles de tubería atornillada de cobre","2.3.6.3.06"]
[31311313,"Ensambles de tubería atornillada de latón","2.3.6.3.06"]
[31311400,"Conjuntos de tuberías soldadas con ultra violeta uv","NO DISPONIBLE"]
[31311401,"Ensambles de tubería soldada con ultra violeta de aluminio","2.3.9.8.02"]
[31311402,"Ensambles de tubería soldada con ultra violeta de acero al carbono","2.3.6.3.06"]
[31311403,"Ensambles de tubería soldada con ultra violeta de aleación hast x","2.3.6.3.06"]
[31311404,"Ensambles de tubería soldada con ultra violeta de inconel","2.3.6.3.06"]
[31311405,"Ensambles de tubería soldada con ultra violeta de acero de aleación baja","2.3.6.3.06"]
[31311406,"Ensambles de tubería soldada con ultra violeta no metálica","2.3.6.3.06"]
[31311409,"Ensambles de tubería soldada con ultra violeta de acero inoxidable","2.3.6.3.06"]
[31311410,"Ensambles de tubería soldada con ultra violeta de titanio","2.3.6.3.06"]
[31311411,"Ensambles de tubería soldada con ultra violeta de aleación wasp","2.3.6.3.06"]
[31311412,"Ensambles de tubería soldada con ultra violeta de cobre","2.3.6.3.06"]
[31311413,"Ensambles de tubería soldada con ultra violeta de latón","2.3.6.3.06"]
[31311500,"Conjuntos de tubería soldado o soldado con latón","NO DISPONIBLE"]
[31311501,"Ensambles de tubería con soldadura fuerte o débil de aluminio","2.3.6.3.06"]
[31311502,"Ensambles de tubería con soldadura fuerte o débil de acero al carbono","2.3.6.3.06"]
[31311503,"Ensambles de tubería con soldadura fuerte o débil de aleación hast x","2.3.6.3.06"]
[31311504,"Ensambles de tubería con soldadura fuerte o débil de inconel","2.3.6.3.06"]
[31311505,"Ensambles de tubería con soldadura fuerte o débil de acero de aleación baja","2.3.6.3.06"]
[31311506,"Ensambles de tubería con soldadura fuerte o débil no metálica","2.3.6.3.06"]
[31311509,"Ensambles de tubería con soldadura fuerte o débil de acero inoxidable","2.3.6.3.06"]
[31311510,"Ensambles de tubería con soldadura fuerte o débil de titanio","2.3.6.3.06"]
[31311511,"Ensambles de tubería con soldadura fuerte o débil de aleación wasp","2.3.6.3.06"]
[31311512,"Ensambles de tubería con soldadura fuerte o débil de cobre","2.3.6.3.06"]
[31311513,"Ensambles de tubería con soldadura fuerte o débil de latón","2.3.6.3.06"]
[31311600,"Conjuntos de tubería soldada sónica","NO DISPONIBLE"]
[31311601,"Ensambles de tubería con soldadura sónica de aluminio","2.3.6.3.06"]
[31311602,"Ensambles de tubería con soldadura sónica de acero al carbono","2.3.6.3.06"]
[31311603,"Ensambles de tubería con soldadura sónica de aleación hast x","2.3.6.3.06"]
[31311604,"Ensambles de tubería con soldadura sónica de inconel","2.3.6.3.06"]
[31311605,"Ensambles de tubería con soldadura sónica de acero de aleación baja","2.3.6.3.06"]
[31311606,"Ensambles de tubería con soldadura sónica no metálica","2.3.6.3.06"]
[31311609,"Ensambles de tubería con soldadura sónica de acero inoxidable","2.3.6.3.06"]
[31311610,"Ensambles de tubería con soldadura sónica de titanio","2.3.6.3.06"]
[31311611,"Ensambles de tubería con soldadura sónica de aleación wasp","2.3.6.3.06"]
[31311612,"Ensambles de tubería con soldadura sónica de cobre","2.3.6.3.06"]
[31311613,"Ensambles de tubería con soldadura sónica de latón","2.3.6.3.06"]
[31311700,"Conjuntos de tubería pegada","NO DISPONIBLE"]
[31311701,"Ensambles de tubería pegada de aluminio","2.3.6.3.06"]
[31311702,"Ensambles de tubería pegada de acero al carbono","2.3.6.3.06"]
[31311703,"Ensambles de tubería pegada de aleación hast x","2.3.6.3.06"]
[31311704,"Ensambles de tubería pegada de inconel","2.3.6.3.06"]
[31311705,"Ensambles de tubería pegada de acero de aleación baja","2.3.6.3.06"]
[31311706,"Ensambles de tubería pegada no metálica","2.3.6.3.06"]
[31311709,"Ensambles de tubería pegada de acero inoxidable","2.3.6.3.06"]
[31311710,"Ensambles de tubería pegada de titanio","2.3.6.3.06"]
[31311711,"Ensambles de tubería pegada de aleación wasp","2.3.6.3.06"]
[31311712,"Ensambles de tubería pegada de cobre","2.3.6.3.06"]
[31311713,"Ensambles de tubería pegada de latón","2.3.6.3.06"]
[31320000,"Ensambles fabricados de material en barras","NO DISPONIBLE"]
[31321100,"Conjuntos ligados de material en barras","NO DISPONIBLE"]
[31321101,"Ensambles de barras pegadas de aluminio","2.3.6.3.06"]
[31321102,"Ensambles de barras pegadas de acero al carbono","2.3.6.3.06"]
[31321103,"Ensambles de barras pegadas de aleación hast x","2.3.6.3.06"]
[31321104,"Ensambles de barras pegadas de inconel","2.3.6.3.06"]
[31321105,"Ensambles de barras pegadas de acero de aleación baja","2.3.6.3.06"]
[31321106,"Ensambles de barras pegadas no metálica","2.3.6.3.06"]
[31321109,"Ensambles de barras pegadas de acero inoxidable","2.3.6.3.06"]
[31321110,"Ensambles de barras pegadas de titanio","2.3.6.3.06"]
[31321111,"Ensambles de barras pegadas de aleación wasp","2.3.6.3.06"]
[31321112,"Ensambles de barras pegadas de cobre","2.3.6.3.06"]
[31321113,"Ensambles de barras pegadas de latón","2.3.6.3.06"]
[31321200,"Conjuntos soldados de solvente de material en barras","NO DISPONIBLE"]
[31321201,"Ensambles de barras soldadas con solvente de aluminio","2.3.6.3.06"]
[31321202,"Ensambles de barras soldadas con solvente de acero al carbono","2.3.6.3.06"]
[31321203,"Ensambles de barras soldadas con solvente de aleación hast x","2.3.6.3.06"]
[31321204,"Ensambles de barras soldadas con solvente de inconel","2.3.6.3.06"]
[31321205,"Ensambles de barras soldadas con solvente de acero de aleación baja","2.3.6.3.06"]
[31321206,"Ensambles de barras soldadas con solvente no metálica","2.3.6.3.06"]
[31321209,"Ensambles de barras soldadas con solvente de acero inoxidable","2.3.6.3.06"]
[31321210,"Ensambles de barras soldadas con solvente de titanio","2.3.6.3.06"]
[31321211,"Ensambles de barras soldadas con solvente de aleación wasp","2.3.6.3.06"]
[31321212,"Ensambles de barras soldadas con solvente de cobre","2.3.6.3.06"]
[31321213,"Ensambles de barras soldadas con solvente de latón","2.3.6.3.06"]
[31321300,"Conjuntos remachados de material en barras","NO DISPONIBLE"]
[31321301,"Ensambles de barras remachadas de aluminio","2.3.6.3.06"]
[31321302,"Ensambles de barras remachadas de acero al carbono","2.3.6.3.06"]
[31321303,"Ensambles de barras remachadas de aleación hast x","2.3.6.3.06"]
[31321304,"Ensambles de barras remachadas de inconel","2.3.6.3.06"]
[31321305,"Ensambles de barras remachadas de acero de aleación baja","2.3.6.3.06"]
[31321306,"Ensambles de barras remachadas no metálica","2.3.6.3.06"]
[31321309,"Ensambles de barras remachadas de acero inoxidable","2.3.6.3.06"]
[31321310,"Ensambles de barras remachadas de titanio","2.3.6.3.06"]
[31321311,"Ensambles de barras remachadas de aleación wasp","2.3.6.3.06"]
[31321312,"Ensambles de barras remachadas de cobre","2.3.6.3.06"]
[31321313,"Ensambles de barras remachadas de latón","2.3.6.3.06"]
[31321400,"Conjuntos soldados o soldados en fuerte de material en barras","NO DISPONIBLE"]
[31321401,"Ensambles de barras soldadas con soldadura fuerte o débil de aluminio","2.3.6.3.06"]
[31321402,"Ensambles de barras soldadas con soldadura fuerte o débil de acero al carbono","2.3.6.3.06"]
[31321403,"Ensambles de barras soldadas con soldadura fuerte o débil de aleación hast x","2.3.6.3.06"]
[31321404,"Ensambles de barras soldadas con soldadura fuerte o débil de inconel","2.3.6.3.06"]
[31321405,"Ensambles de barras soldadas con soldadura fuerte o débil de acero de aleación baja","2.3.6.3.06"]
[31321406,"Ensambles de barras soldadas con soldadura fuerte o débil no metálica","2.3.6.3.06"]
[31321409,"Ensambles de barras soldadas con soldadura fuerte o débil de acero inoxidable","2.3.6.3.06"]
[31321410,"Ensambles de barras soldadas con soldadura fuerte o débil de titanio","2.3.6.3.06"]
[31321411,"Ensambles de barras soldadas con soldadura fuerte o débil de aleación wasp","2.3.6.3.06"]
[31321412,"Ensambles de barras soldadas con soldadura fuerte o débil de cobre","2.3.6.3.06"]
[31321413,"Ensambles de barras soldadas con soldadura fuerte o débil de latón","2.3.6.3.06"]
[31321500,"Conjuntos de barras soldadas con ultra violeta uv","NO DISPONIBLE"]
[31321501,"Ensambles de barras soldadas con soldadura ultra violeta de aluminio","2.3.6.3.06"]
[31321502,"Ensambles de barras soldadas con soldadura ultra violeta de acero al carbono","2.3.6.3.06"]
[31321503,"Ensambles de barras soldadas con soldadura ultra violeta de aleación hast x","2.3.6.3.06"]
[31321504,"Ensambles de barras soldadas con soldadura ultra violeta de inconel","2.3.6.3.06"]
[31321505,"Ensambles de barras soldadas con soldadura ultra violeta de acero de aleación baja","2.3.6.3.06"]
[31321506,"Ensambles de barras soldadas con soldadura ultra violeta no metálica","2.3.6.9.01"]
[31321509,"Ensambles de barras soldadas con soldadura ultra violeta de acero inoxidable","2.3.6.3.06"]
[31321510,"Ensambles de barras soldadas con soldadura ultra violeta de titanio","2.3.6.3.06"]
[31321511,"Ensambles de barras soldadas con soldadura ultra violeta de aleación wasp","2.3.6.3.06"]
[31321512,"Ensambles de barras soldadas con soldadura ultra violeta de cobre","2.3.6.3.06"]
[31321513,"Ensambles de barras soldadas con soldadura ultra violeta de latón","2.3.6.3.06"]
[31321600,"Conjuntos sónicos soldados de material en barras","NO DISPONIBLE"]
[31321601,"Ensambles de barras soldadas con soldadura sónica de aluminio","2.3.6.3.06"]
[31321602,"Ensambles de barras soldadas con soldadura sónica de acero al carbono","2.3.6.3.06"]
[31321603,"Ensambles de barras soldadas con soldadura sónica de aleación hast x","2.3.6.3.06"]
[31321604,"Ensambles de barras soldadas con soldadura sónica de inconel","2.3.6.3.06"]
[31321605,"Ensambles de barras soldadas con soldadura sónica de acero de aleación baja","2.3.6.3.06"]
[31321606,"Ensambles de barras soldadas con soldadura sónica no metálica","2.3.6.3.06"]
[31321609,"Ensambles de barras soldadas con soldadura sónica de acero inoxidable","2.3.6.3.06"]
[31321610,"Ensambles de barras soldadas con soldadura sónica de titanio","2.3.6.3.06"]
[31321611,"Ensambles de barras soldadas con soldadura sónica de aleación wasp","2.3.6.3.06"]
[31321612,"Ensambles de barras soldadas con soldadura sónica de cobre","2.3.6.3.06"]
[31321613,"Ensambles de barras soldadas con soldadura sónica de latón","2.3.6.3.06"]
[31321700,"Conjuntos empernados de material en barras","NO DISPONIBLE"]
[31321701,"Ensambles de barras atornilladas de aluminio","2.3.6.3.06"]
[31321702,"Ensambles de barras atornilladas de acero al carbono","2.3.6.3.06"]
[31321703,"Ensambles de barras atornilladas de aleación hast x","2.3.6.3.06"]
[31321704,"Ensambles de barras atornilladas de inconel","2.3.6.3.06"]
[31321705,"Ensambles de barras atornilladas de acero de aleación baja","2.3.6.3.06"]
[31321706,"Ensambles de barras atornilladas no metálica","2.3.6.3.06"]
[31321709,"Ensambles de barras atornilladas de acero inoxidable","2.3.6.3.06"]
[31321710,"Ensambles de barras atornilladas de titanio","2.3.6.3.06"]
[31321711,"Ensambles de barras atornilladas de aleación wasp","2.3.6.3.06"]
[31321712,"Ensambles de barras atornilladas de cobre","2.3.6.3.06"]
[31321713,"Ensambles de barras atornilladas de latón","2.3.6.3.06"]
[31330000,"Ensambles estructurales fabricados","NO DISPONIBLE"]
[31331100,"Conjuntos estructurales con acabado ligado","NO DISPONIBLE"]
[31331101,"Ensambles estructurales pegados de aluminio","2.3.6.3.06"]
[31331102,"Ensambles estructurales pegados de acero al carbono","2.3.6.3.06"]
[31331103,"Ensambles estructurales pegados de aleación hast x","2.3.6.3.06"]
[31331104,"Ensambles estructurales pegados de inconel","2.3.6.3.06"]
[31331105,"Ensambles estructurales pegados de acero de aleación baja","2.3.6.3.06"]
[31331106,"Ensambles estructurales pegados no metálica","2.3.6.3.06"]
[31331109,"Ensambles estructurales pegados de acero inoxidable","2.3.6.3.06"]
[31331110,"Ensambles estructurales pegados de titanio","2.3.6.3.06"]
[31331111,"Ensambles estructurales pegados de aleación wasp","2.3.6.3.06"]
[31331112,"Ensambles estructurales pegados de cobre","2.3.6.3.06"]
[31331113,"Ensambles estructurales pegados de latón","2.3.6.3.06"]
[31331200,"Conjuntos estructurales empernados","NO DISPONIBLE"]
[31331201,"Ensambles estructurales atornillados de aluminio","2.3.6.3.06"]
[31331202,"Ensambles estructurales atornillados de acero al carbono","2.3.6.3.06"]
[31331203,"Ensambles estructurales atornillados de aleación hast x","2.3.6.3.06"]
[31331204,"Ensambles estructurales atornillados de inconel","2.3.6.3.06"]
[31331205,"Ensambles estructurales atornillados de acero de aleación baja","2.3.6.3.06"]
[31331206,"Ensambles estructurales atornillados no metálica","2.3.6.3.06"]
[31331209,"Ensambles estructurales atornillados de acero inoxidable","2.3.6.3.06"]
[31331210,"Ensambles estructurales atornillados de titanio","2.3.6.3.06"]
[31331211,"Ensambles estructurales atornillados de aleación wasp","2.3.6.3.06"]
[31331212,"Ensambles estructurales atornillados de cobre","2.3.6.3.06"]
[31331213,"Ensambles estructurales atornillados de latón","2.3.6.3.06"]
[31331300,"Conjuntos estructurales soldado sónico","NO DISPONIBLE"]
[31331301,"Ensambles estructurales con soldadura sónica de aluminio","2.3.6.3.06"]
[31331302,"Ensambles estructurales con soldadura sónica de acero al carbono","2.3.6.3.06"]
[31331303,"Ensambles estructurales con soldadura sónica de aleación hast x","2.3.6.3.06"]
[31331304,"Ensambles estructurales con soldadura sónica de inconel","2.3.6.3.06"]
[31331305,"Ensambles estructurales con soldadura sónica de acero de aleación baja","2.3.6.3.06"]
[31331306,"Ensambles estructurales con soldadura sónica no metálica","2.3.6.3.06"]
[31331309,"Ensambles estructurales con soldadura sónica de acero inoxidable","2.3.6.3.06"]
[31331310,"Ensambles estructurales con soldadura sónica de titanio","2.3.6.3.06"]
[31331311,"Ensambles estructurales con soldadura sónica de aleación wasp","2.3.6.3.06"]
[31331312,"Ensambles estructurales con soldadura sónica de cobre","2.3.6.3.06"]
[31331313,"Ensambles estructurales con soldadura sónica de latón","2.3.6.3.06"]
[31331400,"Conjuntos estructurales soldados con ultra violeta uv","NO DISPONIBLE"]
[31331401,"Ensambles estructurales con soldadura ultra violeta de aluminio","2.3.6.3.06"]
[31331402,"Ensambles estructurales con soldadura ultra violeta de acero al carbono","2.3.6.3.06"]
[31331403,"Ensambles estructurales con soldadura ultra violeta de aleación hast x","2.3.6.3.06"]
[31331404,"Ensambles estructurales con soldadura ultra violeta de inconel","2.3.6.3.06"]
[31331405,"Ensambles estructurales con soldadura ultra violeta de acero de aleación baja","2.3.6.3.06"]
[31331406,"Ensambles estructurales con soldadura ultra violeta no metálica","2.3.6.3.06"]
[31331409,"Ensambles estructurales con soldadura ultra violeta de acero inoxidable","2.3.6.3.06"]
[31331410,"Ensambles estructurales con soldadura ultra violeta de titanio","2.3.6.3.06"]
[31331411,"Ensambles estructurales con soldadura ultra violeta de aleación wasp","2.3.6.3.06"]
[31331412,"Ensambles estructurales con soldadura ultra violeta de cobre","2.3.6.3.06"]
[31331413,"Ensambles estructurales con soldadura ultra violeta de latón","2.3.6.3.06"]
[31331500,"Conjuntos estructurales soldado de solvente","NO DISPONIBLE"]
[31331501,"Ensambles estructurales con soldadura de solvente de aluminio","2.3.6.3.06"]
[31331502,"Ensambles estructurales con soldadura de solvente de acero al carbono","2.3.6.3.06"]
[31331503,"Ensambles estructurales con soldadura de solvente de aleación hast x","2.3.6.3.06"]
[31331504,"Ensambles estructurales con soldadura de solvente de inconel","2.3.6.3.06"]
[31331505,"Ensambles estructurales con soldadura de solvente de acero de aleación baja","2.3.6.3.06"]
[31331506,"Ensambles estructurales con soldadura de solvente no metálica","2.3.6.3.06"]
[31331509,"Ensambles estructurales con soldadura de solvente de acero inoxidable","2.3.6.3.06"]
[31331510,"Ensambles estructurales con soldadura de solvente de titanio","2.3.6.3.06"]
[31331511,"Ensambles estructurales con soldadura de solvente de aleación wasp","2.3.6.3.06"]
[31331512,"Ensambles estructurales con soldadura de solvente de cobre","2.3.6.3.06"]
[31331513,"Ensambles estructurales con soldadura de solvente de latón","2.3.6.3.06"]
[31331600,"Conjuntos estructurales soldado o soldado con latón","NO DISPONIBLE"]
[31331601,"Ensambles estructurales con soldadura de fuerte o débil de aluminio","2.3.6.3.06"]
[31331602,"Ensambles estructurales con soldadura de fuerte o débil de acero al carbono","2.3.6.3.06"]
[31331603,"Ensambles estructurales con soldadura de fuerte o débil de aleación hast x","2.3.6.3.06"]
[31331604,"Ensambles estructurales con soldadura de fuerte o débil de inconel","2.3.6.3.06"]
[31331605,"Ensambles estructurales con soldadura de fuerte o débil de acero de aleación baja","2.3.6.3.06"]
[31331606,"Ensambles estructurales con soldadura de fuerte o débil no metálica","2.3.6.3.06"]
[31331609,"Ensambles estructurales con soldadura de fuerte o débil de acero inoxidable","2.3.6.3.06"]
[31331610,"Ensambles estructurales con soldadura de fuerte o débil de titanio","2.3.6.3.06"]
[31331611,"Ensambles estructurales con soldadura de fuerte o débil de aleación wasp","2.3.6.3.06"]
[31331612,"Ensambles estructurales con soldadura de fuerte o débil de cobre","2.3.6.3.06"]
[31331613,"Ensambles estructurales con soldadura de fuerte o débil de latón","2.3.6.3.06"]
[31331700,"Conjuntos estructurales remachados","NO DISPONIBLE"]
[31331701,"Ensambles estructurales remachados de aluminio","2.3.6.3.06"]
[31331702,"Ensambles estructurales remachados de acero al carbono","2.3.6.3.06"]
[31331703,"Ensambles estructurales remachados de aleación hast x","2.3.6.3.06"]
[31331704,"Ensambles estructurales remachados de inconel","2.3.6.3.06"]
[31331705,"Ensambles estructurales remachados de acero de aleación baja","2.3.6.3.06"]
[31331706,"Ensambles estructurales remachados no metálica","2.3.6.9.01"]
[31331709,"Ensambles estructurales remachados de acero inoxidable","2.3.6.3.06"]
[31331710,"Ensambles estructurales remachados de titanio","2.3.6.3.06"]
[31331711,"Ensambles estructurales remachados de aleación wasp","2.3.6.3.06"]
[31331712,"Ensambles estructurales remachados de cobre","2.3.6.3.06"]
[31331713,"Ensambles estructurales remachados de latón","2.3.6.3.06"]
[31340000,"Ensambles de lámina fabricado","NO DISPONIBLE"]
[31341100,"Conjuntos de placa soldado o soldado con latón","NO DISPONIBLE"]
[31341101,"Ensambles de láminas soldadas con soldadura fuerte o débil de aluminio","2.3.6.3.06"]
[31341102,"Ensambles de láminas soldadas con soldadura fuerte o débil de acero al carbono","2.3.6.3.06"]
[31341103,"Ensambles de láminas soldadas con soldadura fuerte o débil de aleación hast x","2.3.6.3.06"]
[31341104,"Ensambles de láminas soldadas con soldadura fuerte o débil de inconel","2.3.6.3.06"]
[31341105,"Ensambles de láminas soldadas con soldadura fuerte o débil de acero de aleación baja","2.3.6.3.06"]
[31341106,"Ensambles de láminas soldadas con soldadura fuerte o débil no metálica","2.3.6.3.06"]
[31341109,"Ensambles de láminas soldadas con soldadura fuerte o débil de acero inoxidable","2.3.6.3.06"]
[31341110,"Ensambles de láminas soldadas con soldadura fuerte o débil de titanio","2.3.6.3.06"]
[31341111,"Ensambles de láminas soldadas con soldadura fuerte o débil de aleación wasp","2.3.6.3.06"]
[31341112,"Ensambles de láminas soldadas con soldadura fuerte o débil de cobre","2.3.6.3.06"]
[31341113,"Ensambles de láminas soldadas con soldadura fuerte o débil de latón","2.3.6.3.06"]
[31341200,"Conjuntos remachados de placa","NO DISPONIBLE"]
[31341201,"Ensambles de láminas remachadas de aluminio","2.3.6.3.06"]
[31341202,"Ensambles de láminas remachadas de acero al carbono","2.3.6.3.06"]
[31341203,"Ensambles de láminas remachadas de aleación hast x","2.3.6.3.06"]
[31341204,"Ensambles de láminas remachadas de inconel","2.3.6.3.06"]
[31341205,"Ensambles de láminas remachadas de acero de aleación baja","2.3.6.3.06"]
[31341206,"Ensambles de láminas remachadas no metálica","2.3.6.3.06"]
[31341209,"Ensambles de láminas remachadas de acero inoxidable","2.3.6.3.06"]
[31341210,"Ensambles de láminas remachadas de titanio","2.3.6.3.06"]
[31341211,"Ensambles de láminas remachadas de aleación wasp","2.3.6.3.06"]
[31341212,"Ensambles de láminas remachadas de cobre","2.3.6.3.06"]
[31341213,"Ensambles de láminas remachadas de latón","2.3.6.3.06"]
[31341300,"Conjuntos de láminas soldadas con ultra violeta uv","NO DISPONIBLE"]
[31341301,"Ensambles de láminas soldadas con soldadura ultra violeta de aluminio","2.3.6.3.06"]
[31341302,"Ensambles de láminas soldadas con soldadura ultra violeta de acero al carbono","2.3.6.3.06"]
[31341303,"Ensambles de láminas soldadas con soldadura ultra violeta de aleación hast x","2.3.6.3.06"]
[31341304,"Ensambles de láminas soldadas con soldadura ultra violeta de inconel","2.3.6.3.06"]
[31341305,"Ensambles de láminas soldadas con soldadura ultra violeta de acero de aleación baja","2.3.6.3.06"]
[31341306,"Ensambles de láminas soldadas con soldadura ultra violeta no metálica","2.3.6.9.01"]
[31341309,"Ensambles de láminas soldadas con soldadura ultra violeta de acero inoxidable","2.3.6.3.06"]
[31341310,"Ensambles de láminas soldadas con soldadura ultra violeta de titanio","2.3.6.3.06"]
[31341311,"Ensambles de láminas soldadas con soldadura ultra violeta de aleación wasp","2.3.6.3.06"]
[31341312,"Ensambles de láminas soldadas con soldadura ultra violeta de cobre","2.3.6.3.06"]
[31341313,"Ensambles de láminas soldadas con soldadura ultra violeta de latón","2.3.6.3.06"]
[31341400,"Conjuntos de lámina soldada sónica","NO DISPONIBLE"]
[31341401,"Ensambles de láminas soldadas con soldadura sónica de aluminio","2.3.6.3.06"]
[31341402,"Ensambles de láminas soldadas con soldadura sónica de acero al carbono","2.3.6.3.06"]
[31341403,"Ensambles de láminas soldadas con soldadura sónica de aleación hast x","2.3.6.3.06"]
[31341404,"Ensambles de láminas soldadas con soldadura sónica de inconel","2.3.6.3.06"]
[31341405,"Ensambles de láminas soldadas con soldadura sónica de acero de aleación baja","2.3.6.3.06"]
[31341406,"Ensambles de láminas soldadas con soldadura sónica no metálica","2.3.6.3.06"]
[31341409,"Ensambles de láminas soldadas con soldadura sónica de acero inoxidable","2.3.6.3.06"]
[31341410,"Ensambles de láminas soldadas con soldadura sónica de titanio","2.3.6.3.06"]
[31341411,"Ensambles de láminas soldadas con soldadura sónica de aleación wasp","2.3.6.3.06"]
[31341412,"Ensambles de láminas soldadas con soldadura sónica de cobre","2.3.6.3.06"]
[31341413,"Ensambles de láminas soldadas con soldadura sónica de latón","2.3.6.3.06"]
[31341500,"Conjuntos de lámina soldada de solvente","NO DISPONIBLE"]
[31341501,"Ensambles de láminas soldadas con soldadura solvente de aluminio","2.3.6.3.06"]
[31341502,"Ensambles de láminas soldadas con soldadura solvente de acero al carbono","2.3.6.3.06"]
[31341503,"Ensambles de láminas soldadas con soldadura solvente de aleación hast x","2.3.6.3.06"]
[31341504,"Ensambles de láminas soldadas con soldadura solvente de inconel","2.3.6.3.06"]
[31341505,"Ensambles de láminas soldadas con soldadura solvente de acero de aleación baja","2.3.6.3.06"]
[31341506,"Ensambles de láminas soldadas con soldadura solvente no metálica","2.3.6.9.01"]
[31341509,"Ensambles de láminas soldadas con soldadura solvente de acero inoxidable","2.3.6.3.06"]
[31341510,"Ensambles de láminas soldadas con soldadura solvente de titanio","2.3.6.3.06"]
[31341511,"Ensambles de láminas soldadas con soldadura solvente de aleación wasp","2.3.6.3.06"]
[31341512,"Ensambles de láminas soldadas con soldadura solvente de cobre","2.3.6.3.06"]
[31341513,"Ensambles de láminas soldadas con soldadura solvente de latón","2.3.6.3.06"]
[31341600,"Conjuntos de lámina con acabado ligado","NO DISPONIBLE"]
[31341601,"Ensambles de láminas pegadas de aluminio","2.3.6.3.06"]
[31341602,"Ensambles de láminas pegadas de acero al carbono","2.3.6.3.06"]
[31341603,"Ensambles de láminas pegadas de aleación hast x","2.3.6.3.06"]
[31341604,"Ensambles de láminas pegadas de inconel","2.3.6.3.06"]
[31341605,"Ensambles de láminas pegadas de acero de aleación baja","2.3.6.3.06"]
[31341606,"Ensambles de láminas pegadas no metálica","2.3.6.3.06"]
[31341609,"Ensambles de láminas pegadas de acero inoxidable","2.3.6.3.06"]
[31341610,"Ensambles de láminas pegadas de titanio","2.3.6.3.06"]
[31341611,"Ensambles de láminas pegadas de aleación wasp","2.3.6.3.06"]
[31341612,"Ensambles de láminas pegadas de cobre","2.3.6.3.06"]
[31341613,"Ensambles de láminas pegadas de latón","2.3.6.3.06"]
[31341700,"Conjuntos de lámina empernada","NO DISPONIBLE"]
[31341701,"Ensambles de láminas atornilladas de aluminio","2.3.6.3.06"]
[31341702,"Ensambles de láminas atornilladas de acero al carbono","2.3.6.3.06"]
[31341703,"Ensambles de láminas atornilladas de aleación hast x","2.3.6.3.06"]
[31341704,"Ensambles de láminas atornilladas de inconel","2.3.6.3.06"]
[31341705,"Ensambles de láminas atornilladas de acero de aleación baja","2.3.6.3.06"]
[31341706,"Ensambles de láminas atornilladas no metálica","2.3.6.9.01"]
[31341709,"Ensambles de láminas atornilladas de acero inoxidable","2.3.6.3.06"]
[31341710,"Ensambles de láminas atornilladas de titanio","2.3.6.3.06"]
[31341711,"Ensambles de láminas atornilladas de aleación wasp","2.3.6.3.06"]
[31341712,"Ensambles de láminas atornilladas de cobre","2.3.6.3.06"]
[31341713,"Ensambles de láminas atornilladas de latón","2.3.6.3.06"]
[31350000,"Ensambles de tubería fabricada","NO DISPONIBLE"]
[31351100,"Conjuntos de tubos soldados con ultra violeta uv","NO DISPONIBLE"]
[31351101,"Ensambles de tubos soldados con soldadura ultra violeta de aluminio","2.3.6.3.06"]
[31351102,"Ensambles de tubos soldados con soldadura ultra violeta de acero al carbono","2.3.6.3.06"]
[31351103,"Ensambles de tubos soldados con soldadura ultra violeta de aleación hast x","2.3.6.3.06"]
[31351104,"Ensambles de tubos soldados con soldadura ultra violeta de inconel","2.3.6.3.06"]
[31351105,"Ensambles de tubos soldados con soldadura ultra violeta de acero de aleación baja","2.3.6.3.06"]
[31351106,"Ensambles de tubos soldados con soldadura ultra violeta no metálica","2.3.6.3.06"]
[31351109,"Ensambles de tubos soldados con soldadura ultra violeta de acero inoxidable","2.3.6.3.06"]
[31351110,"Ensambles de tubos soldados con soldadura ultra violeta de titanio","2.3.6.3.06"]
[31351111,"Ensambles de tubos soldados con soldadura ultra violeta de aleación wasp","2.3.6.3.06"]
[31351112,"Ensambles de tubos soldados con soldadura ultra violeta de cobre","2.3.6.3.06"]
[31351113,"Ensambles de tubos soldados con soldadura ultra violeta de latón","2.3.6.3.06"]
[31351200,"Conjuntos de tubería soldada o soldada con latón","NO DISPONIBLE"]
[31351201,"Ensambles de tubos soldados con soldadura fuerte o débil de aluminio","2.3.6.3.06"]
[31351202,"Ensambles de tubos soldados con soldadura fuerte o débil de acero al carbono","2.3.6.3.06"]
[31351203,"Ensambles de tubos soldados con soldadura fuerte o débil de aleación hast x","2.3.6.3.06"]
[31351204,"Ensambles de tubos soldados con soldadura fuerte o débil de inconel","2.3.6.3.06"]
[31351205,"Ensambles de tubos soldados con soldadura fuerte o débil de acero de aleación baja","2.3.6.3.06"]
[31351206,"Ensambles de tubos soldados con soldadura fuerte o débil no metálica","2.3.6.3.06"]
[31351209,"Ensambles de tubos soldados con soldadura fuerte o débil de acero inoxidable","2.3.6.3.06"]
[31351210,"Ensambles de tubos soldados con soldadura fuerte o débil de titanio","2.3.6.3.06"]
[31351211,"Ensambles de tubos soldados con soldadura fuerte o débil de aleación wasp","2.3.6.3.06"]
[31351212,"Ensambles de tubos soldados con soldadura fuerte o débil de cobre","2.3.6.3.06"]
[31351213,"Ensambles de tubos soldados con soldadura fuerte o débil de latón","2.3.6.3.06"]
[31351300,"Conjuntos de tubería remachada","NO DISPONIBLE"]
[31351301,"Ensambles de tubos remachados de aluminio","2.3.6.3.06"]
[31351302,"Ensambles de tubos remachados de acero al carbono","2.3.6.3.06"]
[31351303,"Ensambles de tubos remachados de aleación hast x","2.3.6.3.06"]
[31351304,"Ensambles de tubos remachados de inconel","2.3.6.3.06"]
[31351305,"Ensambles de tubos remachados de acero de aleación baja","2.3.6.3.06"]
[31351306,"Ensambles de tubos remachados no metálica","2.3.6.3.06"]
[31351309,"Ensambles de tubos remachados de acero inoxidable","2.3.6.3.06"]
[31351310,"Ensambles de tubos remachados de titanio","2.3.6.3.06"]
[31351311,"Ensambles de tubos remachados de aleación wasp","2.3.6.3.06"]
[31351312,"Ensambles de tubos remachados de cobre","2.3.6.3.06"]
[31351313,"Ensambles de tubos remachados de latón","2.3.6.3.06"]
[31351400,"Conjuntos de tubería ligada","NO DISPONIBLE"]
[31351401,"Ensambles de tubos pegados de aluminio","2.3.6.3.06"]
[31351402,"Ensambles de tubos pegados de acero al carbono","2.3.6.3.06"]
[31351403,"Ensambles de tubos pegados de aleación hast x","2.3.6.3.06"]
[31351404,"Ensambles de tubos pegados de inconel","2.3.6.3.06"]
[31351405,"Ensambles de tubos pegados de acero de aleación baja","2.3.6.3.06"]
[31351406,"Ensambles de tubos pegados no metálica","2.3.6.3.06"]
[31351409,"Ensambles de tubos pegados de acero inoxidable","2.3.6.3.06"]
[31351410,"Ensambles de tubos pegados de titanio","2.3.6.3.06"]
[31351411,"Ensambles de tubos pegados de aleación wasp","2.3.6.3.06"]
[31351412,"Ensambles de tubos pegados de cobre","2.3.6.3.06"]
[31351413,"Ensambles de tubos pegados de latón","2.3.6.3.06"]
[31351500,"Conjuntos de tubería empernados","NO DISPONIBLE"]
[31351501,"Ensambles de tubos atornillados de aluminio","2.3.6.3.06"]
[31351502,"Ensambles de tubos atornillados de acero al carbono","2.3.6.3.06"]
[31351503,"Ensambles de tubos atornillados de aleación hast x","2.3.6.3.06"]
[31351504,"Ensambles de tubos atornillados de inconel","2.3.6.3.06"]
[31351505,"Ensambles de tubos atornillados de acero de aleación baja","2.3.6.3.06"]
[31351506,"Ensambles de tubos atornillados no metálica","2.3.6.3.06"]
[31351509,"Ensambles de tubos atornillados de acero inoxidable","2.3.6.3.06"]
[31351510,"Ensambles de tubos atornillados de titanio","2.3.6.3.06"]
[31351511,"Ensambles de tubos atornillados de aleación wasp","2.3.6.3.06"]
[31351512,"Ensambles de tubos atornillados de cobre","2.3.6.3.06"]
[31351513,"Ensambles de tubos atornillados de latón","2.3.6.3.06"]
[31351600,"Conjuntos de tubería soldada de solvente","NO DISPONIBLE"]
[31351601,"Ensambles de tubos soldados con disolvente de aluminio","2.3.6.3.06"]
[31351602,"Ensambles de tubos soldados con disolvente de acero al carbono","2.3.6.3.06"]
[31351603,"Ensambles de tubos soldados con disolvente de aleación hast x","2.3.6.3.06"]
[31351604,"Ensambles de tubos soldados con disolvente de inconel","2.3.6.3.06"]
[31351605,"Ensambles de tubos soldados con disolvente de acero de aleación baja","2.3.6.3.06"]
[31351606,"Ensambles de tubos soldados con disolvente no metálica","2.3.6.3.06"]
[31351609,"Ensambles de tubos soldados con disolvente de acero inoxidable","2.3.6.3.06"]
[31351610,"Ensambles de tubos soldados con disolvente de titanio","2.3.6.3.06"]
[31351611,"Ensambles de tubos soldados con disolvente de aleación wasp","2.3.6.3.06"]
[31351612,"Ensambles de tubos soldados con disolvente de cobre","2.3.6.3.06"]
[31351613,"Ensambles de tubos soldados con disolvente de latón","2.3.6.3.06"]
[31351700,"Conjuntos de tubería soldada sónica","NO DISPONIBLE"]
[31351701,"Ensambles de tubos soldados con soldadura sónica de aluminio","2.3.6.3.06"]
[31351702,"Ensambles de tubos soldados con soldadura sónica de acero al carbono","2.3.6.3.06"]
[31351703,"Ensambles de tubos soldados con soldadura sónica de aleación hast x","2.3.6.3.06"]
[31351704,"Ensambles de tubos soldados con soldadura sónica de inconel","2.3.6.3.06"]
[31351705,"Ensambles de tubos soldados con soldadura sónica de acero de aleación baja","2.3.6.3.06"]
[31351706,"Ensambles de tubos soldados con soldadura sónica no metálica","2.3.6.3.06"]
[31351709,"Ensambles de tubos soldados con soldadura sónica de acero inoxidable","2.3.6.3.06"]
[31351710,"Ensambles de tubos soldados con soldadura sónica de titanio","2.3.6.3.06"]
[31351711,"Ensambles de tubos soldados con soldadura sónica de aleación wasp","2.3.6.3.06"]
[31351712,"Ensambles de tubos soldados con soldadura sónica de cobre","2.3.6.3.06"]
[31351713,"Ensambles de tubos soldados con soldadura sónica de latón","2.3.6.3.06"]
[31360000,"Ensambles de placa fabricados","NO DISPONIBLE"]
[31361100,"Conjuntos de placa ligados","NO DISPONIBLE"]
[31361101,"Ensambles de placas soldadas de aluminio","2.3.6.3.06"]
[31361102,"Ensambles de placas soldadas de acero al carbono","2.3.6.3.06"]
[31361103,"Ensambles de placas soldadas de aleación hast x","2.3.6.3.06"]
[31361104,"Ensambles de placas soldadas de inconel","2.3.6.3.06"]
[31361105,"Ensambles de placas soldadas de acero de aleación baja","2.3.6.3.06"]
[31361106,"Ensambles de placas soldadas no metálica","2.3.6.3.06"]
[31361109,"Ensambles de placas soldadas de acero inoxidable","2.3.6.3.06"]
[31361110,"Ensambles de placas soldadas de titanio","2.3.6.3.06"]
[31361111,"Ensambles de placas soldadas de aleación wasp","2.3.6.3.06"]
[31361112,"Ensambles de placas soldadas de cobre","2.3.6.3.06"]
[31361113,"Ensambles de placas soldadas de latón","2.3.6.3.06"]
[31361200,"Conjuntos de placa empernados","NO DISPONIBLE"]
[31361201,"Ensambles de placas atornilladas de aluminio","2.3.6.3.06"]
[31361202,"Ensambles de placas atornilladas de acero al carbono","2.3.6.3.06"]
[31361203,"Ensambles de placas atornilladas de aleación hast x","2.3.6.3.06"]
[31361204,"Ensambles de placas atornilladas de inconel","2.3.6.3.06"]
[31361205,"Ensambles de placas atornilladas de acero de aleación baja","2.3.6.3.06"]
[31361206,"Ensambles de placas atornilladas no metálica","2.3.6.9.01"]
[31361209,"Ensambles de placas atornilladas de acero inoxidable","2.3.6.3.06"]
[31361210,"Ensambles de placas atornilladas de titanio","2.3.6.3.06"]
[31361211,"Ensambles de placas atornilladas de aleación wasp","2.3.6.3.06"]
[31361212,"Ensambles de placas atornilladas de cobre","2.3.6.3.06"]
[31361213,"Ensambles de placas atornilladas de latón","2.3.6.3.06"]
[31361300,"Conjuntos de placa soldados de solvente","NO DISPONIBLE"]
[31361301,"Ensambles de placas soldadas con solvente de aluminio","2.3.6.3.06"]
[31361302,"Ensambles de placas soldadas con solvente de acero al carbono","2.3.6.3.06"]
[31361303,"Ensambles de placas soldadas con solvente de aleación hast x","2.3.6.3.06"]
[31361304,"Ensambles de placas soldadas con solvente de inconel","2.3.6.3.06"]
[31361305,"Ensambles de placas soldadas con solvente de acero de aleación baja","2.3.6.3.06"]
[31361306,"Ensambles de placas soldadas con solvente no metálica","2.3.6.3.06"]
[31361309,"Ensambles de placas soldadas con solvente de acero inoxidable","2.3.6.3.06"]
[31361310,"Ensambles de placas soldadas con solvente de titanio","2.3.6.3.06"]
[31361311,"Ensambles de placas soldadas con solvente de aleación wasp","2.3.6.3.06"]
[31361312,"Ensambles de placas soldadas con solvente de cobre","2.3.6.3.06"]
[31361313,"Ensambles de placas soldadas con solvente de latón","2.3.6.3.06"]
[31361400,"Conjuntos de placas soldadas o soldadas con latón","NO DISPONIBLE"]
[31361401,"Ensambles de placas soldadas con soldadura fuerte o débil de aluminio","2.3.6.3.06"]
[31361402,"Ensambles de placas soldadas con soldadura fuerte o débil de acero al carbono","2.3.6.3.06"]
[31361403,"Ensambles de placas soldadas con soldadura fuerte o débil de aleación hast x","2.3.6.3.06"]
[31361404,"Ensambles de placas soldadas con soldadura fuerte o débil de inconel","2.3.6.3.06"]
[31361405,"Ensambles de placas soldadas con soldadura fuerte o débil de acero de aleación baja","2.3.6.3.06"]
[31361406,"Ensambles de placas soldadas con soldadura fuerte o débil no metálica","2.3.6.3.06"]
[31361409,"Ensambles de placas soldadas con soldadura fuerte o débil de acero inoxidable","2.3.6.3.06"]
[31361410,"Ensambles de placas soldadas con soldadura fuerte o débil de titanio","2.3.6.3.06"]
[31361411,"Ensambles de placas soldadas con soldadura fuerte o débil de aleación wasp","2.3.6.3.06"]
[31361412,"Ensambles de placas soldadas con soldadura fuerte o débil de cobre","2.3.6.3.06"]
[31361413,"Ensambles de placas soldadas con soldadura fuerte o débil de latón","2.3.6.3.06"]
[31361500,"Conjuntos de placas soldadas con ultra violeta uv","NO DISPONIBLE"]
[31361501,"Ensambles de placas soldadas con soldadura ultra violeta de aluminio","2.3.6.3.06"]
[31361502,"Ensambles de placas soldadas con soldadura ultra violeta de acero al carbono","2.3.6.3.06"]
[31361503,"Ensambles de placas soldadas con soldadura ultra violeta de aleación hast x","2.3.6.3.06"]
[31361504,"Ensambles de placas soldadas con soldadura ultra violeta de inconel","2.3.6.3.06"]
[31361505,"Ensambles de placas soldadas con soldadura ultra violeta de acero de aleación baja","2.3.6.3.06"]
[31361506,"Ensambles de placas soldadas con soldadura ultra violeta no metálica","2.3.6.3.06"]
[31361509,"Ensambles de placas soldadas con soldadura ultra violeta de acero inoxidable","2.3.6.3.06"]
[31361510,"Ensambles de placas soldadas con soldadura ultra violeta de titanio","2.3.6.3.06"]
[31361511,"Ensambles de placas soldadas con soldadura ultra violeta de aleación wasp","2.3.6.3.06"]
[31361512,"Ensambles de placas soldadas con soldadura ultra violeta de cobre","2.3.6.3.06"]
[31361513,"Ensambles de placas soldadas con soldadura ultra violeta de latón","2.3.6.3.06"]
[31361600,"Conjuntos de placas soldadas con sónico","NO DISPONIBLE"]
[31361601,"Ensambles de placas soldadas con soldadura sónica de aluminio","2.3.6.3.06"]
[31361602,"Ensambles de placas soldadas con soldadura sónica de acero al carbono","2.3.6.3.06"]
[31361603,"Ensambles de placas soldadas con soldadura sónica de aleación hast x","2.3.6.3.06"]
[31361604,"Ensambles de placas soldadas con soldadura sónica de inconel","2.3.6.3.06"]
[31361605,"Ensambles de placas soldadas con soldadura sónica de acero de aleación baja","2.3.6.3.06"]
[31361606,"Ensambles de placas soldadas con soldadura sónica no metálica","2.3.6.3.06"]
[31361609,"Ensambles de placas soldadas con soldadura sónica de acero inoxidable","2.3.6.3.06"]
[31361610,"Ensambles de placas soldadas con soldadura sónica de titanio","2.3.6.3.06"]
[31361611,"Ensambles de placas soldadas con soldadura sónica de aleación wasp","2.3.6.3.06"]
[31361612,"Ensambles de placas soldadas con soldadura sónica de cobre","2.3.6.3.06"]
[31361613,"Ensambles de placas soldadas con soldadura sónica de latón","2.3.6.3.06"]
[31361700,"Conjuntos de placas remachadas","NO DISPONIBLE"]
[31361701,"Ensambles de placas remachadas de aluminio","2.3.6.3.06"]
[31361702,"Ensambles de placas remachadas de acero al carbono","2.3.6.3.06"]
[31361703,"Ensambles de placas remachadas de aleación hast x","2.3.6.3.06"]
[31361704,"Ensambles de placas remachadas de inconel","2.3.6.3.06"]
[31361705,"Ensambles de placas remachadas de acero de aleación baja","2.3.6.3.06"]
[31361706,"Ensambles de placas remachadas no metálica","2.3.6.3.06"]
[31361709,"Ensambles de placas remachadas de acero inoxidable","2.3.6.3.06"]
[31361710,"Ensambles de placas remachadas de titanio","2.3.6.3.06"]
[31361711,"Ensambles de placas remachadas de aleación wasp","2.3.6.3.06"]
[31361712,"Ensambles de placas remachadas de cobre","2.3.6.3.06"]
[31361713,"Ensambles de placas remachadas de latón","2.3.6.3.06"]
[31370000,"Refractarios","NO DISPONIBLE"]
[31371000,"Productos de fibra de cerámica","NO DISPONIBLE"]
[31371001,"Paneles aislantes","2.3.9.8.02"]
[31371002,"Lana aislante","2.3.2.1.01"]
[31371003,"Sábanas refractarias","2.3.9.9.04"]
[31371100,"Ladrillos refractarios","NO DISPONIBLE"]
[31371101,"Ladrillo de mulita","2.3.6.1.05"]
[31371102,"Ladrillos de silimanita","2.3.6.1.05"]
[31371103,"Ladrillos resistentes al ácido","2.3.6.1.05"]
[31371104,"Ladrillos de sílice","2.3.6.1.05"]
[31371105,"Ladrillos de alta alúmina","2.3.6.1.05"]
[31371106,"Ladrillos de silicato de calcio","2.3.6.1.05"]
[31371107,"Ladrillos con formas","2.3.6.1.05"]
[31371200,"Compuestos para moldear","NO DISPONIBLE"]
[31371201,"Moldeables densos","2.3.6.3.06"]
[31371202,"Moldeables de aislación","2.3.6.3.06"]
[31371203,"Moldeables bajos en cemento","2.3.6.3.06"]
[31371204,"Moldeables resistentes a ácidos o a álcalis","2.3.6.3.06"]
[31371205,"Moldeables resistentes a abrasión","2.3.6.3.06"]
[31371206,"Moldeables sic","2.3.6.3.06"]
[31371207,"Moldeables de auto flujo","2.3.6.3.06"]
[31371208,"Moldeable tabular alúmina","2.3.6.3.06"]
[31371209,"Moldeable resistente a la erosión","2.3.6.3.06"]
[31371300,"Refractarios formados","NO DISPONIBLE"]
[31371301,"Bloques porosos","2.3.6.1.05"]
[31371302,"Boquillas de zircón","2.3.9.8.01"]
[31371400,"Losetas refractarias","NO DISPONIBLE"]
[31371401,"Tejas de sílice","2.3.6.9.01"]
[32000000,"Componentes y suministros electrónicos","NO DISPONIBLE"]
[32100000,"Circuitos impresos, circuitos integrados y micro ensamblajes","NO DISPONIBLE"]
[32101500,"Conjuntos de circuitos y componentes de radiofrecuencia (rf)","NO DISPONIBLE"]
[32101502,"Montajes de circuitos impresos (pca)","2.3.9.6.01"]
[32101503,"Conjuntos de circuitos mixtos","2.3.9.6.01"]
[32101504,"Ensamblajes de circuitos montados en superficie","2.3.9.6.01"]
[32101505,"Ensamblajes de circuitos electro plateados","2.3.9.6.01"]
[32101506,"Tarjetas de circuito de doble cara","2.3.9.6.01"]
[32101507,"Tarjetas de tablero de conectores de circuitos","2.3.9.6.01"]
[32101508,"Tarjetas de circuito multi capa","2.3.9.6.01"]
[32101509,"Tarjetas de circuito de una cara","2.3.9.6.01"]
[32101510,"Tablero de cables impreso","2.3.9.6.01"]
[32101512,"Demoduladores","2.3.9.6.01"]
[32101513,"Conjuntos de circuitos de aplicaciones específicas","2.3.9.6.01"]
[32101514,"Amplificadores","2.6.2.1.01"]
[32101515,"Atenuadores","2.3.9.6.01"]
[32101516,"Circuladores","2.3.9.6.01"]
[32101517,"Acopladores","2.3.9.6.01"]
[32101518,"Líneas de retardo","2.3.9.6.01"]
[32101519,"Detectores","2.3.9.6.01"]
[32101520,"Cargas simuladas","2.3.9.6.01"]
[32101521,"Filtros de radiofrecuencia (rf)","2.3.9.6.01"]
[32101522,"Aisladores","2.3.9.6.01"]
[32101523,"Mezcladores","2.3.9.6.01"]
[32101524,"Variadores de fase","2.3.9.6.01"]
[32101525,"Multiplexores","2.3.9.6.01"]
[32101526,"Amplificadores de tubos de onda","2.3.9.6.01"]
[32101527,"Terminaciones","2.3.9.6.01"]
[32101528,"Moduladores","2.3.9.6.01"]
[32101600,"Circuitos integrados","NO DISPONIBLE"]
[32101601,"Memoria de acceso aleatorio (ram)","2.3.9.2.01"]
[32101602,"Memoria ram dinámica (dram)","2.3.9.2.01"]
[32101603,"Memoria ram estática (sram)","2.3.9.2.01"]
[32101604,"Memoria rom programable (prom)","2.3.9.2.01"]
[32101605,"Memoria rom programable borrable (eprom)","2.3.9.2.01"]
[32101606,"Memoria rom programable borrable eléctricamente (eeprom)","2.3.9.2.01"]
[32101607,"Circuitos integrados monolíticos de memoria (mmic)","2.3.9.6.01"]
[32101608,"Memoria de sólo lectura (rom)","2.3.9.2.01"]
[32101609,"Circuitos integrados de aplicaciones específicas (asic)","2.3.9.6.01"]
[32101611,"Lógica de matriz programable (pal)","2.3.9.6.01"]
[32101612,"Lógica de matriz de puertas (gal)","2.3.9.6.01"]
[32101613,"Lógica transistor-transistor (ttl)","2.3.9.6.01"]
[32101614,"Lógica de emisor acoplado (ecl)","2.3.9.6.01"]
[32101615,"Tecnología mos bipolar (bimos)","2.3.9.6.01"]
[32101616,"Tecnología cmos bipolar (bicmos)","2.3.9.6.01"]
[32101617,"Tarjetas inteligentes","2.3.9.2.01"]
[32101618,"Circuitos integrados ordenados hacia arriba","2.3.9.6.01"]
[32101619,"Circuitos integrados lineales","2.3.9.6.01"]
[32101620,"Circuitos integrados digitales","2.3.9.6.01"]
[32101621,"Memoria dram síncrona (sdram)","2.3.9.2.01"]
[32101622,"Memoria flash","2.3.9.2.01"]
[32101623,"Memoria rdram (rambus)","2.3.9.2.01"]
[32101624,"Memoria sgram","2.3.9.2.01"]
[32101625,"Circuitos integrados de accionamiento o control por motor","2.3.9.6.01"]
[32101626,"Microprocesadores","2.3.9.6.01"]
[32101627,"Osciladores de reloj","2.3.9.6.01"]
[32101628,"Microcontroladores","2.3.9.6.01"]
[32101629,"Amplificadores operacionales","2.3.9.6.01"]
[32101630,"Circuitos integrados de regulador de tensión","2.3.9.6.01"]
[32101631,"Circuitos integrados de comparador de tensión","2.3.9.6.01"]
[32101632,"Circuitos integrados de temporizador","2.3.9.6.01"]
[32101633,"Puertas lógicas","2.3.9.6.01"]
[32101634,"Circuitos basculantes","2.3.9.6.01"]
[32101635,"Registros de desplazamiento","2.3.9.6.01"]
[32101636,"Procesador de señal digital (dsp)","2.3.9.6.01"]
[32101637,"Procesadores de red","2.3.9.2.01"]
[32110000,"Dispositivo semiconductor discreto","NO DISPONIBLE"]
[32111500,"Diodos","NO DISPONIBLE"]
[32111501,"Diodos de microondas","2.3.9.6.01"]
[32111502,"Diodos zener","2.3.9.6.01"]
[32111503,"Diodos emisores de luz (led)","2.3.9.6.01"]
[32111504,"Diodos schottky","2.3.9.6.01"]
[32111505,"Diodos con efecto túnel","2.3.9.6.01"]
[32111506,"Diodos fotosensibles","2.3.9.6.01"]
[32111507,"Diodos de capacitancia variable","2.3.9.6.01"]
[32111508,"Diodos solares","2.3.9.6.01"]
[32111509,"Diodos de energía","2.3.9.6.01"]
[32111510,"Diodos de radiofrecuencia (rf)","2.3.9.6.01"]
[32111511,"Diodos de señal pequeña","2.3.9.6.01"]
[32111512,"Diodo láser","2.3.9.6.01"]
[32111600,"Transistores","NO DISPONIBLE"]
[32111601,"Transistores fotosensibles","2.3.9.6.01"]
[32111602,"Transistor de efecto de campo (fet)","2.3.9.6.01"]
[32111603,"Transistores mos de efecto de campo (mosfet)","2.3.9.6.01"]
[32111604,"Chips de transistor","2.3.9.6.01"]
[32111607,"Transistores bipolares de radiofrecuencia (rf) o darlington","2.3.9.6.01"]
[32111608,"Transistores uniempalme","2.3.9.6.01"]
[32111609,"Transistores bipolares de puerta aislada (igbt)","2.3.9.6.01"]
[32111610,"Transistores de efecto de campo de unión (jfet)","2.3.9.6.01"]
[32111611,"Transistores bipolares de unión (bjt)","2.3.9.6.01"]
[32111700,"Aparatos semiconductores","NO DISPONIBLE"]
[32111701,"Células fotovoltaicas","2.3.9.6.01"]
[32111702,"Tiristores","2.3.9.6.01"]
[32111703,"Diacs","2.3.9.6.01"]
[32111704,"Triacs","2.3.9.6.01"]
[32111705,"Aisladores acoplados ópticos","2.3.9.6.01"]
[32111706,"Osciladores a cristal","2.3.9.6.01"]
[32120000,"Componentes pasivos discretos","NO DISPONIBLE"]
[32121500,"Capacitores","NO DISPONIBLE"]
[32121501,"Capacitores fijos","2.3.9.6.01"]
[32121502,"Capacitores o varactores variables","2.3.9.6.01"]
[32121503,"Capacitores ajustables pre - ajustados","2.3.9.6.01"]
[32121504,"Redes de capacitores","2.3.9.6.01"]
[32121600,"Resistores","NO DISPONIBLE"]
[32121602,"Resistores fusibles","2.3.9.6.01"]
[32121603,"Resistores o varistores variables","2.3.9.6.01"]
[32121607,"Redes de resistores","2.3.9.6.01"]
[32121609,"Resistores fijos","2.3.9.6.01"]
[32121700,"Componentes discretos","NO DISPONIBLE"]
[32121701,"Rectificadores","2.3.9.6.01"]
[32121702,"Inductores","2.3.9.6.01"]
[32121703,"Ferritas","2.3.9.6.01"]
[32121704,"Convertidores estáticos","2.3.9.6.01"]
[32121705,"Inversores","2.6.5.6.01"]
[32121706,"Redes r/c de resistores o capacitores","2.3.9.6.01"]
[32130000,"Piezas de componentes y hardware electrónicos y accesorios","NO DISPONIBLE"]
[32131000,"Accesorios, materias primas y piezas de componentes electrónicos","NO DISPONIBLE"]
[32131001,"Piletas térmicas","2.3.9.6.01"]
[32131002,"Matrices de semiconductor","2.3.9.6.01"]
[32131003,"Pastillas de semiconductor","2.3.9.6.01"]
[32131005,"Paquetes de circuitos integrados","2.3.9.6.01"]
[32131006,"Soportes o zócalos de circuito integrado","2.3.9.6.01"]
[32131007,"Soportes de componentes discretos","2.3.9.6.01"]
[32131008,"Compuestos disipadores de calor","2.3.9.6.01"]
[32131009,"Aisladores para disipadores de calor","2.3.9.6.01"]
[32131010,"Tarjetas sencillas de circuitos impresos","2.3.9.6.01"]
[32131011,"Cubiertas de circuitos integrados","2.3.9.6.01"]
[32131012,"Objetivos de erosión superficial","2.3.9.6.01"]
[32140000,"Dispositivos de tubo electrónico y accesorios","NO DISPONIBLE"]
[32141000,"Tubos electrónicos","NO DISPONIBLE"]
[32141001,"Tubos de rayos catódicos","2.3.9.6.01"]
[32141002,"Klistrones","2.3.9.6.01"]
[32141003,"Magnetrones","2.3.9.6.01"]
[32141004,"Tubos de ondas progresivas","2.3.9.6.01"]
[32141005,"Tubos de disco sellado","2.3.9.6.01"]
[32141006,"Resnatrones","2.3.9.6.01"]
[32141007,"Tiratrones","2.3.9.6.01"]
[32141008,"Ignitrones","2.3.9.6.01"]
[32141009,"Tubos fotoeléctricos","2.3.9.6.01"]
[32141010,"Tubos fotomultiplicadores","2.3.9.6.01"]
[32141011,"Tubos receptores de televisión o cámara","2.3.9.6.01"]
[32141012,"Tubo de diodo","2.3.9.6.01"]
[32141013,"Tubo de tríodo","2.3.9.6.01"]
[32141014,"Tubos de tetrodo","2.3.9.6.01"]
[32141015,"Tubos de pentodo","2.3.9.6.01"]
[32141016,"Tubos múltiples","2.3.9.6.01"]
[32141100,"Piezas y accesorios de tubos electrónicos","NO DISPONIBLE"]
[32141101,"Cátodos o emisores","2.3.9.6.01"]
[32141102,"Elementos de ánodo","2.3.9.6.01"]
[32141103,"Elementos de rejilla","2.3.9.6.01"]
[32141104,"Elementos deflectores","2.3.9.6.01"]
[32141105,"Obturadores o fundas de tubo","2.3.9.6.01"]
[32141106,"Bases de tubo","2.3.9.6.01"]
[32141107,"Zócalos de tubo","2.3.9.6.01"]
[32141108,"Clavijas de electrodo","2.3.9.6.01"]
[32141109,"Portaelectrodos","2.6.5.7.01"]
[39000000,"Componentes, accesorios y suministros de sistemas eléctricos e iluminación","NO DISPONIBLE"]
[39100000,"Lámparas y bombillas y componentes para lámparas","NO DISPONIBLE"]
[39101600,"Lámparas y bombillas","NO DISPONIBLE"]
[39101601,"Lámparas halógenas","2.3.9.6.01"]
[39101602,"Lámparas médicas","2.3.9.6.01"]
[39101603,"Lámparas solares","2.3.9.6.01"]
[39101604,"Lámparas de alcohol","2.3.9.6.01"]
[39101605,"Lámparas fluorescentes","2.3.9.6.01"]
[39101606,"Lámparas de arco","2.3.9.6.01"]
[39101608,"Luz asómbrica o scialytica de operación","2.3.9.6.01"]
[39101609,"Lámparas de escenario o estudio","2.3.9.6.01"]
[39101610,"Lámparas de filamento","2.3.9.6.01"]
[39101612,"Lámparas incandescentes","2.3.9.6.01"]
[39101613,"Lámparas infrarrojas","2.3.9.6.01"]
[39101614,"Lámparas de haluro- metálico","2.3.9.6.01"]
[39101615,"Lámparas de vapor de mercurio","2.3.9.6.01"]
[39101616,"Lámparas de rayos ultravioleta (uv)","2.3.9.6.01"]
[39101617,"Lámparas de sodio de alta presión hid","2.3.9.6.01"]
[39101618,"Lámparas de neón","2.3.9.6.01"]
[39101700,"Bombillas de vidrio","NO DISPONIBLE"]
[39101701,"Tubos fluorescentes","2.3.9.6.01"]
[39101800,"Componentes y accesorios de lámpara","NO DISPONIBLE"]
[39101801,"Filamento de lámpara","2.3.9.6.01"]
[39110000,"Iluminación, artefactos y accesorios","NO DISPONIBLE"]
[39111500,"Iluminación de interiores y artefactos","NO DISPONIBLE"]
[39111501,"Artefactos fluorescentes","2.3.9.6.01"]
[39111503,"Dispositivos de pared","2.3.9.6.01"]
[39111504,"Sistemas de iluminación de escenario o estudio","2.3.9.6.01"]
[39111505,"Iluminación empotrada","2.3.9.6.01"]
[39111506,"Arañas de luces","2.3.9.6.01"]
[39111507,"Artefactos de escritorio","2.3.9.6.01"]
[39111508,"Alumbrado de pista","2.3.9.6.01"]
[39111509,"Lámparas de pie","2.3.9.6.01"]
[39111510,"Lámparas de mesa","2.3.9.6.01"]
[39111512,"Luces de banco de laboratorio","2.3.9.6.01"]
[39111513,"Iluminación solar interior","2.3.9.6.01"]
[39111514,"Luces de árboles","2.3.9.6.01"]
[39111515,"Artefactos para lámpara proyectada hacia abajo","2.3.9.6.01"]
[39111516,"Aparatos para alumbrado de tareas","2.3.9.6.01"]
[39111517,"Velas de Cera","2.3.9.9.05"]
[39111518,"Luz de mano o de extensión","2.3.9.6.01"]
[39111519,"Portavelas","2.3.9.8.02"]
[39111520,"Artefactos de alumbrado halógeno","2.3.9.6.01"]
[39111521,"Plafones","2.3.9.6.01"]
[39101628,"Lámpara Led","2.3.9.6.01"]
[39111600,"Iluminación exterior y artefactos","NO DISPONIBLE"]
[39111603,"Alumbrado de la vía pública","2.7.2.7.01"]
[39111605,"Iluminación paisajística","2.3.9.6.01"]
[39111606,"Alumbrado submarino","2.2.7.1.06"]
[39111608,"Alumbrado de zonas residenciales","2.2.7.1.06"]
[39111609,"Linternas de queroseno, propano o butano","2.3.9.9.05"]
[39111700,"Alumbrado de emergencia","NO DISPONIBLE"]
[39111702,"Lámparas portátiles","2.3.9.6.01"]
[39111703,"Luces de tormenta","2.3.9.6.01"]
[39111704,"Luces proyectantes","2.3.9.6.01"]
[39111705,"Barras fluorescentes o de iluminación","2.3.9.6.01"]
[39111706,"Luces de emergencia o estroboscópicas (licuadoras)","2.3.9.6.01"]
[39111800,"Accesorios de iluminación","NO DISPONIBLE"]
[39111801,"Balastos de lámparas","2.3.9.6.01"]
[39111802,"Cubiertas de lámpara","2.3.9.6.01"]
[39111803,"Enchufes de lámparas","2.3.9.6.01"]
[39111804,"Casquillos de lámparas","2.3.9.6.01"]
[39111806,"Cajas de iluminación","2.3.9.6.01"]
[39111808,"Parrillas","2.3.9.6.01"]
[39111809,"Filtros acondicionadores de luz","2.3.9.6.01"]
[39111810,"Interruptor de lámpara","2.3.9.6.01"]
[39111811,"Líneas férreas electrificadas","2.3.9.6.01"]
[39111812,"Pantallas de lámparas","2.3.9.6.01"]
[39111813,"Brazos de lámparas","2.3.9.6.01"]
[39111900,"Señalización e iluminación de emplazamientos peligrosos","NO DISPONIBLE"]
[39111901,"Señalización fluorescente de emplazamientos peligrosos","2.3.9.9.04"]
[39111902,"Señalización incandescente de emplazamientos peligrosos","2.3.9.9.04"]
[39112000,"Proyectores móviles","NO DISPONIBLE"]
[39112001,"Torre de luz","2.3.9.6.01"]
[39112002,"Carro de iluminación","2.6.4.2.01"]
[39112003,"Stand de iluminación","2.3.9.6.01"]
[39120000,"Equipos, suministros y componentes eléctricos","NO DISPONIBLE"]
[39121000,"Equipamiento para distribución y conversión de alimentación","NO DISPONIBLE"]
[39121001,"Transformadores de distribución de potencia","2.6.5.6.01"]
[39121002,"Transformadores de suministro de potencia","2.6.5.6.01"]
[39121003,"Transformadores de instrumentos","2.6.5.6.01"]
[39121004,"Unidades de suministro de energía","2.6.5.6.01"]
[39121006,"Adaptadores o inversores de potencia","2.3.9.6.01"]
[39121007,"Conversores de frecuencia","2.6.5.6.01"]
[39121008,"Conversores de señales","2.6.5.6.01"]
[39121009,"Reguladores eléctricos o de potencia","2.3.9.6.01"]
[39121010,"Bobinas magnéticas","2.6.5.6.01"]
[39121011,"Fuentes ininterrumpibles de potencia","2.6.5.6.01"]
[39121012,"Estrangulador","2.6.5.6.01"]
[39121013,"Convertidores rotativos eléctricos","2.6.5.6.01"]
[39121014,"Bancos de capacitores","2.6.5.6.01"]
[39121015,"Reactores","2.6.5.6.01"]
[39121016,"Anillos colectores","2.6.5.6.01"]
[39121017,"Unidades de distribución de alimentación (pdus)","2.6.5.6.01"]
[39121018,"Barreras de seguridad intrínseca","2.6.5.6.01"]
[39121019,"Dispositivos de acoplamiento por inducción","2.6.5.6.01"]
[39121020,"Acondicionadores de señal","2.6.5.6.01"]
[39121100,"Centros de control y distribución y accesorios","NO DISPONIBLE"]
[39121101,"Centros de carga","2.6.5.6.01"]
[39121102,"Tomas o centros de medidores","2.6.5.6.01"]
[39121103,"Paneles","2.6.5.6.01"]
[39121104,"Centros de control de motor","2.6.5.6.01"]
[39121105,"Sistemas de conmutadores","2.6.5.6.01"]
[39121106,"Sistemas de control o vigilancia de potencia","2.6.5.6.01"]
[39121107,"Sistemas de control de iluminación","2.6.5.6.01"]
[39121108,"Accesorios del panel de control o distribución","2.3.9.8.02"]
[39121109,"Transformadores de transmisión","2.6.5.6.01"]
[39121200,"Cerramientos de barras colectoras y componentes de gestión de hilos","NO DISPONIBLE"]
[39121201,"Escalerillas portacables","2.3.9.9.04"]
[39121202,"Canalización eléctrica","2.3.9.8.02"]
[39121203,"Conductos eléctricos","2.3.9.9.04"]
[39121204,"Conducto eléctrico\n","2.3.9.8.02"]
[39121205,"Canaletas para cables","2.3.9.8.02"]
[39121206,"Cerramientos de barras colectoras","2.3.9.9.04"]
[39121207,"Conductos para cables","2.3.9.9.04"]
[39121300,"Cuadros, registros y menaje para electricidad","NO DISPONIBLE"]
[39121301,"Cerramientos del panel de control o distribución","2.3.9.9.04"]
[39121302,"Placas o cubiertas de cerramiento","2.3.9.9.04"]
[39121303,"Cajas eléctricas","2.3.9.6.01"]
[39121304,"Cubiertas de cajas eléctricas","2.3.9.6.01"]
[39121305,"Cajas a prueba de intemperie","2.3.9.9.04"]
[39121306,"Cajas de conmutadores","2.3.9.6.01"]
[39121307,"Cajas de suelo","2.3.9.9.04"]
[39121308,"Cajas de toma de corriente","2.3.9.6.01"]
[39121309,"Cajas eléctricas especiales","2.3.9.6.01"]
[39121310,"Cajas de uso general","2.3.9.6.01"]
[39121311,"Accesorios eléctricos","2.3.9.6.01"]
[39121312,"Bujes eléctricos","2.3.9.6.01"]
[39121313,"Bridas de techo","2.3.9.6.01"]
[39121400,"Lengüetas de conexión, conectadores y terminales","NO DISPONIBLE"]
[39121402,"Enchufes eléctricos","2.3.9.6.01"]
[39121403,"Enchufe de bloqueo","2.3.9.6.01"]
[39121404,"Manguitos eléctricos","2.3.9.6.01"]
[39121405,"Terminales de cable o alambre","2.3.9.6.01"]
[39121406,"Receptáculos eléctricos","2.3.9.6.01"]
[39121407,"Strips de conexiones","2.3.9.6.01"]
[39121408,"Conexiones mecánicas","2.3.9.6.01"]
[39121409,"Conectores de cables eléctricos","2.3.9.6.01"]
[39121410,"Bloques de terminales","2.3.9.6.01"]
[39121411,"Cajas de Bornes para fusibles","2.3.9.6.01"]
[39121412,"Conectores de soporte posterior","2.3.9.6.01"]
[39121413,"Conectores circulares","2.3.9.6.01"]
[39121414,"Conectores coaxiales","2.3.9.6.01"]
[39121415,"Conectores planos","2.3.9.6.01"]
[39121416,"Tapas de conectores eléctricos","2.3.9.6.01"]
[39121419,"Conexiones flexibles","2.3.9.6.01"]
[39121420,"Conectores herméticos","2.3.9.6.01"]
[39121421,"Ensambles de conectores","2.3.9.6.01"]
[39121422,"Acoplamientos mecánicos","2.3.9.6.01"]
[39121423,"Conectores de mandíbula de resorte","2.3.9.6.01"]
[39121424,"Tapas del bloque de terminales","2.3.9.6.01"]
[39121425,"Separador de tablero de terminales","2.3.9.6.01"]
[39121426,"Puente de conexión","2.3.9.6.01"]
[39121427,"Bobinadoras de cable","2.3.9.6.01"]
[39121428,"Bobinadoras eléctricas","2.3.9.6.01"]
[39121429,"Conector de fibra óptica","2.3.9.6.01"]
[39121430,"Sujetafusibles","2.3.9.6.01"]
[39121431,"Conectores estancos de cables","2.3.9.6.01"]
[39121432,"Terminales eléctricos","2.3.9.6.01"]
[39121433,"Conectores de radiofrecuencia (rf)","2.3.9.6.01"]
[39121434,"Conectores de tubos metálicos eléctricos (emt)","2.3.9.6.01"]
[39121435,"Hilos o cables de conexión","2.3.9.6.01"]
[39121436,"Electrodos","2.3.9.6.01"]
[39121437,"Patines de toma de corriente","2.3.9.6.01"]
[39121441,"Cable de puente eléctrico (jumper)","2.3.9.6.01"]
[39121500,"Conmutadores, controles y relés y accesorios","NO DISPONIBLE"]
[39121501,"Interruptores de seguridad","2.3.9.6.01"]
[39121502,"Conmutadores reductores","2.3.9.6.01"]
[39121503,"Conmutadores de tambor","2.3.9.6.01"]
[39121504,"Interruptores de tiempos","2.3.9.6.01"]
[39121505,"Interruptores de resorte","2.3.9.6.01"]
[39121506,"Interruptores automáticos por caída de presión","2.3.9.6.01"]
[39121507,"Interruptores de volquete","2.3.9.6.01"]
[39121508,"Conmutadores de botón deslizante","2.3.9.6.01"]
[39121509,"Interruptores de límite","2.3.9.6.01"]
[39121510,"Interruptores de combinadores","2.3.9.6.01"]
[39121511,"Interruptores variables","2.3.9.6.01"]
[39121512,"Interruptores pulsadores","2.3.9.6.01"]
[39121513,"Conmutadores rotatorios","2.3.9.6.01"]
[39121514,"Relés de potencia","2.3.9.6.01"]
[39121515,"Relés universales","2.3.9.6.01"]
[39121516,"Relés de clavija bipolar","2.3.9.6.01"]
[39121517,"Relés de voltaje alterno","2.3.9.6.01"]
[39121518,"Relés de mercurio","2.3.9.6.01"]
[39121519,"Relés de acción diferida","2.3.9.6.01"]
[39121520,"Relés de sobrecarga","2.3.9.6.01"]
[39121521,"Controles de motor de arranque","2.3.9.6.01"]
[39121522,"Contactos eléctricos","2.3.9.6.01"]
[39121523,"Temporizadores","2.3.9.6.01"]
[39121524,"Fotocontroles","2.3.9.6.01"]
[39121525,"Interruptores infusibles","2.3.9.6.01"]
[39121527,"Encodificadores","2.3.9.6.01"]
[39121528,"Sensores fotoeléctricos","2.3.9.6.01"]
[39121529,"Contactores","2.3.9.6.01"]
[39121531,"Interruptores de flotador o de nivel","2.3.9.6.01"]
[39121532,"Interruptores de radiofrecuencia (RF)","2.3.9.6.01"]
[39121533,"Piezas de interruptor y accesorios","2.3.9.6.01"]
[39121534,"Luces indicadoras o indicadores luminosos","2.3.9.6.01"]
[39121535,"Relés de control","2.3.9.6.01"]
[39121536,"Relés de interrupción de fase","2.3.9.6.01"]
[39121537,"Conmutadores de pedal","2.3.9.6.01"]
[39121538,"Conmutadores de flujo","2.3.9.6.01"]
[39121539,"Conmutadores de llave","2.3.9.6.01"]
[39121540,"Interruptores de mercurio","2.3.9.6.01"]
[39121541,"Conmutadores basculantes","2.3.9.6.01"]
[39121542,"Relés de estado sólido","2.3.9.6.01"]
[39121543,"Módulo de relés múltiples o de placa de relés","2.3.9.6.01"]
[39121544,"Piezas de luces indicadoras o accesorios","2.3.9.6.01"]
[39121545,"Paradas de emergencia","2.3.9.6.01"]
[39121546,"Controles o conmutadores de palanca de control","2.3.9.6.01"]
[39121547,"Soportes o zócalos de relés","2.3.9.6.01"]
[39121548,"Conmutadores de vacío","2.3.9.6.01"]
[39121549,"Termostato","2.3.9.6.01"]
[39121550,"Conmutadores de proximidad","2.3.9.6.01"]
[39121551,"Piezas de reflector","2.3.9.6.01"]
[39121600,"Dispositivos y accesorios para la protección de circuitos","NO DISPONIBLE"]
[39121601,"Breakers de circuito","2.6.5.6.01"]
[39121602,"Breakers de circuito magnético","2.3.9.6.01"]
[39121603,"Micro disyuntores","2.3.9.6.01"]
[39121604,"Fusibles de retardo","2.3.9.6.01"]
[39121605,"Fusibles de tapón","2.3.9.6.01"]
[39121606,"Fusibles de cartucho","2.3.9.6.01"]
[39121607,"Fusibles de cuerpo de vidrio","2.3.9.6.01"]
[39121608,"Fusibles de clase","2.3.9.6.01"]
[39121609,"Microfusibles","2.3.9.6.01"]
[39121610,"Supresor de ondas","2.3.9.6.01"]
[39121611,"Fusibles de cerámicas","2.3.9.6.01"]
[39121612,"Fusibles de cuchilla","2.3.9.6.01"]
[39121613,"Conjuntos o dispositivos de polo a tierra","2.3.9.6.01"]
[39121614,"Disyuntores de pérdida a tierra","2.3.9.6.01"]
[39121615,"Breakers de circuito de aire","2.6.5.6.01"]
[39121616,"Breakers de circuito de caja moldeada","2.6.5.6.01"]
[39121617,"Piezas de fusible o accesorios","2.3.9.6.01"]
[39121618,"Alambre para fusible","2.3.9.6.01"]
[39121619,"Fusibles tipo botella","2.3.9.6.01"]
[39121700,"Ferretería eléctrica y suministros","NO DISPONIBLE"]
[39121701,"Soportes eléctricos","2.3.9.6.01"]
[39121702,"Clips para cables","2.3.9.6.01"]
[39121703,"Enlaces de cables","2.3.9.6.01"]
[39121704,"Placas de pared","2.3.9.6.01"]
[39121705,"Grapas para cables","2.3.9.6.01"]
[39121706,"Bujes de transformadores","2.3.9.6.01"]
[39121707,"Clavos de tabla de arneses","2.3.9.6.01"]
[39121708,"Riel din","2.3.9.6.01"]
[39121709,"Atadura de mango","2.3.9.6.01"]
[39121710,"Receptáculo multiplicador eléctrico","2.3.9.6.01"]
[39121711,"Entubación","2.3.9.8.01"]
[39121712,"Finales","2.3.9.9.04"]
[39121713,"Cubierta de la bobina","2.3.9.8.02"]
[39121714,"Encintado de los pasahilos","2.3.9.9.04"]
[39121715,"Tubos corrugados para cableado posterior","2.3.9.8.02"]
[39121716,"Manga trenzada extensible","2.3.9.9.04"]
[39121717,"Montaje de fijador de cable","2.3.9.6.01"]
[39121718,"Kits de empalme de cables","2.3.9.9.04"]
[39121719,"Protectores","2.3.9.9.04"]
[39121720,"Asas de transformadores","2.3.9.8.01"]
[39121721,"Aislantes eléctricos","2.3.9.6.01"]
[40000000,"Componentes y equipos para distribución y sistemas de acondicionamiento","NO DISPONIBLE"]
[40100000,"Calefacción, ventilación y circulación del aire","NO DISPONIBLE"]
[40101500,"Ventilación","NO DISPONIBLE"]
[40101501,"Colectores de aire","2.6.5.4.01"]
[40101502,"Extractores de aire","2.6.5.2.01"]
[40101503,"Rejilla de ventilación","2.6.5.4.01"]
[40101504,"Compuertas de ventilación","2.6.5.4.01"]
[40101505,"Difusores de aire","2.6.5.4.01"]
[40101506,"Tubos de ventilación","2.6.5.4.01"]
[40101600,"Circulación del aire y piezas y accesorios","NO DISPONIBLE"]
[40101601,"Secadores","2.6.5.2.01"]
[40101602,"Circuladores de aire","2.6.5.2.01"]
[40101603,"Impulsores","2.6.5.2.01"]
[40101604,"Ventiladores","2.6.5.2.01"]
[40101605,"Protectores o sus accesorios para ventiladores","2.3.9.8.01"]
[40101700,"Enfriamiento","NO DISPONIBLE"]
[40101701,"Aires acondicionados","2.6.5.4.01"]
[40101702,"Intercambiadores de enfriado","2.6.5.4.01"]
[40101703,"Enfriadores de evaporación","2.6.5.4.01"]
[40101704,"Unidades de condensación","2.6.5.4.01"]
[40101705,"Ensamblajes de tubos capilares","2.6.5.4.01"]
[40101706,"Obturadores de aire acondicionado","2.6.5.4.01"]
[40101707,"Accesorios para torres de enfriamiento","2.6.5.4.01"]
[40101800,"Equipo de calefacción y piezas y accesorios","NO DISPONIBLE"]
[40101801,"Radiadores","2.6.5.2.01"]
[40101802,"Intercambiadores de calor","2.6.5.2.01"]
[40101803,"Chimeneas de leña","2.7.1.3.01"]
[40101805,"Calefacción","2.6.5.2.01"]
[40101806,"Bombas de calor","2.6.5.2.01"]
[40101807,"Unidades de calefacción solar","2.6.5.2.01"]
[40101808,"Estufas de calefacción","2.6.5.2.01"]
[40101809,"Calentadores de circulación","2.6.5.2.01"]
[40101810,"Calentadores de conductos de bobina","2.6.5.2.01"]
[40101811,"Calentadores de convección","2.6.5.2.01"]
[40101812,"Intercambiadores divididos","2.6.5.2.01"]
[40101813,"Intercambiadores de doble división","2.6.5.2.01"]
[40101814,"Calentadores de aletas tubulares","2.6.5.2.01"]
[40101815,"Calentadores de inmersión","2.6.5.2.01"]
[40101816,"Intercambiadores de teteras","2.6.5.2.01"]
[40101817,"Intercambiadores de una vía","2.6.5.2.01"]
[40101818,"Calentadores de procesamiento de aire","2.6.5.2.01"]
[40101819,"Calentadores de espacio","2.6.5.2.01"]
[40101820,"Intercambiadores divididos","2.6.5.2.01"]
[40101821,"Calentadores de banda","2.6.5.2.01"]
[40101822,"Calentadores tubulares","2.6.5.2.01"]
[40101823,"Intercambiadores de dos vías","2.6.5.2.01"]
[40101824,"Calentador de cuarzo","2.6.5.2.01"]
[40101825,"Calentadores de agua para uso doméstico","2.6.5.2.01"]
[40101826,"Calentadores de agua comerciales","2.6.5.2.01"]
[40101827,"Calentadores de fibra cerámica","2.6.5.2.01"]
[40101828,"Calentadores de cartucho","2.6.5.2.01"]
[40101829,"Calentadores de tiro","2.6.5.2.01"]
[40101830,"Elementos de calefacción","2.6.5.2.01"]
[40101831,"Calentadores de inducción","2.6.5.2.01"]
[40101832,"Puertas para equipos de calefacción","2.6.5.2.01"]
[40101833,"Encendedor para calderas o calentadores","2.6.5.2.01"]
[40101834,"Quemadores (fogones)","2.6.5.2.01"]
[40101900,"Control de humedad","NO DISPONIBLE"]
[40101901,"Vaporizadores","2.3.9.9.05"]
[40101902,"Deshumidificadores","2.6.5.4.02"]
[40101903,"Humidificadores","2.6.5.2.01"]
[40102000,"Calderas","NO DISPONIBLE"]
[40102001,"Quemadores de tubo radiante","2.6.5.2.01"]
[40102002,"Quemadores de tubo de agua","2.6.5.2.01"]
[40102003,"Quemadores eléctricos","2.6.5.2.01"]
[40102004,"Quemadores operados con gas natural","2.6.5.2.01"]
[40102005,"Quemadores operados con gas propano","2.6.5.2.01"]
[40140000,"Distribución de fluidos y gas","NO DISPONIBLE"]
[40141600,"Válvulas","NO DISPONIBLE"]
[40141602,"Válvulas de aguja","2.3.9.8.02"]
[40141603,"Válvulas neumáticas","2.3.6.3.04"]
[40141604,"Válvulas de seguridad","2.3.6.3.04"]
[40141605,"Válvulas solenoides","2.3.6.3.04"]
[40141606,"Válvulas de relevo","2.3.6.3.04"]
[40141607,"Válvulas de bola","2.3.6.3.04"]
[40141608,"Válvulas hidráulicas","2.3.9.8.02"]
[40141609,"Válvulas de control","2.3.6.3.04"]
[40141610,"Válvulas de flotación","2.3.6.3.04"]
[40141611,"Válvulas de globo","2.3.6.3.04"]
[40141612,"Válvulas de expansión","2.3.6.3.04"]
[40141613,"Válvulas de compuerta","2.3.9.8.02"]
[40141615,"Válvulas de lengüeta","2.3.6.3.04"]
[40141616,"Partes o accesorios para válvulas","2.3.6.3.04"]
[40141617,"Válvulas esféricas de ángulo","2.3.6.3.04"]
[40141618,"Válvulas de seguridad de bola","2.3.6.3.04"]
[40141619,"Válvulas de mariposa con diseño de casquillo","2.3.9.8.02"]
[40141620,"Válvulas de mariposa con diseño de disco","2.3.9.8.02"]
[40141621,"Válvulas de diafragma","2.3.6.3.04"]
[40141622,"Válvulas de seguridad en línea","2.3.6.3.04"]
[40141623,"Válvulas tipo compuerta","2.3.9.8.02"]
[40141624,"Válvulas con pistones lubricados","2.3.6.3.04"]
[40141625,"Válvulas purgadoras de sedimentos (barro o lodo)","2.3.6.3.04"]
[40141626,"Válvulas con pistón no lubricado","2.3.6.3.04"]
[40141627,"Válvulas de orificio","2.3.6.3.04"]
[40141628,"Válvulas piloto","2.3.6.3.04"]
[40141629,"Válvulas de pinzamiento","2.3.6.3.04"]
[40141630,"Válvulas de seguridad de pistón","2.3.6.3.04"]
[40141631,"Válvulas de bombeo","2.3.6.3.04"]
[40141632,"Válvulas de monitoreo","2.3.6.3.04"]
[40141633,"Válvulas deslizantes","2.3.6.3.04"]
[40141634,"Válvulas de control de rotación","2.3.9.8.02"]
[40141635,"Válvulas de turbina","2.3.6.3.04"]
[40141636,"Kits de válvulas","2.3.6.3.04"]
[40141637,"Válvulas de control de disco","2.3.6.3.04"]
[40141638,"Válvulas alternadoras","2.3.6.3.04"]
[40141700,"Material de ferretería y accesorios","NO DISPONIBLE"]
[40141701,"Desagües","2.3.6.3.04"]
[40141702,"Grifos","2.3.9.8.01"]
[40141703,"Boquillas de ducha","2.3.6.3.04"]
[40141704,"Espigas","2.3.6.3.04"]
[40141705,"Caños","2.3.6.3.04"]
[40141716,"Sifones en P","2.3.6.3.04"]
[40141719,"Adaptadores para plomería","2.3.9.8.02"]
[40141720,"Conectores para plomería","2.3.6.3.04"]
[40141725,"Ganchos (soportes) para plomería","2.3.6.3.04"]
[40141726,"Hidrantes","2.3.6.3.04"]
[40141727,"Plomería de ventilación","2.3.9.8.02"]
[40141731,"Boquillas","2.3.6.3.04"]
[40141732,"Centradores (arañas) para plomería","2.3.6.3.04"]
[40141734,"Conectores para mangueras","2.3.6.3.04"]
[40141735,"Embudos","2.3.6.3.04"]
[40141736,"Graseras (de lubricación)","2.3.6.3.04"]
[40141737,"Diafragmas","2.3.6.3.04"]
[40141738,"Tapones de drenaje (de aceite)","2.3.6.3.04"]
[40141739,"Tapas de desagüe","2.3.9.8.02"]
[40141740,"Llave de la gasolina","2.3.6.3.04"]
[40141741,"Orificios de ajuste","2.3.6.3.04"]
[40141742,"Atomizadores","2.3.6.3.04"]
[40141743,"Puntas o capas de boquillas","2.3.6.3.04"]
[40141744,"Cuencos de drenaje","2.3.6.3.04"]
[40141745,"Fusibles de alta temperatura","2.3.6.3.04"]
[40141746,"Mirillas (indicadores de nivel)","2.3.6.3.04"]
[40141900,"Conductos","NO DISPONIBLE"]
[40141901,"Conductos flexibles","2.3.6.3.04"]
[40141902,"Conductos rígidos","2.3.6.3.04"]
[40141903,"Conductos o red de conductos de manganeso","2.3.9.8.02"]
[40141904,"Conductos o red de conductos de aleación ferrosa","2.3.6.3.04"]
[40141905,"Conductos o red de conductos de titanio","2.3.6.3.04"]
[40141906,"Conductos o red de conductos de latón","2.3.6.3.04"]
[40141907,"Conductos o red de conductos de latón","2.3.6.3.04"]
[40141908,"Conductos o red de conductos de plomo","2.3.6.3.04"]
[40141909,"Conductos o red de conductos de bronce","2.3.6.3.04"]
[40141910,"Conductos o red de conductos de zinc","2.3.6.3.04"]
[40141911,"Conductos o red de conductos de acero","2.3.6.3.04"]
[40141912,"Conductos o red de conductos de hierro","2.3.6.3.04"]
[40141913,"Conductos o red de conductos de cemento","2.3.6.3.04"]
[40141914,"Conductos o red de conductos de plástico","2.3.6.3.04"]
[40141915,"Conductos o red de conductos de caucho","2.3.6.3.04"]
[40141916,"Conductos o red de conductos de vidrio","2.3.6.3.04"]
[40141917,"Conductos o red de conductos de piedra","2.3.6.3.04"]
[40141918,"Conductos o red de conductos de aleación no ferrosa","2.3.6.3.04"]
[40141919,"Conductos o red de conductos de aluminio","2.3.6.3.04"]
[40141920,"Conductos o red de conductos de acero inoxidable","2.3.6.3.04"]
[40141921,"Conductos o red de conductos de metales preciosos","2.3.6.3.04"]
[40141922,"Conductos o red de conductos de cobre","2.3.6.3.04"]
[40142000,"Mangueras","NO DISPONIBLE"]
[40142001,"Mangueras de ácido","2.3.9.8.01"]
[40142002,"Mangueras de aire","2.3.9.8.02"]
[40142003,"Mangueras de perforación","2.3.9.8.01"]
[40142004,"Mangueras marítimas","2.6.5.8.01"]
[40142005,"Mangueras para manipular material","2.3.9.9.01"]
[40142006,"Mangueras de aceite","2.3.9.8.01"]
[40142007,"Mangueras especiales","2.3.9.8.01"]
[40142008,"Mangueras de agua","2.3.9.9.05"]
[40142009,"Mangueras multipropósito de aire, agua y gas","2.3.9.8.01"]
[40142010,"Mangueras recubiertas de fluoropolímero","2.3.9.8.01"]
[40142100,"Tubería","NO DISPONIBLE"]
[40142101,"Tubería de acero al carbono","2.3.6.3.06"]
[40142102,"Tubería de hierro dúctil","2.3.6.3.06"]
[40142103,"Tubería de aleación de níquel alto","2.3.6.3.06"]
[40142104,"Tubería de acero de alto rendimiento","2.3.6.3.06"]
[40142105,"Tubería de aleación ferrosa","2.3.6.3.06"]
[40142106,"Tubería de aluminio","2.3.6.3.06"]
[40142107,"Tubería de latón","2.3.6.3.06"]
[40142108,"Tubería de bronce","2.3.6.3.06"]
[40142109,"Tubería de hormigón","2.3.6.3.06"]
[40142110,"Tubería de cobre","2.3.6.3.06"]
[40142111,"Tubería de hierro fundido","2.3.6.3.06"]
[40142112,"Tubería de plomo","2.3.6.3.06"]
[40142113,"Tubería de magnesio","2.3.6.3.06"]
[40142114,"Tubería de no ferroso","2.3.6.3.06"]
[40142115,"Tubería de plástico","2.3.5.5.01"]
[40142116,"Tubería de goma","2.3.5.4.01"]
[40142117,"Tubería de acero inoxidable","2.3.6.3.06"]
[40142118,"Tubería de hojalata","2.3.6.3.05"]
[40142119,"Tubería de titanio","2.3.6.3.06"]
[40142120,"Tubería de zinc","2.3.6.3.06"]
[40142121,"Carretes de manguera","2.3.9.9.01"]
[40142122,"Tubo de vidrio","2.3.6.2.01"]
[40142200,"Reguladores de gas y fluido","NO DISPONIBLE"]
[40142201,"Reguladores de gas","2.3.6.3.06"]
[40142202,"Reguladores de fluido","2.3.9.8.02"]
[40142203,"Kits de reparación de reguladores de fluido","2.3.6.3.04"]
[40142300,"Accesorios de tubería","NO DISPONIBLE"]
[40142301,"Anillos de recubrimiento de ángulo de tubería","2.3.6.3.04"]
[40142302,"Salidas de ramal de tubería","2.3.6.3.04"]
[40142303,"Laterales de tubería","2.3.6.3.04"]
[40142304,"Injertos de tubería","2.3.6.3.04"]
[40142305,"Reductores de tubería","2.3.9.8.02"]
[40142306,"Asientos de tubería","2.3.9.8.02"]
[40142307,"Extremos cortos de tubería para soldar","2.3.6.3.04"]
[40142308,"Y o horquillas de tubería","2.3.9.8.02"]
[40142309,"Curva de tubería","2.3.9.8.02"]
[40142310,"Tapa de tubería","2.3.9.8.02"]
[40142311,"Medio acoplamiento de tubería","2.3.6.3.04"]
[40142312,"Conexión de expansión de tubería","2.3.6.3.04"]
[40142313,"Tapón de tubería","2.3.6.3.04"]
[40142314,"Buje de tubería","2.3.6.3.04"]
[40142315,"Acoplamientos de tubería","2.3.6.3.04"]
[40142316,"Injerto doble de tubería","2.3.6.3.04"]
[40142317,"Codo de tubería","2.3.9.8.02"]
[40142318,"Niples de tubería","2.3.9.8.02"]
[40142319,"Injertos de tubería","2.3.6.3.04"]
[40142320,"Uniones de tubería","2.3.9.8.02"]
[40142321,"Acoplamientos de reducción de tubería","2.3.9.8.02"]
[40142322,"Mordazas para reparar tubería","2.3.6.3.04"]
[40142323,"Disco de ruptura","2.3.6.3.04"]
[40142324,"Cajas de conexiones de tuberías","2.3.6.3.04"]
[40142325,"Deflectores de tubería","2.3.6.3.04"]
[40142326,"Separadores de tuberías","2.3.6.3.04"]
[40142327,"Juntas de rótula de tuberías","2.3.9.8.02"]
[40142400,"Bridas de tubería","NO DISPONIBLE"]
[40142401,"Bridas de amoníaco","2.3.6.3.04"]
[40142402,"Bridas de retención","2.3.6.3.04"]
[40142403,"Bridas ciegas","2.3.6.3.04"]
[40142404,"Bridas de junta de solapa","2.3.9.8.02"]
[40142405,"Bridas de casquillo largo para soldar","2.3.6.3.04"]
[40142406,"Bridas de orificio","2.3.6.3.04"]
[40142407,"Bridas de plato","2.3.6.3.04"]
[40142408,"Bridas de corrediza","2.3.6.3.04"]
[40142409,"Bridas de boquilla para soldar","2.3.9.8.02"]
[40142410,"Bridas ciegas de lentes","2.3.6.3.04"]
[40142411,"Bridas roscadas","2.3.6.3.04"]
[40142412,"Bridas de casquillo para soldar","2.3.6.3.04"]
[40142413,"Bridas de remate","2.3.6.3.04"]
[40142414,"Bridas reductoras","2.3.6.3.04"]
[40142500,"Interceptores y coladores","NO DISPONIBLE"]
[40142501,"Filtros (coladores) de líquido","2.3.6.3.04"]
[40142502,"Trampas de líquido","2.3.6.3.04"]
[40142503,"Trampas de vapor","2.3.6.3.04"]
[40142504,"Filtros (coladores) de vapor","2.3.9.8.01"]
[40142600,"Accesorios de tubería","NO DISPONIBLE"]
[40142604,"Codos de tubo","2.3.6.3.06"]
[40142605,"Piezas en T de tubo","2.3.9.8.02"]
[40142606,"Conexiones de tubo","2.3.9.8.02"]
[40142607,"Tapas de tubo","2.3.9.8.02"]
[40142608,"Boquillas acopladoras de tubo","2.3.9.8.02"]
[40142609,"Tapones de tubo","2.3.9.8.02"]
[40142610,"Acoplamientos de tubo","2.3.9.8.02"]
[40142611,"Pasantes de tubo","2.3.9.8.02"]
[40142612,"Adaptadores de tubo","2.3.9.8.02"]
[40142613,"Conectores de tubo","2.3.9.8.02"]
[40142614,"Cruces de tubo","2.3.9.8.02"]
[40142615,"Reductores de tubo","2.3.9.8.02"]
[40150000,"Bombas y compresores industriales","NO DISPONIBLE"]
[40151500,"Bombas","NO DISPONIBLE"]
[40151501,"Bombas de aire","2.6.5.2.01"]
[40151502,"Bombas de vacío","2.6.5.2.01"]
[40151503,"Bombas centrífugas","2.6.5.2.01"]
[40151504,"Bombas de circulación","2.6.5.2.01"]
[40151505,"Bombas dosificadoras","2.6.5.2.01"]
[40151506,"Bombas de mano","2.6.5.2.01"]
[40151507,"Bombas de irrigación","2.6.5.2.01"]
[40151508,"Bombas de barro","2.6.5.2.01"]
[40151509,"Bombas recíprocas","2.6.5.2.01"]
[40151510,"Bombas de agua","2.6.5.2.01"]
[40151511,"Bombas para pozos","2.6.5.2.01"]
[40151512,"Bombas para sumideros","2.6.5.2.01"]
[40151513,"Bombas sumergibles","2.6.5.2.01"]
[40151514,"Bombas de vapor","2.6.5.2.01"]
[40151515,"Bombas solenoides","2.6.5.2.01"]
[40151516,"Bombas de corte","2.6.5.2.01"]
[40151517,"Bombas de alcantarillado","2.6.5.2.01"]
[40151518,"Bombas no selladas","2.6.5.2.01"]
[40151519,"Bombas sanitarias","2.6.5.2.01"]
[40151520,"Bombas de muestreo","2.6.5.2.01"]
[40151521,"Bombas giratorias","2.6.5.2.01"]
[40151522,"Bombas de osmosis inversa","2.6.5.2.01"]
[40151523,"Bombas de desplazamiento positivo","2.6.5.2.01"]
[40151524,"Bombas de aceite","2.6.5.2.01"]
[40151525,"Bombas de lodo","2.6.5.2.01"]
[40151526,"Bombas de turbina","2.6.5.2.02"]
[40151527,"Bombas de émbolo","2.6.5.2.01"]
[40151528,"Bombas oscilantes","2.6.5.2.01"]
[40151529,"Bombas de tambor","2.6.5.2.01"]
[40151530,"Bombas de dragado","2.6.5.2.01"]
[40151531,"Bombas para remover agua","2.6.5.2.01"]
[40151532,"Bombas de combustible","2.6.5.2.01"]
[40151533,"Bombas hidráulicas","2.6.5.2.01"]
[40151534,"Bombas criogénicas","2.6.5.2.01"]
[40151546,"Bombas de partición axial","2.6.5.2.01"]
[40151547,"Bombas de pozo profundo","2.6.5.2.01"]
[40151548,"Bombas de diafragma","2.6.5.2.01"]
[40151549,"Bombas de doble diafragma","2.6.5.2.01"]
[40151550,"Bombas dúplex","2.6.5.2.01"]
[40151551,"Bombas de engranaje","2.6.5.2.01"]
[40151552,"Bombas de metraje o inyección o proporcionales","2.6.5.2.01"]
[40151553,"Bombas de cavidad progresiva","2.6.5.2.01"]
[40151554,"Bombas de pistón","2.6.5.2.01"]
[40151555,"Bombas de resalte rotatorias","2.6.5.2.01"]
[40151556,"Bombas de leva rotatorias","2.6.5.2.01"]
[40151557,"Bombas de pistón rotatorias","2.6.5.2.01"]
[40151558,"Bombas de tuerca","2.6.5.2.01"]
[40151559,"Bombas simplex","2.6.5.2.01"]
[40151560,"Bombas de paleta deslizante","2.6.5.2.01"]
[40151561,"Bombas triplex","2.6.5.2.01"]
[40151562,"Bombas de tornillo","2.6.5.2.01"]
[40151563,"Sets de bombas contra incendio","2.6.5.2.01"]
[40151564,"Bombas químicas","2.6.5.2.01"]
[40151600,"Compresores","NO DISPONIBLE"]
[40151601,"Compresores de aire","2.6.5.2.01"]
[40151602,"Compresores de flujo axiales","2.6.5.2.01"]
[40151603,"Compresores de diafragma","2.6.5.2.01"]
[40151604,"Compresores de gas","2.6.5.2.01"]
[40151605,"Compresores de motor","2.6.5.2.01"]
[40151606,"Compresores recíprocos","2.6.5.2.01"]
[40151607,"Compresores refrigerantes","2.6.5.2.01"]
[40151608,"Compresores rotativos","2.6.5.2.01"]
[40151609,"Compresores de tuerca","2.6.5.2.01"]
[40151610,"Piezas de compresor o accesorios","2.3.9.8.01"]
[40151611,"Compresores de barril","2.6.5.2.01"]
[40151612,"Compresores centrífugos","2.6.5.2.01"]
[40151613,"Compresores de combinación","2.6.5.2.01"]
[40151614,"Compresores semi radiales","2.6.5.2.01"]
[40151615,"Turbo compresores","2.6.5.2.01"]
[40151616,"Kits de compresores","2.3.9.8.01"]
[40151700,"Piezas y accesorios de bomba","NO DISPONIBLE"]
[40151701,"Carcasas para bombas","2.3.9.8.01"]
[40151712,"Empaques para bombas","2.3.9.8.01"]
[40151713,"Revestimientos para bombas","2.3.9.8.01"]
[40151714,"Barriles para bombas","2.3.9.8.01"]
[40151715,"Poleas para bombas","2.3.9.8.01"]
[40151716,"Cabezas para bombas","2.3.9.8.01"]
[40151717,"Discos para bombas","2.3.9.8.01"]
[40151718,"Partes de repuesto para bombas de lodo","2.3.9.8.01"]
[40151719,"Partes de repuesto para bombas de alcantarillado","2.3.9.8.01"]
[40151720,"Partes de repuesto para bombas sumergibles","2.3.9.8.01"]
[40151721,"Partes de repuesto para bombas de agua","2.3.9.8.01"]
[40151722,"Partes de repuesto para bombas de pozo","2.3.9.8.01"]
[40151723,"Partes de repuesto para bombas de sumidero","2.3.9.8.01"]
[40151724,"Partes de repuesto para bombas dosificadoras","2.3.9.8.01"]
[40151725,"Partes de repuesto para bombas centrífugas","2.3.9.8.01"]
[40151726,"Partes de repuesto para bombas de circulación","2.3.9.8.01"]
[40151727,"Partes de repuesto para bombas rotatorias","2.3.9.8.01"]
[40151728,"Kits de reparación de bombas","2.3.9.8.01"]
[40160000,"Filtrado y purificación industrial","NO DISPONIBLE"]
[40161500,"Filtros","NO DISPONIBLE"]
[40161501,"Filtros al vacío","2.3.9.8.01"]
[40161502,"Filtros de agua","2.3.9.8.01"]
[40161503,"Recolectores de polvo","2.3.9.8.01"]
[40161504,"Filtros de aceite","2.3.9.8.01"]
[40161505,"Filtros de aire","2.3.9.8.01"]
[40161506,"Maquinaria de filtrado","2.6.5.2.01"]
[40161507,"Membranas de filtrado","2.3.9.8.01"]
[40161508,"Filtros de bolsa","2.3.9.8.01"]
[40161509,"Filtros de absorción","2.3.9.8.01"]
[40161511,"Filtros coalescentes","2.3.9.8.01"]
[40161512,"Filtros electrónicos","2.3.9.8.01"]
[40161513,"Filtros de combustible","2.3.9.8.01"]
[40161514,"Filtros para tuberías de gas","2.3.9.8.01"]
[40161515,"Filtros hidráulicos","2.3.9.8.01"]
[40161516,"Filtros en línea","2.3.9.8.01"]
[40161517,"Filtros de luz","2.3.9.8.01"]
[40161518,"Filtros de microfibra","2.3.9.8.01"]
[40161519,"Filtros de panel","2.3.9.8.01"]
[40161520,"Filtros de aletas radiales","2.3.9.8.01"]
[40161521,"Bases para filtros","2.3.9.8.01"]
[40161522,"Aletas para filtros","2.3.9.8.01"]
[40161524,"Filtros de pintura","2.3.9.8.01"]
[40161525,"Contenedores para filtros","2.3.9.8.01"]
[40161526,"Retenedores o accesorios para filtros","2.3.9.8.01"]
[40161527,"Kits de reparación de filtros","2.3.9.8.01"]
[40161600,"Purificación","NO DISPONIBLE"]
[40161601,"Neutralizador (depurador) de aire","2.3.6.3.04"]
[40161602,"Limpiadores de aire","2.6.5.2.01"]
[40161700,"Separadores","NO DISPONIBLE"]
[40161701,"Centrífugas","2.6.5.2.01"]
[40161702,"Lavador húmedo","2.6.5.2.01"]
[40161703,"Eliminadores de niebla","2.6.5.2.01"]
[40161704,"Hidrociclones","2.6.5.2.01"]
[40161800,"Medios de filtrado","NO DISPONIBLE"]
[40161801,"Medios de textiles metálicos","2.3.9.8.02"]
[40161802,"Fieltros prensados","2.3.2.1.01"]
[40161803,"Papeles filtrantes","2.3.3.2.01"]
[40161804,"Ayudas filtrantes","2.3.9.8.01"]
[40161805,"Paño filtrante","2.3.2.1.01"]
[40161806,"Malla filtrante","2.3.9.8.01"]
[41000000,"Equipos y suministros de laboratorio, de medición, de observación y de pruebas","NO DISPONIBLE"]
[41100000,"Equipo de laboratorio y científico","NO DISPONIBLE"]
[41101500,"Equipo y suministros para la mezcla, la dispersión y la homogeneización en laboratorio","NO DISPONIBLE"]
[41101502,"Bolsas “stomachers”","2.3.9.3.01"]
[41101503,"Rociadores de laboratorio","2.6.3.2.01"]
[41101504,"Homogeneizadores","2.6.3.2.01"]
[41101505,"Celdas de presión francesas","2.6.3.2.01"]
[41101515,"Latas medidoras de líquido","2.6.3.2.01"]
[41101516,"Homogeneizadores dobles","2.6.3.2.01"]
[41101518,"Mezcladores o emulsificadores de laboratorio","2.6.3.2.01"]
[41101700,"Equipo de perforación, amoladura, corte, trituración y prensado para laboratorio","NO DISPONIBLE"]
[41101701,"Molinos de laboratorio","2.6.3.2.01"]
[41101702,"Pilones y morteros","2.6.3.2.01"]
[41101703,"Moledoras de tejidos","2.6.3.1.01"]
[41101705,"Trituradoras o pulverizadoras de laboratorio","2.6.3.1.01"]
[41101706,"Desintegradores de laboratorio","2.6.3.1.01"]
[41101707,"Prensas de laboratorio","2.6.3.1.01"]
[41101800,"Equipo de física de electrones y de estado sólido para laboratorio","NO DISPONIBLE"]
[41101801,"Pistolas de electrones","2.6.3.1.01"]
[41101802,"Generadores de rayos x","2.6.3.1.01"]
[41101803,"Coulómetros","2.6.3.1.01"]
[41101804,"Electroscopios","2.6.3.1.01"]
[41101805,"Flujómetros","2.6.3.1.01"]
[41101806,"Magnetómetros","2.6.3.1.01"]
[41101807,"Aparatos de difracción de electrones","2.6.3.1.01"]
[41101808,"Aparatos de difracción de neutrones","2.6.3.1.01"]
[41101809,"Aparatos de difracción óptica","2.6.3.1.01"]
[41101810,"Difractómetros","2.6.3.1.01"]
[41101900,"Equipo iónico de laboratorio","NO DISPONIBLE"]
[41101901,"Fuentes de iones","2.6.3.1.01"]
[41101902,"Aparatos de intercambio de iones","2.6.3.1.01"]
[41101903,"Equipos de implantación de iones","2.6.3.1.01"]
[41102400,"Equipo de calefacción y secadores para laboratorio","NO DISPONIBLE"]
[41102401,"Quemadores de gas","2.6.3.1.01"]
[41102402,"Quemadores de alcohol","2.6.3.1.01"]
[41102403,"Incineradores de laboratorio","2.6.3.1.01"]
[41102404,"Calentadores de laboratorio","2.6.3.1.01"]
[41102405,"Revestimientos o cintas calentadoras","2.3.9.3.01"]
[41102406,"Hornillas eléctricas de laboratorio","2.6.3.1.01"]
[41102407,"Gabinetes calentadores","2.6.3.1.01"]
[41102410,"Secadoras infrarrojas","2.6.3.1.01"]
[41102412,"Secadores de aire caliente","2.6.3.1.01"]
[41102421,"Cámaras de reciclaje de temperatura o recicladores térmicos","2.6.3.1.01"]
[41102422,"Baños secos o bloques calentadores","2.6.3.1.01"]
[41102423,"Hornillas eléctricas agitadoras","2.6.3.1.01"]
[41102424,"Calentadores de deslizamiento","2.6.3.1.01"]
[41102425,"Secadores de deslizamiento","2.6.3.1.01"]
[41102426,"Equipos o accesorios para calentar o secar","2.6.3.1.01"]
[41102500,"Equipo entomológico para laboratorio y accesorios","NO DISPONIBLE"]
[41102501,"Contenedores de insectos para laboratorio","2.6.3.3.01"]
[41102502,"Instalaciones de crianza para entomología","2.6.3.3.01"]
[41102503,"Textiles o redes para entomología","2.6.3.3.01"]
[41102504,"Equipo de entomología para clavar especímenes","2.6.3.3.01"]
[41102505,"Materiales de ensamblaje para entomología","2.6.3.3.01"]
[41102506,"Bandejas de entomología","2.6.3.3.01"]
[41102507,"Equipo para recolectar especímenes de entomología","2.6.3.3.01"]
[41102508,"Aspiradoras para entomología","2.6.3.3.01"]
[41102509,"Cucharones para entomología","2.6.3.3.01"]
[41102510,"Mono copas para entomología","2.6.3.3.01"]
[41102511,"Trampas pegajosas para entomología","2.6.3.3.01"]
[41102512,"Kits de pruebas para insectos","2.6.3.3.01"]
[41102513,"Unidades de despliegue para entomología","2.6.3.3.01"]
[41102600,"Equipo y accesorios para laboratorio animal","NO DISPONIBLE"]
[41102601,"Jaulas para animales pequeños para laboratorio","2.6.3.3.01"]
[41102602,"Equipo de acuarios","2.6.3.3.01"]
[41102603,"Suministros para identificación de animales","2.6.3.3.01"]
[41102604,"Dispositivos para atrapar animales","2.6.3.3.01"]
[41102605,"Sistemas de aireación de peces","2.6.3.3.01"]
[41102606,"Restricciones o arneses para animales para laboratorio","2.6.3.3.01"]
[41102607,"Agujas para alimentar animales","2.6.3.3.01"]
[41102608,"Equipos para pruebas de animales","2.6.3.3.01"]
[41102700,"Equipo de cristalografía","NO DISPONIBLE"]
[41102701,"Modelos de enrejados de cristal","2.6.3.4.01"]
[41102702,"Ensamblajes de cristales centellantes","2.6.3.4.01"]
[41102703,"Equipo de dispersión de luz","2.6.3.4.01"]
[41102704,"Equipo de difracción de rayos x","2.6.3.4.01"]
[41102705,"Cristalizadores","2.6.3.4.01"]
[41102706,"Equipo de crecimiento de cristal","2.6.3.4.01"]
[41102900,"Equipo de histología","NO DISPONIBLE"]
[41102901,"Estaciones de incrustación de tejidos","2.6.3.1.01"]
[41102902,"Moldes de incrustación","2.6.3.1.01"]
[41102903,"Cápsulas de incrustación","2.6.3.1.01"]
[41102904,"Compuestos de incrustación","2.6.3.1.01"]
[41102905,"Aparatos de teñido histológico","2.6.3.1.01"]
[41102909,"Procesadores de tejidos","2.6.3.1.01"]
[41102910,"Aparatos de cultivo de tejidos","2.6.3.1.01"]
[41102911,"Cuchillos o sujeta cuchillos o cuchillas histológicos","2.6.3.2.01"]
[41102912,"Cuchillos marcadores de vidrio histológicos","2.6.3.2.01"]
[41102913,"Afiladores o correas o compuestos histológicos","2.6.3.2.01"]
[41102914,"Desintegradores ultrasónicos","2.6.3.1.01"]
[41102915,"Estaciones de muestreo y disección histológica","2.6.1.9.01"]
[41102916,"Micrótomos","2.6.3.2.01"]
[41102917,"Cuchillas para micrótomos","2.6.3.2.01"]
[41102918,"Forros deslizantes para laboratorio","2.6.3.1.01"]
[41102919,"Recicladores de solventes","2.6.3.1.01"]
[41102920,"Casetes para tejidos para histología","2.3.9.3.01"]
[41102921,"Parafina para histología","2.3.9.3.01"]
[41102922,"Equipo de forros deslizantes automatizado","2.6.3.1.01"]
[41103000,"Equipo de enfriamiento para laboratorio","NO DISPONIBLE"]
[41103001,"Sondas planas enfriadoras refrigeradas","2.6.3.4.01"]
[41103003,"Criostatos","2.6.3.4.01"]
[41103004,"Hornos de circulación por ventilador","2.6.3.4.01"]
[41103005,"Gabinetes o congeladores ultra fríos o ultra bajos independientes","2.6.3.4.01"]
[41103006,"Congeladores criogénicos o de nitrógeno líquido","2.6.3.4.01"]
[41103007,"Unidades de enfriamiento o circuladores de agua fría","2.6.3.4.01"]
[41103008,"Módulos enfriadores refrigerados","2.6.3.4.01"]
[41103010,"Refrigeradores para bancos de sangre","2.6.3.4.01"]
[41103011,"Refrigeradores para propósitos generales o neveras congeladores","2.6.3.4.01"]
[41103012,"Refrigeradores o neveras congeladores para almacenar material inflamable","2.6.3.4.01"]
[41103013,"Refrigeradores o neveras congeladores a prueba de explosiones","2.6.3.4.01"]
[41103014,"Refrigeradores de cromatografía","2.6.3.4.01"]
[41103015,"Congeladores para bancos de sangre","2.6.3.4.01"]
[41103017,"Congeladores para almacenar material inflamable","2.6.3.4.01"]
[41103019,"Congeladores para almacenar plasma","2.6.3.4.01"]
[41103020,"Congeladores de cofre ultra fríos o ultra bajos","2.6.3.4.01"]
[41103021,"Congeladores planos para laboratorio","2.6.3.4.01"]
[41103022,"Transporte o almacenamiento frío","2.6.3.4.01"]
[41103023,"Enfriadores para laboratorio","2.6.3.4.01"]
[41103024,"Trampas frías","2.6.3.4.01"]
[41103025,"Accesorios para equipos enfriadores de laboratorio","2.3.9.8.02"]
[41103200,"Equipo de lavado de laboratorio","NO DISPONIBLE"]
[41103201,"Lavadoras de ingeniería química","2.6.3.1.01"]
[41103202,"Máquinas lavadoras para laboratorio","2.6.3.1.01"]
[41103203,"Lavadoras de pipetas","2.6.3.1.01"]
[41103205,"Estantes o accesorios para máquinas lavadoras","2.3.9.8.01"]
[41103206,"Detergentes de lavado para laboratorios","2.3.9.1.01"]
[41103207,"Lavadoras de micro placas","2.6.3.1.01"]
[41103208,"Lavadoras de celdas de bancos de sangre","2.6.3.1.01"]
[41103209,"Botellas de lavado de laboratorios","2.6.3.2.01"]
[41103210,"Esterilizadores uv ultravioleta para laboratorios","2.6.3.1.01"]
[41103300,"Equipo de mecánica de fluidos","NO DISPONIBLE"]
[41103301,"Contadores centellantes líquidos","2.6.3.1.01"]
[41103302,"Hidrómetros ácidos de batería","2.6.3.1.01"]
[41103303,"Densitómetros","2.6.3.1.01"]
[41103305,"Equipos de alto vacío","2.6.3.4.01"]
[41103306,"Equipos de vacío neumático","2.6.3.4.01"]
[41103307,"Equipos de vacío o vapor de mercurio","2.6.3.4.01"]
[41103308,"Aparatos de combustión de alto vacío","2.6.3.4.01"]
[41103309,"Equipos de análisis de inyección de flujo","2.6.3.4.01"]
[41103310,"Instrumentos para medir la concentración de gas o vapor","2.6.3.4.01"]
[41103311,"Manómetros","2.6.3.4.01"]
[41103312,"Viscosímetros","2.6.3.1.01"]
[41103313,"Indicadores de profundidad","2.6.3.4.01"]
[41103314,"Aparatos de estimación de estructura microscópica","2.6.3.4.01"]
[41103315,"Aparatos de estimación de fuerza de una solución","2.6.3.4.01"]
[41103316,"Picnómetros","2.3.9.3.01"]
[41103317,"Instrumentos para medir la tensión de la superficie","2.6.3.2.01"]
[41103318,"Densitómetro nuclear","2.6.3.4.01"]
[41103400,"Equipo de acondicionamiento ambiental para laboratorio","NO DISPONIBLE"]
[41103401,"Pantallas de control de contaminación","2.6.3.1.01"]
[41103403,"Equipos de control de aire microbiológico","2.6.3.1.01"]
[41103406,"Cajas de guantes de aislamiento","2.6.3.1.01"]
[41103407,"Cámara anaeróbica","2.6.3.1.01"]
[41103408,"Alcance refrigerado para cámaras ambientales o de cultivo","2.6.3.1.01"]
[41103409,"Alcance caliente para cámaras ambientales o de cultivo","2.6.3.1.01"]
[41103410,"Alcance refrigerado y caliente para cámaras ambientales y de cultivo","2.6.3.1.01"]
[41103411,"Camino refrigerado para cámaras ambientales o de cultivo","2.6.3.1.01"]
[41103412,"Camino caliente para cámaras ambientales o de cultivo","2.6.3.1.01"]
[41103413,"Camino refrigerado y caliente para cámaras ambientales o de cultivo","2.6.3.1.01"]
[41103414,"Accesorios para equipos acondicionadores de ambiente para laboratorios","2.3.9.8.02"]
[41103415,"Bancos limpios","2.6.3.1.01"]
[41103500,"Recintos cerrados de laboratorio y accesorios","NO DISPONIBLE"]
[41103501,"Ebullómetro","2.3.9.3.01"]
[41103502,"Caperuzas o cajones para gases","2.3.9.3.01"]
[41103504,"Gabinetes o estaciones para flujo laminar","2.6.3.1.01"]
[41103506,"Cerramientos pcr","2.3.9.3.01"]
[41103507,"Cerramientos hepa filtrados","2.3.9.3.01"]
[41103508,"Cerramientos carbono filtrados","2.3.9.3.01"]
[41103509,"Estropajos para laboratorio","2.3.9.3.01"]
[41103510,"Secadores para laboratorio","2.3.9.3.01"]
[41103511,"Accesorios de cerramiento para laboratorio","2.3.9.3.01"]
[41103512,"Eliminadores de estática","2.3.9.3.01"]
[41103513,"Cerramientos para cultivo de tejidos","2.3.9.3.01"]
[41103700,"Cubetas de laboratorio","NO DISPONIBLE"]
[41103701,"Baños de circulación","2.3.9.3.01"]
[41103702,"Baños termostáticos","2.3.9.3.01"]
[41103703,"Baños múltiples","2.3.9.3.01"]
[41103704,"Baños biológicos","2.3.9.3.01"]
[41103705,"Baños para órganos","2.3.9.3.01"]
[41103706,"Baños de agua","2.3.9.3.01"]
[41103707,"Baños de aceite","2.3.9.3.01"]
[41103708,"Baños de arena","2.3.9.3.01"]
[41103709,"Baños refrigerados","2.3.9.3.01"]
[41103710,"Baños de agua de agitación orbital","2.3.9.3.01"]
[41103711,"Baños de agua de agitación recíproca","2.3.9.3.01"]
[41103712,"Circuladores de inmersión","2.3.9.3.01"]
[41103713,"Baños de viscosidad","2.3.9.3.01"]
[41103714,"Baños de flotación de tejidos","2.3.9.3.01"]
[41103715,"Accesorios o suministros para baños de laboratorio","2.3.9.3.01"]
[41103800,"Equipo y suministros para la mezcla y la agitación por sacudida o varillas en laboratorio","NO DISPONIBLE"]
[41103801,"Mezcladores de laboratorio","2.6.3.1.01"]
[41103802,"Mezcladores de rodillo","2.6.3.1.01"]
[41103803,"Mesas para revolver","2.6.3.1.01"]
[41103804,"Equipo multi banco o de floculación","2.6.3.1.01"]
[41103805,"Vibradores para laboratorio","2.6.3.1.01"]
[41103806,"Agitador magnético","2.6.3.1.01"]
[41103807,"Mezcladores de toque para laboratorio","2.6.3.1.01"]
[41103808,"Mezcladores de plaqueta","2.6.3.1.01"]
[41103809,"Mezcladores químicos o de hematología","2.6.3.1.01"]
[41103810,"Agitadores de techo","2.6.3.1.01"]
[41103811,"Sacudidores orbitales","2.6.3.1.01"]
[41103812,"Sacudidores recíprocos","2.6.3.1.01"]
[41103813,"Sacudidores de rotación","2.6.3.1.01"]
[41103814,"Mezcladores de vértice","2.6.3.1.01"]
[41103815,"Rotadores de tubos","2.6.3.1.01"]
[41103816,"Accesorios o aditamentos para mezcladores o sacudidores","2.3.9.3.01"]
[41103900,"Centrifugadoras de laboratorio y accesorios","NO DISPONIBLE"]
[41103901,"Micro centrífugas","2.6.3.1.01"]
[41103902,"Micro centrífugas refrigeradas","2.6.3.1.01"]
[41103903,"Centrífugas de mesa","2.6.3.1.01"]
[41103904,"Centrífugas de mesa refrigeradas","2.6.3.1.01"]
[41103905,"Centrífugas de piso","2.6.3.1.01"]
[41103906,"Centrífugas de piso refrigeradas","2.6.3.1.01"]
[41103907,"Ultra centrífugas","2.6.3.1.01"]
[41103908,"Centrífugas de vacío","2.6.3.1.01"]
[41103909,"Rotores de centrífugas","2.6.3.1.01"]
[41103910,"Baldes centrífugos","2.3.9.8.01"]
[41103911,"Adaptadores para centrífugas","2.3.9.8.01"]
[41103912,"Cepillos para centrífugas","2.3.9.8.01"]
[41103913,"Accesorios para centrífugas de laboratorio","2.3.9.8.02"]
[41104000,"Equipo de toma de muestras","NO DISPONIBLE"]
[41104001,"Cambiadores de muestras","2.3.9.3.01"]
[41104002,"Oxidante de muestras","2.3.9.3.01"]
[41104003,"Línea de preparación de muestras","2.3.9.3.01"]
[41104004,"Bombas de preparación de muestras","2.6.3.1.01"]
[41104005,"Achicadores para laboratorio","2.6.3.1.01"]
[41104006,"Coliwasas (muestreadores de desechos líquidos de compostaje)","2.3.9.3.01"]
[41104007,"Muestreadores de agua","2.3.9.3.01"]
[41104008,"Muestreadores o colectores de aire","2.6.3.1.01"]
[41104009,"Bombas muestreadoras de aire","2.6.3.4.01"]
[41104010,"Kits de reactivos para usar con muestreadores de aire","2.3.9.8.01"]
[41104011,"Filtros u otras partes de repuesto para muestreadores","2.3.9.8.01"]
[41104012,"Recogedores o frascos para polvo","2.6.3.1.01"]
[41104013,"Muestreadores de dióxido de sulfuro o de humo","2.2.8.7.01"]
[41104014,"Aplicadores de muestras","2.3.9.3.01"]
[41104015,"Equipo de análisis de muestras de plantas","2.6.3.1.01"]
[41104016,"Muestreadores de polución de aire","2.3.9.3.01"]
[41104017,"Contenedores para muestras","2.3.9.3.01"]
[41104018,"Preparaciones para extracción de fase sólida","2.3.9.3.01"]
[41104019,"Colectores de muestras","2.3.9.3.01"]
[41104020,"Bandeja de flujo de elemento calcino","2.3.9.3.01"]
[41104100,"Contenedores de recogida y transporte de especímenes, y suministros","NO DISPONIBLE"]
[41104101,"Sobres o empaques para especímenes o láminas de muestras","2.3.9.3.01"]
[41104102,"Lancetas","2.3.9.3.01"]
[41104103,"Calentadores de pivote","2.3.9.3.01"]
[41104104,"Torniquetes","2.3.9.3.01"]
[41104105,"Bolsas para recolectar o transportar especímenes","2.3.9.3.01"]
[41104106,"Bandejas o accesorios de flebotomía","2.3.9.3.01"]
[41104107,"Tubos de recolección o contenedores de sangre al vacío","2.3.9.3.01"]
[41104108,"Tubos de recolección o contenedores de sangre no al vacío","2.3.9.3.01"]
[41104109,"Bolsas de recolección de unidades de sangre","2.3.9.3.01"]
[41104110,"Botellas de cultivo de sangre","2.3.9.3.01"]
[41104111,"Kits o contenedores de recolección de citologías","2.3.9.3.01"]
[41104112,"Contenedores de recolección de orina","2.3.9.3.01"]
[41104114,"Contenedores de recolección frepp sepp","2.3.9.3.01"]
[41104115,"Contenedores de recolección de filtro de suero","2.3.9.3.01"]
[41104116,"Contenedores de recolección o transporte de frotis","2.3.9.3.01"]
[41104117,"Porta especímenes","2.3.9.3.01"]
[41104118,"Contenedor de recolección de especímenes","2.3.9.3.01"]
[41104119,"Contenedores de recolección de tejido óseo","2.3.9.3.01"]
[41104120,"Tubos de tasa de sedimentación","2.3.9.3.01"]
[41104121,"Contenedores con medio químico para recolección de heces","2.3.9.3.01"]
[41104122,"Contenedores sin medio químico para recolección de heces","2.3.9.3.01"]
[41104123,"Aparatos o contenedores para recolección de esputos","2.3.9.3.01"]
[41104124,"Bandejas de biopsia de médula de hueso para laboratorio","2.3.9.3.01"]
[41104200,"Equipo y suministros de purificación de agua para laboratorio","NO DISPONIBLE"]
[41104201,"Reactivos de purificación del agua","2.3.7.2.07"]
[41104202,"Equipos de deionización o desmineralización","2.6.3.1.01"]
[41104203,"Equipos de intercambio de base","2.6.3.1.01"]
[41104204,"Equipos de ósmosis inversa","2.6.3.1.01"]
[41104205,"Unidades ultra violeta de purificación de agua","2.6.3.1.01"]
[41104206,"Sistemas de agua ultra pura","2.6.3.1.01"]
[41104207,"Sistemas de análisis de agua","2.6.3.1.01"]
[41104208,"Deshidratadores","2.6.3.1.01"]
[41104209,"Desoxidantes","2.6.3.1.01"]
[41104210,"Disolventes","2.3.9.3.01"]
[41104211,"Suavizantes","2.3.9.3.01"]
[41104212,"Cartuchos de filtración de agua","2.3.9.3.01"]
[41104300,"Equipo de fermentación","NO DISPONIBLE"]
[41104301,"Unidades de fermentación estándar","2.6.3.1.01"]
[41104302,"Aparatos de cultivo continuo","2.6.3.3.01"]
[41104303,"Jarros o accesorios anaeróbicos","2.3.9.8.02"]
[41104304,"Sistemas digestivos","2.3.9.2.02"]
[41104305,"Condensadores (espesantes)","2.6.3.1.01"]
[41104306,"Equipos para cultivos in vitro","2.6.3.1.01"]
[41104307,"Equipos para fermentación microbiológica","2.6.3.1.01"]
[41104308,"Sistemas o suministros para cultivos ambientales anaeróbicos","2.6.3.1.01"]
[41104400,"Equipo de incubación de laboratorio","NO DISPONIBLE"]
[41104401,"Incubadoras para uso general de convección de gravedad","2.6.3.1.01"]
[41104402,"Incubadoras de uso general de aire forzado o convección mecánica","2.6.3.1.01"]
[41104403,"Incubadoras para cultivo de tejidos","2.6.3.1.01"]
[41104404,"Incubadoras de demanda de oxígeno biológico bod enfriadas","2.6.3.1.01"]
[41104405,"Incubadoras de agitación","2.6.3.1.01"]
[41104406,"Incubadoras planas","2.6.3.1.01"]
[41104407,"Incubadoras de cámara única de dióxido de carbono recubierta de agua","2.6.3.1.01"]
[41104408,"Incubadoras de cámara dual de dióxido de carbono recubierta de agua","2.6.3.1.01"]
[41104409,"Incubadoras de cámara única de dióxido de carbono recubierta de agua con control de humedad","2.6.3.1.01"]
[41104410,"Incubadoras de cámara dual de dióxido de carbono recubierta de agua con control de humedad","2.6.3.1.01"]
[41104411,"Incubadoras de cámara única de dióxido de carbono de pared seca","2.6.3.1.01"]
[41104412,"Incubadoras de cámara dual de dióxido de carbono de pared seca","2.6.3.1.01"]
[41104413,"Incubadoras de cámara única de dióxido de carbono de pared seca con control de humedad","2.6.3.1.01"]
[41104414,"Incubadoras de cámara dual de dióxido de carbono de pared seca con control de humedad","2.6.3.1.01"]
[41104415,"Incubadoras de cámara única de tres gases recubierta de agua","2.6.3.1.01"]
[41104416,"Incubadoras de cámara dual de tres gases recubierta de agua","2.6.3.1.01"]
[41104417,"Incubadoras de cámara única de tres gases recubierta de agua con control de humedad","2.6.3.1.01"]
[41104418,"Incubadoras de cámara dual de tres gases recubierta de agua con control de humedad","2.6.3.1.01"]
[41104419,"Incubadoras de cámara única de tres gases de pared seca","2.6.3.1.01"]
[41104420,"Incubadoras de cámara dual de tres gases de pared seca","2.6.3.1.01"]
[41104421,"Incubadoras de cámara única de tres gases de pared seca con control de humedad","2.6.3.1.01"]
[41104422,"Incubadoras de cámara dual de tres gases de pared seca con control de humedad","2.6.3.1.01"]
[41104423,"Incubadoras refrigeradas","2.6.3.1.01"]
[41104424,"Accesorios para incubadoras","2.6.3.1.01"]
[41104500,"Estufas de laboratorio y accesorios","NO DISPONIBLE"]
[41104501,"Hornos de convección mecánica para laboratorio","2.6.3.1.01"]
[41104502,"Hornos de convección de gravedad","2.6.3.1.01"]
[41104503,"Hornos de envejecimiento","2.6.3.1.01"]
[41104504,"Hornos de limpieza de espacio","2.6.3.1.01"]
[41104505,"Recipientes de cuarzo para horno para laboratorio","2.6.3.1.01"]
[41104506,"Hornos de seguridad para laboratorios","2.6.3.1.01"]
[41104507,"Hornos microondas para laboratorio","2.6.3.1.01"]
[41104508,"Secadoras de inducción","2.6.3.1.01"]
[41104509,"Hornos al vacío","2.6.3.1.01"]
[41104510,"Hornos o gabinetes secadores","2.6.3.1.01"]
[41104511,"Hornos o incubadoras de hibridación","2.6.3.1.01"]
[41104512,"Accesorios para hornos de laboratorio","2.6.3.1.01"]
[41104600,"Hornos de laboratorio y accesorios","NO DISPONIBLE"]
[41104601,"Hornos de caja para laboratorio","2.6.3.1.01"]
[41104602,"Hornos de caja programables","2.6.3.1.01"]
[41104603,"Hornos de tubo","2.6.3.1.01"]
[41104604,"Hornos de tubo programables","2.6.3.1.01"]
[41104605,"Hornos de crisol","2.6.3.1.01"]
[41104606,"Hornos de crisol programables","2.6.3.1.01"]
[41104607,"Consola de control de calderas","2.6.3.1.01"]
[41104608,"Consola de control de calderas programables","2.6.3.1.01"]
[41104609,"Hornos de seguridad para laboratorio","2.6.3.1.01"]
[41104610,"Crisoles para hornos de laboratorio","2.6.3.1.01"]
[41104611,"Aislamiento de repuesto para calderas de laboratorio","2.6.3.1.01"]
[41104612,"Accesorios para calderas de laboratorio","2.3.9.3.01"]
[41104700,"Secadoras por congelación y liofilizadores de laboratorio, y accesorios","NO DISPONIBLE"]
[41104701,"Secadores de congelación o liofolizantes","2.6.3.1.01"]
[41104702,"Cristalería para secadores de congelación","2.6.3.1.01"]
[41104703,"Secadores de bandeja","2.6.3.1.01"]
[41104704,"Accesorios para secadores de congelación o liofolizantes","2.3.9.3.01"]
[41104800,"Equipo y suministros de laboratorio para el vertido, la destilación, la evaporación y la extracción","NO DISPONIBLE"]
[41104801,"Unidades de redomas o retortas","2.6.3.4.01"]
[41104802,"Unidades de bi destilación","2.6.3.4.01"]
[41104803,"Evaporadores para laboratorio","2.6.3.4.01"]
[41104804,"Evaporadores de vacío o rotatorios","2.6.3.4.01"]
[41104805,"Evaporadores de purga de nitrógeno","2.6.3.4.01"]
[41104806,"Equipo de extracción para laboratorios","2.6.3.4.01"]
[41104807,"Extractores de grasa","2.6.3.4.01"]
[41104808,"Extractores de fibra cruda","2.6.3.4.01"]
[41104809,"Unidad de análisis de sedimentación","2.6.3.4.01"]
[41104810,"Aparatos de fraccionamiento","2.6.3.4.01"]
[41104811,"Fraccionadores de densidad gradiente","2.6.3.4.01"]
[41104812,"Pipetas o columnas o accesorios de destilación","2.3.9.3.01"]
[41104813,"Componentes de reflujo","2.6.3.4.01"]
[41104814,"Condensadores intercambiadores de calor para laboratorio","2.6.3.4.01"]
[41104815,"Aparatos “kjeldahl” para la determinación de nitrógeno","2.6.3.4.01"]
[41104816,"Concentradores centrífugos o de vacío","2.6.3.4.01"]
[41104817,"Casquillos de extracción","2.6.3.1.01"]
[41104900,"Equipo y suministros de filtrado para laboratorio","NO DISPONIBLE"]
[41104901,"Filtros de línea para laboratorio","2.6.3.1.01"]
[41104902,"Equipos de filtración de gel","2.6.3.1.01"]
[41104903,"Equipos de ultra filtración","2.6.3.1.01"]
[41104904,"Filtros de células aglomeradas","2.6.3.1.01"]
[41104905,"Equipos de filtración de canal angosto","2.6.3.1.01"]
[41104906,"Equipos de filtración de ósmosis inversa","2.6.3.1.01"]
[41104907,"Equipos de filtración molecular","2.6.3.1.01"]
[41104908,"Elementos de filtración de cartucho para laboratorios","2.6.3.1.01"]
[41104909,"Sujeta filtros o ciclones para laboratorios","2.6.3.1.01"]
[41104910,"Filtros multi hoja o de prensa para laboratorios","2.6.3.1.01"]
[41104911,"Sistemas de filtración de aire para laboratorios","2.6.3.1.01"]
[41104912,"Filtro de prensas de fluido","2.6.3.1.01"]
[41104913,"Filtros de bio separación","2.6.3.1.01"]
[41104914,"Tazas o botellas de filtración","2.6.3.1.01"]
[41104915,"Filtros de cápsulas","2.6.3.1.01"]
[41104916,"Filtros centrífugos","2.6.3.1.01"]
[41104917,"Filtros ambientales para laboratorio","2.6.3.1.01"]
[41104918,"Filtros de vidrio para laboratorio","2.6.3.1.01"]
[41104919,"Filtros hepa para laboratorio","2.6.3.1.01"]
[41104920,"Filtros de hibridación","2.6.3.1.01"]
[41104921,"Filtros de membrana para laboratorio","2.6.3.1.01"]
[41104922,"Filtros de jeringa","2.6.3.1.01"]
[41104923,"Filtros de plato multipocillo","2.6.3.1.01"]
[41104924,"Filtros de microbiología","2.6.3.1.01"]
[41104925,"Hardware de filtración o accesorios para laboratorio","2.6.3.1.01"]
[41104926,"Filtro de cama de sílice","2.6.3.1.01"]
[41104927,"Pantallas de soporte para filtros","2.6.3.1.01"]
[41104928,"Receptor de botellas para laboratorio","2.6.3.1.01"]
[41104929,"Papeles filtrantes para laboratorio","2.3.9.3.01"]
[41105000,"Equipo y suministros de tamizado y cribado para laboratorio","NO DISPONIBLE"]
[41105001,"Separadores para laboratorio","2.3.9.3.01"]
[41105002,"Equipo de tamizaje para laboratorio","2.6.3.1.01"]
[41105003,"Cernidores de prueba","2.6.3.1.01"]
[41105100,"Bombas y conductos de laboratorio","NO DISPONIBLE"]
[41105101,"Bombas de vacío para laboratorio","2.6.3.1.01"]
[41105102,"Bombas peristálticas","2.6.3.1.01"]
[41105103,"Bombas centrífugas para laboratorio","2.6.3.1.01"]
[41105104,"Bombas de jeringa","2.6.3.1.01"]
[41105105,"Bombas de medición","2.6.3.1.01"]
[41105106,"Bombas de cromatografía","2.6.3.1.01"]
[41105107,"Bombas de tambor para laboratorio","2.6.3.1.01"]
[41105108,"Tubos de uso general para laboratorio","2.3.9.3.01"]
[41105109,"Bombas de aleta rotativa","2.6.3.1.01"]
[41105200,"Equipo de teñido de portaobjetos de laboratorio y accesorios","NO DISPONIBLE"]
[41105201,"Equipo para teñir muestras de histología o citología","2.6.3.1.01"]
[41105202,"Equipo para teñir muestras de hematología","2.6.3.1.01"]
[41105203,"Equipo para teñir muestras de microbiología","2.6.3.1.01"]
[41105204,"Accesorios para equipos para teñir muestras de laboratorio","2.3.9.3.01"]
[41105205,"Equipo para preparar micro muestras","2.6.3.1.01"]
[41105300,"Sistemas de electroforesis y transferencia para laboratorio y suministros","NO DISPONIBLE"]
[41105301,"Cajas de gel","2.6.3.1.01"]
[41105302,"Secadores de gel","2.6.3.1.01"]
[41105303,"Suministros para el sistema de energía de electroforesis","2.6.3.1.01"]
[41105304,"Transiluminadores","2.6.3.1.01"]
[41105305,"Accesorios para el sistema de electroforesis","2.3.9.8.02"]
[41105307,"Instrumental para electroforesis capilar","2.6.3.2.01"]
[41105308,"Capilares o cartuchos","2.3.9.3.01"]
[41105309,"Kits o reactivos para electroforesis capilar","2.3.7.2.99"]
[41105310,"Accesorios para bloquear o transferir","2.6.3.2.01"]
[41105311,"Aparatos para bloquear o transferir","2.6.3.2.01"]
[41105312,"Peinillas o platos o espaciadores o bandejas","2.6.3.2.01"]
[41105313,"Casetes de detección o accesorios relacionados","2.6.3.2.01"]
[41105314,"Sistemas de documentación de gel","2.6.3.2.01"]
[41105315,"Accesorios de documentación de gel","2.6.3.2.01"]
[41105316,"Entrecruzadores ultravioleta","2.6.3.2.01"]
[41105317,"Reactivos para preparar geles de agarosa","2.3.7.2.99"]
[41105318,"Geles de agarosa prefabricados","2.3.7.2.99"]
[41105319,"Reactivos para preparar gel poliacrilamida","2.3.7.2.99"]
[41105320,"Geles de poliacrilamida pre fabricados","2.3.7.2.99"]
[41105321,"Tintura para geles ácido nucleicos","2.3.7.2.99"]
[41105322,"Tintura para geles poliacrilamidas","2.3.7.2.99"]
[41105323,"Zonas o soluciones prefabricadas para electroforesis","2.3.7.2.99"]
[41105324,"Sondas para ácido desoxirribonucleico dna o ácido ribonucleico rna","2.6.3.2.01"]
[41105325,"Placas micropocillo para hibridación de ácido desoxirribonucleico dna o ácido ribonucleico rna","2.3.7.2.99"]
[41105326,"Agentes reactivos o zonas para hibridación","2.3.7.2.99"]
[41105327,"Nucleótidos u oligómeros conjugados","2.3.7.2.99"]
[41105328,"Northern blot o southern blot o western blot prefabricadas","2.3.7.2.99"]
[41105329,"Agentes bloqueadores","2.3.7.2.99"]
[41105330,"Proteínas de control o lisados celulares o lisados de tejidos","2.3.7.2.99"]
[41105331,"Reactivos o kits o sustratos de detección quimio fluorescente de proteínas","2.6.3.2.01"]
[41105332,"Reactivos o kits o sustratos de detección quimio luminiscente de proteínas","2.3.7.2.99"]
[41105333,"Reactivos o kits o sustratos de detección cromogénica de proteínas","2.3.7.2.99"]
[41105334,"Marcadores de cuantificación de ácido desoxirribonucleico dna","2.6.3.2.01"]
[41105335,"Marcadores de tamaño o estándares de ácido desoxirribonucleico dna","2.6.3.2.01"]
[41105336,"Marcadores de foco isoeléctrico ief","2.6.3.2.01"]
[41105337,"Marcadores de electroforesis de proteína","2.6.3.2.01"]
[41105338,"Marcadores o estándares de ácido ribonucleico rna","2.6.3.2.01"]
[41105339,"Membranas de transferencia por adsorción","2.6.3.2.01"]
[41105500,"Kits y componentes de extracción, purificación y cuantificación de ácidos nucleicos","NO DISPONIBLE"]
[41105501,"Kits de extracción de gel o limpiadores de ácido desoxirribonucleico dna","2.3.7.2.99"]
[41105502,"Kits para extrae ácido desoxirribonucleico dna de alimentos","2.3.7.2.99"]
[41105503,"Sistemas de electro elución","2.3.7.2.99"]
[41105504,"Kits de purificación de ácido desoxirribonucleico dna genómico","2.6.3.2.01"]
[41105505,"Sistemas de selección de alto rendimiento hts en purificación de ácido nucleico","2.6.3.2.01"]
[41105506,"Kits para purificación de ácido ribonucleico mensajero mrna","2.6.3.2.01"]
[41105507,"Glóbulos magnéticos para aislar ácido nucleico","2.6.3.2.01"]
[41105508,"Co-precipitantes de ácidos nucleicos","2.6.3.2.01"]
[41105509,"Kits de cuantificación de ácidos nucleicos","2.6.3.2.01"]
[41105510,"Kits de purificación de fagos de ácido desoxirribonucleico dna","2.6.3.2.01"]
[41105511,"Kits para extracción de plásmidos de ácido desoxirribonucleico dna de la levadura","2.6.3.2.01"]
[41105512,"Kit de purificación de plásmidos o cósmidos o cromosomas bacterianos artificiales bac","2.6.3.2.01"]
[41105513,"Kits de purificación de ácido nucleico etiquetado","2.6.3.2.01"]
[41105514,"Reactivos para extracción o precipitación o re suspensión de ácido nucleico","2.3.7.2.99"]
[41105515,"Materiales de estabilización o limpieza de ácido ribonucleico","2.3.7.2.99"]
[41105516,"Kits de extracción de gel de ácido ribonucleico rna","2.6.3.2.01"]
[41105517,"Kits para extracción de ácido nucleico de células o tejidos de plantas","2.6.3.2.01"]
[41105518,"Kits de purificación de ácido ribonucleico rna total","2.6.3.2.01"]
[41105519,"Kits de purificación de ácido desoxirribonucleico dna viral","2.6.3.2.01"]
[41105520,"Kits de purificación de ácido ribonucleico viral","2.6.3.2.01"]
[41105600,"Productos secuenciadores de ácido desoxirribonucleico (adn)","NO DISPONIBLE"]
[41105601,"Kits o enzimas para secuenciación","2.3.7.2.99"]
[41105700,"Matrices génicas","NO DISPONIBLE"]
[41105701,"Acido nucleico inmovilizado en membranas de vidrio o nylon","2.3.7.2.99"]
[41105800,"Productos de transcripción y traducción in vitro","NO DISPONIBLE"]
[41105801,"Conjugados o derivados oligoméricos","2.3.7.2.99"]
[41105802,"Ribonucleotidos","2.3.7.2.99"]
[41105803,"Sistemas o kits de transcripción o traducción","2.6.3.2.01"]
[41105804,"Accesorios de etiquetado de traducción","2.6.3.2.01"]
[41105900,"Bibliotecas y material relacionado","NO DISPONIBLE"]
[41105901,"Tejidos animales o fluidos corporales","2.3.7.2.99"]
[41105902,"Muestrarios de ácido desoxirribonucleico dna complementario","2.3.7.2.99"]
[41105903,"Kits de síntesis de ácido desoxirribonucleico dna complementario","2.3.9.3.01"]
[41105904,"Muestrarios genómicos","2.3.9.3.01"]
[41105905,"Kits de construcción de muestrarios","2.3.9.3.01"]
[41105906,"Muestrarios de despliegue de proteínas o péptidos","2.3.9.3.01"]
[41105907,"Dos muestrarios o sistemas de dos híbridos","2.3.9.3.01"]
[41105908,"Kits de empaques virales","2.3.9.3.01"]
[41106000,"Sistemas de etiquetado y detección de ácidos nucleicos","NO DISPONIBLE"]
[41106001,"Materiales de detección de ácido nucleico quimio fluorescente","2.3.7.2.99"]
[41106002,"Materiales de detección de ácido nucleico quimio luminiscente","2.3.7.2.99"]
[41106003,"Materiales de detección nucleicos y cromogénicos","2.3.7.2.99"]
[41106004,"Kits de etiquetado no radiactivos de ácido nucleico","2.6.3.2.01"]
[41106005,"Kits de etiquetado radiactivos de ácido nucleico","2.6.3.2.01"]
[41106006,"Radio nucleótidos o nucleosidos","2.3.7.2.99"]
[41106100,"Kits de análisis de ácido desoxirribonucleico (adn)","NO DISPONIBLE"]
[41106101,"Kits citogenéticos","2.6.3.2.01"]
[41106102,"Kits de kits de exhibición o sustracción diferenciales","2.6.3.2.01"]
[41106103,"Kits de tipificación de ácido desoxirribonucleico dna","2.6.3.2.01"]
[41106104,"Pruebas de protección nucleasa","2.6.3.2.01"]
[41106200,"Medios, kits y equipo de propagación y transformación de microorganismos","NO DISPONIBLE"]
[41106201,"Antimicóticos","2.3.7.2.99"]
[41106202,"Celdas competentes de bacterias","2.3.7.2.99"]
[41106203,"Kits de transformación de bacterias","2.3.7.2.99"]
[41106204,"Medio agar embotellado o en bandas para bacterias","2.3.7.2.99"]
[41106205,"Mezclas de suplemento brent para levadura","2.3.9.3.01"]
[41106206,"Mezclas de suplemento completo para levadura","2.3.7.2.99"]
[41106207,"Medio discoide dictiostelium","2.3.7.2.99"]
[41106208,"Cubetas de electroporación","2.6.3.2.01"]
[41106209,"Mezclas de suplemento hollenberg para levaduras","2.6.3.2.01"]
[41106210,"Medios o suplementos para schizosaccharomyces pombe (levadura de fisión)","2.3.7.2.99"]
[41106211,"Ingredientes o aditivos de medio para schizosaccharomyces pombe","2.3.7.2.99"]
[41106212,"Ingredientes o aditivos de medio para bacterias","2.3.7.2.99"]
[41106213,"Medio seco premezclado","2.6.3.2.01"]
[41106214,"Reactivos para preparar bacterias competentes","2.3.7.2.99"]
[41106215,"Reactivos para preparar levadura competente","2.3.7.2.99"]
[41106216,"Medios ricos para levadura","2.3.7.2.99"]
[41106217,"Platos especiales para bacterias","2.6.3.2.01"]
[41106218,"Medio seco premezclado especializado","2.6.3.2.01"]
[41106219,"Mezclas suplementarias completas sintéticas para levadura","2.3.7.2.99"]
[41106220,"Medio sintético para levadura","2.3.7.2.99"]
[41106221,"Células competentes para levadura","2.3.7.2.99"]
[41106222,"Kits de transformación de levadura","2.6.3.4.01"]
[41106223,"Bases de nitrógeno para levadura ynb o variantes de bases de nitrógeno para levaduras ynb","2.3.7.2.99"]
[41106300,"Productos de reacción en cadena de la polimerasa (pcr) y reacción en cadena de transcriptasa inversa de la polimerasa (rt pcr)","NO DISPONIBLE"]
[41106301,"Trifosfatos deoxinucleotidos dntps","2.3.7.2.99"]
[41106302,"Kits de reacción en cadena polimerasa específica para genes","2.3.7.2.99"]
[41106303,"Kits de purificación de reacción en cadena de polimerasa","2.3.7.2.99"]
[41106304,"Kits para cuantificación de ácido ribonucleico mensajero mrna mediante reacción en cadena de polimerasa pcr","2.6.3.4.01"]
[41106305,"Nucleótidos","2.3.7.2.99"]
[41106306,"Tapones para reacción en cadena de polimerasa pcr","2.3.7.2.99"]
[41106307,"Productos para optimizar la reacción en cadena de polimerasa pcr","2.3.7.2.99"]
[41106308,"Base para reacción en cadena de polimerasa pcr o reacción en cadena de polimerasa transcripta inversa rt pcr","2.3.7.2.99"]
[41106309,"Ácido desoxirribonucleico complementario cdna pre-preparado","2.3.7.2.99"]
[41106310,"Ácido desoxirribonucleico adn genómico purificado","2.3.7.2.99"]
[41106311,"Ácidos ribonucleicos rna purificados","2.3.7.2.99"]
[41106312,"Productos de tecnología de rápida amplificación o terminaciones de ácido desoxirribonucleico complementario race","2.3.7.2.99"]
[41106313,"Kits de reacción en cadena de polimerasa transcriptasa inversa rt pcr","2.6.3.4.01"]
[41106314,"Kits o polimerasas de ácido desoxirribonucleico dna termoestable","2.3.7.2.99"]
[41106400,"Iniciadores, enlaces y adaptadores","NO DISPONIBLE"]
[41106401,"Adaptadores o enlazadores","2.3.9.2.01"]
[41106402,"Bases misceláneas","2.3.7.2.99"]
[41106403,"Bases de secuenciación","2.3.7.2.99"]
[41106500,"Productos de expresión proteínica","NO DISPONIBLE"]
[41106501,"Kits de expresión bacteriana","2.3.7.2.99"]
[41106502,"Reactivos de transfección eucariótica","2.3.7.2.99"]
[41106503,"Inductores o reguladores","2.3.7.2.99"]
[41106504,"Células de insectos","2.3.7.2.99"]
[41106505,"Kits de expresión de insectos","2.6.3.4.01"]
[41106506,"Medio para insectos","2.3.7.2.99"]
[41106507,"Reactivos o suplementos para medio para insectos","2.3.7.2.99"]
[41106508,"Kits de expresión celular mamífera","2.3.7.2.99"]
[41106509,"Células mamíferas","2.3.7.2.99"]
[41106510,"Kits para extracción de proteína de células o tejidos de mamíferos","2.3.9.3.01"]
[41106511,"Kits para extracción de proteína de bacterias","2.3.9.3.01"]
[41106512,"Kits para extracción de proteína de levadura","2.3.9.3.01"]
[41106513,"Reportero de ensayo genético","2.3.7.2.99"]
[41106514,"Líneas celulares mamíferas estables","2.3.7.2.99"]
[41106515,"Kits de expresión de levadura","2.3.9.3.01"]
[41106600,"Vectores","NO DISPONIBLE"]
[41106601,"Vectores enfocados a cromosomas","2.6.3.2.01"]
[41106602,"Vectores enfocados a expresión bacteriana","2.6.3.2.01"]
[41106603,"Vectores de casete","2.6.3.2.01"]
[41106604,"Despliegue de mapas o secuencias vectoriales","2.6.3.2.01"]
[41106605,"Mapas o secuencias de reportero de vector enzimático","2.6.3.2.01"]
[41106606,"Vectores de expresión de ácido desoxirribonucleico complementario cdna","2.6.3.2.01"]
[41106607,"Mapas o secuencias de vectores proteínicos fluorescentes","2.6.3.2.01"]
[41106608,"Vectores de fusión","2.6.3.2.01"]
[41106609,"Vectores enfocados a genes","2.6.3.2.01"]
[41106610,"Vectores de clonación general","2.6.3.2.01"]
[41106611,"Vectores o kits de sistemas hídricos","2.6.3.2.01"]
[41106612,"Vectores de expresión de insectos","2.6.3.2.01"]
[41106613,"Vectores de construcción de muestrarios","2.6.3.2.01"]
[41106614,"Vectores de expresión celular de mamíferos","2.6.3.2.01"]
[41106615,"Kits o vectores de clonación de reacción en cadena de polimerasa pcr","2.6.3.2.01"]
[41106616,"Ácido desoxirribonucleico dna fágico o viral","2.3.7.2.99"]
[41106617,"Kits o vectores de muta génesis plásmida","2.6.3.2.01"]
[41106618,"Productos de expresión o clonación de recombinación mediada","2.6.3.2.01"]
[41106619,"Vectores de secuenciación","2.6.3.2.01"]
[41106620,"Mapas o secuencias de reporteros de vectores por señal de transducción","2.6.3.2.01"]
[41106621,"Kits o vectores de expresión de virus mediado","2.3.7.2.99"]
[41106622,"Vectores de expresión de levadura","2.3.7.2.99"]
[41110000,"Instrumentos de medida, observación y ensayo","NO DISPONIBLE"]
[41111500,"Instrumentos de medición del peso","NO DISPONIBLE"]
[41111501,"Balanzas de carga superior electrónicos","2.6.3.2.01"]
[41111502,"Balanzas de laboratorio","2.6.3.2.01"]
[41111503,"Balanzas mecánicas","2.6.5.8.01"]
[41111504,"Balanzas de resorte tensor","2.6.5.8.01"]
[41111505,"Pesas de calibración o sets de pesas","2.6.5.8.01"]
[41111506,"Básculas para pesar animales","2.3.9.7.01"]
[41111507,"Básculas de mesa","2.6.5.8.01"]
[41111508,"Básculas para medir el peso corporal","2.6.5.8.01"]
[41111509,"Básculas de piso o de plataforma","2.6.5.8.01"]
[41111510,"Básculas postales","2.6.5.8.01"]
[41111511,"Básculas de camión o riel","2.6.5.8.01"]
[41111512,"Balanzas de triple haz","2.6.5.8.01"]
[41111513,"Balanzas de humedad","2.6.5.8.01"]
[41111515,"Contenedores o tazones o barcos o papeles para pesar","2.3.9.8.02"]
[41111516,"Accesorios para instrumentos de medición de peso","2.3.9.8.02"]
[41111517,"Balanzas analíticas","2.6.3.1.01"]
[41111600,"Instrumentos de medida de longitud, espesor o distancia","NO DISPONIBLE"]
[41111601,"Micrómetros","2.6.3.4.01"]
[41111602,"Podómetros","2.3.9.4.01"]
[41111603,"Telémetros o buscadores de rango","2.6.3.4.01"]
[41111604,"Reglas","2.3.9.9.01"]
[41111605,"Medidoras de tensión","2.6.3.4.01"]
[41111606,"Telurómetros","2.6.3.4.01"]
[41111607,"Medidores o contadores de roscas","2.6.3.4.01"]
[41111613,"Metros de distancia","2.6.3.4.01"]
[41111614,"Medidores de altura","2.6.3.4.01"]
[41111615,"Sistemas láser de medición","2.6.3.4.01"]
[41111616,"Ruedas medidoras para distancias","2.3.6.3.04"]
[41111617,"Medidor de espesores","2.6.3.4.01"]
[41111618,"Set de bloques de patrón longitudinal","2.6.3.4.01"]
[41111619,"Calibrador go nogo","2.6.3.4.01"]
[41111620,"Cuña de etalón","2.3.9.8.02"]
[41111621,"Calibradores","2.3.9.9.01"]
[41111622,"Calibradores micrómetros","2.3.6.3.04"]
[41111623,"Dispositivos de medición de grosor","2.6.3.4.01"]
[41111700,"Instrumentos y accesorios de visión y observación","NO DISPONIBLE"]
[41111701,"Microscopios iónicos","2.6.3.4.01"]
[41111702,"Microscopios monoculares","2.6.3.4.01"]
[41111703,"Microscopios de disección de luz o de estéreo","2.6.3.4.01"]
[41111704,"Iluminadores para microscopios","2.3.9.8.01"]
[41111705,"Objetivos para microscopios","2.6.3.4.01"]
[41111706,"Elementos de sujeción de fotos para microscopios","2.6.3.4.01"]
[41111707,"Proyectores de perfil","2.6.3.4.01"]
[41111708,"Elementos de sujeción de video para microscopios","2.6.3.4.01"]
[41111709,"Microscopios compuestos de luz binocular","2.6.3.4.01"]
[41111710,"Combinación de microscopios de luz y electrones","2.6.3.4.01"]
[41111711,"Microscopios de electrones","2.6.3.4.01"]
[41111712,"Microscopios invertidos","2.6.3.1.01"]
[41111713,"Magnificadores","2.3.9.9.05"]
[41111714,"Lupas","2.3.9.9.05"]
[41111715,"Telescopios","2.6.3.4.01"]
[41111716,"Equipos de inspección boroscópica","2.6.5.8.01"]
[41111717,"Binoculares","2.3.9.9.05"]
[41111718,"Microscopios metalúrgicos","2.6.3.4.01"]
[41111719,"Microscopios de campo oscuro","2.6.3.4.01"]
[41111720,"Microscopios de escáner de electrones","2.6.3.4.01"]
[41111721,"Microscopios de transmisión de electrones","2.6.3.4.01"]
[41111722,"Microscopios fluorescentes","2.6.3.4.01"]
[41111723,"Microscopios de escáner de luz, disco giratorio o escáner de láser","2.6.3.4.01"]
[41111724,"Microscopios de escáner de sonda","2.6.3.4.01"]
[41111725,"Microscopios de polarización","2.6.3.4.01"]
[41111726,"Microscopios acústicos","2.6.3.4.01"]
[41111727,"Microscopios de proyección","2.6.3.4.01"]
[41111728,"Microscopios de campo ancho","2.6.3.4.01"]
[41111729,"Microscopios oculares","2.6.3.4.01"]
[41111730,"Condensadores de microscopios","2.6.3.4.01"]
[41111731,"Colectores de microscopios","2.6.3.4.01"]
[41111733,"Tubos de microscopios","2.6.3.4.01"]
[41111734,"Microscopios de fases","2.6.3.4.01"]
[41111735,"Microscopios de fases automáticos","2.6.3.4.01"]
[41111736,"Cubiertas para microscopios","2.6.3.4.01"]
[41111737,"Videoscopios","2.6.3.1.01"]
[41111738,"Fibroscopios","2.6.3.1.01"]
[41111739,"Bombillos de repuesto para microscopios de laboratorio","2.3.9.8.01"]
[41111800,"Equipo de examen no destructivo","NO DISPONIBLE"]
[41111801,"Equipo de examen de corriente parásita","2.6.3.4.01"]
[41111802,"Equipo de examen de penetración líquida","2.6.3.2.01"]
[41111803,"Equipo de examen de partículas magnéticas","2.6.3.4.01"]
[41111804,"Equipo de examen ultrasónico","2.6.3.1.01"]
[41111805,"Equipo de examen de radiografía co 60","2.6.3.1.01"]
[41111806,"Equipo de examen de radiografía cs 137","2.6.3.1.01"]
[41111807,"Equipo de examen de radiografía ir 192","2.6.3.1.01"]
[41111808,"Equipo de examen de radiografía de rayos x","2.6.3.1.01"]
[41111809,"Equipo de prueba de goteo","2.6.5.2.02"]
[41111900,"Instrumentos indicadores y de registro","NO DISPONIBLE"]
[41111901,"Contadores","2.6.5.8.01"]
[41111902,"Contadores electrónicos","2.6.5.8.01"]
[41111903,"Detectores de metales","2.6.3.4.01"]
[41111904,"Columnas electrónicas","2.7.2.2.01"]
[41111905,"Sondas de medición electrónicas","2.3.9.9.01"]
[41111906,"Grabadoras de tablas","2.6.2.1.01"]
[41111907,"Grabadoras de lectura digital","2.6.2.1.01"]
[41111908,"Grabadoras gráficas","2.6.2.1.01"]
[41111909,"Grabadoras de cintas magnéticas","2.6.2.1.01"]
[41111910,"Grabadoras multifunción","2.6.2.1.01"]
[41111911,"Grabadoras oscilo gráficas","2.6.2.1.01"]
[41111912,"Grabadoras sicológicas","2.6.2.1.01"]
[41111913,"Grabadoras de punta de trazado","2.6.2.1.01"]
[41111914,"Servo grabadoras","2.6.2.1.01"]
[41111915,"Sensores bi metálicos","2.6.5.7.01"]
[41111916,"Sensores de no contacto","2.6.5.7.01"]
[41111917,"Probadores digitales","2.6.5.7.01"]
[41111918,"Instruments giroscópicos","2.6.5.7.01"]
[41111919,"Aparatos de detección para objetos no metálicos","2.6.5.7.01"]
[41111920,"Máquinas de medición de coordenadas cmm","2.6.5.7.01"]
[41111921,"Sensores de velocidad","2.3.9.8.01"]
[41111922,"Sensores de fallas de lámparas","2.6.5.7.01"]
[41111923,"Sensor de pistones pre-arranque","2.6.5.7.01"]
[41111924,"Sensores de oxígeno","2.6.5.7.01"]
[41111926,"Sensores de proximidad","2.6.3.4.01"]
[41111927,"Sensores de presión","2.6.5.7.01"]
[41111928,"Sensores de corriente","2.6.5.7.01"]
[41111929,"Detectores de radiación","2.6.5.7.01"]
[41111930,"Sensores de corriente eléctrica","2.6.3.4.01"]
[41111931,"Sensores de flujo","2.6.5.7.01"]
[41111932,"Detectores de escape de líquidos","2.6.5.7.01"]
[41111933,"Sensores de carga eléctrica","2.6.5.7.01"]
[41111934,"Sensores de fuerza o de torsión","2.6.5.7.01"]
[41111935,"Sensores de inclinación","2.6.5.7.01"]
[41111936,"Sensores de imagen de semiconductor de óxido de metal complementario cmos","2.6.5.7.01"]
[41111937,"Sensores giratorios de posición","2.6.5.7.01"]
[41111938,"Sensores o transmisores de nivel","2.6.5.7.01"]
[41111939,"Sensores acústicos","2.6.5.7.01"]
[41111940,"Sensores de color","2.6.5.7.01"]
[41111941,"Sensores olfativos","2.6.5.7.01"]
[41111942,"Sensores de opacidad o polvo o visibilidad","2.6.5.7.01"]
[41111943,"Sensores de resistencia o conductividad eléctrica","2.3.9.6.01"]
[41111944,"Sensores de admisión eléctricos","2.6.5.7.01"]
[41111945,"Sensores de posición linear","2.6.5.7.01"]
[41111946,"Sensores de inductancia eléctrica","2.6.5.7.01"]
[41111947,"Esferos de registro de tablas","2.6.2.1.01"]
[41111948,"Contadores de células diferenciales hematológicas manuales o electrónicos","2.6.5.7.01"]
[41112100,"Transductores","NO DISPONIBLE"]
[41112101,"Cristales piezoeléctricos","2.6.5.6.01"]
[41112103,"Sensores de fibra","2.6.5.6.01"]
[41112104,"Transductores de audio","2.6.5.6.01"]
[41112105,"Transmisores de temperatura","2.6.5.6.01"]
[41112106,"Transmisores de humedad","2.6.3.4.01"]
[41112107,"Transductores electro neumáticos","2.6.5.6.01"]
[41112108,"Celdas de carga","2.6.5.6.01"]
[41112200,"Instrumentos de medida de temperatura y calor","NO DISPONIBLE"]
[41112201,"Calorímetros","2.6.5.7.01"]
[41112202,"Equipos de rastreo de calor","2.6.5.7.01"]
[41112203,"Grabadoras de punto de fusión","2.6.5.7.01"]
[41112204,"Pirómetros","2.6.5.7.01"]
[41112205,"Reguladores de temperatura","2.6.5.7.01"]
[41112206,"Termo cúpulas","2.6.5.7.01"]
[41112207,"Termógrafos","2.6.5.7.01"]
[41112209,"Termostatos","2.6.5.7.01"]
[41112210,"Termómetros de lectura remota","2.6.5.7.01"]
[41112211,"Termómetros de resistencia","2.6.5.7.01"]
[41112212,"Termómetros de superficie","2.3.6.3.04"]
[41112213,"Termómetros de mano","2.3.9.3.01"]
[41112214,"Controles de temperatura criogénicos","2.6.5.7.01"]
[41112215,"Controladores de temperatura humidificadores","2.6.5.7.01"]
[41112216,"Termopozos","2.6.5.7.01"]
[41112217,"Termo cabezas","2.6.5.7.01"]
[41112218,"Termistores","2.6.5.7.01"]
[41112219,"Sondas termopares","2.6.5.7.01"]
[41112220,"Termómetros de refrigerador o congelador de laboratorio","2.6.5.7.01"]
[41112221,"Termómetros de incubadora de laboratorio","2.6.5.7.01"]
[41112300,"Instrumentos de medición de la humedad","NO DISPONIBLE"]
[41112301,"Higrómetros","2.6.5.7.01"]
[41112302,"Sicrómetros","2.6.5.6.01"]
[41112303,"Probadores de humedad de temperatura","2.6.5.7.01"]
[41112304,"Medidores de rocío","2.6.5.7.01"]
[41112400,"Instrumentos de medida y control de la presión","NO DISPONIBLE"]
[41112401,"Indicadores de profundidad","2.6.5.7.01"]
[41112402,"Manostatos","2.6.5.7.01"]
[41112403,"Indicadores de presión","2.6.5.7.01"]
[41112404,"Reguladores de presión","2.6.5.7.01"]
[41112405,"Grabadoras de presión o de vacío","2.6.5.7.01"]
[41112406,"Indicadores de vacío","2.6.5.7.01"]
[41112407,"Instrumentos o controles de nivel de líquido","2.6.5.7.01"]
[41112408,"Intensificadores de presión","2.6.5.7.01"]
[41112409,"Escáneres de presión","2.6.5.7.01"]
[41112410,"Transmisores de presión","2.6.5.7.01"]
[41112411,"Controladores de presión","2.6.5.7.01"]
[41112500,"Instrumentos de medición y observación del caudal de fluidos","NO DISPONIBLE"]
[41112501,"Flujómetros","2.6.3.4.01"]
[41112502,"Reómetros","2.6.3.2.01"]
[41112503,"Rotámetros","2.3.9.9.01"]
[41112504,"Medidores de agua","2.6.5.2.02"]
[41112505,"Repuestos para medidores de agua","2.3.9.8.01"]
[41112506,"Venturis","2.3.9.8.01"]
[41112508,"Indicadores de gas","2.6.5.7.01"]
[41112509,"Monitores de temperatura y velocidad del aire","2.6.5.7.01"]
[41112510,"Indicadores visuales de flujo","2.6.5.7.01"]
[41112511,"Ventanas para visualizar el flujo","2.6.5.7.01"]
[41112512,"Computadores o totalizadores de flujo","2.6.5.7.01"]
[41112513,"Plato de orificio","2.3.9.3.01"]
[41112514,"Indicadores de aceite","2.6.3.4.01"]
[41112516,"Transmisores de flujo","2.6.3.4.01"]
[41112600,"Equipo de monitorización y comprobación higiénica","NO DISPONIBLE"]
[41112601,"Kits de prueba de frotis manual","2.6.3.2.01"]
[41112602,"Kits de prueba de frotis automático","2.6.3.2.01"]
[41112700,"Equipo para semillas y piensos","NO DISPONIBLE"]
[41112701,"Analizadores de grano","2.6.5.1.01"]
[41112702,"Contadores de semillas","2.6.5.1.01"]
[41112704,"Analizadores de alimentación","2.6.5.8.01"]
[41112800,"Equipo e instrumentos relacionados con el transporte","NO DISPONIBLE"]
[41112801,"Velocímetros","2.6.5.7.01"]
[41112802,"Tacómetros","2.6.5.7.01"]
[41112803,"Discos para tacómetros","2.6.5.7.01"]
[41112900,"Equipo e instrumentos de navegación","NO DISPONIBLE"]
[41112901,"Compases para encontrar la dirección","2.6.4.3.01"]
[41112902,"Instrumentos de navegación por radio","2.6.5.8.01"]
[41112903,"Sextantes","2.6.5.8.01"]
[41112904,"Dispositivos de control complejo","2.6.4.3.01"]
[41113000,"Instrumentos de suministros evaluación química","NO DISPONIBLE"]
[41113001,"Controladores de analizador digital","2.6.3.4.01"]
[41113002,"Analizadores de bioluminiscencia o quimioluminiscencia","2.6.3.4.01"]
[41113003,"Analizadores de electro gravimetría","2.6.3.4.01"]
[41113004,"Analizadores de ionización de la llama","2.6.3.4.01"]
[41113005,"Analizadores de iones","2.6.3.4.01"]
[41113006,"Analizadores de radiometría","2.6.3.4.01"]
[41113007,"Analizadores de acceso aleatorio","2.6.3.4.01"]
[41113008,"Analizadores de cintigrafía","2.6.3.4.01"]
[41113009,"Analizadores térmicos diferenciales","2.6.3.4.01"]
[41113010,"Analizadores térmicos de gravimetría","2.6.3.4.01"]
[41113023,"Equipo de partición de geles","2.6.3.4.01"]
[41113024,"Hidrómetros","2.6.4.1.01"]
[41113025,"Monocromadores","2.6.3.4.01"]
[41113026,"Nefelómetros","2.6.3.4.01"]
[41113027,"Osmómetros","2.6.3.4.01"]
[41113029,"Polarógrafos","2.6.3.4.01"]
[41113030,"Escáner radiocromatográfico","2.6.3.4.01"]
[41113031,"Sacarímetros","2.6.3.4.01"]
[41113033,"Volúmetros","2.6.3.4.01"]
[41113034,"Tiras o papeles para prueba de ph","2.6.3.4.01"]
[41113035,"Tiras o papeles para pruebas químicas","2.3.9.3.01"]
[41113036,"Micro placas","2.6.3.4.01"]
[41113037,"Lectores de micro placas","2.6.3.4.01"]
[41113100,"Analizadores y monitores de gas","NO DISPONIBLE"]
[41113101,"Analizadores de emisión exhaustiva de automóviles","2.6.4.1.01"]
[41113102,"Analizadores de combustión catalítica","2.6.4.1.01"]
[41113103,"Analizadores de absorción de gas químico","2.6.3.4.01"]
[41113104,"Explosímetros","2.6.3.4.01"]
[41113105,"Analizadores o detectores de hidrocarburos","2.6.3.4.01"]
[41113106,"Analizadores de absorción de infrarrojos o ultravioleta","2.6.3.4.01"]
[41113107,"Analizadores de gas nitrógeno","2.6.3.4.01"]
[41113108,"Analizadores de óxido de nitrógeno","2.6.3.4.01"]
[41113109,"Equipo orsat","2.6.3.4.01"]
[41113110,"Analizadores de gas de oxígeno","2.6.3.4.01"]
[41113111,"Analizadores de ozono","2.6.3.4.01"]
[41113112,"Analizadores de susceptibilidad paramagnética","2.6.3.4.01"]
[41113113,"Detectores o analizadores de dióxido de sulfuro","2.6.3.4.01"]
[41113114,"Analizadores de conductividad térmica","2.6.3.4.01"]
[41113115,"Detectores de radón","2.6.3.4.01"]
[41113116,"Tubos detectores de gas","2.6.6.2.01"]
[41113117,"Monitores simples de gas","2.6.3.4.01"]
[41113118,"Monitores múltiples de gas","2.6.3.4.01"]
[41113119,"Analizadores de dióxido de carbono disuelto","2.6.3.4.01"]
[41113300,"Analizadores de líquidos, sólidos y elementos","NO DISPONIBLE"]
[41113301,"Analizadores ácidos o de base","2.6.3.4.01"]
[41113302,"Albuminómetros","2.6.3.1.01"]
[41113304,"Analizadores de bauxita","2.6.5.2.01"]
[41113305,"Analizadores de calcio","2.6.5.2.01"]
[41113306,"Analizadores de cloruro","2.6.5.2.01"]
[41113308,"Analizadores de electrolitos","2.6.3.4.01"]
[41113309,"Analizadores de enzimas","2.6.3.4.01"]
[41113310,"Analizadores de ácidos grasos","2.6.5.2.01"]
[41113311,"Lámpara detectora de haluro","2.6.5.8.01"]
[41113312,"Analizadores de lactato","2.6.5.2.01"]
[41113313,"Instrumentos de prueba de aceite mineral","2.6.3.4.01"]
[41113314,"Analizadores monitores de contenido de aceite","2.6.3.4.01"]
[41113315,"Analizadores de carbono orgánico","2.6.3.4.01"]
[41113316,"Equipo de prueba de petróleo","2.6.3.4.01"]
[41113318,"Analizadores de uranio","2.6.3.4.01"]
[41113319,"Analizadores de agua","2.6.5.2.01"]
[41113320,"Kit de prueba de aceite lubricante","2.6.5.2.01"]
[41113321,"Probador de pintura","2.6.3.4.01"]
[41113322,"Analizador de nitrógeno o nitrato o nitrito","2.6.3.4.01"]
[41113323,"Analizadores de azúcar","2.6.3.4.01"]
[41113400,"Instrumentos de evaluación nuclear","NO DISPONIBLE"]
[41113401,"Contadores alfa","2.6.3.4.01"]
[41113402,"Contadores alfa beta","2.6.3.4.01"]
[41113403,"Contadores beta","2.6.3.4.01"]
[41113404,"Contadores beta gamma","2.6.3.4.01"]
[41113405,"Contadores gama","2.6.3.4.01"]
[41113406,"Medidores kvp","2.6.3.4.01"]
[41113407,"Micro analizadores de rayos x","2.6.5.2.01"]
[41113600,"Equipo de medición y comprobación eléctrica","NO DISPONIBLE"]
[41113601,"Amperímetros","2.6.5.7.01"]
[41113602,"Medidores  de fase","2.6.5.7.01"]
[41113603,"Puentes de laboratorio","2.6.5.7.01"]
[41113604,"Medidores de capacitancia","2.6.5.7.01"]
[41113605,"Derivatógrafos de análisis térmico","2.6.5.7.01"]
[41113606,"Indicadores de monitoreo de congelamiento","2.6.5.7.01"]
[41113607,"Monitores de estrés de calor","2.6.5.6.01"]
[41113608,"Contadores de coincidencia o no coincidencia","2.6.5.6.01"]
[41113611,"Medidores de diafonía","2.6.5.6.01"]
[41113612,"Probadores de resistencia de la tierra","2.6.3.4.01"]
[41113613,"Grabadoras de valor eléctrico","2.6.2.1.01"]
[41113614,"Medidores de campo electromagnético","2.6.5.7.01"]
[41113615,"Electrómetros","2.6.5.7.01"]
[41113616,"Cargas electrónicas","2.6.5.7.01"]
[41113617,"Equipos de medición de la fuerza del campo","2.6.5.7.01"]
[41113618,"Instrumentos de medición de ganancia","2.6.5.7.01"]
[41113619,"Galvanómetros","2.6.5.7.01"]
[41113620,"Cable de detección de alto voltaje","2.6.5.7.01"]
[41113621,"Medidores de impedancia","2.6.5.7.01"]
[41113622,"Bobinas o cajas de inductancias calibradas","2.6.5.7.01"]
[41113623,"Medidores de resistencia al aislamiento","2.6.5.7.01"]
[41113624,"Medidores de aislamiento","2.6.3.4.01"]
[41113625,"Cámaras de ionización","2.6.3.4.01"]
[41113626,"Ionómetros","2.6.5.7.01"]
[41113627,"Medidores de circuito de línea a tierra","2.6.5.7.01"]
[41113628,"Megohmetros","2.6.5.7.01"]
[41113629,"Medidores de filtración de microondas","2.6.5.7.01"]
[41113630,"Multímetros","2.6.5.7.01"]
[41113631,"Ohmetros","2.6.5.7.01"]
[41113632,"Oscilógrafos","2.6.5.7.01"]
[41113633,"Potenciómetros","2.6.5.7.01"]
[41113634,"Medidores q","2.6.5.7.01"]
[41113635,"Equipo de medición de resistencia calibrada","2.6.5.6.01"]
[41113636,"Generadores de nivel","2.6.5.6.01"]
[41113637,"Medidores de voltaje o de corriente","2.6.5.6.01"]
[41113638,"Osciloscopios","2.6.5.6.01"]
[41113639,"Acelerómetros","2.6.5.6.01"]
[41113640,"Medidores de vatios","2.6.5.6.01"]
[41113641,"Probadores de circuitos gfi","2.6.5.6.01"]
[41113642,"Probador de circuitos","2.6.5.6.01"]
[41113643,"Medidores o registros de demanda","2.6.5.6.01"]
[41113644,"Trazador de circuitos","2.6.5.6.01"]
[41113645,"Dispositivos de filtración de tierra","2.6.5.6.01"]
[41113646,"Calibrador o simulador de temperatura","2.6.5.6.01"]
[41113647,"Calibrador o simulador de frecuencia","2.6.5.6.01"]
[41113648,"Voltiamperímetro empotrable","2.6.5.6.01"]
[41113700,"Instrumentos de medición y comprobación de comunicación electrónica","NO DISPONIBLE"]
[41113701,"Probador de tubos de rayos catódicos","2.6.5.6.01"]
[41113702,"Comparadores","2.6.5.6.01"]
[41113703,"Acoplamiento direccional","2.6.5.6.01"]
[41113704,"Probadores de circuitos integrados","2.6.5.6.01"]
[41113705,"Probadores de estado lógico","2.6.5.6.01"]
[41113706,"Probadores de semiconductores","2.6.5.6.01"]
[41113707,"Probadores de circuitos de transistores","2.6.5.6.01"]
[41113708,"Medidores de energía","2.6.5.6.01"]
[41113709,"Medidores de modulación","2.6.5.6.01"]
[41113710,"Medidor de nivel","2.6.5.6.01"]
[41113711,"Analizadores de red","2.6.5.6.01"]
[41113712,"Probadores de cintas","2.6.5.6.01"]
[41113713,"Probadores de velocidad de la cinta","2.6.5.6.01"]
[41113714,"Diferenciador","2.6.5.6.01"]
[41113715,"Probadores de redes digitales de servicios integrados isdn","2.6.5.6.01"]
[41113716,"Localizadores de fallas de fibra óptica","2.6.5.6.01"]
[41113717,"Fuentes de prueba de fibra óptica","2.6.5.6.01"]
[41113718,"Analizadores de protocolo","2.6.5.6.01"]
[41113800,"Instrumentos geofísicos, geotécnicos e hidrológicos","NO DISPONIBLE"]
[41113801,"Compases geológicos","2.6.3.4.01"]
[41113802,"Aparatos de prospección geológica","2.6.3.4.01"]
[41113803,"Instrumentos geofísicos electromagnéticos","2.6.3.4.01"]
[41113804,"Instrumentos geofísicos de gravedad","2.6.3.4.01"]
[41113805,"Instrumentos geofísicos de polarización inducida ip","2.6.3.4.01"]
[41113806,"Instrumentos geofísicos magnetómetros","2.6.3.4.01"]
[41113807,"Instrumentos geofísicos de resistividad","2.6.3.4.01"]
[41113808,"Gravímetros","2.6.3.4.01"]
[41113809,"Vehículo acuático operado a distancia.","2.6.3.4.01"]
[41113900,"Equipo para medición de suelos","NO DISPONIBLE"]
[41113901,"Instrumentos de medición de perforación","2.6.3.4.01"]
[41113902,"Probadores de disolución o desintegración","2.6.3.4.01"]
[41113903,"Aparatos medidores del tamaño de partículas","2.6.3.4.01"]
[41113904,"Penetrómetros","2.6.3.4.01"]
[41113905,"Aparatos para probar permeabilidad","2.6.3.4.01"]
[41113906,"Aparatos para estimar permeabilidad o porosidad","2.6.3.4.01"]
[41113907,"Porosímetros","2.6.3.4.01"]
[41113908,"Aparatos para probar arena","2.6.3.4.01"]
[41113909,"Aparatos muestreadores del núcleo del suelo","2.6.3.4.01"]
[41113910,"Kits de probadores del suelo","2.6.3.4.01"]
[41114000,"Equipo de medida de rocas y estratos","NO DISPONIBLE"]
[41114001,"Clinómetros","2.6.3.4.01"]
[41114100,"Instrumentos sismológicos","NO DISPONIBLE"]
[41114102,"Simuladores de terremotos","2.6.3.4.01"]
[41114103,"Módulos de alarma sísmica","2.6.3.4.01"]
[41114104,"Amplificadores sísmicos","2.6.3.4.01"]
[41114105,"Aparatos sísmicos portátiles","2.6.3.4.01"]
[41114106,"Sismógrafos o grabadoras sísmicas","2.6.3.4.01"]
[41114107,"Sismómetros","2.6.3.4.01"]
[41114108,"Vibrómetros","2.6.3.4.01"]
[41114200,"Instrumentos de agrimensión","NO DISPONIBLE"]
[41114201,"Cintas medidoras","2.3.6.3.04"]
[41114202,"Varillas medidoras","2.6.5.7.01"]
[41114203,"Tablas medidoras","2.6.5.7.01"]
[41114204,"Teodolitos","2.6.5.7.01"]
[41114205,"Estacas de localización","2.6.5.7.01"]
[41114206,"Centro de localización","2.6.5.7.01"]
[41114207,"Estación total","2.6.3.4.01"]
[41114300,"Instrumentos hidrológicos","NO DISPONIBLE"]
[41114301,"Medidores de corriente para corriente abierta","2.6.5.6.01"]
[41114302,"Instrumentos de acceso a pozos de agua","2.6.5.6.01"]
[41114303,"Grabadoras de nivel del agua en corrientes abiertas","2.6.5.6.01"]
[41114400,"Instrumentos meteorológicos","NO DISPONIBLE"]
[41114401,"Anemómetros","2.6.3.4.01"]
[41114402,"Barómetros","2.6.3.4.01"]
[41114403,"Grabadoras de precipitación o evaporación","2.6.3.4.01"]
[41114404,"Aparatos de radiosonda","2.6.3.4.01"]
[41114405,"Grabadoras de lluvia","2.6.3.4.01"]
[41114406,"Aparatos para observar la precipitación o evaporación en la superficie","2.6.3.4.01"]
[41114407,"Aparatos para observar la radiación solar en la superficie","2.6.3.4.01"]
[41114408,"Aparatos para observar la temperatura o humedad en la superficie","2.6.3.4.01"]
[41114409,"Aparatos para observar el viento en la superficie","2.6.3.4.01"]
[41114410,"Estaciones meteorológicas","2.6.3.4.01"]
[41114411,"Accesorios para instrumentos de meteorología","2.6.3.4.01"]
[41114500,"Instrumentos mecánicos","NO DISPONIBLE"]
[41114501,"Dinamómetros","2.6.3.4.01"]
[41114502,"Elastómetros","2.6.3.4.01"]
[41114503,"Extensómetros","2.6.3.4.01"]
[41114504,"Instrumentos de medición de densidad","2.6.3.4.01"]
[41114505,"Instrumentos de prueba de redondez","2.6.3.4.01"]
[41114506,"Esferómetros","2.6.3.4.01"]
[41114507,"Maquinas de prueba de resortes","2.6.3.4.01"]
[41114508,"Probadores de superficie","2.6.3.4.01"]
[41114509,"Tensiómetros","2.6.3.4.01"]
[41114510,"Limitador de torsión","2.6.3.4.01"]
[41114600,"Instrumentos de verificación de metales, metalurgia y materiales estructurales","NO DISPONIBLE"]
[41114601,"Probadores de abrasión","2.6.5.7.01"]
[41114602,"Probadores de compresión","2.6.5.7.01"]
[41114603,"Instrumentos para probar concreto o cemento","2.6.5.7.01"]
[41114604,"Probadores de corrosión","2.6.5.7.01"]
[41114605,"Detectores de grietas o corrosión","2.6.5.7.01"]
[41114606,"Probadores de fuga","2.6.5.7.01"]
[41114607,"Máquinas para probar ductilidad","2.6.5.7.01"]
[41114608,"Probadores de fatiga","2.6.5.7.01"]
[41114609,"Aparatos probadores de forja","2.6.5.7.01"]
[41114610,"Aparatos probadores de fundición","2.6.5.7.01"]
[41114611,"Probadores de dureza","2.6.5.7.01"]
[41114612,"Probadores de impacto","2.6.5.7.01"]
[41114613,"Marco de carga","2.6.5.7.01"]
[41114614,"Instrumentos para probar metales","2.6.5.7.01"]
[41114615,"Instrumentos probadores foto elásticos","2.6.5.7.01"]
[41114616,"Indicadores de resistencia al estrés","2.6.5.7.01"]
[41114617,"Probadores de relajación","2.6.5.7.01"]
[41114618,"Instrumentos de medición de rugosidad","2.6.5.7.01"]
[41114619,"Probadores de fuerza de corte","2.6.5.7.01"]
[41114620,"Aparatos para probar choque","2.6.5.7.01"]
[41114621,"Probadores de tensión","2.6.5.7.01"]
[41114622,"Probadores de torsión","2.6.5.7.01"]
[41114623,"Máquinas para pruebas de flexión o transversales","2.6.5.7.01"]
[41114624,"Probadores de vibración","2.6.5.7.01"]
[41114625,"Probadores de desgaste","2.6.5.7.01"]
[41114626,"Aparatos para probar soldaduras","2.6.5.7.01"]
[41114700,"Instrumentos para comprobación de papel, madera y tejidos","NO DISPONIBLE"]
[41114701,"Instrumentos de prueba de cartón","2.6.5.7.01"]
[41114702,"Probadores de resistencia de textiles","2.6.5.7.01"]
[41114703,"Instrumentos para probar cuero","2.6.5.7.01"]
[41114704,"Instrumentos para probar papel","2.6.5.7.01"]
[41114705,"Instrumentos para probar textiles","2.6.5.7.01"]
[41114706,"Instrumentos para probar madera","2.6.5.7.01"]
[41114800,"Instrumentos para comprobación de cerámica y vidrio","NO DISPONIBLE"]
[41114801,"Instrumentos para probar cerámicas","2.6.5.7.01"]
[41114802,"Instrumentos para probar vidrio","2.6.5.7.01"]
[41114803,"Instrumentos para probar alfarería","2.6.5.7.01"]
[41115100,"Instrumentos para comprobación de carbón y mineral","NO DISPONIBLE"]
[41115101,"Instrumentos para probar carbón","2.6.5.7.01"]
[41115200,"Sistemas y componentes de radar y sonar","NO DISPONIBLE"]
[41115201,"Sistemas de vigilancia basados en radar","2.6.6.2.01"]
[41115202,"Polarrotores (elementos centrales de la antena)","2.6.3.4.01"]
[41115300,"Equipo de generación y medición de luz y ondas","NO DISPONIBLE"]
[41115301,"Medidores de absorción de luz","2.6.5.8.01"]
[41115302,"Cámaras anecóicas","2.6.5.8.01"]
[41115303,"Analizadores de frecuencia","2.6.5.8.01"]
[41115304,"Contadores o temporizadores o divisores de frecuencia","2.6.5.8.01"]
[41115305,"Medidores de frecuencia eléctrica","2.6.5.8.01"]
[41115306,"Interferómetros","2.6.5.8.01"]
[41115307,"Láseres","2.6.5.8.01"]
[41115308,"Medidores de luz","2.6.5.8.01"]
[41115309,"Luxómetros","2.6.5.8.01"]
[41115310,"Set de calibración óptica","2.6.5.8.01"]
[41115311,"Fotómetros","2.6.5.8.01"]
[41115312,"Polarímetros o refractómetros de mesa","2.6.5.8.01"]
[41115313,"Polarímetros o refractómetros manuales","2.6.5.8.01"]
[41115314,"Polarímetros","2.6.5.8.01"]
[41115315,"Polariscopios","2.6.5.8.01"]
[41115316,"Reflectómetros","2.6.5.8.01"]
[41115317,"Estroboscopios","2.6.5.8.01"]
[41115318,"Colorímetros","2.6.5.8.01"]
[41115319,"Lectores de tubo o disco","2.6.5.8.01"]
[41115320,"Generadores de señales","2.6.5.8.01"]
[41115321,"Imágenes infrarrojas","2.6.5.8.01"]
[41115322,"Analizadores de rayos láser","2.6.5.8.01"]
[41115400,"Equipo espectroscópico","NO DISPONIBLE"]
[41115401,"Espectrofluorímetros o fluorímetros","2.6.3.4.01"]
[41115402,"Espectrógrafos","2.6.3.4.01"]
[41115403,"Espectrómetros","2.6.3.4.01"]
[41115404,"Espectrómetros de masa","2.6.3.4.01"]
[41115405,"Espectrómetros de protón","2.6.3.4.01"]
[41115406,"Espectrofotómetros","2.6.3.4.01"]
[41115407,"Espectrómetros de absorción atómica aa","2.6.3.4.01"]
[41115408,"Espectrómetros infrarrojos","2.6.3.4.01"]
[41115409,"Espectrómetros de resonancia magnética nuclear nmr","2.6.3.4.01"]
[41115410,"Espectrómetros de resonancia magnética nuclear (NMR)","2.6.3.4.01"]
[41115411,"Espectrómetros de plasma acoplado inductivamente icp","2.6.3.4.01"]
[41115500,"Equipo de generación y medición de sonido","NO DISPONIBLE"]
[41115501,"Sonares","2.6.3.4.01"]
[41115502,"Sonómetros","2.6.3.4.01"]
[41115503,"Aparatos para medir el sonido o medidores de decibeles","2.6.3.4.01"]
[41115504,"Analizadores de velocidad del sonido","2.6.3.4.01"]
[41115505,"Cuartos para pruebas acústicas","2.6.3.4.01"]
[41115600,"Instrumentos y accesorios de medición electroquímica","NO DISPONIBLE"]
[41115601,"Equipo de análisis volumétrico karl fischer","2.6.3.4.01"]
[41115602,"Equipo de análisis volumétrico","2.6.3.4.01"]
[41115603,"Medidores de ph","2.6.3.4.01"]
[41115604,"Electrodos de ph","2.6.3.4.01"]
[41115605,"Tiras para ensayos de pH","2.6.3.4.01"]
[41115606,"Medidores de electrodos selectivos de iones ise","2.6.3.4.01"]
[41115607,"Tiras de prueba de iones selectivos","2.6.3.4.01"]
[41115608,"Electrodos selectivos de iones","2.6.3.4.01"]
[41115609,"Medidores de conductividad","2.6.3.4.01"]
[41115610,"Celdas de conductividad","2.6.3.4.01"]
[41115611,"Medidores de oxígeno disuelto","2.6.3.4.01"]
[41115612,"Sondas de oxigeno disuelto","2.6.3.4.01"]
[41115613,"Medidor de salinidad","2.6.3.4.01"]
[41115614,"Transmisores de ph","2.6.3.4.01"]
[41115700,"Instrumentos y accesorios de medición cromatográfica","NO DISPONIBLE"]
[41115701,"Detectores cromatográficos","2.3.7.2.99"]
[41115702,"Escáneres cromatográficos","2.6.3.4.01"]
[41115703,"Gases cromatográficos","2.6.3.4.01"]
[41115704,"Iones cromatográficos","2.6.3.4.01"]
[41115705,"Cromatógrafos líquidos","2.6.3.4.01"]
[41115706,"Cromatógrafos de capa delgada","2.6.3.4.01"]
[41115707,"Cromatógrafos para cromatografía de líquido de alta presión","2.6.3.4.01"]
[41115708,"Cromatógrafos de capa delgada de alta presión tlc","2.6.3.4.01"]
[41115709,"Columnas para cromatografía líquida de alta presión hplc","2.6.3.4.01"]
[41115710,"Columnas para cromatografía de gas","2.6.3.4.01"]
[41115711,"Columnas para cromatografía líquida lc","2.6.3.4.01"]
[41115712,"Columnas para extracción de fase sólida spe","2.6.3.4.01"]
[41115713,"Tanques para cromatografía de capa delgada","2.6.3.4.01"]
[41115714,"Auto muestreadores","2.6.3.4.01"]
[41115715,"Inyectores","2.6.3.4.01"]
[41115716,"Accesorios para cromatografía líquida","2.6.3.4.01"]
[41115717,"Accesorios para cromatografía de gas","2.6.3.4.01"]
[41115718,"Inyector de paredes de membrana","2.6.3.4.01"]
[41115719,"Revestimientos para cromatografía de gas","2.6.3.4.01"]
[41115720,"Tubos para cromatografía","2.6.3.2.01"]
[41115800,"Analizadores, accesorios y suministros clínicos y diagnósticos","NO DISPONIBLE"]
[41115801,"Analizadores de amino ácidos","2.6.3.4.01"]
[41115802,"Accesorios o suministros para analizadores de amino ácidos","2.6.3.4.01"]
[41115803,"Analizadores de bancos de sangre","2.6.3.1.01"]
[41115804,"Accesorios o suministros para analizadores de bancos de sangre","2.6.3.1.01"]
[41115805,"Analizadores de gas en la sangre","2.6.3.1.01"]
[41115806,"Accesorios o suministros para analizadores de gas en la sangre","2.6.3.4.01"]
[41115807,"Analizadores químicos","2.6.3.4.01"]
[41115808,"Accesorios o suministros para analizadores químico","2.6.3.4.01"]
[41115809,"Analizadores de coagulación","2.6.3.4.01"]
[41115810,"Accesorios o suministros para analizadores de coagulación","2.3.9.3.01"]
[41115811,"Analizadores de secuencia desoxirribonucleica","2.6.3.4.01"]
[41115812,"Accesorios o suministros para analizadores de secuencia desoxirribonucleica","2.6.3.4.01"]
[41115813,"Analizadores de toxicología","2.6.3.4.01"]
[41115814,"Accesorios o suministros para analizadores de toxicología","2.6.3.4.01"]
[41115815,"Analizadores de hematología","2.6.3.4.01"]
[41115816,"Accesorios o suministros para analizadores de hematología","2.6.3.4.01"]
[41115817,"Analizadores de histología","2.6.3.4.01"]
[41115818,"Accesorios o suministros para analizadores de histología","2.6.3.4.01"]
[41115819,"Analizadores de inmunología","2.6.3.4.01"]
[41115820,"Accesorios o suministros para analizadores de inmunología","2.6.3.4.01"]
[41115821,"Analizadores de microbiología","2.6.3.4.01"]
[41115822,"Accesorios o suministros para analizadores de microbiología","2.6.3.4.01"]
[41115823,"Analizadores de proteína","2.6.3.4.01"]
[41115824,"Accesorios o suministros para analizadores de proteína","2.6.3.4.01"]
[41115825,"Analizadores radio isotópicos","2.6.3.4.01"]
[41115826,"Accesorios o suministros para analizadores radio isotópicos","2.6.3.4.01"]
[41115827,"Analizadores de orina","2.6.3.4.01"]
[41115828,"Accesorios o suministros para analizadores de orina","2.6.3.4.01"]
[41115829,"Analizadores de productos cárnicos o lácteos","2.6.3.4.01"]
[41115830,"Analizadores de glucosa","2.6.3.1.01"]
[41116000,"Reactivos de analizadores clínicos y diagnósticos","NO DISPONIBLE"]
[41116001,"Reactivos analizadores de amino ácidos","2.3.7.2.99"]
[41116002,"Reactivos analizadores de bancos de sangre","2.3.7.2.99"]
[41116003,"Reactivos analizadores de gas en la sangre","2.3.7.2.99"]
[41116004,"Reactivos analizadores de química","2.3.7.2.99"]
[41116005,"Reactivos analizadores de coagulación","2.3.7.2.99"]
[41116006,"Reactivos analizadores de secuencia de ácido desoxirribonucleico dna","2.3.7.2.99"]
[41116007,"Reactivos analizadores de toxicología","2.3.7.2.99"]
[41116008,"Reactivos analizadores de hematología","2.3.7.2.99"]
[41116009,"Reactivos analizadores de histología","2.3.7.2.99"]
[41116010,"Reactivos analizadores de inmunología","2.3.7.2.03"]
[41116011,"Reactivos analizadores de microbiología","2.3.7.2.99"]
[41116012,"Reactivos analizadores de proteínas","2.3.7.2.99"]
[41116013,"Reactivos analizadores radio isotópicos","2.3.7.2.99"]
[41116014,"Reactivos analizadores de análisis de orina","2.3.7.2.99"]
[41116015,"Reactivos o anticuerpos analizadores de citometría de flujo","2.3.7.2.99"]
[41116100,"Kits de ensayos manuales, controles de calidad, calibradores y normativas","NO DISPONIBLE"]
[41116101,"Kits o suministros de prueba de bancos de sangre","2.6.3.2.01"]
[41116102,"Reactivos o soluciones de bancos de sangre","2.3.7.2.99"]
[41116103,"Controles de calidad o calibradores o estándares de bancos de sangre","2.6.3.1.01"]
[41116104,"Kits o suministros para pruebas químicas","2.3.9.3.01"]
[41116105,"Reactivos o soluciones químicas","2.3.7.2.99"]
[41116106,"Tiras de prueba o papel de prueba químico","2.3.9.3.01"]
[41116107,"Controles de calidad o calibradores o estándares químicos","2.3.9.3.01"]
[41116108,"Kits o suministros para pruebas de coagulación","2.6.3.1.01"]
[41116109,"Reactivos o soluciones de coagulación","2.3.7.2.99"]
[41116110,"Controles de calidad o calibradores o estándares de coagulación","2.3.7.2.99"]
[41116111,"Kits o suministros para pruebas de citología","2.6.3.4.01"]
[41116112,"Controles de calidad o calibradores o estándares de citología","2.6.3.4.01"]
[41116113,"Reactivos o soluciones o tinturas para citología","2.3.7.2.99"]
[41116116,"Kits o suministros para pruebas ambientales","2.6.3.4.01"]
[41116117,"Reactivos o soluciones o tinturas ambientales","2.3.7.2.99"]
[41116118,"Kits o suministros para pruebas de alimentos","2.6.3.4.01"]
[41116119,"Reactivos o soluciones o tinturas para kits de pruebas de alimentos","2.3.7.2.99"]
[41116120,"Kits o suministros para pruebas de hematología","2.3.9.3.01"]
[41116121,"Reactivos o soluciones o tinturas para hematología","2.3.7.2.99"]
[41116122,"Controles de calidad o calibradores o estándares para hematología","2.6.3.4.01"]
[41116123,"Kits o suministros para pruebas de histología","2.3.9.3.01"]
[41116124,"Reactivos o soluciones o tinturas para histología","2.3.7.2.99"]
[41116125,"Controles de calidad o calibradores o estándares para histología","2.3.9.3.01"]
[41116126,"Kits o suministros para pruebas de inmunología o serología","2.6.3.1.01"]
[41116127,"Reactivos o soluciones o tinturas para inmunología o serología","2.3.7.2.99"]
[41116128,"Controles de calidad o calibradores o estándares para inmunología o serología","2.6.3.4.01"]
[41116129,"Kits o suministros para pruebas de microbiología o bacteriología","2.3.9.3.01"]
[41116130,"Reactivos o soluciones o tinturas para microbiología o bacteriología","2.3.7.2.99"]
[41116131,"Discos o paneles de identificación o sensibilidad para microbiología o bacteriología","2.6.3.1.01"]
[41116132,"Controles de calidad o calibradores o estándares para microbiología o bacteriología","2.6.3.4.01"]
[41116133,"Kits o suministros para pruebas de biología molecular","2.6.3.1.01"]
[41116134,"Reactivos o soluciones o tinturas para biología molecular","2.3.7.2.99"]
[41116135,"Controles de calidad o calibradores o estándares para biología molecular","2.3.9.3.01"]
[41116136,"Kits o suministros para análisis de orina","2.6.3.1.01"]
[41116137,"Reactivos o soluciones o tinturas para análisis de orina","2.3.7.2.99"]
[41116138,"Tiras para análisis de orina","2.3.9.3.01"]
[41116139,"Controles de calidad o calibradores o estándares de análisis de orina","2.6.3.1.01"]
[41116140,"Kits o suministros para parasitología o micología","2.6.3.1.01"]
[41116141,"Reactivos o soluciones o tinturas para parasitología o micología","2.3.7.2.99"]
[41116142,"Medio para parasitología o micología","2.6.3.1.01"]
[41116143,"Controles de calidad o calibradores o estándares de parasitología o micología","2.6.3.1.01"]
[41116144,"Kits o suministros para pruebas de virología","2.6.3.1.01"]
[41116145,"Controles de calidad o calibradores o estándares para virología","2.6.3.2.01"]
[41116146,"Kits o suministros para pruebas de toxicología","2.6.3.2.01"]
[41116147,"Controles de calidad o calibradores o estándares para toxicología","2.6.3.2.01"]
[41116148,"Kits o suministros para pruebas de citometría de flujo","2.6.3.4.01"]
[41116200,"Suministros y equipo para lugares de tratamiento de pacientes","NO DISPONIBLE"]
[41116201,"Monitores o medidores de glucosa","2.6.3.1.01"]
[41116202,"Monitores o medidores de colesterol","2.6.3.1.01"]
[41116203,"Accesorios para monitores o medidores","2.6.3.1.01"]
[41116205,"Kits de pruebas rápidas","2.3.9.3.01"]
[41116300,"Comprobadores de punto de inflamación para laboratorio","NO DISPONIBLE"]
[41116301,"Probadores de punto de inflamación","2.6.3.4.01"]
[41116400,"Instrumentos de medición de la aceleración y la vibración","NO DISPONIBLE"]
[41116401,"Martillos de impacto","2.6.5.7.01"]
[41116500,"Piezas y accesorios de instrumentos","NO DISPONIBLE"]
[41116501,"Diales o kits de diales de medición","2.6.5.2.01"]
[41120000,"Suministros y accesorios de laboratorio","NO DISPONIBLE"]
[41121500,"Equipo y suministros de pipetas y manipulación de líquidos","NO DISPONIBLE"]
[41121501,"Sistemas de manipulación líquida automática o robótica","2.6.5.2.01"]
[41121502,"Diluidores de laboratorio","2.6.3.2.01"]
[41121503,"Pipeta de desplazamiento de aire multicanal manuales","2.6.3.2.01"]
[41121504,"Pipeta de desplazamiento de aire de un solo canal manuales","2.6.3.2.01"]
[41121505,"Pipeta de desplazamiento positivo de un solo canal manuales","2.6.3.2.01"]
[41121506,"Pipeta repetidoras de un solo canal manuales","2.6.3.2.01"]
[41121507,"Pipeta de un solo canal electrónicas","2.6.3.2.01"]
[41121508,"Pipeta multicanales electrónicas","2.6.3.2.01"]
[41121509,"Pipetas pasteur o de transferencia","2.6.3.2.01"]
[41121510,"Pipetas volumétricas","2.3.9.3.01"]
[41121511,"Pipetas serológicas","2.6.3.2.01"]
[41121513,"Pipetas de caída","2.6.3.2.01"]
[41121514,"Bombas de pipetas","2.6.3.2.01"]
[41121515,"Bombillos de pipetas","2.6.3.2.01"]
[41121516,"Dispensadores de tapas de botella","2.6.3.2.01"]
[41121517,"Insertos o accesorios para pipeteras","2.6.3.2.01"]
[41121600,"Puntas de pipeta","NO DISPONIBLE"]
[41121601,"Filtro de boquilla de pipeta","2.3.9.3.01"]
[41121602,"Puntas de pipeta de barrera de aerosol","2.3.9.3.01"]
[41121603,"Puntas de pipeta de baja retención","2.3.9.3.01"]
[41121604,"Puntas de pipeta de referencia","2.3.9.3.01"]
[41121605,"Puntas de pipeta ultra micro","2.3.9.3.01"]
[41121606,"Puntas de pipeta de carga de gel","2.3.9.3.01"]
[41121607,"Puntas de pipeta universales","2.3.9.3.01"]
[41121608,"Puntas de pipeta robóticas","2.3.9.3.01"]
[41121609,"Puntas de pipeta de volumen variable","2.3.9.3.01"]
[41121700,"Tubos de ensayo","NO DISPONIBLE"]
[41121701,"Tubos de ensayo general o multipropósito","2.3.9.3.01"]
[41121702,"Tubos micro centrífugos","2.6.3.2.01"]
[41121703,"Tubos centrífugos","2.6.3.2.01"]
[41121704,"Tubos criogénicos","2.6.3.2.01"]
[41121705,"Tubos de resonancia magnética nuclear nmr","2.6.3.2.01"]
[41121706,"Tubos de cultivo","2.6.3.2.01"]
[41121707,"Tubos de pruebas de separador","2.6.3.2.01"]
[41121708,"Tubos de pruebas de anti coagulación","2.6.3.2.01"]
[41121709,"Tubos capilares o hematocritos","2.6.3.2.01"]
[41121710,"Cierres o tapas para tubos de ensayo","2.6.3.2.01"]
[41121711,"Tubos o accesorios para pruebas de análisis de orina","2.6.3.2.01"]
[41121800,"Artículos de vidrio o plástico y suministros generales de laboratorio","NO DISPONIBLE"]
[41121801,"Vasos de observación para laboratorio","2.6.3.2.01"]
[41121802,"Varillas para revolver para laboratorio","2.6.3.2.01"]
[41121803,"Vasos de precipitados para laboratorio","2.6.3.2.01"]
[41121804,"Redomas para laboratorio","2.6.3.2.01"]
[41121805,"Cilindros graduados para laboratorio","2.6.3.2.01"]
[41121806,"Frascos para laboratorio","2.6.3.2.01"]
[41121807,"Ampollas para laboratorio","2.6.3.2.01"]
[41121808,"Buretas para laboratorio","2.6.3.2.01"]
[41121809,"Embudos para laboratorio","2.6.3.2.01"]
[41121810,"Platos o frascos para tintura para laboratorio","2.6.3.2.01"]
[41121811,"Kits de micro química para laboratorio","2.6.3.2.01"]
[41121812,"Platos para laboratorio","2.6.3.2.01"]
[41121813,"Cubetas","2.6.3.2.01"]
[41121814,"Tapas o forros o forros deslizantes para laboratorio","2.6.3.2.01"]
[41121815,"Adaptadores o conectores o instalaciones para laboratorio","2.6.3.2.01"]
[41122000,"Jeringuillas de laboratorio o de muestreo","NO DISPONIBLE"]
[41122001,"Jeringas de cromatografía","2.3.9.3.01"]
[41122002,"Agujas para jeringas de cromatografía","2.3.9.3.01"]
[41122003,"Adaptadores o accesorios para jeringa","2.3.9.3.01"]
[41122004,"Jeringas para muestras","2.3.9.3.01"]
[41122100,"Suministros de cultivo de tejido y cribado de alta definición","NO DISPONIBLE"]
[41122101,"Platos o placas petri","2.3.9.3.01"]
[41122102,"Platos multi pocillo","2.3.9.3.01"]
[41122103,"Espátulas de células","2.3.9.3.01"]
[41122104,"Frascos de cultivo de tejidos","2.3.9.3.01"]
[41122105,"Botellas de cultivo rotatorias","2.3.9.3.01"]
[41122106,"Dispositivos de inoculación","2.3.9.3.01"]
[41122107,"Platos o placas o insertos recubiertos para cultivo de tejidos","2.3.9.3.01"]
[41122108,"Presillos o agujas para inoculación microbiológica","2.3.9.3.01"]
[41122109,"Almohadilla de petri","2.3.9.3.01"]
[41122110,"Dispensador de almohadillas de petri","2.3.9.3.01"]
[41122200,"Crisoles","NO DISPONIBLE"]
[41122201,"Crisoles de vidrio","2.3.9.3.01"]
[41122202,"Crisoles cerámicos","2.3.9.3.01"]
[41122203,"Crisoles de metal","2.3.9.3.01"]
[41122300,"Protectores y revestimientos de banco de laboratorio","NO DISPONIBLE"]
[41122301,"Protectores o revestimientos de mesa de trabajo","2.3.9.3.01"]
[41122400,"Instrumentos de laboratorio","NO DISPONIBLE"]
[41122401,"Barras giratorias, barras para revolver o gotas para revolver magnéticas","2.6.3.2.01"]
[41122402,"Recuperadores magnéticos de barras giratorias o recuperadores de barras giratorias","2.6.3.2.01"]
[41122403,"Espátulas para laboratorio","2.6.3.2.01"]
[41122404,"Tenazas para laboratorio","2.6.3.2.01"]
[41122405,"Fórceps para laboratorio","2.6.3.2.01"]
[41122406,"Cuchillos para laboratorio","2.6.3.2.01"]
[41122407,"Escalpelos para laboratorio","2.6.3.2.01"]
[41122408,"Tijeras para laboratorio","2.6.3.2.01"]
[41122409,"Herramientas para laboratorio","2.6.3.2.01"]
[41122410,"Película sellante para laboratorio","2.6.3.2.01"]
[41122411,"Cronómetros o relojes para laboratorio","2.6.3.2.01"]
[41122412,"Sellantes de tubos para laboratorio","2.6.3.2.01"]
[41122413,"Pinzas para laboratorio","2.6.3.2.01"]
[41122500,"Corchos, tapones y accesorios de laboratorio","NO DISPONIBLE"]
[41122501,"Corchos para laboratorio","2.6.3.2.01"]
[41122502,"Tapones para laboratorio","2.6.3.2.01"]
[41122503,"Porta corchos para laboratorio","2.6.3.2.01"]
[41122600,"Portaobjetos de laboratorio y suministros","NO DISPONIBLE"]
[41122601,"Portaobjetos para microscopios","2.6.3.2.01"]
[41122602,"Portaobjetos de microscopio","2.6.3.2.01"]
[41122603,"Papel de lentes para microscopio","2.6.3.2.01"]
[41122604,"Hemocitómetros","2.6.3.2.01"]
[41122605,"Aceite de inmersión para microscopios","2.3.7.2.99"]
[41122606,"Dispensadores de portaobjetos para microscopio","2.3.9.3.01"]
[41122700,"Cintas y etiquetas de laboratorio","NO DISPONIBLE"]
[41122701,"Etiquetas para portaobjetos o especímenes","2.3.9.3.01"]
[41122702,"Cintas etiquetadoras","2.3.9.9.01"]
[41122703,"Cintas de seguridad","2.3.9.3.01"]
[41122704,"Cintas contra alteración","2.3.9.3.01"]
[41122800,"Estantes, soportes y bandejas de laboratorio","NO DISPONIBLE"]
[41122801,"Estantes o soportes para pipetas","2.3.9.3.01"]
[41122802,"Estantes para portaobjetos de microscopios","2.3.9.3.01"]
[41122803,"Estantes o soportes para tubos para sedimentación","2.3.9.3.01"]
[41122804,"Estantes para tubos de ensayo","2.3.9.3.01"]
[41122805,"Estantes para secado","2.3.9.3.01"]
[41122806,"Estantes para unidades de criopreservación","2.3.9.3.01"]
[41122807,"Bandejas para disección","2.3.9.3.01"]
[41122808,"Bandejas para propósitos generales","2.3.9.3.01"]
[41122809,"Estantes para placas petri","2.3.9.3.01"]
[41123000,"Desecadores y desecantes de laboratorio","NO DISPONIBLE"]
[41123001,"Deshidratadores de frasco","2.3.9.3.01"]
[41123002,"Deshidratadores de gabinete","2.6.3.2.01"]
[41123003,"Desecantes","2.3.7.2.99"]
[41123004,"Deshidratadores de vacío","2.3.9.3.01"]
[41123100,"Suministros de diálisis para laboratorio","NO DISPONIBLE"]
[41123101,"Tubos de diálisis","2.3.9.3.01"]
[41123102,"Pinzas de diálisis","2.3.9.3.01"]
[41123200,"Especímenes preservados y suministros","NO DISPONIBLE"]
[41123201,"Portaobjetos preparados preservados","2.3.9.3.01"]
[41123202,"Animales y organismos preservados","2.6.3.2.01"]
[41123300,"Contenedores y armarios de almacenamiento general para laboratorio","NO DISPONIBLE"]
[41123302,"Cajas o folders para portaobjetos para microscopios","2.3.9.3.01"]
[41123303,"Gabinetes para portaobjetos para microscopios","2.3.9.3.01"]
[41123304,"Cajas de almacenamiento criogénicas","2.3.9.3.01"]
[41123305,"Gabinetes para casetes de tejidos o histología","2.3.9.3.01"]
[41123400,"Dispositivos de dosificación","NO DISPONIBLE"]
[41123401,"Tazas dosificadoras","2.3.9.3.01"]
[41123402,"Cucharas dosificadoras","2.3.9.3.01"]
[41123403,"Goteros dosificadores","2.3.9.3.01"]
[42000000,"Equipo médico, accesorios y suministros","NO DISPONIBLE"]
[42120000,"Equipos y suministros veterinarios","NO DISPONIBLE"]
[42121500,"Equipo veterinario","NO DISPONIBLE"]
[42121501,"Probadores de presión sanguínea para uso veterinario","2.3.9.7.01"]
[42121502,"Probador quimiógrafo para uso veterinario","2.3.9.7.01"]
[42121503,"Probador pirogénico para uso veterinario","2.3.9.7.01"]
[42121504,"Equipo estereotóxico para uso veterinario","2.6.3.3.01"]
[42121505,"Electrocardiógrafo ecg para uso veterinario","2.6.3.3.01"]
[42121506,"Sets de instrumentos quirúrgicos para uso veterinario","2.6.3.3.01"]
[42121507,"Unidades o accesorios de inyección o succión para uso veterinario","2.3.9.7.01"]
[42121508,"Sets de botellas para uso veterinario","2.3.9.7.01"]
[42121509,"Termómetros clínicos para uso veterinario","2.3.9.7.01"]
[42121510,"Cajas de instrumentos o accesorios para uso veterinario","2.3.9.7.01"]
[42121511,"Estuches enrollables para instrumentos o accesorios de uso veterinario","2.3.9.7.01"]
[42121512,"Espéculos para uso veterinario","2.3.9.7.01"]
[42121513,"Instrumentos de castración para uso veterinario","2.6.3.3.01"]
[42121514,"Kits de fijación externa para uso veterinario","2.3.9.7.01"]
[42121515,"Limas o cortaúñas para uso veterinario","2.3.9.7.01"]
[42121600,"Productos veterinarios","NO DISPONIBLE"]
[42121601,"Productos gastrointestinales para uso veterinario","2.3.4.2.01"]
[42121602,"Productos para sangre o formación de sangre para uso veterinario","2.3.4.2.01"]
[42121603,"Productos para el sistema respiratorio para uso veterinario","2.3.4.2.01"]
[42121604,"Productos para el sistema musculo esquelético o nervioso para uso veterinario","2.3.4.2.01"]
[42121605,"Productos para el sistema cardiovascular para uso veterinario","2.3.4.2.01"]
[42121606,"Productos dermatológicos o anti protozoarios para uso veterinario","2.3.4.2.01"]
[42121607,"Productos para el sistema sexual genital urinario u hormonales para uso veterinario","2.3.4.2.01"]
[42121608,"Productos dentales para uso veterinario","2.3.9.7.01"]
[42121700,"Mobiliario clínico veterinario","NO DISPONIBLE"]
[42121701,"Tablas quirúrgicas para uso veterinario","2.6.3.3.01"]
[42121702,"Armarios de almacenamiento para uso veterinario","2.6.3.3.01"]
[42130000,"Telas y vestidos médicos","NO DISPONIBLE"]
[42131500,"Vestuario para pacientes","NO DISPONIBLE"]
[42131501,"Petos para pacientes","2.3.2.3.01"]
[42131502,"Gorras para pacientes","2.3.2.3.01"]
[42131503,"Capas de examen para pacientes","2.3.2.3.01"]
[42131504,"Batas para pacientes","2.3.2.3.01"]
[42131505,"Camisas o chalecos para pacientes bebés","2.3.2.3.01"]
[42131506,"Chaquetas para pacientes","2.3.2.3.01"]
[42131507,"Pantuflas para pacientes","2.3.2.3.01"]
[42131508,"Pijamas para pacientes","2.3.2.3.01"]
[42131509,"Batas de hospital","2.3.2.3.01"]
[42131510,"Pantalones para pacientes","2.3.2.3.01"]
[42131600,"Vestuario para el personal sanitario y artículos relacionados","NO DISPONIBLE"]
[42131601,"Delantales o petos para personal médico","2.3.2.3.01"]
[42131602,"Cobertores de barba para personal médico","2.3.2.3.01"]
[42131603,"Blusas o blusones para personal médico","2.3.2.3.01"]
[42131604,"Gorro de quirófano para personal médico","2.3.2.3.01"]
[42131605,"Overoles para personal médico","2.3.2.3.01"]
[42131606,"Máscaras quirúrgicas o de aislamiento para personal médico","2.3.9.3.01"]
[42131607,"Chaquetas o batas para personal médico","2.3.2.3.01"]
[42131608,"Vestidos para cirugía para personal médico","2.3.2.3.01"]
[42131609,"Cubiertas para zapatos para personal médico","2.3.9.3.01"]
[42131610,"Protección de mangas para personal médico","2.3.2.3.01"]
[42131611,"Gorros o capuchas para cirujano","2.3.2.3.01"]
[42131612,"Batas de aislamiento para personal médico","2.3.2.3.01"]
[42131613,"Protectores de ojos o visores para personal médico","2.3.9.3.01"]
[42131700,"Prendas textiles quirúrgicas","NO DISPONIBLE"]
[42131701,"Cortinas de cirugía","2.3.9.3.01"]
[42131702,"Batas de cirugía","2.3.2.3.01"]
[42131703,"Packs quirúrgicos","2.3.9.3.01"]
[42131704,"Toallas de cirugía","2.3.9.3.01"]
[42131705,"Pantalones (“leggings”) de cirugía","2.3.2.3.01"]
[42131706,"Vestidos enteros de cirugía","2.3.2.3.01"]
[42131707,"Vestidos o cascos o máscaras faciales o accesorios de aislamiento de cirugía","2.3.2.3.01"]
[42132100,"Ropa blanca del hospital","NO DISPONIBLE"]
[42132101,"Protectores de colchón o silla para hospital","2.3.2.2.01"]
[42132102,"Sábanas elásticas médicas","2.3.2.2.01"]
[42132103,"Cortinas de barrera para pacientes","2.3.2.2.01"]
[42132104,"Almohadas antimicrobianas para hospital","2.3.2.2.01"]
[42132105,"Sábanas para hospital","2.3.2.2.01"]
[42132106,"Colchas o cubrecamas para hospital","2.3.2.2.01"]
[42132107,"Cobijas para hospital","2.3.2.2.01"]
[42132108,"Fundas protectoras de almohada para hospital","2.3.2.2.01"]
[42132200,"Guantes y accesorios médicos","NO DISPONIBLE"]
[42132201,"Cajas o dispensadores de guantes médicos","2.3.9.3.01"]
[42132202,"Protector de caucho para dedos.","2.3.9.3.01"]
[42132203,"Guantes de examen o para procedimientos no quirúrgicos","2.3.9.3.01"]
[42132204,"Recubrimientos interiores para guantes médicos","2.3.9.3.01"]
[42132205,"Guantes de cirugía","2.3.9.3.01"]
[42140000,"Suministros, productos de tratamiento y cuidado del enfermo","NO DISPONIBLE"]
[42141500,"Bolas de algodón y copitos aplicadores","NO DISPONIBLE"]
[42141501,"Bolas o fibra de algodón","2.3.9.3.01"]
[42141502,"Palitos (copitos) con punta de fibra","2.3.9.3.01"]
[42141503,"Toallitas de preparación de la piel","2.3.9.3.01"]
[42141504,"Aplicadores o absorbentes medicados","2.3.9.3.01"]
[42141600,"Palanganas y bacinillas de cama y orinales y equipos de ingreso","NO DISPONIBLE"]
[42141601,"Kits de admisión para el cuidado del paciente","2.3.9.3.01"]
[42141602,"Patos (bacinillas) para uso general","2.3.9.3.01"]
[42141603,"Recipientes para emesis (vómito)","2.3.9.3.01"]
[42141604,"Bacinillas de cama para fracturas","2.3.9.3.01"]
[42141605,"Recipientes o cuencos para soluciones o mezclas médicas","2.3.9.3.01"]
[42141606,"Recipientes multipropósito para usos médicos","2.3.9.3.01"]
[42141607,"Orinales de uso general para pacientes","2.3.9.3.01"]
[42141700,"Productos para la prevención de decúbito","NO DISPONIBLE"]
[42141701,"Sistemas de presión alterna","2.3.9.3.01"]
[42141702,"Marcos o elevadores de cobijas","2.3.9.3.01"]
[42141703,"Cunas para extremidades","2.3.9.3.01"]
[42141704,"Recubrimientos para colchones","2.3.9.3.01"]
[42141705,"Almohadones o almohadillas o almohadas para la posición del paciente","2.3.9.3.01"]
[42141800,"Equipo de electroterapia","NO DISPONIBLE"]
[42141801,"Unidades de combinación de electroterapia","2.6.3.1.01"]
[42141802,"Electrodos o accesorios para electroterapia","2.3.9.8.01"]
[42141803,"Cables o alambres de plomo para electroterapia","2.3.9.6.01"]
[42141804,"Simuladores galvánicos o farádicos","2.6.3.1.01"]
[42141805,"Estimuladores o kits neuromusculares","2.6.3.1.01"]
[42141806,"Unidades de diatermia de onda corta","2.6.3.1.01"]
[42141807,"Unidades de estimulación nerviosa eléctrica transcutánea","2.6.3.1.01"]
[42141808,"Electrodos de diatermia","2.6.3.1.01"]
[42141809,"Sets de estimulador muscular","2.6.3.1.01"]
[42141900,"Suministros para la administración de enema","NO DISPONIBLE"]
[42141901,"Baldes para enema","2.3.9.3.01"]
[42141902,"Bolsas para enema","2.3.9.3.01"]
[42141903,"Kits o accesorios para enema","2.3.9.3.01"]
[42141904,"Tubos o tapas o pinzas para enema","2.3.9.3.01"]
[42141905,"Jabones para enema","2.3.4.1.01"]
[42142000,"Instrumentos de grado bajo \"floor grade\"","NO DISPONIBLE"]
[42142001,"Fórceps o homeostatos de bajo grado","2.3.9.3.01"]
[42142002,"Cuchillo de bajo grado","2.3.9.3.01"]
[42142003,"Manijas para cuchillo de bajo grado","2.3.9.3.01"]
[42142004,"Corta uñas de bajo grado","2.3.9.3.01"]
[42142005,"Sujeta agujas de bajo grado","2.3.9.3.01"]
[42142006,"Retractores de bajo grado","2.3.9.3.01"]
[42142007,"Tijeras de bajo grado","2.3.9.3.01"]
[42142100,"Productos de terapia de frío y de calor","NO DISPONIBLE"]
[42142101,"Cubiertas para productos para terapia de calor o frío","2.3.9.3.01"]
[42142102,"Unidades o accesorios de enfriamiento para almacenamiento frío para uso médico","2.6.3.1.01"]
[42142103,"Lámparas de calor o sus accesorios para uso médico","2.3.9.3.01"]
[42142104,"Hidro coladores o sus accesorios para uso médico","2.3.9.3.01"]
[42142105,"Unidades o sistemas de calentamiento o enfriamiento terapéutico","2.3.9.3.01"]
[42142106,"Cobijas o cortinas de calentamiento o enfriamiento terapéutico","2.3.9.3.01"]
[42142107,"Sistema y accesorios de terapia de compresión crio terapéutica","2.3.9.3.01"]
[42142108,"Almohadillas o compresas o bolsas de calentamiento o enfriamiento terapéutico","2.3.9.3.01"]
[42142109,"Guantes de terapia para terapia de calor o frío","2.3.9.3.01"]
[42142110,"Botellas para terapia de calor o frío","2.3.9.3.01"]
[42142111,"Bolsas o almohadas de hielo terapéuticas","2.3.9.3.01"]
[42142112,"Baños de parafina terapéuticos o sus accesorios","2.3.9.3.01"]
[42142113,"Máscaras para senos nasales terapéuticas","2.3.9.3.01"]
[42142114,"Pantalones terapéuticos para terapia fría o caliente","2.3.9.3.01"]
[42142119,"Aparatos de hipotermia","2.3.9.3.01"]
[42142200,"Productos de hidroterapia","NO DISPONIBLE"]
[42142201,"Baños o tanques de hidroterapia para las extremidades","2.6.3.1.01"]
[42142202,"Baños o tanques de hidroterapia para inmersión total del cuerpo","2.6.3.1.01"]
[42142203,"Accesorios para baños o tanques de hidroterapia","2.6.3.1.01"]
[42142204,"Asientos para baños de hidroterapia","2.6.3.1.01"]
[42142300,"Productos de documentación médica","NO DISPONIBLE"]
[42142301,"Etiquetas médicas para uso general","2.3.9.3.01"]
[42142302,"Componentes o accesorios para sistemas de planillas médicas","2.3.9.3.01"]
[42142303,"Productos de identificación de pacientes","2.3.9.3.01"]
[42142400,"Productos médicos de vacío o de succión","NO DISPONIBLE"]
[42142401,"Solidificadores de fluidos para uso médico","2.3.9.3.01"]
[42142402,"Cánulas o tubos o accesorios de succión para uso médico","2.3.9.3.01"]
[42142403,"Contenedores de succión para uso médico","2.3.9.3.01"]
[42142404,"Aplicaciones al vacío o de succión para uso médico","2.3.9.3.01"]
[42142405,"Estuches para sets de instrumental médico o sus accesorios","2.3.9.3.01"]
[42142406,"Sets o kits de succión para uso médico","2.3.9.3.01"]
[42142407,"Estuches para cánulas de succión para uso médico","2.3.9.3.01"]
[42142500,"Agujas de inyección y aspiración y accesorios","NO DISPONIBLE"]
[42142501,"Agujas para amniocentesis","2.3.9.3.01"]
[42142502,"Agujas para anestesia","2.3.9.3.01"]
[42142503,"Agujas arteriales","2.3.9.3.01"]
[42142504,"Agujas para biopsia","2.3.9.3.01"]
[42142505,"Soportes para agujas de recolección de sangre","2.3.9.3.01"]
[42142506,"Agujas romas","2.3.9.3.01"]
[42142507,"Agujas mariposa","2.3.9.3.01"]
[42142509,"Bandejas o accesorios epidurales","2.3.9.3.01"]
[42142510,"Agujas de filtro","2.3.9.3.01"]
[42142511,"Tapas o dispositivos protectores o accesorios para agujas","2.3.9.3.01"]
[42142512,"Agujas de fístula","2.3.9.3.01"]
[42142513,"Agujas para procedimientos de radiología","2.3.9.3.01"]
[42142514,"Bandejas o agujas espinales","2.3.9.3.01"]
[42142515,"Agujas de tubo al vacío","2.3.9.3.01"]
[42142516,"Agujas de transferencia","2.3.9.3.01"]
[42142517,"Tubos de extensión","2.3.9.3.01"]
[42142518,"Productos o accesorios aspiradores para biopsia","2.3.9.3.01"]
[42142519,"Guías para agujas","2.3.9.3.01"]
[42142520,"Alfileres dispensadores","2.3.9.3.01"]
[42142521,"Agujas para recolección de sangre","2.3.9.3.01"]
[42142522,"Agujas quirúrgicas para oídos o narices o gargantas","2.3.9.3.01"]
[42142523,"Agujas hipodérmicas","2.3.9.3.01"]
[42142524,"Agujas o sets para grabar","2.3.9.3.01"]
[42142525,"Agujas de irrigación","2.3.9.3.01"]
[42142526,"Protectores de agujas","2.3.9.3.01"]
[42142527,"Alambres para limpiar agujas","2.3.9.3.01"]
[42142528,"Agujas o sets para punción del esternón","2.3.9.3.01"]
[42142529,"Bandejas para agujas o porta agujas","2.3.9.3.01"]
[42142530,"Agujas para procedimientos diagnósticos","2.3.9.3.01"]
[42142531,"Contenedores o carritos o accesorios para desecho de agujas o cuchillas u otros objetos afilados","2.3.9.3.01"]
[42142532,"Agujas o kits o accesorios para pericardiocentesis","2.3.9.3.01"]
[42142600,"Jeringas y accesorios","NO DISPONIBLE"]
[42142601,"Jeringas para aspiración o irrigación médica","2.3.9.3.01"]
[42142602,"Peras de caucho para usos médicos","2.3.9.3.01"]
[42142603,"Jeringas de cartucho para uso médico","2.3.9.3.01"]
[42142604,"Jeringas de punta de catéter para uso médico","2.3.9.3.01"]
[42142605,"Jeringas para oídos para uso médico","2.3.9.3.01"]
[42142606,"Jeringas de entrega medida para uso médico","2.3.9.3.01"]
[42142607,"Micro jeringas para uso médico","2.3.9.3.01"]
[42142608,"Jeringas sin agujas para uso médico","2.3.9.3.01"]
[42142609,"Jeringas con agujas para uso médico","2.3.9.3.01"]
[42142610,"Jeringas de medicación líquida oral","2.3.9.3.01"]
[42142611,"Jeringas de tuberculina","2.3.9.3.01"]
[42142612,"Sets de jeringas de irrigación","2.3.9.3.01"]
[42142613,"Pistolas de inyección","2.3.9.3.01"]
[42142614,"Aparatos o accesorios para inyección hipodérmica","2.3.9.3.01"]
[42142615,"Accesorios para jeringas","2.3.9.3.01"]
[42142616,"Jeringas de recolección de sangre","2.3.9.3.01"]
[42142617,"Jeringas de fuente","2.3.9.3.01"]
[42142618,"Kits de jeringas de análisis de gas en la sangre","2.3.9.3.01"]
[42142700,"Suministros urológicos","NO DISPONIBLE"]
[42142701,"Catéteres urinarios supra púbicos","2.3.9.3.01"]
[42142702,"Catéteres urinarios uretrales","2.3.9.3.01"]
[42142703,"Tapones o pinzas para catéteres urinarios","2.3.9.3.01"]
[42142704,"Bolsas o medidores para drenaje urinario","2.3.9.3.01"]
[42142705,"Tiras o sujetadores para bolsas de drenaje urinario","2.3.9.3.01"]
[42142706,"Bandejas o paquetes o kits para procedimientos urológicos","2.3.9.3.01"]
[42142707,"Tubos de irrigación urinaria","2.3.9.3.01"]
[42142708,"Adaptadores para instrumentos de urología","2.3.9.3.01"]
[42142709,"Accesorios o sets para nefrostomía","2.3.9.3.01"]
[42142710,"Tubos o accesorios para drenaje urinario","2.3.9.3.01"]
[42142711,"Sets de auscultación uretral","2.3.9.3.01"]
[42142712,"Sets o accesorios de remoción de cálculos","2.3.9.3.01"]
[42142713,"Cubiertas o sets urológicos","2.3.9.3.01"]
[42142714,"Percoladores urológicos","2.3.9.3.01"]
[42142715,"Kits o accesorios de cateterización urológica","2.3.9.3.01"]
[42142716,"Dispositivo pesario","2.3.9.3.01"]
[42142800,"Suministros y equipos para terapia vascular y de compresión","NO DISPONIBLE"]
[42142801,"Dispositivos o tubos para compresión secuencial vascular","2.3.9.3.01"]
[42142802,"Prendas o soporte para compresión o vasculares","2.3.9.3.01"]
[42142900,"Corrección de la visión o gafas cosméticas y productos relacionados","NO DISPONIBLE"]
[42142901,"Anteojos","2.3.9.3.01"]
[42142902,"Lentes para anteojos","2.3.9.3.01"]
[42142903,"Monturas para anteojos","2.3.9.3.01"]
[42142904,"Hardware para anteojos","2.3.9.3.01"]
[42142905,"Anteojos de sol","2.3.9.3.01"]
[42142906,"Estuches para anteojos","2.3.9.3.01"]
[42142907,"Pañitos para limpiar anteojos","2.3.9.3.01"]
[42142908,"Kits para limpiar anteojos","2.3.9.3.01"]
[42142909,"Retenedores de anteojos","2.3.9.3.01"]
[42142910,"Estuches para lentes de contacto","2.3.9.3.01"]
[42142911,"Insertores o removedores de lentes de contacto","2.3.9.3.01"]
[42142912,"Medidores de radio de lentes de contacto","2.3.9.3.01"]
[42142913,"Lentes de contacto","2.3.9.3.01"]
[42143100,"Equipo y suministros de obstetricia y ginecología","NO DISPONIBLE"]
[42143101,"Catéteres o kits de cateterización intrauterina","2.6.3.1.01"]
[42143102,"Dispositivos o accesorios uterinos","2.6.3.1.01"]
[42143103,"Dispositivos o accesorios contraceptivos intrauterinos","2.6.3.1.01"]
[42143104,"Kits o accesorios para amniocentesis","2.6.3.1.01"]
[42143105,"Unidades o accesorios de extracción obstétrica","2.6.3.1.01"]
[42143106,"Kits o accesorios de drenaje ginecológico","2.6.3.1.01"]
[42143200,"Equipo y suministros de tratamiento de la fertilidad y la esterilidad","NO DISPONIBLE"]
[42143201,"Kits o accesorios de preparación de semen","2.6.3.1.01"]
[42143202,"Productos o kits o accesorios para el tratamiento de la impotencia","2.6.3.1.01"]
[42143300,"Equipo y suministros de quimioterapia","NO DISPONIBLE"]
[42143301,"Sets o kits de administración de quimioterapia","2.6.3.1.01"]
[42143400,"Equipo y suministros de control de hiperhidrosis","NO DISPONIBLE"]
[42143401,"Equipos o accesorios para el control del sudor","2.6.3.1.01"]
[42143500,"Productos y accesorios de otorrinolaringología","NO DISPONIBLE"]
[42143501,"Ayudas para la limpieza de moldes auditivos","2.6.3.1.01"]
[42143502,"Dispositivos o accesorios para irrigación nasal","2.6.3.1.01"]
[42143503,"Dispositivos o bombas para el control de la hemorragia nasal","2.6.3.1.01"]
[42143504,"Moldes auditivos o sus accesorios","2.6.3.1.01"]
[42143505,"Kits de reparación de moldes auditivos","2.6.3.1.01"]
[42143506,"Sets filiformes para la trompa de eustaquio","2.6.3.1.01"]
[42143507,"Paquetes de medicación de oídos","2.3.9.3.01"]
[42143508,"Capuchas de viento para oídos","2.3.9.3.01"]
[42143509,"Pegantes o cementos para moldes auditivos","2.3.9.3.01"]
[42143510,"Pantallas protectoras de viento para oídos","2.6.3.1.01"]
[42143511,"Ganchos de cera de oídos","2.3.9.3.01"]
[42143512,"Mechas para oídos","2.6.3.2.01"]
[42143513,"Instrumentos o accesorios otológicos","2.3.9.3.01"]
[42143600,"Sujeciones y accesorios","NO DISPONIBLE"]
[42143601,"Chalecos y chaquetas de fuerza (de restricción)","2.3.9.3.01"]
[42143602,"Elementos de restricción de cintura y torso","2.3.9.3.01"]
[42143603,"Elementos de restricción de extremidades","2.3.9.3.01"]
[42143604,"Elementos de restricción de cabeza no para ems","2.3.9.3.01"]
[42143605,"Correas o hebillas o accesorios o suministros de restricción","2.3.9.3.01"]
[42143606,"Elementos de restricción para todo el cuerpo","2.3.9.3.01"]
[42143607,"Sensores o alarmas o accesorios de movimiento de pacientes","2.3.9.3.01"]
[42143608,"Dispositivos o accesorios para estabilización o prevención de caídas de pacientes","2.6.3.2.01"]
[42150000,"Equipos y suministros dentales","NO DISPONIBLE"]
[42151500,"Suministros y equipos de odontología cosmética","NO DISPONIBLE"]
[42151501,"Luces de curación o accesorios para odontología estética","2.6.3.1.01"]
[42151502,"Pozos mezcladores para odontología estética","2.3.9.3.01"]
[42151503,"Coronas o formas de coronas","2.3.9.3.01"]
[42151504,"Laca dental","2.3.9.3.01"]
[42151505,"Suministros de grabado de dientes","2.6.3.1.01"]
[42151506,"Suministros blanqueadores o decolorantes de dientes","2.6.3.1.01"]
[42151507,"Sombras dentales","2.6.3.1.01"]
[42151600,"Instrumentos y dispositivos dentales y de subespecialidad","NO DISPONIBLE"]
[42151601,"Accesorios o partes de repuesto para instrumentos dentales","2.3.9.3.01"]
[42151602,"Bandas para matriz dental","2.3.9.3.01"]
[42151603,"Herramientas de colocación de hidróxido de calcio","2.3.9.3.01"]
[42151604,"Herramientas de colocación de compuestos","2.3.9.3.01"]
[42151605,"Removedores de coronas o puentes","2.3.9.3.01"]
[42151606,"Talladores de amalgamas dentales","2.3.9.3.01"]
[42151607,"Casetes para instrumentos dentales","2.3.9.3.01"]
[42151608,"Bandejas o cubetas para instrumentos dentales","2.3.9.3.01"]
[42151609,"Esterillas para instrumentos dentales","2.3.9.3.01"]
[42151610,"Alicates dentales","2.3.9.3.01"]
[42151611,"Cepillos operativos dentales","2.3.9.3.01"]
[42151612,"Retractores dentales","2.3.9.3.01"]
[42151613,"Pulidores dentales","2.3.9.3.01"]
[42151614,"Fresas dentales","2.3.9.3.01"]
[42151615,"Unidades crio quirúrgicas dentales","2.3.9.3.01"]
[42151616,"Medidores de profundidad dentales","2.3.9.3.01"]
[42151617,"Taladros o brocas dentales","2.3.9.3.01"]
[42151618,"Elevadores dentales","2.3.9.3.01"]
[42151619,"Excavadoras dentales","2.3.9.3.01"]
[42151620,"Limas o curetas dentales","2.3.9.3.01"]
[42151621,"Instrumentos para contorno de calzas dentales","2.3.9.3.01"]
[42151622,"Protectores de dedos para uso odontológico","2.3.9.3.01"]
[42151623,"Fórceps dentales","2.3.9.3.01"]
[42151624,"Piezas manuales o accesorios para uso odontológico","2.3.9.3.01"]
[42151625,"Instrumentos de higiene dental","2.3.9.3.01"]
[42151626,"Accesorios para afilar instrumentos dentales","2.3.9.3.01"]
[42151627,"Espejos o mangos de espejo para uso odontológico","2.3.9.3.01"]
[42151628,"Lozas mezcladoras para uso odontológico","2.3.9.3.01"]
[42151629,"Organizadores dentales","2.3.9.3.01"]
[42151630,"Instrumentos de colocación para uso odontológico","2.3.9.3.01"]
[42151631,"Sondas dentales","2.3.9.3.01"]
[42151632,"Escariadores dentales","2.3.9.3.01"]
[42151633,"Instrumentos de empaque de cordones de retracción para uso odontológico","2.3.9.3.01"]
[42151634,"Picos de punta de raíz para uso dental","2.3.9.3.01"]
[42151635,"Eyectores de saliva o dispositivos de succión oral o suministros dentales","2.3.9.3.01"]
[42151636,"Raspadores dentales o accesorios","2.3.9.3.01"]
[42151637,"Escalas dentales","2.3.9.3.01"]
[42151638,"Tijeras dentales","2.3.9.3.01"]
[42151639,"Espátulas dentales","2.3.9.3.01"]
[42151640,"Pinzas dentales","2.3.9.3.01"]
[42151641,"Grabadores de cera para uso odontológico","2.3.9.3.01"]
[42151642,"Cuchillos de gingivectomía","2.3.9.3.01"]
[42151643,"Cortadoras de margen dental","2.3.9.3.01"]
[42151644,"Soportes para la boca para uso odontológico","2.3.9.3.01"]
[42151645,"Kits o bandejas operativas reusables pre ensambladas para uso odontológico","2.3.9.3.01"]
[42151646,"Dispositivos protectores para dientes","2.3.9.3.01"]
[42151647,"Sujetadores absorbentes para uso odontológico","2.3.9.3.01"]
[42151648,"Calibradores para uso odontológico","2.3.9.3.01"]
[42151650,"Herramientas de detección de fracturas para uso odontológico","2.3.9.3.01"]
[42151651,"Separadores de dientes para uso odontológico","2.3.9.3.01"]
[42151652,"Introductor de espigas para uso odontológico","2.3.9.3.01"]
[42151653,"Doblador de espigas para uso odontológico","2.3.9.3.01"]
[42151654,"Guías para uso odontológico","2.3.9.3.01"]
[42151655,"Probadores de nervio o de vitalidad para uso odontológico","2.3.9.3.01"]
[42151656,"Esparcidores para uso odontológico","2.3.9.3.01"]
[42151657,"Tubos o accesorios para uso odontológico","2.3.9.3.01"]
[42151658,"Enhebradores de seda dental","2.3.9.3.01"]
[42151659,"Kit de extracción de partes de dientes","2.3.9.3.01"]
[42151660,"Aplicadores o absorbentes para uso odontológico","2.3.9.3.01"]
[42151661,"Estuches o bolsas para instrumentos dentales","2.3.9.3.01"]
[42151662,"Electrodos de anestesia o repuestos para uso odontológico","2.3.9.3.01"]
[42151663,"Cuñas o sets para uso odontológico","2.3.9.3.01"]
[42151664,"Discos cortadores o separadores para uso odontológico","2.3.9.3.01"]
[42151665,"Calibradores o accesorios para uso odontológico","2.3.9.3.01"]
[42151666,"Sujetadores bucales para uso odontológico","2.3.9.3.01"]
[42151667,"Matrices o sets para uso odontológico","2.3.9.3.01"]
[42151668,"Enrolladores de instrumentos para instrumentos o accesorios dentales","2.3.9.3.01"]
[42151669,"Deshidratadores para uso odontológico","2.3.9.3.01"]
[42151670,"Portadores de calor para uso odontológico","2.3.9.3.01"]
[42151671,"Calzas o kits de calzas para sistemas post dentales","2.3.9.3.01"]
[42151672,"Expansores para uso odontológico","2.3.9.3.01"]
[42151673,"Martillos para uso odontológico","2.3.9.3.01"]
[42151674,"Sujetadores de fresas para uso odontológico","2.3.9.3.01"]
[42151675,"Kits de restauración para uso odontológico","2.3.9.3.01"]
[42151676,"Cuchillos para uso odontológico","2.3.9.3.01"]
[42151677,"Kits indicadores de presión para uso odontológico","2.3.9.3.01"]
[42151678,"Sujetadores para almohadillas o láminas mezcladoras","2.3.9.3.01"]
[42151679,"Bolsas mezcladoras para uso odontológico","2.3.9.3.01"]
[42151680,"Topes o accesorios endodónticos","2.3.9.3.01"]
[42151681,"Sets o accesorios de anestesia para uso odontológico","2.3.9.3.01"]
[42151700,"Muebles para la clínica dental","NO DISPONIBLE"]
[42151701,"Sillas para examen dental o partes relacionadas o accesorios","2.6.1.1.01"]
[42151702,"Taburetes para uso odontológico","2.6.1.1.01"]
[42151703,"Gabinetes para uso odontológico","2.6.1.1.01"]
[42151704,"Mesas o accesorios para uso odontológico","2.6.1.1.01"]
[42151705,"Sets de mobiliarios combinados para procedimientos dentales","2.6.1.1.01"]
[42151800,"Rellenos y acabados dentales y suministros para pulir","NO DISPONIBLE"]
[42151801,"Portadores de amalgamas","2.3.9.3.01"]
[42151802,"Obturadores o puntas o accesorios para uso odontológico","2.3.9.3.01"]
[42151803,"Cápsulas de amalgama para uso odontológico","2.3.9.3.01"]
[42151804,"Empaquetadores de cable para uso odontológico","2.3.9.3.01"]
[42151805,"Discos pulidores o de terminado para uso odontológico","2.3.9.3.01"]
[42151806,"Tiras pulidoras o de terminado para uso odontológico","2.3.9.3.01"]
[42151807,"Puntas pulidoras o de terminado para uso odontológico","2.3.9.3.01"]
[42151808,"Compuestos brilladores para uso odontológico","2.3.9.3.01"]
[42151809,"Paños comprimibles para uso odontológico","2.3.9.3.01"]
[42151810,"Kits pulidores o de terminado para uso odontológico","2.3.9.3.01"]
[42151811,"Copas o sets pulidores para uso odontológico","2.3.9.3.01"]
[42151812,"Resortes para abrasión o máquinas pulidoras para uso odontológico","2.3.9.3.01"]
[42151813,"Tubos de calzas para uso odontológico","2.3.9.3.01"]
[42151814,"Adaptadores de placas de sujeción para tallado o máquinas pulidoras para uso odontológico","2.3.9.3.01"]
[42151815,"Conos para tallado o máquinas pulidoras para uso odontológico","2.3.9.3.01"]
[42151816,"Portadores de lámina de oro","2.3.9.3.01"]
[42151900,"Equipo y suministros para higiene dental y cuidado preventivo","NO DISPONIBLE"]
[42151901,"Cepillos para paladares o prótesis dentales","2.3.4.1.01"]
[42151902,"Kits de profilaxis para uso odontológico","2.3.4.1.01"]
[42151903,"Copas o contenedores para prótesis dentales","2.3.4.1.01"]
[42151904,"Soluciones o tabletas reveladoras","2.3.4.1.01"]
[42151905,"Geles o enjuagues de fluoruro","2.3.4.1.01"]
[42151906,"Tabletas o gotas de fluoruro","2.3.4.1.01"]
[42151907,"Tanques de profilaxis para uso odontológico","2.3.4.1.01"]
[42151908,"Frascos o sets para prótesis dentales","2.3.4.1.01"]
[42151909,"Pastas o kits de prevención dental","2.3.4.1.01"]
[42151910,"Dispositivos o accesorios para limpiar dientes","2.3.4.1.01"]
[42151911,"Sets acondicionadores de tejido dental","2.3.4.1.01"]
[42151912,"Aerosoles endodónticos","2.3.4.1.01"]
[42152000,"Equipo y suministros para hacer imágenes dentales","NO DISPONIBLE"]
[42152001,"Sujetadores de aleta de mordida","2.6.3.1.01"]
[42152002,"Bloques o aletas o tabletas de mordida para uso odontológico","2.6.3.1.01"]
[42152003,"Procesadores de película para uso odontológico","2.6.3.1.01"]
[42152004,"Colgadores de película radiológica para uso odontológico","2.6.3.1.01"]
[42152005,"Sujetadores de película radiológica para uso odontológico","2.6.3.1.01"]
[42152006,"Monturas de película radiológica para uso odontológico","2.6.3.1.01"]
[42152007,"Duplicadores de rayos x para uso odontológico","2.6.3.1.01"]
[42152008,"Unidades de rayos x para uso odontológico","2.6.3.1.01"]
[42152009,"Visores o accesorios de rayos x para uso odontológico","2.6.3.1.01"]
[42152010,"Película radiológica para uso odontológico","2.6.3.1.01"]
[42152011,"Adaptadores de película de rayos x para uso odontológico","2.6.3.2.01"]
[42152012,"Partes o kits o accesorios para aparatos de rayos x para uso odontológico","2.6.3.1.01"]
[42152013,"Analizadores de película radiográfica para uso odontológico","2.3.7.2.99"]
[42152014,"Trazador radioactivo para uso odontológico","2.3.9.3.01"]
[42152100,"Equipo y suministros dentales para impresión y formar","NO DISPONIBLE"]
[42152101,"Anillos de molde o suministros relacionados para uso odontológico","2.3.9.3.01"]
[42152102,"Formadores para uso odontológico","2.3.9.3.01"]
[42152103,"Adhesivos para bandejas de impresión para uso odontológico","2.3.9.3.01"]
[42152104,"Limpiadores de bandejas de impresión para uso odontológico","2.3.9.3.01"]
[42152105,"Bandejas de impresión para uso odontológico","2.3.9.3.01"]
[42152106,"Cuchillos para yeso para uso odontológico","2.3.9.3.01"]
[42152107,"Instrumentos de encerado para uso odontológico","2.3.9.3.01"]
[42152108,"Jeringas de material de impresión o accesorios para uso odontológico","2.3.9.3.01"]
[42152109,"Baños de agua para material de impresión o accesorios para uso odontológico","2.3.9.3.01"]
[42152110,"Dispositivos para marcar dientes","2.3.9.3.01"]
[42152111,"Endurecedores de material de impresión para uso odontológico","2.3.7.2.99"]
[42152112,"Instrumentos de secado o accesorios para uso odontológico","2.6.3.2.01"]
[42152113,"Kits de formación de base para prótesis dentales","2.6.3.1.01"]
[42152114,"Kits de entrega de materiales de impresión para uso odontológico","2.6.3.1.01"]
[42152115,"Canastas de impresión para uso odontológico","2.3.9.3.01"]
[42152200,"Equipo y suministros dentales de laboratorio y de esterilización","NO DISPONIBLE"]
[42152201,"Láminas dentales","2.6.3.1.01"]
[42152202,"Unidades de abrasión por aire de laboratorio dental","2.6.3.1.01"]
[42152203,"Quemadores o antorchas de laboratorio dental","2.6.3.1.01"]
[42152204,"Máquinas para enyesar, sus partes o accesorios de laboratorio dental","2.6.3.1.01"]
[42152205,"Unidades de curado de laboratorio dental","2.6.3.1.01"]
[42152206,"Tintes de laboratorio dental","2.6.3.1.01"]
[42152207,"Recolectores de polvo de laboratorio dental","2.6.3.1.01"]
[42152208,"Máquinas o accesorios de laboratorio dental","2.6.3.1.01"]
[42152209,"Hornos de uso odontológico para laboratorios","2.6.3.1.01"]
[42152210,"Chapas de oro de laboratorio dental","2.6.3.1.01"]
[42152211,"Tornos o accesorios de laboratorio dental","2.6.3.1.01"]
[42152212,"Bordeadoras de modelos de laboratorio dental","2.6.3.1.01"]
[42152213,"Modelos de laboratorio dentales","2.6.3.1.01"]
[42152214,"Trampas de yeso de laboratorio dental","2.3.9.3.01"]
[42152215,"Lijadoras de chorro de arena o suministros de laboratorio dental","2.3.9.3.01"]
[42152216,"Máquinas soldadoras o suministros de laboratorio dental","2.6.3.1.01"]
[42152217,"Unidades de vacío o suministros de laboratorio dental","2.6.3.1.01"]
[42152218,"Vibradores de uso odontológico para laboratorios","2.6.3.1.01"]
[42152219,"Unidades de encerado de laboratorio dental","2.6.3.1.01"]
[42152220,"Piedras dentales para laboratorios","2.6.3.1.01"]
[42152221,"Protectores de moldes o estuches de laboratorio dental","2.6.3.1.01"]
[42152222,"Crisoles para máquinas de fundición de uso odontológico","2.6.3.1.01"]
[42152223,"Unidades o accesorios de procesamiento de resinas de laboratorio dental","2.6.3.1.01"]
[42152224,"Cantimploras de laboratorio dental","2.6.3.1.01"]
[42152300,"Láseres y equipo de iluminación y fibra óptica para odontología, y suministros","NO DISPONIBLE"]
[42152301,"Láseres de uso odontológico","2.6.3.1.01"]
[42152302,"Dentoscopios","2.6.3.1.01"]
[42152303,"Luces para uso odontológico general o sus accesorios","2.6.3.1.01"]
[42152304,"Luces intraorales","2.6.3.1.01"]
[42152305,"Trípodes de luces de operación para uso odontológico","2.6.3.1.01"]
[42152306,"Luces o accesorios de fibra óptica para uso odontológico","2.6.3.1.01"]
[42152307,"Sets de iluminación de operación para uso odontológico","2.6.3.1.01"]
[42152400,"Materiales dentales","NO DISPONIBLE"]
[42152401,"Aleaciones para amalgamas de uso odontológico","2.3.4.1.01"]
[42152402,"Materiales protectores de la boca para atletas","2.3.4.1.01"]
[42152403,"Aleaciones de molibdeno cromo cobalto fundido para implantes dentales","2.3.4.1.01"]
[42152404,"Materiales de impresión hidrocoloides irreversibles reversibles combinados","2.3.4.1.01"]
[42152405,"Plásticos para coronas o puentes","2.3.4.1.01"]
[42152406,"Pastas abrasivas de uso odontológico","2.3.4.1.01"]
[42152407,"Polvos abrasivos de uso odontológico","2.3.4.1.01"]
[42152408,"Puntos absorbentes de uso odontológico","2.3.4.1.01"]
[42152409,"Materiales de impresión agar de uso odontológico","2.3.4.1.01"]
[42152410,"Materiales de impresión alginadas de uso odontológico","2.3.4.1.01"]
[42152411,"Aleaciones de fundición de metal de base de uso odontológico","2.3.4.1.01"]
[42152412,"Ceras de placa de base de uso odontológico","2.3.4.1.01"]
[42152413,"Aleaciones de soldadura fuerte de uso odontológico","2.3.4.1.01"]
[42152414,"Aleaciones de fundición de uso odontológico","2.3.4.1.01"]
[42152415,"Cerámicas de uso odontológico","2.3.4.1.01"]
[42152416,"Materiales de duplicación de uso odontológico","2.3.4.1.01"]
[42152417,"Inversiones de sílice etilo de uso odontológico","2.3.4.1.01"]
[42152418,"Productos de yeso de uso odontológico","2.3.4.1.01"]
[42152419,"Materiales de impresión de pasta de óxido de zinc eugenol de uso odontológico","2.3.4.1.01"]
[42152420,"Ceras de fundición para incrustaciones de uso odontológico","2.3.4.1.01"]
[42152421,"Mercurio de uso odontológico","2.3.4.1.01"]
[42152422,"Puntos obturadores de uso odontológico","2.3.4.1.01"]
[42152423,"Sellantes de huecos o fisuras de uso odontológico","2.3.4.1.01"]
[42152424,"Cementos de base de agua de uso odontológico","2.3.4.1.01"]
[42152425,"Resinas de base para prótesis dentales","2.3.4.1.01"]
[42152426,"Resinas de forrado temporales de base para prótesis dentales","2.3.4.1.01"]
[42152427,"Resinas de reparación de cura fría para prótesis dentales","2.3.4.1.01"]
[42152428,"Resinas de relleno directo","2.3.4.1.01"]
[42152429,"Materiales elastoméricos para impresiones dentales","2.3.4.1.01"]
[42152430,"Materiales de relleno endodóntico","2.3.4.1.01"]
[42152431,"Elastómeros de prótesis maxilofacial extra oral","2.3.4.1.01"]
[42152432,"Inversiones de fundición de yeso unido para aleaciones de oro","2.3.4.1.01"]
[42152433,"Película radiográfica dental intraoral","2.3.9.3.01"]
[42152434,"Amalgamantes para uso odontológico","2.3.4.1.01"]
[42152435,"Materiales elastómeros para ortodoncia","2.3.4.1.01"]
[42152436,"Inversiones unidas de fosfato","2.3.4.1.01"]
[42152437,"Dientes de porcelana","2.3.4.1.01"]
[42152438,"Materiales refractarios de tinte","2.3.4.1.01"]
[42152439,"Materiales resistentes de recubrimiento para prótesis dentales removibles","2.3.4.1.01"]
[42152440,"Inversiones de soldadura","2.3.4.1.01"]
[42152441,"Dientes de polímeros sintéticos","2.3.4.1.01"]
[42152442,"Titanio sin aleación para implantes dentales","2.3.4.1.01"]
[42152443,"Cementos de óxido de zinc eugenol y de no eugenol","2.3.4.1.01"]
[42152444,"Líquido de retracción gingival","2.3.4.1.01"]
[42152445,"Sets de partes anteriores o posteriores de dientes","2.3.4.1.01"]
[42152446,"Recubrimientos o materiales adelgazantes o sets para caries dentales","2.3.4.1.01"]
[42152447,"Tintes o suministros de uso odontológico","2.3.4.1.01"]
[42152449,"Catalizadores de material de impresión de uso odontológico","2.3.4.1.01"]
[42152450,"Compuestos limpiadores de instrumentos de uso odontológico","2.3.4.1.01"]
[42152451,"Compuestos indicadores de presión de uso odontológico","2.3.4.1.01"]
[42152452,"Kits o accesorios de aislamiento de pastas de uso odontológico","2.3.4.1.01"]
[42152453,"Compuestos restauradores de uso odontológico","2.3.4.1.01"]
[42152454,"Protectores de nervios dentales","2.3.4.1.01"]
[42152455,"Estantes o soportes para productos abrasivos de uso odontológico","2.6.1.9.01"]
[42152456,"Agentes enmascaradores de uso odontológico","2.3.4.1.01"]
[42152457,"Kits de cementación de uso odontológico","2.3.4.1.01"]
[42152458,"Espaciadores de tintes de uso odontológico","2.3.4.1.01"]
[42152459,"Kits post endodoncia","2.3.4.1.01"]
[42152460,"Compuestos de recubrimiento para prótesis dentales","2.3.4.1.01"]
[42152461,"Compuestos de recubrimiento para modelos dentales","2.3.4.1.01"]
[42152462,"Kits de revestimiento de prótesis dentales","2.3.4.1.01"]
[42152463,"Solventes de cera de uso odontológico","2.3.4.1.01"]
[42152464,"Kits para implantes dentales","2.3.4.1.01"]
[42152465,"Lubricantes dentales","2.3.4.1.01"]
[42152500,"Suministros dentales generales","NO DISPONIBLE"]
[42152501,"Kits o bandejas desechables pre ensambladas de uso odontológico","2.3.9.3.01"]
[42152502,"Baberos de uso odontológico","2.3.9.3.01"]
[42152503,"Suministros hembra de uso odontológico","2.3.9.3.01"]
[42152504,"Recubrimientos de uso odontológico","2.3.9.3.01"]
[42152505,"Forros para el apoyacabezas de la silla de examen de uso odontológico","2.3.9.3.01"]
[42152506,"Bolitas absorbentes de uso odontológico","2.3.9.3.01"]
[42152507,"Rollos de uso odontológico","2.3.9.3.01"]
[42152508,"Jeringas o agujas o jeringas con agujas de uso odontológico","2.3.9.3.01"]
[42152509,"Cubiertas desechables para bandejas de uso odontológico","2.3.9.3.01"]
[42152510,"Estuches o cubiertas para instrumentos o sets de uso odontológico","2.3.9.3.01"]
[42152511,"Platos de uso odontológico","2.3.9.3.01"]
[42152512,"Pinzas de uso odontológico","2.3.9.3.01"]
[42152513,"Tazas medidoras de uso odontológico","2.3.9.3.01"]
[42152514,"Contenedores o accesorios de materiales de desecho de uso odontológico","2.3.9.3.01"]
[42152516,"Tazones mezcladores de uso odontológico","2.3.9.3.01"]
[42152517,"Sujetadores o dispensadores de servilletas de uso odontológico","2.3.9.3.01"]
[42152518,"Dispensadores de materiales de uso odontológico","2.3.9.3.01"]
[42152519,"Kits de accesorios para jeringas de uso odontológico","2.3.9.3.01"]
[42152520,"Escupideras de uso odontológico","2.3.9.3.01"]
[42152600,"Suministros específicos a la operación dental","NO DISPONIBLE"]
[42152601,"Papeles articulados para operación o productos relacionados de uso odontológico","2.3.4.1.01"]
[42152602,"Barreras de control de infección para operaciones de uso odontológico","2.3.4.1.01"]
[42152603,"Tornillos de retención o productos relacionados para operaciones de uso odontológico","2.3.4.1.01"]
[42152604,"Cordones de retracción para operaciones de uso odontológico","2.3.4.1.01"]
[42152605,"Sets de sialografía de uso odontológico","2.3.4.1.01"]
[42152606,"Tablillas o sets de uso odontológico","2.3.4.1.01"]
[42152607,"Anillos para instrumentos de uso odontológico","2.3.4.1.01"]
[42152608,"Cartuchos de ligadura para ortodoncia","2.3.4.1.01"]
[42152700,"Equipo y suministros ortodoncia y prostodónticos","NO DISPONIBLE"]
[42152701,"Articuladores o accesorios de uso odontológico","2.3.9.3.01"]
[42152702,"Soluciones hemostáticas de uso odontológico","2.3.9.3.01"]
[42152703,"Tornillos o fijadores o suministros relacionados de uso odontológico","2.3.9.3.01"]
[42152704,"Retenedores de uso odontológico","2.3.9.3.01"]
[42152705,"Pinzas de aplicación para ortodoncia","2.3.9.3.01"]
[42152706,"Frenillos \"brackets\" para ortodoncia","2.3.9.3.01"]
[42152707,"Tubos bucales para ortodoncia","2.3.9.3.01"]
[42152708,"Bobinas de resorte para ortodoncia","2.3.9.3.01"]
[42152709,"Elásticos para ortodoncia","2.3.9.3.01"]
[42152710,"Elastómeros para ortodoncia","2.3.9.3.01"]
[42152711,"Tornillos de expansión para ortodoncia","2.3.9.3.01"]
[42152712,"Bandas molares para ortodoncia","2.3.9.3.01"]
[42152713,"Alicates para ortodoncia","2.3.9.3.01"]
[42152714,"Estuches retenedores para ortodoncia","2.3.9.3.01"]
[42152715,"Bandas de colocación para ortodoncia","2.3.9.3.01"]
[42152716,"Topes o bloqueos para ortodoncia","2.3.9.3.01"]
[42152800,"Equipo y suministro periodontal","NO DISPONIBLE"]
[42152801,"Cinceles para periodoncia","2.6.3.1.01"]
[42152802,"Limas para periodoncia","2.6.3.1.01"]
[42152803,"Separadores para periodoncia","2.6.3.1.01"]
[42152804,"Instrumentos de prueba de implante periodontal a interface de hueso","2.6.3.1.01"]
[42152805,"Instrumentos de control para periodoncia","2.6.3.1.01"]
[42152806,"Disectores de tejido para periodoncia","2.6.3.1.01"]
[42152807,"Pastas protectoras para periodoncia","2.6.3.1.01"]
[42152808,"Curetas para periodoncia","2.6.3.1.01"]
[42152809,"Cuchillos para periodoncia","2.6.3.1.01"]
[42152810,"Membranas para periodoncia","2.6.3.1.01"]
[42160000,"Equipo de diálisis y suministros","NO DISPONIBLE"]
[42161500,"Equipo de diálisis peritoneal y de equilibrio y suministros","NO DISPONIBLE"]
[42161501,"Sets de transferencia de diálisis peritoneal ambulatoria continua capd","2.6.3.1.01"]
[42161502,"Calentadores de dialisato peritoneal","2.6.3.1.01"]
[42161503,"Sets de administración o cateterización de diálisis peritoneal","2.6.3.1.01"]
[42161504,"Adaptadores o pinzas o conectores de catéter para diálisis peritoneal","2.6.3.1.01"]
[42161505,"Bolsas o contenedores de drenaje de diálisis peritoneal","2.6.3.1.01"]
[42161506,"Derivaciones o catéteres o dispositivos de acceso permanente para diálisis peritoneal","2.6.3.1.01"]
[42161507,"Soluciones para diálisis peritoneal","2.6.3.1.01"]
[42161508,"Correas o arneses para unidades de diálisis peritoneal","2.6.3.1.01"]
[42161509,"Unidades de diálisis peritoneal","2.6.3.1.01"]
[42161510,"Kits de lavado para diálisis peritoneal","2.6.3.1.01"]
[42161600,"Equipo de hemodiálisis extracorpórea y suministros","NO DISPONIBLE"]
[42161601,"Kits o sets o accesorios de administración de hemodiálisis","2.6.3.1.01"]
[42161602,"Muestreadores de bolsas de sangre para hemodiálisis","2.6.3.1.01"]
[42161603,"Aparato de demanda de oxígeno en la sangre para hemodiálisis","2.6.3.1.01"]
[42161604,"Sillas para hemodiálisis","2.6.3.1.01"]
[42161605,"Medidores de conductividad de dialisato para hemodiálisis","2.6.3.1.01"]
[42161606,"Detectores de nivel de dialisato para hemodiálisis","2.6.3.1.01"]
[42161607,"Bombas de presión de dialisato para hemodiálisis","2.6.3.1.01"]
[42161608,"Soluciones de dialisato para hemodiálisis","2.6.3.1.01"]
[42161609,"Tanques de dialisato para hemodiálisis","2.6.3.1.01"]
[42161610,"Tubos de dialisato para hemodiálisis","2.6.3.1.01"]
[42161611,"Baños calentadores de dialisato para hemodiálisis","2.6.3.1.01"]
[42161612,"Filtros de celuloide de dializador para hemodiálisis","2.6.3.1.01"]
[42161613,"Filtros de colodión de dializador para hemodiálisis","2.6.3.1.01"]
[42161614,"Filtros de filamento hueco de dializador para hemodiálisis","2.3.9.3.01"]
[42161615,"Sistemas de reprocesamiento de dializador para hemodiálisis","2.6.3.1.01"]
[42161616,"Detectores de burbujas de aire o espuma o coágulos, o trampas o alarmas para unidades de hemodiálisis","2.6.3.1.01"]
[42161617,"Monitores de presión arterial para unidades de hemodiálisis","2.6.3.1.01"]
[42161618,"Pinzas de línea de sangre para unidades de hemodiálisis","2.6.3.1.01"]
[42161619,"Tapas para válvulas de sangre para unidades de hemodiálisis","2.6.3.1.01"]
[42161620,"Bombas de sangre para unidades de hemodiálisis","2.6.3.1.01"]
[42161621,"Tapas para válvulas de dialisato unidades de hemodiálisis","2.6.3.1.01"]
[42161622,"Desinfectantes o limpiadores para unidades de hemodiálisis","2.3.7.2.03"]
[42161623,"Bombas de infusión de heparina unidades de hemodiálisis","2.6.3.1.01"]
[42161624,"Controladores de agujas únicas para unidades de hemodiálisis","2.6.3.1.01"]
[42161625,"Convertidores de un solo paso para unidades de hemodiálisis","2.6.3.1.01"]
[42161626,"Estantes o soportes o carritos para unidades de hemodiálisis","2.6.3.1.01"]
[42161627,"Monitores de temperatura para unidades de hemodiálisis","2.6.3.1.01"]
[42161628,"Equipos de prueba para unidades de hemodiálisis","2.6.3.1.01"]
[42161629,"Filtros transductores para unidades de hemodiálisis","2.6.3.1.01"]
[42161630,"Protectores transductores para unidades de hemodiálisis","2.6.3.1.01"]
[42161631,"Sistemas de purificación del agua para unidades de hemodiálisis","2.6.3.1.01"]
[42161632,"Unidades de hemodiálisis","2.6.3.1.01"]
[42161633,"Membranas dializadoras para aparatos de hemodiálisis","2.6.3.1.01"]
[42161634,"Bandejas de procedimiento o accesorios para hemodiálisis","2.6.3.1.01"]
[42161635,"Cartuchos para aparatos de hemodiálisis","2.6.3.1.01"]
[42161700,"Equipo de hemofiltración y suministros","NO DISPONIBLE"]
[42161701,"Hemofiltro","2.6.3.1.01"]
[42161702,"Bolsas de recolección de hemofiltración","2.6.3.1.01"]
[42161703,"Puertos de infusión para hemofiltración","2.6.3.1.01"]
[42161704,"Puertos de muestreo para hemofiltración","2.6.3.1.01"]
[42161800,"Equipo y suministros de terapia renal sustitutiva continua (crrt)","NO DISPONIBLE"]
[42161801,"Unidades de diálisis arterio venosa continua cavhd o productos relacionados","2.6.3.1.01"]
[42161802,"Unidades de hemofiltración arterio venosa continua cavh o productos relacionados","2.6.3.1.01"]
[42161803,"Unidades de hemodiálisis o hemofiltración venosa continua o productos relacionados","2.6.3.1.01"]
[42161804,"Unidades de ultrafiltración continua lenta scuf o productos relacionados","2.6.3.1.01"]
[42170000,"Productos para los servicios médicos de urgencias y campo","NO DISPONIBLE"]
[42171500,"Productos de servicio médico de urgencia en la gestión de desastre","NO DISPONIBLE"]
[42171501,"Bolsas para cuerpos para desastres para servicios médicos de emergencia","2.3.9.3.01"]
[42171502,"Etiquetas de triage para servicios médicos de emergencia","2.3.9.3.01"]
[42171600,"Productos de sacar, inmovilizar y trasladar de servicios médicos de urgencia","NO DISPONIBLE"]
[42171601,"Camillas o accesorios para evacuación aérea","2.6.3.1.01"]
[42171602,"Camillas o accesorios para ambulancias","2.6.3.1.01"]
[42171603,"Prendas anti choque","2.6.3.1.01"]
[42171604,"Camillas canasta o accesorios","2.6.3.1.01"]
[42171605,"Ojales de cable de rescate","2.6.3.2.01"]
[42171606,"Férulas inflables para servicios médicos de emergencia","2.6.3.2.01"]
[42171607,"Collares cervicales o de extracción de víctimas para servicios médicos de emergencia","2.6.3.2.01"]
[42171608,"Inmovilizadores de cabeza para servicios médicos de emergencia","2.6.3.2.01"]
[42171609,"Correas de retención o espinales para servicios médicos de emergencia","2.6.3.2.01"]
[42171610,"Inmovilizadores de torso para servicios médicos de emergencia","2.6.3.2.01"]
[42171611,"Literas o camillas o accesorios para respuesta de emergencia","2.6.3.2.01"]
[42171612,"Camillas o accesorios redondas","2.6.3.2.01"]
[42171613,"Tablas espinales","2.6.3.2.01"]
[42171614,"Tubos o contenedores para rescate en agua","2.6.3.2.01"]
[42171700,"Mantas de servicios médicos de urgencia","NO DISPONIBLE"]
[42171701,"Cobijas para emergencias o rescates","2.6.3.2.01"]
[42171702,"Cobijas para primeros auxilios","2.6.3.2.01"]
[42171703,"Cobertores o cobijas de protección contra el calor para servicios médicos de emergencia","2.6.3.2.01"]
[42171704,"Fajas para bebés o porta bebés para servicios médicos de emergencia","2.6.3.2.01"]
[42171800,"Equipo de servicios médicos de urgencia de gestión del vía de aire","NO DISPONIBLE"]
[42171801,"Kits de intubación o vía aérea oro faríngea para servicios médicos de emergencia","2.6.3.1.01"]
[42171802,"Kits de laringoscopia para servicios médicos de emergencia","2.6.3.1.01"]
[42171803,"Unidades o accesorios de succión para servicios médicos de emergencia","2.6.3.1.01"]
[42171804,"Kits de cricotiroidotomía o tubo traqueal para servicios médicos de emergencia","2.6.3.1.01"]
[42171805,"Desplegadores de mandíbula","2.6.3.1.01"]
[42171806,"Palos para convulsiones","2.6.3.1.01"]
[42171900,"Cajas o bolsas de almacenaje para servicios médicos de urgencia","NO DISPONIBLE"]
[42171901,"Bolsas de manejo de vía aérea para servicios médicos de emergencia","2.3.9.3.01"]
[42171902,"Estuches de desfibriladores para servicios médicos de emergencia","2.3.9.3.01"]
[42171903,"Estuches de medicamentos para servicios médicos de emergencia","2.3.9.3.01"]
[42171904,"Estuches o bolsas de productos de extracción para servicios médicos de emergencia","2.3.9.3.01"]
[42171905,"Estuches intravenosos iv para servicios médicos de emergencia","2.3.9.3.01"]
[42171906,"Estuches de intubación para servicios médicos de emergencia","2.3.9.3.01"]
[42171907,"Bolsas de laringoscopia para servicios médicos de emergencia","2.3.9.3.01"]
[42171908,"Estuches de soporte de vida para servicios médicos de emergencia","2.3.9.3.01"]
[42171909,"Paquetes de trauma para respuesta de larga distancia ldr para servicios médicos de emergencia","2.3.9.3.01"]
[42171910,"Estuches paramédicos para servicios médicos de emergencia","2.3.9.3.01"]
[42171911,"Estuches de oxígeno portátil o resucitación para servicios médicos de emergencia","2.3.9.3.01"]
[42171912,"Estuches o bolsas de rescate para servicios médicos de emergencia","2.3.9.3.01"]
[42171913,"Estuches o bolsas de respuesta para servicios médicos de emergencia","2.3.9.3.01"]
[42171914,"Estuches o bolsas de trauma para servicios médicos de emergencia","2.3.9.3.01"]
[42171915,"Estuches o bolsas para técnicos médicos de emergencia emt","2.3.9.3.01"]
[42171916,"Estuches para transportar o almacenar sets de inmovilización para servicios médicos de emergencia","2.3.9.3.01"]
[42171917,"Estuches o bolsas o accesorios de primeros auxilios para servicios médicos de emergencia","2.3.9.3.01"]
[42171918,"Estuches de equipos de tratamiento de víctimas de gas para servicios médicos de emergencia","2.3.9.3.01"]
[42171919,"Bolsas o revestimientos de evacuación para servicios médicos de emergencia","2.3.9.3.01"]
[42171920,"Estuches o accesorios de ropa para servicios médicos de emergencia","2.3.9.3.01"]
[42172000,"Kits para los servicios médicos de urgencias y campo","NO DISPONIBLE"]
[42172001,"Kits de primeros auxilios para servicios médicos de emergencia","2.3.9.3.01"]
[42172002,"Kits de primera respuesta para servicios médicos de emergencia","2.6.3.1.01"]
[42172003,"Kits intravenosos iv para servicios médicos de emergencia","2.6.3.1.01"]
[42172004,"Kits de soporte de vida para servicios médicos de emergencia","2.6.3.1.01"]
[42172005,"Kits de trauma de respuesta de larga distancia ldr para servicios médicos de emergencia","2.6.3.1.01"]
[42172006,"Kits obstétricos para servicios médicos de emergencia","2.6.3.1.01"]
[42172007,"Kits de oxígeno o resucitación para servicios médicos de emergencia","2.6.3.1.01"]
[42172008,"Kits de rapel para servicios médicos de emergencia","2.6.3.1.01"]
[42172009,"Kits de búsqueda y rescate para servicios médicos de emergencia","2.6.3.1.01"]
[42172010,"Kits de trauma para servicios médicos de emergencia","2.6.3.1.01"]
[42172011,"Kits para técnicos médicos de emergencia emt","2.6.3.1.01"]
[42172012,"Kits de ventriculostomía para servicios médicos de emergencia","2.6.3.1.01"]
[42172013,"Kits de evacuación para servicios médicos de emergencia","2.6.3.1.01"]
[42172014,"Kits o suministros de transporte de pacientes para servicios médicos de emergencia","2.6.3.1.01"]
[42172015,"Kits de tratamiento dental para servicios médicos de emergencia","2.6.3.1.01"]
[42172016,"Kits de fracturas para servicios médicos de emergencia","2.6.3.1.01"]
[42172017,"Kits de equipos médicos de laboratorio o de campo o productos relacionados","2.6.3.1.01"]
[42172100,"Productos de resucitación de servicios médicos de emergencia","NO DISPONIBLE"]
[42172101,"Desfibriladores externos automatizados aed o paletas duras","2.6.3.1.01"]
[42172102,"Escudos o máscaras protectoras para resucitación cardiopulmonar cpr","2.6.3.1.01"]
[42172103,"Kits aspiradores o resucitadores para emergencias","2.6.3.1.01"]
[42172200,"Suministros de servicios médicos de emergencia","NO DISPONIBLE"]
[42172201,"Pinzas o torniquetes para servicios médicos de emergencia","2.3.9.3.01"]
[42180000,"Productos de examen y control del paciente","NO DISPONIBLE"]
[42181500,"Evaluación diagnóstica y productos de examen de uso general","NO DISPONIBLE"]
[42181501,"Depresores de lengua o cuchillos o baja lenguas","2.3.9.3.01"]
[42181502,"Transiluminadores para exámenes de uso médico","2.6.3.1.01"]
[42181503,"Lubricantes o gelatinas personales o para examen","2.3.9.3.01"]
[42181504,"Sets de hemacitómetros","2.6.3.1.01"]
[42181505,"Sets o accesorios de muestreadores de células endometriales","2.6.3.2.01"]
[42181506,"Kits de determinación de asalto sexual","2.3.9.3.01"]
[42181507,"Bandas para sujetar el espejo a la frente o accesorios para exámenes médicos","2.3.9.3.01"]
[42181508,"Pañitos limpiadores para equipo diagnóstico","2.3.9.3.01"]
[42181509,"Sets de examen físico para cirujanos de vuelo","2.6.3.2.01"]
[42181510,"Medidores de ictericia transcutáneos","2.6.3.1.01"]
[42181511,"Evaluadores de impotencia masculina","2.6.3.1.01"]
[42181512,"Cucharas para examen de portadores de tifoidea","2.3.9.3.01"]
[42181513,"Kits de irrigación de los senos nasales","2.3.9.3.01"]
[42181514,"Fotómetros de hemoglobina","2.6.3.1.01"]
[42181515,"Bandejas de procedimiento para exámenes","2.3.9.3.01"]
[42181516,"Unidades o accesorios de electromiografía emg","2.3.9.3.01"]
[42181517,"Unidades de electroencefalografía (EEG) o accesorios","2.6.3.1.01"]
[42181600,"Unidades de presión sanguínea y productos relacionados","NO DISPONIBLE"]
[42181601,"Unidades de presión de sangre aneroides","2.6.3.1.01"]
[42181602,"Unidades de presión de sangre electrónicas","2.6.3.1.01"]
[42181603,"Unidades de presión de sangre de mercurio","2.6.3.1.01"]
[42181604,"Válvulas o peras inflables de liberación de presión del aire en la sangre","2.3.9.3.01"]
[42181605,"Mangas o vejigas de presión de la sangre","2.3.9.3.01"]
[42181606,"Mangueras de inflar o mangueras neumáticas o adaptadores de presión de sangre","2.3.9.3.01"]
[42181607,"Unidades de registro de presión de sangre","2.6.3.2.01"]
[42181608,"Accesorios para instrumentos de medición de presión de sangre","2.3.9.3.01"]
[42181609,"Kits de domo de monitoreo de presión de sangre","2.3.9.3.01"]
[42181610,"Kits de mangas de presión de sangre","2.3.9.3.01"]
[42181700,"Unidades de electrocardiografía (ecg) y productos relacionados","NO DISPONIBLE"]
[42181701,"Unidades de electrocardiografía ekg","2.6.3.1.01"]
[42181702,"Adaptadores o cables o conductores para electrocardiografía ekg","2.3.9.3.01"]
[42181703,"Probadores de cables o conductores o unidades de electrocardiografía ekg","2.6.3.1.01"]
[42181704,"Calibradores o reglas de electrocardiografía ekg","2.3.9.3.01"]
[42181705,"Registros gráficos de electrocardiografía ekg","2.6.3.1.01"]
[42181706,"Pantallas de monitor para electrocardiografía ekg","2.6.3.1.01"]
[42181707,"Electrodos de tira o anillo para electrocardiografía ekg neonatal","2.6.3.1.01"]
[42181708,"Electrodos de parche para electrocardiografía ekg","2.3.9.3.01"]
[42181709,"Papel de registro de electrocardiografía (ECG)","2.3.9.3.01"]
[42181710,"Probadores de superficie de electrodos para electrocardiografía ekg","2.3.9.3.01"]
[42181711,"Sistemas telefónicos receptores o transmisores para electrocardiografía ekg","2.6.3.1.01"]
[42181712,"Analizadores de unidad de electrocardiografía ekg","2.6.3.1.01"]
[42181713,"Sistemas de monitoreo de electrocardiografía ekg continua de larga duración o holter","2.6.3.1.01"]
[42181714,"Kits de accesorios de monitoreo para electrocardiografía ekg","2.3.9.3.01"]
[42181715,"Soluciones o cremas para electrodos","2.3.9.3.01"]
[42181716,"Accesorios para electrocardiografía ekg","2.3.9.3.01"]
[42181717,"Bombillos de electrodos para electrocardiografía ekg","2.3.9.3.01"]
[42181718,"Esferos para registro de electrocardiografía ekg","2.3.9.3.01"]
[42181719,"Transmisor o telemetría o accesorios para electrocardiografía ekg","2.6.3.1.01"]
[42181800,"Oxímetros de pulso","NO DISPONIBLE"]
[42181801,"Unidades para oxímetros de pulso","2.6.3.2.01"]
[42181802,"Cables para oxímetros de pulso","2.3.9.3.01"]
[42181803,"Sondas o sensores para oxímetros de pulso","2.3.9.3.01"]
[42181804,"Accesorios para sondas o sensores para oxímetros de pulso","2.3.9.3.01"]
[42181805,"Accesorios para unidades de oxímetros de pulso","2.3.9.3.01"]
[42181900,"Unidades de control de cuidado intenso y productos relacionados","NO DISPONIBLE"]
[42181901,"Unidades o accesorios para cuidado intensivo fetal o monitoreo materno","2.6.3.1.01"]
[42181902,"Unidades o accesorios para monitoreo de presión intracraneal icp","2.6.3.1.01"]
[42181903,"Unidades o accesorios para monitoreo de salida cardiaca co","2.6.3.1.01"]
[42181904,"Unidades o accesorios para unidades de signos vitales multi parámetro","2.6.3.1.01"]
[42181905,"Cables para monitor transductor para uso médico","2.3.9.3.01"]
[42181906,"Catéteres para monitoreo de presión intrauterina","2.3.9.3.01"]
[42181907,"Aparatos para metabolismo basal","2.6.3.1.01"]
[42181908,"Sets o accesorios de monitoreo de presión intra compartimientos","2.3.9.8.02"]
[42181909,"Papel de registro de monitores fetales","2.3.9.3.01"]
[42181910,"Kits intrauterinos transcervicales","2.6.3.1.01"]
[42181911,"Electrodos para cuero cabelludo fetal","2.3.9.3.01"]
[42182000,"Especulo y scopios y accesorios para uso del reconocimiento diagnóstico médico","NO DISPONIBLE"]
[42182001,"Espéculos para examen anal o rectal","2.3.9.3.01"]
[42182002,"Anoscopios o proctoscopios","2.3.9.3.01"]
[42182003,"Colposcopios o vaginoscopios o accesorios","2.3.9.3.01"]
[42182004,"Dermatoscopios","2.3.9.3.01"]
[42182005,"Oftalmoscopios u otoscopios o sets de escopios","2.3.9.3.01"]
[42182006,"Espéculos para examen de laringe o bucofaríngeo","2.3.9.3.01"]
[42182007,"Bombillos o lámparas de escopios para exámenes médicos","2.6.3.2.01"]
[42182008,"Manijas de escopios o cargadores de escopios para exámenes médicos","2.3.9.3.01"]
[42182009,"Puntas de espéculos para escopios o dispensadores de puntas de espéculos para uso médico","2.3.9.3.01"]
[42182010,"Sujetadores o soportes para espéculos para exámenes médicos","2.3.9.3.01"]
[42182011,"Espéculos o puntas de dilatación o dispensadores de puntas para exámenes médicos","2.3.9.3.01"]
[42182012,"Espéculos o dilatadores para exámenes nasales","2.3.9.3.01"]
[42182013,"Espéculos para examen vaginal","2.3.9.3.01"]
[42182014,"Accesorios para otoscopios u oftalmoscopios","2.3.9.8.02"]
[42182015,"Espéculos para otoscopia","2.6.3.2.01"]
[42182016,"Nasofaringoscopios o accesorios","2.6.3.2.01"]
[42182017,"Sets de espéculos para oído","2.6.3.2.01"]
[42182018,"Broncoscopios o accesorios","2.6.3.2.01"]
[42182019,"Kits de dilatación","2.6.3.2.01"]
[42182020,"Angioscopios o accesorios","2.6.3.2.01"]
[42182100,"Estetoscopio y productos relacionados","NO DISPONIBLE"]
[42182101,"Estetoscopios electrónicos o accesorios","2.6.3.1.01"]
[42182102,"Dopplers vasculares de mano o accesorios","2.6.3.1.01"]
[42182103,"Estetoscopio acústico para uso médico o accesorios","2.6.3.1.01"]
[42182104,"Estetoscopio de cabeza","2.3.9.3.01"]
[42182105,"Cubiertas para estetoscopios de cabeza","2.3.9.3.01"]
[42182106,"Fonocardiográfos estetoscópicos","2.3.9.3.01"]
[42182107,"Estetoscopios auriculares","2.3.9.3.01"]
[42182108,"Termorreguladores de pacientes","2.3.9.3.01"]
[42182200,"Termómetros médicos y accesorios","NO DISPONIBLE"]
[42182201,"Termómetros electrónicos para uso médico","2.3.9.3.01"]
[42182202,"Termómetros de fibra óptica para uso médico","2.3.9.3.01"]
[42182203,"Estuches o forros para transportar termómetros para uso médico","2.3.9.3.01"]
[42182204,"Estantes para termómetros para uso médico","2.3.9.3.01"]
[42182205,"Fundas para puntas o sondas de termómetros para uso médico","2.3.9.3.01"]
[42182206,"Termómetros de mercurio para uso médico","2.3.9.3.01"]
[42182207,"Monitores de temperatura continua o de tendencia de temperatura del paciente","2.6.3.1.01"]
[42182208,"Bandas de temperatura del paciente","2.3.9.3.01"]
[42182209,"Sondas para termómetros","2.3.9.3.01"]
[42182300,"Productos del examen neurológico","NO DISPONIBLE"]
[42182301,"Molinillos de diagnóstico para uso médico","2.3.9.3.01"]
[42182302,"Martillos o martillos quirúrgicos para reflejos","2.3.9.3.01"]
[42182303,"Tarjetas de examen neurosiquiátrico","2.6.3.1.01"]
[42182304,"Sets o kits de pruebas de diagnóstico sicológico","2.3.9.3.01"]
[42182305,"Sets para procedimientos mielográficos","2.3.9.3.01"]
[42182306,"Discriminadores neurológicos","2.3.9.3.01"]
[42182307,"Alfileres neurológicos","2.3.9.3.01"]
[42182308,"Electroencefalógrafo eeg o accesorios","2.6.3.1.01"]
[42182309,"Papeles de registro para electroencefalógrafos","2.3.9.3.01"]
[42182310,"Electromiógrafos","2.6.3.1.01"]
[42182311,"Sensores neurológicos","2.6.3.1.01"]
[42182312,"Electrodos o sets para electromiógrafos","2.6.3.1.01"]
[42182313,"Sets para diagnóstico neurológico","2.6.3.1.01"]
[42182314,"Dispositivo de retroalimentación biológica","2.3.9.3.01"]
[42182400,"Productos para probar el oír","NO DISPONIBLE"]
[42182401,"Audiómetros o accesorios","2.6.3.1.01"]
[42182402,"Vibradores de hueso audiométricos o analizadores de oído medio","2.6.3.2.01"]
[42182403,"Cabinas audiométricas o cámaras acústicas para pruebas de audición","2.6.3.1.01"]
[42182404,"Sets de calibración de unidades de evaluación de función auditiva","2.6.3.1.01"]
[42182405,"Unidades de evaluación de función auditiva","2.6.3.1.01"]
[42182406,"Grabadoras gráficas de pruebas auditivas","2.6.3.1.01"]
[42182407,"Fenestrómetros de oído","2.3.9.3.01"]
[42182408,"Electrococleógrafos","2.3.9.3.01"]
[42182409,"Analizadores de audífonos o sistemas de prueba","2.6.3.1.01"]
[42182410,"Estuches para diapasones para uso médico","2.3.9.3.01"]
[42182411,"Martillos para diapasones para uso médico","2.3.9.3.01"]
[42182412,"Diapasones para uso médico","2.3.9.3.01"]
[42182413,"Sets de diapasones para uso médico","2.3.9.3.01"]
[42182414,"Analizadores de tinnitus (acúfenos)","2.3.9.3.01"]
[42182415,"Tubos de toynbee para diagnóstico","2.3.9.3.01"]
[42182416,"Timpanómetros o sus accesorios","2.3.9.3.01"]
[42182417,"Cordones de audiometría","2.6.3.1.01"]
[42182418,"Guías para fenestrómetro","2.3.9.3.01"]
[42182419,"Aparatos para control de audición","2.3.9.3.01"]
[42182420,"Sondas aurales","2.3.9.3.01"]
[42182421,"Calibradores de tapones o accesorios","2.6.3.1.01"]
[42182422,"Bolsas inflables para oído","2.3.9.3.01"]
[42182500,"Metros de función nasal","NO DISPONIBLE"]
[42182501,"Olfatómetros","2.6.3.1.01"]
[42182502,"Medidores de flujo nasal o rinoanemómetros","2.3.9.3.01"]
[42182600,"Lámparas o luces de examen médico","NO DISPONIBLE"]
[42182601,"Luces o lámparas de pie para exámenes médicos","2.3.9.3.01"]
[42182602,"Luces o lámparas instaladas para exámenes médicos","2.3.9.3.01"]
[42182603,"Luces de techo o lámparas de techo o accesorios para exámenes médicos","2.3.9.3.01"]
[42182604,"Linternas para exámenes médicos","2.3.9.3.01"]
[42182700,"Dispositivos de medición de talla de examen médico","NO DISPONIBLE"]
[42182701,"Goniómetros","2.3.9.3.01"]
[42182702,"Cintas de medición para uso médico","2.3.9.3.01"]
[42182703,"Reglas de medición de altura de pacientes","2.3.9.3.01"]
[42182704,"Evaluadores de dobleces de piel","2.3.9.3.01"]
[42182800,"Básculas médicas de peso","NO DISPONIBLE"]
[42182801,"Básculas de pañales","2.3.9.3.01"]
[42182802,"Básculas de bebés","2.3.9.3.01"]
[42182803,"Básculas de mesa o cama para pacientes para uso general","2.3.9.3.01"]
[42182804,"Básculas de asiento para pacientes","2.3.9.3.01"]
[42182805,"Básculas de piso para pacientes","2.3.9.3.01"]
[42182806,"Básculas de eslinga para pacientes","2.3.9.3.01"]
[42182807,"Básculas de plataforma para sillas de ruedas","2.3.9.3.01"]
[42182808,"Forros o revestimientos para básculas de pesaje","2.3.9.3.01"]
[42182900,"Mesas de examen de especialidad y productos relacionados","NO DISPONIBLE"]
[42182901,"Mesas de examen obstétrico o ginecológico","2.6.3.1.01"]
[42182902,"Mesas de examen con apoya pies para examen obstétrico o ginecológico","2.6.3.1.01"]
[42182903,"Mesas para examen pediátrico","2.6.3.1.01"]
[42182904,"Mesas de retención o sistemas de medición para examen pediátrico","2.6.3.1.01"]
[42183000,"Productos de examen diagnóstico oftálmico","NO DISPONIBLE"]
[42183001,"Carteleras para examen de ojos o tarjetas de visión","2.3.9.3.01"]
[42183002,"Topógrafos corneales","2.3.9.3.01"]
[42183003,"Exoftalmómetros","2.3.9.3.01"]
[42183004,"Queratoscopios","2.3.9.3.01"]
[42183005,"Colorímetros oftálmicos","2.3.9.3.01"]
[42183006,"Distómetros oftálmicos","2.3.9.3.01"]
[42183007,"Tambores oftálmicos o sus accesorios","2.3.9.3.01"]
[42183008,"Eutiscopios oftálmicos","2.3.9.3.01"]
[42183009,"Lentes de prueba del ojo o sus accesorios para uso oftálmico","2.3.9.3.01"]
[42183010,"Lensómetros para uso oftálmico","2.3.9.3.01"]
[42183011,"Perímetros para uso oftálmico","2.3.9.3.01"]
[42183012,"Fotómetros para uso oftálmico","2.3.9.3.01"]
[42183013,"Prismas para uso oftálmico","2.3.9.3.01"]
[42183014,"Retinoscopios para uso oftálmico","2.3.9.3.01"]
[42183015,"Lámparas de hendidura para uso oftálmico","2.3.9.3.01"]
[42183016,"Espectrofotómetros para uso oftálmico","2.3.9.3.01"]
[42183017,"Espéculos para uso oftálmico","2.3.9.3.01"]
[42183018,"Tonómetros o accesorios para uso oftálmico","2.3.9.3.01"]
[42183019,"Transiluminadores para uso oftálmico","2.3.9.3.01"]
[42183020,"Trazadores de campo visual para uso oftálmico","2.3.9.3.01"]
[42183021,"Analizadores de función visual para uso oftálmico","2.3.9.3.01"]
[42183022,"Visiómetros para uso oftálmico","2.3.9.3.01"]
[42183023,"Oftalmómetros","2.3.9.3.01"]
[42183024,"Mesas para instrumentos o accesorios para uso oftálmico","2.3.9.3.01"]
[42183025,"Lentes de vitrectomía","2.3.9.3.01"]
[42183026,"Oftalmodinamómetros","2.3.9.3.01"]
[42183027,"Kits o accesorios de pruebas de monitoreo tangente","2.3.9.3.01"]
[42183028,"Accesorios para retinoscopio para uso oftálmico","2.3.9.3.01"]
[42183029,"Unidades de forópter","2.3.9.3.01"]
[42183030,"Oclusores de ojos","2.3.9.3.01"]
[42183031,"Sets o accesorios de placas pseudoisocromáticas","2.3.9.3.01"]
[42183032,"Taquistoscopio","2.3.9.3.01"]
[42183033,"Sets de ajuste de anteojos","2.3.9.3.01"]
[42183034,"Estereoscopios para probar la visión","2.3.9.3.01"]
[42183035,"Queratómetros refractores de combinación","2.3.9.3.01"]
[42183036,"Placas base para oftalmómetros","2.3.9.3.01"]
[42183037,"Proyectores de cuadros o accesorios","2.3.9.3.01"]
[42183038,"Almohadillas de uso oftálmico","2.3.9.3.01"]
[42183039,"Sujetadores de lentes oftálmicos","2.3.9.3.01"]
[42183040,"Herramientas o accesorios para optómetras","2.3.9.3.01"]
[42183041,"Linternas de pruebas de percepción del color","2.3.9.3.01"]
[42183042,"Aparatos de percepción de profundidad","2.3.9.3.01"]
[42183043,"Bombillos para oftalmómetros","2.3.9.3.01"]
[42183044,"Pantallas tangentes","2.3.9.3.01"]
[42183045,"Sistemas de electroretinograma","2.3.9.3.01"]
[42183046,"Sets o accesorios de prueba de visión binocular","2.3.9.3.01"]
[42183047,"Soportes miradores para pruebas de agudeza visual","2.3.9.3.01"]
[42183048,"Barras de fijación de niños para uso oftálmico","2.3.9.3.01"]
[42183100,"Medidores de la capacidad gustativa","NO DISPONIBLE"]
[42183101,"Gustómetros","2.3.9.3.01"]
[42183200,"Equipo y suministros de alergología","NO DISPONIBLE"]
[42183201,"Instrumentos o accesorios para detectar o probar alergias","2.3.9.3.01"]
[42183300,"Accesorios de unidades de examen de otorrinolaringología y productos relacionados","NO DISPONIBLE"]
[42183301,"Accesorios para espejos de examen de oído nariz garganta ent","2.3.9.3.01"]
[42190000,"Productos de centro médico","NO DISPONIBLE"]
[42191500,"Manejo de materiales de facilidad médica y equipo de distribución","NO DISPONIBLE"]
[42191501,"Sistema de tubo neumático clínico","2.6.3.1.01"]
[42191502,"Bandejas o cubiertas para medicinas","2.6.3.1.01"]
[42191600,"Sistemas de construcción de facilidad médica","NO DISPONIBLE"]
[42191601,"Iluminación para habitaciones de pacientes o accesorios","2.6.3.1.01"]
[42191602,"Iluminación para salas de cirugía o accesorios","2.6.3.1.01"]
[42191603,"Paneles de instrumentos para equipos hospitalarios","2.6.3.1.01"]
[42191604,"Brazos de monitoreo clínico","2.6.3.1.01"]
[42191605,"Columnas para equipos eléctricos hospitalarios","2.6.3.1.01"]
[42191606,"Brazos de techo para instalaciones médicas","2.6.3.1.01"]
[42191607,"Cortinas de cubículo o pantallas o hardware de rieles de cortinas para pacientes","2.6.3.1.01"]
[42191608,"Controles de enfermería o monitores de salida","2.6.3.1.01"]
[42191609,"Sistemas de pared principal para uso clínico","2.6.3.1.01"]
[42191610,"Módulos de trabajo para uso clínico","2.6.3.1.01"]
[42191611,"Módulos o sistemas de comunicación de enfermería","2.6.3.1.01"]
[42191612,"Sistemas de intercomunicación hospitalaria","2.6.3.1.01"]
[42191700,"Productos de gas de hospital","NO DISPONIBLE"]
[42191701,"Pistas de servicio de electricidad o gas para uso médico","2.6.3.1.01"]
[42191702,"Columnas de entrega de gas para uso médico","2.6.3.1.01"]
[42191703,"Salidas de gas para uso médico","2.6.3.1.01"]
[42191704,"Sistemas de compresión de aire gas para uso médico","2.6.3.1.01"]
[42191705,"Alarmas de gas para uso médico","2.6.3.1.01"]
[42191706,"Colector de gas para uso medico","2.6.3.1.01"]
[42191707,"Sistemas de vacío para uso médico","2.6.3.1.01"]
[42191708,"Gabinetes de control de presión de aire para uso médico","2.6.3.1.01"]
[42191709,"Válvulas de cierre de gas o cajas de válvulas para uso médico","2.6.3.1.01"]
[42191710,"Carros o puestos o accesorios para cilindros de gas para uso médico","2.6.3.1.01"]
[42191711,"Tanques de aire comprimido o accesorios para uso quirúrgico","2.6.3.1.01"]
[42191800,"Camas de paciente y accesorios","NO DISPONIBLE"]
[42191801,"Mesas para encima de la cama o accesorios","2.6.3.1.01"]
[42191802,"Incubadoras o calentadores de bebés para uso clínico","2.6.3.1.01"]
[42191803,"Moisés o cunas o camas pediátricas o accesorios","2.6.3.1.01"]
[42191804,"Barandas para camas para uso médico o quirúrgico","2.6.3.1.01"]
[42191805,"Columnas suspendidas para uso médico","2.6.3.1.01"]
[42191806,"Barras de trapecio para uso clínico","2.6.3.1.01"]
[42191807,"Camas o accesorios de cuidado del paciente para uso general","2.6.3.1.01"]
[42191808,"Camas o accesorios de cuidado del paciente para cuidado especial","2.6.3.1.01"]
[42191809,"Almohadillas o bombas de presión alterna","2.6.3.1.01"]
[42191810,"Colchones o accesorios para el cuidado del paciente","2.6.3.1.01"]
[42191811,"Cunas de posicionamiento para bebés","2.6.3.1.01"]
[42191812,"Kits de suministros de incubadoras para bebés","2.6.3.1.01"]
[42191813,"Forros de catre para el cuidado del paciente","2.6.3.1.01"]
[42191814,"Accesorios para incubadora o calentadora de bebés para uso clínico","2.6.3.1.01"]
[42191900,"Armarios clínicos","NO DISPONIBLE"]
[42191901,"Gabinetes clínicos para junto a la cama o accesorios","2.6.1.9.01"]
[42191902,"Armarios para uso hospitalario","2.6.1.9.01"]
[42191903,"Gabinetes de monitoreo para uso médico","2.6.1.9.01"]
[42191904,"Gabinetes o cajas fuertes para narcóticos","2.6.1.9.01"]
[42191905,"Gabinetes de tratamiento para uso médico","2.6.1.9.01"]
[42191906,"Gabinetes calentadores de cobijas o soluciones","2.6.1.9.01"]
[42191907,"Gabinetes o muebles de almacenamiento de instrumentos para uso médico","2.6.1.9.01"]
[42192000,"Mesas de examen o de procedimiento clínico","NO DISPONIBLE"]
[42192001,"Mesas de examen o procedimientos médicos para uso general","2.6.1.9.01"]
[42192002,"Accesorios para mesas de examen o procedimientos médicos para uso general excluyendo sábanas para cubrirlas","2.6.1.9.01"]
[42192100,"Asientos y taburetes clínicos y productos relacionados","NO DISPONIBLE"]
[42192101,"Asientos o accesorios para sacar sangre o flebotomía","2.6.1.9.01"]
[42192102,"Reclinadoras o accesorios para uso hospitalario","2.6.1.9.01"]
[42192103,"Asientos para pacientes","2.6.1.9.01"]
[42192104,"Taburetes médicos y accesorios","2.6.1.9.01"]
[42192106,"Asientos para visitantes de instalaciones médicas","2.6.1.9.01"]
[42192107,"Asientos de examen clínico o accesorios","2.6.1.9.01"]
[42192200,"Productos para transporte de paciente","NO DISPONIBLE"]
[42192201,"Camillas con ruedas o accesorios para el transporte de pacientes","2.6.3.1.01"]
[42192202,"Elevadores de camillas o de tijeras","2.6.3.1.01"]
[42192203,"Asientos geriátricos o accesorios","2.6.3.1.01"]
[42192204,"Incubadoras para el transporte de pacientes o accesorios","2.6.3.1.01"]
[42192205,"Accesorios para carritos de pacientes","2.6.3.1.01"]
[42192206,"Carritos de pacientes","2.6.3.1.01"]
[42192207,"Camillas para pacientes o accesorios para camillas","2.6.3.1.01"]
[42192208,"Accesorios para sillas de ruedas","2.6.3.1.01"]
[42192209,"Rampas para sillas de ruedas","2.6.3.1.01"]
[42192210,"Sillas de ruedas","2.6.3.1.01"]
[42192211,"Tablas para mover pacientes o sus accesorios","2.6.3.1.01"]
[42192212,"Esterilla o sábana para transferencia de pacientes","2.3.9.3.01"]
[42192213,"Unidad de sistema de calefacción para mantener o evacuar pacientes o accesorios","2.6.3.1.01"]
[42192300,"Elevadores de paciente","NO DISPONIBLE"]
[42192301,"Elevadores de pacientes o accesorios","2.6.4.7.01"]
[42192302,"Elevadores hidráulicos o accesorios para uso clínico","2.6.4.7.01"]
[42192303,"Asientos suspendidos o eslingas para pacientes","2.6.4.7.01"]
[42192304,"Montacargas de techo para pacientes","2.6.4.7.01"]
[42192305,"Eslingas para bebés o accesorios","2.6.4.7.01"]
[42192400,"Transporte de equipo médico y traslado de productos","NO DISPONIBLE"]
[42192401,"Carritos de emergencia o resucitación","2.6.4.1.01"]
[42192402,"Carritos específicos para equipos de diagnóstico o monitoreo","2.6.4.1.01"]
[42192403,"Carritos de aislamiento para uso médico","2.6.4.1.01"]
[42192404,"Carritos o accesorios para uso médico","2.3.9.3.01"]
[42192405,"Puestos móviles de irrigación","2.6.4.1.01"]
[42192406,"Carritos para transportar orinales","2.6.4.1.01"]
[42192500,"Protectores para equipo médico","NO DISPONIBLE"]
[42192501,"Forros para equipos médicos","2.6.3.1.01"]
[42192502,"Bolsas para equipos médicos","2.6.3.1.01"]
[42192600,"Dispositivos de dosificación y medición de medicamentos y suministros","NO DISPONIBLE"]
[42192601,"Moldes de supositorios","2.6.3.1.01"]
[42192602,"Dispensadores de pastillas o medicamentos o accesorios","2.6.3.1.01"]
[42192603,"Tazas o botellas para administrar medicamentos o accesorios","2.6.3.1.01"]
[42192604,"Sistemas o accesorios para la entrega de drogas","2.6.3.1.01"]
[42192605,"Kits de encapsulamiento de aneurismas","2.6.3.1.01"]
[42200000,"Productos de hacer imágenes diagnósticas médicas y de medicina nuclear","NO DISPONIBLE"]
[42201500,"Sistemas de tomografía informatizada (tac o ct) médica y productos relacionados","NO DISPONIBLE"]
[42201501,"Instalación de unidad estacionaria completa para tomografía computarizada ct o cat para uso médico","2.6.3.1.01"]
[42201502,"Unidades móviles o transportables o unidad de camión para tomografía computarizada ct o cat para uso médico","2.6.3.1.01"]
[42201503,"Componentes de sistema tridimensional para tomografía computarizada ct o cat para uso médico","2.6.3.1.01"]
[42201504,"Componentes de hueso de contenido mineral para tomografía computarizada ct o cat para uso médico","2.6.3.1.01"]
[42201505,"Consolas para tomografía computarizada ct o cat para uso médico","2.6.3.1.01"]
[42201506,"Inyectores de agentes de contraste de tomografía informatizada (TAC o CT) médica","2.6.3.1.01"]
[42201507,"Componentes de sistema helicoidal para tomografía computarizada ct o cat para uso médico","2.6.3.1.01"]
[42201508,"Monitores para tomografía computarizada ct o cat para uso médico","2.6.3.1.01"]
[42201509,"Acondicionadores de energía para tomografía computarizada ct o cat para uso médico","2.6.3.1.01"]
[42201510,"Simuladores o dispositivos de aseguramiento de calidad o de calibración para tomografía computarizada ct o cat para uso médico","2.6.3.1.01"]
[42201511,"Escáneres o tubos para tomografía computarizada ct o cat para uso médico","2.6.3.1.01"]
[42201512,"Mesas o puestos o asientos para tomografía computarizada ct o cat para uso médico","2.6.3.1.01"]
[42201513,"Componentes de sistema ultra rápido para tomografía computarizada ct o cat para uso médico","2.6.3.1.01"]
[42201600,"Productos de resonancia magnética (mri) médica","NO DISPONIBLE"]
[42201601,"Instalación de unidad estacionaria completa de imágenes de resonancia magnética mri para uso médico","2.6.3.1.01"]
[42201602,"Sistemas móviles o transportables o de camión de imágenes de resonancia magnética mri para uso médico","2.6.3.1.01"]
[42201603,"Componentes de sistema tridimensional de imágenes de resonancia magnética mri para uso médico","2.6.3.1.01"]
[42201604,"Simuladores o dispositivos de aseguramiento de calidad o calibración de imágenes de resonancia magnética mri para uso médico","2.6.3.1.01"]
[42201605,"Bobinas de imágenes de resonancia magnética mri para uso médico","2.6.3.1.01"]
[42201606,"Inyectores de agentes de contraste de resonancia magnética (MRI) médica","2.6.3.1.01"]
[42201607,"Monitores de imágenes de resonancia magnética mri para uso médico","2.6.3.1.01"]
[42201608,"Consolas primarias o remotas o secundarias de imágenes de resonancia magnética mri para uso médico","2.6.3.1.01"]
[42201609,"Escáneres de imágenes de resonancia magnética mri para uso médico","2.6.3.1.01"]
[42201610,"Instrumentos quirúrgicos o sistemas de guía de imágenes de resonancia magnética mri para uso médico","2.6.3.1.01"]
[42201611,"Mesas de imágenes de resonancia magnética mri para uso médico","2.6.3.1.01"]
[42201700,"Productos de hacer imágenes de ultrasonido médico y de doppler y de eco","NO DISPONIBLE"]
[42201701,"Ultrasonido cardiaco o doppler o unidades de eco o cardioscopios","2.6.3.1.01"]
[42201702,"Ultrasonido o unidades de eco fetales o ginecológicas","2.6.3.1.01"]
[42201703,"Ultrasonido o unidades de eco mamográficas","2.6.3.1.01"]
[42201704,"Densitómetros de hueso por ultrasonido para uso médico","2.6.3.1.01"]
[42201705,"Forros para ultrasonido o doppler o eco sonda para uso médico","2.6.3.1.01"]
[42201706,"Sondas para ultrasonido o doppler o eco para uso médico","2.6.3.1.01"]
[42201707,"Calentadores de gel para ultrasonido o doppler o eco para uso médico","2.6.3.1.01"]
[42201708,"Geles para ultrasonido o doppler o eco para uso médico","2.3.7.2.03"]
[42201709,"Monitores para ultrasonido o doppler o eco para uso médico","2.6.3.1.01"]
[42201710,"Impresoras para ultrasonido o doppler o eco para uso médico","2.6.3.1.01"]
[42201711,"Transductores o accesorios para ultrasonido o doppler o eco para uso médico","2.6.3.1.01"]
[42201712,"Unidades de ultrasonido o doppler o eco pulso o ecografía de diagnóstico general para uso médico","2.6.3.1.01"]
[42201713,"Componentes tridimensionales para ultrasonido o doppler o eco para uso médico","2.6.3.1.01"]
[42201714,"Tensiómetros","2.6.3.4.01"]
[42201715,"Sondas o accesorios para ultrasonido o eco vaginal","2.6.3.1.01"]
[42201716,"Unidades de ultrasonido vascular","2.6.3.1.01"]
[42201717,"Almohadillas de transmisión de ultrasonido para uso médico","2.6.3.1.01"]
[42201718,"Escáneres oftálmicos de ultrasonido para uso médico","2.6.3.1.01"]
[42201719,"Lociones de escáner por ultrasonido para uso médico","2.6.3.1.01"]
[42201800,"Productos radiográficos de diagnóstico médico","NO DISPONIBLE"]
[42201801,"Películas de rayos x para cardiología","2.6.3.1.01"]
[42201802,"Equipos de rayos x para cardiología","2.6.3.1.01"]
[42201803,"Equipos de rayos x para mamografías","2.6.3.1.01"]
[42201804,"Unidades de brazo c de rayos x para uso médico","2.6.3.1.01"]
[42201805,"Equipo de cine fluoroscopio para uso médico","2.6.3.1.01"]
[42201806,"Equipo de radiología y fluoroscopia rf para uso médico","2.6.3.1.01"]
[42201807,"Escáneres de radioisótopos para uso médico","2.6.3.1.01"]
[42201808,"Rejillas móviles de rayos x para uso médico","2.6.3.1.01"]
[42201809,"Inyectores o accesorios de agentes de contraste para imágenes para uso médico","2.3.9.3.01"]
[42201810,"Casetes o película de rayos x de uso general para uso médico","2.6.3.1.01"]
[42201811,"Dispositivos de aseguramiento de calidad o calibración de rayos x para uso médico","2.6.3.1.01"]
[42201812,"Mesas o puestos o asientos o gabinetes o accesorios de rayos x para uso médico","2.6.3.1.01"]
[42201813,"Unidades de tomografía de rayos x para uso médico","2.6.3.1.01"]
[42201814,"Tubos de rayos x para uso médico","2.6.3.1.01"]
[42201815,"Unidades de rayos x de uso diagnóstico general para uso médico","2.6.3.1.01"]
[42201816,"Unidades de xerorradiografía para uso médico","2.6.3.1.01"]
[42201817,"Densitómetros de hueso de rayos x","2.6.3.1.01"]
[42201818,"Cuñas de pisada y trompos de combinación para equipo radiográfico","2.6.3.1.01"]
[42201819,"Colgadores o sus accesorios para películas de rayos x","2.6.3.1.01"]
[42201820,"Rejillas de equipo radiográfico para uso médico","2.6.3.1.01"]
[42201821,"Sujeta casetes de película radiográfica","2.6.3.1.01"]
[42201822,"Estuches o fundas o accesorios para equipos de rayos x para uso médico","2.6.3.1.01"]
[42201823,"Unidad de tubo y transformador de rayos x para uso médico","2.6.3.1.01"]
[42201824,"Sets de artrografía para uso médico","2.6.3.1.01"]
[42201825,"Insertos de tubo de aparatos de rayos x para uso médico","2.6.3.1.01"]
[42201826,"Kits de reparación de aparatos de rayos x para uso médico","2.6.3.1.01"]
[42201827,"Kits de reparación de carpa de cuarto oscuro de rayos x para uso médico","2.6.3.1.01"]
[42201828,"Filtros de aparatos de rayos x para uso médico","2.6.3.1.01"]
[42201829,"Localizadores radiográficos","2.6.3.1.01"]
[42201830,"Pantallas intensificadoras de rayos x para uso médico","2.6.3.1.01"]
[42201831,"Tapas de casetes o películas de rayos x para uso médico","2.6.3.1.01"]
[42201832,"Cubiertas de casetes o película radiográfica","2.6.3.1.01"]
[42201833,"Cambiadores de casetes o película radiográfica","2.6.3.1.01"]
[42201834,"Ensamblajes rectificadores de aparatos de rayos x radiográficos para uso médico","2.6.3.1.01"]
[42201835,"Ensamblajes de unidades de tubos de aparatos de rayos x para uso médico","2.6.3.1.01"]
[42201836,"Ensamblajes de bandas de compresión de aparatos de rayos x para uso médico","2.6.3.1.01"]
[42201837,"Enfriadores de agua de rayos x para uso médico","2.6.3.1.01"]
[42201838,"Catéteres o kits de catéteres de enteroclisis para uso médico","2.6.3.1.01"]
[42201839,"Bandejas de procedimientos de imágenes para uso médico","2.6.3.1.01"]
[42201840,"Dispositivos sellantes vasculares","2.6.3.1.01"]
[42201841,"Papeles de rayos x diagnósticos para uso médico","2.3.9.3.01"]
[42201848,"Sistema digital de imágenes de rayos x\n","NO DISPONIBLE"]
[42201900,"Fuentes de iluminación y equipo de visión de película radiográfica médica","NO DISPONIBLE"]
[42201901,"Luces de punto caliente de película de rayos x para uso médico","2.6.3.1.01"]
[42201902,"Sistemas de estanterías de despliegue largas de rayos x para uso médico","2.6.3.1.01"]
[42201903,"Cajas de despliegue de película de rayos x para uso médico","2.6.3.1.01"]
[42201904,"Ventanas o pantallas iluminadoras de película de rayos x para uso médico","2.6.3.1.01"]
[42201905,"Estuches de transferencia de película de rayos x para uso médico","2.6.3.1.01"]
[42201906,"Ganchos iluminadores de película de rayos x para uso médico","2.6.3.1.01"]
[42201907,"Estereoscopios de película de rayos x para uso médico","2.6.3.1.01"]
[42201908,"Viseras para monitores fluoroscopios para uso médico","2.6.3.2.01"]
[42202000,"Cámaras médicas gamma de diagnóstico y productos relacionados","NO DISPONIBLE"]
[42202001,"Cámaras gamma de uso general para uso médico","2.6.3.1.01"]
[42202002,"Sistemas de navegación o accesorios para mapeo linfático","2.6.3.1.01"]
[42202003,"Sondas para mapeo linfático","2.6.3.1.01"]
[42202004,"Colimadores para mapeo linfático","2.6.3.1.01"]
[42202005,"Paquete de procedimiento para mapeo linfático","2.6.3.1.01"]
[42202100,"Productos de braquiterapia","NO DISPONIBLE"]
[42202101,"Contenedores o semillas de intra cavidad para braquiterapia","2.6.3.1.01"]
[42202102,"Catéteres o jeringas o insertores o aplicadores para braquiterapia","2.6.3.1.01"]
[42202103,"Contenedores de almacenamiento de semillas para braquiterapia","2.6.3.1.01"]
[42202104,"Kits de captura de semillas para braquiterapia","2.6.3.1.01"]
[42202105,"Unidades de braquiterapia","2.6.3.1.01"]
[42202200,"Productos de radiación gamma","NO DISPONIBLE"]
[42202201,"Colimadores o cascos de cuchillo gamma para radio cirugía","2.6.3.1.01"]
[42202202,"Unidades o centelladores de cuchillos gamma radio quirúrgicos","2.6.3.1.01"]
[42202203,"Sets de almohadillas para cascos de radio cirugía","2.6.3.1.01"]
[42202300,"Productos de acelerador lineal de terapia de radiación de intensidad modulada (imrt) médica","NO DISPONIBLE"]
[42202301,"Unidades bidimensionales de terapia de radiación de intensidad modulada de acelerador lineal imrt para uso médico","2.6.3.1.01"]
[42202302,"Unidades tridimensionales de terapia de radiación de intensidad modulada de acelerador lineal imrt para uso médico","2.6.3.1.01"]
[42202303,"Colimadores de terapia de radiación de intensidad modulada de acelerador lineal imrt para uso médico","2.6.3.1.01"]
[42202400,"Equipo de tomografía por emisión de positrones (pet) médica y productos relacionados","NO DISPONIBLE"]
[42202401,"Unidades de tomografía de emisión de positrones pet para uso médico","2.6.3.1.01"]
[42202500,"Equipo de tomografía informatizada por emisión de fotones simples (spect) médica y productos relacionados","NO DISPONIBLE"]
[42202501,"Unidades de tomografía de emisión computarizada de fotones únicos spect para uso médico","2.6.3.1.01"]
[42202600,"Productos de administración de radioisótopos y radioimunoterapia","NO DISPONIBLE"]
[42202601,"Suministros para terapia de irradiación de tiroides","2.6.3.1.01"]
[42202602,"Kits de pruebas para radio inmunoterapia","2.6.3.1.01"]
[42202700,"Productos de radioterapia tele terapia","NO DISPONIBLE"]
[42202701,"Equipo de cobalto 60 para teleterapia radioterapia","2.6.3.1.01"]
[42202702,"Aceleradores lineales para teleterapia radioterapia","2.6.3.1.01"]
[42202703,"Máquinas de rayos x de ortovoltaje para teleterapia radioterapia","2.6.3.1.01"]
[42202704,"Máquinas de rayos x superficiales para teleterapia radioterapia","2.6.3.1.01"]
[42202800,"Litotriptores y productos relacionados","NO DISPONIBLE"]
[42202801,"Litotriptores de ultrasonido","2.6.3.1.01"]
[42202802,"Electrodos o sondas de litotripia","2.6.3.1.01"]
[42202900,"Equipo radiográfico médico de bajo consumo eléctrico","NO DISPONIBLE"]
[42202901,"Unidades de rayos x de baja energía para uso médico","2.6.3.1.01"]
[42203000,"Aceleradores médicos lineales y productos relacionados","NO DISPONIBLE"]
[42203001,"Aceleradores lineales móviles o transportables para uso médico","2.6.3.1.01"]
[42203100,"Instrumentos radio biológicos","NO DISPONIBLE"]
[42203101,"Micro dosímetros de efecto radio biológico","2.6.3.1.01"]
[42203200,"Simuladores de radioterapia","NO DISPONIBLE"]
[42203201,"Simuladores de planeación de radioterapia rf de fluoroscopia y rayos x","2.6.3.1.01"]
[42203202,"Simuladores de radioterapia de tomografía computarizada ct o cat","2.6.3.1.01"]
[42203300,"Sistemas médicos estereotáctica","NO DISPONIBLE"]
[42203301,"Sistemas de terapia estereotáctica sin marco","2.6.3.1.01"]
[42203302,"Marcos para la cabeza para terapia estereotáctica","2.6.3.1.01"]
[42203303,"Sistemas de biopsia estereotáctica","2.6.3.1.01"]
[42203400,"Productos para hacer imágenes vasculares y para cardiología intervencionista y laboratorios de cateterización cardiaca","NO DISPONIBLE"]
[42203401,"Stents coronarios","2.3.9.3.01"]
[42203402,"Catéteres o sets de diagnóstico o intervención vascular","2.3.9.3.01"]
[42203403,"Introductores de catéteres o sets de diagnóstico o intervención vascular","2.3.9.3.01"]
[42203404,"Alambre guía para imágenes vasculares","2.3.9.3.01"]
[42203405,"Catéter inflable para angioplastia","2.3.9.3.01"]
[42203406,"Dispositivos de remoción de catéteres o sets de diagnóstico o intervención vascular","2.6.3.1.01"]
[42203407,"Sets de entrega de medios de contraste para angiografía","2.3.9.3.01"]
[42203408,"Kits de fundas cardiovasculares","2.6.3.1.01"]
[42203409,"Valvulotomos angioscópicos","2.6.3.1.01"]
[42203410,"Funda de catéter cardiovascular","2.6.3.1.01"]
[42203411,"Carritos para catéteres","2.6.3.1.01"]
[42203412,"Stents periféricos","2.6.3.1.01"]
[42203500,"Marcapasos cardiacos o productos relacionados","NO DISPONIBLE"]
[42203501,"Generador de marcapasos cardíaco o marcapasos de terapia de re sincronización cardíaca","2.3.9.3.01"]
[42203502,"Cables o electrodos o accesorios para marcapasos cardíacos","2.6.3.1.01"]
[42203503,"Introductores de cables o sets para marcapasos cardíacos","2.6.3.1.01"]
[42203504,"Grabadora cardíaca","2.6.3.1.01"]
[42203600,"Productos de archivar y información de toma de imágenes radiológicos médicos","NO DISPONIBLE"]
[42203601,"Equipos de sistema de red de imágenes digitales de defensa din","2.6.3.1.01"]
[42203602,"Equipos de sistema estándar de comunicaciones de imágenes digitales en medicina dicom","2.6.3.1.01"]
[42203603,"Sistemas de computador para archivo de fotografías médicas pacs","2.6.3.1.01"]
[42203604,"Hardware de sistema de archivo de película de rayos x para usos médicos","2.6.3.1.01"]
[42203605,"Software de sistema de archivo de película de rayos x para usos médicos","2.6.3.1.01"]
[42203700,"Suministros y equipo de procesado de toma de imágenes médicos","NO DISPONIBLE"]
[42203701,"Estampadores de luz del día para películas de rayos x o impresoras de identificación para uso médico","2.6.3.1.01"]
[42203702,"Procesadores para luz del día o cuarto oscuro de imágenes médicas","2.6.3.1.01"]
[42203703,"Cajas de paso de seguridad de rayos x para uso médico","2.6.3.1.01"]
[42203704,"Toners o desarrolladores para uso médico","2.6.3.1.01"]
[42203705,"Impresoras láser en seco para imágenes o reproductores de imágenes para uso médico","2.6.3.1.01"]
[42203706,"Kits de químicos para procesar películas de rayos x de uso médico","2.6.3.1.01"]
[42203707,"Equipos o suministros de cuarto oscuro de rayos x para uso médico","2.6.3.1.01"]
[42203708,"Fijadores para procesar película de rayos x para uso médico","2.3.7.2.03"]
[42203709,"Sets de calibradores para sistemas de combinación de desplegadores e impresoras de rayos x","2.6.3.1.01"]
[42203710,"Marcadores de películas de rayos x para uso médico","2.6.3.1.01"]
[42203800,"Auxilios de posicionamiento radiológico médico","NO DISPONIBLE"]
[42203801,"Ayudas de posicionamiento para tomografía computarizada ct o cat para uso médico","2.6.3.1.01"]
[42203802,"Ayudas de posicionamiento para imágenes de resonancia magnética mri para uso médico","2.6.3.1.01"]
[42203803,"Ayudas de posicionamiento para uso radiológico general para uso médico","2.6.3.1.01"]
[42203900,"Productos para controlar o detectar radiación médica","NO DISPONIBLE"]
[42203901,"Dosímetros de radiación para uso médico","2.6.3.1.01"]
[42203902,"Películas o brazaletes de radiación para uso médico","2.6.3.1.01"]
[42204000,"Productos de protección y resguardo radiológico médico","NO DISPONIBLE"]
[42204001,"Estantes para delantales de protección radiológica para uso médico","2.6.3.1.01"]
[42204002,"Delantales o máscaras o cortinas de protección radiológica para uso médico","2.6.3.1.01"]
[42204003,"Contenedores portátiles de protección para materiales radiológicos radiactivos para uso médico","2.6.3.1.01"]
[42204004,"Auriculares de protección radiológica para uso médico","2.6.3.1.01"]
[42204005,"Guantes de protección radiológica para uso médico","2.6.3.1.01"]
[42204006,"Pantallas de pie o portátiles de protección radiológica para uso médico","2.6.3.1.01"]
[42204007,"Paneles instalados de piso o techo o pared de protección radiológica para uso médico","2.6.3.1.01"]
[42204008,"Cámaras o habitaciones o cajas fuertes de protección radiológica para uso médico","2.6.9.9.01"]
[42210000,"Ayuda para personas con desafíos físicos para vivir independiente","NO DISPONIBLE"]
[42211500,"Ayuda de ambulación y traslado y posicionar para personas físicamente discapacitadas","NO DISPONIBLE"]
[42211501,"Bastones o accesorios para bastones","2.6.3.2.01"]
[42211502,"Muletas o accesorios para muletas","2.6.3.2.01"]
[42211503,"Dispositivos de posicionamiento","2.6.3.1.01"]
[42211504,"Levantadores o ayudas para ponerse de pie","2.6.3.1.01"]
[42211505,"Accesorios para caminadores o andadores","2.6.3.1.01"]
[42211506,"Caminadores o andadores","2.6.3.1.01"]
[42211507,"Dispositivos de cuerpo entero para deslizarse o voltearse","2.3.9.3.01"]
[42211508,"Dispositivos o accesorios de movilidad multifuncional","2.3.9.3.01"]
[42211509,"Cascos protectores de cabeza o cara o dispositivos o accesorios para los discapacitados físicamente","2.3.9.3.01"]
[42211600,"Baño y ayudas de baño para personas físicamente discapacitadas","NO DISPONIBLE"]
[42211601,"Tablas para bañarse para los discapacitados físicamente","2.3.9.3.01"]
[42211602,"Cepillos de baño o esponjas o estropajos para los discapacitados físicamente","2.3.9.3.01"]
[42211603,"Elevadores para baño o accesorios para los discapacitados físicamente","2.3.9.3.01"]
[42211604,"Guantes de baño para los discapacitados físicamente","2.3.9.3.01"]
[42211605,"Almohadas de baño para los discapacitados físicamente","2.3.9.3.01"]
[42211606,"Cómodas o accesorios para los discapacitados físicamente","2.3.9.8.02"]
[42211607,"Asientos de inodoro elevados para los discapacitados físicamente","2.3.9.8.02"]
[42211608,"Barras de sujeción o barandas para la tina para los discapacitados físicamente","2.3.9.8.02"]
[42211609,"Ducha de mano para personas con desafíos físicos","2.3.9.8.02"]
[42211610,"Asientos o sillas para la ducha o el baño para los discapacitados físicamente","2.3.9.8.02"]
[42211611,"Baños de asiento para los discapacitados físicamente","2.3.9.8.02"]
[42211612,"Soportes de brazos para el inodoro para los discapacitados físicamente","2.3.9.8.02"]
[42211613,"Marcos para el inodoro para los discapacitados físicamente","2.3.9.8.02"]
[42211614,"Asientos de inodoro para los discapacitados físicamente","2.3.9.8.02"]
[42211615,"Levantadores de asientos de inodoro para los discapacitados físicamente","2.3.9.8.02"]
[42211616,"Ayudas de higiene o estimulación de tocador para los discapacitados físicamente","2.3.9.8.02"]
[42211617,"Bancos de transferencia para los discapacitados físicamente","2.6.3.1.01"]
[42211618,"Alarma de pulso de mojada en la cama para los discapacitados físicamente","2.3.9.3.01"]
[42211700,"Ayudas de comunicación para personas físicamente discapacitadas","NO DISPONIBLE"]
[42211701,"Interruptores de comunicación adaptativa para los discapacitados físicamente","2.3.9.3.01"]
[42211702,"Dispositivos braille para los discapacitados físicamente","2.3.9.2.02"]
[42211703,"Papel o plástico para escribir braille para los discapacitados físicamente","2.3.9.2.01"]
[42211704,"Señaladores de cabeza o palitos para la boca para los discapacitados físicamente","2.3.9.9.01"]
[42211705,"Ayudas auditivas para los discapacitados físicamente","2.3.9.3.01"]
[42211706,"Tableros de letras o símbolos para los discapacitados físicamente","2.3.9.9.01"]
[42211707,"Dispositivos de telecomunicación tdd o teletipos tty para los discapacitados físicamente","2.3.9.3.01"]
[42211708,"Ayudas telefónicas para los discapacitados físicamente","2.3.9.3.01"]
[42211709,"Ayudas de mecanografía para los discapacitados físicamente","2.3.9.3.01"]
[42211710,"Ayudas de escritura para los discapacitados físicamente","2.3.9.3.01"]
[42211711,"Sintetizadores de voz para los discapacitados físicamente","2.3.9.3.01"]
[42211712,"Estuches para ayudas auditivas","2.3.9.3.01"]
[42211800,"Ayuda para vestirse y asearse para personas físicamente discapacitadas","NO DISPONIBLE"]
[42211801,"Ganchos para abotonarse para los discapacitados físicamente","2.3.9.3.01"]
[42211802,"Kits para vestirse para los discapacitados físicamente","2.3.9.3.01"]
[42211803,"Palos para vestirse para los discapacitados físicamente","2.3.9.3.01"]
[42211804,"Cepillos de pelo o peinillas para los discapacitados físicamente","2.3.9.1.02"]
[42211805,"Espejo de inspección para los discapacitados físicamente","2.3.9.3.01"]
[42211806,"Aplicadores de lociones para los discapacitados físicamente","2.3.9.3.01"]
[42211807,"Cuidado de la boca para los discapacitados físicamente","2.3.9.1.02"]
[42211808,"Cortaúñas o limas para los discapacitados físicamente","2.3.9.9.01"]
[42211809,"Ganchos para sujetarse los pantalones para los discapacitados físicamente","2.3.2.3.01"]
[42211810,"Calzadores para los discapacitados físicamente","2.3.9.3.01"]
[42211811,"Hormas de zapatos para los discapacitados físicamente","2.3.9.9.05"]
[42211812,"Media o ayudas para apilar para los discapacitados físicamente","2.3.9.9.05"]
[42211813,"Jaladores de cremalleras para los discapacitados físicamente","2.3.9.9.05"]
[42211900,"Ayuda de preparación de comida y bebida y alimentos para personas físicamente discapacitadas","NO DISPONIBLE"]
[42211901,"Materiales anti resbalón para los discapacitados físicamente","2.3.9.9.05"]
[42211902,"Dispositivos de ayuda para cocinar para los discapacitados físicamente","2.3.9.5.01"]
[42211903,"Abre latas para los físicamente discapacitados","2.3.9.5.01"]
[42211904,"Picadores para los discapacitados físicamente","2.3.9.5.01"]
[42211905,"Tazas o tazones (mugs) para los discapacitados físicamente","2.3.9.5.01"]
[42211906,"Sujetadores de cubiertos o de utensilios para los discapacitados físicamente","2.3.9.5.01"]
[42211907,"Cubiertos o utensilios para los discapacitados físicamente","2.3.9.5.01"]
[42211908,"Tablas para cortar o pelar para los discapacitados físicamente","2.3.9.5.01"]
[42211909,"Sujetadores de bebida para los discapacitados físicamente","2.3.9.9.05"]
[42211910,"Baberos o recogedores de comida para los discapacitados físicamente","2.3.9.9.05"]
[42211911,"Forros para comida para los discapacitados físicamente","2.3.9.5.01"]
[42211912,"Sujetadores para dispositivos de cocina para los discapacitados físicamente","2.3.9.5.01"]
[42211913,"Temporizadores digitales jumbo para los discapacitados físicamente","2.3.9.9.05"]
[42211914,"Ayudas para medir para los discapacitados físicamente","2.3.9.8.02"]
[42211915,"Auto alimentadores o accesorios para los discapacitados físicamente","2.3.9.5.01"]
[42211916,"Pitillos o sujeta pitillos para los discapacitados físicamente","2.3.9.5.01"]
[42211917,"Vajillas para los discapacitados físicamente","2.3.9.5.01"]
[42211918,"Balanzas de comida habladoras para los discapacitados físicamente","2.3.9.5.01"]
[42212000,"Cuidado de la casa y ayuda para el cuidado de la casa para personas físicamente discapacitadas","NO DISPONIBLE"]
[42212001,"Abridores de puertas para los discapacitados físicamente","2.3.9.8.02"]
[42212002,"Dispositivos para echar llave o sujetadores para los discapacitados físicamente","2.3.9.8.02"]
[42212003,"Dispositivos para abrir puertas para los discapacitados físicamente","2.6.3.1.01"]
[42212004,"Extensiones de interruptores de luz para los discapacitados físicamente","2.3.9.6.01"]
[42212005,"Plumeros o cepillos de mango largo para los discapacitados físicamente","2.3.9.3.01"]
[42212006,"Tijeras que se abren solas para los discapacitados físicamente","2.6.3.1.01"]
[42212007,"Cepillos de succión para los discapacitados físicamente","2.3.9.3.01"]
[42212100,"Aparatos de tiempo libre y recreo para personas físicamente discapacitadas","NO DISPONIBLE"]
[42212101,"Barajadores de naipe automáticos para los discapacitados físicamente","2.3.9.4.01"]
[42212102,"Juegos de mesa para los discapacitados físicamente","2.3.9.4.01"]
[42212103,"Sujetadores de libros para los discapacitados físicamente","2.3.9.8.02"]
[42212104,"Naipes de figuras grandes o braille para los discapacitados físicamente","2.3.9.4.01"]
[42212105,"Equipo de camping para los discapacitados físicamente","2.6.3.1.01"]
[42212106,"Ayudas de pesca o cacería para los discapacitados físicamente","2.3.9.3.01"]
[42212107,"Ayudas de flotación o natación para los discapacitados físicamente","2.3.9.3.01"]
[42212108,"Herramientas de jardinería para los discapacitados físicamente","2.6.3.1.01"]
[42212109,"Herramientas o materiales o equipos de manualidades para los discapacitados físicamente","2.6.3.1.01"]
[42212110,"Volteadores de páginas para los discapacitados físicamente","2.3.9.8.02"]
[42212111,"Sujetadores de naipes para los discapacitados físicamente","2.3.9.3.01"]
[42212112,"Ayudas de costura para los discapacitados físicamente","2.3.9.3.01"]
[42212113,"Ayudas para fumar para los discapacitados físicamente","2.3.9.3.01"]
[42212200,"Auxilio de manejo de medicamentos para personas físicamente discapacitadas","NO DISPONIBLE"]
[42212201,"Trituradores o partidores de píldoras para los discapacitados físicamente","2.3.9.3.01"]
[42212202,"Organizadores de píldoras para los discapacitados físicamente","2.3.9.3.01"]
[42212203,"Recordadores de píldoras para los discapacitados físicamente","2.3.9.3.01"]
[42212204,"Exprimidores de tubos para los discapacitados físicamente","2.6.3.1.01"]
[42212300,"Ayuda para llegar o agarrar para personas físicamente discapacitadas","NO DISPONIBLE"]
[42212301,"Materiales o dispositivos de agarre para los discapacitados físicamente","2.3.9.3.01"]
[42212302,"Sujetadores para los discapacitados físicamente","2.3.9.3.01"]
[42212303,"Abridores de contenedores para los discapacitados físicamente","2.3.9.3.01"]
[42212304,"Alcanzadores para los discapacitados físicamente","2.3.9.3.01"]
[42220000,"Productos para administración intravenosa y arterial","NO DISPONIBLE"]
[42221500,"Accesorios y catéteres y cánulas intravenosas y arteriales","NO DISPONIBLE"]
[42221501,"Catéteres de línea arterial","2.3.9.3.01"]
[42221502,"Válvulas de descarga de catéteres arteriales de línea continua","2.6.3.1.01"]
[42221503,"Catéteres venosos centrales","2.3.9.3.01"]
[42221504,"Catéteres intravenosos periféricos para uso general","2.3.9.3.01"]
[42221505,"Catéteres pediátricos o intravenosos para venas del cuero cabelludo o arteriales","2.3.9.3.01"]
[42221506,"Catéteres umbilicales","2.3.9.3.01"]
[42221507,"Kits de arranque intravenoso o arterial sin catéter","2.3.9.3.01"]
[42221508,"Kits de cuidado de la piel para catéter arterial o intravenoso","2.3.9.3.01"]
[42221509,"Bandejas para catéteres intravenosos o arteriales","2.3.9.3.01"]
[42221512,"Cánulas intravenosas o arteriales y accesorios","2.3.9.3.01"]
[42221513,"Kits de cateterización cardiovascular","2.3.9.3.01"]
[42221600,"Tubería y juegos de administración arterial o intravenoso y productos relacionados","NO DISPONIBLE"]
[42221601,"Detectores de burbujas de aire para administración arterial o intravenosa","2.3.9.3.01"]
[42221602,"Puertos o lugares de inyección o tapas o protectores para administración arterial o intravenosa","2.3.9.3.01"]
[42221603,"Tubos de extensión arteriales o intravenosos","2.3.9.3.01"]
[42221604,"Adaptadores o conectores o candados o tapas o protectores para tubos arteriales o intravenosos","2.3.9.3.01"]
[42221605,"Válvulas de chequeo de tubos arteriales o intravenosos","2.3.9.3.01"]
[42221606,"Pinzas de tubos intravenosos o arteriales","2.3.9.3.01"]
[42221607,"Filtros o pantallas para tubos arteriales o intravenosos de uso general","2.3.9.3.01"]
[42221608,"Etiquetas o cintas de identificación de tubos intravenosos o arteriales","2.3.9.3.01"]
[42221609,"Sets de administración de tubos intravenosos o arteriales","2.3.9.3.01"]
[42221610,"Puertos o tapas o protectores de entrada de espiga de tubos intravenosos","2.3.9.3.01"]
[42221611,"Espigas o tapas o protectores de tubos intravenosos","2.3.9.3.01"]
[42221612,"Puertos de inyección o llaves de paso o colectores sin aguja de tubos arteriales o intravenosos","2.3.9.3.01"]
[42221613,"Cierres o broches de extensión de transferencia de tubos intravenosos","2.3.9.3.01"]
[42221614,"Kits de administración de tubos intravenosos con catéter","2.3.9.3.01"]
[42221615,"Tubos intravenosos de medicación secundaria","2.3.9.3.01"]
[42221616,"Sets de extensión arterial o intravenosa","2.3.9.3.01"]
[42221617,"Calentadores de resistencia para agujas","2.3.9.3.01"]
[42221618,"Bandejas para procedimientos arteriales o intravenosos","2.3.9.3.01"]
[42221700,"Bolsas de infusión y recipientes y productos relacionados intravenosos y arteriales","NO DISPONIBLE"]
[42221701,"Bolsas o contenedores de infusión arterial o intravenosa de único puerto","2.3.9.3.01"]
[42221702,"Bolsas o contenedores de transferencia de infusión arterial o intravenosa","2.3.9.3.01"]
[42221703,"Calentadores de fluido de infusión arterial o intravenosa","2.3.9.3.01"]
[42221704,"Bolsas de infusión de presión arterial o intravenosa","2.3.9.3.01"]
[42221705,"Ensamblajes de vial de infusión de analgésicos","2.3.9.3.01"]
[42221706,"Picos de bolsas o contenedores de transferencia de infusión arterial o intravenosa","2.3.9.3.01"]
[42221707,"Sets o kits de infusión de analgésicos","2.3.9.3.01"]
[42221800,"Aparatos para posicionar aguja y catéter intravenoso o arterial","NO DISPONIBLE"]
[42221801,"Forros para tablas de brazo arterial o intravenoso","2.3.9.3.01"]
[42221802,"Tablas de brazo arterial o intravenoso","2.3.9.3.01"]
[42221803,"Cintas o vendajes o correas o mangas para posicionamiento de catéter arterial o intravenoso","2.3.9.3.01"]
[42221900,"Productos de regulación y medida del flujo intravenoso o arterial","NO DISPONIBLE"]
[42221901,"Flujómetros o reguladores intravenosos calibrados por dial","2.6.3.1.01"]
[42221902,"Contadores o reguladores de goteo intravenoso","2.6.3.1.01"]
[42221903,"Detectores ultrasónicos de flujo de sangre","2.6.3.1.01"]
[42222000,"Bombas de infusión intravenosa, así como sus analizadores, sensores y accesorios","NO DISPONIBLE"]
[42222001,"Bombas de infusión intravenosa de uso general","2.6.3.1.01"]
[42222002,"Bombas de infusión de jeringa intravenosa","2.6.3.1.01"]
[42222003,"Bombas de infusión intravenosa multicanal","2.6.3.1.01"]
[42222004,"Bombas de infusión controlada de analgésicos para pacientes","2.6.3.1.01"]
[42222005,"Partes o accesorios de bombas intravenosas","2.6.3.2.01"]
[42222006,"Analizadores o sensores de bombas de infusión intravenosas","2.6.3.2.01"]
[42222007,"Transductores de bombas de infusión intravenosas","2.6.3.2.01"]
[42222008,"Kits o accesorios de bombas de infusión","2.3.9.8.02"]
[42222100,"Sistemas de transporte y suspensión de equipo arterial y intravenoso","NO DISPONIBLE"]
[42222101,"Colgadores de equipos de línea arterial o intravenosa","2.6.3.2.01"]
[42222102,"Rieles o colgadores montados para sistemas de infusión intravenosa por gravedad","2.6.3.2.01"]
[42222103,"Postes de infusión intravenosa para sillas de ruedas","2.6.3.2.01"]
[42222104,"Postes o puestos de línea arterial o intravenosa","2.6.3.2.01"]
[42222200,"Sistemas de inyectar y retirar intravenosos sin aguja","NO DISPONIBLE"]
[42222201,"Sets de jeringas de inyección intravenosa sin aguja o cánula de inyección","2.3.9.3.01"]
[42222202,"Cánulas o adaptadores o decantadores para el retiro de vial o bolsa sin aguja","2.3.9.3.01"]
[42222300,"Productos de transfusión y administración de sangre","NO DISPONIBLE"]
[42222301,"Kits de administración de transfusión de sangre","2.6.3.2.01"]
[42222302,"Filtros o accesorios o pantallas para transfusión de sangre","2.6.3.2.01"]
[42222303,"Sistemas de identificación para administración o transfusión de sangre","2.6.3.2.01"]
[42222304,"Tubos para administración o transfusión de sangre","2.6.3.2.01"]
[42222305,"Pinzas para tubos de administración o transfusión de sangre","2.6.3.2.01"]
[42222306,"Sistemas de recolección de desechos para administración o transfusión de sangre","2.6.3.2.01"]
[42222307,"Sistemas de calentamiento o transfusión de sangre","2.6.3.2.01"]
[42222308,"Bolsas o contenedores para administración o transfusión de sangre","2.6.3.2.01"]
[42222309,"Sistemas de conservación para administración o transfusión de sangre","2.6.3.2.01"]
[42230000,"Nutrición clínica","NO DISPONIBLE"]
[42231500,"Suministros y equipo de alimentación enteral","NO DISPONIBLE"]
[42231501,"Bombas de infusión para alimentación enteral","2.6.3.1.01"]
[42231502,"Sets de administración de alimentación enteral","2.6.3.2.01"]
[42231503,"Sets o bandejas de irrigación para alimentación enteral","2.6.3.2.01"]
[42231504,"Bolsas o contenedores para nutrición enteral","2.6.3.2.01"]
[42231505,"Adaptadores o conectores o extensiones para alimentación enteral","2.6.3.2.01"]
[42231506,"Dispositivos para asegurar tubos naso entéricos","2.6.3.2.01"]
[42231507,"Cepillos para limpiar tubos enterales","2.3.9.3.01"]
[42231508,"Válvulas de fijación de alimentación enteral","2.6.3.2.01"]
[42231509,"Cámaras de pesaje de nutrición enteral","2.6.3.2.01"]
[42231510,"Sets de tubos de bombeo de infusión para alimentación enteral","2.6.3.2.01"]
[42231600,"Accesorios o dispositivos de acceso de jejunostomía y gastronomía","NO DISPONIBLE"]
[42231601,"Tubos de gastrostomía para uso general","2.6.3.2.01"]
[42231602,"Tubos para gastrostomía endoscópica percutánea","2.6.3.2.01"]
[42231603,"Tubos para yeyunostomía","2.6.3.2.01"]
[42231604,"Botones de acceso gástrico","2.6.3.2.01"]
[42231605,"Sujetadores de tubos de gastrostomía o yeyunostomía","2.6.3.2.01"]
[42231606,"Kits de descompresión del colon","2.6.3.2.01"]
[42231608,"Sets de catéter y aguja para yeyunostomía","2.3.9.3.01"]
[42231609,"Kits de tubos de alimentación para gastrostomía","2.3.9.3.01"]
[42231700,"Tubos naso-entéricos","NO DISPONIBLE"]
[42231701,"Tubos nasogástricos","2.3.9.3.01"]
[42231702,"Tubos nasoyeyunales","2.3.9.3.01"]
[42231703,"Tubos de descompresión gástrica","2.3.9.3.01"]
[42231704,"Tubos naso entéricos no clasificados en otra parte","2.3.9.3.01"]
[42231705,"Filtros nasogástricos","2.6.3.2.01"]
[42231800,"Fórmulas y productos para apoyo nutritivo","NO DISPONIBLE"]
[42231801,"Fórmulas de suplementos para adultos de uso general","2.3.1.1.01"]
[42231802,"Fórmulas de suplementos pediátricos","2.3.1.1.01"]
[42231803,"Fórmulas de suplementos específicos para enfermedades de adultos","2.3.1.1.01"]
[42231804,"Fórmulas de suplementos específicos para enfermedades pediátricas","2.3.1.1.01"]
[42231805,"Barras nutricionales o pudín u otros suplementos","2.3.1.1.01"]
[42231806,"Espesantes de comidas o bebidas nutricionales para uso médico","2.3.1.1.01"]
[42231807,"Chupos de teteros","2.3.9.3.01"]
[42231900,"Equipo y suministros de lactancia materna","NO DISPONIBLE"]
[42231901,"Bombas de seno o sus accesorios","2.6.3.1.01"]
[42231902,"Conchas o protectores de senos","2.3.9.3.01"]
[42231903,"Kits de bombas de senos","2.3.9.3.01"]
[42232000,"Trituradores de pastillas, cortapastillas y productos relacionados","NO DISPONIBLE"]
[42232001,"Pulverizadores de tabletas o accesorios","2.6.3.2.01"]
[42232002,"Dispensadores o accesorios de pulverizadores de tabletas","2.6.3.2.01"]
[42232003,"Cortadores de tabletas o accesorios","2.6.3.2.01"]
[42240000,"Productos medicinales de deportes y ortopédicos y prótesis","NO DISPONIBLE"]
[42241500,"Suministros de vaciado de escayola y tablillas","NO DISPONIBLE"]
[42241501,"Zapatos de yeso","2.3.2.4.01"]
[42241502,"Materiales para acolchonar yesos o tablillas","2.3.9.3.01"]
[42241503,"Protectores de yesos o tablillas","2.3.9.3.01"]
[42241504,"Media o revestimientos para yeso o tablillas","2.3.9.3.01"]
[42241505,"Rollos o cintas para enyesar para uso ortopédico","2.3.9.3.01"]
[42241506,"Material de yeso para tablillas para uso ortopédico","2.3.9.3.01"]
[42241507,"Sistemas de tablillas ortopédicas","2.3.9.3.01"]
[42241509,"Componentes de ortesis termoplástica","2.3.9.3.01"]
[42241510,"Kits o materiales para tablillas termoplásticas","2.3.9.3.01"]
[42241511,"Sets de tablillas de tracción","2.3.9.3.01"]
[42241512,"Materiales de unión de yesos o tablillas","2.3.9.3.01"]
[42241513,"Estuches para transportar y almacenar tablillas o tablillas pre cortadas o sistemas de tablillas","2.3.9.3.01"]
[42241514,"Rollos de instrumentos para sets o accesorios de tablillas","2.3.9.3.01"]
[42241515,"Estuches para tablillas o accesorios","2.3.9.3.01"]
[42241600,"Equipo y piezas y accesorios de vaciado de escayola","NO DISPONIBLE"]
[42241601,"Carritos para yeso o tablillas","2.3.9.3.01"]
[42241602,"Cortadores o sierras para yeso","2.3.9.3.01"]
[42241603,"Sistemas de remoción de yeso","2.3.9.3.01"]
[42241604,"Vacíos de yeso","2.3.9.3.01"]
[42241606,"Bandejas de impresión de yeso","2.3.9.3.01"]
[42241607,"Puestos de yeso","2.3.9.3.01"]
[42241700,"Productos blandos ortopédicos para la extremidad inferior","NO DISPONIBLE"]
[42241701,"Fieltros de recubrimiento ortopédico para tobillo o pie","2.3.9.3.01"]
[42241702,"Fieltros de recubrimiento ortopédico para cadera","2.3.9.3.01"]
[42241703,"Soportes de abrazaderas de rodilla o de abrazaderas de rodilla articuladas","2.3.9.3.01"]
[42241704,"Inmovilizadores o vendas artroscópicas para rodilla","2.3.9.3.01"]
[42241705,"Fieltros de recubrimiento ortopédico para pierna o accesorios","2.3.9.3.01"]
[42241706,"Productos ortóticos o para el cuidado de los pies","2.3.9.3.01"]
[42241707,"Abrazaderas para caminar","2.3.9.3.01"]
[42241708,"Almohadas para fractura del fémur","2.3.9.3.01"]
[42241800,"Productos blando ortopédicos para el torso y extremidad superior","NO DISPONIBLE"]
[42241801,"Fieltros de recubrimiento ortopédico para el brazo","2.3.9.3.01"]
[42241802,"Fieltros de recubrimiento ortopédico para la espalda o lumbares o para el sacro","2.3.9.3.01"]
[42241803,"Collares cervicales o abrazaderas para el cuello","2.3.9.3.01"]
[42241804,"Fieltros de recubrimiento ortopédico para la clavícula","2.3.9.3.01"]
[42241805,"Fieltros de recubrimiento ortopédico para el codo","2.3.9.3.01"]
[42241806,"Fieltros de recubrimiento ortopédico para el antebrazo o la muñeca o el pulgar","2.3.9.3.01"]
[42241807,"Fieltros de recubrimiento ortopédico para la mano o el dedo","2.3.9.3.01"]
[42241808,"Fieltros de recubrimiento ortopédico para las costillas o el abdomen","2.3.9.3.01"]
[42241809,"Fieltros de recubrimiento ortopédico para los hombros","2.3.9.3.01"]
[42241810,"Órtosis ortopédicas espinales","2.3.9.3.01"]
[42241811,"Faja para hernias","2.3.9.3.01"]
[42241900,"Suministros de tablillas dinámicas y batangas","NO DISPONIBLE"]
[42241901,"Kits de tablillas estabilizadoras","2.3.9.3.01"]
[42241902,"Partes o accesorios de tablillas estabilizadoras","2.3.9.3.01"]
[42242000,"Dispositivos, accesorios y suministros protésicos","NO DISPONIBLE"]
[42242001,"Dispositivos prostéticos para las extremidades inferiores","2.3.9.3.01"]
[42242002,"Dispositivos prostéticos para las extremidades superiores","2.3.9.3.01"]
[42242003,"Dispositivos o accesorios de sujeción prostética","2.3.9.3.01"]
[42242004,"Media o forro prostético de muñón","2.3.9.3.01"]
[42242100,"Suministros y accesorios de tracción ortopédica","NO DISPONIBLE"]
[42242101,"Suministros de tracción de brazo","2.3.9.3.01"]
[42242102,"Suministros de tracción de mano o dedos","2.3.9.3.01"]
[42242103,"Suministros de tracción de cabeza o cuello","2.3.9.3.01"]
[42242104,"Suministros de tracción de piernas","2.3.9.3.01"]
[42242105,"Carritos móviles de tracción","2.3.9.3.01"]
[42242106,"Suministros de tracción de pelvis o espalda","2.3.9.3.01"]
[42242107,"Suministros de terapia de tracción de perno","2.3.9.3.01"]
[42242108,"Hardware o pesas de tracción ortopédica","2.3.9.3.01"]
[42242109,"Fieltros de recubrimiento de tracción ortopédica para uso general","2.3.9.3.01"]
[42242300,"Equipo y suministros ortopédicos","NO DISPONIBLE"]
[42242301,"Bombas de cicatriz ortopédica","2.3.9.3.01"]
[42242302,"Aplicaciones ortopédicas de miembro superior","2.3.9.3.01"]
[42250000,"Productos de rehabilitación y terapia ocupacional y física","NO DISPONIBLE"]
[42251500,"Productos de terapia y evaluación sensoria y perceptual y dexteridad y cognitiva","NO DISPONIBLE"]
[42251501,"Productos de enseñanza para vestirse","2.3.9.2.02"]
[42251502,"Productos para evaluación o pruebas cognitivas o de destreza o de percepción o sensoriales","2.3.9.2.02"]
[4225150